{"text_format":"1","workbook":"xlsx","n_sheets":18,"sheets":["ZAKŁADKI DANYCH WSADOWYCH","Analiza sprzedaży","Wynagrodzenia ","Bilans","RZiS","ZAKŁADKI WYNIKOWE","Pulpit Prezesa","Analiza sprzedaży i rentowności","Analiza grup asortymentowych(1)","Analiza grup asortymentowych(2)","Analiza kluczowych klientów","Przepływy pienieżne","Analiza kapitału obrotowego","Analiza stanów magazynowych","Przeliczenia","Data","Baza klientów","Lista"],"not_rendered":{"charts":7,"images":39,"macros":1,"external_links":0,"defined_names":16,"comments":1,"pivot_tables":0},"unopened":[],"bounds":{"document_bytes":16777216,"sheet_cells":100000,"rows_first":2000,"rows_last":500,"rows_between":2000,"halvings":0,"cell_chars":16384,"cell_head_chars":4096},"cells_cut":0,"cells_raw":0,"read":"whole","date_system":"1900"}

{"sheet":"ZAKŁADKI DANYCH WSADOWYCH","index":0,"n_rows":16,"n_cols":3,"rows_kept":16,"cut":false,"hidden":false,"merged":[[15,1,21,5],[9,2,9,4],[8,2,8,4],[3,1,3,5],[6,2,6,4],[7,2,7,4],[4,1,4,5]]}
[]
[]
[]
[]
[null,"PRZYKŁADOWE ZAKŁADKI DANYCH WSADOWYCH"]
[]
[null,">>   1","Bilans"]
[null,">>   2","Rachunek zysków i strat"]
[null,">>   3","Analiza sprzedaży"]
[null,">>   4","Wynagrodzenia"]
[]
[]
[]
[]
[]
[null,"Zakładki danych wsadowych stanowią miejsce w którym umieszcza się dane z poszczególnych zestawień i raportów. Zakładki te pełnią rolę bazy danych z której odpowiednie dane są przeliczane przez mechanizmy narzędzia. Przeliczenia natomiast zasilają wynikowe elementy Pulpitu Prezesa (ZAKŁADKI WYNIKOWE)"]

{"sheet":"Analiza sprzedaży","index":1,"n_rows":1903,"n_cols":49,"rows_kept":1903,"cut":false,"hidden":false,"merged":[[7,5,26,13]]}
[]
[null,null,null,null,null,null,null,null,null,null,null,null,null,null,null,null,null,null,null,null,null,null,null,null,null,"Bieżąca data",{"$f":"Data_bieżąca","v":"2017-11-30"},{"$f":"MATCH(AA2,$AA$4:$XFD$4,0)","v":8}]
[]
[null,null,null,null,null,null,null,null,null,null,null,null,null,null,null,null,null,null,null,null,null,null,null,null,"Wzór fomuły","Przychody po gniazdach","2017-04-30",{"$f":"EOMONTH(AA4,1)","v":"2017-05-31"},"2017-06-30","2017-07-31","2017-08-31","2017-09-30","2017-10-31","2017-11-30","2017-12-31"]
[null,null,null,null,null,null,null,null,null,null,null,null,null,null,null,null,null,null,null,null,null,null,null,null,{"$f":"SUMPRODUCT(IF($I$36:$I$10013=\"P:GR1\",1,0),$N$36:$N$10013)","v":2745606.6199999996},"Grupa asortymentowa 1",1550905.2899999998,2707796.0533333328,2642484.5000000033,2781038.646666666,2712016.32,2160511.1766666663,2780775.773333333,2745606.5766666639]
[null,null,null,null,null,null,null,null,null,null,null,null,null,null,null,null,null,null,null,null,null,null,null,null,{"$f":"SUMPRODUCT(IF($I$36:$I$10013=\"P:GR2\",1,0),$N$36:$N$10013)","v":161731.92000000001},"Grupa asortymentowa 2",120242.75999999997,100346.39333333336,171890.21666666665,177021.47666666668,135873.86333333334,136058.85,74421.55333333333,161731.9133333333]
[null,null,null,null,null,null,null,null,null,null,null,null,null,null,null,null,null,null,null,null,null,null,null,null,{"$f":"SUMPRODUCT(IF($I$36:$I$10013=\"P:GR3\",1,0),$N$36:$N$10013)","v":666777.78},"Grupa asortymentowa 3",412937.75333333324,603933.27333333343,536251.89666666638,579076.71666666656,470034.22000000015,500993.63333333324,683973.11666666658,666777.7333333334]
[null,null,null,null,null,"Przy pomocy narzędzi dostępnych w programie Excel, dane z zestawień i raportów księgowych są grupowane i archwizowane w odpowiednim układzie. Układ ten umożliwia dalsze przeliczenia, które są podstawą części wynikowej arkusza, czyli wykresów i tabel (ZAKŁADKI WYNIKOWE) wykorzystywanych w raporcie. \n\nDane użyte w wersji demonstracyjnej pliku są danymi przykładowymi, które mają na celu przedstawienie mechanizmów zastosowanych w Pulpicie Prezesa.",null,null,null,null,null,null,null,null,null,null,null,null,null,null,null,null,null,null,{"$f":"SUMPRODUCT(IF($I$36:$I$10013=\"P:GR4\",1,0),$N$36:$N$10013)","v":1896732.38},"Grupa asortymentowa 4",1232340.513333333,2015445.4433333303,1808006.1500000001,2121033.0766666681,1717909.0166666666,1866668.24,2146943.9033333338,1896732.3799999997]
[null,null,null,null,null,null,null,null,null,null,null,null,null,null,null,null,null,null,null,null,null,null,null,null,{"$f":"SUMPRODUCT(IF($I$36:$I$10013=\"T:\",1,0),$N$36:$N$10013)","v":61529.4},"Towary",90882.506666666668,136213,179905.81333333335,63713.700000000004,16611.5,207541.46666666667,178825.58333333334,61529.409999999996]
[null,null,null,null,null,null,null,null,null,null,null,null,null,null,null,null,null,null,null,null,null,null,null,null,{"$f":"SUMPRODUCT(IF($I$36:$I$10013=\"S:\",1,0),$N$36:$N$10013)","v":0},"Surowce",46222.916666666664,39441.299999999996,8058.333333333333,0,17413.066666666669,19401.733333333334,22431.583333333332,0]
[null,null,null,null,null,null,null,null,null,null,null,null,null,null,null,null,null,null,null,null,null,null,null,null,{"$f":"SUMPRODUCT(IF($I$36:$I$10013=\"U:\",1,0),$N$36:$N$10013)","v":15495.760000000037},"Usługi",1041491.3633333328,1927441.360000002,1927425.5799999984,3711192.4600000004,1754899.4399999992,1634925.0833333337,1988970.5799999998,15495.839999999987]
[null,null,null,null,null,null,null,null,null,null,null,null,null,null,null,null,null,null,null,null,null,null,null,null,{"$f":"SUMPRODUCT(IF($I$36:$I$10013=\"GR5\",1,0),$N$36:$N$10013)","v":308892.25999999989},"Grupa asortymentowa 5",281059.96666666662,397748.50333333324,346572.26333333337,371703.50666666665,290199.73000000021,358888.51333333348,388840.16000000015,308892.27333333337]
[null,null,null,null,null,null,null,null,null,null,null,null,null,null,null,null,null,null,null,null,null,null,null,"Weryfikacja przyporządkowania",{"$f":"IF(SUM(Y5:Y12)=SUM(N36:N9967),\"OK\",\"Błąd przypisania\")","v":"OK"}]
[]
[null,null,null,null,null,null,null,null,null,null,null,null,null,null,null,null,null,null,null,null,null,null,null,null,"Wzór fomuły","TKW po gniazdach","2017-04-30",{"$f":"EOMONTH(AA15,1)","v":"2017-05-31"},"2017-06-30","2017-07-31","2017-08-31","2017-09-30","2017-10-31","2017-11-30","2017-12-31"]
[null,null,null,null,null,null,null,null,null,null,null,null,null,null,null,null,null,null,null,null,null,null,null,null,{"$f":"SUMPRODUCT(IF($I$36:$I$10013=\"P:GR1\",1,0),$O$36:$O$10013)","v":2232556.2800000003},"Grupa asortymentowa 1",1368229.6233333338,2384343.7166666663,2194775.6566654514,2306797.3833333277,2277963.7899998999,1822339.0166656661,2343135.4000000008,2232556.2966666669]
[null,null,null,null,null,null,null,null,null,null,null,null,null,null,null,null,null,null,null,null,null,null,null,null,{"$f":"SUMPRODUCT(IF($I$36:$I$10013=\"P:GR2\",1,0),$O$36:$O$10013)","v":197580.74000000002},"Grupa asortymentowa 2",128794.60333333333,110407.93333333335,177345.37333333332,178955.4,145675.84333333332,144327.65333333335,78764.553333333344,197580.76]
[null,null,null,null,null,null,null,null,null,null,null,null,null,null,null,null,null,null,null,null,null,null,null,null,{"$f":"SUMPRODUCT(IF($I$36:$I$10013=\"P:GR3\",1,0),$O$36:$O$10013)","v":681813.29000000015},"Grupa asortymentowa 3",407945.95666666672,621120.08999999985,536582.64999999991,590086.90999999992,476760.82666399982,530995.59999833337,704036.95666666667,681813.28999999992]
[null,null,null,null,null,null,null,null,null,null,null,null,null,null,null,null,null,null,null,null,null,null,null,null,{"$f":"SUMPRODUCT(IF($I$36:$I$10013=\"P:GR4\",1,0),$O$36:$O$10013)","v":1832446.4499999995},"Grupa asortymentowa 4",1152541.4533333334,2043698.7766666654,1745825.6466663314,2000928.0266666654,1705198.1900000006,1890803.8033303341,2178750.6766666691,1832446.3699989372]
[null,null,null,null,null,null,null,null,null,null,null,null,null,null,null,null,null,null,null,null,null,null,null,null,{"$f":"SUMPRODUCT(IF($I$36:$I$10013=\"T:\",1,0),$O$36:$O$10013)","v":58968.509999999995},"Towary",92347.07666666666,135932.81666666665,172801.95666666667,63496.113333333342,16460.933333333334,189002.6033333333,170493.8,58968.510000000009]
[null,null,null,null,null,null,null,null,null,null,null,null,null,null,null,null,null,null,null,null,null,null,null,null,{"$f":"SUMPRODUCT(IF($I$36:$I$10013=\"S:\",1,0),$O$36:$O$10013)","v":0},"Surowce",46213.956666666665,43223.799999999996,8058.333333333333,0,17885.316666666669,18907.683333333331,22302.01,0]
[null,null,null,null,null,null,null,null,null,null,null,null,null,null,null,null,null,null,null,null,null,null,null,null,{"$f":"SUMPRODUCT(IF($I$36:$I$10013=\"U:\",1,0),$O$36:$O$10013)","v":0},"Usługi",0,0,0,0,0,0,0,0]
[null,null,null,null,null,null,null,null,null,null,null,null,null,null,null,null,null,null,null,null,null,null,null,null,{"$f":"SUMPRODUCT(IF($I$36:$I$10013=\"GR5\",1,0),$O$36:$O$10013)","v":240909.02},"Grupa asortymentowa 5",250099.62999999998,340705.89000000007,283089.81666666688,286039.90666666668,227946.99666766659,292846.30999999988,326158.70666666684,240909.00666666662]
[null,null,null,null,null,null,null,null,null,null,null,null,null,null,null,null,null,null,null,null,null,null,null,"Weryfikacja przyporządkowania",{"$f":"IF(SUM(Y16:Y23)=SUM($O$36:$O$9967),\"OK\",\"Błąd przypisania\")","v":"OK"}]
[]
[null,null,null,null,null,null,null,null,null,null,null,null,null,null,null,null,null,null,null,null,null,null,null,null,"Wzór fomuły","Przychody po kierunkach","2017-04-30",{"$f":"EOMONTH(AA26,1)","v":"2017-05-31"},"2017-06-30","2017-07-31","2017-08-31","2017-09-30","2017-10-31","2017-11-30","2017-12-31"]
[null,null,null,null,null,null,null,null,null,null,null,null,null,null,null,null,null,null,null,null,null,null,null,null,{"$f":"SUMPRODUCT(IF(LEFT($A$36:$A$10013,3)=\"SK\",1,0),$N$36:$N$10013,IF(LEFT($I$36:$I$10013,1)=\"P\",1,0))+SUMPRODUCT(IF(LEFT($A$36:$A$10013,3)=\"SK\",1,0),$N$36:$N$10013,IF(LEFT($I$36:$I$10013,1)=\"I\",1,0))","v":3440557.5200000014},"Sprzedaż krajowa",2565737.1633333294,3493123.0333333299,3407925.0100000012,3586272.8933333312,3439633.0699999966,3109284.1766666672,3965029.5666666641,3749449.720000003]
[null,null,null,null,null,null,null,null,null,null,null,null,null,null,null,null,null,null,null,null,null,null,null,null,{"$f":"SUMPRODUCT(IF(LEFT($A$36:$A$10013,3)=\"SE\",1,0),$N$36:$N$10013,IF(LEFT($I$36:$I$10013,1)=\"P\",1,0))+SUMPRODUCT(IF(LEFT($A$36:$A$10013,3)=\"SE\",1,0),$N$36:$N$10013,IF(LEFT($I$36:$I$10013,1)=\"I\",1,0))","v":210965.86999999994},"Eksport",81467.85000000002,279387.93,127789.32999999997,186786.94333333336,86154.736666666664,177937.80333333332,92088.136666666658,210965.83666666664]
[null,null,null,null,null,null,null,null,null,null,null,null,null,null,null,null,null,null,null,null,null,null,null,null,{"$f":"SUMPRODUCT(IF(LEFT($A$36:$A$10013,3)=\"SUE\",1,0),$N$36:$N$10013,IF(LEFT($I$36:$I$10013,1)=\"P\",1,0))+SUMPRODUCT(IF(LEFT($A$36:$A$10013,3)=\"SUE\",1,0),$N$36:$N$10013,IF(LEFT($I$36:$I$10013,1)=\"I\",1,0))","v":1819325.310000001},"Sprzedaż UE",950281.2699999999,2052758.7033333324,1969490.6866666663,2256813.5866666655,1800245.3433333319,1735898.4333333327,2017836.8033333325,1819325.320000001]
[null,null,null,null,null,null,null,null,null,null,null,null,null,null,null,null,null,null,null,null,null,null,null,null,{"$f":"SUMPRODUCT(IF($A$36:$A$10013=X30,1,0),$N$36:$N$10013)","v":0}]
[null,null,null,null,null,null,null,null,null,null,null,null,null,null,null,null,null,null,null,null,null,null,null,null,{"$f":"SUMPRODUCT(IF($A$36:$A$10013=X31,1,0),$N$36:$N$10013)","v":0}]
[]
[]
[null,null,null,null,null,null,null,null,null,null,null,null,null,null,null,null,null,null,null,null,null,null,null,null,null,"Pierwsza pusta komórka",{"$f":"COUNTA(Y36:XFD36)","v":24}]
["Rejestr","Okres","Rodzaj dokumentu","Pełna nazwa płatnika","Data wystawienia","Data sprzedaży","Termin płatności","[Typ pozycji]","[Typ ZP_K]","Pozycja","Ilość","Kod jednostki miary","Cena sprzedaży","Wartość netto","[TKW]","Wartość brutto","Magazyn",null,null,"Przychody po klientach",{"$f":"SUMPRODUCT($N$36:$N$9992,IF($D$36:$D$9992=T35,1,0),IF($I$36:$I$9992=\"U:\",0,1),IF($I$36:$I$9992=\"T:\",0,1),IF($I$36:$I$9992=\"S:\",0,1))","v":0},{"$f":"SUMPRODUCT($O$36:$O$9992,IF($D$36:$D$9992=T35,1,0),IF($I$36:$I$9992=\"U:\",0,1),IF($I$36:$I$9992=\"T:\",0,1),IF($I$36:$I$9992=\"S:\",0,1))","v":0},null,null,null,"Klienci","2017-04-30",null,null,"2017-05-31",null,null,"2017-06-30",null,null,"2017-07-31",null,null,"2017-08-31",null,null,"2017-09-30",null,null,"2017-10-31",null,null,"2017-11-30"]
["SK",8,"FV","Klient 1","2017-11-02","2017-11-02","2018-01-01","S","P:GR1",1,6336,"kg",1.2,7603.2,6579.93,28055.81,98,null,null,null,null,null,null,null,null,"Klient 522",289004.26333333337,260376.99333333332,"Klient 162",367638.63333333336,339709.79333333333,"Klient 162",348999.05666666664,324378.86999999994,"Klient 397",384990.42,374151.24,"Klient 259",340485.54333333339,336318.58666666667,"Klient 259",285089.4266666667,270797.0566666667,"Klient 162",321269.49999999983,301669.72333333339,"Klient 159",412528.6966666666,362687.22333333321]
["SK",8,"FV","Klient 1","2017-11-02","2017-11-02","2018-01-01","S","P:GR1",2,4086,"kg",1.1583333333333334,4732.95,4112.0200000000004,17464.59,98,null,null,null,null,null,null,null,null,"Klient 162",162959.58333333334,166666.30333333332,"Klient 397",344140.45666666672,436637.8233333333,"Klient 397",278613.90666666673,267776.00666666665,"Klient 162",377186.34000000008,360653.94,"Klient 397",312359.73333333328,317225.00666666665,"Klient 83",275130.72333333327,249993.02333333332,"Klient 374",320241.67333333351,286975.53000000014,"Klient 259",296976.70000000013,296204.38]
["SK",8,"FV","Klient 2","2017-11-02","2017-11-02","2017-12-22","S","GR5",1,3000,"szt",0.87333333333333341,2620,2393.4499999999998,9667.7999999999993,98,null,null,null,null,null,null,null,null,"Klient 259",162150.11333333334,160385.39000000001,"Klient 259",302384.78666666668,392861.86333333328,"Klient 259",274264.62666666665,254268.28333333335,"Klient 259",329809.3266666666,303763.5933333335,"Klient 159",278007.79666666669,264591.25333333324,"Klient 522",264244.56999999995,228696.10666666678,"Klient 397",313609.69000000012,311510.14666666678,"Klient 522",294947.37666666671,256673.38666666675]
["SK",8,"FV","Klient 3","2017-11-02","2017-11-02","2017-11-23","S","P:GR1",1,7174.8,"kg",1.2166666666666666,8729.34,6986.21,32211.26,98,null,null,null,null,null,null,null,null,"Klient 83",190520.74333333332,152464.45000000001,"Klient 522",270589.3633333334,232264.83,"Klient 522",247354.33999999997,213768.70000000016,"Klient 83",321039.61,290752.95333333331,"Klient 162",263111.79999999987,240154.32666666666,"Klient 397",253685.90999999992,265303.1033299999,"Klient 83",251623.36666666667,259686.40333333335,"Klient 162",287361.28333333315,301873.92333333334]
["SK",8,"FV","Klient 3","2017-11-02","2017-11-02","2017-11-23","S","P:GR1",2,6852,"kg",1.2166666666666666,8336.6,6671.89,30762.05,98,null,null,null,null,null,null,null,null,"Klient 374",128240.65000000001,114789.58333333333,"Klient 83",270253.31999999995,223699.47333333336,"Klient 384",241649.87333333338,207224.41000000003,"Klient 374",260626.26333333339,220973.93666666668,"Klient 522",262945.3633333334,221969.16666766664,"Klient 162",220982.16000000006,211546.98,"Klient 259",251365.75666666671,253725.81333333332,"Klient 83",241223.70333333334,247165.77333333335]
["SK",8,"FV","Klient 4","2017-11-02","2017-11-02","2017-12-02","S","P:GR4",1,3150,"szt",0.87,2740.5,2737.72,10112.450000000001,98,null,null,null,null,null,null,null,null,"Klient 486",127985.44333333331,111343.42666666668,"Klient 384",211774.34999999998,190163.82666666663,"Klient 83",229749.22666666665,207094.57000000004,"Klient 522",245804.38666666669,215699.21666666665,"Klient 83",231877.16666666666,203240.77333333332,"Klient 449",196357.41333333324,190699.86999999997,"Klient 522",242799.88999999998,210584.26333333345,"Klient 397",239220.56000000017,241335.65666666673]
["SK",8,"FV","Klient 4","2017-11-02","2017-11-02","2017-12-02","S","P:GR4",2,45500,"szt",3.8333333333333337E-2,1744.17,2168.08,6435.98,98,null,null,null,null,null,null,null,null,"Klient 384",113254.09333333332,102472.16000000002,"Klient 547",194392.85,186211.90666666665,"Klient 374",178780.17666666667,161259.72333333333,"Klient 449",181239.34,156752.63333333333,"Klient 374",202190.05333333332,177038.82333333333,"Klient 488",169015.00333333336,157358.69333333333,"Klient 138",234205.23666666658,216944.50666666668,"Klient 488",175396.89666666664,153013.77333333332]
["SK",8,"FV","Klient 5","2017-11-02","2017-11-02","2017-12-17","S","P:GR4",1,3600,"szt",1.6666666666666667,6000,7242.64,22140,98,null,null,null,null,null,null,null,null,"Klient 397",102052.88333333332,99449.970000000016,"Klient 169",175759.09666666665,177012.09666666668,"Klient 169",157993.35666666666,164388.82999999999,"Klient 159",179144.75666666668,157177.68666666665,"Klient 488",187717.87666666668,165866.78,"Klient 138",162251.16,145548.70000000001,"Klient 159",225361.18333333338,231841.70333333337,"Klient 486",164447.42333333331,134892.68666666668]
["SK",8,"FV","Klient 6","2017-11-02","2017-11-02","2018-01-01","S","P:GR1",2,35976.800000000003,"kg",1.1333333333333333,40773.71,35710.75,150454.98000000001,98,null,null,null,null,null,null,null,null,"Klient 449",93203.103333333333,96128.280000000028,"Klient 315",128360.68333333331,126715.31,"Klient 315",146122.27333333332,127161.6933333333,"Klient 448",159260.81666666668,148249.43000000002,"Klient 448",142961.98999999996,124613.37000000001,"Klient 374",120692.41666666667,103665.95,"Klient 488",172877.33,161574.69666666666,"Klient 374",164295.46666666665,144259.96]
["SK",8,"FV","Klient 6","2017-11-02","2017-11-02","2018-01-01","S","GR5",1,964.8,"kg",1.175,1133.6400000000001,1499.88,4183.13,98,null,null,null,null,null,null,null,null,"Klient 547",94532.456666666665,87243.619999999981,"Klient 163",126032.98666666665,70343.986666666664,"Klient 486",133427.70666666667,111685.60666666669,"Klient 169",154507.40666666671,140474.93333333335,"Klient 145",137560.92333333334,118524.28333333333,"Klient 486",119255.40666666666,108693.33333333333,"Klient 547",164432.40333333335,163332.75666666668,"Klient 138",160088.14333333334,130407.41666560335]
["SK",8,"FV","Klient 6","2017-11-02","2017-11-02","2018-01-01","S","GR5",3,2059.1999999999998,"kg",1.1500000000000001,2368.08,3201.24,8738.2199999999993,98,null,null,null,null,null,null,null,null,"Klient 327",69075.440000000031,75787.813333333324,"Klient 327",120977.92,106411.36666666668,"Klient 449",131863.42333333331,113945.77666666667,"Klient 547",151245.04333333333,130785.28666666668,"Klient 486",126980.43666666666,109883.33333333333,"Klient 315",110134.93,103013.53000000001,"Klient 384",156884.51999999999,133431.47,"Klient 438",155239.73666666666,135281.0266666667]
["SK",8,"FV","Klient 6","2017-11-02","2017-11-02","2018-01-01","S","GR5",4,994,"kg",1.175,1167.95,1545.27,4309.74,98,null,null,null,null,null,null,null,null,"Klient 346",87690.56333333331,69351.293333333335,"Klient 138",113950.88,105735.58,"Klient 122",116643.40333333334,99944.306666666685,"Klient 138",132530.6,109045.23,"Klient 122",126654.46333333332,116663.32666666666,"Klient 547",108662.27000000002,107596.94,"Klient 346",143765.18,106893.79666666663,"Klient 346",149811.86333333334,109820.24333333335]
["SK",8,"FV","Klient 6","2017-11-02","2017-11-02","2018-01-01","S","GR5",5,2062.8000000000002,"kg",1.1500000000000001,2372.2199999999998,3206.83,8753.49,98,null,null,null,null,null,null,null,null,"Klient 122",72849.66,65012.236666666664,"Klient 486",109943.10666666667,93767.883333333317,"Klient 448",113185.15999999999,97013.259998666661,"Klient 327",131530.62666666668,112966.75333333336,"Klient 449",125912.46,112148.32333333332,"Klient 327",108562.86666666665,93878.356666666645,"Klient 382",141666.86666666667,120458.51000000001,"Klient 315",144505.03666666665,130420.90333333334]
["SK",8,"FV","Klient 6","2017-11-02","2017-11-02","2018-01-01","S","GR5",6,1104,"kg",1.1500000000000001,1269.5999999999999,1251.08,4684.82,98,null,null,null,null,null,null,null,null,"Klient 488",64375.890000000007,62374.883333333339,"Klient 145",107524.63,107840.26000000001,"Klient 488",107625.32666666666,103745.86666666664,"Klient 382",108739.44333333331,102757.5,"Klient 138",114227.52999999998,94303.466666666689,"Klient 163",102108.74333333333,56990.916666666679,"Klient 169",132137.79333333331,133039.40333333335,"Klient 163",113451.19666666666,63321.596666666672]
["SK",8,"FV","Klient 6","2017-11-02","2017-11-02","2018-01-01","S","P:GR1",1,14815.6,"kg",1.1333333333333333,16791.009999999998,14684.98,61958.84,98,null,null,null,null,null,null,null,null,"Klient 442",57653.726666666676,55549.153333333372,"Klient 488",107048.58333333336,100073.34000000001,"Klient 163",99487.51,55527.903333333343,"Klient 488",108055.49333333335,95412.116666666654,"Klient 169",109010.72333333334,108043.71666666667,"Klient 169",91645.196666666656,90887.42333333334,"Klient 448",129617.51000000001,113977.37666666671,"Klient 449",112050.09666666666,102510.31666666665]
["SK",8,"FV","Klient 7","2017-11-02","2017-11-02","2018-01-01","S","P:GR4",1,4800,"szt",0.64833333333333332,3112,3167.2,11483.28,98,null,null,null,null,null,null,null,null,"Klient 138",57452.863333333335,53140.413333333338,"Klient 122",103430.73,90138.820000000022,"Klient 547",92766.403333333335,86969.003333333327,"Klient 163",106637.87,59518.82,"Klient 163",104432.47666666667,58287.889999999985,"Klient 520",87541.846666666679,72712.496666666659,"Klient 438",122703.92666666668,139950.63000000003,"Klient 327",107098.63666666666,93785.089999999982]
["SK",8,"FV","Klient 7","2017-11-02","2017-11-02","2018-01-01","S","P:GR4",2,7160,"szt",0.68500000000000005,4904.6000000000004,4913.67,18097.97,98,null,null,null,null,null,null,null,null,"Klient 369",49902.1,50860.936666666668,"Klient 442",94565.426666666681,96607.626666666663,"Klient 138",92493.780000000013,81291.526666666658,"Klient 486",102056.09666666668,83370.36,"Klient 382",101199.96666666667,92595.506666666653,"Klient 346",86537.546666666662,73979.013333333321,"Klient 449",122162.35333333333,110845.84666666668,"Klient 448",96951.946666666656,78760.12999999999]
["SK",8,"FV","Klient 7","2017-11-02","2017-11-02","2018-01-01","S","P:GR4",3,2880,"szt",0.49833333333333335,1435.2,1404,5295.89,98,null,null,null,null,null,null,null,null,"Klient 281",47834.956666666665,50796.756666666683,"Klient 317",91629.779999999984,81177.070000000007,"Klient 369",79961.62,76581.023333333331,"Klient 281",101949.23999999999,96164.83666666667,"Klient 442",97817.146666666667,95515.136666666673,"Klient 448",79920.526666666658,68268.316666666651,"Klient 315",121798.90666666663,113854.75333333331,"Klient 520",89254.28333333334,68902.73]
["SK",8,"FV","Klient 7","2017-11-02","2017-11-02","2018-01-01","S","P:GR4",4,24000,"szt",0.11666666666666665,2800,3836.93,10332,98,null,null,null,null,null,null,null,null,"Klient 448",58564.156666666669,49323.526666666665,"Klient 129",90239.236666666649,78430.316666666666,"Klient 145",73522.563333333339,61792.813333333332,"Klient 315",90020.96,79110.66333333333,"Klient 547",95056.08666666667,93697.943333333315,"Klient 145",78038.123333333337,69666.676666666681,"Klient 163",113901.39666666668,63572.873333333329,"Klient 547",86354.193333333329,72971.290000000008]
["SK",8,"FV","Klient 7","2017-11-02","2017-11-02","2018-01-01","S","P:GR4",5,12840,"szt",5.5E-2,706.2,698.71,2605.88,98,null,null,null,null,null,null,null,null,"Klient 381",31166.373333333333,45962.236666666671,"Klient 374",90143.229999999981,81882.73,"Klient 129",72011.509999999995,72172.28,"Klient 317",81671.886666666673,72277.28333333334,"Klient 495",81382.986666666664,66207.323333333334,"Klient 317",75339.710000000006,83589.546666666676,"Klient 369",100162.47333333334,109557.98,"Klient 442",73492.760000000009,73352.436666666661]
["SK",8,"FV","Klient 7","2017-11-02","2017-11-02","2018-01-01","S","P:GR4",6,16800,"szt",0.12,2016,1637.72,7439.04,98,null,null,null,null,null,null,null,null,"Klient 169",56327.606666666667,43739.206666666665,"Klient 449",75756.136666666658,72308.133333333331,"Klient 491",62890.556666666671,50208.373333333329,"Klient 129",80912.820000000007,75958.903333333335,"Klient 369",73543.353333333318,71608.363333333327,"Klient 495",68704.146666666667,76467.11,"Klient 490",96768.62,93839.63999999997,"Klient 145",69745.466666666674,60723.906666666677]
["SK",8,"FV","Klient 7","2017-11-02","2017-11-02","2018-01-01","S","P:GR4",7,2388,"szt",0.57999999999999996,1385.04,1432.96,5110.8,98,null,null,null,null,null,null,null,null,"Klient 317",40320.626666666671,41882.986666666671,"Klient 448",72506.400000000009,60686.706666666658,"Klient 442",61652.53666666666,60023.893333333319,"Klient 122",77713.313333333339,73519.766666666677,"Klient 343",60906.229999999989,53044.560000000005,"Klient 442",65678.906666666662,64165.670000000013,"Klient 122",94774.473333333342,90002.896666666667,"Klient 169",68398.41333333333,65390.153333333328]
["SK",8,"FV","Klient 8","2017-11-02","2017-11-02","2018-01-01","S","P:GR1",1,16406,"kg",1.0633333333333332,17445.05,14742.91,64372.22,89,null,null,null,null,null,null,null,null,"Klient 496",44416.533333333333,40078.47,"Klient 520",70277.473333333342,59204.476666666647,"Klient 343",61448.256666666661,54967.21333333334,"Klient 384",77183.69,76380.576666666675,"Klient 230",56589.963333333319,61047.216666666674,"Klient 159",65146.683333333349,57362.140000000021,"Klient 327",74442.633333333331,66551.19666666667,"Klient 122",67727.183333333349,64176.383333333339]
["SK",8,"FV","Klient 9","2017-11-02","2017-11-02","2017-12-02","S","GR5",1,8069.4,"kg",1.1583333333333334,9347.06,8128.97,34490.639999999999,98,null,null,null,null,null,null,null,null,"Klient 338",44360.206666666665,39868.046666666669,"Klient 338",64774.9,57309.83666666667,"Klient 222",61014.543333333335,53864.780000000006,"Klient 442",67497.213333333333,64541.970000000008,"Klient 281",56419.22,56763.896666666675,"Klient 496",65091.783333333333,64779.693333333336,"Klient 486",59799.366666666669,54373.823333333326,"Klient 135",65294.03,44132.626666666671]
["SK",8,"FV","Klient 9","2017-11-02","2017-11-02","2017-12-02","S","GR5",1,14050,"kg",1.1583333333333334,16274.58,14153.67,60053.21,98,null,null,null,null,null,null,null,null,"Klient 483",43311.76,38219.206666666665,"Klient 454",61702.536666666674,54181.48333333333,"Klient 454",58581.786666666674,51430.670000000006,"Klient 496",67486.583333333328,59759.839999999997,"Klient 327",53792.196666666678,46741.526666666665,"Klient 237",65083.586666666662,53872.659999999996,"Klient 491",55847.983333333337,46139.700000000004,"Klient 454",64577.773333333338,59781.07]
["SK",8,"FV","Klient 9","2017-11-02","2017-11-02","2017-12-02","S","GR5",2,588.29999999999995,"kg",1.9000000000000001,1117.77,1117.1600000000001,4124.57,98,null,null,null,null,null,null,null,null,"Klient 145",43305.146666666675,36496.303333333337,"Klient 237",59106.543333333335,50268.549999999996,"Klient 496",58224.053333333337,50056.59,"Klient 237",57442.436666666654,47800.47,"Klient 437",52543.78,57158.91,"Klient 135",61345.086666666677,51368.076666666668,"Klient 345",53993.38,45861.666666666664,"Klient 495",58000.6,42843.25]
["SK",8,"FV","Klient 5","2017-11-02","2017-11-02","2017-12-17","S","P:GR1",1,1026.2,"kg",1.125,1154.48,1097.45,4260.0200000000004,98,null,null,null,null,null,null,null,null,"Klient 315",38684.81,34634.943333333336,"Klient 343",58110.71,43357.473333333328,"Klient 327",57980.483333333344,51503.91333333333,"Klient 53",56918.266666666663,49924.616666666669,"Klient 315",51536.673333333332,39122.993333333339,"Klient 369",57686.600000000013,57740.77,"Klient 483",53524.6,35013.29,"Klient 369",54303.826666666668,55273.393333333333]
["SK",8,"FV","Klient 5","2017-11-02","2017-11-02","2017-12-17","S","P:GR4",2,1338,"szt",0.95333333333333325,1275.56,1267.3499999999999,4706.82,98,null,null,null,null,null,null,null,null,"Klient 561",35506.98333333333,34519.976666666669,"Klient 19",57704.986666666664,66914.810000000012,"Klient 286",55225.406666666655,46539.733333333337,"Klient 369",56187.64666666666,55500.156666666677,"Klient 384",43889.983333333337,38737.566666666658,"Klient 437",54291.013333333329,59255.916666666664,"Klient 561",51625.82,49762.166666666664,"Klient 336",53935.916666666664,48100.006666666661]
["SK",8,"FV","Klient 10","2017-11-02","2017-11-02","2017-12-12","S","P:GR1",1,2038,"kg",1.2166666666666666,2479.5700000000002,2105.7399999999998,9149.6,98,null,null,null,null,null,null,null,null,"Klient 520",38968.69666666667,34310.756666666668,"Klient 222",55615.956666666665,49424.406666666669,"Klient 135",54114.916666666679,44237.850000000006,"Klient 561",52764.84,48507.02,"Klient 483",41166.400000000001,35100.746666666666,"Klient 281",53122.816666666673,51760.639999999992,"Klient 447",51302.96333333334,39314.156666666669,"Klient 496",52448,48096.406666666669]
["SK",8,"FV","Klient 11","2017-11-02","2017-11-02","2017-11-15","S","U:",1,2,"szt",34.153333333333329,68.31,0,252.05,null,null,null,null,null,null,null,null,null,"Klient 382",35636.019999999997,33181.693333333336,"Klient 435",55522.306666666678,36781.553333333337,"Klient 382",53076.266666666685,46909.993333333339,"Klient 97",52149.27,44379.170000000006,"Klient 97",40967.450000000004,39383.683333333327,"Klient 129",51780.473333333335,44823.303333333337,"Klient 454",49952.23000000001,46174.306666666664,"Klient 87",51551.746666666666,49945.216666666667]
["SK",8,"FV","Klient 11","2017-11-02","2017-11-02","2017-11-15","S","U:",2,2,"szt",1891.5,3783,0,13959.27,null,null,null,null,null,null,null,null,null,"Klient 163",58068.503333333334,32410.326666666671,"Klient 281",53395.409999999996,52854.32,"Klient 437",52382.793333333328,50733.993333333339,"Klient 19",51277.440000000002,43073.880000000005,"Klient 520",37955.703333333331,29983.346666666665,"Klient 122",50336.153333333343,48572.343333333331,"Klient 442",49911.276666666672,49117.483333333337,"Klient 343",50753.633333333339,46496.666666666664]
["SK",8,"FV","Klient 12","2017-11-02","2017-11-02","2017-12-12","S","P:GR1",1,1868.8,"kg",1.2416666666666667,2320.4299999999998,2103.12,8562.3700000000008,98,null,null,null,null,null,null,null,null,"Klient 32",31455.673333333329,31015.210000000003,"Klient 369",53166.353333333325,53463.293333333335,"Klient 317",45729.88,44829.639999999992,"Klient 145",49034.47,41749.466666666667,"Klient 40",37251.993333333339,29897.323333333334,"Klient 87",48738.823333333326,42430.806666666664,"Klient 145",48511.48,43807.873333333329,"Klient 338",40982.256666666668,31472.670000000002]
["SK",8,"FV","Klient 12","2017-11-02","2017-11-02","2017-12-12","S","P:GR1",2,407,"kg",1.2416666666666667,505.36,478.07,1864.78,98,null,null,null,null,null,null,null,null,"Klient 135",35280.076666666668,30119.510000000006,"Klient 345",49561.470000000008,47780.233333333337,"Klient 110",45613.066666666673,41864.546666666669,"Klient 336",47142.266666666663,40312.879999999997,"Klient 110",36652.006666666668,38635.253333333334,"Klient 337",47948.573333333334,53340.313333333332,"Klient 437",40916.336666666662,36615.909999999996,"Klient 437",37428.276666666672,36441.956666666672]
["SK",8,"FV","Klient 12","2017-11-02","2017-11-02","2017-12-12","S","P:GR4",3,1056.5999999999999,"kg",1.4000000000000001,1479.24,1733.64,5458.4,98,null,null,null,null,null,null,null,null,"Klient 437",28616.293333333335,29521.100000000002,"Klient 437",48403.68,47872.670000000006,"Klient 281",45560.32666666666,43295.21,"Klient 87",46834.640000000007,40610.813333333332,"Klient 447",35026.436666666668,26214.720000000001,"Klient 336",47910.116666666669,39050.443333333336,"Klient 19",39248,33949.226666666669,"Klient 32",36898.093333333331,29225.280000000002]
["SK",8,"FV","Klient 12","2017-11-02","2017-11-02","2017-12-12","S","P:GR4",4,1480.7,"kg",1.325,1961.93,2257.8200000000002,7239.51,98,null,null,null,null,null,null,null,null,"Klient 236",33049.760000000002,28644.789999999997,"Klient 337",47037.85,37423.51,"Klient 381",42004.913333333338,39060.320000000007,"Klient 110",45614.386666666665,42857.226666666662,"Klient 561",34603.416666666664,31447.913333333341,"Klient 382",43316.506666666668,40408.373333333329,"Klient 381",36652.800000000003,30448.476666666666,"Klient 447",36666.206666666665,28251.133333333331]
["SK",8,"FV","Klient 12","2017-11-02","2017-11-02","2017-12-12","S","P:GR1",5,1300.8,"kg",1.2583333333333333,1636.84,968.59,6039.94,98,null,null,null,null,null,null,null,null,"Klient 110",29397.24666666667,27467.899999999998,"Klient 447",45575.92333333334,36568.686666666668,"Klient 447",41157.656666666669,32848.013333333336,"Klient 454",45332.10333333334,40647.513333333329,"Klient 415",34489.839999999997,36166.933333333334,"Klient 454",41596.453333333338,40723.353332333325,"Klient 230",35874.68,42483.096666666665,"Klient 40",36491.106666666667,33629.486666666671]
["SK",8,"FV","Klient 12","2017-11-02","2017-11-02","2017-12-12","S","P:GR1",6,1464.6,"kg",1.2,1757.52,1192.0999999999999,6485.25,98,null,null,null,null,null,null,null,null,"Klient 7",25471.713333333333,26771.52,"Klient 382",42217.013333333336,32457.940000000006,"Klient 40",39857.566666666666,30917.646666666667,"Klient 135",43452.843333333331,30930.820000000003,"Klient 454",33519.133333333339,30897.669999899997,"Klient 230",39314.643333333333,46982.133333333331,"Klient 317",34472.833333333336,36682.126666666663,"Klient 381",35251.76666666667,29954.263333333336]
["SK",8,"FV","Klient 12","2017-11-02","2017-11-02","2017-12-12","S","P:GR1",7,686.2,"kg",1.2,823.44,485.02,3038.49,98,null,null,null,null,null,null,null,null,"Klient 380",31499.84,26258.880000000001,"Klient 415",41231.193333333336,42946.416666666664,"Klient 435",38587.706666666665,25997.483333333334,"Klient 435",42795.213333333333,28582.783333333336,"Klient 435",33072.586666666662,23291.473333333332,"Klient 381",36647.03,29453.83,"Klient 281",32903.863333333335,32479.72,"Klient 457",34112.243333333339,26725.946666666667]
["SK",8,"FV","Klient 12","2017-11-02","2017-11-02","2017-12-12","S","P:GR1",8,383.8,"kg",1.2,460.56,283.36,1699.47,98,null,null,null,null,null,null,null,null,"Klient 293",28756.213333333333,25569.600000000002,"Klient 561",39980.286666666667,37011.200000000004,"Klient 8",37681.046666666669,34352.626666666656,"Klient 133",42330.879999999997,36291.033333333333,"Klient 53",32769.336666666662,28694.876666666663,"Klient 110",36559.633333333331,39079.32,"Klient 293",32504.773333333334,28029.146666666667,"Klient 421",33163.826666666668,33729.56]
["SK",8,"FV","Klient 12","2017-11-02","2017-11-02","2017-12-12","S","P:GR1",9,864.8,"kg",1.2,1037.76,651.62,3829.33,98,null,null,null,null,null,null,null,null,"Klient 286",27862.456666666665,25095.133333333331,"Klient 346",39957.69666666667,31894.756666666668,"Klient 483",37477.530000000006,30701.953333333335,"Klient 102",41433.553333333337,34976.299999999996,"Klient 60",32323.859999999997,26622.080000000002,"Klient 34",34994.033333333333,29865.023333333334,"Klient 520",31510.866666666669,31118.089999999997,"Klient 463",32161.46333333333,36684.803333333337]
["SK",8,"FV","Klient 12","2017-11-02","2017-11-02","2017-12-12","S","P:GR1",10,3435,"kg",1.2,4122,2387.4499999999998,15210.18,98,null,null,null,null,null,null,null,null,"Klient 167",24531.170000000002,24522.886666666669,"Klient 135",39257.286666666674,30169.666666666668,"Klient 390",35209.11,28585.5,"Klient 8",34547.050000000003,25638.100000000002,"Klient 19",30922.666666666668,27031.360000000001,"Klient 438",34374.656666666669,41996.396666666667,"Klient 421",31182.156666666666,32179.416666666668,"Klient 435",31520.713333333333,20887.399999999998]
["SK",8,"FV","Klient 6","2017-11-02","2017-11-02","2018-01-01","S","P:GR1",1,10356.4,"kg",1.1333333333333333,11737.25,10166.370000000001,43310.46,98,null,null,null,null,null,null,null,null,"Klient 230",23985.603333333333,24093.399999999998,"Klient 495",34973.57,21153.733333333334,"Klient 237",34845.869999999995,28373.926666666666,"Klient 381",34301.879999999997,27750.576666666664,"Klient 401",29765.613333333331,26033.810000000009,"Klient 286",33179.64,28624.633333333335,"Klient 135",28599.03666666667,22284.086666666666,"Klient 492",31168.553333333333,29092.123333333333]
["SK",8,"FO","Klient 11","2017-11-02","2017-11-02","2017-12-02","S","GR5",1,2246,"kg",0.35833333333333334,804.82,449.2,2414.4499999999998,95,null,null,null,null,null,null,null,null,"Klient 19",26918.560000000001,23690.690000000002,"Klient 40",34418.090000000004,29084.256666666672,"Klient 495",33576.61,20414.576666666668,"Klient 345",32015.309999999998,26379.556666666667,"Klient 87",29425.75,24231.463333333333,"Klient 561",32214.483333333334,29409.16,"Klient 139",27647.383333333335,27961.096666666665,"Klient 390",30312.913333333334,24919.436666666665]
["SK",8,"FO","Klient 11","2017-11-02","2017-11-02","2017-12-02","S","GR5",2,28105.02,"kg",0.35833333333333334,10070.969999999999,5621.01,30212.9,95,null,null,null,null,null,null,null,null,"Klient 8",26079.636666666669,21739.010000000002,"Klient 53",33071.026666666665,29048.126666666667,"Klient 230",32393.326666666664,33591.74,"Klient 115",31162.403333333332,24130.806666666667,"Klient 237",28527.706666666669,23918.95,"Klient 401",31316.829999999998,26053.586666666666,"Klient 40",26905.723333333332,21676.039999999997,"Klient 237",29977.709999999995,26406.373333333326]
["SK",8,"FV","Klient 13","2017-11-03","2017-11-03","2018-01-02","S","T:",1,1000,"kg",2.7933333333333334,2793.33,2785,10307.4,93,null,null,null,null,null,null,null,null,"Klient 495",33646.379999999997,21408.103333333336,"Klient 8",32955.453333333338,27197.966666666664,"Klient 97",31358.166666666668,27033.456666666665,"Klient 483",30707.89,25800.960000000003,"Klient 421",27315.926666666666,26614.313333333328,"Klient 435",30921.469999999998,22968.226666666666,"Klient 32",26484.99,20836.086666666666,"Klient 110",29741.853333333333,30687.99]
["SK",8,"FV","Klient 13","2017-11-03","2017-11-03","2018-01-02","S","T:",2,1000,"kg",2.6950000000000003,2695,2686.67,9944.5499999999993,93,null,null,null,null,null,null,null,null,"Klient 506",20431.726666666666,19532.296666666665,"Klient 356",31387.763333333332,28023.476666666666,"Klient 561",29201.619999999995,25100.5,"Klient 222",28523.186666666665,23368.093333333334,"Klient 317",26846.283333333336,23750.243333333332,"Klient 483",25328.873333333333,21596.216666666667,"Klient 435",25013.493333333332,17910.85666666667,"Klient 490",28560.636666666669,25319.579999999998]
["SK",8,"FV","Klient 14","2017-11-03","2017-11-03","2017-12-18","S","P:GR1",1,5762.4,"kg",1.4166666666666667,8163.4,6995.96,30122.95,98,null,null,null,null,null,null,null,null,"Klient 265",20819.300000000003,18268.436666666665,"Klient 60",30047.013333333332,25782.826666666671,"Klient 150",28719.539999999997,28501.03,"Klient 40",28267.600000000006,23970.443333333333,"Klient 135",25248.506666666668,17656.03,"Klient 125",23225.400000000005,30997.276666666668,"Klient 356",25007.226666666666,25283.23,"Klient 222",27485.383333333331,23767.013333333332]
["SK",8,"FV","Klient 15","2017-11-03","2017-11-02","2017-12-03","S","P:GR4",1,4230,"szt",9.6666666666666665E-2,408.9,370.83,1508.84,98,null,null,null,null,null,null,null,null,"Klient 447",21891.49666666667,18230.739999999998,"Klient 324",29702.97,29174.123333333333,"Klient 19",28561.233333333337,32146.363333333331,"Klient 537",27396.296666666665,23898.42,"Klient 32",23430.793333333335,17987.303333333333,"Klient 40",23156.856666666663,19746.7,"Klient 415",24984.133333333331,27479.430000000004,"Klient 356",26266.453333333335,24335.316666666669]
["SK",8,"FV","Klient 15","2017-11-03","2017-11-02","2017-12-03","S","P:GR1",2,10000,"mb",6.5500000000000003E-2,655,496.67,2416.9499999999998,98,null,null,null,null,null,null,null,null,"Klient 139",18417.600000000002,17633.263333333336,"Klient 381",29271.216666666671,40121.403333333343,"Klient 139",27716.626666666667,24616.196666666667,"Klient 338",26650.16,22197.59,"Klient 513",22915.49,18377.09,"Klient 384",22978.096666666668,20109.749999999996,"Klient 487",24981.763333333336,22482.08666666667,"Klient 125",26147,23171.72]
["SK",8,"FV","Klient 15","2017-11-03","2017-11-02","2017-12-03","S","P:GR1",3,6000,"mb",0.13250000000000001,795,572.9,2933.55,98,null,null,null,null,null,null,null,null,"Klient 40",22017.820000000003,17284.34,"Klient 110",29057.016666666666,26902.293333333335,"Klient 159",25167.956666666665,23021.64333333333,"Klient 60",26077.26,21667.953333333335,"Klient 7",21334.05,21445.656666666669,"Klient 421",22943.399999999998,24294.25333333333,"Klient 401",24708.059999999998,21680.463333333333,"Klient 382",25895.493333333332,22445.11]
["SK",8,"FV","Klient 15","2017-11-03","2017-11-02","2017-12-03","S","P:GR1",4,6000,"mb",7.3999999999999996E-2,444,304.10000000000002,1638.36,98,null,null,null,null,null,null,null,null,"Klient 218",18701.50333333333,16713.91,"Klient 401",28390.253333333338,26331.823333333334,"Klient 32",25067.89333333333,18553.713333333333,"Klient 46",25910.45,22187.033333333336,"Klient 390",21063.3,17312.863333333331,"Klient 8",22337.956666666665,16582.27,"Klient 8",24390.5,19911.973333333335,"Klient 133",25870.649999999998,21427.716666666667]
["SK",8,"FV","Klient 15","2017-11-03","2017-11-02","2017-12-03","S","P:GR4",5,2850,"szt",0.22,627,559.79,2313.63,98,null,null,null,null,null,null,null,null,"Klient 492",14620.736666666669,15239.493333333332,"Klient 286",27986.233333333334,24477.816666666666,"Klient 218",24708.056666666667,20846.296666666665,"Klient 337",25662.803333333333,20407.633333333331,"Klient 286",18937.36,16207.96,"Klient 102",22082.26,18401.189999999999,"Klient 102",24241.533333333336,20471.276666666668,"Klient 19",24976,21685.440000000002]
["SK",8,"FV","Klient 15","2017-11-03","2017-11-02","2017-12-03","S","P:GR4",6,1910,"szt",0.28999999999999998,553.9,463.88,2043.89,98,null,null,null,null,null,null,null,null,"Klient 435",22450.346666666665,14896.686666666666,"Klient 6",27219.016666666666,23120.833333333332,"Klient 60",23665.533333333336,20214.22,"Klient 139",24009.573333333337,20918.990000000002,"Klient 381",18699.773333333334,15197.246666666666,"Klient 447",20753.016666666666,26923.223333333339,"Klient 110",24193.153333333335,26111.3,"Klient 230",24444.833333333332,25950.140000000003]
["SK",8,"FV","Klient 15","2017-11-03","2017-11-02","2017-12-03","S","P:GR4",7,1120,"szt",0.32666666666666666,365.87,337.85,1350.05,98,null,null,null,null,null,null,null,null,"Klient 53",16439.07,14583.17,"Klient 492",25079.416666666672,23284.02,"Klient 102",23254.306666666667,20811.533333333333,"Klient 218",23995.616666666669,20289.133333333335,"Klient 438",17980.523333333334,21944.666666666668,"Klient 356",18855.893333333337,15669.49,"Klient 60",23732.666666666668,19352.3,"Klient 127",23093.466666666664,20727.46]
["SK",8,"FV","Klient 15","2017-11-03","2017-11-02","2017-12-03","S","P:GR1",8,7000,"mb",6.5500000000000003E-2,458.5,308.47000000000003,1691.87,98,null,null,null,null,null,null,null,null,"Klient 125",16833.233333333334,14548.186666666668,"Klient 223",22634.55,20287.72,"Klient 53",23200.333333333332,20284.696666666667,"Klient 6",23880.75,20276.923333333332,"Klient 265",17016.533333333333,14962.080000000002,"Klient 338",18589.883333333335,16383.550000000001,"Klient 380",22367.100000000002,18712.353333333333,"Klient 6",21702.816666666666,22387.506666666668]
["SK",8,"FV","Klient 15","2017-11-03","2017-11-02","2017-12-03","S","P:GR1",9,6000,"mb",0.13699999999999998,822,630.52,3033.18,98,null,null,null,null,null,null,null,null,"Klient 97",15899.933333333334,13849.526666666667,"Klient 102",21122.903333333332,18477.426666666666,"Klient 514",22400.63,17889.600000000002,"Klient 421",23526.023333333334,24166.473333333332,"Klient 463",15921.800000000001,18128.916666666668,"Klient 490",18409.793333333331,18252.936666666665,"Klient 125",22260.5,19444.026666666668,"Klient 129",21063.87,18023.413333333334]
["SK",8,"FV","Klient 15","2017-11-03","2017-11-02","2017-12-03","S","P:GR4",10,10480,"szt",0.28666666666666668,3004.27,2807.24,11085.74,98,null,null,null,null,null,null,null,null,"Klient 515",11525.423333333332,13456.086666666664,"Klient 336",20645.713333333333,16563.97,"Klient 34",21891.023333333334,18103.493333333332,"Klient 487",23314.013333333332,19358.643333333333,"Klient 34",15643.273333333333,13142.186666666666,"Klient 492",17806.320000000003,18766.736666666668,"Klient 310",22230.783333333336,17677.179999999997,"Klient 281",20520.726666666666,19131.556666666667]
["SK",8,"FV","Klient 15","2017-11-03","2017-11-02","2017-12-03","S","P:GR1",11,8000,"mb",6.5500000000000003E-2,524,346.13,1933.56,98,null,null,null,null,null,null,null,null,"Klient 101",14605.4,13086.016666666668,"Klient 34",19685.016666666666,17062.166666666668,"Klient 356",20362,19552.013333333332,"Klient 314",22826.666666666668,20181.399999999998,"Klient 532",14655.103333333333,13515.953333333333,"Klient 513",17711.259999999998,15134.016666666668,"Klient 314",20929.513333333332,18455.649999999998,"Klient 60",18359.686666666665,14821.01]
["SK",8,"FV","Klient 15","2017-11-03","2017-11-02","2017-12-03","S","P:GR4",12,1050,"szt",0.85166666666666668,894.25,804.04,3299.78,98,null,null,null,null,null,null,null,null,"Klient 434",12270.6,11318.5,"Klient 125",19586.666666666668,18454.666666666668,"Klient 7",20253.62,19691.643332999996,"Klient 324",20848.3,18919.42666666667,"Klient 434",14592.800000000001,13865.016666666668,"Klient 301",17227.21,16914.25,"Klient 97",20919.956666666669,18162.476666666666,"Klient 102",17445.046666666665,14742.913333333332]
["SK",8,"FV","Klient 15","2017-11-03","2017-11-02","2017-12-03","S","P:GR4",13,4030,"szt",0.93666666666666665,3774.77,3146.42,13928.89,98,null,null,null,null,null,null,null,null,"Klient 20",11205.986666666669,11236.32,"Klient 487",19262.263333333336,16126.556666666665,"Klient 513",18918.436666666665,15105.78,"Klient 447",19174.173333333336,14452.806666666665,"Klient 129",14570.983333333332,11957.413333333336,"Klient 434",16446,15904.026666666667,"Klient 316",20861.25,16600.97,"Klient 452",17011.54,12655.743333333334]
["SK",8,"FV","Klient 15","2017-11-03","2017-11-02","2017-12-03","S","P:GR4",14,3050,"szt",1.0216666666666667,3116.08,2602.9699999999998,11498.35,98,null,null,null,null,null,null,null,null,"Klient 11",11025.736666666669,11187.693333333335,"Klient 133",19066.226666666666,16127.096666666665,"Klient 25",18714.223333333332,17281.266666666666,"Klient 520",18815.596666666668,14257.63,"Klient 490",13339.376666666665,15043.90333333333,"Klient 6",16145.906666666668,14645.896666666666,"Klient 7",19917.586666666666,19499.129999999997,"Klient 20",16999.603333333333,15330.15]
["SK",8,"FV","Klient 16","2017-11-03","2017-11-03","2018-01-02","S","P:GR4",1,1625,"kg",0.68333333333333324,1110.42,1221.3699999999999,4097.4399999999996,98,null,null,null,null,null,null,null,null,"Klient 133",12691.326666666666,11048.316666666668,"Klient 513",18991.053333333333,16430.600000000002,"Klient 549",18035.71,22941.49,"Klient 490",18559.55,18373.223333333332,"Klient 505",13245.603333333333,12053.26,"Klient 115",15851.08,12020.763333333334,"Klient 36",18565.853333333333,13655.463333333333,"Klient 561",16635.146666666667,17033.996666666666]
["SK",8,"FV","Klient 16","2017-11-03","2017-11-03","2018-01-02","S","P:GR4",2,2497.84,"kg",0.68333333333333324,1706.86,1719.19,6298.3,98,null,null,null,null,null,null,null,null,"Klient 487",12508.78,10654.766666666668,"Klient 505",18978.36,15873.523333333336,"Klient 401",17426.746666666666,15379.663333333332,"Klient 36",18435.849999999999,14884.123333333335,"Klient 515",13057.613333333333,14900.786666666667,"Klient 487",14819.026666666665,12104.01,"Klient 223",18308.546666666665,14479.376666666669,"Klient 22",16496.400000000005,16388.146666666664]
["SK",8,"FV","Klient 16","2017-11-03","2017-11-03","2018-01-02","S","P:GR4",3,1209.4000000000001,"kg",0.68333333333333324,826.42,896.75,3049.5,98,null,null,null,null,null,null,null,null,"Klient 166",11732.183333333334,10552.096666666666,"Klient 218",18731,16617.243333333336,"Klient 265",17382.399999999998,15465.333333333334,"Klient 125",17779.533333333333,16324.716666666665,"Klient 125",12826.6,11502.136666666665,"Klient 19",14272,12256.64,"Klient 390",18264.626666666667,14651.213333333333,"Klient 36",15804.006666666668,12024.650000000001]
["SK",8,"FV","Klient 16","2017-11-03","2017-11-03","2018-01-02","S","P:GR1",4,2064,"kg",0.68333333333333324,1410.4,1192.44,5204.38,98]
["SK",8,"FV","Klient 16","2017-11-03","2017-11-03","2018-01-02","S","P:GR4",5,2200.1999999999998,"kg",0.68333333333333324,1503.47,1548.27,5547.8,98]
["SK",8,"FV","Klient 17","2017-11-03","2017-11-03","2017-11-17","S","P:GR1",1,8760.7999999999993,"kg",1.625,14236.3,11150.02,52531.95,98]
["SK",8,"FV","Klient 18","2017-11-03","2017-11-03","2017-12-03","S","P:GR1",1,6443.8,"kg",1.4333333333333333,9236.11,8392.19,34081.26,98]
["SK",8,"FV","Klient 18","2017-11-03","2017-11-03","2017-12-03","S","P:GR1",2,14051.2,"kg",1.5,21076.799999999999,16527.25,77773.39,98]
["SK",8,"FV","Klient 19","2017-11-03","2017-11-03","2017-11-17","S","P:GR4",1,51120,"szt",3.6666666666666667E-2,1874.4,1594.09,6916.54,98]
["SK",8,"FV","Klient 6","2017-11-03","2017-11-03","2018-01-02","S","P:GR1",1,633.6,"kg",1.1500000000000001,728.64,638.72,2688.68,98]
["SK",8,"FV","Klient 6","2017-11-03","2017-11-03","2018-01-02","S","P:GR1",2,2086,"kg",1.3083333333333333,2729.18,2807.13,10070.69,98]
["SK",8,"FV","Klient 6","2017-11-03","2017-11-03","2018-01-02","S","P:GR1",3,2208.8000000000002,"kg",1.3083333333333333,2889.85,2577.7800000000002,10663.53,98]
["SK",8,"FV","Klient 6","2017-11-03","2017-11-03","2018-01-02","S","P:GR1",4,2489.1999999999998,"kg",1.3083333333333333,3256.7,2988.49,12017.24,98]
["SK",8,"FV","Klient 6","2017-11-03","2017-11-03","2018-01-02","S","P:GR1",5,1206,"kg",1.3083333333333333,1577.85,1477.33,5822.27,98]
["SK",8,"FV","Klient 6","2017-11-03","2017-11-03","2018-01-02","S","GR5",6,656.4,"kg",1.1500000000000001,754.86,661.71,2785.43,98]
["SK",8,"FV","Klient 20","2017-11-03","2017-11-02","2017-12-01","S","P:GR4",1,19640,"szt",0.105,2062.1999999999998,1905.73,7609.52,98]
["SK",8,"FV","Klient 20","2017-11-03","2017-11-02","2017-12-01","S","P:GR4",2,91740,"szt",5.5000000000000005E-3,504.57,431.18,1861.86,98]
["SK",8,"FV","Klient 21","2017-11-03","2017-11-02","2018-01-02","S","P:GR4",1,12750,"szt",0.14499999999999999,1848.75,1657.93,6821.89,98]
["SK",8,"FV","Klient 22","2017-11-03","2017-11-02","2017-11-04","S","P:GR1",1,2217.4,"kg",1.25,2771.75,2237.96,10227.76,98]
["SK",8,"FV","Klient 23","2017-11-03","2017-11-03","2017-12-18","S","U:",1,2,"szt",125,250,0,922.5]
["SK",8,"FV","Klient 24","2017-11-03","2017-11-03","2017-11-03","S","P:GR1",1,119.2,"kg",1.3333333333333333,158.93,117.15,586.46,98]
["SK",8,"FO","Klient 11","2017-11-03","2017-11-03","2017-12-03","S","GR5",1,13392,"kg",0.35833333333333334,4798.8,2678.4,14396.4,95]
["SK",8,"FV","Klient 25","2017-11-03","2017-11-03","2017-11-24","S","P:GR4",1,4328,"szt",0.69499999999999995,3007.96,2794.3,11099.37,98]
["SK",8,"PF","Klient 26","2017-11-03","2017-11-03","2017-11-03","S","GR5",1,396,"m2",0.10833333333333334,42.93,40.090000000000003,158.4,98]
["SK",8,"FV","Klient 27","2017-11-03","2017-11-03","2018-01-02","S","P:GR4",1,7894,"szt",1321.8146666666667,10434.4,7728.45,38502.949999999997,86]
["SK",8,"FV","Klient 28","2017-11-03","2017-11-03","2018-01-02","S","P:GR1",1,30177,"kg",1.1333333333333333,34200.6,20809.05,126200.21,98]
["SK",8,"FV","Klient 6","2017-11-06","2017-11-06","2018-01-05","S","GR5",1,2000.8,"kg",1.1333333333333333,2267.5700000000002,1905.69,8367.35,98]
["SK",8,"FV","Klient 6","2017-11-06","2017-11-06","2018-01-05","S","GR5",2,2005.2,"kg",1.1083333333333334,2222.4299999999998,2000.35,8200.77,98]
["SK",8,"FV","Klient 6","2017-11-06","2017-11-06","2018-01-05","S","P:GR1",3,2456,"kg",1.175,2885.8,2413.92,10648.6,98]
["SK",8,"FV","Klient 6","2017-11-06","2017-11-06","2018-01-05","S","P:GR1",4,6773.6,"kg",1.2583333333333333,8523.4500000000007,7791.1,31451.52,98]
["SK",8,"FV","Klient 6","2017-11-06","2017-11-06","2018-01-05","S","GR5",5,1001.6,"kg",1.1333333333333333,1135.1500000000001,953.99,4188.6899999999996,98]
["SK",8,"FV","Klient 6","2017-11-06","2017-11-06","2018-01-05","S","GR5",6,1038,"kg",1.1083333333333334,1150.45,1035.49,4245.16,98]
["SK",8,"FV","Klient 6","2017-11-06","2017-11-06","2018-01-05","S","GR5",7,1006.4,"kg",1.1083333333333334,1115.43,1003.97,4115.92,98]
["SK",8,"FV","Klient 29","2017-11-06","2017-11-06","2017-12-06","S","P:GR1",1,6123.2,"kg",1.3499999999999999,8266.32,7137.77,30502.720000000001,98]
["SK",8,"FV","Klient 29","2017-11-06","2017-11-06","2017-12-06","S","P:GR1",2,1012.6,"kg",0.65833333333333333,666.63,541.53,2459.86,98]
["SK",8,"FV","Klient 30","2017-11-06","2017-11-06","2017-11-20","S","P:GR3",1,4300.8,"kg",1.6583333333333332,7132.16,7559.39,26317.67,98]
["SK",8,"FV","Klient 31","2017-11-06","2017-11-06","2017-12-06","S","P:GR2",1,5739.28,"kg",1.55,8895.8799999999992,9428.49,32825.81,98]
["SK",8,"FV","Klient 31","2017-11-06","2017-11-06","2017-12-06","S","P:GR1",2,10028,"kg",1.1666666666666667,11699.33,9488.49,43170.54,98]
["SK",8,"FV","Klient 20","2017-11-06","2017-11-03","2017-12-04","S","P:GR3",1,2123.3200000000002,"kg",1.25,2654.15,3968.8,9793.81,98]
["SK",8,"FV","Klient 32","2017-11-06","2017-11-03","2017-12-06","S","P:GR4",1,2330,"szt",1.3216666666666665,3079.48,2932.93,11363.29,98]
["SK",8,"FV","Klient 32","2017-11-06","2017-11-03","2017-12-06","S","P:GR4",2,2500,"szt",1.0833333333333333,2708.33,2523.42,9993.75,98]
["SK",8,"FV","Klient 33","2017-11-06","2017-11-04","2017-11-07","S","P:GR1",1,2443.6,"kg",1.3499999999999999,3298.86,3207.18,12172.79,98]
["SK",8,"FV","Klient 15","2017-11-06","2017-11-03","2017-12-06","S","P:GR4",1,6180,"szt",0.25666666666666665,1586.2,1453.43,5853.08,98]
["SK",8,"FV","Klient 34","2017-11-06","2017-11-03","2017-11-20","S","P:GR1",1,3286,"kg",1.3,4271.8,3808.81,15762.94,98]
["SK",8,"FV","Klient 35","2017-11-06","2017-11-03","2017-12-21","S","P:GR4",1,3040,"szt",0.32166666666666666,977.87,950.3,3608.33,98]
["SK",8,"FV","Klient 35","2017-11-06","2017-11-03","2017-12-21","S","P:GR4",2,1000,"szt",0.51333333333333331,513.33000000000004,477.15,1894.2,98]
["SK",8,"FV","Klient 36","2017-11-06","2017-11-03","2017-11-20","S","P:GR1",1,994,"kg",1.1916666666666667,1184.52,939,4370.87,98]
["SK",8,"FV","Klient 36","2017-11-06","2017-11-03","2017-11-20","S","U:",2,2,"szt",2.1666666666666665,4.33,0,15.99]
["SK",8,"FV","Klient 36","2017-11-06","2017-11-03","2017-11-20","S","U:",3,2,"szt",25,50,0,184.5]
["SK",8,"FV","Klient 37","2017-11-06","2017-11-06","2017-12-06","S","P:GR4",1,4800,"szt",0.33833333333333332,1624,1853.04,5992.56,98]
["SK",8,"FV","Klient 37","2017-11-06","2017-11-06","2017-12-06","S","P:GR4",2,4440,"szt",0.53666666666666674,2382.8000000000002,2418.81,8792.5300000000007,98]
["SK",8,"FV","Klient 37","2017-11-06","2017-11-06","2017-12-06","S","P:GR4",3,6500,"szt",6.9999999999999993E-2,455,431.17,1678.95,98]
["SK",8,"FV","Klient 15","2017-11-06","2017-11-06","2017-12-06","S","P:GR1",1,10000,"mb",4.4166666666666667E-2,441.67,406.83,1629.75,98]
["SK",8,"FV","Klient 15","2017-11-06","2017-11-06","2017-12-06","S","P:GR1",2,7000,"mb",6.5500000000000003E-2,458.5,311.38,1691.87,98]
["SK",8,"FV","Klient 15","2017-11-06","2017-11-06","2017-12-06","S","P:GR4",3,10490,"szt",0.21333333333333335,2237.87,2481.41,8257.73,98]
["SK",8,"FV","Klient 15","2017-11-06","2017-11-06","2017-12-06","S","P:GR4",4,2120,"szt",0.57333333333333336,1215.47,1066.93,4485.07,98]
["SK",8,"FV","Klient 15","2017-11-06","2017-11-06","2017-12-06","S","P:GR4",5,2260,"szt",0.35333333333333333,798.53,674.12,2946.59,98]
["SK",8,"FV","Klient 15","2017-11-06","2017-11-06","2017-12-06","S","P:GR1",6,10000,"mb",4.4166666666666667E-2,441.67,403.67,1629.75,98]
["SK",8,"FV","Klient 38","2017-11-06","2017-11-06","2017-11-27","S","P:GR4",1,5096,"szt",0.38666666666666666,1970.45,1727.71,7270.97,98]
["SK",8,"FV","Klient 39","2017-11-06","2017-11-06","2017-12-21","S","GR5",1,1990,"szt",0.76333333333333331,1519.03,1468.29,5605.23,98]
["SK",8,"PF","Klient 40","2017-11-06","2017-11-06","2017-11-06","S","GR5",1,396,"m2",0.10833333333333334,42.93,40.090000000000003,158.4,98]
["SK",8,"FF","Klient 41","2017-11-06","2017-11-06","2017-11-10","S","U:",1,2,"szt",13.549999999999999,27.1,0,100]
["SK",8,"PF","Klient 42","2017-11-06","2017-11-06","2017-11-06","S","GR5",1,396,"m2",0.10833333333333334,42.93,40.090000000000003,158.4,98]
["SK",8,"FF","Klient 43","2017-11-06","2017-11-06","2017-11-10","S","U:",1,2,"szt",13.549999999999999,27.1,0,100]
["SK",8,"FF","Klient 44","2017-11-06","2017-11-06","2017-11-10","S","U:",1,2,"szt",13.549999999999999,27.1,0,100]
["SK",8,"FF","Klient 45","2017-11-06","2017-11-06","2017-11-10","S","U:",1,2,"szt",13.549999999999999,27.1,0,100]
["SK",8,"FO","Klient 11","2017-11-06","2017-11-06","2017-12-06","S","GR5",1,27473.439999999999,"kg",0.35833333333333334,9844.65,5494.69,29533.95,95]
["SK",8,"FR","Klient 46","2017-11-06","2017-11-06","2017-11-07","S","P:GR4",2,46000,"szt",1.3333333333333334E-2,613.33000000000004,545.1,2263.1999999999998,98]
["SK",8,"FV","Klient 47","2017-11-06","2017-11-06","2017-12-06","S","P:GR4",1,2680,"szt",0.21333333333333335,571.73,502.9,2109.6999999999998,98]
["SK",8,"FV","Klient 20","2017-11-06","2017-11-06","2017-12-04","S","P:GR4",1,4250,"szt",0.56166666666666665,2387.08,2338.17,8808.34,98]
["SK",8,"FV","Klient 48","2017-11-06","2017-11-06","2018-02-04","S","P:GR1",1,6498.4,"kg",1.1500000000000001,7473.16,6302.25,27575.96,98]
["SK",8,"FV","Klient 48","2017-11-06","2017-11-06","2018-02-04","S","P:GR1",2,3257.6,"kg",1.1500000000000001,3746.24,3306.36,13823.63,98]
["SK",8,"FV","Klient 48","2017-11-06","2017-11-06","2018-02-04","S","P:GR1",3,5864.6,"kg",1.1500000000000001,6744.29,6082.86,24886.43,98]
["SK",8,"FV","Klient 48","2017-11-06","2017-11-06","2018-02-04","S","P:GR1",4,5723.2,"kg",1.1500000000000001,6581.68,5563.23,24286.400000000001,98]
["SK",8,"FV","Klient 48","2017-11-06","2017-11-06","2018-02-04","S","P:GR1",5,8718.7999999999993,"kg",1.1500000000000001,10026.620000000001,9060.58,36998.230000000003,98]
["SK",8,"FV","Klient 48","2017-11-06","2017-11-06","2018-02-04","S","P:GR1",6,4913.6000000000004,"kg",1.1333333333333333,5568.75,4769.38,20548.68,98]
["SK",8,"FV","Klient 49","2017-11-06","2017-11-06","2017-11-13","S","P:GR4",2,8400,"szt",6.6666666666666666E-2,560,424.48,2066.4,98]
["SK",8,"FV","Klient 49","2017-11-06","2017-11-06","2017-11-13","S","P:GR4",1,9060,"szt",8.666666666666667E-2,785.2,686.02,2897.39,98]
["SK",8,"FV","Klient 49","2017-11-06","2017-11-06","2017-11-13","S","P:GR4",3,4000,"szt",0.11333333333333334,453.33,387,1672.8,98]
["SK",8,"FV","Klient 49","2017-11-06","2017-11-06","2017-11-13","S","U:",4,4,"szt",2.1666666666666665,8.67,0,31.98]
["SK",8,"FV","Klient 50","2017-11-06","2017-11-06","2017-11-07","S","GR5",1,432,"kg",1,432,377.94,1594.08,98]
["SK",8,"FV","Klient 50","2017-11-06","2017-11-06","2017-11-07","S","U:",2,2,"szt",2.1666666666666665,4.33,0,15.99]
["SK",8,"FV","Klient 50","2017-11-06","2017-11-06","2017-11-07","S","U:",3,2,"szt",25,50,0,184.5]
["SK",8,"FV","Klient 15","2017-11-07","2017-11-07","2017-12-07","S","P:GR4",1,1300,"szt",0.125,162.5,135.85,599.63,98]
["SK",8,"FV","Klient 15","2017-11-07","2017-11-07","2017-12-07","S","P:GR4",2,12000,"szt",0.22,2640,2243.6,9741.6,98]
["SK",8,"FV","Klient 15","2017-11-07","2017-11-07","2017-12-07","S","P:GR1",3,8000,"mb",6.5500000000000003E-2,524,355.87,1933.56,98]
["SK",8,"FV","Klient 15","2017-11-07","2017-11-07","2017-12-07","S","P:GR1",4,8400,"mb",0.13250000000000001,1113,749.56,4106.97,98]
["SK",8,"FV","Klient 15","2017-11-07","2017-11-07","2017-12-07","S","P:GR1",5,20000,"mb",0.125,2500,1726,9225,98]
["SK",8,"FV","Klient 15","2017-11-07","2017-11-07","2017-12-07","S","P:GR4",6,1140,"szt",0.38166666666666665,435.1,390.87,1605.52,98]
["SK",8,"FV","Klient 15","2017-11-07","2017-11-07","2017-12-07","S","P:GR4",7,1100,"szt",0.66,726,657.49,2678.94,98]
["SK",8,"FV","Klient 15","2017-11-07","2017-11-07","2017-12-07","S","P:GR4",8,1080,"szt",0.72499999999999998,783,752.02,2889.27,98]
["SK",8,"FV","Klient 15","2017-11-07","2017-11-07","2017-12-07","S","P:GR3",9,19800,"m2",17.599999999999998,1056,1192,3896.64,98]
["SK",8,"FV","Klient 51","2017-11-07","2017-11-07","2017-11-28","S","P:GR4",1,800,"kpl",1.8333333333333333,1466.67,976.76,5412,98]
["SK",8,"FO","Klient 51","2017-11-07","2017-11-07","2017-11-28","S","T:",1,58,"kg",0.83333333333333337,48.33,0,145,92]
["SK",8,"FV","Klient 52","2017-11-07","2017-11-07","2017-12-07","S","GR5",1,1200,"szt",0.25666666666666665,308,251.04,1136.52,98]
["SK",8,"FV","Klient 52","2017-11-07","2017-11-07","2017-12-07","S","P:GR4",2,1200,"szt",0.62666666666666659,752,626.77,2774.88,98]
["SK",8,"FV","Klient 52","2017-11-07","2017-11-07","2017-12-07","S","P:GR4",3,4000,"szt",0.70833333333333337,2833.33,2259.2399999999998,10455,98]
["SK",8,"FV","Klient 52","2017-11-07","2017-11-07","2017-12-07","S","P:GR4",4,1600,"szt",0.87333333333333341,1397.33,1113.1199999999999,5156.16,98]
["SK",8,"FV","Klient 6","2017-11-07","2017-11-07","2018-01-06","S","GR5",1,1004,"kg",1.1083333333333334,1112.77,1001.57,4106.1099999999997,98]
["SK",8,"FV","Klient 11","2017-11-07","2017-11-07","2017-11-14","S","U:",1,2,"szt",3051.2350000000001,6102.47,0,22518.11]
["SK",8,"FV","Klient 53","2017-11-07","2017-11-06","2018-01-06","S","P:GR1",1,1504.6,"kg",0.68333333333333324,1028.1400000000001,924.25,3793.85,98]
["SK",8,"FV","Klient 53","2017-11-07","2017-11-06","2018-01-06","S","GR5",2,10992,"szt",2.4999999999999998E-2,274.8,260.14,1014.01,98]
["SK",8,"FV","Klient 32","2017-11-07","2017-11-06","2017-12-07","S","P:GR4",1,6360,"szt",1.0833333333333333,6890,6419.57,25424.1,98]
["SK",8,"FV","Klient 32","2017-11-07","2017-11-06","2017-12-07","S","P:GR4",2,7500,"szt",1.0833333333333333,8125,9845.59,29981.25,98]
["SK",8,"FV","Klient 54","2017-11-07","2017-11-07","2018-01-06","S","P:GR1",1,1417.6,"kg",1.175,1665.68,1394.68,6146.36,98]
["SK",8,"FV","Klient 54","2017-11-07","2017-11-07","2018-01-06","S","P:GR1",2,1686.4,"kg",1.175,1981.52,2113.2399999999998,7311.81,98]
["SK",8,"FV","Klient 14","2017-11-07","2017-11-07","2017-12-22","S","P:GR1",1,1826,"kg",1.4166666666666667,2586.83,2136.5700000000002,9545.42,98]
["SK",8,"FV","Klient 55","2017-11-07","2017-11-07","2017-12-17","S","P:GR1",1,7988.4,"kg",0.7416666666666667,5924.73,4250.8900000000003,21862.25,98]
["SK",8,"FV","Klient 39","2017-11-07","2017-11-07","2017-12-22","S","T:",1,12,"szt",2.75,33,25.2,121.77,93]
["SK",8,"FV","Klient 39","2017-11-07","2017-11-07","2017-12-22","S","P:GR4",2,4600,"szt",0.10833333333333334,498.33,496.19,1838.85,98]
["SK",8,"FV","Klient 39","2017-11-07","2017-11-07","2017-12-22","S","P:GR1",3,2075.4,"kg",1.05,2179.17,1369.62,8041.14,98]
["SK",8,"FV","Klient 56","2017-11-07","2017-11-07","2017-11-28","S","P:GR1",1,12000,"m2",0.19666666666666666,2360,1705,8708.4,98]
["SK",8,"FV","Klient 56","2017-11-07","2017-11-07","2017-11-28","S","U:",2,2,"szt",2.1666666666666665,4.33,0,15.99]
["SK",8,"FV","Klient 57","2017-11-07","2017-11-07","2017-11-21","S","U:",1,2,"kpl",4806.6166666666668,9613.23,0,35472.83]
["SK",8,"FV","Klient 58","2017-11-07","2017-11-07","2017-12-07","S","P:GR3",1,1096.5999999999999,"kg",1.8833333333333335,2065.2600000000002,1953.1,7620.82,98]
["SK",8,"FV","Klient 58","2017-11-07","2017-11-07","2017-12-07","S","P:GR3",2,1113.8,"kg",1.8833333333333335,2097.66,2039.45,7740.35,98]
["SK",8,"FV","Klient 58","2017-11-07","2017-11-07","2017-12-07","S","P:GR3",3,1076.8,"kg",1.8833333333333335,2027.97,1933.68,7483.22,98]
["SK",8,"FV","Klient 59","2017-11-07","2017-11-07","2017-12-07","S","P:GR1",1,4317.6000000000004,"kg",1.3083333333333333,5648.86,5027.4799999999996,20844.29,98]
["SK",8,"FV","Klient 59","2017-11-07","2017-11-07","2017-12-07","S","P:GR1",2,4344.8,"kg",1.345,5843.76,5603.77,21563.46,98]
["SK",8,"FV","Klient 60","2017-11-07","2017-11-07","2017-12-22","S","P:GR1",1,5044.3999999999996,"kg",1.075,5422.73,4672.97,20009.87,98]
["SK",8,"FV","Klient 60","2017-11-07","2017-11-07","2017-12-22","S","P:GR1",2,3463,"kg",1.175,4069.03,3386.07,15014.71,98]
["SK",8,"FV","Klient 60","2017-11-07","2017-11-07","2017-12-22","S","P:GR1",3,6992.8,"kg",1.2166666666666666,8507.91,7457.94,31394.18,98]
["SK",8,"FV","Klient 60","2017-11-07","2017-11-07","2017-12-22","S","P:GR1",4,3324,"kg",1.1166666666666667,3711.8,5180.96,13696.54,98]
["SK",8,"FV","Klient 61","2017-11-07","2017-11-07","2017-11-28","S","P:GR4",1,24200,"szt",0.11166666666666668,2702.33,2750.39,9971.61,98]
["SK",8,"FV","Klient 62","2017-11-07","2017-11-07","2017-11-28","S","P:GR4",1,41000,"szt",6.5000000000000002E-2,2665,2222.1999999999998,9833.85,98]
["SK",8,"FV","Klient 63","2017-11-07","2017-11-07","2018-01-06","S","P:GR4",1,2150,"szt",0.52500000000000002,1128.75,925.53,4165.09,98]
["SK",8,"FV","Klient 63","2017-11-07","2017-11-07","2018-01-06","S","P:GR4",2,6400,"szt",0.52500000000000002,3360,2892.4,12398.4,98]
["SK",8,"FV","Klient 64","2017-11-07","2017-11-07","2017-12-07","S","P:GR1",1,2005.2,"kg",1.3333333333333333,2673.6,2052.89,9865.58,98]
["SK",8,"FV","Klient 6","2017-11-07","2017-11-07","2018-01-06","S","GR5",1,1988.8,"kg",1.175,2336.84,2004.88,8622.94,98]
["SK",8,"FV","Klient 6","2017-11-07","2017-11-07","2018-01-06","S","P:GR1",2,1066.8,"kg",1.175,1253.49,1076.0999999999999,4625.38,98]
["SK",8,"FV","Klient 6","2017-11-07","2017-11-07","2018-01-06","S","GR5",3,1807.2,"kg",1.1500000000000001,2078.2800000000002,1821.81,7668.85,98]
["SK",8,"FV","Klient 6","2017-11-07","2017-11-07","2018-01-06","S","GR5",4,628,"kg",1.2583333333333333,790.23,722.34,2915.96,98]
["SK",8,"FV","Klient 6","2017-11-07","2017-11-07","2018-01-06","S","GR5",5,11364.4,"kg",1.175,13353.17,11246.04,49273.2,98]
["SK",8,"FV","Klient 6","2017-11-07","2017-11-07","2018-01-06","S","GR5",6,2993.2,"kg",1.175,3517.01,2879.15,12977.77,98]
["SK",8,"FV","Klient 65","2017-11-07","2017-11-07","2017-12-22","S","P:GR1",1,240000,"mb",1.1416666666666666,11785.43,10844,43488.22,98]
["SK",8,"FO","Klient 66","2017-11-07","2017-11-06","2017-11-14","S","U:",1,2940,"kg",1.6666666666666666E-2,49,0,147]
["SK",8,"FO","Klient 66","2017-11-07","2017-11-06","2017-11-14","S","U:",2,1900,"kg",4.1666666666666664E-2,79.17,0,237.5]
["SK",8,"FR","Klient 67","2017-11-07","2017-11-06","2017-11-08","S","P:GR4",2,4520,"szt",1.5,6780,7835.42,25018.2,98]
["SK",8,"FR","Klient 67","2017-11-07","2017-11-06","2017-11-08","S","P:GR4",3,4070,"szt",1.1433333333333333,4653.37,5149.2299999999996,17170.919999999998,98]
["SK",8,"FV","Klient 28","2017-11-07","2017-11-07","2018-01-06","S","P:GR4",1,12000,"szt",1.9833333333333334,23800,22034.2,87822,98]
["SK",8,"FV","Klient 68","2017-11-07","2017-11-06","2018-01-06","S","P:GR1",1,128000,"mb",1.2233333333333334,14632.53,14029.87,53994.05,98]
["SK",8,"FV","Klient 68","2017-11-07","2017-11-06","2018-01-06","S","P:GR4",2,16000,"szt",0.69666666666666666,11146.67,11343.2,41131.199999999997,98]
["SK",8,"FV","Klient 69","2017-11-07","2017-11-06","2017-12-07","S","P:GR1",1,3013.6,"kg",1.25,3767,2939.32,13900.23,98]
["SK",8,"FV","Klient 69","2017-11-07","2017-11-06","2017-12-07","S","P:GR3",2,4116.04,"kg",1.3666666666666665,5625.25,6864.91,20757.18,98]
["SK",8,"FV","Klient 69","2017-11-07","2017-11-06","2017-12-07","S","P:GR3",3,2126.3200000000002,"kg",1.4166666666666667,3012.29,3698.99,11115.34,98]
["SK",8,"FV","Klient 69","2017-11-07","2017-11-06","2017-12-07","S","P:GR3",4,4000.76,"kg",1.3666666666666665,5467.71,6850.7,20175.84,98]
["SK",8,"FV","Klient 70","2017-11-07","2017-11-06","2017-12-07","S","P:GR1",1,2241.8000000000002,"kg",0.66666666666666663,1494.53,1228.58,5514.83,98]
["SK",8,"FV","Klient 71","2017-11-07","2017-11-06","2017-12-07","S","P:GR1",1,1958.8,"kg",0.66666666666666663,1305.8699999999999,1007.05,4818.6499999999996,98]
["SK",8,"FV","Klient 71","2017-11-07","2017-11-06","2017-12-07","S","P:GR1",2,1761,"kg",0.66666666666666663,1174,926.9,4332.0600000000004,98]
["SK",8,"FV","Klient 72","2017-11-07","2017-11-07","2017-12-07","S","P:GR4",1,10400,"szt",0.21333333333333335,2218.67,1549.77,8186.88,98]
["SK",8,"FV","Klient 73","2017-11-07","2017-11-06","2017-11-08","S","GR5",1,150,"szt",0.54999999999999993,82.5,80.739999999999995,304.43,98]
["SK",8,"FV","Klient 74","2017-11-07","2017-11-07","2017-12-07","S","P:GR1",1,1846.4,"kg",1.345,2483.41,2216.94,9163.77,98]
["SK",8,"FV","Klient 75","2017-11-07","2017-11-07","2017-12-07","S","P:GR3",1,2120.62,"kg",1.0166666666666666,2155.96,2597.54,7955.5,98]
["SK",8,"FV","Klient 76","2017-11-07","2017-11-07","2017-11-28","S","U:",2,2,"szt",2.1666666666666665,4.33,0,15.99]
["SK",8,"FV","Klient 76","2017-11-07","2017-11-07","2017-11-28","S","P:GR4",1,3124,"szt",0.93,2905.32,2924.43,10720.63,98]
["SK",8,"FV","Klient 77","2017-11-08","2017-11-07","2018-01-07","S","P:GR1",1,2377.6,"kg",1.3,3090.88,2532.98,11405.35,98]
["SK",8,"FV","Klient 77","2017-11-08","2017-11-07","2018-01-07","S","P:GR1",2,2378,"kg",1.3,3091.4,2418.0500000000002,11407.27,98]
["SK",8,"FV","Klient 14","2017-11-08","2017-11-07","2017-12-23","S","P:GR1",1,2794,"kg",1.4166666666666667,3958.17,3269.21,14605.64,98]
["SK",8,"FV","Klient 14","2017-11-08","2017-11-07","2017-12-23","S","U:",2,2,"szt",108.33333333333333,216.67,0,799.5]
["SK",8,"FV","Klient 20","2017-11-08","2017-11-07","2017-12-06","S","P:GR4",1,12890,"szt",0.56166666666666665,7239.88,7091.52,26715.17,98]
["SK",8,"FV","Klient 20","2017-11-08","2017-11-07","2017-12-06","S","P:GR1",2,2155.1999999999998,"kg",1.1416666666666666,2460.52,2019.51,9079.32,98]
["SK",8,"FV","Klient 78","2017-11-08","2017-11-08","2018-01-07","S","P:GR1",1,67800,"mb",1.23,1945.86,1533.42,7180.22,98]
["SK",8,"FV","Klient 60","2017-11-08","2017-11-08","2017-12-23","S","P:GR1",1,1403.2,"kg",1.2166666666666666,1707.23,1496.53,6299.67,98]
["SK",8,"FV","Klient 79","2017-11-08","2017-11-08","2017-12-08","S","P:GR4",1,10000,"szt",1.2366666666666666,5258.31,7141.33,19403.150000000001,98]
["SK",8,"FV","Klient 80","2017-11-08","2017-11-08","2017-12-08","S","P:GR4",1,3780,"szt",0.85,3213,2893.97,11855.97,98]
["SK",8,"FV","Klient 80","2017-11-08","2017-11-08","2017-12-08","S","U:",2,4,"szt",2.1666666666666665,8.67,0,31.98]
["SK",8,"FV","Klient 80","2017-11-08","2017-11-08","2017-12-08","S","U:",3,2,"szt",25,50,0,184.5]
["SK",8,"FR","Klient 81","2017-11-08","2017-11-08","2017-11-09","S","U:",4,2,"szt",2.1666666666666665,4.33,0,15.99]
["SK",8,"FR","Klient 81","2017-11-08","2017-11-08","2017-11-09","S","GR5",2,3000,"szt",0.54833333333333334,1645,1556.74,6070.05,98]
["SK",8,"FR","Klient 81","2017-11-08","2017-11-08","2017-11-09","S","GR5",3,3000,"szt",2.4999999999999998E-2,75,66.599999999999994,276.75,98]
["SK",8,"FV","Klient 11","2017-11-08","2017-11-08","2017-11-20","S","U:",1,2,"szt",1198.02,2396.04,0,8841.39]
["SK",8,"PF","Klient 82","2017-11-08","2017-11-08","2017-11-08","S","GR5",1,396,"m2",0.10833333333333334,42.93,40.090000000000003,158.4,98]
["SK",8,"FV","Klient 5","2017-11-08","2017-11-08","2017-12-23","S","P:GR4",1,1880,"szt",1.3316666666666668,2503.5300000000002,2777.23,9238.0400000000009,98]
["SK",8,"FV","Klient 47","2017-11-08","2017-11-08","2017-12-08","S","P:GR1",1,2048.1999999999998,"kg",1.0816666666666668,2215.4699999999998,1829.68,8175.08,98]
["SK",8,"FV","Klient 83","2017-11-08","2017-11-08","2017-12-08","S","P:GR4",1,1540,"szt",0.44166666666666665,680.17,644,2509.8200000000002,98]
["SK",8,"FV","Klient 79","2017-11-08","2017-11-08","2017-12-08","S","U:",1,1424,"kg",0.16666666666666666,237.33,0,875.76]
["SK",8,"FV","Klient 21","2017-11-08","2017-11-08","2018-01-07","S","P:GR1",1,5537.2,"kg",1.0633333333333332,5887.89,5039.12,21726.31,98]
["SK",8,"FV","Klient 7","2017-11-08","2017-11-08","2018-01-07","S","P:GR4",1,7200,"szt",0.68500000000000005,4932,4941.12,18199.080000000002,98]
["SK",8,"FV","Klient 7","2017-11-08","2017-11-08","2018-01-07","S","P:GR4",2,2400,"szt",0.73499999999999999,1764,1989.4,6509.16,98]
["SK",8,"FV","Klient 7","2017-11-08","2017-11-08","2018-01-07","S","P:GR4",3,7200,"szt",0.64833333333333332,4668,4750.8,17224.919999999998,98]
["SK",8,"FV","Klient 7","2017-11-08","2017-11-08","2018-01-07","S","P:GR4",4,6000,"szt",0.215,1290,1371.67,4760.1000000000004,98]
["SK",8,"FV","Klient 7","2017-11-08","2017-11-08","2018-01-07","S","P:GR4",5,28800,"szt",5.3333333333333337E-2,1536,1402.56,5667.84,98]
["SK",8,"FV","Klient 84","2017-11-08","2017-11-08","2018-01-07","S","P:GR1",1,20486,"kg",1.3416666666666668,27485.38,23767.01,101421.06,98]
["SK",8,"FV","Klient 12","2017-11-08","2017-11-06","2017-12-18","S","P:GR4",1,1857.1,"kg",1.325,2460.66,2504.5,9079.82,98]
["SK",8,"FV","Klient 12","2017-11-08","2017-11-06","2017-12-18","S","P:GR4",2,1581.8,"kg",1.325,2095.89,2184.52,7733.82,98]
["SK",8,"FV","Klient 12","2017-11-08","2017-11-06","2017-12-18","S","P:GR1",3,3808,"kg",1.1833333333333333,4506.13,2744.09,16627.63,98]
["SK",8,"FV","Klient 12","2017-11-08","2017-11-06","2017-12-18","S","P:GR1",4,2078,"kg",1.1833333333333333,2458.9699999999998,1548.38,9073.59,98]
["SK",8,"FV","Klient 12","2017-11-08","2017-11-06","2017-12-18","S","P:GR1",5,1972.2,"kg",1.1833333333333333,2333.77,1501.41,8611.61,98]
["SK",8,"FV","Klient 12","2017-11-08","2017-11-06","2017-12-18","S","P:GR1",6,489.4,"kg",1.2,587.28,368.34,2167.06,98]
["SK",8,"FV","Klient 12","2017-11-08","2017-11-06","2017-12-18","S","P:GR1",7,1393,"kg",1.2,1671.6,970.6,6168.2,98]
["SK",8,"FV","Klient 12","2017-11-08","2017-11-06","2017-12-18","S","P:GR1",8,812,"kg",1.2,974.4,565.74,3595.54,98]
["SK",8,"FV","Klient 12","2017-11-08","2017-11-06","2017-12-18","S","P:GR1",9,1763,"kg",1.1583333333333334,2042.14,1213.31,7535.51,98]
["SK",8,"FV","Klient 85","2017-11-08","2017-11-07","2018-01-07","S","P:GR2",1,3212,"kg",1.5083333333333335,4844.7700000000004,4311.88,17877.189999999999,98]
["SK",8,"FV","Klient 54","2017-11-08","2017-11-06","2018-01-07","S","P:GR1",1,1694.4,"kg",1.175,1990.92,1948.67,7346.49,98]
["SK",8,"FO","Klient 11","2017-11-08","2017-11-08","2017-12-08","S","GR5",1,16654.78,"kg",0.35833333333333334,5967.96,3330.96,17903.89,95]
["SK",8,"FV","Klient 13","2017-11-08","2017-11-08","2018-01-07","S","T:",1,600,"kg",1.5583333333333333,935,930,3450.15,93]
["SK",8,"FV","Klient 68","2017-11-09","2017-11-09","2018-01-08","S","P:GR4",1,15888,"szt",0.60666666666666669,9638.7199999999993,10482.370000000001,35566.879999999997,98]
["SK",8,"FV","Klient 68","2017-11-09","2017-11-09","2018-01-08","S","P:GR4",2,24000,"szt",0.81333333333333335,19520,13412.8,72028.800000000003,98]
["SK",8,"FV","Klient 86","2017-11-09","2017-11-09","2017-12-09","S","P:GR1",1,2944,"kg",0.70000000000000007,2060.8000000000002,1536.38,7604.35,98]
["SK",8,"FV","Klient 20","2017-11-09","2017-11-08","2017-12-07","S","P:GR4",1,2122,"szt",1.4000000000000001,2970.8,2920.58,10962.25,98]
["SK",8,"FV","Klient 87","2017-11-09","2017-11-09","2017-12-24","S","P:GR1",1,4505.2,"kg",1.31,5901.81,5140.3500000000004,21777.69,98]
["SK",8,"FV","Klient 55","2017-11-09","2017-11-09","2017-12-19","S","P:GR1",1,1987.4,"kg",0.7416666666666667,1473.99,1057.56,5439.02,98]
["SK",8,"FV","Klient 15","2017-11-09","2017-11-09","2017-12-09","S","P:GR1",1,4000,"mb",6.7166666666666666E-2,268.67,192.87,991.38,98]
["SK",8,"FV","Klient 15","2017-11-09","2017-11-09","2017-12-09","S","P:GR1",2,8000,"mb",5.8166666666666665E-2,465.33,357.07,1717.08,98]
["SK",8,"FV","Klient 15","2017-11-09","2017-11-09","2017-12-09","S","P:GR1",3,10000,"mb",4.4166666666666667E-2,441.67,389.5,1629.75,98]
["SK",8,"FV","Klient 15","2017-11-09","2017-11-09","2017-12-09","S","P:GR4",4,2080,"szt",0.17166666666666666,357.07,290.23,1317.58,98]
["SK",8,"FV","Klient 88","2017-11-09","2017-11-08","2017-12-09","S","P:GR3",1,166810,"mb",1.3416666666666668,2905.19,3703.3,10720.15,98]
["SK",8,"FV","Klient 88","2017-11-09","2017-11-08","2017-12-09","S","U:",2,2,"szt",2.1666666666666665,4.33,0,15.99]
["SK",8,"FV","Klient 89","2017-11-09","2017-11-08","2017-11-23","S","P:GR1",1,483.4,"kg",1.1583333333333334,559.94000000000005,456.06,2066.1799999999998,98]
["SK",8,"FV","Klient 90","2017-11-09","2017-11-09","2017-12-09","S","GR5",1,5000,"szt",1.2366666666666666,2599.4699999999998,3570.67,9592.06,98]
["SK",8,"FV","Klient 91","2017-11-09","2017-11-09","2017-11-23","S","P:GR1",1,13800,"m2",0.20833333333333334,2875,1945.34,10608.75,98]
["SK",8,"FV","Klient 91","2017-11-09","2017-11-09","2017-11-23","S","U:",2,2,"szt",2.1666666666666665,4.33,0,15.99]
["SK",8,"FV","Klient 92","2017-11-09","2017-11-09","2017-12-09","S","P:GR4",1,5000,"szt",1.2366666666666666,2630.39,3570.67,9706.14,98]
["SK",8,"FV","Klient 79","2017-11-09","2017-11-09","2017-12-09","S","P:GR4",1,5000,"szt",1.2366666666666666,2629.15,3570.67,9701.58,98]
["SK",8,"FV","Klient 79","2017-11-09","2017-11-09","2017-12-09","S","P:GR4",2,5000,"szt",1.2366666666666666,2650.18,3570.67,9779.15,98]
["SK",8,"FV","Klient 93","2017-11-09","2017-11-09","2017-11-23","S","P:GR1",1,507,"kg",1.3566666666666667,687.83,506.61,2538.09,98]
["SK",8,"FV","Klient 93","2017-11-09","2017-11-09","2017-11-23","S","U:",2,2,"szt",2.1666666666666665,4.33,0,15.99]
["SK",8,"FV","Klient 93","2017-11-09","2017-11-09","2017-11-23","S","U:",3,2,"szt",25,50,0,184.5]
["SK",8,"FV","Klient 94","2017-11-09","2017-11-09","2017-11-16","S","GR5",1,1050,"szt",0.54833333333333334,575.75,542.03,2124.52,98]
["SK",8,"FV","Klient 27","2017-11-09","2017-10-30","2018-01-08","S","P:GR4",1,72000,"szt",158.00450000000001,11376.32,12198.15,41978.63,86]
["SK",8,"FV","Klient 27","2017-11-09","2017-10-30","2018-01-08","S","P:GR3",2,4720,"mb",1.4353333333333333,350.22,470.74,1292.31,86]
["SK",8,"FV","Klient 27","2017-11-09","2017-10-30","2018-01-08","S","P:GR1",3,9562,"kg",1.4353333333333333,13724.66,10539.11,50643.98,86]
["SK",8,"FV","Klient 27","2017-11-09","2017-10-30","2018-01-08","S","P:GR3",4,10366,"kg",1.3646666666666667,14146.13,14123.34,52199.23,86]
["SK",8,"FV","Klient 27","2017-11-09","2017-10-30","2018-01-08","S","P:GR4",5,784,"kg",1.2443333333333333,975.56,920.3,3599.8,86]
["SK",8,"FV","Klient 27","2017-11-09","2017-10-30","2018-01-08","S","P:GR4",6,3500,"szt",99.12833333333333,346.95,308.18,1280.25,86]
["SK",8,"FV","Klient 27","2017-11-09","2017-10-30","2018-01-08","S","P:GR4",7,414,"szt",1.2798333333333334,166.38,166.84,613.94000000000005,86]
["SK",8,"FV","Klient 27","2017-11-09","2017-10-30","2018-01-08","S","P:GR4",8,7254,"szt",1.2798333333333334,639.91999999999996,590.13,2361.29,86]
["SK",8,"FV","Klient 27","2017-11-09","2017-10-30","2018-01-08","S","P:GR4",9,308,"szt",158.00450000000001,48.67,50.24,179.58,86]
["SK",8,"FV","Klient 27","2017-11-09","2017-10-30","2018-01-08","S","P:GR1",10,44,"kg",1.202,52.89,48.6,195.15,86]
["SK",8,"FV","Klient 27","2017-11-09","2017-10-30","2018-01-08","S","P:GR1",11,1990,"mb",1.4000000000000001,140,104.91,516.6,86]
["SK",8,"FV","Klient 27","2017-11-09","2017-10-30","2018-01-08","S","P:GR1",12,5036,"kg",1.4353333333333333,7228.34,5224.83,26672.57,86]
["SK",8,"FV","Klient 27","2017-11-09","2017-10-30","2018-01-08","S","P:GR1",13,24498,"mb",1.3646666666666667,1793.17,1344.95,6616.81,86]
["SK",8,"FV","Klient 27","2017-11-09","2017-10-30","2018-01-08","S","P:GR3",14,3076,"kg",1.3646666666666667,4197.71,5529.82,15489.56,86]
["SK",8,"FV","Klient 27","2017-11-09","2017-10-30","2018-01-08","S","GR5",15,24934,"mb",1.3858333333333333,2045.49,1464.88,7547.86,86]
["SK",8,"FV","Klient 27","2017-11-09","2017-10-30","2018-01-08","S","GR5",16,9112,"mb",1.3646666666666667,717.81,533.96,2648.73,86]
["SK",8,"FV","Klient 27","2017-11-09","2017-10-30","2018-01-08","S","P:GR1",17,1450,"kg",1.3646666666666667,1978.77,1652.37,7301.65,86]
["SK",8,"FV","Klient 27","2017-11-09","2017-10-30","2018-01-08","S","P:GR1",18,6674,"kg",1.3858333333333333,9249.0499999999993,7218.7,34129.01,86]
["SK",8,"FV","Klient 27","2017-11-09","2017-10-30","2018-01-08","S","P:GR3",19,47382,"mb",1.4000000000000001,2685.2,3337.61,9908.39,86]
["SK",8,"FV","Klient 27","2017-11-09","2017-10-30","2018-01-08","S","P:GR1",20,11372,"mb",1.4000000000000001,845.6,740,3120.26,86]
["SK",8,"FV","Klient 27","2017-11-09","2017-10-30","2018-01-08","S","P:GR1",21,2756,"kg",1.3646666666666667,3761.02,2623.61,13878.16,86]
["SK",8,"FV","Klient 27","2017-11-09","2017-10-30","2018-01-08","S","P:GR1",22,1060,"mb",1.506,623.48,491.05,2300.65,86]
["SK",8,"FV","Klient 27","2017-11-09","2017-10-30","2018-01-08","S","P:GR1",23,3678,"mb",1.506,2710.8,2161.81,10002.85,86]
["SK",8,"FV","Klient 27","2017-11-09","2017-10-30","2018-01-08","S","GR5",24,3158,"mb",1.4636666666666667,1756.4,1434.72,6481.12,86]
["SK",8,"FV","Klient 22","2017-11-09","2017-11-08","2017-11-10","S","P:GR1",1,6297.4,"kg",1.25,7871.75,6250.58,29046.76,98]
["SK",8,"FVK","Klient 27","2017-11-09","2017-10-31","2018-01-08","S","GR5",-1,-15586,"mb",1.3639999999999999,-1140.3,-851,-4207.72,86]
["SK",8,"FVK","Klient 27","2017-11-09","2017-10-31","2018-01-08","S","GR5",1,0,"mb",1.3639999999999999,0,0,0,86]
["SK",8,"FVK","Klient 27","2017-11-09","2017-10-31","2018-01-08","S","GR5",-2,-4150,"kg",1.3639999999999999,-5660.6,-7524.63,-20887.61,86]
["SK",8,"FVK","Klient 27","2017-11-09","2017-10-31","2018-01-08","S","GR5",2,0,"kg",1.3639999999999999,0,0,0,86]
["SK",8,"FVK","Klient 27","2017-11-09","2017-10-31","2018-01-08","S","GR5",-3,-290,"mb",1.3993333333333335,-27.99,-21.51,-103.27,86]
["SK",8,"FVK","Klient 27","2017-11-09","2017-10-31","2018-01-08","S","GR5",3,0,"mb",1.3993333333333335,0,0,0,86]
["SK",8,"FVK","Klient 27","2017-11-09","2017-10-31","2018-01-08","S","GR5",-4,-44510,"mb",1.3851666666666667,-3726.1,-3651.75,-13749.31,86]
["SK",8,"FVK","Klient 27","2017-11-09","2017-10-31","2018-01-08","S","GR5",4,0,"mb",1.3851666666666667,0,0,0,86]
["SK",8,"FVK","Klient 27","2017-11-09","2017-10-31","2018-01-08","S","GR5",-5,-9112,"mb",1.3639999999999999,-717.46,-533.96,-2647.44,86]
["SK",8,"FVK","Klient 27","2017-11-09","2017-10-31","2018-01-08","S","GR5",5,0,"mb",1.3639999999999999,0,0,0,86]
["SK",8,"FVK","Klient 27","2017-11-09","2017-10-31","2018-01-08","S","GR5",-6,-3004,"kg",1.3639999999999999,-4097.46,-3316.3,-15119.62,86]
["SK",8,"FVK","Klient 27","2017-11-09","2017-10-31","2018-01-08","S","GR5",6,0,"kg",1.3639999999999999,0,0,0,86]
["SK",8,"FVK","Klient 27","2017-11-09","2017-10-31","2018-01-08","S","GR5",-7,-692,"szt",157.93,-109.29,-112.86,-403.27,86]
["SK",8,"FVK","Klient 27","2017-11-09","2017-10-31","2018-01-08","S","GR5",7,0,"szt",157.93,0,0,0,86]
["SK",8,"FVK","Klient 27","2017-11-09","2017-10-31","2018-01-08","S","GR5",-8,-7936,"kg",1.3851666666666667,-10992.68,-8544.31,-40563,86]
["SK",8,"FVK","Klient 27","2017-11-09","2017-10-31","2018-01-08","S","GR5",8,0,"kg",1.3851666666666667,0,0,0,86]
["SK",8,"FVK","Klient 27","2017-11-09","2017-10-31","2018-01-08","S","GR5",-9,-48194,"mb",1.3993333333333335,-2787.47,-3397.52,-10285.780000000001,86]
["SK",8,"FVK","Klient 27","2017-11-09","2017-10-31","2018-01-08","S","GR5",9,0,"mb",1.3993333333333335,0,0,0,86]
["SK",8,"FVK","Klient 27","2017-11-09","2017-10-31","2018-01-08","S","GR5",-10,-32286,"mb",1.3993333333333335,-2398.46,-1687.86,-8850.31,86]
["SK",8,"FVK","Klient 27","2017-11-09","2017-10-31","2018-01-08","S","GR5",10,0,"mb",1.3993333333333335,0,0,0,86]
["SK",8,"FVK","Klient 27","2017-11-09","2017-10-31","2018-01-08","S","GR5",-11,-2548,"kg",1.3639999999999999,-3475.47,-2425.6,-12824.5,86]
["SK",8,"FVK","Klient 27","2017-11-09","2017-10-31","2018-01-08","S","GR5",11,0,"kg",1.3639999999999999,0,0,0,86]
["SK",8,"FVK","Klient 27","2017-11-09","2017-10-31","2018-01-08","S","GR5",-12,-1504,"mb",1.5053333333333334,-882.13,-705.76,-3255.05,86]
["SK",8,"FVK","Klient 27","2017-11-09","2017-10-31","2018-01-08","S","GR5",12,0,"mb",1.5053333333333334,0,0,0,86]
["SK",8,"FVK","Klient 27","2017-11-09","2017-10-31","2018-01-08","S","GR5",-13,-14304,"mb",1.4628333333333332,-7969.52,-6464.36,-29407.52,86]
["SK",8,"FVK","Klient 27","2017-11-09","2017-10-31","2018-01-08","S","GR5",13,0,"mb",1.4628333333333332,0,0,0,86]
["SK",8,"FVK","Klient 27","2017-11-09","2017-10-31","2018-01-08","S","GR5",-14,-758,"mb",1.3851666666666667,-63.72,-42.18,-235.11,86]
["SK",8,"FVK","Klient 27","2017-11-09","2017-10-31","2018-01-08","S","GR5",14,0,"mb",1.3851666666666667,0,0,0,86]
["SK",8,"FVK","Klient 27","2017-11-09","2017-10-31","2018-01-08","S","GR5",-15,-4962,"kg",1.3993333333333335,-6943.49,-4905.6099999999997,-25621.49,86]
["SK",8,"FVK","Klient 27","2017-11-09","2017-10-31","2018-01-08","S","GR5",15,0,"kg",1.3993333333333335,0,0,0,86]
["SK",8,"FVK","Klient 27","2017-11-09","2017-10-31","2018-01-08","S","GR5",-16,-2054,"kg",1.4346666666666668,-2946.81,-2626.13,-10873.72,86]
["SK",8,"FVK","Klient 27","2017-11-09","2017-10-31","2018-01-08","S","GR5",16,0,"kg",1.4346666666666668,0,0,0,86]
["SK",8,"FVK","Klient 27","2017-11-09","2017-10-31","2018-01-08","S","GR5",-17,-76000,"szt",157.93,-12002.68,-13026.78,-44289.89,86]
["SK",8,"FVK","Klient 27","2017-11-09","2017-10-31","2018-01-08","S","GR5",17,0,"szt",157.93,0,0,0,86]
["SK",8,"FVK","Klient 27","2017-11-09","2017-10-31","2018-01-08","S","GR5",-18,-2806,"mb",1.4346666666666668,-218.07,-279.85000000000002,-804.68,86]
["SK",8,"FVK","Klient 27","2017-11-09","2017-10-31","2018-01-08","S","GR5",18,0,"mb",1.4346666666666668,0,0,0,86]
["SK",8,"FVK","Klient 27","2017-11-09","2017-10-31","2018-01-08","S","GR5",-19,-10508,"kg",1.4346666666666668,-15075.48,-12607.85,-55628.51,86]
["SK",8,"FVK","Klient 27","2017-11-09","2017-10-31","2018-01-08","S","GR5",19,0,"kg",1.4346666666666668,0,0,0,86]
["SK",8,"FVK","Klient 27","2017-11-09","2017-10-31","2018-01-08","S","GR5",-20,-10252,"kg",1.4346666666666668,-14708.2,-14137.47,-54273.27,86]
["SK",8,"FVK","Klient 27","2017-11-09","2017-10-31","2018-01-08","S","GR5",20,0,"kg",1.4346666666666668,0,0,0,86]
["SK",8,"FVK","Klient 27","2017-11-09","2017-10-31","2018-01-08","S","GR5",-21,-1460,"kg",1.2438333333333333,-1816,-1713.81,-6701.03,86]
["SK",8,"FVK","Klient 27","2017-11-09","2017-10-31","2018-01-08","S","GR5",21,0,"kg",1.2438333333333333,0,0,0,86]
["SK",8,"FVK","Klient 27","2017-11-09","2017-10-31","2018-01-08","S","GR5",-22,-3000,"szt",99.081666666666663,-297.25,-264.16000000000003,-1096.8399999999999,86]
["SK",8,"FVK","Klient 27","2017-11-09","2017-10-31","2018-01-08","S","GR5",22,0,"szt",99.081666666666663,0,0,0,86]
["SK",8,"FVK","Klient 27","2017-11-09","2017-10-31","2018-01-08","S","GR5",-23,-334,"szt",1.2791666666666666,-133.03,-134.6,-490.89,86]
["SK",8,"FVK","Klient 27","2017-11-09","2017-10-31","2018-01-08","S","GR5",23,0,"szt",1.2791666666666666,0,0,0,86]
["SK",8,"FVK","Klient 27","2017-11-09","2017-10-31","2018-01-08","S","GR5",-24,-10676,"szt",1.2791666666666666,-938.91,-935.22,-3464.58,86]
["SK",8,"FVK","Klient 27","2017-11-09","2017-10-31","2018-01-08","S","GR5",24,0,"szt",1.2791666666666666,0,0,0,86]
["SK",8,"FVK","Klient 27","2017-11-09","2017-10-31","2018-01-08","S","GR5",-25,-96,"kg",1.2015,-115.34,-106.05,-425.62,86]
["SK",8,"FVK","Klient 27","2017-11-09","2017-10-31","2018-01-08","S","GR5",25,0,"kg",1.2015,0,0,0,86]
["SK",8,"FVK","Klient 27","2017-11-09","2017-10-31","2018-01-08","S","GR5",-26,-1400,"mb",1.3428333333333333,-94,-73.8,-346.86,86]
["SK",8,"FVK","Klient 27","2017-11-09","2017-10-31","2018-01-08","S","GR5",26,0,"mb",1.3428333333333333,0,0,0,86]
["SK",8,"FV","Klient 95","2017-11-10","2017-11-10","2017-12-10","S","P:GR4",1,10000,"szt",1.2366666666666666,5260.78,7141.33,19412.28,98]
["SK",8,"FV","Klient 38","2017-11-10","2017-11-10","2017-12-01","S","P:GR4",1,3840,"szt",0.70000000000000007,2688,2827.07,9918.7199999999993,98]
["SK",8,"FV","Klient 14","2017-11-10","2017-11-10","2017-12-25","S","P:GR1",1,5590.8,"kg",1.4166666666666667,7920.3,6880.41,29225.91,98]
["SK",8,"FVW","Klient 96","2017-11-10","2017-11-10","2018-01-09","S","P:GR3",1,320000,"mb",58.949150000000003,18863.73,17557.330000000002,69607.149999999994,98]
["SK",8,"FVW","Klient 96","2017-11-10","2017-11-10","2018-01-09","S","P:GR3",2,95200,"mb",59.985683333333334,5710.64,6392.68,21072.25,98]
["SK",8,"FV","Klient 97","2017-11-10","2017-11-10","2017-12-01","S","P:GR1",1,40000,"mb",6.9999999999999993E-2,2800,2232,10332,98]
["SK",8,"FV","Klient 97","2017-11-10","2017-11-10","2017-12-01","S","P:GR1",2,41077.46,"mb",3.1666666666666669E-2,1300.79,1154.28,4799.8999999999996,98]
["SK",8,"FV","Klient 97","2017-11-10","2017-11-10","2017-12-01","S","P:GR4",3,3000,"szt",0.29333333333333333,880,918.5,3247.2,98]
["SK",8,"FV","Klient 97","2017-11-10","2017-11-10","2017-12-01","S","P:GR4",4,2000,"szt",0.32666666666666666,653.33000000000004,763.63,2410.8000000000002,98]
["SK",8,"FV","Klient 97","2017-11-10","2017-11-10","2017-12-01","S","P:GR4",5,2100,"szt",0.4366666666666667,917,940.15,3383.73,98]
["SK",8,"FV","Klient 98","2017-11-10","2017-11-10","2017-12-25","S","P:GR1",1,12008,"kg",1.1266666666666667,13529.01,10893.06,49922.06,98]
["SK",8,"FO","Klient 11","2017-11-10","2017-11-10","2017-12-10","S","GR5",1,18796.8,"kg",0.35833333333333334,6735.52,3759.36,20206.560000000001,95]
["SK",8,"FV","Klient 99","2017-11-10","2017-11-09","2017-12-25","S","GR5",1,6244,"szt",0.87333333333333341,5453.09,5423.01,20121.91,98]
["SK",8,"FV","Klient 100","2017-11-10","2017-11-09","2018-01-09","S","P:GR4",1,3064,"szt",0.82166666666666666,2517.59,2567.48,9289.89,98]
["SK",8,"FV","Klient 101","2017-11-10","2017-11-09","2017-12-25","S","P:GR1",1,12675.2,"kg",1.1266666666666667,14280.73,11018.15,52695.88,98]
["SK",8,"FV","Klient 102","2017-11-10","2017-11-10","2017-12-10","S","GR5",1,2038,"kg",1.0816666666666668,2204.44,1820.57,8134.37,98]
["SK",8,"FV","Klient 5","2017-11-10","2017-11-10","2017-12-25","S","P:GR4",1,2100,"szt",1.3133333333333332,2758,2771.23,10177.02,98]
["SK",8,"FV","Klient 20","2017-11-10","2017-11-10","2017-12-08","S","P:GR4",1,20000,"szt",0.105,2100,1990.33,7749,98]
["SK",8,"FV","Klient 103","2017-11-10","2017-11-10","2017-11-10","S","GR5",1,396,"m2",0.10833333333333334,42.9,40.090000000000003,158.30000000000001,98]
["SK",8,"FV","Klient 104","2017-11-10","2017-11-10","2018-01-19","S","P:GR1",1,2102.8000000000002,"kg",1.1666666666666667,2453.27,2111.98,9052.5499999999993,98]
["SK",8,"FV","Klient 4","2017-11-10","2017-11-10","2017-12-10","S","P:GR4",1,4152,"szt",0.74833333333333341,3107.08,3270.96,11465.13,98]
["SK",8,"FV","Klient 39","2017-11-10","2017-11-10","2017-12-25","S","P:GR4",1,1991.8,"kg",1.2666666666666666,2522.9499999999998,2384.15,9309.67,98]
["SK",8,"FV","Klient 105","2017-11-10","2017-11-10","2018-01-09","S","P:GR4",1,1010,"szt",1.2849999999999999,1297.8499999999999,1234.07,4789.07,98]
["SK",8,"FV","Klient 6","2017-11-10","2017-11-10","2018-01-09","S","GR5",1,5976,"kg",1.175,7021.8,6291.07,25910.44,98]
["SK",8,"FV","Klient 106","2017-11-10","2017-11-10","2018-01-09","S","P:GR3",44,11206,"mb",26.471666666666668,617.95000000000005,482.79,2280.25,88]
["SK",8,"FV","Klient 106","2017-11-10","2017-11-10","2018-01-09","S","P:GR1",1,121600,"mb",62.360000000000007,7582.98,5563.2,27981.18,88]
["SK",8,"FV","Klient 106","2017-11-10","2017-11-10","2018-01-09","S","P:GR3",2,358830,"mb",1.0466666666666666,4636.72,3725.85,17109.5,88]
["SK",8,"FV","Klient 106","2017-11-10","2017-11-10","2018-01-09","S","P:GR3",3,158939,"mb",5.7,2704.3,2749.64,9978.85,88]
["SK",8,"FV","Klient 106","2017-11-10","2017-11-10","2018-01-09","S","P:GR3",4,196980,"mb",40.138333333333335,15203.92,13378.29,56102.46,88]
["SK",8,"FV","Klient 106","2017-11-10","2017-11-10","2018-01-09","S","P:GR3",5,249600,"mb",1.1199999999999999,3440.64,2978.56,12695.96,88]
["SK",8,"FV","Klient 106","2017-11-10","2017-11-10","2018-01-09","S","P:GR3",6,63600,"mb",27.778333333333332,4416.76,4209.28,16297.83,88]
["SK",8,"FV","Klient 106","2017-11-10","2017-11-10","2018-01-09","S","P:GR1",7,1100,"mb",89.208333333333329,98.13,70.33,362.1,88]
["SK",8,"FV","Klient 106","2017-11-10","2017-11-10","2018-01-09","S","P:GR3",8,135960,"mb",27.895,9481.51,8028.48,34986.769999999997,88]
["SK",8,"FV","Klient 106","2017-11-10","2017-11-10","2018-01-09","S","P:GR3",9,30070,"mb",22.64833333333333,1945.9,1661.93,7180.37,88]
["SK",8,"FV","Klient 106","2017-11-10","2017-11-10","2018-01-09","S","P:GR3",10,335400,"mb",1.0783333333333334,4451.3599999999997,3913.68,16425.52,88]
["SK",8,"FV","Klient 106","2017-11-10","2017-11-10","2018-01-09","S","P:GR3",11,53280,"mb",1.1783333333333335,768.72,557.71,2836.58,88]
["SK",8,"FV","Klient 106","2017-11-10","2017-11-10","2018-01-09","S","P:GR3",12,24800,"mb",9.3416666666666668,691.54,392.67,2551.79,88]
["SK",8,"FV","Klient 106","2017-11-10","2017-11-10","2018-01-09","S","P:GR3",13,37900,"mb",6.2283333333333326,704.62,565.45000000000005,2600.06,88]
["SK",8,"FV","Klient 106","2017-11-10","2017-11-10","2018-01-09","S","P:GR3",14,124800,"mb",1.1783333333333335,1800.61,2062.84,6644.24,88]
["SK",8,"FV","Klient 106","2017-11-10","2017-11-10","2018-01-09","S","P:GR3",15,222460,"mb",27.071666666666669,15055.91,16743.82,55556.3,88]
["SK",8,"FV","Klient 106","2017-11-10","2017-11-10","2018-01-09","S","P:GR3",16,197400,"mb",39.81,15111.72,12982.34,55762.23,88]
["SK",8,"FV","Klient 106","2017-11-10","2017-11-10","2018-01-09","S","P:GR3",17,26024,"mb",9.3416666666666668,725.7,365.21,2677.82,88]
["SK",8,"FV","Klient 106","2017-11-10","2017-11-10","2018-01-09","S","P:GR3",18,53000,"mb",1.7666666666666666,1146.48,607.73,4230.5200000000004,88]
["SK",8,"FV","Klient 106","2017-11-10","2017-11-10","2018-01-09","S","P:GR3",19,124800,"mb",1.1266666666666667,1721.65,1601.6,6352.9,88]
["SK",8,"FV","Klient 106","2017-11-10","2017-11-10","2018-01-09","S","P:GR3",20,95040,"mb",5.7333333333333334,1626.52,1484.21,6001.87,88]
["SK",8,"FV","Klient 106","2017-11-10","2017-11-10","2018-01-09","S","P:GR3",21,8466,"mb",25.701666666666668,453.27,361.22,1672.58,88]
["SK",8,"FV","Klient 106","2017-11-10","2017-11-10","2018-01-09","S","P:GR3",22,179220,"mb",55.136666666666663,16471.09,14982.79,60778.31,88]
["SK",8,"FV","Klient 106","2017-11-10","2017-11-10","2018-01-09","S","P:GR3",23,172690,"mb",22.05,8461.82,7252.98,31224.12,88]
["SK",8,"FV","Klient 106","2017-11-10","2017-11-10","2018-01-09","S","P:GR3",24,31860,"mb",22.71166666666667,1607.99,1531.93,5933.47,88]
["SK",8,"FV","Klient 106","2017-11-10","2017-11-10","2018-01-09","S","P:GR1",25,8320,"mb",89.208333333333329,742.21,683.9,2738.77,88]
["SK",8,"FV","Klient 106","2017-11-10","2017-11-10","2018-01-09","S","P:GR1",26,10000,"mb",79.681666666666658,796.82,600.83000000000004,2940.25,88]
["SK",8,"FV","Klient 106","2017-11-10","2017-11-10","2018-01-09","S","P:GR1",27,9200,"mb",79.681666666666658,733.07,552.77,2705.03,88]
["SK",8,"FV","Klient 106","2017-11-10","2017-11-10","2018-01-09","S","P:GR1",28,80000,"mb",79.681666666666658,6374.53,4810.3500000000004,23522.03,88]
["SK",8,"FV","Klient 106","2017-11-10","2017-11-10","2018-01-09","S","P:GR1",29,10000,"mb",79.681666666666658,796.82,604.83000000000004,2940.25,88]
["SK",8,"FV","Klient 106","2017-11-10","2017-11-10","2018-01-09","S","P:GR3",30,80199,"mb",5.3949999999999996,1291.56,1248.43,4765.87,88]
["SK",8,"FV","Klient 106","2017-11-10","2017-11-10","2018-01-09","S","P:GR3",31,96000,"mb",5.5183333333333335,1581.33,1395.21,5835.12,88]
["SK",8,"FV","Klient 106","2017-11-10","2017-11-10","2018-01-09","S","P:GR3",32,15260,"mb",57.715000000000003,1376.16,1774.74,5078.0200000000004,88]
["SK",8,"FV","Klient 106","2017-11-10","2017-11-10","2018-01-09","S","P:GR3",33,19380,"mb",57.933333333333337,1754.22,1713.69,6473.07,88]
["SK",8,"FV","Klient 106","2017-11-10","2017-11-10","2018-01-09","S","P:GR3",34,28200,"mb",43.951666666666661,2383.41,2072.2399999999998,8794.7800000000007,88]
["SK",8,"FV","Klient 106","2017-11-10","2017-11-10","2018-01-09","S","P:GR3",35,23500,"mb",43.860000000000007,1982.03,1645,7313.7,88]
["SK",8,"FV","Klient 106","2017-11-10","2017-11-10","2018-01-09","S","P:GR3",36,59360,"mb",30.828333333333333,4066.44,3474.54,15005.18,88]
["SK",8,"FV","Klient 106","2017-11-10","2017-11-10","2018-01-09","S","P:GR3",37,34200,"mb",30.581666666666667,2324.08,1727.68,8575.8700000000008,88]
["SK",8,"FV","Klient 106","2017-11-10","2017-11-10","2018-01-09","S","P:GR3",38,31860,"mb",28.843333333333334,1914.51,1437.42,7064.53,88]
["SK",8,"FV","Klient 106","2017-11-10","2017-11-10","2018-01-09","S","P:GR3",39,11338,"mb",28.731666666666666,678.76,468.07,2504.61,88]
["SK",8,"FV","Klient 106","2017-11-10","2017-11-10","2018-01-09","S","P:GR1",40,6554,"mb",57.163333333333334,374.65,224.69,1382.46,88]
["SK",8,"FV","Klient 106","2017-11-10","2017-11-10","2018-01-09","S","P:GR1",41,33600,"mb",57.163333333333334,1920.69,1151.92,7087.33,88]
["SK",8,"FV","Klient 106","2017-11-10","2017-11-10","2018-01-09","S","P:GR1",42,16800,"mb",48.93,822.02,575.67999999999995,3033.27,88]
["SK",8,"FV","Klient 106","2017-11-10","2017-11-10","2018-01-09","S","P:GR3",43,91200,"mb",5.75,1565.33,1559.52,5776.08,88]
["SK",8,"FV","Klient 107","2017-11-10","2017-11-10","2017-11-24","S","P:GR4",1,60800,"szt",4.9183333333333339,2990.35,2233.39,11034.38,98]
["SK",8,"FO","Klient 11","2017-11-13","2017-11-13","2017-12-13","S","GR5",1,5600,"kg",0.35833333333333334,2006.67,1120,6020,95]
["SK",8,"FO","Klient 11","2017-11-13","2017-11-13","2017-12-13","S","GR5",2,33171.800000000003,"kg",0.35833333333333334,11886.56,6634.36,35659.69,95]
["SK",8,"FV","Klient 97","2017-11-13","2017-11-13","2017-12-04","S","P:GR4",1,3450,"szt",0.29333333333333333,1012,1056.28,3734.28,98]
["SK",8,"FR","Klient 108","2017-11-13","2017-11-13","2017-11-14","S","P:GR4",2,600,"szt",1.5250000000000001,915,849.44,3376.35,98]
["SK",8,"FR","Klient 108","2017-11-13","2017-11-13","2017-11-14","S","P:GR4",3,200,"szt",0.85,170,161.47,627.29999999999995,98]
["SK",8,"FR","Klient 108","2017-11-13","2017-11-13","2017-11-14","S","P:GR4",4,400,"szt",1.1966666666666665,478.67,442.48,1766.28,98]
["SK",8,"FR","Klient 108","2017-11-13","2017-11-13","2017-11-14","S","P:GR4",5,600,"szt",1.3550000000000002,813,759.01,2999.97,98]
["SK",8,"FR","Klient 108","2017-11-13","2017-11-13","2017-11-14","S","P:GR4",6,556,"szt",1.6950000000000001,942.42,961.17,3477.53,98]
["SK",8,"FV","Klient 52","2017-11-13","2017-11-13","2017-12-13","S","GR5",1,1200,"szt",0.25666666666666665,308,251.04,1136.52,98]
["SK",8,"FV","Klient 52","2017-11-13","2017-11-13","2017-12-13","S","P:GR4",2,1200,"szt",0.62666666666666659,752,591.85,2774.88,98]
["SK",8,"FV","Klient 52","2017-11-13","2017-11-13","2017-12-13","S","P:GR4",3,6000,"szt",0.70833333333333337,4250,3667.5,15682.5,98]
["SK",8,"FV","Klient 52","2017-11-13","2017-11-13","2017-12-13","S","P:GR4",4,1600,"szt",0.87333333333333341,1397.33,1324.88,5156.16,98]
["SK",8,"FV","Klient 6","2017-11-13","2017-11-13","2018-01-12","S","P:GR1",1,1062.4000000000001,"kg",1.125,1195.2,1409.73,4410.29,98]
["SK",8,"FV","Klient 6","2017-11-13","2017-11-13","2018-01-12","S","P:GR1",2,913.6,"kg",1.1583333333333334,1058.25,918.17,3904.95,98]
["SK",8,"FV","Klient 6","2017-11-13","2017-11-13","2018-01-12","S","P:GR1",3,1237.5999999999999,"kg",1.175,1454.18,1311.94,5365.92,98]
["SK",8,"FV","Klient 6","2017-11-13","2017-11-13","2018-01-12","S","P:GR1",4,3204.8,"kg",1.175,3765.64,3108.81,13895.21,98]
["SK",8,"FV","Klient 6","2017-11-13","2017-11-13","2018-01-12","S","GR5",5,1518.4,"kg",1.1083333333333334,1682.89,1693.83,6209.88,98]
["SK",8,"FV","Klient 6","2017-11-13","2017-11-13","2018-01-12","S","P:GR1",6,7718.4,"kg",1.175,9069.1200000000008,7878.04,33465.050000000003,98]
["SK",8,"FV","Klient 109","2017-11-13","2017-11-13","2017-12-13","S","GR5",1,3000,"szt",0.54833333333333334,1645,1548.67,6070.05,98]
["SK",8,"FV","Klient 110","2017-11-13","2017-11-13","2017-12-28","S","P:GR4",1,11240,"szt",9.6666666666666665E-2,1086.53,1185.07,4009.31,98]
["SK",8,"FV","Klient 6","2017-11-13","2017-11-13","2018-01-12","S","P:GR1",1,2838.8,"kg",1.1583333333333334,3288.28,2852.99,12133.74,98]
["SK",8,"FV","Klient 6","2017-11-13","2017-11-13","2018-01-12","S","P:GR1",2,1142.4000000000001,"kg",1.2083333333333333,1380.4,1655.3,5093.68,98]
["SK",8,"FV","Klient 6","2017-11-13","2017-11-13","2018-01-12","S","P:GR1",3,1611.6,"kg",1.175,1893.63,1676.87,6987.49,98]
["SK",8,"FV","Klient 6","2017-11-13","2017-11-13","2018-01-12","S","P:GR1",4,5507.2,"kg",1.175,6470.96,5813.5,23877.84,98]
["SK",8,"FV","Klient 86","2017-11-13","2017-11-13","2017-12-13","S","P:GR1",1,5107.6000000000004,"kg",0.70000000000000007,3575.32,2665.49,13192.93,98]
["SK",8,"FV","Klient 86","2017-11-13","2017-11-13","2017-12-13","S","P:GR1",2,4043.4,"kg",0.70000000000000007,2830.38,2053.12,10444.1,98]
["SK",8,"FV","Klient 69","2017-11-13","2017-11-13","2017-12-13","S","P:GR1",1,2993.8,"kg",1.25,3742.25,2905.61,13808.9,98]
["SK",8,"FV","Klient 100","2017-11-13","2017-11-13","2018-01-12","S","P:GR4",2,2500,"szt",1.1016666666666668,2754.17,3200.67,10162.879999999999,98]
["SK",8,"FV","Klient 100","2017-11-13","2017-11-13","2018-01-12","S","P:GR1",1,2403.4,"kg",1.075,2583.66,2181.33,9533.69,98]
["SK",8,"FV","Klient 100","2017-11-13","2017-11-13","2018-01-12","S","P:GR4",3,2500,"szt",1.1016666666666668,2754.17,3232.63,10162.879999999999,98]
["SK",8,"FV","Klient 100","2017-11-13","2017-11-13","2018-01-12","S","P:GR4",4,2684,"szt",0.88666666666666671,2379.81,2467.4499999999998,8781.51,98]
["SK",8,"FV","Klient 100","2017-11-13","2017-11-13","2018-01-12","S","P:GR4",5,980,"szt",1.7433333333333334,1708.47,1349.79,6304.24,98]
["SK",8,"FVW","Klient 96","2017-11-13","2017-11-13","2018-01-12","S","P:GR3",1,480000,"mb",59.972933333333337,28787.01,32232,106224.05,98]
["SK",8,"FV","Klient 98","2017-11-13","2017-11-13","2017-12-28","S","P:GR1",1,15726.4,"kg",1.1266666666666667,17718.41,14669.84,65380.93,98]
["SK",8,"FV","Klient 98","2017-11-13","2017-11-13","2017-12-28","S","P:GR1",2,20490.599999999999,"kg",1.1266666666666667,23086.080000000002,18801.27,85187.62,98]
["SK",8,"FV","Klient 6","2017-11-13","2017-11-13","2018-01-12","S","P:GR1",1,1706.4,"kg",1.2083333333333333,2061.9,1773.21,7608.41,98]
["SK",8,"FV","Klient 6","2017-11-13","2017-11-13","2018-01-12","S","P:GR1",2,6206,"kg",1.175,7292.05,6578.77,26907.66,98]
["SK",8,"FV","Klient 6","2017-11-13","2017-11-13","2018-01-12","S","P:GR1",3,5484.8,"kg",1.175,6444.64,5789.86,23780.720000000001,98]
["SK",8,"FV","Klient 60","2017-11-13","2017-11-13","2017-12-28","S","P:GR1",1,16184.4,"kg",1.2166666666666666,19691.02,17616.189999999999,72659.86,98]
["SK",8,"FV","Klient 60","2017-11-13","2017-11-13","2017-12-28","S","P:GR1",2,3880.8,"kg",1.0999999999999999,4268.88,4504.7700000000004,15752.17,98]
["SK",8,"FV","Klient 60","2017-11-13","2017-11-13","2017-12-28","S","P:GR1",1,3342.4,"kg",1.1166666666666667,3732.35,3313.01,13772.36,98]
["SK",8,"FV","Klient 60","2017-11-13","2017-11-13","2017-12-28","S","P:GR1",2,7967.6,"kg",1.1916666666666667,9494.7199999999993,10161.34,35035.53,98]
["SK",8,"FV","Klient 111","2017-11-13","2017-11-13","2017-12-18","S","P:GR4",1,42240,"szt",6.3333333333333339E-2,2675.2,2425.98,9871.49,98]
["SK",8,"FV","Klient 111","2017-11-13","2017-11-13","2017-12-18","S","P:GR4",2,41800,"szt",6.3333333333333339E-2,2647.33,2526.11,9768.66,98]
["SK",8,"FV","Klient 111","2017-11-13","2017-11-13","2017-12-18","S","P:GR4",3,42400,"szt",6.3333333333333339E-2,2685.33,2425.9899999999998,9908.8799999999992,98]
["SK",8,"FV","Klient 39","2017-11-13","2017-11-13","2017-12-28","S","P:GR4",1,2079,"kg",1.2666666666666666,2633.4,2383.98,9717.25,98]
["SK",8,"FV","Klient 39","2017-11-13","2017-11-13","2017-12-28","S","P:GR1",2,2024.2,"kg",1.05,2125.41,1318.76,7842.76,98]
["SK",8,"FV","Klient 39","2017-11-13","2017-11-13","2017-12-28","S","P:GR4",3,320,"szt",0.11066666666666668,35.409999999999997,32.549999999999997,130.68,98]
["SK",8,"FV","Klient 112","2017-11-13","2017-11-13","2017-11-13","S","GR5",1,396,"m2",0.10833333333333334,42.9,40.090000000000003,158.30000000000001,98]
["SK",8,"FVUK","Klient 79","2017-11-14","2017-10-31","2017-12-14","S","GR5",-1,-5000,"szt",1.2366666666666666,-2588.34,-3910.83,-9550.99,98]
["SK",8,"FVUK","Klient 79","2017-11-14","2017-10-31","2017-12-14","S","P:GR4",-2,-5000,"szt",1.2366666666666666,-2619.2600000000002,-3469.5,-9665.07,98]
["SK",8,"FVUK","Klient 79","2017-11-14","2017-10-31","2017-12-14","S","GR5",1,5000,"szt",1.1995,2510.5500000000002,3910.83,9263.94,98]
["SK",8,"FVUK","Klient 79","2017-11-14","2017-10-31","2017-12-14","S","P:GR4",2,5000,"szt",1.1995,2540.54,3469.5,9374.59,98]
["SK",8,"FR","Klient 113","2017-11-14","2017-11-14","2017-11-15","S","P:GR4",2,4120,"szt",0.5083333333333333,2094.33,2040.47,7728.09,98]
["SK",8,"FV","Klient 6","2017-11-14","2017-11-14","2018-01-13","S","P:GR1",1,23306,"kg",1.175,27384.55,23600.77,101048.99,98]
["SK",8,"FV","Klient 6","2017-11-14","2017-11-14","2018-01-13","S","P:GR1",2,15528.4,"kg",1.175,18245.87,15879.6,67327.259999999995,98]
["SK",8,"FV","Klient 114","2017-11-14","2017-11-14","2017-12-14","S","P:GR1",1,1200.4000000000001,"kg",1.1583333333333334,1390.46,1147.8900000000001,5130.8100000000004,98]
["SK",8,"FV","Klient 114","2017-11-14","2017-11-14","2017-12-14","S","P:GR1",2,1807.2,"kg",1.1583333333333334,2093.34,1748.16,7724.42,98]
["SK",8,"FV","Klient 114","2017-11-14","2017-11-14","2017-12-14","S","P:GR1",3,1859.8,"kg",1.1583333333333334,2154.27,1777.03,7949.26,98]
["SK",8,"FV","Klient 15","2017-11-14","2017-11-13","2017-12-14","S","P:GR1",1,6000,"mb",6.25E-2,375,256,1383.75,98]
["SK",8,"FV","Klient 15","2017-11-14","2017-11-13","2017-12-14","S","P:GR1",2,20000,"mb",0.125,2500,1726.33,9225,98]
["SK",8,"FV","Klient 15","2017-11-14","2017-11-13","2017-12-14","S","P:GR1",3,8000,"mb",5.1499999999999997E-2,412,287.87,1520.28,98]
["SK",8,"FV","Klient 15","2017-11-14","2017-11-13","2017-12-14","S","P:GR1",4,4000,"mb",8.5000000000000006E-2,340,228.53,1254.5999999999999,98]
["SK",8,"FV","Klient 15","2017-11-14","2017-11-13","2017-12-14","S","P:GR4",5,10030,"szt",0.61499999999999999,6168.45,5274.18,22761.58,98]
["SK",8,"FV","Klient 15","2017-11-14","2017-11-13","2017-12-14","S","P:GR4",6,2536,"szt",0.16333333333333333,414.21,452.59,1528.45,98]
["SK",8,"FV","Klient 15","2017-11-14","2017-11-13","2017-12-14","S","P:GR1",7,10000,"mb",4.4166666666666667E-2,441.67,386.83,1629.75,98]
["SK",8,"FV","Klient 15","2017-11-14","2017-11-13","2017-12-14","S","P:GR1",8,10000,"mb",4.4166666666666667E-2,441.67,386.17,1629.75,98]
["SK",8,"FV","Klient 15","2017-11-14","2017-11-13","2017-12-14","S","P:GR4",9,6000,"szt",0.13500000000000001,810,887.3,2988.9,98]
["SK",8,"FV","Klient 15","2017-11-14","2017-11-13","2017-12-14","S","P:GR4",10,2090,"szt",1.1066666666666667,2312.9299999999998,2076.0300000000002,8534.7199999999993,98]
["SK",8,"FV","Klient 15","2017-11-14","2017-11-13","2017-12-14","S","P:GR4",11,1400,"szt",1.4483333333333333,2027.67,1897.96,7482.09,98]
["SK",8,"FV","Klient 15","2017-11-14","2017-11-13","2017-12-14","S","P:GR4",12,820,"szt",1.1083333333333334,908.83,837.14,3353.6,98]
["SK",8,"FV","Klient 15","2017-11-14","2017-11-13","2017-12-14","S","P:GR4",13,7930,"szt",0.61,4837.3,4198.01,17849.64,98]
["SK",8,"FV","Klient 15","2017-11-14","2017-11-13","2017-12-14","S","GR5",14,9600,"szt",0.28999999999999998,2784,2457.7600000000002,10272.959999999999,98]
["SK",8,"FR","Klient 113","2017-11-14","2017-11-14","2017-11-15","S","P:GR4",2,4124,"szt",0.5083333333333333,2096.37,2115.54,7735.59,98]
["SK",8,"FV","Klient 115","2017-11-14","2017-11-14","2017-12-14","S","P:GR1",1,3766.6,"kg",0.70833333333333337,2668.01,2239.3200000000002,9844.9599999999991,98]
["SK",8,"FV","Klient 115","2017-11-14","2017-11-14","2017-12-14","S","P:GR1",2,1251,"kg",0.70833333333333337,886.13,735.44,3269.81,98]
["SK",8,"FV","Klient 115","2017-11-14","2017-11-14","2017-12-14","S","P:GR1",3,999,"kg",0.70833333333333337,707.63,705.88,2611.14,98]
["SK",8,"FV","Klient 115","2017-11-14","2017-11-14","2017-12-14","S","P:GR1",4,456.2,"kg",1.1833333333333333,539.84,476.01,1992,98]
["SK",8,"FV","Klient 116","2017-11-14","2017-11-14","2017-12-14","S","P:GR4",1,2020,"szt",1.635,3302.7,4109.6899999999996,12186.96,98]
["SK",8,"FV","Klient 116","2017-11-14","2017-11-14","2017-12-14","S","U:",2,2,"szt",2.1666666666666665,4.33,0,15.99]
["SK",8,"FV","Klient 53","2017-11-14","2017-11-14","2018-01-13","S","P:GR4",1,4914,"szt",0.62333333333333341,3063.06,2975.67,11302.69,98]
["SK",8,"FV","Klient 53","2017-11-14","2017-11-14","2018-01-13","S","GR5",2,6000,"szt",2.4999999999999998E-2,150,133.19999999999999,553.5,98]
["SK",8,"FV","Klient 78","2017-11-14","2017-11-14","2018-01-13","S","P:GR1",1,82560,"mb",1.18,1929.06,1575.52,7118.24,98]
["SK",8,"FV","Klient 48","2017-11-14","2017-11-14","2018-02-12","S","P:GR1",1,3595.2,"kg",1.1500000000000001,4134.4799999999996,3623.82,15256.23,98]
["SK",8,"FV","Klient 48","2017-11-14","2017-11-14","2018-02-12","S","P:GR1",2,1106.4000000000001,"kg",1.1500000000000001,1272.3599999999999,2111.19,4695.01,98]
["SK",8,"FV","Klient 48","2017-11-14","2017-11-14","2018-02-12","S","P:GR1",3,4381.6000000000004,"kg",1.1500000000000001,5038.84,4576.8100000000004,18593.32,98]
["SK",8,"FV","Klient 48","2017-11-14","2017-11-14","2018-02-12","S","P:GR1",4,3259.6,"kg",1.1500000000000001,3748.54,3400.09,13832.11,98]
["SK",8,"FV","Klient 48","2017-11-14","2017-11-14","2018-02-12","S","P:GR1",5,1715.6,"kg",1.1500000000000001,1972.94,2226.71,7280.15,98]
["SK",8,"FVUK","Klient 90","2017-11-14","2017-10-31","2017-12-14","S","P:GR4",-1,-5870,"szt",1.2366666666666666,-3121.35,-4224.1499999999996,-11517.77,98]
["SK",8,"FVUK","Klient 90","2017-11-14","2017-10-31","2017-12-14","S","P:GR4",1,5870,"szt",1.1995,3027.54,4224.1499999999996,11171.61,98]
["SK",8,"FV","Klient 95","2017-11-14","2017-11-14","2017-12-14","S","P:GR4",1,5000,"szt",1.2366666666666666,2614.31,3597.33,9646.82,98]
["SK",8,"FV","Klient 92","2017-11-14","2017-11-14","2017-12-14","S","P:GR4",1,5000,"szt",1.2366666666666666,2658.83,3597.33,9811.1,98]
["SK",8,"FV","Klient 117","2017-11-14","2017-11-14","2017-12-05","S","P:GR4",1,3462,"szt",0.73,2527.2600000000002,2488.02,9325.59,98]
["SK",8,"FV","Klient 117","2017-11-14","2017-11-14","2017-12-05","S","P:GR4",2,7360,"szt",0.65333333333333332,4808.53,4663.17,17743.490000000002,98]
["SK",8,"FV","Klient 106","2017-11-14","2017-11-14","2018-01-13","S","U:",1,2,"szt",500,1000,0,3690]
["SK",8,"FV","Klient 37","2017-11-14","2017-11-14","2017-12-14","S","P:GR4",1,5906,"szt",0.31,1830.86,1665.03,6755.87,98]
["SK",8,"FV","Klient 3","2017-11-14","2017-11-14","2017-12-05","S","P:GR1",1,2410,"kg",1.2166666666666666,2932.17,2301.58,10819.7,98]
["SK",8,"FV","Klient 3","2017-11-14","2017-11-14","2017-12-05","S","P:GR1",2,7232.6,"kg",1.2166666666666666,8799.66,6907.26,32470.76,98]
["SK",8,"FV","Klient 3","2017-11-14","2017-11-14","2017-12-05","S","P:GR1",3,6657.8,"kg",1.2166666666666666,8100.32,6358.33,29890.19,98]
["SK",8,"FV","Klient 37","2017-11-14","2017-11-14","2017-12-14","S","P:GR4",1,2300,"szt",0.33833333333333332,778.17,719.29,2871.44,98]
["SK",8,"FV","Klient 37","2017-11-14","2017-11-13","2017-12-14","S","P:GR4",1,8230,"szt",0.19999999999999998,1646,1625.7,6073.74,98]
["SK",8,"FV","Klient 37","2017-11-14","2017-11-13","2017-12-14","S","P:GR4",2,15800,"szt",1.6666666666666666E-2,263.33,230.42,971.7,98]
["SK",8,"FV","Klient 37","2017-11-14","2017-11-13","2017-12-14","S","P:GR4",3,6380,"szt",4.5000000000000005E-2,287.10000000000002,272.95999999999998,1059.4000000000001,98]
["SK",8,"FV","Klient 37","2017-11-14","2017-11-13","2017-12-14","S","P:GR4",4,6340,"szt",0.29499999999999998,1870.3,1681.79,6901.41,98,null,null,null,null,null,null,null,null,null,null,null,null,null,null,"Klient 259"]
["SK",8,"FV","Klient 31","2017-11-14","2017-11-14","2017-12-14","S","P:GR2",1,3758.36,"kg",1.55,5825.46,6202.33,21495.94,98,null,null,null,null,null,null,null,null,null,null,null,null,null,null,"Klient 522"]
["SK",8,"FV","Klient 65","2017-11-14","2017-11-14","2017-12-29","S","P:GR1",1,174120,"mb",1.1816666666666666,7769.22,6697.8,28668.43,98,null,null,null,null,null,null,null,null,null,null,null,null,null,null,"Klient 162"]
["SK",8,"FV","Klient 65","2017-11-14","2017-11-14","2017-12-29","S","P:GR1",2,198240,"mb",1.1816666666666666,7248.82,6247.88,26748.13,98,null,null,null,null,null,null,null,null,null,null,null,null,null,null,"Klient 83"]
["SK",8,"FV","Klient 118","2017-11-14","2017-11-14","2017-12-14","S","P:GR1",1,2038,"kg",1.2166666666666666,2479.5700000000002,2002.3,9149.6,98,null,null,null,null,null,null,null,null,null,null,null,null,null,null,"Klient 397"]
["SK",8,"FV","Klient 118","2017-11-14","2017-11-14","2017-12-14","S","P:GR1",2,2148.1999999999998,"kg",1.2166666666666666,2613.64,2097.64,9644.34,98,null,null,null,null,null,null,null,null,null,null,null,null,null,null,"Klient 488"]
["SK",8,"FV","Klient 119","2017-11-14","2017-11-14","2017-12-14","S","P:GR4",1,800,"szt",0.5063333333333333,4.05,57.81,14.94,98,null,null,null,null,null,null,null,null,null,null,null,null,null,null,"Klient 486"]
["SK",8,"FV","Klient 119","2017-11-14","2017-11-14","2017-12-14","S","P:GR4",2,400,"szt",2.7029999999999998,10.81,9.0500000000000007,39.9,98,null,null,null,null,null,null,null,null,null,null,null,null,null,null,"Klient 374"]
["SK",8,"FV","Klient 119","2017-11-14","2017-11-14","2017-12-14","S","P:GR4",3,160,"szt",1.7290000000000001,2.77,9.61,10.210000000000001,98,null,null,null,null,null,null,null,null,null,null,null,null,null,null,"Klient 138"]
["SK",8,"FO","Klient 66","2017-11-14","2017-11-10","2017-11-21","S","U:",1,3120,"kg",1.6666666666666666E-2,52,0,156,null,null,null,null,null,null,null,null,null,null,null,null,null,null,null,"Klient 438"]
["SK",8,"FV","Klient 120","2017-11-14","2017-11-14","2017-12-14","S","P:GR1",1,2002.8,"kg",1.0083333333333333,2019.49,1209.8499999999999,7451.92,98,null,null,null,null,null,null,null,null,null,null,null,null,null,null,"Klient 346"]
["SK",8,"FV","Klient 120","2017-11-14","2017-11-14","2017-12-14","S","P:GR1",2,721.6,"kg",1.0083333333333333,727.61,482.44,2684.89,98,null,null,null,null,null,null,null,null,null,null,null,null,null,null,"Klient 315"]
["SK",8,"FV","Klient 120","2017-11-14","2017-11-14","2017-12-14","S","P:GR1",3,7103,"kg",1.0083333333333333,7162.19,4849.7700000000004,26428.49,98,null,null,null,null,null,null,null,null,null,null,null,null,null,null,"Klient 163"]
["SK",8,"FV","Klient 92","2017-11-14","2017-11-13","2017-12-14","S","P:GR4",1,4550,"szt",1.2366666666666666,2359.56,3249.31,8706.7800000000007,98,null,null,null,null,null,null,null,null,null,null,null,null,null,null,"Klient 449"]
["SK",8,"FV","Klient 13","2017-11-14","2017-11-14","2018-01-13","S","T:",1,9980,"kg",0.6333333333333333,6320.67,6237.5,23323.26,93,null,null,null,null,null,null,null,null,null,null,null,null,null,null,"Klient 327"]
["SK",8,"FV","Klient 121","2017-11-15","2017-11-15","2018-02-13","S","P:GR4",1,1200,"szt",1.4433333333333334,1732,2014.4,6391.08,98,null,null,null,null,null,null,null,null,null,null,null,null,null,null,"Klient 448"]
["SK",8,"FV","Klient 122","2017-11-15","2017-11-15","2017-12-06","S","P:GR4",1,11160,"szt",0.36333333333333334,4054.8,3631.65,14962.21,98,null,null,null,null,null,null,null,null,null,null,null,null,null,null,"Klient 520"]
["SK",8,"FV","Klient 122","2017-11-15","2017-11-15","2017-12-06","S","P:GR4",2,10500,"szt",0.36333333333333334,3815,3416.88,14077.35,98,null,null,null,null,null,null,null,null,null,null,null,null,null,null,"Klient 547"]
["SK",8,"FR","Klient 123","2017-11-15","2017-11-15","2017-11-16","S","P:GR1",2,2006.8,"kg",1.2833333333333334,2575.39,1885.81,9503.2000000000007,98,null,null,null,null,null,null,null,null,null,null,null,null,null,null,"Klient 442"]
["SK",8,"FO","Klient 11","2017-11-15","2017-11-15","2017-12-15","S","GR5",1,13649.76,"kg",0.35833333333333334,4891.16,2729.95,14673.49,95,null,null,null,null,null,null,null,null,null,null,null,null,null,null,"Klient 145"]
["SK",8,"FV","Klient 124","2017-11-15","2017-11-14","2017-11-29","S","P:GR4",1,4380,"szt",0.66500000000000004,2912.7,2899.63,10747.86,98,null,null,null,null,null,null,null,null,null,null,null,null,null,null,"Klient 169"]
["SK",8,"FV","Klient 23","2017-11-15","2017-11-14","2017-12-30","S","P:GR2",1,49158,"m2",66.666666666666671,3277.2,3357.49,12092.87,98,null,null,null,null,null,null,null,null,null,null,null,null,null,null,"Klient 122"]
["SK",8,"FV","Klient 12","2017-11-15","2017-11-14","2017-12-25","S","P:GR1",1,2138,"kg",1.1833333333333333,2529.9699999999998,1561.44,9335.58,98,null,null,null,null,null,null,null,null,null,null,null,null,null,null,"Klient 135"]
["SK",8,"FV","Klient 12","2017-11-15","2017-11-14","2017-12-25","S","P:GR1",2,1787.6,"kg",1.2,2145.12,1293.32,7915.49,98,null,null,null,null,null,null,null,null,null,null,null,null,null,null,"Klient 454"]
["SK",8,"FV","Klient 12","2017-11-15","2017-11-14","2017-12-25","S","P:GR1",3,3935.8,"kg",1.1833333333333333,4657.3599999999997,2921.44,17185.669999999998,98,null,null,null,null,null,null,null,null,null,null,null,null,null,null,"Klient 495"]
["SK",8,"FV","Klient 12","2017-11-15","2017-11-14","2017-12-25","S","P:GR1",4,2360,"kg",1.1833333333333333,2792.67,1808.93,10304.94,98,null,null,null,null,null,null,null,null,null,null,null,null,null,null,"Klient 369"]
["SK",8,"FV","Klient 12","2017-11-15","2017-11-14","2017-12-25","S","P:GR1",5,1340,"kg",1.0999999999999999,1474,1356.5,5439.06,98,null,null,null,null,null,null,null,null,null,null,null,null,null,null,"Klient 336"]
["SK",8,"FV","Klient 12","2017-11-15","2017-11-14","2017-12-25","S","P:GR1",6,2668.4,"kg",1.1333333333333333,3024.19,2693.75,11159.25,98,null,null,null,null,null,null,null,null,null,null,null,null,null,null,"Klient 496"]
["SK",8,"FV","Klient 12","2017-11-15","2017-11-14","2017-12-25","S","P:GR1",7,2082,"kg",1.1583333333333334,2411.65,1906.2,8898.99,98,null,null,null,null,null,null,null,null,null,null,null,null,null,null,"Klient 87"]
["SK",8,"FV","Klient 125","2017-11-15","2017-11-15","2017-12-15","S","P:GR1",1,2242.8000000000002,"kg",0.73333333333333339,1644.72,1357.94,6069.02,98,null,null,null,null,null,null,null,null,null,null,null,null,null,null,"Klient 343"]
["SK",8,"FV","Klient 5","2017-11-15","2017-11-15","2017-12-30","S","P:GR4",1,3474,"szt",1.6666666666666667,5790,6453.73,21365.1,98,null,null,null,null,null,null,null,null,null,null,null,null,null,null,"Klient 338"]
["SK",8,"FV","Klient 5","2017-11-15","2017-11-15","2017-12-30","S","P:GR4",1,3960,"szt",0.66166666666666674,2620.1999999999998,2687.52,9668.5400000000009,98,null,null,null,null,null,null,null,null,null,null,null,null,null,null,"Klient 437"]
["SK",8,"FV","Klient 126","2017-11-15","2017-11-15","2018-01-14","S","GR5",1,598.79999999999995,"kg",1.175,703.59,606.91999999999996,2596.25,98,null,null,null,null,null,null,null,null,null,null,null,null,null,null,"Klient 32"]
["SK",8,"FR","Klient 127","2017-11-15","2017-11-15","2017-11-16","S","P:GR1",2,14400,"m2",0.18333333333333335,2640,1904.16,9741.6,98,null,null,null,null,null,null,null,null,null,null,null,null,null,null,"Klient 447"]
["SK",8,"FV","Klient 12","2017-11-15","2017-11-15","2017-12-25","S","P:GR1",1,1682.4,"kg",1.1833333333333333,1990.84,1131.1600000000001,7346.2,98,null,null,null,null,null,null,null,null,null,null,null,null,null,null,"Klient 40"]
["SK",8,"FV","Klient 12","2017-11-15","2017-11-15","2017-12-25","S","P:GR1",2,1957,"kg",1.1833333333333333,2315.7800000000002,1364.15,8545.24,98,null,null,null,null,null,null,null,null,null,null,null,null,null,null,"Klient 381"]
["SK",8,"FV","Klient 12","2017-11-15","2017-11-15","2017-12-25","S","P:GR1",3,1873,"kg",1.1833333333333333,2216.38,1349.73,8178.45,98,null,null,null,null,null,null,null,null,null,null,null,null,null,null,"Klient 457"]
["SK",8,"FV","Klient 12","2017-11-15","2017-11-15","2017-12-25","S","P:GR1",4,1213,"kg",1.3083333333333333,1587.01,1299.97,5856.07,98,null,null,null,null,null,null,null,null,null,null,null,null,null,null,"Klient 421"]
["SK",8,"FV","Klient 12","2017-11-15","2017-11-15","2017-12-25","S","P:GR1",5,1684.6,"kg",1.2583333333333333,2119.79,1292.01,7822.03,98,null,null,null,null,null,null,null,null,null,null,null,null,null,null,"Klient 463"]
["SK",8,"FV","Klient 12","2017-11-15","2017-11-15","2017-12-25","S","P:GR1",6,1859,"kg",1.1833333333333333,2199.8200000000002,1349.67,8117.32,98,null,null,null,null,null,null,null,null,null,null,null,null,null,null,"Klient 435"]
["SK",8,"FV","Klient 12","2017-11-15","2017-11-15","2017-12-25","S","P:GR1",7,1808.6,"kg",1.1333333333333333,2049.75,1686.18,7563.57,98,null,null,null,null,null,null,null,null,null,null,null,null,null,null,"Klient 492"]
["SK",8,"FV","Klient 12","2017-11-15","2017-11-15","2017-12-25","S","P:GR1",8,1803.2,"kg",1.0999999999999999,1983.52,1775.62,7319.19,98,null,null,null,null,null,null,null,null,null,null,null,null,null,null,"Klient 390"]
["SK",8,"FV","Klient 12","2017-11-15","2017-11-15","2017-12-25","S","P:GR1",9,945,"kg",1.2583333333333333,1189.1300000000001,739.92,4387.88,98,null,null,null,null,null,null,null,null,null,null,null,null,null,null,"Klient 237"]
["SK",8,"FV","Klient 12","2017-11-15","2017-11-15","2017-12-25","S","P:GR1",10,1744,"kg",1.2,2092.8000000000002,1340.18,7722.43,98,null,null,null,null,null,null,null,null,null,null,null,null,null,null,"Klient 110"]
["SK",8,"FV","Klient 12","2017-11-15","2017-11-15","2017-12-25","S","P:GR1",11,845.2,"kg",1.2,1014.24,602.08000000000004,3742.55,98,null,null,null,null,null,null,null,null,null,null,null,null,null,null,"Klient 490"]
["SK",8,"FV","Klient 12","2017-11-15","2017-11-15","2017-12-25","S","P:GR1",12,1228.4000000000001,"kg",1.2,1474.08,1049.3,5439.36,98,null,null,null,null,null,null,null,null,null,null,null,null,null,null,"Klient 222"]
["SK",8,"FV","Klient 12","2017-11-15","2017-11-15","2017-12-25","S","P:GR1",13,1046.8,"kg",1.2,1256.1600000000001,794.38,4635.2299999999996,98,null,null,null,null,null,null,null,null,null,null,null,null,null,null,"Klient 356"]
["SK",8,"FV","Klient 12","2017-11-15","2017-11-15","2017-12-25","S","P:GR1",14,767.2,"kg",1.2,920.64,555.23,3397.16,98,null,null,null,null,null,null,null,null,null,null,null,null,null,null,"Klient 125"]
["SK",8,"FV","Klient 12","2017-11-15","2017-11-15","2017-12-25","S","P:GR1",15,1315.4,"kg",1.2666666666666666,1666.17,888.03,6148.18,98,null,null,null,null,null,null,null,null,null,null,null,null,null,null,"Klient 382"]
["SK",8,"FV","Klient 12","2017-11-15","2017-11-15","2017-12-25","S","P:GR1",16,1553,"kg",1.2,1863.6,1157.18,6876.68,98,null,null,null,null,null,null,null,null,null,null,null,null,null,null,"Klient 133"]
["SK",8,"FV","Klient 12","2017-11-15","2017-11-15","2017-12-25","S","P:GR1",17,2074,"kg",1.1833333333333333,2454.23,1545.41,9056.1200000000008,98,null,null,null,null,null,null,null,null,null,null,null,null,null,null,"Klient 19"]
["SK",8,"FV","Klient 120","2017-11-15","2017-11-15","2017-12-15","S","P:GR1",1,1430.2,"kg",1.0083333333333333,1442.12,956.19,5321.42,98,null,null,null,null,null,null,null,null,null,null,null,null,null,null,"Klient 230"]
["SK",8,"FV","Klient 51","2017-11-15","2017-11-15","2017-12-06","S","P:GR4",1,810,"kpl",1.8333333333333333,1485,1003.73,5479.65,98,null,null,null,null,null,null,null,null,null,null,null,null,null,null,"Klient 127"]
["SK",8,"FV","Klient 128","2017-11-15","2017-11-15","2017-12-15","S","P:GR1",1,3308.4,"kg",1.1333333333333333,3749.52,3140.83,13835.73,98,null,null,null,null,null,null,null,null,null,null,null,null,null,null,"Klient 6"]
["SK",8,"FV","Klient 128","2017-11-15","2017-11-15","2017-12-15","S","P:GR1",2,3204.2,"kg",1.1333333333333333,3631.43,2978.26,13399.96,98,null,null,null,null,null,null,null,null,null,null,null,null,null,null,"Klient 129"]
["SK",8,"FV","Klient 129","2017-11-15","2017-11-15","2017-12-15","S","GR5",1,1927.8,"kg",1.0416666666666667,2008.13,1880.57,7409.99,98,null,null,null,null,null,null,null,null,null,null,null,null,null,null,"Klient 281"]
["SK",8,"FV","Klient 47","2017-11-16","2017-11-16","2017-12-16","S","P:GR1",1,2122.4,"kg",1.2150000000000001,2578.7199999999998,1980.17,9515.4599999999991,98,null,null,null,null,null,null,null,null,null,null,null,null,null,null,"Klient 60"]
["SK",8,"FV","Klient 47","2017-11-16","2017-11-16","2017-12-16","S","P:GR1",2,2077.6,"kg",1.2150000000000001,2524.2800000000002,1885.74,9314.61,98,null,null,null,null,null,null,null,null,null,null,null,null,null,null,"Klient 102"]
["SK",8,"FV","Klient 47","2017-11-16","2017-11-16","2017-12-16","S","P:GR1",3,2121.4,"kg",1.2949999999999999,2747.21,1866.19,10137.219999999999,98,null,null,null,null,null,null,null,null,null,null,null,null,null,null,"Klient 452"]
["SK",8,"FV","Klient 56","2017-11-16","2017-11-16","2017-12-07","S","U:",2,2,"szt",2.1666666666666665,4.33,0,15.99,null,null,null,null,null,null,null,null,null,null,null,null,null,null,null,"Klient 20"]
["SK",8,"FV","Klient 56","2017-11-16","2017-11-16","2017-12-07","S","P:GR1",1,12000,"m2",0.19666666666666666,2360,1769,8708.4,98,null,null,null,null,null,null,null,null,null,null,null,null,null,null,"Klient 561"]
["SK",8,"FV","Klient 95","2017-11-16","2017-11-16","2017-12-16","S","P:GR4",1,5000,"szt",1.2366666666666666,2611.84,3597.33,9637.69,98,null,null,null,null,null,null,null,null,null,null,null,null,null,null,"Klient 22"]
["SK",8,"FV","Klient 130","2017-11-16","2017-11-16","2017-12-16","S","P:GR1",1,806,"kg",1.1583333333333334,933.62,799.56,3445.05,98,null,null,null,null,null,null,null,null,null,null,null,null,null,null,"Klient 36"]
["SK",8,"FV","Klient 79","2017-11-16","2017-11-16","2017-12-16","S","P:GR1",1,20813.2,"kg",1.3066666666666666,27195.91,21039.38,100352.92,98]
["SK",8,"FV","Klient 131","2017-11-16","2017-11-16","2017-11-17","S","GR5",1,1500,"szt",0.54833333333333334,822.5,774.33,3035.03,98]
["SK",8,"FV","Klient 129","2017-11-16","2017-11-16","2017-12-16","S","GR5",1,1542.4,"kg",1.0416666666666667,1606.67,1421.75,5928.6,98]
["SK",8,"FV","Klient 70","2017-11-16","2017-11-16","2017-12-16","S","P:GR1",1,1781.6,"kg",0.66666666666666663,1187.73,976.38,4382.74,98]
["SK",8,"FV","Klient 68","2017-11-16","2017-11-16","2018-01-15","S","P:GR1",1,208000,"mb",1.2216666666666667,23797.82,21805.33,87813.97,98]
["SK",8,"FV","Klient 68","2017-11-16","2017-11-16","2018-01-15","S","P:GR1",2,48000,"mb",1.2216666666666667,5494.08,5032,20273.16,98]
["SK",8,"FV","Klient 68","2017-11-16","2017-11-16","2018-01-15","S","P:GR2",3,27432.959999999999,"mb",1.6016666666666666,15461.98,32216.66,57054.720000000001,98]
["SK",8,"FV","Klient 68","2017-11-16","2017-11-16","2018-01-15","S","P:GR1",4,3000,"mb",1.425,1415.03,1197.55,5221.45,98]
["SK",8,"FV","Klient 68","2017-11-16","2017-11-16","2018-01-15","S","P:GR1",5,14000,"mb",1.425,7009.58,5755.87,25865.34,98]
["SK",8,"FV","Klient 132","2017-11-16","2017-11-16","2017-12-16","S","GR5",1,3000,"szt",0.57999999999999996,1740,1548.67,6420.6,98]
["SK",8,"PF","Klient 133","2017-11-16","2017-11-16","2017-11-16","S","U:",1,7200,"kg",8.3333333333333332E-3,58.54,0,216]
["SK",8,"FV","Klient 134","2017-11-16","2017-11-16","2017-12-16","S","P:GR1",1,7200,"mb",0.435,3132,2672.04,11557.08,98]
["SK",8,"FV","Klient 134","2017-11-16","2017-11-16","2017-12-16","S","P:GR1",2,36000,"mb",0.37166666666666665,13380,11232,49372.2,98]
["SK",8,"FV","Klient 134","2017-11-16","2017-11-16","2017-12-16","S","P:GR1",3,1711.2,"kg",6.3333333333333339E-2,1847.69,916.97,6817.96,98]
["SK",8,"FV","Klient 5","2017-11-16","2017-11-13","2017-12-31","S","P:GR4",1,970,"szt",0.42166666666666663,409.02,383.23,1509.27,98]
["SK",8,"FV","Klient 5","2017-11-16","2017-11-13","2017-12-31","S","P:GR4",2,4330,"szt",0.44500000000000001,1926.85,1727.84,7110.08,98]
["SK",8,"FV","Klient 5","2017-11-16","2017-11-13","2017-12-31","S","P:GR4",3,4248,"szt",0.44500000000000001,1890.36,1746.35,6975.43,98]
["SK",8,"FV","Klient 102","2017-11-16","2017-11-16","2017-12-16","S","GR5",1,2044.2,"kg",1.0816666666666668,2211.14,1826.11,8159.12,98]
["SK",8,"FV","Klient 102","2017-11-16","2017-11-16","2017-12-16","S","GR5",2,2039.4,"kg",1.115,2273.9299999999998,1916.44,8390.7999999999993,98]
["SK",8,"FV","Klient 98","2017-11-16","2017-11-16","2017-12-31","S","P:GR1",1,2420.1999999999998,"kg",1.1266666666666667,2726.76,2252.2800000000002,10061.74,98]
["SK",8,"FV","Klient 98","2017-11-16","2017-11-16","2017-12-31","S","P:GR1",2,3615.6,"kg",1.1266666666666667,4073.58,3317.49,15031.5,98]
["SK",8,"FV","Klient 135","2017-11-16","2017-11-16","2018-01-15","S","GR5",1,19200,"mb",0.37166666666666665,7136,6195.84,26331.84,98]
["SK",8,"FV","Klient 14","2017-11-16","2017-11-16","2017-12-31","S","GR5",1,4842.3999999999996,"kg",1.4166666666666667,6860.07,5959.38,25313.65,98]
["SK",8,"FV","Klient 15","2017-11-16","2017-11-16","2017-12-16","S","P:GR4",1,10020,"szt",0.61499999999999999,6162.3,5288.88,22738.89,98]
["SK",8,"FV","Klient 27","2017-11-17","2017-11-17","2018-01-16","S","P:GR4",1,76000,"szt",157.71766666666667,11986.54,12475.25,44230.34,86]
["SK",8,"FV","Klient 27","2017-11-17","2017-11-17","2018-01-16","S","P:GR3",2,7288,"mb",1.4326666666666668,567.34,726.86,2093.4699999999998,86]
["SK",8,"FV","Klient 27","2017-11-17","2017-11-17","2018-01-16","S","P:GR3",3,11556,"kg",1.4326666666666668,16555.900000000001,13403.52,61091.26,86]
["SK",8,"FV","Klient 27","2017-11-17","2017-11-17","2018-01-16","S","P:GR3",4,7844,"kg",1.4326666666666668,11237.84,10464,41467.620000000003,86]
["SK",8,"FV","Klient 27","2017-11-17","2017-11-17","2018-01-16","S","P:GR4",5,964,"kg",1.2421666666666666,1197.45,1212.3399999999999,4418.59,86]
["SK",8,"FV","Klient 27","2017-11-17","2017-11-17","2018-01-16","S","P:GR4",6,588,"szt",1322.1268333333335,777.41,578.91,2868.64,86]
["SK",8,"FV","Klient 27","2017-11-17","2017-11-17","2018-01-16","S","P:GR4",7,10448,"szt",1.2775000000000001,919.8,843.33,3394.06,86]
["SK",8,"FV","Klient 27","2017-11-17","2017-11-17","2018-01-16","S","P:GR1",8,94,"kg",1.1998333333333333,112.78,103.84,416.17,86]
["SK",8,"FV","Klient 27","2017-11-17","2017-11-17","2018-01-16","S","P:GR1",9,1972,"mb",1.3975,145.34,103.96,536.29999999999995,86]
["SK",8,"FV","Klient 27","2017-11-17","2017-11-17","2018-01-16","S","P:GR1",10,3248,"kg",1.3975,4539.08,3346.05,16749.21,86]
["SK",8,"FV","Klient 27","2017-11-17","2017-11-17","2018-01-16","S","P:GR3",11,3378,"kg",1.4326666666666668,4839.55,4463.63,17857.93,86]
["SK",8,"FV","Klient 27","2017-11-17","2017-11-17","2018-01-16","S","P:GR1",12,4212,"mb",1.3975,374.53,286.42,1382.02,86]
["SK",8,"FV","Klient 27","2017-11-17","2017-11-17","2018-01-16","S","P:GR1",13,31946,"mb",1.3621666666666667,2266.65,1761.29,8363.93,86]
["SK",8,"FV","Klient 27","2017-11-17","2017-11-17","2018-01-16","S","P:GR3",14,4232,"kg",1.3621666666666667,5764.69,7337.75,21271.71,86]
["SK",8,"FV","Klient 27","2017-11-17","2017-11-17","2018-01-16","S","GR5",15,37956,"mb",1.3833333333333335,3189.97,2229.9299999999998,11770.98,86]
["SK",8,"FV","Klient 27","2017-11-17","2017-11-17","2018-01-16","S","P:GR1",16,4722,"kg",1.3621666666666667,6432.15,5331.16,23734.63,86]
["SK",8,"FV","Klient 27","2017-11-17","2017-11-17","2018-01-16","S","P:GR1",17,8128,"kg",1.3833333333333335,11243.73,8757.57,41489.379999999997,86]
["SK",8,"FV","Klient 27","2017-11-17","2017-11-17","2018-01-16","S","P:GR3",18,52004,"mb",1.3908333333333334,3018.11,3729.75,11136.83,86]
["SK",8,"FV","Klient 27","2017-11-17","2017-11-17","2018-01-16","S","P:GR1",19,17996,"mb",1.3975,1336.01,1187.1400000000001,4929.88,86]
["SK",8,"FV","Klient 27","2017-11-17","2017-11-17","2018-01-16","S","P:GR1",20,2668,"kg",1.3621666666666667,3634.26,2600.41,13410.42,86]
["SK",8,"FV","Klient 27","2017-11-17","2017-11-17","2018-01-16","S","P:GR1",21,52,"mb",1.5033333333333332,30.07,24.09,110.95,86]
["SK",8,"FV","Klient 27","2017-11-17","2017-11-17","2018-01-16","S","P:GR1",22,7134,"mb",1.4610000000000001,3971,3166.91,14652.98,86]
["SK",8,"FV","Klient 27","2017-11-17","2017-11-17","2018-01-16","S","P:GR1",23,444,"kg",1.0325,458.43,511.13,1691.61,86]
["SK",8,"FV","Klient 27","2017-11-17","2017-11-17","2018-01-16","S","P:GR4",24,15710,"szt",98.94850000000001,1554.48,1383.31,5736.03,86]
["SK",8,"FR","Klient 136","2017-11-17","2017-11-17","2017-11-18","S","P:GR4",2,4610,"szt",0.65833333333333333,3034.92,2773.07,11198.84,98]
["SK",8,"FR","Klient 136","2017-11-17","2017-11-17","2017-11-18","S","U:",3,2,"szt",2.5,5,0,18.45]
["SK",8,"FV","Klient 33","2017-11-17","2017-11-16","2017-11-18","S","GR5",1,2033.2,"kg",1.3166666666666667,2677.05,2100.5300000000002,9878.2999999999993,98]
["SK",8,"FV","Klient 33","2017-11-17","2017-11-16","2017-11-18","S","U:",2,2,"szt",25,50,0,184.5]
["SK",8,"FV","Klient 137","2017-11-17","2017-11-16","2017-12-08","S","GR5",1,3000,"szt",1.0050000000000001,3015,2857.85,11125.35,98]
["SK",8,"FV","Klient 65","2017-11-17","2017-11-17","2018-01-01","S","P:GR1",1,200000,"mb",1.1816666666666666,5376.11,4626.67,19837.849999999999,98]
["SK",8,"FV","Klient 65","2017-11-17","2017-11-17","2018-01-01","S","P:GR1",2,300000,"mb",1.1816666666666666,10303.66,8885,38020.51,98]
["SK",8,"FV","Klient 65","2017-11-17","2017-11-17","2018-01-01","S","P:GR1",3,201600,"mb",1.1816666666666666,8509.89,7308,31401.49,98]
["SK",8,"FV","Klient 121","2017-11-17","2017-11-17","2018-02-15","S","P:GR4",1,80400,"szt",5.6666666666666671E-2,4556,3654.18,16811.64,98]
["SK",8,"FV","Klient 121","2017-11-17","2017-11-17","2018-02-15","S","P:GR4",2,7132,"szt",1.4433333333333334,10293.85,11972.25,37984.32,98]
["SK",8,"FV","Klient 138","2017-11-17","2017-11-17","2017-11-18","S","GR5",1,51.6,"kg",1.2666666666666666,65.36,49.07,241.18,98]
["SK",8,"FV","Klient 71","2017-11-17","2017-11-16","2017-12-17","S","P:GR1",1,2006,"kg",0.66666666666666663,1337.33,1099.3599999999999,4934.76,98]
["SK",8,"FV","Klient 6","2017-11-17","2017-11-17","2018-01-16","S","GR5",2,8877.2000000000007,"kg",1.175,10430.709999999999,8784.73,38489.32,98]
["SK",8,"FV","Klient 6","2017-11-17","2017-11-17","2018-01-16","S","P:GR1",1,6043.2,"kg",1.175,7100.76,6076.52,26201.8,98]
["SK",8,"FV","Klient 15","2017-11-17","2017-11-17","2017-12-17","S","P:GR4",1,10140,"szt",3.4999999999999996E-2,354.9,338.51,1309.58,98]
["SK",8,"FV","Klient 15","2017-11-17","2017-11-17","2017-12-17","S","P:GR1",2,20000,"mb",0.10149999999999999,2030,1300.67,7490.7,98]
["SK",8,"FV","Klient 15","2017-11-17","2017-11-17","2017-12-17","S","P:GR1",3,10000,"mb",4.4166666666666667E-2,441.67,375.66,1629.75,98]
["SK",8,"FV","Klient 15","2017-11-17","2017-11-17","2017-12-17","S","P:GR1",4,8000,"mb",5.8166666666666665E-2,465.33,333.47,1717.08,98]
["SK",8,"FV","Klient 15","2017-11-17","2017-11-17","2017-12-17","S","P:GR4",5,4400,"szt",0.19499999999999998,858,600.75,3166.02,98]
["SK",8,"FV","Klient 15","2017-11-17","2017-11-17","2017-12-17","S","P:GR4",6,2050,"szt",0.32,656,600.48,2420.64,98]
["SK",8,"FV","Klient 15","2017-11-17","2017-11-17","2017-12-17","S","P:GR4",7,1000,"szt",1.0216666666666667,1021.67,827,3769.95,98]
["SK",8,"FV","Klient 139","2017-11-17","2017-11-17","2017-12-08","S","GR5",1,3000,"szt",0.98666666666666669,2960,2857.85,10922.4,98]
["SK",8,"FV","Klient 139","2017-11-17","2017-11-17","2017-12-08","S","U:",2,2,"szt",2.1666666666666665,4.33,0,15.99]
["SK",8,"FV","Klient 113","2017-11-17","2017-11-17","2017-11-18","S","P:GR4",1,4116,"szt",0.5083333333333333,2092.3000000000002,2048.3200000000002,7720.59,98]
["SK",8,"FVK","Klient 88","2017-11-17","2017-06-23","2017-12-17","S","P:GR3",-1,-159240,"mb",1.3416666666666668,-2658,-3670.48,-9808.0300000000007,98]
["SK",8,"FVK","Klient 88","2017-11-17","2017-06-23","2017-12-17","S","P:GR3",1,149652,"mb",1.3135000000000001,2444.58,3449.48,9020.5,98]
["SK",8,"FO","Klient 11","2017-11-17","2017-11-17","2017-12-17","S","GR5",1,21183.8,"kg",0.35833333333333334,7590.86,4236.76,22772.59,95]
["SK",8,"FVK","Klient 9","2017-11-17","2017-03-22","2017-12-17","S","P:GR4",-1,-30800,"szt",3.5833333333333335E-2,-1103.67,-966.09,-4072.53,98]
["SK",8,"FVK","Klient 9","2017-11-17","2017-03-22","2017-12-17","S","P:GR4",1,19000,"szt",3.5833333333333335E-2,680.83,595.97,2512.2800000000002,98]
["SK",8,"FV","Klient 140","2017-11-17","2017-11-17","2017-11-17","S","GR5",1,396,"m2",0.10833333333333334,42.9,40.090000000000003,158.30000000000001,98]
["SK",8,"FV","Klient 141","2017-11-17","2017-11-17","2017-12-27","S","P:GR4",1,1807.6,"kg",0.79999999999999993,1446.08,1313.79,5336.04,98]
["SK",8,"FV","Klient 5","2017-11-17","2017-11-17","2018-01-01","S","P:GR4",1,4010,"szt",0.57666666666666666,2312.4299999999998,2307.15,8532.8799999999992,98]
["SK",8,"FV","Klient 5","2017-11-17","2017-11-17","2018-01-01","S","P:GR4",2,3270,"szt",0.9,2943,2801.19,10859.67,98]
["SK",8,"FV","Klient 9","2017-11-17","2017-11-17","2017-12-17","S","GR5",1,357.4,"kg",1.9000000000000001,679.06,607.82000000000005,2505.73,98]
["SK",8,"FV","Klient 9","2017-11-17","2017-11-17","2017-12-17","S","GR5",2,60000,"szt",8.3333333333333339,500,554,1845,98]
["SK",8,"FV","Klient 97","2017-11-17","2017-11-17","2017-12-08","S","P:GR4",1,10380,"szt",0.13166666666666668,1366.7,1308.4000000000001,5043.12,98]
["SK",8,"FV","Klient 97","2017-11-17","2017-11-17","2017-12-08","S","P:GR1",2,10000,"mb",4.3333333333333335E-2,433.33,357.33,1599,98]
["SK",8,"FV","Klient 97","2017-11-17","2017-11-17","2017-12-08","S","P:GR4",3,2400,"szt",0.22166666666666668,532,489.81,1963.08,98]
["SK",8,"FV","Klient 97","2017-11-17","2017-11-17","2017-12-08","S","P:GR4",4,3200,"szt",0.27833333333333332,890.67,824.16,3286.56,98]
["SK",8,"FV","Klient 97","2017-11-17","2017-11-17","2017-12-08","S","P:GR4",5,2000,"szt",0.33499999999999996,670,614.29999999999995,2472.3000000000002,98]
["SK",8,"FV","Klient 7","2017-11-17","2017-11-17","2018-01-16","S","P:GR4",1,2400,"szt",0.68500000000000005,1644,1647.04,6066.36,98]
["SK",8,"FV","Klient 7","2017-11-17","2017-11-17","2018-01-16","S","P:GR4",2,5760,"szt",0.51333333333333331,2956.8,2918.24,10910.59,98]
["SK",8,"FV","Klient 7","2017-11-17","2017-11-17","2018-01-16","S","P:GR4",3,1200,"szt",1.32,1584,1519.32,5844.96,98]
["SK",8,"FV","Klient 7","2017-11-17","2017-11-17","2018-01-16","S","P:GR4",4,4800,"szt",0.64833333333333332,3112,3167.2,11483.28,98]
["SK",8,"FV","Klient 7","2017-11-17","2017-11-17","2018-01-16","S","P:GR4",5,12000,"szt",0.11666666666666665,1400,1998,5166,98]
["SK",8,"FV","Klient 7","2017-11-17","2017-11-17","2018-01-16","S","P:GR4",6,18950,"szt",0.12,2274,1847.31,8391.06,98]
["SK",8,"FV","Klient 7","2017-11-17","2017-11-17","2018-01-16","S","P:GR4",7,13800,"szt",8.1666666666666665E-2,1127,864.11,4158.63,98]
["SK",8,"FV","Klient 7","2017-11-17","2017-11-17","2018-01-16","S","P:GR4",8,10000,"szt",0.11666666666666665,1166.67,910.87,4305,98]
["SK",8,"FVK","Klient 9","2017-11-17","2017-03-28","2017-12-17","S","P:GR4",-1,-30800,"szt",3.5833333333333335E-2,-1103.67,-966.09,-4072.53,98]
["SK",8,"FVK","Klient 9","2017-11-17","2017-03-28","2017-12-17","S","P:GR4",1,3800,"szt",3.5833333333333335E-2,136.16999999999999,119.19,502.46,98]
["SK",8,"FV","Klient 34","2017-11-17","2017-11-17","2017-12-01","S","GR5",1,1043.2,"kg",1.1266666666666667,1175.3399999999999,915.55,4337,98]
["SK",8,"FV","Klient 34","2017-11-17","2017-11-17","2017-12-01","S","U:",2,2,"szt",25,50,0,184.5]
["SK",8,"FV","Klient 90","2017-11-17","2017-11-17","2017-12-17","S","GR5",1,4050,"szt",1.1950000000000001,2405.54,2501.0100000000002,8876.43,98]
["SK",8,"FV","Klient 90","2017-11-17","2017-11-17","2017-12-17","S","GR5",2,6368,"szt",1.2366666666666666,3317.98,4581.5600000000004,12243.33,98]
["SK",8,"FVK","Klient 106","2017-11-20","2017-10-25","2018-01-19","S","GR5",-1,-338780,"mb",1.085,-4500.74,-3895.97,-16607.72,88]
["SK",8,"FVK","Klient 106","2017-11-20","2017-10-25","2018-01-19","S","GR5",1,0,"mb",1.085,0,0,0,88]
["SK",8,"FR","Klient 142","2017-11-20","2017-11-20","2017-11-21","S","P:GR4",2,4243.3999999999996,"kg",1.5583333333333333,6612.63,7428.09,24400.61,98]
["SK",8,"FV","Klient 23","2017-11-20","2017-11-20","2018-01-04","S","P:GR4",1,4334,"szt",0.55833333333333335,2419.8200000000002,2487.9299999999998,8929.1200000000008,98]
["SK",8,"FV","Klient 100","2017-11-20","2017-11-20","2018-01-19","S","P:GR4",1,2680,"szt",0.92333333333333334,2474.5300000000002,2555.11,9131.0300000000007,98]
["SK",8,"FV","Klient 100","2017-11-20","2017-11-20","2018-01-19","S","P:GR4",2,2500,"szt",0.92333333333333334,2308.33,2394.33,8517.75,98]
["SK",8,"FV","Klient 143","2017-11-20","2017-11-20","2017-12-11","S","P:GR1",1,4518.8,"kg",1.1416666666666666,5158.96,4252.59,19036.57,98]
["SK",8,"FV","Klient 143","2017-11-20","2017-11-20","2017-12-11","S","P:GR1",2,8000,"mb",1.175,375.53,286.8,1385.71,98]
["SK",8,"FV","Klient 143","2017-11-20","2017-11-20","2017-12-11","S","U:",3,4,"szt",2.1666666666666665,8.67,0,31.98]
["SK",8,"FV","Klient 143","2017-11-20","2017-11-20","2017-12-11","S","U:",4,2,"szt",2.1666666666666665,4.33,0,15.99]
["SK",8,"FV","Klient 144","2017-11-20","2017-11-20","2017-12-11","S","P:GR4",1,19600,"szt",0.16,3136,3475.08,11571.84,98]
["SK",8,"FV","Klient 12","2017-11-20","2017-11-17","2017-12-30","S","P:GR1",1,1987.4,"kg",1.2583333333333333,2500.81,1466.67,9228,98]
["SK",8,"FV","Klient 12","2017-11-20","2017-11-17","2017-12-30","S","P:GR1",2,1827,"kg",1.1916666666666667,2177.1799999999998,1758.85,8033.78,98]
["SK",8,"FV","Klient 12","2017-11-20","2017-11-17","2017-12-30","S","P:GR1",3,1439,"kg",1.1833333333333333,1702.82,1036.99,6283.39,98]
["SK",8,"FVW","Klient 96","2017-11-20","2017-11-18","2018-01-19","S","P:GR3",1,132000,"mb",1.5270833333333333,12698.61,13699.4,46857.88,98]
["SK",8,"FV","Klient 135","2017-11-20","2017-11-20","2018-01-19","S","GR5",1,16000,"mb",0.37166666666666665,5946.67,5163.2,21943.200000000001,98]
["SK",8,"FV","Klient 145","2017-11-20","2017-11-17","2017-12-20","S","P:GR4",1,5250,"szt",0.43333333333333335,2275,1923.86,8394.75,98]
["SK",8,"FV","Klient 54","2017-11-20","2017-11-20","2018-01-19","S","P:GR1",1,4054.4,"kg",1.1333333333333333,4594.99,4111.29,16955.5,98]
["SK",8,"FV","Klient 54","2017-11-20","2017-11-20","2018-01-19","S","P:GR1",2,4010.8,"kg",1.1333333333333333,4545.57,4203.6499999999996,16773.169999999998,98]
["SK",8,"FV","Klient 6","2017-11-20","2017-11-20","2018-01-19","S","P:GR1",1,7460.4,"kg",1.175,8765.9699999999993,7525.81,32346.43,98]
["SK",8,"FV","Klient 7","2017-11-20","2017-11-20","2018-01-19","S","P:GR4",1,1600,"szt",0.73499999999999999,1176,1326.27,4339.4399999999996,98]
["SK",8,"FV","Klient 7","2017-11-20","2017-11-20","2018-01-19","S","P:GR4",2,34000,"szt",2.1666666666666667E-2,736.67,444.83,2718.3,98]
["SK",8,"FV","Klient 7","2017-11-20","2017-11-20","2018-01-19","S","P:GR4",3,3600,"szt",0.10666666666666667,384,396.24,1416.96,98]
["SK",8,"FV","Klient 9","2017-11-20","2017-11-20","2017-12-20","S","P:GR4",1,61800,"szt",2.3166666666666669E-2,1431.7,1269.99,5282.97,98]
["SK",8,"FV","Klient 53","2017-11-20","2017-11-20","2018-01-19","S","P:GR4",1,5000,"szt",0.62333333333333341,3116.67,3087.67,11500.5,98]
["SK",8,"FV","Klient 53","2017-11-20","2017-11-20","2018-01-19","S","GR5",2,6000,"szt",2.4999999999999998E-2,150,133.19999999999999,553.5,98]
["SK",8,"FV","Klient 120","2017-11-20","2017-11-20","2017-12-20","S","P:GR1",1,7257,"kg",1.0083333333333333,7317.48,4848.87,27001.49,98]
["SK",8,"FV","Klient 120","2017-11-20","2017-11-20","2017-12-20","S","P:GR1",2,7203.6,"kg",1.0083333333333333,7263.63,4782.1899999999996,26802.79,98]
["SK",8,"FO","Klient 66","2017-11-20","2017-11-16","2017-11-27","S","U:",1,3240,"kg",1.6666666666666666E-2,54,0,162]
["SK",8,"PF","Klient 146","2017-11-20","2017-11-20","2017-11-20","S","GR5",1,396,"m2",0.10833333333333334,42.93,40.090000000000003,158.4,98]
["SK",8,"FO","Klient 11","2017-11-20","2017-11-20","2017-12-20","S","GR5",1,26803.599999999999,"kg",0.35833333333333334,9604.6200000000008,5360.72,28813.87,95]
["SK",8,"PF","Klient 147","2017-11-20","2017-11-20","2017-11-20","S","U:",1,3700,"kg",8.3333333333333332E-3,30.08,0,111]
["SK",8,"FV","Klient 4","2017-11-20","2017-11-20","2017-12-20","S","P:GR4",1,4092,"szt",0.67166666666666675,2748.46,2717.7,10141.82,98]
["SK",8,"FV","Klient 5","2017-11-20","2017-11-20","2018-01-04","S","P:GR4",1,4400,"szt",0.41166666666666668,1811.33,1648.97,6683.82,98]
["SK",8,"FV","Klient 5","2017-11-20","2017-11-20","2018-01-04","S","P:GR4",2,4704,"szt",0.63,2963.52,2682.53,10935.39,98]
["SK",8,"FV","Klient 10","2017-11-20","2017-11-20","2017-12-30","S","P:GR1",1,4076.4,"kg",1.2166666666666666,4959.62,4211.3999999999996,18301,98]
["SK",8,"FV","Klient 86","2017-11-20","2017-11-20","2017-12-20","S","P:GR1",1,4036.4,"kg",0.70000000000000007,2825.48,2130.12,10426.02,98]
["SK",8,"FV","Klient 86","2017-11-20","2017-11-20","2017-12-20","S","P:GR1",2,4069.4,"kg",0.70000000000000007,2848.58,2122.41,10511.26,98]
["SK",8,"FV","Klient 52","2017-11-20","2017-11-20","2017-12-20","S","GR5",1,1200,"szt",0.25666666666666665,308,251.04,1136.52,98]
["SK",8,"FV","Klient 52","2017-11-20","2017-11-20","2017-12-20","S","P:GR4",2,1200,"szt",0.62666666666666659,752,602.72,2774.88,98]
["SK",8,"FV","Klient 52","2017-11-20","2017-11-20","2017-12-20","S","P:GR4",3,6000,"szt",0.70833333333333337,4250,4047.23,15682.5,98]
["SK",8,"FV","Klient 52","2017-11-20","2017-11-20","2017-12-20","S","P:GR4",4,1600,"szt",0.87333333333333341,1397.33,1320.43,5156.16,98]
["SK",8,"FV","Klient 68","2017-11-20","2017-11-20","2018-01-19","S","P:GR1",1,8000,"mb",1.2233333333333334,906.25,838.67,3344.05,98]
["SK",8,"FV","Klient 68","2017-11-20","2017-11-20","2018-01-19","S","P:GR1",2,64000,"mb",1.2233333333333334,7277.85,6265.47,26855.279999999999,98]
["SK",8,"FV","Klient 68","2017-11-20","2017-11-20","2018-01-19","S","P:GR2",3,28000,"mb",1.6048333333333333,15812.79,33113.730000000003,58349.18,98]
["SK",8,"FV","Klient 68","2017-11-20","2017-11-20","2018-01-19","S","P:GR1",4,14000,"mb",1.4281666666666668,7026.58,5755.87,25928.080000000002,98]
["SK",8,"FV","Klient 68","2017-11-20","2017-11-20","2018-01-19","S","P:GR4",5,11890,"szt",0.81333333333333335,9670.5300000000007,6644.92,35684.269999999997,98]
["SK",8,"FV","Klient 15","2017-11-20","2017-11-20","2017-12-20","S","P:GR4",1,26000,"szt",0.46666666666666662,12133.33,10057.23,44772,98]
["SK",8,"FV","Klient 15","2017-11-20","2017-11-20","2017-12-20","S","P:GR4",2,2020,"szt",1.0216666666666667,2063.77,1670.54,7615.3,98]
["SK",8,"FV","Klient 15","2017-11-20","2017-11-20","2017-12-20","S","P:GR4",3,3200,"szt",9.0000000000000011E-2,288,420.8,1062.72,98]
["SK",8,"FV","Klient 15","2017-11-20","2017-11-20","2017-12-20","S","P:GR1",4,9970.58,"mb",4.4166666666666667E-2,440.37,373.73,1624.95,98]
["SK",8,"FV","Klient 15","2017-11-20","2017-11-20","2017-12-20","S","P:GR3",5,19800,"m2",17.599999999999998,1056,1253,3896.64,98]
["SK",8,"FV","Klient 15","2017-11-20","2017-11-20","2017-12-20","S","P:GR4",6,1976,"szt",0.28999999999999998,573.04,498.97,2114.52,98]
["SK",8,"FV","Klient 15","2017-11-20","2017-11-20","2017-12-20","S","P:GR4",7,3300,"szt",0.28999999999999998,957,874.34,3531.33,98]
["SK",8,"FV","Klient 15","2017-11-20","2017-11-20","2017-12-20","S","P:GR4",8,13880,"szt",0.42,5829.6,5006.75,21511.22,98]
["SK",8,"FV","Klient 15","2017-11-20","2017-11-20","2017-12-20","S","P:GR1",9,10000,"mb",4.4166666666666667E-2,441.67,369,1629.75,98]
["SK",8,"FV","Klient 15","2017-11-20","2017-11-20","2017-12-20","S","P:GR4",10,10000,"szt",0.21333333333333335,2133.33,2387.17,7872,98]
["SK",8,"FV","Klient 148","2017-11-20","2017-11-20","2018-01-04","S","P:GR1",1,3025,"kg",1.1266666666666667,3408.17,2878.95,12576.14,98]
["SK",8,"FV","Klient 148","2017-11-20","2017-11-20","2018-01-04","S","P:GR4",2,3280,"szt",0.13833333333333334,453.73,504.15,1674.28,98]
["SK",8,"FV","Klient 76","2017-11-20","2017-11-20","2017-12-11","S","P:GR4",1,4640,"szt",0.61166666666666669,2838.13,2609.0700000000002,10472.709999999999,98]
["SK",8,"FV","Klient 76","2017-11-20","2017-11-20","2017-12-11","S","P:GR4",2,4450,"szt",0.56500000000000006,2514.25,2323.42,9277.58,98]
["SK",8,"FV","Klient 76","2017-11-20","2017-11-20","2017-12-11","S","U:",3,4,"szt",2.1666666666666665,8.67,0,31.98]
["SK",8,"FV","Klient 13","2017-11-21","2017-11-21","2018-01-20","S","T:",1,300,"kg",4.9249999999999998,1477.5,1475,5451.98,93]
["SK",8,"FV","Klient 6","2017-11-21","2017-11-21","2018-01-20","S","GR5",1,994.4,"kg",1.175,1168.42,1002.44,4311.47,98]
["SK",8,"FV","Klient 6","2017-11-21","2017-11-21","2018-01-20","S","P:GR1",2,1181.2,"kg",1.175,1387.91,1293.69,5121.3900000000003,98]
["SK",8,"FV","Klient 6","2017-11-21","2017-11-21","2018-01-20","S","P:GR1",3,1016.8,"kg",1.175,1194.74,1120.02,4408.59,98]
["SK",8,"FV","Klient 6","2017-11-21","2017-11-21","2018-01-20","S","P:GR1",4,1094.4000000000001,"kg",1.1583333333333334,1267.68,1046.76,4677.74,98]
["SK",8,"FV","Klient 149","2017-11-21","2017-11-21","2017-11-21","S","GR5",1,396,"m2",0.10833333333333334,42.9,40.090000000000003,158.30000000000001,98]
["SK",8,"FV","Klient 97","2017-11-21","2017-11-21","2017-12-12","S","P:GR4",1,21240,"szt",9.3333333333333338E-2,1982.4,1906.29,7315.06,98]
["SK",8,"FV","Klient 97","2017-11-21","2017-11-21","2017-12-12","S","P:GR1",2,19200,"mb",0.25,4800,3788.16,17712,98]
["SK",8,"FV","Klient 97","2017-11-21","2017-11-21","2017-12-12","S","P:GR1",3,50430,"mb",2.4999999999999998E-2,1260.75,1032.1300000000001,4652.17,98]
["SK",8,"FV","Klient 97","2017-11-21","2017-11-21","2017-12-12","S","P:GR1",4,4000,"mb",0.13666666666666666,546.66999999999996,439.07,2017.2,98]
["SK",8,"FV","Klient 97","2017-11-21","2017-11-21","2017-12-12","S","P:GR4",5,4200,"szt",0.19333333333333333,812,730.8,2996.28,98]
["SK",8,"FV","Klient 97","2017-11-21","2017-11-21","2017-12-12","S","P:GR4",6,1800,"szt",0.22166666666666668,399,367.36,1472.31,98]
["SK",8,"FV","Klient 97","2017-11-21","2017-11-21","2017-12-12","S","P:GR4",7,3000,"szt",0.27833333333333332,835,772.65,3081.15,98]
["SK",8,"FV","Klient 97","2017-11-21","2017-11-21","2017-12-12","S","P:GR4",8,2120,"szt",0.33499999999999996,710.2,651.16,2620.64,98]
["SK",8,"FVK","Klient 106","2017-11-21","2017-09-25","2018-01-20","S","GR5",-1,-193420,"mb",33.333333333333336,-13432.33,-11776.04,-49565.31,88]
["SK",8,"FVK","Klient 106","2017-11-21","2017-09-25","2018-01-20","S","GR5",1,188840.8,"mb",33.333333333333336,13114.33,11497.25,48391.89,88]
["SK",8,"FV","Klient 122","2017-11-21","2017-11-21","2017-12-12","S","P:GR4",1,21000,"szt",0.36333333333333334,7630,6850.2,28154.7,98]
["SK",8,"FV","Klient 100","2017-11-21","2017-11-21","2018-01-20","S","P:GR4",1,2006,"szt",1.1016666666666668,2209.94,2788.98,8154.69,98]
["SK",8,"FV","Klient 100","2017-11-21","2017-11-21","2018-01-20","S","P:GR4",2,2500,"szt",1.1016666666666668,2754.17,3212.38,10162.879999999999,98]
["SK",8,"FV","Klient 53","2017-11-21","2017-11-21","2018-01-20","S","P:GR1",1,4863.6000000000004,"kg",1.3583333333333334,6606.39,5699,24377.58,98]
["SK",8,"FV","Klient 150","2017-11-21","2017-11-21","2017-12-21","S","P:GR4",1,3480,"szt",1.155,4019.4,3505.11,14831.59,98]
["SK",8,"FV","Klient 48","2017-11-21","2017-11-21","2018-02-19","S","P:GR1",1,11020,"kg",1.1500000000000001,12673,10394.620000000001,46763.37,98]
["SK",8,"FV","Klient 48","2017-11-21","2017-11-21","2018-02-19","S","P:GR1",2,5734.8,"kg",1.1500000000000001,6595.02,5480.75,24335.62,98]
["SK",8,"FV","Klient 48","2017-11-21","2017-11-21","2018-02-19","S","P:GR1",3,2115.1999999999998,"kg",1.1500000000000001,2432.48,2166.85,8975.85,98]
["SK",8,"FV","Klient 27","2017-11-21","2017-11-21","2018-01-20","S","P:GR1",1,810.6,"kg",1.3623333333333332,1104.31,899.25,4074.89,86]
["SK",8,"FO","Klient 66","2017-11-21","2017-11-21","2017-11-28","S","U:",1,980,"kg",4.1666666666666664E-2,40.83,0,122.5]
["SK",8,"FV","Klient 5","2017-11-21","2017-11-21","2018-01-05","S","P:GR4",1,4156,"szt",0.42166666666666663,1752.45,1552.4,6466.53,98]
["SK",8,"FV","Klient 102","2017-11-21","2017-11-21","2017-12-21","S","GR5",1,2090,"kg",1.2150000000000001,2539.35,1838.57,9370.2000000000007,98]
["SK",8,"FV","Klient 125","2017-11-21","2017-11-21","2017-12-21","S","P:GR3",1,972,"kg",1.6333333333333335,1587.6,1848.55,5858.24,98]
["SK",8,"FV","Klient 125","2017-11-21","2017-11-21","2017-12-21","S","P:GR3",2,977,"kg",1.6333333333333335,1595.77,1847.72,5888.38,98]
["SK",8,"FV","Klient 125","2017-11-21","2017-11-21","2017-12-21","S","P:GR3",3,940,"kg",1.6333333333333335,1535.33,1805.08,5665.38,98]
["SK",8,"FV","Klient 1","2017-11-21","2017-11-21","2018-01-20","S","P:GR4",1,125200,"szt",5.1666666666666666E-2,6468.67,5026.78,23869.38,98]
["SK",8,"FV","Klient 60","2017-11-21","2017-11-21","2018-01-05","S","P:GR1",1,2141.4,"kg",1.2583333333333333,2694.6,2651.05,9943.06,98]
["SK",8,"FV","Klient 60","2017-11-21","2017-11-21","2018-01-05","S","P:GR1",2,3481.2,"kg",1.2716666666666667,4426.93,3735.56,16335.36,98]
["SK",8,"FV","Klient 104","2017-11-21","2017-11-21","2018-01-30","S","P:GR1",1,2067.6,"kg",1.25,2584.5,2198.0700000000002,9536.81,98]
["SK",8,"FV","Klient 151","2017-11-21","2017-11-21","2017-12-21","S","P:GR1",1,1499,"kg",1.2666666666666666,1898.73,1409.53,7006.33,98]
["SK",8,"FV","Klient 152","2017-11-21","2017-11-21","2018-01-20","S","P:GR4",1,1650,"szt",1.175,1938.75,1951.47,7153.99,98]
["SK",8,"FVW","Klient 13","2017-11-21","2017-11-21","2017-12-05","S","T:",1,5500,"kg",0.8223166666666667,4522.74,4519.78,16688.919999999998,93]
["SK",8,"PF","Klient 153","2017-11-21","2017-11-21","2017-11-21","S","U:",1,3800,"kg",8.3333333333333332E-3,30.89,0,114]
["SK",8,"PF","Klient 154","2017-11-21","2017-11-21","2017-11-21","S","U:",1,3700,"kg",8.3333333333333332E-3,30.08,0,111]
["SK",8,"FVK","Klient 15","2017-11-21","2017-09-25","2017-12-21","S","P:GR4",-1,-2260,"szt",0.20333333333333334,-459.53,-416.44,-1695.68,98]
["SK",8,"FVK","Klient 15","2017-11-21","2017-09-25","2017-12-21","S","P:GR4",1,6,"szt",0.20333333333333334,1.22,1.1100000000000001,4.5,98]
["SK",8,"FVUK","Klient 79","2017-11-21","2017-11-08","2017-12-21","S","P:GR4",-1,-10000,"szt",1.2366666666666666,-5258.31,-7141.33,-19403.150000000001,98]
["SK",8,"FVUK","Klient 79","2017-11-21","2017-11-08","2017-12-21","S","P:GR4",1,10000,"szt",1.1995,5100.2700000000004,7141.33,18820.009999999998,98]
["SK",8,"FV","Klient 6","2017-11-21","2017-11-21","2018-01-20","S","P:GR1",1,3171.6,"kg",1.1916666666666667,3779.49,3182.91,13946.32,98]
["SK",8,"FV","Klient 6","2017-11-21","2017-11-21","2018-01-20","S","P:GR1",2,7776,"kg",1.1916666666666667,9266.4,7803.73,34193.019999999997,98]
["SK",8,"FV","Klient 6","2017-11-21","2017-11-21","2018-01-20","S","P:GR1",3,4092,"kg",1.2083333333333333,4944.5,4335.68,18245.21,98]
["SK",8,"FV","Klient 98","2017-11-21","2017-11-21","2018-01-05","S","GR5",1,7310.8,"kg",1.1266666666666667,8236.83,6592.63,30393.919999999998,98]
["SK",8,"FV","Klient 98","2017-11-21","2017-11-21","2018-01-05","S","GR5",2,2392.8000000000002,"kg",1.1266666666666667,2695.89,2195.5100000000002,9947.82,98]
["SK",8,"FV","Klient 98","2017-11-21","2017-11-21","2018-01-05","S","GR5",3,6000,"szt",0.12,720,724.1,2656.8,98]
["SK",8,"FV","Klient 98","2017-11-21","2017-11-21","2018-01-05","S","GR5",4,2410.6,"kg",1.1266666666666667,2715.94,2243.34,10021.83,98]
["SK",8,"FV","Klient 98","2017-11-21","2017-11-21","2018-01-05","S","GR5",5,6004.6,"kg",1.1266666666666667,6765.18,5673.75,24963.53,98]
["SK",8,"FV","Klient 98","2017-11-21","2017-11-21","2018-01-05","S","GR5",6,4140,"szt",0.13833333333333334,572.70000000000005,636.33000000000004,2113.2600000000002,98]
["SK",8,"FV","Klient 16","2017-11-21","2017-11-21","2018-01-20","S","P:GR1",1,2030.8,"kg",0.68333333333333324,1387.71,1027.3499999999999,5120.66,98]
["SK",8,"FV","Klient 16","2017-11-21","2017-11-21","2018-01-20","S","P:GR4",2,2981.44,"kg",0.68333333333333324,2037.32,2115.29,7517.7,98]
["SK",8,"FV","Klient 16","2017-11-21","2017-11-21","2018-01-20","S","P:GR4",3,3000.8,"kg",0.68333333333333324,2050.5500000000002,2083.92,7566.52,98]
["SK",8,"FV","Klient 16","2017-11-21","2017-11-21","2018-01-20","S","P:GR4",4,2006,"kg",0.68333333333333324,1370.77,1408.82,5058.13,98]
["SK",8,"FV","Klient 16","2017-11-21","2017-11-21","2018-01-20","S","P:GR4",5,1217.08,"kg",0.68333333333333324,831.67,862.2,3068.86,98]
["SK",8,"FV","Klient 16","2017-11-21","2017-11-21","2018-01-20","S","P:GR4",6,1260.08,"kg",0.68333333333333324,861.05,887.43,3177.29,98]
["SK",8,"FV","Klient 16","2017-11-21","2017-11-21","2018-01-20","S","P:GR4",7,2048.44,"kg",0.68333333333333324,1399.77,1425.13,5165.1400000000003,98]
["SK",8,"FV","Klient 88","2017-11-21","2017-11-20","2017-12-21","S","P:GR1",1,670.2,"kg",1.165,780.78,688.86,2881.09,98]
["SK",8,"FV","Klient 88","2017-11-21","2017-11-20","2017-12-21","S","U:",2,2,"szt",2.1666666666666665,4.33,0,15.99]
["SK",8,"FV","Klient 12","2017-11-21","2017-11-20","2017-12-31","S","P:GR4",1,5319.96,"kg",1.4000000000000001,7447.94,7202.7,27482.91,98]
["SK",8,"FV","Klient 12","2017-11-21","2017-11-20","2017-12-31","S","P:GR4",2,5807.8,"kg",1.4000000000000001,8130.92,7751.33,30003.09,98]
["SK",8,"FV","Klient 12","2017-11-21","2017-11-20","2017-12-31","S","P:GR4",3,3439.98,"kg",1.4000000000000001,4815.97,4675.51,17770.939999999999,98]
["SK",8,"FV","Klient 12","2017-11-21","2017-11-20","2017-12-31","S","P:GR4",4,424.4,"kg",1.4000000000000001,594.16,583.84,2192.4499999999998,98]
["SK",8,"FV","Klient 15","2017-11-22","2017-11-21","2017-12-22","S","P:GR1",1,4000,"mb",8.5000000000000006E-2,340,234.6,1254.5999999999999,98]
["SK",8,"FV","Klient 15","2017-11-22","2017-11-21","2017-12-22","S","P:GR4",2,1070,"szt",0.93166666666666664,996.88,1025.29,3678.5,98]
["SK",8,"FV","Klient 15","2017-11-22","2017-11-21","2017-12-22","S","P:GR4",3,640,"szt",1.3983333333333334,894.93,787.32,3302.3,98]
["SK",8,"FV","Klient 15","2017-11-22","2017-11-21","2017-12-22","S","P:GR4",4,4000,"szt",0.46666666666666662,1866.67,1547.27,6888,98]
["SK",8,"FV","Klient 15","2017-11-22","2017-11-21","2017-12-22","S","P:GR1",5,6000,"mb",6.7166666666666666E-2,403,276,1487.07,98]
["SK",8,"FV","Klient 15","2017-11-22","2017-11-21","2017-12-22","S","P:GR4",6,5940,"szt",0.33166666666666667,1970.1,1694.68,7269.67,98]
["SK",8,"FV","Klient 20","2017-11-22","2017-11-21","2017-12-20","S","P:GR4",1,2336,"szt",0.56166666666666665,1312.05,1287.49,4841.4799999999996,98]
["SK",8,"FV","Klient 7","2017-11-22","2017-11-22","2018-01-21","S","GR5",1,4892,"szt",0.68500000000000005,3351.02,3256.03,12365.26,98]
["SK",8,"FV","Klient 7","2017-11-22","2017-11-22","2018-01-21","S","P:GR4",2,2880,"szt",0.51333333333333331,1478.4,1459.12,5455.3,98]
["SK",8,"FV","Klient 7","2017-11-22","2017-11-22","2018-01-21","S","P:GR4",3,23130,"szt",0.11666666666666665,2698.5,3851.15,9957.4699999999993,98]
["SK",8,"FV","Klient 7","2017-11-22","2017-11-22","2018-01-21","S","P:GR4",4,12000,"szt",5.5E-2,660,653,2435.4,98]
["SK",8,"FV","Klient 101","2017-11-22","2017-11-22","2018-01-06","S","P:GR3",1,12587.2,"kg",1.3416666666666668,16887.830000000002,18073.97,62316.08,98]
["SK",8,"FV","Klient 155","2017-11-22","2017-11-22","2017-12-06","S","P:GR4",1,10300,"szt",9.8333333333333328E-2,1012.83,872.24,3737.36,98]
["SK",8,"FV","Klient 12","2017-11-22","2017-11-21","2018-01-01","S","P:GR4",1,2444.1999999999998,"kg",1.4000000000000001,3421.88,3262.12,12626.74,98]
["SK",8,"FV","Klient 12","2017-11-22","2017-11-21","2018-01-01","S","P:GR4",2,2010,"kg",1.4000000000000001,2814,2731.93,10383.66,98]
["SK",8,"FV","Klient 12","2017-11-22","2017-11-21","2018-01-01","S","P:GR1",3,4372,"kg",1.1704999999999999,5117.43,2968.92,18883.3,98]
["SK",8,"FV","Klient 12","2017-11-22","2017-11-21","2018-01-01","S","P:GR1",4,4147.3999999999996,"kg",1.1833333333333333,4907.76,2993.58,18109.62,98]
["SK",8,"FVW","Klient 96","2017-11-22","2017-11-22","2018-01-21","S","P:GR1",1,592000,"mb",59.968683333333331,35501.46,25150.13,131000.39,98]
["SK",8,"FVW","Klient 96","2017-11-22","2017-11-22","2018-01-21","S","P:GR3",1,26400,"mb",1.5226499999999998,2544.04,2739.88,9387.52,98]
["SK",8,"FVW","Klient 96","2017-11-22","2017-11-22","2018-01-21","S","P:GR3",2,60820,"mb",1.8610166666666668,7161.94,6360.76,26427.55,98]
["SK",8,"FV","Klient 68","2017-11-22","2017-11-22","2018-01-21","S","P:GR4",1,20240,"szt",0.6283333333333333,12717.47,12423.31,46927.45,98]
["SK",8,"FV","Klient 68","2017-11-22","2017-11-22","2018-01-21","S","P:GR4",2,20240,"szt",0.6283333333333333,12717.47,12457.72,46927.45,98]
["SK",8,"FV","Klient 156","2017-11-22","2017-11-21","2017-11-29","S","P:GR1",1,83.8,"kg",0.5,41.9,73.33,154.61000000000001,98]
["SK",8,"FO","Klient 11","2017-11-22","2017-11-22","2017-12-22","S","GR5",1,5601.98,"kg",0.35833333333333334,2007.38,1120.4000000000001,6022.13,95]
["SK",8,"FO","Klient 11","2017-11-22","2017-11-22","2017-12-22","S","GR5",2,38833.14,"kg",0.35833333333333334,13915.21,7766.63,41745.629999999997,95]
["SK",8,"FR","Klient 157","2017-11-22","2017-11-22","2017-11-23","S","P:GR1",2,2074.4,"kg",1.1583333333333334,2402.85,1962.72,8866.5,98]
["SK",8,"FR","Klient 157","2017-11-22","2017-11-22","2017-11-23","S","U:",3,2,"szt",2.1666666666666665,4.33,0,15.99]
["SK",8,"FV","Klient 4","2017-11-22","2017-11-22","2017-12-22","S","P:GR4",1,3180,"szt",0.83666666666666656,2660.6,2603.6799999999998,9817.61,98]
["SK",8,"FV","Klient 93","2017-11-22","2017-11-22","2017-12-06","S","P:GR1",1,499,"kg",1.3566666666666667,676.98,509.17,2498.04,98]
["SK",8,"FV","Klient 93","2017-11-22","2017-11-22","2017-12-06","S","U:",2,2,"szt",2.1666666666666665,4.33,0,15.99]
["SK",8,"FV","Klient 93","2017-11-22","2017-11-22","2017-12-06","S","U:",3,2,"szt",25,50,0,184.5]
["SK",8,"FV","Klient 72","2017-11-22","2017-11-22","2017-12-22","S","P:GR4",1,10100,"szt",0.21333333333333335,2154.67,1518.2,7950.72,98]
["SK",8,"FV","Klient 72","2017-11-22","2017-11-22","2017-12-22","S","P:GR4",2,10300,"szt",0.21333333333333335,2197.33,1418.83,8108.16,98]
["SK",8,"FV","Klient 9","2017-11-22","2017-11-22","2017-12-22","S","GR5",1,84000,"szt",10.5,882,911.4,3254.58,98]
["SK",8,"FV","Klient 20","2017-11-22","2017-11-22","2017-12-20","S","P:GR4",1,20200,"szt",0.10166666666666667,2053.67,1980.95,7578.03,98]
["SK",8,"FV","Klient 31","2017-11-22","2017-11-22","2017-12-22","S","P:GR2",1,806.48,"kg",1.55,1250.04,1372.53,4612.66,98]
["SK",8,"FV","Klient 5","2017-11-22","2017-11-22","2018-01-06","S","P:GR4",1,3940,"szt",0.72499999999999998,2856.5,2738.23,10540.49,98]
["SK",8,"FV","Klient 48","2017-11-22","2017-11-22","2018-02-20","S","P:GR1",1,2765.6,"kg",1.2416666666666667,3433.95,2969.52,12671.29,98]
["SK",8,"FV","Klient 48","2017-11-22","2017-11-22","2018-02-20","S","P:GR1",2,4762.8,"kg",1.1500000000000001,5477.22,4699.6899999999996,20210.939999999999,98]
["SK",8,"FR","Klient 158","2017-11-23","2017-11-22","2017-11-24","S","P:GR4",2,860,"szt",1.75,1505,1320.72,5553.45,98]
["SK",8,"FV","Klient 6","2017-11-23","2017-11-23","2018-01-22","S","GR5",4,907.6,"kg",1.175,1066.43,914.94,3935.13,98]
["SK",8,"FV","Klient 6","2017-11-23","2017-11-23","2018-01-22","S","GR5",5,994.4,"kg",1.175,1168.42,1002.44,4311.47,98]
["SK",8,"FV","Klient 6","2017-11-23","2017-11-23","2018-01-22","S","GR5",1,1901.2,"kg",1.175,2233.91,1916.57,8243.1299999999992,98]
["SK",8,"FV","Klient 6","2017-11-23","2017-11-23","2018-01-22","S","GR5",2,1623.2,"kg",1.175,1907.26,1808.53,7037.79,98]
["SK",8,"FV","Klient 6","2017-11-23","2017-11-23","2018-01-22","S","GR5",3,1992.8,"kg",1.175,2341.54,2008.91,8640.2800000000007,98]
["SK",8,"FV","Klient 74","2017-11-23","2017-11-07","2017-12-23","S","P:GR1",1,221.2,"kg",1.345,297.51,409.99,1097.82,98]
["SK",8,"FR","Klient 159","2017-11-23","2017-11-23","2017-11-24","S","P:GR1",2,2009.6,"kg",1.2,2411.52,2081.11,8898.51,98]
["SK",8,"FR","Klient 46","2017-11-23","2017-11-23","2017-11-27","S","P:GR4",2,120000,"szt",1.0833333333333334E-2,1300.81,1088,4800,98]
["SK",8,"FR","Klient 46","2017-11-23","2017-11-23","2017-11-27","S","U:",3,2,"szt",166.66666666666666,333.33,0,1230]
["SK",8,"FO","Klient 66","2017-11-23","2017-11-23","2017-11-30","S","U:",1,3380,"kg",1.6666666666666666E-2,56.33,0,169]
["SK",8,"FV","Klient 37","2017-11-23","2017-11-23","2017-12-23","S","P:GR4",1,8400,"szt",0.19999999999999998,1680,1540.42,6199.2,98]
["SK",8,"FV","Klient 37","2017-11-23","2017-11-23","2017-12-23","S","P:GR4",2,28160,"szt",1.6666666666666666E-2,469.33,351.53,1731.84,98]
["SK",8,"FV","Klient 37","2017-11-23","2017-11-23","2017-12-23","S","P:GR4",3,20900,"szt",0.03,627,489.76,2313.63,98]
["SK",8,"FV","Klient 37","2017-11-23","2017-11-23","2017-12-23","S","P:GR4",4,6106,"szt",0.21833333333333335,1333.14,1222.01,4919.3,98]
["SK",8,"FV","Klient 15","2017-11-23","2017-11-23","2017-12-23","S","P:GR4",1,1400,"szt",1.5816666666666668,2214.33,1851.97,8170.89,98]
["SK",8,"FV","Klient 15","2017-11-23","2017-11-23","2017-12-23","S","P:GR4",2,1200,"szt",0.79,948,841.34,3498.12,98]
["SK",8,"FV","Klient 15","2017-11-23","2017-11-23","2017-12-23","S","P:GR4",3,1260,"szt",1.1850000000000001,1493.1,1227.58,5509.54,98]
["SK",8,"FV","Klient 15","2017-11-23","2017-11-23","2017-12-23","S","P:GR4",4,10000,"szt",0.20333333333333334,2033.33,1658.17,7503,98]
["SK",8,"FV","Klient 47","2017-11-23","2017-11-23","2017-12-23","S","P:GR1",1,2038.2,"kg",1.0816666666666668,2204.65,1820.75,8135.17,98]
["SK",8,"FV","Klient 47","2017-11-23","2017-11-23","2017-12-23","S","P:GR1",2,2051.8000000000002,"kg",1.115,2287.7600000000002,1928.09,8441.82,98]
["SK",8,"FV","Klient 126","2017-11-23","2017-11-23","2018-01-22","S","P:GR4",1,4160,"szt",0.23333333333333331,970.67,931.78,3581.76,98]
["SK",8,"FV","Klient 104","2017-11-23","2017-11-23","2018-02-01","S","P:GR1",1,2138,"kg",1.1666666666666667,2494.33,2323.4,9204.09,98]
["SK",8,"FV","Klient 62","2017-11-23","2017-11-23","2017-12-14","S","P:GR4",1,19880,"szt",6.1666666666666668E-2,1225.93,870.41,4523.6899999999996,98]
["SK",8,"FV","Klient 62","2017-11-23","2017-11-23","2017-12-14","S","P:GR4",1,20000,"szt",6.1666666666666668E-2,1233.33,879.33,4551,98]
["SK",8,"FV","Klient 160","2017-11-23","2017-11-23","2017-12-23","S","P:GR4",1,4670,"szt",1.5333333333333332,7160.67,7814.39,26422.86,98]
["SK",8,"FV","Klient 85","2017-11-23","2017-11-22","2018-01-22","S","P:GR2",1,1982,"kg",1.5416666666666667,3055.58,2716.1,11275.1,98]
["SK",8,"FV","Klient 85","2017-11-23","2017-11-22","2018-01-22","S","P:GR2",2,1946,"kg",1.5333333333333332,2983.87,2711.91,11010.47,98]
["SK",8,"FV","Klient 159","2017-11-23","2017-11-22","2017-11-24","S","P:GR1",1,2067.1999999999998,"kg",1.2,2480.64,1984.62,9153.56,98]
["SK",8,"PF","Klient 161","2017-11-23","2017-11-23","2017-11-23","S","GR5",1,396,"m2",0.10833333333333334,42.93,40.090000000000003,158.4,98]
["SK",8,"FV","Klient 162","2017-11-23","2017-11-23","2017-11-23","S","GR5",1,396,"m2",0.10833333333333334,42.9,40.090000000000003,158.30000000000001,98]
["SK",8,"FV","Klient 12","2017-11-24","2017-11-24","2018-01-03","S","P:GR1",1,6337,"kg",1.1833333333333333,7498.78,4375.34,27670.51,98]
["SK",8,"FV","Klient 12","2017-11-24","2017-11-24","2018-01-03","S","P:GR1",2,1568,"kg",1.2916666666666667,2025.33,1685.85,7473.48,98]
["SK",8,"FV","Klient 12","2017-11-24","2017-11-24","2018-01-03","S","P:GR1",3,1071.5999999999999,"kg",1.1916666666666667,1276.99,1020.89,4712.09,98]
["SK",8,"FV","Klient 70","2017-11-24","2017-11-24","2017-12-24","S","P:GR1",1,1470.4,"kg",0.66666666666666663,980.27,805.83,3617.18,98]
["SK",8,"FV","Klient 148","2017-11-24","2017-11-24","2018-01-08","S","P:GR1",1,3004,"kg",1.1266666666666667,3384.51,2858.96,12488.83,98]
["SK",8,"FVUK","Klient 95","2017-11-24","2017-11-10","2017-12-24","S","P:GR4",-1,-10000,"szt",1.2366666666666666,-5260.78,-7141.33,-19412.28,98]
["SK",8,"FVUK","Klient 95","2017-11-24","2017-11-10","2017-12-24","S","P:GR4",1,10000,"szt",1.1995,5102.67,7141.33,18828.86,98]
["SK",8,"FO","Klient 11","2017-11-24","2017-11-24","2017-12-24","S","GR5",1,19052.48,"kg",0.35833333333333334,6827.14,3810.5,20481.419999999998,95]
["SK",8,"FV","Klient 4","2017-11-24","2017-11-24","2017-12-24","S","P:GR4",1,500,"szt",1.6449999999999998,822.5,784.25,3035.03,98]
["SK",8,"FV","Klient 4","2017-11-24","2017-11-24","2017-12-24","S","P:GR4",1,3232,"szt",0.87,2811.84,2751.62,10375.69,98]
["SK",8,"FV","Klient 15","2017-11-24","2017-11-24","2017-12-24","S","P:GR4",1,10590,"szt",0.21333333333333335,2259.1999999999998,2515.3000000000002,8336.4500000000007,98]
["SK",8,"FV","Klient 15","2017-11-24","2017-11-24","2017-12-24","S","P:GR4",2,12874,"szt",0.28999999999999998,3733.46,3295.96,13776.47,98]
["SK",8,"FV","Klient 15","2017-11-24","2017-11-24","2017-12-24","S","P:GR1",3,4309.84,"mb",7.3999999999999996E-2,318.93,209.32,1176.8399999999999,98]
["SK",8,"FV","Klient 15","2017-11-24","2017-11-24","2017-12-24","S","GR5",4,10000,"mb",4.4166666666666667E-2,441.67,369,1629.75,98]
["SK",8,"FV","Klient 15","2017-11-24","2017-11-24","2017-12-24","S","P:GR4",5,6200,"szt",0.20333333333333334,1260.67,1031.27,4651.8599999999997,98]
["SK",8,"FV","Klient 15","2017-11-24","2017-11-24","2017-12-24","S","P:GR4",6,4020,"szt",0.93666666666666665,3765.4,3056.34,13894.33,98]
["SK",8,"FV","Klient 15","2017-11-24","2017-11-24","2017-12-24","S","P:GR4",7,630,"szt",1.1916666666666667,750.75,647.86,2770.27,98]
["SK",8,"FV","Klient 15","2017-11-24","2017-11-24","2017-12-24","S","P:GR1",8,6000,"mb",0.13250000000000001,795,519.6,2933.55,98]
["SK",8,"FV","Klient 31","2017-11-24","2017-11-24","2017-12-24","S","P:GR2",1,6295.2,"kg",1.55,9757.56,9950.11,36005.4,98]
["SK",8,"FV","Klient 65","2017-11-24","2017-11-24","2018-01-08","S","P:GR1",1,201600,"mb",1.1816666666666666,10214.56,8803.2000000000007,37691.74,98]
["SK",8,"FV","Klient 65","2017-11-24","2017-11-24","2018-01-08","S","P:GR1",2,201600,"mb",1.1816666666666666,8537.7800000000007,7311.36,31504.400000000001,98]
["SK",8,"FV","Klient 79","2017-11-24","2017-11-24","2017-12-24","S","P:GR1",1,30567.599999999999,"kg",1.3066666666666666,39941.660000000003,30453.71,147384.74,98]
["SK",8,"FV","Klient 79","2017-11-24","2017-11-24","2017-12-24","S","P:GR1",2,1065.2,"kg",1.3066666666666666,1391.86,1400.52,5135.96,98]
["SK",8,"FV","Klient 88","2017-11-24","2017-11-23","2017-12-24","S","P:GR1",1,1284.2,"kg",1.165,1496.09,1228.45,5520.58,98]
["SK",8,"FV","Klient 88","2017-11-24","2017-11-23","2017-12-24","S","U:",2,2,"szt",2.1666666666666665,4.33,0,15.99]
["SK",8,"FV","Klient 97","2017-11-24","2017-11-24","2017-12-15","S","P:GR4",1,10120,"szt",7.3333333333333334E-2,742.13,688.5,2738.47,98]
["SK",8,"FV","Klient 5","2017-11-24","2017-11-24","2018-01-08","S","P:GR4",1,2000,"szt",0.60499999999999998,1210,1162.8,4464.8999999999996,98]
["SK",8,"FR","Klient 163","2017-11-24","2017-11-24","2017-11-25","S","P:GR1",2,14400,"m2",0.20833333333333334,3000,2119.44,11070,98]
["SK",8,"PF","Klient 164","2017-11-24","2017-11-24","2017-11-24","S","GR5",1,396,"m2",0.10833333333333334,42.93,40.090000000000003,158.4,98]
["SK",8,"FV","Klient 85","2017-11-24","2017-11-23","2018-01-23","S","P:GR2",1,2026.8,"kg",1.5083333333333335,3057.09,2730.96,11280.66,98]
["SK",8,"FV","Klient 85","2017-11-24","2017-11-23","2018-01-23","S","P:GR2",2,2027.6,"kg",1.5083333333333335,3058.3,2859.29,11285.11,98]
["SK",8,"FV","Klient 165","2017-11-24","2017-11-23","2017-12-01","S","GR5",1,90.72,"kg",1.0833333333333333,98.28,0,362.65,98]
["SK",8,"FV","Klient 166","2017-11-25","2017-11-25","2017-11-25","S","P:GR1",1,637.4,"kg",1.1500000000000001,733.01,616.59,2704.81,98]
["SK",8,"FV","Klient 167","2017-11-27","2017-11-27","2017-12-11","S","P:GR1",1,6540,"kg",1.345,8796.2999999999993,7643.42,32458.35,98]
["SK",8,"FV","Klient 69","2017-11-27","2017-11-27","2017-12-27","S","P:GR3",1,5892.72,"kg",1.3,7660.54,9728,28267.38,98]
["SK",8,"FV","Klient 69","2017-11-27","2017-11-27","2017-12-27","S","P:GR3",2,2037.48,"kg",1.4166666666666667,2886.43,3697.27,10650.93,98]
["SK",8,"FV","Klient 52","2017-11-27","2017-11-27","2017-12-27","S","P:GR4",1,2000,"szt",0.70833333333333337,1416.67,1342.8,5227.5,98]
["SK",8,"FV","Klient 52","2017-11-27","2017-11-27","2017-12-27","S","P:GR4",2,2000,"szt",0.87333333333333341,1746.67,1651.43,6445.2,98]
["SK",8,"FV","Klient 52","2017-11-27","2017-11-27","2017-12-27","S","GR5",3,1500,"szt",0.25666666666666665,385,313.8,1420.65,98]
["SK",8,"FV","Klient 52","2017-11-27","2017-11-27","2017-12-27","S","P:GR4",4,1200,"szt",0.62666666666666659,752,611.17999999999995,2774.88,98]
["SK",8,"FV","Klient 86","2017-11-27","2017-11-27","2017-12-27","S","P:GR1",1,4101.3999999999996,"kg",0.70000000000000007,2870.98,2148.23,10593.92,98]
["SK",8,"FV","Klient 68","2017-11-27","2017-11-27","2018-01-26","S","P:GR1",1,37648,"mb",1.4183333333333332,21367.19,17919.189999999999,78844.94,98]
["SK",8,"FV","Klient 98","2017-11-27","2017-11-27","2018-01-11","S","P:GR1",1,4803,"kg",1.1266666666666667,5411.38,4412.84,19967.990000000002,98]
["SK",8,"FV","Klient 98","2017-11-27","2017-11-27","2018-01-11","S","P:GR1",2,15668.8,"kg",1.1266666666666667,17653.509999999998,14337.74,65141.46,98]
["SK",8,"FV","Klient 98","2017-11-27","2017-11-27","2018-01-11","S","P:GR1",3,2397.6,"kg",1.1266666666666667,2701.3,2265.4899999999998,9967.7800000000007,98]
["SK",8,"FV","Klient 98","2017-11-27","2017-11-27","2018-01-11","S","P:GR1",1,10829.8,"kg",1.1266666666666667,12201.57,9952.2199999999993,45023.81,98]
["SK",8,"FV","Klient 98","2017-11-27","2017-11-27","2018-01-11","S","P:GR1",2,4810,"kg",1.1266666666666667,5419.27,4431.05,19997.09,98]
["SK",8,"FV","Klient 121","2017-11-27","2017-11-27","2018-02-25","S","P:GR4",1,8400,"szt",1.5666666666666667,13160,13047.16,48560.4,98]
["SK",8,"FV","Klient 15","2017-11-27","2017-11-27","2017-12-27","S","P:GR4",1,616,"szt",1.5333333333333332,944.53,876.58,3485.33,98]
["SK",8,"FV","Klient 15","2017-11-27","2017-11-27","2017-12-27","S","P:GR1",2,2000,"mb",6.5500000000000003E-2,131,85.57,483.39,98]
["SK",8,"FV","Klient 15","2017-11-27","2017-11-27","2017-12-27","S","P:GR4",3,10160,"szt",0.06,609.6,474.81,2249.42,98]
["SK",8,"FV","Klient 15","2017-11-27","2017-11-27","2017-12-27","S","P:GR1",4,20000,"mb",0.125,2500,1664.33,9225,98]
["SK",8,"FV","Klient 15","2017-11-27","2017-11-27","2017-12-27","S","P:GR1",5,10000,"mb",4.4166666666666667E-2,441.67,367.33,1629.75,98]
["SK",8,"FV","Klient 15","2017-11-27","2017-11-27","2017-12-27","S","P:GR4",6,2040,"szt",0.20333333333333334,414.8,343.03,1530.61,98]
["SK",8,"FV","Klient 15","2017-11-27","2017-11-27","2017-12-27","S","P:GR4",7,2028,"szt",0.22,446.16,416.82,1646.33,98]
["SK",8,"FV","Klient 15","2017-11-27","2017-11-27","2017-12-27","S","P:GR4",8,2096,"szt",0.5,1048,963.5,3867.12,98]
["SK",8,"FV","Klient 15","2017-11-27","2017-11-27","2017-12-27","S","P:GR1",9,56000,"mb",0.18999999999999997,10640,3403.87,39261.599999999999,98]
["SK",8,"FV","Klient 168","2017-11-27","2017-11-27","2017-11-28","S","P:GR1",1,2494.4,"kg",1.3816666666666666,3446.43,2869.76,12717.33,98]
["SK",8,"FV","Klient 168","2017-11-27","2017-11-27","2017-11-28","S","P:GR1",2,470.8,"kg",1.3816666666666666,650.49,723.85,2400.31,98]
["SK",8,"FV","Klient 169","2017-11-27","2017-11-27","2017-12-11","S","P:GR1",2,2093.8000000000002,"kg",0.68333333333333324,1430.76,1163.2,5279.52,98]
["SK",8,"FV","Klient 169","2017-11-27","2017-11-27","2017-12-11","S","P:GR1",1,2074.4,"kg",0.79166666666666663,1642.23,1050.58,6059.84,98]
["SK",8,"FV","Klient 169","2017-11-27","2017-11-27","2017-12-11","S","P:GR1",1,2078.1999999999998,"kg",0.79166666666666663,1645.24,1052.51,6070.95,98]
["SK",8,"FV","Klient 169","2017-11-27","2017-11-27","2017-12-11","S","P:GR1",2,2134.4,"kg",0.68333333333333324,1458.51,1239.1600000000001,5381.89,98]
["SK",8,"FV","Klient 150","2017-11-27","2017-11-27","2017-12-27","S","P:GR4",1,3492,"szt",1.155,4033.26,3566.44,14882.73,98]
["SK",8,"FV","Klient 21","2017-11-27","2017-11-27","2018-01-26","S","P:GR1",1,5439.4,"kg",1.0816666666666668,5883.62,4947.3100000000004,21710.55,98]
["SK",8,"FO","Klient 11","2017-11-27","2017-11-27","2017-12-27","S","GR5",1,6300,"kg",0.35833333333333334,2257.5,1260,6772.5,95]
["SK",8,"FO","Klient 11","2017-11-27","2017-11-27","2017-12-27","S","GR5",2,642,"kg",0.35833333333333334,230.05,128.4,690.15,95]
["SK",8,"FO","Klient 11","2017-11-27","2017-11-27","2017-12-27","S","GR5",3,18895.400000000001,"kg",0.35833333333333334,6770.85,3779.08,20312.560000000001,95]
["SK",8,"FV","Klient 170","2017-11-27","2017-11-27","2017-12-18","S","P:GR4",1,5142,"szt",0.54833333333333334,2819.53,2790.73,10404.07,98]
["SK",8,"FV","Klient 170","2017-11-27","2017-11-27","2017-12-18","S","GR5",2,2230,"szt",0.6216666666666667,1386.32,1345.06,5115.51,98]
["SK",8,"FV","Klient 170","2017-11-27","2017-11-27","2017-12-18","S","P:GR4",3,4912,"szt",0.6216666666666667,3053.63,3012.53,11267.88,98]
["SK",8,"FV","Klient 53","2017-11-27","2017-11-27","2018-01-26","S","GR5",2,3000,"szt",2.4999999999999998E-2,75,66.599999999999994,276.75,98]
["SK",8,"FV","Klient 53","2017-11-27","2017-11-27","2018-01-26","S","GR5",1,4400,"szt",0.62333333333333341,2742.67,2666.77,10120.44,98]
["SK",8,"FV","Klient 5","2017-11-27","2017-11-27","2018-01-11","S","P:GR4",1,4100,"szt",0.44500000000000001,1824.5,1610.72,6732.41,98]
["SK",8,"FV","Klient 5","2017-11-27","2017-11-27","2018-01-11","S","P:GR4",2,4090,"szt",0.44500000000000001,1820.05,1566.71,6715.98,98]
["SK",8,"FV","Klient 5","2017-11-27","2017-11-27","2018-01-11","S","P:GR4",3,2414,"szt",1.0033333333333332,2422.0500000000002,2372.8000000000002,8937.35,98]
["SK",8,"FV","Klient 171","2017-11-27","2017-11-27","2017-12-18","S","P:GR4",1,20000,"szt",0.11833333333333333,2366.67,1978,8733,98]
["SK",8,"FV","Klient 171","2017-11-27","2017-11-27","2017-12-18","S","P:GR4",2,20460,"szt",0.16333333333333333,3341.8,2836.1,12331.24,98]
["SK",8,"FV","Klient 171","2017-11-27","2017-11-27","2017-12-18","S","P:GR4",3,18160,"szt",2.1666666666666667E-2,393.47,445.83,1451.89,98]
["SK",8,"FV","Klient 171","2017-11-27","2017-11-27","2017-12-18","S","P:GR4",4,20000,"szt",3.4999999999999996E-2,700,592.66999999999996,2583,98]
["SK",8,"FV","Klient 171","2017-11-27","2017-11-27","2017-12-18","S","P:GR4",5,20550,"szt",4.9999999999999996E-2,1027.5,830.91,3791.48,98]
["SK",8,"FV","Klient 171","2017-11-27","2017-11-27","2017-12-18","S","P:GR4",6,20400,"szt",4.9999999999999996E-2,1020,991.44,3763.8,98]
["SK",8,"FV","Klient 52","2017-11-27","2017-11-27","2017-12-27","S","GR5",1,1200,"szt",0.25666666666666665,308,251.04,1136.52,98]
["SK",8,"FV","Klient 52","2017-11-27","2017-11-27","2017-12-27","S","P:GR4",2,4000,"szt",0.70833333333333337,2833.33,2694.6,10455,98]
["SK",8,"FV","Klient 172","2017-11-27","2017-11-25","2018-01-26","S","P:GR1",1,109.6,"kg",1.3633333333333333,149.41999999999999,320.25,551.36,98]
["SK",8,"FV","Klient 172","2017-11-27","2017-11-25","2018-01-26","S","P:GR1",2,247.2,"kg",1.4283333333333335,353.08,479.32,1302.8800000000001,98]
["SK",8,"FV","Klient 34","2017-11-27","2017-11-24","2017-12-11","S","P:GR1",1,3139.6,"kg",1.3283333333333334,4170.4399999999996,3739.58,15388.91,98]
["SK",8,"FV","Klient 15","2017-11-27","2017-11-24","2017-12-27","S","P:GR4",10,2080,"szt",0.37833333333333335,786.93,651.87,2903.78,98]
["SK",8,"FV","Klient 15","2017-11-27","2017-11-24","2017-12-27","S","P:GR4",11,20250,"szt",0.20333333333333334,4117.5,3357.79,15193.58,98]
["SK",8,"FV","Klient 15","2017-11-27","2017-11-24","2017-12-27","S","P:GR4",1,8300,"szt",0.16333333333333333,1355.67,1370.33,5002.41,98]
["SK",8,"FV","Klient 15","2017-11-27","2017-11-24","2017-12-27","S","P:GR1",2,10000,"mb",4.4166666666666667E-2,441.67,369.67,1629.75,98]
["SK",8,"FV","Klient 15","2017-11-27","2017-11-24","2017-12-27","S","P:GR1",3,10014.700000000001,"mb",4.4166666666666667E-2,442.32,390.21,1632.15,98]
["SK",8,"FV","Klient 15","2017-11-27","2017-11-24","2017-12-27","S","P:GR4",4,4400,"szt",0.17166666666666666,755.33,602.36,2787.18,98]
["SK",8,"FV","Klient 15","2017-11-27","2017-11-24","2017-12-27","S","P:GR4",5,7000,"szt",0.11666666666666665,816.67,764.4,3013.5,98]
["SK",8,"FV","Klient 15","2017-11-27","2017-11-24","2017-12-27","S","P:GR4",6,1600,"szt",0.125,200,182.16,738,98]
["SK",8,"FV","Klient 15","2017-11-27","2017-11-24","2017-12-27","S","P:GR4",7,1086,"szt",0.57333333333333336,622.64,533.48,2297.54,98]
["SK",8,"FV","Klient 15","2017-11-27","2017-11-24","2017-12-27","S","P:GR4",8,1040,"szt",0.66,686.4,624.67999999999995,2532.8200000000002,98]
["SK",8,"FV","Klient 15","2017-11-27","2017-11-24","2017-12-27","S","P:GR4",9,1054,"szt",0.72499999999999998,764.15,621.74,2819.71,98]
["SK",8,"FVUK","Klient 95","2017-11-28","2017-11-14","2017-12-28","S","P:GR4",-1,-5000,"szt",1.2366666666666666,-2614.31,-3597.33,-9646.82,98]
["SK",8,"FVUK","Klient 95","2017-11-28","2017-11-14","2017-12-28","S","P:GR4",1,5000,"szt",1.1995,2535.7399999999998,3597.33,9356.89,98]
["SK",8,"FV","Klient 13","2017-11-28","2017-11-28","2017-12-12","S","U:",1,2,"szt",127.5,255,0,940.95]
["SK",8,"FV","Klient 13","2017-11-28","2017-11-28","2017-12-12","S","T:",2,33000,"kg",0.86166666666666669,28435,28435.88,104925.15,93]
["SK",8,"FV","Klient 13","2017-11-28","2017-11-28","2017-12-12","S","T:",3,13750,"kg",0.86333333333333329,11870.83,11848.28,43803.38,93]
["SK",8,"FV","Klient 107","2017-11-28","2017-11-28","2017-12-12","S","P:GR4",1,17000,"szt",8.666666666666667E-2,1473.33,1047.77,5436.6,98]
["SK",8,"FV","Klient 107","2017-11-28","2017-11-28","2017-12-12","S","P:GR4",2,12230,"szt",0.3116666666666667,3811.68,3118.24,14065.11,98]
["SK",8,"FV","Klient 98","2017-11-28","2017-11-28","2018-01-12","S","P:GR1",1,18411,"kg",1.1266666666666667,20743.060000000001,16854.27,76541.89,98]
["SK",8,"FV","Klient 98","2017-11-28","2017-11-28","2018-01-12","S","P:GR4",2,216000,"szt",1.1666666666666667E-2,2520,2174.4,9298.7999999999993,98]
["SK",8,"FV","Klient 98","2017-11-28","2017-11-28","2018-01-12","S","P:GR1",3,13275.4,"kg",1.1266666666666667,14956.95,12465.07,55191.15,98]
["SK",8,"FV","Klient 14","2017-11-28","2017-11-28","2018-01-12","S","P:GR1",1,4068,"kg",1.4166666666666667,5763,4712.72,21265.47,98]
["SK",8,"FV","Klient 55","2017-11-28","2017-11-28","2018-01-07","S","P:GR4",1,43400,"szt",6.6666666666666666E-2,2893.33,2570.73,10676.4,98]
["SK",8,"FV","Klient 55","2017-11-28","2017-11-28","2018-01-07","S","P:GR4",2,149760,"szt",0.10666666666666667,15974.4,16456.13,58945.54,98]
["SK",8,"FV","Klient 141","2017-11-28","2017-11-28","2018-01-07","S","P:GR4",1,15352,"szt",6.8333333333333329E-2,1049.05,999.16,3871.01,98]
["SK",8,"FV","Klient 141","2017-11-28","2017-11-28","2018-01-07","S","P:GR4",2,47460,"szt",4.5000000000000005E-2,2135.6999999999998,2036.83,7880.73,98]
["SK",8,"FV","Klient 102","2017-11-28","2017-11-28","2017-12-28","S","GR5",1,2040.4,"kg",1.115,2275.0500000000002,1917.38,8394.92,98]
["SK",8,"FV","Klient 173","2017-11-28","2017-11-28","2017-12-12","S","U:",2,2,"szt",2.1666666666666665,4.33,0,15.99]
["SK",8,"FV","Klient 173","2017-11-28","2017-11-28","2017-12-12","S","P:GR1",1,2148.8000000000002,"kg",1.2,2578.56,1947.98,9514.89,98]
["SK",8,"FV","Klient 120","2017-11-28","2017-11-28","2017-12-28","S","P:GR1",1,1407,"kg",1.0083333333333333,1418.73,1048.0999999999999,5235.1000000000004,98]
["SK",8,"FV","Klient 120","2017-11-28","2017-11-28","2017-12-28","S","P:GR1",2,1426.2,"kg",1.0083333333333333,1438.09,995.49,5306.54,98]
["SK",8,"FV","Klient 9","2017-11-28","2017-11-23","2017-12-28","S","P:GR1",1,1017.2,"kg",1.1166666666666667,1135.8699999999999,880.38,4191.37,98]
["SK",8,"FV","Klient 93","2017-11-28","2017-11-28","2017-12-12","S","P:GR1",1,416.6,"kg",1.3,541.58000000000004,397.41,1998.43,98]
["SK",8,"FV","Klient 93","2017-11-28","2017-11-28","2017-12-12","S","U:",2,2,"szt",2.1666666666666665,4.33,0,15.99]
["SK",8,"FV","Klient 93","2017-11-28","2017-11-28","2017-12-12","S","U:",3,2,"szt",25,50,0,184.5]
["SK",8,"FV","Klient 2","2017-11-28","2017-11-28","2018-01-17","S","P:GR4",1,3186,"szt",0.6333333333333333,2017.8,1881.55,7445.68,98]
["SK",8,"FV","Klient 5","2017-11-28","2017-11-28","2018-01-12","S","P:GR4",1,3636,"szt",1.6666666666666667,6060,6675.3,22361.4,98]
["SK",8,"FV","Klient 102","2017-11-28","2017-11-28","2017-12-28","S","GR5",1,2038.2,"kg",1.0816666666666668,2204.65,1820.75,8135.17,98]
["SK",8,"FV","Klient 51","2017-11-28","2017-11-28","2017-12-19","S","P:GR4",1,1200,"kpl",1.8333333333333333,2200,1487,8118,98]
["SK",8,"FO","Klient 66","2017-11-28","2017-11-28","2017-12-05","S","U:",1,2800,"kg",1.6666666666666666E-2,46.67,0,140]
["SK",8,"FV","Klient 6","2017-11-28","2017-11-28","2018-01-27","S","P:GR1",4,756.4,"kg",1.2083333333333333,913.98,845.87,3372.6,98]
["SK",8,"FV","Klient 6","2017-11-28","2017-11-28","2018-01-27","S","P:GR1",1,1336,"kg",1.2083333333333333,1614.33,1331.96,5956.89,98]
["SK",8,"FV","Klient 6","2017-11-28","2017-11-28","2018-01-27","S","P:GR1",2,1335.6,"kg",1.2083333333333333,1613.85,1355.23,5955.11,98]
["SK",8,"FV","Klient 6","2017-11-28","2017-11-28","2018-01-27","S","P:GR1",3,2713.2,"kg",1.1583333333333334,3142.79,3675.53,11596.9,98]
["SK",8,"FV","Klient 15","2017-11-28","2017-11-28","2017-12-28","S","P:GR4",1,1560,"szt",0.21666666666666667,338,315.77,1247.22,98]
["SK",8,"FV","Klient 15","2017-11-28","2017-11-28","2017-12-28","S","P:GR4",2,3340,"szt",0.20333333333333334,679.13,511.19,2506,98]
["SK",8,"FV","Klient 15","2017-11-28","2017-11-28","2017-12-28","S","P:GR4",3,2720,"szt",0.22166666666666668,602.92999999999995,503.97,2224.8200000000002,98]
["SK",8,"FV","Klient 15","2017-11-28","2017-11-28","2017-12-28","S","P:GR1",4,30000,"mb",6.5500000000000003E-2,1965,1293.43,7250.85,98]
["SK",8,"FV","Klient 15","2017-11-28","2017-11-28","2017-12-28","S","P:GR4",5,1634,"szt",1.5333333333333332,2505.4699999999998,2135.56,9245.17,98]
["SK",8,"FV","Klient 15","2017-11-28","2017-11-28","2017-12-28","S","P:GR1",6,20000,"mb",0.10149999999999999,2030,1297.33,7490.7,98]
["SK",8,"FV","Klient 48","2017-11-28","2017-11-28","2018-02-26","S","P:GR1",1,8210.4,"kg",1.1833333333333333,9715.64,7914.42,35850.71,98]
["SK",8,"FV","Klient 48","2017-11-28","2017-11-28","2018-02-26","S","P:GR1",2,1825.6,"kg",1.1833333333333333,2160.29,1742.5,7971.48,98]
["SK",8,"FV","Klient 48","2017-11-28","2017-11-28","2018-02-26","S","P:GR1",3,1720,"kg",1.1833333333333333,2035.33,1764.98,7510.38,98]
["SK",8,"FV","Klient 48","2017-11-28","2017-11-28","2018-02-26","S","P:GR1",4,1299.2,"kg",1.1833333333333333,1537.39,1365.18,5672.96,98]
["SK",8,"FV","Klient 48","2017-11-28","2017-11-28","2018-02-26","S","P:GR1",5,1479.2,"kg",1.1500000000000001,1701.08,1768.36,6276.99,98]
["SK",8,"FV","Klient 63","2017-11-28","2017-11-28","2018-01-27","S","P:GR4",1,1570,"szt",0.52500000000000002,824.25,709.54,3041.48,98]
["SK",8,"FV","Klient 63","2017-11-28","2017-11-28","2018-01-27","S","P:GR4",2,8000,"szt",0.52500000000000002,4200,3373.67,15498,98]
["SK",8,"FV","Klient 53","2017-11-28","2017-11-28","2018-01-27","S","P:GR4",1,4100,"szt",0.79,3239,3118.46,11951.91,98]
["SK",8,"FV","Klient 53","2017-11-28","2017-11-28","2018-01-27","S","GR5",2,3000,"szt",2.4999999999999998E-2,75,66.599999999999994,276.75,98]
["SK",8,"FV","Klient 71","2017-11-28","2017-11-28","2017-12-28","S","P:GR1",1,1609.8,"kg",0.66666666666666663,1073.2,861.62,3960.11,98]
["SK",8,"FVW","Klient 96","2017-11-28","2017-11-28","2018-01-27","S","P:GR1",1,192000,"mb",59.67093333333333,11456.82,8060.8,42275.67,98]
["SK",8,"FVW","Klient 96","2017-11-28","2017-11-28","2018-01-27","S","P:GR1",2,288000,"mb",58.639833333333335,16888.27,12129.6,62317.73,98]
["SK",8,"FVW","Klient 96","2017-11-28","2017-11-28","2018-01-27","S","P:GR1",3,286620,"mb",54.522433333333332,15627.22,10958.44,57664.44,98]
["SK",8,"FV","Klient 79","2017-11-28","2017-11-28","2017-12-28","S","P:GR1",1,5817.6,"kg",1.3066666666666666,7601.66,5795.01,28050.14,98]
["SK",8,"FV","Klient 174","2017-11-28","2017-11-28","2017-12-28","S","P:GR1",1,2086.4,"kg",1.1666666666666667,2434.13,1887.71,8981.9500000000007,98]
["SK",8,"FV","Klient 174","2017-11-28","2017-11-28","2017-12-28","S","P:GR1",2,2042.4,"kg",1.1666666666666667,2382.8000000000002,1899.6,8792.5300000000007,98]
["SK",8,"FV","Klient 174","2017-11-28","2017-11-28","2017-12-28","S","P:GR1",3,2392.6,"kg",1.1666666666666667,2791.37,2400.54,10300.14,98]
["SK",8,"FV","Klient 174","2017-11-28","2017-11-28","2017-12-28","S","P:GR1",4,2391.1999999999998,"kg",1.1833333333333333,2829.59,2605.65,10441.17,98]
["SK",8,"FV","Klient 174","2017-11-28","2017-11-28","2017-12-28","S","P:GR1",5,2382.6,"kg",1.1833333333333333,2819.41,2243.9299999999998,10403.620000000001,98]
["SK",8,"FV","Klient 7","2017-11-28","2017-11-27","2018-01-27","S","P:GR4",1,33600,"szt",0.11799999999999999,3964.8,3202.64,14630.11,98]
["SK",8,"FV","Klient 175","2017-11-29","2017-11-29","2017-12-13","S","P:GR4",1,6280,"szt",0.3183333333333333,1999.13,1882.69,7376.8,98]
["SK",8,"FO","Klient 11","2017-11-29","2017-11-29","2017-12-29","S","GR5",1,20205.96,"kg",0.35833333333333334,7240.47,4041.19,21721.41,95]
["SK",8,"FV","Klient 11","2017-11-29","2017-11-29","2017-11-30","S","U:",1,436,"km",0.3833333333333333,167.13,0,616.72]
["SK",8,"FV","Klient 20","2017-11-29","2017-11-29","2017-12-27","S","P:GR4",1,40700,"szt",0.105,4273.5,4050.33,15769.22,98]
["SK",8,"FV","Klient 20","2017-11-29","2017-11-29","2017-12-27","S","P:GR3",2,2041.12,"kg",1.25,2551.4,3271.58,9414.67,98]
["SK",8,"FV","Klient 20","2017-11-29","2017-11-29","2017-12-27","S","P:GR4",3,108000,"szt",5.5000000000000005E-3,594,473.4,2191.86,98]
["SK",8,"FV","Klient 143","2017-11-29","2017-11-29","2017-12-20","S","P:GR1",1,1923,"kg",1.1416666666666666,2195.4299999999998,1845.99,8101.12,98]
["SK",8,"FV","Klient 143","2017-11-29","2017-11-29","2017-12-20","S","U:",2,2,"szt",2.1666666666666665,4.33,0,15.99]
["SK",8,"FV","Klient 148","2017-11-29","2017-11-29","2018-01-13","S","P:GR1",1,3080.8,"kg",1.1166666666666667,3440.23,2803.94,12694.44,98]
["SK",8,"FV","Klient 135","2017-11-29","2017-11-29","2018-01-28","S","GR5",1,32000,"mb",0.37166666666666665,11893.33,10326.4,43886.400000000001,98]
["SK",8,"FV","Klient 12","2017-11-29","2017-11-29","2018-01-08","S","U:",1,2,"szt",23.923333333333332,47.85,0,176.55]
["SK",8,"FV","Klient 12","2017-11-29","2017-11-29","2018-01-08","S","U:",2,2,"szt",22.83,45.66,0,168.49]
["SK",8,"FV","Klient 130","2017-11-29","2017-11-28","2017-12-29","S","P:GR4",1,23340,"szt",5.3333333333333337E-2,1244.8,1014.9,4593.3100000000004,98]
["SK",8,"FV","Klient 176","2017-11-29","2017-11-28","2018-01-03","S","P:GR4",1,2600,"szt",1.1666666666666667,3033.33,2841.24,11193,98]
["SK",8,"FV","Klient 176","2017-11-29","2017-11-28","2018-01-03","S","U:",2,2,"szt",2.1666666666666665,4.33,0,15.99]
["SK",8,"FV","Klient 7","2017-11-29","2017-11-29","2018-01-28","S","P:GR4",1,2700,"szt",0.18999999999999997,513,357.98,1892.97,98]
["SK",8,"FV","Klient 7","2017-11-29","2017-11-29","2018-01-28","S","P:GR4",2,2400,"szt",0.73499999999999999,1764,1989.4,6509.16,98]
["SK",8,"FV","Klient 7","2017-11-29","2017-11-29","2018-01-28","S","P:GR4",3,1020,"szt",1.32,1346.4,1291.42,4968.22,98]
["SK",8,"FV","Klient 7","2017-11-29","2017-11-29","2018-01-28","S","P:GR4",4,4800,"szt",0.64833333333333332,3112,3165.04,11483.28,98]
["SK",8,"FV","Klient 7","2017-11-29","2017-11-29","2018-01-28","S","P:GR4",5,12000,"szt",5.5E-2,660,653,2435.4,98]
["SK",8,"FV","Klient 7","2017-11-29","2017-11-29","2018-01-28","S","P:GR4",6,3560,"szt",0.10666666666666667,379.73,391.84,1401.22,98]
["SK",8,"FV","Klient 7","2017-11-29","2017-11-29","2018-01-28","S","P:GR4",7,20400,"szt",0.12,2448,1944.46,9033.1200000000008,98]
["SK",8,"FV","Klient 7","2017-11-29","2017-11-29","2018-01-28","S","P:GR4",8,20000,"szt",6.3333333333333339E-2,1266.67,1217,4674,98]
["SK",8,"FV","Klient 7","2017-11-29","2017-11-29","2018-01-28","S","P:GR4",9,12140,"szt",0.14333333333333334,1740.07,1334.19,6420.85,98]
["SK",8,"FV","Klient 97","2017-11-29","2017-11-29","2017-12-20","S","P:GR4",1,10000,"szt",0.20666666666666667,2066.67,1909.55,7626,98]
["SK",8,"FV","Klient 97","2017-11-29","2017-11-29","2017-12-20","S","P:GR4",2,2200,"szt",0.25,550,518.42999999999995,2029.5,98]
["SK",8,"FV","Klient 122","2017-11-29","2017-11-29","2017-12-20","S","P:GR4",1,20900,"szt",0.36333333333333334,7593.67,6828.73,28020.63,98]
["SK",8,"FV","Klient 106","2017-11-29","2017-11-29","2018-01-28","S","P:GR1",38,23860,"mb",83.443333333333342,1990.96,1524.26,7346.63,88]
["SK",8,"FV","Klient 106","2017-11-29","2017-11-29","2018-01-28","S","P:GR3",9,150290,"mb",22.223333333333333,9542.8799999999992,8599.1299999999992,35213.21,88]
["SK",8,"FV","Klient 106","2017-11-29","2017-11-29","2018-01-28","S","P:GR1",1,23991.599999999999,"mb",57.163333333333334,1371.46,822.51,5060.7,88]
["SK",8,"FV","Klient 106","2017-11-29","2017-11-29","2018-01-28","S","P:GR3",2,32400,"mb",22.71166666666667,1635.24,1557.9,6034.04,88]
["SK",8,"FV","Klient 106","2017-11-29","2017-11-29","2018-01-28","S","P:GR3",3,216662,"mb",1.085,2878.38,2491.61,10621.22,88]
["SK",8,"FV","Klient 106","2017-11-29","2017-11-29","2018-01-28","S","P:GR1",4,51800,"mb",79.681666666666658,4127.51,3133.04,15230.51,88]
["SK",8,"FV","Klient 106","2017-11-29","2017-11-29","2018-01-28","S","P:GR1",5,108800,"mb",62.360000000000007,6784.77,4977.6000000000004,25035.79,88]
["SK",8,"FV","Klient 106","2017-11-29","2017-11-29","2018-01-28","S","P:GR3",6,94600,"mb",5.5666666666666664,1571.94,1921.96,5800.45,88]
["SK",8,"FV","Klient 106","2017-11-29","2017-11-29","2018-01-28","S","P:GR3",7,140400,"mb",1.1533333333333333,1982.7,1518.66,7316.18,88]
["SK",8,"FV","Klient 106","2017-11-29","2017-11-29","2018-01-28","S","P:GR3",8,44140,"mb",6.2283333333333326,820.65,651.07000000000005,3028.19,88]
["SK",8,"FV","Klient 106","2017-11-29","2017-11-29","2018-01-28","S","P:GR3",10,22800,"mb",5.75,391.33,389.88,1444.02,88]
["SK",8,"FV","Klient 106","2017-11-29","2017-11-29","2018-01-28","S","P:GR3",11,111054,"mb",5.7,1889.55,1796.57,6972.44,88]
["SK",8,"FV","Klient 106","2017-11-29","2017-11-29","2018-01-28","S","P:GR3",12,38574,"mb",16.191666666666666,1734.94,1350.73,6401.92,88]
["SK",8,"FV","Klient 106","2017-11-29","2017-11-29","2018-01-28","S","P:GR3",13,499200,"mb",1.0466666666666666,6450.55,5183.3599999999997,23802.52,88]
["SK",8,"FV","Klient 106","2017-11-29","2017-11-29","2018-01-28","S","P:GR3",14,169860,"mb",5.5183333333333335,2797.99,2468.63,10324.6,88]
["SK",8,"FV","Klient 106","2017-11-29","2017-11-29","2018-01-28","S","P:GR3",15,17400,"mb",1.0783333333333334,1035.2,203.29,3819.89,88]
["SK",8,"FV","Klient 106","2017-11-29","2017-11-29","2018-01-28","S","P:GR3",16,268740,"mb",22.64833333333333,17390.3,14489.63,64170.19,88]
["SK",8,"FV","Klient 106","2017-11-29","2017-11-29","2018-01-28","S","P:GR3",17,47700,"mb",27.734999999999999,3307.4,2838.15,12204.31,88]
["SK",8,"FV","Klient 106","2017-11-29","2017-11-29","2018-01-28","S","P:GR4",18,31000,"szt",37.333333333333336,1157.33,956.87,4270.5600000000004,88]
["SK",8,"FV","Klient 106","2017-11-29","2017-11-29","2018-01-28","S","P:GR3",19,6320,"mb",57.004999999999995,600.49,550.89,2215.81,88]
["SK",8,"FV","Klient 106","2017-11-29","2017-11-29","2018-01-28","S","P:GR3",20,124800,"mb",1.1199999999999999,1720.32,1489.28,6347.98,88]
["SK",8,"FV","Klient 106","2017-11-29","2017-11-29","2018-01-28","S","P:GR3",21,50580,"mb",35.363333333333337,3726.52,3118.27,13750.85,88]
["SK",8,"FV","Klient 106","2017-11-29","2017-11-29","2018-01-28","S","P:GR3",22,30000,"mb",1.1783333333333335,432.84,327.5,1597.17,88]
["SK",8,"FV","Klient 106","2017-11-29","2017-11-29","2018-01-28","S","P:GR1",23,39600,"mb",60.475000000000001,2394.81,1925.88,8836.85,88]
["SK",8,"FV","Klient 106","2017-11-29","2017-11-29","2018-01-28","S","P:GR3",24,126886,"mb",32.774999999999999,8672.4,7710.44,32001.14,88]
["SK",8,"FV","Klient 106","2017-11-29","2017-11-29","2018-01-28","S","P:GR3",25,104400,"mb",15.686666666666667,4426.28,3868.02,16332.96,88]
["SK",8,"FV","Klient 106","2017-11-29","2017-11-29","2018-01-28","S","P:GR3",26,54660,"mb",1.1783333333333335,788.63,586.75,2910.04,88]
["SK",8,"FV","Klient 106","2017-11-29","2017-11-29","2018-01-28","S","P:GR3",27,41840,"mb",40.138333333333335,3229.37,2841.65,11916.38,88]
["SK",8,"FV","Klient 106","2017-11-29","2017-11-29","2018-01-28","S","P:GR3",28,26444,"mb",6.2283333333333326,491.64,370.66,1814.15,88]
["SK",8,"FV","Klient 106","2017-11-29","2017-11-29","2018-01-28","S","P:GR3",29,273600,"mb",55.136666666666663,25144.97,22872.959999999999,92784.93,88]
["SK",8,"FV","Klient 106","2017-11-29","2017-11-29","2018-01-28","S","P:GR3",30,45600,"mb",55.136666666666663,4190.83,3812.16,15464.15,88]
["SK",8,"FV","Klient 106","2017-11-29","2017-11-29","2018-01-28","S","P:GR3",31,22600,"mb",55.136666666666663,2077,1889.36,7664.12,88]
["SK",8,"FV","Klient 106","2017-11-29","2017-11-29","2018-01-28","S","P:GR3",32,22720,"mb",55.136666666666663,2088.0300000000002,1899.39,7704.82,88]
["SK",8,"FV","Klient 106","2017-11-29","2017-11-29","2018-01-28","S","P:GR3",33,45600,"mb",55.136666666666663,4190.83,3812.16,15464.15,88]
["SK",8,"FV","Klient 106","2017-11-29","2017-11-29","2018-01-28","S","P:GR3",34,16060,"mb",57.478333333333332,1538.69,1342.88,5677.78,88]
["SK",8,"FV","Klient 106","2017-11-29","2017-11-29","2018-01-28","S","P:GR3",35,69600,"mb",17.650000000000002,2924.96,2615.8000000000002,10793.09,88]
["SK",8,"FV","Klient 106","2017-11-29","2017-11-29","2018-01-28","S","P:GR3",36,33936,"mb",17.650000000000002,1426.16,1275.43,5262.52,88]
["SK",8,"FV","Klient 106","2017-11-29","2017-11-29","2018-01-28","S","P:GR3",37,149220,"mb",18.108333333333334,6433.85,5687.77,23740.92,88]
["SK",8,"FV","Klient 6","2017-11-29","2017-11-29","2018-01-28","S","P:GR1",1,16902.8,"kg",1.1583333333333334,19579.080000000002,16651.52,72246.789999999994,98]
["SK",8,"FV","Klient 6","2017-11-29","2017-11-29","2018-01-28","S","GR5",2,996.8,"kg",1.175,1171.24,965.9,4321.88,98]
["SK",8,"FV","Klient 6","2017-11-29","2017-11-29","2018-01-28","S","P:GR1",3,10353.200000000001,"kg",1.1583333333333334,11992.46,9870.0499999999993,44252.17,98]
["SK",8,"FV","Klient 6","2017-11-29","2017-11-29","2018-01-28","S","P:GR1",4,10712,"kg",1.1583333333333334,12408.07,10554.45,45785.77,98]
["SK",8,"FV","Klient 6","2017-11-29","2017-11-29","2018-01-28","S","GR5",5,4988,"kg",1.175,5860.9,4975.17,21626.720000000001,98]
["SK",8,"FV","Klient 12","2017-11-30","2017-11-29","2018-01-09","S","P:GR1",1,3376,"kg",1.1833333333333333,3994.93,2415.7600000000002,14741.3,98]
["SK",8,"FV","Klient 12","2017-11-30","2017-11-29","2018-01-09","S","P:GR1",2,3133,"kg",1.1833333333333333,3707.38,2506.5,13680.24,98]
["SK",8,"FV","Klient 12","2017-11-30","2017-11-29","2018-01-09","S","P:GR1",3,2546,"kg",1.1833333333333333,3012.77,1779.99,11117.11,98]
["SK",8,"FV","Klient 77","2017-11-30","2017-11-29","2018-01-29","S","P:GR1",1,3622.8,"kg",1.1500000000000001,4166.22,3590.8,15373.35,98]
["SK",8,"FV","Klient 126","2017-11-30","2017-11-29","2018-01-29","S","GR5",1,776,"kg",1.175,911.8,786.53,3364.54,98]
["SK",8,"FV","Klient 151","2017-11-30","2017-11-30","2017-12-30","S","P:GR2",1,995.6,"kg",1.4333333333333333,1427.03,1329.67,5265.73,98]
["SK",8,"FV","Klient 151","2017-11-30","2017-11-30","2017-12-30","S","P:GR3",2,1027.5999999999999,"kg",1.5833333333333333,1627.03,1764.34,6003.75,98]
["SK",8,"FV","Klient 1","2017-11-30","2017-11-30","2018-01-29","S","P:GR1",1,6100,"kg",1.1583333333333334,7065.83,5708.99,26072.93,98]
["SK",8,"FV","Klient 48","2017-11-30","2017-11-30","2018-02-28","S","P:GR1",1,2560,"kg",1.1833333333333333,3029.33,2494.9299999999998,11178.24,98]
["SK",8,"FV","Klient 68","2017-11-30","2017-11-30","2018-01-29","S","P:GR4",1,14000,"szt",0.81333333333333335,11386.67,7824.13,42016.800000000003,98]
["SK",8,"FV","Klient 68","2017-11-30","2017-11-30","2018-01-29","S","P:GR4",2,8020,"szt",0.67333333333333334,5400.13,4684.75,19926.490000000002,98]
["SK",8,"FV","Klient 68","2017-11-30","2017-11-30","2018-01-29","S","P:GR1",3,51000,"mb",1.4133333333333333,28824.37,23962.35,106361.91,98]
["SK",8,"FV","Klient 6","2017-11-30","2017-11-30","2018-01-29","S","P:GR1",1,759.2,"kg",1.2083333333333333,917.37,872.91,3385.08,98]
["SK",8,"FV","Klient 6","2017-11-30","2017-11-30","2018-01-29","S","P:GR4",1,157460,"szt",5.5E-2,8660.2999999999993,7474.1,31956.51,98]
["SK",8,"FV","Klient 177","2017-11-30","2017-11-30","2018-01-29","S","P:GR4",1,2866,"szt",1.105,3166.93,3675.26,11685.97,98]
["SK",8,"FV","Klient 177","2017-11-30","2017-11-30","2018-01-29","S","GR5",1,9146.7999999999993,"kg",1.155,10564.55,8712.7999999999993,38983.199999999997,98]
["SK",8,"FV","Klient 177","2017-11-30","2017-11-30","2018-01-29","S","GR5",2,3112,"kg",1.3583333333333334,4227.13,5024.58,15598.12,98]
["SK",8,"FV","Klient 177","2017-11-30","2017-11-30","2018-01-29","S","GR5",3,8000,"szt",0.19666666666666666,1573.33,1541.47,5805.6,98]
["SK",8,"FV","Klient 177","2017-11-30","2017-11-30","2018-01-29","S","P:GR4",4,1975.6,"kg",1.2249999999999999,2420.11,2291.5,8930.2099999999991,98]
["SK",8,"FV","Klient 177","2017-11-30","2017-11-30","2018-01-29","S","P:GR1",5,1206.4000000000001,"kg",1.365,1646.74,1505.63,6076.46,98]
["SK",8,"FV","Klient 177","2017-11-30","2017-11-30","2018-01-29","S","P:GR1",6,8405.6,"kg",1.365,11473.64,10059.959999999999,42337.74,98]
["SK",8,"FV","Klient 177","2017-11-30","2017-11-30","2018-01-29","S","GR5",7,3609.6,"kg",1.365,4927.1000000000004,4099.4799999999996,18181.009999999998,98]
["SK",8,"FV","Klient 177","2017-11-30","2017-11-30","2018-01-29","S","GR5",8,1213.5999999999999,"kg",1.365,1656.56,1447.03,6112.72,98]
["SK",8,"FV","Klient 177","2017-11-30","2017-11-30","2018-01-29","S","P:GR1",9,7277.2,"kg",1.365,9933.3799999999992,8781.65,36654.160000000003,98]
["SK",8,"FV","Klient 177","2017-11-30","2017-11-30","2018-01-29","S","P:GR1",10,5544.8,"kg",1.155,6404.24,5476.97,23631.66,98]
["SK",8,"FV","Klient 177","2017-11-30","2017-11-30","2018-01-29","S","GR5",11,3989.2,"kg",1.3583333333333334,5418.66,7221.25,19994.87,98]
["SK",8,"FV","Klient 177","2017-11-30","2017-11-30","2018-01-29","S","P:GR1",12,2705.2,"kg",1.155,3124.51,2474.85,11529.43,98]
["SK",8,"FV","Klient 177","2017-11-30","2017-11-30","2018-01-29","S","GR5",13,2027,"kg",1.3583333333333334,2753.34,2892.9,10159.84,98]
["SK",8,"FV","Klient 177","2017-11-30","2017-11-30","2018-01-29","S","GR5",14,1962,"kg",1.2249999999999999,2403.4499999999998,2275.73,8868.73,98]
["SK",8,"FV","Klient 177","2017-11-30","2017-11-30","2018-01-29","S","GR5",15,1018.8,"kg",1.365,1390.66,1271.5,5131.55,98]
["SK",8,"FV","Klient 177","2017-11-30","2017-11-30","2018-01-29","S","P:GR1",16,967.2,"kg",1.365,1320.23,1175.0999999999999,4871.6400000000003,98]
["SK",8,"FV","Klient 177","2017-11-30","2017-11-30","2018-01-29","S","P:GR4",17,8000,"szt",0.19666666666666666,1573.33,1510,5805.6,98]
["SK",8,"FV","Klient 177","2017-11-30","2017-11-30","2018-01-29","S","GR5",18,7382,"kg",1.155,8526.2099999999991,7031.73,31461.71,98]
["SK",8,"FV","Klient 177","2017-11-30","2017-11-30","2018-01-29","S","GR5",19,3620.2,"kg",1.365,4941.57,4111.5200000000004,18234.41,98]
["SK",8,"FV","Klient 177","2017-11-30","2017-11-30","2018-01-29","S","P:GR1",20,15650,"kg",1.365,21362.25,18808.28,78826.7,98]
["SK",8,"FV","Klient 177","2017-11-30","2017-11-30","2018-01-29","S","P:GR1",21,910,"kg",1.365,1242.1500000000001,1121.1199999999999,4583.53,98]
["SK",8,"FV","Klient 8","2017-11-30","2017-11-30","2017-12-14","S","U:",1,2,"szt",25,50,0,184.5]
["SK",8,"FV","Klient 68","2017-11-30","2017-11-30","2018-01-29","S","U:",1,340,"szt",2.3333333333333335,793.33,0,2927.4]
["SK",8,"FV","Klient 175","2017-11-30","2017-11-30","2017-12-07","S","P:GR4",1,12670,"szt",1,2234.1,1983.21,8243.83,98]
["SK",8,"FV","Klient 113","2017-11-30","2017-11-30","2017-12-01","S","P:GR4",1,3960,"szt",0.5083333333333333,2013,2026.71,7427.97,98]
["SK",8,"FV","Klient 27","2017-11-30","2017-11-30","2018-01-29","S","P:GR4",1,78000,"szt",156.3955,12198.85,12954.65,45013.760000000002,86]
["SK",8,"FV","Klient 27","2017-11-30","2017-11-30","2018-01-29","S","P:GR3",2,294,"mb",1.4206666666666665,22.73,29.32,83.87,86]
["SK",8,"FV","Klient 27","2017-11-30","2017-11-30","2018-01-29","S","P:GR1",3,10160,"kg",1.4206666666666665,14433.97,12025.31,53261.36,86]
["SK",8,"FV","Klient 27","2017-11-30","2017-11-30","2018-01-29","S","GR5",4,6508,"kg",1.4206666666666665,9245.7000000000007,8974.51,34116.629999999997,86]
["SK",8,"FV","Klient 27","2017-11-30","2017-11-30","2018-01-29","S","P:GR4",5,858,"kg",1.2316666666666667,1056.77,1118.05,3899.48,86]
["SK",8,"FV","Klient 27","2017-11-30","2017-11-30","2018-01-29","S","P:GR4",6,1132,"szt",1311.0429999999999,1484.1,1114.92,5476.33,86]
["SK",8,"FV","Klient 27","2017-11-30","2017-11-30","2018-01-29","S","P:GR4",7,262,"szt",1.2666666666666666,103.87,105.58,383.27,86]
["SK",8,"FV","Klient 27","2017-11-30","2017-11-30","2018-01-29","S","P:GR4",8,8940,"szt",1.2666666666666666,780.27,724.64,2879.18,86]
["SK",8,"FV","Klient 27","2017-11-30","2017-11-30","2018-01-29","S","P:GR4",9,26,"szt",156.3955,4.07,4.24,15.01,86]
["SK",8,"FV","Klient 27","2017-11-30","2017-11-30","2018-01-29","S","P:GR1",10,92,"kg",1.1896666666666667,109.45,101.63,403.87,86]
["SK",8,"FV","Klient 27","2017-11-30","2017-11-30","2018-01-29","S","P:GR1",11,5654,"kg",1.3856666666666666,7834.56,5652.55,28909.53,86]
["SK",8,"FV","Klient 27","2017-11-30","2017-11-30","2018-01-29","S","P:GR1",12,744,"kg",1.4206666666666665,1056.98,958.26,3900.24,86]
["SK",8,"FV","Klient 27","2017-11-30","2017-11-30","2018-01-29","S","P:GR1",13,25302,"mb",1.3506666666666665,1780.18,1394.98,6568.86,86]
["SK",8,"FV","Klient 27","2017-11-30","2017-11-30","2018-01-29","S","P:GR3",14,1382,"kg",1.3506666666666665,1866.62,2396.21,6887.83,86]
["SK",8,"FV","Klient 27","2017-11-30","2017-11-30","2018-01-29","S","GR5",15,53462,"mb",1.3716666666666668,4455.17,3999.56,16439.59,86]
["SK",8,"FV","Klient 27","2017-11-30","2017-11-30","2018-01-29","S","P:GR1",16,1908,"kg",1.3506666666666665,2577.0700000000002,2107.42,9509.4,86]
["SK",8,"FV","Klient 27","2017-11-30","2017-11-30","2018-01-29","S","P:GR1",17,1890,"kg",1.3716666666666668,2592.4499999999998,2034.78,9566.14,86]
["SK",8,"FV","Klient 27","2017-11-30","2017-11-30","2018-01-29","S","P:GR3",18,19220,"mb",1.3856666666666666,1111.3,1363.58,4100.71,86]
["SK",8,"FV","Klient 27","2017-11-30","2017-11-30","2018-01-29","S","P:GR1",19,3904,"mb",1.4906666666666668,2268.79,1807.39,8371.85,86]
["SK",8,"FV","Klient 27","2017-11-30","2017-11-30","2018-01-29","S","P:GR1",20,12794,"mb",1.4486666666666668,7060.8,5626.84,26054.35,86]
["SK",8,"FV","Klient 27","2017-11-30","2017-11-30","2018-01-29","S","P:GR1",21,1068,"mb",1.3716666666666668,90.53,59.43,334.06,86]
["SK",8,"FV","Klient 27","2017-11-30","2017-11-30","2018-01-29","S","P:GR1",22,808,"kg",1.3716666666666668,1108.31,906.45,4089.65,86]
["SK",8,"FV","Klient 27","2017-11-30","2017-11-30","2018-01-29","S","P:GR1",23,830,"kg",1.3716666666666668,1138.48,955.5,4201,86]
["SK",8,"FV","Klient 97","2017-11-30","2017-11-30","2017-12-21","S","P:GR1",1,9600,"mb",0.25,2400,1856.64,8856,98]
["SK",8,"FV","Klient 39","2017-11-30","2017-11-30","2018-01-14","S","T:",1,12,"szt",2.75,33,25.2,121.77,93]
["SK",8,"FV","Klient 39","2017-11-30","2017-11-30","2018-01-14","S","P:GR1",2,2054,"kg",1.05,2156.6999999999998,1355.24,7958.22,98]
["SK",8,"FV","Klient 39","2017-11-30","2017-11-30","2018-01-14","S","P:GR1",3,2032,"kg",1.05,2133.6,1215.8699999999999,7872.98,98]
["SK",8,"FV","Klient 32","2017-11-30","2017-11-30","2017-12-30","S","GR5",1,30000,"szt",0.03,900,666,3321,98]
["SK",8,"FV","Klient 56","2017-11-30","2017-11-30","2017-12-21","S","P:GR1",1,12000,"m2",0.19666666666666666,2360,1757.6,8708.4,98]
["SK",8,"FV","Klient 56","2017-11-30","2017-11-30","2017-12-21","S","U:",2,2,"szt",2.1666666666666665,4.33,0,15.99]
["SK",8,"FV","Klient 178","2017-11-30","2017-11-30","2017-12-30","S","P:GR1",1,2105.4,"kg",1.2666666666666666,2666.84,1995.62,9840.64,98]
["SK",8,"FV","Klient 139","2017-11-30","2017-11-30","2017-12-21","S","GR5",1,3000,"szt",1.0050000000000001,3015,2826.68,11125.35,98]
["SK",8,"FV","Klient 139","2017-11-30","2017-11-30","2017-12-21","S","U:",2,2,"szt",2.1666666666666665,4.33,0,15.99]
["SK",8,"FV","Klient 179","2017-11-30","2017-11-29","2017-12-30","S","P:GR1",1,1658,"kg",1.3005,2156.23,2351.1,7956.49,98]
["SK",8,"FV","Klient 6","2017-11-30","2017-11-30","2018-01-29","S","P:GR1",1,4608,"kg",1.1583333333333334,5337.6,4539.5,19695.740000000002,98]
["SK",8,"FV","Klient 6","2017-11-30","2017-11-30","2018-01-29","S","P:GR1",2,41098.400000000001,"kg",1.175,48290.62,41244.97,178192.39,98]
["SK",8,"FV","Klient 120","2017-11-30","2017-11-30","2017-12-30","S","P:GR1",1,2003,"kg",1.0083333333333333,2019.69,1221.8499999999999,7452.67,98]
["SK",8,"FV","Klient 120","2017-11-30","2017-11-30","2017-12-30","S","P:GR1",2,705.8,"kg",1.0083333333333333,711.68,492.65,2626.11,98]
["SK",8,"FO","Klient 11","2017-11-30","2017-11-30","2017-12-30","S","T:",1,6600,"kg",0.35833333333333334,2365,0,7095,92]
["SK",8,"FV","Klient 179","2017-11-30","2017-11-30","2017-12-30","S","P:GR1",1,829.6,"kg",1.3833333333333335,1147.6099999999999,1176.4000000000001,4234.6899999999996,98]
["SK",8,"FV","Klient 36","2017-11-30","2017-11-30","2017-12-14","S","P:GR1",1,1031.5999999999999,"kg",1.1916666666666667,1229.32,1041.27,4536.2,98]
["SK",8,"FV","Klient 36","2017-11-30","2017-11-30","2017-12-14","S","U:",2,2,"szt",2.1666666666666665,4.33,0,15.99]
["SK",8,"FV","Klient 36","2017-11-30","2017-11-30","2017-12-14","S","U:",3,2,"szt",25,50,0,184.5]
["SUE",8,"FUUK","Klient 180","2017-11-02","2017-10-18","2017-12-02","S","P:GR4",-1,-10284,"szt",0.25533333333333336,-2625.38,-2381.6,-7876.14,98]
["SUE",8,"FUUK","Klient 180","2017-11-02","2017-10-18","2017-12-02","S","P:GR4",-2,-9606,"szt",255.99383333333333,-2459.08,-2380.69,-7377.23,98]
["SUE",8,"FUUK","Klient 180","2017-11-02","2017-10-18","2017-12-02","S","P:GR4",-3,-10800,"szt",29.266499999999997,-1053.5899999999999,-1402.38,-3160.78,98]
["SUE",8,"FUUK","Klient 180","2017-11-02","2017-10-18","2017-12-02","S","P:GR4",1,10284,"szt",0.25016666666666665,2573.17,2381.6,7719.5,98]
["SUE",8,"FUUK","Klient 180","2017-11-02","2017-10-18","2017-12-02","S","P:GR4",2,9606,"szt",250.87383333333332,2409.89,2380.69,7229.68,98]
["SUE",8,"FUUK","Klient 180","2017-11-02","2017-10-18","2017-12-02","S","P:GR4",3,10800,"szt",28.681166666666666,1032.52,1402.38,3097.57,98]
["SUE",8,"FUE","Klient 181","2017-11-02","2017-11-02","2017-12-02","S","P:GR3",1,6164.32,"kg",1.19,7335.2,7295.11,22005.59,98]
["SUE",8,"FUE","Klient 181","2017-11-02","2017-11-02","2017-12-02","S","P:GR4",1,1074,"szt",1.3175000000000001,1414.93,1249.03,4244.79,98]
["SUE",8,"FUE","Klient 182","2017-11-02","2017-11-02","2018-01-01","S","P:GR1",1,2971,"kg",0.75783333333333325,2251.67,1593.54,6755.01,98]
["SUE",8,"FUE","Klient 182","2017-11-02","2017-11-02","2018-01-01","S","P:GR1",2,4845.2,"kg",1.3245,6417.57,5120.8100000000004,19252.7,98]
["SUE",8,"FUE","Klient 182","2017-11-02","2017-11-02","2018-01-01","S","P:GR4",3,11200,"szt",0.19399999999999998,2173.63,2781.33,6520.89,98]
["SUE",8,"FUE","Klient 182","2017-11-02","2017-11-02","2018-01-01","S","P:GR4",4,9350,"szt",0.35833333333333334,3351.04,3939.93,10053.11,98]
["SUE",8,"FUE","Klient 182","2017-11-02","2017-11-02","2018-01-01","S","P:GR3",5,961.6,"kg",1.6078333333333334,1546.11,2515.83,4638.32,98]
["SUE",8,"FUE","Klient 182","2017-11-02","2017-11-02","2018-01-01","S","P:GR4",6,48924,"szt",173.44833333333335,8485.7900000000009,10513.77,25457.360000000001,98]
["SUE",8,"FUE","Klient 182","2017-11-02","2017-11-02","2018-01-01","S","P:GR4",7,98200,"szt",48.787666666666667,4790.96,5191.51,14372.87,98]
["SUE",8,"FUE","Klient 182","2017-11-02","2017-11-02","2018-01-01","S","P:GR3",8,198980,"mb",69.909166666666664,13910.53,19145.18,41731.589999999997,98]
["SUE",8,"FUE","Klient 182","2017-11-02","2017-11-02","2018-01-01","S","P:GR4",9,4290,"szt",0.42066666666666669,1804.93,1737.95,5414.8,98]
["SUE",8,"FUE","Klient 182","2017-11-02","2017-11-02","2018-01-01","S","P:GR4",10,10600,"szt",0.19116666666666668,2027.15,2254.09,6081.46,98]
["SUE",8,"FUE","Klient 182","2017-11-02","2017-11-02","2018-01-01","S","U:",11,2,"szt",747,1494,0,4482]
["SUE",8,"FUE","Klient 183","2017-11-02","2017-11-02","2017-12-02","S","U:",17,2,"szt",239.89333333333332,479.79,0,1439.36]
["SUE",8,"FUE","Klient 183","2017-11-02","2017-11-02","2017-12-02","S","U:",16,2,"szt",545.39166666666665,1090.78,0,3272.35]
["SUE",8,"FUE","Klient 183","2017-11-02","2017-11-02","2017-12-02","S","P:GR4",1,4300,"szt",0.39949999999999997,1717.77,1813.6,5153.3100000000004,98]
["SUE",8,"FUE","Klient 183","2017-11-02","2017-11-02","2017-12-02","S","P:GR4",2,1650,"szt",0.27266666666666667,449.95,506.15,1349.86,98]
["SUE",8,"FUE","Klient 183","2017-11-02","2017-11-02","2017-12-02","S","P:GR4",3,7200,"szt",0.35266666666666668,2539.6799999999998,2792.4,7619.04,98]
["SUE",8,"FUE","Klient 183","2017-11-02","2017-11-02","2017-12-02","S","P:GR4",4,51400,"szt",4.8666666666666664E-2,2497.4899999999998,2410.66,7492.48,98]
["SUE",8,"FUE","Klient 183","2017-11-02","2017-11-02","2017-12-02","S","P:GR4",5,176800,"szt",6.3038333333333334,1114.52,1022.49,3343.57,98]
["SUE",8,"FUE","Klient 183","2017-11-02","2017-11-02","2017-12-02","S","P:GR2",6,2638.6,"kg",1.3386666666666667,3532.26,4214.3100000000004,10596.79,98]
["SUE",8,"FUE","Klient 183","2017-11-02","2017-11-02","2017-12-02","S","P:GR2",7,1455.4,"kg",1.3386666666666667,1948.32,2325.15,5844.96,98]
["SUE",8,"FUE","Klient 183","2017-11-02","2017-11-02","2017-12-02","S","P:GR2",8,944.8,"kg",1.3386666666666667,1264.8,1509.13,3794.39,98]
["SUE",8,"FUE","Klient 183","2017-11-02","2017-11-02","2017-12-02","S","P:GR2",9,3787.6,"kg",1.3741666666666665,5204.55,6883.2,15613.64,98]
["SUE",8,"FUE","Klient 183","2017-11-02","2017-11-02","2017-12-02","S","P:GR2",10,6030.4,"kg",1.3741666666666665,8286.39,10165.86,24859.16,98]
["SUE",8,"FUE","Klient 183","2017-11-02","2017-11-02","2017-12-02","S","P:GR4",11,112000,"szt",12.735166666666666,1426.35,1386.93,4279.04,98]
["SUE",8,"FUE","Klient 183","2017-11-02","2017-11-02","2017-12-02","S","P:GR4",12,72440,"szt",12.735333333333335,922.55,894.63,2767.64,98]
["SUE",8,"FUE","Klient 183","2017-11-02","2017-11-02","2017-12-02","S","P:GR4",13,28080,"szt",4.7166666666666662E-2,1326.6,1284.75,3979.81,98]
["SUE",8,"FUE","Klient 183","2017-11-02","2017-11-02","2017-12-02","S","P:GR4",14,6080,"szt",0.77916666666666667,4737.1099999999997,6322.46,14211.33,98]
["SUE",8,"FUE","Klient 183","2017-11-02","2017-11-02","2017-12-02","S","P:GR4",15,53500,"szt",15.433833333333332,825.71,731.17,2477.12,98]
["SUE",8,"FUE","Klient 183","2017-11-03","2017-11-03","2017-12-03","S","P:GR4",1,34600,"szt",3.4499999999999996E-2,1196.27,1168.9000000000001,3588.82,98]
["SUE",8,"FUE","Klient 184","2017-11-03","2017-11-03","2017-12-03","S","P:GR4",1,53500,"szt",149.58716666666666,8002.92,7468.6,24008.75,98]
["SUE",8,"FUE","Klient 184","2017-11-03","2017-11-03","2017-12-03","S","P:GR4",1,12400,"szt",26.337166666666665,326.58,265.14999999999998,979.74,98]
["SUE",8,"FUE","Klient 184","2017-11-03","2017-11-03","2017-12-03","S","P:GR4",1,37680,"szt",19.861166666666666,2494.56,1824.34,7483.69,98]
["SUE",8,"FUE","Klient 184","2017-11-03","2017-11-03","2017-12-03","S","P:GR4",1,176600,"szt",70.974166666666676,12534.04,15369.75,37602.120000000003,98]
["SUE",8,"FUE","Klient 184","2017-11-03","2017-11-03","2017-12-03","S","P:GR4",1,51000,"szt",42.024666666666668,2143.2600000000002,1898.9,6429.78,98]
["SUE",8,"FUE","Klient 184","2017-11-03","2017-11-03","2017-12-03","S","P:GR4",1,8096,"szt",335.16016666666667,2713.46,2734.43,8140.37,98]
["SUE",8,"FUE","Klient 184","2017-11-03","2017-11-03","2017-12-03","S","P:GR4",1,10396,"szt",196.15616666666665,2039.24,1930.71,6117.72,98]
["SUE",8,"FUE","Klient 184","2017-11-03","2017-11-03","2017-12-03","S","P:GR1",1,48000,"mb",75.658500000000004,3631.61,2877.6,10894.83,98]
["SUE",8,"FUER","Klient 185","2017-11-03","2017-11-03","2017-11-17","X","U:",1,-2,null,669.65,-1339.3,0,-4017.9]
["SUE",8,"FUER","Klient 185","2017-11-03","2017-11-03","2017-11-17","S","P:GR4",2,5460,"szt",0.496,2708.36,2535.44,8125.08,98]
["SUE",8,"FUE","Klient 184","2017-11-03","2017-11-03","2017-12-03","S","P:GR4",1,1864,"szt",1270.0805,2367.4299999999998,2218.84,7102.29,98]
["SUE",8,"FUE","Klient 182","2017-11-03","2017-11-03","2018-01-02","S","P:GR4",1,7064,"szt",0.35983333333333328,2542.02,2495.6799999999998,7626.07,98]
["SUE",8,"FUE","Klient 182","2017-11-03","2017-11-03","2018-01-02","S","P:GR1",2,8242.2000000000007,"kg",1.1078333333333334,9130.65,8422.4699999999993,27391.94,98]
["SUE",8,"FUE","Klient 182","2017-11-03","2017-11-03","2018-01-02","S","P:GR3",3,1157.96,"kg",1.8840000000000001,2181.5500000000002,2041.04,6544.64,98]
["SUE",8,"FUE","Klient 182","2017-11-03","2017-11-03","2018-01-02","S","P:GR4",4,24300,"szt",0.10233333333333333,2486.1799999999998,2958.53,7458.54,98]
["SUE",8,"FUE","Klient 182","2017-11-03","2017-11-03","2018-01-02","S","P:GR1",5,10500,"mb",452.08533333333338,4746.8999999999996,4155.8999999999996,14240.69,98]
["SUE",8,"FUE","Klient 182","2017-11-03","2017-11-03","2018-01-02","S","P:GR1",6,31500,"mb",488.74116666666669,15395.35,13582.8,46186.04,98]
["SUE",8,"FUER","Klient 185","2017-11-03","2017-11-03","2017-11-17","X","U:",1,-2,null,621.81000000000006,-1243.6199999999999,0,-3730.86]
["SUE",8,"FUER","Klient 185","2017-11-03","2017-11-03","2017-11-17","S","P:GR4",2,3030,"szt",0.82900000000000007,2512.12,2261.09,7536.36,98]
["SUE",8,"FUE","Klient 186","2017-11-03","2017-11-03","2017-12-03","S","P:GR4",1,7436,"szt",0.54333333333333333,4040.07,4159.95,12120.2,98]
["SUE",8,"FUE","Klient 187","2017-11-03","2017-11-03","2017-12-18","S","P:GR3",1,1619.68,"kg",1.6228333333333333,2628.54,2747.34,7885.63,98]
["SUE",8,"FUE","Klient 187","2017-11-03","2017-11-03","2017-12-18","S","P:GR4",2,42000,"szt",22.762666666666664,956.03,1010.8,2868.09,98]
["SUE",8,"FUE","Klient 187","2017-11-03","2017-11-03","2017-12-18","S","P:GR4",3,4884,"szt",0.3105,1516.31,1305.33,4548.92,98]
["SUE",8,"FUE","Klient 187","2017-11-03","2017-11-03","2017-12-18","S","P:GR4",4,4080,"szt",0.61449999999999994,2507.48,2498.86,7522.43,98]
["SUE",8,"FUE","Klient 187","2017-11-03","2017-11-03","2017-12-18","S","P:GR4",5,16520,"szt",0.47416666666666668,7833.18,7694.74,23499.53,98]
["SUE",8,"FUE","Klient 187","2017-11-03","2017-11-03","2017-12-18","S","P:GR4",6,16000,"szt",0.41066666666666668,6570.55,6377.33,19711.64,98]
["SUE",8,"FUE","Klient 188","2017-11-03","2017-11-03","2017-12-03","S","P:GR1",1,1065.3,"kg",1.2418333333333333,1322.94,1082.29,3968.83,98]
["SUE",8,"FUE","Klient 180","2017-11-03","2017-11-03","2017-12-03","S","P:GR1",1,144000,"mb",43.587833333333329,12553.27,9703.2000000000007,37659.82,98]
["SUE",8,"FUEK","Klient 187","2017-11-03","2017-07-26","2017-12-18","S","P:GR1",-1,-1056,"kg",1.4753333333333334,-1558,-1604.4,-4674,98]
["SUE",8,"FUEK","Klient 187","2017-11-03","2017-07-26","2017-12-18","S","P:GR1",1,1056,"kg",1.1561666666666668,1220.93,1604.4,3662.8,98]
["SUE",8,"FUER","Klient 185","2017-11-03","2017-11-03","2017-11-17","X","U:",1,-2,null,597.78499999999997,-1195.57,0,-3586.71]
["SUE",8,"FUER","Klient 185","2017-11-03","2017-11-03","2017-11-17","S","P:GR4",2,42400,"szt",59.778333333333336,2534.6,2093.9899999999998,7603.8,98]
["SUE",8,"FUE","Klient 189","2017-11-06","2017-11-06","2017-12-06","S","P:GR4",1,88200,"mb",7.8168333333333342,6894.45,6631.17,20683.36,98]
["SUE",8,"FUE","Klient 189","2017-11-06","2017-11-06","2017-12-06","S","P:GR4",2,64900,"mb",11.237666666666668,14586.39,16182.76,43759.18,98]
["SUE",8,"FUE","Klient 189","2017-11-06","2017-11-06","2017-12-06","S","P:GR4",3,6040,"szt",0.74216666666666675,4482.3100000000004,4507.3500000000004,13446.94,98]
["SUE",8,"FUE","Klient 183","2017-11-06","2017-11-06","2017-12-06","S","P:GR4",1,22000,"szt",5.8666666666666666E-2,1290.56,1243.73,3871.67,98]
["SUE",8,"FUE","Klient 183","2017-11-06","2017-11-06","2017-12-06","S","P:GR3",2,1178.0999999999999,"kg",1.6115000000000002,1898.42,1947.46,5695.25,98]
["SUE",8,"FUE","Klient 183","2017-11-06","2017-11-06","2017-12-06","S","P:GR4",3,16000,"szt",4.8499999999999995E-2,775.75,750.4,2327.2399999999998,98]
["SUE",8,"FUE","Klient 183","2017-11-06","2017-11-06","2017-12-06","S","P:GR1",4,4017.4,"kg",0.76333333333333331,3066.52,2225.71,9199.56,98]
["SUE",8,"FUE","Klient 183","2017-11-06","2017-11-06","2017-12-06","S","P:GR1",5,31520,"mb",503.92466666666661,15883.7,37341.199999999997,47651.11,98]
["SUE",8,"FUE","Klient 183","2017-11-06","2017-11-06","2017-12-06","S","P:GR4",6,2216,"szt",0.69966666666666677,1550.53,1605.71,4651.6000000000004,98]
["SUE",8,"FUE","Klient 183","2017-11-06","2017-11-06","2017-12-06","S","P:GR1",7,1862.2,"kg",1.1803333333333332,2197.96,1843.42,6593.88,98]
["SUE",8,"FUE","Klient 183","2017-11-06","2017-11-06","2017-12-06","S","P:GR4",8,137500,"szt",6.8166666666666667E-2,9377.92,9590.6299999999992,28133.75,98]
["SUE",8,"FUE","Klient 183","2017-11-06","2017-11-06","2017-12-06","S","P:GR4",9,140460,"szt",5.0166666666666665E-2,7048.34,7460.77,21145.03,98]
["SUE",8,"FUE","Klient 183","2017-11-06","2017-11-06","2017-12-06","S","P:GR3",10,901.4,"kg",1.2721666666666667,1146.74,1231.21,3440.23,98]
["SUE",8,"FUE","Klient 183","2017-11-06","2017-11-06","2017-12-06","S","U:",11,2,"szt",1688.6949999999999,3377.39,0,10132.17]
["SUE",8,"FUE","Klient 181","2017-11-06","2017-11-06","2017-12-06","S","P:GR4",1,9600,"szt",0.39933333333333332,3833.5,3732.8,11500.51,98]
["SUE",8,"FUE","Klient 190","2017-11-06","2017-11-06","2017-12-06","S","P:GR4",1,10110,"szt",0.11183333333333334,1130.4000000000001,1220.95,3391.21,98]
["SUE",8,"FUE","Klient 190","2017-11-06","2017-11-06","2017-12-06","S","P:GR4",1,2500,"szt",0.46933333333333332,1173.23,1123.54,3519.7,98]
["SUE",8,"FUE","Klient 190","2017-11-06","2017-11-06","2017-12-06","S","P:GR1",1,5900,"mb",64.31583333333333,7589.26,6370.82,22767.78,98]
["SUE",8,"FUE","Klient 191","2017-11-06","2017-11-06","2017-11-27","S","P:GR4",1,18400,"szt",0.10183333333333333,1872.65,2426.04,5617.95,98]
["SUE",8,"FUE","Klient 191","2017-11-06","2017-11-06","2017-11-27","S","P:GR4",2,38400,"szt",5.9333333333333328E-2,2279.75,2876.8,6839.24,98]
["SUE",8,"FUE","Klient 191","2017-11-06","2017-11-06","2017-11-27","S","P:GR4",3,40140,"szt",0.10183333333333333,4085.22,4596.03,12255.67,98]
["SUE",8,"FUE","Klient 192","2017-11-06","2017-11-06","2017-12-06","S","P:GR4",1,4000,"szt",0.37816666666666671,1512.48,1353.93,4537.4399999999996,98]
["SUE",8,"FUUK","Klient 193","2017-11-06","2017-10-18","2017-12-06","S","P:GR4",-1,-19510,"szt",0.22433333333333336,-4375.29,-3732.26,-13125.87,98]
["SUE",8,"FUUK","Klient 193","2017-11-06","2017-10-18","2017-12-06","S","P:GR4",1,19510,"szt",0.21966666666666668,4287.24,3732.26,12861.71,98]
["SUE",8,"FUE","Klient 194","2017-11-06","2017-11-06","2017-11-20","S","P:GR4",1,2000,"szt",3.5338333333333334,7067.67,6360.6,21203,98]
["SUE",8,"FUE","Klient 194","2017-11-06","2017-11-06","2017-11-20","S","P:GR4",2,1000,"szt",3.7035,3703.46,3475.5,11110.37,98]
["SUE",8,"FUE","Klient 194","2017-11-06","2017-11-06","2017-11-20","S","P:GR4",3,500,"szt",3.3246666666666669,1662.32,1996.58,4986.95,98]
["SUE",8,"FUE","Klient 194","2017-11-06","2017-11-06","2017-11-20","S","U:",4,2,"szt",35.338333333333331,70.680000000000007,0,212.03]
["SUE",8,"FUE","Klient 194","2017-11-06","2017-11-06","2017-11-20","S","P:GR1",1,6201.4,"kg",1.4135,8765.89,6306.16,26297.66,98]
["SUE",8,"FUE","Klient 194","2017-11-06","2017-11-06","2017-11-20","S","U:",2,2,"szt",35.338333333333331,70.680000000000007,0,212.03]
["SUE",8,"FUE","Klient 194","2017-11-06","2017-11-06","2017-11-20","S","P:GR4",1,4000,"szt",0.41,1639.7,2738.53,4919.1000000000004,98]
["SUE",8,"FUE","Klient 194","2017-11-06","2017-11-06","2017-11-20","S","P:GR4",2,5970,"szt",0.34633333333333333,2067.5,2445.91,6202.51,98]
["SUE",8,"FUE","Klient 194","2017-11-06","2017-11-06","2017-11-20","S","P:GR4",3,8000,"szt",0.54416666666666669,4353.68,3979.2,13061.05,98]
["SUE",8,"FUE","Klient 194","2017-11-06","2017-11-06","2017-11-20","S","U:",4,2,"szt",35.338333333333331,70.680000000000007,0,212.03]
["SUE",8,"FUE","Klient 194","2017-11-06","2017-11-06","2017-11-20","S","P:GR3",1,4249.3599999999997,"kg",1.1591666666666667,4925.43,4404.66,14776.29,98]
["SUE",8,"FUE","Klient 194","2017-11-06","2017-11-06","2017-11-20","S","P:GR2",2,1999.92,"kg",1.6115000000000002,3222.73,3359.4,9668.19,98]
["SUE",8,"FUE","Klient 194","2017-11-06","2017-11-06","2017-11-20","S","P:GR4",3,9726,"szt",0.47916666666666669,4660.57,5700.65,13981.72,98]
["SUE",8,"FUE","Klient 194","2017-11-06","2017-11-06","2017-11-20","S","P:GR4",4,4050,"szt",1.2863333333333333,5209.58,5854.41,15628.73,98]
["SUE",8,"FUE","Klient 194","2017-11-06","2017-11-06","2017-11-20","S","P:GR4",5,2150,"szt",1.2863333333333333,2765.58,3174.26,8296.73,98]
["SUE",8,"FUE","Klient 194","2017-11-06","2017-11-06","2017-11-20","S","P:GR4",6,250,"szt",1.1308333333333334,282.70999999999998,254.13,848.12,98]
["SUE",8,"FUE","Klient 194","2017-11-06","2017-11-06","2017-11-20","S","P:GR4",7,2760,"szt",1.1308333333333334,3121.08,3388.67,9363.24,98]
["SUE",8,"FUER","Klient 185","2017-11-06","2017-11-06","2017-11-20","X","U:",1,-2,null,942.2116666666667,-1884.42,0,-5653.27]
["SUE",8,"FUER","Klient 185","2017-11-06","2017-11-06","2017-11-20","S","P:GR4",2,2818,"szt",1.3958333333333333,3933.55,3786.69,11800.66,98]
["SUE",8,"FUER","Klient 185","2017-11-07","2017-11-07","2017-11-21","X","U:",1,-2,null,704.8649999999999,-1409.73,0,-4229.1899999999996]
["SUE",8,"FUER","Klient 185","2017-11-07","2017-11-07","2017-11-21","S","P:GR4",2,11228,"szt",261.06200000000001,2931.2,2623.05,8793.61,98]
["SUE",8,"FUE","Klient 189","2017-11-07","2017-11-07","2017-12-07","S","P:GR4",1,11800,"szt",275.91833333333335,3255.84,3166.53,9767.51,98]
["SUE",8,"FUE","Klient 189","2017-11-07","2017-11-07","2017-12-07","S","P:GR4",2,2100,"szt",0.90483333333333338,1900.23,1674.3,5700.69,98]
["SUE",8,"FUE","Klient 189","2017-11-07","2017-11-07","2017-12-07","S","P:GR1",3,44011.94,"mb",14.241666666666667,2507.21,2808.84,7521.62,98]
["SUE",8,"FUE","Klient 189","2017-11-07","2017-11-07","2017-12-07","S","P:GR1",4,3600,"mb",37.461333333333336,2697.21,2175.84,8091.63,98]
["SUE",8,"FUE","Klient 190","2017-11-07","2017-11-07","2017-12-07","S","P:GR4",1,7850,"szt",8.32,1306.24,1139.04,3918.72,98]
["SUE",8,"FUER","Klient 185","2017-11-07","2017-11-07","2017-11-21","X","U:",1,-2,null,3905.3083333333329,-7810.62,0,-23431.85]
["SUE",8,"FUER","Klient 185","2017-11-07","2017-11-07","2017-11-21","S","P:GR4",2,38300,"szt",406.80300000000005,15580.55,15972.98,46741.66,98]
["SUE",8,"FUE","Klient 184","2017-11-08","2017-11-08","2017-12-08","S","P:GR4",1,8160,"szt",556.10749999999996,4537.84,3983.71,13613.51,98]
["SUE",8,"FUE","Klient 184","2017-11-08","2017-11-08","2017-12-08","S","P:GR4",1,6300,"szt",0.53283333333333338,3356.57,3098.97,10069.709999999999,98]
["SUE",8,"FUE","Klient 184","2017-11-08","2017-11-08","2017-12-08","S","P:GR4",1,20000,"szt",71.076499999999996,1421.53,1791.67,4264.59,98]
["SUE",8,"FUE","Klient 186","2017-11-08","2017-11-08","2017-12-08","S","P:GR4",1,10340,"szt",134.12316666666666,1386.83,1265.6199999999999,4160.5,98]
["SUE",8,"FUE","Klient 180","2017-11-08","2017-11-08","2017-12-08","S","P:GR1",1,48000,"mb",42.476833333333332,4077.77,2868.8,12233.32,98]
["SUE",8,"FUE","Klient 180","2017-11-08","2017-11-08","2017-12-08","S","P:GR1",2,160000,"mb",53.095833333333331,16990.68,12389.33,50972.05,98]
["SUE",8,"FUE","Klient 187","2017-11-08","2017-11-08","2017-12-23","S","P:GR4",1,508000,"szt",11.228166666666667,5703.89,4969.93,17111.68,98]
["SUE",8,"FUE","Klient 187","2017-11-08","2017-11-08","2017-12-23","S","P:GR4",2,6300,"szt",0.43816666666666665,2760.04,2541,8280.1299999999992,98]
["SUE",8,"FUER","Klient 185","2017-11-08","2017-11-08","2017-11-22","X","U:",1,-2,null,2782.3033333333333,-5564.61,0,-16693.82]
["SUE",8,"FUER","Klient 185","2017-11-08","2017-11-08","2017-11-22","S","P:GR4",2,10100,"szt",1112.9211666666667,11240.5,10561.23,33721.51,98]
["SUE",8,"FUE","Klient 180","2017-11-08","2017-11-08","2017-12-08","S","P:GR3",1,43200,"mb",68.188499999999991,3682.18,3608.64,11046.54,98]
["SUE",8,"FUE","Klient 184","2017-11-08","2017-11-08","2017-12-08","S","P:GR4",1,104660,"szt",26.522833333333335,2775.89,1897.83,8327.66,98]
["SUE",8,"FUE","Klient 184","2017-11-08","2017-11-08","2017-12-08","S","P:GR4",1,61400,"szt",26.374500000000001,1619.4,1270.98,4858.1899999999996,98]
["SUE",8,"FUE","Klient 184","2017-11-08","2017-11-08","2017-12-08","S","P:GR4",1,30000,"szt",95.852500000000006,2875.58,2766.5,8626.73,98]
["SUE",8,"FUE","Klient 184","2017-11-08","2017-11-08","2017-12-08","S","P:GR4",1,8100,"szt",0.53700000000000003,4349.93,4199.8500000000004,13049.8,98]
["SUE",8,"FUE","Klient 184","2017-11-08","2017-11-08","2017-12-08","S","P:GR4",1,8000,"szt",0.38016666666666671,3041.28,2951.47,9123.83,98]
["SUE",8,"FUE","Klient 184","2017-11-08","2017-11-08","2017-12-08","S","P:GR1",1,14400,"mb",38.585500000000003,1852.1,1496.64,5556.3,98]
["SUE",8,"FUE","Klient 184","2017-11-08","2017-11-08","2017-12-08","S","P:GR1",1,23400,"mb",54.536666666666669,2835.91,2056.86,8507.7199999999993,98]
["SUE",8,"FUE","Klient 184","2017-11-08","2017-11-08","2017-12-08","S","P:GR1",1,6200,"mb",18.732499999999998,2322.8200000000002,1708.31,6968.46,98]
["SUE",8,"FUE","Klient 184","2017-11-08","2017-11-08","2017-12-08","S","P:GR1",1,36000,"mb",36.503833333333333,2920.31,1990.8,8760.92,98]
["SUE",8,"FUE","Klient 184","2017-11-08","2017-11-08","2017-12-08","S","P:GR4",1,3266,"szt",0.32216666666666666,1052.3599999999999,755.86,3157.09,98]
["SUE",8,"FUE","Klient 184","2017-11-08","2017-11-08","2017-12-08","S","P:GR1",1,80000,"mb",33.917666666666669,2713.41,1853.33,8140.22,98]
["SUE",8,"FUUK","Klient 180","2017-11-08","2017-10-25","2017-12-08","S","P:GR4",-1,-9600,"szt",0.25433333333333336,-2441.1999999999998,-2581.7600000000002,-7323.61,98]
["SUE",8,"FUUK","Klient 180","2017-11-08","2017-10-25","2017-12-08","S","P:GR4",1,9600,"szt",0.24916666666666668,2392.38,2581.7600000000002,7177.14,98]
["SUE",8,"FUE","Klient 195","2017-11-08","2017-11-08","2018-01-07","S","P:GR4",1,23840,"szt",2.1999999999999997,52448,48096.41,157344,98]
["SUE",8,"FUE","Klient 183","2017-11-08","2017-11-08","2017-12-08","S","P:GR1",1,2784,"kg",1.1023333333333334,3068.86,2784,9206.59,98]
["SUE",8,"FUE","Klient 182","2017-11-08","2017-11-08","2018-01-07","S","P:GR4",1,4948,"szt",0.74616666666666676,3692.13,3832.06,11076.39,98]
["SUE",8,"FUE","Klient 182","2017-11-08","2017-11-08","2018-01-07","S","P:GR3",2,1240,"kg",1.3425,1664.79,2324.23,4994.37,98]
["SUE",8,"FUE","Klient 182","2017-11-08","2017-11-08","2018-01-07","S","P:GR3",3,1237.6400000000001,"kg",1.3425,1661.62,2471.4299999999998,4984.87,98]
["SUE",8,"FUE","Klient 196","2017-11-08","2017-11-08","2018-01-07","S","P:GR1",1,3288.4,"kg",1.3455000000000001,4424.4399999999996,3679.76,13273.31,98]
["SUE",8,"FUE","Klient 196","2017-11-08","2017-11-08","2018-01-07","S","P:GR1",2,3621.6,"kg",1.4818333333333333,5366.65,4331.45,16099.96,98]
["SUE",8,"FUE","Klient 196","2017-11-08","2017-11-08","2018-01-07","S","P:GR1",3,6071.2,"kg",1.4818333333333333,8996.59,7126.95,26989.759999999998,98]
["SUE",8,"FUE","Klient 196","2017-11-08","2017-11-08","2018-01-07","S","P:GR1",4,4955.2,"kg",1.3455000000000001,6667.07,5564.52,20001.21,98]
["SUE",8,"FUE","Klient 196","2017-11-08","2017-11-08","2018-01-07","S","P:GR1",5,4956,"kg",1.3455000000000001,6668.14,5117.3599999999997,20004.43,98]
["SUE",8,"FUE","Klient 196","2017-11-08","2017-11-08","2018-01-07","S","P:GR1",6,3303.6,"kg",1.3455000000000001,4444.8900000000003,3447.12,13334.66,98]
["SUE",8,"FUE","Klient 196","2017-11-08","2017-11-08","2018-01-07","S","P:GR1",7,3263.6,"kg",1.349,4402.6000000000004,3895.8,13207.81,98]
["SUE",8,"FUE","Klient 197","2017-11-08","2017-11-08","2017-12-08","S","P:GR3",1,2173.96,"kg",1.6463333333333334,3579.24,3586.33,10737.72,98]
["SUE",8,"FUE","Klient 197","2017-11-08","2017-11-08","2017-12-08","S","P:GR4",2,2082,"szt",1.5043333333333333,3132.13,2853.52,9396.4,98]
["SUE",8,"FUE","Klient 183","2017-11-09","2017-11-09","2017-12-09","S","P:GR4",1,825600,"szt",6.2926666666666664,5195.29,4774.72,15585.87,98]
["SUE",8,"FUE","Klient 183","2017-11-09","2017-11-09","2017-12-09","S","P:GR4",2,24000,"szt",6.3351666666666668,152.04,194,456.13,98]
["SUE",8,"FUE","Klient 183","2017-11-09","2017-11-09","2017-12-09","S","P:GR1",3,13155.4,"kg",1.1100000000000001,14603.4,13316.13,43810.19,98]
["SUE",8,"FUE","Klient 183","2017-11-09","2017-11-09","2017-12-09","S","P:GR4",4,4180,"szt",0.54083333333333339,2260.9299999999998,2266.12,6782.8,98]
["SUE",8,"FUE","Klient 183","2017-11-09","2017-11-09","2017-12-09","S","P:GR3",5,6115.5,"kg",1.3786666666666667,8431.73,9953,25295.18,98]
["SUE",8,"FUE","Klient 183","2017-11-09","2017-11-09","2017-12-09","S","P:GR1",6,2108.8000000000002,"kg",0.95450000000000002,2012.89,1517.56,6038.66,98]
["SUE",8,"FUE","Klient 183","2017-11-09","2017-11-09","2017-12-09","S","P:GR4",7,10800,"szt",9.8999999999999991E-2,1069.06,1093.18,3207.18,98]
["SUE",8,"FUE","Klient 183","2017-11-09","2017-11-09","2017-12-09","S","P:GR4",8,16000,"szt",4.8499999999999995E-2,776.06,750.4,2328.17,98]
["SUE",8,"FUE","Klient 183","2017-11-09","2017-11-09","2017-12-09","S","P:GR1",9,1939.2,"kg",1.1525000000000001,2234.91,2015.19,6704.74,98]
["SUE",8,"FUE","Klient 183","2017-11-09","2017-11-09","2017-12-09","S","P:GR4",10,11600,"szt",28.388000000000002,329.3,315.33,987.9,98]
["SUE",8,"FUE","Klient 183","2017-11-09","2017-11-09","2017-12-09","S","P:GR1",11,968.4,"kg",1.1171666666666666,1081.8399999999999,922.01,3245.53,98]
["SUE",8,"FUE","Klient 183","2017-11-09","2017-11-09","2017-12-09","S","P:GR1",12,984.4,"kg",1.1171666666666666,1099.72,887.73,3299.15,98]
["SUE",8,"FUE","Klient 183","2017-11-09","2017-11-09","2017-12-09","S","P:GR1",13,1902.78,"kg",1.1525000000000001,2192.94,1853.37,6578.83,98]
["SUE",8,"FUE","Klient 183","2017-11-09","2017-11-09","2017-12-09","S","P:GR4",14,96000,"szt",4.6333333333333337E-2,4452.72,4502.3999999999996,13358.15,98]
["SUE",8,"FZUE","Klient 185","2017-11-10","2017-11-07","2017-11-11","Z","U:",1,2,null,2153.7950000000001,4307.59,0,12922.77]
["SUE",8,"FZUE","Klient 185","2017-11-10","2017-11-07","2017-11-11","Z","U:",1,2,null,533.08000000000004,1066.1600000000001,0,3198.48]
["SUE",8,"FZUE","Klient 185","2017-11-10","2017-11-07","2017-11-11","Z","U:",1,2,null,2178.9333333333334,4357.87,0,13073.6]
["SUE",8,"FZUE","Klient 185","2017-11-10","2017-11-07","2017-11-11","Z","U:",1,2,null,1694.4350000000002,3388.87,0,10166.61]
["SUE",8,"FUE","Klient 191","2017-11-10","2017-11-10","2017-12-01","S","P:GR4",1,20300,"szt",8.2833333333333328E-2,1681.93,2311.83,5045.78,98]
["SUE",8,"FUE","Klient 190","2017-11-10","2017-11-10","2017-12-10","S","P:GR4",1,4200,"szt",10.548833333333333,886.1,786.94,2658.3,98]
["SUE",8,"FUE","Klient 190","2017-11-10","2017-11-10","2017-12-10","S","P:GR4",1,11800,"szt",8.2923333333333336,1957,1632.73,5871,98]
["SUE",8,"FUE","Klient 190","2017-11-10","2017-11-10","2017-12-10","S","P:GR4",2,8100,"szt",10.548833333333333,1708.9,1494.72,5126.71,98]
["SUE",8,"FUE","Klient 194","2017-11-10","2017-11-10","2017-11-24","S","P:GR3",1,250920,"mb",1.9E-2,4777.17,5398.86,14331.5,98]
["SUE",8,"FUE","Klient 194","2017-11-10","2017-11-10","2017-11-24","S","U:",2,2,"szt",35.256666666666668,70.510000000000005,0,211.54]
["SUE",8,"FUE","Klient 194","2017-11-10","2017-11-10","2017-11-24","S","P:GR4",1,1500,"szt",0.62049999999999994,930.78,875.8,2792.33,98]
["SUE",8,"FUE","Klient 194","2017-11-10","2017-11-10","2017-11-24","S","P:GR4",2,200,"szt",3.6948333333333334,738.98,629.5,2216.94,98]
["SUE",8,"FUE","Klient 194","2017-11-10","2017-11-10","2017-11-24","S","P:GR4",3,19200,"szt",0.13816666666666666,2653.56,2734.72,7960.67,98]
["SUE",8,"FUE","Klient 194","2017-11-10","2017-11-10","2017-11-24","S","P:GR4",4,11600,"szt",0.14799999999999999,1717.7,2072.92,5153.1099999999997,98]
["SUE",8,"FUE","Klient 194","2017-11-10","2017-11-10","2017-11-24","S","P:GR4",5,48240,"szt",0.14799999999999999,7143.28,8708.1200000000008,21429.85,98]
["SUE",8,"FUE","Klient 194","2017-11-10","2017-11-10","2017-11-24","S","P:GR3",6,2320,"kg",22.21166666666667,3435.4,3874,10306.19,98]
["SUE",8,"FUE","Klient 194","2017-11-10","2017-11-10","2017-11-24","S","P:GR4",7,4000,"szt",0.84616666666666662,3384.64,6041,10153.92,98]
["SUE",8,"FUE","Klient 194","2017-11-10","2017-11-10","2017-11-24","S","P:GR2",8,4002.6,"kg",1.5301666666666665,6124.53,5499.44,18373.599999999999,98]
["SUE",8,"FUE","Klient 194","2017-11-10","2017-11-10","2017-11-24","S","P:GR4",9,4000,"szt",0.43016666666666664,1720.53,1906.53,5161.58,98]
["SUE",8,"FUE","Klient 194","2017-11-10","2017-11-10","2017-11-24","S","P:GR4",10,5300,"szt",0.32433333333333331,1719.12,1950.67,5157.3500000000004,98]
["SUE",8,"FUE","Klient 194","2017-11-10","2017-11-10","2017-11-24","S","P:GR4",11,6000,"szt",0.57816666666666661,3469.26,3941.4,10407.77,98]
["SUE",8,"FUE","Klient 194","2017-11-10","2017-11-10","2017-11-24","S","P:GR4",12,7820,"szt",0.4936666666666667,3859.9,4331.24,11579.7,98]
["SUE",8,"FUE","Klient 194","2017-11-10","2017-11-10","2017-11-24","S","P:GR4",13,5488,"szt",0.4371666666666667,2399.2600000000002,2842.33,7197.78,98]
["SUE",8,"FUE","Klient 194","2017-11-10","2017-11-10","2017-11-24","S","P:GR4",14,2800,"szt",0.38083333333333336,1066.1600000000001,1865.69,3198.48,98]
["SUE",8,"FUE","Klient 198","2017-11-10","2017-11-10","2017-12-10","S","P:GR1",3,36000,"mb",1.2396666666666667,2471.31,1970.4,7413.93,98]
["SUE",8,"FUE","Klient 198","2017-11-10","2017-11-10","2017-12-10","S","P:GR1",4,30000,"mb",1.2396666666666667,2666.67,2118,8000.02,98]
["SUE",8,"FUE","Klient 198","2017-11-10","2017-11-10","2017-12-10","S","P:GR1",1,195200,"mb",1.2833333333333334,7988.03,6272.43,23964.1,98]
["SUE",8,"FUE","Klient 198","2017-11-10","2017-11-10","2017-12-10","S","P:GR1",2,171200,"mb",1.2396666666666667,9780.14,7715.41,29340.43,98]
["SUE",8,"FUE","Klient 182","2017-11-10","2017-11-10","2018-01-09","S","P:GR1",1,13158.8,"kg",1.1211666666666666,14753.15,12426.78,44259.46,98]
["SUE",8,"FUE","Klient 182","2017-11-10","2017-11-10","2018-01-09","S","P:GR4",2,5924,"szt",0.34899999999999998,2067.7199999999998,2003.5,6203.16,98]
["SUE",8,"FUE","Klient 182","2017-11-10","2017-11-10","2018-01-09","S","P:GR4",3,69680,"szt",172.673,12031.86,16126.27,36095.58,98]
["SUE",8,"FUE","Klient 182","2017-11-10","2017-11-10","2018-01-09","S","P:GR1",4,1220.8,"kg",1.1281666666666668,1377.32,1094.3,4131.97,98]
["SUE",8,"FUE","Klient 182","2017-11-10","2017-11-10","2018-01-09","S","P:GR1",5,2415.8000000000002,"kg",1.1281666666666668,2725.54,2167.2199999999998,8176.61,98]
["SUE",8,"FUE","Klient 182","2017-11-10","2017-11-10","2018-01-09","S","P:GR1",6,4011.6,"kg",1.1281666666666668,4525.9399999999996,3612.18,13577.82,98]
["SUE",8,"FZUE","Klient 199","2017-11-10","2017-11-06","2017-11-11","Z","U:",1,2,null,1921.665,3843.33,0,11529.99]
["SUE",8,"FUE","Klient 200","2017-11-10","2017-11-10","2017-12-10","S","P:GR4",1,4180,"szt",0.56416666666666659,2357.9699999999998,1802,7073.9,98]
["SUE",8,"FUE","Klient 200","2017-11-10","2017-11-10","2017-12-10","S","P:GR4",2,5140,"szt",243.94033333333334,1253.8499999999999,1335.12,3761.56,98]
["SUE",8,"FUE","Klient 200","2017-11-10","2017-11-10","2017-12-10","S","P:GR4",3,99000,"szt",0.17633333333333334,17452.05,14886.3,52356.15,98]
["SUE",8,"FZUE","Klient 185","2017-11-10","2017-11-07","2017-11-11","Z","U:",1,2,null,1936.825,3873.65,0,11620.95]
["SUE",8,"FZUE","Klient 185","2017-11-10","2017-11-07","2017-11-11","Z","U:",1,2,null,430.13166666666666,860.26,0,2580.79]
["SUE",8,"FZUE","Klient 185","2017-11-10","2017-11-07","2017-11-11","Z","U:",1,2,null,5076.96,10153.92,0,30461.759999999998]
["SUE",8,"FUE","Klient 201","2017-11-13","2017-11-13","2017-12-13","S","P:GR4",1,64500,"szt",27.77633333333333,1791.57,1666.25,5374.72,98]
["SUE",8,"FUE","Klient 201","2017-11-13","2017-11-13","2017-12-13","S","P:GR4",2,62500,"szt",52.344999999999999,3271.56,2972.08,9814.68,98]
["SUE",8,"FUE","Klient 201","2017-11-13","2017-11-13","2017-12-13","S","P:GR4",3,63900,"szt",65.506999999999991,4185.8900000000003,3769.25,12557.68,98]
["SUE",8,"FUE","Klient 201","2017-11-13","2017-11-13","2017-12-13","S","U:",4,28,"szt",3.5248333333333335,98.7,0,296.08999999999997]
["SUE",8,"FUE","Klient 201","2017-11-13","2017-11-13","2017-12-13","S","U:",5,2,"szt",176.24666666666667,352.49,0,1057.48]
["SUE",8,"FUE","Klient 183","2017-11-13","2017-11-13","2017-12-13","S","P:GR1",1,1936.8,"kg",1.1491666666666667,2225.62,1885.96,6676.85,98]
["SUE",8,"FUE","Klient 183","2017-11-13","2017-11-13","2017-12-13","S","P:GR1",2,5473.6,"kg",1.1138333333333332,6096.89,5188.32,18290.68,98]
["SUE",8,"FUE","Klient 183","2017-11-13","2017-11-13","2017-12-13","S","P:GR1",3,2633,"kg",1.1491666666666667,3025.65,2759.88,9076.94,98]
["SUE",8,"FUE","Klient 183","2017-11-13","2017-11-13","2017-12-13","S","P:GR4",1,102000,"szt",6.3166666666666664,644.29999999999995,824.5,1932.9,98]
["SUE",8,"FUE","Klient 183","2017-11-13","2017-11-13","2017-12-13","S","P:GR3",2,2041.94,"kg",1.1915,2432.81,3293.66,7298.44,98]
["SUE",8,"FUE","Klient 183","2017-11-13","2017-11-13","2017-12-13","S","P:GR4",3,29540,"szt",52.993500000000004,1565.43,1631.59,4696.29,98]
["SUE",8,"FUE","Klient 183","2017-11-13","2017-11-13","2017-12-13","S","P:GR1",4,972,"kg",1.1138333333333332,1082.69,925.44,3248.06,98]
["SUE",8,"FUE","Klient 183","2017-11-13","2017-11-13","2017-12-13","S","P:GR1",5,989.6,"kg",1.1138333333333332,1102.28,948.08,3306.85,98]
["SUE",8,"FUE","Klient 183","2017-11-13","2017-11-13","2017-12-13","S","P:GR1",6,2101,"kg",1.1773333333333333,2473.56,2156.5700000000002,7420.68,98]
["SUE",8,"FUE","Klient 183","2017-11-13","2017-11-13","2017-12-13","S","P:GR1",7,2300.8000000000002,"kg",1.3535000000000001,3114.29,2939.69,9342.8799999999992,98]
["SUE",8,"FUE","Klient 183","2017-11-13","2017-11-13","2017-12-13","S","P:GR4",8,2500,"szt",0.95533333333333337,2388.13,2280.38,7164.39,98]
["SUE",8,"FUE","Klient 183","2017-11-13","2017-11-13","2017-12-13","S","P:GR4",9,1770,"szt",1.4451666666666665,2558.0300000000002,2458.71,7674.1,98]
["SUE",8,"FUE","Klient 183","2017-11-13","2017-11-13","2017-12-13","S","P:GR4",10,740,"szt",0.74383333333333335,550.38,526.78,1651.14,98]
["SUE",8,"FUE","Klient 183","2017-11-13","2017-11-13","2017-12-13","S","P:GR4",11,234500,"szt",15.361666666666666,3602.3,3345.53,10806.89,98]
["SUE",8,"FUEK","Klient 194","2017-11-13","2017-10-14","2017-11-27","S","P:GR3",-1,-27636,"mb",27.337,-8037.06,-8450.5400000000009,-24111.17,98]
["SUE",8,"FUEK","Klient 194","2017-11-13","2017-10-14","2017-11-27","S","P:GR3",1,27636,"mb",27.337,8037.06,8450.5400000000009,24111.17,98]
["SUE",8,"FUEK","Klient 194","2017-11-13","2017-10-14","2017-11-27","S","P:GR4",-2,-2130,"szt",0.60716666666666663,-1293.1099999999999,-1216.0899999999999,-3879.34,98]
["SUE",8,"FUEK","Klient 194","2017-11-13","2017-10-14","2017-11-27","S","P:GR4",2,2130,"szt",0.60716666666666663,1293.1099999999999,1216.0899999999999,3879.34,98]
["SUE",8,"FUEK","Klient 194","2017-11-13","2017-10-14","2017-11-27","S","P:GR4",-3,-4072,"szt",0.83083333333333342,-3382.85,-3310.71,-10148.549999999999,98]
["SUE",8,"FUEK","Klient 194","2017-11-13","2017-10-14","2017-11-27","S","P:GR4",3,4072,"szt",0.83083333333333342,3382.85,3310.71,10148.549999999999,98]
["SUE",8,"FUEK","Klient 194","2017-11-13","2017-10-14","2017-11-27","S","P:GR4",-4,-5800,"szt",0.97283333333333333,-5642.06,-6080.53,-16926.169999999998,98]
["SUE",8,"FUEK","Klient 194","2017-11-13","2017-10-14","2017-11-27","S","P:GR4",4,5800,"szt",0.97283333333333333,5642.06,6080.53,16926.169999999998,98]
["SUE",8,"FUEK","Klient 194","2017-11-13","2017-10-14","2017-11-27","S","P:GR4",-5,-3060,"szt",0.84500000000000008,-2585.58,-2498.4,-7756.73,98]
["SUE",8,"FUEK","Klient 194","2017-11-13","2017-10-14","2017-11-27","S","P:GR4",5,3060,"szt",0.84500000000000008,2585.58,2498.4,7756.73,98]
["SUE",8,"FUEK","Klient 194","2017-11-13","2017-10-14","2017-11-27","S","P:GR1",-6,-1912.6,"kg",24.851833333333332,-2376.58,-1823.15,-7129.74,98]
["SUE",8,"FUEK","Klient 194","2017-11-13","2017-10-14","2017-11-27","S","P:GR1",6,1912.6,"kg",24.851833333333332,2376.58,1823.15,7129.74,98]
["SUE",8,"FUEK","Klient 194","2017-11-13","2017-10-14","2017-11-27","S","P:GR4",-7,-4500,"szt",0.73133333333333328,-3291.08,-2853.3,-9873.25,98]
["SUE",8,"FUEK","Klient 194","2017-11-13","2017-10-14","2017-11-27","S","P:GR4",7,4500,"szt",0.73133333333333328,3291.08,2853.3,9873.25,98]
["SUE",8,"FUEK","Klient 194","2017-11-13","2017-10-14","2017-11-27","S","P:GR4",-8,-1226,"szt",1.1076666666666666,-1358.01,-1108.55,-4074.04,98]
["SUE",8,"FUEK","Klient 194","2017-11-13","2017-10-14","2017-11-27","S","P:GR4",8,1226,"szt",1.1076666666666666,1358.01,1108.55,4074.04,98]
["SUE",8,"FUEK","Klient 194","2017-11-13","2017-10-14","2017-11-27","S","P:GR4",-9,-4550,"szt",1.0438333333333334,-4749.17,-5047.16,-14247.51,98]
["SUE",8,"FUEK","Klient 194","2017-11-13","2017-10-14","2017-11-27","S","P:GR4",9,4550,"szt",1.0438333333333334,4749.17,5047.16,14247.51,98]
["SUE",8,"FUEK","Klient 194","2017-11-13","2017-10-14","2017-11-27","S","P:GR3",-10,-165600,"mb",2.0166666666666666E-2,-3351.15,-3104.96,-10053.459999999999,98]
["SUE",8,"FUEK","Klient 194","2017-11-13","2017-10-14","2017-11-27","S","P:GR3",10,165600,"mb",1.95E-2,3233.57,3104.96,9700.7000000000007,98]
["SUE",8,"FUEK","Klient 194","2017-11-13","2017-10-14","2017-11-27","S","P:GR3",-11,-103320,"mb",2.6166666666666668E-2,-2699.74,-2026.05,-8099.21,98]
["SUE",8,"FUEK","Klient 194","2017-11-13","2017-10-14","2017-11-27","S","P:GR3",11,103320,"mb",2.4666666666666667E-2,2545.67,2026.05,7637.01,98]
["SUE",8,"FUE","Klient 202","2017-11-13","2017-11-13","2017-11-17","S","P:GR4",1,1054,"szt",2.0938333333333334,2206.87,1969.53,6620.6,98]
["SUE",8,"FUE","Klient 192","2017-11-13","2017-11-13","2017-12-13","S","P:GR4",1,2616,"szt",0.81433333333333335,2130.09,1892.85,6390.28,98]
["SUE",8,"FUE","Klient 192","2017-11-13","2017-11-13","2017-12-13","S","P:GR4",2,800,"szt",1.4240000000000002,1139.25,993.68,3417.76,98]
["SUE",8,"FUE","Klient 189","2017-11-13","2017-11-13","2017-12-13","S","P:GR4",1,5886,"szt",0.73383333333333323,4319.66,4210.6499999999996,12958.98,98]
["SUE",8,"FUE","Klient 189","2017-11-13","2017-11-13","2017-12-13","S","P:GR4",2,9680,"szt",0.68166666666666664,6599.04,6383.31,19797.12,98]
["SUE",8,"FUE","Klient 189","2017-11-13","2017-11-13","2017-12-13","S","P:GR4",3,4976,"szt",0.75150000000000006,3739.53,3603.95,11218.58,98]
["SUE",8,"FUE","Klient 189","2017-11-13","2017-11-13","2017-12-13","S","P:GR4",4,22080,"szt",92.352833333333322,2039.15,1680.65,6117.45,98]
["SUE",8,"FUE","Klient 181","2017-11-13","2017-11-13","2017-12-13","S","P:GR4",1,2560,"szt",0.7373333333333334,1887.78,1325.31,5663.33,98]
["SUE",8,"FUER","Klient 199","2017-11-13","2017-11-13","2017-11-15","X","U:",1,-2,null,2722.9983333333334,-5446,0,-16337.99]
["SUE",8,"FUER","Klient 199","2017-11-13","2017-11-13","2017-11-15","S","P:GR4",2,4803.12,"kg",1.3746666666666665,6602.93,5477.17,19808.79,98]
["SUE",8,"FUER","Klient 199","2017-11-13","2017-11-13","2017-11-15","S","P:GR4",3,3513.88,"kg",1.0151666666666668,3567.2,2641.38,10701.6,98]
["SUE",8,"FUER","Klient 199","2017-11-13","2017-11-13","2017-11-15","S","P:GR4",4,1156.8,"kg",1.0151666666666668,1174.3599999999999,925.32,3523.08,98]
["SUE",8,"FZUE","Klient 185","2017-11-14","2017-11-13","2017-11-15","Z","U:",1,2,null,701.98500000000001,1403.97,0,4211.91]
["SUE",8,"FUE","Klient 181","2017-11-14","2017-11-14","2017-12-14","S","P:GR1",1,7127.2,"kg",1.1541666666666666,8225.4500000000007,6522.11,24676.35,98]
["SUE",8,"FUER","Klient 185","2017-11-14","2017-11-14","2017-11-28","X","U:",1,-2,null,921.01499999999999,-1842.03,0,-5526.09]
["SUE",8,"FUER","Klient 185","2017-11-14","2017-11-14","2017-11-28","S","P:GR4",2,11510,"szt",0.32900000000000001,3786.03,3139.16,11358.09,98]
["SUE",8,"FUER","Klient 185","2017-11-14","2017-11-14","2017-11-28","X","U:",1,-2,null,4192.8483333333334,-8385.7000000000007,0,-25157.09]
["SUE",8,"FUER","Klient 185","2017-11-14","2017-11-14","2017-11-28","S","P:GR1",2,216000,"mb",77.64533333333334,16771.39,13507.2,50314.18,98]
["SUE",8,"FUER","Klient 185","2017-11-14","2017-11-14","2017-11-28","X","U:",1,-2,null,2156.0349999999999,-4312.07,0,-12936.21]
["SUE",8,"FUER","Klient 185","2017-11-14","2017-11-14","2017-11-28","S","P:GR4",2,1968,"szt",1.8281666666666665,3597.89,3156.58,10793.66,98]
["SUE",8,"FUER","Klient 185","2017-11-14","2017-11-14","2017-11-28","S","P:GR4",3,4594,"szt",1.1365000000000001,5220.83,4735.58,15662.49,98]
["SUE",8,"FUE","Klient 184","2017-11-14","2017-11-14","2017-12-14","S","P:GR4",1,16000,"szt",187.54166666666666,3000.67,2902.13,9002,98]
["SUE",8,"FUE","Klient 184","2017-11-14","2017-11-14","2017-12-14","S","P:GR4",1,11200,"szt",177.78899999999999,1991.24,1513.31,5973.71,98]
["SUE",8,"FUE","Klient 184","2017-11-14","2017-11-14","2017-12-14","S","P:GR1",1,3941.2,"kg",1.2846666666666666,5063.17,3859.43,15189.5,98]
["SUE",8,"FUER","Klient 185","2017-11-14","2017-11-14","2017-11-28","X","U:",1,-2,null,1696.1983333333335,-3392.4,0,-10177.19]
["SUE",8,"FUER","Klient 185","2017-11-14","2017-11-14","2017-11-28","S","P:GR4",2,6078,"szt",1.1308333333333334,6873,6491.51,20618.990000000002,98]
["SUE",8,"FUE","Klient 203","2017-11-14","2017-11-14","2017-12-14","S","P:GR1",1,2400,"mb",106.32466666666666,2551.79,2021.44,7655.38,98]
["SUE",8,"FUE","Klient 203","2017-11-14","2017-11-14","2017-12-14","S","P:GR1",2,2600,"mb",71.476166666666671,3716.76,2764.58,11150.27,98]
["SUE",8,"FUE","Klient 194","2017-11-14","2017-11-14","2017-11-28","S","P:GR4",1,9000,"szt",0.62116666666666664,5590.46,5254.8,16771.39,98]
["SUE",8,"FUE","Klient 194","2017-11-14","2017-11-14","2017-11-28","S","P:GR4",2,2011.4,"kg",1.2211666666666667,2456.2199999999998,2054.13,7368.66,98]
["SUE",8,"FUE","Klient 194","2017-11-14","2017-11-14","2017-11-28","S","P:GR1",3,1005.4,"kg",1.2705,1277.42,918.53,3832.26,98]
["SUE",8,"FUE","Klient 194","2017-11-14","2017-11-14","2017-11-28","S","P:GR4",4,3000,"szt",0.49416666666666664,1482.32,1477.8,4446.96,98]
["SUE",8,"FUE","Klient 194","2017-11-14","2017-11-14","2017-11-28","S","P:GR4",5,4000,"szt",0.60350000000000004,2414.06,2454.8000000000002,7242.19,98]
["SUE",8,"FUE","Klient 194","2017-11-14","2017-11-14","2017-11-28","S","P:GR4",6,3600,"szt",0.3741666666666667,1346.79,1308.1600000000001,4040.38,98]
["SUE",8,"FUE","Klient 194","2017-11-14","2017-11-14","2017-11-28","S","P:GR1",7,3178.4,"kg",32.646333333333331,4150.5200000000004,3343.19,12451.57,98]
["SUE",8,"FUE","Klient 194","2017-11-14","2017-11-14","2017-11-28","S","P:GR1",8,6398.8,"kg",32.646333333333331,8355.89,6787.23,25067.68,98]
["SUE",8,"FUE","Klient 194","2017-11-14","2017-11-14","2017-11-28","S","P:GR4",9,2036,"szt",0.96349999999999991,1961.7,1736.28,5885.11,98]
["SUE",8,"FUE","Klient 194","2017-11-14","2017-11-14","2017-11-28","S","P:GR4",10,1622,"szt",0.84699999999999998,1373.9,1302.2,4121.7,98]
["SUE",8,"FUE","Klient 194","2017-11-14","2017-11-14","2017-11-28","S","P:GR4",11,6480,"szt",41.999000000000002,4535.8999999999996,4038.3,13607.7,98]
["SUE",8,"FUE","Klient 194","2017-11-14","2017-11-14","2017-11-28","S","P:GR1",1,6161.2,"kg",1.3058333333333334,8045.62,6472.35,24136.87,98]
["SUE",8,"FUE","Klient 194","2017-11-14","2017-11-14","2017-11-28","S","U:",2,2,"szt",35.293333333333329,70.59,0,211.76]
["SUE",8,"FUE","Klient 194","2017-11-14","2017-11-14","2017-11-28","S","P:GR4",1,39750,"szt",0.16933333333333334,6733.97,6574.65,20201.900000000001,98]
["SUE",8,"FUE","Klient 194","2017-11-14","2017-11-14","2017-11-28","S","U:",2,2,"szt",35.293333333333329,70.59,0,211.76]
["SUE",8,"FUE","Klient 190","2017-11-14","2017-11-14","2017-12-14","S","P:GR4",1,4750,"szt",0.3155,1498.74,1367.29,4496.22,98]
["SUE",8,"FUE","Klient 180","2017-11-14","2017-11-14","2017-12-14","S","P:GR4",1,9800,"szt",0.36849999999999999,3610.93,3236.45,10832.79,98]
["SUE",8,"FUE","Klient 180","2017-11-14","2017-11-14","2017-12-14","S","P:GR1",2,144000,"mb",43.601333333333336,12557.2,9139.2000000000007,37671.599999999999,98]
["SUE",8,"FUE","Klient 184","2017-11-14","2017-11-14","2017-12-14","S","P:GR4",1,11500,"szt",535.7883333333333,6161.57,5877.65,18484.7,98]
["SUE",8,"FUE","Klient 184","2017-11-14","2017-11-14","2017-12-14","S","P:GR1",1,993.6,"kg",1.3411666666666668,1332.56,922.43,3997.69,98]
["SUE",8,"FUE","Klient 184","2017-11-14","2017-11-14","2017-12-14","S","P:GR4",1,4250,"szt",0.6253333333333333,2657.94,2292.17,7973.82,98]
["SUE",8,"FUE","Klient 184","2017-11-14","2017-11-14","2017-12-14","S","P:GR1",1,38400,"mb",63.662666666666667,1527.9,951.04,4583.71,98]
["SUE",8,"FUE","Klient 184","2017-11-14","2017-11-14","2017-12-14","S","P:GR1",2,6400,"mb",88.032500000000013,352.13,232.21,1056.3900000000001,98]
["SUE",8,"FUE","Klient 184","2017-11-14","2017-11-14","2017-12-14","S","P:GR4",1,4040,"szt",357.95133333333337,1446.12,1188.03,4338.37,98]
["SUE",8,"FUEK","Klient 184","2017-11-15","2017-09-05","2017-12-15","S","P:GR4",-1,-4800,"szt",1.0894999999999999,-5229.3500000000004,-4775.5200000000004,-15688.04,98]
["SUE",8,"FUEK","Klient 184","2017-11-15","2017-09-05","2017-12-15","S","P:GR4",1,4800,"szt",1.0926666666666667,5244.62,4775.5200000000004,15733.87,98]
["SUE",8,"FUE","Klient 196","2017-11-15","2017-11-15","2018-01-14","S","P:GR1",1,4539,"kg",1.4795,6715.79,5617.33,20147.37,98]
["SUE",8,"FUE","Klient 196","2017-11-15","2017-11-15","2018-01-14","S","P:GR1",2,4903.6000000000004,"kg",1.3433333333333335,6587.52,5565.17,19762.57,98]
["SUE",8,"FUE","Klient 196","2017-11-15","2017-11-15","2018-01-14","S","P:GR1",3,2091.6,"kg",1.4795,3094.68,2579.6,9284.0400000000009,98]
["SUE",8,"FUE","Klient 196","2017-11-15","2017-11-15","2018-01-14","S","P:GR1",4,3267.2,"kg",1.3433333333333335,4389.18,3923.24,13167.54,98]
["SUE",8,"FUE","Klient 196","2017-11-15","2017-11-15","2018-01-14","S","P:GR1",5,4835.2,"kg",1.3433333333333335,6495.63,4822.3999999999996,19486.900000000001,98]
["SUE",8,"FUE","Klient 196","2017-11-15","2017-11-15","2018-01-14","S","P:GR1",6,4868,"kg",1.3433333333333335,6539.7,5023.3100000000004,19619.099999999999,98]
["SUE",8,"FUE","Klient 182","2017-11-15","2017-11-15","2018-01-14","S","P:GR4",1,15810,"szt",0.22216666666666665,3513.67,3188.88,10541.01,98]
["SUE",8,"FUE","Klient 182","2017-11-15","2017-11-15","2018-01-14","S","P:GR3",2,225600,"mb",71.124833333333342,16045.76,20198.73,48137.279999999999,98]
["SUE",8,"FUE","Klient 182","2017-11-15","2017-11-15","2018-01-14","S","P:GR1",1,1005.8,"kg",1.1288333333333334,1135.4000000000001,899.46,3406.2,98]
["SUE",8,"FUE","Klient 182","2017-11-15","2017-11-15","2018-01-14","S","P:GR1",2,1030,"kg",1.1288333333333334,1162.72,1020.11,3488.16,98]
["SUE",8,"FUE","Klient 182","2017-11-15","2017-11-15","2018-01-14","S","P:GR1",3,2345.1999999999998,"kg",0.755,1770.44,1285.8,5311.31,98]
["SUE",8,"FUE","Klient 182","2017-11-15","2017-11-15","2018-01-14","S","P:GR4",4,100,"szt",0.13549999999999998,13.55,15.99,40.64,98]
["SUE",8,"FUE","Klient 182","2017-11-15","2017-11-15","2018-01-14","S","P:GR4",5,12340,"szt",0.1545,1906.68,1784.36,5720.03,98]
["SUE",8,"FUE","Klient 182","2017-11-15","2017-11-15","2018-01-14","S","P:GR1",6,27540,"mb",1.1358333333333335,1191.1099999999999,980.4,3573.33,98]
["SUE",8,"FUE","Klient 182","2017-11-15","2017-11-15","2018-01-14","S","P:GR4",7,27100,"szt",9.4499999999999987E-2,2562.0700000000002,2633.67,7686.22,98]
["SUE",8,"FUE","Klient 182","2017-11-15","2017-11-15","2018-01-14","S","P:GR4",8,2000,"szt",0.22216666666666665,444.49,403.4,1333.46,98]
["SUE",8,"FUE","Klient 182","2017-11-15","2017-11-15","2018-01-14","S","P:GR1",9,3984.2,"kg",0.755,3007.76,2090.9899999999998,9023.2800000000007,98]
["SUE",8,"FUE","Klient 182","2017-11-15","2017-11-15","2018-01-14","S","P:GR3",10,4354.2,"kg",1.3686666666666667,5959.74,6968.34,17879.22,98]
["SUE",8,"FUE","Klient 182","2017-11-15","2017-11-15","2018-01-14","S","P:GR3",11,3993.92,"kg",1.3686666666666667,5466.61,6452.11,16399.84,98]
["SUE",8,"FUE","Klient 182","2017-11-15","2017-11-15","2018-01-14","S","P:GR1",12,2962.2,"kg",0.77616666666666667,2298.92,1624.72,6896.77,98]
["SUE",8,"FUE","Klient 182","2017-11-15","2017-11-15","2018-01-14","S","P:GR4",13,2000,"szt",1.3334999999999999,2666.92,2641.53,8000.75,98]
["SUE",8,"FUE","Klient 182","2017-11-15","2017-11-15","2018-01-14","S","P:GR1",14,1453.6,"kg",0.755,1097.3599999999999,773.98,3292.07,98]
["SUE",8,"FUE","Klient 182","2017-11-15","2017-11-15","2018-01-14","S","P:GR1",15,5938.6,"kg",0.755,4483.17,3271.62,13449.51,98]
["SUE",8,"FUEK","Klient 204","2017-11-15","2017-09-08","2017-12-15","S","P:GR4",-1,-11960,"szt",12.598333333333334,-753.38,-604.41999999999996,-2260.13,98]
["SUE",8,"FUEK","Klient 204","2017-11-15","2017-09-08","2017-12-15","S","P:GR4",1,11600,"szt",12.598166666666666,730.7,586.23,2192.09,98]
["SUE",8,"FUE","Klient 180","2017-11-15","2017-11-15","2017-12-15","S","P:GR4",1,30030,"szt",256.10883333333334,7690.95,6999.49,23072.84,98]
["SUE",8,"FUER","Klient 185","2017-11-15","2017-11-15","2017-11-29","X","U:",1,-2,null,499.41166666666663,-998.82,0,-2996.47]
["SUE",8,"FUER","Klient 185","2017-11-15","2017-11-15","2017-11-29","S","P:GR4",2,8258,"szt",0.25616666666666665,2114.9499999999998,1586.23,6344.85,98]
["SUE",8,"FUER","Klient 185","2017-11-15","2017-11-15","2017-11-29","X","U:",1,-2,null,143.04666666666665,-286.08999999999997,0,-858.28]
["SUE",8,"FUER","Klient 185","2017-11-15","2017-11-15","2017-11-29","S","P:GR4",2,100000,"szt",5.7218333333333335,572.19000000000005,346.67,1716.56,98]
["SUE",8,"FUER","Klient 185","2017-11-15","2017-11-15","2017-11-29","S","P:GR4",3,43400,"szt",5.4326666666666661,235.78,150.44999999999999,707.33,98]
["SUE",8,"FUE","Klient 190","2017-11-16","2017-11-16","2017-12-16","S","P:GR4",1,23860,"szt",7.1999999999999995E-2,1716.6,1942.2,5149.8100000000004,98]
["SUE",8,"FUE","Klient 190","2017-11-16","2017-11-16","2017-12-16","S","P:GR4",2,45500,"szt",1.1999999999999999E-2,547.73,472.44,1643.18,98]
["SUE",8,"FUE","Klient 190","2017-11-16","2017-11-16","2017-12-16","S","P:GR4",1,10400,"szt",0.14583333333333334,1517.07,1460.85,4551.21,98]
["SUE",8,"FUE","Klient 183","2017-11-16","2017-11-16","2017-12-16","S","P:GR3",1,2431.4,"kg",1.1613333333333333,2823.62,3216.6,8470.85,98]
["SUE",8,"FUE","Klient 183","2017-11-16","2017-11-16","2017-12-16","S","P:GR1",2,2126.8000000000002,"kg",0.76483333333333337,1626.5,1252.46,4879.5,98]
["SUE",8,"FUE","Klient 183","2017-11-16","2017-11-16","2017-12-16","S","P:GR2",3,949.6,"kg",1.31,1243.99,1680.17,3731.97,98]
["SUE",8,"FUE","Klient 183","2017-11-16","2017-11-16","2017-12-16","S","P:GR4",4,45600,"szt",6.3448333333333338,289.32,368.6,867.97,98]
["SUE",8,"FUE","Klient 183","2017-11-16","2017-11-16","2017-12-16","S","P:GR4",5,5196,"szt",0.51133333333333331,2656.51,2573.67,7969.54,98]
["SUE",8,"FUE","Klient 183","2017-11-16","2017-11-16","2017-12-16","S","P:GR1",6,5532.6,"kg",0.63733333333333331,3525.95,3188.18,10577.86,98]
["SUE",8,"FUE","Klient 183","2017-11-16","2017-11-16","2017-12-16","S","P:GR3",7,1032.48,"kg",1.2746666666666666,1316.01,1391.82,3948.02,98]
["SUE",8,"FUE","Klient 183","2017-11-16","2017-11-16","2017-12-16","S","P:GR4",8,4214,"szt",0.69033333333333335,2909.41,2627.78,8728.23,98]
["SUE",8,"FUE","Klient 183","2017-11-16","2017-11-16","2017-12-16","S","P:GR1",9,1963.6,"kg",0.63733333333333331,1251.4100000000001,1143.94,3754.24,98]
["SUE",8,"FUE","Klient 183","2017-11-16","2017-11-16","2017-12-16","S","P:GR4",10,61200,"szt",0.11466666666666665,7020.55,7127.76,21061.66,98]
["SUE",8,"FUE","Klient 183","2017-11-16","2017-11-16","2017-12-16","S","P:GR1",11,583817.14,"mb",19.699833333333334,11501.1,8854.56,34503.31,98]
["SUE",8,"FUE","Klient 183","2017-11-16","2017-11-16","2017-12-16","S","P:GR3",12,971.24,"kg",1.2746666666666666,1237.96,1283.29,3713.87,98]
["SUE",8,"FUE","Klient 183","2017-11-16","2017-11-16","2017-12-16","S","P:GR3",13,1004.44,"kg",1.2746666666666666,1280.27,1319.34,3840.82,98]
["SUE",8,"FUE","Klient 183","2017-11-16","2017-11-16","2017-12-16","S","P:GR1",14,5645,"kg",0.98433333333333328,5556.28,4004.39,16668.84,98]
["SUE",8,"FUE","Klient 183","2017-11-16","2017-11-16","2017-12-16","S","P:GR4",15,42000,"szt",13.914499999999999,584.41,605.5,1753.23,98]
["SUE",8,"FUEK","Klient 190","2017-11-17","2017-01-20","2017-12-17","S","P:GR4",-1,-19400,"szt",270.82216666666665,-5253.95,-4989.03,-15761.85,98]
["SUE",8,"FUEK","Klient 190","2017-11-17","2017-01-20","2017-12-17","S","P:GR4",1,16800,"szt",270.82283333333334,4549.82,4320.3999999999996,13649.47,98]
["SUE",8,"FUUK","Klient 180","2017-11-17","2017-11-03","2017-12-17","S","P:GR1",-1,-144000,"mb",43.587833333333329,-12553.27,-9703.2000000000007,-37659.82,98]
["SUE",8,"FUUK","Klient 180","2017-11-17","2017-11-03","2017-12-17","S","P:GR1",1,144000,"mb",42.716000000000001,12302.19,9703.2000000000007,36906.58,98]
["SUE",8,"FUE","Klient 190","2017-11-17","2017-11-17","2017-12-17","S","P:GR4",1,22000,"szt",239.96066666666664,5279.13,5392.2,15837.4,98]
["SUE",8,"FUEK","Klient 180","2017-11-17","2017-02-15","2017-12-17","S","P:GR3",-1,-1220.2,"kg",1.958,-2389.09,-2221.33,-7167.26,98]
["SUE",8,"FUEK","Klient 180","2017-11-17","2017-02-15","2017-12-17","S","P:GR3",1,486.2,"kg",1.958,951.95,885.11,2855.86,98]
["SUE",8,"FUER","Klient 185","2017-11-17","2017-11-17","2017-12-01","X","U:",1,-2,null,1166.0183333333332,-2332.04,0,-6996.11]
["SUE",8,"FUER","Klient 185","2017-11-17","2017-11-17","2017-12-01","S","P:GR4",2,53874,"szt",86.37166666666667,4653.1899999999996,4159.07,13959.57,98]
["SUE",8,"FUER","Klient 185","2017-11-17","2017-11-17","2017-12-01","X","U:",1,-2,null,3783.6149999999998,-7567.23,0,-22701.69]
["SUE",8,"FUER","Klient 185","2017-11-17","2017-11-17","2017-12-01","S","P:GR4",2,237600,"szt",63.06033333333334,14983.12,13384.8,44949.35,98]
["SUE",8,"FZUE","Klient 185","2017-11-20","2017-11-17","2017-11-21","Z","U:",1,2,null,526.75833333333333,1053.52,0,3160.55]
["SUE",8,"FZUE","Klient 185","2017-11-20","2017-11-17","2017-11-21","Z","U:",1,2,null,754.76166666666666,1509.52,0,4528.57]
["SUE",8,"FZUE","Klient 185","2017-11-20","2017-11-17","2017-11-21","Z","U:",1,2,null,364.89499999999998,729.79,0,2189.37]
["SUE",8,"FZUE","Klient 185","2017-11-20","2017-11-17","2017-11-21","Z","U:",1,2,null,619.24666666666667,1238.49,0,3715.48]
["SUE",8,"FZUE","Klient 185","2017-11-20","2017-11-17","2017-11-21","Z","U:",1,2,null,1094.4100000000001,2188.8200000000002,0,6566.46]
["SUE",8,"FUE","Klient 191","2017-11-20","2017-11-20","2017-12-11","S","P:GR4",1,19800,"szt",8.3000000000000004E-2,1644.8,1824.57,4934.3900000000003,98]
["SUE",8,"FUER","Klient 185","2017-11-20","2017-11-20","2017-12-04","X","U:",1,-2,null,703.09499999999991,-1406.19,0,-4218.57]
["SUE",8,"FUER","Klient 185","2017-11-20","2017-11-20","2017-12-04","S","P:GR1",2,18000,"mb",46.872999999999998,2812.38,1850.1,8437.14,98]
["SUE",8,"FUE","Klient 205","2017-11-20","2017-11-20","2017-12-20","S","P:GR1",1,31200,"mb",612.95466666666664,19124.18,14652.56,57372.55,98]
["SUE",8,"FUE","Klient 205","2017-11-20","2017-11-20","2017-12-20","S","P:GR1",1,39700,"mb",0.4418333333333333,17542.02,13598.57,52626.07,98]
["SUE",8,"FUEK","Klient 203","2017-11-21","2017-11-14","2017-12-21","S","P:GR1",-1,-2400,"mb",106.32466666666666,-2551.79,-2021.44,-7655.38,98]
["SUE",8,"FUEK","Klient 203","2017-11-21","2017-11-14","2017-12-21","S","P:GR1",1,0,"mb",106.32466666666666,0,0,0,98]
["SUE",8,"FUEK","Klient 203","2017-11-21","2017-11-14","2017-12-21","S","P:GR1",-2,-2600,"mb",71.476166666666671,-3716.76,-2764.58,-11150.27,98]
["SUE",8,"FUEK","Klient 203","2017-11-21","2017-11-14","2017-12-21","S","P:GR1",2,0,"mb",71.476166666666671,0,0,0,98]
["SUE",8,"FUE","Klient 194","2017-11-21","2017-11-21","2017-12-05","S","P:GR4",1,10490,"szt",0.7553333333333333,7922.67,8433.61,23768.02,98]
["SUE",8,"FUE","Klient 194","2017-11-21","2017-11-21","2017-12-05","S","P:GR4",2,6050,"szt",0.8753333333333333,5295.29,4625.22,15885.86,98]
["SUE",8,"FUE","Klient 194","2017-11-21","2017-11-21","2017-12-05","S","U:",3,2,"szt",35.293333333333329,70.59,0,211.76]
["SUE",8,"FUE","Klient 194","2017-11-21","2017-11-21","2017-12-05","S","P:GR4",1,2040,"szt",1.2351666666666665,2519.88,2389.69,7559.65,98]
["SUE",8,"FUE","Klient 194","2017-11-21","2017-11-21","2017-12-05","S","P:GR4",2,4100,"szt",0.8823333333333333,3617.48,3101.38,10852.44,98]
["SUE",8,"FUE","Klient 194","2017-11-21","2017-11-21","2017-12-05","S","P:GR4",3,4000,"szt",0.69166666666666676,2766.93,2438.13,8300.7999999999993,98]
["SUE",8,"FUE","Klient 194","2017-11-21","2017-11-21","2017-12-05","S","P:GR4",4,5550,"szt",0.47500000000000003,2636.46,2442,7909.39,98]
["SUE",8,"FUE","Klient 194","2017-11-21","2017-11-21","2017-12-05","S","P:GR4",5,7980,"szt",0.33883333333333332,2703.69,2441.88,8111.06,98]
["SUE",8,"FUE","Klient 194","2017-11-21","2017-11-21","2017-12-05","S","P:GR4",6,2100,"szt",1.2563333333333333,2638.47,2633.89,7915.4,98]
["SUE",8,"FUE","Klient 194","2017-11-21","2017-11-21","2017-12-05","S","P:GR4",7,11310,"szt",156.29683333333332,1767.72,1511.45,5303.15,98]
["SUE",8,"FUE","Klient 194","2017-11-21","2017-11-21","2017-12-05","S","P:GR4",8,1680,"szt",1.4823333333333333,2490.2399999999998,2241.61,7470.72,98]
["SUE",8,"FUE","Klient 194","2017-11-21","2017-11-21","2017-12-05","S","P:GR4",9,16800,"szt",0.17116666666666666,2875.63,2805.88,8626.9,98]
["SUE",8,"FUE","Klient 194","2017-11-21","2017-11-21","2017-12-05","S","P:GR3",10,132840,"mb",1.9E-2,2531.66,2860.56,7594.97,98]
["SUE",8,"FUE","Klient 194","2017-11-21","2017-11-21","2017-12-05","S","P:GR4",1,3044.2,"kg",0.8823333333333333,2685.94,2340.09,8057.83,98]
["SUE",8,"FUE","Klient 194","2017-11-21","2017-11-21","2017-12-05","S","P:GR1",2,2041,"kg",0.8823333333333333,1800.81,1164.93,5402.42,98]
["SUE",8,"FUE","Klient 194","2017-11-21","2017-11-21","2017-12-05","S","U:",3,2,"szt",35.293333333333329,70.59,0,211.76]
["SUE",8,"FUER","Klient 185","2017-11-21","2017-11-21","2017-12-05","X","U:",1,-2,null,1811.5633333333333,-3623.13,0,-10869.38]
["SUE",8,"FUER","Klient 185","2017-11-21","2017-11-21","2017-12-05","S","P:GR4",2,516000,"szt",14.512333333333332,7488.33,6819.8,22465,98]
["SUE",8,"FUER","Klient 185","2017-11-21","2017-11-21","2017-12-05","X","U:",1,-2,null,533.62333333333333,-1067.25,0,-3201.74]
["SUE",8,"FUER","Klient 185","2017-11-21","2017-11-21","2017-12-05","S","P:GR4",2,10890,"szt",0.19766666666666666,2152.2800000000002,1664.54,6456.83,98]
["SUE",8,"FUER","Klient 185","2017-11-21","2017-11-21","2017-12-05","X","U:",1,-2,null,430.56833333333333,-861.14,0,-2583.41]
["SUE",8,"FUER","Klient 185","2017-11-21","2017-11-21","2017-12-05","S","P:GR4",2,2012,"szt",861.13650000000007,1732.61,1560.44,5197.82,98]
["SUE",8,"FUER","Klient 185","2017-11-21","2017-11-21","2017-12-05","S","P:GR4",2,49016,"szt",406.56966666666671,19928.419999999998,19202.02,59785.26,98]
["SUE",8,"FUER","Klient 185","2017-11-21","2017-11-21","2017-12-05","X","U:",1,-2,null,5082.12,-10164.24,0,-30492.720000000001]
["SUE",8,"FUER","Klient 185","2017-11-21","2017-11-21","2017-12-05","X","U:",1,-2,null,345.86666666666662,-691.73,0,-2075.1999999999998]
["SUE",8,"FUER","Klient 185","2017-11-21","2017-11-21","2017-12-05","S","P:GR4",2,14300,"szt",9.8833333333333329E-2,1413.11,1249.58,4239.34,98]
["SUE",8,"FUUK","Klient 180","2017-11-22","2017-11-08","2017-12-22","S","P:GR3",-1,-43200,"mb",68.188499999999991,-3682.18,-3608.64,-11046.54,98]
["SUE",8,"FUUK","Klient 180","2017-11-22","2017-11-08","2017-12-22","S","P:GR3",1,43200,"mb",66.824833333333331,3608.54,3608.64,10825.61,98]
["SUE",8,"FUUK","Klient 180","2017-11-22","2017-11-08","2017-12-22","S","P:GR1",1,160000,"mb",52.033999999999999,16650.87,12389.33,49952.61,98]
["SUE",8,"FUUK","Klient 180","2017-11-22","2017-11-08","2017-12-22","S","P:GR1",2,48000,"mb",41.627166666666668,3996.21,2868.8,11988.64,98]
["SUE",8,"FUUK","Klient 180","2017-11-22","2017-11-08","2017-12-22","S","P:GR1",-1,-160000,"mb",53.095833333333331,-16990.68,-12389.33,-50972.05,98]
["SUE",8,"FUUK","Klient 180","2017-11-22","2017-11-08","2017-12-22","S","P:GR1",-2,-48000,"mb",42.476833333333332,-4077.77,-2868.8,-12233.32,98]
["SUE",8,"FUE","Klient 203","2017-11-22","2017-11-22","2017-12-22","S","P:GR1",1,2400,"mb",106.18416666666667,2548.42,2021.44,7645.26,98]
["SUE",8,"FUE","Klient 203","2017-11-22","2017-11-22","2017-12-22","S","P:GR1",2,2600,"mb",71.381500000000003,3711.84,2764.58,11135.52,98]
["SUE",8,"FUE","Klient 181","2017-11-22","2017-11-22","2017-12-22","S","P:GR1",1,195.2,"kg",1.431,279.33999999999997,223.53,838.01,98]
["SUE",8,"FUE","Klient 182","2017-11-22","2017-11-22","2018-01-21","S","P:GR3",1,1522,"kg",1.3323333333333334,2027.8,2641.05,6083.39,98]
["SUE",8,"FUE","Klient 182","2017-11-22","2017-11-22","2018-01-21","S","P:GR3",2,1808.64,"kg",1.3674999999999999,2473.44,2921.84,7420.33,98]
["SUE",8,"FUE","Klient 182","2017-11-22","2017-11-22","2018-01-21","S","P:GR3",3,1280.5999999999999,"kg",1.3323333333333334,1706.18,2193.34,5118.54,98]
["SUE",8,"FUE","Klient 182","2017-11-22","2017-11-22","2018-01-21","S","P:GR4",4,1000,"szt",1.3323333333333334,1332.32,1320.77,3996.97,98]
["SUE",8,"FUE","Klient 182","2017-11-22","2017-11-22","2018-01-21","S","P:GR1",5,1476.2,"kg",0.7543333333333333,1113.47,786.01,3340.41,98]
["SUE",8,"FUE","Klient 182","2017-11-22","2017-11-22","2018-01-21","S","P:GR4",6,24232,"szt",0.06,1451.97,1413.13,4355.8999999999996,98]
["SUE",8,"FUE","Klient 182","2017-11-22","2017-11-22","2018-01-21","S","P:GR4",7,2490,"szt",0.82483333333333331,2053.6799999999998,2047.65,6161.05,98]
["SUE",8,"FUE","Klient 182","2017-11-22","2017-11-22","2018-01-21","S","P:GR1",8,2485.6,"kg",0.7543333333333333,1874.84,1337.5,5624.52,98]
["SUE",8,"FUE","Klient 182","2017-11-22","2017-11-22","2018-01-21","S","P:GR1",9,1961.6,"kg",1.1278333333333335,2212.48,1778.49,6637.43,98]
["SUE",8,"FUE","Klient 182","2017-11-22","2017-11-22","2018-01-21","S","P:GR4",10,2000,"szt",1.1053333333333333,2210.67,2457.27,6632.01,98]
["SUE",8,"FUE","Klient 182","2017-11-22","2017-11-22","2018-01-21","S","U:",11,2,"szt",218.53,437.06,0,1311.18]
["SUE",8,"FUE","Klient 182","2017-11-22","2017-11-22","2018-01-21","S","U:",12,2,"szt",7.4933333333333332,14.99,0,44.96]
["SUE",8,"FUE","Klient 183","2017-11-22","2017-11-22","2017-12-22","S","P:GR3",1,1096.32,"kg",1.2688333333333335,1391.1,1453.16,4173.3,98]
["SUE",8,"FUE","Klient 183","2017-11-22","2017-11-22","2017-12-22","S","P:GR3",2,450.52,"kg",1.29,581.19000000000005,639.69000000000005,1743.57,98]
["SUE",8,"FUE","Klient 183","2017-11-22","2017-11-22","2017-12-22","S","P:GR4",3,78000,"szt",15.3605,1198.1199999999999,1227.2,3594.36,98]
["SUE",8,"FUE","Klient 183","2017-11-22","2017-11-22","2017-12-22","S","P:GR1",4,4227.6000000000004,"kg",0.97983333333333322,4142.4399999999996,2998.91,12427.33,98]
["SUE",8,"FUE","Klient 183","2017-11-22","2017-11-22","2017-12-22","S","P:GR4",5,2078.36,"kg",1.149,2388.12,2753.72,7164.35,98]
["SUE",8,"FUE","Klient 183","2017-11-22","2017-11-22","2017-12-22","S","P:GR1",6,16300,"mb",1.3746666666666665,5837.19,4870.9799999999996,17511.560000000001,98]
["SUE",8,"FUE","Klient 183","2017-11-22","2017-11-22","2017-12-22","S","P:GR1",7,410.8,"kg",1.0503333333333333,431.49,462.66,1294.47,98]
["SUE",8,"FUE","Klient 183","2017-11-22","2017-11-22","2017-12-22","S","P:GR1",8,2008.2,"kg",1.0503333333333333,2109.3200000000002,1788.94,6327.95,98]
["SUE",8,"FUE","Klient 183","2017-11-22","2017-11-22","2017-12-22","S","P:GR1",9,5663.2,"kg",1.1208333333333333,6347.56,5297.82,19042.669999999998,98]
["SUE",8,"FUE","Klient 183","2017-11-22","2017-11-22","2017-12-22","S","P:GR3",10,2941.76,"kg",1.2688333333333335,3732.73,3911.88,11198.2,98]
["SUE",8,"FUE","Klient 183","2017-11-22","2017-11-22","2017-12-22","S","P:GR3",11,3106.74,"kg",1.2688333333333335,3942.09,4080.7,11826.26,98]
["SUE",8,"FUE","Klient 183","2017-11-22","2017-11-22","2017-12-22","S","P:GR1",12,10793,"kg",1.1631666666666667,12553.78,10474.83,37661.33,98]
["SUE",8,"FUE","Klient 183","2017-11-22","2017-11-22","2017-12-22","S","P:GR1",13,2011.2,"kg",0.76133333333333331,1531.19,1043.57,4593.5600000000004,98]
["SUE",8,"FUE","Klient 183","2017-11-22","2017-11-22","2017-12-22","S","P:GR3",14,1021.28,"kg",1.2688333333333335,1295.8800000000001,1397.24,3887.64,98]
["SUE",8,"FUE","Klient 180","2017-11-22","2017-11-22","2017-12-22","S","P:GR4",1,20998,"szt",0.38700000000000001,8126.4,6452.34,24379.200000000001,98]
["SUE",8,"FUE","Klient 187","2017-11-22","2017-11-22","2018-01-06","S","P:GR1",1,2066.8000000000002,"kg",1.3531666666666666,2796.77,1954.89,8390.2999999999993,98]
["SUE",8,"FUE","Klient 187","2017-11-22","2017-11-22","2018-01-06","S","P:GR1",2,1169.8,"kg",1.3873333333333333,1622.87,1164.7,4868.6099999999997,98]
["SUE",8,"FUE","Klient 187","2017-11-22","2017-11-22","2018-01-06","S","P:GR1",3,1393,"kg",1.3873333333333333,1932.52,1364.56,5797.56,98]
["SUE",8,"FUE","Klient 184","2017-11-22","2017-11-22","2017-12-22","S","P:GR4",1,6600,"szt",535.08083333333332,3531.53,3373.26,10594.6,98]
["SUE",8,"FUE","Klient 184","2017-11-22","2017-11-22","2017-12-22","S","P:GR4",1,20940,"szt",177.55366666666666,3717.97,2829.34,11153.92,98]
["SUE",8,"FUE","Klient 184","2017-11-22","2017-11-22","2017-12-22","S","P:GR1",1,39000,"mb",41.37316666666667,2482.39,1638,7447.18,98]
["SUE",8,"FUE","Klient 184","2017-11-22","2017-11-22","2017-12-22","S","P:GR4",1,4000,"szt",0.98683333333333334,3947.63,3622.53,11842.88,98]
["SUE",8,"FUE","Klient 184","2017-11-22","2017-11-22","2017-12-22","S","P:GR4",1,14000,"szt",429.44233333333335,6012.19,4986.33,18036.580000000002,98]
["SUE",8,"FUE","Klient 196","2017-11-22","2017-11-22","2018-01-21","S","P:GR1",1,2128.1999999999998,"kg",1.369,2913.62,2220.2199999999998,8740.85,98]
["SUE",8,"FUE","Klient 196","2017-11-22","2017-11-22","2018-01-21","S","P:GR1",2,4131.6000000000004,"kg",1.369,5656.37,4212.51,16969.11,98]
["SUE",8,"FUE","Klient 196","2017-11-22","2017-11-22","2018-01-21","S","P:GR4",3,1799.4,"kg",1.2794999999999999,2302.38,2336.37,6907.15,98]
["SUE",8,"FUE","Klient 196","2017-11-22","2017-11-22","2018-01-21","S","P:GR1",4,4534,"kg",1.5051666666666668,6824.14,5645.06,20472.41,98]
["SUE",8,"FUE","Klient 196","2017-11-22","2017-11-22","2018-01-21","S","P:GR1",5,3259.6,"kg",1.369,4462.55,3651.95,13387.66,98]
["SUE",8,"FUE","Klient 192","2017-11-23","2017-11-23","2017-12-23","S","P:GR4",1,6190,"szt",1.2486666666666666,7728.94,6816.43,23186.81,98]
["SUE",8,"FUE","Klient 190","2017-11-23","2017-11-23","2017-12-23","S","P:GR1",1,11000,"mb",42.885999999999996,9434.93,6950.17,28304.79,98]
["SUE",8,"FUE","Klient 190","2017-11-23","2017-11-23","2017-12-23","S","P:GR1",1,64000,"mb",37.284166666666671,4772.37,3812.8,14317.12,98]
["SUE",8,"FUEK","Klient 194","2017-11-24","2017-09-02","2017-12-08","S","P:GR4",-1,-9816,"szt",1.5001666666666666,-14725.45,-16157.46,-44176.34,98]
["SUE",8,"FUEK","Klient 194","2017-11-24","2017-09-02","2017-12-08","S","P:GR4",1,9816,"szt",1.0351666666666668,10160.549999999999,16157.46,30481.66,98]
["SUE",8,"FUEK","Klient 194","2017-11-24","2017-09-02","2017-12-08","S","U:",-2,-2,"szt",35.381666666666668,-70.760000000000005,0,-212.29]
["SUE",8,"FUEK","Klient 194","2017-11-24","2017-09-02","2017-12-08","S","U:",2,2,"szt",35.381666666666668,70.760000000000005,0,212.29]
["SUE",8,"FUER","Klient 185","2017-11-24","2017-11-24","2017-12-08","X","U:",1,-2,null,2168.6316666666667,-4337.26,0,-13011.79]
["SUE",8,"FUER","Klient 185","2017-11-24","2017-11-24","2017-12-08","S","P:GR4",2,39730,"szt",216.86300000000003,8615.9699999999993,7657.3,25847.91,98]
["SUE",8,"FUE","Klient 194","2017-11-25","2017-11-25","2017-12-09","S","P:GR4",1,6200,"szt",0.63166666666666671,3916.79,3916.75,11750.36,98]
["SUE",8,"FUE","Klient 194","2017-11-25","2017-11-25","2017-12-09","S","P:GR4",2,9450,"szt",26.533000000000001,3343.17,3102.54,10029.5,98]
["SUE",8,"FUE","Klient 194","2017-11-25","2017-11-25","2017-12-09","S","P:GR4",3,2000,"szt",1.2283333333333333,2456.77,2342.83,7370.3,98]
["SUE",8,"FUE","Klient 194","2017-11-25","2017-11-25","2017-12-09","S","P:GR4",4,11700,"szt",0.6176666666666667,7227.11,6831.24,21681.32,98]
["SUE",8,"FUE","Klient 194","2017-11-25","2017-11-25","2017-12-09","S","P:GR1",5,984.6,"kg",1.2283333333333333,1209.47,913.29,3628.42,98]
["SUE",8,"FUE","Klient 194","2017-11-25","2017-11-25","2017-12-09","S","P:GR4",6,4000,"szt",0.34050000000000002,1361.75,1384,4085.25,98]
["SUE",8,"FUE","Klient 194","2017-11-25","2017-11-25","2017-12-09","S","P:GR4",7,3000,"szt",0.49133333333333334,1474.06,1477.8,4422.18,98]
["SUE",8,"FUE","Klient 194","2017-11-25","2017-11-25","2017-12-09","S","P:GR4",8,10000,"szt",0.14733333333333334,1474.06,1713,4422.18,98]
["SUE",8,"FUE","Klient 194","2017-11-25","2017-11-25","2017-12-09","S","P:GR4",9,2000,"szt",0.60016666666666663,1200.31,1227.4000000000001,3600.92,98]
["SUE",8,"FUE","Klient 194","2017-11-25","2017-11-25","2017-12-09","S","P:GR4",10,3840,"szt",0.84233333333333338,3234.51,3225.12,9703.5300000000007,98]
["SUE",8,"FUE","Klient 194","2017-11-25","2017-11-25","2017-12-09","S","P:GR4",11,16800,"szt",0.17016666666666666,2859.68,2805.88,8579.0300000000007,98]
["SUE",8,"FUE","Klient 194","2017-11-25","2017-11-25","2017-12-09","S","P:GR3",12,3600,"mb",41.694833333333335,5003.38,5347.8,15010.14,98]
["SUE",8,"FUE","Klient 194","2017-11-25","2017-11-25","2017-12-09","S","P:GR3",13,118080,"mb",1.9E-2,2237.88,2542.7199999999998,6713.63,98]
["SUE",8,"FUE","Klient 194","2017-11-25","2017-11-25","2017-12-09","S","P:GR2",14,4061.08,"kg",1.6003333333333334,6499.38,6643.39,19498.150000000001,98]
["SUE",8,"FUE","Klient 194","2017-11-25","2017-11-25","2017-12-09","S","P:GR1",1,6155.2,"kg",1.2985,7993,6598.28,23979,98]
["SUE",8,"FUE","Klient 194","2017-11-25","2017-11-25","2017-12-09","S","U:",2,2,"szt",35.096666666666671,70.19,0,210.58]
["SUE",8,"FUE","Klient 182","2017-11-27","2017-11-27","2018-01-26","S","P:GR1",1,2050.6,"kg",1.1231666666666666,2303.02,2021.3,6909.05,98]
["SUE",8,"FUE","Klient 182","2017-11-27","2017-11-27","2018-01-26","S","P:GR4",2,4050,"szt",1.0254999999999999,4153.38,4484.8999999999996,12460.14,98]
["SUE",8,"FUE","Klient 182","2017-11-27","2017-11-27","2018-01-26","S","P:GR1",3,9654.7999999999993,"kg",1.1511666666666667,11114.33,9458.49,33342.980000000003,98]
["SUE",8,"FUE","Klient 182","2017-11-27","2017-11-27","2018-01-26","S","P:GR1",4,9614.4,"kg",1.1651666666666667,11202.79,10352.31,33608.36,98]
["SUE",8,"FUE","Klient 182","2017-11-27","2017-11-27","2018-01-26","S","P:GR1",5,11991.6,"kg",1.1863333333333335,14225.24,11035.47,42675.72,98]
["SUE",8,"FUE","Klient 182","2017-11-27","2017-11-27","2018-01-26","S","P:GR1",6,8400,"mb",486.20083333333332,4084.09,3620.4,12252.26,98]
["SUE",8,"FUE","Klient 182","2017-11-27","2017-11-27","2018-01-26","S","P:GR1",7,10500,"mb",449.73616666666663,4722.2299999999996,4081.7,14166.69,98]
["SUE",8,"FUE","Klient 182","2017-11-27","2017-11-27","2018-01-26","S","U:",8,2,"szt",243.51166666666666,487.02,0,1461.07]
["SUE",8,"FUE","Klient 192","2017-11-27","2017-11-27","2017-12-27","S","P:GR4",1,284410,"szt",137.27000000000001,39040.980000000003,38888.33,117122.95,98]
["SUE",8,"FUE","Klient 198","2017-11-27","2017-11-27","2017-12-27","S","P:GR1",1,86400,"mb",1.248,4973.67,3873.6,14921.02,98]
["SUE",8,"FUE","Klient 198","2017-11-27","2017-11-27","2017-12-27","S","P:GR1",2,59200,"mb",1.248,3750.11,2934.35,11250.32,98]
["SUE",8,"FUE","Klient 198","2017-11-27","2017-11-27","2017-12-27","S","P:GR1",3,43200,"mb",1.2803333333333333,2482.3000000000002,1841.76,7446.91,98]
["SUE",8,"FUE","Klient 197","2017-11-27","2017-11-27","2017-12-27","S","P:GR3",1,4398.5200000000004,"kg",1.5793333333333335,6946.81,7368.9,20840.43,98]
["SUE",8,"FUE","Klient 206","2017-11-27","2017-11-27","2017-12-27","S","P:GR4",1,29500,"szt",25.269666666666666,2981.81,2764.74,8945.44,98]
["SUE",8,"FUE","Klient 190","2017-11-27","2017-11-27","2017-12-27","S","P:GR1",1,5600,"mb",65.630833333333342,7350.65,6023.92,22051.94,98]
["SUE",8,"FUE","Klient 181","2017-11-27","2017-11-27","2017-12-27","S","P:GR1",1,4107.6000000000004,"kg",0.71066666666666667,2919.3,2097.2199999999998,8757.9,98]
["SUE",8,"FUER","Klient 185","2017-11-27","2017-11-27","2017-12-11","X","U:",1,-2,null,614.82333333333338,-1229.6500000000001,0,-3688.94]
["SUE",8,"FUER","Klient 185","2017-11-27","2017-11-27","2017-12-11","S","P:GR1",2,38000,"mb",64.718166666666676,2459.29,1701.13,7377.88,98]
["SUE",8,"FUER","Klient 185","2017-11-27","2017-11-27","2017-12-11","X","U:",1,-2,null,1914.9099999999999,-3829.82,0,-11489.46]
["SUE",8,"FUER","Klient 185","2017-11-27","2017-11-27","2017-12-11","S","P:GR4",2,78000,"szt",98.200499999999991,7659.64,7063.16,22978.91,98]
["SUE",8,"FUE","Klient 189","2017-11-27","2017-11-27","2017-12-27","S","P:GR1",1,16800,"mb",45.765999999999998,15377.39,12364.8,46132.18,98]
["SUE",8,"FZUE","Klient 185","2017-11-28","2017-11-22","2017-11-29","Z","U:",1,2,null,342.58,685.16,0,2055.48]
["SUE",8,"FZUE","Klient 185","2017-11-28","2017-11-22","2017-11-29","Z","U:",1,2,null,1123.3166666666666,2246.63,0,6739.9]
["SUE",8,"FZUE","Klient 185","2017-11-28","2017-11-22","2017-11-29","Z","U:",1,2,null,726.5383333333333,1453.08,0,4359.2299999999996]
["SUE",8,"FZUE","Klient 185","2017-11-28","2017-11-22","2017-11-29","Z","U:",1,2,null,1106.6716666666666,2213.34,0,6640.03]
["SUE",8,"FZUE","Klient 185","2017-11-28","2017-11-22","2017-11-29","Z","U:",1,2,null,1108.2650000000001,2216.5300000000002,0,6649.59]
["SUE",8,"FZUE","Klient 185","2017-11-28","2017-11-22","2017-11-29","Z","U:",1,2,null,2209.5149999999999,4419.03,0,13257.09]
["SUE",8,"FZUE","Klient 185","2017-11-28","2017-11-22","2017-11-29","Z","U:",1,2,null,3662.1266666666666,7324.25,0,21972.76]
["SUE",8,"FZUE","Klient 207","2017-11-28","2017-11-24","2017-11-29","Z","U:",1,2,null,1883.3483333333334,3766.7,0,11300.09]
["SUE",8,"FZUE","Klient 185","2017-11-28","2017-11-22","2017-11-29","Z","U:",1,2,null,606.66999999999996,1213.3399999999999,0,3640.02]
["SUE",8,"FUER","Klient 208","2017-11-28","2017-11-28","2017-11-29","X","U:",1,-2,null,6032.3266666666668,-12064.65,0,-36193.96]
["SUE",8,"FUER","Klient 208","2017-11-28","2017-11-28","2017-11-29","S","P:GR3",2,5996.68,"kg",1.508,9043.48,9830.02,27130.45,98]
["SUE",8,"FUER","Klient 208","2017-11-28","2017-11-28","2017-11-29","S","P:GR3",3,1987.12,"kg",1.508,2996.73,3266.95,8990.2000000000007,98]
["SUE",8,"FUE","Klient 184","2017-11-29","2017-11-29","2017-12-29","S","P:GR1",1,9600,"mb",11.829833333333333,2271.3200000000002,1222.4000000000001,6813.97,98]
["SUE",8,"FUE","Klient 184","2017-11-29","2017-11-29","2017-12-29","S","P:GR4",1,22800,"szt",155.012,3534.27,3294.22,10602.82,98]
["SUE",8,"FZUE","Klient 185","2017-11-29","2017-11-28","2017-11-30","Z","U:",1,2,null,697.37666666666667,1394.75,0,4184.26]
["SUE",8,"FUER","Klient 185","2017-11-29","2017-11-29","2017-12-13","X","U:",1,-2,null,361.92833333333334,-723.86,0,-2171.5700000000002]
["SUE",8,"FUER","Klient 185","2017-11-29","2017-11-29","2017-12-13","S","P:GR1",2,78300,"mb",22.341333333333335,1749.32,1277.6400000000001,5247.97,98]
["SUE",8,"FUE","Klient 190","2017-11-29","2017-11-29","2017-12-29","S","P:GR3",1,111000,"mb",144.88183333333333,16081.89,18130,48245.67,98]
["SUE",8,"FUE","Klient 184","2017-11-29","2017-11-29","2017-12-29","S","P:GR3",1,72000,"mb",177.46316666666667,12777.35,13461.6,38332.06,98]
["SUE",8,"FUE","Klient 184","2017-11-29","2017-11-29","2017-12-29","S","P:GR3",1,38000,"mb",46.7575,3553.57,3666.37,10660.71,98]
["SUE",8,"FUE","Klient 184","2017-11-29","2017-11-29","2017-12-29","S","P:GR4",1,8380,"szt",0.18933333333333333,1586.61,1444.15,4759.83,98]
["SUE",8,"FUE","Klient 184","2017-11-29","2017-11-29","2017-12-29","S","P:GR1",1,10000,"mb",33.615000000000002,1344.6,1015.2,4033.8,98]
["SUE",8,"FUE","Klient 184","2017-11-29","2017-11-29","2017-12-29","S","P:GR1",2,10000,"mb",33.615000000000002,1344.6,1019.67,4033.8,98]
["SUE",8,"FUE","Klient 184","2017-11-29","2017-11-29","2017-12-29","S","P:GR1",3,5000,"mb",46.220333333333336,924.41,698.33,2773.22,98]
["SUE",8,"FUE","Klient 183","2017-11-29","2017-11-29","2017-12-29","S","P:GR3",1,895.9,"kg",1.2621666666666667,1130.82,1243.04,3392.47,98]
["SUE",8,"FUE","Klient 183","2017-11-29","2017-11-29","2017-12-29","S","P:GR3",2,1130.68,"kg",1.2621666666666667,1427.16,1511.19,4281.49,98]
["SUE",8,"FUE","Klient 183","2017-11-29","2017-11-29","2017-12-29","S","P:GR3",3,876.98,"kg",1.2621666666666667,1106.94,1199.31,3320.82,98]
["SUE",8,"FUE","Klient 183","2017-11-29","2017-11-29","2017-12-29","S","P:GR1",4,386.2,"kg",1.3043333333333333,503.72,343.22,1511.17,98]
["SUE",8,"FUE","Klient 183","2017-11-29","2017-11-29","2017-12-29","S","P:GR4",5,20534,"szt",0.28883333333333333,5932.43,5869.99,17797.3,98]
["SUE",8,"FUE","Klient 183","2017-11-29","2017-11-29","2017-12-29","S","P:GR4",6,21100,"szt",0.373,7871.48,7745.11,23614.45,98]
["SUE",8,"FUE","Klient 183","2017-11-29","2017-11-29","2017-12-29","S","P:GR4",7,12000,"szt",0.30149999999999999,3618.36,3663,10855.09,98]
["SUE",8,"FUE","Klient 183","2017-11-29","2017-11-29","2017-12-29","S","P:GR3",8,1129.92,"kg",1.2621666666666667,1426.21,1491.93,4278.63,98]
["SUE",8,"FUE","Klient 183","2017-11-29","2017-11-29","2017-12-29","S","P:GR4",9,73600,"szt",4.8035000000000005,353.53,326.29000000000002,1060.5999999999999,98]
["SUE",8,"FUE","Klient 183","2017-11-29","2017-11-29","2017-12-29","S","P:GR4",10,94200,"szt",3.8778333333333332,365.29,337.55,1095.8599999999999,98]
["SUE",8,"FUE","Klient 183","2017-11-29","2017-11-29","2017-12-29","S","P:GR4",11,40000,"szt",4.9436666666666662,197.75,182.67,593.24,98]
["SUE",8,"FUE","Klient 183","2017-11-29","2017-11-29","2017-12-29","S","P:GR4",12,80000,"szt",5.168166666666667,413.45,382.67,1240.3399999999999,98]
["SUE",8,"FUE","Klient 183","2017-11-29","2017-11-29","2017-12-29","S","P:GR4",13,452500,"szt",6.6336666666666666,3001.74,2797.96,9005.2199999999993,98]
["SUE",8,"FUE","Klient 183","2017-11-29","2017-11-29","2017-12-29","S","P:GR1",14,4208.6000000000004,"kg",0.63116666666666665,2656.09,2758.39,7968.27,98]
["SUE",8,"FUE","Klient 183","2017-11-29","2017-11-29","2017-12-29","S","U:",15,2,"szt",121.46333333333332,242.93,0,728.78]
["SUE",8,"FUE","Klient 209","2017-11-29","2017-11-29","2018-01-28","S","P:GR1",1,8028.2,"kg",0.6333333333333333,5084.53,4470.09,15253.58,98]
["SUE",8,"FUE","Klient 182","2017-11-29","2017-11-29","2018-01-28","S","P:GR1",1,23100,"mb",485.71616666666665,11220.04,9956.1,33660.129999999997,98]
["SUE",8,"FUE","Klient 182","2017-11-29","2017-11-29","2018-01-28","S","P:GR1",2,8016.4,"kg",1.3113333333333335,10511.95,8764.07,31535.85,98]
["SUE",8,"FUE","Klient 182","2017-11-29","2017-11-29","2018-01-28","S","P:GR4",3,1858,"szt",0.99149999999999994,1842.29,1982.39,5526.88,98]
["SUE",8,"FUE","Klient 182","2017-11-29","2017-11-29","2018-01-28","S","P:GR4",4,30400,"szt",4.6166666666666668E-2,1402.69,1312.27,4208.07,98]
["SUE",8,"FUE","Klient 182","2017-11-29","2017-11-29","2018-01-28","S","P:GR1",5,6026,"kg",1.1639999999999999,7014.55,5989.34,21043.65,98]
["SUE",8,"FUE","Klient 182","2017-11-29","2017-11-29","2018-01-28","S","P:GR1",6,3639,"kg",1.0105,3677.13,2642.21,11031.38,98]
["SUE",8,"FUE","Klient 182","2017-11-29","2017-11-29","2018-01-28","S","P:GR3",1,121340,"mb",70.691333333333333,8577.68,10863.98,25733.05,98]
["SUE",8,"FUER","Klient 185","2017-11-29","2017-11-29","2017-12-13","X","U:",1,-2,null,3661.0833333333335,-7322.17,0,-21966.5]
["SUE",8,"FUER","Klient 185","2017-11-29","2017-11-29","2017-12-13","S","P:GR1",2,159600,"mb",91.75633333333333,14644.32,9554.5300000000007,43932.959999999999,98]
["SUE",8,"FUER","Klient 185","2017-11-29","2017-11-29","2017-12-13","X","U:",1,-2,null,1122.9966666666667,-2245.9899999999998,0,-6737.98]
["SUE",8,"FUER","Klient 185","2017-11-29","2017-11-29","2017-12-13","S","P:GR1",2,23040,"mb",194.96416666666667,4491.97,2921.81,13475.92,98]
["SUE",8,"FUE","Klient 203","2017-11-29","2017-11-29","2017-12-29","S","P:GR4",1,5270,"szt",1.1779999999999999,6208.44,5405.18,18625.32,98]
["SUE",8,"FUE","Klient 180","2017-11-29","2017-11-29","2017-12-29","S","P:GR4",1,12000,"szt",0.39966666666666667,4796.4399999999996,3712.2,14389.31,98]
["SUE",8,"FUE","Klient 180","2017-11-29","2017-11-29","2017-12-29","S","P:GR1",2,72000,"mb",41.863666666666667,6028.36,4410,18085.09,98]
["SUE",8,"FUE","Klient 180","2017-11-29","2017-11-29","2017-12-29","S","P:GR1",3,124800,"mb",46.982666666666667,9020.67,5636.8,27062,98]
["SUE",8,"FUE","Klient 180","2017-11-29","2017-11-29","2017-12-29","S","P:GR4",1,24500,"szt",0.10099999999999999,2473.9499999999998,2082.5,7421.85,98]
["SUE",8,"FZUE","Klient 185","2017-11-30","2017-11-30","2017-12-01","Z","U:",1,2,null,1265.1883333333333,2530.38,0,7591.13]
["SUE",8,"FZUE","Klient 185","2017-11-30","2017-11-30","2017-12-01","Z","U:",1,2,null,2360.313333333333,4720.63,0,14161.88]
["SUE",8,"FZUE","Klient 185","2017-11-30","2017-11-30","2017-12-01","Z","U:",1,2,null,1137.8516666666667,2275.6999999999998,0,6827.11]
["SUE",8,"FZUE","Klient 185","2017-11-30","2017-11-30","2017-12-01","Z","U:",1,2,null,555.8216666666666,1111.6400000000001,0,3334.93]
["SUE",8,"FUE","Klient 190","2017-11-30","2017-11-30","2017-12-30","S","P:GR4",1,8090,"szt",8.2301666666666673,1331.65,1129.0899999999999,3994.94,98]
["SUE",8,"FUE","Klient 191","2017-11-30","2017-11-30","2017-12-21","S","P:GR4",1,5690,"szt",0.18200000000000002,1035.3599999999999,1042.22,3106.07,98]
["SUE",8,"FUE","Klient 210","2017-11-30","2017-11-30","2017-12-01","S","P:GR4",1,9950,"szt",0.51433333333333331,5118.1899999999996,4521.78,15354.56,98]
["SUE",8,"FUE","Klient 210","2017-11-30","2017-11-30","2017-12-01","S","P:GR4",2,15830,"szt",0.31983333333333336,5062.9399999999996,4553.5,15188.82,98]
["SUE",8,"FZUE","Klient 185","2017-11-30","2017-11-30","2017-12-01","Z","U:",1,2,null,1980.1066666666666,3960.21,0,11880.64]
["SUE",8,"FZUE","Klient 185","2017-11-30","2017-11-30","2017-12-01","Z","U:",1,2,null,1635.55,3271.1,0,9813.2999999999993]
["SE",8,"FE","Klient 211","2017-11-02","2017-11-02","2017-11-02","S","P:GR2",1,23895.200000000001,"kg",1.9116666666666668,45697.42,42999.54,137092.26,98]
["SE",8,"FE","Klient 211","2017-11-02","2017-11-02","2017-11-02","S","P:GR1",2,3024.8,"kg",1.6716666666666666,5056.21,3497.12,15168.64,98]
["SE",8,"FE","Klient 212","2017-11-08","2017-11-08","2017-12-08","S","P:GR1",5,16320,"mb",54.571666666666665,3492.61,2320.96,10477.82,98]
["SE",8,"FE","Klient 212","2017-11-08","2017-11-08","2017-12-08","S","P:GR1",6,96000,"mb",46.163333333333334,4431.67,3312,13295.02,98]
["SE",8,"FE","Klient 212","2017-11-08","2017-11-08","2017-12-08","S","P:GR4",1,92000,"mb",26.921666666666667,4953.67,3549.67,14861,98]
["SE",8,"FE","Klient 212","2017-11-08","2017-11-08","2017-12-08","S","P:GR1",2,360000,"mb",32.468333333333334,19481.419999999998,11154,58444.26,98]
["SE",8,"FE","Klient 212","2017-11-08","2017-11-08","2017-12-08","S","P:GR4",3,2023.88,"kg",1.7383333333333333,3518.06,2799.11,10554.18,98]
["SE",8,"FE","Klient 212","2017-11-08","2017-11-08","2017-12-08","S","P:GR1",4,24000,"mb",47.696666666666665,1907.87,1334.4,5723.6,98]
["SE",8,"FE","Klient 213","2017-11-17","2017-11-17","2017-12-17","S","P:GR4",1,191200,"szt",18.984999999999999,9074.89,6742.99,27224.67,98]
["SE",8,"FE","Klient 213","2017-11-17","2017-11-17","2017-12-17","S","P:GR4",2,97320,"szt",20.75,10096.73,7522.84,30290.18,98]
["SE",8,"FE","Klient 213","2017-11-17","2017-11-17","2017-12-17","S","P:GR4",3,3566,"szt",56.884999999999998,4057.03,3550.67,12171.09,98]
["SE",8,"FE","Klient 213","2017-11-17","2017-11-17","2017-12-17","S","P:GR4",4,48000,"szt",41.211666666666666,1978.14,1684.8,5934.41,98]
["SE",8,"FE","Klient 213","2017-11-17","2017-11-17","2017-12-17","S","P:GR4",5,19600,"szt",19.66,1926.66,1805.16,5779.97,98]
["SE",8,"FE","Klient 213","2017-11-17","2017-11-17","2017-12-17","S","P:GR4",6,4800,"szt",41.111666666666665,3946.65,3455.52,11839.94,98]
["SE",8,"FE","Klient 213","2017-11-17","2017-11-17","2017-12-17","S","P:GR4",7,25850,"szt",0.79666666666666675,20579.310000000001,21287.48,61737.93,98]
["SE",8,"FE","Klient 213","2017-11-17","2017-11-17","2017-12-17","S","P:GR4",8,2400,"szt",47.428333333333335,2276.52,2050.56,6829.56,98]
["SE",8,"FE","Klient 214","2017-11-17","2017-11-17","2017-12-17","S","P:GR4",1,6000,"szt",38.81666666666667,4658.0600000000004,4460.26,13974.18,98]
["SE",8,"FE","Klient 214","2017-11-17","2017-11-17","2017-12-17","S","P:GR4",2,6000,"szt",58.436666666666667,7012.5,6237.6,21037.49,98]
["SE",8,"FE","Klient 214","2017-11-17","2017-11-17","2017-12-17","S","P:GR1",3,16336,"mb",80.783333333333331,10997.47,6379.66,32992.400000000001,98]
["SE",8,"FE","Klient 214","2017-11-17","2017-11-17","2017-12-17","S","P:GR4",4,97000,"szt",46.038333333333334,4465.74,3453.2,13397.22,98]
["SE",8,"FE","Klient 214","2017-11-17","2017-11-17","2017-12-17","S","P:GR4",5,72000,"szt",28.88,6931.19,5366.4,20793.580000000002,98]
["SE",8,"FE","Klient 214","2017-11-17","2017-11-17","2017-12-17","S","P:GR4",6,24310,"szt",21.25,2583.02,1907.12,7749.06,98]
["SE",8,"FE","Klient 214","2017-11-17","2017-11-17","2017-12-17","S","P:GR1",7,480,"mb",68.536666666666676,274.14999999999998,178.37,822.44,98]
["SE",8,"FE","Klient 214","2017-11-17","2017-11-17","2017-12-17","S","P:GR4",8,4700,"szt",43.193333333333335,4060.13,3490.06,12180.4,98]
["SE",8,"FEK","Klient 212","2017-11-21","2017-06-21","2017-12-21","S","P:GR4",-1,-6000,"szt",48.071666666666665,-5768.54,-4879.3999999999996,-17305.63,98]
["SE",8,"FEK","Klient 212","2017-11-21","2017-06-21","2017-12-21","S","P:GR4",1,300,"szt",48.071666666666665,288.43,243.97,865.28,98]
["SE",8,"FEK","Klient 212","2017-11-21","2017-03-21","2017-12-21","S","P:GR4",-1,-9992,"szt",52.32,-10455.66,-8766.65,-31366.98,98]
["SE",8,"FEK","Klient 212","2017-11-21","2017-03-21","2017-12-21","S","P:GR4",1,8692,"szt",52.32,9095.34,7626.07,27286.01,98]
["SE",8,"FE","Klient 212","2017-11-28","2017-11-28","2017-12-28","S","P:GR4",1,12200,"szt",33.543333333333329,4092.19,3860.28,12276.57,98]
["SE",8,"FE","Klient 212","2017-11-28","2017-11-28","2017-12-28","S","P:GR4",2,36600,"szt",23.574999999999999,2876.17,2463.1799999999998,8628.51,98]
["SE",8,"FE","Klient 212","2017-11-28","2017-11-28","2017-12-28","S","P:GR1",3,4000,"mb",29.433333333333334,117.73,193.4,353.19,98]
["SE",8,"FE","Klient 212","2017-11-28","2017-11-28","2017-12-28","S","P:GR1",4,61440,"mb",55.756666666666668,10705.33,7397.44,32115.99,98]
["SE",8,"FE","Klient 212","2017-11-28","2017-11-28","2017-12-28","S","P:GR4",5,2200,"szt",0.77166666666666661,1697.47,1561.05,5092.41,98]
["SE",8,"FE","Klient 212","2017-11-28","2017-11-28","2017-12-28","S","P:GR1",6,14000,"mb",16.658333333333335,6663.62,4453.33,19990.849999999999,98]
["SE",8,"FE","Klient 212","2017-11-28","2017-11-28","2017-12-28","S","P:GR1",7,72000,"mb",20.916666666666668,1673.34,854.28,5020.0200000000004,98]
["SE",8,"FE","Klient 212","2017-11-28","2017-11-28","2017-12-28","S","P:GR1",8,360000,"mb",21.745000000000001,6523.33,4655.54,19569.990000000002,98]
[null,null,null,null,null,null,null,null,null,null,0,null,0]
[null,null,null,null,null,null,null,null,null,null,0,null,0]
[null,null,null,null,null,null,null,null,null,null,0,null,0]
[null,null,null,null,null,null,null,null,null,null,0,null,0]
[null,null,null,null,null,null,null,null,null,null,0,null,0]
[null,null,null,null,null,null,null,null,null,null,0,null,0]
[null,null,null,null,null,null,null,null,null,null,0,null,0]
[null,null,null,null,null,null,null,null,null,null,0,null,0]
[null,null,null,null,null,null,null,null,null,null,0,null,0]
[null,null,null,null,null,null,null,null,null,null,0,null,0]
[null,null,null,null,null,null,null,null,null,null,0,null,0]
[null,null,null,null,null,null,null,null,null,null,0,null,0]
[null,null,null,null,null,null,null,null,null,null,0,null,0]
[null,null,null,null,null,null,null,null,null,null,0,null,0]
[null,null,null,null,null,null,null,null,null,null,0,null,0]
[null,null,null,null,null,null,null,null,null,null,0,null,0]
[null,null,null,null,null,null,null,null,null,null,0,null,0]
[null,null,null,null,null,null,null,null,null,null,0,null,0]
[null,null,null,null,null,null,null,null,null,null,0,null,0]
[null,null,null,null,null,null,null,null,null,null,0,null,0]
[null,null,null,null,null,null,null,null,null,null,0,null,0]
[null,null,null,null,null,null,null,null,null,null,0,null,0]
[null,null,null,null,null,null,null,null,null,null,0,null,0]
[null,null,null,null,null,null,null,null,null,null,0,null,0]
[null,null,null,null,null,null,null,null,null,null,0,null,0]
[null,null,null,null,null,null,null,null,null,null,0,null,0]
[null,null,null,null,null,null,null,null,null,null,0,null,0]
[null,null,null,null,null,null,null,null,null,null,0,null,0]
[null,null,null,null,null,null,null,null,null,null,0,null,0]
[null,null,null,null,null,null,null,null,null,null,0,null,0]
[null,null,null,null,null,null,null,null,null,null,0,null,0]
[null,null,null,null,null,null,null,null,null,null,0,null,0]
[null,null,null,null,null,null,null,null,null,null,0,null,0]
[null,null,null,null,null,null,null,null,null,null,0,null,0]
[null,null,null,null,null,null,null,null,null,null,0,null,0]
[null,null,null,null,null,null,null,null,null,null,0,null,0]
[null,null,null,null,null,null,null,null,null,null,0,null,0]
[null,null,null,null,null,null,null,null,null,null,0,null,0]
[null,null,null,null,null,null,null,null,null,null,0,null,0]
[null,null,null,null,null,null,null,null,null,null,0,null,0]
[null,null,null,null,null,null,null,null,null,null,0,null,0]
[null,null,null,null,null,null,null,null,null,null,0,null,0]
[null,null,null,null,null,null,null,null,null,null,0,null,0]
[null,null,null,null,null,null,null,null,null,null,0,null,0]
[null,null,null,null,null,null,null,null,null,null,0,null,0]
[null,null,null,null,null,null,null,null,null,null,0,null,0]
[null,null,null,null,null,null,null,null,null,null,0,null,0]
[null,null,null,null,null,null,null,null,null,null,0,null,0]
[null,null,null,null,null,null,null,null,null,null,0,null,0]
[null,null,null,null,null,null,null,null,null,null,0,null,0]
[null,null,null,null,null,null,null,null,null,null,0,null,0]
[null,null,null,null,null,null,null,null,null,null,0,null,0]
[null,null,null,null,null,null,null,null,null,null,0,null,0]
[null,null,null,null,null,null,null,null,null,null,0,null,0]
[null,null,null,null,null,null,null,null,null,null,0,null,0]
[null,null,null,null,null,null,null,null,null,null,0,null,0]
[null,null,null,null,null,null,null,null,null,null,0,null,0]
[null,null,null,null,null,null,null,null,null,null,0,null,0]
[null,null,null,null,null,null,null,null,null,null,0,null,0]
[null,null,null,null,null,null,null,null,null,null,0,null,0]

{"sheet":"Wynagrodzenia ","index":2,"n_rows":831,"n_cols":22,"rows_kept":831,"cut":false,"hidden":false,"merged":[]}
[]
[null,null,null,null,null,null,null,null,null,null,null,null,"Wzór formuły","Export danych do arkusza Przeliczenia","2017-05-31",{"$f":"EOMONTH(O2,1)","v":"2017-06-30"},"2017-07-31","2017-08-31","2017-09-30","2017-10-31","2017-11-30","2017-12-31"]
[null,null,null,null,null,null,null,null,null,null,null,null,{"$f":"SUMIF($K$21:$K$9831,$N3,$F$21:$F$9831)+SUMIF($K$21:$K$9831,$N3,$G$21:$G$9831)+SUMIF($K$21:$K$9831,$N3,$H$21:$H$9831)+SUMIF($K$21:$K$9831,$N3,$I$21:$I$9831)+SUMIF($K$21:$K$9831,$N3,$J$21:$J$9831)","v":76108.213333333319},"Grupa asortymentowa 1",86072.373333333337,72650.283333333326,102956.89333333333,103853.97000000002,71554.313333333339,71469.163333333345,76108.213333333333]
[null,null,null,null,null,null,null,null,null,null,null,null,34592.01,"Grupa asortymentowa 2",38964.033333333333,34460.013333333329,36897.413333333338,33588.063333333339,31838.243333333328,34768.30999999999,34592.01]
[null,null,null,null,null,null,null,null,null,null,null,null,14695.243333333332,"Grupa asortymentowa 3",14589.126666666665,12442.736666666666,13478.626666666669,12883.626666666665,12601.346666666666,12544.86,14695.243333333332]
[null,null,null,null,null,null,null,null,null,null,null,null,37357.920000000006,"Grupa asortymentowa 4",32627.063333333335,30859.396666666667,32514.17,30488.81,31417.819999999996,27448.173333333336,37357.919999999998]
[null,null,null,null,null,null,null,null,null,null,null,null,41634.273333333331,"Administracja",39283.123333333329,35596.683333333342,37776.973333333335,37384.246666666666,39039.776666666665,38575.73333333333,41634.273333333331]
[null,null,null,null,null,null,null,null,null,null,null,null,18171.196666666663,"Marketing",22330.23,19717.413333333334,22931.293333333335,18995.750000000004,19567.833333333332,21608.823333333334,18171.196666666667]
[null,null,null,null,null,null,null,null,null,null,null,null,23997.096666666668,"Planowanie produkcji",26529.406666666666,24411.263333333332,24975.039999999997,25119.74666666667,24627.960000000003,23352.773333333334,23997.096666666668]
[null,null,null,null,null,null,null,null,null,null,null,null,11518.856666666667,"Sprzedaż",12664.536666666667,10151.203333333333,10472.19,11916.63,10552.436666666666,10472.19,11518.856666666667]
[null,null,null,null,null,null,null,null,null,null,null,null,20477.856666666667,"Magazyn",21533.626666666667,18264.48,21670.946666666667,21768.383333333335,19548.710000000003,17975.583333333336,20477.85666666667]
[null,null,null,null,null,null,null,null,null,null,null,null,35696.626666666671,"Dział utrzymania ruchu",37454.400000000001,34141.269999999997,45205.829999999994,44898.41333333333,34149.549999999996,32382.21333333333,35696.626666666663]
[null,null,null,null,null,null,null,null,null,null,null,null,4536.04,"Dział pomocniczy",5340.4433333333336,4186,4242.6833333333334,4660.3766666666661,4721.793333333334,5876.3466666666673,4536.04]
[null,null,null,null,null,null,null,null,null,null,null,null,{"$f":"SUM(M3:M13)","v":318785.33333333326},"Razem",337388.36333333323,296880.74333333335,353122.06,345558.01666666666,299619.78333333333,296474.17,318785.33333333331]
[]
[null,null,null,null,null,null,null,null,null,null,"Uzgodnienie danych",null,null,"Bieżąca data",{"$f":"Data_bieżąca","v":"2017-11-30"},{"$f":"MATCH(O16,$O$2:$XFD$2,0)","v":7}]
[null,null,null,null,null,null,null,null,null,null,{"$f":"IFERROR(IF(VLOOKUP(\"Brak przypisania!!!\",K21:K831,1,)=\"Brak przypisania!!!\",\"Przypisz pracowników!!!\",\"OK\"),\"OK\")","v":"OK"}]
[]
[]
[null,"Nr ewidencyjny","Jednostka organizacyjna ",null,"Nr ewidencyjny","Suma brutto fiz","Suma brutto umy","Suma UCP","Suma LD","ZUS płat","Przypisanie",null,"Wzór formuły","Export danych do arkusza Przeliczenia",{"$f":"O2","v":"2017-05-31"},"2017-06-30","2017-07-31","2017-08-31","2017-09-30","2017-10-31",{"$f":"U2","v":"2017-11-30"},{"$f":"V2","v":"2017-12-31"}]
[null,51,"Grupa asortymentowa 3",null,75,0,1500,0,116.66666666666667,305.55,{"$f":"IF(E21=0,\"\",IFERROR(VLOOKUP(E21,$B$20:$C$831,2,),\"Brak przypisania!!!\"))","v":"Sprzedaż"},null,{"$f":"COUNTIF($K$21:$K$831,N21)","v":37},"Grupa asortymentowa 1",13,13,12.666666666666666,12.666666666666666,12.666666666666666,12.333333333333334,12.333333333333334]
[null,52,"Grupa asortymentowa 3",null,412,1202,0,0,116.66666666666667,244.85,"Grupa asortymentowa 2",null,{"$f":"COUNTIF($K$21:$K$831,N22)","v":19},"Grupa asortymentowa 2",7,6.666666666666667,6.333333333333333,6.333333333333333,6,6.666666666666667,6.333333333333333]
[null,407,"Grupa asortymentowa 3",null,74,2352.8333333333335,0,0,113.33333333333333,479.27,"Dział utrzymania ruchu",null,7,"Grupa asortymentowa 3",2.3333333333333335,2.3333333333333335,2.3333333333333335,2.3333333333333335,2.3333333333333335,2.3333333333333335,2.3333333333333335]
[null,476,"Grupa asortymentowa 3",null,32,2242.0833333333335,0,0,116.66666666666667,456.71333333333337,"Magazyn",null,15,"Grupa asortymentowa 4",5,4.666666666666667,4.666666666666667,4.666666666666667,4.666666666666667,4.666666666666667,5]
[null,522,"Grupa asortymentowa 3",null,49,1586.3333333333333,0,0,116.66666666666667,282.68666666666667,"Grupa asortymentowa 2",null,24,"Administracja",7.666666666666667,7.333333333333333,7.333333333333333,7.333333333333333,7.666666666666667,8,8]
[null,538,"Grupa asortymentowa 3",null,66,0,666.66666666666663,0,116.66666666666667,118.8,"Administracja",null,5,"Marketing",1.6666666666666667,1.6666666666666667,1.6666666666666667,1.6666666666666667,1.6666666666666667,1.6666666666666667,1.6666666666666667]
[null,547,"Grupa asortymentowa 3",null,67,0,2892.6666666666665,0,116.66666666666667,589.23666666666668,"Marketing",null,8,"Planowanie produkcji",2.6666666666666665,2.6666666666666665,2.6666666666666665,2.6666666666666665,2.6666666666666665,2.6666666666666665,2.6666666666666665]
[null,53,"Grupa asortymentowa 4",null,428,1280,0,0,116.66666666666667,260.73333333333335,"Grupa asortymentowa 2",null,9,"Sprzedaż",3,2.3333333333333335,2.3333333333333335,2.3333333333333335,2.3333333333333335,2.3333333333333335,3]
[null,58,"Grupa asortymentowa 4",null,560,0,0,1216,0,247.70000000000002,"Dział utrzymania ruchu",null,9,"Magazyn",3,2.6666666666666665,2.6666666666666665,2.6666666666666665,2.6666666666666665,2.6666666666666665,3]
[null,426,"Grupa asortymentowa 4",null,532,1116.6666666666667,0,0,116.66666666666667,227.46666666666667,"Grupa asortymentowa 4",null,21,"Dział utrzymania ruchu",7,6.666666666666667,9.3333333333333339,7.666666666666667,5.666666666666667,6.333333333333333,7]
[null,445,"Grupa asortymentowa 4",null,510,973.89333333333332,0,0,116.66666666666667,198.38333333333333,"Administracja",null,4,"Dział pomocniczy",1.3333333333333333,1,1,1.3333333333333333,1.3333333333333333,1.3333333333333333,1.3333333333333333]
[null,458,"Grupa asortymentowa 4",null,396,1820,0,0,116.66666666666667,370.73666666666668,"Grupa asortymentowa 1"]
[null,466,"Grupa asortymentowa 4",null,416,0,1200,0,116.66666666666667,244.44000000000003,"Sprzedaż"]
[null,467,"Grupa asortymentowa 4",null,625,0,1726.9099999999999,0,113.33333333333333,335.24333333333334,"Marketing"]
[null,477,"Grupa asortymentowa 4",null,529,977.33333333333337,0,0,116.66666666666667,199.08,"Grupa asortymentowa 2"]
[null,495,"Grupa asortymentowa 4",null,35,0,0,0,116.66666666666667,0,"Magazyn"]
[null,504,"Grupa asortymentowa 4",null,533,1300.3333333333333,0,0,116.66666666666667,264.88,"Grupa asortymentowa 4"]
[null,517,"Grupa asortymentowa 4",null,637,0,0,712,0,145.03333333333333,"Dział utrzymania ruchu"]
[null,530,"Grupa asortymentowa 4",null,120,1545.3333333333333,0,0,116.66666666666667,314.78333333333336,"Grupa asortymentowa 1"]
[null,532,"Grupa asortymentowa 4",null,72,1724,0,0,116.66666666666667,307.21666666666664,"Dział pomocniczy"]
[null,533,"Grupa asortymentowa 4",null,71,1179.29,0,0,113.33333333333333,210.15,"Administracja"]
[null,555,"Grupa asortymentowa 4",null,369,0,2509.3333333333335,0,113.33333333333333,511.15333333333336,"Dział utrzymania ruchu"]
[null,29,"Grupa asortymentowa 2",null,56,1753.3333333333333,0,0,116.66666666666667,357.15666666666669,"Grupa asortymentowa 1"]
[null,40,"Grupa asortymentowa 2",null,539,1039.7166666666667,0,0,116.66666666666667,211.79,"Planowanie produkcji"]
[null,41,"Grupa asortymentowa 2",null,497,1315.8333333333333,0,0,116.66666666666667,268.03666666666669,"Grupa asortymentowa 2"]
[null,44,"Grupa asortymentowa 2",null,403,1892.1666666666667,0,0,116.66666666666667,385.43333333333334,"Grupa asortymentowa 2"]
[null,45,"Grupa asortymentowa 2",null,356,0,3664.6666666666665,0,113.33333333333333,150.61666666666667,"Marketing"]
[null,49,"Grupa asortymentowa 2",null,627,0,0,392,0,79.853333333333339,"Dział utrzymania ruchu"]
[null,355,"Grupa asortymentowa 2",null,563,0,2166.6666666666665,0,110,441.34999999999997,"Administracja"]
[null,359,"Grupa asortymentowa 2",null,82,1797.4766666666667,0,0,116.66666666666667,366.14333333333337,"Dział utrzymania ruchu"]
[null,401,"Grupa asortymentowa 2",null,44,1640.8333333333333,0,0,116.66666666666667,334.23666666666668,"Grupa asortymentowa 2"]
[null,403,"Grupa asortymentowa 2",null,628,0,0,1088.6666666666667,0,221.76333333333332,"Dział utrzymania ruchu"]
[null,412,"Grupa asortymentowa 2",null,53,3160.2133333333331,0,0,116.66666666666667,643.73666666666668,{"$f":"IF(E53=0,\"\",IFERROR(VLOOKUP(E53,$B$20:$C$831,2,),\"Brak przypisania!!!\"))","v":"Grupa asortymentowa 4"}]
[null,428,"Grupa asortymentowa 2",null,426,3457.36,0,0,116.66666666666667,636.97666666666669,"Grupa asortymentowa 4"]
[null,436,"Grupa asortymentowa 2",null,386,0,1266.6666666666667,0,116.66666666666667,258.02,"Sprzedaż"]
[null,437,"Grupa asortymentowa 2",null,11,1630,0,0,113.33333333333333,332.03000000000003,"Grupa asortymentowa 1"]
[null,440,"Grupa asortymentowa 2",null,420,1272.9566666666667,0,0,116.66666666666667,259.3,"Administracja"]
[null,491,"Grupa asortymentowa 2",null,87,141.66666666666666,0,0,116.66666666666667,25.246666666666666,"Dział pomocniczy"]
[null,497,"Grupa asortymentowa 2",null,13,1953.3333333333333,0,0,116.66666666666667,397.8966666666667,"Administracja"]
[null,529,"Grupa asortymentowa 2",null,14,2037.04,0,0,116.66666666666667,414.94333333333333,"Grupa asortymentowa 1"]
[null,586,"Grupa asortymentowa 2",null,15,1796,0,0,116.66666666666667,365.84666666666664,"Grupa asortymentowa 1"]
[null,590,"Grupa asortymentowa 2",null,51,1394.6666666666667,0,0,116.66666666666667,284.09333333333331,"Grupa asortymentowa 3"]
[null,599,"Grupa asortymentowa 2",null,468,1310.6666666666667,0,0,116.66666666666667,266.98,"Grupa asortymentowa 1"]
[null,431,"Grupa asortymentowa 2",null,429,983.33333333333337,0,0,116.66666666666667,200.30666666666664,"Administracja"]
[null,4,"Administracja",null,599,1360,0,0,116.66666666666667,277.03333333333336,"Grupa asortymentowa 2"]
[null,6,"Administracja",null,440,1939,0,0,116.66666666666667,394.98,"Grupa asortymentowa 2"]
[null,13,"Administracja",null,597,0,1166.6666666666667,0,116.66666666666667,237.65,"Sprzedaż"]
[null,66,"Administracja",null,635,0,0,742.66666666666663,0,151.28333333333333,"Dział utrzymania ruchu"]
[null,71,"Administracja",null,398,2049.9333333333334,0,0,116.66666666666667,417.57333333333332,"Magazyn"]
[null,77,"Administracja",null,23,2486.7733333333331,0,0,116.66666666666667,506.55666666666667,"Magazyn"]
[null,93,"Administracja",null,580,711,0,0,116.66666666666667,0,"Dział pomocniczy"]
[null,96,"Administracja",null,58,2538.1666666666665,0,0,116.66666666666667,517.02666666666664,"Grupa asortymentowa 4"]
[null,97,"Administracja",null,355,1597.3333333333333,0,0,116.66666666666667,325.37666666666667,"Grupa asortymentowa 2"]
[null,108,"Administracja",null,96,2260,0,0,113.33333333333333,460.36333333333329,"Administracja"]
[null,110,"Administracja",null,375,1621.04,0,0,116.66666666666667,330.20333333333332,"Magazyn"]
[null,114,"Administracja",null,97,706.66666666666663,0,0,116.66666666666667,125.92666666666666,"Administracja"]
[null,115,"Administracja",null,16,2170.6666666666665,0,0,116.66666666666667,442.16333333333336,"Grupa asortymentowa 1"]
[null,349,"Administracja",null,17,1894.6666666666667,0,0,116.66666666666667,385.94333333333333,"Grupa asortymentowa 1"]
[null,372,"Administracja",null,530,1456,0,0,116.66666666666667,296.58999999999997,"Grupa asortymentowa 4"]
[null,420,"Administracja",null,538,1747.5,0,0,116.66666666666667,355.96333333333337,"Grupa asortymentowa 3"]
[null,429,"Administracja",null,41,1422.5733333333335,0,0,116.66666666666667,289.78000000000003,"Grupa asortymentowa 2"]
[null,500,"Administracja",null,633,0,0,787.33333333333337,0,160.38,"Dział utrzymania ruchu"]
[null,510,"Administracja",null,18,1813.3333333333333,0,0,113.33333333333333,369.37333333333328,"Grupa asortymentowa 1"]
[null,543,"Administracja",null,445,1159,0,0,116.66666666666667,236.09333333333333,"Grupa asortymentowa 4"]
[null,545,"Administracja",null,477,2233.3333333333335,0,0,116.66666666666667,454.93,"Grupa asortymentowa 4"]
[null,563,"Administracja",null,395,1894.6666666666667,0,0,116.66666666666667,385.94333333333333,{"$f":"IF(E86=0,\"\",IFERROR(VLOOKUP(E86,$B$20:$C$831,2,),\"Brak przypisania!!!\"))","v":"Grupa asortymentowa 1"}]
[null,581,"Administracja",null,19,1646.6666666666667,0,0,116.66666666666667,335.42333333333335,"Grupa asortymentowa 1"]
[null,611,"Administracja",null,391,1580,0,0,116.66666666666667,321.84333333333331,"Grupa asortymentowa 1"]
[null,10,"Grupa asortymentowa 1",null,513,0,1166.6666666666667,0,116.66666666666667,237.65,"Sprzedaż"]
[null,11,"Grupa asortymentowa 1",null,77,828.10666666666668,0,0,116.66666666666667,168.68666666666667,"Administracja"]
[null,14,"Grupa asortymentowa 1",null,93,983.33333333333337,0,0,116.66666666666667,175.23000000000002,"Administracja"]
[null,15,"Grupa asortymentowa 1",null,626,0,0,1160.6666666666667,0,236.42666666666665,"Dział utrzymania ruchu"]
[null,16,"Grupa asortymentowa 1",null,28,2002,0,0,116.66666666666667,407.81,"Grupa asortymentowa 1"]
[null,17,"Grupa asortymentowa 1",null,20,2881.6666666666665,0,0,116.66666666666667,586.99666666666667,"Planowanie produkcji"]
[null,18,"Grupa asortymentowa 1",null,494,1573.3333333333333,0,0,113.33333333333333,320.48666666666668,"Grupa asortymentowa 1"]
[null,19,"Grupa asortymentowa 1",null,579,1513.3333333333333,0,0,116.66666666666667,308.26333333333332,"Grupa asortymentowa 1"]
[null,21,"Grupa asortymentowa 1",null,611,2036.6666666666667,0,0,116.66666666666667,414.87333333333328,"Administracja"]
[null,24,"Grupa asortymentowa 1",null,352,0,1333.3333333333333,0,116.66666666666667,271.59999999999997,"Sprzedaż"]
[null,25,"Grupa asortymentowa 1",null,467,1962.74,0,0,116.66666666666667,399.81,"Grupa asortymentowa 4"]
[null,27,"Grupa asortymentowa 1",null,40,1582.5,0,0,113.33333333333333,193.51666666666665,"Grupa asortymentowa 2"]
[null,28,"Grupa asortymentowa 1",null,21,1962.2666666666667,0,0,116.66666666666667,399.71333333333337,"Grupa asortymentowa 1"]
[null,43,"Grupa asortymentowa 1",null,517,84.413333333333341,0,0,33.333333333333336,15.126666666666667,"Grupa asortymentowa 4"]
[null,56,"Grupa asortymentowa 1",null,109,0,2742.6666666666665,0,110,558.68333333333328,"Marketing"]
[null,62,"Grupa asortymentowa 1",null,34,2050.8266666666664,0,0,116.66666666666667,417.75333333333333,"Magazyn"]
[null,63,"Grupa asortymentowa 1",null,590,1333.3333333333333,0,0,116.66666666666667,271.59999999999997,"Grupa asortymentowa 2"]
[null,64,"Grupa asortymentowa 1",null,587,0,0,356,0,72.52,"Dział utrzymania ruchu"]
[null,120,"Grupa asortymentowa 1",null,458,2848.3333333333335,0,0,116.66666666666667,580.20666666666659,"Grupa asortymentowa 4"]
[null,133,"Grupa asortymentowa 1",null,566,70.343333333333334,0,0,33.333333333333336,12.606666666666667,"Grupa asortymentowa 1"]
[null,358,"Grupa asortymentowa 1",null,516,84.413333333333341,0,0,33.333333333333336,15.126666666666667,"Grupa asortymentowa 1"]
[null,360,"Grupa asortymentowa 1",null,43,1653.3333333333333,0,0,116.66666666666667,336.78666666666669,"Grupa asortymentowa 1"]
[null,391,"Grupa asortymentowa 1",null,466,1506.6666666666667,0,0,116.66666666666667,306.90666666666669,"Grupa asortymentowa 4"]
[null,395,"Grupa asortymentowa 1",null,133,1640,0,0,116.66666666666667,334.06666666666666,"Grupa asortymentowa 1"]
[null,396,"Grupa asortymentowa 1",null,434,1513.3333333333333,0,0,113.33333333333333,308.26333333333332,"Grupa asortymentowa 1"]
[null,415,"Grupa asortymentowa 1",null,504,1878,0,0,116.66666666666667,382.54666666666668,"Grupa asortymentowa 4"]
[null,434,"Grupa asortymentowa 1",null,6,0,2933.3333333333335,0,113.33333333333333,597.52,"Administracja"]
[null,468,"Grupa asortymentowa 1",null,500,0,216.66666666666666,0,116.66666666666667,44.136666666666663,"Administracja"]
[null,482,"Grupa asortymentowa 1",null,639,0,0,112,0,22.813333333333333,"Dział utrzymania ruchu"]
[null,488,"Grupa asortymentowa 1",null,29,1558.96,0,0,116.66666666666667,317.56,"Grupa asortymentowa 2"]
[null,492,"Grupa asortymentowa 1",null,581,859.09333333333336,0,0,116.66666666666667,174.99666666666667,"Administracja"]
[null,494,"Grupa asortymentowa 1",null,488,1482.9066666666668,0,0,116.66666666666667,302.07,"Grupa asortymentowa 1"]
[null,516,"Grupa asortymentowa 1",null,115,0,1300,0,113.33333333333333,231.66,"Administracja"]
[null,566,"Grupa asortymentowa 1",null,135,0,4748.666666666667,0,113.33333333333333,195.17333333333332,"Marketing"]
[null,567,"Grupa asortymentowa 1",null,365,0,2812,0,113.33333333333333,572.8033333333334,"Dział utrzymania ruchu"]
[null,579,"Grupa asortymentowa 1",null,136,0,2699.6666666666665,0,113.33333333333333,549.92333333333329,"Planowanie produkcji"]
[null,601,"Grupa asortymentowa 1",null,5,0,5000,0,116.66666666666667,205.5,"Planowanie produkcji"]
[null,526,"Grupa asortymentowa 1",null,461,0,2200,0,113.33333333333333,448.14000000000004,"Planowanie produkcji"]
[null,480,"Grupa asortymentowa 1",null,415,1325.6666666666667,0,0,116.66666666666667,270.04333333333335,"Grupa asortymentowa 1"]
[null,67,"Marketing",null,601,1906.6666666666667,0,0,116.66666666666667,388.38666666666671,"Grupa asortymentowa 1"]
[null,109,"Marketing",null,437,1135.4966666666667,0,0,116.66666666666667,151.75666666666666,"Grupa asortymentowa 2"]
[null,135,"Marketing",null,52,2242.92,0,0,116.66666666666667,456.88333333333338,"Grupa asortymentowa 3"]
[null,356,"Marketing",null,402,1597.5,0,0,116.66666666666667,325.41000000000003,"Dział utrzymania ruchu"]
[null,608,"Marketing",null,349,0,1833.3333333333333,0,113.33333333333333,373.45,"Administracja"]
[null,625,"Marketing",null,33,1387.3066666666666,0,0,113.33333333333333,282.59333333333331,"Magazyn"]
[null,1,"Planowanie produkcji",null,567,68.983333333333334,0,0,33.333333333333336,11.643333333333333,"Grupa asortymentowa 1"]
[null,5,"Planowanie produkcji",null,543,0,1133.3333333333333,0,113.33333333333333,230.86,"Administracja"]
[null,20,"Planowanie produkcji",null,476,1507.3333333333333,0,0,116.66666666666667,307.04333333333335,"Grupa asortymentowa 3"]
[null,22,"Planowanie produkcji",null,110,1980,0,0,116.66666666666667,403.32333333333332,"Administracja"]
[null,136,"Planowanie produkcji",null,407,1599.8266666666666,0,0,116.66666666666667,325.88666666666666,"Grupa asortymentowa 3"]
[null,461,"Planowanie produkcji",null,632,0,0,715.33333333333337,0,145.71666666666667,"Dział utrzymania ruchu"]
[null,539,"Planowanie produkcji",null,372,1993.3333333333333,0,0,116.66666666666667,406.04333333333335,"Administracja"]
[null,602,"Planowanie produkcji",null,514,0,1066.6666666666667,0,113.33333333333333,217.28,"Sprzedaż"]
[null,2,"Sprzedaż",null,2,0,0,0,116.66666666666667,0,"Sprzedaż"]
[null,75,"Sprzedaż",null,62,2016.1866666666667,0,0,116.66666666666667,410.7,"Grupa asortymentowa 1"]
[null,352,"Sprzedaż",null,602,1663.9633333333334,0,0,116.66666666666667,338.94666666666666,"Planowanie produkcji"]
[null,386,"Sprzedaż",null,47,966.66666666666663,0,0,113.33333333333333,196.91,"Dział pomocniczy"]
[null,416,"Sprzedaż",null,482,1701.3333333333333,0,0,116.66666666666667,346.56,"Grupa asortymentowa 1"]
[null,481,"Sprzedaż",null,568,1552,0,0,116.66666666666667,316.14333333333332,"Dział utrzymania ruchu"]
[null,513,"Sprzedaż",null,4,0,666.66666666666663,0,113.33333333333333,118.8,"Administracja"]
[null,514,"Sprzedaż",null,45,983.5333333333333,0,0,116.66666666666667,200.34666666666666,"Grupa asortymentowa 2"]
[null,597,"Sprzedaż",null,22,2023.3333333333333,0,0,116.66666666666667,412.15333333333336,{"$f":"IF(E150=0,\"\",IFERROR(VLOOKUP(E150,$B$20:$C$831,2,),\"Brak przypisania!!!\"))","v":"Planowanie produkcji"}]
[null,32,"Magazyn",null,108,828.10666666666668,0,0,116.66666666666667,147.57,"Administracja"]
[null,398,"Magazyn",null,63,1664,0,0,116.66666666666667,338.95666666666665,"Grupa asortymentowa 1"]
[null,23,"Magazyn",null,24,1646.0666666666666,0,0,116.66666666666667,226.85333333333332,"Grupa asortymentowa 1"]
[null,375,"Magazyn",null,547,1884.5466666666669,0,0,116.66666666666667,383.88333333333338,"Grupa asortymentowa 3"]
[null,34,"Magazyn",null,142,0,3718.3333333333335,0,113.33333333333333,324.13,"Dział utrzymania ruchu"]
[null,33,"Magazyn",null,25,2492.6666666666665,0,0,116.66666666666667,507.75666666666666,"Grupa asortymentowa 1"]
[null,501,"Magazyn",null,359,1433.68,0,0,113.33333333333333,292.04333333333335,"Grupa asortymentowa 2"]
[null,464,"Magazyn",null,360,1486.6666666666667,0,0,116.66666666666667,302.83666666666664,"Grupa asortymentowa 1"]
[null,72,"Dział pomocniczy",null,501,1653.2533333333333,0,0,116.66666666666667,336.76333333333332,"Magazyn"]
[null,87,"Dział pomocniczy",null,495,1832.6666666666667,0,0,116.66666666666667,373.31333333333333,"Grupa asortymentowa 4"]
[null,580,"Dział pomocniczy",null,1,0,2333.3333333333335,0,116.66666666666667,475.3,"Planowanie produkcji"]
[null,47,"Dział pomocniczy",null,401,1290.4533333333334,0,0,116.66666666666667,262.86333333333334,"Grupa asortymentowa 2"]
[null,74,"Dział utrzymania ruchu",null,27,2170.6666666666665,0,0,116.66666666666667,442.16333333333336,"Grupa asortymentowa 1"]
[null,560,"Dział utrzymania ruchu",null,545,0,1166.6666666666667,0,116.66666666666667,237.65,"Administracja"]
[null,369,"Dział utrzymania ruchu",null,114,0,1500,0,116.66666666666667,305.55,"Administracja"]
[null,627,"Dział utrzymania ruchu",null,464,2651.6666666666665,0,0,116.66666666666667,540.15,"Magazyn"]
[null,82,"Dział utrzymania ruchu",null,492,1708,0,0,113.33333333333333,347.91666666666669,"Grupa asortymentowa 1"]
[null,628,"Dział utrzymania ruchu",null,620,1589.3333333333333,0,0,116.66666666666667,323.75,"Dział utrzymania ruchu"]
[null,626,"Dział utrzymania ruchu",null,481,0,0,0,116.66666666666667,0,"Sprzedaż"]
[null,631,"Dział utrzymania ruchu",null,638,0,0,472,0,96.146666666666661,"Dział utrzymania ruchu"]
[null,630,"Dział utrzymania ruchu",null,615,0,2576.3333333333335,0,116.66666666666667,524.80000000000007,"Dział utrzymania ruchu"]
[null,587,"Dział utrzymania ruchu",null,634,3175,0,0,116.66666666666667,646.75,"Grupa asortymentowa 4"]
[null,365,"Dział utrzymania ruchu",null,522,1153.1333333333334,0,0,116.66666666666667,234.89666666666668,"Grupa asortymentowa 3"]
[null,402,"Dział utrzymania ruchu",null,436,1577.4133333333332,0,0,116.66666666666667,321.32,"Grupa asortymentowa 2"]
[null,594,"Dział utrzymania ruchu",null,64,1586.6666666666667,0,0,116.66666666666667,323.20666666666665,"Grupa asortymentowa 1"]
[null,632,"Dział utrzymania ruchu",null,10,1761.8933333333334,0,0,116.66666666666667,358.90000000000003,"Grupa asortymentowa 1"]
[null,568,"Dział utrzymania ruchu",null,358,2036.08,0,0,116.66666666666667,414.75,"Grupa asortymentowa 1"]
[null,142,"Dział utrzymania ruchu",null,636,0,0,894.66666666666663,0,182.24333333333334,"Dział utrzymania ruchu"]
[null,610,"Dział utrzymania ruchu",null,null,null,null,null,null,null,""]
[null,620,"Dział utrzymania ruchu",null,null,null,null,null,null,null,""]
[null,615,"Dział utrzymania ruchu",null,null,null,null,null,null,null,""]
[null,609,"Dział utrzymania ruchu",null,null,null,null,null,null,null,""]
[null,603,"Dział utrzymania ruchu",null,null,null,null,null,null,null,""]
[null,598,"Dział utrzymania ruchu",null,null,null,null,null,null,null,""]
[null,600,"Dział utrzymania ruchu",null,null,null,null,null,null,null,""]
[null,605,"Dział utrzymania ruchu",null,null,null,null,null,null,null,""]
[null,595,"Dział utrzymania ruchu",null,null,null,null,null,null,null,""]
[null,606,"Dział utrzymania ruchu",null,null,null,null,null,null,null,""]
[null,588,"Dział utrzymania ruchu",null,null,null,null,null,null,null,""]
[null,604,"Dział utrzymania ruchu",null,null,null,null,null,null,null,""]
[null,607,"Dział utrzymania ruchu",null,null,null,null,null,null,null,""]
[null,592,"Dział utrzymania ruchu",null,null,null,null,null,null,null,""]
[null,35,"Magazyn",null,null,null,null,null,null,null,""]
[null,614,"Dział utrzymania ruchu",null,null,null,null,null,null,null,""]
[null,612,"Dział utrzymania ruchu",null,null,null,null,null,null,null,""]
[null,613,"Dział utrzymania ruchu",null,null,null,null,null,null,null,""]
[null,616,"Dział utrzymania ruchu",null,null,null,null,null,null,null,""]
[null,623,"Dział utrzymania ruchu",null,null,null,null,null,null,null,""]
[null,618,"Dział utrzymania ruchu",null,null,null,null,null,null,null,""]
[null,619,"Dział utrzymania ruchu",null,null,null,null,null,null,null,""]
[null,621,"Dział utrzymania ruchu",null,null,null,null,null,null,null,""]
[null,617,"Dział utrzymania ruchu",null,null,null,null,null,null,null,""]
[null,553,"Dział utrzymania ruchu",null,null,null,null,null,null,null,""]
[null,624,"Dział utrzymania ruchu",null,null,null,null,null,null,null,""]
[null,629,"Dział utrzymania ruchu",null,null,null,null,null,null,null,""]
[null,637,"Dział utrzymania ruchu",null,null,null,null,null,null,null,""]
[null,633,"Dział utrzymania ruchu",null,null,null,null,null,null,null,""]
[null,635,"Dział utrzymania ruchu",null,null,null,null,null,null,null,""]
[null,639,"Dział utrzymania ruchu",null,null,null,null,null,null,null,""]
[null,638,"Dział utrzymania ruchu",null,null,null,null,null,null,null,""]
[null,636,"Dział utrzymania ruchu",null,null,null,null,null,null,null,""]
[null,634,"Grupa asortymentowa 4",null,null,null,null,null,null,null,""]
[null,640,"Dział utrzymania ruchu",null,null,null,null,null,null,null,""]
[null,null,null,null,null,null,null,null,null,null,{"$f":"IF(E214=0,\"\",IFERROR(VLOOKUP(E214,$B$20:$C$831,2,),\"Brak przypisania!!!\"))","v":""}]
[null,null,null,null,null,null,null,null,null,null,""]
[null,null,null,null,null,null,null,null,null,null,""]
[null,null,null,null,null,null,null,null,null,null,""]
[null,null,null,null,null,null,null,null,null,null,""]
[null,null,null,null,null,null,null,null,null,null,""]
[null,null,null,null,null,null,null,null,null,null,""]
[null,null,null,null,null,null,null,null,null,null,""]
[null,null,null,null,null,null,null,null,null,null,""]
[null,null,null,null,null,null,null,null,null,null,""]
[null,null,null,null,null,null,null,null,null,null,""]
[null,null,null,null,null,null,null,null,null,null,""]
[null,null,null,null,null,null,null,null,null,null,""]
[null,null,null,null,null,null,null,null,null,null,""]
[null,null,null,null,null,null,null,null,null,null,""]
[null,null,null,null,null,null,null,null,null,null,""]
[null,null,null,null,null,null,null,null,null,null,""]
[null,null,null,null,null,null,null,null,null,null,""]
[null,null,null,null,null,null,null,null,null,null,""]
[null,null,null,null,null,null,null,null,null,null,""]
[null,null,null,null,null,null,null,null,null,null,""]
[null,null,null,null,null,null,null,null,null,null,""]
[null,null,null,null,null,null,null,null,null,null,""]
[null,null,null,null,null,null,null,null,null,null,""]
[null,null,null,null,null,null,null,null,null,null,""]
[null,null,null,null,null,null,null,null,null,null,""]
[null,null,null,null,null,null,null,null,null,null,""]
[null,null,null,null,null,null,null,null,null,null,""]
[null,null,null,null,null,null,null,null,null,null,""]
[null,null,null,null,null,null,null,null,null,null,""]
[null,null,null,null,null,null,null,null,null,null,""]
[null,null,null,null,null,null,null,null,null,null,""]
[null,null,null,null,null,null,null,null,null,null,""]
[null,null,null,null,null,null,null,null,null,null,""]
[null,null,null,null,null,null,null,null,null,null,""]
[null,null,null,null,null,null,null,null,null,null,""]
[null,null,null,null,null,null,null,null,null,null,""]
[null,null,null,null,null,null,null,null,null,null,""]
[null,null,null,null,null,null,null,null,null,null,""]
[null,null,null,null,null,null,null,null,null,null,""]
[null,null,null,null,null,null,null,null,null,null,""]
[null,null,null,null,null,null,null,null,null,null,""]
[null,null,null,null,null,null,null,null,null,null,""]
[null,null,null,null,null,null,null,null,null,null,""]
[null,null,null,null,null,null,null,null,null,null,""]
[null,null,null,null,null,null,null,null,null,null,""]
[null,null,null,null,null,null,null,null,null,null,""]
[null,null,null,null,null,null,null,null,null,null,""]
[null,null,null,null,null,null,null,null,null,null,""]
[null,null,null,null,null,null,null,null,null,null,""]
[null,null,null,null,null,null,null,null,null,null,""]
[null,null,null,null,null,null,null,null,null,null,""]
[null,null,null,null,null,null,null,null,null,null,""]
[null,null,null,null,null,null,null,null,null,null,""]
[null,null,null,null,null,null,null,null,null,null,""]
[null,null,null,null,null,null,null,null,null,null,""]
[null,null,null,null,null,null,null,null,null,null,""]
[null,null,null,null,null,null,null,null,null,null,""]
[null,null,null,null,null,null,null,null,null,null,""]
[null,null,null,null,null,null,null,null,null,null,""]
[null,null,null,null,null,null,null,null,null,null,""]
[null,null,null,null,null,null,null,null,null,null,""]
[null,null,null,null,null,null,null,null,null,null,""]
[null,null,null,null,null,null,null,null,null,null,""]
[null,null,null,null,null,null,null,null,null,null,{"$f":"IF(E278=0,\"\",IFERROR(VLOOKUP(E278,$B$20:$C$831,2,),\"Brak przypisania!!!\"))","v":""}]
[null,null,null,null,null,null,null,null,null,null,""]
[null,null,null,null,null,null,null,null,null,null,""]
[null,null,null,null,null,null,null,null,null,null,""]
[null,null,null,null,null,null,null,null,null,null,""]
[null,null,null,null,null,null,null,null,null,null,""]
[null,null,null,null,null,null,null,null,null,null,""]
[null,null,null,null,null,null,null,null,null,null,""]
[null,null,null,null,null,null,null,null,null,null,""]
[null,null,null,null,null,null,null,null,null,null,""]
[null,null,null,null,null,null,null,null,null,null,""]
[null,null,null,null,null,null,null,null,null,null,""]
[null,null,null,null,null,null,null,null,null,null,""]
[null,null,null,null,null,null,null,null,null,null,""]
[null,null,null,null,null,null,null,null,null,null,""]
[null,null,null,null,null,null,null,null,null,null,""]
[null,null,null,null,null,null,null,null,null,null,""]
[null,null,null,null,null,null,null,null,null,null,""]
[null,null,null,null,null,null,null,null,null,null,""]
[null,null,null,null,null,null,null,null,null,null,""]
[null,null,null,null,null,null,null,null,null,null,""]
[null,null,null,null,null,null,null,null,null,null,""]
[null,null,null,null,null,null,null,null,null,null,""]
[null,null,null,null,null,null,null,null,null,null,""]
[null,null,null,null,null,null,null,null,null,null,""]
[null,null,null,null,null,null,null,null,null,null,""]
[null,null,null,null,null,null,null,null,null,null,""]
[null,null,null,null,null,null,null,null,null,null,""]
[null,null,null,null,null,null,null,null,null,null,""]
[null,null,null,null,null,null,null,null,null,null,""]
[null,null,null,null,null,null,null,null,null,null,""]
[null,null,null,null,null,null,null,null,null,null,""]
[null,null,null,null,null,null,null,null,null,null,""]
[null,null,null,null,null,null,null,null,null,null,""]
[null,null,null,null,null,null,null,null,null,null,""]
[null,null,null,null,null,null,null,null,null,null,""]
[null,null,null,null,null,null,null,null,null,null,""]
[null,null,null,null,null,null,null,null,null,null,""]
[null,null,null,null,null,null,null,null,null,null,""]
[null,null,null,null,null,null,null,null,null,null,""]
[null,null,null,null,null,null,null,null,null,null,""]
[null,null,null,null,null,null,null,null,null,null,""]
[null,null,null,null,null,null,null,null,null,null,""]
[null,null,null,null,null,null,null,null,null,null,""]
[null,null,null,null,null,null,null,null,null,null,""]
[null,null,null,null,null,null,null,null,null,null,""]
[null,null,null,null,null,null,null,null,null,null,""]
[null,null,null,null,null,null,null,null,null,null,""]
[null,null,null,null,null,null,null,null,null,null,""]
[null,null,null,null,null,null,null,null,null,null,""]
[null,null,null,null,null,null,null,null,null,null,""]
[null,null,null,null,null,null,null,null,null,null,""]
[null,null,null,null,null,null,null,null,null,null,""]
[null,null,null,null,null,null,null,null,null,null,""]
[null,null,null,null,null,null,null,null,null,null,""]
[null,null,null,null,null,null,null,null,null,null,""]
[null,null,null,null,null,null,null,null,null,null,""]
[null,null,null,null,null,null,null,null,null,null,""]
[null,null,null,null,null,null,null,null,null,null,""]
[null,null,null,null,null,null,null,null,null,null,""]
[null,null,null,null,null,null,null,null,null,null,""]
[null,null,null,null,null,null,null,null,null,null,""]
[null,null,null,null,null,null,null,null,null,null,""]
[null,null,null,null,null,null,null,null,null,null,""]
[null,null,null,null,null,null,null,null,null,null,{"$f":"IF(E342=0,\"\",IFERROR(VLOOKUP(E342,$B$20:$C$831,2,),\"Brak przypisania!!!\"))","v":""}]
[null,null,null,null,null,null,null,null,null,null,""]
[null,null,null,null,null,null,null,null,null,null,""]
[null,null,null,null,null,null,null,null,null,null,""]
[null,null,null,null,null,null,null,null,null,null,""]
[null,null,null,null,null,null,null,null,null,null,""]
[null,null,null,null,null,null,null,null,null,null,""]
[null,null,null,null,null,null,null,null,null,null,""]
[null,null,null,null,null,null,null,null,null,null,""]
[null,null,null,null,null,null,null,null,null,null,""]
[null,null,null,null,null,null,null,null,null,null,""]
[null,null,null,null,null,null,null,null,null,null,""]
[null,null,null,null,null,null,null,null,null,null,""]
[null,null,null,null,null,null,null,null,null,null,""]
[null,null,null,null,null,null,null,null,null,null,""]
[null,null,null,null,null,null,null,null,null,null,""]
[null,null,null,null,null,null,null,null,null,null,""]
[null,null,null,null,null,null,null,null,null,null,""]
[null,null,null,null,null,null,null,null,null,null,""]
[null,null,null,null,null,null,null,null,null,null,""]
[null,null,null,null,null,null,null,null,null,null,""]
[null,null,null,null,null,null,null,null,null,null,""]
[null,null,null,null,null,null,null,null,null,null,""]
[null,null,null,null,null,null,null,null,null,null,""]
[null,null,null,null,null,null,null,null,null,null,""]
[null,null,null,null,null,null,null,null,null,null,""]
[null,null,null,null,null,null,null,null,null,null,""]
[null,null,null,null,null,null,null,null,null,null,""]
[null,null,null,null,null,null,null,null,null,null,""]
[null,null,null,null,null,null,null,null,null,null,""]
[null,null,null,null,null,null,null,null,null,null,""]
[null,null,null,null,null,null,null,null,null,null,""]
[null,null,null,null,null,null,null,null,null,null,""]
[null,null,null,null,null,null,null,null,null,null,""]
[null,null,null,null,null,null,null,null,null,null,""]
[null,null,null,null,null,null,null,null,null,null,""]
[null,null,null,null,null,null,null,null,null,null,""]
[null,null,null,null,null,null,null,null,null,null,""]
[null,null,null,null,null,null,null,null,null,null,""]
[null,null,null,null,null,null,null,null,null,null,""]
[null,null,null,null,null,null,null,null,null,null,""]
[null,null,null,null,null,null,null,null,null,null,""]
[null,null,null,null,null,null,null,null,null,null,""]
[null,null,null,null,null,null,null,null,null,null,""]
[null,null,null,null,null,null,null,null,null,null,""]
[null,null,null,null,null,null,null,null,null,null,""]
[null,null,null,null,null,null,null,null,null,null,""]
[null,null,null,null,null,null,null,null,null,null,""]
[null,null,null,null,null,null,null,null,null,null,""]
[null,null,null,null,null,null,null,null,null,null,""]
[null,null,null,null,null,null,null,null,null,null,""]
[null,null,null,null,null,null,null,null,null,null,""]
[null,null,null,null,null,null,null,null,null,null,""]
[null,null,null,null,null,null,null,null,null,null,""]
[null,null,null,null,null,null,null,null,null,null,""]
[null,null,null,null,null,null,null,null,null,null,""]
[null,null,null,null,null,null,null,null,null,null,""]
[null,null,null,null,null,null,null,null,null,null,""]
[null,null,null,null,null,null,null,null,null,null,""]
[null,null,null,null,null,null,null,null,null,null,""]
[null,null,null,null,null,null,null,null,null,null,""]
[null,null,null,null,null,null,null,null,null,null,""]
[null,null,null,null,null,null,null,null,null,null,""]
[null,null,null,null,null,null,null,null,null,null,""]
[null,null,null,null,null,null,null,null,null,null,{"$f":"IF(E406=0,\"\",IFERROR(VLOOKUP(E406,$B$20:$C$831,2,),\"Brak przypisania!!!\"))","v":""}]
[null,null,null,null,null,null,null,null,null,null,""]
[null,null,null,null,null,null,null,null,null,null,""]
[null,null,null,null,null,null,null,null,null,null,""]
[null,null,null,null,null,null,null,null,null,null,""]
[null,null,null,null,null,null,null,null,null,null,""]
[null,null,null,null,null,null,null,null,null,null,""]
[null,null,null,null,null,null,null,null,null,null,""]
[null,null,null,null,null,null,null,null,null,null,""]
[null,null,null,null,null,null,null,null,null,null,""]
[null,null,null,null,null,null,null,null,null,null,""]
[null,null,null,null,null,null,null,null,null,null,""]
[null,null,null,null,null,null,null,null,null,null,""]
[null,null,null,null,null,null,null,null,null,null,""]
[null,null,null,null,null,null,null,null,null,null,""]
[null,null,null,null,null,null,null,null,null,null,""]
[null,null,null,null,null,null,null,null,null,null,""]
[null,null,null,null,null,null,null,null,null,null,""]
[null,null,null,null,null,null,null,null,null,null,""]
[null,null,null,null,null,null,null,null,null,null,""]
[null,null,null,null,null,null,null,null,null,null,""]
[null,null,null,null,null,null,null,null,null,null,""]
[null,null,null,null,null,null,null,null,null,null,""]
[null,null,null,null,null,null,null,null,null,null,""]
[null,null,null,null,null,null,null,null,null,null,""]
[null,null,null,null,null,null,null,null,null,null,""]
[null,null,null,null,null,null,null,null,null,null,""]
[null,null,null,null,null,null,null,null,null,null,""]
[null,null,null,null,null,null,null,null,null,null,""]
[null,null,null,null,null,null,null,null,null,null,""]
[null,null,null,null,null,null,null,null,null,null,""]
[null,null,null,null,null,null,null,null,null,null,""]
[null,null,null,null,null,null,null,null,null,null,""]
[null,null,null,null,null,null,null,null,null,null,""]
[null,null,null,null,null,null,null,null,null,null,""]
[null,null,null,null,null,null,null,null,null,null,""]
[null,null,null,null,null,null,null,null,null,null,""]
[null,null,null,null,null,null,null,null,null,null,""]
[null,null,null,null,null,null,null,null,null,null,""]
[null,null,null,null,null,null,null,null,null,null,""]
[null,null,null,null,null,null,null,null,null,null,""]
[null,null,null,null,null,null,null,null,null,null,""]
[null,null,null,null,null,null,null,null,null,null,""]
[null,null,null,null,null,null,null,null,null,null,""]
[null,null,null,null,null,null,null,null,null,null,""]
[null,null,null,null,null,null,null,null,null,null,""]
[null,null,null,null,null,null,null,null,null,null,""]
[null,null,null,null,null,null,null,null,null,null,""]
[null,null,null,null,null,null,null,null,null,null,""]
[null,null,null,null,null,null,null,null,null,null,""]
[null,null,null,null,null,null,null,null,null,null,""]
[null,null,null,null,null,null,null,null,null,null,""]
[null,null,null,null,null,null,null,null,null,null,""]
[null,null,null,null,null,null,null,null,null,null,""]
[null,null,null,null,null,null,null,null,null,null,""]
[null,null,null,null,null,null,null,null,null,null,""]
[null,null,null,null,null,null,null,null,null,null,""]
[null,null,null,null,null,null,null,null,null,null,""]
[null,null,null,null,null,null,null,null,null,null,""]
[null,null,null,null,null,null,null,null,null,null,""]
[null,null,null,null,null,null,null,null,null,null,""]
[null,null,null,null,null,null,null,null,null,null,""]
[null,null,null,null,null,null,null,null,null,null,""]
[null,null,null,null,null,null,null,null,null,null,""]
[null,null,null,null,null,null,null,null,null,null,{"$f":"IF(E470=0,\"\",IFERROR(VLOOKUP(E470,$B$20:$C$831,2,),\"Brak przypisania!!!\"))","v":""}]
[null,null,null,null,null,null,null,null,null,null,""]
[null,null,null,null,null,null,null,null,null,null,""]
[null,null,null,null,null,null,null,null,null,null,""]
[null,null,null,null,null,null,null,null,null,null,""]
[null,null,null,null,null,null,null,null,null,null,""]
[null,null,null,null,null,null,null,null,null,null,""]
[null,null,null,null,null,null,null,null,null,null,""]
[null,null,null,null,null,null,null,null,null,null,""]
[null,null,null,null,null,null,null,null,null,null,""]
[null,null,null,null,null,null,null,null,null,null,""]
[null,null,null,null,null,null,null,null,null,null,""]
[null,null,null,null,null,null,null,null,null,null,""]
[null,null,null,null,null,null,null,null,null,null,""]
[null,null,null,null,null,null,null,null,null,null,""]
[null,null,null,null,null,null,null,null,null,null,""]
[null,null,null,null,null,null,null,null,null,null,""]
[null,null,null,null,null,null,null,null,null,null,""]
[null,null,null,null,null,null,null,null,null,null,""]
[null,null,null,null,null,null,null,null,null,null,""]
[null,null,null,null,null,null,null,null,null,null,""]
[null,null,null,null,null,null,null,null,null,null,""]
[null,null,null,null,null,null,null,null,null,null,""]
[null,null,null,null,null,null,null,null,null,null,""]
[null,null,null,null,null,null,null,null,null,null,""]
[null,null,null,null,null,null,null,null,null,null,""]
[null,null,null,null,null,null,null,null,null,null,""]
[null,null,null,null,null,null,null,null,null,null,""]
[null,null,null,null,null,null,null,null,null,null,""]
[null,null,null,null,null,null,null,null,null,null,""]
[null,null,null,null,null,null,null,null,null,null,""]
[null,null,null,null,null,null,null,null,null,null,""]
[null,null,null,null,null,null,null,null,null,null,""]
[null,null,null,null,null,null,null,null,null,null,""]
[null,null,null,null,null,null,null,null,null,null,""]
[null,null,null,null,null,null,null,null,null,null,""]
[null,null,null,null,null,null,null,null,null,null,""]
[null,null,null,null,null,null,null,null,null,null,""]
[null,null,null,null,null,null,null,null,null,null,""]
[null,null,null,null,null,null,null,null,null,null,""]
[null,null,null,null,null,null,null,null,null,null,""]
[null,null,null,null,null,null,null,null,null,null,""]
[null,null,null,null,null,null,null,null,null,null,""]
[null,null,null,null,null,null,null,null,null,null,""]
[null,null,null,null,null,null,null,null,null,null,""]
[null,null,null,null,null,null,null,null,null,null,""]
[null,null,null,null,null,null,null,null,null,null,""]
[null,null,null,null,null,null,null,null,null,null,""]
[null,null,null,null,null,null,null,null,null,null,""]
[null,null,null,null,null,null,null,null,null,null,""]
[null,null,null,null,null,null,null,null,null,null,""]
[null,null,null,null,null,null,null,null,null,null,""]
[null,null,null,null,null,null,null,null,null,null,""]
[null,null,null,null,null,null,null,null,null,null,""]
[null,null,null,null,null,null,null,null,null,null,""]
[null,null,null,null,null,null,null,null,null,null,""]
[null,null,null,null,null,null,null,null,null,null,""]
[null,null,null,null,null,null,null,null,null,null,""]
[null,null,null,null,null,null,null,null,null,null,""]
[null,null,null,null,null,null,null,null,null,null,""]
[null,null,null,null,null,null,null,null,null,null,""]
[null,null,null,null,null,null,null,null,null,null,""]
[null,null,null,null,null,null,null,null,null,null,""]
[null,null,null,null,null,null,null,null,null,null,""]
[null,null,null,null,null,null,null,null,null,null,{"$f":"IF(E534=0,\"\",IFERROR(VLOOKUP(E534,$B$20:$C$831,2,),\"Brak przypisania!!!\"))","v":""}]
[null,null,null,null,null,null,null,null,null,null,""]
[null,null,null,null,null,null,null,null,null,null,""]
[null,null,null,null,null,null,null,null,null,null,""]
[null,null,null,null,null,null,null,null,null,null,""]
[null,null,null,null,null,null,null,null,null,null,""]
[null,null,null,null,null,null,null,null,null,null,""]
[null,null,null,null,null,null,null,null,null,null,""]
[null,null,null,null,null,null,null,null,null,null,""]
[null,null,null,null,null,null,null,null,null,null,""]
[null,null,null,null,null,null,null,null,null,null,""]
[null,null,null,null,null,null,null,null,null,null,""]
[null,null,null,null,null,null,null,null,null,null,""]
[null,null,null,null,null,null,null,null,null,null,""]
[null,null,null,null,null,null,null,null,null,null,""]
[null,null,null,null,null,null,null,null,null,null,""]
[null,null,null,null,null,null,null,null,null,null,""]
[null,null,null,null,null,null,null,null,null,null,""]
[null,null,null,null,null,null,null,null,null,null,""]
[null,null,null,null,null,null,null,null,null,null,""]
[null,null,null,null,null,null,null,null,null,null,""]
[null,null,null,null,null,null,null,null,null,null,""]
[null,null,null,null,null,null,null,null,null,null,""]
[null,null,null,null,null,null,null,null,null,null,""]
[null,null,null,null,null,null,null,null,null,null,""]
[null,null,null,null,null,null,null,null,null,null,""]
[null,null,null,null,null,null,null,null,null,null,""]
[null,null,null,null,null,null,null,null,null,null,""]
[null,null,null,null,null,null,null,null,null,null,""]
[null,null,null,null,null,null,null,null,null,null,""]
[null,null,null,null,null,null,null,null,null,null,""]
[null,null,null,null,null,null,null,null,null,null,""]
[null,null,null,null,null,null,null,null,null,null,""]
[null,null,null,null,null,null,null,null,null,null,""]
[null,null,null,null,null,null,null,null,null,null,""]
[null,null,null,null,null,null,null,null,null,null,""]
[null,null,null,null,null,null,null,null,null,null,""]
[null,null,null,null,null,null,null,null,null,null,""]
[null,null,null,null,null,null,null,null,null,null,""]
[null,null,null,null,null,null,null,null,null,null,""]
[null,null,null,null,null,null,null,null,null,null,""]
[null,null,null,null,null,null,null,null,null,null,""]
[null,null,null,null,null,null,null,null,null,null,""]
[null,null,null,null,null,null,null,null,null,null,""]
[null,null,null,null,null,null,null,null,null,null,""]
[null,null,null,null,null,null,null,null,null,null,""]
[null,null,null,null,null,null,null,null,null,null,""]
[null,null,null,null,null,null,null,null,null,null,""]
[null,null,null,null,null,null,null,null,null,null,""]
[null,null,null,null,null,null,null,null,null,null,""]
[null,null,null,null,null,null,null,null,null,null,""]
[null,null,null,null,null,null,null,null,null,null,""]
[null,null,null,null,null,null,null,null,null,null,""]
[null,null,null,null,null,null,null,null,null,null,""]
[null,null,null,null,null,null,null,null,null,null,""]
[null,null,null,null,null,null,null,null,null,null,""]
[null,null,null,null,null,null,null,null,null,null,""]
[null,null,null,null,null,null,null,null,null,null,""]
[null,null,null,null,null,null,null,null,null,null,""]
[null,null,null,null,null,null,null,null,null,null,""]
[null,null,null,null,null,null,null,null,null,null,""]
[null,null,null,null,null,null,null,null,null,null,""]
[null,null,null,null,null,null,null,null,null,null,""]
[null,null,null,null,null,null,null,null,null,null,""]
[null,null,null,null,null,null,null,null,null,null,{"$f":"IF(E598=0,\"\",IFERROR(VLOOKUP(E598,$B$20:$C$831,2,),\"Brak przypisania!!!\"))","v":""}]
[null,null,null,null,null,null,null,null,null,null,""]
[null,null,null,null,null,null,null,null,null,null,""]
[null,null,null,null,null,null,null,null,null,null,""]
[null,null,null,null,null,null,null,null,null,null,""]
[null,null,null,null,null,null,null,null,null,null,""]
[null,null,null,null,null,null,null,null,null,null,""]
[null,null,null,null,null,null,null,null,null,null,""]
[null,null,null,null,null,null,null,null,null,null,""]
[null,null,null,null,null,null,null,null,null,null,""]
[null,null,null,null,null,null,null,null,null,null,""]
[null,null,null,null,null,null,null,null,null,null,""]
[null,null,null,null,null,null,null,null,null,null,""]
[null,null,null,null,null,null,null,null,null,null,""]
[null,null,null,null,null,null,null,null,null,null,""]
[null,null,null,null,null,null,null,null,null,null,""]
[null,null,null,null,null,null,null,null,null,null,""]
[null,null,null,null,null,null,null,null,null,null,""]
[null,null,null,null,null,null,null,null,null,null,""]
[null,null,null,null,null,null,null,null,null,null,""]
[null,null,null,null,null,null,null,null,null,null,""]
[null,null,null,null,null,null,null,null,null,null,""]
[null,null,null,null,null,null,null,null,null,null,""]
[null,null,null,null,null,null,null,null,null,null,""]
[null,null,null,null,null,null,null,null,null,null,""]
[null,null,null,null,null,null,null,null,null,null,""]
[null,null,null,null,null,null,null,null,null,null,""]
[null,null,null,null,null,null,null,null,null,null,""]
[null,null,null,null,null,null,null,null,null,null,""]
[null,null,null,null,null,null,null,null,null,null,""]
[null,null,null,null,null,null,null,null,null,null,""]
[null,null,null,null,null,null,null,null,null,null,""]
[null,null,null,null,null,null,null,null,null,null,""]
[null,null,null,null,null,null,null,null,null,null,""]
[null,null,null,null,null,null,null,null,null,null,""]
[null,null,null,null,null,null,null,null,null,null,""]
[null,null,null,null,null,null,null,null,null,null,""]
[null,null,null,null,null,null,null,null,null,null,""]
[null,null,null,null,null,null,null,null,null,null,""]
[null,null,null,null,null,null,null,null,null,null,""]
[null,null,null,null,null,null,null,null,null,null,""]
[null,null,null,null,null,null,null,null,null,null,""]
[null,null,null,null,null,null,null,null,null,null,""]
[null,null,null,null,null,null,null,null,null,null,""]
[null,null,null,null,null,null,null,null,null,null,""]
[null,null,null,null,null,null,null,null,null,null,""]
[null,null,null,null,null,null,null,null,null,null,""]
[null,null,null,null,null,null,null,null,null,null,""]
[null,null,null,null,null,null,null,null,null,null,""]
[null,null,null,null,null,null,null,null,null,null,""]
[null,null,null,null,null,null,null,null,null,null,""]
[null,null,null,null,null,null,null,null,null,null,""]
[null,null,null,null,null,null,null,null,null,null,""]
[null,null,null,null,null,null,null,null,null,null,""]
[null,null,null,null,null,null,null,null,null,null,""]
[null,null,null,null,null,null,null,null,null,null,""]
[null,null,null,null,null,null,null,null,null,null,""]
[null,null,null,null,null,null,null,null,null,null,""]
[null,null,null,null,null,null,null,null,null,null,""]
[null,null,null,null,null,null,null,null,null,null,""]
[null,null,null,null,null,null,null,null,null,null,""]
[null,null,null,null,null,null,null,null,null,null,""]
[null,null,null,null,null,null,null,null,null,null,""]
[null,null,null,null,null,null,null,null,null,null,""]
[null,null,null,null,null,null,null,null,null,null,{"$f":"IF(E662=0,\"\",IFERROR(VLOOKUP(E662,$B$20:$C$831,2,),\"Brak przypisania!!!\"))","v":""}]
[null,null,null,null,null,null,null,null,null,null,""]
[null,null,null,null,null,null,null,null,null,null,""]
[null,null,null,null,null,null,null,null,null,null,""]
[null,null,null,null,null,null,null,null,null,null,""]
[null,null,null,null,null,null,null,null,null,null,""]
[null,null,null,null,null,null,null,null,null,null,""]
[null,null,null,null,null,null,null,null,null,null,""]
[null,null,null,null,null,null,null,null,null,null,""]
[null,null,null,null,null,null,null,null,null,null,""]
[null,null,null,null,null,null,null,null,null,null,""]
[null,null,null,null,null,null,null,null,null,null,""]
[null,null,null,null,null,null,null,null,null,null,""]
[null,null,null,null,null,null,null,null,null,null,""]
[null,null,null,null,null,null,null,null,null,null,""]
[null,null,null,null,null,null,null,null,null,null,""]
[null,null,null,null,null,null,null,null,null,null,""]
[null,null,null,null,null,null,null,null,null,null,""]
[null,null,null,null,null,null,null,null,null,null,""]
[null,null,null,null,null,null,null,null,null,null,""]
[null,null,null,null,null,null,null,null,null,null,""]
[null,null,null,null,null,null,null,null,null,null,""]
[null,null,null,null,null,null,null,null,null,null,""]
[null,null,null,null,null,null,null,null,null,null,""]
[null,null,null,null,null,null,null,null,null,null,""]
[null,null,null,null,null,null,null,null,null,null,""]
[null,null,null,null,null,null,null,null,null,null,""]
[null,null,null,null,null,null,null,null,null,null,""]
[null,null,null,null,null,null,null,null,null,null,""]
[null,null,null,null,null,null,null,null,null,null,""]
[null,null,null,null,null,null,null,null,null,null,""]
[null,null,null,null,null,null,null,null,null,null,""]
[null,null,null,null,null,null,null,null,null,null,""]
[null,null,null,null,null,null,null,null,null,null,""]
[null,null,null,null,null,null,null,null,null,null,""]
[null,null,null,null,null,null,null,null,null,null,""]
[null,null,null,null,null,null,null,null,null,null,""]
[null,null,null,null,null,null,null,null,null,null,""]
[null,null,null,null,null,null,null,null,null,null,""]
[null,null,null,null,null,null,null,null,null,null,""]
[null,null,null,null,null,null,null,null,null,null,""]
[null,null,null,null,null,null,null,null,null,null,""]
[null,null,null,null,null,null,null,null,null,null,""]
[null,null,null,null,null,null,null,null,null,null,""]
[null,null,null,null,null,null,null,null,null,null,""]
[null,null,null,null,null,null,null,null,null,null,""]
[null,null,null,null,null,null,null,null,null,null,""]
[null,null,null,null,null,null,null,null,null,null,""]
[null,null,null,null,null,null,null,null,null,null,""]
[null,null,null,null,null,null,null,null,null,null,""]
[null,null,null,null,null,null,null,null,null,null,""]
[null,null,null,null,null,null,null,null,null,null,""]
[null,null,null,null,null,null,null,null,null,null,""]
[null,null,null,null,null,null,null,null,null,null,""]
[null,null,null,null,null,null,null,null,null,null,""]
[null,null,null,null,null,null,null,null,null,null,""]
[null,null,null,null,null,null,null,null,null,null,""]
[null,null,null,null,null,null,null,null,null,null,""]
[null,null,null,null,null,null,null,null,null,null,""]
[null,null,null,null,null,null,null,null,null,null,""]
[null,null,null,null,null,null,null,null,null,null,""]
[null,null,null,null,null,null,null,null,null,null,""]
[null,null,null,null,null,null,null,null,null,null,""]
[null,null,null,null,null,null,null,null,null,null,""]
[null,null,null,null,null,null,null,null,null,null,{"$f":"IF(E726=0,\"\",IFERROR(VLOOKUP(E726,$B$20:$C$831,2,),\"Brak przypisania!!!\"))","v":""}]
[null,null,null,null,null,null,null,null,null,null,""]
[null,null,null,null,null,null,null,null,null,null,""]
[null,null,null,null,null,null,null,null,null,null,""]
[null,null,null,null,null,null,null,null,null,null,""]
[null,null,null,null,null,null,null,null,null,null,""]
[null,null,null,null,null,null,null,null,null,null,""]
[null,null,null,null,null,null,null,null,null,null,""]
[null,null,null,null,null,null,null,null,null,null,""]
[null,null,null,null,null,null,null,null,null,null,""]
[null,null,null,null,null,null,null,null,null,null,""]
[null,null,null,null,null,null,null,null,null,null,""]
[null,null,null,null,null,null,null,null,null,null,""]
[null,null,null,null,null,null,null,null,null,null,""]
[null,null,null,null,null,null,null,null,null,null,""]
[null,null,null,null,null,null,null,null,null,null,""]
[null,null,null,null,null,null,null,null,null,null,""]
[null,null,null,null,null,null,null,null,null,null,""]
[null,null,null,null,null,null,null,null,null,null,""]
[null,null,null,null,null,null,null,null,null,null,""]
[null,null,null,null,null,null,null,null,null,null,""]
[null,null,null,null,null,null,null,null,null,null,""]
[null,null,null,null,null,null,null,null,null,null,""]
[null,null,null,null,null,null,null,null,null,null,""]
[null,null,null,null,null,null,null,null,null,null,""]
[null,null,null,null,null,null,null,null,null,null,""]
[null,null,null,null,null,null,null,null,null,null,""]
[null,null,null,null,null,null,null,null,null,null,""]
[null,null,null,null,null,null,null,null,null,null,""]
[null,null,null,null,null,null,null,null,null,null,""]
[null,null,null,null,null,null,null,null,null,null,""]
[null,null,null,null,null,null,null,null,null,null,""]
[null,null,null,null,null,null,null,null,null,null,""]
[null,null,null,null,null,null,null,null,null,null,""]
[null,null,null,null,null,null,null,null,null,null,""]
[null,null,null,null,null,null,null,null,null,null,""]
[null,null,null,null,null,null,null,null,null,null,""]
[null,null,null,null,null,null,null,null,null,null,""]
[null,null,null,null,null,null,null,null,null,null,""]
[null,null,null,null,null,null,null,null,null,null,""]
[null,null,null,null,null,null,null,null,null,null,""]
[null,null,null,null,null,null,null,null,null,null,""]
[null,null,null,null,null,null,null,null,null,null,""]
[null,null,null,null,null,null,null,null,null,null,""]
[null,null,null,null,null,null,null,null,null,null,""]
[null,null,null,null,null,null,null,null,null,null,""]
[null,null,null,null,null,null,null,null,null,null,""]
[null,null,null,null,null,null,null,null,null,null,""]
[null,null,null,null,null,null,null,null,null,null,""]
[null,null,null,null,null,null,null,null,null,null,""]
[null,null,null,null,null,null,null,null,null,null,""]
[null,null,null,null,null,null,null,null,null,null,""]
[null,null,null,null,null,null,null,null,null,null,""]
[null,null,null,null,null,null,null,null,null,null,""]
[null,null,null,null,null,null,null,null,null,null,""]
[null,null,null,null,null,null,null,null,null,null,""]
[null,null,null,null,null,null,null,null,null,null,""]
[null,null,null,null,null,null,null,null,null,null,""]
[null,null,null,null,null,null,null,null,null,null,""]
[null,null,null,null,null,null,null,null,null,null,""]
[null,null,null,null,null,null,null,null,null,null,""]
[null,null,null,null,null,null,null,null,null,null,""]
[null,null,null,null,null,null,null,null,null,null,""]
[null,null,null,null,null,null,null,null,null,null,""]
[null,null,null,null,null,null,null,null,null,null,{"$f":"IF(E790=0,\"\",IFERROR(VLOOKUP(E790,$B$20:$C$831,2,),\"Brak przypisania!!!\"))","v":""}]
[null,null,null,null,null,null,null,null,null,null,""]
[null,null,null,null,null,null,null,null,null,null,""]
[null,null,null,null,null,null,null,null,null,null,""]
[null,null,null,null,null,null,null,null,null,null,""]
[null,null,null,null,null,null,null,null,null,null,""]
[null,null,null,null,null,null,null,null,null,null,""]
[null,null,null,null,null,null,null,null,null,null,""]
[null,null,null,null,null,null,null,null,null,null,""]
[null,null,null,null,null,null,null,null,null,null,""]
[null,null,null,null,null,null,null,null,null,null,""]
[null,null,null,null,null,null,null,null,null,null,""]
[null,null,null,null,null,null,null,null,null,null,""]
[null,null,null,null,null,null,null,null,null,null,""]
[null,null,null,null,null,null,null,null,null,null,""]
[null,null,null,null,null,null,null,null,null,null,""]
[null,null,null,null,null,null,null,null,null,null,""]
[null,null,null,null,null,null,null,null,null,null,""]
[null,null,null,null,null,null,null,null,null,null,""]
[null,null,null,null,null,null,null,null,null,null,""]
[null,null,null,null,null,null,null,null,null,null,""]
[null,null,null,null,null,null,null,null,null,null,""]
[null,null,null,null,null,null,null,null,null,null,""]
[null,null,null,null,null,null,null,null,null,null,""]
[null,null,null,null,null,null,null,null,null,null,""]
[null,null,null,null,null,null,null,null,null,null,""]
[null,null,null,null,null,null,null,null,null,null,""]
[null,null,null,null,null,null,null,null,null,null,""]
[null,null,null,null,null,null,null,null,null,null,""]
[null,null,null,null,null,null,null,null,null,null,""]
[null,null,null,null,null,null,null,null,null,null,""]
[null,null,null,null,null,null,null,null,null,null,""]
[null,null,null,null,null,null,null,null,null,null,""]
[null,null,null,null,null,null,null,null,null,null,""]
[null,null,null,null,null,null,null,null,null,null,""]
[null,null,null,null,null,null,null,null,null,null,""]
[null,null,null,null,null,null,null,null,null,null,""]
[null,null,null,null,null,null,null,null,null,null,""]
[null,null,null,null,null,null,null,null,null,null,""]
[null,null,null,null,null,null,null,null,null,null,""]
[null,null,null,null,null,null,null,null,null,null,""]
[null,null,null,null,null,null,null,null,null,null,""]

{"sheet":"Bilans","index":3,"n_rows":152,"n_cols":19,"rows_kept":152,"cut":false,"hidden":false,"merged":[[0,0,0,7],[0,9,0,18],[1,0,1,7],[2,1,2,7],[3,2,3,7],[4,3,4,7],[11,5,11,7],[12,5,12,7],[13,5,13,7],[14,5,14,7],[15,5,15,7],[16,4,16,7],[5,4,5,7],[6,5,6,7],[7,4,7,7],[8,4,8,7],[9,3,9,7],[10,4,10,7],[23,4,23,7],[24,4,24,7],[25,4,25,7],[26,5,26,7],[27,6,27,7],[28,6,28,7],[17,4,17,7],[18,3,18,7],[19,4,19,7],[20,4,20,7],[21,4,21,7],[22,3,22,7],[36,5,36,7],[37,6,37,7],[38,6,38,7],[39,6,39,7],[40,6,40,7],[41,4,41,7],[29,6,29,7],[30,6,30,7],[31,5,31,7],[32,6,32,7],[33,6,33,7],[34,6,34,7],[48,4,48,7],[49,4,49,7],[50,4,50,7],[51,4,51,7],[52,3,52,7],[53,4,53,7],[42,3,42,7],[43,4,43,7],[44,4,44,7],[45,2,45,7],[46,3,46,7],[47,4,47,7],[60,6,60,7],[61,6,61,7],[62,5,62,7],[63,4,63,7],[64,5,64,7],[65,6,65,7],[54,5,54,7],[55,6,55,7],[56,6,56,7],[57,5,57,7],[58,4,58,7],[59,5,59,7],[72,5,72,7],[73,5,73,7],[74,5,74,7],[75,5,75,7],[76,5,76,7],[77,5,77,7],[66,6,66,7],[67,5,67,7],[68,5,68,7],[69,5,69,7],[70,3,70,7],[71,4,71,7],[84,6,84,7],[85,6,85,7],[86,4,86,7],[87,3,87,7],[88,2,88,7],[89,2,89,7],[78,5,78,7],[79,5,79,7],[80,5,80,7],[81,5,81,7],[82,5,82,7],[83,6,83,7],[96,3,96,7],[97,4,97,7],[98,3,98,7],[99,4,99,7],[100,4,100,7],[101,3,101,7],[90,1,90,7],[91,1,91,7],[92,2,92,7],[93,3,93,7],[94,3,94,7],[95,4,95,7],[108,5,108,7],[109,5,109,7],[110,4,110,7],[111,5,111,7],[112,5,112,7],[113,3,113,7],[102,3,102,7],[103,3,103,7],[104,2,104,7],[105,3,105,7],[106,4,106,7],[107,4,107,7],[120,5,120,7],[121,5,121,7],[122,3,122,7],[123,4,123,7],[124,5,124,7],[125,6,125,7],[114,4,114,7],[115,4,115,7],[116,4,116,7],[117,5,117,7],[118,5,118,7],[119,5,119,7],[132,5,132,7],[133,4,133,7],[134,5,134,7],[135,5,135,7],[136,5,136,7],[137,5,137,7],[126,6,126,7],[127,5,127,7],[128,4,128,7],[129,5,129,7],[130,6,130,7],[131,6,131,7],[150,5,150,7],[151,1,151,7],[144,5,144,7],[145,4,145,7],[146,3,146,7],[147,4,147,7],[148,4,148,7],[149,5,149,7],[138,6,138,7],[139,6,139,7],[140,5,140,7],[141,5,141,7],[142,5,142,7],[143,5,143,7]]}
["Struktura z dokładnością do wiersza",null,null,null,null,null,null,null,null,"Kolumny sprawozdania"]
["Opis wiersza",null,null,null,null,null,null,null,null,"Bilans otwarcia","Kwiecień","Maj","Czerwiec","Lipiec","Sierpień","Wrzesień","Październik","Listopad","Grudzień"]
["-","                    AKTYWA",null,null,null,null,null,null,null,0,0,0,0,0,0,0,0,0,0]
[null,"-","A. Aktywa trwałe",null,null,null,null,null,null,14198207.473333335,-115618.66333333333,-212308.03333333333,-79238.753333333341,1958514.2433333334,170687.93000000002,-51525.43,-33262.75,830424.6,0]
[null,null,"-","  I. Wartości niematerialne i prawne",null,null,null,null,null,85105.2,-5033.79,-6922.1033333333335,-6922.0766666666668,-6922.0766666666668,-6922.0766666666668,3485.5466666666666,3600.1933333333332,-9042.09,0]
[null,null,null,"-","    1. Koszty zakończonych prac rozwojowych",null,null,null,null,0,0,0,0,0,0,0,0,0,0]
[null,null,null,null,null,"    2. Wartość firmy",null,null,null,0,0,0,0,0,0,0,0,0,0]
[null,null,null,null,"    3. Inne wartości niematerialne i prawne",null,null,null,null,85105.2,-5033.79,-6922.1033333333335,-6922.0766666666668,-6922.0766666666668,-6922.0766666666668,3485.5466666666666,3600.1933333333332,-9042.09,0]
[null,null,null,null,"    4. Zaliczki na  wartości niematerialne i prawne",null,null,null,null,0,0,0,0,0,0,0,0,0,0]
[null,null,"-","  II. Rzeczowe aktywa trwałe",null,null,null,null,null,14113102.273333333,-110584.87333333334,-205385.93000000002,-72316.676666666666,1965436.32,177610.00666666668,-55010.976666666662,-36862.943333333336,839466.69,0]
[null,null,null,"-","    1. Środki trwałe",null,null,null,null,13094792.343333334,-109803.03333333334,195270.16333333333,-169301.93666666668,-142468.72666666665,-142801.70666666667,10238.773333333333,-182798.97333333336,2783562.9933333336,0]
[null,null,null,null,null,"       a) grunty (w tym prawo użytkowania wieczystego gruntu",null,null,null,672617.85666666669,0,0,0,0,0,0,54276.333333333336,0,0]
[null,null,null,null,null,"       b) budynki, lokale i obiektyinżynierii lądowej i wodn",null,null,null,3044713.4866666668,-5884.0333333333338,-54882.833333333336,-8705.376666666667,1147.4066666666668,-8744.9733333333334,-8744.9733333333334,-7911.64,-8747.75,0]
[null,null,null,null,null,"       c) urządzenia techniczne i maszyny",null,null,null,9137761.543333333,-100163.67,253384.81666666668,-153603.35333333333,-146262.71333333335,-155033.09333333335,-154987.21,-222044.92,2730126.2633333332,0]
[null,null,null,null,null,"       d) środki transportu",null,null,null,74446.023333333331,-1167.1766666666667,-1532.92,-1532.92,-1532.92,26507.58,33104.74,-2427.61,-2427.61,0]
[null,null,null,null,null,"       e) inne środki trwałe",null,null,null,165253.43333333332,-2588.1533333333332,-1698.8999999999999,-5460.2866666666669,4179.5,-5531.22,140866.21666666667,-4691.1366666666663,64612.09,0]
[null,null,null,null,"    2. Środki trwałe w budowie",null,null,null,null,1015784.5,218.16,-399130.66333333333,96985.260000000009,2107905.0466666664,320411.71333333332,-65249.75,145936.03,-1944096.3033333335,0]
[null,null,null,null,"    3. Zaliczka na środki trwałe w budowie",null,null,null,null,2525.4299999999998,-1000,-1525.43,0,0,0,0,0,0,0]
[null,null,"-","  III. Należności długoterminowe",null,null,null,null,null,0,0,0,0,0,0,0,0,0,0]
[null,null,null,null,"    1. Od jednostek powiązanych",null,null,null,null,0,0,0,0,0,0,0,0,0,0]
[null,null,null,null,"    2. Od pozost.jedn.w których jednostka posiada zaang. w kapit",null,null,null,null,0,0,0,0,0,0,0,0,0,0]
[null,null,null,null,"    3. Od pozostałych jednostek",null,null,null,null,0,0,0,0,0,0,0,0,0,0]
[null,null,"-","   IV. Inwestycje długoterminowe",null,null,null,null,null,0,0,0,0,0,0,0,0,0,0]
[null,null,null,null,"    1. Nieruchomości",null,null,null,null,0,0,0,0,0,0,0,0,0,0]
[null,null,null,null,"    2. Wartości niematerialne i prawne",null,null,null,null,0,0,0,0,0,0,0,0,0,0]
[null,null,null,"-","    3. Długoterminowe aktywa finansowe",null,null,null,null,0,0,0,0,0,0,0,0,0,0]
[null,null,null,null,"-","       a) w jednostkach powiązanych",null,null,null,0,0,0,0,0,0,0,0,0,0]
[null,null,null,null,null,null,"         - udziały lub akcje",null,null,0,0,0,0,0,0,0,0,0,0]
[null,null,null,null,null,null,"         - inne papiery wartościowe",null,null,0,0,0,0,0,0,0,0,0,0]
[null,null,null,null,null,null,"         - udzielone pożyczki",null,null,0,0,0,0,0,0,0,0,0,0]
[null,null,null,null,null,null,"         - inne długoterminoweaktywa finansowe",null,null,0,0,0,0,0,0,0,0,0,0]
[null,null,null,null,"-","   b)w pozost.jedn.w których jedn. posiada zaanga.w kapitale",null,null,null,0,0,0,0,0,0,0,0,0,0]
[null,null,null,null,null,null,"   - udziały i akcje",null,null,0,0,0,0,0,0,0,0,0,0]
[null,null,null,null,null,null,"   - inne papiery wartościowe",null,null,0,0,0,0,0,0,0,0,0,0]
[null,null,null,null,null,"-","   - inne długoterm.aktywa finansowe",null,null,0,0,0,0,0,0,0,0,0,0]
[null,null,null,null,null,null,null,"   - udzielone pożyczki",null,0,0,0,0,0,0,0,0,0,0]
[null,null,null,null,"-","  c) w pozostalych jednostkach",null,null,null,0,0,0,0,0,0,0,0,0,0]
[null,null,null,null,null,null,"   - udziały i akcje",null,null,0,0,0,0,0,0,0,0,0,0]
[null,null,null,null,null,null,"   - inne papiery wartosciowe",null,null,0,0,0,0,0,0,0,0,0,0]
[null,null,null,null,null,null,"   - udzielone pożyczki",null,null,0,0,0,0,0,0,0,0,0,0]
[null,null,null,null,null,null,"   - inne długotermin.aktywa finansowe",null,null,0,0,0,0,0,0,0,0,0,0]
[null,null,null,null,"    4. Inne inwestycje długoterminowe",null,null,null,null,0,0,0,0,0,0,0,0,0,0]
[null,null,"-","   V. Długoterminowe rozliczenia międzyokresowe",null,null,null,null,null,0,0,0,0,0,0,0,0,0,0]
[null,null,null,null,"    1. Aktywa z tytułu odroczonego podatku dochodowego",null,null,null,null,0,0,0,0,0,0,0,0,0,0]
[null,null,null,null,"    2. Inne rozliczeniamiędzyokresowe",null,null,null,null,0,0,0,0,0,0,0,0,0,0]
[null,"-","B. Aktywa obrotowe",null,null,null,null,null,null,18874279.643333334,-478381.49666666664,504947.49333333335,291225.4266666667,657219.56999999995,-576470.66333333333,766049.9966666667,23171.373333333333,615407.40666666662,0]
[null,null,"-","  I. Zapasy",null,null,null,null,null,5881705.7366666673,129745.77666666667,-210467.79666666666,604683.29333333333,-100571.12333333334,98694.58,145302.35333333333,-249239.33,107740.16333333333,0]
[null,null,null,null,"    1. Materiały",null,null,null,null,3376056.8466666662,104624.09000000001,-425110.42333333334,460799.82,-75684.746666666659,-18925.363333333335,27891.416666666668,61112.076666666668,-3729.4966666666664,0]
[null,null,null,null,"    2. Półprodukty i produkty w toku",null,null,null,null,572129.73,103974.92666666668,-244558.98,100423.42666666668,11822.696666666669,-4400.6833333333334,106210.94333333334,-68500.776666666672,-42922.58,0]
[null,null,null,null,"    3. Produkty gotowe",null,null,null,null,1896949.0833333333,-93547.436666666661,429676.12333333335,43657.293333333335,-20650.176666666666,132451.11000000002,21298.266666666666,-253469.90000000002,149838.84666666668,0]
[null,null,null,null,"    4. Towary",null,null,null,null,36570.076666666668,14694.196666666669,29525.483333333334,-197.24666666666667,-16058.896666666667,-10430.483333333334,-10098.273333333333,11619.269999999999,4553.3933333333334,0]
[null,null,null,null,"    5. Zaliczki na dostawy",null,null,null,null,0,0,0,0,0,0,0,0,0,0]
[null,null,"-","  II. Należności krótkoterminowe",null,null,null,null,null,11067127.853333334,283306.79666666669,81548.733333333337,-721015.96,1191007.8533333333,-341646.3066666667,-112410.00333333334,120765.94,426547.28333333338,0]
[null,null,null,"-","    1. Należności od jednostek powiązanych",null,null,null,null,0,0,0,0,0,0,0,0,0,0]
[null,null,null,null,"-","       a) z tytułu dostaw i usług, o okresie spłaty:",null,null,null,0,0,0,0,0,0,0,0,0,0]
[null,null,null,null,null,null,"         - do 12 miesięcy",null,null,0,0,0,0,0,0,0,0,0,0]
[null,null,null,null,null,null,"         - powyżej 12 miesięcy",null,null,0,0,0,0,0,0,0,0,0,0]
[null,null,null,null,null,"       b) inne",null,null,null,0,0,0,0,0,0,0,0,0,0]
[null,null,null,"-","2. Należn. od pozost.jedn.w których jednposiada zaang. kapit",null,null,null,null,0,0,0,0,0,0,0,0,0,0]
[null,null,null,null,"-","a) z tyt.dostaw i usług o okresie spłaty:",null,null,null,0,0,0,0,0,0,0,0,0,0]
[null,null,null,null,null,null,"   - do 12 miesięcy",null,null,0,0,0,0,0,0,0,0,0,0]
[null,null,null,null,null,null,"   - powyżej 12 mieisecy",null,null,0,0,0,0,0,0,0,0,0,0]
[null,null,null,null,null,"b) inne",null,null,null,0,0,0,0,0,0,0,0,0,0]
[null,null,null,"-","    3. Należności od pozostałych jednostek",null,null,null,null,11067127.853333334,283306.79666666669,81548.733333333337,-721015.96,1191007.8533333333,-341646.3066666667,-112410.00333333334,120765.94,426547.28333333338,0]
[null,null,null,null,"-","       a) z tytułu dostaw i usług, o okresie spłaty:",null,null,null,10743150.619999999,270769.65999999997,27797.046666666665,-854004.23666666669,1056198.02,-396894.77666666667,-185687.88333333333,50534.656666666669,305089.5733333333,0]
[null,null,null,null,null,null,"         - do 12 miesięcy",null,null,0,0,0,0,0,0,0,0,0,0]
[null,null,null,null,null,null,"         - powyżej 12 miesięcy",null,null,0,0,0,0,0,0,0,0,0,0]
[null,null,null,null,null,"       b) z tytułu podatków, dotacji, ceł, ubezpieczeń społe",null,null,null,323639.89333333337,6210.3966666666665,51985.46,132988.27666666667,134809.83333333334,55159.47,73277.88,70293.78333333334,121457.71,0]
[null,null,null,null,null,"       c) inne",null,null,null,337.34,6326.7400000000007,1766.2266666666667,0,0,89,0,-62.5,0,0]
[null,null,null,null,null,"       d) dochody na drodze sądowej",null,null,null,0,0,0,0,0,0,0,0,0,0]
[null,null,"-","  III. Inwestycje krótkoterminowe",null,null,null,null,null,1712416.5133333334,-881229.74000000011,610937.93333333335,325351.73666666663,-415842.45333333337,-315759.40999999997,748901.18,169628.65333333335,87004.376666666663,0]
[null,null,null,"-","    1. Krótkoterminowe aktywa finansowe",null,null,null,null,1712416.5133333334,-881229.74000000011,610937.93333333335,325351.73666666663,-415842.45333333337,-315759.40999999997,748901.18,169628.65333333335,87004.376666666663,0]
[null,null,null,null,null,"       a) w jednostkach powiązanych",null,null,null,0,0,0,0,0,0,0,0,0,0]
[null,null,null,null,null,"         - udziały lub akcje",null,null,null,0,0,0,0,0,0,0,0,0,0]
[null,null,null,null,null,"         - inne papiery wartościowe",null,null,null,0,0,0,0,0,0,0,0,0,0]
[null,null,null,null,null,"         - udzielone pożyczki",null,null,null,0,0,0,0,0,0,0,0,0,0]
[null,null,null,null,null,"         - inne krótkoterminowe aktywa finansowe",null,null,null,0,0,0,0,0,0,0,0,0,0]
[null,null,null,null,null,"       b) w pozostałych jednostkach",null,null,null,0,0,0,0,0,0,0,0,0,0]
[null,null,null,null,null,"         - udziały lub akcje",null,null,null,0,0,0,0,0,0,0,0,0,0]
[null,null,null,null,null,"         - inne papiery wartościowe",null,null,null,0,0,0,0,0,0,0,0,0,0]
[null,null,null,null,null,"         - udzielone pożyczki",null,null,null,0,0,0,0,0,0,0,0,0,0]
[null,null,null,null,null,"         - inne krótkoterminowe aktywa finansowe",null,null,null,0,0,0,0,0,0,0,0,0,0]
[null,null,null,null,"-","       c) środki pieniężne i inne aktywa pieniężne",null,null,null,1712416.5133333334,-881229.74000000011,610937.93333333335,325351.73666666663,-415842.45333333337,-315759.40999999997,748901.18,169628.65333333335,87004.376666666663,0]
[null,null,null,null,null,null,"         - środki pieniężne w kasie i na rachunkach",null,null,1712416.5133333334,-881229.74000000011,610937.93333333335,325351.73666666663,-415842.45333333337,-315759.40999999997,748901.18,169628.65333333335,87004.376666666663,0]
[null,null,null,null,null,null,"         - inne środki pieniężne",null,null,0,0,0,0,0,0,0,0,0,0]
[null,null,null,null,null,null,"         - inne aktywa pieniężne",null,null,0,0,0,0,0,0,0,0,0,0]
[null,null,null,null,"    2. Inne inwestycje krótkoterminowe",null,null,null,null,0,0,0,0,0,0,0,0,0,0]
[null,null,null,"   IV. Krótkoterminowe rozliczenia międzyokresowe",null,null,null,null,null,213029.54,-10204.33,22928.623333333333,82206.356666666674,-17374.706666666669,-17759.526666666668,-15743.533333333333,-17983.89,-5884.416666666667,0]
[null,null,"C. Należne wpłaty na kapital (fundusz podstawowy)",null,null,null,null,null,null,0,0,0,0,0,0,0,0,0,0]
[null,null,"D.Udziały akcje własne",null,null,null,null,null,null,0,0,0,0,0,0,0,0,0,0]
[null,"AKTYWA RAZEM:",null,null,null,null,null,null,null,33072487.116666663,-594000.16,292639.46000000002,211986.67333333334,2615733.8133333335,-405782.73333333334,714524.56666666677,-10091.376666666667,1445832.0066666666,0]
["-","                    PASYWA",null,null,null,null,null,null,null,0,0,0,0,0,0,0,0,0,0]
[null,"-","A. Kapitał (fundusz) własny",null,null,null,null,null,null,17637751.033333335,279174.24666666664,314348.62,407437.49666666664,725726.04,383327.40666666668,363483.5633333333,408226.23666666663,649066.69666666666,0]
[null,null,null,"  I. Kapitał (fundusz) podstawowy",null,null,null,null,null,666.66666666666663,0,0,0,0,0,0,0,0,0]
[null,null,"-","  II. Kapitał (fundusz) zapasowy, w tym:",null,null,null,null,null,250529.98666666666,0,0,7798.4366666666674,0,0,0,0,0,0]
[null,null,null,null,"   - nadwyzka wart.sprzed.(wart.emis)nad wart.nom.udział.akc",null,null,null,null,0,0,0,0,0,0,0,0,0,0]
[null,null,"-","  III. Kapitał Fundusz z aktualizacji wyceny, w tym:",null,null,null,null,null,7989.0366666666669,0,0,-7798.4366666666674,0,0,0,0,0,0]
[null,null,null,null," - z tytułu aktualizacji wartosci godziwej",null,null,null,null,0,0,0,0,0,0,0,0,0,0]
[null,null,"-","  IV. Pozostałe kapitały (fundusze) rezerwowe",null,null,null,null,null,528250.24333333329,0,0,0,0,0,0,0,0,0]
[null,null,null,null," -  tworzone zgodnie z umowa (statutem) spółki",null,null,null,null,528250.24333333329,0,0,0,0,0,0,0,0,0]
[null,null,null,null,"  - na udziały akcje własne",null,null,null,null,0,0,0,0,0,0,0,0,0,0]
[null,null,null,"  V. Zysk (strata) z lat ubiegłych",null,null,null,null,null,16850315.099999998,0,0,0,0,0,0,0,0,0]
[null,null,null,"  VI. Zysk (strata) netto",null,null,null,null,null,0,279174.24666666664,314348.62,407437.49666666664,725726.04,383327.40666666668,363483.5633333333,408226.23666666663,649066.69666666666,0]
[null,null,null,"  VII. Odpisy  z zysku netto w ciągu roku obrotowego (wielkoś",null,null,null,null,null,0,0,0,0,0,0,0,0,0,0]
[null,"-","B. Zobowiązania i rezerwy na zobowiązania",null,null,null,null,null,null,15434736.083333334,-873174.40666666673,-21709.16,-195450.82333333333,1890007.7733333334,-789110.14,351041.00333333336,-418322.59666666668,796770.96,0]
[null,null,"-","  I. Rezerwy na zobowiązania",null,null,null,null,null,0,0,0,0,0,0,0,0,0,0]
[null,null,null,null,"    1. Rezerwa z tytułu odroczonego podatku dochodowego",null,null,null,null,0,0,0,0,0,0,0,0,0,0]
[null,null,null,"-","    2. Rezerwa na świadczenia emerytalne i podobne",null,null,null,null,0,0,0,0,0,0,0,0,0,0]
[null,null,null,null,null,"         - długoterminowa",null,null,null,0,0,0,0,0,0,0,0,0,0]
[null,null,null,null,null,"         - krótkoterminowa",null,null,null,0,0,0,0,0,0,0,0,0,0]
[null,null,null,"-","    3. Pozostałe rezerwy",null,null,null,null,0,0,0,0,0,0,0,0,0,0]
[null,null,null,null,null,"         - długoterminowa",null,null,null,0,0,0,0,0,0,0,0,0,0]
[null,null,null,null,null,"         - krótkoterminowa",null,null,null,0,0,0,0,0,0,0,0,0,0]
[null,null,"-","  II. Zobowiązania długoterminowe",null,null,null,null,null,1830565.6600000001,-126259.58333333333,-171129.71666666667,-148694.65,517972.02,1514658.45,-143706.86333333334,-192109.18000000002,749644.29,0]
[null,null,null,null,"    1. Wobec jednostek powiązanych",null,null,null,null,0,0,0,0,0,0,0,0,0,0]
[null,null,null,null,"    2, Wobec pozost jedn.w których jedn,.posiada zaang,w kapit.",null,null,null,null,0,0,0,0,0,0,0,0,0,0]
[null,null,null,"-","    3. Wobec pozostałych jednostek",null,null,null,null,1830565.6600000001,-126259.58333333333,-171129.71666666667,-148694.65,517972.02,1514658.45,-143706.86333333334,-192109.18000000002,749644.29,0]
[null,null,null,null,null,"       a) kredyty i pożyczki",null,null,null,1830565.6600000001,-126259.58333333333,-171129.71666666667,-148694.65,517972.02,1514658.45,-143706.86333333334,-192109.18000000002,749644.29,0]
[null,null,null,null,null,"       b) z tytułu dłużnych papierów wartościowych",null,null,null,0,0,0,0,0,0,0,0,0,0]
[null,null,null,null,null,"       c) inne zobowiązania finansowe",null,null,null,0,0,0,0,0,0,0,0,0,0]
[null,null,null,null,null,"       d. zonbowiazania wekslowe",null,null,null,0,0,0,0,0,0,0,0,0,0]
[null,null,null,null,null,"       e) inne",null,null,null,0,0,0,0,0,0,0,0,0,0]
[null,null,"-","  III. Zobowiązania krótkoterminowe",null,null,null,null,null,11147671.793333333,-725630.29999999993,193466.98666666666,-3859.7433333333333,1414432.1833333333,-2261418.6333333333,536675.49333333329,-185064.99,12183.083333333334,0]
[null,null,null,"-","    1. Zobowiązania wobec jednostek powiązanych",null,null,null,null,0,0,0,0,0,0,0,0,0,0]
[null,null,null,null,"-","       a) z tytułu dostaw i usług, o okresie wymagalności:",null,null,null,0,0,0,0,0,0,0,0,0,0]
[null,null,null,null,null,null,"         - do 12 miesięcy",null,null,0,0,0,0,0,0,0,0,0,0]
[null,null,null,null,null,null,"         - powyżej 12 miesięcy",null,null,0,0,0,0,0,0,0,0,0,0]
[null,null,null,null,null,"       b) inne",null,null,null,0,0,0,0,0,0,0,0,0,0]
[null,null,null,"-","    2. Zobow.wobec poz..jedn.w których jedn.posiada zaang. w ka",null,null,null,null,0,0,0,0,0,0,0,0,0,0]
[null,null,null,null,"-","   a) z tyt.dostaw i usług o okresie wymagalności:",null,null,null,0,0,0,0,0,0,0,0,0,0]
[null,null,null,null,null,null,"      - do 12 miesięcy",null,null,0,0,0,0,0,0,0,0,0,0]
[null,null,null,null,null,null,"     - powyżej 12 miesięcy",null,null,0,0,0,0,0,0,0,0,0,0]
[null,null,null,null,null,"   b) inne",null,null,null,0,0,0,0,0,0,0,0,0,0]
[null,null,null,"-","    3. Zobowiązania wobec pozostałych jednostek",null,null,null,null,11139873.01,-725263.6333333333,174670.43666666668,-4836.0766666666668,1413287.1833333333,-2262662.9666666668,535643.82666666666,-186126.99,27673.416666666668,0]
[null,null,null,null,null,"       a) kredyty i pożyczki",null,null,null,0,0,0,0,0,0,0,0,0,0]
[null,null,null,null,null,"       b) z tytułu dłużnych papierów wartościowych",null,null,null,0,0,0,0,0,0,0,0,0,0]
[null,null,null,null,null,"       c) inne zobowiązania finansowe",null,null,null,0,0,0,0,0,0,0,0,0,0]
[null,null,null,null,"-","       d) z tytułu dostaw i usług, o okresie wymagalności:",null,null,null,3797241.3466666662,-607255.42000000004,77310.273333333331,47213.93,1286269.77,-2007640.53,577911.80666666664,-164240.79333333333,488473.8833333333,0]
[null,null,null,null,null,null,"         - do 12 miesięcy",null,null,0,0,0,0,0,0,0,0,0,0]
[null,null,null,null,null,null,"         - powyżej 12 miesięcy",null,null,0,0,0,0,0,0,0,0,0,0]
[null,null,null,null,null,"       e) zaliczki otrzymane na dostawy",null,null,null,111341.54333333333,13258.676666666666,24698.073333333334,-12770.160000000002,21122.803333333333,23714.713333333333,38785.363333333335,-120117.52666666667,-34814.476666666669,0]
[null,null,null,null,null,"       f) zobowiązania wekslowe",null,null,null,0,0,0,0,0,0,0,0,0,0]
[null,null,null,null,null,"       g) z tytułu podatków,  ceł, ubezpieczeń i innych świa",null,null,null,522814.37333333335,-195706.10666666669,68206.066666666666,-74144.61,134421.53666666665,-76241.916666666672,-19932.063333333335,86014.876666666663,-87702.343333333338,0]
[null,null,null,null,null,"       h) z tytułu wynagrodzeń",null,null,null,82591.023333333331,98679.543333333335,33296.566666666666,-34117.406666666669,32338.14,-5676.8233333333337,-30075.263333333336,-2043.5500000000002,17243.88,0]
[null,null,null,null,null,"       i) inne",null,null,null,6625884.7233333336,-34240.326666666668,-28840.543333333335,68982.17,-60865.066666666673,-196818.41,-31046.016666666666,14260.003333333334,-355527.52666666667,0]
[null,null,null,null,"    4. Fundusze specjalne",null,null,null,null,7798.7833333333338,-366.66666666666669,18796.55,976.33333333333337,1145,1244.3333333333333,1031.6666666666667,1062,-15490.333333333334,0]
[null,null,"-","  IV. Rozliczenia międzyokresowe",null,null,null,null,null,2456498.63,-21284.523333333334,-44046.43,-42896.43,-42396.43,-42349.956666666672,-41927.626666666671,-41148.426666666666,34943.58666666667,0]
[null,null,null,null,"    1. Ujemna wartość firmy",null,null,null,null,0,0,0,0,0,0,0,0,0,0]
[null,null,null,"-","    2. Inne rozliczenia międzyokresowe",null,null,null,null,2456498.63,-21284.523333333334,-44046.43,-42896.43,-42396.43,-42349.956666666672,-41927.626666666671,-41148.426666666666,34943.58666666667,0]
[null,null,null,null,null,"         - długoterminowe",null,null,null,2456498.63,-21284.523333333334,-44046.43,-42896.43,-42396.43,-42349.956666666672,-41927.626666666671,-41148.426666666666,34943.58666666667,0]
[null,null,null,null,null,"         - krótkoterminowe",null,null,null,0,0,0,0,0,0,0,0,0,0]
[null,"PASYWA RAZEM:",null,null,null,null,null,null,null,33072487.116666663,-594000.16,292639.46000000002,211986.67333333334,2615733.8133333335,-405782.73333333334,714524.56666666677,-10096.36,1445837.6566666665,0]

{"sheet":"RZiS","index":4,"n_rows":55,"n_cols":16,"rows_kept":55,"cut":false,"hidden":false,"merged":[[4,2,4,4],[0,0,0,4],[0,6,0,15],[1,0,1,4],[2,1,2,4],[3,2,3,4],[16,2,16,4],[5,2,5,4],[6,1,6,4],[7,2,7,4],[8,2,8,4],[9,2,9,4],[10,1,10,4],[11,1,11,4],[12,1,12,4],[13,1,13,4],[14,1,14,4],[15,2,15,4],[30,2,30,4],[17,2,17,4],[18,2,18,4],[19,1,19,4],[20,2,20,4],[21,2,21,4],[22,2,22,4],[23,1,23,4],[24,1,24,4],[25,2,25,4],[26,3,26,4],[28,3,28,4],[42,1,42,4],[31,3,31,4],[32,2,32,4],[33,3,33,4],[34,2,34,4],[35,2,35,4],[36,1,36,4],[37,2,37,4],[38,3,38,4],[39,2,39,4],[40,2,40,4],[41,2,41,4],[43,1,43,4],[44,1,44,4],[45,1,45,4],[46,1,46,4],[47,1,47,4]]}
["Struktura z dokładnością do wiersza",null,null,null,null,null,"Kolumny sprawozdania"]
["Opis wiersza",null,null,null,null,null,"Bilans otwarcia. ","Kwiecień","Maj","Czerwiec","Lipiec","Sierpień","Wrzesień","Październik","Listopad","Grudzień"]
["-","A. Przychody netto ze sprzedaży produktów, towarów i materiałów",null,null,null,null,0,3748472.3933333331,6025980.5166666666,5727438.3066666676,6120446.9400000004,5400227.3566666665,5282348.53,6309728.5733333332,5876565.1966666663,0]
[null,null,"          - od jednostek powiązanych",null,null,null,0,0,0,0,0,0,0,0,0,0]
[null,null,"    I. Przychody netto ze sprzedaży produktów",null,null,null,0,3608846.2133333334,5844893.166666667,5538193.8233333332,6048903.543333333,5358555.51,5065963.5633333335,6108365.7166666659,5808950.6099999994,0]
[null,null,"    II. Przychody netto ze sprzedaży towarów i materiałów",null,null,null,0,139626.18000000002,181087.35,189244.48333333337,71543.396666666667,41671.846666666672,216384.96666666667,201362.85666666669,67614.58666666667,0]
["-","B. Koszty sprzedanych produktów, towarów i materiałów, w tym",null,null,null,null,0,3409478.73,5567369.4900000002,5244637.55,5322528.2333333334,4926658.16,4844919.9799999995,5842851.5499999998,5156964.1266666669,0]
[null,null,"          - od jednostek powiązanych",null,null,null,0,0,0,0,0,0,0,0,0,0]
[null,null,"    I. Koszt wytworzenia sprzedanych produktów",null,null,null,0,3270917.67,5380682.2633333327,5053922.1233333331,5251157.42,4884904.3466666667,4629294.1766666668,5644401.2533333339,5089497.0133333327,0]
[null,null,"    II. Wartość sprzedanych towarów i materiałów",null,null,null,0,138561.06,186687.22666666668,190715.42666666667,71370.813333333339,41753.813333333332,215625.80333333334,198450.29666666666,67467.113333333327,0]
[null,"C. Zysk (strata) brutto ze  sprzedaży  (A-B)",null,null,null,null,0,338993.66333333333,458611.02666666667,482800.75666666665,797918.70666666667,473569.19666666671,437428.55,466877.02333333337,719601.07,0]
[null,"D. Koszty sprzedaży",null,null,null,null,0,0,0,0,0,0,0,0,0,0]
[null,"E. Koszty ogólnego zarządu",null,null,null,null,0,75211.476666666669,126526.40666666668,120228.14,128072.61,139657.54333333333,119944.09666666666,129192.40666666668,121284.98333333334,0]
[null,"F. Zysk (strata) brutto ze  sprzedaży  (C-D-E)",null,null,null,null,0,263782.1866666667,332084.62,362572.6166666667,669846.09666666668,333911.65333333332,317484.45333333331,337684.61666666664,598316.08666666667,0]
["-","G. Pozostałe przychody operacyjne",null,null,null,null,0,29050.136666666669,50674.57,50475.493333333339,50156.593333333331,48975.666666666664,48927.700000000004,52069.110000000008,49302.85,0]
[null,null,"    I. Zysk ze zbycia niefinansowych aktywów trwałych",null,null,null,0,0,0,0,0,0,0,0,0,0]
[null,null,"    II. Dotacje",null,null,null,0,0,0,0,0,0,0,0,0,0]
[null,null,"    III. Aktualizacja wartości aktywów niefinansowych",null,null,null,0,0,0,0,0,0,0,0,0,0]
[null,null,"    IV. Inne przychody operacyjne",null,null,null,0,29050.136666666669,50674.57,50475.493333333339,50156.593333333331,48975.666666666664,48927.700000000004,52069.110000000008,49302.85,0]
["-","H. Pozostałe koszty operacyjne",null,null,null,null,0,795.64333333333332,52539.07,15.246666666666668,-114.71,756.24333333333334,2759.84,1542.6499999999999,3319.66,0]
[null,null,"    I. Strata ze zbycia niefinansowych aktywów trwałych",null,null,null,0,0,0,0,0,0,0,0,0,0]
[null,null,"    II. Aktualizacja wartości aktywów niefinansowych",null,null,null,0,0,0,0,0,0,0,0,0,0]
[null,null,"    III. Inne koszty operacyjne",null,null,null,0,795.64333333333332,52539.07,15.246666666666668,-114.71,756.24333333333334,2759.84,1542.6499999999999,3319.66,0]
[null,"I. Zysk (strata) z działalności operacyjnej  (F+G-H)",null,null,null,null,0,292036.68,330220.12,413032.86333333334,720117.4,382131.07666666666,363652.3133333333,388211.07666666666,644299.27666666673,0]
["-","J. Przychody finansowe",null,null,null,null,0,12106.82,21945.17,22343.00333333333,25464.396666666667,26362.35666666667,14885.393333333333,45082.62,30779.236666666668,0]
[null,"-","    I. Dywidendy i udziały w zyskach, w tym:",null,null,null,0,0,0,0,0,0,0,0,0,0]
[null,null,"-","  a)  od jednostek powiązanych, w tym:",null,null,0,0,0,0,0,0,0,0,0,0]
[null,null,null,null,"  -  w których jednostka posiada zaangaż. w kapitale",null,0,0,0,0,0,0,0,0,0,0]
[null,null,"-","  b) od jednostek pozostałych",null,null,0,0,0,0,0,0,0,0,0,0]
[null,null,null,null,"     - w których jednostka posiada zaangaż. w kapitale",null,0,0,0,0,0,0,0,0,0,0]
[null,"-","    II. Odsetki, w tym:",null,null,null,0,259.5,448.56,490.21333333333337,516.02666666666664,671.47666666666669,538.5,772.09,879.14666666666665,0]
[null,null,null,"          -  od jednostek powiązanych",null,null,0,0,0,0,0,0,0,0,0,0]
[null,"-","    III. Zysk ze zbycia inwestycji, w tym",null,null,null,0,0,0,0,0,0,0,0,0,0]
[null,null,null,"   - w jednostkach powiązanych",null,null,0,0,0,0,0,0,0,0,0,0]
[null,null,"    IV. Aktualizacja wartości aktywow finansowych",null,null,null,0,0,0,0,0,0,0,0,0,0]
[null,null,"    V. Inne",null,null,null,0,11847.32,21496.61,21852.789999999997,24948.37,25690.880000000001,14346.893333333333,44310.53,29900.09,0]
["-","K. Koszty finansowe",null,null,null,null,0,24969.25333333333,37816.670000000006,27938.37,19855.756666666668,25166.026666666668,15054.143333333333,25067.460000000003,26011.816666666666,0]
[null,"-","    I. Odsetki, w tym:",null,null,null,0,756.45666666666659,2475.2533333333336,1434.0566666666666,2886.6,3564.9333333333338,3190.8866666666668,4807.7533333333331,4438.6833333333334,0]
[null,null,null,"          -  od jednostek powiązanych",null,null,0,0,0,0,0,0,0,0,0,0]
[null,null,"    II. Strata ze zbycia inwestycji",null,null,null,0,0,0,0,0,0,0,0,0,0]
[null,null,"    III. Aktualizacja wartości inwestycji",null,null,null,0,0,0,0,0,0,0,0,0,0]
[null,null,"    IV. Inne",null,null,null,0,24212.796666666665,35341.416666666664,26504.313333333335,16969.156666666666,21601.093333333334,11863.256666666668,20259.706666666669,21573.133333333335,0]
[null,"L. Zysk (strata) brutto (I+J-K)",null,null,null,null,0,279174.24666666664,314348.62,407437.49666666664,725726.04,383327.40666666668,363483.5633333333,408226.23666666663,649066.69666666666,0]
[null,"M. Podatek dochodowy",null,null,null,null,0,0,0,0,0,0,0,0,0,0]
[null,"N. Pozostałe obowiązkowe zmniejszenia zysku (zwiększenia str",null,null,null,null,0,0,0,0,0,0,0,0,0,0]
[null,"O. Zysk (strata) netto (L-M-N)",null,null,null,null,0,279174.24666666664,314348.62,407437.49666666664,725726.04,383327.40666666668,363483.5633333333,408226.23666666663,649066.69666666666,0]
[null,null,null,null,null,null,0,0,0,0,0,0,0,0,0,0]
[null,null,null,null,null,null,0,0,0,0,0,0,0,0,0,0]
[]
[]
[]
[null,null,null,null,"Wskaźnik",null,null,4,5,6,7,8,9,10,11,12]
[null,null,null,null,"Wskaźnik zyskowności sprzedaży",null,null,{"$f":"H11/H3","v":9.0435150045718449E-2},7.6105627191830366E-2,8.429610775635811E-2,0.13036935284119408,8.7694307181722275E-2,8.2809482849477936E-2,7.3993202386943471E-2,0.12245266510583011,{"$error":"#DIV/0!"}]
[null,null,null,null,"Wskaźnik zyskowności EBIT",null,null,{"$f":"H24/H3","v":7.7908184816670362E-2},5.4799400543476144E-2,7.2114764266001469E-2,0.1176576493611429,7.0762034897460344E-2,6.8842923042288021E-2,6.1525796578216468E-2,0.10963875241818627,{"$error":"#DIV/0!"}]
[null,null,null,null,"Wskaźnik zyskowności brutto",null,null,{"$f":"H43/H3","v":7.4476804781376721E-2},5.2165555320096715E-2,7.1137823726955637E-2,0.11857402688307596,7.0983568162818714E-2,6.8810977024519299E-2,6.4697907671012064E-2,0.11045001202995815,{"$error":"#DIV/0!"}]

{"sheet":"ZAKŁADKI WYNIKOWE","index":5,"n_rows":16,"n_cols":3,"rows_kept":16,"cut":false,"hidden":false,"merged":[[15,1,21,5],[11,2,11,4],[12,2,12,4],[3,1,3,5],[6,2,6,4],[7,2,7,4],[8,2,8,4],[9,2,9,4],[10,2,10,4],[4,1,4,5]]}
[]
[]
[]
[]
[null,"ZAKŁADKI WYNIKOWE"]
[]
[null,">> 1","Pulpit Prezesa"]
[null,">> 2","Analiza sprzedaży i rentowności"]
[null,">> 3","Analiza grup asortymentowych (1)"]
[null,">> 4","Analiza grup asortymentowych (2)"]
[null,">> 5","Analiza kluczowych klientów"]
[null,">> 6","Przepływy pieniężne"]
[null,">> 7","Analiza kapitału obrotowego"]
[]
[]
[null,"Zakładki wynikowe prezentują dane otrzymane z przeliczeń danych wsadowych w formie wykresów i tabel. Wśród zakładek wynikowych można wyróżnić zakłdkę z pulpitem głównym (Pulpit Prezesa), który obejmuje główne obszary analizy. Kolejne zakładki stanowią natomiast rozszerzenie analiz w poszczególnych obszarach"]

{"sheet":"Pulpit Prezesa","index":6,"n_rows":28,"n_cols":20,"rows_kept":28,"cut":false,"hidden":false,"merged":[[25,17,25,19],[19,14,19,16],[19,17,19,19],[22,17,22,19],[3,4,5,5],[6,4,6,5],[7,4,7,5],[8,4,8,5],[10,4,12,5],[13,4,13,5],[14,4,14,5],[15,4,15,5]]}
[]
[null,"*tys. PLN (chyba, że wskazano inaczej)"]
[null,"ANALIZA SPRZEDAŻY I RENTOWNOŚCI"]
[null,null,null,null,"Zmiana do analogicznego okresu 2016 r."]
[]
[]
[null,null,null,null,0.78173612901243383]
[null,null,null,null,"Dynamika 2016/2015"]
[null,null,null,null,0.13866660296367606]
[]
[null,null,null,null,"Zmiana do analogicznego okresu 2016 r."]
[]
[]
[null,null,null,null,0.68109214617046665]
[null,null,null,null,"Dynamika 2016/2015"]
[null,null,null,null,0.34681304101101817]
[]
[]
[null,"ANALIZA PRZEPŁYWÓW PIENIĘŻNYCH",null,null,null,null,null,null,null,null,null,"KAPITAŁ OBROTOWY NETTO",null,null,null,null,null,"ANALIZA EFEKTYWNOŚCI"]
[null,null,null,null,null,null,null,null,null,null,null,null,"Miesiąc bieżący",null,"Analiza rotacji według magazynów",null,null,"Sprzedaż/pracownika sprzedaży (PLN)"]
[null,null,null,null,null,null,null,null,null,null,null,"NALEŻNOŚCI",45,"dni",null,null,null,"2017-11-30","2017-10-31","Średnia 6M"]
[null,null,null,null,null,null,null,null,null,null,null,null,null,null,null,null,null,798649.92636363581,-0.42023062392250932,-0.39621837528853776]
[null,null,null,null,null,null,null,null,null,null,null,"ZOBOWIĄZANIA",14.025964930710529,"dni",null,null,null,"Sprzedaż/pracowników ogółem (PLN)"]
[null,null,null,null,null,null,null,null,null,null,null,null,null,null,null,null,null,"2017-11-30","2017-10-31","Średnia 6M"]
[null,null,null,null,null,null,null,null,null,null,null,"ZAPASY",7,"dni",null,null,null,71880.804481683459,-6.1452513966480438E-2,-7.5708514036984753E-2]
[null,null,null,null,null,null,null,null,null,null,null,null,null,null,null,null,null,"Sprzedaż/pracowników produkcji (PLN)"]
[null,null,null,null,null,null,null,null,null,null,null,"OKG",37.974035069289471,"dni",null,null,null,"2017-11-30","2017-10-31","Średnia 6M"]
[null,null,null,null,null,null,null,null,null,null,null,null,null,null,null,null,null,140242.30249483464,-5.434782608695643E-2,-7.8260812332128116E-2]

{"sheet":"Analiza sprzedaży i rentowności","index":7,"n_rows":22,"n_cols":6,"rows_kept":22,"cut":false,"hidden":false,"merged":[[18,5,18,6],[21,5,21,6],[16,5,17,6],[19,5,20,6],[4,5,5,6],[6,5,6,6],[9,5,9,6],[7,5,8,6]]}
[]
[null,"*tys. PLN (chyba, że wskazano inaczej)"]
[null,"ANALIZA PRZYCHODÓW I RENTOWNOŚCI"]
[]
[null,null,null,null,null,"Zmiana do analogicznego okresu 2016 r."]
[]
[null,null,null,null,null,0.78173612901243383]
[null,null,null,null,null,"Dynamika 2016/2015"]
[]
[null,null,null,null,null,0.13866660296367606]
[]
[]
[]
[]
[]
[]
[null,null,null,null,null,"Zmiana do analogicznego okresu 2016 r."]
[]
[null,null,null,null,null,0.34681304101101817]
[null,null,null,null,null,"Dynamika 2016/2015"]
[]
[null,null,null,null,null,0.68109214617046665]

{"sheet":"Analiza grup asortymentowych(1)","index":8,"n_rows":3,"n_cols":2,"rows_kept":3,"cut":false,"hidden":false,"merged":[]}
[]
[null,"*tys. PLN (chyba, że wskazano inaczej)"]
[null,"ANALIZA PRZYCHODÓW I RENTOWNOŚCI GNIAZD PRODUKCYJNYCH"]

{"sheet":"Analiza grup asortymentowych(2)","index":9,"n_rows":28,"n_cols":2,"rows_kept":28,"cut":false,"hidden":false,"merged":[]}
[]
[null,"*tys. PLN (chyba, że wskazano inaczej)"]
[null,"ANALIZA MARŻY PO TECHNICZNYM KOSZCIE WYTWORZENIA"]
[null,"Grupa asortymentowa 1"]
[]
[]
[]
[]
[]
[null,"Grupa asortymentowa 2"]
[]
[]
[]
[]
[]
[null,"Grupa asortymentowa 3"]
[]
[]
[]
[]
[]
[null,"Grupa asortymentowa 4"]
[]
[]
[]
[]
[]
[null,"Grupa asortymentowa 5"]

{"sheet":"Analiza kluczowych klientów","index":10,"n_rows":5032,"n_cols":43,"rows_kept":2250,"cut":true,"hidden":false,"merged":[[3,8,3,10],[4,1,5,3],[8,1,9,3],[26,1,27,3],[22,1,23,3],[12,1,13,3],[16,1,17,3],[6,1,7,3],[10,1,11,3],[14,1,15,3],[18,1,19,3],[20,1,21,3]],"bounds":{"rows_first":1000,"rows_last":250,"rows_between":1000,"halvings":1}}
[null,null,null,null,null,null,null,""]
[null,"*tys. PLN (chyba, że wskazano inaczej)"]
[null,"ANALIZA KLUCZOWYCH KLIENTÓW"]
[null,null,null,null,null,null,null,null,"Przychody ze sprzedaży"]
[null,"WYBIERZ KLIENTA \n(dwukrotne kliknięcie żółtego pola)"]
[]
[null,"klient 522"]
[]
[null,"WYBIERZ KLIENTA \n(dwukrotne kliknięcie żółtego pola)"]
[]
[null,"Klient 384"]
[]
[null,"WYBIERZ KLIENTA \n(dwukrotne kliknięcie żółtego pola)"]
[]
[null,"Klient 122"]
[]
[]
[]
[null,"Klient 162"]
[]
[]
[]
[null,"Klient 345"]
[]
[]
[]
[null,"Klient 163"]
[]
[]
[]
[null,null,null,null,null,null,null,null,null,null,null,null,null,null,null,null,null,null,null,null,null,null,null,null,null,null,null,null,null,null,null,null,null,null,null,null,null,null,"KENT CZ s.r.o.",null,null,null,"Printed Polythene Ltd"]
[null,null,null,null,null,null,null,null,null,null,null,null,null,null,null,null,null,null,null,null,null,null,null,null,null,null,null,null,null,{"$f":"'Baza klientów'!B1","v":"Klient 522"},{"$f":"ISNUMBER(SEARCH($AH$32,AD32))","v":false},{"$f":"IF(AE32=TRUE,COUNTIF($AE$32:AE32,TRUE()),\"\")","v":""},{"$f":"IFERROR(INDEX($AD:$AD,MATCH(ROWS($AD$32:AD32),$AF:$AF,0)),\"\")","v":""},"FOLPLAST Spółka z o.o.",{"$f":"OFFSET('Analiza kluczowych klientów'!$AG$32,0,0,MAX($AF:$AF),1)","v":{"$error":"#REF!"}},{"$f":"ISNUMBER(SEARCH($AM$31,AD32))","v":false},{"$f":"IF(AJ32=TRUE,COUNTIF($AJ$32:AJ32,TRUE()),\"\")","v":""},{"$f":"IFERROR(INDEX($AD:$AD,MATCH(ROWS($AD$32:AD32),$AK:$AK,0)),\"\")","v":""},{"$f":"OFFSET('Analiza kluczowych klientów'!$AL$32,0,0,MAX($AK:$AK),1)","v":{"$error":"#REF!"}},{"$f":"ISNUMBER(SEARCH($AQ$31,$AD32))","v":false},{"$f":"IF(AN32=TRUE,COUNTIF($AN$32:AN32,TRUE()),\"\")","v":""},{"$f":"IFERROR(INDEX($AD:$AD,MATCH(ROWS($AD$32:$AD32),$AO:$AO,0)),\"\")","v":""},{"$f":"OFFSET('Analiza kluczowych klientów'!$AP$32,0,0,MAX($AO:$AO),1)","v":{"$error":"#REF!"}}]
[null,null,null,null,null,null,null,null,null,null,null,null,null,null,null,null,null,null,null,null,null,null,null,null,null,null,null,null,null,{"$f":"'Baza klientów'!B2","v":"Klient 162"},{"$f":"ISNUMBER(SEARCH($AH$32,AD33))","v":false},{"$f":"IF(AE33=TRUE,COUNTIF($AE$32:AE33,TRUE()),\"\")","v":""},{"$f":"IFERROR(INDEX($AD:$AD,MATCH(ROWS($AD$32:AD33),$AF:$AF,0)),\"\")","v":""},null,null,{"$f":"ISNUMBER(SEARCH($AM$31,AD33))","v":false},{"$f":"IF(AJ33=TRUE,COUNTIF($AJ$32:AJ33,TRUE()),\"\")","v":""},{"$f":"IFERROR(INDEX($AD:$AD,MATCH(ROWS($AD$32:AD33),$AK:$AK,0)),\"\")","v":""},null,{"$f":"ISNUMBER(SEARCH($AQ$31,$AD33))","v":false},{"$f":"IF(AN33=TRUE,COUNTIF($AN$32:AN33,TRUE()),\"\")","v":""},{"$f":"IFERROR(INDEX($AD:$AD,MATCH(ROWS($AD$32:$AD33),$AO:$AO,0)),\"\")","v":""}]
[null,null,null,null,null,null,null,null,null,null,null,null,null,null,null,null,null,null,null,null,null,null,null,null,null,null,null,null,null,{"$f":"'Baza klientów'!B3","v":"Klient 259"},false,{"$f":"IF(AE34=TRUE,COUNTIF($AE$32:AE34,TRUE()),\"\")","v":""},{"$f":"IFERROR(INDEX($AD:$AD,MATCH(ROWS($AD$32:AD34),$AF:$AF,0)),\"\")","v":""},null,null,false,{"$f":"IF(AJ34=TRUE,COUNTIF($AJ$32:AJ34,TRUE()),\"\")","v":""},{"$f":"IFERROR(INDEX($AD:$AD,MATCH(ROWS($AD$32:AD34),$AK:$AK,0)),\"\")","v":""},null,false,{"$f":"IF(AN34=TRUE,COUNTIF($AN$32:AN34,TRUE()),\"\")","v":""},{"$f":"IFERROR(INDEX($AD:$AD,MATCH(ROWS($AD$32:$AD34),$AO:$AO,0)),\"\")","v":""}]
[null,null,null,null,null,null,null,null,null,null,null,null,null,null,null,null,null,null,null,null,null,null,null,null,null,null,null,null,null,{"$f":"'Baza klientów'!B4","v":"Klient 83"},false,{"$f":"IF(AE35=TRUE,COUNTIF($AE$32:AE35,TRUE()),\"\")","v":""},{"$f":"IFERROR(INDEX($AD:$AD,MATCH(ROWS($AD$32:AD35),$AF:$AF,0)),\"\")","v":""},null,null,false,{"$f":"IF(AJ35=TRUE,COUNTIF($AJ$32:AJ35,TRUE()),\"\")","v":""},{"$f":"IFERROR(INDEX($AD:$AD,MATCH(ROWS($AD$32:AD35),$AK:$AK,0)),\"\")","v":""},null,false,{"$f":"IF(AN35=TRUE,COUNTIF($AN$32:AN35,TRUE()),\"\")","v":""},{"$f":"IFERROR(INDEX($AD:$AD,MATCH(ROWS($AD$32:$AD35),$AO:$AO,0)),\"\")","v":""}]
[null,null,null,null,null,null,null,null,null,null,null,null,null,null,null,null,null,null,null,null,null,null,null,null,null,null,null,null,null,{"$f":"'Baza klientów'!B5","v":"Klient 374"},false,{"$f":"IF(AE36=TRUE,COUNTIF($AE$32:AE36,TRUE()),\"\")","v":""},{"$f":"IFERROR(INDEX($AD:$AD,MATCH(ROWS($AD$32:AD36),$AF:$AF,0)),\"\")","v":""},null,null,false,{"$f":"IF(AJ36=TRUE,COUNTIF($AJ$32:AJ36,TRUE()),\"\")","v":""},{"$f":"IFERROR(INDEX($AD:$AD,MATCH(ROWS($AD$32:AD36),$AK:$AK,0)),\"\")","v":""},null,false,{"$f":"IF(AN36=TRUE,COUNTIF($AN$32:AN36,TRUE()),\"\")","v":""},{"$f":"IFERROR(INDEX($AD:$AD,MATCH(ROWS($AD$32:$AD36),$AO:$AO,0)),\"\")","v":""}]
[null,null,null,null,null,null,null,null,null,null,null,null,null,null,null,null,null,null,null,null,null,null,null,null,null,null,null,null,null,{"$f":"'Baza klientów'!B6","v":"Klient 486"},false,{"$f":"IF(AE37=TRUE,COUNTIF($AE$32:AE37,TRUE()),\"\")","v":""},{"$f":"IFERROR(INDEX($AD:$AD,MATCH(ROWS($AD$32:AD37),$AF:$AF,0)),\"\")","v":""},null,null,false,{"$f":"IF(AJ37=TRUE,COUNTIF($AJ$32:AJ37,TRUE()),\"\")","v":""},{"$f":"IFERROR(INDEX($AD:$AD,MATCH(ROWS($AD$32:AD37),$AK:$AK,0)),\"\")","v":""},null,false,{"$f":"IF(AN37=TRUE,COUNTIF($AN$32:AN37,TRUE()),\"\")","v":""},{"$f":"IFERROR(INDEX($AD:$AD,MATCH(ROWS($AD$32:$AD37),$AO:$AO,0)),\"\")","v":""}]
[null,null,null,null,null,null,null,null,null,null,null,null,null,null,null,null,null,null,null,null,null,null,null,null,null,null,null,null,null,{"$f":"'Baza klientów'!B7","v":"Klient 384"},false,{"$f":"IF(AE38=TRUE,COUNTIF($AE$32:AE38,TRUE()),\"\")","v":""},{"$f":"IFERROR(INDEX($AD:$AD,MATCH(ROWS($AD$32:AD38),$AF:$AF,0)),\"\")","v":""},null,null,false,{"$f":"IF(AJ38=TRUE,COUNTIF($AJ$32:AJ38,TRUE()),\"\")","v":""},{"$f":"IFERROR(INDEX($AD:$AD,MATCH(ROWS($AD$32:AD38),$AK:$AK,0)),\"\")","v":""},null,false,{"$f":"IF(AN38=TRUE,COUNTIF($AN$32:AN38,TRUE()),\"\")","v":""},{"$f":"IFERROR(INDEX($AD:$AD,MATCH(ROWS($AD$32:$AD38),$AO:$AO,0)),\"\")","v":""}]
[null,null,null,null,null,null,null,null,null,null,null,null,null,null,null,null,null,null,null,null,null,null,null,null,null,null,null,null,null,{"$f":"'Baza klientów'!B8","v":"Klient 397"},false,{"$f":"IF(AE39=TRUE,COUNTIF($AE$32:AE39,TRUE()),\"\")","v":""},{"$f":"IFERROR(INDEX($AD:$AD,MATCH(ROWS($AD$32:AD39),$AF:$AF,0)),\"\")","v":""},null,null,false,{"$f":"IF(AJ39=TRUE,COUNTIF($AJ$32:AJ39,TRUE()),\"\")","v":""},{"$f":"IFERROR(INDEX($AD:$AD,MATCH(ROWS($AD$32:AD39),$AK:$AK,0)),\"\")","v":""},null,false,{"$f":"IF(AN39=TRUE,COUNTIF($AN$32:AN39,TRUE()),\"\")","v":""},{"$f":"IFERROR(INDEX($AD:$AD,MATCH(ROWS($AD$32:$AD39),$AO:$AO,0)),\"\")","v":""}]
[null,null,null,null,null,null,null,null,null,null,null,null,null,null,null,null,null,null,null,null,null,null,null,null,null,null,null,null,null,{"$f":"'Baza klientów'!B9","v":"Klient 449"},false,{"$f":"IF(AE40=TRUE,COUNTIF($AE$32:AE40,TRUE()),\"\")","v":""},{"$f":"IFERROR(INDEX($AD:$AD,MATCH(ROWS($AD$32:AD40),$AF:$AF,0)),\"\")","v":""},null,null,false,{"$f":"IF(AJ40=TRUE,COUNTIF($AJ$32:AJ40,TRUE()),\"\")","v":""},{"$f":"IFERROR(INDEX($AD:$AD,MATCH(ROWS($AD$32:AD40),$AK:$AK,0)),\"\")","v":""},null,false,{"$f":"IF(AN40=TRUE,COUNTIF($AN$32:AN40,TRUE()),\"\")","v":""},{"$f":"IFERROR(INDEX($AD:$AD,MATCH(ROWS($AD$32:$AD40),$AO:$AO,0)),\"\")","v":""}]
[null,null,null,null,null,null,null,null,null,null,null,null,null,null,null,null,null,null,null,null,null,null,null,null,null,null,null,null,null,{"$f":"'Baza klientów'!B10","v":"Klient 547"},false,{"$f":"IF(AE41=TRUE,COUNTIF($AE$32:AE41,TRUE()),\"\")","v":""},{"$f":"IFERROR(INDEX($AD:$AD,MATCH(ROWS($AD$32:AD41),$AF:$AF,0)),\"\")","v":""},null,null,false,{"$f":"IF(AJ41=TRUE,COUNTIF($AJ$32:AJ41,TRUE()),\"\")","v":""},{"$f":"IFERROR(INDEX($AD:$AD,MATCH(ROWS($AD$32:AD41),$AK:$AK,0)),\"\")","v":""},null,false,{"$f":"IF(AN41=TRUE,COUNTIF($AN$32:AN41,TRUE()),\"\")","v":""},{"$f":"IFERROR(INDEX($AD:$AD,MATCH(ROWS($AD$32:$AD41),$AO:$AO,0)),\"\")","v":""}]
[null,null,null,null,null,null,null,null,null,null,null,null,null,null,null,null,null,null,null,null,null,null,null,null,null,null,null,null,null,{"$f":"'Baza klientów'!B11","v":"Klient 327"},false,{"$f":"IF(AE42=TRUE,COUNTIF($AE$32:AE42,TRUE()),\"\")","v":""},{"$f":"IFERROR(INDEX($AD:$AD,MATCH(ROWS($AD$32:AD42),$AF:$AF,0)),\"\")","v":""},null,null,false,{"$f":"IF(AJ42=TRUE,COUNTIF($AJ$32:AJ42,TRUE()),\"\")","v":""},{"$f":"IFERROR(INDEX($AD:$AD,MATCH(ROWS($AD$32:AD42),$AK:$AK,0)),\"\")","v":""},null,false,{"$f":"IF(AN42=TRUE,COUNTIF($AN$32:AN42,TRUE()),\"\")","v":""},{"$f":"IFERROR(INDEX($AD:$AD,MATCH(ROWS($AD$32:$AD42),$AO:$AO,0)),\"\")","v":""}]
[null,null,null,null,null,null,null,null,null,null,null,null,null,null,null,null,null,null,null,null,null,null,null,null,null,null,null,null,null,{"$f":"'Baza klientów'!B12","v":"Klient 346"},false,{"$f":"IF(AE43=TRUE,COUNTIF($AE$32:AE43,TRUE()),\"\")","v":""},{"$f":"IFERROR(INDEX($AD:$AD,MATCH(ROWS($AD$32:AD43),$AF:$AF,0)),\"\")","v":""},null,null,false,{"$f":"IF(AJ43=TRUE,COUNTIF($AJ$32:AJ43,TRUE()),\"\")","v":""},{"$f":"IFERROR(INDEX($AD:$AD,MATCH(ROWS($AD$32:AD43),$AK:$AK,0)),\"\")","v":""},null,false,{"$f":"IF(AN43=TRUE,COUNTIF($AN$32:AN43,TRUE()),\"\")","v":""},{"$f":"IFERROR(INDEX($AD:$AD,MATCH(ROWS($AD$32:$AD43),$AO:$AO,0)),\"\")","v":""}]
[null,null,null,null,null,null,null,null,null,null,null,null,null,null,null,null,null,null,null,null,null,null,null,null,null,null,null,null,null,{"$f":"'Baza klientów'!B13","v":"Klient 122"},false,{"$f":"IF(AE44=TRUE,COUNTIF($AE$32:AE44,TRUE()),\"\")","v":""},{"$f":"IFERROR(INDEX($AD:$AD,MATCH(ROWS($AD$32:AD44),$AF:$AF,0)),\"\")","v":""},null,null,false,{"$f":"IF(AJ44=TRUE,COUNTIF($AJ$32:AJ44,TRUE()),\"\")","v":""},{"$f":"IFERROR(INDEX($AD:$AD,MATCH(ROWS($AD$32:AD44),$AK:$AK,0)),\"\")","v":""},null,false,{"$f":"IF(AN44=TRUE,COUNTIF($AN$32:AN44,TRUE()),\"\")","v":""},{"$f":"IFERROR(INDEX($AD:$AD,MATCH(ROWS($AD$32:$AD44),$AO:$AO,0)),\"\")","v":""}]
[null,null,null,null,null,null,null,null,null,null,null,null,null,null,null,null,null,null,null,null,null,null,null,null,null,null,null,null,null,{"$f":"'Baza klientów'!B14","v":"Klient 488"},false,{"$f":"IF(AE45=TRUE,COUNTIF($AE$32:AE45,TRUE()),\"\")","v":""},{"$f":"IFERROR(INDEX($AD:$AD,MATCH(ROWS($AD$32:AD45),$AF:$AF,0)),\"\")","v":""},null,null,false,{"$f":"IF(AJ45=TRUE,COUNTIF($AJ$32:AJ45,TRUE()),\"\")","v":""},{"$f":"IFERROR(INDEX($AD:$AD,MATCH(ROWS($AD$32:AD45),$AK:$AK,0)),\"\")","v":""},null,false,{"$f":"IF(AN45=TRUE,COUNTIF($AN$32:AN45,TRUE()),\"\")","v":""},{"$f":"IFERROR(INDEX($AD:$AD,MATCH(ROWS($AD$32:$AD45),$AO:$AO,0)),\"\")","v":""}]
[null,null,null,null,null,null,null,null,null,null,null,null,null,null,null,null,null,null,null,null,null,null,null,null,null,null,null,null,null,{"$f":"'Baza klientów'!B15","v":"Klient 442"},false,{"$f":"IF(AE46=TRUE,COUNTIF($AE$32:AE46,TRUE()),\"\")","v":""},{"$f":"IFERROR(INDEX($AD:$AD,MATCH(ROWS($AD$32:AD46),$AF:$AF,0)),\"\")","v":""},null,null,false,{"$f":"IF(AJ46=TRUE,COUNTIF($AJ$32:AJ46,TRUE()),\"\")","v":""},{"$f":"IFERROR(INDEX($AD:$AD,MATCH(ROWS($AD$32:AD46),$AK:$AK,0)),\"\")","v":""},null,false,{"$f":"IF(AN46=TRUE,COUNTIF($AN$32:AN46,TRUE()),\"\")","v":""},{"$f":"IFERROR(INDEX($AD:$AD,MATCH(ROWS($AD$32:$AD46),$AO:$AO,0)),\"\")","v":""}]
[null,null,null,null,null,null,null,null,null,null,null,null,null,null,null,null,null,null,null,null,null,null,null,null,null,null,null,null,null,{"$f":"'Baza klientów'!B16","v":"Klient 138"},false,{"$f":"IF(AE47=TRUE,COUNTIF($AE$32:AE47,TRUE()),\"\")","v":""},{"$f":"IFERROR(INDEX($AD:$AD,MATCH(ROWS($AD$32:AD47),$AF:$AF,0)),\"\")","v":""},null,null,false,{"$f":"IF(AJ47=TRUE,COUNTIF($AJ$32:AJ47,TRUE()),\"\")","v":""},{"$f":"IFERROR(INDEX($AD:$AD,MATCH(ROWS($AD$32:AD47),$AK:$AK,0)),\"\")","v":""},null,false,{"$f":"IF(AN47=TRUE,COUNTIF($AN$32:AN47,TRUE()),\"\")","v":""},{"$f":"IFERROR(INDEX($AD:$AD,MATCH(ROWS($AD$32:$AD47),$AO:$AO,0)),\"\")","v":""}]
[null,null,null,null,null,null,null,null,null,null,null,null,null,null,null,null,null,null,null,null,null,null,null,null,null,null,null,null,null,{"$f":"'Baza klientów'!B17","v":"Klient 369"},false,{"$f":"IF(AE48=TRUE,COUNTIF($AE$32:AE48,TRUE()),\"\")","v":""},{"$f":"IFERROR(INDEX($AD:$AD,MATCH(ROWS($AD$32:AD48),$AF:$AF,0)),\"\")","v":""},null,null,false,{"$f":"IF(AJ48=TRUE,COUNTIF($AJ$32:AJ48,TRUE()),\"\")","v":""},{"$f":"IFERROR(INDEX($AD:$AD,MATCH(ROWS($AD$32:AD48),$AK:$AK,0)),\"\")","v":""},null,false,{"$f":"IF(AN48=TRUE,COUNTIF($AN$32:AN48,TRUE()),\"\")","v":""},{"$f":"IFERROR(INDEX($AD:$AD,MATCH(ROWS($AD$32:$AD48),$AO:$AO,0)),\"\")","v":""}]
[null,null,null,null,null,null,null,null,null,null,null,null,null,null,null,null,null,null,null,null,null,null,null,null,null,null,null,null,null,{"$f":"'Baza klientów'!B18","v":"Klient 281"},false,{"$f":"IF(AE49=TRUE,COUNTIF($AE$32:AE49,TRUE()),\"\")","v":""},{"$f":"IFERROR(INDEX($AD:$AD,MATCH(ROWS($AD$32:AD49),$AF:$AF,0)),\"\")","v":""},null,null,false,{"$f":"IF(AJ49=TRUE,COUNTIF($AJ$32:AJ49,TRUE()),\"\")","v":""},{"$f":"IFERROR(INDEX($AD:$AD,MATCH(ROWS($AD$32:AD49),$AK:$AK,0)),\"\")","v":""},null,false,{"$f":"IF(AN49=TRUE,COUNTIF($AN$32:AN49,TRUE()),\"\")","v":""},{"$f":"IFERROR(INDEX($AD:$AD,MATCH(ROWS($AD$32:$AD49),$AO:$AO,0)),\"\")","v":""}]
[null,null,null,null,null,null,null,null,null,null,null,null,null,null,null,null,null,null,null,null,null,null,null,null,null,null,null,null,null,{"$f":"'Baza klientów'!B19","v":"Klient 448"},false,{"$f":"IF(AE50=TRUE,COUNTIF($AE$32:AE50,TRUE()),\"\")","v":""},{"$f":"IFERROR(INDEX($AD:$AD,MATCH(ROWS($AD$32:AD50),$AF:$AF,0)),\"\")","v":""},null,null,false,{"$f":"IF(AJ50=TRUE,COUNTIF($AJ$32:AJ50,TRUE()),\"\")","v":""},{"$f":"IFERROR(INDEX($AD:$AD,MATCH(ROWS($AD$32:AD50),$AK:$AK,0)),\"\")","v":""},null,false,{"$f":"IF(AN50=TRUE,COUNTIF($AN$32:AN50,TRUE()),\"\")","v":""},{"$f":"IFERROR(INDEX($AD:$AD,MATCH(ROWS($AD$32:$AD50),$AO:$AO,0)),\"\")","v":""}]
[null,null,null,null,null,null,null,null,null,null,null,null,null,null,null,null,null,null,null,null,null,null,null,null,null,null,null,null,null,{"$f":"'Baza klientów'!B20","v":"Klient 381"},false,{"$f":"IF(AE51=TRUE,COUNTIF($AE$32:AE51,TRUE()),\"\")","v":""},{"$f":"IFERROR(INDEX($AD:$AD,MATCH(ROWS($AD$32:AD51),$AF:$AF,0)),\"\")","v":""},null,null,false,{"$f":"IF(AJ51=TRUE,COUNTIF($AJ$32:AJ51,TRUE()),\"\")","v":""},{"$f":"IFERROR(INDEX($AD:$AD,MATCH(ROWS($AD$32:AD51),$AK:$AK,0)),\"\")","v":""},null,false,{"$f":"IF(AN51=TRUE,COUNTIF($AN$32:AN51,TRUE()),\"\")","v":""},{"$f":"IFERROR(INDEX($AD:$AD,MATCH(ROWS($AD$32:$AD51),$AO:$AO,0)),\"\")","v":""}]
[null,null,null,null,null,null,null,null,null,null,null,null,null,null,null,null,null,null,null,null,null,null,null,null,null,null,null,null,null,{"$f":"'Baza klientów'!B21","v":"Klient 169"},false,{"$f":"IF(AE52=TRUE,COUNTIF($AE$32:AE52,TRUE()),\"\")","v":""},{"$f":"IFERROR(INDEX($AD:$AD,MATCH(ROWS($AD$32:AD52),$AF:$AF,0)),\"\")","v":""},null,null,false,{"$f":"IF(AJ52=TRUE,COUNTIF($AJ$32:AJ52,TRUE()),\"\")","v":""},{"$f":"IFERROR(INDEX($AD:$AD,MATCH(ROWS($AD$32:AD52),$AK:$AK,0)),\"\")","v":""},null,false,{"$f":"IF(AN52=TRUE,COUNTIF($AN$32:AN52,TRUE()),\"\")","v":""},{"$f":"IFERROR(INDEX($AD:$AD,MATCH(ROWS($AD$32:$AD52),$AO:$AO,0)),\"\")","v":""}]
[null,null,null,null,null,null,null,null,null,null,null,null,null,null,null,null,null,null,null,null,null,null,null,null,null,null,null,null,null,{"$f":"'Baza klientów'!B22","v":"Klient 317"},false,{"$f":"IF(AE53=TRUE,COUNTIF($AE$32:AE53,TRUE()),\"\")","v":""},{"$f":"IFERROR(INDEX($AD:$AD,MATCH(ROWS($AD$32:AD53),$AF:$AF,0)),\"\")","v":""},null,null,false,{"$f":"IF(AJ53=TRUE,COUNTIF($AJ$32:AJ53,TRUE()),\"\")","v":""},{"$f":"IFERROR(INDEX($AD:$AD,MATCH(ROWS($AD$32:AD53),$AK:$AK,0)),\"\")","v":""},null,false,{"$f":"IF(AN53=TRUE,COUNTIF($AN$32:AN53,TRUE()),\"\")","v":""},{"$f":"IFERROR(INDEX($AD:$AD,MATCH(ROWS($AD$32:$AD53),$AO:$AO,0)),\"\")","v":""}]
[null,null,null,null,null,null,null,null,null,null,null,null,null,null,null,null,null,null,null,null,null,null,null,null,null,null,null,null,null,{"$f":"'Baza klientów'!B23","v":"Klient 496"},false,{"$f":"IF(AE54=TRUE,COUNTIF($AE$32:AE54,TRUE()),\"\")","v":""},{"$f":"IFERROR(INDEX($AD:$AD,MATCH(ROWS($AD$32:AD54),$AF:$AF,0)),\"\")","v":""},null,null,false,{"$f":"IF(AJ54=TRUE,COUNTIF($AJ$32:AJ54,TRUE()),\"\")","v":""},{"$f":"IFERROR(INDEX($AD:$AD,MATCH(ROWS($AD$32:AD54),$AK:$AK,0)),\"\")","v":""},null,false,{"$f":"IF(AN54=TRUE,COUNTIF($AN$32:AN54,TRUE()),\"\")","v":""},{"$f":"IFERROR(INDEX($AD:$AD,MATCH(ROWS($AD$32:$AD54),$AO:$AO,0)),\"\")","v":""}]
[null,null,null,null,null,null,null,null,null,null,null,null,null,null,null,null,null,null,null,null,null,null,null,null,null,null,null,null,null,{"$f":"'Baza klientów'!B24","v":"Klient 338"},false,{"$f":"IF(AE55=TRUE,COUNTIF($AE$32:AE55,TRUE()),\"\")","v":""},{"$f":"IFERROR(INDEX($AD:$AD,MATCH(ROWS($AD$32:AD55),$AF:$AF,0)),\"\")","v":""},null,null,false,{"$f":"IF(AJ55=TRUE,COUNTIF($AJ$32:AJ55,TRUE()),\"\")","v":""},{"$f":"IFERROR(INDEX($AD:$AD,MATCH(ROWS($AD$32:AD55),$AK:$AK,0)),\"\")","v":""},null,false,{"$f":"IF(AN55=TRUE,COUNTIF($AN$32:AN55,TRUE()),\"\")","v":""},{"$f":"IFERROR(INDEX($AD:$AD,MATCH(ROWS($AD$32:$AD55),$AO:$AO,0)),\"\")","v":""}]
[null,null,null,null,null,null,null,null,null,null,null,null,null,null,null,null,null,null,null,null,null,null,null,null,null,null,null,null,null,{"$f":"'Baza klientów'!B25","v":"Klient 483"},false,{"$f":"IF(AE56=TRUE,COUNTIF($AE$32:AE56,TRUE()),\"\")","v":""},{"$f":"IFERROR(INDEX($AD:$AD,MATCH(ROWS($AD$32:AD56),$AF:$AF,0)),\"\")","v":""},null,null,false,{"$f":"IF(AJ56=TRUE,COUNTIF($AJ$32:AJ56,TRUE()),\"\")","v":""},{"$f":"IFERROR(INDEX($AD:$AD,MATCH(ROWS($AD$32:AD56),$AK:$AK,0)),\"\")","v":""},null,false,{"$f":"IF(AN56=TRUE,COUNTIF($AN$32:AN56,TRUE()),\"\")","v":""},{"$f":"IFERROR(INDEX($AD:$AD,MATCH(ROWS($AD$32:$AD56),$AO:$AO,0)),\"\")","v":""}]
[null,null,null,null,null,null,null,null,null,null,null,null,null,null,null,null,null,null,null,null,null,null,null,null,null,null,null,null,null,{"$f":"'Baza klientów'!B26","v":"Klient 145"},false,{"$f":"IF(AE57=TRUE,COUNTIF($AE$32:AE57,TRUE()),\"\")","v":""},{"$f":"IFERROR(INDEX($AD:$AD,MATCH(ROWS($AD$32:AD57),$AF:$AF,0)),\"\")","v":""},null,null,false,{"$f":"IF(AJ57=TRUE,COUNTIF($AJ$32:AJ57,TRUE()),\"\")","v":""},{"$f":"IFERROR(INDEX($AD:$AD,MATCH(ROWS($AD$32:AD57),$AK:$AK,0)),\"\")","v":""},null,false,{"$f":"IF(AN57=TRUE,COUNTIF($AN$32:AN57,TRUE()),\"\")","v":""},{"$f":"IFERROR(INDEX($AD:$AD,MATCH(ROWS($AD$32:$AD57),$AO:$AO,0)),\"\")","v":""}]
[null,null,null,null,null,null,null,null,null,null,null,null,null,null,null,null,null,null,null,null,null,null,null,null,null,null,null,null,null,{"$f":"'Baza klientów'!B27","v":"Klient 315"},false,{"$f":"IF(AE58=TRUE,COUNTIF($AE$32:AE58,TRUE()),\"\")","v":""},{"$f":"IFERROR(INDEX($AD:$AD,MATCH(ROWS($AD$32:AD58),$AF:$AF,0)),\"\")","v":""},null,null,false,{"$f":"IF(AJ58=TRUE,COUNTIF($AJ$32:AJ58,TRUE()),\"\")","v":""},{"$f":"IFERROR(INDEX($AD:$AD,MATCH(ROWS($AD$32:AD58),$AK:$AK,0)),\"\")","v":""},null,false,{"$f":"IF(AN58=TRUE,COUNTIF($AN$32:AN58,TRUE()),\"\")","v":""},{"$f":"IFERROR(INDEX($AD:$AD,MATCH(ROWS($AD$32:$AD58),$AO:$AO,0)),\"\")","v":""}]
[null,null,null,null,null,null,null,null,null,null,null,null,null,null,null,null,null,null,null,null,null,null,null,null,null,null,null,null,null,{"$f":"'Baza klientów'!B28","v":"Klient 561"},false,{"$f":"IF(AE59=TRUE,COUNTIF($AE$32:AE59,TRUE()),\"\")","v":""},{"$f":"IFERROR(INDEX($AD:$AD,MATCH(ROWS($AD$32:AD59),$AF:$AF,0)),\"\")","v":""},null,null,false,{"$f":"IF(AJ59=TRUE,COUNTIF($AJ$32:AJ59,TRUE()),\"\")","v":""},{"$f":"IFERROR(INDEX($AD:$AD,MATCH(ROWS($AD$32:AD59),$AK:$AK,0)),\"\")","v":""},null,false,{"$f":"IF(AN59=TRUE,COUNTIF($AN$32:AN59,TRUE()),\"\")","v":""},{"$f":"IFERROR(INDEX($AD:$AD,MATCH(ROWS($AD$32:$AD59),$AO:$AO,0)),\"\")","v":""}]
[null,null,null,null,null,null,null,null,null,null,null,null,null,null,null,null,null,null,null,null,null,null,null,null,null,null,null,null,null,{"$f":"'Baza klientów'!B29","v":"Klient 520"},false,{"$f":"IF(AE60=TRUE,COUNTIF($AE$32:AE60,TRUE()),\"\")","v":""},{"$f":"IFERROR(INDEX($AD:$AD,MATCH(ROWS($AD$32:AD60),$AF:$AF,0)),\"\")","v":""},null,null,false,{"$f":"IF(AJ60=TRUE,COUNTIF($AJ$32:AJ60,TRUE()),\"\")","v":""},{"$f":"IFERROR(INDEX($AD:$AD,MATCH(ROWS($AD$32:AD60),$AK:$AK,0)),\"\")","v":""},null,false,{"$f":"IF(AN60=TRUE,COUNTIF($AN$32:AN60,TRUE()),\"\")","v":""},{"$f":"IFERROR(INDEX($AD:$AD,MATCH(ROWS($AD$32:$AD60),$AO:$AO,0)),\"\")","v":""}]
[null,null,null,null,null,null,null,null,null,null,null,null,null,null,null,null,null,null,null,null,null,null,null,null,null,null,null,null,null,{"$f":"'Baza klientów'!B30","v":"Klient 382"},false,{"$f":"IF(AE61=TRUE,COUNTIF($AE$32:AE61,TRUE()),\"\")","v":""},{"$f":"IFERROR(INDEX($AD:$AD,MATCH(ROWS($AD$32:AD61),$AF:$AF,0)),\"\")","v":""},null,null,false,{"$f":"IF(AJ61=TRUE,COUNTIF($AJ$32:AJ61,TRUE()),\"\")","v":""},{"$f":"IFERROR(INDEX($AD:$AD,MATCH(ROWS($AD$32:AD61),$AK:$AK,0)),\"\")","v":""},null,false,{"$f":"IF(AN61=TRUE,COUNTIF($AN$32:AN61,TRUE()),\"\")","v":""},{"$f":"IFERROR(INDEX($AD:$AD,MATCH(ROWS($AD$32:$AD61),$AO:$AO,0)),\"\")","v":""}]
[null,null,null,null,null,null,null,null,null,null,null,null,null,null,null,null,null,null,null,null,null,null,null,null,null,null,null,null,null,{"$f":"'Baza klientów'!B31","v":"Klient 163"},false,{"$f":"IF(AE62=TRUE,COUNTIF($AE$32:AE62,TRUE()),\"\")","v":""},{"$f":"IFERROR(INDEX($AD:$AD,MATCH(ROWS($AD$32:AD62),$AF:$AF,0)),\"\")","v":""},null,null,false,{"$f":"IF(AJ62=TRUE,COUNTIF($AJ$32:AJ62,TRUE()),\"\")","v":""},{"$f":"IFERROR(INDEX($AD:$AD,MATCH(ROWS($AD$32:AD62),$AK:$AK,0)),\"\")","v":""},null,false,{"$f":"IF(AN62=TRUE,COUNTIF($AN$32:AN62,TRUE()),\"\")","v":""},{"$f":"IFERROR(INDEX($AD:$AD,MATCH(ROWS($AD$32:$AD62),$AO:$AO,0)),\"\")","v":""}]
[null,null,null,null,null,null,null,null,null,null,null,null,null,null,null,null,null,null,null,null,null,null,null,null,null,null,null,null,null,{"$f":"'Baza klientów'!B32","v":"Klient 32"},false,{"$f":"IF(AE63=TRUE,COUNTIF($AE$32:AE63,TRUE()),\"\")","v":""},{"$f":"IFERROR(INDEX($AD:$AD,MATCH(ROWS($AD$32:AD63),$AF:$AF,0)),\"\")","v":""},null,null,false,{"$f":"IF(AJ63=TRUE,COUNTIF($AJ$32:AJ63,TRUE()),\"\")","v":""},{"$f":"IFERROR(INDEX($AD:$AD,MATCH(ROWS($AD$32:AD63),$AK:$AK,0)),\"\")","v":""},null,false,{"$f":"IF(AN63=TRUE,COUNTIF($AN$32:AN63,TRUE()),\"\")","v":""},{"$f":"IFERROR(INDEX($AD:$AD,MATCH(ROWS($AD$32:$AD63),$AO:$AO,0)),\"\")","v":""}]
[null,null,null,null,null,null,null,null,null,null,null,null,null,null,null,null,null,null,null,null,null,null,null,null,null,null,null,null,null,{"$f":"'Baza klientów'!B33","v":"Klient 135"},false,{"$f":"IF(AE64=TRUE,COUNTIF($AE$32:AE64,TRUE()),\"\")","v":""},{"$f":"IFERROR(INDEX($AD:$AD,MATCH(ROWS($AD$32:AD64),$AF:$AF,0)),\"\")","v":""},null,null,false,{"$f":"IF(AJ64=TRUE,COUNTIF($AJ$32:AJ64,TRUE()),\"\")","v":""},{"$f":"IFERROR(INDEX($AD:$AD,MATCH(ROWS($AD$32:AD64),$AK:$AK,0)),\"\")","v":""},null,false,{"$f":"IF(AN64=TRUE,COUNTIF($AN$32:AN64,TRUE()),\"\")","v":""},{"$f":"IFERROR(INDEX($AD:$AD,MATCH(ROWS($AD$32:$AD64),$AO:$AO,0)),\"\")","v":""}]
[null,null,null,null,null,null,null,null,null,null,null,null,null,null,null,null,null,null,null,null,null,null,null,null,null,null,null,null,null,{"$f":"'Baza klientów'!B34","v":"Klient 437"},false,{"$f":"IF(AE65=TRUE,COUNTIF($AE$32:AE65,TRUE()),\"\")","v":""},{"$f":"IFERROR(INDEX($AD:$AD,MATCH(ROWS($AD$32:AD65),$AF:$AF,0)),\"\")","v":""},null,null,false,{"$f":"IF(AJ65=TRUE,COUNTIF($AJ$32:AJ65,TRUE()),\"\")","v":""},{"$f":"IFERROR(INDEX($AD:$AD,MATCH(ROWS($AD$32:AD65),$AK:$AK,0)),\"\")","v":""},null,false,{"$f":"IF(AN65=TRUE,COUNTIF($AN$32:AN65,TRUE()),\"\")","v":""},{"$f":"IFERROR(INDEX($AD:$AD,MATCH(ROWS($AD$32:$AD65),$AO:$AO,0)),\"\")","v":""}]
[null,null,null,null,null,null,null,null,null,null,null,null,null,null,null,null,null,null,null,null,null,null,null,null,null,null,null,null,null,{"$f":"'Baza klientów'!B35","v":"Klient 236"},false,{"$f":"IF(AE66=TRUE,COUNTIF($AE$32:AE66,TRUE()),\"\")","v":""},{"$f":"IFERROR(INDEX($AD:$AD,MATCH(ROWS($AD$32:AD66),$AF:$AF,0)),\"\")","v":""},null,null,false,{"$f":"IF(AJ66=TRUE,COUNTIF($AJ$32:AJ66,TRUE()),\"\")","v":""},{"$f":"IFERROR(INDEX($AD:$AD,MATCH(ROWS($AD$32:AD66),$AK:$AK,0)),\"\")","v":""},null,false,{"$f":"IF(AN66=TRUE,COUNTIF($AN$32:AN66,TRUE()),\"\")","v":""},{"$f":"IFERROR(INDEX($AD:$AD,MATCH(ROWS($AD$32:$AD66),$AO:$AO,0)),\"\")","v":""}]
[null,null,null,null,null,null,null,null,null,null,null,null,null,null,null,null,null,null,null,null,null,null,null,null,null,null,null,null,null,{"$f":"'Baza klientów'!B36","v":"Klient 110"},false,{"$f":"IF(AE67=TRUE,COUNTIF($AE$32:AE67,TRUE()),\"\")","v":""},{"$f":"IFERROR(INDEX($AD:$AD,MATCH(ROWS($AD$32:AD67),$AF:$AF,0)),\"\")","v":""},null,null,false,{"$f":"IF(AJ67=TRUE,COUNTIF($AJ$32:AJ67,TRUE()),\"\")","v":""},{"$f":"IFERROR(INDEX($AD:$AD,MATCH(ROWS($AD$32:AD67),$AK:$AK,0)),\"\")","v":""},null,false,{"$f":"IF(AN67=TRUE,COUNTIF($AN$32:AN67,TRUE()),\"\")","v":""},{"$f":"IFERROR(INDEX($AD:$AD,MATCH(ROWS($AD$32:$AD67),$AO:$AO,0)),\"\")","v":""}]
[null,null,null,null,null,null,null,null,null,null,null,null,null,null,null,null,null,null,null,null,null,null,null,null,null,null,null,null,null,{"$f":"'Baza klientów'!B37","v":"Klient 7"},false,{"$f":"IF(AE68=TRUE,COUNTIF($AE$32:AE68,TRUE()),\"\")","v":""},{"$f":"IFERROR(INDEX($AD:$AD,MATCH(ROWS($AD$32:AD68),$AF:$AF,0)),\"\")","v":""},null,null,false,{"$f":"IF(AJ68=TRUE,COUNTIF($AJ$32:AJ68,TRUE()),\"\")","v":""},{"$f":"IFERROR(INDEX($AD:$AD,MATCH(ROWS($AD$32:AD68),$AK:$AK,0)),\"\")","v":""},null,false,{"$f":"IF(AN68=TRUE,COUNTIF($AN$32:AN68,TRUE()),\"\")","v":""},{"$f":"IFERROR(INDEX($AD:$AD,MATCH(ROWS($AD$32:$AD68),$AO:$AO,0)),\"\")","v":""}]
[null,null,null,null,null,null,null,null,null,null,null,null,null,null,null,null,null,null,null,null,null,null,null,null,null,null,null,null,null,{"$f":"'Baza klientów'!B38","v":"Klient 380"},false,{"$f":"IF(AE69=TRUE,COUNTIF($AE$32:AE69,TRUE()),\"\")","v":""},{"$f":"IFERROR(INDEX($AD:$AD,MATCH(ROWS($AD$32:AD69),$AF:$AF,0)),\"\")","v":""},null,null,false,{"$f":"IF(AJ69=TRUE,COUNTIF($AJ$32:AJ69,TRUE()),\"\")","v":""},{"$f":"IFERROR(INDEX($AD:$AD,MATCH(ROWS($AD$32:AD69),$AK:$AK,0)),\"\")","v":""},null,false,{"$f":"IF(AN69=TRUE,COUNTIF($AN$32:AN69,TRUE()),\"\")","v":""},{"$f":"IFERROR(INDEX($AD:$AD,MATCH(ROWS($AD$32:$AD69),$AO:$AO,0)),\"\")","v":""}]
[null,null,null,null,null,null,null,null,null,null,null,null,null,null,null,null,null,null,null,null,null,null,null,null,null,null,null,null,null,{"$f":"'Baza klientów'!B39","v":"Klient 293"},false,{"$f":"IF(AE70=TRUE,COUNTIF($AE$32:AE70,TRUE()),\"\")","v":""},{"$f":"IFERROR(INDEX($AD:$AD,MATCH(ROWS($AD$32:AD70),$AF:$AF,0)),\"\")","v":""},null,null,false,{"$f":"IF(AJ70=TRUE,COUNTIF($AJ$32:AJ70,TRUE()),\"\")","v":""},{"$f":"IFERROR(INDEX($AD:$AD,MATCH(ROWS($AD$32:AD70),$AK:$AK,0)),\"\")","v":""},null,false,{"$f":"IF(AN70=TRUE,COUNTIF($AN$32:AN70,TRUE()),\"\")","v":""},{"$f":"IFERROR(INDEX($AD:$AD,MATCH(ROWS($AD$32:$AD70),$AO:$AO,0)),\"\")","v":""}]
[null,null,null,null,null,null,null,null,null,null,null,null,null,null,null,null,null,null,null,null,null,null,null,null,null,null,null,null,null,{"$f":"'Baza klientów'!B40","v":"Klient 286"},false,{"$f":"IF(AE71=TRUE,COUNTIF($AE$32:AE71,TRUE()),\"\")","v":""},{"$f":"IFERROR(INDEX($AD:$AD,MATCH(ROWS($AD$32:AD71),$AF:$AF,0)),\"\")","v":""},null,null,false,{"$f":"IF(AJ71=TRUE,COUNTIF($AJ$32:AJ71,TRUE()),\"\")","v":""},{"$f":"IFERROR(INDEX($AD:$AD,MATCH(ROWS($AD$32:AD71),$AK:$AK,0)),\"\")","v":""},null,false,{"$f":"IF(AN71=TRUE,COUNTIF($AN$32:AN71,TRUE()),\"\")","v":""},{"$f":"IFERROR(INDEX($AD:$AD,MATCH(ROWS($AD$32:$AD71),$AO:$AO,0)),\"\")","v":""}]
[null,null,null,null,null,null,null,null,null,null,null,null,null,null,null,null,null,null,null,null,null,null,null,null,null,null,null,null,null,{"$f":"'Baza klientów'!B41","v":"Klient 167"},false,{"$f":"IF(AE72=TRUE,COUNTIF($AE$32:AE72,TRUE()),\"\")","v":""},{"$f":"IFERROR(INDEX($AD:$AD,MATCH(ROWS($AD$32:AD72),$AF:$AF,0)),\"\")","v":""},null,null,false,{"$f":"IF(AJ72=TRUE,COUNTIF($AJ$32:AJ72,TRUE()),\"\")","v":""},{"$f":"IFERROR(INDEX($AD:$AD,MATCH(ROWS($AD$32:AD72),$AK:$AK,0)),\"\")","v":""},null,false,{"$f":"IF(AN72=TRUE,COUNTIF($AN$32:AN72,TRUE()),\"\")","v":""},{"$f":"IFERROR(INDEX($AD:$AD,MATCH(ROWS($AD$32:$AD72),$AO:$AO,0)),\"\")","v":""}]
[null,null,null,null,null,null,null,null,null,null,null,null,null,null,null,null,null,null,null,null,null,null,null,null,null,null,null,null,null,{"$f":"'Baza klientów'!B42","v":"Klient 230"},false,{"$f":"IF(AE73=TRUE,COUNTIF($AE$32:AE73,TRUE()),\"\")","v":""},{"$f":"IFERROR(INDEX($AD:$AD,MATCH(ROWS($AD$32:AD73),$AF:$AF,0)),\"\")","v":""},null,null,false,{"$f":"IF(AJ73=TRUE,COUNTIF($AJ$32:AJ73,TRUE()),\"\")","v":""},{"$f":"IFERROR(INDEX($AD:$AD,MATCH(ROWS($AD$32:AD73),$AK:$AK,0)),\"\")","v":""},null,false,{"$f":"IF(AN73=TRUE,COUNTIF($AN$32:AN73,TRUE()),\"\")","v":""},{"$f":"IFERROR(INDEX($AD:$AD,MATCH(ROWS($AD$32:$AD73),$AO:$AO,0)),\"\")","v":""}]
[null,null,null,null,null,null,null,null,null,null,null,null,null,null,null,null,null,null,null,null,null,null,null,null,null,null,null,null,null,{"$f":"'Baza klientów'!B43","v":"Klient 19"},false,{"$f":"IF(AE74=TRUE,COUNTIF($AE$32:AE74,TRUE()),\"\")","v":""},{"$f":"IFERROR(INDEX($AD:$AD,MATCH(ROWS($AD$32:AD74),$AF:$AF,0)),\"\")","v":""},null,null,false,{"$f":"IF(AJ74=TRUE,COUNTIF($AJ$32:AJ74,TRUE()),\"\")","v":""},{"$f":"IFERROR(INDEX($AD:$AD,MATCH(ROWS($AD$32:AD74),$AK:$AK,0)),\"\")","v":""},null,false,{"$f":"IF(AN74=TRUE,COUNTIF($AN$32:AN74,TRUE()),\"\")","v":""},{"$f":"IFERROR(INDEX($AD:$AD,MATCH(ROWS($AD$32:$AD74),$AO:$AO,0)),\"\")","v":""}]
[null,null,null,null,null,null,null,null,null,null,null,null,null,null,null,null,null,null,null,null,null,null,null,null,null,null,null,null,null,{"$f":"'Baza klientów'!B44","v":"Klient 8"},false,{"$f":"IF(AE75=TRUE,COUNTIF($AE$32:AE75,TRUE()),\"\")","v":""},{"$f":"IFERROR(INDEX($AD:$AD,MATCH(ROWS($AD$32:AD75),$AF:$AF,0)),\"\")","v":""},null,null,false,{"$f":"IF(AJ75=TRUE,COUNTIF($AJ$32:AJ75,TRUE()),\"\")","v":""},{"$f":"IFERROR(INDEX($AD:$AD,MATCH(ROWS($AD$32:AD75),$AK:$AK,0)),\"\")","v":""},null,false,{"$f":"IF(AN75=TRUE,COUNTIF($AN$32:AN75,TRUE()),\"\")","v":""},{"$f":"IFERROR(INDEX($AD:$AD,MATCH(ROWS($AD$32:$AD75),$AO:$AO,0)),\"\")","v":""}]
[null,null,null,null,null,null,null,null,null,null,null,null,null,null,null,null,null,null,null,null,null,null,null,null,null,null,null,null,null,{"$f":"'Baza klientów'!B45","v":"Klient 495"},false,{"$f":"IF(AE76=TRUE,COUNTIF($AE$32:AE76,TRUE()),\"\")","v":""},{"$f":"IFERROR(INDEX($AD:$AD,MATCH(ROWS($AD$32:AD76),$AF:$AF,0)),\"\")","v":""},null,null,false,{"$f":"IF(AJ76=TRUE,COUNTIF($AJ$32:AJ76,TRUE()),\"\")","v":""},{"$f":"IFERROR(INDEX($AD:$AD,MATCH(ROWS($AD$32:AD76),$AK:$AK,0)),\"\")","v":""},null,false,{"$f":"IF(AN76=TRUE,COUNTIF($AN$32:AN76,TRUE()),\"\")","v":""},{"$f":"IFERROR(INDEX($AD:$AD,MATCH(ROWS($AD$32:$AD76),$AO:$AO,0)),\"\")","v":""}]
[null,null,null,null,null,null,null,null,null,null,null,null,null,null,null,null,null,null,null,null,null,null,null,null,null,null,null,null,null,{"$f":"'Baza klientów'!B46","v":"Klient 506"},false,{"$f":"IF(AE77=TRUE,COUNTIF($AE$32:AE77,TRUE()),\"\")","v":""},{"$f":"IFERROR(INDEX($AD:$AD,MATCH(ROWS($AD$32:AD77),$AF:$AF,0)),\"\")","v":""},null,null,false,{"$f":"IF(AJ77=TRUE,COUNTIF($AJ$32:AJ77,TRUE()),\"\")","v":""},{"$f":"IFERROR(INDEX($AD:$AD,MATCH(ROWS($AD$32:AD77),$AK:$AK,0)),\"\")","v":""},null,false,{"$f":"IF(AN77=TRUE,COUNTIF($AN$32:AN77,TRUE()),\"\")","v":""},{"$f":"IFERROR(INDEX($AD:$AD,MATCH(ROWS($AD$32:$AD77),$AO:$AO,0)),\"\")","v":""}]
[null,null,null,null,null,null,null,null,null,null,null,null,null,null,null,null,null,null,null,null,null,null,null,null,null,null,null,null,null,{"$f":"'Baza klientów'!B47","v":"Klient 265"},false,{"$f":"IF(AE78=TRUE,COUNTIF($AE$32:AE78,TRUE()),\"\")","v":""},{"$f":"IFERROR(INDEX($AD:$AD,MATCH(ROWS($AD$32:AD78),$AF:$AF,0)),\"\")","v":""},null,null,false,{"$f":"IF(AJ78=TRUE,COUNTIF($AJ$32:AJ78,TRUE()),\"\")","v":""},{"$f":"IFERROR(INDEX($AD:$AD,MATCH(ROWS($AD$32:AD78),$AK:$AK,0)),\"\")","v":""},null,false,{"$f":"IF(AN78=TRUE,COUNTIF($AN$32:AN78,TRUE()),\"\")","v":""},{"$f":"IFERROR(INDEX($AD:$AD,MATCH(ROWS($AD$32:$AD78),$AO:$AO,0)),\"\")","v":""}]
[null,null,null,null,null,null,null,null,null,null,null,null,null,null,null,null,null,null,null,null,null,null,null,null,null,null,null,null,null,{"$f":"'Baza klientów'!B48","v":"Klient 447"},false,{"$f":"IF(AE79=TRUE,COUNTIF($AE$32:AE79,TRUE()),\"\")","v":""},{"$f":"IFERROR(INDEX($AD:$AD,MATCH(ROWS($AD$32:AD79),$AF:$AF,0)),\"\")","v":""},null,null,false,{"$f":"IF(AJ79=TRUE,COUNTIF($AJ$32:AJ79,TRUE()),\"\")","v":""},{"$f":"IFERROR(INDEX($AD:$AD,MATCH(ROWS($AD$32:AD79),$AK:$AK,0)),\"\")","v":""},null,false,{"$f":"IF(AN79=TRUE,COUNTIF($AN$32:AN79,TRUE()),\"\")","v":""},{"$f":"IFERROR(INDEX($AD:$AD,MATCH(ROWS($AD$32:$AD79),$AO:$AO,0)),\"\")","v":""}]
[null,null,null,null,null,null,null,null,null,null,null,null,null,null,null,null,null,null,null,null,null,null,null,null,null,null,null,null,null,{"$f":"'Baza klientów'!B49","v":"Klient 139"},false,{"$f":"IF(AE80=TRUE,COUNTIF($AE$32:AE80,TRUE()),\"\")","v":""},{"$f":"IFERROR(INDEX($AD:$AD,MATCH(ROWS($AD$32:AD80),$AF:$AF,0)),\"\")","v":""},null,null,false,{"$f":"IF(AJ80=TRUE,COUNTIF($AJ$32:AJ80,TRUE()),\"\")","v":""},{"$f":"IFERROR(INDEX($AD:$AD,MATCH(ROWS($AD$32:AD80),$AK:$AK,0)),\"\")","v":""},null,false,{"$f":"IF(AN80=TRUE,COUNTIF($AN$32:AN80,TRUE()),\"\")","v":""},{"$f":"IFERROR(INDEX($AD:$AD,MATCH(ROWS($AD$32:$AD80),$AO:$AO,0)),\"\")","v":""}]
[null,null,null,null,null,null,null,null,null,null,null,null,null,null,null,null,null,null,null,null,null,null,null,null,null,null,null,null,null,{"$f":"'Baza klientów'!B50","v":"Klient 40"},false,{"$f":"IF(AE81=TRUE,COUNTIF($AE$32:AE81,TRUE()),\"\")","v":""},{"$f":"IFERROR(INDEX($AD:$AD,MATCH(ROWS($AD$32:AD81),$AF:$AF,0)),\"\")","v":""},null,null,false,{"$f":"IF(AJ81=TRUE,COUNTIF($AJ$32:AJ81,TRUE()),\"\")","v":""},{"$f":"IFERROR(INDEX($AD:$AD,MATCH(ROWS($AD$32:AD81),$AK:$AK,0)),\"\")","v":""},null,false,{"$f":"IF(AN81=TRUE,COUNTIF($AN$32:AN81,TRUE()),\"\")","v":""},{"$f":"IFERROR(INDEX($AD:$AD,MATCH(ROWS($AD$32:$AD81),$AO:$AO,0)),\"\")","v":""}]
[null,null,null,null,null,null,null,null,null,null,null,null,null,null,null,null,null,null,null,null,null,null,null,null,null,null,null,null,null,{"$f":"'Baza klientów'!B51","v":"Klient 218"},false,{"$f":"IF(AE82=TRUE,COUNTIF($AE$32:AE82,TRUE()),\"\")","v":""},{"$f":"IFERROR(INDEX($AD:$AD,MATCH(ROWS($AD$32:AD82),$AF:$AF,0)),\"\")","v":""},null,null,false,{"$f":"IF(AJ82=TRUE,COUNTIF($AJ$32:AJ82,TRUE()),\"\")","v":""},{"$f":"IFERROR(INDEX($AD:$AD,MATCH(ROWS($AD$32:AD82),$AK:$AK,0)),\"\")","v":""},null,false,{"$f":"IF(AN82=TRUE,COUNTIF($AN$32:AN82,TRUE()),\"\")","v":""},{"$f":"IFERROR(INDEX($AD:$AD,MATCH(ROWS($AD$32:$AD82),$AO:$AO,0)),\"\")","v":""}]
[null,null,null,null,null,null,null,null,null,null,null,null,null,null,null,null,null,null,null,null,null,null,null,null,null,null,null,null,null,{"$f":"'Baza klientów'!B52","v":"Klient 492"},false,{"$f":"IF(AE83=TRUE,COUNTIF($AE$32:AE83,TRUE()),\"\")","v":""},{"$f":"IFERROR(INDEX($AD:$AD,MATCH(ROWS($AD$32:AD83),$AF:$AF,0)),\"\")","v":""},null,null,false,{"$f":"IF(AJ83=TRUE,COUNTIF($AJ$32:AJ83,TRUE()),\"\")","v":""},{"$f":"IFERROR(INDEX($AD:$AD,MATCH(ROWS($AD$32:AD83),$AK:$AK,0)),\"\")","v":""},null,false,{"$f":"IF(AN83=TRUE,COUNTIF($AN$32:AN83,TRUE()),\"\")","v":""},{"$f":"IFERROR(INDEX($AD:$AD,MATCH(ROWS($AD$32:$AD83),$AO:$AO,0)),\"\")","v":""}]
[null,null,null,null,null,null,null,null,null,null,null,null,null,null,null,null,null,null,null,null,null,null,null,null,null,null,null,null,null,{"$f":"'Baza klientów'!B53","v":"Klient 435"},false,{"$f":"IF(AE84=TRUE,COUNTIF($AE$32:AE84,TRUE()),\"\")","v":""},{"$f":"IFERROR(INDEX($AD:$AD,MATCH(ROWS($AD$32:AD84),$AF:$AF,0)),\"\")","v":""},null,null,false,{"$f":"IF(AJ84=TRUE,COUNTIF($AJ$32:AJ84,TRUE()),\"\")","v":""},{"$f":"IFERROR(INDEX($AD:$AD,MATCH(ROWS($AD$32:AD84),$AK:$AK,0)),\"\")","v":""},null,false,{"$f":"IF(AN84=TRUE,COUNTIF($AN$32:AN84,TRUE()),\"\")","v":""},{"$f":"IFERROR(INDEX($AD:$AD,MATCH(ROWS($AD$32:$AD84),$AO:$AO,0)),\"\")","v":""}]
[null,null,null,null,null,null,null,null,null,null,null,null,null,null,null,null,null,null,null,null,null,null,null,null,null,null,null,null,null,{"$f":"'Baza klientów'!B54","v":"Klient 53"},false,{"$f":"IF(AE85=TRUE,COUNTIF($AE$32:AE85,TRUE()),\"\")","v":""},{"$f":"IFERROR(INDEX($AD:$AD,MATCH(ROWS($AD$32:AD85),$AF:$AF,0)),\"\")","v":""},null,null,false,{"$f":"IF(AJ85=TRUE,COUNTIF($AJ$32:AJ85,TRUE()),\"\")","v":""},{"$f":"IFERROR(INDEX($AD:$AD,MATCH(ROWS($AD$32:AD85),$AK:$AK,0)),\"\")","v":""},null,false,{"$f":"IF(AN85=TRUE,COUNTIF($AN$32:AN85,TRUE()),\"\")","v":""},{"$f":"IFERROR(INDEX($AD:$AD,MATCH(ROWS($AD$32:$AD85),$AO:$AO,0)),\"\")","v":""}]
[null,null,null,null,null,null,null,null,null,null,null,null,null,null,null,null,null,null,null,null,null,null,null,null,null,null,null,null,null,{"$f":"'Baza klientów'!B55","v":"Klient 125"},false,{"$f":"IF(AE86=TRUE,COUNTIF($AE$32:AE86,TRUE()),\"\")","v":""},{"$f":"IFERROR(INDEX($AD:$AD,MATCH(ROWS($AD$32:AD86),$AF:$AF,0)),\"\")","v":""},null,null,false,{"$f":"IF(AJ86=TRUE,COUNTIF($AJ$32:AJ86,TRUE()),\"\")","v":""},{"$f":"IFERROR(INDEX($AD:$AD,MATCH(ROWS($AD$32:AD86),$AK:$AK,0)),\"\")","v":""},null,false,{"$f":"IF(AN86=TRUE,COUNTIF($AN$32:AN86,TRUE()),\"\")","v":""},{"$f":"IFERROR(INDEX($AD:$AD,MATCH(ROWS($AD$32:$AD86),$AO:$AO,0)),\"\")","v":""}]
[null,null,null,null,null,null,null,null,null,null,null,null,null,null,null,null,null,null,null,null,null,null,null,null,null,null,null,null,null,{"$f":"'Baza klientów'!B56","v":"Klient 97"},false,{"$f":"IF(AE87=TRUE,COUNTIF($AE$32:AE87,TRUE()),\"\")","v":""},{"$f":"IFERROR(INDEX($AD:$AD,MATCH(ROWS($AD$32:AD87),$AF:$AF,0)),\"\")","v":""},null,null,false,{"$f":"IF(AJ87=TRUE,COUNTIF($AJ$32:AJ87,TRUE()),\"\")","v":""},{"$f":"IFERROR(INDEX($AD:$AD,MATCH(ROWS($AD$32:AD87),$AK:$AK,0)),\"\")","v":""},null,false,{"$f":"IF(AN87=TRUE,COUNTIF($AN$32:AN87,TRUE()),\"\")","v":""},{"$f":"IFERROR(INDEX($AD:$AD,MATCH(ROWS($AD$32:$AD87),$AO:$AO,0)),\"\")","v":""}]
[null,null,null,null,null,null,null,null,null,null,null,null,null,null,null,null,null,null,null,null,null,null,null,null,null,null,null,null,null,{"$f":"'Baza klientów'!B57","v":"Klient 515"},false,{"$f":"IF(AE88=TRUE,COUNTIF($AE$32:AE88,TRUE()),\"\")","v":""},{"$f":"IFERROR(INDEX($AD:$AD,MATCH(ROWS($AD$32:AD88),$AF:$AF,0)),\"\")","v":""},null,null,false,{"$f":"IF(AJ88=TRUE,COUNTIF($AJ$32:AJ88,TRUE()),\"\")","v":""},{"$f":"IFERROR(INDEX($AD:$AD,MATCH(ROWS($AD$32:AD88),$AK:$AK,0)),\"\")","v":""},null,false,{"$f":"IF(AN88=TRUE,COUNTIF($AN$32:AN88,TRUE()),\"\")","v":""},{"$f":"IFERROR(INDEX($AD:$AD,MATCH(ROWS($AD$32:$AD88),$AO:$AO,0)),\"\")","v":""}]
[null,null,null,null,null,null,null,null,null,null,null,null,null,null,null,null,null,null,null,null,null,null,null,null,null,null,null,null,null,{"$f":"'Baza klientów'!B58","v":"Klient 101"},false,{"$f":"IF(AE89=TRUE,COUNTIF($AE$32:AE89,TRUE()),\"\")","v":""},{"$f":"IFERROR(INDEX($AD:$AD,MATCH(ROWS($AD$32:AD89),$AF:$AF,0)),\"\")","v":""},null,null,false,{"$f":"IF(AJ89=TRUE,COUNTIF($AJ$32:AJ89,TRUE()),\"\")","v":""},{"$f":"IFERROR(INDEX($AD:$AD,MATCH(ROWS($AD$32:AD89),$AK:$AK,0)),\"\")","v":""},null,false,{"$f":"IF(AN89=TRUE,COUNTIF($AN$32:AN89,TRUE()),\"\")","v":""},{"$f":"IFERROR(INDEX($AD:$AD,MATCH(ROWS($AD$32:$AD89),$AO:$AO,0)),\"\")","v":""}]
[null,null,null,null,null,null,null,null,null,null,null,null,null,null,null,null,null,null,null,null,null,null,null,null,null,null,null,null,null,{"$f":"'Baza klientów'!B59","v":"Klient 434"},false,{"$f":"IF(AE90=TRUE,COUNTIF($AE$32:AE90,TRUE()),\"\")","v":""},{"$f":"IFERROR(INDEX($AD:$AD,MATCH(ROWS($AD$32:AD90),$AF:$AF,0)),\"\")","v":""},null,null,false,{"$f":"IF(AJ90=TRUE,COUNTIF($AJ$32:AJ90,TRUE()),\"\")","v":""},{"$f":"IFERROR(INDEX($AD:$AD,MATCH(ROWS($AD$32:AD90),$AK:$AK,0)),\"\")","v":""},null,false,{"$f":"IF(AN90=TRUE,COUNTIF($AN$32:AN90,TRUE()),\"\")","v":""},{"$f":"IFERROR(INDEX($AD:$AD,MATCH(ROWS($AD$32:$AD90),$AO:$AO,0)),\"\")","v":""}]
[null,null,null,null,null,null,null,null,null,null,null,null,null,null,null,null,null,null,null,null,null,null,null,null,null,null,null,null,null,{"$f":"'Baza klientów'!B60","v":"Klient 20"},false,{"$f":"IF(AE91=TRUE,COUNTIF($AE$32:AE91,TRUE()),\"\")","v":""},{"$f":"IFERROR(INDEX($AD:$AD,MATCH(ROWS($AD$32:AD91),$AF:$AF,0)),\"\")","v":""},null,null,false,{"$f":"IF(AJ91=TRUE,COUNTIF($AJ$32:AJ91,TRUE()),\"\")","v":""},{"$f":"IFERROR(INDEX($AD:$AD,MATCH(ROWS($AD$32:AD91),$AK:$AK,0)),\"\")","v":""},null,false,{"$f":"IF(AN91=TRUE,COUNTIF($AN$32:AN91,TRUE()),\"\")","v":""},{"$f":"IFERROR(INDEX($AD:$AD,MATCH(ROWS($AD$32:$AD91),$AO:$AO,0)),\"\")","v":""}]
[null,null,null,null,null,null,null,null,null,null,null,null,null,null,null,null,null,null,null,null,null,null,null,null,null,null,null,null,null,{"$f":"'Baza klientów'!B61","v":"Klient 11"},false,{"$f":"IF(AE92=TRUE,COUNTIF($AE$32:AE92,TRUE()),\"\")","v":""},{"$f":"IFERROR(INDEX($AD:$AD,MATCH(ROWS($AD$32:AD92),$AF:$AF,0)),\"\")","v":""},null,null,false,{"$f":"IF(AJ92=TRUE,COUNTIF($AJ$32:AJ92,TRUE()),\"\")","v":""},{"$f":"IFERROR(INDEX($AD:$AD,MATCH(ROWS($AD$32:AD92),$AK:$AK,0)),\"\")","v":""},null,false,{"$f":"IF(AN92=TRUE,COUNTIF($AN$32:AN92,TRUE()),\"\")","v":""},{"$f":"IFERROR(INDEX($AD:$AD,MATCH(ROWS($AD$32:$AD92),$AO:$AO,0)),\"\")","v":""}]
[null,null,null,null,null,null,null,null,null,null,null,null,null,null,null,null,null,null,null,null,null,null,null,null,null,null,null,null,null,{"$f":"'Baza klientów'!B62","v":"Klient 133"},false,{"$f":"IF(AE93=TRUE,COUNTIF($AE$32:AE93,TRUE()),\"\")","v":""},{"$f":"IFERROR(INDEX($AD:$AD,MATCH(ROWS($AD$32:AD93),$AF:$AF,0)),\"\")","v":""},null,null,false,{"$f":"IF(AJ93=TRUE,COUNTIF($AJ$32:AJ93,TRUE()),\"\")","v":""},{"$f":"IFERROR(INDEX($AD:$AD,MATCH(ROWS($AD$32:AD93),$AK:$AK,0)),\"\")","v":""},null,false,{"$f":"IF(AN93=TRUE,COUNTIF($AN$32:AN93,TRUE()),\"\")","v":""},{"$f":"IFERROR(INDEX($AD:$AD,MATCH(ROWS($AD$32:$AD93),$AO:$AO,0)),\"\")","v":""}]
[null,null,null,null,null,null,null,null,null,null,null,null,null,null,null,null,null,null,null,null,null,null,null,null,null,null,null,null,null,{"$f":"'Baza klientów'!B63","v":"Klient 487"},false,{"$f":"IF(AE94=TRUE,COUNTIF($AE$32:AE94,TRUE()),\"\")","v":""},{"$f":"IFERROR(INDEX($AD:$AD,MATCH(ROWS($AD$32:AD94),$AF:$AF,0)),\"\")","v":""},null,null,false,{"$f":"IF(AJ94=TRUE,COUNTIF($AJ$32:AJ94,TRUE()),\"\")","v":""},{"$f":"IFERROR(INDEX($AD:$AD,MATCH(ROWS($AD$32:AD94),$AK:$AK,0)),\"\")","v":""},null,false,{"$f":"IF(AN94=TRUE,COUNTIF($AN$32:AN94,TRUE()),\"\")","v":""},{"$f":"IFERROR(INDEX($AD:$AD,MATCH(ROWS($AD$32:$AD94),$AO:$AO,0)),\"\")","v":""}]
[null,null,null,null,null,null,null,null,null,null,null,null,null,null,null,null,null,null,null,null,null,null,null,null,null,null,null,null,null,{"$f":"'Baza klientów'!B64","v":"Klient 166"},false,{"$f":"IF(AE95=TRUE,COUNTIF($AE$32:AE95,TRUE()),\"\")","v":""},{"$f":"IFERROR(INDEX($AD:$AD,MATCH(ROWS($AD$32:AD95),$AF:$AF,0)),\"\")","v":""},null,null,false,{"$f":"IF(AJ95=TRUE,COUNTIF($AJ$32:AJ95,TRUE()),\"\")","v":""},{"$f":"IFERROR(INDEX($AD:$AD,MATCH(ROWS($AD$32:AD95),$AK:$AK,0)),\"\")","v":""},null,false,{"$f":"IF(AN95=TRUE,COUNTIF($AN$32:AN95,TRUE()),\"\")","v":""},{"$f":"IFERROR(INDEX($AD:$AD,MATCH(ROWS($AD$32:$AD95),$AO:$AO,0)),\"\")","v":""}]
[null,null,null,null,null,null,null,null,null,null,null,null,null,null,null,null,null,null,null,null,null,null,null,null,null,null,null,null,null,{"$f":"'Baza klientów'!B65","v":"Klient 129"},false,{"$f":"IF(AE96=TRUE,COUNTIF($AE$32:AE96,TRUE()),\"\")","v":""},{"$f":"IFERROR(INDEX($AD:$AD,MATCH(ROWS($AD$32:AD96),$AF:$AF,0)),\"\")","v":""},null,null,false,{"$f":"IF(AJ96=TRUE,COUNTIF($AJ$32:AJ96,TRUE()),\"\")","v":""},{"$f":"IFERROR(INDEX($AD:$AD,MATCH(ROWS($AD$32:AD96),$AK:$AK,0)),\"\")","v":""},null,false,{"$f":"IF(AN96=TRUE,COUNTIF($AN$32:AN96,TRUE()),\"\")","v":""},{"$f":"IFERROR(INDEX($AD:$AD,MATCH(ROWS($AD$32:$AD96),$AO:$AO,0)),\"\")","v":""}]
[null,null,null,null,null,null,null,null,null,null,null,null,null,null,null,null,null,null,null,null,null,null,null,null,null,null,null,null,null,{"$f":"'Baza klientów'!B66","v":"Klient 454"},{"$f":"ISNUMBER(SEARCH($AH$32,AD97))","v":false},{"$f":"IF(AE97=TRUE,COUNTIF($AE$32:AE97,TRUE()),\"\")","v":""},{"$f":"IFERROR(INDEX($AD:$AD,MATCH(ROWS($AD$32:AD97),$AF:$AF,0)),\"\")","v":""},null,null,{"$f":"ISNUMBER(SEARCH($AM$31,AD97))","v":false},{"$f":"IF(AJ97=TRUE,COUNTIF($AJ$32:AJ97,TRUE()),\"\")","v":""},{"$f":"IFERROR(INDEX($AD:$AD,MATCH(ROWS($AD$32:AD97),$AK:$AK,0)),\"\")","v":""},null,{"$f":"ISNUMBER(SEARCH($AQ$31,$AD97))","v":false},{"$f":"IF(AN97=TRUE,COUNTIF($AN$32:AN97,TRUE()),\"\")","v":""},{"$f":"IFERROR(INDEX($AD:$AD,MATCH(ROWS($AD$32:$AD97),$AO:$AO,0)),\"\")","v":""}]
[null,null,null,null,null,null,null,null,null,null,null,null,null,null,null,null,null,null,null,null,null,null,null,null,null,null,null,null,null,{"$f":"'Baza klientów'!B67","v":"Klient 237"},false,{"$f":"IF(AE98=TRUE,COUNTIF($AE$32:AE98,TRUE()),\"\")","v":""},{"$f":"IFERROR(INDEX($AD:$AD,MATCH(ROWS($AD$32:AD98),$AF:$AF,0)),\"\")","v":""},null,null,false,{"$f":"IF(AJ98=TRUE,COUNTIF($AJ$32:AJ98,TRUE()),\"\")","v":""},{"$f":"IFERROR(INDEX($AD:$AD,MATCH(ROWS($AD$32:AD98),$AK:$AK,0)),\"\")","v":""},null,false,{"$f":"IF(AN98=TRUE,COUNTIF($AN$32:AN98,TRUE()),\"\")","v":""},{"$f":"IFERROR(INDEX($AD:$AD,MATCH(ROWS($AD$32:$AD98),$AO:$AO,0)),\"\")","v":""}]
[null,null,null,null,null,null,null,null,null,null,null,null,null,null,null,null,null,null,null,null,null,null,null,null,null,null,null,null,null,{"$f":"'Baza klientów'!B68","v":"Klient 343"},false,{"$f":"IF(AE99=TRUE,COUNTIF($AE$32:AE99,TRUE()),\"\")","v":""},{"$f":"IFERROR(INDEX($AD:$AD,MATCH(ROWS($AD$32:AD99),$AF:$AF,0)),\"\")","v":""},null,null,false,{"$f":"IF(AJ99=TRUE,COUNTIF($AJ$32:AJ99,TRUE()),\"\")","v":""},{"$f":"IFERROR(INDEX($AD:$AD,MATCH(ROWS($AD$32:AD99),$AK:$AK,0)),\"\")","v":""},null,false,{"$f":"IF(AN99=TRUE,COUNTIF($AN$32:AN99,TRUE()),\"\")","v":""},{"$f":"IFERROR(INDEX($AD:$AD,MATCH(ROWS($AD$32:$AD99),$AO:$AO,0)),\"\")","v":""}]
[null,null,null,null,null,null,null,null,null,null,null,null,null,null,null,null,null,null,null,null,null,null,null,null,null,null,null,null,null,{"$f":"'Baza klientów'!B69","v":"Klient 222"},false,{"$f":"IF(AE100=TRUE,COUNTIF($AE$32:AE100,TRUE()),\"\")","v":""},{"$f":"IFERROR(INDEX($AD:$AD,MATCH(ROWS($AD$32:AD100),$AF:$AF,0)),\"\")","v":""},null,null,false,{"$f":"IF(AJ100=TRUE,COUNTIF($AJ$32:AJ100,TRUE()),\"\")","v":""},{"$f":"IFERROR(INDEX($AD:$AD,MATCH(ROWS($AD$32:AD100),$AK:$AK,0)),\"\")","v":""},null,false,{"$f":"IF(AN100=TRUE,COUNTIF($AN$32:AN100,TRUE()),\"\")","v":""},{"$f":"IFERROR(INDEX($AD:$AD,MATCH(ROWS($AD$32:$AD100),$AO:$AO,0)),\"\")","v":""}]
[null,null,null,null,null,null,null,null,null,null,null,null,null,null,null,null,null,null,null,null,null,null,null,null,null,null,null,null,null,{"$f":"'Baza klientów'!B70","v":"Klient 345"},false,{"$f":"IF(AE101=TRUE,COUNTIF($AE$32:AE101,TRUE()),\"\")","v":""},{"$f":"IFERROR(INDEX($AD:$AD,MATCH(ROWS($AD$32:AD101),$AF:$AF,0)),\"\")","v":""},null,null,false,{"$f":"IF(AJ101=TRUE,COUNTIF($AJ$32:AJ101,TRUE()),\"\")","v":""},{"$f":"IFERROR(INDEX($AD:$AD,MATCH(ROWS($AD$32:AD101),$AK:$AK,0)),\"\")","v":""},null,false,{"$f":"IF(AN101=TRUE,COUNTIF($AN$32:AN101,TRUE()),\"\")","v":""},{"$f":"IFERROR(INDEX($AD:$AD,MATCH(ROWS($AD$32:$AD101),$AO:$AO,0)),\"\")","v":""}]
[null,null,null,null,null,null,null,null,null,null,null,null,null,null,null,null,null,null,null,null,null,null,null,null,null,null,null,null,null,{"$f":"'Baza klientów'!B71","v":"Klient 337"},false,{"$f":"IF(AE102=TRUE,COUNTIF($AE$32:AE102,TRUE()),\"\")","v":""},{"$f":"IFERROR(INDEX($AD:$AD,MATCH(ROWS($AD$32:AD102),$AF:$AF,0)),\"\")","v":""},null,null,false,{"$f":"IF(AJ102=TRUE,COUNTIF($AJ$32:AJ102,TRUE()),\"\")","v":""},{"$f":"IFERROR(INDEX($AD:$AD,MATCH(ROWS($AD$32:AD102),$AK:$AK,0)),\"\")","v":""},null,false,{"$f":"IF(AN102=TRUE,COUNTIF($AN$32:AN102,TRUE()),\"\")","v":""},{"$f":"IFERROR(INDEX($AD:$AD,MATCH(ROWS($AD$32:$AD102),$AO:$AO,0)),\"\")","v":""}]
[null,null,null,null,null,null,null,null,null,null,null,null,null,null,null,null,null,null,null,null,null,null,null,null,null,null,null,null,null,{"$f":"'Baza klientów'!B72","v":"Klient 415"},false,{"$f":"IF(AE103=TRUE,COUNTIF($AE$32:AE103,TRUE()),\"\")","v":""},{"$f":"IFERROR(INDEX($AD:$AD,MATCH(ROWS($AD$32:AD103),$AF:$AF,0)),\"\")","v":""},null,null,false,{"$f":"IF(AJ103=TRUE,COUNTIF($AJ$32:AJ103,TRUE()),\"\")","v":""},{"$f":"IFERROR(INDEX($AD:$AD,MATCH(ROWS($AD$32:AD103),$AK:$AK,0)),\"\")","v":""},null,false,{"$f":"IF(AN103=TRUE,COUNTIF($AN$32:AN103,TRUE()),\"\")","v":""},{"$f":"IFERROR(INDEX($AD:$AD,MATCH(ROWS($AD$32:$AD103),$AO:$AO,0)),\"\")","v":""}]
[null,null,null,null,null,null,null,null,null,null,null,null,null,null,null,null,null,null,null,null,null,null,null,null,null,null,null,null,null,{"$f":"'Baza klientów'!B73","v":"Klient 356"},false,{"$f":"IF(AE104=TRUE,COUNTIF($AE$32:AE104,TRUE()),\"\")","v":""},{"$f":"IFERROR(INDEX($AD:$AD,MATCH(ROWS($AD$32:AD104),$AF:$AF,0)),\"\")","v":""},null,null,false,{"$f":"IF(AJ104=TRUE,COUNTIF($AJ$32:AJ104,TRUE()),\"\")","v":""},{"$f":"IFERROR(INDEX($AD:$AD,MATCH(ROWS($AD$32:AD104),$AK:$AK,0)),\"\")","v":""},null,false,{"$f":"IF(AN104=TRUE,COUNTIF($AN$32:AN104,TRUE()),\"\")","v":""},{"$f":"IFERROR(INDEX($AD:$AD,MATCH(ROWS($AD$32:$AD104),$AO:$AO,0)),\"\")","v":""}]
[null,null,null,null,null,null,null,null,null,null,null,null,null,null,null,null,null,null,null,null,null,null,null,null,null,null,null,null,null,{"$f":"'Baza klientów'!B74","v":"Klient 60"},false,{"$f":"IF(AE105=TRUE,COUNTIF($AE$32:AE105,TRUE()),\"\")","v":""},{"$f":"IFERROR(INDEX($AD:$AD,MATCH(ROWS($AD$32:AD105),$AF:$AF,0)),\"\")","v":""},null,null,false,{"$f":"IF(AJ105=TRUE,COUNTIF($AJ$32:AJ105,TRUE()),\"\")","v":""},{"$f":"IFERROR(INDEX($AD:$AD,MATCH(ROWS($AD$32:AD105),$AK:$AK,0)),\"\")","v":""},null,false,{"$f":"IF(AN105=TRUE,COUNTIF($AN$32:AN105,TRUE()),\"\")","v":""},{"$f":"IFERROR(INDEX($AD:$AD,MATCH(ROWS($AD$32:$AD105),$AO:$AO,0)),\"\")","v":""}]
[null,null,null,null,null,null,null,null,null,null,null,null,null,null,null,null,null,null,null,null,null,null,null,null,null,null,null,null,null,{"$f":"'Baza klientów'!B75","v":"Klient 324"},false,{"$f":"IF(AE106=TRUE,COUNTIF($AE$32:AE106,TRUE()),\"\")","v":""},{"$f":"IFERROR(INDEX($AD:$AD,MATCH(ROWS($AD$32:AD106),$AF:$AF,0)),\"\")","v":""},null,null,false,{"$f":"IF(AJ106=TRUE,COUNTIF($AJ$32:AJ106,TRUE()),\"\")","v":""},{"$f":"IFERROR(INDEX($AD:$AD,MATCH(ROWS($AD$32:AD106),$AK:$AK,0)),\"\")","v":""},null,false,{"$f":"IF(AN106=TRUE,COUNTIF($AN$32:AN106,TRUE()),\"\")","v":""},{"$f":"IFERROR(INDEX($AD:$AD,MATCH(ROWS($AD$32:$AD106),$AO:$AO,0)),\"\")","v":""}]
[null,null,null,null,null,null,null,null,null,null,null,null,null,null,null,null,null,null,null,null,null,null,null,null,null,null,null,null,null,{"$f":"'Baza klientów'!B76","v":"Klient 401"},false,{"$f":"IF(AE107=TRUE,COUNTIF($AE$32:AE107,TRUE()),\"\")","v":""},{"$f":"IFERROR(INDEX($AD:$AD,MATCH(ROWS($AD$32:AD107),$AF:$AF,0)),\"\")","v":""},null,null,false,{"$f":"IF(AJ107=TRUE,COUNTIF($AJ$32:AJ107,TRUE()),\"\")","v":""},{"$f":"IFERROR(INDEX($AD:$AD,MATCH(ROWS($AD$32:AD107),$AK:$AK,0)),\"\")","v":""},null,false,{"$f":"IF(AN107=TRUE,COUNTIF($AN$32:AN107,TRUE()),\"\")","v":""},{"$f":"IFERROR(INDEX($AD:$AD,MATCH(ROWS($AD$32:$AD107),$AO:$AO,0)),\"\")","v":""}]
[null,null,null,null,null,null,null,null,null,null,null,null,null,null,null,null,null,null,null,null,null,null,null,null,null,null,null,null,null,{"$f":"'Baza klientów'!B77","v":"Klient 6"},false,{"$f":"IF(AE108=TRUE,COUNTIF($AE$32:AE108,TRUE()),\"\")","v":""},{"$f":"IFERROR(INDEX($AD:$AD,MATCH(ROWS($AD$32:AD108),$AF:$AF,0)),\"\")","v":""},null,null,false,{"$f":"IF(AJ108=TRUE,COUNTIF($AJ$32:AJ108,TRUE()),\"\")","v":""},{"$f":"IFERROR(INDEX($AD:$AD,MATCH(ROWS($AD$32:AD108),$AK:$AK,0)),\"\")","v":""},null,false,{"$f":"IF(AN108=TRUE,COUNTIF($AN$32:AN108,TRUE()),\"\")","v":""},{"$f":"IFERROR(INDEX($AD:$AD,MATCH(ROWS($AD$32:$AD108),$AO:$AO,0)),\"\")","v":""}]
[null,null,null,null,null,null,null,null,null,null,null,null,null,null,null,null,null,null,null,null,null,null,null,null,null,null,null,null,null,{"$f":"'Baza klientów'!B78","v":"Klient 223"},false,{"$f":"IF(AE109=TRUE,COUNTIF($AE$32:AE109,TRUE()),\"\")","v":""},{"$f":"IFERROR(INDEX($AD:$AD,MATCH(ROWS($AD$32:AD109),$AF:$AF,0)),\"\")","v":""},null,null,false,{"$f":"IF(AJ109=TRUE,COUNTIF($AJ$32:AJ109,TRUE()),\"\")","v":""},{"$f":"IFERROR(INDEX($AD:$AD,MATCH(ROWS($AD$32:AD109),$AK:$AK,0)),\"\")","v":""},null,false,{"$f":"IF(AN109=TRUE,COUNTIF($AN$32:AN109,TRUE()),\"\")","v":""},{"$f":"IFERROR(INDEX($AD:$AD,MATCH(ROWS($AD$32:$AD109),$AO:$AO,0)),\"\")","v":""}]
[null,null,null,null,null,null,null,null,null,null,null,null,null,null,null,null,null,null,null,null,null,null,null,null,null,null,null,null,null,{"$f":"'Baza klientów'!B79","v":"Klient 102"},false,{"$f":"IF(AE110=TRUE,COUNTIF($AE$32:AE110,TRUE()),\"\")","v":""},{"$f":"IFERROR(INDEX($AD:$AD,MATCH(ROWS($AD$32:AD110),$AF:$AF,0)),\"\")","v":""},null,null,false,{"$f":"IF(AJ110=TRUE,COUNTIF($AJ$32:AJ110,TRUE()),\"\")","v":""},{"$f":"IFERROR(INDEX($AD:$AD,MATCH(ROWS($AD$32:AD110),$AK:$AK,0)),\"\")","v":""},null,false,{"$f":"IF(AN110=TRUE,COUNTIF($AN$32:AN110,TRUE()),\"\")","v":""},{"$f":"IFERROR(INDEX($AD:$AD,MATCH(ROWS($AD$32:$AD110),$AO:$AO,0)),\"\")","v":""}]
[null,null,null,null,null,null,null,null,null,null,null,null,null,null,null,null,null,null,null,null,null,null,null,null,null,null,null,null,null,{"$f":"'Baza klientów'!B80","v":"Klient 336"},false,{"$f":"IF(AE111=TRUE,COUNTIF($AE$32:AE111,TRUE()),\"\")","v":""},{"$f":"IFERROR(INDEX($AD:$AD,MATCH(ROWS($AD$32:AD111),$AF:$AF,0)),\"\")","v":""},null,null,false,{"$f":"IF(AJ111=TRUE,COUNTIF($AJ$32:AJ111,TRUE()),\"\")","v":""},{"$f":"IFERROR(INDEX($AD:$AD,MATCH(ROWS($AD$32:AD111),$AK:$AK,0)),\"\")","v":""},null,false,{"$f":"IF(AN111=TRUE,COUNTIF($AN$32:AN111,TRUE()),\"\")","v":""},{"$f":"IFERROR(INDEX($AD:$AD,MATCH(ROWS($AD$32:$AD111),$AO:$AO,0)),\"\")","v":""}]
[null,null,null,null,null,null,null,null,null,null,null,null,null,null,null,null,null,null,null,null,null,null,null,null,null,null,null,null,null,{"$f":"'Baza klientów'!B81","v":"Klient 34"},false,{"$f":"IF(AE112=TRUE,COUNTIF($AE$32:AE112,TRUE()),\"\")","v":""},{"$f":"IFERROR(INDEX($AD:$AD,MATCH(ROWS($AD$32:AD112),$AF:$AF,0)),\"\")","v":""},null,null,false,{"$f":"IF(AJ112=TRUE,COUNTIF($AJ$32:AJ112,TRUE()),\"\")","v":""},{"$f":"IFERROR(INDEX($AD:$AD,MATCH(ROWS($AD$32:AD112),$AK:$AK,0)),\"\")","v":""},null,false,{"$f":"IF(AN112=TRUE,COUNTIF($AN$32:AN112,TRUE()),\"\")","v":""},{"$f":"IFERROR(INDEX($AD:$AD,MATCH(ROWS($AD$32:$AD112),$AO:$AO,0)),\"\")","v":""}]
[null,null,null,null,null,null,null,null,null,null,null,null,null,null,null,null,null,null,null,null,null,null,null,null,null,null,null,null,null,{"$f":"'Baza klientów'!B82","v":"Klient 513"},false,{"$f":"IF(AE113=TRUE,COUNTIF($AE$32:AE113,TRUE()),\"\")","v":""},{"$f":"IFERROR(INDEX($AD:$AD,MATCH(ROWS($AD$32:AD113),$AF:$AF,0)),\"\")","v":""},null,null,false,{"$f":"IF(AJ113=TRUE,COUNTIF($AJ$32:AJ113,TRUE()),\"\")","v":""},{"$f":"IFERROR(INDEX($AD:$AD,MATCH(ROWS($AD$32:AD113),$AK:$AK,0)),\"\")","v":""},null,false,{"$f":"IF(AN113=TRUE,COUNTIF($AN$32:AN113,TRUE()),\"\")","v":""},{"$f":"IFERROR(INDEX($AD:$AD,MATCH(ROWS($AD$32:$AD113),$AO:$AO,0)),\"\")","v":""}]
[null,null,null,null,null,null,null,null,null,null,null,null,null,null,null,null,null,null,null,null,null,null,null,null,null,null,null,null,null,{"$f":"'Baza klientów'!B83","v":"Klient 505"},false,{"$f":"IF(AE114=TRUE,COUNTIF($AE$32:AE114,TRUE()),\"\")","v":""},{"$f":"IFERROR(INDEX($AD:$AD,MATCH(ROWS($AD$32:AD114),$AF:$AF,0)),\"\")","v":""},null,null,false,{"$f":"IF(AJ114=TRUE,COUNTIF($AJ$32:AJ114,TRUE()),\"\")","v":""},{"$f":"IFERROR(INDEX($AD:$AD,MATCH(ROWS($AD$32:AD114),$AK:$AK,0)),\"\")","v":""},null,false,{"$f":"IF(AN114=TRUE,COUNTIF($AN$32:AN114,TRUE()),\"\")","v":""},{"$f":"IFERROR(INDEX($AD:$AD,MATCH(ROWS($AD$32:$AD114),$AO:$AO,0)),\"\")","v":""}]
[null,null,null,null,null,null,null,null,null,null,null,null,null,null,null,null,null,null,null,null,null,null,null,null,null,null,null,null,null,{"$f":"'Baza klientów'!B84","v":"Klient 491"},false,{"$f":"IF(AE115=TRUE,COUNTIF($AE$32:AE115,TRUE()),\"\")","v":""},{"$f":"IFERROR(INDEX($AD:$AD,MATCH(ROWS($AD$32:AD115),$AF:$AF,0)),\"\")","v":""},null,null,false,{"$f":"IF(AJ115=TRUE,COUNTIF($AJ$32:AJ115,TRUE()),\"\")","v":""},{"$f":"IFERROR(INDEX($AD:$AD,MATCH(ROWS($AD$32:AD115),$AK:$AK,0)),\"\")","v":""},null,false,{"$f":"IF(AN115=TRUE,COUNTIF($AN$32:AN115,TRUE()),\"\")","v":""},{"$f":"IFERROR(INDEX($AD:$AD,MATCH(ROWS($AD$32:$AD115),$AO:$AO,0)),\"\")","v":""}]
[null,null,null,null,null,null,null,null,null,null,null,null,null,null,null,null,null,null,null,null,null,null,null,null,null,null,null,null,null,{"$f":"'Baza klientów'!B85","v":"Klient 390"},false,{"$f":"IF(AE116=TRUE,COUNTIF($AE$32:AE116,TRUE()),\"\")","v":""},{"$f":"IFERROR(INDEX($AD:$AD,MATCH(ROWS($AD$32:AD116),$AF:$AF,0)),\"\")","v":""},null,null,false,{"$f":"IF(AJ116=TRUE,COUNTIF($AJ$32:AJ116,TRUE()),\"\")","v":""},{"$f":"IFERROR(INDEX($AD:$AD,MATCH(ROWS($AD$32:AD116),$AK:$AK,0)),\"\")","v":""},null,false,{"$f":"IF(AN116=TRUE,COUNTIF($AN$32:AN116,TRUE()),\"\")","v":""},{"$f":"IFERROR(INDEX($AD:$AD,MATCH(ROWS($AD$32:$AD116),$AO:$AO,0)),\"\")","v":""}]
[null,null,null,null,null,null,null,null,null,null,null,null,null,null,null,null,null,null,null,null,null,null,null,null,null,null,null,null,null,{"$f":"'Baza klientów'!B86","v":"Klient 150"},false,{"$f":"IF(AE117=TRUE,COUNTIF($AE$32:AE117,TRUE()),\"\")","v":""},{"$f":"IFERROR(INDEX($AD:$AD,MATCH(ROWS($AD$32:AD117),$AF:$AF,0)),\"\")","v":""},null,null,false,{"$f":"IF(AJ117=TRUE,COUNTIF($AJ$32:AJ117,TRUE()),\"\")","v":""},{"$f":"IFERROR(INDEX($AD:$AD,MATCH(ROWS($AD$32:AD117),$AK:$AK,0)),\"\")","v":""},null,false,{"$f":"IF(AN117=TRUE,COUNTIF($AN$32:AN117,TRUE()),\"\")","v":""},{"$f":"IFERROR(INDEX($AD:$AD,MATCH(ROWS($AD$32:$AD117),$AO:$AO,0)),\"\")","v":""}]
[null,null,null,null,null,null,null,null,null,null,null,null,null,null,null,null,null,null,null,null,null,null,null,null,null,null,null,null,null,{"$f":"'Baza klientów'!B87","v":"Klient 159"},false,{"$f":"IF(AE118=TRUE,COUNTIF($AE$32:AE118,TRUE()),\"\")","v":""},{"$f":"IFERROR(INDEX($AD:$AD,MATCH(ROWS($AD$32:AD118),$AF:$AF,0)),\"\")","v":""},null,null,false,{"$f":"IF(AJ118=TRUE,COUNTIF($AJ$32:AJ118,TRUE()),\"\")","v":""},{"$f":"IFERROR(INDEX($AD:$AD,MATCH(ROWS($AD$32:AD118),$AK:$AK,0)),\"\")","v":""},null,false,{"$f":"IF(AN118=TRUE,COUNTIF($AN$32:AN118,TRUE()),\"\")","v":""},{"$f":"IFERROR(INDEX($AD:$AD,MATCH(ROWS($AD$32:$AD118),$AO:$AO,0)),\"\")","v":""}]
[null,null,null,null,null,null,null,null,null,null,null,null,null,null,null,null,null,null,null,null,null,null,null,null,null,null,null,null,null,{"$f":"'Baza klientów'!B88","v":"Klient 514"},false,{"$f":"IF(AE119=TRUE,COUNTIF($AE$32:AE119,TRUE()),\"\")","v":""},{"$f":"IFERROR(INDEX($AD:$AD,MATCH(ROWS($AD$32:AD119),$AF:$AF,0)),\"\")","v":""},null,null,false,{"$f":"IF(AJ119=TRUE,COUNTIF($AJ$32:AJ119,TRUE()),\"\")","v":""},{"$f":"IFERROR(INDEX($AD:$AD,MATCH(ROWS($AD$32:AD119),$AK:$AK,0)),\"\")","v":""},null,false,{"$f":"IF(AN119=TRUE,COUNTIF($AN$32:AN119,TRUE()),\"\")","v":""},{"$f":"IFERROR(INDEX($AD:$AD,MATCH(ROWS($AD$32:$AD119),$AO:$AO,0)),\"\")","v":""}]
[null,null,null,null,null,null,null,null,null,null,null,null,null,null,null,null,null,null,null,null,null,null,null,null,null,null,null,null,null,{"$f":"'Baza klientów'!B89","v":"Klient 25"},false,{"$f":"IF(AE120=TRUE,COUNTIF($AE$32:AE120,TRUE()),\"\")","v":""},{"$f":"IFERROR(INDEX($AD:$AD,MATCH(ROWS($AD$32:AD120),$AF:$AF,0)),\"\")","v":""},null,null,false,{"$f":"IF(AJ120=TRUE,COUNTIF($AJ$32:AJ120,TRUE()),\"\")","v":""},{"$f":"IFERROR(INDEX($AD:$AD,MATCH(ROWS($AD$32:AD120),$AK:$AK,0)),\"\")","v":""},null,false,{"$f":"IF(AN120=TRUE,COUNTIF($AN$32:AN120,TRUE()),\"\")","v":""},{"$f":"IFERROR(INDEX($AD:$AD,MATCH(ROWS($AD$32:$AD120),$AO:$AO,0)),\"\")","v":""}]
[null,null,null,null,null,null,null,null,null,null,null,null,null,null,null,null,null,null,null,null,null,null,null,null,null,null,null,null,null,{"$f":"'Baza klientów'!B90","v":"Klient 549"},false,{"$f":"IF(AE121=TRUE,COUNTIF($AE$32:AE121,TRUE()),\"\")","v":""},{"$f":"IFERROR(INDEX($AD:$AD,MATCH(ROWS($AD$32:AD121),$AF:$AF,0)),\"\")","v":""},null,null,false,{"$f":"IF(AJ121=TRUE,COUNTIF($AJ$32:AJ121,TRUE()),\"\")","v":""},{"$f":"IFERROR(INDEX($AD:$AD,MATCH(ROWS($AD$32:AD121),$AK:$AK,0)),\"\")","v":""},null,false,{"$f":"IF(AN121=TRUE,COUNTIF($AN$32:AN121,TRUE()),\"\")","v":""},{"$f":"IFERROR(INDEX($AD:$AD,MATCH(ROWS($AD$32:$AD121),$AO:$AO,0)),\"\")","v":""}]
[null,null,null,null,null,null,null,null,null,null,null,null,null,null,null,null,null,null,null,null,null,null,null,null,null,null,null,null,null,{"$f":"'Baza klientów'!B91","v":"Klient 87"},false,{"$f":"IF(AE122=TRUE,COUNTIF($AE$32:AE122,TRUE()),\"\")","v":""},{"$f":"IFERROR(INDEX($AD:$AD,MATCH(ROWS($AD$32:AD122),$AF:$AF,0)),\"\")","v":""},null,null,false,{"$f":"IF(AJ122=TRUE,COUNTIF($AJ$32:AJ122,TRUE()),\"\")","v":""},{"$f":"IFERROR(INDEX($AD:$AD,MATCH(ROWS($AD$32:AD122),$AK:$AK,0)),\"\")","v":""},null,false,{"$f":"IF(AN122=TRUE,COUNTIF($AN$32:AN122,TRUE()),\"\")","v":""},{"$f":"IFERROR(INDEX($AD:$AD,MATCH(ROWS($AD$32:$AD122),$AO:$AO,0)),\"\")","v":""}]
[null,null,null,null,null,null,null,null,null,null,null,null,null,null,null,null,null,null,null,null,null,null,null,null,null,null,null,null,null,{"$f":"'Baza klientów'!B92","v":"Klient 115"},false,{"$f":"IF(AE123=TRUE,COUNTIF($AE$32:AE123,TRUE()),\"\")","v":""},{"$f":"IFERROR(INDEX($AD:$AD,MATCH(ROWS($AD$32:AD123),$AF:$AF,0)),\"\")","v":""},null,null,false,{"$f":"IF(AJ123=TRUE,COUNTIF($AJ$32:AJ123,TRUE()),\"\")","v":""},{"$f":"IFERROR(INDEX($AD:$AD,MATCH(ROWS($AD$32:AD123),$AK:$AK,0)),\"\")","v":""},null,false,{"$f":"IF(AN123=TRUE,COUNTIF($AN$32:AN123,TRUE()),\"\")","v":""},{"$f":"IFERROR(INDEX($AD:$AD,MATCH(ROWS($AD$32:$AD123),$AO:$AO,0)),\"\")","v":""}]
[null,null,null,null,null,null,null,null,null,null,null,null,null,null,null,null,null,null,null,null,null,null,null,null,null,null,null,null,null,{"$f":"'Baza klientów'!B93","v":"Klient 537"},false,{"$f":"IF(AE124=TRUE,COUNTIF($AE$32:AE124,TRUE()),\"\")","v":""},{"$f":"IFERROR(INDEX($AD:$AD,MATCH(ROWS($AD$32:AD124),$AF:$AF,0)),\"\")","v":""},null,null,false,{"$f":"IF(AJ124=TRUE,COUNTIF($AJ$32:AJ124,TRUE()),\"\")","v":""},{"$f":"IFERROR(INDEX($AD:$AD,MATCH(ROWS($AD$32:AD124),$AK:$AK,0)),\"\")","v":""},null,false,{"$f":"IF(AN124=TRUE,COUNTIF($AN$32:AN124,TRUE()),\"\")","v":""},{"$f":"IFERROR(INDEX($AD:$AD,MATCH(ROWS($AD$32:$AD124),$AO:$AO,0)),\"\")","v":""}]
[null,null,null,null,null,null,null,null,null,null,null,null,null,null,null,null,null,null,null,null,null,null,null,null,null,null,null,null,null,{"$f":"'Baza klientów'!B94","v":"Klient 46"},false,{"$f":"IF(AE125=TRUE,COUNTIF($AE$32:AE125,TRUE()),\"\")","v":""},{"$f":"IFERROR(INDEX($AD:$AD,MATCH(ROWS($AD$32:AD125),$AF:$AF,0)),\"\")","v":""},null,null,false,{"$f":"IF(AJ125=TRUE,COUNTIF($AJ$32:AJ125,TRUE()),\"\")","v":""},{"$f":"IFERROR(INDEX($AD:$AD,MATCH(ROWS($AD$32:AD125),$AK:$AK,0)),\"\")","v":""},null,false,{"$f":"IF(AN125=TRUE,COUNTIF($AN$32:AN125,TRUE()),\"\")","v":""},{"$f":"IFERROR(INDEX($AD:$AD,MATCH(ROWS($AD$32:$AD125),$AO:$AO,0)),\"\")","v":""}]
[null,null,null,null,null,null,null,null,null,null,null,null,null,null,null,null,null,null,null,null,null,null,null,null,null,null,null,null,null,{"$f":"'Baza klientów'!B95","v":"Klient 421"},false,{"$f":"IF(AE126=TRUE,COUNTIF($AE$32:AE126,TRUE()),\"\")","v":""},{"$f":"IFERROR(INDEX($AD:$AD,MATCH(ROWS($AD$32:AD126),$AF:$AF,0)),\"\")","v":""},null,null,false,{"$f":"IF(AJ126=TRUE,COUNTIF($AJ$32:AJ126,TRUE()),\"\")","v":""},{"$f":"IFERROR(INDEX($AD:$AD,MATCH(ROWS($AD$32:AD126),$AK:$AK,0)),\"\")","v":""},null,false,{"$f":"IF(AN126=TRUE,COUNTIF($AN$32:AN126,TRUE()),\"\")","v":""},{"$f":"IFERROR(INDEX($AD:$AD,MATCH(ROWS($AD$32:$AD126),$AO:$AO,0)),\"\")","v":""}]
[null,null,null,null,null,null,null,null,null,null,null,null,null,null,null,null,null,null,null,null,null,null,null,null,null,null,null,null,null,{"$f":"'Baza klientów'!B96","v":"Klient 314"},false,{"$f":"IF(AE127=TRUE,COUNTIF($AE$32:AE127,TRUE()),\"\")","v":""},{"$f":"IFERROR(INDEX($AD:$AD,MATCH(ROWS($AD$32:AD127),$AF:$AF,0)),\"\")","v":""},null,null,false,{"$f":"IF(AJ127=TRUE,COUNTIF($AJ$32:AJ127,TRUE()),\"\")","v":""},{"$f":"IFERROR(INDEX($AD:$AD,MATCH(ROWS($AD$32:AD127),$AK:$AK,0)),\"\")","v":""},null,false,{"$f":"IF(AN127=TRUE,COUNTIF($AN$32:AN127,TRUE()),\"\")","v":""},{"$f":"IFERROR(INDEX($AD:$AD,MATCH(ROWS($AD$32:$AD127),$AO:$AO,0)),\"\")","v":""}]
[null,null,null,null,null,null,null,null,null,null,null,null,null,null,null,null,null,null,null,null,null,null,null,null,null,null,null,null,null,{"$f":"'Baza klientów'!B97","v":"Klient 490"},false,{"$f":"IF(AE128=TRUE,COUNTIF($AE$32:AE128,TRUE()),\"\")","v":""},{"$f":"IFERROR(INDEX($AD:$AD,MATCH(ROWS($AD$32:AD128),$AF:$AF,0)),\"\")","v":""},null,null,false,{"$f":"IF(AJ128=TRUE,COUNTIF($AJ$32:AJ128,TRUE()),\"\")","v":""},{"$f":"IFERROR(INDEX($AD:$AD,MATCH(ROWS($AD$32:AD128),$AK:$AK,0)),\"\")","v":""},null,false,{"$f":"IF(AN128=TRUE,COUNTIF($AN$32:AN128,TRUE()),\"\")","v":""},{"$f":"IFERROR(INDEX($AD:$AD,MATCH(ROWS($AD$32:$AD128),$AO:$AO,0)),\"\")","v":""}]
[null,null,null,null,null,null,null,null,null,null,null,null,null,null,null,null,null,null,null,null,null,null,null,null,null,null,null,null,null,{"$f":"'Baza klientów'!B98","v":"Klient 36"},false,{"$f":"IF(AE129=TRUE,COUNTIF($AE$32:AE129,TRUE()),\"\")","v":""},{"$f":"IFERROR(INDEX($AD:$AD,MATCH(ROWS($AD$32:AD129),$AF:$AF,0)),\"\")","v":""},null,null,false,{"$f":"IF(AJ129=TRUE,COUNTIF($AJ$32:AJ129,TRUE()),\"\")","v":""},{"$f":"IFERROR(INDEX($AD:$AD,MATCH(ROWS($AD$32:AD129),$AK:$AK,0)),\"\")","v":""},null,false,{"$f":"IF(AN129=TRUE,COUNTIF($AN$32:AN129,TRUE()),\"\")","v":""},{"$f":"IFERROR(INDEX($AD:$AD,MATCH(ROWS($AD$32:$AD129),$AO:$AO,0)),\"\")","v":""}]
[null,null,null,null,null,null,null,null,null,null,null,null,null,null,null,null,null,null,null,null,null,null,null,null,null,null,null,null,null,{"$f":"'Baza klientów'!B99","v":"Klient 438"},false,{"$f":"IF(AE130=TRUE,COUNTIF($AE$32:AE130,TRUE()),\"\")","v":""},{"$f":"IFERROR(INDEX($AD:$AD,MATCH(ROWS($AD$32:AD130),$AF:$AF,0)),\"\")","v":""},null,null,false,{"$f":"IF(AJ130=TRUE,COUNTIF($AJ$32:AJ130,TRUE()),\"\")","v":""},{"$f":"IFERROR(INDEX($AD:$AD,MATCH(ROWS($AD$32:AD130),$AK:$AK,0)),\"\")","v":""},null,false,{"$f":"IF(AN130=TRUE,COUNTIF($AN$32:AN130,TRUE()),\"\")","v":""},{"$f":"IFERROR(INDEX($AD:$AD,MATCH(ROWS($AD$32:$AD130),$AO:$AO,0)),\"\")","v":""}]
[null,null,null,null,null,null,null,null,null,null,null,null,null,null,null,null,null,null,null,null,null,null,null,null,null,null,null,null,null,{"$f":"'Baza klientów'!B100","v":"Klient 463"},false,{"$f":"IF(AE131=TRUE,COUNTIF($AE$32:AE131,TRUE()),\"\")","v":""},{"$f":"IFERROR(INDEX($AD:$AD,MATCH(ROWS($AD$32:AD131),$AF:$AF,0)),\"\")","v":""},null,null,false,{"$f":"IF(AJ131=TRUE,COUNTIF($AJ$32:AJ131,TRUE()),\"\")","v":""},{"$f":"IFERROR(INDEX($AD:$AD,MATCH(ROWS($AD$32:AD131),$AK:$AK,0)),\"\")","v":""},null,false,{"$f":"IF(AN131=TRUE,COUNTIF($AN$32:AN131,TRUE()),\"\")","v":""},{"$f":"IFERROR(INDEX($AD:$AD,MATCH(ROWS($AD$32:$AD131),$AO:$AO,0)),\"\")","v":""}]
[null,null,null,null,null,null,null,null,null,null,null,null,null,null,null,null,null,null,null,null,null,null,null,null,null,null,null,null,null,{"$f":"'Baza klientów'!B101","v":"Klient 532"},false,{"$f":"IF(AE132=TRUE,COUNTIF($AE$32:AE132,TRUE()),\"\")","v":""},{"$f":"IFERROR(INDEX($AD:$AD,MATCH(ROWS($AD$32:AD132),$AF:$AF,0)),\"\")","v":""},null,null,false,{"$f":"IF(AJ132=TRUE,COUNTIF($AJ$32:AJ132,TRUE()),\"\")","v":""},{"$f":"IFERROR(INDEX($AD:$AD,MATCH(ROWS($AD$32:AD132),$AK:$AK,0)),\"\")","v":""},null,false,{"$f":"IF(AN132=TRUE,COUNTIF($AN$32:AN132,TRUE()),\"\")","v":""},{"$f":"IFERROR(INDEX($AD:$AD,MATCH(ROWS($AD$32:$AD132),$AO:$AO,0)),\"\")","v":""}]
[null,null,null,null,null,null,null,null,null,null,null,null,null,null,null,null,null,null,null,null,null,null,null,null,null,null,null,null,null,{"$f":"'Baza klientów'!B102","v":"Klient 301"},false,{"$f":"IF(AE133=TRUE,COUNTIF($AE$32:AE133,TRUE()),\"\")","v":""},{"$f":"IFERROR(INDEX($AD:$AD,MATCH(ROWS($AD$32:AD133),$AF:$AF,0)),\"\")","v":""},null,null,false,{"$f":"IF(AJ133=TRUE,COUNTIF($AJ$32:AJ133,TRUE()),\"\")","v":""},{"$f":"IFERROR(INDEX($AD:$AD,MATCH(ROWS($AD$32:AD133),$AK:$AK,0)),\"\")","v":""},null,false,{"$f":"IF(AN133=TRUE,COUNTIF($AN$32:AN133,TRUE()),\"\")","v":""},{"$f":"IFERROR(INDEX($AD:$AD,MATCH(ROWS($AD$32:$AD133),$AO:$AO,0)),\"\")","v":""}]
[null,null,null,null,null,null,null,null,null,null,null,null,null,null,null,null,null,null,null,null,null,null,null,null,null,null,null,null,null,{"$f":"'Baza klientów'!B103","v":"Klient 310"},false,{"$f":"IF(AE134=TRUE,COUNTIF($AE$32:AE134,TRUE()),\"\")","v":""},{"$f":"IFERROR(INDEX($AD:$AD,MATCH(ROWS($AD$32:AD134),$AF:$AF,0)),\"\")","v":""},null,null,false,{"$f":"IF(AJ134=TRUE,COUNTIF($AJ$32:AJ134,TRUE()),\"\")","v":""},{"$f":"IFERROR(INDEX($AD:$AD,MATCH(ROWS($AD$32:AD134),$AK:$AK,0)),\"\")","v":""},null,false,{"$f":"IF(AN134=TRUE,COUNTIF($AN$32:AN134,TRUE()),\"\")","v":""},{"$f":"IFERROR(INDEX($AD:$AD,MATCH(ROWS($AD$32:$AD134),$AO:$AO,0)),\"\")","v":""}]
[null,null,null,null,null,null,null,null,null,null,null,null,null,null,null,null,null,null,null,null,null,null,null,null,null,null,null,null,null,{"$f":"'Baza klientów'!B104","v":"Klient 316"},false,{"$f":"IF(AE135=TRUE,COUNTIF($AE$32:AE135,TRUE()),\"\")","v":""},{"$f":"IFERROR(INDEX($AD:$AD,MATCH(ROWS($AD$32:AD135),$AF:$AF,0)),\"\")","v":""},null,null,false,{"$f":"IF(AJ135=TRUE,COUNTIF($AJ$32:AJ135,TRUE()),\"\")","v":""},{"$f":"IFERROR(INDEX($AD:$AD,MATCH(ROWS($AD$32:AD135),$AK:$AK,0)),\"\")","v":""},null,false,{"$f":"IF(AN135=TRUE,COUNTIF($AN$32:AN135,TRUE()),\"\")","v":""},{"$f":"IFERROR(INDEX($AD:$AD,MATCH(ROWS($AD$32:$AD135),$AO:$AO,0)),\"\")","v":""}]
[null,null,null,null,null,null,null,null,null,null,null,null,null,null,null,null,null,null,null,null,null,null,null,null,null,null,null,null,null,{"$f":"'Baza klientów'!B105","v":0},false,{"$f":"IF(AE136=TRUE,COUNTIF($AE$32:AE136,TRUE()),\"\")","v":""},{"$f":"IFERROR(INDEX($AD:$AD,MATCH(ROWS($AD$32:AD136),$AF:$AF,0)),\"\")","v":""},null,null,false,{"$f":"IF(AJ136=TRUE,COUNTIF($AJ$32:AJ136,TRUE()),\"\")","v":""},{"$f":"IFERROR(INDEX($AD:$AD,MATCH(ROWS($AD$32:AD136),$AK:$AK,0)),\"\")","v":""},null,false,{"$f":"IF(AN136=TRUE,COUNTIF($AN$32:AN136,TRUE()),\"\")","v":""},{"$f":"IFERROR(INDEX($AD:$AD,MATCH(ROWS($AD$32:$AD136),$AO:$AO,0)),\"\")","v":""}]
[null,null,null,null,null,null,null,null,null,null,null,null,null,null,null,null,null,null,null,null,null,null,null,null,null,null,null,null,null,{"$f":"'Baza klientów'!B106","v":0},false,{"$f":"IF(AE137=TRUE,COUNTIF($AE$32:AE137,TRUE()),\"\")","v":""},{"$f":"IFERROR(INDEX($AD:$AD,MATCH(ROWS($AD$32:AD137),$AF:$AF,0)),\"\")","v":""},null,null,false,{"$f":"IF(AJ137=TRUE,COUNTIF($AJ$32:AJ137,TRUE()),\"\")","v":""},{"$f":"IFERROR(INDEX($AD:$AD,MATCH(ROWS($AD$32:AD137),$AK:$AK,0)),\"\")","v":""},null,false,{"$f":"IF(AN137=TRUE,COUNTIF($AN$32:AN137,TRUE()),\"\")","v":""},{"$f":"IFERROR(INDEX($AD:$AD,MATCH(ROWS($AD$32:$AD137),$AO:$AO,0)),\"\")","v":""}]
[null,null,null,null,null,null,null,null,null,null,null,null,null,null,null,null,null,null,null,null,null,null,null,null,null,null,null,null,null,{"$f":"'Baza klientów'!B107","v":0},false,{"$f":"IF(AE138=TRUE,COUNTIF($AE$32:AE138,TRUE()),\"\")","v":""},{"$f":"IFERROR(INDEX($AD:$AD,MATCH(ROWS($AD$32:AD138),$AF:$AF,0)),\"\")","v":""},null,null,false,{"$f":"IF(AJ138=TRUE,COUNTIF($AJ$32:AJ138,TRUE()),\"\")","v":""},{"$f":"IFERROR(INDEX($AD:$AD,MATCH(ROWS($AD$32:AD138),$AK:$AK,0)),\"\")","v":""},null,false,{"$f":"IF(AN138=TRUE,COUNTIF($AN$32:AN138,TRUE()),\"\")","v":""},{"$f":"IFERROR(INDEX($AD:$AD,MATCH(ROWS($AD$32:$AD138),$AO:$AO,0)),\"\")","v":""}]
[null,null,null,null,null,null,null,null,null,null,null,null,null,null,null,null,null,null,null,null,null,null,null,null,null,null,null,null,null,{"$f":"'Baza klientów'!B108","v":0},false,{"$f":"IF(AE139=TRUE,COUNTIF($AE$32:AE139,TRUE()),\"\")","v":""},{"$f":"IFERROR(INDEX($AD:$AD,MATCH(ROWS($AD$32:AD139),$AF:$AF,0)),\"\")","v":""},null,null,false,{"$f":"IF(AJ139=TRUE,COUNTIF($AJ$32:AJ139,TRUE()),\"\")","v":""},{"$f":"IFERROR(INDEX($AD:$AD,MATCH(ROWS($AD$32:AD139),$AK:$AK,0)),\"\")","v":""},null,false,{"$f":"IF(AN139=TRUE,COUNTIF($AN$32:AN139,TRUE()),\"\")","v":""},{"$f":"IFERROR(INDEX($AD:$AD,MATCH(ROWS($AD$32:$AD139),$AO:$AO,0)),\"\")","v":""}]
[null,null,null,null,null,null,null,null,null,null,null,null,null,null,null,null,null,null,null,null,null,null,null,null,null,null,null,null,null,{"$f":"'Baza klientów'!B109","v":0},false,{"$f":"IF(AE140=TRUE,COUNTIF($AE$32:AE140,TRUE()),\"\")","v":""},{"$f":"IFERROR(INDEX($AD:$AD,MATCH(ROWS($AD$32:AD140),$AF:$AF,0)),\"\")","v":""},null,null,false,{"$f":"IF(AJ140=TRUE,COUNTIF($AJ$32:AJ140,TRUE()),\"\")","v":""},{"$f":"IFERROR(INDEX($AD:$AD,MATCH(ROWS($AD$32:AD140),$AK:$AK,0)),\"\")","v":""},null,false,{"$f":"IF(AN140=TRUE,COUNTIF($AN$32:AN140,TRUE()),\"\")","v":""},{"$f":"IFERROR(INDEX($AD:$AD,MATCH(ROWS($AD$32:$AD140),$AO:$AO,0)),\"\")","v":""}]
[null,null,null,null,null,null,null,null,null,null,null,null,null,null,null,null,null,null,null,null,null,null,null,null,null,null,null,null,null,{"$f":"'Baza klientów'!B110","v":0},false,{"$f":"IF(AE141=TRUE,COUNTIF($AE$32:AE141,TRUE()),\"\")","v":""},{"$f":"IFERROR(INDEX($AD:$AD,MATCH(ROWS($AD$32:AD141),$AF:$AF,0)),\"\")","v":""},null,null,false,{"$f":"IF(AJ141=TRUE,COUNTIF($AJ$32:AJ141,TRUE()),\"\")","v":""},{"$f":"IFERROR(INDEX($AD:$AD,MATCH(ROWS($AD$32:AD141),$AK:$AK,0)),\"\")","v":""},null,false,{"$f":"IF(AN141=TRUE,COUNTIF($AN$32:AN141,TRUE()),\"\")","v":""},{"$f":"IFERROR(INDEX($AD:$AD,MATCH(ROWS($AD$32:$AD141),$AO:$AO,0)),\"\")","v":""}]
[null,null,null,null,null,null,null,null,null,null,null,null,null,null,null,null,null,null,null,null,null,null,null,null,null,null,null,null,null,{"$f":"'Baza klientów'!B111","v":0},false,{"$f":"IF(AE142=TRUE,COUNTIF($AE$32:AE142,TRUE()),\"\")","v":""},{"$f":"IFERROR(INDEX($AD:$AD,MATCH(ROWS($AD$32:AD142),$AF:$AF,0)),\"\")","v":""},null,null,false,{"$f":"IF(AJ142=TRUE,COUNTIF($AJ$32:AJ142,TRUE()),\"\")","v":""},{"$f":"IFERROR(INDEX($AD:$AD,MATCH(ROWS($AD$32:AD142),$AK:$AK,0)),\"\")","v":""},null,false,{"$f":"IF(AN142=TRUE,COUNTIF($AN$32:AN142,TRUE()),\"\")","v":""},{"$f":"IFERROR(INDEX($AD:$AD,MATCH(ROWS($AD$32:$AD142),$AO:$AO,0)),\"\")","v":""}]
[null,null,null,null,null,null,null,null,null,null,null,null,null,null,null,null,null,null,null,null,null,null,null,null,null,null,null,null,null,{"$f":"'Baza klientów'!B112","v":0},false,{"$f":"IF(AE143=TRUE,COUNTIF($AE$32:AE143,TRUE()),\"\")","v":""},{"$f":"IFERROR(INDEX($AD:$AD,MATCH(ROWS($AD$32:AD143),$AF:$AF,0)),\"\")","v":""},null,null,false,{"$f":"IF(AJ143=TRUE,COUNTIF($AJ$32:AJ143,TRUE()),\"\")","v":""},{"$f":"IFERROR(INDEX($AD:$AD,MATCH(ROWS($AD$32:AD143),$AK:$AK,0)),\"\")","v":""},null,false,{"$f":"IF(AN143=TRUE,COUNTIF($AN$32:AN143,TRUE()),\"\")","v":""},{"$f":"IFERROR(INDEX($AD:$AD,MATCH(ROWS($AD$32:$AD143),$AO:$AO,0)),\"\")","v":""}]
[null,null,null,null,null,null,null,null,null,null,null,null,null,null,null,null,null,null,null,null,null,null,null,null,null,null,null,null,null,{"$f":"'Baza klientów'!B113","v":0},false,{"$f":"IF(AE144=TRUE,COUNTIF($AE$32:AE144,TRUE()),\"\")","v":""},{"$f":"IFERROR(INDEX($AD:$AD,MATCH(ROWS($AD$32:AD144),$AF:$AF,0)),\"\")","v":""},null,null,false,{"$f":"IF(AJ144=TRUE,COUNTIF($AJ$32:AJ144,TRUE()),\"\")","v":""},{"$f":"IFERROR(INDEX($AD:$AD,MATCH(ROWS($AD$32:AD144),$AK:$AK,0)),\"\")","v":""},null,false,{"$f":"IF(AN144=TRUE,COUNTIF($AN$32:AN144,TRUE()),\"\")","v":""},{"$f":"IFERROR(INDEX($AD:$AD,MATCH(ROWS($AD$32:$AD144),$AO:$AO,0)),\"\")","v":""}]
[null,null,null,null,null,null,null,null,null,null,null,null,null,null,null,null,null,null,null,null,null,null,null,null,null,null,null,null,null,{"$f":"'Baza klientów'!B114","v":0},false,{"$f":"IF(AE145=TRUE,COUNTIF($AE$32:AE145,TRUE()),\"\")","v":""},{"$f":"IFERROR(INDEX($AD:$AD,MATCH(ROWS($AD$32:AD145),$AF:$AF,0)),\"\")","v":""},null,null,false,{"$f":"IF(AJ145=TRUE,COUNTIF($AJ$32:AJ145,TRUE()),\"\")","v":""},{"$f":"IFERROR(INDEX($AD:$AD,MATCH(ROWS($AD$32:AD145),$AK:$AK,0)),\"\")","v":""},null,false,{"$f":"IF(AN145=TRUE,COUNTIF($AN$32:AN145,TRUE()),\"\")","v":""},{"$f":"IFERROR(INDEX($AD:$AD,MATCH(ROWS($AD$32:$AD145),$AO:$AO,0)),\"\")","v":""}]
[null,null,null,null,null,null,null,null,null,null,null,null,null,null,null,null,null,null,null,null,null,null,null,null,null,null,null,null,null,{"$f":"'Baza klientów'!B115","v":0},false,{"$f":"IF(AE146=TRUE,COUNTIF($AE$32:AE146,TRUE()),\"\")","v":""},{"$f":"IFERROR(INDEX($AD:$AD,MATCH(ROWS($AD$32:AD146),$AF:$AF,0)),\"\")","v":""},null,null,false,{"$f":"IF(AJ146=TRUE,COUNTIF($AJ$32:AJ146,TRUE()),\"\")","v":""},{"$f":"IFERROR(INDEX($AD:$AD,MATCH(ROWS($AD$32:AD146),$AK:$AK,0)),\"\")","v":""},null,false,{"$f":"IF(AN146=TRUE,COUNTIF($AN$32:AN146,TRUE()),\"\")","v":""},{"$f":"IFERROR(INDEX($AD:$AD,MATCH(ROWS($AD$32:$AD146),$AO:$AO,0)),\"\")","v":""}]
[null,null,null,null,null,null,null,null,null,null,null,null,null,null,null,null,null,null,null,null,null,null,null,null,null,null,null,null,null,{"$f":"'Baza klientów'!B116","v":0},false,{"$f":"IF(AE147=TRUE,COUNTIF($AE$32:AE147,TRUE()),\"\")","v":""},{"$f":"IFERROR(INDEX($AD:$AD,MATCH(ROWS($AD$32:AD147),$AF:$AF,0)),\"\")","v":""},null,null,false,{"$f":"IF(AJ147=TRUE,COUNTIF($AJ$32:AJ147,TRUE()),\"\")","v":""},{"$f":"IFERROR(INDEX($AD:$AD,MATCH(ROWS($AD$32:AD147),$AK:$AK,0)),\"\")","v":""},null,false,{"$f":"IF(AN147=TRUE,COUNTIF($AN$32:AN147,TRUE()),\"\")","v":""},{"$f":"IFERROR(INDEX($AD:$AD,MATCH(ROWS($AD$32:$AD147),$AO:$AO,0)),\"\")","v":""}]
[null,null,null,null,null,null,null,null,null,null,null,null,null,null,null,null,null,null,null,null,null,null,null,null,null,null,null,null,null,{"$f":"'Baza klientów'!B117","v":0},false,{"$f":"IF(AE148=TRUE,COUNTIF($AE$32:AE148,TRUE()),\"\")","v":""},{"$f":"IFERROR(INDEX($AD:$AD,MATCH(ROWS($AD$32:AD148),$AF:$AF,0)),\"\")","v":""},null,null,false,{"$f":"IF(AJ148=TRUE,COUNTIF($AJ$32:AJ148,TRUE()),\"\")","v":""},{"$f":"IFERROR(INDEX($AD:$AD,MATCH(ROWS($AD$32:AD148),$AK:$AK,0)),\"\")","v":""},null,false,{"$f":"IF(AN148=TRUE,COUNTIF($AN$32:AN148,TRUE()),\"\")","v":""},{"$f":"IFERROR(INDEX($AD:$AD,MATCH(ROWS($AD$32:$AD148),$AO:$AO,0)),\"\")","v":""}]
[null,null,null,null,null,null,null,null,null,null,null,null,null,null,null,null,null,null,null,null,null,null,null,null,null,null,null,null,null,{"$f":"'Baza klientów'!B118","v":0},false,{"$f":"IF(AE149=TRUE,COUNTIF($AE$32:AE149,TRUE()),\"\")","v":""},{"$f":"IFERROR(INDEX($AD:$AD,MATCH(ROWS($AD$32:AD149),$AF:$AF,0)),\"\")","v":""},null,null,false,{"$f":"IF(AJ149=TRUE,COUNTIF($AJ$32:AJ149,TRUE()),\"\")","v":""},{"$f":"IFERROR(INDEX($AD:$AD,MATCH(ROWS($AD$32:AD149),$AK:$AK,0)),\"\")","v":""},null,false,{"$f":"IF(AN149=TRUE,COUNTIF($AN$32:AN149,TRUE()),\"\")","v":""},{"$f":"IFERROR(INDEX($AD:$AD,MATCH(ROWS($AD$32:$AD149),$AO:$AO,0)),\"\")","v":""}]
[null,null,null,null,null,null,null,null,null,null,null,null,null,null,null,null,null,null,null,null,null,null,null,null,null,null,null,null,null,{"$f":"'Baza klientów'!B119","v":0},false,{"$f":"IF(AE150=TRUE,COUNTIF($AE$32:AE150,TRUE()),\"\")","v":""},{"$f":"IFERROR(INDEX($AD:$AD,MATCH(ROWS($AD$32:AD150),$AF:$AF,0)),\"\")","v":""},null,null,false,{"$f":"IF(AJ150=TRUE,COUNTIF($AJ$32:AJ150,TRUE()),\"\")","v":""},{"$f":"IFERROR(INDEX($AD:$AD,MATCH(ROWS($AD$32:AD150),$AK:$AK,0)),\"\")","v":""},null,false,{"$f":"IF(AN150=TRUE,COUNTIF($AN$32:AN150,TRUE()),\"\")","v":""},{"$f":"IFERROR(INDEX($AD:$AD,MATCH(ROWS($AD$32:$AD150),$AO:$AO,0)),\"\")","v":""}]
[null,null,null,null,null,null,null,null,null,null,null,null,null,null,null,null,null,null,null,null,null,null,null,null,null,null,null,null,null,{"$f":"'Baza klientów'!B120","v":0},false,{"$f":"IF(AE151=TRUE,COUNTIF($AE$32:AE151,TRUE()),\"\")","v":""},{"$f":"IFERROR(INDEX($AD:$AD,MATCH(ROWS($AD$32:AD151),$AF:$AF,0)),\"\")","v":""},null,null,false,{"$f":"IF(AJ151=TRUE,COUNTIF($AJ$32:AJ151,TRUE()),\"\")","v":""},{"$f":"IFERROR(INDEX($AD:$AD,MATCH(ROWS($AD$32:AD151),$AK:$AK,0)),\"\")","v":""},null,false,{"$f":"IF(AN151=TRUE,COUNTIF($AN$32:AN151,TRUE()),\"\")","v":""},{"$f":"IFERROR(INDEX($AD:$AD,MATCH(ROWS($AD$32:$AD151),$AO:$AO,0)),\"\")","v":""}]
[null,null,null,null,null,null,null,null,null,null,null,null,null,null,null,null,null,null,null,null,null,null,null,null,null,null,null,null,null,{"$f":"'Baza klientów'!B121","v":0},false,{"$f":"IF(AE152=TRUE,COUNTIF($AE$32:AE152,TRUE()),\"\")","v":""},{"$f":"IFERROR(INDEX($AD:$AD,MATCH(ROWS($AD$32:AD152),$AF:$AF,0)),\"\")","v":""},null,null,false,{"$f":"IF(AJ152=TRUE,COUNTIF($AJ$32:AJ152,TRUE()),\"\")","v":""},{"$f":"IFERROR(INDEX($AD:$AD,MATCH(ROWS($AD$32:AD152),$AK:$AK,0)),\"\")","v":""},null,false,{"$f":"IF(AN152=TRUE,COUNTIF($AN$32:AN152,TRUE()),\"\")","v":""},{"$f":"IFERROR(INDEX($AD:$AD,MATCH(ROWS($AD$32:$AD152),$AO:$AO,0)),\"\")","v":""}]
[null,null,null,null,null,null,null,null,null,null,null,null,null,null,null,null,null,null,null,null,null,null,null,null,null,null,null,null,null,{"$f":"'Baza klientów'!B122","v":0},false,{"$f":"IF(AE153=TRUE,COUNTIF($AE$32:AE153,TRUE()),\"\")","v":""},{"$f":"IFERROR(INDEX($AD:$AD,MATCH(ROWS($AD$32:AD153),$AF:$AF,0)),\"\")","v":""},null,null,false,{"$f":"IF(AJ153=TRUE,COUNTIF($AJ$32:AJ153,TRUE()),\"\")","v":""},{"$f":"IFERROR(INDEX($AD:$AD,MATCH(ROWS($AD$32:AD153),$AK:$AK,0)),\"\")","v":""},null,false,{"$f":"IF(AN153=TRUE,COUNTIF($AN$32:AN153,TRUE()),\"\")","v":""},{"$f":"IFERROR(INDEX($AD:$AD,MATCH(ROWS($AD$32:$AD153),$AO:$AO,0)),\"\")","v":""}]
[null,null,null,null,null,null,null,null,null,null,null,null,null,null,null,null,null,null,null,null,null,null,null,null,null,null,null,null,null,{"$f":"'Baza klientów'!B123","v":0},false,{"$f":"IF(AE154=TRUE,COUNTIF($AE$32:AE154,TRUE()),\"\")","v":""},{"$f":"IFERROR(INDEX($AD:$AD,MATCH(ROWS($AD$32:AD154),$AF:$AF,0)),\"\")","v":""},null,null,false,{"$f":"IF(AJ154=TRUE,COUNTIF($AJ$32:AJ154,TRUE()),\"\")","v":""},{"$f":"IFERROR(INDEX($AD:$AD,MATCH(ROWS($AD$32:AD154),$AK:$AK,0)),\"\")","v":""},null,false,{"$f":"IF(AN154=TRUE,COUNTIF($AN$32:AN154,TRUE()),\"\")","v":""},{"$f":"IFERROR(INDEX($AD:$AD,MATCH(ROWS($AD$32:$AD154),$AO:$AO,0)),\"\")","v":""}]
[null,null,null,null,null,null,null,null,null,null,null,null,null,null,null,null,null,null,null,null,null,null,null,null,null,null,null,null,null,{"$f":"'Baza klientów'!B124","v":0},false,{"$f":"IF(AE155=TRUE,COUNTIF($AE$32:AE155,TRUE()),\"\")","v":""},{"$f":"IFERROR(INDEX($AD:$AD,MATCH(ROWS($AD$32:AD155),$AF:$AF,0)),\"\")","v":""},null,null,false,{"$f":"IF(AJ155=TRUE,COUNTIF($AJ$32:AJ155,TRUE()),\"\")","v":""},{"$f":"IFERROR(INDEX($AD:$AD,MATCH(ROWS($AD$32:AD155),$AK:$AK,0)),\"\")","v":""},null,false,{"$f":"IF(AN155=TRUE,COUNTIF($AN$32:AN155,TRUE()),\"\")","v":""},{"$f":"IFERROR(INDEX($AD:$AD,MATCH(ROWS($AD$32:$AD155),$AO:$AO,0)),\"\")","v":""}]
[null,null,null,null,null,null,null,null,null,null,null,null,null,null,null,null,null,null,null,null,null,null,null,null,null,null,null,null,null,{"$f":"'Baza klientów'!B125","v":0},false,{"$f":"IF(AE156=TRUE,COUNTIF($AE$32:AE156,TRUE()),\"\")","v":""},{"$f":"IFERROR(INDEX($AD:$AD,MATCH(ROWS($AD$32:AD156),$AF:$AF,0)),\"\")","v":""},null,null,false,{"$f":"IF(AJ156=TRUE,COUNTIF($AJ$32:AJ156,TRUE()),\"\")","v":""},{"$f":"IFERROR(INDEX($AD:$AD,MATCH(ROWS($AD$32:AD156),$AK:$AK,0)),\"\")","v":""},null,false,{"$f":"IF(AN156=TRUE,COUNTIF($AN$32:AN156,TRUE()),\"\")","v":""},{"$f":"IFERROR(INDEX($AD:$AD,MATCH(ROWS($AD$32:$AD156),$AO:$AO,0)),\"\")","v":""}]
[null,null,null,null,null,null,null,null,null,null,null,null,null,null,null,null,null,null,null,null,null,null,null,null,null,null,null,null,null,{"$f":"'Baza klientów'!B126","v":0},false,{"$f":"IF(AE157=TRUE,COUNTIF($AE$32:AE157,TRUE()),\"\")","v":""},{"$f":"IFERROR(INDEX($AD:$AD,MATCH(ROWS($AD$32:AD157),$AF:$AF,0)),\"\")","v":""},null,null,false,{"$f":"IF(AJ157=TRUE,COUNTIF($AJ$32:AJ157,TRUE()),\"\")","v":""},{"$f":"IFERROR(INDEX($AD:$AD,MATCH(ROWS($AD$32:AD157),$AK:$AK,0)),\"\")","v":""},null,false,{"$f":"IF(AN157=TRUE,COUNTIF($AN$32:AN157,TRUE()),\"\")","v":""},{"$f":"IFERROR(INDEX($AD:$AD,MATCH(ROWS($AD$32:$AD157),$AO:$AO,0)),\"\")","v":""}]
[null,null,null,null,null,null,null,null,null,null,null,null,null,null,null,null,null,null,null,null,null,null,null,null,null,null,null,null,null,{"$f":"'Baza klientów'!B127","v":0},false,{"$f":"IF(AE158=TRUE,COUNTIF($AE$32:AE158,TRUE()),\"\")","v":""},{"$f":"IFERROR(INDEX($AD:$AD,MATCH(ROWS($AD$32:AD158),$AF:$AF,0)),\"\")","v":""},null,null,false,{"$f":"IF(AJ158=TRUE,COUNTIF($AJ$32:AJ158,TRUE()),\"\")","v":""},{"$f":"IFERROR(INDEX($AD:$AD,MATCH(ROWS($AD$32:AD158),$AK:$AK,0)),\"\")","v":""},null,false,{"$f":"IF(AN158=TRUE,COUNTIF($AN$32:AN158,TRUE()),\"\")","v":""},{"$f":"IFERROR(INDEX($AD:$AD,MATCH(ROWS($AD$32:$AD158),$AO:$AO,0)),\"\")","v":""}]
[null,null,null,null,null,null,null,null,null,null,null,null,null,null,null,null,null,null,null,null,null,null,null,null,null,null,null,null,null,{"$f":"'Baza klientów'!B128","v":0},false,{"$f":"IF(AE159=TRUE,COUNTIF($AE$32:AE159,TRUE()),\"\")","v":""},{"$f":"IFERROR(INDEX($AD:$AD,MATCH(ROWS($AD$32:AD159),$AF:$AF,0)),\"\")","v":""},null,null,false,{"$f":"IF(AJ159=TRUE,COUNTIF($AJ$32:AJ159,TRUE()),\"\")","v":""},{"$f":"IFERROR(INDEX($AD:$AD,MATCH(ROWS($AD$32:AD159),$AK:$AK,0)),\"\")","v":""},null,false,{"$f":"IF(AN159=TRUE,COUNTIF($AN$32:AN159,TRUE()),\"\")","v":""},{"$f":"IFERROR(INDEX($AD:$AD,MATCH(ROWS($AD$32:$AD159),$AO:$AO,0)),\"\")","v":""}]
[null,null,null,null,null,null,null,null,null,null,null,null,null,null,null,null,null,null,null,null,null,null,null,null,null,null,null,null,null,{"$f":"'Baza klientów'!B129","v":0},false,{"$f":"IF(AE160=TRUE,COUNTIF($AE$32:AE160,TRUE()),\"\")","v":""},{"$f":"IFERROR(INDEX($AD:$AD,MATCH(ROWS($AD$32:AD160),$AF:$AF,0)),\"\")","v":""},null,null,false,{"$f":"IF(AJ160=TRUE,COUNTIF($AJ$32:AJ160,TRUE()),\"\")","v":""},{"$f":"IFERROR(INDEX($AD:$AD,MATCH(ROWS($AD$32:AD160),$AK:$AK,0)),\"\")","v":""},null,false,{"$f":"IF(AN160=TRUE,COUNTIF($AN$32:AN160,TRUE()),\"\")","v":""},{"$f":"IFERROR(INDEX($AD:$AD,MATCH(ROWS($AD$32:$AD160),$AO:$AO,0)),\"\")","v":""}]
[null,null,null,null,null,null,null,null,null,null,null,null,null,null,null,null,null,null,null,null,null,null,null,null,null,null,null,null,null,{"$f":"'Baza klientów'!B130","v":0},{"$f":"ISNUMBER(SEARCH($AH$32,AD161))","v":false},{"$f":"IF(AE161=TRUE,COUNTIF($AE$32:AE161,TRUE()),\"\")","v":""},{"$f":"IFERROR(INDEX($AD:$AD,MATCH(ROWS($AD$32:AD161),$AF:$AF,0)),\"\")","v":""},null,null,{"$f":"ISNUMBER(SEARCH($AM$31,AD161))","v":false},{"$f":"IF(AJ161=TRUE,COUNTIF($AJ$32:AJ161,TRUE()),\"\")","v":""},{"$f":"IFERROR(INDEX($AD:$AD,MATCH(ROWS($AD$32:AD161),$AK:$AK,0)),\"\")","v":""},null,{"$f":"ISNUMBER(SEARCH($AQ$31,$AD161))","v":false},{"$f":"IF(AN161=TRUE,COUNTIF($AN$32:AN161,TRUE()),\"\")","v":""},{"$f":"IFERROR(INDEX($AD:$AD,MATCH(ROWS($AD$32:$AD161),$AO:$AO,0)),\"\")","v":""}]
[null,null,null,null,null,null,null,null,null,null,null,null,null,null,null,null,null,null,null,null,null,null,null,null,null,null,null,null,null,{"$f":"'Baza klientów'!B131","v":0},false,{"$f":"IF(AE162=TRUE,COUNTIF($AE$32:AE162,TRUE()),\"\")","v":""},{"$f":"IFERROR(INDEX($AD:$AD,MATCH(ROWS($AD$32:AD162),$AF:$AF,0)),\"\")","v":""},null,null,false,{"$f":"IF(AJ162=TRUE,COUNTIF($AJ$32:AJ162,TRUE()),\"\")","v":""},{"$f":"IFERROR(INDEX($AD:$AD,MATCH(ROWS($AD$32:AD162),$AK:$AK,0)),\"\")","v":""},null,false,{"$f":"IF(AN162=TRUE,COUNTIF($AN$32:AN162,TRUE()),\"\")","v":""},{"$f":"IFERROR(INDEX($AD:$AD,MATCH(ROWS($AD$32:$AD162),$AO:$AO,0)),\"\")","v":""}]
[null,null,null,null,null,null,null,null,null,null,null,null,null,null,null,null,null,null,null,null,null,null,null,null,null,null,null,null,null,{"$f":"'Baza klientów'!B132","v":0},false,{"$f":"IF(AE163=TRUE,COUNTIF($AE$32:AE163,TRUE()),\"\")","v":""},{"$f":"IFERROR(INDEX($AD:$AD,MATCH(ROWS($AD$32:AD163),$AF:$AF,0)),\"\")","v":""},null,null,false,{"$f":"IF(AJ163=TRUE,COUNTIF($AJ$32:AJ163,TRUE()),\"\")","v":""},{"$f":"IFERROR(INDEX($AD:$AD,MATCH(ROWS($AD$32:AD163),$AK:$AK,0)),\"\")","v":""},null,false,{"$f":"IF(AN163=TRUE,COUNTIF($AN$32:AN163,TRUE()),\"\")","v":""},{"$f":"IFERROR(INDEX($AD:$AD,MATCH(ROWS($AD$32:$AD163),$AO:$AO,0)),\"\")","v":""}]
[null,null,null,null,null,null,null,null,null,null,null,null,null,null,null,null,null,null,null,null,null,null,null,null,null,null,null,null,null,{"$f":"'Baza klientów'!B133","v":0},false,{"$f":"IF(AE164=TRUE,COUNTIF($AE$32:AE164,TRUE()),\"\")","v":""},{"$f":"IFERROR(INDEX($AD:$AD,MATCH(ROWS($AD$32:AD164),$AF:$AF,0)),\"\")","v":""},null,null,false,{"$f":"IF(AJ164=TRUE,COUNTIF($AJ$32:AJ164,TRUE()),\"\")","v":""},{"$f":"IFERROR(INDEX($AD:$AD,MATCH(ROWS($AD$32:AD164),$AK:$AK,0)),\"\")","v":""},null,false,{"$f":"IF(AN164=TRUE,COUNTIF($AN$32:AN164,TRUE()),\"\")","v":""},{"$f":"IFERROR(INDEX($AD:$AD,MATCH(ROWS($AD$32:$AD164),$AO:$AO,0)),\"\")","v":""}]
[null,null,null,null,null,null,null,null,null,null,null,null,null,null,null,null,null,null,null,null,null,null,null,null,null,null,null,null,null,{"$f":"'Baza klientów'!B134","v":0},false,{"$f":"IF(AE165=TRUE,COUNTIF($AE$32:AE165,TRUE()),\"\")","v":""},{"$f":"IFERROR(INDEX($AD:$AD,MATCH(ROWS($AD$32:AD165),$AF:$AF,0)),\"\")","v":""},null,null,false,{"$f":"IF(AJ165=TRUE,COUNTIF($AJ$32:AJ165,TRUE()),\"\")","v":""},{"$f":"IFERROR(INDEX($AD:$AD,MATCH(ROWS($AD$32:AD165),$AK:$AK,0)),\"\")","v":""},null,false,{"$f":"IF(AN165=TRUE,COUNTIF($AN$32:AN165,TRUE()),\"\")","v":""},{"$f":"IFERROR(INDEX($AD:$AD,MATCH(ROWS($AD$32:$AD165),$AO:$AO,0)),\"\")","v":""}]
[null,null,null,null,null,null,null,null,null,null,null,null,null,null,null,null,null,null,null,null,null,null,null,null,null,null,null,null,null,{"$f":"'Baza klientów'!B135","v":0},false,{"$f":"IF(AE166=TRUE,COUNTIF($AE$32:AE166,TRUE()),\"\")","v":""},{"$f":"IFERROR(INDEX($AD:$AD,MATCH(ROWS($AD$32:AD166),$AF:$AF,0)),\"\")","v":""},null,null,false,{"$f":"IF(AJ166=TRUE,COUNTIF($AJ$32:AJ166,TRUE()),\"\")","v":""},{"$f":"IFERROR(INDEX($AD:$AD,MATCH(ROWS($AD$32:AD166),$AK:$AK,0)),\"\")","v":""},null,false,{"$f":"IF(AN166=TRUE,COUNTIF($AN$32:AN166,TRUE()),\"\")","v":""},{"$f":"IFERROR(INDEX($AD:$AD,MATCH(ROWS($AD$32:$AD166),$AO:$AO,0)),\"\")","v":""}]
[null,null,null,null,null,null,null,null,null,null,null,null,null,null,null,null,null,null,null,null,null,null,null,null,null,null,null,null,null,{"$f":"'Baza klientów'!B136","v":0},false,{"$f":"IF(AE167=TRUE,COUNTIF($AE$32:AE167,TRUE()),\"\")","v":""},{"$f":"IFERROR(INDEX($AD:$AD,MATCH(ROWS($AD$32:AD167),$AF:$AF,0)),\"\")","v":""},null,null,false,{"$f":"IF(AJ167=TRUE,COUNTIF($AJ$32:AJ167,TRUE()),\"\")","v":""},{"$f":"IFERROR(INDEX($AD:$AD,MATCH(ROWS($AD$32:AD167),$AK:$AK,0)),\"\")","v":""},null,false,{"$f":"IF(AN167=TRUE,COUNTIF($AN$32:AN167,TRUE()),\"\")","v":""},{"$f":"IFERROR(INDEX($AD:$AD,MATCH(ROWS($AD$32:$AD167),$AO:$AO,0)),\"\")","v":""}]
[null,null,null,null,null,null,null,null,null,null,null,null,null,null,null,null,null,null,null,null,null,null,null,null,null,null,null,null,null,{"$f":"'Baza klientów'!B137","v":0},false,{"$f":"IF(AE168=TRUE,COUNTIF($AE$32:AE168,TRUE()),\"\")","v":""},{"$f":"IFERROR(INDEX($AD:$AD,MATCH(ROWS($AD$32:AD168),$AF:$AF,0)),\"\")","v":""},null,null,false,{"$f":"IF(AJ168=TRUE,COUNTIF($AJ$32:AJ168,TRUE()),\"\")","v":""},{"$f":"IFERROR(INDEX($AD:$AD,MATCH(ROWS($AD$32:AD168),$AK:$AK,0)),\"\")","v":""},null,false,{"$f":"IF(AN168=TRUE,COUNTIF($AN$32:AN168,TRUE()),\"\")","v":""},{"$f":"IFERROR(INDEX($AD:$AD,MATCH(ROWS($AD$32:$AD168),$AO:$AO,0)),\"\")","v":""}]
[null,null,null,null,null,null,null,null,null,null,null,null,null,null,null,null,null,null,null,null,null,null,null,null,null,null,null,null,null,{"$f":"'Baza klientów'!B138","v":0},false,{"$f":"IF(AE169=TRUE,COUNTIF($AE$32:AE169,TRUE()),\"\")","v":""},{"$f":"IFERROR(INDEX($AD:$AD,MATCH(ROWS($AD$32:AD169),$AF:$AF,0)),\"\")","v":""},null,null,false,{"$f":"IF(AJ169=TRUE,COUNTIF($AJ$32:AJ169,TRUE()),\"\")","v":""},{"$f":"IFERROR(INDEX($AD:$AD,MATCH(ROWS($AD$32:AD169),$AK:$AK,0)),\"\")","v":""},null,false,{"$f":"IF(AN169=TRUE,COUNTIF($AN$32:AN169,TRUE()),\"\")","v":""},{"$f":"IFERROR(INDEX($AD:$AD,MATCH(ROWS($AD$32:$AD169),$AO:$AO,0)),\"\")","v":""}]
[null,null,null,null,null,null,null,null,null,null,null,null,null,null,null,null,null,null,null,null,null,null,null,null,null,null,null,null,null,{"$f":"'Baza klientów'!B139","v":0},false,{"$f":"IF(AE170=TRUE,COUNTIF($AE$32:AE170,TRUE()),\"\")","v":""},{"$f":"IFERROR(INDEX($AD:$AD,MATCH(ROWS($AD$32:AD170),$AF:$AF,0)),\"\")","v":""},null,null,false,{"$f":"IF(AJ170=TRUE,COUNTIF($AJ$32:AJ170,TRUE()),\"\")","v":""},{"$f":"IFERROR(INDEX($AD:$AD,MATCH(ROWS($AD$32:AD170),$AK:$AK,0)),\"\")","v":""},null,false,{"$f":"IF(AN170=TRUE,COUNTIF($AN$32:AN170,TRUE()),\"\")","v":""},{"$f":"IFERROR(INDEX($AD:$AD,MATCH(ROWS($AD$32:$AD170),$AO:$AO,0)),\"\")","v":""}]
[null,null,null,null,null,null,null,null,null,null,null,null,null,null,null,null,null,null,null,null,null,null,null,null,null,null,null,null,null,{"$f":"'Baza klientów'!B140","v":0},false,{"$f":"IF(AE171=TRUE,COUNTIF($AE$32:AE171,TRUE()),\"\")","v":""},{"$f":"IFERROR(INDEX($AD:$AD,MATCH(ROWS($AD$32:AD171),$AF:$AF,0)),\"\")","v":""},null,null,false,{"$f":"IF(AJ171=TRUE,COUNTIF($AJ$32:AJ171,TRUE()),\"\")","v":""},{"$f":"IFERROR(INDEX($AD:$AD,MATCH(ROWS($AD$32:AD171),$AK:$AK,0)),\"\")","v":""},null,false,{"$f":"IF(AN171=TRUE,COUNTIF($AN$32:AN171,TRUE()),\"\")","v":""},{"$f":"IFERROR(INDEX($AD:$AD,MATCH(ROWS($AD$32:$AD171),$AO:$AO,0)),\"\")","v":""}]
[null,null,null,null,null,null,null,null,null,null,null,null,null,null,null,null,null,null,null,null,null,null,null,null,null,null,null,null,null,{"$f":"'Baza klientów'!B141","v":0},false,{"$f":"IF(AE172=TRUE,COUNTIF($AE$32:AE172,TRUE()),\"\")","v":""},{"$f":"IFERROR(INDEX($AD:$AD,MATCH(ROWS($AD$32:AD172),$AF:$AF,0)),\"\")","v":""},null,null,false,{"$f":"IF(AJ172=TRUE,COUNTIF($AJ$32:AJ172,TRUE()),\"\")","v":""},{"$f":"IFERROR(INDEX($AD:$AD,MATCH(ROWS($AD$32:AD172),$AK:$AK,0)),\"\")","v":""},null,false,{"$f":"IF(AN172=TRUE,COUNTIF($AN$32:AN172,TRUE()),\"\")","v":""},{"$f":"IFERROR(INDEX($AD:$AD,MATCH(ROWS($AD$32:$AD172),$AO:$AO,0)),\"\")","v":""}]
[null,null,null,null,null,null,null,null,null,null,null,null,null,null,null,null,null,null,null,null,null,null,null,null,null,null,null,null,null,{"$f":"'Baza klientów'!B142","v":0},false,{"$f":"IF(AE173=TRUE,COUNTIF($AE$32:AE173,TRUE()),\"\")","v":""},{"$f":"IFERROR(INDEX($AD:$AD,MATCH(ROWS($AD$32:AD173),$AF:$AF,0)),\"\")","v":""},null,null,false,{"$f":"IF(AJ173=TRUE,COUNTIF($AJ$32:AJ173,TRUE()),\"\")","v":""},{"$f":"IFERROR(INDEX($AD:$AD,MATCH(ROWS($AD$32:AD173),$AK:$AK,0)),\"\")","v":""},null,false,{"$f":"IF(AN173=TRUE,COUNTIF($AN$32:AN173,TRUE()),\"\")","v":""},{"$f":"IFERROR(INDEX($AD:$AD,MATCH(ROWS($AD$32:$AD173),$AO:$AO,0)),\"\")","v":""}]
[null,null,null,null,null,null,null,null,null,null,null,null,null,null,null,null,null,null,null,null,null,null,null,null,null,null,null,null,null,{"$f":"'Baza klientów'!B143","v":0},false,{"$f":"IF(AE174=TRUE,COUNTIF($AE$32:AE174,TRUE()),\"\")","v":""},{"$f":"IFERROR(INDEX($AD:$AD,MATCH(ROWS($AD$32:AD174),$AF:$AF,0)),\"\")","v":""},null,null,false,{"$f":"IF(AJ174=TRUE,COUNTIF($AJ$32:AJ174,TRUE()),\"\")","v":""},{"$f":"IFERROR(INDEX($AD:$AD,MATCH(ROWS($AD$32:AD174),$AK:$AK,0)),\"\")","v":""},null,false,{"$f":"IF(AN174=TRUE,COUNTIF($AN$32:AN174,TRUE()),\"\")","v":""},{"$f":"IFERROR(INDEX($AD:$AD,MATCH(ROWS($AD$32:$AD174),$AO:$AO,0)),\"\")","v":""}]
[null,null,null,null,null,null,null,null,null,null,null,null,null,null,null,null,null,null,null,null,null,null,null,null,null,null,null,null,null,{"$f":"'Baza klientów'!B144","v":0},false,{"$f":"IF(AE175=TRUE,COUNTIF($AE$32:AE175,TRUE()),\"\")","v":""},{"$f":"IFERROR(INDEX($AD:$AD,MATCH(ROWS($AD$32:AD175),$AF:$AF,0)),\"\")","v":""},null,null,false,{"$f":"IF(AJ175=TRUE,COUNTIF($AJ$32:AJ175,TRUE()),\"\")","v":""},{"$f":"IFERROR(INDEX($AD:$AD,MATCH(ROWS($AD$32:AD175),$AK:$AK,0)),\"\")","v":""},null,false,{"$f":"IF(AN175=TRUE,COUNTIF($AN$32:AN175,TRUE()),\"\")","v":""},{"$f":"IFERROR(INDEX($AD:$AD,MATCH(ROWS($AD$32:$AD175),$AO:$AO,0)),\"\")","v":""}]
[null,null,null,null,null,null,null,null,null,null,null,null,null,null,null,null,null,null,null,null,null,null,null,null,null,null,null,null,null,{"$f":"'Baza klientów'!B145","v":0},false,{"$f":"IF(AE176=TRUE,COUNTIF($AE$32:AE176,TRUE()),\"\")","v":""},{"$f":"IFERROR(INDEX($AD:$AD,MATCH(ROWS($AD$32:AD176),$AF:$AF,0)),\"\")","v":""},null,null,false,{"$f":"IF(AJ176=TRUE,COUNTIF($AJ$32:AJ176,TRUE()),\"\")","v":""},{"$f":"IFERROR(INDEX($AD:$AD,MATCH(ROWS($AD$32:AD176),$AK:$AK,0)),\"\")","v":""},null,false,{"$f":"IF(AN176=TRUE,COUNTIF($AN$32:AN176,TRUE()),\"\")","v":""},{"$f":"IFERROR(INDEX($AD:$AD,MATCH(ROWS($AD$32:$AD176),$AO:$AO,0)),\"\")","v":""}]
[null,null,null,null,null,null,null,null,null,null,null,null,null,null,null,null,null,null,null,null,null,null,null,null,null,null,null,null,null,{"$f":"'Baza klientów'!B146","v":0},false,{"$f":"IF(AE177=TRUE,COUNTIF($AE$32:AE177,TRUE()),\"\")","v":""},{"$f":"IFERROR(INDEX($AD:$AD,MATCH(ROWS($AD$32:AD177),$AF:$AF,0)),\"\")","v":""},null,null,false,{"$f":"IF(AJ177=TRUE,COUNTIF($AJ$32:AJ177,TRUE()),\"\")","v":""},{"$f":"IFERROR(INDEX($AD:$AD,MATCH(ROWS($AD$32:AD177),$AK:$AK,0)),\"\")","v":""},null,false,{"$f":"IF(AN177=TRUE,COUNTIF($AN$32:AN177,TRUE()),\"\")","v":""},{"$f":"IFERROR(INDEX($AD:$AD,MATCH(ROWS($AD$32:$AD177),$AO:$AO,0)),\"\")","v":""}]
[null,null,null,null,null,null,null,null,null,null,null,null,null,null,null,null,null,null,null,null,null,null,null,null,null,null,null,null,null,{"$f":"'Baza klientów'!B147","v":0},false,{"$f":"IF(AE178=TRUE,COUNTIF($AE$32:AE178,TRUE()),\"\")","v":""},{"$f":"IFERROR(INDEX($AD:$AD,MATCH(ROWS($AD$32:AD178),$AF:$AF,0)),\"\")","v":""},null,null,false,{"$f":"IF(AJ178=TRUE,COUNTIF($AJ$32:AJ178,TRUE()),\"\")","v":""},{"$f":"IFERROR(INDEX($AD:$AD,MATCH(ROWS($AD$32:AD178),$AK:$AK,0)),\"\")","v":""},null,false,{"$f":"IF(AN178=TRUE,COUNTIF($AN$32:AN178,TRUE()),\"\")","v":""},{"$f":"IFERROR(INDEX($AD:$AD,MATCH(ROWS($AD$32:$AD178),$AO:$AO,0)),\"\")","v":""}]
[null,null,null,null,null,null,null,null,null,null,null,null,null,null,null,null,null,null,null,null,null,null,null,null,null,null,null,null,null,{"$f":"'Baza klientów'!B148","v":0},false,{"$f":"IF(AE179=TRUE,COUNTIF($AE$32:AE179,TRUE()),\"\")","v":""},{"$f":"IFERROR(INDEX($AD:$AD,MATCH(ROWS($AD$32:AD179),$AF:$AF,0)),\"\")","v":""},null,null,false,{"$f":"IF(AJ179=TRUE,COUNTIF($AJ$32:AJ179,TRUE()),\"\")","v":""},{"$f":"IFERROR(INDEX($AD:$AD,MATCH(ROWS($AD$32:AD179),$AK:$AK,0)),\"\")","v":""},null,false,{"$f":"IF(AN179=TRUE,COUNTIF($AN$32:AN179,TRUE()),\"\")","v":""},{"$f":"IFERROR(INDEX($AD:$AD,MATCH(ROWS($AD$32:$AD179),$AO:$AO,0)),\"\")","v":""}]
[null,null,null,null,null,null,null,null,null,null,null,null,null,null,null,null,null,null,null,null,null,null,null,null,null,null,null,null,null,{"$f":"'Baza klientów'!B149","v":0},false,{"$f":"IF(AE180=TRUE,COUNTIF($AE$32:AE180,TRUE()),\"\")","v":""},{"$f":"IFERROR(INDEX($AD:$AD,MATCH(ROWS($AD$32:AD180),$AF:$AF,0)),\"\")","v":""},null,null,false,{"$f":"IF(AJ180=TRUE,COUNTIF($AJ$32:AJ180,TRUE()),\"\")","v":""},{"$f":"IFERROR(INDEX($AD:$AD,MATCH(ROWS($AD$32:AD180),$AK:$AK,0)),\"\")","v":""},null,false,{"$f":"IF(AN180=TRUE,COUNTIF($AN$32:AN180,TRUE()),\"\")","v":""},{"$f":"IFERROR(INDEX($AD:$AD,MATCH(ROWS($AD$32:$AD180),$AO:$AO,0)),\"\")","v":""}]
[null,null,null,null,null,null,null,null,null,null,null,null,null,null,null,null,null,null,null,null,null,null,null,null,null,null,null,null,null,{"$f":"'Baza klientów'!B150","v":0},false,{"$f":"IF(AE181=TRUE,COUNTIF($AE$32:AE181,TRUE()),\"\")","v":""},{"$f":"IFERROR(INDEX($AD:$AD,MATCH(ROWS($AD$32:AD181),$AF:$AF,0)),\"\")","v":""},null,null,false,{"$f":"IF(AJ181=TRUE,COUNTIF($AJ$32:AJ181,TRUE()),\"\")","v":""},{"$f":"IFERROR(INDEX($AD:$AD,MATCH(ROWS($AD$32:AD181),$AK:$AK,0)),\"\")","v":""},null,false,{"$f":"IF(AN181=TRUE,COUNTIF($AN$32:AN181,TRUE()),\"\")","v":""},{"$f":"IFERROR(INDEX($AD:$AD,MATCH(ROWS($AD$32:$AD181),$AO:$AO,0)),\"\")","v":""}]
[null,null,null,null,null,null,null,null,null,null,null,null,null,null,null,null,null,null,null,null,null,null,null,null,null,null,null,null,null,{"$f":"'Baza klientów'!B151","v":0},false,{"$f":"IF(AE182=TRUE,COUNTIF($AE$32:AE182,TRUE()),\"\")","v":""},{"$f":"IFERROR(INDEX($AD:$AD,MATCH(ROWS($AD$32:AD182),$AF:$AF,0)),\"\")","v":""},null,null,false,{"$f":"IF(AJ182=TRUE,COUNTIF($AJ$32:AJ182,TRUE()),\"\")","v":""},{"$f":"IFERROR(INDEX($AD:$AD,MATCH(ROWS($AD$32:AD182),$AK:$AK,0)),\"\")","v":""},null,false,{"$f":"IF(AN182=TRUE,COUNTIF($AN$32:AN182,TRUE()),\"\")","v":""},{"$f":"IFERROR(INDEX($AD:$AD,MATCH(ROWS($AD$32:$AD182),$AO:$AO,0)),\"\")","v":""}]
[null,null,null,null,null,null,null,null,null,null,null,null,null,null,null,null,null,null,null,null,null,null,null,null,null,null,null,null,null,{"$f":"'Baza klientów'!B152","v":0},false,{"$f":"IF(AE183=TRUE,COUNTIF($AE$32:AE183,TRUE()),\"\")","v":""},{"$f":"IFERROR(INDEX($AD:$AD,MATCH(ROWS($AD$32:AD183),$AF:$AF,0)),\"\")","v":""},null,null,false,{"$f":"IF(AJ183=TRUE,COUNTIF($AJ$32:AJ183,TRUE()),\"\")","v":""},{"$f":"IFERROR(INDEX($AD:$AD,MATCH(ROWS($AD$32:AD183),$AK:$AK,0)),\"\")","v":""},null,false,{"$f":"IF(AN183=TRUE,COUNTIF($AN$32:AN183,TRUE()),\"\")","v":""},{"$f":"IFERROR(INDEX($AD:$AD,MATCH(ROWS($AD$32:$AD183),$AO:$AO,0)),\"\")","v":""}]
[null,null,null,null,null,null,null,null,null,null,null,null,null,null,null,null,null,null,null,null,null,null,null,null,null,null,null,null,null,{"$f":"'Baza klientów'!B153","v":0},false,{"$f":"IF(AE184=TRUE,COUNTIF($AE$32:AE184,TRUE()),\"\")","v":""},{"$f":"IFERROR(INDEX($AD:$AD,MATCH(ROWS($AD$32:AD184),$AF:$AF,0)),\"\")","v":""},null,null,false,{"$f":"IF(AJ184=TRUE,COUNTIF($AJ$32:AJ184,TRUE()),\"\")","v":""},{"$f":"IFERROR(INDEX($AD:$AD,MATCH(ROWS($AD$32:AD184),$AK:$AK,0)),\"\")","v":""},null,false,{"$f":"IF(AN184=TRUE,COUNTIF($AN$32:AN184,TRUE()),\"\")","v":""},{"$f":"IFERROR(INDEX($AD:$AD,MATCH(ROWS($AD$32:$AD184),$AO:$AO,0)),\"\")","v":""}]
[null,null,null,null,null,null,null,null,null,null,null,null,null,null,null,null,null,null,null,null,null,null,null,null,null,null,null,null,null,{"$f":"'Baza klientów'!B154","v":0},false,{"$f":"IF(AE185=TRUE,COUNTIF($AE$32:AE185,TRUE()),\"\")","v":""},{"$f":"IFERROR(INDEX($AD:$AD,MATCH(ROWS($AD$32:AD185),$AF:$AF,0)),\"\")","v":""},null,null,false,{"$f":"IF(AJ185=TRUE,COUNTIF($AJ$32:AJ185,TRUE()),\"\")","v":""},{"$f":"IFERROR(INDEX($AD:$AD,MATCH(ROWS($AD$32:AD185),$AK:$AK,0)),\"\")","v":""},null,false,{"$f":"IF(AN185=TRUE,COUNTIF($AN$32:AN185,TRUE()),\"\")","v":""},{"$f":"IFERROR(INDEX($AD:$AD,MATCH(ROWS($AD$32:$AD185),$AO:$AO,0)),\"\")","v":""}]
[null,null,null,null,null,null,null,null,null,null,null,null,null,null,null,null,null,null,null,null,null,null,null,null,null,null,null,null,null,{"$f":"'Baza klientów'!B155","v":0},false,{"$f":"IF(AE186=TRUE,COUNTIF($AE$32:AE186,TRUE()),\"\")","v":""},{"$f":"IFERROR(INDEX($AD:$AD,MATCH(ROWS($AD$32:AD186),$AF:$AF,0)),\"\")","v":""},null,null,false,{"$f":"IF(AJ186=TRUE,COUNTIF($AJ$32:AJ186,TRUE()),\"\")","v":""},{"$f":"IFERROR(INDEX($AD:$AD,MATCH(ROWS($AD$32:AD186),$AK:$AK,0)),\"\")","v":""},null,false,{"$f":"IF(AN186=TRUE,COUNTIF($AN$32:AN186,TRUE()),\"\")","v":""},{"$f":"IFERROR(INDEX($AD:$AD,MATCH(ROWS($AD$32:$AD186),$AO:$AO,0)),\"\")","v":""}]
[null,null,null,null,null,null,null,null,null,null,null,null,null,null,null,null,null,null,null,null,null,null,null,null,null,null,null,null,null,{"$f":"'Baza klientów'!B156","v":0},false,{"$f":"IF(AE187=TRUE,COUNTIF($AE$32:AE187,TRUE()),\"\")","v":""},{"$f":"IFERROR(INDEX($AD:$AD,MATCH(ROWS($AD$32:AD187),$AF:$AF,0)),\"\")","v":""},null,null,false,{"$f":"IF(AJ187=TRUE,COUNTIF($AJ$32:AJ187,TRUE()),\"\")","v":""},{"$f":"IFERROR(INDEX($AD:$AD,MATCH(ROWS($AD$32:AD187),$AK:$AK,0)),\"\")","v":""},null,false,{"$f":"IF(AN187=TRUE,COUNTIF($AN$32:AN187,TRUE()),\"\")","v":""},{"$f":"IFERROR(INDEX($AD:$AD,MATCH(ROWS($AD$32:$AD187),$AO:$AO,0)),\"\")","v":""}]
[null,null,null,null,null,null,null,null,null,null,null,null,null,null,null,null,null,null,null,null,null,null,null,null,null,null,null,null,null,{"$f":"'Baza klientów'!B157","v":0},false,{"$f":"IF(AE188=TRUE,COUNTIF($AE$32:AE188,TRUE()),\"\")","v":""},{"$f":"IFERROR(INDEX($AD:$AD,MATCH(ROWS($AD$32:AD188),$AF:$AF,0)),\"\")","v":""},null,null,false,{"$f":"IF(AJ188=TRUE,COUNTIF($AJ$32:AJ188,TRUE()),\"\")","v":""},{"$f":"IFERROR(INDEX($AD:$AD,MATCH(ROWS($AD$32:AD188),$AK:$AK,0)),\"\")","v":""},null,false,{"$f":"IF(AN188=TRUE,COUNTIF($AN$32:AN188,TRUE()),\"\")","v":""},{"$f":"IFERROR(INDEX($AD:$AD,MATCH(ROWS($AD$32:$AD188),$AO:$AO,0)),\"\")","v":""}]
[null,null,null,null,null,null,null,null,null,null,null,null,null,null,null,null,null,null,null,null,null,null,null,null,null,null,null,null,null,{"$f":"'Baza klientów'!B158","v":0},false,{"$f":"IF(AE189=TRUE,COUNTIF($AE$32:AE189,TRUE()),\"\")","v":""},{"$f":"IFERROR(INDEX($AD:$AD,MATCH(ROWS($AD$32:AD189),$AF:$AF,0)),\"\")","v":""},null,null,false,{"$f":"IF(AJ189=TRUE,COUNTIF($AJ$32:AJ189,TRUE()),\"\")","v":""},{"$f":"IFERROR(INDEX($AD:$AD,MATCH(ROWS($AD$32:AD189),$AK:$AK,0)),\"\")","v":""},null,false,{"$f":"IF(AN189=TRUE,COUNTIF($AN$32:AN189,TRUE()),\"\")","v":""},{"$f":"IFERROR(INDEX($AD:$AD,MATCH(ROWS($AD$32:$AD189),$AO:$AO,0)),\"\")","v":""}]
[null,null,null,null,null,null,null,null,null,null,null,null,null,null,null,null,null,null,null,null,null,null,null,null,null,null,null,null,null,{"$f":"'Baza klientów'!B159","v":0},false,{"$f":"IF(AE190=TRUE,COUNTIF($AE$32:AE190,TRUE()),\"\")","v":""},{"$f":"IFERROR(INDEX($AD:$AD,MATCH(ROWS($AD$32:AD190),$AF:$AF,0)),\"\")","v":""},null,null,false,{"$f":"IF(AJ190=TRUE,COUNTIF($AJ$32:AJ190,TRUE()),\"\")","v":""},{"$f":"IFERROR(INDEX($AD:$AD,MATCH(ROWS($AD$32:AD190),$AK:$AK,0)),\"\")","v":""},null,false,{"$f":"IF(AN190=TRUE,COUNTIF($AN$32:AN190,TRUE()),\"\")","v":""},{"$f":"IFERROR(INDEX($AD:$AD,MATCH(ROWS($AD$32:$AD190),$AO:$AO,0)),\"\")","v":""}]
[null,null,null,null,null,null,null,null,null,null,null,null,null,null,null,null,null,null,null,null,null,null,null,null,null,null,null,null,null,{"$f":"'Baza klientów'!B160","v":0},false,{"$f":"IF(AE191=TRUE,COUNTIF($AE$32:AE191,TRUE()),\"\")","v":""},{"$f":"IFERROR(INDEX($AD:$AD,MATCH(ROWS($AD$32:AD191),$AF:$AF,0)),\"\")","v":""},null,null,false,{"$f":"IF(AJ191=TRUE,COUNTIF($AJ$32:AJ191,TRUE()),\"\")","v":""},{"$f":"IFERROR(INDEX($AD:$AD,MATCH(ROWS($AD$32:AD191),$AK:$AK,0)),\"\")","v":""},null,false,{"$f":"IF(AN191=TRUE,COUNTIF($AN$32:AN191,TRUE()),\"\")","v":""},{"$f":"IFERROR(INDEX($AD:$AD,MATCH(ROWS($AD$32:$AD191),$AO:$AO,0)),\"\")","v":""}]
[null,null,null,null,null,null,null,null,null,null,null,null,null,null,null,null,null,null,null,null,null,null,null,null,null,null,null,null,null,{"$f":"'Baza klientów'!B161","v":0},false,{"$f":"IF(AE192=TRUE,COUNTIF($AE$32:AE192,TRUE()),\"\")","v":""},{"$f":"IFERROR(INDEX($AD:$AD,MATCH(ROWS($AD$32:AD192),$AF:$AF,0)),\"\")","v":""},null,null,false,{"$f":"IF(AJ192=TRUE,COUNTIF($AJ$32:AJ192,TRUE()),\"\")","v":""},{"$f":"IFERROR(INDEX($AD:$AD,MATCH(ROWS($AD$32:AD192),$AK:$AK,0)),\"\")","v":""},null,false,{"$f":"IF(AN192=TRUE,COUNTIF($AN$32:AN192,TRUE()),\"\")","v":""},{"$f":"IFERROR(INDEX($AD:$AD,MATCH(ROWS($AD$32:$AD192),$AO:$AO,0)),\"\")","v":""}]
[null,null,null,null,null,null,null,null,null,null,null,null,null,null,null,null,null,null,null,null,null,null,null,null,null,null,null,null,null,{"$f":"'Baza klientów'!B162","v":0},false,{"$f":"IF(AE193=TRUE,COUNTIF($AE$32:AE193,TRUE()),\"\")","v":""},{"$f":"IFERROR(INDEX($AD:$AD,MATCH(ROWS($AD$32:AD193),$AF:$AF,0)),\"\")","v":""},null,null,false,{"$f":"IF(AJ193=TRUE,COUNTIF($AJ$32:AJ193,TRUE()),\"\")","v":""},{"$f":"IFERROR(INDEX($AD:$AD,MATCH(ROWS($AD$32:AD193),$AK:$AK,0)),\"\")","v":""},null,false,{"$f":"IF(AN193=TRUE,COUNTIF($AN$32:AN193,TRUE()),\"\")","v":""},{"$f":"IFERROR(INDEX($AD:$AD,MATCH(ROWS($AD$32:$AD193),$AO:$AO,0)),\"\")","v":""}]
[null,null,null,null,null,null,null,null,null,null,null,null,null,null,null,null,null,null,null,null,null,null,null,null,null,null,null,null,null,{"$f":"'Baza klientów'!B163","v":0},false,{"$f":"IF(AE194=TRUE,COUNTIF($AE$32:AE194,TRUE()),\"\")","v":""},{"$f":"IFERROR(INDEX($AD:$AD,MATCH(ROWS($AD$32:AD194),$AF:$AF,0)),\"\")","v":""},null,null,false,{"$f":"IF(AJ194=TRUE,COUNTIF($AJ$32:AJ194,TRUE()),\"\")","v":""},{"$f":"IFERROR(INDEX($AD:$AD,MATCH(ROWS($AD$32:AD194),$AK:$AK,0)),\"\")","v":""},null,false,{"$f":"IF(AN194=TRUE,COUNTIF($AN$32:AN194,TRUE()),\"\")","v":""},{"$f":"IFERROR(INDEX($AD:$AD,MATCH(ROWS($AD$32:$AD194),$AO:$AO,0)),\"\")","v":""}]
[null,null,null,null,null,null,null,null,null,null,null,null,null,null,null,null,null,null,null,null,null,null,null,null,null,null,null,null,null,{"$f":"'Baza klientów'!B164","v":0},false,{"$f":"IF(AE195=TRUE,COUNTIF($AE$32:AE195,TRUE()),\"\")","v":""},{"$f":"IFERROR(INDEX($AD:$AD,MATCH(ROWS($AD$32:AD195),$AF:$AF,0)),\"\")","v":""},null,null,false,{"$f":"IF(AJ195=TRUE,COUNTIF($AJ$32:AJ195,TRUE()),\"\")","v":""},{"$f":"IFERROR(INDEX($AD:$AD,MATCH(ROWS($AD$32:AD195),$AK:$AK,0)),\"\")","v":""},null,false,{"$f":"IF(AN195=TRUE,COUNTIF($AN$32:AN195,TRUE()),\"\")","v":""},{"$f":"IFERROR(INDEX($AD:$AD,MATCH(ROWS($AD$32:$AD195),$AO:$AO,0)),\"\")","v":""}]
[null,null,null,null,null,null,null,null,null,null,null,null,null,null,null,null,null,null,null,null,null,null,null,null,null,null,null,null,null,{"$f":"'Baza klientów'!B165","v":0},false,{"$f":"IF(AE196=TRUE,COUNTIF($AE$32:AE196,TRUE()),\"\")","v":""},{"$f":"IFERROR(INDEX($AD:$AD,MATCH(ROWS($AD$32:AD196),$AF:$AF,0)),\"\")","v":""},null,null,false,{"$f":"IF(AJ196=TRUE,COUNTIF($AJ$32:AJ196,TRUE()),\"\")","v":""},{"$f":"IFERROR(INDEX($AD:$AD,MATCH(ROWS($AD$32:AD196),$AK:$AK,0)),\"\")","v":""},null,false,{"$f":"IF(AN196=TRUE,COUNTIF($AN$32:AN196,TRUE()),\"\")","v":""},{"$f":"IFERROR(INDEX($AD:$AD,MATCH(ROWS($AD$32:$AD196),$AO:$AO,0)),\"\")","v":""}]
[null,null,null,null,null,null,null,null,null,null,null,null,null,null,null,null,null,null,null,null,null,null,null,null,null,null,null,null,null,{"$f":"'Baza klientów'!B166","v":0},false,{"$f":"IF(AE197=TRUE,COUNTIF($AE$32:AE197,TRUE()),\"\")","v":""},{"$f":"IFERROR(INDEX($AD:$AD,MATCH(ROWS($AD$32:AD197),$AF:$AF,0)),\"\")","v":""},null,null,false,{"$f":"IF(AJ197=TRUE,COUNTIF($AJ$32:AJ197,TRUE()),\"\")","v":""},{"$f":"IFERROR(INDEX($AD:$AD,MATCH(ROWS($AD$32:AD197),$AK:$AK,0)),\"\")","v":""},null,false,{"$f":"IF(AN197=TRUE,COUNTIF($AN$32:AN197,TRUE()),\"\")","v":""},{"$f":"IFERROR(INDEX($AD:$AD,MATCH(ROWS($AD$32:$AD197),$AO:$AO,0)),\"\")","v":""}]
[null,null,null,null,null,null,null,null,null,null,null,null,null,null,null,null,null,null,null,null,null,null,null,null,null,null,null,null,null,{"$f":"'Baza klientów'!B167","v":0},false,{"$f":"IF(AE198=TRUE,COUNTIF($AE$32:AE198,TRUE()),\"\")","v":""},{"$f":"IFERROR(INDEX($AD:$AD,MATCH(ROWS($AD$32:AD198),$AF:$AF,0)),\"\")","v":""},null,null,false,{"$f":"IF(AJ198=TRUE,COUNTIF($AJ$32:AJ198,TRUE()),\"\")","v":""},{"$f":"IFERROR(INDEX($AD:$AD,MATCH(ROWS($AD$32:AD198),$AK:$AK,0)),\"\")","v":""},null,false,{"$f":"IF(AN198=TRUE,COUNTIF($AN$32:AN198,TRUE()),\"\")","v":""},{"$f":"IFERROR(INDEX($AD:$AD,MATCH(ROWS($AD$32:$AD198),$AO:$AO,0)),\"\")","v":""}]
[null,null,null,null,null,null,null,null,null,null,null,null,null,null,null,null,null,null,null,null,null,null,null,null,null,null,null,null,null,{"$f":"'Baza klientów'!B168","v":0},false,{"$f":"IF(AE199=TRUE,COUNTIF($AE$32:AE199,TRUE()),\"\")","v":""},{"$f":"IFERROR(INDEX($AD:$AD,MATCH(ROWS($AD$32:AD199),$AF:$AF,0)),\"\")","v":""},null,null,false,{"$f":"IF(AJ199=TRUE,COUNTIF($AJ$32:AJ199,TRUE()),\"\")","v":""},{"$f":"IFERROR(INDEX($AD:$AD,MATCH(ROWS($AD$32:AD199),$AK:$AK,0)),\"\")","v":""},null,false,{"$f":"IF(AN199=TRUE,COUNTIF($AN$32:AN199,TRUE()),\"\")","v":""},{"$f":"IFERROR(INDEX($AD:$AD,MATCH(ROWS($AD$32:$AD199),$AO:$AO,0)),\"\")","v":""}]
[null,null,null,null,null,null,null,null,null,null,null,null,null,null,null,null,null,null,null,null,null,null,null,null,null,null,null,null,null,{"$f":"'Baza klientów'!B169","v":0},false,{"$f":"IF(AE200=TRUE,COUNTIF($AE$32:AE200,TRUE()),\"\")","v":""},{"$f":"IFERROR(INDEX($AD:$AD,MATCH(ROWS($AD$32:AD200),$AF:$AF,0)),\"\")","v":""},null,null,false,{"$f":"IF(AJ200=TRUE,COUNTIF($AJ$32:AJ200,TRUE()),\"\")","v":""},{"$f":"IFERROR(INDEX($AD:$AD,MATCH(ROWS($AD$32:AD200),$AK:$AK,0)),\"\")","v":""},null,false,{"$f":"IF(AN200=TRUE,COUNTIF($AN$32:AN200,TRUE()),\"\")","v":""},{"$f":"IFERROR(INDEX($AD:$AD,MATCH(ROWS($AD$32:$AD200),$AO:$AO,0)),\"\")","v":""}]
[null,null,null,null,null,null,null,null,null,null,null,null,null,null,null,null,null,null,null,null,null,null,null,null,null,null,null,null,null,{"$f":"'Baza klientów'!B170","v":0},false,{"$f":"IF(AE201=TRUE,COUNTIF($AE$32:AE201,TRUE()),\"\")","v":""},{"$f":"IFERROR(INDEX($AD:$AD,MATCH(ROWS($AD$32:AD201),$AF:$AF,0)),\"\")","v":""},null,null,false,{"$f":"IF(AJ201=TRUE,COUNTIF($AJ$32:AJ201,TRUE()),\"\")","v":""},{"$f":"IFERROR(INDEX($AD:$AD,MATCH(ROWS($AD$32:AD201),$AK:$AK,0)),\"\")","v":""},null,false,{"$f":"IF(AN201=TRUE,COUNTIF($AN$32:AN201,TRUE()),\"\")","v":""},{"$f":"IFERROR(INDEX($AD:$AD,MATCH(ROWS($AD$32:$AD201),$AO:$AO,0)),\"\")","v":""}]
[null,null,null,null,null,null,null,null,null,null,null,null,null,null,null,null,null,null,null,null,null,null,null,null,null,null,null,null,null,{"$f":"'Baza klientów'!B171","v":0},false,{"$f":"IF(AE202=TRUE,COUNTIF($AE$32:AE202,TRUE()),\"\")","v":""},{"$f":"IFERROR(INDEX($AD:$AD,MATCH(ROWS($AD$32:AD202),$AF:$AF,0)),\"\")","v":""},null,null,false,{"$f":"IF(AJ202=TRUE,COUNTIF($AJ$32:AJ202,TRUE()),\"\")","v":""},{"$f":"IFERROR(INDEX($AD:$AD,MATCH(ROWS($AD$32:AD202),$AK:$AK,0)),\"\")","v":""},null,false,{"$f":"IF(AN202=TRUE,COUNTIF($AN$32:AN202,TRUE()),\"\")","v":""},{"$f":"IFERROR(INDEX($AD:$AD,MATCH(ROWS($AD$32:$AD202),$AO:$AO,0)),\"\")","v":""}]
[null,null,null,null,null,null,null,null,null,null,null,null,null,null,null,null,null,null,null,null,null,null,null,null,null,null,null,null,null,{"$f":"'Baza klientów'!B172","v":0},false,{"$f":"IF(AE203=TRUE,COUNTIF($AE$32:AE203,TRUE()),\"\")","v":""},{"$f":"IFERROR(INDEX($AD:$AD,MATCH(ROWS($AD$32:AD203),$AF:$AF,0)),\"\")","v":""},null,null,false,{"$f":"IF(AJ203=TRUE,COUNTIF($AJ$32:AJ203,TRUE()),\"\")","v":""},{"$f":"IFERROR(INDEX($AD:$AD,MATCH(ROWS($AD$32:AD203),$AK:$AK,0)),\"\")","v":""},null,false,{"$f":"IF(AN203=TRUE,COUNTIF($AN$32:AN203,TRUE()),\"\")","v":""},{"$f":"IFERROR(INDEX($AD:$AD,MATCH(ROWS($AD$32:$AD203),$AO:$AO,0)),\"\")","v":""}]
[null,null,null,null,null,null,null,null,null,null,null,null,null,null,null,null,null,null,null,null,null,null,null,null,null,null,null,null,null,{"$f":"'Baza klientów'!B173","v":0},false,{"$f":"IF(AE204=TRUE,COUNTIF($AE$32:AE204,TRUE()),\"\")","v":""},{"$f":"IFERROR(INDEX($AD:$AD,MATCH(ROWS($AD$32:AD204),$AF:$AF,0)),\"\")","v":""},null,null,false,{"$f":"IF(AJ204=TRUE,COUNTIF($AJ$32:AJ204,TRUE()),\"\")","v":""},{"$f":"IFERROR(INDEX($AD:$AD,MATCH(ROWS($AD$32:AD204),$AK:$AK,0)),\"\")","v":""},null,false,{"$f":"IF(AN204=TRUE,COUNTIF($AN$32:AN204,TRUE()),\"\")","v":""},{"$f":"IFERROR(INDEX($AD:$AD,MATCH(ROWS($AD$32:$AD204),$AO:$AO,0)),\"\")","v":""}]
[null,null,null,null,null,null,null,null,null,null,null,null,null,null,null,null,null,null,null,null,null,null,null,null,null,null,null,null,null,{"$f":"'Baza klientów'!B174","v":0},false,{"$f":"IF(AE205=TRUE,COUNTIF($AE$32:AE205,TRUE()),\"\")","v":""},{"$f":"IFERROR(INDEX($AD:$AD,MATCH(ROWS($AD$32:AD205),$AF:$AF,0)),\"\")","v":""},null,null,false,{"$f":"IF(AJ205=TRUE,COUNTIF($AJ$32:AJ205,TRUE()),\"\")","v":""},{"$f":"IFERROR(INDEX($AD:$AD,MATCH(ROWS($AD$32:AD205),$AK:$AK,0)),\"\")","v":""},null,false,{"$f":"IF(AN205=TRUE,COUNTIF($AN$32:AN205,TRUE()),\"\")","v":""},{"$f":"IFERROR(INDEX($AD:$AD,MATCH(ROWS($AD$32:$AD205),$AO:$AO,0)),\"\")","v":""}]
[null,null,null,null,null,null,null,null,null,null,null,null,null,null,null,null,null,null,null,null,null,null,null,null,null,null,null,null,null,{"$f":"'Baza klientów'!B175","v":0},false,{"$f":"IF(AE206=TRUE,COUNTIF($AE$32:AE206,TRUE()),\"\")","v":""},{"$f":"IFERROR(INDEX($AD:$AD,MATCH(ROWS($AD$32:AD206),$AF:$AF,0)),\"\")","v":""},null,null,false,{"$f":"IF(AJ206=TRUE,COUNTIF($AJ$32:AJ206,TRUE()),\"\")","v":""},{"$f":"IFERROR(INDEX($AD:$AD,MATCH(ROWS($AD$32:AD206),$AK:$AK,0)),\"\")","v":""},null,false,{"$f":"IF(AN206=TRUE,COUNTIF($AN$32:AN206,TRUE()),\"\")","v":""},{"$f":"IFERROR(INDEX($AD:$AD,MATCH(ROWS($AD$32:$AD206),$AO:$AO,0)),\"\")","v":""}]
[null,null,null,null,null,null,null,null,null,null,null,null,null,null,null,null,null,null,null,null,null,null,null,null,null,null,null,null,null,{"$f":"'Baza klientów'!B176","v":0},false,{"$f":"IF(AE207=TRUE,COUNTIF($AE$32:AE207,TRUE()),\"\")","v":""},{"$f":"IFERROR(INDEX($AD:$AD,MATCH(ROWS($AD$32:AD207),$AF:$AF,0)),\"\")","v":""},null,null,false,{"$f":"IF(AJ207=TRUE,COUNTIF($AJ$32:AJ207,TRUE()),\"\")","v":""},{"$f":"IFERROR(INDEX($AD:$AD,MATCH(ROWS($AD$32:AD207),$AK:$AK,0)),\"\")","v":""},null,false,{"$f":"IF(AN207=TRUE,COUNTIF($AN$32:AN207,TRUE()),\"\")","v":""},{"$f":"IFERROR(INDEX($AD:$AD,MATCH(ROWS($AD$32:$AD207),$AO:$AO,0)),\"\")","v":""}]
[null,null,null,null,null,null,null,null,null,null,null,null,null,null,null,null,null,null,null,null,null,null,null,null,null,null,null,null,null,{"$f":"'Baza klientów'!B177","v":0},false,{"$f":"IF(AE208=TRUE,COUNTIF($AE$32:AE208,TRUE()),\"\")","v":""},{"$f":"IFERROR(INDEX($AD:$AD,MATCH(ROWS($AD$32:AD208),$AF:$AF,0)),\"\")","v":""},null,null,false,{"$f":"IF(AJ208=TRUE,COUNTIF($AJ$32:AJ208,TRUE()),\"\")","v":""},{"$f":"IFERROR(INDEX($AD:$AD,MATCH(ROWS($AD$32:AD208),$AK:$AK,0)),\"\")","v":""},null,false,{"$f":"IF(AN208=TRUE,COUNTIF($AN$32:AN208,TRUE()),\"\")","v":""},{"$f":"IFERROR(INDEX($AD:$AD,MATCH(ROWS($AD$32:$AD208),$AO:$AO,0)),\"\")","v":""}]
[null,null,null,null,null,null,null,null,null,null,null,null,null,null,null,null,null,null,null,null,null,null,null,null,null,null,null,null,null,{"$f":"'Baza klientów'!B178","v":0},false,{"$f":"IF(AE209=TRUE,COUNTIF($AE$32:AE209,TRUE()),\"\")","v":""},{"$f":"IFERROR(INDEX($AD:$AD,MATCH(ROWS($AD$32:AD209),$AF:$AF,0)),\"\")","v":""},null,null,false,{"$f":"IF(AJ209=TRUE,COUNTIF($AJ$32:AJ209,TRUE()),\"\")","v":""},{"$f":"IFERROR(INDEX($AD:$AD,MATCH(ROWS($AD$32:AD209),$AK:$AK,0)),\"\")","v":""},null,false,{"$f":"IF(AN209=TRUE,COUNTIF($AN$32:AN209,TRUE()),\"\")","v":""},{"$f":"IFERROR(INDEX($AD:$AD,MATCH(ROWS($AD$32:$AD209),$AO:$AO,0)),\"\")","v":""}]
[null,null,null,null,null,null,null,null,null,null,null,null,null,null,null,null,null,null,null,null,null,null,null,null,null,null,null,null,null,{"$f":"'Baza klientów'!B179","v":0},false,{"$f":"IF(AE210=TRUE,COUNTIF($AE$32:AE210,TRUE()),\"\")","v":""},{"$f":"IFERROR(INDEX($AD:$AD,MATCH(ROWS($AD$32:AD210),$AF:$AF,0)),\"\")","v":""},null,null,false,{"$f":"IF(AJ210=TRUE,COUNTIF($AJ$32:AJ210,TRUE()),\"\")","v":""},{"$f":"IFERROR(INDEX($AD:$AD,MATCH(ROWS($AD$32:AD210),$AK:$AK,0)),\"\")","v":""},null,false,{"$f":"IF(AN210=TRUE,COUNTIF($AN$32:AN210,TRUE()),\"\")","v":""},{"$f":"IFERROR(INDEX($AD:$AD,MATCH(ROWS($AD$32:$AD210),$AO:$AO,0)),\"\")","v":""}]
[null,null,null,null,null,null,null,null,null,null,null,null,null,null,null,null,null,null,null,null,null,null,null,null,null,null,null,null,null,{"$f":"'Baza klientów'!B180","v":0},false,{"$f":"IF(AE211=TRUE,COUNTIF($AE$32:AE211,TRUE()),\"\")","v":""},{"$f":"IFERROR(INDEX($AD:$AD,MATCH(ROWS($AD$32:AD211),$AF:$AF,0)),\"\")","v":""},null,null,false,{"$f":"IF(AJ211=TRUE,COUNTIF($AJ$32:AJ211,TRUE()),\"\")","v":""},{"$f":"IFERROR(INDEX($AD:$AD,MATCH(ROWS($AD$32:AD211),$AK:$AK,0)),\"\")","v":""},null,false,{"$f":"IF(AN211=TRUE,COUNTIF($AN$32:AN211,TRUE()),\"\")","v":""},{"$f":"IFERROR(INDEX($AD:$AD,MATCH(ROWS($AD$32:$AD211),$AO:$AO,0)),\"\")","v":""}]
[null,null,null,null,null,null,null,null,null,null,null,null,null,null,null,null,null,null,null,null,null,null,null,null,null,null,null,null,null,{"$f":"'Baza klientów'!B181","v":0},false,{"$f":"IF(AE212=TRUE,COUNTIF($AE$32:AE212,TRUE()),\"\")","v":""},{"$f":"IFERROR(INDEX($AD:$AD,MATCH(ROWS($AD$32:AD212),$AF:$AF,0)),\"\")","v":""},null,null,false,{"$f":"IF(AJ212=TRUE,COUNTIF($AJ$32:AJ212,TRUE()),\"\")","v":""},{"$f":"IFERROR(INDEX($AD:$AD,MATCH(ROWS($AD$32:AD212),$AK:$AK,0)),\"\")","v":""},null,false,{"$f":"IF(AN212=TRUE,COUNTIF($AN$32:AN212,TRUE()),\"\")","v":""},{"$f":"IFERROR(INDEX($AD:$AD,MATCH(ROWS($AD$32:$AD212),$AO:$AO,0)),\"\")","v":""}]
[null,null,null,null,null,null,null,null,null,null,null,null,null,null,null,null,null,null,null,null,null,null,null,null,null,null,null,null,null,{"$f":"'Baza klientów'!B182","v":0},false,{"$f":"IF(AE213=TRUE,COUNTIF($AE$32:AE213,TRUE()),\"\")","v":""},{"$f":"IFERROR(INDEX($AD:$AD,MATCH(ROWS($AD$32:AD213),$AF:$AF,0)),\"\")","v":""},null,null,false,{"$f":"IF(AJ213=TRUE,COUNTIF($AJ$32:AJ213,TRUE()),\"\")","v":""},{"$f":"IFERROR(INDEX($AD:$AD,MATCH(ROWS($AD$32:AD213),$AK:$AK,0)),\"\")","v":""},null,false,{"$f":"IF(AN213=TRUE,COUNTIF($AN$32:AN213,TRUE()),\"\")","v":""},{"$f":"IFERROR(INDEX($AD:$AD,MATCH(ROWS($AD$32:$AD213),$AO:$AO,0)),\"\")","v":""}]
[null,null,null,null,null,null,null,null,null,null,null,null,null,null,null,null,null,null,null,null,null,null,null,null,null,null,null,null,null,{"$f":"'Baza klientów'!B183","v":0},false,{"$f":"IF(AE214=TRUE,COUNTIF($AE$32:AE214,TRUE()),\"\")","v":""},{"$f":"IFERROR(INDEX($AD:$AD,MATCH(ROWS($AD$32:AD214),$AF:$AF,0)),\"\")","v":""},null,null,false,{"$f":"IF(AJ214=TRUE,COUNTIF($AJ$32:AJ214,TRUE()),\"\")","v":""},{"$f":"IFERROR(INDEX($AD:$AD,MATCH(ROWS($AD$32:AD214),$AK:$AK,0)),\"\")","v":""},null,false,{"$f":"IF(AN214=TRUE,COUNTIF($AN$32:AN214,TRUE()),\"\")","v":""},{"$f":"IFERROR(INDEX($AD:$AD,MATCH(ROWS($AD$32:$AD214),$AO:$AO,0)),\"\")","v":""}]
[null,null,null,null,null,null,null,null,null,null,null,null,null,null,null,null,null,null,null,null,null,null,null,null,null,null,null,null,null,{"$f":"'Baza klientów'!B184","v":0},false,{"$f":"IF(AE215=TRUE,COUNTIF($AE$32:AE215,TRUE()),\"\")","v":""},{"$f":"IFERROR(INDEX($AD:$AD,MATCH(ROWS($AD$32:AD215),$AF:$AF,0)),\"\")","v":""},null,null,false,{"$f":"IF(AJ215=TRUE,COUNTIF($AJ$32:AJ215,TRUE()),\"\")","v":""},{"$f":"IFERROR(INDEX($AD:$AD,MATCH(ROWS($AD$32:AD215),$AK:$AK,0)),\"\")","v":""},null,false,{"$f":"IF(AN215=TRUE,COUNTIF($AN$32:AN215,TRUE()),\"\")","v":""},{"$f":"IFERROR(INDEX($AD:$AD,MATCH(ROWS($AD$32:$AD215),$AO:$AO,0)),\"\")","v":""}]
[null,null,null,null,null,null,null,null,null,null,null,null,null,null,null,null,null,null,null,null,null,null,null,null,null,null,null,null,null,{"$f":"'Baza klientów'!B185","v":0},false,{"$f":"IF(AE216=TRUE,COUNTIF($AE$32:AE216,TRUE()),\"\")","v":""},{"$f":"IFERROR(INDEX($AD:$AD,MATCH(ROWS($AD$32:AD216),$AF:$AF,0)),\"\")","v":""},null,null,false,{"$f":"IF(AJ216=TRUE,COUNTIF($AJ$32:AJ216,TRUE()),\"\")","v":""},{"$f":"IFERROR(INDEX($AD:$AD,MATCH(ROWS($AD$32:AD216),$AK:$AK,0)),\"\")","v":""},null,false,{"$f":"IF(AN216=TRUE,COUNTIF($AN$32:AN216,TRUE()),\"\")","v":""},{"$f":"IFERROR(INDEX($AD:$AD,MATCH(ROWS($AD$32:$AD216),$AO:$AO,0)),\"\")","v":""}]
[null,null,null,null,null,null,null,null,null,null,null,null,null,null,null,null,null,null,null,null,null,null,null,null,null,null,null,null,null,{"$f":"'Baza klientów'!B186","v":0},false,{"$f":"IF(AE217=TRUE,COUNTIF($AE$32:AE217,TRUE()),\"\")","v":""},{"$f":"IFERROR(INDEX($AD:$AD,MATCH(ROWS($AD$32:AD217),$AF:$AF,0)),\"\")","v":""},null,null,false,{"$f":"IF(AJ217=TRUE,COUNTIF($AJ$32:AJ217,TRUE()),\"\")","v":""},{"$f":"IFERROR(INDEX($AD:$AD,MATCH(ROWS($AD$32:AD217),$AK:$AK,0)),\"\")","v":""},null,false,{"$f":"IF(AN217=TRUE,COUNTIF($AN$32:AN217,TRUE()),\"\")","v":""},{"$f":"IFERROR(INDEX($AD:$AD,MATCH(ROWS($AD$32:$AD217),$AO:$AO,0)),\"\")","v":""}]
[null,null,null,null,null,null,null,null,null,null,null,null,null,null,null,null,null,null,null,null,null,null,null,null,null,null,null,null,null,{"$f":"'Baza klientów'!B187","v":0},false,{"$f":"IF(AE218=TRUE,COUNTIF($AE$32:AE218,TRUE()),\"\")","v":""},{"$f":"IFERROR(INDEX($AD:$AD,MATCH(ROWS($AD$32:AD218),$AF:$AF,0)),\"\")","v":""},null,null,false,{"$f":"IF(AJ218=TRUE,COUNTIF($AJ$32:AJ218,TRUE()),\"\")","v":""},{"$f":"IFERROR(INDEX($AD:$AD,MATCH(ROWS($AD$32:AD218),$AK:$AK,0)),\"\")","v":""},null,false,{"$f":"IF(AN218=TRUE,COUNTIF($AN$32:AN218,TRUE()),\"\")","v":""},{"$f":"IFERROR(INDEX($AD:$AD,MATCH(ROWS($AD$32:$AD218),$AO:$AO,0)),\"\")","v":""}]
[null,null,null,null,null,null,null,null,null,null,null,null,null,null,null,null,null,null,null,null,null,null,null,null,null,null,null,null,null,{"$f":"'Baza klientów'!B188","v":0},false,{"$f":"IF(AE219=TRUE,COUNTIF($AE$32:AE219,TRUE()),\"\")","v":""},{"$f":"IFERROR(INDEX($AD:$AD,MATCH(ROWS($AD$32:AD219),$AF:$AF,0)),\"\")","v":""},null,null,false,{"$f":"IF(AJ219=TRUE,COUNTIF($AJ$32:AJ219,TRUE()),\"\")","v":""},{"$f":"IFERROR(INDEX($AD:$AD,MATCH(ROWS($AD$32:AD219),$AK:$AK,0)),\"\")","v":""},null,false,{"$f":"IF(AN219=TRUE,COUNTIF($AN$32:AN219,TRUE()),\"\")","v":""},{"$f":"IFERROR(INDEX($AD:$AD,MATCH(ROWS($AD$32:$AD219),$AO:$AO,0)),\"\")","v":""}]
[null,null,null,null,null,null,null,null,null,null,null,null,null,null,null,null,null,null,null,null,null,null,null,null,null,null,null,null,null,{"$f":"'Baza klientów'!B189","v":0},false,{"$f":"IF(AE220=TRUE,COUNTIF($AE$32:AE220,TRUE()),\"\")","v":""},{"$f":"IFERROR(INDEX($AD:$AD,MATCH(ROWS($AD$32:AD220),$AF:$AF,0)),\"\")","v":""},null,null,false,{"$f":"IF(AJ220=TRUE,COUNTIF($AJ$32:AJ220,TRUE()),\"\")","v":""},{"$f":"IFERROR(INDEX($AD:$AD,MATCH(ROWS($AD$32:AD220),$AK:$AK,0)),\"\")","v":""},null,false,{"$f":"IF(AN220=TRUE,COUNTIF($AN$32:AN220,TRUE()),\"\")","v":""},{"$f":"IFERROR(INDEX($AD:$AD,MATCH(ROWS($AD$32:$AD220),$AO:$AO,0)),\"\")","v":""}]
[null,null,null,null,null,null,null,null,null,null,null,null,null,null,null,null,null,null,null,null,null,null,null,null,null,null,null,null,null,{"$f":"'Baza klientów'!B190","v":0},false,{"$f":"IF(AE221=TRUE,COUNTIF($AE$32:AE221,TRUE()),\"\")","v":""},{"$f":"IFERROR(INDEX($AD:$AD,MATCH(ROWS($AD$32:AD221),$AF:$AF,0)),\"\")","v":""},null,null,false,{"$f":"IF(AJ221=TRUE,COUNTIF($AJ$32:AJ221,TRUE()),\"\")","v":""},{"$f":"IFERROR(INDEX($AD:$AD,MATCH(ROWS($AD$32:AD221),$AK:$AK,0)),\"\")","v":""},null,false,{"$f":"IF(AN221=TRUE,COUNTIF($AN$32:AN221,TRUE()),\"\")","v":""},{"$f":"IFERROR(INDEX($AD:$AD,MATCH(ROWS($AD$32:$AD221),$AO:$AO,0)),\"\")","v":""}]
[null,null,null,null,null,null,null,null,null,null,null,null,null,null,null,null,null,null,null,null,null,null,null,null,null,null,null,null,null,{"$f":"'Baza klientów'!B191","v":0},false,{"$f":"IF(AE222=TRUE,COUNTIF($AE$32:AE222,TRUE()),\"\")","v":""},{"$f":"IFERROR(INDEX($AD:$AD,MATCH(ROWS($AD$32:AD222),$AF:$AF,0)),\"\")","v":""},null,null,false,{"$f":"IF(AJ222=TRUE,COUNTIF($AJ$32:AJ222,TRUE()),\"\")","v":""},{"$f":"IFERROR(INDEX($AD:$AD,MATCH(ROWS($AD$32:AD222),$AK:$AK,0)),\"\")","v":""},null,false,{"$f":"IF(AN222=TRUE,COUNTIF($AN$32:AN222,TRUE()),\"\")","v":""},{"$f":"IFERROR(INDEX($AD:$AD,MATCH(ROWS($AD$32:$AD222),$AO:$AO,0)),\"\")","v":""}]
[null,null,null,null,null,null,null,null,null,null,null,null,null,null,null,null,null,null,null,null,null,null,null,null,null,null,null,null,null,{"$f":"'Baza klientów'!B192","v":0},false,{"$f":"IF(AE223=TRUE,COUNTIF($AE$32:AE223,TRUE()),\"\")","v":""},{"$f":"IFERROR(INDEX($AD:$AD,MATCH(ROWS($AD$32:AD223),$AF:$AF,0)),\"\")","v":""},null,null,false,{"$f":"IF(AJ223=TRUE,COUNTIF($AJ$32:AJ223,TRUE()),\"\")","v":""},{"$f":"IFERROR(INDEX($AD:$AD,MATCH(ROWS($AD$32:AD223),$AK:$AK,0)),\"\")","v":""},null,false,{"$f":"IF(AN223=TRUE,COUNTIF($AN$32:AN223,TRUE()),\"\")","v":""},{"$f":"IFERROR(INDEX($AD:$AD,MATCH(ROWS($AD$32:$AD223),$AO:$AO,0)),\"\")","v":""}]
[null,null,null,null,null,null,null,null,null,null,null,null,null,null,null,null,null,null,null,null,null,null,null,null,null,null,null,null,null,{"$f":"'Baza klientów'!B193","v":0},false,{"$f":"IF(AE224=TRUE,COUNTIF($AE$32:AE224,TRUE()),\"\")","v":""},{"$f":"IFERROR(INDEX($AD:$AD,MATCH(ROWS($AD$32:AD224),$AF:$AF,0)),\"\")","v":""},null,null,false,{"$f":"IF(AJ224=TRUE,COUNTIF($AJ$32:AJ224,TRUE()),\"\")","v":""},{"$f":"IFERROR(INDEX($AD:$AD,MATCH(ROWS($AD$32:AD224),$AK:$AK,0)),\"\")","v":""},null,false,{"$f":"IF(AN224=TRUE,COUNTIF($AN$32:AN224,TRUE()),\"\")","v":""},{"$f":"IFERROR(INDEX($AD:$AD,MATCH(ROWS($AD$32:$AD224),$AO:$AO,0)),\"\")","v":""}]
[null,null,null,null,null,null,null,null,null,null,null,null,null,null,null,null,null,null,null,null,null,null,null,null,null,null,null,null,null,{"$f":"'Baza klientów'!B194","v":0},{"$f":"ISNUMBER(SEARCH($AH$32,AD225))","v":false},{"$f":"IF(AE225=TRUE,COUNTIF($AE$32:AE225,TRUE()),\"\")","v":""},{"$f":"IFERROR(INDEX($AD:$AD,MATCH(ROWS($AD$32:AD225),$AF:$AF,0)),\"\")","v":""},null,null,{"$f":"ISNUMBER(SEARCH($AM$31,AD225))","v":false},{"$f":"IF(AJ225=TRUE,COUNTIF($AJ$32:AJ225,TRUE()),\"\")","v":""},{"$f":"IFERROR(INDEX($AD:$AD,MATCH(ROWS($AD$32:AD225),$AK:$AK,0)),\"\")","v":""},null,{"$f":"ISNUMBER(SEARCH($AQ$31,$AD225))","v":false},{"$f":"IF(AN225=TRUE,COUNTIF($AN$32:AN225,TRUE()),\"\")","v":""},{"$f":"IFERROR(INDEX($AD:$AD,MATCH(ROWS($AD$32:$AD225),$AO:$AO,0)),\"\")","v":""}]
[null,null,null,null,null,null,null,null,null,null,null,null,null,null,null,null,null,null,null,null,null,null,null,null,null,null,null,null,null,{"$f":"'Baza klientów'!B195","v":0},false,{"$f":"IF(AE226=TRUE,COUNTIF($AE$32:AE226,TRUE()),\"\")","v":""},{"$f":"IFERROR(INDEX($AD:$AD,MATCH(ROWS($AD$32:AD226),$AF:$AF,0)),\"\")","v":""},null,null,false,{"$f":"IF(AJ226=TRUE,COUNTIF($AJ$32:AJ226,TRUE()),\"\")","v":""},{"$f":"IFERROR(INDEX($AD:$AD,MATCH(ROWS($AD$32:AD226),$AK:$AK,0)),\"\")","v":""},null,false,{"$f":"IF(AN226=TRUE,COUNTIF($AN$32:AN226,TRUE()),\"\")","v":""},{"$f":"IFERROR(INDEX($AD:$AD,MATCH(ROWS($AD$32:$AD226),$AO:$AO,0)),\"\")","v":""}]
[null,null,null,null,null,null,null,null,null,null,null,null,null,null,null,null,null,null,null,null,null,null,null,null,null,null,null,null,null,{"$f":"'Baza klientów'!B196","v":0},false,{"$f":"IF(AE227=TRUE,COUNTIF($AE$32:AE227,TRUE()),\"\")","v":""},{"$f":"IFERROR(INDEX($AD:$AD,MATCH(ROWS($AD$32:AD227),$AF:$AF,0)),\"\")","v":""},null,null,false,{"$f":"IF(AJ227=TRUE,COUNTIF($AJ$32:AJ227,TRUE()),\"\")","v":""},{"$f":"IFERROR(INDEX($AD:$AD,MATCH(ROWS($AD$32:AD227),$AK:$AK,0)),\"\")","v":""},null,false,{"$f":"IF(AN227=TRUE,COUNTIF($AN$32:AN227,TRUE()),\"\")","v":""},{"$f":"IFERROR(INDEX($AD:$AD,MATCH(ROWS($AD$32:$AD227),$AO:$AO,0)),\"\")","v":""}]
[null,null,null,null,null,null,null,null,null,null,null,null,null,null,null,null,null,null,null,null,null,null,null,null,null,null,null,null,null,{"$f":"'Baza klientów'!B197","v":0},false,{"$f":"IF(AE228=TRUE,COUNTIF($AE$32:AE228,TRUE()),\"\")","v":""},{"$f":"IFERROR(INDEX($AD:$AD,MATCH(ROWS($AD$32:AD228),$AF:$AF,0)),\"\")","v":""},null,null,false,{"$f":"IF(AJ228=TRUE,COUNTIF($AJ$32:AJ228,TRUE()),\"\")","v":""},{"$f":"IFERROR(INDEX($AD:$AD,MATCH(ROWS($AD$32:AD228),$AK:$AK,0)),\"\")","v":""},null,false,{"$f":"IF(AN228=TRUE,COUNTIF($AN$32:AN228,TRUE()),\"\")","v":""},{"$f":"IFERROR(INDEX($AD:$AD,MATCH(ROWS($AD$32:$AD228),$AO:$AO,0)),\"\")","v":""}]
[null,null,null,null,null,null,null,null,null,null,null,null,null,null,null,null,null,null,null,null,null,null,null,null,null,null,null,null,null,{"$f":"'Baza klientów'!B198","v":0},false,{"$f":"IF(AE229=TRUE,COUNTIF($AE$32:AE229,TRUE()),\"\")","v":""},{"$f":"IFERROR(INDEX($AD:$AD,MATCH(ROWS($AD$32:AD229),$AF:$AF,0)),\"\")","v":""},null,null,false,{"$f":"IF(AJ229=TRUE,COUNTIF($AJ$32:AJ229,TRUE()),\"\")","v":""},{"$f":"IFERROR(INDEX($AD:$AD,MATCH(ROWS($AD$32:AD229),$AK:$AK,0)),\"\")","v":""},null,false,{"$f":"IF(AN229=TRUE,COUNTIF($AN$32:AN229,TRUE()),\"\")","v":""},{"$f":"IFERROR(INDEX($AD:$AD,MATCH(ROWS($AD$32:$AD229),$AO:$AO,0)),\"\")","v":""}]
[null,null,null,null,null,null,null,null,null,null,null,null,null,null,null,null,null,null,null,null,null,null,null,null,null,null,null,null,null,{"$f":"'Baza klientów'!B199","v":0},false,{"$f":"IF(AE230=TRUE,COUNTIF($AE$32:AE230,TRUE()),\"\")","v":""},{"$f":"IFERROR(INDEX($AD:$AD,MATCH(ROWS($AD$32:AD230),$AF:$AF,0)),\"\")","v":""},null,null,false,{"$f":"IF(AJ230=TRUE,COUNTIF($AJ$32:AJ230,TRUE()),\"\")","v":""},{"$f":"IFERROR(INDEX($AD:$AD,MATCH(ROWS($AD$32:AD230),$AK:$AK,0)),\"\")","v":""},null,false,{"$f":"IF(AN230=TRUE,COUNTIF($AN$32:AN230,TRUE()),\"\")","v":""},{"$f":"IFERROR(INDEX($AD:$AD,MATCH(ROWS($AD$32:$AD230),$AO:$AO,0)),\"\")","v":""}]
[null,null,null,null,null,null,null,null,null,null,null,null,null,null,null,null,null,null,null,null,null,null,null,null,null,null,null,null,null,{"$f":"'Baza klientów'!B200","v":0},false,{"$f":"IF(AE231=TRUE,COUNTIF($AE$32:AE231,TRUE()),\"\")","v":""},{"$f":"IFERROR(INDEX($AD:$AD,MATCH(ROWS($AD$32:AD231),$AF:$AF,0)),\"\")","v":""},null,null,false,{"$f":"IF(AJ231=TRUE,COUNTIF($AJ$32:AJ231,TRUE()),\"\")","v":""},{"$f":"IFERROR(INDEX($AD:$AD,MATCH(ROWS($AD$32:AD231),$AK:$AK,0)),\"\")","v":""},null,false,{"$f":"IF(AN231=TRUE,COUNTIF($AN$32:AN231,TRUE()),\"\")","v":""},{"$f":"IFERROR(INDEX($AD:$AD,MATCH(ROWS($AD$32:$AD231),$AO:$AO,0)),\"\")","v":""}]
[null,null,null,null,null,null,null,null,null,null,null,null,null,null,null,null,null,null,null,null,null,null,null,null,null,null,null,null,null,{"$f":"'Baza klientów'!B201","v":0},false,{"$f":"IF(AE232=TRUE,COUNTIF($AE$32:AE232,TRUE()),\"\")","v":""},{"$f":"IFERROR(INDEX($AD:$AD,MATCH(ROWS($AD$32:AD232),$AF:$AF,0)),\"\")","v":""},null,null,false,{"$f":"IF(AJ232=TRUE,COUNTIF($AJ$32:AJ232,TRUE()),\"\")","v":""},{"$f":"IFERROR(INDEX($AD:$AD,MATCH(ROWS($AD$32:AD232),$AK:$AK,0)),\"\")","v":""},null,false,{"$f":"IF(AN232=TRUE,COUNTIF($AN$32:AN232,TRUE()),\"\")","v":""},{"$f":"IFERROR(INDEX($AD:$AD,MATCH(ROWS($AD$32:$AD232),$AO:$AO,0)),\"\")","v":""}]
[null,null,null,null,null,null,null,null,null,null,null,null,null,null,null,null,null,null,null,null,null,null,null,null,null,null,null,null,null,{"$f":"'Baza klientów'!B202","v":0},false,{"$f":"IF(AE233=TRUE,COUNTIF($AE$32:AE233,TRUE()),\"\")","v":""},{"$f":"IFERROR(INDEX($AD:$AD,MATCH(ROWS($AD$32:AD233),$AF:$AF,0)),\"\")","v":""},null,null,false,{"$f":"IF(AJ233=TRUE,COUNTIF($AJ$32:AJ233,TRUE()),\"\")","v":""},{"$f":"IFERROR(INDEX($AD:$AD,MATCH(ROWS($AD$32:AD233),$AK:$AK,0)),\"\")","v":""},null,false,{"$f":"IF(AN233=TRUE,COUNTIF($AN$32:AN233,TRUE()),\"\")","v":""},{"$f":"IFERROR(INDEX($AD:$AD,MATCH(ROWS($AD$32:$AD233),$AO:$AO,0)),\"\")","v":""}]
[null,null,null,null,null,null,null,null,null,null,null,null,null,null,null,null,null,null,null,null,null,null,null,null,null,null,null,null,null,{"$f":"'Baza klientów'!B203","v":0},false,{"$f":"IF(AE234=TRUE,COUNTIF($AE$32:AE234,TRUE()),\"\")","v":""},{"$f":"IFERROR(INDEX($AD:$AD,MATCH(ROWS($AD$32:AD234),$AF:$AF,0)),\"\")","v":""},null,null,false,{"$f":"IF(AJ234=TRUE,COUNTIF($AJ$32:AJ234,TRUE()),\"\")","v":""},{"$f":"IFERROR(INDEX($AD:$AD,MATCH(ROWS($AD$32:AD234),$AK:$AK,0)),\"\")","v":""},null,false,{"$f":"IF(AN234=TRUE,COUNTIF($AN$32:AN234,TRUE()),\"\")","v":""},{"$f":"IFERROR(INDEX($AD:$AD,MATCH(ROWS($AD$32:$AD234),$AO:$AO,0)),\"\")","v":""}]
[null,null,null,null,null,null,null,null,null,null,null,null,null,null,null,null,null,null,null,null,null,null,null,null,null,null,null,null,null,{"$f":"'Baza klientów'!B204","v":0},false,{"$f":"IF(AE235=TRUE,COUNTIF($AE$32:AE235,TRUE()),\"\")","v":""},{"$f":"IFERROR(INDEX($AD:$AD,MATCH(ROWS($AD$32:AD235),$AF:$AF,0)),\"\")","v":""},null,null,false,{"$f":"IF(AJ235=TRUE,COUNTIF($AJ$32:AJ235,TRUE()),\"\")","v":""},{"$f":"IFERROR(INDEX($AD:$AD,MATCH(ROWS($AD$32:AD235),$AK:$AK,0)),\"\")","v":""},null,false,{"$f":"IF(AN235=TRUE,COUNTIF($AN$32:AN235,TRUE()),\"\")","v":""},{"$f":"IFERROR(INDEX($AD:$AD,MATCH(ROWS($AD$32:$AD235),$AO:$AO,0)),\"\")","v":""}]
[null,null,null,null,null,null,null,null,null,null,null,null,null,null,null,null,null,null,null,null,null,null,null,null,null,null,null,null,null,{"$f":"'Baza klientów'!B205","v":0},false,{"$f":"IF(AE236=TRUE,COUNTIF($AE$32:AE236,TRUE()),\"\")","v":""},{"$f":"IFERROR(INDEX($AD:$AD,MATCH(ROWS($AD$32:AD236),$AF:$AF,0)),\"\")","v":""},null,null,false,{"$f":"IF(AJ236=TRUE,COUNTIF($AJ$32:AJ236,TRUE()),\"\")","v":""},{"$f":"IFERROR(INDEX($AD:$AD,MATCH(ROWS($AD$32:AD236),$AK:$AK,0)),\"\")","v":""},null,false,{"$f":"IF(AN236=TRUE,COUNTIF($AN$32:AN236,TRUE()),\"\")","v":""},{"$f":"IFERROR(INDEX($AD:$AD,MATCH(ROWS($AD$32:$AD236),$AO:$AO,0)),\"\")","v":""}]
[null,null,null,null,null,null,null,null,null,null,null,null,null,null,null,null,null,null,null,null,null,null,null,null,null,null,null,null,null,{"$f":"'Baza klientów'!B206","v":0},false,{"$f":"IF(AE237=TRUE,COUNTIF($AE$32:AE237,TRUE()),\"\")","v":""},{"$f":"IFERROR(INDEX($AD:$AD,MATCH(ROWS($AD$32:AD237),$AF:$AF,0)),\"\")","v":""},null,null,false,{"$f":"IF(AJ237=TRUE,COUNTIF($AJ$32:AJ237,TRUE()),\"\")","v":""},{"$f":"IFERROR(INDEX($AD:$AD,MATCH(ROWS($AD$32:AD237),$AK:$AK,0)),\"\")","v":""},null,false,{"$f":"IF(AN237=TRUE,COUNTIF($AN$32:AN237,TRUE()),\"\")","v":""},{"$f":"IFERROR(INDEX($AD:$AD,MATCH(ROWS($AD$32:$AD237),$AO:$AO,0)),\"\")","v":""}]
[null,null,null,null,null,null,null,null,null,null,null,null,null,null,null,null,null,null,null,null,null,null,null,null,null,null,null,null,null,{"$f":"'Baza klientów'!B207","v":0},false,{"$f":"IF(AE238=TRUE,COUNTIF($AE$32:AE238,TRUE()),\"\")","v":""},{"$f":"IFERROR(INDEX($AD:$AD,MATCH(ROWS($AD$32:AD238),$AF:$AF,0)),\"\")","v":""},null,null,false,{"$f":"IF(AJ238=TRUE,COUNTIF($AJ$32:AJ238,TRUE()),\"\")","v":""},{"$f":"IFERROR(INDEX($AD:$AD,MATCH(ROWS($AD$32:AD238),$AK:$AK,0)),\"\")","v":""},null,false,{"$f":"IF(AN238=TRUE,COUNTIF($AN$32:AN238,TRUE()),\"\")","v":""},{"$f":"IFERROR(INDEX($AD:$AD,MATCH(ROWS($AD$32:$AD238),$AO:$AO,0)),\"\")","v":""}]
[null,null,null,null,null,null,null,null,null,null,null,null,null,null,null,null,null,null,null,null,null,null,null,null,null,null,null,null,null,{"$f":"'Baza klientów'!B208","v":0},false,{"$f":"IF(AE239=TRUE,COUNTIF($AE$32:AE239,TRUE()),\"\")","v":""},{"$f":"IFERROR(INDEX($AD:$AD,MATCH(ROWS($AD$32:AD239),$AF:$AF,0)),\"\")","v":""},null,null,false,{"$f":"IF(AJ239=TRUE,COUNTIF($AJ$32:AJ239,TRUE()),\"\")","v":""},{"$f":"IFERROR(INDEX($AD:$AD,MATCH(ROWS($AD$32:AD239),$AK:$AK,0)),\"\")","v":""},null,false,{"$f":"IF(AN239=TRUE,COUNTIF($AN$32:AN239,TRUE()),\"\")","v":""},{"$f":"IFERROR(INDEX($AD:$AD,MATCH(ROWS($AD$32:$AD239),$AO:$AO,0)),\"\")","v":""}]
[null,null,null,null,null,null,null,null,null,null,null,null,null,null,null,null,null,null,null,null,null,null,null,null,null,null,null,null,null,{"$f":"'Baza klientów'!B209","v":0},false,{"$f":"IF(AE240=TRUE,COUNTIF($AE$32:AE240,TRUE()),\"\")","v":""},{"$f":"IFERROR(INDEX($AD:$AD,MATCH(ROWS($AD$32:AD240),$AF:$AF,0)),\"\")","v":""},null,null,false,{"$f":"IF(AJ240=TRUE,COUNTIF($AJ$32:AJ240,TRUE()),\"\")","v":""},{"$f":"IFERROR(INDEX($AD:$AD,MATCH(ROWS($AD$32:AD240),$AK:$AK,0)),\"\")","v":""},null,false,{"$f":"IF(AN240=TRUE,COUNTIF($AN$32:AN240,TRUE()),\"\")","v":""},{"$f":"IFERROR(INDEX($AD:$AD,MATCH(ROWS($AD$32:$AD240),$AO:$AO,0)),\"\")","v":""}]
[null,null,null,null,null,null,null,null,null,null,null,null,null,null,null,null,null,null,null,null,null,null,null,null,null,null,null,null,null,{"$f":"'Baza klientów'!B210","v":0},false,{"$f":"IF(AE241=TRUE,COUNTIF($AE$32:AE241,TRUE()),\"\")","v":""},{"$f":"IFERROR(INDEX($AD:$AD,MATCH(ROWS($AD$32:AD241),$AF:$AF,0)),\"\")","v":""},null,null,false,{"$f":"IF(AJ241=TRUE,COUNTIF($AJ$32:AJ241,TRUE()),\"\")","v":""},{"$f":"IFERROR(INDEX($AD:$AD,MATCH(ROWS($AD$32:AD241),$AK:$AK,0)),\"\")","v":""},null,false,{"$f":"IF(AN241=TRUE,COUNTIF($AN$32:AN241,TRUE()),\"\")","v":""},{"$f":"IFERROR(INDEX($AD:$AD,MATCH(ROWS($AD$32:$AD241),$AO:$AO,0)),\"\")","v":""}]
[null,null,null,null,null,null,null,null,null,null,null,null,null,null,null,null,null,null,null,null,null,null,null,null,null,null,null,null,null,{"$f":"'Baza klientów'!B211","v":0},false,{"$f":"IF(AE242=TRUE,COUNTIF($AE$32:AE242,TRUE()),\"\")","v":""},{"$f":"IFERROR(INDEX($AD:$AD,MATCH(ROWS($AD$32:AD242),$AF:$AF,0)),\"\")","v":""},null,null,false,{"$f":"IF(AJ242=TRUE,COUNTIF($AJ$32:AJ242,TRUE()),\"\")","v":""},{"$f":"IFERROR(INDEX($AD:$AD,MATCH(ROWS($AD$32:AD242),$AK:$AK,0)),\"\")","v":""},null,false,{"$f":"IF(AN242=TRUE,COUNTIF($AN$32:AN242,TRUE()),\"\")","v":""},{"$f":"IFERROR(INDEX($AD:$AD,MATCH(ROWS($AD$32:$AD242),$AO:$AO,0)),\"\")","v":""}]
[null,null,null,null,null,null,null,null,null,null,null,null,null,null,null,null,null,null,null,null,null,null,null,null,null,null,null,null,null,{"$f":"'Baza klientów'!B212","v":0},false,{"$f":"IF(AE243=TRUE,COUNTIF($AE$32:AE243,TRUE()),\"\")","v":""},{"$f":"IFERROR(INDEX($AD:$AD,MATCH(ROWS($AD$32:AD243),$AF:$AF,0)),\"\")","v":""},null,null,false,{"$f":"IF(AJ243=TRUE,COUNTIF($AJ$32:AJ243,TRUE()),\"\")","v":""},{"$f":"IFERROR(INDEX($AD:$AD,MATCH(ROWS($AD$32:AD243),$AK:$AK,0)),\"\")","v":""},null,false,{"$f":"IF(AN243=TRUE,COUNTIF($AN$32:AN243,TRUE()),\"\")","v":""},{"$f":"IFERROR(INDEX($AD:$AD,MATCH(ROWS($AD$32:$AD243),$AO:$AO,0)),\"\")","v":""}]
[null,null,null,null,null,null,null,null,null,null,null,null,null,null,null,null,null,null,null,null,null,null,null,null,null,null,null,null,null,{"$f":"'Baza klientów'!B213","v":0},false,{"$f":"IF(AE244=TRUE,COUNTIF($AE$32:AE244,TRUE()),\"\")","v":""},{"$f":"IFERROR(INDEX($AD:$AD,MATCH(ROWS($AD$32:AD244),$AF:$AF,0)),\"\")","v":""},null,null,false,{"$f":"IF(AJ244=TRUE,COUNTIF($AJ$32:AJ244,TRUE()),\"\")","v":""},{"$f":"IFERROR(INDEX($AD:$AD,MATCH(ROWS($AD$32:AD244),$AK:$AK,0)),\"\")","v":""},null,false,{"$f":"IF(AN244=TRUE,COUNTIF($AN$32:AN244,TRUE()),\"\")","v":""},{"$f":"IFERROR(INDEX($AD:$AD,MATCH(ROWS($AD$32:$AD244),$AO:$AO,0)),\"\")","v":""}]
[null,null,null,null,null,null,null,null,null,null,null,null,null,null,null,null,null,null,null,null,null,null,null,null,null,null,null,null,null,{"$f":"'Baza klientów'!B214","v":0},false,{"$f":"IF(AE245=TRUE,COUNTIF($AE$32:AE245,TRUE()),\"\")","v":""},{"$f":"IFERROR(INDEX($AD:$AD,MATCH(ROWS($AD$32:AD245),$AF:$AF,0)),\"\")","v":""},null,null,false,{"$f":"IF(AJ245=TRUE,COUNTIF($AJ$32:AJ245,TRUE()),\"\")","v":""},{"$f":"IFERROR(INDEX($AD:$AD,MATCH(ROWS($AD$32:AD245),$AK:$AK,0)),\"\")","v":""},null,false,{"$f":"IF(AN245=TRUE,COUNTIF($AN$32:AN245,TRUE()),\"\")","v":""},{"$f":"IFERROR(INDEX($AD:$AD,MATCH(ROWS($AD$32:$AD245),$AO:$AO,0)),\"\")","v":""}]
[null,null,null,null,null,null,null,null,null,null,null,null,null,null,null,null,null,null,null,null,null,null,null,null,null,null,null,null,null,{"$f":"'Baza klientów'!B215","v":0},false,{"$f":"IF(AE246=TRUE,COUNTIF($AE$32:AE246,TRUE()),\"\")","v":""},{"$f":"IFERROR(INDEX($AD:$AD,MATCH(ROWS($AD$32:AD246),$AF:$AF,0)),\"\")","v":""},null,null,false,{"$f":"IF(AJ246=TRUE,COUNTIF($AJ$32:AJ246,TRUE()),\"\")","v":""},{"$f":"IFERROR(INDEX($AD:$AD,MATCH(ROWS($AD$32:AD246),$AK:$AK,0)),\"\")","v":""},null,false,{"$f":"IF(AN246=TRUE,COUNTIF($AN$32:AN246,TRUE()),\"\")","v":""},{"$f":"IFERROR(INDEX($AD:$AD,MATCH(ROWS($AD$32:$AD246),$AO:$AO,0)),\"\")","v":""}]
[null,null,null,null,null,null,null,null,null,null,null,null,null,null,null,null,null,null,null,null,null,null,null,null,null,null,null,null,null,{"$f":"'Baza klientów'!B216","v":0},false,{"$f":"IF(AE247=TRUE,COUNTIF($AE$32:AE247,TRUE()),\"\")","v":""},{"$f":"IFERROR(INDEX($AD:$AD,MATCH(ROWS($AD$32:AD247),$AF:$AF,0)),\"\")","v":""},null,null,false,{"$f":"IF(AJ247=TRUE,COUNTIF($AJ$32:AJ247,TRUE()),\"\")","v":""},{"$f":"IFERROR(INDEX($AD:$AD,MATCH(ROWS($AD$32:AD247),$AK:$AK,0)),\"\")","v":""},null,false,{"$f":"IF(AN247=TRUE,COUNTIF($AN$32:AN247,TRUE()),\"\")","v":""},{"$f":"IFERROR(INDEX($AD:$AD,MATCH(ROWS($AD$32:$AD247),$AO:$AO,0)),\"\")","v":""}]
[null,null,null,null,null,null,null,null,null,null,null,null,null,null,null,null,null,null,null,null,null,null,null,null,null,null,null,null,null,{"$f":"'Baza klientów'!B217","v":0},false,{"$f":"IF(AE248=TRUE,COUNTIF($AE$32:AE248,TRUE()),\"\")","v":""},{"$f":"IFERROR(INDEX($AD:$AD,MATCH(ROWS($AD$32:AD248),$AF:$AF,0)),\"\")","v":""},null,null,false,{"$f":"IF(AJ248=TRUE,COUNTIF($AJ$32:AJ248,TRUE()),\"\")","v":""},{"$f":"IFERROR(INDEX($AD:$AD,MATCH(ROWS($AD$32:AD248),$AK:$AK,0)),\"\")","v":""},null,false,{"$f":"IF(AN248=TRUE,COUNTIF($AN$32:AN248,TRUE()),\"\")","v":""},{"$f":"IFERROR(INDEX($AD:$AD,MATCH(ROWS($AD$32:$AD248),$AO:$AO,0)),\"\")","v":""}]
[null,null,null,null,null,null,null,null,null,null,null,null,null,null,null,null,null,null,null,null,null,null,null,null,null,null,null,null,null,{"$f":"'Baza klientów'!B218","v":0},false,{"$f":"IF(AE249=TRUE,COUNTIF($AE$32:AE249,TRUE()),\"\")","v":""},{"$f":"IFERROR(INDEX($AD:$AD,MATCH(ROWS($AD$32:AD249),$AF:$AF,0)),\"\")","v":""},null,null,false,{"$f":"IF(AJ249=TRUE,COUNTIF($AJ$32:AJ249,TRUE()),\"\")","v":""},{"$f":"IFERROR(INDEX($AD:$AD,MATCH(ROWS($AD$32:AD249),$AK:$AK,0)),\"\")","v":""},null,false,{"$f":"IF(AN249=TRUE,COUNTIF($AN$32:AN249,TRUE()),\"\")","v":""},{"$f":"IFERROR(INDEX($AD:$AD,MATCH(ROWS($AD$32:$AD249),$AO:$AO,0)),\"\")","v":""}]
[null,null,null,null,null,null,null,null,null,null,null,null,null,null,null,null,null,null,null,null,null,null,null,null,null,null,null,null,null,{"$f":"'Baza klientów'!B219","v":0},false,{"$f":"IF(AE250=TRUE,COUNTIF($AE$32:AE250,TRUE()),\"\")","v":""},{"$f":"IFERROR(INDEX($AD:$AD,MATCH(ROWS($AD$32:AD250),$AF:$AF,0)),\"\")","v":""},null,null,false,{"$f":"IF(AJ250=TRUE,COUNTIF($AJ$32:AJ250,TRUE()),\"\")","v":""},{"$f":"IFERROR(INDEX($AD:$AD,MATCH(ROWS($AD$32:AD250),$AK:$AK,0)),\"\")","v":""},null,false,{"$f":"IF(AN250=TRUE,COUNTIF($AN$32:AN250,TRUE()),\"\")","v":""},{"$f":"IFERROR(INDEX($AD:$AD,MATCH(ROWS($AD$32:$AD250),$AO:$AO,0)),\"\")","v":""}]
[null,null,null,null,null,null,null,null,null,null,null,null,null,null,null,null,null,null,null,null,null,null,null,null,null,null,null,null,null,{"$f":"'Baza klientów'!B220","v":0},false,{"$f":"IF(AE251=TRUE,COUNTIF($AE$32:AE251,TRUE()),\"\")","v":""},{"$f":"IFERROR(INDEX($AD:$AD,MATCH(ROWS($AD$32:AD251),$AF:$AF,0)),\"\")","v":""},null,null,false,{"$f":"IF(AJ251=TRUE,COUNTIF($AJ$32:AJ251,TRUE()),\"\")","v":""},{"$f":"IFERROR(INDEX($AD:$AD,MATCH(ROWS($AD$32:AD251),$AK:$AK,0)),\"\")","v":""},null,false,{"$f":"IF(AN251=TRUE,COUNTIF($AN$32:AN251,TRUE()),\"\")","v":""},{"$f":"IFERROR(INDEX($AD:$AD,MATCH(ROWS($AD$32:$AD251),$AO:$AO,0)),\"\")","v":""}]
[null,null,null,null,null,null,null,null,null,null,null,null,null,null,null,null,null,null,null,null,null,null,null,null,null,null,null,null,null,{"$f":"'Baza klientów'!B221","v":0},false,{"$f":"IF(AE252=TRUE,COUNTIF($AE$32:AE252,TRUE()),\"\")","v":""},{"$f":"IFERROR(INDEX($AD:$AD,MATCH(ROWS($AD$32:AD252),$AF:$AF,0)),\"\")","v":""},null,null,false,{"$f":"IF(AJ252=TRUE,COUNTIF($AJ$32:AJ252,TRUE()),\"\")","v":""},{"$f":"IFERROR(INDEX($AD:$AD,MATCH(ROWS($AD$32:AD252),$AK:$AK,0)),\"\")","v":""},null,false,{"$f":"IF(AN252=TRUE,COUNTIF($AN$32:AN252,TRUE()),\"\")","v":""},{"$f":"IFERROR(INDEX($AD:$AD,MATCH(ROWS($AD$32:$AD252),$AO:$AO,0)),\"\")","v":""}]
[null,null,null,null,null,null,null,null,null,null,null,null,null,null,null,null,null,null,null,null,null,null,null,null,null,null,null,null,null,{"$f":"'Baza klientów'!B222","v":0},false,{"$f":"IF(AE253=TRUE,COUNTIF($AE$32:AE253,TRUE()),\"\")","v":""},{"$f":"IFERROR(INDEX($AD:$AD,MATCH(ROWS($AD$32:AD253),$AF:$AF,0)),\"\")","v":""},null,null,false,{"$f":"IF(AJ253=TRUE,COUNTIF($AJ$32:AJ253,TRUE()),\"\")","v":""},{"$f":"IFERROR(INDEX($AD:$AD,MATCH(ROWS($AD$32:AD253),$AK:$AK,0)),\"\")","v":""},null,false,{"$f":"IF(AN253=TRUE,COUNTIF($AN$32:AN253,TRUE()),\"\")","v":""},{"$f":"IFERROR(INDEX($AD:$AD,MATCH(ROWS($AD$32:$AD253),$AO:$AO,0)),\"\")","v":""}]
[null,null,null,null,null,null,null,null,null,null,null,null,null,null,null,null,null,null,null,null,null,null,null,null,null,null,null,null,null,{"$f":"'Baza klientów'!B223","v":0},false,{"$f":"IF(AE254=TRUE,COUNTIF($AE$32:AE254,TRUE()),\"\")","v":""},{"$f":"IFERROR(INDEX($AD:$AD,MATCH(ROWS($AD$32:AD254),$AF:$AF,0)),\"\")","v":""},null,null,false,{"$f":"IF(AJ254=TRUE,COUNTIF($AJ$32:AJ254,TRUE()),\"\")","v":""},{"$f":"IFERROR(INDEX($AD:$AD,MATCH(ROWS($AD$32:AD254),$AK:$AK,0)),\"\")","v":""},null,false,{"$f":"IF(AN254=TRUE,COUNTIF($AN$32:AN254,TRUE()),\"\")","v":""},{"$f":"IFERROR(INDEX($AD:$AD,MATCH(ROWS($AD$32:$AD254),$AO:$AO,0)),\"\")","v":""}]
[null,null,null,null,null,null,null,null,null,null,null,null,null,null,null,null,null,null,null,null,null,null,null,null,null,null,null,null,null,{"$f":"'Baza klientów'!B224","v":0},false,{"$f":"IF(AE255=TRUE,COUNTIF($AE$32:AE255,TRUE()),\"\")","v":""},{"$f":"IFERROR(INDEX($AD:$AD,MATCH(ROWS($AD$32:AD255),$AF:$AF,0)),\"\")","v":""},null,null,false,{"$f":"IF(AJ255=TRUE,COUNTIF($AJ$32:AJ255,TRUE()),\"\")","v":""},{"$f":"IFERROR(INDEX($AD:$AD,MATCH(ROWS($AD$32:AD255),$AK:$AK,0)),\"\")","v":""},null,false,{"$f":"IF(AN255=TRUE,COUNTIF($AN$32:AN255,TRUE()),\"\")","v":""},{"$f":"IFERROR(INDEX($AD:$AD,MATCH(ROWS($AD$32:$AD255),$AO:$AO,0)),\"\")","v":""}]
[null,null,null,null,null,null,null,null,null,null,null,null,null,null,null,null,null,null,null,null,null,null,null,null,null,null,null,null,null,{"$f":"'Baza klientów'!B225","v":0},false,{"$f":"IF(AE256=TRUE,COUNTIF($AE$32:AE256,TRUE()),\"\")","v":""},{"$f":"IFERROR(INDEX($AD:$AD,MATCH(ROWS($AD$32:AD256),$AF:$AF,0)),\"\")","v":""},null,null,false,{"$f":"IF(AJ256=TRUE,COUNTIF($AJ$32:AJ256,TRUE()),\"\")","v":""},{"$f":"IFERROR(INDEX($AD:$AD,MATCH(ROWS($AD$32:AD256),$AK:$AK,0)),\"\")","v":""},null,false,{"$f":"IF(AN256=TRUE,COUNTIF($AN$32:AN256,TRUE()),\"\")","v":""},{"$f":"IFERROR(INDEX($AD:$AD,MATCH(ROWS($AD$32:$AD256),$AO:$AO,0)),\"\")","v":""}]
[null,null,null,null,null,null,null,null,null,null,null,null,null,null,null,null,null,null,null,null,null,null,null,null,null,null,null,null,null,{"$f":"'Baza klientów'!B226","v":0},false,{"$f":"IF(AE257=TRUE,COUNTIF($AE$32:AE257,TRUE()),\"\")","v":""},{"$f":"IFERROR(INDEX($AD:$AD,MATCH(ROWS($AD$32:AD257),$AF:$AF,0)),\"\")","v":""},null,null,false,{"$f":"IF(AJ257=TRUE,COUNTIF($AJ$32:AJ257,TRUE()),\"\")","v":""},{"$f":"IFERROR(INDEX($AD:$AD,MATCH(ROWS($AD$32:AD257),$AK:$AK,0)),\"\")","v":""},null,false,{"$f":"IF(AN257=TRUE,COUNTIF($AN$32:AN257,TRUE()),\"\")","v":""},{"$f":"IFERROR(INDEX($AD:$AD,MATCH(ROWS($AD$32:$AD257),$AO:$AO,0)),\"\")","v":""}]
[null,null,null,null,null,null,null,null,null,null,null,null,null,null,null,null,null,null,null,null,null,null,null,null,null,null,null,null,null,{"$f":"'Baza klientów'!B227","v":0},false,{"$f":"IF(AE258=TRUE,COUNTIF($AE$32:AE258,TRUE()),\"\")","v":""},{"$f":"IFERROR(INDEX($AD:$AD,MATCH(ROWS($AD$32:AD258),$AF:$AF,0)),\"\")","v":""},null,null,false,{"$f":"IF(AJ258=TRUE,COUNTIF($AJ$32:AJ258,TRUE()),\"\")","v":""},{"$f":"IFERROR(INDEX($AD:$AD,MATCH(ROWS($AD$32:AD258),$AK:$AK,0)),\"\")","v":""},null,false,{"$f":"IF(AN258=TRUE,COUNTIF($AN$32:AN258,TRUE()),\"\")","v":""},{"$f":"IFERROR(INDEX($AD:$AD,MATCH(ROWS($AD$32:$AD258),$AO:$AO,0)),\"\")","v":""}]
[null,null,null,null,null,null,null,null,null,null,null,null,null,null,null,null,null,null,null,null,null,null,null,null,null,null,null,null,null,{"$f":"'Baza klientów'!B228","v":0},false,{"$f":"IF(AE259=TRUE,COUNTIF($AE$32:AE259,TRUE()),\"\")","v":""},{"$f":"IFERROR(INDEX($AD:$AD,MATCH(ROWS($AD$32:AD259),$AF:$AF,0)),\"\")","v":""},null,null,false,{"$f":"IF(AJ259=TRUE,COUNTIF($AJ$32:AJ259,TRUE()),\"\")","v":""},{"$f":"IFERROR(INDEX($AD:$AD,MATCH(ROWS($AD$32:AD259),$AK:$AK,0)),\"\")","v":""},null,false,{"$f":"IF(AN259=TRUE,COUNTIF($AN$32:AN259,TRUE()),\"\")","v":""},{"$f":"IFERROR(INDEX($AD:$AD,MATCH(ROWS($AD$32:$AD259),$AO:$AO,0)),\"\")","v":""}]
[null,null,null,null,null,null,null,null,null,null,null,null,null,null,null,null,null,null,null,null,null,null,null,null,null,null,null,null,null,{"$f":"'Baza klientów'!B229","v":0},false,{"$f":"IF(AE260=TRUE,COUNTIF($AE$32:AE260,TRUE()),\"\")","v":""},{"$f":"IFERROR(INDEX($AD:$AD,MATCH(ROWS($AD$32:AD260),$AF:$AF,0)),\"\")","v":""},null,null,false,{"$f":"IF(AJ260=TRUE,COUNTIF($AJ$32:AJ260,TRUE()),\"\")","v":""},{"$f":"IFERROR(INDEX($AD:$AD,MATCH(ROWS($AD$32:AD260),$AK:$AK,0)),\"\")","v":""},null,false,{"$f":"IF(AN260=TRUE,COUNTIF($AN$32:AN260,TRUE()),\"\")","v":""},{"$f":"IFERROR(INDEX($AD:$AD,MATCH(ROWS($AD$32:$AD260),$AO:$AO,0)),\"\")","v":""}]
[null,null,null,null,null,null,null,null,null,null,null,null,null,null,null,null,null,null,null,null,null,null,null,null,null,null,null,null,null,{"$f":"'Baza klientów'!B230","v":0},false,{"$f":"IF(AE261=TRUE,COUNTIF($AE$32:AE261,TRUE()),\"\")","v":""},{"$f":"IFERROR(INDEX($AD:$AD,MATCH(ROWS($AD$32:AD261),$AF:$AF,0)),\"\")","v":""},null,null,false,{"$f":"IF(AJ261=TRUE,COUNTIF($AJ$32:AJ261,TRUE()),\"\")","v":""},{"$f":"IFERROR(INDEX($AD:$AD,MATCH(ROWS($AD$32:AD261),$AK:$AK,0)),\"\")","v":""},null,false,{"$f":"IF(AN261=TRUE,COUNTIF($AN$32:AN261,TRUE()),\"\")","v":""},{"$f":"IFERROR(INDEX($AD:$AD,MATCH(ROWS($AD$32:$AD261),$AO:$AO,0)),\"\")","v":""}]
[null,null,null,null,null,null,null,null,null,null,null,null,null,null,null,null,null,null,null,null,null,null,null,null,null,null,null,null,null,{"$f":"'Baza klientów'!B231","v":0},false,{"$f":"IF(AE262=TRUE,COUNTIF($AE$32:AE262,TRUE()),\"\")","v":""},{"$f":"IFERROR(INDEX($AD:$AD,MATCH(ROWS($AD$32:AD262),$AF:$AF,0)),\"\")","v":""},null,null,false,{"$f":"IF(AJ262=TRUE,COUNTIF($AJ$32:AJ262,TRUE()),\"\")","v":""},{"$f":"IFERROR(INDEX($AD:$AD,MATCH(ROWS($AD$32:AD262),$AK:$AK,0)),\"\")","v":""},null,false,{"$f":"IF(AN262=TRUE,COUNTIF($AN$32:AN262,TRUE()),\"\")","v":""},{"$f":"IFERROR(INDEX($AD:$AD,MATCH(ROWS($AD$32:$AD262),$AO:$AO,0)),\"\")","v":""}]
[null,null,null,null,null,null,null,null,null,null,null,null,null,null,null,null,null,null,null,null,null,null,null,null,null,null,null,null,null,{"$f":"'Baza klientów'!B232","v":0},false,{"$f":"IF(AE263=TRUE,COUNTIF($AE$32:AE263,TRUE()),\"\")","v":""},{"$f":"IFERROR(INDEX($AD:$AD,MATCH(ROWS($AD$32:AD263),$AF:$AF,0)),\"\")","v":""},null,null,false,{"$f":"IF(AJ263=TRUE,COUNTIF($AJ$32:AJ263,TRUE()),\"\")","v":""},{"$f":"IFERROR(INDEX($AD:$AD,MATCH(ROWS($AD$32:AD263),$AK:$AK,0)),\"\")","v":""},null,false,{"$f":"IF(AN263=TRUE,COUNTIF($AN$32:AN263,TRUE()),\"\")","v":""},{"$f":"IFERROR(INDEX($AD:$AD,MATCH(ROWS($AD$32:$AD263),$AO:$AO,0)),\"\")","v":""}]
[null,null,null,null,null,null,null,null,null,null,null,null,null,null,null,null,null,null,null,null,null,null,null,null,null,null,null,null,null,{"$f":"'Baza klientów'!B233","v":0},false,{"$f":"IF(AE264=TRUE,COUNTIF($AE$32:AE264,TRUE()),\"\")","v":""},{"$f":"IFERROR(INDEX($AD:$AD,MATCH(ROWS($AD$32:AD264),$AF:$AF,0)),\"\")","v":""},null,null,false,{"$f":"IF(AJ264=TRUE,COUNTIF($AJ$32:AJ264,TRUE()),\"\")","v":""},{"$f":"IFERROR(INDEX($AD:$AD,MATCH(ROWS($AD$32:AD264),$AK:$AK,0)),\"\")","v":""},null,false,{"$f":"IF(AN264=TRUE,COUNTIF($AN$32:AN264,TRUE()),\"\")","v":""},{"$f":"IFERROR(INDEX($AD:$AD,MATCH(ROWS($AD$32:$AD264),$AO:$AO,0)),\"\")","v":""}]
[null,null,null,null,null,null,null,null,null,null,null,null,null,null,null,null,null,null,null,null,null,null,null,null,null,null,null,null,null,{"$f":"'Baza klientów'!B234","v":0},false,{"$f":"IF(AE265=TRUE,COUNTIF($AE$32:AE265,TRUE()),\"\")","v":""},{"$f":"IFERROR(INDEX($AD:$AD,MATCH(ROWS($AD$32:AD265),$AF:$AF,0)),\"\")","v":""},null,null,false,{"$f":"IF(AJ265=TRUE,COUNTIF($AJ$32:AJ265,TRUE()),\"\")","v":""},{"$f":"IFERROR(INDEX($AD:$AD,MATCH(ROWS($AD$32:AD265),$AK:$AK,0)),\"\")","v":""},null,false,{"$f":"IF(AN265=TRUE,COUNTIF($AN$32:AN265,TRUE()),\"\")","v":""},{"$f":"IFERROR(INDEX($AD:$AD,MATCH(ROWS($AD$32:$AD265),$AO:$AO,0)),\"\")","v":""}]
[null,null,null,null,null,null,null,null,null,null,null,null,null,null,null,null,null,null,null,null,null,null,null,null,null,null,null,null,null,{"$f":"'Baza klientów'!B235","v":0},false,{"$f":"IF(AE266=TRUE,COUNTIF($AE$32:AE266,TRUE()),\"\")","v":""},{"$f":"IFERROR(INDEX($AD:$AD,MATCH(ROWS($AD$32:AD266),$AF:$AF,0)),\"\")","v":""},null,null,false,{"$f":"IF(AJ266=TRUE,COUNTIF($AJ$32:AJ266,TRUE()),\"\")","v":""},{"$f":"IFERROR(INDEX($AD:$AD,MATCH(ROWS($AD$32:AD266),$AK:$AK,0)),\"\")","v":""},null,false,{"$f":"IF(AN266=TRUE,COUNTIF($AN$32:AN266,TRUE()),\"\")","v":""},{"$f":"IFERROR(INDEX($AD:$AD,MATCH(ROWS($AD$32:$AD266),$AO:$AO,0)),\"\")","v":""}]
[null,null,null,null,null,null,null,null,null,null,null,null,null,null,null,null,null,null,null,null,null,null,null,null,null,null,null,null,null,{"$f":"'Baza klientów'!B236","v":0},false,{"$f":"IF(AE267=TRUE,COUNTIF($AE$32:AE267,TRUE()),\"\")","v":""},{"$f":"IFERROR(INDEX($AD:$AD,MATCH(ROWS($AD$32:AD267),$AF:$AF,0)),\"\")","v":""},null,null,false,{"$f":"IF(AJ267=TRUE,COUNTIF($AJ$32:AJ267,TRUE()),\"\")","v":""},{"$f":"IFERROR(INDEX($AD:$AD,MATCH(ROWS($AD$32:AD267),$AK:$AK,0)),\"\")","v":""},null,false,{"$f":"IF(AN267=TRUE,COUNTIF($AN$32:AN267,TRUE()),\"\")","v":""},{"$f":"IFERROR(INDEX($AD:$AD,MATCH(ROWS($AD$32:$AD267),$AO:$AO,0)),\"\")","v":""}]
[null,null,null,null,null,null,null,null,null,null,null,null,null,null,null,null,null,null,null,null,null,null,null,null,null,null,null,null,null,{"$f":"'Baza klientów'!B237","v":0},false,{"$f":"IF(AE268=TRUE,COUNTIF($AE$32:AE268,TRUE()),\"\")","v":""},{"$f":"IFERROR(INDEX($AD:$AD,MATCH(ROWS($AD$32:AD268),$AF:$AF,0)),\"\")","v":""},null,null,false,{"$f":"IF(AJ268=TRUE,COUNTIF($AJ$32:AJ268,TRUE()),\"\")","v":""},{"$f":"IFERROR(INDEX($AD:$AD,MATCH(ROWS($AD$32:AD268),$AK:$AK,0)),\"\")","v":""},null,false,{"$f":"IF(AN268=TRUE,COUNTIF($AN$32:AN268,TRUE()),\"\")","v":""},{"$f":"IFERROR(INDEX($AD:$AD,MATCH(ROWS($AD$32:$AD268),$AO:$AO,0)),\"\")","v":""}]
[null,null,null,null,null,null,null,null,null,null,null,null,null,null,null,null,null,null,null,null,null,null,null,null,null,null,null,null,null,{"$f":"'Baza klientów'!B238","v":0},false,{"$f":"IF(AE269=TRUE,COUNTIF($AE$32:AE269,TRUE()),\"\")","v":""},{"$f":"IFERROR(INDEX($AD:$AD,MATCH(ROWS($AD$32:AD269),$AF:$AF,0)),\"\")","v":""},null,null,false,{"$f":"IF(AJ269=TRUE,COUNTIF($AJ$32:AJ269,TRUE()),\"\")","v":""},{"$f":"IFERROR(INDEX($AD:$AD,MATCH(ROWS($AD$32:AD269),$AK:$AK,0)),\"\")","v":""},null,false,{"$f":"IF(AN269=TRUE,COUNTIF($AN$32:AN269,TRUE()),\"\")","v":""},{"$f":"IFERROR(INDEX($AD:$AD,MATCH(ROWS($AD$32:$AD269),$AO:$AO,0)),\"\")","v":""}]
[null,null,null,null,null,null,null,null,null,null,null,null,null,null,null,null,null,null,null,null,null,null,null,null,null,null,null,null,null,{"$f":"'Baza klientów'!B239","v":0},false,{"$f":"IF(AE270=TRUE,COUNTIF($AE$32:AE270,TRUE()),\"\")","v":""},{"$f":"IFERROR(INDEX($AD:$AD,MATCH(ROWS($AD$32:AD270),$AF:$AF,0)),\"\")","v":""},null,null,false,{"$f":"IF(AJ270=TRUE,COUNTIF($AJ$32:AJ270,TRUE()),\"\")","v":""},{"$f":"IFERROR(INDEX($AD:$AD,MATCH(ROWS($AD$32:AD270),$AK:$AK,0)),\"\")","v":""},null,false,{"$f":"IF(AN270=TRUE,COUNTIF($AN$32:AN270,TRUE()),\"\")","v":""},{"$f":"IFERROR(INDEX($AD:$AD,MATCH(ROWS($AD$32:$AD270),$AO:$AO,0)),\"\")","v":""}]
[null,null,null,null,null,null,null,null,null,null,null,null,null,null,null,null,null,null,null,null,null,null,null,null,null,null,null,null,null,{"$f":"'Baza klientów'!B240","v":0},false,{"$f":"IF(AE271=TRUE,COUNTIF($AE$32:AE271,TRUE()),\"\")","v":""},{"$f":"IFERROR(INDEX($AD:$AD,MATCH(ROWS($AD$32:AD271),$AF:$AF,0)),\"\")","v":""},null,null,false,{"$f":"IF(AJ271=TRUE,COUNTIF($AJ$32:AJ271,TRUE()),\"\")","v":""},{"$f":"IFERROR(INDEX($AD:$AD,MATCH(ROWS($AD$32:AD271),$AK:$AK,0)),\"\")","v":""},null,false,{"$f":"IF(AN271=TRUE,COUNTIF($AN$32:AN271,TRUE()),\"\")","v":""},{"$f":"IFERROR(INDEX($AD:$AD,MATCH(ROWS($AD$32:$AD271),$AO:$AO,0)),\"\")","v":""}]
[null,null,null,null,null,null,null,null,null,null,null,null,null,null,null,null,null,null,null,null,null,null,null,null,null,null,null,null,null,{"$f":"'Baza klientów'!B241","v":0},false,{"$f":"IF(AE272=TRUE,COUNTIF($AE$32:AE272,TRUE()),\"\")","v":""},{"$f":"IFERROR(INDEX($AD:$AD,MATCH(ROWS($AD$32:AD272),$AF:$AF,0)),\"\")","v":""},null,null,false,{"$f":"IF(AJ272=TRUE,COUNTIF($AJ$32:AJ272,TRUE()),\"\")","v":""},{"$f":"IFERROR(INDEX($AD:$AD,MATCH(ROWS($AD$32:AD272),$AK:$AK,0)),\"\")","v":""},null,false,{"$f":"IF(AN272=TRUE,COUNTIF($AN$32:AN272,TRUE()),\"\")","v":""},{"$f":"IFERROR(INDEX($AD:$AD,MATCH(ROWS($AD$32:$AD272),$AO:$AO,0)),\"\")","v":""}]
[null,null,null,null,null,null,null,null,null,null,null,null,null,null,null,null,null,null,null,null,null,null,null,null,null,null,null,null,null,{"$f":"'Baza klientów'!B242","v":0},false,{"$f":"IF(AE273=TRUE,COUNTIF($AE$32:AE273,TRUE()),\"\")","v":""},{"$f":"IFERROR(INDEX($AD:$AD,MATCH(ROWS($AD$32:AD273),$AF:$AF,0)),\"\")","v":""},null,null,false,{"$f":"IF(AJ273=TRUE,COUNTIF($AJ$32:AJ273,TRUE()),\"\")","v":""},{"$f":"IFERROR(INDEX($AD:$AD,MATCH(ROWS($AD$32:AD273),$AK:$AK,0)),\"\")","v":""},null,false,{"$f":"IF(AN273=TRUE,COUNTIF($AN$32:AN273,TRUE()),\"\")","v":""},{"$f":"IFERROR(INDEX($AD:$AD,MATCH(ROWS($AD$32:$AD273),$AO:$AO,0)),\"\")","v":""}]
[null,null,null,null,null,null,null,null,null,null,null,null,null,null,null,null,null,null,null,null,null,null,null,null,null,null,null,null,null,{"$f":"'Baza klientów'!B243","v":0},false,{"$f":"IF(AE274=TRUE,COUNTIF($AE$32:AE274,TRUE()),\"\")","v":""},{"$f":"IFERROR(INDEX($AD:$AD,MATCH(ROWS($AD$32:AD274),$AF:$AF,0)),\"\")","v":""},null,null,false,{"$f":"IF(AJ274=TRUE,COUNTIF($AJ$32:AJ274,TRUE()),\"\")","v":""},{"$f":"IFERROR(INDEX($AD:$AD,MATCH(ROWS($AD$32:AD274),$AK:$AK,0)),\"\")","v":""},null,false,{"$f":"IF(AN274=TRUE,COUNTIF($AN$32:AN274,TRUE()),\"\")","v":""},{"$f":"IFERROR(INDEX($AD:$AD,MATCH(ROWS($AD$32:$AD274),$AO:$AO,0)),\"\")","v":""}]
[null,null,null,null,null,null,null,null,null,null,null,null,null,null,null,null,null,null,null,null,null,null,null,null,null,null,null,null,null,{"$f":"'Baza klientów'!B244","v":0},false,{"$f":"IF(AE275=TRUE,COUNTIF($AE$32:AE275,TRUE()),\"\")","v":""},{"$f":"IFERROR(INDEX($AD:$AD,MATCH(ROWS($AD$32:AD275),$AF:$AF,0)),\"\")","v":""},null,null,false,{"$f":"IF(AJ275=TRUE,COUNTIF($AJ$32:AJ275,TRUE()),\"\")","v":""},{"$f":"IFERROR(INDEX($AD:$AD,MATCH(ROWS($AD$32:AD275),$AK:$AK,0)),\"\")","v":""},null,false,{"$f":"IF(AN275=TRUE,COUNTIF($AN$32:AN275,TRUE()),\"\")","v":""},{"$f":"IFERROR(INDEX($AD:$AD,MATCH(ROWS($AD$32:$AD275),$AO:$AO,0)),\"\")","v":""}]
[null,null,null,null,null,null,null,null,null,null,null,null,null,null,null,null,null,null,null,null,null,null,null,null,null,null,null,null,null,{"$f":"'Baza klientów'!B245","v":0},false,{"$f":"IF(AE276=TRUE,COUNTIF($AE$32:AE276,TRUE()),\"\")","v":""},{"$f":"IFERROR(INDEX($AD:$AD,MATCH(ROWS($AD$32:AD276),$AF:$AF,0)),\"\")","v":""},null,null,false,{"$f":"IF(AJ276=TRUE,COUNTIF($AJ$32:AJ276,TRUE()),\"\")","v":""},{"$f":"IFERROR(INDEX($AD:$AD,MATCH(ROWS($AD$32:AD276),$AK:$AK,0)),\"\")","v":""},null,false,{"$f":"IF(AN276=TRUE,COUNTIF($AN$32:AN276,TRUE()),\"\")","v":""},{"$f":"IFERROR(INDEX($AD:$AD,MATCH(ROWS($AD$32:$AD276),$AO:$AO,0)),\"\")","v":""}]
[null,null,null,null,null,null,null,null,null,null,null,null,null,null,null,null,null,null,null,null,null,null,null,null,null,null,null,null,null,{"$f":"'Baza klientów'!B246","v":0},false,{"$f":"IF(AE277=TRUE,COUNTIF($AE$32:AE277,TRUE()),\"\")","v":""},{"$f":"IFERROR(INDEX($AD:$AD,MATCH(ROWS($AD$32:AD277),$AF:$AF,0)),\"\")","v":""},null,null,false,{"$f":"IF(AJ277=TRUE,COUNTIF($AJ$32:AJ277,TRUE()),\"\")","v":""},{"$f":"IFERROR(INDEX($AD:$AD,MATCH(ROWS($AD$32:AD277),$AK:$AK,0)),\"\")","v":""},null,false,{"$f":"IF(AN277=TRUE,COUNTIF($AN$32:AN277,TRUE()),\"\")","v":""},{"$f":"IFERROR(INDEX($AD:$AD,MATCH(ROWS($AD$32:$AD277),$AO:$AO,0)),\"\")","v":""}]
[null,null,null,null,null,null,null,null,null,null,null,null,null,null,null,null,null,null,null,null,null,null,null,null,null,null,null,null,null,{"$f":"'Baza klientów'!B247","v":0},false,{"$f":"IF(AE278=TRUE,COUNTIF($AE$32:AE278,TRUE()),\"\")","v":""},{"$f":"IFERROR(INDEX($AD:$AD,MATCH(ROWS($AD$32:AD278),$AF:$AF,0)),\"\")","v":""},null,null,false,{"$f":"IF(AJ278=TRUE,COUNTIF($AJ$32:AJ278,TRUE()),\"\")","v":""},{"$f":"IFERROR(INDEX($AD:$AD,MATCH(ROWS($AD$32:AD278),$AK:$AK,0)),\"\")","v":""},null,false,{"$f":"IF(AN278=TRUE,COUNTIF($AN$32:AN278,TRUE()),\"\")","v":""},{"$f":"IFERROR(INDEX($AD:$AD,MATCH(ROWS($AD$32:$AD278),$AO:$AO,0)),\"\")","v":""}]
[null,null,null,null,null,null,null,null,null,null,null,null,null,null,null,null,null,null,null,null,null,null,null,null,null,null,null,null,null,{"$f":"'Baza klientów'!B248","v":0},false,{"$f":"IF(AE279=TRUE,COUNTIF($AE$32:AE279,TRUE()),\"\")","v":""},{"$f":"IFERROR(INDEX($AD:$AD,MATCH(ROWS($AD$32:AD279),$AF:$AF,0)),\"\")","v":""},null,null,false,{"$f":"IF(AJ279=TRUE,COUNTIF($AJ$32:AJ279,TRUE()),\"\")","v":""},{"$f":"IFERROR(INDEX($AD:$AD,MATCH(ROWS($AD$32:AD279),$AK:$AK,0)),\"\")","v":""},null,false,{"$f":"IF(AN279=TRUE,COUNTIF($AN$32:AN279,TRUE()),\"\")","v":""},{"$f":"IFERROR(INDEX($AD:$AD,MATCH(ROWS($AD$32:$AD279),$AO:$AO,0)),\"\")","v":""}]
[null,null,null,null,null,null,null,null,null,null,null,null,null,null,null,null,null,null,null,null,null,null,null,null,null,null,null,null,null,{"$f":"'Baza klientów'!B249","v":0},false,{"$f":"IF(AE280=TRUE,COUNTIF($AE$32:AE280,TRUE()),\"\")","v":""},{"$f":"IFERROR(INDEX($AD:$AD,MATCH(ROWS($AD$32:AD280),$AF:$AF,0)),\"\")","v":""},null,null,false,{"$f":"IF(AJ280=TRUE,COUNTIF($AJ$32:AJ280,TRUE()),\"\")","v":""},{"$f":"IFERROR(INDEX($AD:$AD,MATCH(ROWS($AD$32:AD280),$AK:$AK,0)),\"\")","v":""},null,false,{"$f":"IF(AN280=TRUE,COUNTIF($AN$32:AN280,TRUE()),\"\")","v":""},{"$f":"IFERROR(INDEX($AD:$AD,MATCH(ROWS($AD$32:$AD280),$AO:$AO,0)),\"\")","v":""}]
[null,null,null,null,null,null,null,null,null,null,null,null,null,null,null,null,null,null,null,null,null,null,null,null,null,null,null,null,null,{"$f":"'Baza klientów'!B250","v":0},false,{"$f":"IF(AE281=TRUE,COUNTIF($AE$32:AE281,TRUE()),\"\")","v":""},{"$f":"IFERROR(INDEX($AD:$AD,MATCH(ROWS($AD$32:AD281),$AF:$AF,0)),\"\")","v":""},null,null,false,{"$f":"IF(AJ281=TRUE,COUNTIF($AJ$32:AJ281,TRUE()),\"\")","v":""},{"$f":"IFERROR(INDEX($AD:$AD,MATCH(ROWS($AD$32:AD281),$AK:$AK,0)),\"\")","v":""},null,false,{"$f":"IF(AN281=TRUE,COUNTIF($AN$32:AN281,TRUE()),\"\")","v":""},{"$f":"IFERROR(INDEX($AD:$AD,MATCH(ROWS($AD$32:$AD281),$AO:$AO,0)),\"\")","v":""}]
[null,null,null,null,null,null,null,null,null,null,null,null,null,null,null,null,null,null,null,null,null,null,null,null,null,null,null,null,null,{"$f":"'Baza klientów'!B251","v":0},false,{"$f":"IF(AE282=TRUE,COUNTIF($AE$32:AE282,TRUE()),\"\")","v":""},{"$f":"IFERROR(INDEX($AD:$AD,MATCH(ROWS($AD$32:AD282),$AF:$AF,0)),\"\")","v":""},null,null,false,{"$f":"IF(AJ282=TRUE,COUNTIF($AJ$32:AJ282,TRUE()),\"\")","v":""},{"$f":"IFERROR(INDEX($AD:$AD,MATCH(ROWS($AD$32:AD282),$AK:$AK,0)),\"\")","v":""},null,false,{"$f":"IF(AN282=TRUE,COUNTIF($AN$32:AN282,TRUE()),\"\")","v":""},{"$f":"IFERROR(INDEX($AD:$AD,MATCH(ROWS($AD$32:$AD282),$AO:$AO,0)),\"\")","v":""}]
[null,null,null,null,null,null,null,null,null,null,null,null,null,null,null,null,null,null,null,null,null,null,null,null,null,null,null,null,null,{"$f":"'Baza klientów'!B252","v":0},false,{"$f":"IF(AE283=TRUE,COUNTIF($AE$32:AE283,TRUE()),\"\")","v":""},{"$f":"IFERROR(INDEX($AD:$AD,MATCH(ROWS($AD$32:AD283),$AF:$AF,0)),\"\")","v":""},null,null,false,{"$f":"IF(AJ283=TRUE,COUNTIF($AJ$32:AJ283,TRUE()),\"\")","v":""},{"$f":"IFERROR(INDEX($AD:$AD,MATCH(ROWS($AD$32:AD283),$AK:$AK,0)),\"\")","v":""},null,false,{"$f":"IF(AN283=TRUE,COUNTIF($AN$32:AN283,TRUE()),\"\")","v":""},{"$f":"IFERROR(INDEX($AD:$AD,MATCH(ROWS($AD$32:$AD283),$AO:$AO,0)),\"\")","v":""}]
[null,null,null,null,null,null,null,null,null,null,null,null,null,null,null,null,null,null,null,null,null,null,null,null,null,null,null,null,null,{"$f":"'Baza klientów'!B253","v":0},false,{"$f":"IF(AE284=TRUE,COUNTIF($AE$32:AE284,TRUE()),\"\")","v":""},{"$f":"IFERROR(INDEX($AD:$AD,MATCH(ROWS($AD$32:AD284),$AF:$AF,0)),\"\")","v":""},null,null,false,{"$f":"IF(AJ284=TRUE,COUNTIF($AJ$32:AJ284,TRUE()),\"\")","v":""},{"$f":"IFERROR(INDEX($AD:$AD,MATCH(ROWS($AD$32:AD284),$AK:$AK,0)),\"\")","v":""},null,false,{"$f":"IF(AN284=TRUE,COUNTIF($AN$32:AN284,TRUE()),\"\")","v":""},{"$f":"IFERROR(INDEX($AD:$AD,MATCH(ROWS($AD$32:$AD284),$AO:$AO,0)),\"\")","v":""}]
[null,null,null,null,null,null,null,null,null,null,null,null,null,null,null,null,null,null,null,null,null,null,null,null,null,null,null,null,null,{"$f":"'Baza klientów'!B254","v":0},false,{"$f":"IF(AE285=TRUE,COUNTIF($AE$32:AE285,TRUE()),\"\")","v":""},{"$f":"IFERROR(INDEX($AD:$AD,MATCH(ROWS($AD$32:AD285),$AF:$AF,0)),\"\")","v":""},null,null,false,{"$f":"IF(AJ285=TRUE,COUNTIF($AJ$32:AJ285,TRUE()),\"\")","v":""},{"$f":"IFERROR(INDEX($AD:$AD,MATCH(ROWS($AD$32:AD285),$AK:$AK,0)),\"\")","v":""},null,false,{"$f":"IF(AN285=TRUE,COUNTIF($AN$32:AN285,TRUE()),\"\")","v":""},{"$f":"IFERROR(INDEX($AD:$AD,MATCH(ROWS($AD$32:$AD285),$AO:$AO,0)),\"\")","v":""}]
[null,null,null,null,null,null,null,null,null,null,null,null,null,null,null,null,null,null,null,null,null,null,null,null,null,null,null,null,null,{"$f":"'Baza klientów'!B255","v":0},false,{"$f":"IF(AE286=TRUE,COUNTIF($AE$32:AE286,TRUE()),\"\")","v":""},{"$f":"IFERROR(INDEX($AD:$AD,MATCH(ROWS($AD$32:AD286),$AF:$AF,0)),\"\")","v":""},null,null,false,{"$f":"IF(AJ286=TRUE,COUNTIF($AJ$32:AJ286,TRUE()),\"\")","v":""},{"$f":"IFERROR(INDEX($AD:$AD,MATCH(ROWS($AD$32:AD286),$AK:$AK,0)),\"\")","v":""},null,false,{"$f":"IF(AN286=TRUE,COUNTIF($AN$32:AN286,TRUE()),\"\")","v":""},{"$f":"IFERROR(INDEX($AD:$AD,MATCH(ROWS($AD$32:$AD286),$AO:$AO,0)),\"\")","v":""}]
[null,null,null,null,null,null,null,null,null,null,null,null,null,null,null,null,null,null,null,null,null,null,null,null,null,null,null,null,null,{"$f":"'Baza klientów'!B256","v":0},false,{"$f":"IF(AE287=TRUE,COUNTIF($AE$32:AE287,TRUE()),\"\")","v":""},{"$f":"IFERROR(INDEX($AD:$AD,MATCH(ROWS($AD$32:AD287),$AF:$AF,0)),\"\")","v":""},null,null,false,{"$f":"IF(AJ287=TRUE,COUNTIF($AJ$32:AJ287,TRUE()),\"\")","v":""},{"$f":"IFERROR(INDEX($AD:$AD,MATCH(ROWS($AD$32:AD287),$AK:$AK,0)),\"\")","v":""},null,false,{"$f":"IF(AN287=TRUE,COUNTIF($AN$32:AN287,TRUE()),\"\")","v":""},{"$f":"IFERROR(INDEX($AD:$AD,MATCH(ROWS($AD$32:$AD287),$AO:$AO,0)),\"\")","v":""}]
[null,null,null,null,null,null,null,null,null,null,null,null,null,null,null,null,null,null,null,null,null,null,null,null,null,null,null,null,null,{"$f":"'Baza klientów'!B257","v":0},false,{"$f":"IF(AE288=TRUE,COUNTIF($AE$32:AE288,TRUE()),\"\")","v":""},{"$f":"IFERROR(INDEX($AD:$AD,MATCH(ROWS($AD$32:AD288),$AF:$AF,0)),\"\")","v":""},null,null,false,{"$f":"IF(AJ288=TRUE,COUNTIF($AJ$32:AJ288,TRUE()),\"\")","v":""},{"$f":"IFERROR(INDEX($AD:$AD,MATCH(ROWS($AD$32:AD288),$AK:$AK,0)),\"\")","v":""},null,false,{"$f":"IF(AN288=TRUE,COUNTIF($AN$32:AN288,TRUE()),\"\")","v":""},{"$f":"IFERROR(INDEX($AD:$AD,MATCH(ROWS($AD$32:$AD288),$AO:$AO,0)),\"\")","v":""}]
[null,null,null,null,null,null,null,null,null,null,null,null,null,null,null,null,null,null,null,null,null,null,null,null,null,null,null,null,null,{"$f":"'Baza klientów'!B258","v":0},{"$f":"ISNUMBER(SEARCH($AH$32,AD289))","v":false},{"$f":"IF(AE289=TRUE,COUNTIF($AE$32:AE289,TRUE()),\"\")","v":""},{"$f":"IFERROR(INDEX($AD:$AD,MATCH(ROWS($AD$32:AD289),$AF:$AF,0)),\"\")","v":""},null,null,{"$f":"ISNUMBER(SEARCH($AM$31,AD289))","v":false},{"$f":"IF(AJ289=TRUE,COUNTIF($AJ$32:AJ289,TRUE()),\"\")","v":""},{"$f":"IFERROR(INDEX($AD:$AD,MATCH(ROWS($AD$32:AD289),$AK:$AK,0)),\"\")","v":""},null,{"$f":"ISNUMBER(SEARCH($AQ$31,$AD289))","v":false},{"$f":"IF(AN289=TRUE,COUNTIF($AN$32:AN289,TRUE()),\"\")","v":""},{"$f":"IFERROR(INDEX($AD:$AD,MATCH(ROWS($AD$32:$AD289),$AO:$AO,0)),\"\")","v":""}]
[null,null,null,null,null,null,null,null,null,null,null,null,null,null,null,null,null,null,null,null,null,null,null,null,null,null,null,null,null,{"$f":"'Baza klientów'!B259","v":0},false,{"$f":"IF(AE290=TRUE,COUNTIF($AE$32:AE290,TRUE()),\"\")","v":""},{"$f":"IFERROR(INDEX($AD:$AD,MATCH(ROWS($AD$32:AD290),$AF:$AF,0)),\"\")","v":""},null,null,false,{"$f":"IF(AJ290=TRUE,COUNTIF($AJ$32:AJ290,TRUE()),\"\")","v":""},{"$f":"IFERROR(INDEX($AD:$AD,MATCH(ROWS($AD$32:AD290),$AK:$AK,0)),\"\")","v":""},null,false,{"$f":"IF(AN290=TRUE,COUNTIF($AN$32:AN290,TRUE()),\"\")","v":""},{"$f":"IFERROR(INDEX($AD:$AD,MATCH(ROWS($AD$32:$AD290),$AO:$AO,0)),\"\")","v":""}]
[null,null,null,null,null,null,null,null,null,null,null,null,null,null,null,null,null,null,null,null,null,null,null,null,null,null,null,null,null,{"$f":"'Baza klientów'!B260","v":0},false,{"$f":"IF(AE291=TRUE,COUNTIF($AE$32:AE291,TRUE()),\"\")","v":""},{"$f":"IFERROR(INDEX($AD:$AD,MATCH(ROWS($AD$32:AD291),$AF:$AF,0)),\"\")","v":""},null,null,false,{"$f":"IF(AJ291=TRUE,COUNTIF($AJ$32:AJ291,TRUE()),\"\")","v":""},{"$f":"IFERROR(INDEX($AD:$AD,MATCH(ROWS($AD$32:AD291),$AK:$AK,0)),\"\")","v":""},null,false,{"$f":"IF(AN291=TRUE,COUNTIF($AN$32:AN291,TRUE()),\"\")","v":""},{"$f":"IFERROR(INDEX($AD:$AD,MATCH(ROWS($AD$32:$AD291),$AO:$AO,0)),\"\")","v":""}]
[null,null,null,null,null,null,null,null,null,null,null,null,null,null,null,null,null,null,null,null,null,null,null,null,null,null,null,null,null,{"$f":"'Baza klientów'!B261","v":0},false,{"$f":"IF(AE292=TRUE,COUNTIF($AE$32:AE292,TRUE()),\"\")","v":""},{"$f":"IFERROR(INDEX($AD:$AD,MATCH(ROWS($AD$32:AD292),$AF:$AF,0)),\"\")","v":""},null,null,false,{"$f":"IF(AJ292=TRUE,COUNTIF($AJ$32:AJ292,TRUE()),\"\")","v":""},{"$f":"IFERROR(INDEX($AD:$AD,MATCH(ROWS($AD$32:AD292),$AK:$AK,0)),\"\")","v":""},null,false,{"$f":"IF(AN292=TRUE,COUNTIF($AN$32:AN292,TRUE()),\"\")","v":""},{"$f":"IFERROR(INDEX($AD:$AD,MATCH(ROWS($AD$32:$AD292),$AO:$AO,0)),\"\")","v":""}]
[null,null,null,null,null,null,null,null,null,null,null,null,null,null,null,null,null,null,null,null,null,null,null,null,null,null,null,null,null,{"$f":"'Baza klientów'!B262","v":0},false,{"$f":"IF(AE293=TRUE,COUNTIF($AE$32:AE293,TRUE()),\"\")","v":""},{"$f":"IFERROR(INDEX($AD:$AD,MATCH(ROWS($AD$32:AD293),$AF:$AF,0)),\"\")","v":""},null,null,false,{"$f":"IF(AJ293=TRUE,COUNTIF($AJ$32:AJ293,TRUE()),\"\")","v":""},{"$f":"IFERROR(INDEX($AD:$AD,MATCH(ROWS($AD$32:AD293),$AK:$AK,0)),\"\")","v":""},null,false,{"$f":"IF(AN293=TRUE,COUNTIF($AN$32:AN293,TRUE()),\"\")","v":""},{"$f":"IFERROR(INDEX($AD:$AD,MATCH(ROWS($AD$32:$AD293),$AO:$AO,0)),\"\")","v":""}]
[null,null,null,null,null,null,null,null,null,null,null,null,null,null,null,null,null,null,null,null,null,null,null,null,null,null,null,null,null,{"$f":"'Baza klientów'!B263","v":0},false,{"$f":"IF(AE294=TRUE,COUNTIF($AE$32:AE294,TRUE()),\"\")","v":""},{"$f":"IFERROR(INDEX($AD:$AD,MATCH(ROWS($AD$32:AD294),$AF:$AF,0)),\"\")","v":""},null,null,false,{"$f":"IF(AJ294=TRUE,COUNTIF($AJ$32:AJ294,TRUE()),\"\")","v":""},{"$f":"IFERROR(INDEX($AD:$AD,MATCH(ROWS($AD$32:AD294),$AK:$AK,0)),\"\")","v":""},null,false,{"$f":"IF(AN294=TRUE,COUNTIF($AN$32:AN294,TRUE()),\"\")","v":""},{"$f":"IFERROR(INDEX($AD:$AD,MATCH(ROWS($AD$32:$AD294),$AO:$AO,0)),\"\")","v":""}]
[null,null,null,null,null,null,null,null,null,null,null,null,null,null,null,null,null,null,null,null,null,null,null,null,null,null,null,null,null,{"$f":"'Baza klientów'!B264","v":0},false,{"$f":"IF(AE295=TRUE,COUNTIF($AE$32:AE295,TRUE()),\"\")","v":""},{"$f":"IFERROR(INDEX($AD:$AD,MATCH(ROWS($AD$32:AD295),$AF:$AF,0)),\"\")","v":""},null,null,false,{"$f":"IF(AJ295=TRUE,COUNTIF($AJ$32:AJ295,TRUE()),\"\")","v":""},{"$f":"IFERROR(INDEX($AD:$AD,MATCH(ROWS($AD$32:AD295),$AK:$AK,0)),\"\")","v":""},null,false,{"$f":"IF(AN295=TRUE,COUNTIF($AN$32:AN295,TRUE()),\"\")","v":""},{"$f":"IFERROR(INDEX($AD:$AD,MATCH(ROWS($AD$32:$AD295),$AO:$AO,0)),\"\")","v":""}]
[null,null,null,null,null,null,null,null,null,null,null,null,null,null,null,null,null,null,null,null,null,null,null,null,null,null,null,null,null,{"$f":"'Baza klientów'!B265","v":0},false,{"$f":"IF(AE296=TRUE,COUNTIF($AE$32:AE296,TRUE()),\"\")","v":""},{"$f":"IFERROR(INDEX($AD:$AD,MATCH(ROWS($AD$32:AD296),$AF:$AF,0)),\"\")","v":""},null,null,false,{"$f":"IF(AJ296=TRUE,COUNTIF($AJ$32:AJ296,TRUE()),\"\")","v":""},{"$f":"IFERROR(INDEX($AD:$AD,MATCH(ROWS($AD$32:AD296),$AK:$AK,0)),\"\")","v":""},null,false,{"$f":"IF(AN296=TRUE,COUNTIF($AN$32:AN296,TRUE()),\"\")","v":""},{"$f":"IFERROR(INDEX($AD:$AD,MATCH(ROWS($AD$32:$AD296),$AO:$AO,0)),\"\")","v":""}]
[null,null,null,null,null,null,null,null,null,null,null,null,null,null,null,null,null,null,null,null,null,null,null,null,null,null,null,null,null,{"$f":"'Baza klientów'!B266","v":0},false,{"$f":"IF(AE297=TRUE,COUNTIF($AE$32:AE297,TRUE()),\"\")","v":""},{"$f":"IFERROR(INDEX($AD:$AD,MATCH(ROWS($AD$32:AD297),$AF:$AF,0)),\"\")","v":""},null,null,false,{"$f":"IF(AJ297=TRUE,COUNTIF($AJ$32:AJ297,TRUE()),\"\")","v":""},{"$f":"IFERROR(INDEX($AD:$AD,MATCH(ROWS($AD$32:AD297),$AK:$AK,0)),\"\")","v":""},null,false,{"$f":"IF(AN297=TRUE,COUNTIF($AN$32:AN297,TRUE()),\"\")","v":""},{"$f":"IFERROR(INDEX($AD:$AD,MATCH(ROWS($AD$32:$AD297),$AO:$AO,0)),\"\")","v":""}]
[null,null,null,null,null,null,null,null,null,null,null,null,null,null,null,null,null,null,null,null,null,null,null,null,null,null,null,null,null,{"$f":"'Baza klientów'!B267","v":0},false,{"$f":"IF(AE298=TRUE,COUNTIF($AE$32:AE298,TRUE()),\"\")","v":""},{"$f":"IFERROR(INDEX($AD:$AD,MATCH(ROWS($AD$32:AD298),$AF:$AF,0)),\"\")","v":""},null,null,false,{"$f":"IF(AJ298=TRUE,COUNTIF($AJ$32:AJ298,TRUE()),\"\")","v":""},{"$f":"IFERROR(INDEX($AD:$AD,MATCH(ROWS($AD$32:AD298),$AK:$AK,0)),\"\")","v":""},null,false,{"$f":"IF(AN298=TRUE,COUNTIF($AN$32:AN298,TRUE()),\"\")","v":""},{"$f":"IFERROR(INDEX($AD:$AD,MATCH(ROWS($AD$32:$AD298),$AO:$AO,0)),\"\")","v":""}]
[null,null,null,null,null,null,null,null,null,null,null,null,null,null,null,null,null,null,null,null,null,null,null,null,null,null,null,null,null,{"$f":"'Baza klientów'!B268","v":0},false,{"$f":"IF(AE299=TRUE,COUNTIF($AE$32:AE299,TRUE()),\"\")","v":""},{"$f":"IFERROR(INDEX($AD:$AD,MATCH(ROWS($AD$32:AD299),$AF:$AF,0)),\"\")","v":""},null,null,false,{"$f":"IF(AJ299=TRUE,COUNTIF($AJ$32:AJ299,TRUE()),\"\")","v":""},{"$f":"IFERROR(INDEX($AD:$AD,MATCH(ROWS($AD$32:AD299),$AK:$AK,0)),\"\")","v":""},null,false,{"$f":"IF(AN299=TRUE,COUNTIF($AN$32:AN299,TRUE()),\"\")","v":""},{"$f":"IFERROR(INDEX($AD:$AD,MATCH(ROWS($AD$32:$AD299),$AO:$AO,0)),\"\")","v":""}]
[null,null,null,null,null,null,null,null,null,null,null,null,null,null,null,null,null,null,null,null,null,null,null,null,null,null,null,null,null,{"$f":"'Baza klientów'!B269","v":0},false,{"$f":"IF(AE300=TRUE,COUNTIF($AE$32:AE300,TRUE()),\"\")","v":""},{"$f":"IFERROR(INDEX($AD:$AD,MATCH(ROWS($AD$32:AD300),$AF:$AF,0)),\"\")","v":""},null,null,false,{"$f":"IF(AJ300=TRUE,COUNTIF($AJ$32:AJ300,TRUE()),\"\")","v":""},{"$f":"IFERROR(INDEX($AD:$AD,MATCH(ROWS($AD$32:AD300),$AK:$AK,0)),\"\")","v":""},null,false,{"$f":"IF(AN300=TRUE,COUNTIF($AN$32:AN300,TRUE()),\"\")","v":""},{"$f":"IFERROR(INDEX($AD:$AD,MATCH(ROWS($AD$32:$AD300),$AO:$AO,0)),\"\")","v":""}]
[null,null,null,null,null,null,null,null,null,null,null,null,null,null,null,null,null,null,null,null,null,null,null,null,null,null,null,null,null,{"$f":"'Baza klientów'!B270","v":0},false,{"$f":"IF(AE301=TRUE,COUNTIF($AE$32:AE301,TRUE()),\"\")","v":""},{"$f":"IFERROR(INDEX($AD:$AD,MATCH(ROWS($AD$32:AD301),$AF:$AF,0)),\"\")","v":""},null,null,false,{"$f":"IF(AJ301=TRUE,COUNTIF($AJ$32:AJ301,TRUE()),\"\")","v":""},{"$f":"IFERROR(INDEX($AD:$AD,MATCH(ROWS($AD$32:AD301),$AK:$AK,0)),\"\")","v":""},null,false,{"$f":"IF(AN301=TRUE,COUNTIF($AN$32:AN301,TRUE()),\"\")","v":""},{"$f":"IFERROR(INDEX($AD:$AD,MATCH(ROWS($AD$32:$AD301),$AO:$AO,0)),\"\")","v":""}]
[null,null,null,null,null,null,null,null,null,null,null,null,null,null,null,null,null,null,null,null,null,null,null,null,null,null,null,null,null,{"$f":"'Baza klientów'!B271","v":0},false,{"$f":"IF(AE302=TRUE,COUNTIF($AE$32:AE302,TRUE()),\"\")","v":""},{"$f":"IFERROR(INDEX($AD:$AD,MATCH(ROWS($AD$32:AD302),$AF:$AF,0)),\"\")","v":""},null,null,false,{"$f":"IF(AJ302=TRUE,COUNTIF($AJ$32:AJ302,TRUE()),\"\")","v":""},{"$f":"IFERROR(INDEX($AD:$AD,MATCH(ROWS($AD$32:AD302),$AK:$AK,0)),\"\")","v":""},null,false,{"$f":"IF(AN302=TRUE,COUNTIF($AN$32:AN302,TRUE()),\"\")","v":""},{"$f":"IFERROR(INDEX($AD:$AD,MATCH(ROWS($AD$32:$AD302),$AO:$AO,0)),\"\")","v":""}]
[null,null,null,null,null,null,null,null,null,null,null,null,null,null,null,null,null,null,null,null,null,null,null,null,null,null,null,null,null,{"$f":"'Baza klientów'!B272","v":0},false,{"$f":"IF(AE303=TRUE,COUNTIF($AE$32:AE303,TRUE()),\"\")","v":""},{"$f":"IFERROR(INDEX($AD:$AD,MATCH(ROWS($AD$32:AD303),$AF:$AF,0)),\"\")","v":""},null,null,false,{"$f":"IF(AJ303=TRUE,COUNTIF($AJ$32:AJ303,TRUE()),\"\")","v":""},{"$f":"IFERROR(INDEX($AD:$AD,MATCH(ROWS($AD$32:AD303),$AK:$AK,0)),\"\")","v":""},null,false,{"$f":"IF(AN303=TRUE,COUNTIF($AN$32:AN303,TRUE()),\"\")","v":""},{"$f":"IFERROR(INDEX($AD:$AD,MATCH(ROWS($AD$32:$AD303),$AO:$AO,0)),\"\")","v":""}]
[null,null,null,null,null,null,null,null,null,null,null,null,null,null,null,null,null,null,null,null,null,null,null,null,null,null,null,null,null,{"$f":"'Baza klientów'!B273","v":0},false,{"$f":"IF(AE304=TRUE,COUNTIF($AE$32:AE304,TRUE()),\"\")","v":""},{"$f":"IFERROR(INDEX($AD:$AD,MATCH(ROWS($AD$32:AD304),$AF:$AF,0)),\"\")","v":""},null,null,false,{"$f":"IF(AJ304=TRUE,COUNTIF($AJ$32:AJ304,TRUE()),\"\")","v":""},{"$f":"IFERROR(INDEX($AD:$AD,MATCH(ROWS($AD$32:AD304),$AK:$AK,0)),\"\")","v":""},null,false,{"$f":"IF(AN304=TRUE,COUNTIF($AN$32:AN304,TRUE()),\"\")","v":""},{"$f":"IFERROR(INDEX($AD:$AD,MATCH(ROWS($AD$32:$AD304),$AO:$AO,0)),\"\")","v":""}]
[null,null,null,null,null,null,null,null,null,null,null,null,null,null,null,null,null,null,null,null,null,null,null,null,null,null,null,null,null,{"$f":"'Baza klientów'!B274","v":0},false,{"$f":"IF(AE305=TRUE,COUNTIF($AE$32:AE305,TRUE()),\"\")","v":""},{"$f":"IFERROR(INDEX($AD:$AD,MATCH(ROWS($AD$32:AD305),$AF:$AF,0)),\"\")","v":""},null,null,false,{"$f":"IF(AJ305=TRUE,COUNTIF($AJ$32:AJ305,TRUE()),\"\")","v":""},{"$f":"IFERROR(INDEX($AD:$AD,MATCH(ROWS($AD$32:AD305),$AK:$AK,0)),\"\")","v":""},null,false,{"$f":"IF(AN305=TRUE,COUNTIF($AN$32:AN305,TRUE()),\"\")","v":""},{"$f":"IFERROR(INDEX($AD:$AD,MATCH(ROWS($AD$32:$AD305),$AO:$AO,0)),\"\")","v":""}]
[null,null,null,null,null,null,null,null,null,null,null,null,null,null,null,null,null,null,null,null,null,null,null,null,null,null,null,null,null,{"$f":"'Baza klientów'!B275","v":0},false,{"$f":"IF(AE306=TRUE,COUNTIF($AE$32:AE306,TRUE()),\"\")","v":""},{"$f":"IFERROR(INDEX($AD:$AD,MATCH(ROWS($AD$32:AD306),$AF:$AF,0)),\"\")","v":""},null,null,false,{"$f":"IF(AJ306=TRUE,COUNTIF($AJ$32:AJ306,TRUE()),\"\")","v":""},{"$f":"IFERROR(INDEX($AD:$AD,MATCH(ROWS($AD$32:AD306),$AK:$AK,0)),\"\")","v":""},null,false,{"$f":"IF(AN306=TRUE,COUNTIF($AN$32:AN306,TRUE()),\"\")","v":""},{"$f":"IFERROR(INDEX($AD:$AD,MATCH(ROWS($AD$32:$AD306),$AO:$AO,0)),\"\")","v":""}]
[null,null,null,null,null,null,null,null,null,null,null,null,null,null,null,null,null,null,null,null,null,null,null,null,null,null,null,null,null,{"$f":"'Baza klientów'!B276","v":0},false,{"$f":"IF(AE307=TRUE,COUNTIF($AE$32:AE307,TRUE()),\"\")","v":""},{"$f":"IFERROR(INDEX($AD:$AD,MATCH(ROWS($AD$32:AD307),$AF:$AF,0)),\"\")","v":""},null,null,false,{"$f":"IF(AJ307=TRUE,COUNTIF($AJ$32:AJ307,TRUE()),\"\")","v":""},{"$f":"IFERROR(INDEX($AD:$AD,MATCH(ROWS($AD$32:AD307),$AK:$AK,0)),\"\")","v":""},null,false,{"$f":"IF(AN307=TRUE,COUNTIF($AN$32:AN307,TRUE()),\"\")","v":""},{"$f":"IFERROR(INDEX($AD:$AD,MATCH(ROWS($AD$32:$AD307),$AO:$AO,0)),\"\")","v":""}]
[null,null,null,null,null,null,null,null,null,null,null,null,null,null,null,null,null,null,null,null,null,null,null,null,null,null,null,null,null,{"$f":"'Baza klientów'!B277","v":0},false,{"$f":"IF(AE308=TRUE,COUNTIF($AE$32:AE308,TRUE()),\"\")","v":""},{"$f":"IFERROR(INDEX($AD:$AD,MATCH(ROWS($AD$32:AD308),$AF:$AF,0)),\"\")","v":""},null,null,false,{"$f":"IF(AJ308=TRUE,COUNTIF($AJ$32:AJ308,TRUE()),\"\")","v":""},{"$f":"IFERROR(INDEX($AD:$AD,MATCH(ROWS($AD$32:AD308),$AK:$AK,0)),\"\")","v":""},null,false,{"$f":"IF(AN308=TRUE,COUNTIF($AN$32:AN308,TRUE()),\"\")","v":""},{"$f":"IFERROR(INDEX($AD:$AD,MATCH(ROWS($AD$32:$AD308),$AO:$AO,0)),\"\")","v":""}]
[null,null,null,null,null,null,null,null,null,null,null,null,null,null,null,null,null,null,null,null,null,null,null,null,null,null,null,null,null,{"$f":"'Baza klientów'!B278","v":0},false,{"$f":"IF(AE309=TRUE,COUNTIF($AE$32:AE309,TRUE()),\"\")","v":""},{"$f":"IFERROR(INDEX($AD:$AD,MATCH(ROWS($AD$32:AD309),$AF:$AF,0)),\"\")","v":""},null,null,false,{"$f":"IF(AJ309=TRUE,COUNTIF($AJ$32:AJ309,TRUE()),\"\")","v":""},{"$f":"IFERROR(INDEX($AD:$AD,MATCH(ROWS($AD$32:AD309),$AK:$AK,0)),\"\")","v":""},null,false,{"$f":"IF(AN309=TRUE,COUNTIF($AN$32:AN309,TRUE()),\"\")","v":""},{"$f":"IFERROR(INDEX($AD:$AD,MATCH(ROWS($AD$32:$AD309),$AO:$AO,0)),\"\")","v":""}]
[null,null,null,null,null,null,null,null,null,null,null,null,null,null,null,null,null,null,null,null,null,null,null,null,null,null,null,null,null,{"$f":"'Baza klientów'!B279","v":0},false,{"$f":"IF(AE310=TRUE,COUNTIF($AE$32:AE310,TRUE()),\"\")","v":""},{"$f":"IFERROR(INDEX($AD:$AD,MATCH(ROWS($AD$32:AD310),$AF:$AF,0)),\"\")","v":""},null,null,false,{"$f":"IF(AJ310=TRUE,COUNTIF($AJ$32:AJ310,TRUE()),\"\")","v":""},{"$f":"IFERROR(INDEX($AD:$AD,MATCH(ROWS($AD$32:AD310),$AK:$AK,0)),\"\")","v":""},null,false,{"$f":"IF(AN310=TRUE,COUNTIF($AN$32:AN310,TRUE()),\"\")","v":""},{"$f":"IFERROR(INDEX($AD:$AD,MATCH(ROWS($AD$32:$AD310),$AO:$AO,0)),\"\")","v":""}]
[null,null,null,null,null,null,null,null,null,null,null,null,null,null,null,null,null,null,null,null,null,null,null,null,null,null,null,null,null,{"$f":"'Baza klientów'!B280","v":0},false,{"$f":"IF(AE311=TRUE,COUNTIF($AE$32:AE311,TRUE()),\"\")","v":""},{"$f":"IFERROR(INDEX($AD:$AD,MATCH(ROWS($AD$32:AD311),$AF:$AF,0)),\"\")","v":""},null,null,false,{"$f":"IF(AJ311=TRUE,COUNTIF($AJ$32:AJ311,TRUE()),\"\")","v":""},{"$f":"IFERROR(INDEX($AD:$AD,MATCH(ROWS($AD$32:AD311),$AK:$AK,0)),\"\")","v":""},null,false,{"$f":"IF(AN311=TRUE,COUNTIF($AN$32:AN311,TRUE()),\"\")","v":""},{"$f":"IFERROR(INDEX($AD:$AD,MATCH(ROWS($AD$32:$AD311),$AO:$AO,0)),\"\")","v":""}]
[null,null,null,null,null,null,null,null,null,null,null,null,null,null,null,null,null,null,null,null,null,null,null,null,null,null,null,null,null,{"$f":"'Baza klientów'!B281","v":0},false,{"$f":"IF(AE312=TRUE,COUNTIF($AE$32:AE312,TRUE()),\"\")","v":""},{"$f":"IFERROR(INDEX($AD:$AD,MATCH(ROWS($AD$32:AD312),$AF:$AF,0)),\"\")","v":""},null,null,false,{"$f":"IF(AJ312=TRUE,COUNTIF($AJ$32:AJ312,TRUE()),\"\")","v":""},{"$f":"IFERROR(INDEX($AD:$AD,MATCH(ROWS($AD$32:AD312),$AK:$AK,0)),\"\")","v":""},null,false,{"$f":"IF(AN312=TRUE,COUNTIF($AN$32:AN312,TRUE()),\"\")","v":""},{"$f":"IFERROR(INDEX($AD:$AD,MATCH(ROWS($AD$32:$AD312),$AO:$AO,0)),\"\")","v":""}]
[null,null,null,null,null,null,null,null,null,null,null,null,null,null,null,null,null,null,null,null,null,null,null,null,null,null,null,null,null,{"$f":"'Baza klientów'!B282","v":0},false,{"$f":"IF(AE313=TRUE,COUNTIF($AE$32:AE313,TRUE()),\"\")","v":""},{"$f":"IFERROR(INDEX($AD:$AD,MATCH(ROWS($AD$32:AD313),$AF:$AF,0)),\"\")","v":""},null,null,false,{"$f":"IF(AJ313=TRUE,COUNTIF($AJ$32:AJ313,TRUE()),\"\")","v":""},{"$f":"IFERROR(INDEX($AD:$AD,MATCH(ROWS($AD$32:AD313),$AK:$AK,0)),\"\")","v":""},null,false,{"$f":"IF(AN313=TRUE,COUNTIF($AN$32:AN313,TRUE()),\"\")","v":""},{"$f":"IFERROR(INDEX($AD:$AD,MATCH(ROWS($AD$32:$AD313),$AO:$AO,0)),\"\")","v":""}]
[null,null,null,null,null,null,null,null,null,null,null,null,null,null,null,null,null,null,null,null,null,null,null,null,null,null,null,null,null,{"$f":"'Baza klientów'!B283","v":0},false,{"$f":"IF(AE314=TRUE,COUNTIF($AE$32:AE314,TRUE()),\"\")","v":""},{"$f":"IFERROR(INDEX($AD:$AD,MATCH(ROWS($AD$32:AD314),$AF:$AF,0)),\"\")","v":""},null,null,false,{"$f":"IF(AJ314=TRUE,COUNTIF($AJ$32:AJ314,TRUE()),\"\")","v":""},{"$f":"IFERROR(INDEX($AD:$AD,MATCH(ROWS($AD$32:AD314),$AK:$AK,0)),\"\")","v":""},null,false,{"$f":"IF(AN314=TRUE,COUNTIF($AN$32:AN314,TRUE()),\"\")","v":""},{"$f":"IFERROR(INDEX($AD:$AD,MATCH(ROWS($AD$32:$AD314),$AO:$AO,0)),\"\")","v":""}]
[null,null,null,null,null,null,null,null,null,null,null,null,null,null,null,null,null,null,null,null,null,null,null,null,null,null,null,null,null,{"$f":"'Baza klientów'!B284","v":0},false,{"$f":"IF(AE315=TRUE,COUNTIF($AE$32:AE315,TRUE()),\"\")","v":""},{"$f":"IFERROR(INDEX($AD:$AD,MATCH(ROWS($AD$32:AD315),$AF:$AF,0)),\"\")","v":""},null,null,false,{"$f":"IF(AJ315=TRUE,COUNTIF($AJ$32:AJ315,TRUE()),\"\")","v":""},{"$f":"IFERROR(INDEX($AD:$AD,MATCH(ROWS($AD$32:AD315),$AK:$AK,0)),\"\")","v":""},null,false,{"$f":"IF(AN315=TRUE,COUNTIF($AN$32:AN315,TRUE()),\"\")","v":""},{"$f":"IFERROR(INDEX($AD:$AD,MATCH(ROWS($AD$32:$AD315),$AO:$AO,0)),\"\")","v":""}]
[null,null,null,null,null,null,null,null,null,null,null,null,null,null,null,null,null,null,null,null,null,null,null,null,null,null,null,null,null,{"$f":"'Baza klientów'!B285","v":0},false,{"$f":"IF(AE316=TRUE,COUNTIF($AE$32:AE316,TRUE()),\"\")","v":""},{"$f":"IFERROR(INDEX($AD:$AD,MATCH(ROWS($AD$32:AD316),$AF:$AF,0)),\"\")","v":""},null,null,false,{"$f":"IF(AJ316=TRUE,COUNTIF($AJ$32:AJ316,TRUE()),\"\")","v":""},{"$f":"IFERROR(INDEX($AD:$AD,MATCH(ROWS($AD$32:AD316),$AK:$AK,0)),\"\")","v":""},null,false,{"$f":"IF(AN316=TRUE,COUNTIF($AN$32:AN316,TRUE()),\"\")","v":""},{"$f":"IFERROR(INDEX($AD:$AD,MATCH(ROWS($AD$32:$AD316),$AO:$AO,0)),\"\")","v":""}]
[null,null,null,null,null,null,null,null,null,null,null,null,null,null,null,null,null,null,null,null,null,null,null,null,null,null,null,null,null,{"$f":"'Baza klientów'!B286","v":0},false,{"$f":"IF(AE317=TRUE,COUNTIF($AE$32:AE317,TRUE()),\"\")","v":""},{"$f":"IFERROR(INDEX($AD:$AD,MATCH(ROWS($AD$32:AD317),$AF:$AF,0)),\"\")","v":""},null,null,false,{"$f":"IF(AJ317=TRUE,COUNTIF($AJ$32:AJ317,TRUE()),\"\")","v":""},{"$f":"IFERROR(INDEX($AD:$AD,MATCH(ROWS($AD$32:AD317),$AK:$AK,0)),\"\")","v":""},null,false,{"$f":"IF(AN317=TRUE,COUNTIF($AN$32:AN317,TRUE()),\"\")","v":""},{"$f":"IFERROR(INDEX($AD:$AD,MATCH(ROWS($AD$32:$AD317),$AO:$AO,0)),\"\")","v":""}]
[null,null,null,null,null,null,null,null,null,null,null,null,null,null,null,null,null,null,null,null,null,null,null,null,null,null,null,null,null,{"$f":"'Baza klientów'!B287","v":0},false,{"$f":"IF(AE318=TRUE,COUNTIF($AE$32:AE318,TRUE()),\"\")","v":""},{"$f":"IFERROR(INDEX($AD:$AD,MATCH(ROWS($AD$32:AD318),$AF:$AF,0)),\"\")","v":""},null,null,false,{"$f":"IF(AJ318=TRUE,COUNTIF($AJ$32:AJ318,TRUE()),\"\")","v":""},{"$f":"IFERROR(INDEX($AD:$AD,MATCH(ROWS($AD$32:AD318),$AK:$AK,0)),\"\")","v":""},null,false,{"$f":"IF(AN318=TRUE,COUNTIF($AN$32:AN318,TRUE()),\"\")","v":""},{"$f":"IFERROR(INDEX($AD:$AD,MATCH(ROWS($AD$32:$AD318),$AO:$AO,0)),\"\")","v":""}]
[null,null,null,null,null,null,null,null,null,null,null,null,null,null,null,null,null,null,null,null,null,null,null,null,null,null,null,null,null,{"$f":"'Baza klientów'!B288","v":0},false,{"$f":"IF(AE319=TRUE,COUNTIF($AE$32:AE319,TRUE()),\"\")","v":""},{"$f":"IFERROR(INDEX($AD:$AD,MATCH(ROWS($AD$32:AD319),$AF:$AF,0)),\"\")","v":""},null,null,false,{"$f":"IF(AJ319=TRUE,COUNTIF($AJ$32:AJ319,TRUE()),\"\")","v":""},{"$f":"IFERROR(INDEX($AD:$AD,MATCH(ROWS($AD$32:AD319),$AK:$AK,0)),\"\")","v":""},null,false,{"$f":"IF(AN319=TRUE,COUNTIF($AN$32:AN319,TRUE()),\"\")","v":""},{"$f":"IFERROR(INDEX($AD:$AD,MATCH(ROWS($AD$32:$AD319),$AO:$AO,0)),\"\")","v":""}]
[null,null,null,null,null,null,null,null,null,null,null,null,null,null,null,null,null,null,null,null,null,null,null,null,null,null,null,null,null,{"$f":"'Baza klientów'!B289","v":0},false,{"$f":"IF(AE320=TRUE,COUNTIF($AE$32:AE320,TRUE()),\"\")","v":""},{"$f":"IFERROR(INDEX($AD:$AD,MATCH(ROWS($AD$32:AD320),$AF:$AF,0)),\"\")","v":""},null,null,false,{"$f":"IF(AJ320=TRUE,COUNTIF($AJ$32:AJ320,TRUE()),\"\")","v":""},{"$f":"IFERROR(INDEX($AD:$AD,MATCH(ROWS($AD$32:AD320),$AK:$AK,0)),\"\")","v":""},null,false,{"$f":"IF(AN320=TRUE,COUNTIF($AN$32:AN320,TRUE()),\"\")","v":""},{"$f":"IFERROR(INDEX($AD:$AD,MATCH(ROWS($AD$32:$AD320),$AO:$AO,0)),\"\")","v":""}]
[null,null,null,null,null,null,null,null,null,null,null,null,null,null,null,null,null,null,null,null,null,null,null,null,null,null,null,null,null,{"$f":"'Baza klientów'!B290","v":0},false,{"$f":"IF(AE321=TRUE,COUNTIF($AE$32:AE321,TRUE()),\"\")","v":""},{"$f":"IFERROR(INDEX($AD:$AD,MATCH(ROWS($AD$32:AD321),$AF:$AF,0)),\"\")","v":""},null,null,false,{"$f":"IF(AJ321=TRUE,COUNTIF($AJ$32:AJ321,TRUE()),\"\")","v":""},{"$f":"IFERROR(INDEX($AD:$AD,MATCH(ROWS($AD$32:AD321),$AK:$AK,0)),\"\")","v":""},null,false,{"$f":"IF(AN321=TRUE,COUNTIF($AN$32:AN321,TRUE()),\"\")","v":""},{"$f":"IFERROR(INDEX($AD:$AD,MATCH(ROWS($AD$32:$AD321),$AO:$AO,0)),\"\")","v":""}]
[null,null,null,null,null,null,null,null,null,null,null,null,null,null,null,null,null,null,null,null,null,null,null,null,null,null,null,null,null,{"$f":"'Baza klientów'!B291","v":0},false,{"$f":"IF(AE322=TRUE,COUNTIF($AE$32:AE322,TRUE()),\"\")","v":""},{"$f":"IFERROR(INDEX($AD:$AD,MATCH(ROWS($AD$32:AD322),$AF:$AF,0)),\"\")","v":""},null,null,false,{"$f":"IF(AJ322=TRUE,COUNTIF($AJ$32:AJ322,TRUE()),\"\")","v":""},{"$f":"IFERROR(INDEX($AD:$AD,MATCH(ROWS($AD$32:AD322),$AK:$AK,0)),\"\")","v":""},null,false,{"$f":"IF(AN322=TRUE,COUNTIF($AN$32:AN322,TRUE()),\"\")","v":""},{"$f":"IFERROR(INDEX($AD:$AD,MATCH(ROWS($AD$32:$AD322),$AO:$AO,0)),\"\")","v":""}]
[null,null,null,null,null,null,null,null,null,null,null,null,null,null,null,null,null,null,null,null,null,null,null,null,null,null,null,null,null,{"$f":"'Baza klientów'!B292","v":0},false,{"$f":"IF(AE323=TRUE,COUNTIF($AE$32:AE323,TRUE()),\"\")","v":""},{"$f":"IFERROR(INDEX($AD:$AD,MATCH(ROWS($AD$32:AD323),$AF:$AF,0)),\"\")","v":""},null,null,false,{"$f":"IF(AJ323=TRUE,COUNTIF($AJ$32:AJ323,TRUE()),\"\")","v":""},{"$f":"IFERROR(INDEX($AD:$AD,MATCH(ROWS($AD$32:AD323),$AK:$AK,0)),\"\")","v":""},null,false,{"$f":"IF(AN323=TRUE,COUNTIF($AN$32:AN323,TRUE()),\"\")","v":""},{"$f":"IFERROR(INDEX($AD:$AD,MATCH(ROWS($AD$32:$AD323),$AO:$AO,0)),\"\")","v":""}]
[null,null,null,null,null,null,null,null,null,null,null,null,null,null,null,null,null,null,null,null,null,null,null,null,null,null,null,null,null,{"$f":"'Baza klientów'!B293","v":0},false,{"$f":"IF(AE324=TRUE,COUNTIF($AE$32:AE324,TRUE()),\"\")","v":""},{"$f":"IFERROR(INDEX($AD:$AD,MATCH(ROWS($AD$32:AD324),$AF:$AF,0)),\"\")","v":""},null,null,false,{"$f":"IF(AJ324=TRUE,COUNTIF($AJ$32:AJ324,TRUE()),\"\")","v":""},{"$f":"IFERROR(INDEX($AD:$AD,MATCH(ROWS($AD$32:AD324),$AK:$AK,0)),\"\")","v":""},null,false,{"$f":"IF(AN324=TRUE,COUNTIF($AN$32:AN324,TRUE()),\"\")","v":""},{"$f":"IFERROR(INDEX($AD:$AD,MATCH(ROWS($AD$32:$AD324),$AO:$AO,0)),\"\")","v":""}]
[null,null,null,null,null,null,null,null,null,null,null,null,null,null,null,null,null,null,null,null,null,null,null,null,null,null,null,null,null,{"$f":"'Baza klientów'!B294","v":0},false,{"$f":"IF(AE325=TRUE,COUNTIF($AE$32:AE325,TRUE()),\"\")","v":""},{"$f":"IFERROR(INDEX($AD:$AD,MATCH(ROWS($AD$32:AD325),$AF:$AF,0)),\"\")","v":""},null,null,false,{"$f":"IF(AJ325=TRUE,COUNTIF($AJ$32:AJ325,TRUE()),\"\")","v":""},{"$f":"IFERROR(INDEX($AD:$AD,MATCH(ROWS($AD$32:AD325),$AK:$AK,0)),\"\")","v":""},null,false,{"$f":"IF(AN325=TRUE,COUNTIF($AN$32:AN325,TRUE()),\"\")","v":""},{"$f":"IFERROR(INDEX($AD:$AD,MATCH(ROWS($AD$32:$AD325),$AO:$AO,0)),\"\")","v":""}]
[null,null,null,null,null,null,null,null,null,null,null,null,null,null,null,null,null,null,null,null,null,null,null,null,null,null,null,null,null,{"$f":"'Baza klientów'!B295","v":0},false,{"$f":"IF(AE326=TRUE,COUNTIF($AE$32:AE326,TRUE()),\"\")","v":""},{"$f":"IFERROR(INDEX($AD:$AD,MATCH(ROWS($AD$32:AD326),$AF:$AF,0)),\"\")","v":""},null,null,false,{"$f":"IF(AJ326=TRUE,COUNTIF($AJ$32:AJ326,TRUE()),\"\")","v":""},{"$f":"IFERROR(INDEX($AD:$AD,MATCH(ROWS($AD$32:AD326),$AK:$AK,0)),\"\")","v":""},null,false,{"$f":"IF(AN326=TRUE,COUNTIF($AN$32:AN326,TRUE()),\"\")","v":""},{"$f":"IFERROR(INDEX($AD:$AD,MATCH(ROWS($AD$32:$AD326),$AO:$AO,0)),\"\")","v":""}]
[null,null,null,null,null,null,null,null,null,null,null,null,null,null,null,null,null,null,null,null,null,null,null,null,null,null,null,null,null,{"$f":"'Baza klientów'!B296","v":0},false,{"$f":"IF(AE327=TRUE,COUNTIF($AE$32:AE327,TRUE()),\"\")","v":""},{"$f":"IFERROR(INDEX($AD:$AD,MATCH(ROWS($AD$32:AD327),$AF:$AF,0)),\"\")","v":""},null,null,false,{"$f":"IF(AJ327=TRUE,COUNTIF($AJ$32:AJ327,TRUE()),\"\")","v":""},{"$f":"IFERROR(INDEX($AD:$AD,MATCH(ROWS($AD$32:AD327),$AK:$AK,0)),\"\")","v":""},null,false,{"$f":"IF(AN327=TRUE,COUNTIF($AN$32:AN327,TRUE()),\"\")","v":""},{"$f":"IFERROR(INDEX($AD:$AD,MATCH(ROWS($AD$32:$AD327),$AO:$AO,0)),\"\")","v":""}]
[null,null,null,null,null,null,null,null,null,null,null,null,null,null,null,null,null,null,null,null,null,null,null,null,null,null,null,null,null,{"$f":"'Baza klientów'!B297","v":0},false,{"$f":"IF(AE328=TRUE,COUNTIF($AE$32:AE328,TRUE()),\"\")","v":""},{"$f":"IFERROR(INDEX($AD:$AD,MATCH(ROWS($AD$32:AD328),$AF:$AF,0)),\"\")","v":""},null,null,false,{"$f":"IF(AJ328=TRUE,COUNTIF($AJ$32:AJ328,TRUE()),\"\")","v":""},{"$f":"IFERROR(INDEX($AD:$AD,MATCH(ROWS($AD$32:AD328),$AK:$AK,0)),\"\")","v":""},null,false,{"$f":"IF(AN328=TRUE,COUNTIF($AN$32:AN328,TRUE()),\"\")","v":""},{"$f":"IFERROR(INDEX($AD:$AD,MATCH(ROWS($AD$32:$AD328),$AO:$AO,0)),\"\")","v":""}]
[null,null,null,null,null,null,null,null,null,null,null,null,null,null,null,null,null,null,null,null,null,null,null,null,null,null,null,null,null,{"$f":"'Baza klientów'!B298","v":0},false,{"$f":"IF(AE329=TRUE,COUNTIF($AE$32:AE329,TRUE()),\"\")","v":""},{"$f":"IFERROR(INDEX($AD:$AD,MATCH(ROWS($AD$32:AD329),$AF:$AF,0)),\"\")","v":""},null,null,false,{"$f":"IF(AJ329=TRUE,COUNTIF($AJ$32:AJ329,TRUE()),\"\")","v":""},{"$f":"IFERROR(INDEX($AD:$AD,MATCH(ROWS($AD$32:AD329),$AK:$AK,0)),\"\")","v":""},null,false,{"$f":"IF(AN329=TRUE,COUNTIF($AN$32:AN329,TRUE()),\"\")","v":""},{"$f":"IFERROR(INDEX($AD:$AD,MATCH(ROWS($AD$32:$AD329),$AO:$AO,0)),\"\")","v":""}]
[null,null,null,null,null,null,null,null,null,null,null,null,null,null,null,null,null,null,null,null,null,null,null,null,null,null,null,null,null,{"$f":"'Baza klientów'!B299","v":0},false,{"$f":"IF(AE330=TRUE,COUNTIF($AE$32:AE330,TRUE()),\"\")","v":""},{"$f":"IFERROR(INDEX($AD:$AD,MATCH(ROWS($AD$32:AD330),$AF:$AF,0)),\"\")","v":""},null,null,false,{"$f":"IF(AJ330=TRUE,COUNTIF($AJ$32:AJ330,TRUE()),\"\")","v":""},{"$f":"IFERROR(INDEX($AD:$AD,MATCH(ROWS($AD$32:AD330),$AK:$AK,0)),\"\")","v":""},null,false,{"$f":"IF(AN330=TRUE,COUNTIF($AN$32:AN330,TRUE()),\"\")","v":""},{"$f":"IFERROR(INDEX($AD:$AD,MATCH(ROWS($AD$32:$AD330),$AO:$AO,0)),\"\")","v":""}]
[null,null,null,null,null,null,null,null,null,null,null,null,null,null,null,null,null,null,null,null,null,null,null,null,null,null,null,null,null,{"$f":"'Baza klientów'!B300","v":0},false,{"$f":"IF(AE331=TRUE,COUNTIF($AE$32:AE331,TRUE()),\"\")","v":""},{"$f":"IFERROR(INDEX($AD:$AD,MATCH(ROWS($AD$32:AD331),$AF:$AF,0)),\"\")","v":""},null,null,false,{"$f":"IF(AJ331=TRUE,COUNTIF($AJ$32:AJ331,TRUE()),\"\")","v":""},{"$f":"IFERROR(INDEX($AD:$AD,MATCH(ROWS($AD$32:AD331),$AK:$AK,0)),\"\")","v":""},null,false,{"$f":"IF(AN331=TRUE,COUNTIF($AN$32:AN331,TRUE()),\"\")","v":""},{"$f":"IFERROR(INDEX($AD:$AD,MATCH(ROWS($AD$32:$AD331),$AO:$AO,0)),\"\")","v":""}]
[null,null,null,null,null,null,null,null,null,null,null,null,null,null,null,null,null,null,null,null,null,null,null,null,null,null,null,null,null,{"$f":"'Baza klientów'!B301","v":0},false,{"$f":"IF(AE332=TRUE,COUNTIF($AE$32:AE332,TRUE()),\"\")","v":""},{"$f":"IFERROR(INDEX($AD:$AD,MATCH(ROWS($AD$32:AD332),$AF:$AF,0)),\"\")","v":""},null,null,false,{"$f":"IF(AJ332=TRUE,COUNTIF($AJ$32:AJ332,TRUE()),\"\")","v":""},{"$f":"IFERROR(INDEX($AD:$AD,MATCH(ROWS($AD$32:AD332),$AK:$AK,0)),\"\")","v":""},null,false,{"$f":"IF(AN332=TRUE,COUNTIF($AN$32:AN332,TRUE()),\"\")","v":""},{"$f":"IFERROR(INDEX($AD:$AD,MATCH(ROWS($AD$32:$AD332),$AO:$AO,0)),\"\")","v":""}]
[null,null,null,null,null,null,null,null,null,null,null,null,null,null,null,null,null,null,null,null,null,null,null,null,null,null,null,null,null,{"$f":"'Baza klientów'!B302","v":0},false,{"$f":"IF(AE333=TRUE,COUNTIF($AE$32:AE333,TRUE()),\"\")","v":""},{"$f":"IFERROR(INDEX($AD:$AD,MATCH(ROWS($AD$32:AD333),$AF:$AF,0)),\"\")","v":""},null,null,false,{"$f":"IF(AJ333=TRUE,COUNTIF($AJ$32:AJ333,TRUE()),\"\")","v":""},{"$f":"IFERROR(INDEX($AD:$AD,MATCH(ROWS($AD$32:AD333),$AK:$AK,0)),\"\")","v":""},null,false,{"$f":"IF(AN333=TRUE,COUNTIF($AN$32:AN333,TRUE()),\"\")","v":""},{"$f":"IFERROR(INDEX($AD:$AD,MATCH(ROWS($AD$32:$AD333),$AO:$AO,0)),\"\")","v":""}]
[null,null,null,null,null,null,null,null,null,null,null,null,null,null,null,null,null,null,null,null,null,null,null,null,null,null,null,null,null,{"$f":"'Baza klientów'!B303","v":0},false,{"$f":"IF(AE334=TRUE,COUNTIF($AE$32:AE334,TRUE()),\"\")","v":""},{"$f":"IFERROR(INDEX($AD:$AD,MATCH(ROWS($AD$32:AD334),$AF:$AF,0)),\"\")","v":""},null,null,false,{"$f":"IF(AJ334=TRUE,COUNTIF($AJ$32:AJ334,TRUE()),\"\")","v":""},{"$f":"IFERROR(INDEX($AD:$AD,MATCH(ROWS($AD$32:AD334),$AK:$AK,0)),\"\")","v":""},null,false,{"$f":"IF(AN334=TRUE,COUNTIF($AN$32:AN334,TRUE()),\"\")","v":""},{"$f":"IFERROR(INDEX($AD:$AD,MATCH(ROWS($AD$32:$AD334),$AO:$AO,0)),\"\")","v":""}]
[null,null,null,null,null,null,null,null,null,null,null,null,null,null,null,null,null,null,null,null,null,null,null,null,null,null,null,null,null,{"$f":"'Baza klientów'!B304","v":0},false,{"$f":"IF(AE335=TRUE,COUNTIF($AE$32:AE335,TRUE()),\"\")","v":""},{"$f":"IFERROR(INDEX($AD:$AD,MATCH(ROWS($AD$32:AD335),$AF:$AF,0)),\"\")","v":""},null,null,false,{"$f":"IF(AJ335=TRUE,COUNTIF($AJ$32:AJ335,TRUE()),\"\")","v":""},{"$f":"IFERROR(INDEX($AD:$AD,MATCH(ROWS($AD$32:AD335),$AK:$AK,0)),\"\")","v":""},null,false,{"$f":"IF(AN335=TRUE,COUNTIF($AN$32:AN335,TRUE()),\"\")","v":""},{"$f":"IFERROR(INDEX($AD:$AD,MATCH(ROWS($AD$32:$AD335),$AO:$AO,0)),\"\")","v":""}]
[null,null,null,null,null,null,null,null,null,null,null,null,null,null,null,null,null,null,null,null,null,null,null,null,null,null,null,null,null,{"$f":"'Baza klientów'!B305","v":0},false,{"$f":"IF(AE336=TRUE,COUNTIF($AE$32:AE336,TRUE()),\"\")","v":""},{"$f":"IFERROR(INDEX($AD:$AD,MATCH(ROWS($AD$32:AD336),$AF:$AF,0)),\"\")","v":""},null,null,false,{"$f":"IF(AJ336=TRUE,COUNTIF($AJ$32:AJ336,TRUE()),\"\")","v":""},{"$f":"IFERROR(INDEX($AD:$AD,MATCH(ROWS($AD$32:AD336),$AK:$AK,0)),\"\")","v":""},null,false,{"$f":"IF(AN336=TRUE,COUNTIF($AN$32:AN336,TRUE()),\"\")","v":""},{"$f":"IFERROR(INDEX($AD:$AD,MATCH(ROWS($AD$32:$AD336),$AO:$AO,0)),\"\")","v":""}]
[null,null,null,null,null,null,null,null,null,null,null,null,null,null,null,null,null,null,null,null,null,null,null,null,null,null,null,null,null,{"$f":"'Baza klientów'!B306","v":0},false,{"$f":"IF(AE337=TRUE,COUNTIF($AE$32:AE337,TRUE()),\"\")","v":""},{"$f":"IFERROR(INDEX($AD:$AD,MATCH(ROWS($AD$32:AD337),$AF:$AF,0)),\"\")","v":""},null,null,false,{"$f":"IF(AJ337=TRUE,COUNTIF($AJ$32:AJ337,TRUE()),\"\")","v":""},{"$f":"IFERROR(INDEX($AD:$AD,MATCH(ROWS($AD$32:AD337),$AK:$AK,0)),\"\")","v":""},null,false,{"$f":"IF(AN337=TRUE,COUNTIF($AN$32:AN337,TRUE()),\"\")","v":""},{"$f":"IFERROR(INDEX($AD:$AD,MATCH(ROWS($AD$32:$AD337),$AO:$AO,0)),\"\")","v":""}]
[null,null,null,null,null,null,null,null,null,null,null,null,null,null,null,null,null,null,null,null,null,null,null,null,null,null,null,null,null,{"$f":"'Baza klientów'!B307","v":0},false,{"$f":"IF(AE338=TRUE,COUNTIF($AE$32:AE338,TRUE()),\"\")","v":""},{"$f":"IFERROR(INDEX($AD:$AD,MATCH(ROWS($AD$32:AD338),$AF:$AF,0)),\"\")","v":""},null,null,false,{"$f":"IF(AJ338=TRUE,COUNTIF($AJ$32:AJ338,TRUE()),\"\")","v":""},{"$f":"IFERROR(INDEX($AD:$AD,MATCH(ROWS($AD$32:AD338),$AK:$AK,0)),\"\")","v":""},null,false,{"$f":"IF(AN338=TRUE,COUNTIF($AN$32:AN338,TRUE()),\"\")","v":""},{"$f":"IFERROR(INDEX($AD:$AD,MATCH(ROWS($AD$32:$AD338),$AO:$AO,0)),\"\")","v":""}]
[null,null,null,null,null,null,null,null,null,null,null,null,null,null,null,null,null,null,null,null,null,null,null,null,null,null,null,null,null,{"$f":"'Baza klientów'!B308","v":0},false,{"$f":"IF(AE339=TRUE,COUNTIF($AE$32:AE339,TRUE()),\"\")","v":""},{"$f":"IFERROR(INDEX($AD:$AD,MATCH(ROWS($AD$32:AD339),$AF:$AF,0)),\"\")","v":""},null,null,false,{"$f":"IF(AJ339=TRUE,COUNTIF($AJ$32:AJ339,TRUE()),\"\")","v":""},{"$f":"IFERROR(INDEX($AD:$AD,MATCH(ROWS($AD$32:AD339),$AK:$AK,0)),\"\")","v":""},null,false,{"$f":"IF(AN339=TRUE,COUNTIF($AN$32:AN339,TRUE()),\"\")","v":""},{"$f":"IFERROR(INDEX($AD:$AD,MATCH(ROWS($AD$32:$AD339),$AO:$AO,0)),\"\")","v":""}]
[null,null,null,null,null,null,null,null,null,null,null,null,null,null,null,null,null,null,null,null,null,null,null,null,null,null,null,null,null,{"$f":"'Baza klientów'!B309","v":0},false,{"$f":"IF(AE340=TRUE,COUNTIF($AE$32:AE340,TRUE()),\"\")","v":""},{"$f":"IFERROR(INDEX($AD:$AD,MATCH(ROWS($AD$32:AD340),$AF:$AF,0)),\"\")","v":""},null,null,false,{"$f":"IF(AJ340=TRUE,COUNTIF($AJ$32:AJ340,TRUE()),\"\")","v":""},{"$f":"IFERROR(INDEX($AD:$AD,MATCH(ROWS($AD$32:AD340),$AK:$AK,0)),\"\")","v":""},null,false,{"$f":"IF(AN340=TRUE,COUNTIF($AN$32:AN340,TRUE()),\"\")","v":""},{"$f":"IFERROR(INDEX($AD:$AD,MATCH(ROWS($AD$32:$AD340),$AO:$AO,0)),\"\")","v":""}]
[null,null,null,null,null,null,null,null,null,null,null,null,null,null,null,null,null,null,null,null,null,null,null,null,null,null,null,null,null,{"$f":"'Baza klientów'!B310","v":0},false,{"$f":"IF(AE341=TRUE,COUNTIF($AE$32:AE341,TRUE()),\"\")","v":""},{"$f":"IFERROR(INDEX($AD:$AD,MATCH(ROWS($AD$32:AD341),$AF:$AF,0)),\"\")","v":""},null,null,false,{"$f":"IF(AJ341=TRUE,COUNTIF($AJ$32:AJ341,TRUE()),\"\")","v":""},{"$f":"IFERROR(INDEX($AD:$AD,MATCH(ROWS($AD$32:AD341),$AK:$AK,0)),\"\")","v":""},null,false,{"$f":"IF(AN341=TRUE,COUNTIF($AN$32:AN341,TRUE()),\"\")","v":""},{"$f":"IFERROR(INDEX($AD:$AD,MATCH(ROWS($AD$32:$AD341),$AO:$AO,0)),\"\")","v":""}]
[null,null,null,null,null,null,null,null,null,null,null,null,null,null,null,null,null,null,null,null,null,null,null,null,null,null,null,null,null,{"$f":"'Baza klientów'!B311","v":0},false,{"$f":"IF(AE342=TRUE,COUNTIF($AE$32:AE342,TRUE()),\"\")","v":""},{"$f":"IFERROR(INDEX($AD:$AD,MATCH(ROWS($AD$32:AD342),$AF:$AF,0)),\"\")","v":""},null,null,false,{"$f":"IF(AJ342=TRUE,COUNTIF($AJ$32:AJ342,TRUE()),\"\")","v":""},{"$f":"IFERROR(INDEX($AD:$AD,MATCH(ROWS($AD$32:AD342),$AK:$AK,0)),\"\")","v":""},null,false,{"$f":"IF(AN342=TRUE,COUNTIF($AN$32:AN342,TRUE()),\"\")","v":""},{"$f":"IFERROR(INDEX($AD:$AD,MATCH(ROWS($AD$32:$AD342),$AO:$AO,0)),\"\")","v":""}]
[null,null,null,null,null,null,null,null,null,null,null,null,null,null,null,null,null,null,null,null,null,null,null,null,null,null,null,null,null,{"$f":"'Baza klientów'!B312","v":0},false,{"$f":"IF(AE343=TRUE,COUNTIF($AE$32:AE343,TRUE()),\"\")","v":""},{"$f":"IFERROR(INDEX($AD:$AD,MATCH(ROWS($AD$32:AD343),$AF:$AF,0)),\"\")","v":""},null,null,false,{"$f":"IF(AJ343=TRUE,COUNTIF($AJ$32:AJ343,TRUE()),\"\")","v":""},{"$f":"IFERROR(INDEX($AD:$AD,MATCH(ROWS($AD$32:AD343),$AK:$AK,0)),\"\")","v":""},null,false,{"$f":"IF(AN343=TRUE,COUNTIF($AN$32:AN343,TRUE()),\"\")","v":""},{"$f":"IFERROR(INDEX($AD:$AD,MATCH(ROWS($AD$32:$AD343),$AO:$AO,0)),\"\")","v":""}]
[null,null,null,null,null,null,null,null,null,null,null,null,null,null,null,null,null,null,null,null,null,null,null,null,null,null,null,null,null,{"$f":"'Baza klientów'!B313","v":0},false,{"$f":"IF(AE344=TRUE,COUNTIF($AE$32:AE344,TRUE()),\"\")","v":""},{"$f":"IFERROR(INDEX($AD:$AD,MATCH(ROWS($AD$32:AD344),$AF:$AF,0)),\"\")","v":""},null,null,false,{"$f":"IF(AJ344=TRUE,COUNTIF($AJ$32:AJ344,TRUE()),\"\")","v":""},{"$f":"IFERROR(INDEX($AD:$AD,MATCH(ROWS($AD$32:AD344),$AK:$AK,0)),\"\")","v":""},null,false,{"$f":"IF(AN344=TRUE,COUNTIF($AN$32:AN344,TRUE()),\"\")","v":""},{"$f":"IFERROR(INDEX($AD:$AD,MATCH(ROWS($AD$32:$AD344),$AO:$AO,0)),\"\")","v":""}]
[null,null,null,null,null,null,null,null,null,null,null,null,null,null,null,null,null,null,null,null,null,null,null,null,null,null,null,null,null,{"$f":"'Baza klientów'!B314","v":0},false,{"$f":"IF(AE345=TRUE,COUNTIF($AE$32:AE345,TRUE()),\"\")","v":""},{"$f":"IFERROR(INDEX($AD:$AD,MATCH(ROWS($AD$32:AD345),$AF:$AF,0)),\"\")","v":""},null,null,false,{"$f":"IF(AJ345=TRUE,COUNTIF($AJ$32:AJ345,TRUE()),\"\")","v":""},{"$f":"IFERROR(INDEX($AD:$AD,MATCH(ROWS($AD$32:AD345),$AK:$AK,0)),\"\")","v":""},null,false,{"$f":"IF(AN345=TRUE,COUNTIF($AN$32:AN345,TRUE()),\"\")","v":""},{"$f":"IFERROR(INDEX($AD:$AD,MATCH(ROWS($AD$32:$AD345),$AO:$AO,0)),\"\")","v":""}]
[null,null,null,null,null,null,null,null,null,null,null,null,null,null,null,null,null,null,null,null,null,null,null,null,null,null,null,null,null,{"$f":"'Baza klientów'!B315","v":0},false,{"$f":"IF(AE346=TRUE,COUNTIF($AE$32:AE346,TRUE()),\"\")","v":""},{"$f":"IFERROR(INDEX($AD:$AD,MATCH(ROWS($AD$32:AD346),$AF:$AF,0)),\"\")","v":""},null,null,false,{"$f":"IF(AJ346=TRUE,COUNTIF($AJ$32:AJ346,TRUE()),\"\")","v":""},{"$f":"IFERROR(INDEX($AD:$AD,MATCH(ROWS($AD$32:AD346),$AK:$AK,0)),\"\")","v":""},null,false,{"$f":"IF(AN346=TRUE,COUNTIF($AN$32:AN346,TRUE()),\"\")","v":""},{"$f":"IFERROR(INDEX($AD:$AD,MATCH(ROWS($AD$32:$AD346),$AO:$AO,0)),\"\")","v":""}]
[null,null,null,null,null,null,null,null,null,null,null,null,null,null,null,null,null,null,null,null,null,null,null,null,null,null,null,null,null,{"$f":"'Baza klientów'!B316","v":0},false,{"$f":"IF(AE347=TRUE,COUNTIF($AE$32:AE347,TRUE()),\"\")","v":""},{"$f":"IFERROR(INDEX($AD:$AD,MATCH(ROWS($AD$32:AD347),$AF:$AF,0)),\"\")","v":""},null,null,false,{"$f":"IF(AJ347=TRUE,COUNTIF($AJ$32:AJ347,TRUE()),\"\")","v":""},{"$f":"IFERROR(INDEX($AD:$AD,MATCH(ROWS($AD$32:AD347),$AK:$AK,0)),\"\")","v":""},null,false,{"$f":"IF(AN347=TRUE,COUNTIF($AN$32:AN347,TRUE()),\"\")","v":""},{"$f":"IFERROR(INDEX($AD:$AD,MATCH(ROWS($AD$32:$AD347),$AO:$AO,0)),\"\")","v":""}]
[null,null,null,null,null,null,null,null,null,null,null,null,null,null,null,null,null,null,null,null,null,null,null,null,null,null,null,null,null,{"$f":"'Baza klientów'!B317","v":0},false,{"$f":"IF(AE348=TRUE,COUNTIF($AE$32:AE348,TRUE()),\"\")","v":""},{"$f":"IFERROR(INDEX($AD:$AD,MATCH(ROWS($AD$32:AD348),$AF:$AF,0)),\"\")","v":""},null,null,false,{"$f":"IF(AJ348=TRUE,COUNTIF($AJ$32:AJ348,TRUE()),\"\")","v":""},{"$f":"IFERROR(INDEX($AD:$AD,MATCH(ROWS($AD$32:AD348),$AK:$AK,0)),\"\")","v":""},null,false,{"$f":"IF(AN348=TRUE,COUNTIF($AN$32:AN348,TRUE()),\"\")","v":""},{"$f":"IFERROR(INDEX($AD:$AD,MATCH(ROWS($AD$32:$AD348),$AO:$AO,0)),\"\")","v":""}]
[null,null,null,null,null,null,null,null,null,null,null,null,null,null,null,null,null,null,null,null,null,null,null,null,null,null,null,null,null,{"$f":"'Baza klientów'!B318","v":0},false,{"$f":"IF(AE349=TRUE,COUNTIF($AE$32:AE349,TRUE()),\"\")","v":""},{"$f":"IFERROR(INDEX($AD:$AD,MATCH(ROWS($AD$32:AD349),$AF:$AF,0)),\"\")","v":""},null,null,false,{"$f":"IF(AJ349=TRUE,COUNTIF($AJ$32:AJ349,TRUE()),\"\")","v":""},{"$f":"IFERROR(INDEX($AD:$AD,MATCH(ROWS($AD$32:AD349),$AK:$AK,0)),\"\")","v":""},null,false,{"$f":"IF(AN349=TRUE,COUNTIF($AN$32:AN349,TRUE()),\"\")","v":""},{"$f":"IFERROR(INDEX($AD:$AD,MATCH(ROWS($AD$32:$AD349),$AO:$AO,0)),\"\")","v":""}]
[null,null,null,null,null,null,null,null,null,null,null,null,null,null,null,null,null,null,null,null,null,null,null,null,null,null,null,null,null,{"$f":"'Baza klientów'!B319","v":0},false,{"$f":"IF(AE350=TRUE,COUNTIF($AE$32:AE350,TRUE()),\"\")","v":""},{"$f":"IFERROR(INDEX($AD:$AD,MATCH(ROWS($AD$32:AD350),$AF:$AF,0)),\"\")","v":""},null,null,false,{"$f":"IF(AJ350=TRUE,COUNTIF($AJ$32:AJ350,TRUE()),\"\")","v":""},{"$f":"IFERROR(INDEX($AD:$AD,MATCH(ROWS($AD$32:AD350),$AK:$AK,0)),\"\")","v":""},null,false,{"$f":"IF(AN350=TRUE,COUNTIF($AN$32:AN350,TRUE()),\"\")","v":""},{"$f":"IFERROR(INDEX($AD:$AD,MATCH(ROWS($AD$32:$AD350),$AO:$AO,0)),\"\")","v":""}]
[null,null,null,null,null,null,null,null,null,null,null,null,null,null,null,null,null,null,null,null,null,null,null,null,null,null,null,null,null,{"$f":"'Baza klientów'!B320","v":0},false,{"$f":"IF(AE351=TRUE,COUNTIF($AE$32:AE351,TRUE()),\"\")","v":""},{"$f":"IFERROR(INDEX($AD:$AD,MATCH(ROWS($AD$32:AD351),$AF:$AF,0)),\"\")","v":""},null,null,false,{"$f":"IF(AJ351=TRUE,COUNTIF($AJ$32:AJ351,TRUE()),\"\")","v":""},{"$f":"IFERROR(INDEX($AD:$AD,MATCH(ROWS($AD$32:AD351),$AK:$AK,0)),\"\")","v":""},null,false,{"$f":"IF(AN351=TRUE,COUNTIF($AN$32:AN351,TRUE()),\"\")","v":""},{"$f":"IFERROR(INDEX($AD:$AD,MATCH(ROWS($AD$32:$AD351),$AO:$AO,0)),\"\")","v":""}]
[null,null,null,null,null,null,null,null,null,null,null,null,null,null,null,null,null,null,null,null,null,null,null,null,null,null,null,null,null,{"$f":"'Baza klientów'!B321","v":0},false,{"$f":"IF(AE352=TRUE,COUNTIF($AE$32:AE352,TRUE()),\"\")","v":""},{"$f":"IFERROR(INDEX($AD:$AD,MATCH(ROWS($AD$32:AD352),$AF:$AF,0)),\"\")","v":""},null,null,false,{"$f":"IF(AJ352=TRUE,COUNTIF($AJ$32:AJ352,TRUE()),\"\")","v":""},{"$f":"IFERROR(INDEX($AD:$AD,MATCH(ROWS($AD$32:AD352),$AK:$AK,0)),\"\")","v":""},null,false,{"$f":"IF(AN352=TRUE,COUNTIF($AN$32:AN352,TRUE()),\"\")","v":""},{"$f":"IFERROR(INDEX($AD:$AD,MATCH(ROWS($AD$32:$AD352),$AO:$AO,0)),\"\")","v":""}]
[null,null,null,null,null,null,null,null,null,null,null,null,null,null,null,null,null,null,null,null,null,null,null,null,null,null,null,null,null,{"$f":"'Baza klientów'!B322","v":0},{"$f":"ISNUMBER(SEARCH($AH$32,AD353))","v":false},{"$f":"IF(AE353=TRUE,COUNTIF($AE$32:AE353,TRUE()),\"\")","v":""},{"$f":"IFERROR(INDEX($AD:$AD,MATCH(ROWS($AD$32:AD353),$AF:$AF,0)),\"\")","v":""},null,null,{"$f":"ISNUMBER(SEARCH($AM$31,AD353))","v":false},{"$f":"IF(AJ353=TRUE,COUNTIF($AJ$32:AJ353,TRUE()),\"\")","v":""},{"$f":"IFERROR(INDEX($AD:$AD,MATCH(ROWS($AD$32:AD353),$AK:$AK,0)),\"\")","v":""},null,{"$f":"ISNUMBER(SEARCH($AQ$31,$AD353))","v":false},{"$f":"IF(AN353=TRUE,COUNTIF($AN$32:AN353,TRUE()),\"\")","v":""},{"$f":"IFERROR(INDEX($AD:$AD,MATCH(ROWS($AD$32:$AD353),$AO:$AO,0)),\"\")","v":""}]
[null,null,null,null,null,null,null,null,null,null,null,null,null,null,null,null,null,null,null,null,null,null,null,null,null,null,null,null,null,{"$f":"'Baza klientów'!B323","v":0},false,{"$f":"IF(AE354=TRUE,COUNTIF($AE$32:AE354,TRUE()),\"\")","v":""},{"$f":"IFERROR(INDEX($AD:$AD,MATCH(ROWS($AD$32:AD354),$AF:$AF,0)),\"\")","v":""},null,null,false,{"$f":"IF(AJ354=TRUE,COUNTIF($AJ$32:AJ354,TRUE()),\"\")","v":""},{"$f":"IFERROR(INDEX($AD:$AD,MATCH(ROWS($AD$32:AD354),$AK:$AK,0)),\"\")","v":""},null,false,{"$f":"IF(AN354=TRUE,COUNTIF($AN$32:AN354,TRUE()),\"\")","v":""},{"$f":"IFERROR(INDEX($AD:$AD,MATCH(ROWS($AD$32:$AD354),$AO:$AO,0)),\"\")","v":""}]
[null,null,null,null,null,null,null,null,null,null,null,null,null,null,null,null,null,null,null,null,null,null,null,null,null,null,null,null,null,{"$f":"'Baza klientów'!B324","v":0},false,{"$f":"IF(AE355=TRUE,COUNTIF($AE$32:AE355,TRUE()),\"\")","v":""},{"$f":"IFERROR(INDEX($AD:$AD,MATCH(ROWS($AD$32:AD355),$AF:$AF,0)),\"\")","v":""},null,null,false,{"$f":"IF(AJ355=TRUE,COUNTIF($AJ$32:AJ355,TRUE()),\"\")","v":""},{"$f":"IFERROR(INDEX($AD:$AD,MATCH(ROWS($AD$32:AD355),$AK:$AK,0)),\"\")","v":""},null,false,{"$f":"IF(AN355=TRUE,COUNTIF($AN$32:AN355,TRUE()),\"\")","v":""},{"$f":"IFERROR(INDEX($AD:$AD,MATCH(ROWS($AD$32:$AD355),$AO:$AO,0)),\"\")","v":""}]
[null,null,null,null,null,null,null,null,null,null,null,null,null,null,null,null,null,null,null,null,null,null,null,null,null,null,null,null,null,{"$f":"'Baza klientów'!B325","v":0},false,{"$f":"IF(AE356=TRUE,COUNTIF($AE$32:AE356,TRUE()),\"\")","v":""},{"$f":"IFERROR(INDEX($AD:$AD,MATCH(ROWS($AD$32:AD356),$AF:$AF,0)),\"\")","v":""},null,null,false,{"$f":"IF(AJ356=TRUE,COUNTIF($AJ$32:AJ356,TRUE()),\"\")","v":""},{"$f":"IFERROR(INDEX($AD:$AD,MATCH(ROWS($AD$32:AD356),$AK:$AK,0)),\"\")","v":""},null,false,{"$f":"IF(AN356=TRUE,COUNTIF($AN$32:AN356,TRUE()),\"\")","v":""},{"$f":"IFERROR(INDEX($AD:$AD,MATCH(ROWS($AD$32:$AD356),$AO:$AO,0)),\"\")","v":""}]
[null,null,null,null,null,null,null,null,null,null,null,null,null,null,null,null,null,null,null,null,null,null,null,null,null,null,null,null,null,{"$f":"'Baza klientów'!B326","v":0},false,{"$f":"IF(AE357=TRUE,COUNTIF($AE$32:AE357,TRUE()),\"\")","v":""},{"$f":"IFERROR(INDEX($AD:$AD,MATCH(ROWS($AD$32:AD357),$AF:$AF,0)),\"\")","v":""},null,null,false,{"$f":"IF(AJ357=TRUE,COUNTIF($AJ$32:AJ357,TRUE()),\"\")","v":""},{"$f":"IFERROR(INDEX($AD:$AD,MATCH(ROWS($AD$32:AD357),$AK:$AK,0)),\"\")","v":""},null,false,{"$f":"IF(AN357=TRUE,COUNTIF($AN$32:AN357,TRUE()),\"\")","v":""},{"$f":"IFERROR(INDEX($AD:$AD,MATCH(ROWS($AD$32:$AD357),$AO:$AO,0)),\"\")","v":""}]
[null,null,null,null,null,null,null,null,null,null,null,null,null,null,null,null,null,null,null,null,null,null,null,null,null,null,null,null,null,{"$f":"'Baza klientów'!B327","v":0},false,{"$f":"IF(AE358=TRUE,COUNTIF($AE$32:AE358,TRUE()),\"\")","v":""},{"$f":"IFERROR(INDEX($AD:$AD,MATCH(ROWS($AD$32:AD358),$AF:$AF,0)),\"\")","v":""},null,null,false,{"$f":"IF(AJ358=TRUE,COUNTIF($AJ$32:AJ358,TRUE()),\"\")","v":""},{"$f":"IFERROR(INDEX($AD:$AD,MATCH(ROWS($AD$32:AD358),$AK:$AK,0)),\"\")","v":""},null,false,{"$f":"IF(AN358=TRUE,COUNTIF($AN$32:AN358,TRUE()),\"\")","v":""},{"$f":"IFERROR(INDEX($AD:$AD,MATCH(ROWS($AD$32:$AD358),$AO:$AO,0)),\"\")","v":""}]
[null,null,null,null,null,null,null,null,null,null,null,null,null,null,null,null,null,null,null,null,null,null,null,null,null,null,null,null,null,{"$f":"'Baza klientów'!B328","v":0},false,{"$f":"IF(AE359=TRUE,COUNTIF($AE$32:AE359,TRUE()),\"\")","v":""},{"$f":"IFERROR(INDEX($AD:$AD,MATCH(ROWS($AD$32:AD359),$AF:$AF,0)),\"\")","v":""},null,null,false,{"$f":"IF(AJ359=TRUE,COUNTIF($AJ$32:AJ359,TRUE()),\"\")","v":""},{"$f":"IFERROR(INDEX($AD:$AD,MATCH(ROWS($AD$32:AD359),$AK:$AK,0)),\"\")","v":""},null,false,{"$f":"IF(AN359=TRUE,COUNTIF($AN$32:AN359,TRUE()),\"\")","v":""},{"$f":"IFERROR(INDEX($AD:$AD,MATCH(ROWS($AD$32:$AD359),$AO:$AO,0)),\"\")","v":""}]
[null,null,null,null,null,null,null,null,null,null,null,null,null,null,null,null,null,null,null,null,null,null,null,null,null,null,null,null,null,{"$f":"'Baza klientów'!B329","v":0},false,{"$f":"IF(AE360=TRUE,COUNTIF($AE$32:AE360,TRUE()),\"\")","v":""},{"$f":"IFERROR(INDEX($AD:$AD,MATCH(ROWS($AD$32:AD360),$AF:$AF,0)),\"\")","v":""},null,null,false,{"$f":"IF(AJ360=TRUE,COUNTIF($AJ$32:AJ360,TRUE()),\"\")","v":""},{"$f":"IFERROR(INDEX($AD:$AD,MATCH(ROWS($AD$32:AD360),$AK:$AK,0)),\"\")","v":""},null,false,{"$f":"IF(AN360=TRUE,COUNTIF($AN$32:AN360,TRUE()),\"\")","v":""},{"$f":"IFERROR(INDEX($AD:$AD,MATCH(ROWS($AD$32:$AD360),$AO:$AO,0)),\"\")","v":""}]
[null,null,null,null,null,null,null,null,null,null,null,null,null,null,null,null,null,null,null,null,null,null,null,null,null,null,null,null,null,{"$f":"'Baza klientów'!B330","v":0},false,{"$f":"IF(AE361=TRUE,COUNTIF($AE$32:AE361,TRUE()),\"\")","v":""},{"$f":"IFERROR(INDEX($AD:$AD,MATCH(ROWS($AD$32:AD361),$AF:$AF,0)),\"\")","v":""},null,null,false,{"$f":"IF(AJ361=TRUE,COUNTIF($AJ$32:AJ361,TRUE()),\"\")","v":""},{"$f":"IFERROR(INDEX($AD:$AD,MATCH(ROWS($AD$32:AD361),$AK:$AK,0)),\"\")","v":""},null,false,{"$f":"IF(AN361=TRUE,COUNTIF($AN$32:AN361,TRUE()),\"\")","v":""},{"$f":"IFERROR(INDEX($AD:$AD,MATCH(ROWS($AD$32:$AD361),$AO:$AO,0)),\"\")","v":""}]
[null,null,null,null,null,null,null,null,null,null,null,null,null,null,null,null,null,null,null,null,null,null,null,null,null,null,null,null,null,{"$f":"'Baza klientów'!B331","v":0},false,{"$f":"IF(AE362=TRUE,COUNTIF($AE$32:AE362,TRUE()),\"\")","v":""},{"$f":"IFERROR(INDEX($AD:$AD,MATCH(ROWS($AD$32:AD362),$AF:$AF,0)),\"\")","v":""},null,null,false,{"$f":"IF(AJ362=TRUE,COUNTIF($AJ$32:AJ362,TRUE()),\"\")","v":""},{"$f":"IFERROR(INDEX($AD:$AD,MATCH(ROWS($AD$32:AD362),$AK:$AK,0)),\"\")","v":""},null,false,{"$f":"IF(AN362=TRUE,COUNTIF($AN$32:AN362,TRUE()),\"\")","v":""},{"$f":"IFERROR(INDEX($AD:$AD,MATCH(ROWS($AD$32:$AD362),$AO:$AO,0)),\"\")","v":""}]
[null,null,null,null,null,null,null,null,null,null,null,null,null,null,null,null,null,null,null,null,null,null,null,null,null,null,null,null,null,{"$f":"'Baza klientów'!B332","v":0},false,{"$f":"IF(AE363=TRUE,COUNTIF($AE$32:AE363,TRUE()),\"\")","v":""},{"$f":"IFERROR(INDEX($AD:$AD,MATCH(ROWS($AD$32:AD363),$AF:$AF,0)),\"\")","v":""},null,null,false,{"$f":"IF(AJ363=TRUE,COUNTIF($AJ$32:AJ363,TRUE()),\"\")","v":""},{"$f":"IFERROR(INDEX($AD:$AD,MATCH(ROWS($AD$32:AD363),$AK:$AK,0)),\"\")","v":""},null,false,{"$f":"IF(AN363=TRUE,COUNTIF($AN$32:AN363,TRUE()),\"\")","v":""},{"$f":"IFERROR(INDEX($AD:$AD,MATCH(ROWS($AD$32:$AD363),$AO:$AO,0)),\"\")","v":""}]
[null,null,null,null,null,null,null,null,null,null,null,null,null,null,null,null,null,null,null,null,null,null,null,null,null,null,null,null,null,{"$f":"'Baza klientów'!B333","v":0},false,{"$f":"IF(AE364=TRUE,COUNTIF($AE$32:AE364,TRUE()),\"\")","v":""},{"$f":"IFERROR(INDEX($AD:$AD,MATCH(ROWS($AD$32:AD364),$AF:$AF,0)),\"\")","v":""},null,null,false,{"$f":"IF(AJ364=TRUE,COUNTIF($AJ$32:AJ364,TRUE()),\"\")","v":""},{"$f":"IFERROR(INDEX($AD:$AD,MATCH(ROWS($AD$32:AD364),$AK:$AK,0)),\"\")","v":""},null,false,{"$f":"IF(AN364=TRUE,COUNTIF($AN$32:AN364,TRUE()),\"\")","v":""},{"$f":"IFERROR(INDEX($AD:$AD,MATCH(ROWS($AD$32:$AD364),$AO:$AO,0)),\"\")","v":""}]
[null,null,null,null,null,null,null,null,null,null,null,null,null,null,null,null,null,null,null,null,null,null,null,null,null,null,null,null,null,{"$f":"'Baza klientów'!B334","v":0},false,{"$f":"IF(AE365=TRUE,COUNTIF($AE$32:AE365,TRUE()),\"\")","v":""},{"$f":"IFERROR(INDEX($AD:$AD,MATCH(ROWS($AD$32:AD365),$AF:$AF,0)),\"\")","v":""},null,null,false,{"$f":"IF(AJ365=TRUE,COUNTIF($AJ$32:AJ365,TRUE()),\"\")","v":""},{"$f":"IFERROR(INDEX($AD:$AD,MATCH(ROWS($AD$32:AD365),$AK:$AK,0)),\"\")","v":""},null,false,{"$f":"IF(AN365=TRUE,COUNTIF($AN$32:AN365,TRUE()),\"\")","v":""},{"$f":"IFERROR(INDEX($AD:$AD,MATCH(ROWS($AD$32:$AD365),$AO:$AO,0)),\"\")","v":""}]
[null,null,null,null,null,null,null,null,null,null,null,null,null,null,null,null,null,null,null,null,null,null,null,null,null,null,null,null,null,{"$f":"'Baza klientów'!B335","v":0},false,{"$f":"IF(AE366=TRUE,COUNTIF($AE$32:AE366,TRUE()),\"\")","v":""},{"$f":"IFERROR(INDEX($AD:$AD,MATCH(ROWS($AD$32:AD366),$AF:$AF,0)),\"\")","v":""},null,null,false,{"$f":"IF(AJ366=TRUE,COUNTIF($AJ$32:AJ366,TRUE()),\"\")","v":""},{"$f":"IFERROR(INDEX($AD:$AD,MATCH(ROWS($AD$32:AD366),$AK:$AK,0)),\"\")","v":""},null,false,{"$f":"IF(AN366=TRUE,COUNTIF($AN$32:AN366,TRUE()),\"\")","v":""},{"$f":"IFERROR(INDEX($AD:$AD,MATCH(ROWS($AD$32:$AD366),$AO:$AO,0)),\"\")","v":""}]
[null,null,null,null,null,null,null,null,null,null,null,null,null,null,null,null,null,null,null,null,null,null,null,null,null,null,null,null,null,{"$f":"'Baza klientów'!B336","v":0},false,{"$f":"IF(AE367=TRUE,COUNTIF($AE$32:AE367,TRUE()),\"\")","v":""},{"$f":"IFERROR(INDEX($AD:$AD,MATCH(ROWS($AD$32:AD367),$AF:$AF,0)),\"\")","v":""},null,null,false,{"$f":"IF(AJ367=TRUE,COUNTIF($AJ$32:AJ367,TRUE()),\"\")","v":""},{"$f":"IFERROR(INDEX($AD:$AD,MATCH(ROWS($AD$32:AD367),$AK:$AK,0)),\"\")","v":""},null,false,{"$f":"IF(AN367=TRUE,COUNTIF($AN$32:AN367,TRUE()),\"\")","v":""},{"$f":"IFERROR(INDEX($AD:$AD,MATCH(ROWS($AD$32:$AD367),$AO:$AO,0)),\"\")","v":""}]
[null,null,null,null,null,null,null,null,null,null,null,null,null,null,null,null,null,null,null,null,null,null,null,null,null,null,null,null,null,{"$f":"'Baza klientów'!B337","v":0},false,{"$f":"IF(AE368=TRUE,COUNTIF($AE$32:AE368,TRUE()),\"\")","v":""},{"$f":"IFERROR(INDEX($AD:$AD,MATCH(ROWS($AD$32:AD368),$AF:$AF,0)),\"\")","v":""},null,null,false,{"$f":"IF(AJ368=TRUE,COUNTIF($AJ$32:AJ368,TRUE()),\"\")","v":""},{"$f":"IFERROR(INDEX($AD:$AD,MATCH(ROWS($AD$32:AD368),$AK:$AK,0)),\"\")","v":""},null,false,{"$f":"IF(AN368=TRUE,COUNTIF($AN$32:AN368,TRUE()),\"\")","v":""},{"$f":"IFERROR(INDEX($AD:$AD,MATCH(ROWS($AD$32:$AD368),$AO:$AO,0)),\"\")","v":""}]
[null,null,null,null,null,null,null,null,null,null,null,null,null,null,null,null,null,null,null,null,null,null,null,null,null,null,null,null,null,{"$f":"'Baza klientów'!B338","v":0},false,{"$f":"IF(AE369=TRUE,COUNTIF($AE$32:AE369,TRUE()),\"\")","v":""},{"$f":"IFERROR(INDEX($AD:$AD,MATCH(ROWS($AD$32:AD369),$AF:$AF,0)),\"\")","v":""},null,null,false,{"$f":"IF(AJ369=TRUE,COUNTIF($AJ$32:AJ369,TRUE()),\"\")","v":""},{"$f":"IFERROR(INDEX($AD:$AD,MATCH(ROWS($AD$32:AD369),$AK:$AK,0)),\"\")","v":""},null,false,{"$f":"IF(AN369=TRUE,COUNTIF($AN$32:AN369,TRUE()),\"\")","v":""},{"$f":"IFERROR(INDEX($AD:$AD,MATCH(ROWS($AD$32:$AD369),$AO:$AO,0)),\"\")","v":""}]
[null,null,null,null,null,null,null,null,null,null,null,null,null,null,null,null,null,null,null,null,null,null,null,null,null,null,null,null,null,{"$f":"'Baza klientów'!B339","v":0},false,{"$f":"IF(AE370=TRUE,COUNTIF($AE$32:AE370,TRUE()),\"\")","v":""},{"$f":"IFERROR(INDEX($AD:$AD,MATCH(ROWS($AD$32:AD370),$AF:$AF,0)),\"\")","v":""},null,null,false,{"$f":"IF(AJ370=TRUE,COUNTIF($AJ$32:AJ370,TRUE()),\"\")","v":""},{"$f":"IFERROR(INDEX($AD:$AD,MATCH(ROWS($AD$32:AD370),$AK:$AK,0)),\"\")","v":""},null,false,{"$f":"IF(AN370=TRUE,COUNTIF($AN$32:AN370,TRUE()),\"\")","v":""},{"$f":"IFERROR(INDEX($AD:$AD,MATCH(ROWS($AD$32:$AD370),$AO:$AO,0)),\"\")","v":""}]
[null,null,null,null,null,null,null,null,null,null,null,null,null,null,null,null,null,null,null,null,null,null,null,null,null,null,null,null,null,{"$f":"'Baza klientów'!B340","v":0},false,{"$f":"IF(AE371=TRUE,COUNTIF($AE$32:AE371,TRUE()),\"\")","v":""},{"$f":"IFERROR(INDEX($AD:$AD,MATCH(ROWS($AD$32:AD371),$AF:$AF,0)),\"\")","v":""},null,null,false,{"$f":"IF(AJ371=TRUE,COUNTIF($AJ$32:AJ371,TRUE()),\"\")","v":""},{"$f":"IFERROR(INDEX($AD:$AD,MATCH(ROWS($AD$32:AD371),$AK:$AK,0)),\"\")","v":""},null,false,{"$f":"IF(AN371=TRUE,COUNTIF($AN$32:AN371,TRUE()),\"\")","v":""},{"$f":"IFERROR(INDEX($AD:$AD,MATCH(ROWS($AD$32:$AD371),$AO:$AO,0)),\"\")","v":""}]
[null,null,null,null,null,null,null,null,null,null,null,null,null,null,null,null,null,null,null,null,null,null,null,null,null,null,null,null,null,{"$f":"'Baza klientów'!B341","v":0},false,{"$f":"IF(AE372=TRUE,COUNTIF($AE$32:AE372,TRUE()),\"\")","v":""},{"$f":"IFERROR(INDEX($AD:$AD,MATCH(ROWS($AD$32:AD372),$AF:$AF,0)),\"\")","v":""},null,null,false,{"$f":"IF(AJ372=TRUE,COUNTIF($AJ$32:AJ372,TRUE()),\"\")","v":""},{"$f":"IFERROR(INDEX($AD:$AD,MATCH(ROWS($AD$32:AD372),$AK:$AK,0)),\"\")","v":""},null,false,{"$f":"IF(AN372=TRUE,COUNTIF($AN$32:AN372,TRUE()),\"\")","v":""},{"$f":"IFERROR(INDEX($AD:$AD,MATCH(ROWS($AD$32:$AD372),$AO:$AO,0)),\"\")","v":""}]
[null,null,null,null,null,null,null,null,null,null,null,null,null,null,null,null,null,null,null,null,null,null,null,null,null,null,null,null,null,{"$f":"'Baza klientów'!B342","v":0},false,{"$f":"IF(AE373=TRUE,COUNTIF($AE$32:AE373,TRUE()),\"\")","v":""},{"$f":"IFERROR(INDEX($AD:$AD,MATCH(ROWS($AD$32:AD373),$AF:$AF,0)),\"\")","v":""},null,null,false,{"$f":"IF(AJ373=TRUE,COUNTIF($AJ$32:AJ373,TRUE()),\"\")","v":""},{"$f":"IFERROR(INDEX($AD:$AD,MATCH(ROWS($AD$32:AD373),$AK:$AK,0)),\"\")","v":""},null,false,{"$f":"IF(AN373=TRUE,COUNTIF($AN$32:AN373,TRUE()),\"\")","v":""},{"$f":"IFERROR(INDEX($AD:$AD,MATCH(ROWS($AD$32:$AD373),$AO:$AO,0)),\"\")","v":""}]
[null,null,null,null,null,null,null,null,null,null,null,null,null,null,null,null,null,null,null,null,null,null,null,null,null,null,null,null,null,{"$f":"'Baza klientów'!B343","v":0},false,{"$f":"IF(AE374=TRUE,COUNTIF($AE$32:AE374,TRUE()),\"\")","v":""},{"$f":"IFERROR(INDEX($AD:$AD,MATCH(ROWS($AD$32:AD374),$AF:$AF,0)),\"\")","v":""},null,null,false,{"$f":"IF(AJ374=TRUE,COUNTIF($AJ$32:AJ374,TRUE()),\"\")","v":""},{"$f":"IFERROR(INDEX($AD:$AD,MATCH(ROWS($AD$32:AD374),$AK:$AK,0)),\"\")","v":""},null,false,{"$f":"IF(AN374=TRUE,COUNTIF($AN$32:AN374,TRUE()),\"\")","v":""},{"$f":"IFERROR(INDEX($AD:$AD,MATCH(ROWS($AD$32:$AD374),$AO:$AO,0)),\"\")","v":""}]
[null,null,null,null,null,null,null,null,null,null,null,null,null,null,null,null,null,null,null,null,null,null,null,null,null,null,null,null,null,{"$f":"'Baza klientów'!B344","v":0},false,{"$f":"IF(AE375=TRUE,COUNTIF($AE$32:AE375,TRUE()),\"\")","v":""},{"$f":"IFERROR(INDEX($AD:$AD,MATCH(ROWS($AD$32:AD375),$AF:$AF,0)),\"\")","v":""},null,null,false,{"$f":"IF(AJ375=TRUE,COUNTIF($AJ$32:AJ375,TRUE()),\"\")","v":""},{"$f":"IFERROR(INDEX($AD:$AD,MATCH(ROWS($AD$32:AD375),$AK:$AK,0)),\"\")","v":""},null,false,{"$f":"IF(AN375=TRUE,COUNTIF($AN$32:AN375,TRUE()),\"\")","v":""},{"$f":"IFERROR(INDEX($AD:$AD,MATCH(ROWS($AD$32:$AD375),$AO:$AO,0)),\"\")","v":""}]
[null,null,null,null,null,null,null,null,null,null,null,null,null,null,null,null,null,null,null,null,null,null,null,null,null,null,null,null,null,{"$f":"'Baza klientów'!B345","v":0},false,{"$f":"IF(AE376=TRUE,COUNTIF($AE$32:AE376,TRUE()),\"\")","v":""},{"$f":"IFERROR(INDEX($AD:$AD,MATCH(ROWS($AD$32:AD376),$AF:$AF,0)),\"\")","v":""},null,null,false,{"$f":"IF(AJ376=TRUE,COUNTIF($AJ$32:AJ376,TRUE()),\"\")","v":""},{"$f":"IFERROR(INDEX($AD:$AD,MATCH(ROWS($AD$32:AD376),$AK:$AK,0)),\"\")","v":""},null,false,{"$f":"IF(AN376=TRUE,COUNTIF($AN$32:AN376,TRUE()),\"\")","v":""},{"$f":"IFERROR(INDEX($AD:$AD,MATCH(ROWS($AD$32:$AD376),$AO:$AO,0)),\"\")","v":""}]
[null,null,null,null,null,null,null,null,null,null,null,null,null,null,null,null,null,null,null,null,null,null,null,null,null,null,null,null,null,{"$f":"'Baza klientów'!B346","v":0},false,{"$f":"IF(AE377=TRUE,COUNTIF($AE$32:AE377,TRUE()),\"\")","v":""},{"$f":"IFERROR(INDEX($AD:$AD,MATCH(ROWS($AD$32:AD377),$AF:$AF,0)),\"\")","v":""},null,null,false,{"$f":"IF(AJ377=TRUE,COUNTIF($AJ$32:AJ377,TRUE()),\"\")","v":""},{"$f":"IFERROR(INDEX($AD:$AD,MATCH(ROWS($AD$32:AD377),$AK:$AK,0)),\"\")","v":""},null,false,{"$f":"IF(AN377=TRUE,COUNTIF($AN$32:AN377,TRUE()),\"\")","v":""},{"$f":"IFERROR(INDEX($AD:$AD,MATCH(ROWS($AD$32:$AD377),$AO:$AO,0)),\"\")","v":""}]
[null,null,null,null,null,null,null,null,null,null,null,null,null,null,null,null,null,null,null,null,null,null,null,null,null,null,null,null,null,{"$f":"'Baza klientów'!B347","v":0},false,{"$f":"IF(AE378=TRUE,COUNTIF($AE$32:AE378,TRUE()),\"\")","v":""},{"$f":"IFERROR(INDEX($AD:$AD,MATCH(ROWS($AD$32:AD378),$AF:$AF,0)),\"\")","v":""},null,null,false,{"$f":"IF(AJ378=TRUE,COUNTIF($AJ$32:AJ378,TRUE()),\"\")","v":""},{"$f":"IFERROR(INDEX($AD:$AD,MATCH(ROWS($AD$32:AD378),$AK:$AK,0)),\"\")","v":""},null,false,{"$f":"IF(AN378=TRUE,COUNTIF($AN$32:AN378,TRUE()),\"\")","v":""},{"$f":"IFERROR(INDEX($AD:$AD,MATCH(ROWS($AD$32:$AD378),$AO:$AO,0)),\"\")","v":""}]
[null,null,null,null,null,null,null,null,null,null,null,null,null,null,null,null,null,null,null,null,null,null,null,null,null,null,null,null,null,{"$f":"'Baza klientów'!B348","v":0},false,{"$f":"IF(AE379=TRUE,COUNTIF($AE$32:AE379,TRUE()),\"\")","v":""},{"$f":"IFERROR(INDEX($AD:$AD,MATCH(ROWS($AD$32:AD379),$AF:$AF,0)),\"\")","v":""},null,null,false,{"$f":"IF(AJ379=TRUE,COUNTIF($AJ$32:AJ379,TRUE()),\"\")","v":""},{"$f":"IFERROR(INDEX($AD:$AD,MATCH(ROWS($AD$32:AD379),$AK:$AK,0)),\"\")","v":""},null,false,{"$f":"IF(AN379=TRUE,COUNTIF($AN$32:AN379,TRUE()),\"\")","v":""},{"$f":"IFERROR(INDEX($AD:$AD,MATCH(ROWS($AD$32:$AD379),$AO:$AO,0)),\"\")","v":""}]
[null,null,null,null,null,null,null,null,null,null,null,null,null,null,null,null,null,null,null,null,null,null,null,null,null,null,null,null,null,{"$f":"'Baza klientów'!B349","v":0},false,{"$f":"IF(AE380=TRUE,COUNTIF($AE$32:AE380,TRUE()),\"\")","v":""},{"$f":"IFERROR(INDEX($AD:$AD,MATCH(ROWS($AD$32:AD380),$AF:$AF,0)),\"\")","v":""},null,null,false,{"$f":"IF(AJ380=TRUE,COUNTIF($AJ$32:AJ380,TRUE()),\"\")","v":""},{"$f":"IFERROR(INDEX($AD:$AD,MATCH(ROWS($AD$32:AD380),$AK:$AK,0)),\"\")","v":""},null,false,{"$f":"IF(AN380=TRUE,COUNTIF($AN$32:AN380,TRUE()),\"\")","v":""},{"$f":"IFERROR(INDEX($AD:$AD,MATCH(ROWS($AD$32:$AD380),$AO:$AO,0)),\"\")","v":""}]
[null,null,null,null,null,null,null,null,null,null,null,null,null,null,null,null,null,null,null,null,null,null,null,null,null,null,null,null,null,{"$f":"'Baza klientów'!B350","v":0},false,{"$f":"IF(AE381=TRUE,COUNTIF($AE$32:AE381,TRUE()),\"\")","v":""},{"$f":"IFERROR(INDEX($AD:$AD,MATCH(ROWS($AD$32:AD381),$AF:$AF,0)),\"\")","v":""},null,null,false,{"$f":"IF(AJ381=TRUE,COUNTIF($AJ$32:AJ381,TRUE()),\"\")","v":""},{"$f":"IFERROR(INDEX($AD:$AD,MATCH(ROWS($AD$32:AD381),$AK:$AK,0)),\"\")","v":""},null,false,{"$f":"IF(AN381=TRUE,COUNTIF($AN$32:AN381,TRUE()),\"\")","v":""},{"$f":"IFERROR(INDEX($AD:$AD,MATCH(ROWS($AD$32:$AD381),$AO:$AO,0)),\"\")","v":""}]
[null,null,null,null,null,null,null,null,null,null,null,null,null,null,null,null,null,null,null,null,null,null,null,null,null,null,null,null,null,{"$f":"'Baza klientów'!B351","v":0},false,{"$f":"IF(AE382=TRUE,COUNTIF($AE$32:AE382,TRUE()),\"\")","v":""},{"$f":"IFERROR(INDEX($AD:$AD,MATCH(ROWS($AD$32:AD382),$AF:$AF,0)),\"\")","v":""},null,null,false,{"$f":"IF(AJ382=TRUE,COUNTIF($AJ$32:AJ382,TRUE()),\"\")","v":""},{"$f":"IFERROR(INDEX($AD:$AD,MATCH(ROWS($AD$32:AD382),$AK:$AK,0)),\"\")","v":""},null,false,{"$f":"IF(AN382=TRUE,COUNTIF($AN$32:AN382,TRUE()),\"\")","v":""},{"$f":"IFERROR(INDEX($AD:$AD,MATCH(ROWS($AD$32:$AD382),$AO:$AO,0)),\"\")","v":""}]
[null,null,null,null,null,null,null,null,null,null,null,null,null,null,null,null,null,null,null,null,null,null,null,null,null,null,null,null,null,{"$f":"'Baza klientów'!B352","v":0},false,{"$f":"IF(AE383=TRUE,COUNTIF($AE$32:AE383,TRUE()),\"\")","v":""},{"$f":"IFERROR(INDEX($AD:$AD,MATCH(ROWS($AD$32:AD383),$AF:$AF,0)),\"\")","v":""},null,null,false,{"$f":"IF(AJ383=TRUE,COUNTIF($AJ$32:AJ383,TRUE()),\"\")","v":""},{"$f":"IFERROR(INDEX($AD:$AD,MATCH(ROWS($AD$32:AD383),$AK:$AK,0)),\"\")","v":""},null,false,{"$f":"IF(AN383=TRUE,COUNTIF($AN$32:AN383,TRUE()),\"\")","v":""},{"$f":"IFERROR(INDEX($AD:$AD,MATCH(ROWS($AD$32:$AD383),$AO:$AO,0)),\"\")","v":""}]
[null,null,null,null,null,null,null,null,null,null,null,null,null,null,null,null,null,null,null,null,null,null,null,null,null,null,null,null,null,{"$f":"'Baza klientów'!B353","v":0},false,{"$f":"IF(AE384=TRUE,COUNTIF($AE$32:AE384,TRUE()),\"\")","v":""},{"$f":"IFERROR(INDEX($AD:$AD,MATCH(ROWS($AD$32:AD384),$AF:$AF,0)),\"\")","v":""},null,null,false,{"$f":"IF(AJ384=TRUE,COUNTIF($AJ$32:AJ384,TRUE()),\"\")","v":""},{"$f":"IFERROR(INDEX($AD:$AD,MATCH(ROWS($AD$32:AD384),$AK:$AK,0)),\"\")","v":""},null,false,{"$f":"IF(AN384=TRUE,COUNTIF($AN$32:AN384,TRUE()),\"\")","v":""},{"$f":"IFERROR(INDEX($AD:$AD,MATCH(ROWS($AD$32:$AD384),$AO:$AO,0)),\"\")","v":""}]
[null,null,null,null,null,null,null,null,null,null,null,null,null,null,null,null,null,null,null,null,null,null,null,null,null,null,null,null,null,{"$f":"'Baza klientów'!B354","v":0},false,{"$f":"IF(AE385=TRUE,COUNTIF($AE$32:AE385,TRUE()),\"\")","v":""},{"$f":"IFERROR(INDEX($AD:$AD,MATCH(ROWS($AD$32:AD385),$AF:$AF,0)),\"\")","v":""},null,null,false,{"$f":"IF(AJ385=TRUE,COUNTIF($AJ$32:AJ385,TRUE()),\"\")","v":""},{"$f":"IFERROR(INDEX($AD:$AD,MATCH(ROWS($AD$32:AD385),$AK:$AK,0)),\"\")","v":""},null,false,{"$f":"IF(AN385=TRUE,COUNTIF($AN$32:AN385,TRUE()),\"\")","v":""},{"$f":"IFERROR(INDEX($AD:$AD,MATCH(ROWS($AD$32:$AD385),$AO:$AO,0)),\"\")","v":""}]
[null,null,null,null,null,null,null,null,null,null,null,null,null,null,null,null,null,null,null,null,null,null,null,null,null,null,null,null,null,{"$f":"'Baza klientów'!B355","v":0},false,{"$f":"IF(AE386=TRUE,COUNTIF($AE$32:AE386,TRUE()),\"\")","v":""},{"$f":"IFERROR(INDEX($AD:$AD,MATCH(ROWS($AD$32:AD386),$AF:$AF,0)),\"\")","v":""},null,null,false,{"$f":"IF(AJ386=TRUE,COUNTIF($AJ$32:AJ386,TRUE()),\"\")","v":""},{"$f":"IFERROR(INDEX($AD:$AD,MATCH(ROWS($AD$32:AD386),$AK:$AK,0)),\"\")","v":""},null,false,{"$f":"IF(AN386=TRUE,COUNTIF($AN$32:AN386,TRUE()),\"\")","v":""},{"$f":"IFERROR(INDEX($AD:$AD,MATCH(ROWS($AD$32:$AD386),$AO:$AO,0)),\"\")","v":""}]
[null,null,null,null,null,null,null,null,null,null,null,null,null,null,null,null,null,null,null,null,null,null,null,null,null,null,null,null,null,{"$f":"'Baza klientów'!B356","v":0},false,{"$f":"IF(AE387=TRUE,COUNTIF($AE$32:AE387,TRUE()),\"\")","v":""},{"$f":"IFERROR(INDEX($AD:$AD,MATCH(ROWS($AD$32:AD387),$AF:$AF,0)),\"\")","v":""},null,null,false,{"$f":"IF(AJ387=TRUE,COUNTIF($AJ$32:AJ387,TRUE()),\"\")","v":""},{"$f":"IFERROR(INDEX($AD:$AD,MATCH(ROWS($AD$32:AD387),$AK:$AK,0)),\"\")","v":""},null,false,{"$f":"IF(AN387=TRUE,COUNTIF($AN$32:AN387,TRUE()),\"\")","v":""},{"$f":"IFERROR(INDEX($AD:$AD,MATCH(ROWS($AD$32:$AD387),$AO:$AO,0)),\"\")","v":""}]
[null,null,null,null,null,null,null,null,null,null,null,null,null,null,null,null,null,null,null,null,null,null,null,null,null,null,null,null,null,{"$f":"'Baza klientów'!B357","v":0},false,{"$f":"IF(AE388=TRUE,COUNTIF($AE$32:AE388,TRUE()),\"\")","v":""},{"$f":"IFERROR(INDEX($AD:$AD,MATCH(ROWS($AD$32:AD388),$AF:$AF,0)),\"\")","v":""},null,null,false,{"$f":"IF(AJ388=TRUE,COUNTIF($AJ$32:AJ388,TRUE()),\"\")","v":""},{"$f":"IFERROR(INDEX($AD:$AD,MATCH(ROWS($AD$32:AD388),$AK:$AK,0)),\"\")","v":""},null,false,{"$f":"IF(AN388=TRUE,COUNTIF($AN$32:AN388,TRUE()),\"\")","v":""},{"$f":"IFERROR(INDEX($AD:$AD,MATCH(ROWS($AD$32:$AD388),$AO:$AO,0)),\"\")","v":""}]
[null,null,null,null,null,null,null,null,null,null,null,null,null,null,null,null,null,null,null,null,null,null,null,null,null,null,null,null,null,{"$f":"'Baza klientów'!B358","v":0},false,{"$f":"IF(AE389=TRUE,COUNTIF($AE$32:AE389,TRUE()),\"\")","v":""},{"$f":"IFERROR(INDEX($AD:$AD,MATCH(ROWS($AD$32:AD389),$AF:$AF,0)),\"\")","v":""},null,null,false,{"$f":"IF(AJ389=TRUE,COUNTIF($AJ$32:AJ389,TRUE()),\"\")","v":""},{"$f":"IFERROR(INDEX($AD:$AD,MATCH(ROWS($AD$32:AD389),$AK:$AK,0)),\"\")","v":""},null,false,{"$f":"IF(AN389=TRUE,COUNTIF($AN$32:AN389,TRUE()),\"\")","v":""},{"$f":"IFERROR(INDEX($AD:$AD,MATCH(ROWS($AD$32:$AD389),$AO:$AO,0)),\"\")","v":""}]
[null,null,null,null,null,null,null,null,null,null,null,null,null,null,null,null,null,null,null,null,null,null,null,null,null,null,null,null,null,{"$f":"'Baza klientów'!B359","v":0},false,{"$f":"IF(AE390=TRUE,COUNTIF($AE$32:AE390,TRUE()),\"\")","v":""},{"$f":"IFERROR(INDEX($AD:$AD,MATCH(ROWS($AD$32:AD390),$AF:$AF,0)),\"\")","v":""},null,null,false,{"$f":"IF(AJ390=TRUE,COUNTIF($AJ$32:AJ390,TRUE()),\"\")","v":""},{"$f":"IFERROR(INDEX($AD:$AD,MATCH(ROWS($AD$32:AD390),$AK:$AK,0)),\"\")","v":""},null,false,{"$f":"IF(AN390=TRUE,COUNTIF($AN$32:AN390,TRUE()),\"\")","v":""},{"$f":"IFERROR(INDEX($AD:$AD,MATCH(ROWS($AD$32:$AD390),$AO:$AO,0)),\"\")","v":""}]
[null,null,null,null,null,null,null,null,null,null,null,null,null,null,null,null,null,null,null,null,null,null,null,null,null,null,null,null,null,{"$f":"'Baza klientów'!B360","v":0},false,{"$f":"IF(AE391=TRUE,COUNTIF($AE$32:AE391,TRUE()),\"\")","v":""},{"$f":"IFERROR(INDEX($AD:$AD,MATCH(ROWS($AD$32:AD391),$AF:$AF,0)),\"\")","v":""},null,null,false,{"$f":"IF(AJ391=TRUE,COUNTIF($AJ$32:AJ391,TRUE()),\"\")","v":""},{"$f":"IFERROR(INDEX($AD:$AD,MATCH(ROWS($AD$32:AD391),$AK:$AK,0)),\"\")","v":""},null,false,{"$f":"IF(AN391=TRUE,COUNTIF($AN$32:AN391,TRUE()),\"\")","v":""},{"$f":"IFERROR(INDEX($AD:$AD,MATCH(ROWS($AD$32:$AD391),$AO:$AO,0)),\"\")","v":""}]
[null,null,null,null,null,null,null,null,null,null,null,null,null,null,null,null,null,null,null,null,null,null,null,null,null,null,null,null,null,{"$f":"'Baza klientów'!B361","v":0},false,{"$f":"IF(AE392=TRUE,COUNTIF($AE$32:AE392,TRUE()),\"\")","v":""},{"$f":"IFERROR(INDEX($AD:$AD,MATCH(ROWS($AD$32:AD392),$AF:$AF,0)),\"\")","v":""},null,null,false,{"$f":"IF(AJ392=TRUE,COUNTIF($AJ$32:AJ392,TRUE()),\"\")","v":""},{"$f":"IFERROR(INDEX($AD:$AD,MATCH(ROWS($AD$32:AD392),$AK:$AK,0)),\"\")","v":""},null,false,{"$f":"IF(AN392=TRUE,COUNTIF($AN$32:AN392,TRUE()),\"\")","v":""},{"$f":"IFERROR(INDEX($AD:$AD,MATCH(ROWS($AD$32:$AD392),$AO:$AO,0)),\"\")","v":""}]
[null,null,null,null,null,null,null,null,null,null,null,null,null,null,null,null,null,null,null,null,null,null,null,null,null,null,null,null,null,{"$f":"'Baza klientów'!B362","v":0},false,{"$f":"IF(AE393=TRUE,COUNTIF($AE$32:AE393,TRUE()),\"\")","v":""},{"$f":"IFERROR(INDEX($AD:$AD,MATCH(ROWS($AD$32:AD393),$AF:$AF,0)),\"\")","v":""},null,null,false,{"$f":"IF(AJ393=TRUE,COUNTIF($AJ$32:AJ393,TRUE()),\"\")","v":""},{"$f":"IFERROR(INDEX($AD:$AD,MATCH(ROWS($AD$32:AD393),$AK:$AK,0)),\"\")","v":""},null,false,{"$f":"IF(AN393=TRUE,COUNTIF($AN$32:AN393,TRUE()),\"\")","v":""},{"$f":"IFERROR(INDEX($AD:$AD,MATCH(ROWS($AD$32:$AD393),$AO:$AO,0)),\"\")","v":""}]
[null,null,null,null,null,null,null,null,null,null,null,null,null,null,null,null,null,null,null,null,null,null,null,null,null,null,null,null,null,{"$f":"'Baza klientów'!B363","v":0},false,{"$f":"IF(AE394=TRUE,COUNTIF($AE$32:AE394,TRUE()),\"\")","v":""},{"$f":"IFERROR(INDEX($AD:$AD,MATCH(ROWS($AD$32:AD394),$AF:$AF,0)),\"\")","v":""},null,null,false,{"$f":"IF(AJ394=TRUE,COUNTIF($AJ$32:AJ394,TRUE()),\"\")","v":""},{"$f":"IFERROR(INDEX($AD:$AD,MATCH(ROWS($AD$32:AD394),$AK:$AK,0)),\"\")","v":""},null,false,{"$f":"IF(AN394=TRUE,COUNTIF($AN$32:AN394,TRUE()),\"\")","v":""},{"$f":"IFERROR(INDEX($AD:$AD,MATCH(ROWS($AD$32:$AD394),$AO:$AO,0)),\"\")","v":""}]
[null,null,null,null,null,null,null,null,null,null,null,null,null,null,null,null,null,null,null,null,null,null,null,null,null,null,null,null,null,{"$f":"'Baza klientów'!B364","v":0},false,{"$f":"IF(AE395=TRUE,COUNTIF($AE$32:AE395,TRUE()),\"\")","v":""},{"$f":"IFERROR(INDEX($AD:$AD,MATCH(ROWS($AD$32:AD395),$AF:$AF,0)),\"\")","v":""},null,null,false,{"$f":"IF(AJ395=TRUE,COUNTIF($AJ$32:AJ395,TRUE()),\"\")","v":""},{"$f":"IFERROR(INDEX($AD:$AD,MATCH(ROWS($AD$32:AD395),$AK:$AK,0)),\"\")","v":""},null,false,{"$f":"IF(AN395=TRUE,COUNTIF($AN$32:AN395,TRUE()),\"\")","v":""},{"$f":"IFERROR(INDEX($AD:$AD,MATCH(ROWS($AD$32:$AD395),$AO:$AO,0)),\"\")","v":""}]
[null,null,null,null,null,null,null,null,null,null,null,null,null,null,null,null,null,null,null,null,null,null,null,null,null,null,null,null,null,{"$f":"'Baza klientów'!B365","v":0},false,{"$f":"IF(AE396=TRUE,COUNTIF($AE$32:AE396,TRUE()),\"\")","v":""},{"$f":"IFERROR(INDEX($AD:$AD,MATCH(ROWS($AD$32:AD396),$AF:$AF,0)),\"\")","v":""},null,null,false,{"$f":"IF(AJ396=TRUE,COUNTIF($AJ$32:AJ396,TRUE()),\"\")","v":""},{"$f":"IFERROR(INDEX($AD:$AD,MATCH(ROWS($AD$32:AD396),$AK:$AK,0)),\"\")","v":""},null,false,{"$f":"IF(AN396=TRUE,COUNTIF($AN$32:AN396,TRUE()),\"\")","v":""},{"$f":"IFERROR(INDEX($AD:$AD,MATCH(ROWS($AD$32:$AD396),$AO:$AO,0)),\"\")","v":""}]
[null,null,null,null,null,null,null,null,null,null,null,null,null,null,null,null,null,null,null,null,null,null,null,null,null,null,null,null,null,{"$f":"'Baza klientów'!B366","v":0},false,{"$f":"IF(AE397=TRUE,COUNTIF($AE$32:AE397,TRUE()),\"\")","v":""},{"$f":"IFERROR(INDEX($AD:$AD,MATCH(ROWS($AD$32:AD397),$AF:$AF,0)),\"\")","v":""},null,null,false,{"$f":"IF(AJ397=TRUE,COUNTIF($AJ$32:AJ397,TRUE()),\"\")","v":""},{"$f":"IFERROR(INDEX($AD:$AD,MATCH(ROWS($AD$32:AD397),$AK:$AK,0)),\"\")","v":""},null,false,{"$f":"IF(AN397=TRUE,COUNTIF($AN$32:AN397,TRUE()),\"\")","v":""},{"$f":"IFERROR(INDEX($AD:$AD,MATCH(ROWS($AD$32:$AD397),$AO:$AO,0)),\"\")","v":""}]
[null,null,null,null,null,null,null,null,null,null,null,null,null,null,null,null,null,null,null,null,null,null,null,null,null,null,null,null,null,{"$f":"'Baza klientów'!B367","v":0},false,{"$f":"IF(AE398=TRUE,COUNTIF($AE$32:AE398,TRUE()),\"\")","v":""},{"$f":"IFERROR(INDEX($AD:$AD,MATCH(ROWS($AD$32:AD398),$AF:$AF,0)),\"\")","v":""},null,null,false,{"$f":"IF(AJ398=TRUE,COUNTIF($AJ$32:AJ398,TRUE()),\"\")","v":""},{"$f":"IFERROR(INDEX($AD:$AD,MATCH(ROWS($AD$32:AD398),$AK:$AK,0)),\"\")","v":""},null,false,{"$f":"IF(AN398=TRUE,COUNTIF($AN$32:AN398,TRUE()),\"\")","v":""},{"$f":"IFERROR(INDEX($AD:$AD,MATCH(ROWS($AD$32:$AD398),$AO:$AO,0)),\"\")","v":""}]
[null,null,null,null,null,null,null,null,null,null,null,null,null,null,null,null,null,null,null,null,null,null,null,null,null,null,null,null,null,{"$f":"'Baza klientów'!B368","v":0},false,{"$f":"IF(AE399=TRUE,COUNTIF($AE$32:AE399,TRUE()),\"\")","v":""},{"$f":"IFERROR(INDEX($AD:$AD,MATCH(ROWS($AD$32:AD399),$AF:$AF,0)),\"\")","v":""},null,null,false,{"$f":"IF(AJ399=TRUE,COUNTIF($AJ$32:AJ399,TRUE()),\"\")","v":""},{"$f":"IFERROR(INDEX($AD:$AD,MATCH(ROWS($AD$32:AD399),$AK:$AK,0)),\"\")","v":""},null,false,{"$f":"IF(AN399=TRUE,COUNTIF($AN$32:AN399,TRUE()),\"\")","v":""},{"$f":"IFERROR(INDEX($AD:$AD,MATCH(ROWS($AD$32:$AD399),$AO:$AO,0)),\"\")","v":""}]
[null,null,null,null,null,null,null,null,null,null,null,null,null,null,null,null,null,null,null,null,null,null,null,null,null,null,null,null,null,{"$f":"'Baza klientów'!B369","v":0},false,{"$f":"IF(AE400=TRUE,COUNTIF($AE$32:AE400,TRUE()),\"\")","v":""},{"$f":"IFERROR(INDEX($AD:$AD,MATCH(ROWS($AD$32:AD400),$AF:$AF,0)),\"\")","v":""},null,null,false,{"$f":"IF(AJ400=TRUE,COUNTIF($AJ$32:AJ400,TRUE()),\"\")","v":""},{"$f":"IFERROR(INDEX($AD:$AD,MATCH(ROWS($AD$32:AD400),$AK:$AK,0)),\"\")","v":""},null,false,{"$f":"IF(AN400=TRUE,COUNTIF($AN$32:AN400,TRUE()),\"\")","v":""},{"$f":"IFERROR(INDEX($AD:$AD,MATCH(ROWS($AD$32:$AD400),$AO:$AO,0)),\"\")","v":""}]
[null,null,null,null,null,null,null,null,null,null,null,null,null,null,null,null,null,null,null,null,null,null,null,null,null,null,null,null,null,{"$f":"'Baza klientów'!B370","v":0},false,{"$f":"IF(AE401=TRUE,COUNTIF($AE$32:AE401,TRUE()),\"\")","v":""},{"$f":"IFERROR(INDEX($AD:$AD,MATCH(ROWS($AD$32:AD401),$AF:$AF,0)),\"\")","v":""},null,null,false,{"$f":"IF(AJ401=TRUE,COUNTIF($AJ$32:AJ401,TRUE()),\"\")","v":""},{"$f":"IFERROR(INDEX($AD:$AD,MATCH(ROWS($AD$32:AD401),$AK:$AK,0)),\"\")","v":""},null,false,{"$f":"IF(AN401=TRUE,COUNTIF($AN$32:AN401,TRUE()),\"\")","v":""},{"$f":"IFERROR(INDEX($AD:$AD,MATCH(ROWS($AD$32:$AD401),$AO:$AO,0)),\"\")","v":""}]
[null,null,null,null,null,null,null,null,null,null,null,null,null,null,null,null,null,null,null,null,null,null,null,null,null,null,null,null,null,{"$f":"'Baza klientów'!B371","v":0},false,{"$f":"IF(AE402=TRUE,COUNTIF($AE$32:AE402,TRUE()),\"\")","v":""},{"$f":"IFERROR(INDEX($AD:$AD,MATCH(ROWS($AD$32:AD402),$AF:$AF,0)),\"\")","v":""},null,null,false,{"$f":"IF(AJ402=TRUE,COUNTIF($AJ$32:AJ402,TRUE()),\"\")","v":""},{"$f":"IFERROR(INDEX($AD:$AD,MATCH(ROWS($AD$32:AD402),$AK:$AK,0)),\"\")","v":""},null,false,{"$f":"IF(AN402=TRUE,COUNTIF($AN$32:AN402,TRUE()),\"\")","v":""},{"$f":"IFERROR(INDEX($AD:$AD,MATCH(ROWS($AD$32:$AD402),$AO:$AO,0)),\"\")","v":""}]
[null,null,null,null,null,null,null,null,null,null,null,null,null,null,null,null,null,null,null,null,null,null,null,null,null,null,null,null,null,{"$f":"'Baza klientów'!B372","v":0},false,{"$f":"IF(AE403=TRUE,COUNTIF($AE$32:AE403,TRUE()),\"\")","v":""},{"$f":"IFERROR(INDEX($AD:$AD,MATCH(ROWS($AD$32:AD403),$AF:$AF,0)),\"\")","v":""},null,null,false,{"$f":"IF(AJ403=TRUE,COUNTIF($AJ$32:AJ403,TRUE()),\"\")","v":""},{"$f":"IFERROR(INDEX($AD:$AD,MATCH(ROWS($AD$32:AD403),$AK:$AK,0)),\"\")","v":""},null,false,{"$f":"IF(AN403=TRUE,COUNTIF($AN$32:AN403,TRUE()),\"\")","v":""},{"$f":"IFERROR(INDEX($AD:$AD,MATCH(ROWS($AD$32:$AD403),$AO:$AO,0)),\"\")","v":""}]
[null,null,null,null,null,null,null,null,null,null,null,null,null,null,null,null,null,null,null,null,null,null,null,null,null,null,null,null,null,{"$f":"'Baza klientów'!B373","v":0},false,{"$f":"IF(AE404=TRUE,COUNTIF($AE$32:AE404,TRUE()),\"\")","v":""},{"$f":"IFERROR(INDEX($AD:$AD,MATCH(ROWS($AD$32:AD404),$AF:$AF,0)),\"\")","v":""},null,null,false,{"$f":"IF(AJ404=TRUE,COUNTIF($AJ$32:AJ404,TRUE()),\"\")","v":""},{"$f":"IFERROR(INDEX($AD:$AD,MATCH(ROWS($AD$32:AD404),$AK:$AK,0)),\"\")","v":""},null,false,{"$f":"IF(AN404=TRUE,COUNTIF($AN$32:AN404,TRUE()),\"\")","v":""},{"$f":"IFERROR(INDEX($AD:$AD,MATCH(ROWS($AD$32:$AD404),$AO:$AO,0)),\"\")","v":""}]
[null,null,null,null,null,null,null,null,null,null,null,null,null,null,null,null,null,null,null,null,null,null,null,null,null,null,null,null,null,{"$f":"'Baza klientów'!B374","v":0},false,{"$f":"IF(AE405=TRUE,COUNTIF($AE$32:AE405,TRUE()),\"\")","v":""},{"$f":"IFERROR(INDEX($AD:$AD,MATCH(ROWS($AD$32:AD405),$AF:$AF,0)),\"\")","v":""},null,null,false,{"$f":"IF(AJ405=TRUE,COUNTIF($AJ$32:AJ405,TRUE()),\"\")","v":""},{"$f":"IFERROR(INDEX($AD:$AD,MATCH(ROWS($AD$32:AD405),$AK:$AK,0)),\"\")","v":""},null,false,{"$f":"IF(AN405=TRUE,COUNTIF($AN$32:AN405,TRUE()),\"\")","v":""},{"$f":"IFERROR(INDEX($AD:$AD,MATCH(ROWS($AD$32:$AD405),$AO:$AO,0)),\"\")","v":""}]
[null,null,null,null,null,null,null,null,null,null,null,null,null,null,null,null,null,null,null,null,null,null,null,null,null,null,null,null,null,{"$f":"'Baza klientów'!B375","v":0},false,{"$f":"IF(AE406=TRUE,COUNTIF($AE$32:AE406,TRUE()),\"\")","v":""},{"$f":"IFERROR(INDEX($AD:$AD,MATCH(ROWS($AD$32:AD406),$AF:$AF,0)),\"\")","v":""},null,null,false,{"$f":"IF(AJ406=TRUE,COUNTIF($AJ$32:AJ406,TRUE()),\"\")","v":""},{"$f":"IFERROR(INDEX($AD:$AD,MATCH(ROWS($AD$32:AD406),$AK:$AK,0)),\"\")","v":""},null,false,{"$f":"IF(AN406=TRUE,COUNTIF($AN$32:AN406,TRUE()),\"\")","v":""},{"$f":"IFERROR(INDEX($AD:$AD,MATCH(ROWS($AD$32:$AD406),$AO:$AO,0)),\"\")","v":""}]
[null,null,null,null,null,null,null,null,null,null,null,null,null,null,null,null,null,null,null,null,null,null,null,null,null,null,null,null,null,{"$f":"'Baza klientów'!B376","v":0},false,{"$f":"IF(AE407=TRUE,COUNTIF($AE$32:AE407,TRUE()),\"\")","v":""},{"$f":"IFERROR(INDEX($AD:$AD,MATCH(ROWS($AD$32:AD407),$AF:$AF,0)),\"\")","v":""},null,null,false,{"$f":"IF(AJ407=TRUE,COUNTIF($AJ$32:AJ407,TRUE()),\"\")","v":""},{"$f":"IFERROR(INDEX($AD:$AD,MATCH(ROWS($AD$32:AD407),$AK:$AK,0)),\"\")","v":""},null,false,{"$f":"IF(AN407=TRUE,COUNTIF($AN$32:AN407,TRUE()),\"\")","v":""},{"$f":"IFERROR(INDEX($AD:$AD,MATCH(ROWS($AD$32:$AD407),$AO:$AO,0)),\"\")","v":""}]
[null,null,null,null,null,null,null,null,null,null,null,null,null,null,null,null,null,null,null,null,null,null,null,null,null,null,null,null,null,{"$f":"'Baza klientów'!B377","v":0},false,{"$f":"IF(AE408=TRUE,COUNTIF($AE$32:AE408,TRUE()),\"\")","v":""},{"$f":"IFERROR(INDEX($AD:$AD,MATCH(ROWS($AD$32:AD408),$AF:$AF,0)),\"\")","v":""},null,null,false,{"$f":"IF(AJ408=TRUE,COUNTIF($AJ$32:AJ408,TRUE()),\"\")","v":""},{"$f":"IFERROR(INDEX($AD:$AD,MATCH(ROWS($AD$32:AD408),$AK:$AK,0)),\"\")","v":""},null,false,{"$f":"IF(AN408=TRUE,COUNTIF($AN$32:AN408,TRUE()),\"\")","v":""},{"$f":"IFERROR(INDEX($AD:$AD,MATCH(ROWS($AD$32:$AD408),$AO:$AO,0)),\"\")","v":""}]
[null,null,null,null,null,null,null,null,null,null,null,null,null,null,null,null,null,null,null,null,null,null,null,null,null,null,null,null,null,{"$f":"'Baza klientów'!B378","v":0},false,{"$f":"IF(AE409=TRUE,COUNTIF($AE$32:AE409,TRUE()),\"\")","v":""},{"$f":"IFERROR(INDEX($AD:$AD,MATCH(ROWS($AD$32:AD409),$AF:$AF,0)),\"\")","v":""},null,null,false,{"$f":"IF(AJ409=TRUE,COUNTIF($AJ$32:AJ409,TRUE()),\"\")","v":""},{"$f":"IFERROR(INDEX($AD:$AD,MATCH(ROWS($AD$32:AD409),$AK:$AK,0)),\"\")","v":""},null,false,{"$f":"IF(AN409=TRUE,COUNTIF($AN$32:AN409,TRUE()),\"\")","v":""},{"$f":"IFERROR(INDEX($AD:$AD,MATCH(ROWS($AD$32:$AD409),$AO:$AO,0)),\"\")","v":""}]
[null,null,null,null,null,null,null,null,null,null,null,null,null,null,null,null,null,null,null,null,null,null,null,null,null,null,null,null,null,{"$f":"'Baza klientów'!B379","v":0},false,{"$f":"IF(AE410=TRUE,COUNTIF($AE$32:AE410,TRUE()),\"\")","v":""},{"$f":"IFERROR(INDEX($AD:$AD,MATCH(ROWS($AD$32:AD410),$AF:$AF,0)),\"\")","v":""},null,null,false,{"$f":"IF(AJ410=TRUE,COUNTIF($AJ$32:AJ410,TRUE()),\"\")","v":""},{"$f":"IFERROR(INDEX($AD:$AD,MATCH(ROWS($AD$32:AD410),$AK:$AK,0)),\"\")","v":""},null,false,{"$f":"IF(AN410=TRUE,COUNTIF($AN$32:AN410,TRUE()),\"\")","v":""},{"$f":"IFERROR(INDEX($AD:$AD,MATCH(ROWS($AD$32:$AD410),$AO:$AO,0)),\"\")","v":""}]
[null,null,null,null,null,null,null,null,null,null,null,null,null,null,null,null,null,null,null,null,null,null,null,null,null,null,null,null,null,{"$f":"'Baza klientów'!B380","v":0},false,{"$f":"IF(AE411=TRUE,COUNTIF($AE$32:AE411,TRUE()),\"\")","v":""},{"$f":"IFERROR(INDEX($AD:$AD,MATCH(ROWS($AD$32:AD411),$AF:$AF,0)),\"\")","v":""},null,null,false,{"$f":"IF(AJ411=TRUE,COUNTIF($AJ$32:AJ411,TRUE()),\"\")","v":""},{"$f":"IFERROR(INDEX($AD:$AD,MATCH(ROWS($AD$32:AD411),$AK:$AK,0)),\"\")","v":""},null,false,{"$f":"IF(AN411=TRUE,COUNTIF($AN$32:AN411,TRUE()),\"\")","v":""},{"$f":"IFERROR(INDEX($AD:$AD,MATCH(ROWS($AD$32:$AD411),$AO:$AO,0)),\"\")","v":""}]
[null,null,null,null,null,null,null,null,null,null,null,null,null,null,null,null,null,null,null,null,null,null,null,null,null,null,null,null,null,{"$f":"'Baza klientów'!B381","v":0},false,{"$f":"IF(AE412=TRUE,COUNTIF($AE$32:AE412,TRUE()),\"\")","v":""},{"$f":"IFERROR(INDEX($AD:$AD,MATCH(ROWS($AD$32:AD412),$AF:$AF,0)),\"\")","v":""},null,null,false,{"$f":"IF(AJ412=TRUE,COUNTIF($AJ$32:AJ412,TRUE()),\"\")","v":""},{"$f":"IFERROR(INDEX($AD:$AD,MATCH(ROWS($AD$32:AD412),$AK:$AK,0)),\"\")","v":""},null,false,{"$f":"IF(AN412=TRUE,COUNTIF($AN$32:AN412,TRUE()),\"\")","v":""},{"$f":"IFERROR(INDEX($AD:$AD,MATCH(ROWS($AD$32:$AD412),$AO:$AO,0)),\"\")","v":""}]
[null,null,null,null,null,null,null,null,null,null,null,null,null,null,null,null,null,null,null,null,null,null,null,null,null,null,null,null,null,{"$f":"'Baza klientów'!B382","v":0},false,{"$f":"IF(AE413=TRUE,COUNTIF($AE$32:AE413,TRUE()),\"\")","v":""},{"$f":"IFERROR(INDEX($AD:$AD,MATCH(ROWS($AD$32:AD413),$AF:$AF,0)),\"\")","v":""},null,null,false,{"$f":"IF(AJ413=TRUE,COUNTIF($AJ$32:AJ413,TRUE()),\"\")","v":""},{"$f":"IFERROR(INDEX($AD:$AD,MATCH(ROWS($AD$32:AD413),$AK:$AK,0)),\"\")","v":""},null,false,{"$f":"IF(AN413=TRUE,COUNTIF($AN$32:AN413,TRUE()),\"\")","v":""},{"$f":"IFERROR(INDEX($AD:$AD,MATCH(ROWS($AD$32:$AD413),$AO:$AO,0)),\"\")","v":""}]
[null,null,null,null,null,null,null,null,null,null,null,null,null,null,null,null,null,null,null,null,null,null,null,null,null,null,null,null,null,{"$f":"'Baza klientów'!B383","v":0},false,{"$f":"IF(AE414=TRUE,COUNTIF($AE$32:AE414,TRUE()),\"\")","v":""},{"$f":"IFERROR(INDEX($AD:$AD,MATCH(ROWS($AD$32:AD414),$AF:$AF,0)),\"\")","v":""},null,null,false,{"$f":"IF(AJ414=TRUE,COUNTIF($AJ$32:AJ414,TRUE()),\"\")","v":""},{"$f":"IFERROR(INDEX($AD:$AD,MATCH(ROWS($AD$32:AD414),$AK:$AK,0)),\"\")","v":""},null,false,{"$f":"IF(AN414=TRUE,COUNTIF($AN$32:AN414,TRUE()),\"\")","v":""},{"$f":"IFERROR(INDEX($AD:$AD,MATCH(ROWS($AD$32:$AD414),$AO:$AO,0)),\"\")","v":""}]
[null,null,null,null,null,null,null,null,null,null,null,null,null,null,null,null,null,null,null,null,null,null,null,null,null,null,null,null,null,{"$f":"'Baza klientów'!B384","v":0},false,{"$f":"IF(AE415=TRUE,COUNTIF($AE$32:AE415,TRUE()),\"\")","v":""},{"$f":"IFERROR(INDEX($AD:$AD,MATCH(ROWS($AD$32:AD415),$AF:$AF,0)),\"\")","v":""},null,null,false,{"$f":"IF(AJ415=TRUE,COUNTIF($AJ$32:AJ415,TRUE()),\"\")","v":""},{"$f":"IFERROR(INDEX($AD:$AD,MATCH(ROWS($AD$32:AD415),$AK:$AK,0)),\"\")","v":""},null,false,{"$f":"IF(AN415=TRUE,COUNTIF($AN$32:AN415,TRUE()),\"\")","v":""},{"$f":"IFERROR(INDEX($AD:$AD,MATCH(ROWS($AD$32:$AD415),$AO:$AO,0)),\"\")","v":""}]
[null,null,null,null,null,null,null,null,null,null,null,null,null,null,null,null,null,null,null,null,null,null,null,null,null,null,null,null,null,{"$f":"'Baza klientów'!B385","v":0},false,{"$f":"IF(AE416=TRUE,COUNTIF($AE$32:AE416,TRUE()),\"\")","v":""},{"$f":"IFERROR(INDEX($AD:$AD,MATCH(ROWS($AD$32:AD416),$AF:$AF,0)),\"\")","v":""},null,null,false,{"$f":"IF(AJ416=TRUE,COUNTIF($AJ$32:AJ416,TRUE()),\"\")","v":""},{"$f":"IFERROR(INDEX($AD:$AD,MATCH(ROWS($AD$32:AD416),$AK:$AK,0)),\"\")","v":""},null,false,{"$f":"IF(AN416=TRUE,COUNTIF($AN$32:AN416,TRUE()),\"\")","v":""},{"$f":"IFERROR(INDEX($AD:$AD,MATCH(ROWS($AD$32:$AD416),$AO:$AO,0)),\"\")","v":""}]
[null,null,null,null,null,null,null,null,null,null,null,null,null,null,null,null,null,null,null,null,null,null,null,null,null,null,null,null,null,{"$f":"'Baza klientów'!B386","v":0},{"$f":"ISNUMBER(SEARCH($AH$32,AD417))","v":false},{"$f":"IF(AE417=TRUE,COUNTIF($AE$32:AE417,TRUE()),\"\")","v":""},{"$f":"IFERROR(INDEX($AD:$AD,MATCH(ROWS($AD$32:AD417),$AF:$AF,0)),\"\")","v":""},null,null,{"$f":"ISNUMBER(SEARCH($AM$31,AD417))","v":false},{"$f":"IF(AJ417=TRUE,COUNTIF($AJ$32:AJ417,TRUE()),\"\")","v":""},{"$f":"IFERROR(INDEX($AD:$AD,MATCH(ROWS($AD$32:AD417),$AK:$AK,0)),\"\")","v":""},null,{"$f":"ISNUMBER(SEARCH($AQ$31,$AD417))","v":false},{"$f":"IF(AN417=TRUE,COUNTIF($AN$32:AN417,TRUE()),\"\")","v":""},{"$f":"IFERROR(INDEX($AD:$AD,MATCH(ROWS($AD$32:$AD417),$AO:$AO,0)),\"\")","v":""}]
[null,null,null,null,null,null,null,null,null,null,null,null,null,null,null,null,null,null,null,null,null,null,null,null,null,null,null,null,null,{"$f":"'Baza klientów'!B387","v":0},false,{"$f":"IF(AE418=TRUE,COUNTIF($AE$32:AE418,TRUE()),\"\")","v":""},{"$f":"IFERROR(INDEX($AD:$AD,MATCH(ROWS($AD$32:AD418),$AF:$AF,0)),\"\")","v":""},null,null,false,{"$f":"IF(AJ418=TRUE,COUNTIF($AJ$32:AJ418,TRUE()),\"\")","v":""},{"$f":"IFERROR(INDEX($AD:$AD,MATCH(ROWS($AD$32:AD418),$AK:$AK,0)),\"\")","v":""},null,false,{"$f":"IF(AN418=TRUE,COUNTIF($AN$32:AN418,TRUE()),\"\")","v":""},{"$f":"IFERROR(INDEX($AD:$AD,MATCH(ROWS($AD$32:$AD418),$AO:$AO,0)),\"\")","v":""}]
[null,null,null,null,null,null,null,null,null,null,null,null,null,null,null,null,null,null,null,null,null,null,null,null,null,null,null,null,null,{"$f":"'Baza klientów'!B388","v":0},false,{"$f":"IF(AE419=TRUE,COUNTIF($AE$32:AE419,TRUE()),\"\")","v":""},{"$f":"IFERROR(INDEX($AD:$AD,MATCH(ROWS($AD$32:AD419),$AF:$AF,0)),\"\")","v":""},null,null,false,{"$f":"IF(AJ419=TRUE,COUNTIF($AJ$32:AJ419,TRUE()),\"\")","v":""},{"$f":"IFERROR(INDEX($AD:$AD,MATCH(ROWS($AD$32:AD419),$AK:$AK,0)),\"\")","v":""},null,false,{"$f":"IF(AN419=TRUE,COUNTIF($AN$32:AN419,TRUE()),\"\")","v":""},{"$f":"IFERROR(INDEX($AD:$AD,MATCH(ROWS($AD$32:$AD419),$AO:$AO,0)),\"\")","v":""}]
[null,null,null,null,null,null,null,null,null,null,null,null,null,null,null,null,null,null,null,null,null,null,null,null,null,null,null,null,null,{"$f":"'Baza klientów'!B389","v":0},false,{"$f":"IF(AE420=TRUE,COUNTIF($AE$32:AE420,TRUE()),\"\")","v":""},{"$f":"IFERROR(INDEX($AD:$AD,MATCH(ROWS($AD$32:AD420),$AF:$AF,0)),\"\")","v":""},null,null,false,{"$f":"IF(AJ420=TRUE,COUNTIF($AJ$32:AJ420,TRUE()),\"\")","v":""},{"$f":"IFERROR(INDEX($AD:$AD,MATCH(ROWS($AD$32:AD420),$AK:$AK,0)),\"\")","v":""},null,false,{"$f":"IF(AN420=TRUE,COUNTIF($AN$32:AN420,TRUE()),\"\")","v":""},{"$f":"IFERROR(INDEX($AD:$AD,MATCH(ROWS($AD$32:$AD420),$AO:$AO,0)),\"\")","v":""}]
[null,null,null,null,null,null,null,null,null,null,null,null,null,null,null,null,null,null,null,null,null,null,null,null,null,null,null,null,null,{"$f":"'Baza klientów'!B390","v":0},false,{"$f":"IF(AE421=TRUE,COUNTIF($AE$32:AE421,TRUE()),\"\")","v":""},{"$f":"IFERROR(INDEX($AD:$AD,MATCH(ROWS($AD$32:AD421),$AF:$AF,0)),\"\")","v":""},null,null,false,{"$f":"IF(AJ421=TRUE,COUNTIF($AJ$32:AJ421,TRUE()),\"\")","v":""},{"$f":"IFERROR(INDEX($AD:$AD,MATCH(ROWS($AD$32:AD421),$AK:$AK,0)),\"\")","v":""},null,false,{"$f":"IF(AN421=TRUE,COUNTIF($AN$32:AN421,TRUE()),\"\")","v":""},{"$f":"IFERROR(INDEX($AD:$AD,MATCH(ROWS($AD$32:$AD421),$AO:$AO,0)),\"\")","v":""}]
[null,null,null,null,null,null,null,null,null,null,null,null,null,null,null,null,null,null,null,null,null,null,null,null,null,null,null,null,null,{"$f":"'Baza klientów'!B391","v":0},false,{"$f":"IF(AE422=TRUE,COUNTIF($AE$32:AE422,TRUE()),\"\")","v":""},{"$f":"IFERROR(INDEX($AD:$AD,MATCH(ROWS($AD$32:AD422),$AF:$AF,0)),\"\")","v":""},null,null,false,{"$f":"IF(AJ422=TRUE,COUNTIF($AJ$32:AJ422,TRUE()),\"\")","v":""},{"$f":"IFERROR(INDEX($AD:$AD,MATCH(ROWS($AD$32:AD422),$AK:$AK,0)),\"\")","v":""},null,false,{"$f":"IF(AN422=TRUE,COUNTIF($AN$32:AN422,TRUE()),\"\")","v":""},{"$f":"IFERROR(INDEX($AD:$AD,MATCH(ROWS($AD$32:$AD422),$AO:$AO,0)),\"\")","v":""}]
[null,null,null,null,null,null,null,null,null,null,null,null,null,null,null,null,null,null,null,null,null,null,null,null,null,null,null,null,null,{"$f":"'Baza klientów'!B392","v":0},false,{"$f":"IF(AE423=TRUE,COUNTIF($AE$32:AE423,TRUE()),\"\")","v":""},{"$f":"IFERROR(INDEX($AD:$AD,MATCH(ROWS($AD$32:AD423),$AF:$AF,0)),\"\")","v":""},null,null,false,{"$f":"IF(AJ423=TRUE,COUNTIF($AJ$32:AJ423,TRUE()),\"\")","v":""},{"$f":"IFERROR(INDEX($AD:$AD,MATCH(ROWS($AD$32:AD423),$AK:$AK,0)),\"\")","v":""},null,false,{"$f":"IF(AN423=TRUE,COUNTIF($AN$32:AN423,TRUE()),\"\")","v":""},{"$f":"IFERROR(INDEX($AD:$AD,MATCH(ROWS($AD$32:$AD423),$AO:$AO,0)),\"\")","v":""}]
[null,null,null,null,null,null,null,null,null,null,null,null,null,null,null,null,null,null,null,null,null,null,null,null,null,null,null,null,null,{"$f":"'Baza klientów'!B393","v":0},false,{"$f":"IF(AE424=TRUE,COUNTIF($AE$32:AE424,TRUE()),\"\")","v":""},{"$f":"IFERROR(INDEX($AD:$AD,MATCH(ROWS($AD$32:AD424),$AF:$AF,0)),\"\")","v":""},null,null,false,{"$f":"IF(AJ424=TRUE,COUNTIF($AJ$32:AJ424,TRUE()),\"\")","v":""},{"$f":"IFERROR(INDEX($AD:$AD,MATCH(ROWS($AD$32:AD424),$AK:$AK,0)),\"\")","v":""},null,false,{"$f":"IF(AN424=TRUE,COUNTIF($AN$32:AN424,TRUE()),\"\")","v":""},{"$f":"IFERROR(INDEX($AD:$AD,MATCH(ROWS($AD$32:$AD424),$AO:$AO,0)),\"\")","v":""}]
[null,null,null,null,null,null,null,null,null,null,null,null,null,null,null,null,null,null,null,null,null,null,null,null,null,null,null,null,null,{"$f":"'Baza klientów'!B394","v":0},false,{"$f":"IF(AE425=TRUE,COUNTIF($AE$32:AE425,TRUE()),\"\")","v":""},{"$f":"IFERROR(INDEX($AD:$AD,MATCH(ROWS($AD$32:AD425),$AF:$AF,0)),\"\")","v":""},null,null,false,{"$f":"IF(AJ425=TRUE,COUNTIF($AJ$32:AJ425,TRUE()),\"\")","v":""},{"$f":"IFERROR(INDEX($AD:$AD,MATCH(ROWS($AD$32:AD425),$AK:$AK,0)),\"\")","v":""},null,false,{"$f":"IF(AN425=TRUE,COUNTIF($AN$32:AN425,TRUE()),\"\")","v":""},{"$f":"IFERROR(INDEX($AD:$AD,MATCH(ROWS($AD$32:$AD425),$AO:$AO,0)),\"\")","v":""}]
[null,null,null,null,null,null,null,null,null,null,null,null,null,null,null,null,null,null,null,null,null,null,null,null,null,null,null,null,null,{"$f":"'Baza klientów'!B395","v":0},false,{"$f":"IF(AE426=TRUE,COUNTIF($AE$32:AE426,TRUE()),\"\")","v":""},{"$f":"IFERROR(INDEX($AD:$AD,MATCH(ROWS($AD$32:AD426),$AF:$AF,0)),\"\")","v":""},null,null,false,{"$f":"IF(AJ426=TRUE,COUNTIF($AJ$32:AJ426,TRUE()),\"\")","v":""},{"$f":"IFERROR(INDEX($AD:$AD,MATCH(ROWS($AD$32:AD426),$AK:$AK,0)),\"\")","v":""},null,false,{"$f":"IF(AN426=TRUE,COUNTIF($AN$32:AN426,TRUE()),\"\")","v":""},{"$f":"IFERROR(INDEX($AD:$AD,MATCH(ROWS($AD$32:$AD426),$AO:$AO,0)),\"\")","v":""}]
[null,null,null,null,null,null,null,null,null,null,null,null,null,null,null,null,null,null,null,null,null,null,null,null,null,null,null,null,null,{"$f":"'Baza klientów'!B396","v":0},false,{"$f":"IF(AE427=TRUE,COUNTIF($AE$32:AE427,TRUE()),\"\")","v":""},{"$f":"IFERROR(INDEX($AD:$AD,MATCH(ROWS($AD$32:AD427),$AF:$AF,0)),\"\")","v":""},null,null,false,{"$f":"IF(AJ427=TRUE,COUNTIF($AJ$32:AJ427,TRUE()),\"\")","v":""},{"$f":"IFERROR(INDEX($AD:$AD,MATCH(ROWS($AD$32:AD427),$AK:$AK,0)),\"\")","v":""},null,false,{"$f":"IF(AN427=TRUE,COUNTIF($AN$32:AN427,TRUE()),\"\")","v":""},{"$f":"IFERROR(INDEX($AD:$AD,MATCH(ROWS($AD$32:$AD427),$AO:$AO,0)),\"\")","v":""}]
[null,null,null,null,null,null,null,null,null,null,null,null,null,null,null,null,null,null,null,null,null,null,null,null,null,null,null,null,null,{"$f":"'Baza klientów'!B397","v":0},false,{"$f":"IF(AE428=TRUE,COUNTIF($AE$32:AE428,TRUE()),\"\")","v":""},{"$f":"IFERROR(INDEX($AD:$AD,MATCH(ROWS($AD$32:AD428),$AF:$AF,0)),\"\")","v":""},null,null,false,{"$f":"IF(AJ428=TRUE,COUNTIF($AJ$32:AJ428,TRUE()),\"\")","v":""},{"$f":"IFERROR(INDEX($AD:$AD,MATCH(ROWS($AD$32:AD428),$AK:$AK,0)),\"\")","v":""},null,false,{"$f":"IF(AN428=TRUE,COUNTIF($AN$32:AN428,TRUE()),\"\")","v":""},{"$f":"IFERROR(INDEX($AD:$AD,MATCH(ROWS($AD$32:$AD428),$AO:$AO,0)),\"\")","v":""}]
[null,null,null,null,null,null,null,null,null,null,null,null,null,null,null,null,null,null,null,null,null,null,null,null,null,null,null,null,null,{"$f":"'Baza klientów'!B398","v":0},false,{"$f":"IF(AE429=TRUE,COUNTIF($AE$32:AE429,TRUE()),\"\")","v":""},{"$f":"IFERROR(INDEX($AD:$AD,MATCH(ROWS($AD$32:AD429),$AF:$AF,0)),\"\")","v":""},null,null,false,{"$f":"IF(AJ429=TRUE,COUNTIF($AJ$32:AJ429,TRUE()),\"\")","v":""},{"$f":"IFERROR(INDEX($AD:$AD,MATCH(ROWS($AD$32:AD429),$AK:$AK,0)),\"\")","v":""},null,false,{"$f":"IF(AN429=TRUE,COUNTIF($AN$32:AN429,TRUE()),\"\")","v":""},{"$f":"IFERROR(INDEX($AD:$AD,MATCH(ROWS($AD$32:$AD429),$AO:$AO,0)),\"\")","v":""}]
[null,null,null,null,null,null,null,null,null,null,null,null,null,null,null,null,null,null,null,null,null,null,null,null,null,null,null,null,null,{"$f":"'Baza klientów'!B399","v":0},false,{"$f":"IF(AE430=TRUE,COUNTIF($AE$32:AE430,TRUE()),\"\")","v":""},{"$f":"IFERROR(INDEX($AD:$AD,MATCH(ROWS($AD$32:AD430),$AF:$AF,0)),\"\")","v":""},null,null,false,{"$f":"IF(AJ430=TRUE,COUNTIF($AJ$32:AJ430,TRUE()),\"\")","v":""},{"$f":"IFERROR(INDEX($AD:$AD,MATCH(ROWS($AD$32:AD430),$AK:$AK,0)),\"\")","v":""},null,false,{"$f":"IF(AN430=TRUE,COUNTIF($AN$32:AN430,TRUE()),\"\")","v":""},{"$f":"IFERROR(INDEX($AD:$AD,MATCH(ROWS($AD$32:$AD430),$AO:$AO,0)),\"\")","v":""}]
[null,null,null,null,null,null,null,null,null,null,null,null,null,null,null,null,null,null,null,null,null,null,null,null,null,null,null,null,null,{"$f":"'Baza klientów'!B400","v":0},false,{"$f":"IF(AE431=TRUE,COUNTIF($AE$32:AE431,TRUE()),\"\")","v":""},{"$f":"IFERROR(INDEX($AD:$AD,MATCH(ROWS($AD$32:AD431),$AF:$AF,0)),\"\")","v":""},null,null,false,{"$f":"IF(AJ431=TRUE,COUNTIF($AJ$32:AJ431,TRUE()),\"\")","v":""},{"$f":"IFERROR(INDEX($AD:$AD,MATCH(ROWS($AD$32:AD431),$AK:$AK,0)),\"\")","v":""},null,false,{"$f":"IF(AN431=TRUE,COUNTIF($AN$32:AN431,TRUE()),\"\")","v":""},{"$f":"IFERROR(INDEX($AD:$AD,MATCH(ROWS($AD$32:$AD431),$AO:$AO,0)),\"\")","v":""}]
[null,null,null,null,null,null,null,null,null,null,null,null,null,null,null,null,null,null,null,null,null,null,null,null,null,null,null,null,null,{"$f":"'Baza klientów'!B401","v":0},false,{"$f":"IF(AE432=TRUE,COUNTIF($AE$32:AE432,TRUE()),\"\")","v":""},{"$f":"IFERROR(INDEX($AD:$AD,MATCH(ROWS($AD$32:AD432),$AF:$AF,0)),\"\")","v":""},null,null,false,{"$f":"IF(AJ432=TRUE,COUNTIF($AJ$32:AJ432,TRUE()),\"\")","v":""},{"$f":"IFERROR(INDEX($AD:$AD,MATCH(ROWS($AD$32:AD432),$AK:$AK,0)),\"\")","v":""},null,false,{"$f":"IF(AN432=TRUE,COUNTIF($AN$32:AN432,TRUE()),\"\")","v":""},{"$f":"IFERROR(INDEX($AD:$AD,MATCH(ROWS($AD$32:$AD432),$AO:$AO,0)),\"\")","v":""}]
[null,null,null,null,null,null,null,null,null,null,null,null,null,null,null,null,null,null,null,null,null,null,null,null,null,null,null,null,null,{"$f":"'Baza klientów'!B402","v":0},false,{"$f":"IF(AE433=TRUE,COUNTIF($AE$32:AE433,TRUE()),\"\")","v":""},{"$f":"IFERROR(INDEX($AD:$AD,MATCH(ROWS($AD$32:AD433),$AF:$AF,0)),\"\")","v":""},null,null,false,{"$f":"IF(AJ433=TRUE,COUNTIF($AJ$32:AJ433,TRUE()),\"\")","v":""},{"$f":"IFERROR(INDEX($AD:$AD,MATCH(ROWS($AD$32:AD433),$AK:$AK,0)),\"\")","v":""},null,false,{"$f":"IF(AN433=TRUE,COUNTIF($AN$32:AN433,TRUE()),\"\")","v":""},{"$f":"IFERROR(INDEX($AD:$AD,MATCH(ROWS($AD$32:$AD433),$AO:$AO,0)),\"\")","v":""}]
[null,null,null,null,null,null,null,null,null,null,null,null,null,null,null,null,null,null,null,null,null,null,null,null,null,null,null,null,null,{"$f":"'Baza klientów'!B403","v":0},false,{"$f":"IF(AE434=TRUE,COUNTIF($AE$32:AE434,TRUE()),\"\")","v":""},{"$f":"IFERROR(INDEX($AD:$AD,MATCH(ROWS($AD$32:AD434),$AF:$AF,0)),\"\")","v":""},null,null,false,{"$f":"IF(AJ434=TRUE,COUNTIF($AJ$32:AJ434,TRUE()),\"\")","v":""},{"$f":"IFERROR(INDEX($AD:$AD,MATCH(ROWS($AD$32:AD434),$AK:$AK,0)),\"\")","v":""},null,false,{"$f":"IF(AN434=TRUE,COUNTIF($AN$32:AN434,TRUE()),\"\")","v":""},{"$f":"IFERROR(INDEX($AD:$AD,MATCH(ROWS($AD$32:$AD434),$AO:$AO,0)),\"\")","v":""}]
[null,null,null,null,null,null,null,null,null,null,null,null,null,null,null,null,null,null,null,null,null,null,null,null,null,null,null,null,null,{"$f":"'Baza klientów'!B404","v":0},false,{"$f":"IF(AE435=TRUE,COUNTIF($AE$32:AE435,TRUE()),\"\")","v":""},{"$f":"IFERROR(INDEX($AD:$AD,MATCH(ROWS($AD$32:AD435),$AF:$AF,0)),\"\")","v":""},null,null,false,{"$f":"IF(AJ435=TRUE,COUNTIF($AJ$32:AJ435,TRUE()),\"\")","v":""},{"$f":"IFERROR(INDEX($AD:$AD,MATCH(ROWS($AD$32:AD435),$AK:$AK,0)),\"\")","v":""},null,false,{"$f":"IF(AN435=TRUE,COUNTIF($AN$32:AN435,TRUE()),\"\")","v":""},{"$f":"IFERROR(INDEX($AD:$AD,MATCH(ROWS($AD$32:$AD435),$AO:$AO,0)),\"\")","v":""}]
[null,null,null,null,null,null,null,null,null,null,null,null,null,null,null,null,null,null,null,null,null,null,null,null,null,null,null,null,null,{"$f":"'Baza klientów'!B405","v":0},false,{"$f":"IF(AE436=TRUE,COUNTIF($AE$32:AE436,TRUE()),\"\")","v":""},{"$f":"IFERROR(INDEX($AD:$AD,MATCH(ROWS($AD$32:AD436),$AF:$AF,0)),\"\")","v":""},null,null,false,{"$f":"IF(AJ436=TRUE,COUNTIF($AJ$32:AJ436,TRUE()),\"\")","v":""},{"$f":"IFERROR(INDEX($AD:$AD,MATCH(ROWS($AD$32:AD436),$AK:$AK,0)),\"\")","v":""},null,false,{"$f":"IF(AN436=TRUE,COUNTIF($AN$32:AN436,TRUE()),\"\")","v":""},{"$f":"IFERROR(INDEX($AD:$AD,MATCH(ROWS($AD$32:$AD436),$AO:$AO,0)),\"\")","v":""}]
[null,null,null,null,null,null,null,null,null,null,null,null,null,null,null,null,null,null,null,null,null,null,null,null,null,null,null,null,null,{"$f":"'Baza klientów'!B406","v":0},false,{"$f":"IF(AE437=TRUE,COUNTIF($AE$32:AE437,TRUE()),\"\")","v":""},{"$f":"IFERROR(INDEX($AD:$AD,MATCH(ROWS($AD$32:AD437),$AF:$AF,0)),\"\")","v":""},null,null,false,{"$f":"IF(AJ437=TRUE,COUNTIF($AJ$32:AJ437,TRUE()),\"\")","v":""},{"$f":"IFERROR(INDEX($AD:$AD,MATCH(ROWS($AD$32:AD437),$AK:$AK,0)),\"\")","v":""},null,false,{"$f":"IF(AN437=TRUE,COUNTIF($AN$32:AN437,TRUE()),\"\")","v":""},{"$f":"IFERROR(INDEX($AD:$AD,MATCH(ROWS($AD$32:$AD437),$AO:$AO,0)),\"\")","v":""}]
[null,null,null,null,null,null,null,null,null,null,null,null,null,null,null,null,null,null,null,null,null,null,null,null,null,null,null,null,null,{"$f":"'Baza klientów'!B407","v":0},false,{"$f":"IF(AE438=TRUE,COUNTIF($AE$32:AE438,TRUE()),\"\")","v":""},{"$f":"IFERROR(INDEX($AD:$AD,MATCH(ROWS($AD$32:AD438),$AF:$AF,0)),\"\")","v":""},null,null,false,{"$f":"IF(AJ438=TRUE,COUNTIF($AJ$32:AJ438,TRUE()),\"\")","v":""},{"$f":"IFERROR(INDEX($AD:$AD,MATCH(ROWS($AD$32:AD438),$AK:$AK,0)),\"\")","v":""},null,false,{"$f":"IF(AN438=TRUE,COUNTIF($AN$32:AN438,TRUE()),\"\")","v":""},{"$f":"IFERROR(INDEX($AD:$AD,MATCH(ROWS($AD$32:$AD438),$AO:$AO,0)),\"\")","v":""}]
[null,null,null,null,null,null,null,null,null,null,null,null,null,null,null,null,null,null,null,null,null,null,null,null,null,null,null,null,null,{"$f":"'Baza klientów'!B408","v":0},false,{"$f":"IF(AE439=TRUE,COUNTIF($AE$32:AE439,TRUE()),\"\")","v":""},{"$f":"IFERROR(INDEX($AD:$AD,MATCH(ROWS($AD$32:AD439),$AF:$AF,0)),\"\")","v":""},null,null,false,{"$f":"IF(AJ439=TRUE,COUNTIF($AJ$32:AJ439,TRUE()),\"\")","v":""},{"$f":"IFERROR(INDEX($AD:$AD,MATCH(ROWS($AD$32:AD439),$AK:$AK,0)),\"\")","v":""},null,false,{"$f":"IF(AN439=TRUE,COUNTIF($AN$32:AN439,TRUE()),\"\")","v":""},{"$f":"IFERROR(INDEX($AD:$AD,MATCH(ROWS($AD$32:$AD439),$AO:$AO,0)),\"\")","v":""}]
[null,null,null,null,null,null,null,null,null,null,null,null,null,null,null,null,null,null,null,null,null,null,null,null,null,null,null,null,null,{"$f":"'Baza klientów'!B409","v":0},false,{"$f":"IF(AE440=TRUE,COUNTIF($AE$32:AE440,TRUE()),\"\")","v":""},{"$f":"IFERROR(INDEX($AD:$AD,MATCH(ROWS($AD$32:AD440),$AF:$AF,0)),\"\")","v":""},null,null,false,{"$f":"IF(AJ440=TRUE,COUNTIF($AJ$32:AJ440,TRUE()),\"\")","v":""},{"$f":"IFERROR(INDEX($AD:$AD,MATCH(ROWS($AD$32:AD440),$AK:$AK,0)),\"\")","v":""},null,false,{"$f":"IF(AN440=TRUE,COUNTIF($AN$32:AN440,TRUE()),\"\")","v":""},{"$f":"IFERROR(INDEX($AD:$AD,MATCH(ROWS($AD$32:$AD440),$AO:$AO,0)),\"\")","v":""}]
[null,null,null,null,null,null,null,null,null,null,null,null,null,null,null,null,null,null,null,null,null,null,null,null,null,null,null,null,null,{"$f":"'Baza klientów'!B410","v":0},false,{"$f":"IF(AE441=TRUE,COUNTIF($AE$32:AE441,TRUE()),\"\")","v":""},{"$f":"IFERROR(INDEX($AD:$AD,MATCH(ROWS($AD$32:AD441),$AF:$AF,0)),\"\")","v":""},null,null,false,{"$f":"IF(AJ441=TRUE,COUNTIF($AJ$32:AJ441,TRUE()),\"\")","v":""},{"$f":"IFERROR(INDEX($AD:$AD,MATCH(ROWS($AD$32:AD441),$AK:$AK,0)),\"\")","v":""},null,false,{"$f":"IF(AN441=TRUE,COUNTIF($AN$32:AN441,TRUE()),\"\")","v":""},{"$f":"IFERROR(INDEX($AD:$AD,MATCH(ROWS($AD$32:$AD441),$AO:$AO,0)),\"\")","v":""}]
[null,null,null,null,null,null,null,null,null,null,null,null,null,null,null,null,null,null,null,null,null,null,null,null,null,null,null,null,null,{"$f":"'Baza klientów'!B411","v":0},false,{"$f":"IF(AE442=TRUE,COUNTIF($AE$32:AE442,TRUE()),\"\")","v":""},{"$f":"IFERROR(INDEX($AD:$AD,MATCH(ROWS($AD$32:AD442),$AF:$AF,0)),\"\")","v":""},null,null,false,{"$f":"IF(AJ442=TRUE,COUNTIF($AJ$32:AJ442,TRUE()),\"\")","v":""},{"$f":"IFERROR(INDEX($AD:$AD,MATCH(ROWS($AD$32:AD442),$AK:$AK,0)),\"\")","v":""},null,false,{"$f":"IF(AN442=TRUE,COUNTIF($AN$32:AN442,TRUE()),\"\")","v":""},{"$f":"IFERROR(INDEX($AD:$AD,MATCH(ROWS($AD$32:$AD442),$AO:$AO,0)),\"\")","v":""}]
[null,null,null,null,null,null,null,null,null,null,null,null,null,null,null,null,null,null,null,null,null,null,null,null,null,null,null,null,null,{"$f":"'Baza klientów'!B412","v":0},false,{"$f":"IF(AE443=TRUE,COUNTIF($AE$32:AE443,TRUE()),\"\")","v":""},{"$f":"IFERROR(INDEX($AD:$AD,MATCH(ROWS($AD$32:AD443),$AF:$AF,0)),\"\")","v":""},null,null,false,{"$f":"IF(AJ443=TRUE,COUNTIF($AJ$32:AJ443,TRUE()),\"\")","v":""},{"$f":"IFERROR(INDEX($AD:$AD,MATCH(ROWS($AD$32:AD443),$AK:$AK,0)),\"\")","v":""},null,false,{"$f":"IF(AN443=TRUE,COUNTIF($AN$32:AN443,TRUE()),\"\")","v":""},{"$f":"IFERROR(INDEX($AD:$AD,MATCH(ROWS($AD$32:$AD443),$AO:$AO,0)),\"\")","v":""}]
[null,null,null,null,null,null,null,null,null,null,null,null,null,null,null,null,null,null,null,null,null,null,null,null,null,null,null,null,null,{"$f":"'Baza klientów'!B413","v":0},false,{"$f":"IF(AE444=TRUE,COUNTIF($AE$32:AE444,TRUE()),\"\")","v":""},{"$f":"IFERROR(INDEX($AD:$AD,MATCH(ROWS($AD$32:AD444),$AF:$AF,0)),\"\")","v":""},null,null,false,{"$f":"IF(AJ444=TRUE,COUNTIF($AJ$32:AJ444,TRUE()),\"\")","v":""},{"$f":"IFERROR(INDEX($AD:$AD,MATCH(ROWS($AD$32:AD444),$AK:$AK,0)),\"\")","v":""},null,false,{"$f":"IF(AN444=TRUE,COUNTIF($AN$32:AN444,TRUE()),\"\")","v":""},{"$f":"IFERROR(INDEX($AD:$AD,MATCH(ROWS($AD$32:$AD444),$AO:$AO,0)),\"\")","v":""}]
[null,null,null,null,null,null,null,null,null,null,null,null,null,null,null,null,null,null,null,null,null,null,null,null,null,null,null,null,null,{"$f":"'Baza klientów'!B414","v":0},false,{"$f":"IF(AE445=TRUE,COUNTIF($AE$32:AE445,TRUE()),\"\")","v":""},{"$f":"IFERROR(INDEX($AD:$AD,MATCH(ROWS($AD$32:AD445),$AF:$AF,0)),\"\")","v":""},null,null,false,{"$f":"IF(AJ445=TRUE,COUNTIF($AJ$32:AJ445,TRUE()),\"\")","v":""},{"$f":"IFERROR(INDEX($AD:$AD,MATCH(ROWS($AD$32:AD445),$AK:$AK,0)),\"\")","v":""},null,false,{"$f":"IF(AN445=TRUE,COUNTIF($AN$32:AN445,TRUE()),\"\")","v":""},{"$f":"IFERROR(INDEX($AD:$AD,MATCH(ROWS($AD$32:$AD445),$AO:$AO,0)),\"\")","v":""}]
[null,null,null,null,null,null,null,null,null,null,null,null,null,null,null,null,null,null,null,null,null,null,null,null,null,null,null,null,null,{"$f":"'Baza klientów'!B415","v":0},false,{"$f":"IF(AE446=TRUE,COUNTIF($AE$32:AE446,TRUE()),\"\")","v":""},{"$f":"IFERROR(INDEX($AD:$AD,MATCH(ROWS($AD$32:AD446),$AF:$AF,0)),\"\")","v":""},null,null,false,{"$f":"IF(AJ446=TRUE,COUNTIF($AJ$32:AJ446,TRUE()),\"\")","v":""},{"$f":"IFERROR(INDEX($AD:$AD,MATCH(ROWS($AD$32:AD446),$AK:$AK,0)),\"\")","v":""},null,false,{"$f":"IF(AN446=TRUE,COUNTIF($AN$32:AN446,TRUE()),\"\")","v":""},{"$f":"IFERROR(INDEX($AD:$AD,MATCH(ROWS($AD$32:$AD446),$AO:$AO,0)),\"\")","v":""}]
[null,null,null,null,null,null,null,null,null,null,null,null,null,null,null,null,null,null,null,null,null,null,null,null,null,null,null,null,null,{"$f":"'Baza klientów'!B416","v":0},false,{"$f":"IF(AE447=TRUE,COUNTIF($AE$32:AE447,TRUE()),\"\")","v":""},{"$f":"IFERROR(INDEX($AD:$AD,MATCH(ROWS($AD$32:AD447),$AF:$AF,0)),\"\")","v":""},null,null,false,{"$f":"IF(AJ447=TRUE,COUNTIF($AJ$32:AJ447,TRUE()),\"\")","v":""},{"$f":"IFERROR(INDEX($AD:$AD,MATCH(ROWS($AD$32:AD447),$AK:$AK,0)),\"\")","v":""},null,false,{"$f":"IF(AN447=TRUE,COUNTIF($AN$32:AN447,TRUE()),\"\")","v":""},{"$f":"IFERROR(INDEX($AD:$AD,MATCH(ROWS($AD$32:$AD447),$AO:$AO,0)),\"\")","v":""}]
[null,null,null,null,null,null,null,null,null,null,null,null,null,null,null,null,null,null,null,null,null,null,null,null,null,null,null,null,null,{"$f":"'Baza klientów'!B417","v":0},false,{"$f":"IF(AE448=TRUE,COUNTIF($AE$32:AE448,TRUE()),\"\")","v":""},{"$f":"IFERROR(INDEX($AD:$AD,MATCH(ROWS($AD$32:AD448),$AF:$AF,0)),\"\")","v":""},null,null,false,{"$f":"IF(AJ448=TRUE,COUNTIF($AJ$32:AJ448,TRUE()),\"\")","v":""},{"$f":"IFERROR(INDEX($AD:$AD,MATCH(ROWS($AD$32:AD448),$AK:$AK,0)),\"\")","v":""},null,false,{"$f":"IF(AN448=TRUE,COUNTIF($AN$32:AN448,TRUE()),\"\")","v":""},{"$f":"IFERROR(INDEX($AD:$AD,MATCH(ROWS($AD$32:$AD448),$AO:$AO,0)),\"\")","v":""}]
[null,null,null,null,null,null,null,null,null,null,null,null,null,null,null,null,null,null,null,null,null,null,null,null,null,null,null,null,null,{"$f":"'Baza klientów'!B418","v":0},false,{"$f":"IF(AE449=TRUE,COUNTIF($AE$32:AE449,TRUE()),\"\")","v":""},{"$f":"IFERROR(INDEX($AD:$AD,MATCH(ROWS($AD$32:AD449),$AF:$AF,0)),\"\")","v":""},null,null,false,{"$f":"IF(AJ449=TRUE,COUNTIF($AJ$32:AJ449,TRUE()),\"\")","v":""},{"$f":"IFERROR(INDEX($AD:$AD,MATCH(ROWS($AD$32:AD449),$AK:$AK,0)),\"\")","v":""},null,false,{"$f":"IF(AN449=TRUE,COUNTIF($AN$32:AN449,TRUE()),\"\")","v":""},{"$f":"IFERROR(INDEX($AD:$AD,MATCH(ROWS($AD$32:$AD449),$AO:$AO,0)),\"\")","v":""}]
[null,null,null,null,null,null,null,null,null,null,null,null,null,null,null,null,null,null,null,null,null,null,null,null,null,null,null,null,null,{"$f":"'Baza klientów'!B419","v":0},false,{"$f":"IF(AE450=TRUE,COUNTIF($AE$32:AE450,TRUE()),\"\")","v":""},{"$f":"IFERROR(INDEX($AD:$AD,MATCH(ROWS($AD$32:AD450),$AF:$AF,0)),\"\")","v":""},null,null,false,{"$f":"IF(AJ450=TRUE,COUNTIF($AJ$32:AJ450,TRUE()),\"\")","v":""},{"$f":"IFERROR(INDEX($AD:$AD,MATCH(ROWS($AD$32:AD450),$AK:$AK,0)),\"\")","v":""},null,false,{"$f":"IF(AN450=TRUE,COUNTIF($AN$32:AN450,TRUE()),\"\")","v":""},{"$f":"IFERROR(INDEX($AD:$AD,MATCH(ROWS($AD$32:$AD450),$AO:$AO,0)),\"\")","v":""}]
[null,null,null,null,null,null,null,null,null,null,null,null,null,null,null,null,null,null,null,null,null,null,null,null,null,null,null,null,null,{"$f":"'Baza klientów'!B420","v":0},false,{"$f":"IF(AE451=TRUE,COUNTIF($AE$32:AE451,TRUE()),\"\")","v":""},{"$f":"IFERROR(INDEX($AD:$AD,MATCH(ROWS($AD$32:AD451),$AF:$AF,0)),\"\")","v":""},null,null,false,{"$f":"IF(AJ451=TRUE,COUNTIF($AJ$32:AJ451,TRUE()),\"\")","v":""},{"$f":"IFERROR(INDEX($AD:$AD,MATCH(ROWS($AD$32:AD451),$AK:$AK,0)),\"\")","v":""},null,false,{"$f":"IF(AN451=TRUE,COUNTIF($AN$32:AN451,TRUE()),\"\")","v":""},{"$f":"IFERROR(INDEX($AD:$AD,MATCH(ROWS($AD$32:$AD451),$AO:$AO,0)),\"\")","v":""}]
[null,null,null,null,null,null,null,null,null,null,null,null,null,null,null,null,null,null,null,null,null,null,null,null,null,null,null,null,null,{"$f":"'Baza klientów'!B421","v":0},false,{"$f":"IF(AE452=TRUE,COUNTIF($AE$32:AE452,TRUE()),\"\")","v":""},{"$f":"IFERROR(INDEX($AD:$AD,MATCH(ROWS($AD$32:AD452),$AF:$AF,0)),\"\")","v":""},null,null,false,{"$f":"IF(AJ452=TRUE,COUNTIF($AJ$32:AJ452,TRUE()),\"\")","v":""},{"$f":"IFERROR(INDEX($AD:$AD,MATCH(ROWS($AD$32:AD452),$AK:$AK,0)),\"\")","v":""},null,false,{"$f":"IF(AN452=TRUE,COUNTIF($AN$32:AN452,TRUE()),\"\")","v":""},{"$f":"IFERROR(INDEX($AD:$AD,MATCH(ROWS($AD$32:$AD452),$AO:$AO,0)),\"\")","v":""}]
[null,null,null,null,null,null,null,null,null,null,null,null,null,null,null,null,null,null,null,null,null,null,null,null,null,null,null,null,null,{"$f":"'Baza klientów'!B422","v":0},false,{"$f":"IF(AE453=TRUE,COUNTIF($AE$32:AE453,TRUE()),\"\")","v":""},{"$f":"IFERROR(INDEX($AD:$AD,MATCH(ROWS($AD$32:AD453),$AF:$AF,0)),\"\")","v":""},null,null,false,{"$f":"IF(AJ453=TRUE,COUNTIF($AJ$32:AJ453,TRUE()),\"\")","v":""},{"$f":"IFERROR(INDEX($AD:$AD,MATCH(ROWS($AD$32:AD453),$AK:$AK,0)),\"\")","v":""},null,false,{"$f":"IF(AN453=TRUE,COUNTIF($AN$32:AN453,TRUE()),\"\")","v":""},{"$f":"IFERROR(INDEX($AD:$AD,MATCH(ROWS($AD$32:$AD453),$AO:$AO,0)),\"\")","v":""}]
[null,null,null,null,null,null,null,null,null,null,null,null,null,null,null,null,null,null,null,null,null,null,null,null,null,null,null,null,null,{"$f":"'Baza klientów'!B423","v":0},false,{"$f":"IF(AE454=TRUE,COUNTIF($AE$32:AE454,TRUE()),\"\")","v":""},{"$f":"IFERROR(INDEX($AD:$AD,MATCH(ROWS($AD$32:AD454),$AF:$AF,0)),\"\")","v":""},null,null,false,{"$f":"IF(AJ454=TRUE,COUNTIF($AJ$32:AJ454,TRUE()),\"\")","v":""},{"$f":"IFERROR(INDEX($AD:$AD,MATCH(ROWS($AD$32:AD454),$AK:$AK,0)),\"\")","v":""},null,false,{"$f":"IF(AN454=TRUE,COUNTIF($AN$32:AN454,TRUE()),\"\")","v":""},{"$f":"IFERROR(INDEX($AD:$AD,MATCH(ROWS($AD$32:$AD454),$AO:$AO,0)),\"\")","v":""}]
[null,null,null,null,null,null,null,null,null,null,null,null,null,null,null,null,null,null,null,null,null,null,null,null,null,null,null,null,null,{"$f":"'Baza klientów'!B424","v":0},false,{"$f":"IF(AE455=TRUE,COUNTIF($AE$32:AE455,TRUE()),\"\")","v":""},{"$f":"IFERROR(INDEX($AD:$AD,MATCH(ROWS($AD$32:AD455),$AF:$AF,0)),\"\")","v":""},null,null,false,{"$f":"IF(AJ455=TRUE,COUNTIF($AJ$32:AJ455,TRUE()),\"\")","v":""},{"$f":"IFERROR(INDEX($AD:$AD,MATCH(ROWS($AD$32:AD455),$AK:$AK,0)),\"\")","v":""},null,false,{"$f":"IF(AN455=TRUE,COUNTIF($AN$32:AN455,TRUE()),\"\")","v":""},{"$f":"IFERROR(INDEX($AD:$AD,MATCH(ROWS($AD$32:$AD455),$AO:$AO,0)),\"\")","v":""}]
[null,null,null,null,null,null,null,null,null,null,null,null,null,null,null,null,null,null,null,null,null,null,null,null,null,null,null,null,null,{"$f":"'Baza klientów'!B425","v":0},false,{"$f":"IF(AE456=TRUE,COUNTIF($AE$32:AE456,TRUE()),\"\")","v":""},{"$f":"IFERROR(INDEX($AD:$AD,MATCH(ROWS($AD$32:AD456),$AF:$AF,0)),\"\")","v":""},null,null,false,{"$f":"IF(AJ456=TRUE,COUNTIF($AJ$32:AJ456,TRUE()),\"\")","v":""},{"$f":"IFERROR(INDEX($AD:$AD,MATCH(ROWS($AD$32:AD456),$AK:$AK,0)),\"\")","v":""},null,false,{"$f":"IF(AN456=TRUE,COUNTIF($AN$32:AN456,TRUE()),\"\")","v":""},{"$f":"IFERROR(INDEX($AD:$AD,MATCH(ROWS($AD$32:$AD456),$AO:$AO,0)),\"\")","v":""}]
[null,null,null,null,null,null,null,null,null,null,null,null,null,null,null,null,null,null,null,null,null,null,null,null,null,null,null,null,null,{"$f":"'Baza klientów'!B426","v":0},false,{"$f":"IF(AE457=TRUE,COUNTIF($AE$32:AE457,TRUE()),\"\")","v":""},{"$f":"IFERROR(INDEX($AD:$AD,MATCH(ROWS($AD$32:AD457),$AF:$AF,0)),\"\")","v":""},null,null,false,{"$f":"IF(AJ457=TRUE,COUNTIF($AJ$32:AJ457,TRUE()),\"\")","v":""},{"$f":"IFERROR(INDEX($AD:$AD,MATCH(ROWS($AD$32:AD457),$AK:$AK,0)),\"\")","v":""},null,false,{"$f":"IF(AN457=TRUE,COUNTIF($AN$32:AN457,TRUE()),\"\")","v":""},{"$f":"IFERROR(INDEX($AD:$AD,MATCH(ROWS($AD$32:$AD457),$AO:$AO,0)),\"\")","v":""}]
[null,null,null,null,null,null,null,null,null,null,null,null,null,null,null,null,null,null,null,null,null,null,null,null,null,null,null,null,null,{"$f":"'Baza klientów'!B427","v":0},false,{"$f":"IF(AE458=TRUE,COUNTIF($AE$32:AE458,TRUE()),\"\")","v":""},{"$f":"IFERROR(INDEX($AD:$AD,MATCH(ROWS($AD$32:AD458),$AF:$AF,0)),\"\")","v":""},null,null,false,{"$f":"IF(AJ458=TRUE,COUNTIF($AJ$32:AJ458,TRUE()),\"\")","v":""},{"$f":"IFERROR(INDEX($AD:$AD,MATCH(ROWS($AD$32:AD458),$AK:$AK,0)),\"\")","v":""},null,false,{"$f":"IF(AN458=TRUE,COUNTIF($AN$32:AN458,TRUE()),\"\")","v":""},{"$f":"IFERROR(INDEX($AD:$AD,MATCH(ROWS($AD$32:$AD458),$AO:$AO,0)),\"\")","v":""}]
[null,null,null,null,null,null,null,null,null,null,null,null,null,null,null,null,null,null,null,null,null,null,null,null,null,null,null,null,null,{"$f":"'Baza klientów'!B428","v":0},false,{"$f":"IF(AE459=TRUE,COUNTIF($AE$32:AE459,TRUE()),\"\")","v":""},{"$f":"IFERROR(INDEX($AD:$AD,MATCH(ROWS($AD$32:AD459),$AF:$AF,0)),\"\")","v":""},null,null,false,{"$f":"IF(AJ459=TRUE,COUNTIF($AJ$32:AJ459,TRUE()),\"\")","v":""},{"$f":"IFERROR(INDEX($AD:$AD,MATCH(ROWS($AD$32:AD459),$AK:$AK,0)),\"\")","v":""},null,false,{"$f":"IF(AN459=TRUE,COUNTIF($AN$32:AN459,TRUE()),\"\")","v":""},{"$f":"IFERROR(INDEX($AD:$AD,MATCH(ROWS($AD$32:$AD459),$AO:$AO,0)),\"\")","v":""}]
[null,null,null,null,null,null,null,null,null,null,null,null,null,null,null,null,null,null,null,null,null,null,null,null,null,null,null,null,null,{"$f":"'Baza klientów'!B429","v":0},false,{"$f":"IF(AE460=TRUE,COUNTIF($AE$32:AE460,TRUE()),\"\")","v":""},{"$f":"IFERROR(INDEX($AD:$AD,MATCH(ROWS($AD$32:AD460),$AF:$AF,0)),\"\")","v":""},null,null,false,{"$f":"IF(AJ460=TRUE,COUNTIF($AJ$32:AJ460,TRUE()),\"\")","v":""},{"$f":"IFERROR(INDEX($AD:$AD,MATCH(ROWS($AD$32:AD460),$AK:$AK,0)),\"\")","v":""},null,false,{"$f":"IF(AN460=TRUE,COUNTIF($AN$32:AN460,TRUE()),\"\")","v":""},{"$f":"IFERROR(INDEX($AD:$AD,MATCH(ROWS($AD$32:$AD460),$AO:$AO,0)),\"\")","v":""}]
[null,null,null,null,null,null,null,null,null,null,null,null,null,null,null,null,null,null,null,null,null,null,null,null,null,null,null,null,null,{"$f":"'Baza klientów'!B430","v":0},false,{"$f":"IF(AE461=TRUE,COUNTIF($AE$32:AE461,TRUE()),\"\")","v":""},{"$f":"IFERROR(INDEX($AD:$AD,MATCH(ROWS($AD$32:AD461),$AF:$AF,0)),\"\")","v":""},null,null,false,{"$f":"IF(AJ461=TRUE,COUNTIF($AJ$32:AJ461,TRUE()),\"\")","v":""},{"$f":"IFERROR(INDEX($AD:$AD,MATCH(ROWS($AD$32:AD461),$AK:$AK,0)),\"\")","v":""},null,false,{"$f":"IF(AN461=TRUE,COUNTIF($AN$32:AN461,TRUE()),\"\")","v":""},{"$f":"IFERROR(INDEX($AD:$AD,MATCH(ROWS($AD$32:$AD461),$AO:$AO,0)),\"\")","v":""}]
[null,null,null,null,null,null,null,null,null,null,null,null,null,null,null,null,null,null,null,null,null,null,null,null,null,null,null,null,null,{"$f":"'Baza klientów'!B431","v":0},false,{"$f":"IF(AE462=TRUE,COUNTIF($AE$32:AE462,TRUE()),\"\")","v":""},{"$f":"IFERROR(INDEX($AD:$AD,MATCH(ROWS($AD$32:AD462),$AF:$AF,0)),\"\")","v":""},null,null,false,{"$f":"IF(AJ462=TRUE,COUNTIF($AJ$32:AJ462,TRUE()),\"\")","v":""},{"$f":"IFERROR(INDEX($AD:$AD,MATCH(ROWS($AD$32:AD462),$AK:$AK,0)),\"\")","v":""},null,false,{"$f":"IF(AN462=TRUE,COUNTIF($AN$32:AN462,TRUE()),\"\")","v":""},{"$f":"IFERROR(INDEX($AD:$AD,MATCH(ROWS($AD$32:$AD462),$AO:$AO,0)),\"\")","v":""}]
[null,null,null,null,null,null,null,null,null,null,null,null,null,null,null,null,null,null,null,null,null,null,null,null,null,null,null,null,null,{"$f":"'Baza klientów'!B432","v":0},false,{"$f":"IF(AE463=TRUE,COUNTIF($AE$32:AE463,TRUE()),\"\")","v":""},{"$f":"IFERROR(INDEX($AD:$AD,MATCH(ROWS($AD$32:AD463),$AF:$AF,0)),\"\")","v":""},null,null,false,{"$f":"IF(AJ463=TRUE,COUNTIF($AJ$32:AJ463,TRUE()),\"\")","v":""},{"$f":"IFERROR(INDEX($AD:$AD,MATCH(ROWS($AD$32:AD463),$AK:$AK,0)),\"\")","v":""},null,false,{"$f":"IF(AN463=TRUE,COUNTIF($AN$32:AN463,TRUE()),\"\")","v":""},{"$f":"IFERROR(INDEX($AD:$AD,MATCH(ROWS($AD$32:$AD463),$AO:$AO,0)),\"\")","v":""}]
[null,null,null,null,null,null,null,null,null,null,null,null,null,null,null,null,null,null,null,null,null,null,null,null,null,null,null,null,null,{"$f":"'Baza klientów'!B433","v":0},false,{"$f":"IF(AE464=TRUE,COUNTIF($AE$32:AE464,TRUE()),\"\")","v":""},{"$f":"IFERROR(INDEX($AD:$AD,MATCH(ROWS($AD$32:AD464),$AF:$AF,0)),\"\")","v":""},null,null,false,{"$f":"IF(AJ464=TRUE,COUNTIF($AJ$32:AJ464,TRUE()),\"\")","v":""},{"$f":"IFERROR(INDEX($AD:$AD,MATCH(ROWS($AD$32:AD464),$AK:$AK,0)),\"\")","v":""},null,false,{"$f":"IF(AN464=TRUE,COUNTIF($AN$32:AN464,TRUE()),\"\")","v":""},{"$f":"IFERROR(INDEX($AD:$AD,MATCH(ROWS($AD$32:$AD464),$AO:$AO,0)),\"\")","v":""}]
[null,null,null,null,null,null,null,null,null,null,null,null,null,null,null,null,null,null,null,null,null,null,null,null,null,null,null,null,null,{"$f":"'Baza klientów'!B434","v":0},false,{"$f":"IF(AE465=TRUE,COUNTIF($AE$32:AE465,TRUE()),\"\")","v":""},{"$f":"IFERROR(INDEX($AD:$AD,MATCH(ROWS($AD$32:AD465),$AF:$AF,0)),\"\")","v":""},null,null,false,{"$f":"IF(AJ465=TRUE,COUNTIF($AJ$32:AJ465,TRUE()),\"\")","v":""},{"$f":"IFERROR(INDEX($AD:$AD,MATCH(ROWS($AD$32:AD465),$AK:$AK,0)),\"\")","v":""},null,false,{"$f":"IF(AN465=TRUE,COUNTIF($AN$32:AN465,TRUE()),\"\")","v":""},{"$f":"IFERROR(INDEX($AD:$AD,MATCH(ROWS($AD$32:$AD465),$AO:$AO,0)),\"\")","v":""}]
[null,null,null,null,null,null,null,null,null,null,null,null,null,null,null,null,null,null,null,null,null,null,null,null,null,null,null,null,null,{"$f":"'Baza klientów'!B435","v":0},false,{"$f":"IF(AE466=TRUE,COUNTIF($AE$32:AE466,TRUE()),\"\")","v":""},{"$f":"IFERROR(INDEX($AD:$AD,MATCH(ROWS($AD$32:AD466),$AF:$AF,0)),\"\")","v":""},null,null,false,{"$f":"IF(AJ466=TRUE,COUNTIF($AJ$32:AJ466,TRUE()),\"\")","v":""},{"$f":"IFERROR(INDEX($AD:$AD,MATCH(ROWS($AD$32:AD466),$AK:$AK,0)),\"\")","v":""},null,false,{"$f":"IF(AN466=TRUE,COUNTIF($AN$32:AN466,TRUE()),\"\")","v":""},{"$f":"IFERROR(INDEX($AD:$AD,MATCH(ROWS($AD$32:$AD466),$AO:$AO,0)),\"\")","v":""}]
[null,null,null,null,null,null,null,null,null,null,null,null,null,null,null,null,null,null,null,null,null,null,null,null,null,null,null,null,null,{"$f":"'Baza klientów'!B436","v":0},false,{"$f":"IF(AE467=TRUE,COUNTIF($AE$32:AE467,TRUE()),\"\")","v":""},{"$f":"IFERROR(INDEX($AD:$AD,MATCH(ROWS($AD$32:AD467),$AF:$AF,0)),\"\")","v":""},null,null,false,{"$f":"IF(AJ467=TRUE,COUNTIF($AJ$32:AJ467,TRUE()),\"\")","v":""},{"$f":"IFERROR(INDEX($AD:$AD,MATCH(ROWS($AD$32:AD467),$AK:$AK,0)),\"\")","v":""},null,false,{"$f":"IF(AN467=TRUE,COUNTIF($AN$32:AN467,TRUE()),\"\")","v":""},{"$f":"IFERROR(INDEX($AD:$AD,MATCH(ROWS($AD$32:$AD467),$AO:$AO,0)),\"\")","v":""}]
[null,null,null,null,null,null,null,null,null,null,null,null,null,null,null,null,null,null,null,null,null,null,null,null,null,null,null,null,null,{"$f":"'Baza klientów'!B437","v":0},false,{"$f":"IF(AE468=TRUE,COUNTIF($AE$32:AE468,TRUE()),\"\")","v":""},{"$f":"IFERROR(INDEX($AD:$AD,MATCH(ROWS($AD$32:AD468),$AF:$AF,0)),\"\")","v":""},null,null,false,{"$f":"IF(AJ468=TRUE,COUNTIF($AJ$32:AJ468,TRUE()),\"\")","v":""},{"$f":"IFERROR(INDEX($AD:$AD,MATCH(ROWS($AD$32:AD468),$AK:$AK,0)),\"\")","v":""},null,false,{"$f":"IF(AN468=TRUE,COUNTIF($AN$32:AN468,TRUE()),\"\")","v":""},{"$f":"IFERROR(INDEX($AD:$AD,MATCH(ROWS($AD$32:$AD468),$AO:$AO,0)),\"\")","v":""}]
[null,null,null,null,null,null,null,null,null,null,null,null,null,null,null,null,null,null,null,null,null,null,null,null,null,null,null,null,null,{"$f":"'Baza klientów'!B438","v":0},false,{"$f":"IF(AE469=TRUE,COUNTIF($AE$32:AE469,TRUE()),\"\")","v":""},{"$f":"IFERROR(INDEX($AD:$AD,MATCH(ROWS($AD$32:AD469),$AF:$AF,0)),\"\")","v":""},null,null,false,{"$f":"IF(AJ469=TRUE,COUNTIF($AJ$32:AJ469,TRUE()),\"\")","v":""},{"$f":"IFERROR(INDEX($AD:$AD,MATCH(ROWS($AD$32:AD469),$AK:$AK,0)),\"\")","v":""},null,false,{"$f":"IF(AN469=TRUE,COUNTIF($AN$32:AN469,TRUE()),\"\")","v":""},{"$f":"IFERROR(INDEX($AD:$AD,MATCH(ROWS($AD$32:$AD469),$AO:$AO,0)),\"\")","v":""}]
[null,null,null,null,null,null,null,null,null,null,null,null,null,null,null,null,null,null,null,null,null,null,null,null,null,null,null,null,null,{"$f":"'Baza klientów'!B439","v":0},false,{"$f":"IF(AE470=TRUE,COUNTIF($AE$32:AE470,TRUE()),\"\")","v":""},{"$f":"IFERROR(INDEX($AD:$AD,MATCH(ROWS($AD$32:AD470),$AF:$AF,0)),\"\")","v":""},null,null,false,{"$f":"IF(AJ470=TRUE,COUNTIF($AJ$32:AJ470,TRUE()),\"\")","v":""},{"$f":"IFERROR(INDEX($AD:$AD,MATCH(ROWS($AD$32:AD470),$AK:$AK,0)),\"\")","v":""},null,false,{"$f":"IF(AN470=TRUE,COUNTIF($AN$32:AN470,TRUE()),\"\")","v":""},{"$f":"IFERROR(INDEX($AD:$AD,MATCH(ROWS($AD$32:$AD470),$AO:$AO,0)),\"\")","v":""}]
[null,null,null,null,null,null,null,null,null,null,null,null,null,null,null,null,null,null,null,null,null,null,null,null,null,null,null,null,null,{"$f":"'Baza klientów'!B440","v":0},false,{"$f":"IF(AE471=TRUE,COUNTIF($AE$32:AE471,TRUE()),\"\")","v":""},{"$f":"IFERROR(INDEX($AD:$AD,MATCH(ROWS($AD$32:AD471),$AF:$AF,0)),\"\")","v":""},null,null,false,{"$f":"IF(AJ471=TRUE,COUNTIF($AJ$32:AJ471,TRUE()),\"\")","v":""},{"$f":"IFERROR(INDEX($AD:$AD,MATCH(ROWS($AD$32:AD471),$AK:$AK,0)),\"\")","v":""},null,false,{"$f":"IF(AN471=TRUE,COUNTIF($AN$32:AN471,TRUE()),\"\")","v":""},{"$f":"IFERROR(INDEX($AD:$AD,MATCH(ROWS($AD$32:$AD471),$AO:$AO,0)),\"\")","v":""}]
[null,null,null,null,null,null,null,null,null,null,null,null,null,null,null,null,null,null,null,null,null,null,null,null,null,null,null,null,null,{"$f":"'Baza klientów'!B441","v":0},false,{"$f":"IF(AE472=TRUE,COUNTIF($AE$32:AE472,TRUE()),\"\")","v":""},{"$f":"IFERROR(INDEX($AD:$AD,MATCH(ROWS($AD$32:AD472),$AF:$AF,0)),\"\")","v":""},null,null,false,{"$f":"IF(AJ472=TRUE,COUNTIF($AJ$32:AJ472,TRUE()),\"\")","v":""},{"$f":"IFERROR(INDEX($AD:$AD,MATCH(ROWS($AD$32:AD472),$AK:$AK,0)),\"\")","v":""},null,false,{"$f":"IF(AN472=TRUE,COUNTIF($AN$32:AN472,TRUE()),\"\")","v":""},{"$f":"IFERROR(INDEX($AD:$AD,MATCH(ROWS($AD$32:$AD472),$AO:$AO,0)),\"\")","v":""}]
[null,null,null,null,null,null,null,null,null,null,null,null,null,null,null,null,null,null,null,null,null,null,null,null,null,null,null,null,null,{"$f":"'Baza klientów'!B442","v":0},false,{"$f":"IF(AE473=TRUE,COUNTIF($AE$32:AE473,TRUE()),\"\")","v":""},{"$f":"IFERROR(INDEX($AD:$AD,MATCH(ROWS($AD$32:AD473),$AF:$AF,0)),\"\")","v":""},null,null,false,{"$f":"IF(AJ473=TRUE,COUNTIF($AJ$32:AJ473,TRUE()),\"\")","v":""},{"$f":"IFERROR(INDEX($AD:$AD,MATCH(ROWS($AD$32:AD473),$AK:$AK,0)),\"\")","v":""},null,false,{"$f":"IF(AN473=TRUE,COUNTIF($AN$32:AN473,TRUE()),\"\")","v":""},{"$f":"IFERROR(INDEX($AD:$AD,MATCH(ROWS($AD$32:$AD473),$AO:$AO,0)),\"\")","v":""}]
[null,null,null,null,null,null,null,null,null,null,null,null,null,null,null,null,null,null,null,null,null,null,null,null,null,null,null,null,null,{"$f":"'Baza klientów'!B443","v":0},false,{"$f":"IF(AE474=TRUE,COUNTIF($AE$32:AE474,TRUE()),\"\")","v":""},{"$f":"IFERROR(INDEX($AD:$AD,MATCH(ROWS($AD$32:AD474),$AF:$AF,0)),\"\")","v":""},null,null,false,{"$f":"IF(AJ474=TRUE,COUNTIF($AJ$32:AJ474,TRUE()),\"\")","v":""},{"$f":"IFERROR(INDEX($AD:$AD,MATCH(ROWS($AD$32:AD474),$AK:$AK,0)),\"\")","v":""},null,false,{"$f":"IF(AN474=TRUE,COUNTIF($AN$32:AN474,TRUE()),\"\")","v":""},{"$f":"IFERROR(INDEX($AD:$AD,MATCH(ROWS($AD$32:$AD474),$AO:$AO,0)),\"\")","v":""}]
[null,null,null,null,null,null,null,null,null,null,null,null,null,null,null,null,null,null,null,null,null,null,null,null,null,null,null,null,null,{"$f":"'Baza klientów'!B444","v":0},false,{"$f":"IF(AE475=TRUE,COUNTIF($AE$32:AE475,TRUE()),\"\")","v":""},{"$f":"IFERROR(INDEX($AD:$AD,MATCH(ROWS($AD$32:AD475),$AF:$AF,0)),\"\")","v":""},null,null,false,{"$f":"IF(AJ475=TRUE,COUNTIF($AJ$32:AJ475,TRUE()),\"\")","v":""},{"$f":"IFERROR(INDEX($AD:$AD,MATCH(ROWS($AD$32:AD475),$AK:$AK,0)),\"\")","v":""},null,false,{"$f":"IF(AN475=TRUE,COUNTIF($AN$32:AN475,TRUE()),\"\")","v":""},{"$f":"IFERROR(INDEX($AD:$AD,MATCH(ROWS($AD$32:$AD475),$AO:$AO,0)),\"\")","v":""}]
[null,null,null,null,null,null,null,null,null,null,null,null,null,null,null,null,null,null,null,null,null,null,null,null,null,null,null,null,null,{"$f":"'Baza klientów'!B445","v":0},false,{"$f":"IF(AE476=TRUE,COUNTIF($AE$32:AE476,TRUE()),\"\")","v":""},{"$f":"IFERROR(INDEX($AD:$AD,MATCH(ROWS($AD$32:AD476),$AF:$AF,0)),\"\")","v":""},null,null,false,{"$f":"IF(AJ476=TRUE,COUNTIF($AJ$32:AJ476,TRUE()),\"\")","v":""},{"$f":"IFERROR(INDEX($AD:$AD,MATCH(ROWS($AD$32:AD476),$AK:$AK,0)),\"\")","v":""},null,false,{"$f":"IF(AN476=TRUE,COUNTIF($AN$32:AN476,TRUE()),\"\")","v":""},{"$f":"IFERROR(INDEX($AD:$AD,MATCH(ROWS($AD$32:$AD476),$AO:$AO,0)),\"\")","v":""}]
[null,null,null,null,null,null,null,null,null,null,null,null,null,null,null,null,null,null,null,null,null,null,null,null,null,null,null,null,null,{"$f":"'Baza klientów'!B446","v":0},false,{"$f":"IF(AE477=TRUE,COUNTIF($AE$32:AE477,TRUE()),\"\")","v":""},{"$f":"IFERROR(INDEX($AD:$AD,MATCH(ROWS($AD$32:AD477),$AF:$AF,0)),\"\")","v":""},null,null,false,{"$f":"IF(AJ477=TRUE,COUNTIF($AJ$32:AJ477,TRUE()),\"\")","v":""},{"$f":"IFERROR(INDEX($AD:$AD,MATCH(ROWS($AD$32:AD477),$AK:$AK,0)),\"\")","v":""},null,false,{"$f":"IF(AN477=TRUE,COUNTIF($AN$32:AN477,TRUE()),\"\")","v":""},{"$f":"IFERROR(INDEX($AD:$AD,MATCH(ROWS($AD$32:$AD477),$AO:$AO,0)),\"\")","v":""}]
[null,null,null,null,null,null,null,null,null,null,null,null,null,null,null,null,null,null,null,null,null,null,null,null,null,null,null,null,null,{"$f":"'Baza klientów'!B447","v":0},false,{"$f":"IF(AE478=TRUE,COUNTIF($AE$32:AE478,TRUE()),\"\")","v":""},{"$f":"IFERROR(INDEX($AD:$AD,MATCH(ROWS($AD$32:AD478),$AF:$AF,0)),\"\")","v":""},null,null,false,{"$f":"IF(AJ478=TRUE,COUNTIF($AJ$32:AJ478,TRUE()),\"\")","v":""},{"$f":"IFERROR(INDEX($AD:$AD,MATCH(ROWS($AD$32:AD478),$AK:$AK,0)),\"\")","v":""},null,false,{"$f":"IF(AN478=TRUE,COUNTIF($AN$32:AN478,TRUE()),\"\")","v":""},{"$f":"IFERROR(INDEX($AD:$AD,MATCH(ROWS($AD$32:$AD478),$AO:$AO,0)),\"\")","v":""}]
[null,null,null,null,null,null,null,null,null,null,null,null,null,null,null,null,null,null,null,null,null,null,null,null,null,null,null,null,null,{"$f":"'Baza klientów'!B448","v":0},false,{"$f":"IF(AE479=TRUE,COUNTIF($AE$32:AE479,TRUE()),\"\")","v":""},{"$f":"IFERROR(INDEX($AD:$AD,MATCH(ROWS($AD$32:AD479),$AF:$AF,0)),\"\")","v":""},null,null,false,{"$f":"IF(AJ479=TRUE,COUNTIF($AJ$32:AJ479,TRUE()),\"\")","v":""},{"$f":"IFERROR(INDEX($AD:$AD,MATCH(ROWS($AD$32:AD479),$AK:$AK,0)),\"\")","v":""},null,false,{"$f":"IF(AN479=TRUE,COUNTIF($AN$32:AN479,TRUE()),\"\")","v":""},{"$f":"IFERROR(INDEX($AD:$AD,MATCH(ROWS($AD$32:$AD479),$AO:$AO,0)),\"\")","v":""}]
[null,null,null,null,null,null,null,null,null,null,null,null,null,null,null,null,null,null,null,null,null,null,null,null,null,null,null,null,null,{"$f":"'Baza klientów'!B449","v":0},false,{"$f":"IF(AE480=TRUE,COUNTIF($AE$32:AE480,TRUE()),\"\")","v":""},{"$f":"IFERROR(INDEX($AD:$AD,MATCH(ROWS($AD$32:AD480),$AF:$AF,0)),\"\")","v":""},null,null,false,{"$f":"IF(AJ480=TRUE,COUNTIF($AJ$32:AJ480,TRUE()),\"\")","v":""},{"$f":"IFERROR(INDEX($AD:$AD,MATCH(ROWS($AD$32:AD480),$AK:$AK,0)),\"\")","v":""},null,false,{"$f":"IF(AN480=TRUE,COUNTIF($AN$32:AN480,TRUE()),\"\")","v":""},{"$f":"IFERROR(INDEX($AD:$AD,MATCH(ROWS($AD$32:$AD480),$AO:$AO,0)),\"\")","v":""}]
[null,null,null,null,null,null,null,null,null,null,null,null,null,null,null,null,null,null,null,null,null,null,null,null,null,null,null,null,null,{"$f":"'Baza klientów'!B450","v":0},{"$f":"ISNUMBER(SEARCH($AH$32,AD481))","v":false},{"$f":"IF(AE481=TRUE,COUNTIF($AE$32:AE481,TRUE()),\"\")","v":""},{"$f":"IFERROR(INDEX($AD:$AD,MATCH(ROWS($AD$32:AD481),$AF:$AF,0)),\"\")","v":""},null,null,{"$f":"ISNUMBER(SEARCH($AM$31,AD481))","v":false},{"$f":"IF(AJ481=TRUE,COUNTIF($AJ$32:AJ481,TRUE()),\"\")","v":""},{"$f":"IFERROR(INDEX($AD:$AD,MATCH(ROWS($AD$32:AD481),$AK:$AK,0)),\"\")","v":""},null,{"$f":"ISNUMBER(SEARCH($AQ$31,$AD481))","v":false},{"$f":"IF(AN481=TRUE,COUNTIF($AN$32:AN481,TRUE()),\"\")","v":""},{"$f":"IFERROR(INDEX($AD:$AD,MATCH(ROWS($AD$32:$AD481),$AO:$AO,0)),\"\")","v":""}]
[null,null,null,null,null,null,null,null,null,null,null,null,null,null,null,null,null,null,null,null,null,null,null,null,null,null,null,null,null,{"$f":"'Baza klientów'!B451","v":0},false,{"$f":"IF(AE482=TRUE,COUNTIF($AE$32:AE482,TRUE()),\"\")","v":""},{"$f":"IFERROR(INDEX($AD:$AD,MATCH(ROWS($AD$32:AD482),$AF:$AF,0)),\"\")","v":""},null,null,false,{"$f":"IF(AJ482=TRUE,COUNTIF($AJ$32:AJ482,TRUE()),\"\")","v":""},{"$f":"IFERROR(INDEX($AD:$AD,MATCH(ROWS($AD$32:AD482),$AK:$AK,0)),\"\")","v":""},null,false,{"$f":"IF(AN482=TRUE,COUNTIF($AN$32:AN482,TRUE()),\"\")","v":""},{"$f":"IFERROR(INDEX($AD:$AD,MATCH(ROWS($AD$32:$AD482),$AO:$AO,0)),\"\")","v":""}]
[null,null,null,null,null,null,null,null,null,null,null,null,null,null,null,null,null,null,null,null,null,null,null,null,null,null,null,null,null,{"$f":"'Baza klientów'!B452","v":0},false,{"$f":"IF(AE483=TRUE,COUNTIF($AE$32:AE483,TRUE()),\"\")","v":""},{"$f":"IFERROR(INDEX($AD:$AD,MATCH(ROWS($AD$32:AD483),$AF:$AF,0)),\"\")","v":""},null,null,false,{"$f":"IF(AJ483=TRUE,COUNTIF($AJ$32:AJ483,TRUE()),\"\")","v":""},{"$f":"IFERROR(INDEX($AD:$AD,MATCH(ROWS($AD$32:AD483),$AK:$AK,0)),\"\")","v":""},null,false,{"$f":"IF(AN483=TRUE,COUNTIF($AN$32:AN483,TRUE()),\"\")","v":""},{"$f":"IFERROR(INDEX($AD:$AD,MATCH(ROWS($AD$32:$AD483),$AO:$AO,0)),\"\")","v":""}]
[null,null,null,null,null,null,null,null,null,null,null,null,null,null,null,null,null,null,null,null,null,null,null,null,null,null,null,null,null,{"$f":"'Baza klientów'!B453","v":0},false,{"$f":"IF(AE484=TRUE,COUNTIF($AE$32:AE484,TRUE()),\"\")","v":""},{"$f":"IFERROR(INDEX($AD:$AD,MATCH(ROWS($AD$32:AD484),$AF:$AF,0)),\"\")","v":""},null,null,false,{"$f":"IF(AJ484=TRUE,COUNTIF($AJ$32:AJ484,TRUE()),\"\")","v":""},{"$f":"IFERROR(INDEX($AD:$AD,MATCH(ROWS($AD$32:AD484),$AK:$AK,0)),\"\")","v":""},null,false,{"$f":"IF(AN484=TRUE,COUNTIF($AN$32:AN484,TRUE()),\"\")","v":""},{"$f":"IFERROR(INDEX($AD:$AD,MATCH(ROWS($AD$32:$AD484),$AO:$AO,0)),\"\")","v":""}]
[null,null,null,null,null,null,null,null,null,null,null,null,null,null,null,null,null,null,null,null,null,null,null,null,null,null,null,null,null,{"$f":"'Baza klientów'!B454","v":0},false,{"$f":"IF(AE485=TRUE,COUNTIF($AE$32:AE485,TRUE()),\"\")","v":""},{"$f":"IFERROR(INDEX($AD:$AD,MATCH(ROWS($AD$32:AD485),$AF:$AF,0)),\"\")","v":""},null,null,false,{"$f":"IF(AJ485=TRUE,COUNTIF($AJ$32:AJ485,TRUE()),\"\")","v":""},{"$f":"IFERROR(INDEX($AD:$AD,MATCH(ROWS($AD$32:AD485),$AK:$AK,0)),\"\")","v":""},null,false,{"$f":"IF(AN485=TRUE,COUNTIF($AN$32:AN485,TRUE()),\"\")","v":""},{"$f":"IFERROR(INDEX($AD:$AD,MATCH(ROWS($AD$32:$AD485),$AO:$AO,0)),\"\")","v":""}]
[null,null,null,null,null,null,null,null,null,null,null,null,null,null,null,null,null,null,null,null,null,null,null,null,null,null,null,null,null,{"$f":"'Baza klientów'!B455","v":0},false,{"$f":"IF(AE486=TRUE,COUNTIF($AE$32:AE486,TRUE()),\"\")","v":""},{"$f":"IFERROR(INDEX($AD:$AD,MATCH(ROWS($AD$32:AD486),$AF:$AF,0)),\"\")","v":""},null,null,false,{"$f":"IF(AJ486=TRUE,COUNTIF($AJ$32:AJ486,TRUE()),\"\")","v":""},{"$f":"IFERROR(INDEX($AD:$AD,MATCH(ROWS($AD$32:AD486),$AK:$AK,0)),\"\")","v":""},null,false,{"$f":"IF(AN486=TRUE,COUNTIF($AN$32:AN486,TRUE()),\"\")","v":""},{"$f":"IFERROR(INDEX($AD:$AD,MATCH(ROWS($AD$32:$AD486),$AO:$AO,0)),\"\")","v":""}]
[null,null,null,null,null,null,null,null,null,null,null,null,null,null,null,null,null,null,null,null,null,null,null,null,null,null,null,null,null,{"$f":"'Baza klientów'!B456","v":0},false,{"$f":"IF(AE487=TRUE,COUNTIF($AE$32:AE487,TRUE()),\"\")","v":""},{"$f":"IFERROR(INDEX($AD:$AD,MATCH(ROWS($AD$32:AD487),$AF:$AF,0)),\"\")","v":""},null,null,false,{"$f":"IF(AJ487=TRUE,COUNTIF($AJ$32:AJ487,TRUE()),\"\")","v":""},{"$f":"IFERROR(INDEX($AD:$AD,MATCH(ROWS($AD$32:AD487),$AK:$AK,0)),\"\")","v":""},null,false,{"$f":"IF(AN487=TRUE,COUNTIF($AN$32:AN487,TRUE()),\"\")","v":""},{"$f":"IFERROR(INDEX($AD:$AD,MATCH(ROWS($AD$32:$AD487),$AO:$AO,0)),\"\")","v":""}]
[null,null,null,null,null,null,null,null,null,null,null,null,null,null,null,null,null,null,null,null,null,null,null,null,null,null,null,null,null,{"$f":"'Baza klientów'!B457","v":0},false,{"$f":"IF(AE488=TRUE,COUNTIF($AE$32:AE488,TRUE()),\"\")","v":""},{"$f":"IFERROR(INDEX($AD:$AD,MATCH(ROWS($AD$32:AD488),$AF:$AF,0)),\"\")","v":""},null,null,false,{"$f":"IF(AJ488=TRUE,COUNTIF($AJ$32:AJ488,TRUE()),\"\")","v":""},{"$f":"IFERROR(INDEX($AD:$AD,MATCH(ROWS($AD$32:AD488),$AK:$AK,0)),\"\")","v":""},null,false,{"$f":"IF(AN488=TRUE,COUNTIF($AN$32:AN488,TRUE()),\"\")","v":""},{"$f":"IFERROR(INDEX($AD:$AD,MATCH(ROWS($AD$32:$AD488),$AO:$AO,0)),\"\")","v":""}]
[null,null,null,null,null,null,null,null,null,null,null,null,null,null,null,null,null,null,null,null,null,null,null,null,null,null,null,null,null,{"$f":"'Baza klientów'!B458","v":0},false,{"$f":"IF(AE489=TRUE,COUNTIF($AE$32:AE489,TRUE()),\"\")","v":""},{"$f":"IFERROR(INDEX($AD:$AD,MATCH(ROWS($AD$32:AD489),$AF:$AF,0)),\"\")","v":""},null,null,false,{"$f":"IF(AJ489=TRUE,COUNTIF($AJ$32:AJ489,TRUE()),\"\")","v":""},{"$f":"IFERROR(INDEX($AD:$AD,MATCH(ROWS($AD$32:AD489),$AK:$AK,0)),\"\")","v":""},null,false,{"$f":"IF(AN489=TRUE,COUNTIF($AN$32:AN489,TRUE()),\"\")","v":""},{"$f":"IFERROR(INDEX($AD:$AD,MATCH(ROWS($AD$32:$AD489),$AO:$AO,0)),\"\")","v":""}]
[null,null,null,null,null,null,null,null,null,null,null,null,null,null,null,null,null,null,null,null,null,null,null,null,null,null,null,null,null,{"$f":"'Baza klientów'!B459","v":0},false,{"$f":"IF(AE490=TRUE,COUNTIF($AE$32:AE490,TRUE()),\"\")","v":""},{"$f":"IFERROR(INDEX($AD:$AD,MATCH(ROWS($AD$32:AD490),$AF:$AF,0)),\"\")","v":""},null,null,false,{"$f":"IF(AJ490=TRUE,COUNTIF($AJ$32:AJ490,TRUE()),\"\")","v":""},{"$f":"IFERROR(INDEX($AD:$AD,MATCH(ROWS($AD$32:AD490),$AK:$AK,0)),\"\")","v":""},null,false,{"$f":"IF(AN490=TRUE,COUNTIF($AN$32:AN490,TRUE()),\"\")","v":""},{"$f":"IFERROR(INDEX($AD:$AD,MATCH(ROWS($AD$32:$AD490),$AO:$AO,0)),\"\")","v":""}]
[null,null,null,null,null,null,null,null,null,null,null,null,null,null,null,null,null,null,null,null,null,null,null,null,null,null,null,null,null,{"$f":"'Baza klientów'!B460","v":0},false,{"$f":"IF(AE491=TRUE,COUNTIF($AE$32:AE491,TRUE()),\"\")","v":""},{"$f":"IFERROR(INDEX($AD:$AD,MATCH(ROWS($AD$32:AD491),$AF:$AF,0)),\"\")","v":""},null,null,false,{"$f":"IF(AJ491=TRUE,COUNTIF($AJ$32:AJ491,TRUE()),\"\")","v":""},{"$f":"IFERROR(INDEX($AD:$AD,MATCH(ROWS($AD$32:AD491),$AK:$AK,0)),\"\")","v":""},null,false,{"$f":"IF(AN491=TRUE,COUNTIF($AN$32:AN491,TRUE()),\"\")","v":""},{"$f":"IFERROR(INDEX($AD:$AD,MATCH(ROWS($AD$32:$AD491),$AO:$AO,0)),\"\")","v":""}]
[null,null,null,null,null,null,null,null,null,null,null,null,null,null,null,null,null,null,null,null,null,null,null,null,null,null,null,null,null,{"$f":"'Baza klientów'!B461","v":0},false,{"$f":"IF(AE492=TRUE,COUNTIF($AE$32:AE492,TRUE()),\"\")","v":""},{"$f":"IFERROR(INDEX($AD:$AD,MATCH(ROWS($AD$32:AD492),$AF:$AF,0)),\"\")","v":""},null,null,false,{"$f":"IF(AJ492=TRUE,COUNTIF($AJ$32:AJ492,TRUE()),\"\")","v":""},{"$f":"IFERROR(INDEX($AD:$AD,MATCH(ROWS($AD$32:AD492),$AK:$AK,0)),\"\")","v":""},null,false,{"$f":"IF(AN492=TRUE,COUNTIF($AN$32:AN492,TRUE()),\"\")","v":""},{"$f":"IFERROR(INDEX($AD:$AD,MATCH(ROWS($AD$32:$AD492),$AO:$AO,0)),\"\")","v":""}]
[null,null,null,null,null,null,null,null,null,null,null,null,null,null,null,null,null,null,null,null,null,null,null,null,null,null,null,null,null,{"$f":"'Baza klientów'!B462","v":0},false,{"$f":"IF(AE493=TRUE,COUNTIF($AE$32:AE493,TRUE()),\"\")","v":""},{"$f":"IFERROR(INDEX($AD:$AD,MATCH(ROWS($AD$32:AD493),$AF:$AF,0)),\"\")","v":""},null,null,false,{"$f":"IF(AJ493=TRUE,COUNTIF($AJ$32:AJ493,TRUE()),\"\")","v":""},{"$f":"IFERROR(INDEX($AD:$AD,MATCH(ROWS($AD$32:AD493),$AK:$AK,0)),\"\")","v":""},null,false,{"$f":"IF(AN493=TRUE,COUNTIF($AN$32:AN493,TRUE()),\"\")","v":""},{"$f":"IFERROR(INDEX($AD:$AD,MATCH(ROWS($AD$32:$AD493),$AO:$AO,0)),\"\")","v":""}]
[null,null,null,null,null,null,null,null,null,null,null,null,null,null,null,null,null,null,null,null,null,null,null,null,null,null,null,null,null,{"$f":"'Baza klientów'!B463","v":0},false,{"$f":"IF(AE494=TRUE,COUNTIF($AE$32:AE494,TRUE()),\"\")","v":""},{"$f":"IFERROR(INDEX($AD:$AD,MATCH(ROWS($AD$32:AD494),$AF:$AF,0)),\"\")","v":""},null,null,false,{"$f":"IF(AJ494=TRUE,COUNTIF($AJ$32:AJ494,TRUE()),\"\")","v":""},{"$f":"IFERROR(INDEX($AD:$AD,MATCH(ROWS($AD$32:AD494),$AK:$AK,0)),\"\")","v":""},null,false,{"$f":"IF(AN494=TRUE,COUNTIF($AN$32:AN494,TRUE()),\"\")","v":""},{"$f":"IFERROR(INDEX($AD:$AD,MATCH(ROWS($AD$32:$AD494),$AO:$AO,0)),\"\")","v":""}]
[null,null,null,null,null,null,null,null,null,null,null,null,null,null,null,null,null,null,null,null,null,null,null,null,null,null,null,null,null,{"$f":"'Baza klientów'!B464","v":0},false,{"$f":"IF(AE495=TRUE,COUNTIF($AE$32:AE495,TRUE()),\"\")","v":""},{"$f":"IFERROR(INDEX($AD:$AD,MATCH(ROWS($AD$32:AD495),$AF:$AF,0)),\"\")","v":""},null,null,false,{"$f":"IF(AJ495=TRUE,COUNTIF($AJ$32:AJ495,TRUE()),\"\")","v":""},{"$f":"IFERROR(INDEX($AD:$AD,MATCH(ROWS($AD$32:AD495),$AK:$AK,0)),\"\")","v":""},null,false,{"$f":"IF(AN495=TRUE,COUNTIF($AN$32:AN495,TRUE()),\"\")","v":""},{"$f":"IFERROR(INDEX($AD:$AD,MATCH(ROWS($AD$32:$AD495),$AO:$AO,0)),\"\")","v":""}]
[null,null,null,null,null,null,null,null,null,null,null,null,null,null,null,null,null,null,null,null,null,null,null,null,null,null,null,null,null,{"$f":"'Baza klientów'!B465","v":0},false,{"$f":"IF(AE496=TRUE,COUNTIF($AE$32:AE496,TRUE()),\"\")","v":""},{"$f":"IFERROR(INDEX($AD:$AD,MATCH(ROWS($AD$32:AD496),$AF:$AF,0)),\"\")","v":""},null,null,false,{"$f":"IF(AJ496=TRUE,COUNTIF($AJ$32:AJ496,TRUE()),\"\")","v":""},{"$f":"IFERROR(INDEX($AD:$AD,MATCH(ROWS($AD$32:AD496),$AK:$AK,0)),\"\")","v":""},null,false,{"$f":"IF(AN496=TRUE,COUNTIF($AN$32:AN496,TRUE()),\"\")","v":""},{"$f":"IFERROR(INDEX($AD:$AD,MATCH(ROWS($AD$32:$AD496),$AO:$AO,0)),\"\")","v":""}]
[null,null,null,null,null,null,null,null,null,null,null,null,null,null,null,null,null,null,null,null,null,null,null,null,null,null,null,null,null,{"$f":"'Baza klientów'!B466","v":0},false,{"$f":"IF(AE497=TRUE,COUNTIF($AE$32:AE497,TRUE()),\"\")","v":""},{"$f":"IFERROR(INDEX($AD:$AD,MATCH(ROWS($AD$32:AD497),$AF:$AF,0)),\"\")","v":""},null,null,false,{"$f":"IF(AJ497=TRUE,COUNTIF($AJ$32:AJ497,TRUE()),\"\")","v":""},{"$f":"IFERROR(INDEX($AD:$AD,MATCH(ROWS($AD$32:AD497),$AK:$AK,0)),\"\")","v":""},null,false,{"$f":"IF(AN497=TRUE,COUNTIF($AN$32:AN497,TRUE()),\"\")","v":""},{"$f":"IFERROR(INDEX($AD:$AD,MATCH(ROWS($AD$32:$AD497),$AO:$AO,0)),\"\")","v":""}]
[null,null,null,null,null,null,null,null,null,null,null,null,null,null,null,null,null,null,null,null,null,null,null,null,null,null,null,null,null,{"$f":"'Baza klientów'!B467","v":0},false,{"$f":"IF(AE498=TRUE,COUNTIF($AE$32:AE498,TRUE()),\"\")","v":""},{"$f":"IFERROR(INDEX($AD:$AD,MATCH(ROWS($AD$32:AD498),$AF:$AF,0)),\"\")","v":""},null,null,false,{"$f":"IF(AJ498=TRUE,COUNTIF($AJ$32:AJ498,TRUE()),\"\")","v":""},{"$f":"IFERROR(INDEX($AD:$AD,MATCH(ROWS($AD$32:AD498),$AK:$AK,0)),\"\")","v":""},null,false,{"$f":"IF(AN498=TRUE,COUNTIF($AN$32:AN498,TRUE()),\"\")","v":""},{"$f":"IFERROR(INDEX($AD:$AD,MATCH(ROWS($AD$32:$AD498),$AO:$AO,0)),\"\")","v":""}]
[null,null,null,null,null,null,null,null,null,null,null,null,null,null,null,null,null,null,null,null,null,null,null,null,null,null,null,null,null,{"$f":"'Baza klientów'!B468","v":0},false,{"$f":"IF(AE499=TRUE,COUNTIF($AE$32:AE499,TRUE()),\"\")","v":""},{"$f":"IFERROR(INDEX($AD:$AD,MATCH(ROWS($AD$32:AD499),$AF:$AF,0)),\"\")","v":""},null,null,false,{"$f":"IF(AJ499=TRUE,COUNTIF($AJ$32:AJ499,TRUE()),\"\")","v":""},{"$f":"IFERROR(INDEX($AD:$AD,MATCH(ROWS($AD$32:AD499),$AK:$AK,0)),\"\")","v":""},null,false,{"$f":"IF(AN499=TRUE,COUNTIF($AN$32:AN499,TRUE()),\"\")","v":""},{"$f":"IFERROR(INDEX($AD:$AD,MATCH(ROWS($AD$32:$AD499),$AO:$AO,0)),\"\")","v":""}]
[null,null,null,null,null,null,null,null,null,null,null,null,null,null,null,null,null,null,null,null,null,null,null,null,null,null,null,null,null,{"$f":"'Baza klientów'!B469","v":0},false,{"$f":"IF(AE500=TRUE,COUNTIF($AE$32:AE500,TRUE()),\"\")","v":""},{"$f":"IFERROR(INDEX($AD:$AD,MATCH(ROWS($AD$32:AD500),$AF:$AF,0)),\"\")","v":""},null,null,false,{"$f":"IF(AJ500=TRUE,COUNTIF($AJ$32:AJ500,TRUE()),\"\")","v":""},{"$f":"IFERROR(INDEX($AD:$AD,MATCH(ROWS($AD$32:AD500),$AK:$AK,0)),\"\")","v":""},null,false,{"$f":"IF(AN500=TRUE,COUNTIF($AN$32:AN500,TRUE()),\"\")","v":""},{"$f":"IFERROR(INDEX($AD:$AD,MATCH(ROWS($AD$32:$AD500),$AO:$AO,0)),\"\")","v":""}]
[null,null,null,null,null,null,null,null,null,null,null,null,null,null,null,null,null,null,null,null,null,null,null,null,null,null,null,null,null,{"$f":"'Baza klientów'!B470","v":0},false,{"$f":"IF(AE501=TRUE,COUNTIF($AE$32:AE501,TRUE()),\"\")","v":""},{"$f":"IFERROR(INDEX($AD:$AD,MATCH(ROWS($AD$32:AD501),$AF:$AF,0)),\"\")","v":""},null,null,false,{"$f":"IF(AJ501=TRUE,COUNTIF($AJ$32:AJ501,TRUE()),\"\")","v":""},{"$f":"IFERROR(INDEX($AD:$AD,MATCH(ROWS($AD$32:AD501),$AK:$AK,0)),\"\")","v":""},null,false,{"$f":"IF(AN501=TRUE,COUNTIF($AN$32:AN501,TRUE()),\"\")","v":""},{"$f":"IFERROR(INDEX($AD:$AD,MATCH(ROWS($AD$32:$AD501),$AO:$AO,0)),\"\")","v":""}]
[null,null,null,null,null,null,null,null,null,null,null,null,null,null,null,null,null,null,null,null,null,null,null,null,null,null,null,null,null,{"$f":"'Baza klientów'!B471","v":0},false,{"$f":"IF(AE502=TRUE,COUNTIF($AE$32:AE502,TRUE()),\"\")","v":""},{"$f":"IFERROR(INDEX($AD:$AD,MATCH(ROWS($AD$32:AD502),$AF:$AF,0)),\"\")","v":""},null,null,false,{"$f":"IF(AJ502=TRUE,COUNTIF($AJ$32:AJ502,TRUE()),\"\")","v":""},{"$f":"IFERROR(INDEX($AD:$AD,MATCH(ROWS($AD$32:AD502),$AK:$AK,0)),\"\")","v":""},null,false,{"$f":"IF(AN502=TRUE,COUNTIF($AN$32:AN502,TRUE()),\"\")","v":""},{"$f":"IFERROR(INDEX($AD:$AD,MATCH(ROWS($AD$32:$AD502),$AO:$AO,0)),\"\")","v":""}]
[null,null,null,null,null,null,null,null,null,null,null,null,null,null,null,null,null,null,null,null,null,null,null,null,null,null,null,null,null,{"$f":"'Baza klientów'!B472","v":0},false,{"$f":"IF(AE503=TRUE,COUNTIF($AE$32:AE503,TRUE()),\"\")","v":""},{"$f":"IFERROR(INDEX($AD:$AD,MATCH(ROWS($AD$32:AD503),$AF:$AF,0)),\"\")","v":""},null,null,false,{"$f":"IF(AJ503=TRUE,COUNTIF($AJ$32:AJ503,TRUE()),\"\")","v":""},{"$f":"IFERROR(INDEX($AD:$AD,MATCH(ROWS($AD$32:AD503),$AK:$AK,0)),\"\")","v":""},null,false,{"$f":"IF(AN503=TRUE,COUNTIF($AN$32:AN503,TRUE()),\"\")","v":""},{"$f":"IFERROR(INDEX($AD:$AD,MATCH(ROWS($AD$32:$AD503),$AO:$AO,0)),\"\")","v":""}]
[null,null,null,null,null,null,null,null,null,null,null,null,null,null,null,null,null,null,null,null,null,null,null,null,null,null,null,null,null,{"$f":"'Baza klientów'!B473","v":0},false,{"$f":"IF(AE504=TRUE,COUNTIF($AE$32:AE504,TRUE()),\"\")","v":""},{"$f":"IFERROR(INDEX($AD:$AD,MATCH(ROWS($AD$32:AD504),$AF:$AF,0)),\"\")","v":""},null,null,false,{"$f":"IF(AJ504=TRUE,COUNTIF($AJ$32:AJ504,TRUE()),\"\")","v":""},{"$f":"IFERROR(INDEX($AD:$AD,MATCH(ROWS($AD$32:AD504),$AK:$AK,0)),\"\")","v":""},null,false,{"$f":"IF(AN504=TRUE,COUNTIF($AN$32:AN504,TRUE()),\"\")","v":""},{"$f":"IFERROR(INDEX($AD:$AD,MATCH(ROWS($AD$32:$AD504),$AO:$AO,0)),\"\")","v":""}]
[null,null,null,null,null,null,null,null,null,null,null,null,null,null,null,null,null,null,null,null,null,null,null,null,null,null,null,null,null,{"$f":"'Baza klientów'!B474","v":0},false,{"$f":"IF(AE505=TRUE,COUNTIF($AE$32:AE505,TRUE()),\"\")","v":""},{"$f":"IFERROR(INDEX($AD:$AD,MATCH(ROWS($AD$32:AD505),$AF:$AF,0)),\"\")","v":""},null,null,false,{"$f":"IF(AJ505=TRUE,COUNTIF($AJ$32:AJ505,TRUE()),\"\")","v":""},{"$f":"IFERROR(INDEX($AD:$AD,MATCH(ROWS($AD$32:AD505),$AK:$AK,0)),\"\")","v":""},null,false,{"$f":"IF(AN505=TRUE,COUNTIF($AN$32:AN505,TRUE()),\"\")","v":""},{"$f":"IFERROR(INDEX($AD:$AD,MATCH(ROWS($AD$32:$AD505),$AO:$AO,0)),\"\")","v":""}]
[null,null,null,null,null,null,null,null,null,null,null,null,null,null,null,null,null,null,null,null,null,null,null,null,null,null,null,null,null,{"$f":"'Baza klientów'!B475","v":0},false,{"$f":"IF(AE506=TRUE,COUNTIF($AE$32:AE506,TRUE()),\"\")","v":""},{"$f":"IFERROR(INDEX($AD:$AD,MATCH(ROWS($AD$32:AD506),$AF:$AF,0)),\"\")","v":""},null,null,false,{"$f":"IF(AJ506=TRUE,COUNTIF($AJ$32:AJ506,TRUE()),\"\")","v":""},{"$f":"IFERROR(INDEX($AD:$AD,MATCH(ROWS($AD$32:AD506),$AK:$AK,0)),\"\")","v":""},null,false,{"$f":"IF(AN506=TRUE,COUNTIF($AN$32:AN506,TRUE()),\"\")","v":""},{"$f":"IFERROR(INDEX($AD:$AD,MATCH(ROWS($AD$32:$AD506),$AO:$AO,0)),\"\")","v":""}]
[null,null,null,null,null,null,null,null,null,null,null,null,null,null,null,null,null,null,null,null,null,null,null,null,null,null,null,null,null,{"$f":"'Baza klientów'!B476","v":0},false,{"$f":"IF(AE507=TRUE,COUNTIF($AE$32:AE507,TRUE()),\"\")","v":""},{"$f":"IFERROR(INDEX($AD:$AD,MATCH(ROWS($AD$32:AD507),$AF:$AF,0)),\"\")","v":""},null,null,false,{"$f":"IF(AJ507=TRUE,COUNTIF($AJ$32:AJ507,TRUE()),\"\")","v":""},{"$f":"IFERROR(INDEX($AD:$AD,MATCH(ROWS($AD$32:AD507),$AK:$AK,0)),\"\")","v":""},null,false,{"$f":"IF(AN507=TRUE,COUNTIF($AN$32:AN507,TRUE()),\"\")","v":""},{"$f":"IFERROR(INDEX($AD:$AD,MATCH(ROWS($AD$32:$AD507),$AO:$AO,0)),\"\")","v":""}]
[null,null,null,null,null,null,null,null,null,null,null,null,null,null,null,null,null,null,null,null,null,null,null,null,null,null,null,null,null,{"$f":"'Baza klientów'!B477","v":0},false,{"$f":"IF(AE508=TRUE,COUNTIF($AE$32:AE508,TRUE()),\"\")","v":""},{"$f":"IFERROR(INDEX($AD:$AD,MATCH(ROWS($AD$32:AD508),$AF:$AF,0)),\"\")","v":""},null,null,false,{"$f":"IF(AJ508=TRUE,COUNTIF($AJ$32:AJ508,TRUE()),\"\")","v":""},{"$f":"IFERROR(INDEX($AD:$AD,MATCH(ROWS($AD$32:AD508),$AK:$AK,0)),\"\")","v":""},null,false,{"$f":"IF(AN508=TRUE,COUNTIF($AN$32:AN508,TRUE()),\"\")","v":""},{"$f":"IFERROR(INDEX($AD:$AD,MATCH(ROWS($AD$32:$AD508),$AO:$AO,0)),\"\")","v":""}]
[null,null,null,null,null,null,null,null,null,null,null,null,null,null,null,null,null,null,null,null,null,null,null,null,null,null,null,null,null,{"$f":"'Baza klientów'!B478","v":0},false,{"$f":"IF(AE509=TRUE,COUNTIF($AE$32:AE509,TRUE()),\"\")","v":""},{"$f":"IFERROR(INDEX($AD:$AD,MATCH(ROWS($AD$32:AD509),$AF:$AF,0)),\"\")","v":""},null,null,false,{"$f":"IF(AJ509=TRUE,COUNTIF($AJ$32:AJ509,TRUE()),\"\")","v":""},{"$f":"IFERROR(INDEX($AD:$AD,MATCH(ROWS($AD$32:AD509),$AK:$AK,0)),\"\")","v":""},null,false,{"$f":"IF(AN509=TRUE,COUNTIF($AN$32:AN509,TRUE()),\"\")","v":""},{"$f":"IFERROR(INDEX($AD:$AD,MATCH(ROWS($AD$32:$AD509),$AO:$AO,0)),\"\")","v":""}]
[null,null,null,null,null,null,null,null,null,null,null,null,null,null,null,null,null,null,null,null,null,null,null,null,null,null,null,null,null,{"$f":"'Baza klientów'!B479","v":0},false,{"$f":"IF(AE510=TRUE,COUNTIF($AE$32:AE510,TRUE()),\"\")","v":""},{"$f":"IFERROR(INDEX($AD:$AD,MATCH(ROWS($AD$32:AD510),$AF:$AF,0)),\"\")","v":""},null,null,false,{"$f":"IF(AJ510=TRUE,COUNTIF($AJ$32:AJ510,TRUE()),\"\")","v":""},{"$f":"IFERROR(INDEX($AD:$AD,MATCH(ROWS($AD$32:AD510),$AK:$AK,0)),\"\")","v":""},null,false,{"$f":"IF(AN510=TRUE,COUNTIF($AN$32:AN510,TRUE()),\"\")","v":""},{"$f":"IFERROR(INDEX($AD:$AD,MATCH(ROWS($AD$32:$AD510),$AO:$AO,0)),\"\")","v":""}]
[null,null,null,null,null,null,null,null,null,null,null,null,null,null,null,null,null,null,null,null,null,null,null,null,null,null,null,null,null,{"$f":"'Baza klientów'!B480","v":0},false,{"$f":"IF(AE511=TRUE,COUNTIF($AE$32:AE511,TRUE()),\"\")","v":""},{"$f":"IFERROR(INDEX($AD:$AD,MATCH(ROWS($AD$32:AD511),$AF:$AF,0)),\"\")","v":""},null,null,false,{"$f":"IF(AJ511=TRUE,COUNTIF($AJ$32:AJ511,TRUE()),\"\")","v":""},{"$f":"IFERROR(INDEX($AD:$AD,MATCH(ROWS($AD$32:AD511),$AK:$AK,0)),\"\")","v":""},null,false,{"$f":"IF(AN511=TRUE,COUNTIF($AN$32:AN511,TRUE()),\"\")","v":""},{"$f":"IFERROR(INDEX($AD:$AD,MATCH(ROWS($AD$32:$AD511),$AO:$AO,0)),\"\")","v":""}]
[null,null,null,null,null,null,null,null,null,null,null,null,null,null,null,null,null,null,null,null,null,null,null,null,null,null,null,null,null,{"$f":"'Baza klientów'!B481","v":0},false,{"$f":"IF(AE512=TRUE,COUNTIF($AE$32:AE512,TRUE()),\"\")","v":""},{"$f":"IFERROR(INDEX($AD:$AD,MATCH(ROWS($AD$32:AD512),$AF:$AF,0)),\"\")","v":""},null,null,false,{"$f":"IF(AJ512=TRUE,COUNTIF($AJ$32:AJ512,TRUE()),\"\")","v":""},{"$f":"IFERROR(INDEX($AD:$AD,MATCH(ROWS($AD$32:AD512),$AK:$AK,0)),\"\")","v":""},null,false,{"$f":"IF(AN512=TRUE,COUNTIF($AN$32:AN512,TRUE()),\"\")","v":""},{"$f":"IFERROR(INDEX($AD:$AD,MATCH(ROWS($AD$32:$AD512),$AO:$AO,0)),\"\")","v":""}]
[null,null,null,null,null,null,null,null,null,null,null,null,null,null,null,null,null,null,null,null,null,null,null,null,null,null,null,null,null,{"$f":"'Baza klientów'!B482","v":0},false,{"$f":"IF(AE513=TRUE,COUNTIF($AE$32:AE513,TRUE()),\"\")","v":""},{"$f":"IFERROR(INDEX($AD:$AD,MATCH(ROWS($AD$32:AD513),$AF:$AF,0)),\"\")","v":""},null,null,false,{"$f":"IF(AJ513=TRUE,COUNTIF($AJ$32:AJ513,TRUE()),\"\")","v":""},{"$f":"IFERROR(INDEX($AD:$AD,MATCH(ROWS($AD$32:AD513),$AK:$AK,0)),\"\")","v":""},null,false,{"$f":"IF(AN513=TRUE,COUNTIF($AN$32:AN513,TRUE()),\"\")","v":""},{"$f":"IFERROR(INDEX($AD:$AD,MATCH(ROWS($AD$32:$AD513),$AO:$AO,0)),\"\")","v":""}]
[null,null,null,null,null,null,null,null,null,null,null,null,null,null,null,null,null,null,null,null,null,null,null,null,null,null,null,null,null,{"$f":"'Baza klientów'!B483","v":0},false,{"$f":"IF(AE514=TRUE,COUNTIF($AE$32:AE514,TRUE()),\"\")","v":""},{"$f":"IFERROR(INDEX($AD:$AD,MATCH(ROWS($AD$32:AD514),$AF:$AF,0)),\"\")","v":""},null,null,false,{"$f":"IF(AJ514=TRUE,COUNTIF($AJ$32:AJ514,TRUE()),\"\")","v":""},{"$f":"IFERROR(INDEX($AD:$AD,MATCH(ROWS($AD$32:AD514),$AK:$AK,0)),\"\")","v":""},null,false,{"$f":"IF(AN514=TRUE,COUNTIF($AN$32:AN514,TRUE()),\"\")","v":""},{"$f":"IFERROR(INDEX($AD:$AD,MATCH(ROWS($AD$32:$AD514),$AO:$AO,0)),\"\")","v":""}]
[null,null,null,null,null,null,null,null,null,null,null,null,null,null,null,null,null,null,null,null,null,null,null,null,null,null,null,null,null,{"$f":"'Baza klientów'!B484","v":0},false,{"$f":"IF(AE515=TRUE,COUNTIF($AE$32:AE515,TRUE()),\"\")","v":""},{"$f":"IFERROR(INDEX($AD:$AD,MATCH(ROWS($AD$32:AD515),$AF:$AF,0)),\"\")","v":""},null,null,false,{"$f":"IF(AJ515=TRUE,COUNTIF($AJ$32:AJ515,TRUE()),\"\")","v":""},{"$f":"IFERROR(INDEX($AD:$AD,MATCH(ROWS($AD$32:AD515),$AK:$AK,0)),\"\")","v":""},null,false,{"$f":"IF(AN515=TRUE,COUNTIF($AN$32:AN515,TRUE()),\"\")","v":""},{"$f":"IFERROR(INDEX($AD:$AD,MATCH(ROWS($AD$32:$AD515),$AO:$AO,0)),\"\")","v":""}]
[null,null,null,null,null,null,null,null,null,null,null,null,null,null,null,null,null,null,null,null,null,null,null,null,null,null,null,null,null,{"$f":"'Baza klientów'!B485","v":0},false,{"$f":"IF(AE516=TRUE,COUNTIF($AE$32:AE516,TRUE()),\"\")","v":""},{"$f":"IFERROR(INDEX($AD:$AD,MATCH(ROWS($AD$32:AD516),$AF:$AF,0)),\"\")","v":""},null,null,false,{"$f":"IF(AJ516=TRUE,COUNTIF($AJ$32:AJ516,TRUE()),\"\")","v":""},{"$f":"IFERROR(INDEX($AD:$AD,MATCH(ROWS($AD$32:AD516),$AK:$AK,0)),\"\")","v":""},null,false,{"$f":"IF(AN516=TRUE,COUNTIF($AN$32:AN516,TRUE()),\"\")","v":""},{"$f":"IFERROR(INDEX($AD:$AD,MATCH(ROWS($AD$32:$AD516),$AO:$AO,0)),\"\")","v":""}]
[null,null,null,null,null,null,null,null,null,null,null,null,null,null,null,null,null,null,null,null,null,null,null,null,null,null,null,null,null,{"$f":"'Baza klientów'!B486","v":0},false,{"$f":"IF(AE517=TRUE,COUNTIF($AE$32:AE517,TRUE()),\"\")","v":""},{"$f":"IFERROR(INDEX($AD:$AD,MATCH(ROWS($AD$32:AD517),$AF:$AF,0)),\"\")","v":""},null,null,false,{"$f":"IF(AJ517=TRUE,COUNTIF($AJ$32:AJ517,TRUE()),\"\")","v":""},{"$f":"IFERROR(INDEX($AD:$AD,MATCH(ROWS($AD$32:AD517),$AK:$AK,0)),\"\")","v":""},null,false,{"$f":"IF(AN517=TRUE,COUNTIF($AN$32:AN517,TRUE()),\"\")","v":""},{"$f":"IFERROR(INDEX($AD:$AD,MATCH(ROWS($AD$32:$AD517),$AO:$AO,0)),\"\")","v":""}]
[null,null,null,null,null,null,null,null,null,null,null,null,null,null,null,null,null,null,null,null,null,null,null,null,null,null,null,null,null,{"$f":"'Baza klientów'!B487","v":0},false,{"$f":"IF(AE518=TRUE,COUNTIF($AE$32:AE518,TRUE()),\"\")","v":""},{"$f":"IFERROR(INDEX($AD:$AD,MATCH(ROWS($AD$32:AD518),$AF:$AF,0)),\"\")","v":""},null,null,false,{"$f":"IF(AJ518=TRUE,COUNTIF($AJ$32:AJ518,TRUE()),\"\")","v":""},{"$f":"IFERROR(INDEX($AD:$AD,MATCH(ROWS($AD$32:AD518),$AK:$AK,0)),\"\")","v":""},null,false,{"$f":"IF(AN518=TRUE,COUNTIF($AN$32:AN518,TRUE()),\"\")","v":""},{"$f":"IFERROR(INDEX($AD:$AD,MATCH(ROWS($AD$32:$AD518),$AO:$AO,0)),\"\")","v":""}]
[null,null,null,null,null,null,null,null,null,null,null,null,null,null,null,null,null,null,null,null,null,null,null,null,null,null,null,null,null,{"$f":"'Baza klientów'!B488","v":0},false,{"$f":"IF(AE519=TRUE,COUNTIF($AE$32:AE519,TRUE()),\"\")","v":""},{"$f":"IFERROR(INDEX($AD:$AD,MATCH(ROWS($AD$32:AD519),$AF:$AF,0)),\"\")","v":""},null,null,false,{"$f":"IF(AJ519=TRUE,COUNTIF($AJ$32:AJ519,TRUE()),\"\")","v":""},{"$f":"IFERROR(INDEX($AD:$AD,MATCH(ROWS($AD$32:AD519),$AK:$AK,0)),\"\")","v":""},null,false,{"$f":"IF(AN519=TRUE,COUNTIF($AN$32:AN519,TRUE()),\"\")","v":""},{"$f":"IFERROR(INDEX($AD:$AD,MATCH(ROWS($AD$32:$AD519),$AO:$AO,0)),\"\")","v":""}]
[null,null,null,null,null,null,null,null,null,null,null,null,null,null,null,null,null,null,null,null,null,null,null,null,null,null,null,null,null,{"$f":"'Baza klientów'!B489","v":0},false,{"$f":"IF(AE520=TRUE,COUNTIF($AE$32:AE520,TRUE()),\"\")","v":""},{"$f":"IFERROR(INDEX($AD:$AD,MATCH(ROWS($AD$32:AD520),$AF:$AF,0)),\"\")","v":""},null,null,false,{"$f":"IF(AJ520=TRUE,COUNTIF($AJ$32:AJ520,TRUE()),\"\")","v":""},{"$f":"IFERROR(INDEX($AD:$AD,MATCH(ROWS($AD$32:AD520),$AK:$AK,0)),\"\")","v":""},null,false,{"$f":"IF(AN520=TRUE,COUNTIF($AN$32:AN520,TRUE()),\"\")","v":""},{"$f":"IFERROR(INDEX($AD:$AD,MATCH(ROWS($AD$32:$AD520),$AO:$AO,0)),\"\")","v":""}]
[null,null,null,null,null,null,null,null,null,null,null,null,null,null,null,null,null,null,null,null,null,null,null,null,null,null,null,null,null,{"$f":"'Baza klientów'!B490","v":0},false,{"$f":"IF(AE521=TRUE,COUNTIF($AE$32:AE521,TRUE()),\"\")","v":""},{"$f":"IFERROR(INDEX($AD:$AD,MATCH(ROWS($AD$32:AD521),$AF:$AF,0)),\"\")","v":""},null,null,false,{"$f":"IF(AJ521=TRUE,COUNTIF($AJ$32:AJ521,TRUE()),\"\")","v":""},{"$f":"IFERROR(INDEX($AD:$AD,MATCH(ROWS($AD$32:AD521),$AK:$AK,0)),\"\")","v":""},null,false,{"$f":"IF(AN521=TRUE,COUNTIF($AN$32:AN521,TRUE()),\"\")","v":""},{"$f":"IFERROR(INDEX($AD:$AD,MATCH(ROWS($AD$32:$AD521),$AO:$AO,0)),\"\")","v":""}]
[null,null,null,null,null,null,null,null,null,null,null,null,null,null,null,null,null,null,null,null,null,null,null,null,null,null,null,null,null,{"$f":"'Baza klientów'!B491","v":0},false,{"$f":"IF(AE522=TRUE,COUNTIF($AE$32:AE522,TRUE()),\"\")","v":""},{"$f":"IFERROR(INDEX($AD:$AD,MATCH(ROWS($AD$32:AD522),$AF:$AF,0)),\"\")","v":""},null,null,false,{"$f":"IF(AJ522=TRUE,COUNTIF($AJ$32:AJ522,TRUE()),\"\")","v":""},{"$f":"IFERROR(INDEX($AD:$AD,MATCH(ROWS($AD$32:AD522),$AK:$AK,0)),\"\")","v":""},null,false,{"$f":"IF(AN522=TRUE,COUNTIF($AN$32:AN522,TRUE()),\"\")","v":""},{"$f":"IFERROR(INDEX($AD:$AD,MATCH(ROWS($AD$32:$AD522),$AO:$AO,0)),\"\")","v":""}]
[null,null,null,null,null,null,null,null,null,null,null,null,null,null,null,null,null,null,null,null,null,null,null,null,null,null,null,null,null,{"$f":"'Baza klientów'!B492","v":0},false,{"$f":"IF(AE523=TRUE,COUNTIF($AE$32:AE523,TRUE()),\"\")","v":""},{"$f":"IFERROR(INDEX($AD:$AD,MATCH(ROWS($AD$32:AD523),$AF:$AF,0)),\"\")","v":""},null,null,false,{"$f":"IF(AJ523=TRUE,COUNTIF($AJ$32:AJ523,TRUE()),\"\")","v":""},{"$f":"IFERROR(INDEX($AD:$AD,MATCH(ROWS($AD$32:AD523),$AK:$AK,0)),\"\")","v":""},null,false,{"$f":"IF(AN523=TRUE,COUNTIF($AN$32:AN523,TRUE()),\"\")","v":""},{"$f":"IFERROR(INDEX($AD:$AD,MATCH(ROWS($AD$32:$AD523),$AO:$AO,0)),\"\")","v":""}]
[null,null,null,null,null,null,null,null,null,null,null,null,null,null,null,null,null,null,null,null,null,null,null,null,null,null,null,null,null,{"$f":"'Baza klientów'!B493","v":0},false,{"$f":"IF(AE524=TRUE,COUNTIF($AE$32:AE524,TRUE()),\"\")","v":""},{"$f":"IFERROR(INDEX($AD:$AD,MATCH(ROWS($AD$32:AD524),$AF:$AF,0)),\"\")","v":""},null,null,false,{"$f":"IF(AJ524=TRUE,COUNTIF($AJ$32:AJ524,TRUE()),\"\")","v":""},{"$f":"IFERROR(INDEX($AD:$AD,MATCH(ROWS($AD$32:AD524),$AK:$AK,0)),\"\")","v":""},null,false,{"$f":"IF(AN524=TRUE,COUNTIF($AN$32:AN524,TRUE()),\"\")","v":""},{"$f":"IFERROR(INDEX($AD:$AD,MATCH(ROWS($AD$32:$AD524),$AO:$AO,0)),\"\")","v":""}]
[null,null,null,null,null,null,null,null,null,null,null,null,null,null,null,null,null,null,null,null,null,null,null,null,null,null,null,null,null,{"$f":"'Baza klientów'!B494","v":0},false,{"$f":"IF(AE525=TRUE,COUNTIF($AE$32:AE525,TRUE()),\"\")","v":""},{"$f":"IFERROR(INDEX($AD:$AD,MATCH(ROWS($AD$32:AD525),$AF:$AF,0)),\"\")","v":""},null,null,false,{"$f":"IF(AJ525=TRUE,COUNTIF($AJ$32:AJ525,TRUE()),\"\")","v":""},{"$f":"IFERROR(INDEX($AD:$AD,MATCH(ROWS($AD$32:AD525),$AK:$AK,0)),\"\")","v":""},null,false,{"$f":"IF(AN525=TRUE,COUNTIF($AN$32:AN525,TRUE()),\"\")","v":""},{"$f":"IFERROR(INDEX($AD:$AD,MATCH(ROWS($AD$32:$AD525),$AO:$AO,0)),\"\")","v":""}]
[null,null,null,null,null,null,null,null,null,null,null,null,null,null,null,null,null,null,null,null,null,null,null,null,null,null,null,null,null,{"$f":"'Baza klientów'!B495","v":0},false,{"$f":"IF(AE526=TRUE,COUNTIF($AE$32:AE526,TRUE()),\"\")","v":""},{"$f":"IFERROR(INDEX($AD:$AD,MATCH(ROWS($AD$32:AD526),$AF:$AF,0)),\"\")","v":""},null,null,false,{"$f":"IF(AJ526=TRUE,COUNTIF($AJ$32:AJ526,TRUE()),\"\")","v":""},{"$f":"IFERROR(INDEX($AD:$AD,MATCH(ROWS($AD$32:AD526),$AK:$AK,0)),\"\")","v":""},null,false,{"$f":"IF(AN526=TRUE,COUNTIF($AN$32:AN526,TRUE()),\"\")","v":""},{"$f":"IFERROR(INDEX($AD:$AD,MATCH(ROWS($AD$32:$AD526),$AO:$AO,0)),\"\")","v":""}]
[null,null,null,null,null,null,null,null,null,null,null,null,null,null,null,null,null,null,null,null,null,null,null,null,null,null,null,null,null,{"$f":"'Baza klientów'!B496","v":0},false,{"$f":"IF(AE527=TRUE,COUNTIF($AE$32:AE527,TRUE()),\"\")","v":""},{"$f":"IFERROR(INDEX($AD:$AD,MATCH(ROWS($AD$32:AD527),$AF:$AF,0)),\"\")","v":""},null,null,false,{"$f":"IF(AJ527=TRUE,COUNTIF($AJ$32:AJ527,TRUE()),\"\")","v":""},{"$f":"IFERROR(INDEX($AD:$AD,MATCH(ROWS($AD$32:AD527),$AK:$AK,0)),\"\")","v":""},null,false,{"$f":"IF(AN527=TRUE,COUNTIF($AN$32:AN527,TRUE()),\"\")","v":""},{"$f":"IFERROR(INDEX($AD:$AD,MATCH(ROWS($AD$32:$AD527),$AO:$AO,0)),\"\")","v":""}]
[null,null,null,null,null,null,null,null,null,null,null,null,null,null,null,null,null,null,null,null,null,null,null,null,null,null,null,null,null,{"$f":"'Baza klientów'!B497","v":0},false,{"$f":"IF(AE528=TRUE,COUNTIF($AE$32:AE528,TRUE()),\"\")","v":""},{"$f":"IFERROR(INDEX($AD:$AD,MATCH(ROWS($AD$32:AD528),$AF:$AF,0)),\"\")","v":""},null,null,false,{"$f":"IF(AJ528=TRUE,COUNTIF($AJ$32:AJ528,TRUE()),\"\")","v":""},{"$f":"IFERROR(INDEX($AD:$AD,MATCH(ROWS($AD$32:AD528),$AK:$AK,0)),\"\")","v":""},null,false,{"$f":"IF(AN528=TRUE,COUNTIF($AN$32:AN528,TRUE()),\"\")","v":""},{"$f":"IFERROR(INDEX($AD:$AD,MATCH(ROWS($AD$32:$AD528),$AO:$AO,0)),\"\")","v":""}]
[null,null,null,null,null,null,null,null,null,null,null,null,null,null,null,null,null,null,null,null,null,null,null,null,null,null,null,null,null,{"$f":"'Baza klientów'!B498","v":0},false,{"$f":"IF(AE529=TRUE,COUNTIF($AE$32:AE529,TRUE()),\"\")","v":""},{"$f":"IFERROR(INDEX($AD:$AD,MATCH(ROWS($AD$32:AD529),$AF:$AF,0)),\"\")","v":""},null,null,false,{"$f":"IF(AJ529=TRUE,COUNTIF($AJ$32:AJ529,TRUE()),\"\")","v":""},{"$f":"IFERROR(INDEX($AD:$AD,MATCH(ROWS($AD$32:AD529),$AK:$AK,0)),\"\")","v":""},null,false,{"$f":"IF(AN529=TRUE,COUNTIF($AN$32:AN529,TRUE()),\"\")","v":""},{"$f":"IFERROR(INDEX($AD:$AD,MATCH(ROWS($AD$32:$AD529),$AO:$AO,0)),\"\")","v":""}]
[null,null,null,null,null,null,null,null,null,null,null,null,null,null,null,null,null,null,null,null,null,null,null,null,null,null,null,null,null,{"$f":"'Baza klientów'!B499","v":0},false,{"$f":"IF(AE530=TRUE,COUNTIF($AE$32:AE530,TRUE()),\"\")","v":""},{"$f":"IFERROR(INDEX($AD:$AD,MATCH(ROWS($AD$32:AD530),$AF:$AF,0)),\"\")","v":""},null,null,false,{"$f":"IF(AJ530=TRUE,COUNTIF($AJ$32:AJ530,TRUE()),\"\")","v":""},{"$f":"IFERROR(INDEX($AD:$AD,MATCH(ROWS($AD$32:AD530),$AK:$AK,0)),\"\")","v":""},null,false,{"$f":"IF(AN530=TRUE,COUNTIF($AN$32:AN530,TRUE()),\"\")","v":""},{"$f":"IFERROR(INDEX($AD:$AD,MATCH(ROWS($AD$32:$AD530),$AO:$AO,0)),\"\")","v":""}]
[null,null,null,null,null,null,null,null,null,null,null,null,null,null,null,null,null,null,null,null,null,null,null,null,null,null,null,null,null,{"$f":"'Baza klientów'!B500","v":0},false,{"$f":"IF(AE531=TRUE,COUNTIF($AE$32:AE531,TRUE()),\"\")","v":""},{"$f":"IFERROR(INDEX($AD:$AD,MATCH(ROWS($AD$32:AD531),$AF:$AF,0)),\"\")","v":""},null,null,false,{"$f":"IF(AJ531=TRUE,COUNTIF($AJ$32:AJ531,TRUE()),\"\")","v":""},{"$f":"IFERROR(INDEX($AD:$AD,MATCH(ROWS($AD$32:AD531),$AK:$AK,0)),\"\")","v":""},null,false,{"$f":"IF(AN531=TRUE,COUNTIF($AN$32:AN531,TRUE()),\"\")","v":""},{"$f":"IFERROR(INDEX($AD:$AD,MATCH(ROWS($AD$32:$AD531),$AO:$AO,0)),\"\")","v":""}]
[null,null,null,null,null,null,null,null,null,null,null,null,null,null,null,null,null,null,null,null,null,null,null,null,null,null,null,null,null,{"$f":"'Baza klientów'!B501","v":0},false,{"$f":"IF(AE532=TRUE,COUNTIF($AE$32:AE532,TRUE()),\"\")","v":""},{"$f":"IFERROR(INDEX($AD:$AD,MATCH(ROWS($AD$32:AD532),$AF:$AF,0)),\"\")","v":""},null,null,false,{"$f":"IF(AJ532=TRUE,COUNTIF($AJ$32:AJ532,TRUE()),\"\")","v":""},{"$f":"IFERROR(INDEX($AD:$AD,MATCH(ROWS($AD$32:AD532),$AK:$AK,0)),\"\")","v":""},null,false,{"$f":"IF(AN532=TRUE,COUNTIF($AN$32:AN532,TRUE()),\"\")","v":""},{"$f":"IFERROR(INDEX($AD:$AD,MATCH(ROWS($AD$32:$AD532),$AO:$AO,0)),\"\")","v":""}]
[null,null,null,null,null,null,null,null,null,null,null,null,null,null,null,null,null,null,null,null,null,null,null,null,null,null,null,null,null,{"$f":"'Baza klientów'!B502","v":0},false,{"$f":"IF(AE533=TRUE,COUNTIF($AE$32:AE533,TRUE()),\"\")","v":""},{"$f":"IFERROR(INDEX($AD:$AD,MATCH(ROWS($AD$32:AD533),$AF:$AF,0)),\"\")","v":""},null,null,false,{"$f":"IF(AJ533=TRUE,COUNTIF($AJ$32:AJ533,TRUE()),\"\")","v":""},{"$f":"IFERROR(INDEX($AD:$AD,MATCH(ROWS($AD$32:AD533),$AK:$AK,0)),\"\")","v":""},null,false,{"$f":"IF(AN533=TRUE,COUNTIF($AN$32:AN533,TRUE()),\"\")","v":""},{"$f":"IFERROR(INDEX($AD:$AD,MATCH(ROWS($AD$32:$AD533),$AO:$AO,0)),\"\")","v":""}]
[null,null,null,null,null,null,null,null,null,null,null,null,null,null,null,null,null,null,null,null,null,null,null,null,null,null,null,null,null,{"$f":"'Baza klientów'!B503","v":0},false,{"$f":"IF(AE534=TRUE,COUNTIF($AE$32:AE534,TRUE()),\"\")","v":""},{"$f":"IFERROR(INDEX($AD:$AD,MATCH(ROWS($AD$32:AD534),$AF:$AF,0)),\"\")","v":""},null,null,false,{"$f":"IF(AJ534=TRUE,COUNTIF($AJ$32:AJ534,TRUE()),\"\")","v":""},{"$f":"IFERROR(INDEX($AD:$AD,MATCH(ROWS($AD$32:AD534),$AK:$AK,0)),\"\")","v":""},null,false,{"$f":"IF(AN534=TRUE,COUNTIF($AN$32:AN534,TRUE()),\"\")","v":""},{"$f":"IFERROR(INDEX($AD:$AD,MATCH(ROWS($AD$32:$AD534),$AO:$AO,0)),\"\")","v":""}]
[null,null,null,null,null,null,null,null,null,null,null,null,null,null,null,null,null,null,null,null,null,null,null,null,null,null,null,null,null,{"$f":"'Baza klientów'!B504","v":0},false,{"$f":"IF(AE535=TRUE,COUNTIF($AE$32:AE535,TRUE()),\"\")","v":""},{"$f":"IFERROR(INDEX($AD:$AD,MATCH(ROWS($AD$32:AD535),$AF:$AF,0)),\"\")","v":""},null,null,false,{"$f":"IF(AJ535=TRUE,COUNTIF($AJ$32:AJ535,TRUE()),\"\")","v":""},{"$f":"IFERROR(INDEX($AD:$AD,MATCH(ROWS($AD$32:AD535),$AK:$AK,0)),\"\")","v":""},null,false,{"$f":"IF(AN535=TRUE,COUNTIF($AN$32:AN535,TRUE()),\"\")","v":""},{"$f":"IFERROR(INDEX($AD:$AD,MATCH(ROWS($AD$32:$AD535),$AO:$AO,0)),\"\")","v":""}]
[null,null,null,null,null,null,null,null,null,null,null,null,null,null,null,null,null,null,null,null,null,null,null,null,null,null,null,null,null,{"$f":"'Baza klientów'!B505","v":0},false,{"$f":"IF(AE536=TRUE,COUNTIF($AE$32:AE536,TRUE()),\"\")","v":""},{"$f":"IFERROR(INDEX($AD:$AD,MATCH(ROWS($AD$32:AD536),$AF:$AF,0)),\"\")","v":""},null,null,false,{"$f":"IF(AJ536=TRUE,COUNTIF($AJ$32:AJ536,TRUE()),\"\")","v":""},{"$f":"IFERROR(INDEX($AD:$AD,MATCH(ROWS($AD$32:AD536),$AK:$AK,0)),\"\")","v":""},null,false,{"$f":"IF(AN536=TRUE,COUNTIF($AN$32:AN536,TRUE()),\"\")","v":""},{"$f":"IFERROR(INDEX($AD:$AD,MATCH(ROWS($AD$32:$AD536),$AO:$AO,0)),\"\")","v":""}]
[null,null,null,null,null,null,null,null,null,null,null,null,null,null,null,null,null,null,null,null,null,null,null,null,null,null,null,null,null,{"$f":"'Baza klientów'!B506","v":0},false,{"$f":"IF(AE537=TRUE,COUNTIF($AE$32:AE537,TRUE()),\"\")","v":""},{"$f":"IFERROR(INDEX($AD:$AD,MATCH(ROWS($AD$32:AD537),$AF:$AF,0)),\"\")","v":""},null,null,false,{"$f":"IF(AJ537=TRUE,COUNTIF($AJ$32:AJ537,TRUE()),\"\")","v":""},{"$f":"IFERROR(INDEX($AD:$AD,MATCH(ROWS($AD$32:AD537),$AK:$AK,0)),\"\")","v":""},null,false,{"$f":"IF(AN537=TRUE,COUNTIF($AN$32:AN537,TRUE()),\"\")","v":""},{"$f":"IFERROR(INDEX($AD:$AD,MATCH(ROWS($AD$32:$AD537),$AO:$AO,0)),\"\")","v":""}]
[null,null,null,null,null,null,null,null,null,null,null,null,null,null,null,null,null,null,null,null,null,null,null,null,null,null,null,null,null,{"$f":"'Baza klientów'!B507","v":0},false,{"$f":"IF(AE538=TRUE,COUNTIF($AE$32:AE538,TRUE()),\"\")","v":""},{"$f":"IFERROR(INDEX($AD:$AD,MATCH(ROWS($AD$32:AD538),$AF:$AF,0)),\"\")","v":""},null,null,false,{"$f":"IF(AJ538=TRUE,COUNTIF($AJ$32:AJ538,TRUE()),\"\")","v":""},{"$f":"IFERROR(INDEX($AD:$AD,MATCH(ROWS($AD$32:AD538),$AK:$AK,0)),\"\")","v":""},null,false,{"$f":"IF(AN538=TRUE,COUNTIF($AN$32:AN538,TRUE()),\"\")","v":""},{"$f":"IFERROR(INDEX($AD:$AD,MATCH(ROWS($AD$32:$AD538),$AO:$AO,0)),\"\")","v":""}]
[null,null,null,null,null,null,null,null,null,null,null,null,null,null,null,null,null,null,null,null,null,null,null,null,null,null,null,null,null,{"$f":"'Baza klientów'!B508","v":0},false,{"$f":"IF(AE539=TRUE,COUNTIF($AE$32:AE539,TRUE()),\"\")","v":""},{"$f":"IFERROR(INDEX($AD:$AD,MATCH(ROWS($AD$32:AD539),$AF:$AF,0)),\"\")","v":""},null,null,false,{"$f":"IF(AJ539=TRUE,COUNTIF($AJ$32:AJ539,TRUE()),\"\")","v":""},{"$f":"IFERROR(INDEX($AD:$AD,MATCH(ROWS($AD$32:AD539),$AK:$AK,0)),\"\")","v":""},null,false,{"$f":"IF(AN539=TRUE,COUNTIF($AN$32:AN539,TRUE()),\"\")","v":""},{"$f":"IFERROR(INDEX($AD:$AD,MATCH(ROWS($AD$32:$AD539),$AO:$AO,0)),\"\")","v":""}]
[null,null,null,null,null,null,null,null,null,null,null,null,null,null,null,null,null,null,null,null,null,null,null,null,null,null,null,null,null,{"$f":"'Baza klientów'!B509","v":0},false,{"$f":"IF(AE540=TRUE,COUNTIF($AE$32:AE540,TRUE()),\"\")","v":""},{"$f":"IFERROR(INDEX($AD:$AD,MATCH(ROWS($AD$32:AD540),$AF:$AF,0)),\"\")","v":""},null,null,false,{"$f":"IF(AJ540=TRUE,COUNTIF($AJ$32:AJ540,TRUE()),\"\")","v":""},{"$f":"IFERROR(INDEX($AD:$AD,MATCH(ROWS($AD$32:AD540),$AK:$AK,0)),\"\")","v":""},null,false,{"$f":"IF(AN540=TRUE,COUNTIF($AN$32:AN540,TRUE()),\"\")","v":""},{"$f":"IFERROR(INDEX($AD:$AD,MATCH(ROWS($AD$32:$AD540),$AO:$AO,0)),\"\")","v":""}]
[null,null,null,null,null,null,null,null,null,null,null,null,null,null,null,null,null,null,null,null,null,null,null,null,null,null,null,null,null,{"$f":"'Baza klientów'!B510","v":0},false,{"$f":"IF(AE541=TRUE,COUNTIF($AE$32:AE541,TRUE()),\"\")","v":""},{"$f":"IFERROR(INDEX($AD:$AD,MATCH(ROWS($AD$32:AD541),$AF:$AF,0)),\"\")","v":""},null,null,false,{"$f":"IF(AJ541=TRUE,COUNTIF($AJ$32:AJ541,TRUE()),\"\")","v":""},{"$f":"IFERROR(INDEX($AD:$AD,MATCH(ROWS($AD$32:AD541),$AK:$AK,0)),\"\")","v":""},null,false,{"$f":"IF(AN541=TRUE,COUNTIF($AN$32:AN541,TRUE()),\"\")","v":""},{"$f":"IFERROR(INDEX($AD:$AD,MATCH(ROWS($AD$32:$AD541),$AO:$AO,0)),\"\")","v":""}]
[null,null,null,null,null,null,null,null,null,null,null,null,null,null,null,null,null,null,null,null,null,null,null,null,null,null,null,null,null,{"$f":"'Baza klientów'!B511","v":0},false,{"$f":"IF(AE542=TRUE,COUNTIF($AE$32:AE542,TRUE()),\"\")","v":""},{"$f":"IFERROR(INDEX($AD:$AD,MATCH(ROWS($AD$32:AD542),$AF:$AF,0)),\"\")","v":""},null,null,false,{"$f":"IF(AJ542=TRUE,COUNTIF($AJ$32:AJ542,TRUE()),\"\")","v":""},{"$f":"IFERROR(INDEX($AD:$AD,MATCH(ROWS($AD$32:AD542),$AK:$AK,0)),\"\")","v":""},null,false,{"$f":"IF(AN542=TRUE,COUNTIF($AN$32:AN542,TRUE()),\"\")","v":""},{"$f":"IFERROR(INDEX($AD:$AD,MATCH(ROWS($AD$32:$AD542),$AO:$AO,0)),\"\")","v":""}]
[null,null,null,null,null,null,null,null,null,null,null,null,null,null,null,null,null,null,null,null,null,null,null,null,null,null,null,null,null,{"$f":"'Baza klientów'!B512","v":0},false,{"$f":"IF(AE543=TRUE,COUNTIF($AE$32:AE543,TRUE()),\"\")","v":""},{"$f":"IFERROR(INDEX($AD:$AD,MATCH(ROWS($AD$32:AD543),$AF:$AF,0)),\"\")","v":""},null,null,false,{"$f":"IF(AJ543=TRUE,COUNTIF($AJ$32:AJ543,TRUE()),\"\")","v":""},{"$f":"IFERROR(INDEX($AD:$AD,MATCH(ROWS($AD$32:AD543),$AK:$AK,0)),\"\")","v":""},null,false,{"$f":"IF(AN543=TRUE,COUNTIF($AN$32:AN543,TRUE()),\"\")","v":""},{"$f":"IFERROR(INDEX($AD:$AD,MATCH(ROWS($AD$32:$AD543),$AO:$AO,0)),\"\")","v":""}]
[null,null,null,null,null,null,null,null,null,null,null,null,null,null,null,null,null,null,null,null,null,null,null,null,null,null,null,null,null,{"$f":"'Baza klientów'!B513","v":0},false,{"$f":"IF(AE544=TRUE,COUNTIF($AE$32:AE544,TRUE()),\"\")","v":""},{"$f":"IFERROR(INDEX($AD:$AD,MATCH(ROWS($AD$32:AD544),$AF:$AF,0)),\"\")","v":""},null,null,false,{"$f":"IF(AJ544=TRUE,COUNTIF($AJ$32:AJ544,TRUE()),\"\")","v":""},{"$f":"IFERROR(INDEX($AD:$AD,MATCH(ROWS($AD$32:AD544),$AK:$AK,0)),\"\")","v":""},null,false,{"$f":"IF(AN544=TRUE,COUNTIF($AN$32:AN544,TRUE()),\"\")","v":""},{"$f":"IFERROR(INDEX($AD:$AD,MATCH(ROWS($AD$32:$AD544),$AO:$AO,0)),\"\")","v":""}]
[null,null,null,null,null,null,null,null,null,null,null,null,null,null,null,null,null,null,null,null,null,null,null,null,null,null,null,null,null,{"$f":"'Baza klientów'!B514","v":0},{"$f":"ISNUMBER(SEARCH($AH$32,AD545))","v":false},{"$f":"IF(AE545=TRUE,COUNTIF($AE$32:AE545,TRUE()),\"\")","v":""},{"$f":"IFERROR(INDEX($AD:$AD,MATCH(ROWS($AD$32:AD545),$AF:$AF,0)),\"\")","v":""},null,null,{"$f":"ISNUMBER(SEARCH($AM$31,AD545))","v":false},{"$f":"IF(AJ545=TRUE,COUNTIF($AJ$32:AJ545,TRUE()),\"\")","v":""},{"$f":"IFERROR(INDEX($AD:$AD,MATCH(ROWS($AD$32:AD545),$AK:$AK,0)),\"\")","v":""},null,{"$f":"ISNUMBER(SEARCH($AQ$31,$AD545))","v":false},{"$f":"IF(AN545=TRUE,COUNTIF($AN$32:AN545,TRUE()),\"\")","v":""},{"$f":"IFERROR(INDEX($AD:$AD,MATCH(ROWS($AD$32:$AD545),$AO:$AO,0)),\"\")","v":""}]
[null,null,null,null,null,null,null,null,null,null,null,null,null,null,null,null,null,null,null,null,null,null,null,null,null,null,null,null,null,{"$f":"'Baza klientów'!B515","v":0},false,{"$f":"IF(AE546=TRUE,COUNTIF($AE$32:AE546,TRUE()),\"\")","v":""},{"$f":"IFERROR(INDEX($AD:$AD,MATCH(ROWS($AD$32:AD546),$AF:$AF,0)),\"\")","v":""},null,null,false,{"$f":"IF(AJ546=TRUE,COUNTIF($AJ$32:AJ546,TRUE()),\"\")","v":""},{"$f":"IFERROR(INDEX($AD:$AD,MATCH(ROWS($AD$32:AD546),$AK:$AK,0)),\"\")","v":""},null,false,{"$f":"IF(AN546=TRUE,COUNTIF($AN$32:AN546,TRUE()),\"\")","v":""},{"$f":"IFERROR(INDEX($AD:$AD,MATCH(ROWS($AD$32:$AD546),$AO:$AO,0)),\"\")","v":""}]
[null,null,null,null,null,null,null,null,null,null,null,null,null,null,null,null,null,null,null,null,null,null,null,null,null,null,null,null,null,{"$f":"'Baza klientów'!B516","v":0},false,{"$f":"IF(AE547=TRUE,COUNTIF($AE$32:AE547,TRUE()),\"\")","v":""},{"$f":"IFERROR(INDEX($AD:$AD,MATCH(ROWS($AD$32:AD547),$AF:$AF,0)),\"\")","v":""},null,null,false,{"$f":"IF(AJ547=TRUE,COUNTIF($AJ$32:AJ547,TRUE()),\"\")","v":""},{"$f":"IFERROR(INDEX($AD:$AD,MATCH(ROWS($AD$32:AD547),$AK:$AK,0)),\"\")","v":""},null,false,{"$f":"IF(AN547=TRUE,COUNTIF($AN$32:AN547,TRUE()),\"\")","v":""},{"$f":"IFERROR(INDEX($AD:$AD,MATCH(ROWS($AD$32:$AD547),$AO:$AO,0)),\"\")","v":""}]
[null,null,null,null,null,null,null,null,null,null,null,null,null,null,null,null,null,null,null,null,null,null,null,null,null,null,null,null,null,{"$f":"'Baza klientów'!B517","v":0},false,{"$f":"IF(AE548=TRUE,COUNTIF($AE$32:AE548,TRUE()),\"\")","v":""},{"$f":"IFERROR(INDEX($AD:$AD,MATCH(ROWS($AD$32:AD548),$AF:$AF,0)),\"\")","v":""},null,null,false,{"$f":"IF(AJ548=TRUE,COUNTIF($AJ$32:AJ548,TRUE()),\"\")","v":""},{"$f":"IFERROR(INDEX($AD:$AD,MATCH(ROWS($AD$32:AD548),$AK:$AK,0)),\"\")","v":""},null,false,{"$f":"IF(AN548=TRUE,COUNTIF($AN$32:AN548,TRUE()),\"\")","v":""},{"$f":"IFERROR(INDEX($AD:$AD,MATCH(ROWS($AD$32:$AD548),$AO:$AO,0)),\"\")","v":""}]
[null,null,null,null,null,null,null,null,null,null,null,null,null,null,null,null,null,null,null,null,null,null,null,null,null,null,null,null,null,{"$f":"'Baza klientów'!B518","v":0},false,{"$f":"IF(AE549=TRUE,COUNTIF($AE$32:AE549,TRUE()),\"\")","v":""},{"$f":"IFERROR(INDEX($AD:$AD,MATCH(ROWS($AD$32:AD549),$AF:$AF,0)),\"\")","v":""},null,null,false,{"$f":"IF(AJ549=TRUE,COUNTIF($AJ$32:AJ549,TRUE()),\"\")","v":""},{"$f":"IFERROR(INDEX($AD:$AD,MATCH(ROWS($AD$32:AD549),$AK:$AK,0)),\"\")","v":""},null,false,{"$f":"IF(AN549=TRUE,COUNTIF($AN$32:AN549,TRUE()),\"\")","v":""},{"$f":"IFERROR(INDEX($AD:$AD,MATCH(ROWS($AD$32:$AD549),$AO:$AO,0)),\"\")","v":""}]
[null,null,null,null,null,null,null,null,null,null,null,null,null,null,null,null,null,null,null,null,null,null,null,null,null,null,null,null,null,{"$f":"'Baza klientów'!B519","v":0},false,{"$f":"IF(AE550=TRUE,COUNTIF($AE$32:AE550,TRUE()),\"\")","v":""},{"$f":"IFERROR(INDEX($AD:$AD,MATCH(ROWS($AD$32:AD550),$AF:$AF,0)),\"\")","v":""},null,null,false,{"$f":"IF(AJ550=TRUE,COUNTIF($AJ$32:AJ550,TRUE()),\"\")","v":""},{"$f":"IFERROR(INDEX($AD:$AD,MATCH(ROWS($AD$32:AD550),$AK:$AK,0)),\"\")","v":""},null,false,{"$f":"IF(AN550=TRUE,COUNTIF($AN$32:AN550,TRUE()),\"\")","v":""},{"$f":"IFERROR(INDEX($AD:$AD,MATCH(ROWS($AD$32:$AD550),$AO:$AO,0)),\"\")","v":""}]
[null,null,null,null,null,null,null,null,null,null,null,null,null,null,null,null,null,null,null,null,null,null,null,null,null,null,null,null,null,{"$f":"'Baza klientów'!B520","v":0},false,{"$f":"IF(AE551=TRUE,COUNTIF($AE$32:AE551,TRUE()),\"\")","v":""},{"$f":"IFERROR(INDEX($AD:$AD,MATCH(ROWS($AD$32:AD551),$AF:$AF,0)),\"\")","v":""},null,null,false,{"$f":"IF(AJ551=TRUE,COUNTIF($AJ$32:AJ551,TRUE()),\"\")","v":""},{"$f":"IFERROR(INDEX($AD:$AD,MATCH(ROWS($AD$32:AD551),$AK:$AK,0)),\"\")","v":""},null,false,{"$f":"IF(AN551=TRUE,COUNTIF($AN$32:AN551,TRUE()),\"\")","v":""},{"$f":"IFERROR(INDEX($AD:$AD,MATCH(ROWS($AD$32:$AD551),$AO:$AO,0)),\"\")","v":""}]
[null,null,null,null,null,null,null,null,null,null,null,null,null,null,null,null,null,null,null,null,null,null,null,null,null,null,null,null,null,{"$f":"'Baza klientów'!B521","v":0},false,{"$f":"IF(AE552=TRUE,COUNTIF($AE$32:AE552,TRUE()),\"\")","v":""},{"$f":"IFERROR(INDEX($AD:$AD,MATCH(ROWS($AD$32:AD552),$AF:$AF,0)),\"\")","v":""},null,null,false,{"$f":"IF(AJ552=TRUE,COUNTIF($AJ$32:AJ552,TRUE()),\"\")","v":""},{"$f":"IFERROR(INDEX($AD:$AD,MATCH(ROWS($AD$32:AD552),$AK:$AK,0)),\"\")","v":""},null,false,{"$f":"IF(AN552=TRUE,COUNTIF($AN$32:AN552,TRUE()),\"\")","v":""},{"$f":"IFERROR(INDEX($AD:$AD,MATCH(ROWS($AD$32:$AD552),$AO:$AO,0)),\"\")","v":""}]
[null,null,null,null,null,null,null,null,null,null,null,null,null,null,null,null,null,null,null,null,null,null,null,null,null,null,null,null,null,{"$f":"'Baza klientów'!B522","v":0},false,{"$f":"IF(AE553=TRUE,COUNTIF($AE$32:AE553,TRUE()),\"\")","v":""},{"$f":"IFERROR(INDEX($AD:$AD,MATCH(ROWS($AD$32:AD553),$AF:$AF,0)),\"\")","v":""},null,null,false,{"$f":"IF(AJ553=TRUE,COUNTIF($AJ$32:AJ553,TRUE()),\"\")","v":""},{"$f":"IFERROR(INDEX($AD:$AD,MATCH(ROWS($AD$32:AD553),$AK:$AK,0)),\"\")","v":""},null,false,{"$f":"IF(AN553=TRUE,COUNTIF($AN$32:AN553,TRUE()),\"\")","v":""},{"$f":"IFERROR(INDEX($AD:$AD,MATCH(ROWS($AD$32:$AD553),$AO:$AO,0)),\"\")","v":""}]
[null,null,null,null,null,null,null,null,null,null,null,null,null,null,null,null,null,null,null,null,null,null,null,null,null,null,null,null,null,{"$f":"'Baza klientów'!B523","v":0},false,{"$f":"IF(AE554=TRUE,COUNTIF($AE$32:AE554,TRUE()),\"\")","v":""},{"$f":"IFERROR(INDEX($AD:$AD,MATCH(ROWS($AD$32:AD554),$AF:$AF,0)),\"\")","v":""},null,null,false,{"$f":"IF(AJ554=TRUE,COUNTIF($AJ$32:AJ554,TRUE()),\"\")","v":""},{"$f":"IFERROR(INDEX($AD:$AD,MATCH(ROWS($AD$32:AD554),$AK:$AK,0)),\"\")","v":""},null,false,{"$f":"IF(AN554=TRUE,COUNTIF($AN$32:AN554,TRUE()),\"\")","v":""},{"$f":"IFERROR(INDEX($AD:$AD,MATCH(ROWS($AD$32:$AD554),$AO:$AO,0)),\"\")","v":""}]
[null,null,null,null,null,null,null,null,null,null,null,null,null,null,null,null,null,null,null,null,null,null,null,null,null,null,null,null,null,{"$f":"'Baza klientów'!B524","v":0},false,{"$f":"IF(AE555=TRUE,COUNTIF($AE$32:AE555,TRUE()),\"\")","v":""},{"$f":"IFERROR(INDEX($AD:$AD,MATCH(ROWS($AD$32:AD555),$AF:$AF,0)),\"\")","v":""},null,null,false,{"$f":"IF(AJ555=TRUE,COUNTIF($AJ$32:AJ555,TRUE()),\"\")","v":""},{"$f":"IFERROR(INDEX($AD:$AD,MATCH(ROWS($AD$32:AD555),$AK:$AK,0)),\"\")","v":""},null,false,{"$f":"IF(AN555=TRUE,COUNTIF($AN$32:AN555,TRUE()),\"\")","v":""},{"$f":"IFERROR(INDEX($AD:$AD,MATCH(ROWS($AD$32:$AD555),$AO:$AO,0)),\"\")","v":""}]
[null,null,null,null,null,null,null,null,null,null,null,null,null,null,null,null,null,null,null,null,null,null,null,null,null,null,null,null,null,{"$f":"'Baza klientów'!B525","v":0},false,{"$f":"IF(AE556=TRUE,COUNTIF($AE$32:AE556,TRUE()),\"\")","v":""},{"$f":"IFERROR(INDEX($AD:$AD,MATCH(ROWS($AD$32:AD556),$AF:$AF,0)),\"\")","v":""},null,null,false,{"$f":"IF(AJ556=TRUE,COUNTIF($AJ$32:AJ556,TRUE()),\"\")","v":""},{"$f":"IFERROR(INDEX($AD:$AD,MATCH(ROWS($AD$32:AD556),$AK:$AK,0)),\"\")","v":""},null,false,{"$f":"IF(AN556=TRUE,COUNTIF($AN$32:AN556,TRUE()),\"\")","v":""},{"$f":"IFERROR(INDEX($AD:$AD,MATCH(ROWS($AD$32:$AD556),$AO:$AO,0)),\"\")","v":""}]
[null,null,null,null,null,null,null,null,null,null,null,null,null,null,null,null,null,null,null,null,null,null,null,null,null,null,null,null,null,{"$f":"'Baza klientów'!B526","v":0},false,{"$f":"IF(AE557=TRUE,COUNTIF($AE$32:AE557,TRUE()),\"\")","v":""},{"$f":"IFERROR(INDEX($AD:$AD,MATCH(ROWS($AD$32:AD557),$AF:$AF,0)),\"\")","v":""},null,null,false,{"$f":"IF(AJ557=TRUE,COUNTIF($AJ$32:AJ557,TRUE()),\"\")","v":""},{"$f":"IFERROR(INDEX($AD:$AD,MATCH(ROWS($AD$32:AD557),$AK:$AK,0)),\"\")","v":""},null,false,{"$f":"IF(AN557=TRUE,COUNTIF($AN$32:AN557,TRUE()),\"\")","v":""},{"$f":"IFERROR(INDEX($AD:$AD,MATCH(ROWS($AD$32:$AD557),$AO:$AO,0)),\"\")","v":""}]
[null,null,null,null,null,null,null,null,null,null,null,null,null,null,null,null,null,null,null,null,null,null,null,null,null,null,null,null,null,{"$f":"'Baza klientów'!B527","v":0},false,{"$f":"IF(AE558=TRUE,COUNTIF($AE$32:AE558,TRUE()),\"\")","v":""},{"$f":"IFERROR(INDEX($AD:$AD,MATCH(ROWS($AD$32:AD558),$AF:$AF,0)),\"\")","v":""},null,null,false,{"$f":"IF(AJ558=TRUE,COUNTIF($AJ$32:AJ558,TRUE()),\"\")","v":""},{"$f":"IFERROR(INDEX($AD:$AD,MATCH(ROWS($AD$32:AD558),$AK:$AK,0)),\"\")","v":""},null,false,{"$f":"IF(AN558=TRUE,COUNTIF($AN$32:AN558,TRUE()),\"\")","v":""},{"$f":"IFERROR(INDEX($AD:$AD,MATCH(ROWS($AD$32:$AD558),$AO:$AO,0)),\"\")","v":""}]
[null,null,null,null,null,null,null,null,null,null,null,null,null,null,null,null,null,null,null,null,null,null,null,null,null,null,null,null,null,{"$f":"'Baza klientów'!B528","v":0},false,{"$f":"IF(AE559=TRUE,COUNTIF($AE$32:AE559,TRUE()),\"\")","v":""},{"$f":"IFERROR(INDEX($AD:$AD,MATCH(ROWS($AD$32:AD559),$AF:$AF,0)),\"\")","v":""},null,null,false,{"$f":"IF(AJ559=TRUE,COUNTIF($AJ$32:AJ559,TRUE()),\"\")","v":""},{"$f":"IFERROR(INDEX($AD:$AD,MATCH(ROWS($AD$32:AD559),$AK:$AK,0)),\"\")","v":""},null,false,{"$f":"IF(AN559=TRUE,COUNTIF($AN$32:AN559,TRUE()),\"\")","v":""},{"$f":"IFERROR(INDEX($AD:$AD,MATCH(ROWS($AD$32:$AD559),$AO:$AO,0)),\"\")","v":""}]
[null,null,null,null,null,null,null,null,null,null,null,null,null,null,null,null,null,null,null,null,null,null,null,null,null,null,null,null,null,{"$f":"'Baza klientów'!B529","v":0},false,{"$f":"IF(AE560=TRUE,COUNTIF($AE$32:AE560,TRUE()),\"\")","v":""},{"$f":"IFERROR(INDEX($AD:$AD,MATCH(ROWS($AD$32:AD560),$AF:$AF,0)),\"\")","v":""},null,null,false,{"$f":"IF(AJ560=TRUE,COUNTIF($AJ$32:AJ560,TRUE()),\"\")","v":""},{"$f":"IFERROR(INDEX($AD:$AD,MATCH(ROWS($AD$32:AD560),$AK:$AK,0)),\"\")","v":""},null,false,{"$f":"IF(AN560=TRUE,COUNTIF($AN$32:AN560,TRUE()),\"\")","v":""},{"$f":"IFERROR(INDEX($AD:$AD,MATCH(ROWS($AD$32:$AD560),$AO:$AO,0)),\"\")","v":""}]
[null,null,null,null,null,null,null,null,null,null,null,null,null,null,null,null,null,null,null,null,null,null,null,null,null,null,null,null,null,{"$f":"'Baza klientów'!B530","v":0},false,{"$f":"IF(AE561=TRUE,COUNTIF($AE$32:AE561,TRUE()),\"\")","v":""},{"$f":"IFERROR(INDEX($AD:$AD,MATCH(ROWS($AD$32:AD561),$AF:$AF,0)),\"\")","v":""},null,null,false,{"$f":"IF(AJ561=TRUE,COUNTIF($AJ$32:AJ561,TRUE()),\"\")","v":""},{"$f":"IFERROR(INDEX($AD:$AD,MATCH(ROWS($AD$32:AD561),$AK:$AK,0)),\"\")","v":""},null,false,{"$f":"IF(AN561=TRUE,COUNTIF($AN$32:AN561,TRUE()),\"\")","v":""},{"$f":"IFERROR(INDEX($AD:$AD,MATCH(ROWS($AD$32:$AD561),$AO:$AO,0)),\"\")","v":""}]
[null,null,null,null,null,null,null,null,null,null,null,null,null,null,null,null,null,null,null,null,null,null,null,null,null,null,null,null,null,{"$f":"'Baza klientów'!B531","v":0},false,{"$f":"IF(AE562=TRUE,COUNTIF($AE$32:AE562,TRUE()),\"\")","v":""},{"$f":"IFERROR(INDEX($AD:$AD,MATCH(ROWS($AD$32:AD562),$AF:$AF,0)),\"\")","v":""},null,null,false,{"$f":"IF(AJ562=TRUE,COUNTIF($AJ$32:AJ562,TRUE()),\"\")","v":""},{"$f":"IFERROR(INDEX($AD:$AD,MATCH(ROWS($AD$32:AD562),$AK:$AK,0)),\"\")","v":""},null,false,{"$f":"IF(AN562=TRUE,COUNTIF($AN$32:AN562,TRUE()),\"\")","v":""},{"$f":"IFERROR(INDEX($AD:$AD,MATCH(ROWS($AD$32:$AD562),$AO:$AO,0)),\"\")","v":""}]
[null,null,null,null,null,null,null,null,null,null,null,null,null,null,null,null,null,null,null,null,null,null,null,null,null,null,null,null,null,{"$f":"'Baza klientów'!B532","v":0},false,{"$f":"IF(AE563=TRUE,COUNTIF($AE$32:AE563,TRUE()),\"\")","v":""},{"$f":"IFERROR(INDEX($AD:$AD,MATCH(ROWS($AD$32:AD563),$AF:$AF,0)),\"\")","v":""},null,null,false,{"$f":"IF(AJ563=TRUE,COUNTIF($AJ$32:AJ563,TRUE()),\"\")","v":""},{"$f":"IFERROR(INDEX($AD:$AD,MATCH(ROWS($AD$32:AD563),$AK:$AK,0)),\"\")","v":""},null,false,{"$f":"IF(AN563=TRUE,COUNTIF($AN$32:AN563,TRUE()),\"\")","v":""},{"$f":"IFERROR(INDEX($AD:$AD,MATCH(ROWS($AD$32:$AD563),$AO:$AO,0)),\"\")","v":""}]
[null,null,null,null,null,null,null,null,null,null,null,null,null,null,null,null,null,null,null,null,null,null,null,null,null,null,null,null,null,{"$f":"'Baza klientów'!B533","v":0},false,{"$f":"IF(AE564=TRUE,COUNTIF($AE$32:AE564,TRUE()),\"\")","v":""},{"$f":"IFERROR(INDEX($AD:$AD,MATCH(ROWS($AD$32:AD564),$AF:$AF,0)),\"\")","v":""},null,null,false,{"$f":"IF(AJ564=TRUE,COUNTIF($AJ$32:AJ564,TRUE()),\"\")","v":""},{"$f":"IFERROR(INDEX($AD:$AD,MATCH(ROWS($AD$32:AD564),$AK:$AK,0)),\"\")","v":""},null,false,{"$f":"IF(AN564=TRUE,COUNTIF($AN$32:AN564,TRUE()),\"\")","v":""},{"$f":"IFERROR(INDEX($AD:$AD,MATCH(ROWS($AD$32:$AD564),$AO:$AO,0)),\"\")","v":""}]
[null,null,null,null,null,null,null,null,null,null,null,null,null,null,null,null,null,null,null,null,null,null,null,null,null,null,null,null,null,{"$f":"'Baza klientów'!B534","v":0},false,{"$f":"IF(AE565=TRUE,COUNTIF($AE$32:AE565,TRUE()),\"\")","v":""},{"$f":"IFERROR(INDEX($AD:$AD,MATCH(ROWS($AD$32:AD565),$AF:$AF,0)),\"\")","v":""},null,null,false,{"$f":"IF(AJ565=TRUE,COUNTIF($AJ$32:AJ565,TRUE()),\"\")","v":""},{"$f":"IFERROR(INDEX($AD:$AD,MATCH(ROWS($AD$32:AD565),$AK:$AK,0)),\"\")","v":""},null,false,{"$f":"IF(AN565=TRUE,COUNTIF($AN$32:AN565,TRUE()),\"\")","v":""},{"$f":"IFERROR(INDEX($AD:$AD,MATCH(ROWS($AD$32:$AD565),$AO:$AO,0)),\"\")","v":""}]
[null,null,null,null,null,null,null,null,null,null,null,null,null,null,null,null,null,null,null,null,null,null,null,null,null,null,null,null,null,{"$f":"'Baza klientów'!B535","v":0},false,{"$f":"IF(AE566=TRUE,COUNTIF($AE$32:AE566,TRUE()),\"\")","v":""},{"$f":"IFERROR(INDEX($AD:$AD,MATCH(ROWS($AD$32:AD566),$AF:$AF,0)),\"\")","v":""},null,null,false,{"$f":"IF(AJ566=TRUE,COUNTIF($AJ$32:AJ566,TRUE()),\"\")","v":""},{"$f":"IFERROR(INDEX($AD:$AD,MATCH(ROWS($AD$32:AD566),$AK:$AK,0)),\"\")","v":""},null,false,{"$f":"IF(AN566=TRUE,COUNTIF($AN$32:AN566,TRUE()),\"\")","v":""},{"$f":"IFERROR(INDEX($AD:$AD,MATCH(ROWS($AD$32:$AD566),$AO:$AO,0)),\"\")","v":""}]
[null,null,null,null,null,null,null,null,null,null,null,null,null,null,null,null,null,null,null,null,null,null,null,null,null,null,null,null,null,{"$f":"'Baza klientów'!B536","v":0},false,{"$f":"IF(AE567=TRUE,COUNTIF($AE$32:AE567,TRUE()),\"\")","v":""},{"$f":"IFERROR(INDEX($AD:$AD,MATCH(ROWS($AD$32:AD567),$AF:$AF,0)),\"\")","v":""},null,null,false,{"$f":"IF(AJ567=TRUE,COUNTIF($AJ$32:AJ567,TRUE()),\"\")","v":""},{"$f":"IFERROR(INDEX($AD:$AD,MATCH(ROWS($AD$32:AD567),$AK:$AK,0)),\"\")","v":""},null,false,{"$f":"IF(AN567=TRUE,COUNTIF($AN$32:AN567,TRUE()),\"\")","v":""},{"$f":"IFERROR(INDEX($AD:$AD,MATCH(ROWS($AD$32:$AD567),$AO:$AO,0)),\"\")","v":""}]
[null,null,null,null,null,null,null,null,null,null,null,null,null,null,null,null,null,null,null,null,null,null,null,null,null,null,null,null,null,{"$f":"'Baza klientów'!B537","v":0},false,{"$f":"IF(AE568=TRUE,COUNTIF($AE$32:AE568,TRUE()),\"\")","v":""},{"$f":"IFERROR(INDEX($AD:$AD,MATCH(ROWS($AD$32:AD568),$AF:$AF,0)),\"\")","v":""},null,null,false,{"$f":"IF(AJ568=TRUE,COUNTIF($AJ$32:AJ568,TRUE()),\"\")","v":""},{"$f":"IFERROR(INDEX($AD:$AD,MATCH(ROWS($AD$32:AD568),$AK:$AK,0)),\"\")","v":""},null,false,{"$f":"IF(AN568=TRUE,COUNTIF($AN$32:AN568,TRUE()),\"\")","v":""},{"$f":"IFERROR(INDEX($AD:$AD,MATCH(ROWS($AD$32:$AD568),$AO:$AO,0)),\"\")","v":""}]
[null,null,null,null,null,null,null,null,null,null,null,null,null,null,null,null,null,null,null,null,null,null,null,null,null,null,null,null,null,{"$f":"'Baza klientów'!B538","v":0},false,{"$f":"IF(AE569=TRUE,COUNTIF($AE$32:AE569,TRUE()),\"\")","v":""},{"$f":"IFERROR(INDEX($AD:$AD,MATCH(ROWS($AD$32:AD569),$AF:$AF,0)),\"\")","v":""},null,null,false,{"$f":"IF(AJ569=TRUE,COUNTIF($AJ$32:AJ569,TRUE()),\"\")","v":""},{"$f":"IFERROR(INDEX($AD:$AD,MATCH(ROWS($AD$32:AD569),$AK:$AK,0)),\"\")","v":""},null,false,{"$f":"IF(AN569=TRUE,COUNTIF($AN$32:AN569,TRUE()),\"\")","v":""},{"$f":"IFERROR(INDEX($AD:$AD,MATCH(ROWS($AD$32:$AD569),$AO:$AO,0)),\"\")","v":""}]
[null,null,null,null,null,null,null,null,null,null,null,null,null,null,null,null,null,null,null,null,null,null,null,null,null,null,null,null,null,{"$f":"'Baza klientów'!B539","v":0},false,{"$f":"IF(AE570=TRUE,COUNTIF($AE$32:AE570,TRUE()),\"\")","v":""},{"$f":"IFERROR(INDEX($AD:$AD,MATCH(ROWS($AD$32:AD570),$AF:$AF,0)),\"\")","v":""},null,null,false,{"$f":"IF(AJ570=TRUE,COUNTIF($AJ$32:AJ570,TRUE()),\"\")","v":""},{"$f":"IFERROR(INDEX($AD:$AD,MATCH(ROWS($AD$32:AD570),$AK:$AK,0)),\"\")","v":""},null,false,{"$f":"IF(AN570=TRUE,COUNTIF($AN$32:AN570,TRUE()),\"\")","v":""},{"$f":"IFERROR(INDEX($AD:$AD,MATCH(ROWS($AD$32:$AD570),$AO:$AO,0)),\"\")","v":""}]
[null,null,null,null,null,null,null,null,null,null,null,null,null,null,null,null,null,null,null,null,null,null,null,null,null,null,null,null,null,{"$f":"'Baza klientów'!B540","v":0},false,{"$f":"IF(AE571=TRUE,COUNTIF($AE$32:AE571,TRUE()),\"\")","v":""},{"$f":"IFERROR(INDEX($AD:$AD,MATCH(ROWS($AD$32:AD571),$AF:$AF,0)),\"\")","v":""},null,null,false,{"$f":"IF(AJ571=TRUE,COUNTIF($AJ$32:AJ571,TRUE()),\"\")","v":""},{"$f":"IFERROR(INDEX($AD:$AD,MATCH(ROWS($AD$32:AD571),$AK:$AK,0)),\"\")","v":""},null,false,{"$f":"IF(AN571=TRUE,COUNTIF($AN$32:AN571,TRUE()),\"\")","v":""},{"$f":"IFERROR(INDEX($AD:$AD,MATCH(ROWS($AD$32:$AD571),$AO:$AO,0)),\"\")","v":""}]
[null,null,null,null,null,null,null,null,null,null,null,null,null,null,null,null,null,null,null,null,null,null,null,null,null,null,null,null,null,{"$f":"'Baza klientów'!B541","v":0},false,{"$f":"IF(AE572=TRUE,COUNTIF($AE$32:AE572,TRUE()),\"\")","v":""},{"$f":"IFERROR(INDEX($AD:$AD,MATCH(ROWS($AD$32:AD572),$AF:$AF,0)),\"\")","v":""},null,null,false,{"$f":"IF(AJ572=TRUE,COUNTIF($AJ$32:AJ572,TRUE()),\"\")","v":""},{"$f":"IFERROR(INDEX($AD:$AD,MATCH(ROWS($AD$32:AD572),$AK:$AK,0)),\"\")","v":""},null,false,{"$f":"IF(AN572=TRUE,COUNTIF($AN$32:AN572,TRUE()),\"\")","v":""},{"$f":"IFERROR(INDEX($AD:$AD,MATCH(ROWS($AD$32:$AD572),$AO:$AO,0)),\"\")","v":""}]
[null,null,null,null,null,null,null,null,null,null,null,null,null,null,null,null,null,null,null,null,null,null,null,null,null,null,null,null,null,{"$f":"'Baza klientów'!B542","v":0},false,{"$f":"IF(AE573=TRUE,COUNTIF($AE$32:AE573,TRUE()),\"\")","v":""},{"$f":"IFERROR(INDEX($AD:$AD,MATCH(ROWS($AD$32:AD573),$AF:$AF,0)),\"\")","v":""},null,null,false,{"$f":"IF(AJ573=TRUE,COUNTIF($AJ$32:AJ573,TRUE()),\"\")","v":""},{"$f":"IFERROR(INDEX($AD:$AD,MATCH(ROWS($AD$32:AD573),$AK:$AK,0)),\"\")","v":""},null,false,{"$f":"IF(AN573=TRUE,COUNTIF($AN$32:AN573,TRUE()),\"\")","v":""},{"$f":"IFERROR(INDEX($AD:$AD,MATCH(ROWS($AD$32:$AD573),$AO:$AO,0)),\"\")","v":""}]
[null,null,null,null,null,null,null,null,null,null,null,null,null,null,null,null,null,null,null,null,null,null,null,null,null,null,null,null,null,{"$f":"'Baza klientów'!B543","v":0},false,{"$f":"IF(AE574=TRUE,COUNTIF($AE$32:AE574,TRUE()),\"\")","v":""},{"$f":"IFERROR(INDEX($AD:$AD,MATCH(ROWS($AD$32:AD574),$AF:$AF,0)),\"\")","v":""},null,null,false,{"$f":"IF(AJ574=TRUE,COUNTIF($AJ$32:AJ574,TRUE()),\"\")","v":""},{"$f":"IFERROR(INDEX($AD:$AD,MATCH(ROWS($AD$32:AD574),$AK:$AK,0)),\"\")","v":""},null,false,{"$f":"IF(AN574=TRUE,COUNTIF($AN$32:AN574,TRUE()),\"\")","v":""},{"$f":"IFERROR(INDEX($AD:$AD,MATCH(ROWS($AD$32:$AD574),$AO:$AO,0)),\"\")","v":""}]
[null,null,null,null,null,null,null,null,null,null,null,null,null,null,null,null,null,null,null,null,null,null,null,null,null,null,null,null,null,{"$f":"'Baza klientów'!B544","v":0},false,{"$f":"IF(AE575=TRUE,COUNTIF($AE$32:AE575,TRUE()),\"\")","v":""},{"$f":"IFERROR(INDEX($AD:$AD,MATCH(ROWS($AD$32:AD575),$AF:$AF,0)),\"\")","v":""},null,null,false,{"$f":"IF(AJ575=TRUE,COUNTIF($AJ$32:AJ575,TRUE()),\"\")","v":""},{"$f":"IFERROR(INDEX($AD:$AD,MATCH(ROWS($AD$32:AD575),$AK:$AK,0)),\"\")","v":""},null,false,{"$f":"IF(AN575=TRUE,COUNTIF($AN$32:AN575,TRUE()),\"\")","v":""},{"$f":"IFERROR(INDEX($AD:$AD,MATCH(ROWS($AD$32:$AD575),$AO:$AO,0)),\"\")","v":""}]
[null,null,null,null,null,null,null,null,null,null,null,null,null,null,null,null,null,null,null,null,null,null,null,null,null,null,null,null,null,{"$f":"'Baza klientów'!B545","v":0},false,{"$f":"IF(AE576=TRUE,COUNTIF($AE$32:AE576,TRUE()),\"\")","v":""},{"$f":"IFERROR(INDEX($AD:$AD,MATCH(ROWS($AD$32:AD576),$AF:$AF,0)),\"\")","v":""},null,null,false,{"$f":"IF(AJ576=TRUE,COUNTIF($AJ$32:AJ576,TRUE()),\"\")","v":""},{"$f":"IFERROR(INDEX($AD:$AD,MATCH(ROWS($AD$32:AD576),$AK:$AK,0)),\"\")","v":""},null,false,{"$f":"IF(AN576=TRUE,COUNTIF($AN$32:AN576,TRUE()),\"\")","v":""},{"$f":"IFERROR(INDEX($AD:$AD,MATCH(ROWS($AD$32:$AD576),$AO:$AO,0)),\"\")","v":""}]
[null,null,null,null,null,null,null,null,null,null,null,null,null,null,null,null,null,null,null,null,null,null,null,null,null,null,null,null,null,{"$f":"'Baza klientów'!B546","v":0},false,{"$f":"IF(AE577=TRUE,COUNTIF($AE$32:AE577,TRUE()),\"\")","v":""},{"$f":"IFERROR(INDEX($AD:$AD,MATCH(ROWS($AD$32:AD577),$AF:$AF,0)),\"\")","v":""},null,null,false,{"$f":"IF(AJ577=TRUE,COUNTIF($AJ$32:AJ577,TRUE()),\"\")","v":""},{"$f":"IFERROR(INDEX($AD:$AD,MATCH(ROWS($AD$32:AD577),$AK:$AK,0)),\"\")","v":""},null,false,{"$f":"IF(AN577=TRUE,COUNTIF($AN$32:AN577,TRUE()),\"\")","v":""},{"$f":"IFERROR(INDEX($AD:$AD,MATCH(ROWS($AD$32:$AD577),$AO:$AO,0)),\"\")","v":""}]
[null,null,null,null,null,null,null,null,null,null,null,null,null,null,null,null,null,null,null,null,null,null,null,null,null,null,null,null,null,{"$f":"'Baza klientów'!B547","v":0},false,{"$f":"IF(AE578=TRUE,COUNTIF($AE$32:AE578,TRUE()),\"\")","v":""},{"$f":"IFERROR(INDEX($AD:$AD,MATCH(ROWS($AD$32:AD578),$AF:$AF,0)),\"\")","v":""},null,null,false,{"$f":"IF(AJ578=TRUE,COUNTIF($AJ$32:AJ578,TRUE()),\"\")","v":""},{"$f":"IFERROR(INDEX($AD:$AD,MATCH(ROWS($AD$32:AD578),$AK:$AK,0)),\"\")","v":""},null,false,{"$f":"IF(AN578=TRUE,COUNTIF($AN$32:AN578,TRUE()),\"\")","v":""},{"$f":"IFERROR(INDEX($AD:$AD,MATCH(ROWS($AD$32:$AD578),$AO:$AO,0)),\"\")","v":""}]
[null,null,null,null,null,null,null,null,null,null,null,null,null,null,null,null,null,null,null,null,null,null,null,null,null,null,null,null,null,{"$f":"'Baza klientów'!B548","v":0},false,{"$f":"IF(AE579=TRUE,COUNTIF($AE$32:AE579,TRUE()),\"\")","v":""},{"$f":"IFERROR(INDEX($AD:$AD,MATCH(ROWS($AD$32:AD579),$AF:$AF,0)),\"\")","v":""},null,null,false,{"$f":"IF(AJ579=TRUE,COUNTIF($AJ$32:AJ579,TRUE()),\"\")","v":""},{"$f":"IFERROR(INDEX($AD:$AD,MATCH(ROWS($AD$32:AD579),$AK:$AK,0)),\"\")","v":""},null,false,{"$f":"IF(AN579=TRUE,COUNTIF($AN$32:AN579,TRUE()),\"\")","v":""},{"$f":"IFERROR(INDEX($AD:$AD,MATCH(ROWS($AD$32:$AD579),$AO:$AO,0)),\"\")","v":""}]
[null,null,null,null,null,null,null,null,null,null,null,null,null,null,null,null,null,null,null,null,null,null,null,null,null,null,null,null,null,{"$f":"'Baza klientów'!B549","v":0},false,{"$f":"IF(AE580=TRUE,COUNTIF($AE$32:AE580,TRUE()),\"\")","v":""},{"$f":"IFERROR(INDEX($AD:$AD,MATCH(ROWS($AD$32:AD580),$AF:$AF,0)),\"\")","v":""},null,null,false,{"$f":"IF(AJ580=TRUE,COUNTIF($AJ$32:AJ580,TRUE()),\"\")","v":""},{"$f":"IFERROR(INDEX($AD:$AD,MATCH(ROWS($AD$32:AD580),$AK:$AK,0)),\"\")","v":""},null,false,{"$f":"IF(AN580=TRUE,COUNTIF($AN$32:AN580,TRUE()),\"\")","v":""},{"$f":"IFERROR(INDEX($AD:$AD,MATCH(ROWS($AD$32:$AD580),$AO:$AO,0)),\"\")","v":""}]
[null,null,null,null,null,null,null,null,null,null,null,null,null,null,null,null,null,null,null,null,null,null,null,null,null,null,null,null,null,{"$f":"'Baza klientów'!B550","v":0},false,{"$f":"IF(AE581=TRUE,COUNTIF($AE$32:AE581,TRUE()),\"\")","v":""},{"$f":"IFERROR(INDEX($AD:$AD,MATCH(ROWS($AD$32:AD581),$AF:$AF,0)),\"\")","v":""},null,null,false,{"$f":"IF(AJ581=TRUE,COUNTIF($AJ$32:AJ581,TRUE()),\"\")","v":""},{"$f":"IFERROR(INDEX($AD:$AD,MATCH(ROWS($AD$32:AD581),$AK:$AK,0)),\"\")","v":""},null,false,{"$f":"IF(AN581=TRUE,COUNTIF($AN$32:AN581,TRUE()),\"\")","v":""},{"$f":"IFERROR(INDEX($AD:$AD,MATCH(ROWS($AD$32:$AD581),$AO:$AO,0)),\"\")","v":""}]
[null,null,null,null,null,null,null,null,null,null,null,null,null,null,null,null,null,null,null,null,null,null,null,null,null,null,null,null,null,{"$f":"'Baza klientów'!B551","v":0},false,{"$f":"IF(AE582=TRUE,COUNTIF($AE$32:AE582,TRUE()),\"\")","v":""},{"$f":"IFERROR(INDEX($AD:$AD,MATCH(ROWS($AD$32:AD582),$AF:$AF,0)),\"\")","v":""},null,null,false,{"$f":"IF(AJ582=TRUE,COUNTIF($AJ$32:AJ582,TRUE()),\"\")","v":""},{"$f":"IFERROR(INDEX($AD:$AD,MATCH(ROWS($AD$32:AD582),$AK:$AK,0)),\"\")","v":""},null,false,{"$f":"IF(AN582=TRUE,COUNTIF($AN$32:AN582,TRUE()),\"\")","v":""},{"$f":"IFERROR(INDEX($AD:$AD,MATCH(ROWS($AD$32:$AD582),$AO:$AO,0)),\"\")","v":""}]
[null,null,null,null,null,null,null,null,null,null,null,null,null,null,null,null,null,null,null,null,null,null,null,null,null,null,null,null,null,{"$f":"'Baza klientów'!B552","v":0},false,{"$f":"IF(AE583=TRUE,COUNTIF($AE$32:AE583,TRUE()),\"\")","v":""},{"$f":"IFERROR(INDEX($AD:$AD,MATCH(ROWS($AD$32:AD583),$AF:$AF,0)),\"\")","v":""},null,null,false,{"$f":"IF(AJ583=TRUE,COUNTIF($AJ$32:AJ583,TRUE()),\"\")","v":""},{"$f":"IFERROR(INDEX($AD:$AD,MATCH(ROWS($AD$32:AD583),$AK:$AK,0)),\"\")","v":""},null,false,{"$f":"IF(AN583=TRUE,COUNTIF($AN$32:AN583,TRUE()),\"\")","v":""},{"$f":"IFERROR(INDEX($AD:$AD,MATCH(ROWS($AD$32:$AD583),$AO:$AO,0)),\"\")","v":""}]
[null,null,null,null,null,null,null,null,null,null,null,null,null,null,null,null,null,null,null,null,null,null,null,null,null,null,null,null,null,{"$f":"'Baza klientów'!B553","v":0},false,{"$f":"IF(AE584=TRUE,COUNTIF($AE$32:AE584,TRUE()),\"\")","v":""},{"$f":"IFERROR(INDEX($AD:$AD,MATCH(ROWS($AD$32:AD584),$AF:$AF,0)),\"\")","v":""},null,null,false,{"$f":"IF(AJ584=TRUE,COUNTIF($AJ$32:AJ584,TRUE()),\"\")","v":""},{"$f":"IFERROR(INDEX($AD:$AD,MATCH(ROWS($AD$32:AD584),$AK:$AK,0)),\"\")","v":""},null,false,{"$f":"IF(AN584=TRUE,COUNTIF($AN$32:AN584,TRUE()),\"\")","v":""},{"$f":"IFERROR(INDEX($AD:$AD,MATCH(ROWS($AD$32:$AD584),$AO:$AO,0)),\"\")","v":""}]
[null,null,null,null,null,null,null,null,null,null,null,null,null,null,null,null,null,null,null,null,null,null,null,null,null,null,null,null,null,{"$f":"'Baza klientów'!B554","v":0},false,{"$f":"IF(AE585=TRUE,COUNTIF($AE$32:AE585,TRUE()),\"\")","v":""},{"$f":"IFERROR(INDEX($AD:$AD,MATCH(ROWS($AD$32:AD585),$AF:$AF,0)),\"\")","v":""},null,null,false,{"$f":"IF(AJ585=TRUE,COUNTIF($AJ$32:AJ585,TRUE()),\"\")","v":""},{"$f":"IFERROR(INDEX($AD:$AD,MATCH(ROWS($AD$32:AD585),$AK:$AK,0)),\"\")","v":""},null,false,{"$f":"IF(AN585=TRUE,COUNTIF($AN$32:AN585,TRUE()),\"\")","v":""},{"$f":"IFERROR(INDEX($AD:$AD,MATCH(ROWS($AD$32:$AD585),$AO:$AO,0)),\"\")","v":""}]
[null,null,null,null,null,null,null,null,null,null,null,null,null,null,null,null,null,null,null,null,null,null,null,null,null,null,null,null,null,{"$f":"'Baza klientów'!B555","v":0},false,{"$f":"IF(AE586=TRUE,COUNTIF($AE$32:AE586,TRUE()),\"\")","v":""},{"$f":"IFERROR(INDEX($AD:$AD,MATCH(ROWS($AD$32:AD586),$AF:$AF,0)),\"\")","v":""},null,null,false,{"$f":"IF(AJ586=TRUE,COUNTIF($AJ$32:AJ586,TRUE()),\"\")","v":""},{"$f":"IFERROR(INDEX($AD:$AD,MATCH(ROWS($AD$32:AD586),$AK:$AK,0)),\"\")","v":""},null,false,{"$f":"IF(AN586=TRUE,COUNTIF($AN$32:AN586,TRUE()),\"\")","v":""},{"$f":"IFERROR(INDEX($AD:$AD,MATCH(ROWS($AD$32:$AD586),$AO:$AO,0)),\"\")","v":""}]
[null,null,null,null,null,null,null,null,null,null,null,null,null,null,null,null,null,null,null,null,null,null,null,null,null,null,null,null,null,{"$f":"'Baza klientów'!B556","v":0},false,{"$f":"IF(AE587=TRUE,COUNTIF($AE$32:AE587,TRUE()),\"\")","v":""},{"$f":"IFERROR(INDEX($AD:$AD,MATCH(ROWS($AD$32:AD587),$AF:$AF,0)),\"\")","v":""},null,null,false,{"$f":"IF(AJ587=TRUE,COUNTIF($AJ$32:AJ587,TRUE()),\"\")","v":""},{"$f":"IFERROR(INDEX($AD:$AD,MATCH(ROWS($AD$32:AD587),$AK:$AK,0)),\"\")","v":""},null,false,{"$f":"IF(AN587=TRUE,COUNTIF($AN$32:AN587,TRUE()),\"\")","v":""},{"$f":"IFERROR(INDEX($AD:$AD,MATCH(ROWS($AD$32:$AD587),$AO:$AO,0)),\"\")","v":""}]
[null,null,null,null,null,null,null,null,null,null,null,null,null,null,null,null,null,null,null,null,null,null,null,null,null,null,null,null,null,{"$f":"'Baza klientów'!B557","v":0},false,{"$f":"IF(AE588=TRUE,COUNTIF($AE$32:AE588,TRUE()),\"\")","v":""},{"$f":"IFERROR(INDEX($AD:$AD,MATCH(ROWS($AD$32:AD588),$AF:$AF,0)),\"\")","v":""},null,null,false,{"$f":"IF(AJ588=TRUE,COUNTIF($AJ$32:AJ588,TRUE()),\"\")","v":""},{"$f":"IFERROR(INDEX($AD:$AD,MATCH(ROWS($AD$32:AD588),$AK:$AK,0)),\"\")","v":""},null,false,{"$f":"IF(AN588=TRUE,COUNTIF($AN$32:AN588,TRUE()),\"\")","v":""},{"$f":"IFERROR(INDEX($AD:$AD,MATCH(ROWS($AD$32:$AD588),$AO:$AO,0)),\"\")","v":""}]
[null,null,null,null,null,null,null,null,null,null,null,null,null,null,null,null,null,null,null,null,null,null,null,null,null,null,null,null,null,{"$f":"'Baza klientów'!B558","v":0},false,{"$f":"IF(AE589=TRUE,COUNTIF($AE$32:AE589,TRUE()),\"\")","v":""},{"$f":"IFERROR(INDEX($AD:$AD,MATCH(ROWS($AD$32:AD589),$AF:$AF,0)),\"\")","v":""},null,null,false,{"$f":"IF(AJ589=TRUE,COUNTIF($AJ$32:AJ589,TRUE()),\"\")","v":""},{"$f":"IFERROR(INDEX($AD:$AD,MATCH(ROWS($AD$32:AD589),$AK:$AK,0)),\"\")","v":""},null,false,{"$f":"IF(AN589=TRUE,COUNTIF($AN$32:AN589,TRUE()),\"\")","v":""},{"$f":"IFERROR(INDEX($AD:$AD,MATCH(ROWS($AD$32:$AD589),$AO:$AO,0)),\"\")","v":""}]
[null,null,null,null,null,null,null,null,null,null,null,null,null,null,null,null,null,null,null,null,null,null,null,null,null,null,null,null,null,{"$f":"'Baza klientów'!B559","v":0},false,{"$f":"IF(AE590=TRUE,COUNTIF($AE$32:AE590,TRUE()),\"\")","v":""},{"$f":"IFERROR(INDEX($AD:$AD,MATCH(ROWS($AD$32:AD590),$AF:$AF,0)),\"\")","v":""},null,null,false,{"$f":"IF(AJ590=TRUE,COUNTIF($AJ$32:AJ590,TRUE()),\"\")","v":""},{"$f":"IFERROR(INDEX($AD:$AD,MATCH(ROWS($AD$32:AD590),$AK:$AK,0)),\"\")","v":""},null,false,{"$f":"IF(AN590=TRUE,COUNTIF($AN$32:AN590,TRUE()),\"\")","v":""},{"$f":"IFERROR(INDEX($AD:$AD,MATCH(ROWS($AD$32:$AD590),$AO:$AO,0)),\"\")","v":""}]
[null,null,null,null,null,null,null,null,null,null,null,null,null,null,null,null,null,null,null,null,null,null,null,null,null,null,null,null,null,{"$f":"'Baza klientów'!B560","v":0},false,{"$f":"IF(AE591=TRUE,COUNTIF($AE$32:AE591,TRUE()),\"\")","v":""},{"$f":"IFERROR(INDEX($AD:$AD,MATCH(ROWS($AD$32:AD591),$AF:$AF,0)),\"\")","v":""},null,null,false,{"$f":"IF(AJ591=TRUE,COUNTIF($AJ$32:AJ591,TRUE()),\"\")","v":""},{"$f":"IFERROR(INDEX($AD:$AD,MATCH(ROWS($AD$32:AD591),$AK:$AK,0)),\"\")","v":""},null,false,{"$f":"IF(AN591=TRUE,COUNTIF($AN$32:AN591,TRUE()),\"\")","v":""},{"$f":"IFERROR(INDEX($AD:$AD,MATCH(ROWS($AD$32:$AD591),$AO:$AO,0)),\"\")","v":""}]
[null,null,null,null,null,null,null,null,null,null,null,null,null,null,null,null,null,null,null,null,null,null,null,null,null,null,null,null,null,{"$f":"'Baza klientów'!B561","v":0},false,{"$f":"IF(AE592=TRUE,COUNTIF($AE$32:AE592,TRUE()),\"\")","v":""},{"$f":"IFERROR(INDEX($AD:$AD,MATCH(ROWS($AD$32:AD592),$AF:$AF,0)),\"\")","v":""},null,null,false,{"$f":"IF(AJ592=TRUE,COUNTIF($AJ$32:AJ592,TRUE()),\"\")","v":""},{"$f":"IFERROR(INDEX($AD:$AD,MATCH(ROWS($AD$32:AD592),$AK:$AK,0)),\"\")","v":""},null,false,{"$f":"IF(AN592=TRUE,COUNTIF($AN$32:AN592,TRUE()),\"\")","v":""},{"$f":"IFERROR(INDEX($AD:$AD,MATCH(ROWS($AD$32:$AD592),$AO:$AO,0)),\"\")","v":""}]
[null,null,null,null,null,null,null,null,null,null,null,null,null,null,null,null,null,null,null,null,null,null,null,null,null,null,null,null,null,{"$f":"'Baza klientów'!B562","v":0},false,{"$f":"IF(AE593=TRUE,COUNTIF($AE$32:AE593,TRUE()),\"\")","v":""},{"$f":"IFERROR(INDEX($AD:$AD,MATCH(ROWS($AD$32:AD593),$AF:$AF,0)),\"\")","v":""},null,null,false,{"$f":"IF(AJ593=TRUE,COUNTIF($AJ$32:AJ593,TRUE()),\"\")","v":""},{"$f":"IFERROR(INDEX($AD:$AD,MATCH(ROWS($AD$32:AD593),$AK:$AK,0)),\"\")","v":""},null,false,{"$f":"IF(AN593=TRUE,COUNTIF($AN$32:AN593,TRUE()),\"\")","v":""},{"$f":"IFERROR(INDEX($AD:$AD,MATCH(ROWS($AD$32:$AD593),$AO:$AO,0)),\"\")","v":""}]
[null,null,null,null,null,null,null,null,null,null,null,null,null,null,null,null,null,null,null,null,null,null,null,null,null,null,null,null,null,{"$f":"'Baza klientów'!B563","v":0},false,{"$f":"IF(AE594=TRUE,COUNTIF($AE$32:AE594,TRUE()),\"\")","v":""},{"$f":"IFERROR(INDEX($AD:$AD,MATCH(ROWS($AD$32:AD594),$AF:$AF,0)),\"\")","v":""},null,null,false,{"$f":"IF(AJ594=TRUE,COUNTIF($AJ$32:AJ594,TRUE()),\"\")","v":""},{"$f":"IFERROR(INDEX($AD:$AD,MATCH(ROWS($AD$32:AD594),$AK:$AK,0)),\"\")","v":""},null,false,{"$f":"IF(AN594=TRUE,COUNTIF($AN$32:AN594,TRUE()),\"\")","v":""},{"$f":"IFERROR(INDEX($AD:$AD,MATCH(ROWS($AD$32:$AD594),$AO:$AO,0)),\"\")","v":""}]
[null,null,null,null,null,null,null,null,null,null,null,null,null,null,null,null,null,null,null,null,null,null,null,null,null,null,null,null,null,{"$f":"'Baza klientów'!B564","v":0},false,{"$f":"IF(AE595=TRUE,COUNTIF($AE$32:AE595,TRUE()),\"\")","v":""},{"$f":"IFERROR(INDEX($AD:$AD,MATCH(ROWS($AD$32:AD595),$AF:$AF,0)),\"\")","v":""},null,null,false,{"$f":"IF(AJ595=TRUE,COUNTIF($AJ$32:AJ595,TRUE()),\"\")","v":""},{"$f":"IFERROR(INDEX($AD:$AD,MATCH(ROWS($AD$32:AD595),$AK:$AK,0)),\"\")","v":""},null,false,{"$f":"IF(AN595=TRUE,COUNTIF($AN$32:AN595,TRUE()),\"\")","v":""},{"$f":"IFERROR(INDEX($AD:$AD,MATCH(ROWS($AD$32:$AD595),$AO:$AO,0)),\"\")","v":""}]
[null,null,null,null,null,null,null,null,null,null,null,null,null,null,null,null,null,null,null,null,null,null,null,null,null,null,null,null,null,{"$f":"'Baza klientów'!B565","v":0},false,{"$f":"IF(AE596=TRUE,COUNTIF($AE$32:AE596,TRUE()),\"\")","v":""},{"$f":"IFERROR(INDEX($AD:$AD,MATCH(ROWS($AD$32:AD596),$AF:$AF,0)),\"\")","v":""},null,null,false,{"$f":"IF(AJ596=TRUE,COUNTIF($AJ$32:AJ596,TRUE()),\"\")","v":""},{"$f":"IFERROR(INDEX($AD:$AD,MATCH(ROWS($AD$32:AD596),$AK:$AK,0)),\"\")","v":""},null,false,{"$f":"IF(AN596=TRUE,COUNTIF($AN$32:AN596,TRUE()),\"\")","v":""},{"$f":"IFERROR(INDEX($AD:$AD,MATCH(ROWS($AD$32:$AD596),$AO:$AO,0)),\"\")","v":""}]
[null,null,null,null,null,null,null,null,null,null,null,null,null,null,null,null,null,null,null,null,null,null,null,null,null,null,null,null,null,{"$f":"'Baza klientów'!B566","v":0},false,{"$f":"IF(AE597=TRUE,COUNTIF($AE$32:AE597,TRUE()),\"\")","v":""},{"$f":"IFERROR(INDEX($AD:$AD,MATCH(ROWS($AD$32:AD597),$AF:$AF,0)),\"\")","v":""},null,null,false,{"$f":"IF(AJ597=TRUE,COUNTIF($AJ$32:AJ597,TRUE()),\"\")","v":""},{"$f":"IFERROR(INDEX($AD:$AD,MATCH(ROWS($AD$32:AD597),$AK:$AK,0)),\"\")","v":""},null,false,{"$f":"IF(AN597=TRUE,COUNTIF($AN$32:AN597,TRUE()),\"\")","v":""},{"$f":"IFERROR(INDEX($AD:$AD,MATCH(ROWS($AD$32:$AD597),$AO:$AO,0)),\"\")","v":""}]
[null,null,null,null,null,null,null,null,null,null,null,null,null,null,null,null,null,null,null,null,null,null,null,null,null,null,null,null,null,{"$f":"'Baza klientów'!B567","v":0},false,{"$f":"IF(AE598=TRUE,COUNTIF($AE$32:AE598,TRUE()),\"\")","v":""},{"$f":"IFERROR(INDEX($AD:$AD,MATCH(ROWS($AD$32:AD598),$AF:$AF,0)),\"\")","v":""},null,null,false,{"$f":"IF(AJ598=TRUE,COUNTIF($AJ$32:AJ598,TRUE()),\"\")","v":""},{"$f":"IFERROR(INDEX($AD:$AD,MATCH(ROWS($AD$32:AD598),$AK:$AK,0)),\"\")","v":""},null,false,{"$f":"IF(AN598=TRUE,COUNTIF($AN$32:AN598,TRUE()),\"\")","v":""},{"$f":"IFERROR(INDEX($AD:$AD,MATCH(ROWS($AD$32:$AD598),$AO:$AO,0)),\"\")","v":""}]
[null,null,null,null,null,null,null,null,null,null,null,null,null,null,null,null,null,null,null,null,null,null,null,null,null,null,null,null,null,{"$f":"'Baza klientów'!B568","v":0},false,{"$f":"IF(AE599=TRUE,COUNTIF($AE$32:AE599,TRUE()),\"\")","v":""},{"$f":"IFERROR(INDEX($AD:$AD,MATCH(ROWS($AD$32:AD599),$AF:$AF,0)),\"\")","v":""},null,null,false,{"$f":"IF(AJ599=TRUE,COUNTIF($AJ$32:AJ599,TRUE()),\"\")","v":""},{"$f":"IFERROR(INDEX($AD:$AD,MATCH(ROWS($AD$32:AD599),$AK:$AK,0)),\"\")","v":""},null,false,{"$f":"IF(AN599=TRUE,COUNTIF($AN$32:AN599,TRUE()),\"\")","v":""},{"$f":"IFERROR(INDEX($AD:$AD,MATCH(ROWS($AD$32:$AD599),$AO:$AO,0)),\"\")","v":""}]
[null,null,null,null,null,null,null,null,null,null,null,null,null,null,null,null,null,null,null,null,null,null,null,null,null,null,null,null,null,{"$f":"'Baza klientów'!B569","v":0},false,{"$f":"IF(AE600=TRUE,COUNTIF($AE$32:AE600,TRUE()),\"\")","v":""},{"$f":"IFERROR(INDEX($AD:$AD,MATCH(ROWS($AD$32:AD600),$AF:$AF,0)),\"\")","v":""},null,null,false,{"$f":"IF(AJ600=TRUE,COUNTIF($AJ$32:AJ600,TRUE()),\"\")","v":""},{"$f":"IFERROR(INDEX($AD:$AD,MATCH(ROWS($AD$32:AD600),$AK:$AK,0)),\"\")","v":""},null,false,{"$f":"IF(AN600=TRUE,COUNTIF($AN$32:AN600,TRUE()),\"\")","v":""},{"$f":"IFERROR(INDEX($AD:$AD,MATCH(ROWS($AD$32:$AD600),$AO:$AO,0)),\"\")","v":""}]
[null,null,null,null,null,null,null,null,null,null,null,null,null,null,null,null,null,null,null,null,null,null,null,null,null,null,null,null,null,{"$f":"'Baza klientów'!B570","v":0},false,{"$f":"IF(AE601=TRUE,COUNTIF($AE$32:AE601,TRUE()),\"\")","v":""},{"$f":"IFERROR(INDEX($AD:$AD,MATCH(ROWS($AD$32:AD601),$AF:$AF,0)),\"\")","v":""},null,null,false,{"$f":"IF(AJ601=TRUE,COUNTIF($AJ$32:AJ601,TRUE()),\"\")","v":""},{"$f":"IFERROR(INDEX($AD:$AD,MATCH(ROWS($AD$32:AD601),$AK:$AK,0)),\"\")","v":""},null,false,{"$f":"IF(AN601=TRUE,COUNTIF($AN$32:AN601,TRUE()),\"\")","v":""},{"$f":"IFERROR(INDEX($AD:$AD,MATCH(ROWS($AD$32:$AD601),$AO:$AO,0)),\"\")","v":""}]
[null,null,null,null,null,null,null,null,null,null,null,null,null,null,null,null,null,null,null,null,null,null,null,null,null,null,null,null,null,{"$f":"'Baza klientów'!B571","v":0},false,{"$f":"IF(AE602=TRUE,COUNTIF($AE$32:AE602,TRUE()),\"\")","v":""},{"$f":"IFERROR(INDEX($AD:$AD,MATCH(ROWS($AD$32:AD602),$AF:$AF,0)),\"\")","v":""},null,null,false,{"$f":"IF(AJ602=TRUE,COUNTIF($AJ$32:AJ602,TRUE()),\"\")","v":""},{"$f":"IFERROR(INDEX($AD:$AD,MATCH(ROWS($AD$32:AD602),$AK:$AK,0)),\"\")","v":""},null,false,{"$f":"IF(AN602=TRUE,COUNTIF($AN$32:AN602,TRUE()),\"\")","v":""},{"$f":"IFERROR(INDEX($AD:$AD,MATCH(ROWS($AD$32:$AD602),$AO:$AO,0)),\"\")","v":""}]
[null,null,null,null,null,null,null,null,null,null,null,null,null,null,null,null,null,null,null,null,null,null,null,null,null,null,null,null,null,{"$f":"'Baza klientów'!B572","v":0},false,{"$f":"IF(AE603=TRUE,COUNTIF($AE$32:AE603,TRUE()),\"\")","v":""},{"$f":"IFERROR(INDEX($AD:$AD,MATCH(ROWS($AD$32:AD603),$AF:$AF,0)),\"\")","v":""},null,null,false,{"$f":"IF(AJ603=TRUE,COUNTIF($AJ$32:AJ603,TRUE()),\"\")","v":""},{"$f":"IFERROR(INDEX($AD:$AD,MATCH(ROWS($AD$32:AD603),$AK:$AK,0)),\"\")","v":""},null,false,{"$f":"IF(AN603=TRUE,COUNTIF($AN$32:AN603,TRUE()),\"\")","v":""},{"$f":"IFERROR(INDEX($AD:$AD,MATCH(ROWS($AD$32:$AD603),$AO:$AO,0)),\"\")","v":""}]
[null,null,null,null,null,null,null,null,null,null,null,null,null,null,null,null,null,null,null,null,null,null,null,null,null,null,null,null,null,{"$f":"'Baza klientów'!B573","v":0},false,{"$f":"IF(AE604=TRUE,COUNTIF($AE$32:AE604,TRUE()),\"\")","v":""},{"$f":"IFERROR(INDEX($AD:$AD,MATCH(ROWS($AD$32:AD604),$AF:$AF,0)),\"\")","v":""},null,null,false,{"$f":"IF(AJ604=TRUE,COUNTIF($AJ$32:AJ604,TRUE()),\"\")","v":""},{"$f":"IFERROR(INDEX($AD:$AD,MATCH(ROWS($AD$32:AD604),$AK:$AK,0)),\"\")","v":""},null,false,{"$f":"IF(AN604=TRUE,COUNTIF($AN$32:AN604,TRUE()),\"\")","v":""},{"$f":"IFERROR(INDEX($AD:$AD,MATCH(ROWS($AD$32:$AD604),$AO:$AO,0)),\"\")","v":""}]
[null,null,null,null,null,null,null,null,null,null,null,null,null,null,null,null,null,null,null,null,null,null,null,null,null,null,null,null,null,{"$f":"'Baza klientów'!B574","v":0},false,{"$f":"IF(AE605=TRUE,COUNTIF($AE$32:AE605,TRUE()),\"\")","v":""},{"$f":"IFERROR(INDEX($AD:$AD,MATCH(ROWS($AD$32:AD605),$AF:$AF,0)),\"\")","v":""},null,null,false,{"$f":"IF(AJ605=TRUE,COUNTIF($AJ$32:AJ605,TRUE()),\"\")","v":""},{"$f":"IFERROR(INDEX($AD:$AD,MATCH(ROWS($AD$32:AD605),$AK:$AK,0)),\"\")","v":""},null,false,{"$f":"IF(AN605=TRUE,COUNTIF($AN$32:AN605,TRUE()),\"\")","v":""},{"$f":"IFERROR(INDEX($AD:$AD,MATCH(ROWS($AD$32:$AD605),$AO:$AO,0)),\"\")","v":""}]
[null,null,null,null,null,null,null,null,null,null,null,null,null,null,null,null,null,null,null,null,null,null,null,null,null,null,null,null,null,{"$f":"'Baza klientów'!B575","v":0},false,{"$f":"IF(AE606=TRUE,COUNTIF($AE$32:AE606,TRUE()),\"\")","v":""},{"$f":"IFERROR(INDEX($AD:$AD,MATCH(ROWS($AD$32:AD606),$AF:$AF,0)),\"\")","v":""},null,null,false,{"$f":"IF(AJ606=TRUE,COUNTIF($AJ$32:AJ606,TRUE()),\"\")","v":""},{"$f":"IFERROR(INDEX($AD:$AD,MATCH(ROWS($AD$32:AD606),$AK:$AK,0)),\"\")","v":""},null,false,{"$f":"IF(AN606=TRUE,COUNTIF($AN$32:AN606,TRUE()),\"\")","v":""},{"$f":"IFERROR(INDEX($AD:$AD,MATCH(ROWS($AD$32:$AD606),$AO:$AO,0)),\"\")","v":""}]
[null,null,null,null,null,null,null,null,null,null,null,null,null,null,null,null,null,null,null,null,null,null,null,null,null,null,null,null,null,{"$f":"'Baza klientów'!B576","v":0},false,{"$f":"IF(AE607=TRUE,COUNTIF($AE$32:AE607,TRUE()),\"\")","v":""},{"$f":"IFERROR(INDEX($AD:$AD,MATCH(ROWS($AD$32:AD607),$AF:$AF,0)),\"\")","v":""},null,null,false,{"$f":"IF(AJ607=TRUE,COUNTIF($AJ$32:AJ607,TRUE()),\"\")","v":""},{"$f":"IFERROR(INDEX($AD:$AD,MATCH(ROWS($AD$32:AD607),$AK:$AK,0)),\"\")","v":""},null,false,{"$f":"IF(AN607=TRUE,COUNTIF($AN$32:AN607,TRUE()),\"\")","v":""},{"$f":"IFERROR(INDEX($AD:$AD,MATCH(ROWS($AD$32:$AD607),$AO:$AO,0)),\"\")","v":""}]
[null,null,null,null,null,null,null,null,null,null,null,null,null,null,null,null,null,null,null,null,null,null,null,null,null,null,null,null,null,{"$f":"'Baza klientów'!B577","v":0},false,{"$f":"IF(AE608=TRUE,COUNTIF($AE$32:AE608,TRUE()),\"\")","v":""},{"$f":"IFERROR(INDEX($AD:$AD,MATCH(ROWS($AD$32:AD608),$AF:$AF,0)),\"\")","v":""},null,null,false,{"$f":"IF(AJ608=TRUE,COUNTIF($AJ$32:AJ608,TRUE()),\"\")","v":""},{"$f":"IFERROR(INDEX($AD:$AD,MATCH(ROWS($AD$32:AD608),$AK:$AK,0)),\"\")","v":""},null,false,{"$f":"IF(AN608=TRUE,COUNTIF($AN$32:AN608,TRUE()),\"\")","v":""},{"$f":"IFERROR(INDEX($AD:$AD,MATCH(ROWS($AD$32:$AD608),$AO:$AO,0)),\"\")","v":""}]
[null,null,null,null,null,null,null,null,null,null,null,null,null,null,null,null,null,null,null,null,null,null,null,null,null,null,null,null,null,{"$f":"'Baza klientów'!B578","v":0},{"$f":"ISNUMBER(SEARCH($AH$32,AD609))","v":false},{"$f":"IF(AE609=TRUE,COUNTIF($AE$32:AE609,TRUE()),\"\")","v":""},{"$f":"IFERROR(INDEX($AD:$AD,MATCH(ROWS($AD$32:AD609),$AF:$AF,0)),\"\")","v":""},null,null,{"$f":"ISNUMBER(SEARCH($AM$31,AD609))","v":false},{"$f":"IF(AJ609=TRUE,COUNTIF($AJ$32:AJ609,TRUE()),\"\")","v":""},{"$f":"IFERROR(INDEX($AD:$AD,MATCH(ROWS($AD$32:AD609),$AK:$AK,0)),\"\")","v":""},null,{"$f":"ISNUMBER(SEARCH($AQ$31,$AD609))","v":false},{"$f":"IF(AN609=TRUE,COUNTIF($AN$32:AN609,TRUE()),\"\")","v":""},{"$f":"IFERROR(INDEX($AD:$AD,MATCH(ROWS($AD$32:$AD609),$AO:$AO,0)),\"\")","v":""}]
[null,null,null,null,null,null,null,null,null,null,null,null,null,null,null,null,null,null,null,null,null,null,null,null,null,null,null,null,null,{"$f":"'Baza klientów'!B579","v":0},false,{"$f":"IF(AE610=TRUE,COUNTIF($AE$32:AE610,TRUE()),\"\")","v":""},{"$f":"IFERROR(INDEX($AD:$AD,MATCH(ROWS($AD$32:AD610),$AF:$AF,0)),\"\")","v":""},null,null,false,{"$f":"IF(AJ610=TRUE,COUNTIF($AJ$32:AJ610,TRUE()),\"\")","v":""},{"$f":"IFERROR(INDEX($AD:$AD,MATCH(ROWS($AD$32:AD610),$AK:$AK,0)),\"\")","v":""},null,false,{"$f":"IF(AN610=TRUE,COUNTIF($AN$32:AN610,TRUE()),\"\")","v":""},{"$f":"IFERROR(INDEX($AD:$AD,MATCH(ROWS($AD$32:$AD610),$AO:$AO,0)),\"\")","v":""}]
[null,null,null,null,null,null,null,null,null,null,null,null,null,null,null,null,null,null,null,null,null,null,null,null,null,null,null,null,null,{"$f":"'Baza klientów'!B580","v":0},false,{"$f":"IF(AE611=TRUE,COUNTIF($AE$32:AE611,TRUE()),\"\")","v":""},{"$f":"IFERROR(INDEX($AD:$AD,MATCH(ROWS($AD$32:AD611),$AF:$AF,0)),\"\")","v":""},null,null,false,{"$f":"IF(AJ611=TRUE,COUNTIF($AJ$32:AJ611,TRUE()),\"\")","v":""},{"$f":"IFERROR(INDEX($AD:$AD,MATCH(ROWS($AD$32:AD611),$AK:$AK,0)),\"\")","v":""},null,false,{"$f":"IF(AN611=TRUE,COUNTIF($AN$32:AN611,TRUE()),\"\")","v":""},{"$f":"IFERROR(INDEX($AD:$AD,MATCH(ROWS($AD$32:$AD611),$AO:$AO,0)),\"\")","v":""}]
[null,null,null,null,null,null,null,null,null,null,null,null,null,null,null,null,null,null,null,null,null,null,null,null,null,null,null,null,null,{"$f":"'Baza klientów'!B581","v":0},false,{"$f":"IF(AE612=TRUE,COUNTIF($AE$32:AE612,TRUE()),\"\")","v":""},{"$f":"IFERROR(INDEX($AD:$AD,MATCH(ROWS($AD$32:AD612),$AF:$AF,0)),\"\")","v":""},null,null,false,{"$f":"IF(AJ612=TRUE,COUNTIF($AJ$32:AJ612,TRUE()),\"\")","v":""},{"$f":"IFERROR(INDEX($AD:$AD,MATCH(ROWS($AD$32:AD612),$AK:$AK,0)),\"\")","v":""},null,false,{"$f":"IF(AN612=TRUE,COUNTIF($AN$32:AN612,TRUE()),\"\")","v":""},{"$f":"IFERROR(INDEX($AD:$AD,MATCH(ROWS($AD$32:$AD612),$AO:$AO,0)),\"\")","v":""}]
[null,null,null,null,null,null,null,null,null,null,null,null,null,null,null,null,null,null,null,null,null,null,null,null,null,null,null,null,null,{"$f":"'Baza klientów'!B582","v":0},false,{"$f":"IF(AE613=TRUE,COUNTIF($AE$32:AE613,TRUE()),\"\")","v":""},{"$f":"IFERROR(INDEX($AD:$AD,MATCH(ROWS($AD$32:AD613),$AF:$AF,0)),\"\")","v":""},null,null,false,{"$f":"IF(AJ613=TRUE,COUNTIF($AJ$32:AJ613,TRUE()),\"\")","v":""},{"$f":"IFERROR(INDEX($AD:$AD,MATCH(ROWS($AD$32:AD613),$AK:$AK,0)),\"\")","v":""},null,false,{"$f":"IF(AN613=TRUE,COUNTIF($AN$32:AN613,TRUE()),\"\")","v":""},{"$f":"IFERROR(INDEX($AD:$AD,MATCH(ROWS($AD$32:$AD613),$AO:$AO,0)),\"\")","v":""}]
[null,null,null,null,null,null,null,null,null,null,null,null,null,null,null,null,null,null,null,null,null,null,null,null,null,null,null,null,null,{"$f":"'Baza klientów'!B583","v":0},false,{"$f":"IF(AE614=TRUE,COUNTIF($AE$32:AE614,TRUE()),\"\")","v":""},{"$f":"IFERROR(INDEX($AD:$AD,MATCH(ROWS($AD$32:AD614),$AF:$AF,0)),\"\")","v":""},null,null,false,{"$f":"IF(AJ614=TRUE,COUNTIF($AJ$32:AJ614,TRUE()),\"\")","v":""},{"$f":"IFERROR(INDEX($AD:$AD,MATCH(ROWS($AD$32:AD614),$AK:$AK,0)),\"\")","v":""},null,false,{"$f":"IF(AN614=TRUE,COUNTIF($AN$32:AN614,TRUE()),\"\")","v":""},{"$f":"IFERROR(INDEX($AD:$AD,MATCH(ROWS($AD$32:$AD614),$AO:$AO,0)),\"\")","v":""}]
[null,null,null,null,null,null,null,null,null,null,null,null,null,null,null,null,null,null,null,null,null,null,null,null,null,null,null,null,null,{"$f":"'Baza klientów'!B584","v":0},false,{"$f":"IF(AE615=TRUE,COUNTIF($AE$32:AE615,TRUE()),\"\")","v":""},{"$f":"IFERROR(INDEX($AD:$AD,MATCH(ROWS($AD$32:AD615),$AF:$AF,0)),\"\")","v":""},null,null,false,{"$f":"IF(AJ615=TRUE,COUNTIF($AJ$32:AJ615,TRUE()),\"\")","v":""},{"$f":"IFERROR(INDEX($AD:$AD,MATCH(ROWS($AD$32:AD615),$AK:$AK,0)),\"\")","v":""},null,false,{"$f":"IF(AN615=TRUE,COUNTIF($AN$32:AN615,TRUE()),\"\")","v":""},{"$f":"IFERROR(INDEX($AD:$AD,MATCH(ROWS($AD$32:$AD615),$AO:$AO,0)),\"\")","v":""}]
[null,null,null,null,null,null,null,null,null,null,null,null,null,null,null,null,null,null,null,null,null,null,null,null,null,null,null,null,null,{"$f":"'Baza klientów'!B585","v":0},false,{"$f":"IF(AE616=TRUE,COUNTIF($AE$32:AE616,TRUE()),\"\")","v":""},{"$f":"IFERROR(INDEX($AD:$AD,MATCH(ROWS($AD$32:AD616),$AF:$AF,0)),\"\")","v":""},null,null,false,{"$f":"IF(AJ616=TRUE,COUNTIF($AJ$32:AJ616,TRUE()),\"\")","v":""},{"$f":"IFERROR(INDEX($AD:$AD,MATCH(ROWS($AD$32:AD616),$AK:$AK,0)),\"\")","v":""},null,false,{"$f":"IF(AN616=TRUE,COUNTIF($AN$32:AN616,TRUE()),\"\")","v":""},{"$f":"IFERROR(INDEX($AD:$AD,MATCH(ROWS($AD$32:$AD616),$AO:$AO,0)),\"\")","v":""}]
[null,null,null,null,null,null,null,null,null,null,null,null,null,null,null,null,null,null,null,null,null,null,null,null,null,null,null,null,null,{"$f":"'Baza klientów'!B586","v":0},false,{"$f":"IF(AE617=TRUE,COUNTIF($AE$32:AE617,TRUE()),\"\")","v":""},{"$f":"IFERROR(INDEX($AD:$AD,MATCH(ROWS($AD$32:AD617),$AF:$AF,0)),\"\")","v":""},null,null,false,{"$f":"IF(AJ617=TRUE,COUNTIF($AJ$32:AJ617,TRUE()),\"\")","v":""},{"$f":"IFERROR(INDEX($AD:$AD,MATCH(ROWS($AD$32:AD617),$AK:$AK,0)),\"\")","v":""},null,false,{"$f":"IF(AN617=TRUE,COUNTIF($AN$32:AN617,TRUE()),\"\")","v":""},{"$f":"IFERROR(INDEX($AD:$AD,MATCH(ROWS($AD$32:$AD617),$AO:$AO,0)),\"\")","v":""}]
[null,null,null,null,null,null,null,null,null,null,null,null,null,null,null,null,null,null,null,null,null,null,null,null,null,null,null,null,null,{"$f":"'Baza klientów'!B587","v":0},false,{"$f":"IF(AE618=TRUE,COUNTIF($AE$32:AE618,TRUE()),\"\")","v":""},{"$f":"IFERROR(INDEX($AD:$AD,MATCH(ROWS($AD$32:AD618),$AF:$AF,0)),\"\")","v":""},null,null,false,{"$f":"IF(AJ618=TRUE,COUNTIF($AJ$32:AJ618,TRUE()),\"\")","v":""},{"$f":"IFERROR(INDEX($AD:$AD,MATCH(ROWS($AD$32:AD618),$AK:$AK,0)),\"\")","v":""},null,false,{"$f":"IF(AN618=TRUE,COUNTIF($AN$32:AN618,TRUE()),\"\")","v":""},{"$f":"IFERROR(INDEX($AD:$AD,MATCH(ROWS($AD$32:$AD618),$AO:$AO,0)),\"\")","v":""}]
[null,null,null,null,null,null,null,null,null,null,null,null,null,null,null,null,null,null,null,null,null,null,null,null,null,null,null,null,null,{"$f":"'Baza klientów'!B588","v":0},false,{"$f":"IF(AE619=TRUE,COUNTIF($AE$32:AE619,TRUE()),\"\")","v":""},{"$f":"IFERROR(INDEX($AD:$AD,MATCH(ROWS($AD$32:AD619),$AF:$AF,0)),\"\")","v":""},null,null,false,{"$f":"IF(AJ619=TRUE,COUNTIF($AJ$32:AJ619,TRUE()),\"\")","v":""},{"$f":"IFERROR(INDEX($AD:$AD,MATCH(ROWS($AD$32:AD619),$AK:$AK,0)),\"\")","v":""},null,false,{"$f":"IF(AN619=TRUE,COUNTIF($AN$32:AN619,TRUE()),\"\")","v":""},{"$f":"IFERROR(INDEX($AD:$AD,MATCH(ROWS($AD$32:$AD619),$AO:$AO,0)),\"\")","v":""}]
[null,null,null,null,null,null,null,null,null,null,null,null,null,null,null,null,null,null,null,null,null,null,null,null,null,null,null,null,null,{"$f":"'Baza klientów'!B589","v":0},false,{"$f":"IF(AE620=TRUE,COUNTIF($AE$32:AE620,TRUE()),\"\")","v":""},{"$f":"IFERROR(INDEX($AD:$AD,MATCH(ROWS($AD$32:AD620),$AF:$AF,0)),\"\")","v":""},null,null,false,{"$f":"IF(AJ620=TRUE,COUNTIF($AJ$32:AJ620,TRUE()),\"\")","v":""},{"$f":"IFERROR(INDEX($AD:$AD,MATCH(ROWS($AD$32:AD620),$AK:$AK,0)),\"\")","v":""},null,false,{"$f":"IF(AN620=TRUE,COUNTIF($AN$32:AN620,TRUE()),\"\")","v":""},{"$f":"IFERROR(INDEX($AD:$AD,MATCH(ROWS($AD$32:$AD620),$AO:$AO,0)),\"\")","v":""}]
[null,null,null,null,null,null,null,null,null,null,null,null,null,null,null,null,null,null,null,null,null,null,null,null,null,null,null,null,null,{"$f":"'Baza klientów'!B590","v":0},false,{"$f":"IF(AE621=TRUE,COUNTIF($AE$32:AE621,TRUE()),\"\")","v":""},{"$f":"IFERROR(INDEX($AD:$AD,MATCH(ROWS($AD$32:AD621),$AF:$AF,0)),\"\")","v":""},null,null,false,{"$f":"IF(AJ621=TRUE,COUNTIF($AJ$32:AJ621,TRUE()),\"\")","v":""},{"$f":"IFERROR(INDEX($AD:$AD,MATCH(ROWS($AD$32:AD621),$AK:$AK,0)),\"\")","v":""},null,false,{"$f":"IF(AN621=TRUE,COUNTIF($AN$32:AN621,TRUE()),\"\")","v":""},{"$f":"IFERROR(INDEX($AD:$AD,MATCH(ROWS($AD$32:$AD621),$AO:$AO,0)),\"\")","v":""}]
[null,null,null,null,null,null,null,null,null,null,null,null,null,null,null,null,null,null,null,null,null,null,null,null,null,null,null,null,null,{"$f":"'Baza klientów'!B591","v":0},false,{"$f":"IF(AE622=TRUE,COUNTIF($AE$32:AE622,TRUE()),\"\")","v":""},{"$f":"IFERROR(INDEX($AD:$AD,MATCH(ROWS($AD$32:AD622),$AF:$AF,0)),\"\")","v":""},null,null,false,{"$f":"IF(AJ622=TRUE,COUNTIF($AJ$32:AJ622,TRUE()),\"\")","v":""},{"$f":"IFERROR(INDEX($AD:$AD,MATCH(ROWS($AD$32:AD622),$AK:$AK,0)),\"\")","v":""},null,false,{"$f":"IF(AN622=TRUE,COUNTIF($AN$32:AN622,TRUE()),\"\")","v":""},{"$f":"IFERROR(INDEX($AD:$AD,MATCH(ROWS($AD$32:$AD622),$AO:$AO,0)),\"\")","v":""}]
[null,null,null,null,null,null,null,null,null,null,null,null,null,null,null,null,null,null,null,null,null,null,null,null,null,null,null,null,null,{"$f":"'Baza klientów'!B592","v":0},false,{"$f":"IF(AE623=TRUE,COUNTIF($AE$32:AE623,TRUE()),\"\")","v":""},{"$f":"IFERROR(INDEX($AD:$AD,MATCH(ROWS($AD$32:AD623),$AF:$AF,0)),\"\")","v":""},null,null,false,{"$f":"IF(AJ623=TRUE,COUNTIF($AJ$32:AJ623,TRUE()),\"\")","v":""},{"$f":"IFERROR(INDEX($AD:$AD,MATCH(ROWS($AD$32:AD623),$AK:$AK,0)),\"\")","v":""},null,false,{"$f":"IF(AN623=TRUE,COUNTIF($AN$32:AN623,TRUE()),\"\")","v":""},{"$f":"IFERROR(INDEX($AD:$AD,MATCH(ROWS($AD$32:$AD623),$AO:$AO,0)),\"\")","v":""}]
[null,null,null,null,null,null,null,null,null,null,null,null,null,null,null,null,null,null,null,null,null,null,null,null,null,null,null,null,null,{"$f":"'Baza klientów'!B593","v":0},false,{"$f":"IF(AE624=TRUE,COUNTIF($AE$32:AE624,TRUE()),\"\")","v":""},{"$f":"IFERROR(INDEX($AD:$AD,MATCH(ROWS($AD$32:AD624),$AF:$AF,0)),\"\")","v":""},null,null,false,{"$f":"IF(AJ624=TRUE,COUNTIF($AJ$32:AJ624,TRUE()),\"\")","v":""},{"$f":"IFERROR(INDEX($AD:$AD,MATCH(ROWS($AD$32:AD624),$AK:$AK,0)),\"\")","v":""},null,false,{"$f":"IF(AN624=TRUE,COUNTIF($AN$32:AN624,TRUE()),\"\")","v":""},{"$f":"IFERROR(INDEX($AD:$AD,MATCH(ROWS($AD$32:$AD624),$AO:$AO,0)),\"\")","v":""}]
[null,null,null,null,null,null,null,null,null,null,null,null,null,null,null,null,null,null,null,null,null,null,null,null,null,null,null,null,null,{"$f":"'Baza klientów'!B594","v":0},false,{"$f":"IF(AE625=TRUE,COUNTIF($AE$32:AE625,TRUE()),\"\")","v":""},{"$f":"IFERROR(INDEX($AD:$AD,MATCH(ROWS($AD$32:AD625),$AF:$AF,0)),\"\")","v":""},null,null,false,{"$f":"IF(AJ625=TRUE,COUNTIF($AJ$32:AJ625,TRUE()),\"\")","v":""},{"$f":"IFERROR(INDEX($AD:$AD,MATCH(ROWS($AD$32:AD625),$AK:$AK,0)),\"\")","v":""},null,false,{"$f":"IF(AN625=TRUE,COUNTIF($AN$32:AN625,TRUE()),\"\")","v":""},{"$f":"IFERROR(INDEX($AD:$AD,MATCH(ROWS($AD$32:$AD625),$AO:$AO,0)),\"\")","v":""}]
[null,null,null,null,null,null,null,null,null,null,null,null,null,null,null,null,null,null,null,null,null,null,null,null,null,null,null,null,null,{"$f":"'Baza klientów'!B595","v":0},false,{"$f":"IF(AE626=TRUE,COUNTIF($AE$32:AE626,TRUE()),\"\")","v":""},{"$f":"IFERROR(INDEX($AD:$AD,MATCH(ROWS($AD$32:AD626),$AF:$AF,0)),\"\")","v":""},null,null,false,{"$f":"IF(AJ626=TRUE,COUNTIF($AJ$32:AJ626,TRUE()),\"\")","v":""},{"$f":"IFERROR(INDEX($AD:$AD,MATCH(ROWS($AD$32:AD626),$AK:$AK,0)),\"\")","v":""},null,false,{"$f":"IF(AN626=TRUE,COUNTIF($AN$32:AN626,TRUE()),\"\")","v":""},{"$f":"IFERROR(INDEX($AD:$AD,MATCH(ROWS($AD$32:$AD626),$AO:$AO,0)),\"\")","v":""}]
[null,null,null,null,null,null,null,null,null,null,null,null,null,null,null,null,null,null,null,null,null,null,null,null,null,null,null,null,null,{"$f":"'Baza klientów'!B596","v":0},false,{"$f":"IF(AE627=TRUE,COUNTIF($AE$32:AE627,TRUE()),\"\")","v":""},{"$f":"IFERROR(INDEX($AD:$AD,MATCH(ROWS($AD$32:AD627),$AF:$AF,0)),\"\")","v":""},null,null,false,{"$f":"IF(AJ627=TRUE,COUNTIF($AJ$32:AJ627,TRUE()),\"\")","v":""},{"$f":"IFERROR(INDEX($AD:$AD,MATCH(ROWS($AD$32:AD627),$AK:$AK,0)),\"\")","v":""},null,false,{"$f":"IF(AN627=TRUE,COUNTIF($AN$32:AN627,TRUE()),\"\")","v":""},{"$f":"IFERROR(INDEX($AD:$AD,MATCH(ROWS($AD$32:$AD627),$AO:$AO,0)),\"\")","v":""}]
[null,null,null,null,null,null,null,null,null,null,null,null,null,null,null,null,null,null,null,null,null,null,null,null,null,null,null,null,null,{"$f":"'Baza klientów'!B597","v":0},false,{"$f":"IF(AE628=TRUE,COUNTIF($AE$32:AE628,TRUE()),\"\")","v":""},{"$f":"IFERROR(INDEX($AD:$AD,MATCH(ROWS($AD$32:AD628),$AF:$AF,0)),\"\")","v":""},null,null,false,{"$f":"IF(AJ628=TRUE,COUNTIF($AJ$32:AJ628,TRUE()),\"\")","v":""},{"$f":"IFERROR(INDEX($AD:$AD,MATCH(ROWS($AD$32:AD628),$AK:$AK,0)),\"\")","v":""},null,false,{"$f":"IF(AN628=TRUE,COUNTIF($AN$32:AN628,TRUE()),\"\")","v":""},{"$f":"IFERROR(INDEX($AD:$AD,MATCH(ROWS($AD$32:$AD628),$AO:$AO,0)),\"\")","v":""}]
[null,null,null,null,null,null,null,null,null,null,null,null,null,null,null,null,null,null,null,null,null,null,null,null,null,null,null,null,null,{"$f":"'Baza klientów'!B598","v":0},false,{"$f":"IF(AE629=TRUE,COUNTIF($AE$32:AE629,TRUE()),\"\")","v":""},{"$f":"IFERROR(INDEX($AD:$AD,MATCH(ROWS($AD$32:AD629),$AF:$AF,0)),\"\")","v":""},null,null,false,{"$f":"IF(AJ629=TRUE,COUNTIF($AJ$32:AJ629,TRUE()),\"\")","v":""},{"$f":"IFERROR(INDEX($AD:$AD,MATCH(ROWS($AD$32:AD629),$AK:$AK,0)),\"\")","v":""},null,false,{"$f":"IF(AN629=TRUE,COUNTIF($AN$32:AN629,TRUE()),\"\")","v":""},{"$f":"IFERROR(INDEX($AD:$AD,MATCH(ROWS($AD$32:$AD629),$AO:$AO,0)),\"\")","v":""}]
[null,null,null,null,null,null,null,null,null,null,null,null,null,null,null,null,null,null,null,null,null,null,null,null,null,null,null,null,null,{"$f":"'Baza klientów'!B599","v":0},false,{"$f":"IF(AE630=TRUE,COUNTIF($AE$32:AE630,TRUE()),\"\")","v":""},{"$f":"IFERROR(INDEX($AD:$AD,MATCH(ROWS($AD$32:AD630),$AF:$AF,0)),\"\")","v":""},null,null,false,{"$f":"IF(AJ630=TRUE,COUNTIF($AJ$32:AJ630,TRUE()),\"\")","v":""},{"$f":"IFERROR(INDEX($AD:$AD,MATCH(ROWS($AD$32:AD630),$AK:$AK,0)),\"\")","v":""},null,false,{"$f":"IF(AN630=TRUE,COUNTIF($AN$32:AN630,TRUE()),\"\")","v":""},{"$f":"IFERROR(INDEX($AD:$AD,MATCH(ROWS($AD$32:$AD630),$AO:$AO,0)),\"\")","v":""}]
[null,null,null,null,null,null,null,null,null,null,null,null,null,null,null,null,null,null,null,null,null,null,null,null,null,null,null,null,null,{"$f":"'Baza klientów'!B600","v":0},false,{"$f":"IF(AE631=TRUE,COUNTIF($AE$32:AE631,TRUE()),\"\")","v":""},{"$f":"IFERROR(INDEX($AD:$AD,MATCH(ROWS($AD$32:AD631),$AF:$AF,0)),\"\")","v":""},null,null,false,{"$f":"IF(AJ631=TRUE,COUNTIF($AJ$32:AJ631,TRUE()),\"\")","v":""},{"$f":"IFERROR(INDEX($AD:$AD,MATCH(ROWS($AD$32:AD631),$AK:$AK,0)),\"\")","v":""},null,false,{"$f":"IF(AN631=TRUE,COUNTIF($AN$32:AN631,TRUE()),\"\")","v":""},{"$f":"IFERROR(INDEX($AD:$AD,MATCH(ROWS($AD$32:$AD631),$AO:$AO,0)),\"\")","v":""}]
[null,null,null,null,null,null,null,null,null,null,null,null,null,null,null,null,null,null,null,null,null,null,null,null,null,null,null,null,null,{"$f":"'Baza klientów'!B601","v":0},false,{"$f":"IF(AE632=TRUE,COUNTIF($AE$32:AE632,TRUE()),\"\")","v":""},{"$f":"IFERROR(INDEX($AD:$AD,MATCH(ROWS($AD$32:AD632),$AF:$AF,0)),\"\")","v":""},null,null,false,{"$f":"IF(AJ632=TRUE,COUNTIF($AJ$32:AJ632,TRUE()),\"\")","v":""},{"$f":"IFERROR(INDEX($AD:$AD,MATCH(ROWS($AD$32:AD632),$AK:$AK,0)),\"\")","v":""},null,false,{"$f":"IF(AN632=TRUE,COUNTIF($AN$32:AN632,TRUE()),\"\")","v":""},{"$f":"IFERROR(INDEX($AD:$AD,MATCH(ROWS($AD$32:$AD632),$AO:$AO,0)),\"\")","v":""}]
[null,null,null,null,null,null,null,null,null,null,null,null,null,null,null,null,null,null,null,null,null,null,null,null,null,null,null,null,null,{"$f":"'Baza klientów'!B602","v":0},false,{"$f":"IF(AE633=TRUE,COUNTIF($AE$32:AE633,TRUE()),\"\")","v":""},{"$f":"IFERROR(INDEX($AD:$AD,MATCH(ROWS($AD$32:AD633),$AF:$AF,0)),\"\")","v":""},null,null,false,{"$f":"IF(AJ633=TRUE,COUNTIF($AJ$32:AJ633,TRUE()),\"\")","v":""},{"$f":"IFERROR(INDEX($AD:$AD,MATCH(ROWS($AD$32:AD633),$AK:$AK,0)),\"\")","v":""},null,false,{"$f":"IF(AN633=TRUE,COUNTIF($AN$32:AN633,TRUE()),\"\")","v":""},{"$f":"IFERROR(INDEX($AD:$AD,MATCH(ROWS($AD$32:$AD633),$AO:$AO,0)),\"\")","v":""}]
[null,null,null,null,null,null,null,null,null,null,null,null,null,null,null,null,null,null,null,null,null,null,null,null,null,null,null,null,null,{"$f":"'Baza klientów'!B603","v":0},false,{"$f":"IF(AE634=TRUE,COUNTIF($AE$32:AE634,TRUE()),\"\")","v":""},{"$f":"IFERROR(INDEX($AD:$AD,MATCH(ROWS($AD$32:AD634),$AF:$AF,0)),\"\")","v":""},null,null,false,{"$f":"IF(AJ634=TRUE,COUNTIF($AJ$32:AJ634,TRUE()),\"\")","v":""},{"$f":"IFERROR(INDEX($AD:$AD,MATCH(ROWS($AD$32:AD634),$AK:$AK,0)),\"\")","v":""},null,false,{"$f":"IF(AN634=TRUE,COUNTIF($AN$32:AN634,TRUE()),\"\")","v":""},{"$f":"IFERROR(INDEX($AD:$AD,MATCH(ROWS($AD$32:$AD634),$AO:$AO,0)),\"\")","v":""}]
[null,null,null,null,null,null,null,null,null,null,null,null,null,null,null,null,null,null,null,null,null,null,null,null,null,null,null,null,null,{"$f":"'Baza klientów'!B604","v":0},false,{"$f":"IF(AE635=TRUE,COUNTIF($AE$32:AE635,TRUE()),\"\")","v":""},{"$f":"IFERROR(INDEX($AD:$AD,MATCH(ROWS($AD$32:AD635),$AF:$AF,0)),\"\")","v":""},null,null,false,{"$f":"IF(AJ635=TRUE,COUNTIF($AJ$32:AJ635,TRUE()),\"\")","v":""},{"$f":"IFERROR(INDEX($AD:$AD,MATCH(ROWS($AD$32:AD635),$AK:$AK,0)),\"\")","v":""},null,false,{"$f":"IF(AN635=TRUE,COUNTIF($AN$32:AN635,TRUE()),\"\")","v":""},{"$f":"IFERROR(INDEX($AD:$AD,MATCH(ROWS($AD$32:$AD635),$AO:$AO,0)),\"\")","v":""}]
[null,null,null,null,null,null,null,null,null,null,null,null,null,null,null,null,null,null,null,null,null,null,null,null,null,null,null,null,null,{"$f":"'Baza klientów'!B605","v":0},false,{"$f":"IF(AE636=TRUE,COUNTIF($AE$32:AE636,TRUE()),\"\")","v":""},{"$f":"IFERROR(INDEX($AD:$AD,MATCH(ROWS($AD$32:AD636),$AF:$AF,0)),\"\")","v":""},null,null,false,{"$f":"IF(AJ636=TRUE,COUNTIF($AJ$32:AJ636,TRUE()),\"\")","v":""},{"$f":"IFERROR(INDEX($AD:$AD,MATCH(ROWS($AD$32:AD636),$AK:$AK,0)),\"\")","v":""},null,false,{"$f":"IF(AN636=TRUE,COUNTIF($AN$32:AN636,TRUE()),\"\")","v":""},{"$f":"IFERROR(INDEX($AD:$AD,MATCH(ROWS($AD$32:$AD636),$AO:$AO,0)),\"\")","v":""}]
[null,null,null,null,null,null,null,null,null,null,null,null,null,null,null,null,null,null,null,null,null,null,null,null,null,null,null,null,null,{"$f":"'Baza klientów'!B606","v":0},false,{"$f":"IF(AE637=TRUE,COUNTIF($AE$32:AE637,TRUE()),\"\")","v":""},{"$f":"IFERROR(INDEX($AD:$AD,MATCH(ROWS($AD$32:AD637),$AF:$AF,0)),\"\")","v":""},null,null,false,{"$f":"IF(AJ637=TRUE,COUNTIF($AJ$32:AJ637,TRUE()),\"\")","v":""},{"$f":"IFERROR(INDEX($AD:$AD,MATCH(ROWS($AD$32:AD637),$AK:$AK,0)),\"\")","v":""},null,false,{"$f":"IF(AN637=TRUE,COUNTIF($AN$32:AN637,TRUE()),\"\")","v":""},{"$f":"IFERROR(INDEX($AD:$AD,MATCH(ROWS($AD$32:$AD637),$AO:$AO,0)),\"\")","v":""}]
[null,null,null,null,null,null,null,null,null,null,null,null,null,null,null,null,null,null,null,null,null,null,null,null,null,null,null,null,null,{"$f":"'Baza klientów'!B607","v":0},false,{"$f":"IF(AE638=TRUE,COUNTIF($AE$32:AE638,TRUE()),\"\")","v":""},{"$f":"IFERROR(INDEX($AD:$AD,MATCH(ROWS($AD$32:AD638),$AF:$AF,0)),\"\")","v":""},null,null,false,{"$f":"IF(AJ638=TRUE,COUNTIF($AJ$32:AJ638,TRUE()),\"\")","v":""},{"$f":"IFERROR(INDEX($AD:$AD,MATCH(ROWS($AD$32:AD638),$AK:$AK,0)),\"\")","v":""},null,false,{"$f":"IF(AN638=TRUE,COUNTIF($AN$32:AN638,TRUE()),\"\")","v":""},{"$f":"IFERROR(INDEX($AD:$AD,MATCH(ROWS($AD$32:$AD638),$AO:$AO,0)),\"\")","v":""}]
[null,null,null,null,null,null,null,null,null,null,null,null,null,null,null,null,null,null,null,null,null,null,null,null,null,null,null,null,null,{"$f":"'Baza klientów'!B608","v":0},false,{"$f":"IF(AE639=TRUE,COUNTIF($AE$32:AE639,TRUE()),\"\")","v":""},{"$f":"IFERROR(INDEX($AD:$AD,MATCH(ROWS($AD$32:AD639),$AF:$AF,0)),\"\")","v":""},null,null,false,{"$f":"IF(AJ639=TRUE,COUNTIF($AJ$32:AJ639,TRUE()),\"\")","v":""},{"$f":"IFERROR(INDEX($AD:$AD,MATCH(ROWS($AD$32:AD639),$AK:$AK,0)),\"\")","v":""},null,false,{"$f":"IF(AN639=TRUE,COUNTIF($AN$32:AN639,TRUE()),\"\")","v":""},{"$f":"IFERROR(INDEX($AD:$AD,MATCH(ROWS($AD$32:$AD639),$AO:$AO,0)),\"\")","v":""}]
[null,null,null,null,null,null,null,null,null,null,null,null,null,null,null,null,null,null,null,null,null,null,null,null,null,null,null,null,null,{"$f":"'Baza klientów'!B609","v":0},false,{"$f":"IF(AE640=TRUE,COUNTIF($AE$32:AE640,TRUE()),\"\")","v":""},{"$f":"IFERROR(INDEX($AD:$AD,MATCH(ROWS($AD$32:AD640),$AF:$AF,0)),\"\")","v":""},null,null,false,{"$f":"IF(AJ640=TRUE,COUNTIF($AJ$32:AJ640,TRUE()),\"\")","v":""},{"$f":"IFERROR(INDEX($AD:$AD,MATCH(ROWS($AD$32:AD640),$AK:$AK,0)),\"\")","v":""},null,false,{"$f":"IF(AN640=TRUE,COUNTIF($AN$32:AN640,TRUE()),\"\")","v":""},{"$f":"IFERROR(INDEX($AD:$AD,MATCH(ROWS($AD$32:$AD640),$AO:$AO,0)),\"\")","v":""}]
[null,null,null,null,null,null,null,null,null,null,null,null,null,null,null,null,null,null,null,null,null,null,null,null,null,null,null,null,null,{"$f":"'Baza klientów'!B610","v":0},false,{"$f":"IF(AE641=TRUE,COUNTIF($AE$32:AE641,TRUE()),\"\")","v":""},{"$f":"IFERROR(INDEX($AD:$AD,MATCH(ROWS($AD$32:AD641),$AF:$AF,0)),\"\")","v":""},null,null,false,{"$f":"IF(AJ641=TRUE,COUNTIF($AJ$32:AJ641,TRUE()),\"\")","v":""},{"$f":"IFERROR(INDEX($AD:$AD,MATCH(ROWS($AD$32:AD641),$AK:$AK,0)),\"\")","v":""},null,false,{"$f":"IF(AN641=TRUE,COUNTIF($AN$32:AN641,TRUE()),\"\")","v":""},{"$f":"IFERROR(INDEX($AD:$AD,MATCH(ROWS($AD$32:$AD641),$AO:$AO,0)),\"\")","v":""}]
[null,null,null,null,null,null,null,null,null,null,null,null,null,null,null,null,null,null,null,null,null,null,null,null,null,null,null,null,null,{"$f":"'Baza klientów'!B611","v":0},false,{"$f":"IF(AE642=TRUE,COUNTIF($AE$32:AE642,TRUE()),\"\")","v":""},{"$f":"IFERROR(INDEX($AD:$AD,MATCH(ROWS($AD$32:AD642),$AF:$AF,0)),\"\")","v":""},null,null,false,{"$f":"IF(AJ642=TRUE,COUNTIF($AJ$32:AJ642,TRUE()),\"\")","v":""},{"$f":"IFERROR(INDEX($AD:$AD,MATCH(ROWS($AD$32:AD642),$AK:$AK,0)),\"\")","v":""},null,false,{"$f":"IF(AN642=TRUE,COUNTIF($AN$32:AN642,TRUE()),\"\")","v":""},{"$f":"IFERROR(INDEX($AD:$AD,MATCH(ROWS($AD$32:$AD642),$AO:$AO,0)),\"\")","v":""}]
[null,null,null,null,null,null,null,null,null,null,null,null,null,null,null,null,null,null,null,null,null,null,null,null,null,null,null,null,null,{"$f":"'Baza klientów'!B612","v":0},false,{"$f":"IF(AE643=TRUE,COUNTIF($AE$32:AE643,TRUE()),\"\")","v":""},{"$f":"IFERROR(INDEX($AD:$AD,MATCH(ROWS($AD$32:AD643),$AF:$AF,0)),\"\")","v":""},null,null,false,{"$f":"IF(AJ643=TRUE,COUNTIF($AJ$32:AJ643,TRUE()),\"\")","v":""},{"$f":"IFERROR(INDEX($AD:$AD,MATCH(ROWS($AD$32:AD643),$AK:$AK,0)),\"\")","v":""},null,false,{"$f":"IF(AN643=TRUE,COUNTIF($AN$32:AN643,TRUE()),\"\")","v":""},{"$f":"IFERROR(INDEX($AD:$AD,MATCH(ROWS($AD$32:$AD643),$AO:$AO,0)),\"\")","v":""}]
[null,null,null,null,null,null,null,null,null,null,null,null,null,null,null,null,null,null,null,null,null,null,null,null,null,null,null,null,null,{"$f":"'Baza klientów'!B613","v":0},false,{"$f":"IF(AE644=TRUE,COUNTIF($AE$32:AE644,TRUE()),\"\")","v":""},{"$f":"IFERROR(INDEX($AD:$AD,MATCH(ROWS($AD$32:AD644),$AF:$AF,0)),\"\")","v":""},null,null,false,{"$f":"IF(AJ644=TRUE,COUNTIF($AJ$32:AJ644,TRUE()),\"\")","v":""},{"$f":"IFERROR(INDEX($AD:$AD,MATCH(ROWS($AD$32:AD644),$AK:$AK,0)),\"\")","v":""},null,false,{"$f":"IF(AN644=TRUE,COUNTIF($AN$32:AN644,TRUE()),\"\")","v":""},{"$f":"IFERROR(INDEX($AD:$AD,MATCH(ROWS($AD$32:$AD644),$AO:$AO,0)),\"\")","v":""}]
[null,null,null,null,null,null,null,null,null,null,null,null,null,null,null,null,null,null,null,null,null,null,null,null,null,null,null,null,null,{"$f":"'Baza klientów'!B614","v":0},false,{"$f":"IF(AE645=TRUE,COUNTIF($AE$32:AE645,TRUE()),\"\")","v":""},{"$f":"IFERROR(INDEX($AD:$AD,MATCH(ROWS($AD$32:AD645),$AF:$AF,0)),\"\")","v":""},null,null,false,{"$f":"IF(AJ645=TRUE,COUNTIF($AJ$32:AJ645,TRUE()),\"\")","v":""},{"$f":"IFERROR(INDEX($AD:$AD,MATCH(ROWS($AD$32:AD645),$AK:$AK,0)),\"\")","v":""},null,false,{"$f":"IF(AN645=TRUE,COUNTIF($AN$32:AN645,TRUE()),\"\")","v":""},{"$f":"IFERROR(INDEX($AD:$AD,MATCH(ROWS($AD$32:$AD645),$AO:$AO,0)),\"\")","v":""}]
[null,null,null,null,null,null,null,null,null,null,null,null,null,null,null,null,null,null,null,null,null,null,null,null,null,null,null,null,null,{"$f":"'Baza klientów'!B615","v":0},false,{"$f":"IF(AE646=TRUE,COUNTIF($AE$32:AE646,TRUE()),\"\")","v":""},{"$f":"IFERROR(INDEX($AD:$AD,MATCH(ROWS($AD$32:AD646),$AF:$AF,0)),\"\")","v":""},null,null,false,{"$f":"IF(AJ646=TRUE,COUNTIF($AJ$32:AJ646,TRUE()),\"\")","v":""},{"$f":"IFERROR(INDEX($AD:$AD,MATCH(ROWS($AD$32:AD646),$AK:$AK,0)),\"\")","v":""},null,false,{"$f":"IF(AN646=TRUE,COUNTIF($AN$32:AN646,TRUE()),\"\")","v":""},{"$f":"IFERROR(INDEX($AD:$AD,MATCH(ROWS($AD$32:$AD646),$AO:$AO,0)),\"\")","v":""}]
[null,null,null,null,null,null,null,null,null,null,null,null,null,null,null,null,null,null,null,null,null,null,null,null,null,null,null,null,null,{"$f":"'Baza klientów'!B616","v":0},false,{"$f":"IF(AE647=TRUE,COUNTIF($AE$32:AE647,TRUE()),\"\")","v":""},{"$f":"IFERROR(INDEX($AD:$AD,MATCH(ROWS($AD$32:AD647),$AF:$AF,0)),\"\")","v":""},null,null,false,{"$f":"IF(AJ647=TRUE,COUNTIF($AJ$32:AJ647,TRUE()),\"\")","v":""},{"$f":"IFERROR(INDEX($AD:$AD,MATCH(ROWS($AD$32:AD647),$AK:$AK,0)),\"\")","v":""},null,false,{"$f":"IF(AN647=TRUE,COUNTIF($AN$32:AN647,TRUE()),\"\")","v":""},{"$f":"IFERROR(INDEX($AD:$AD,MATCH(ROWS($AD$32:$AD647),$AO:$AO,0)),\"\")","v":""}]
[null,null,null,null,null,null,null,null,null,null,null,null,null,null,null,null,null,null,null,null,null,null,null,null,null,null,null,null,null,{"$f":"'Baza klientów'!B617","v":0},false,{"$f":"IF(AE648=TRUE,COUNTIF($AE$32:AE648,TRUE()),\"\")","v":""},{"$f":"IFERROR(INDEX($AD:$AD,MATCH(ROWS($AD$32:AD648),$AF:$AF,0)),\"\")","v":""},null,null,false,{"$f":"IF(AJ648=TRUE,COUNTIF($AJ$32:AJ648,TRUE()),\"\")","v":""},{"$f":"IFERROR(INDEX($AD:$AD,MATCH(ROWS($AD$32:AD648),$AK:$AK,0)),\"\")","v":""},null,false,{"$f":"IF(AN648=TRUE,COUNTIF($AN$32:AN648,TRUE()),\"\")","v":""},{"$f":"IFERROR(INDEX($AD:$AD,MATCH(ROWS($AD$32:$AD648),$AO:$AO,0)),\"\")","v":""}]
[null,null,null,null,null,null,null,null,null,null,null,null,null,null,null,null,null,null,null,null,null,null,null,null,null,null,null,null,null,{"$f":"'Baza klientów'!B618","v":0},false,{"$f":"IF(AE649=TRUE,COUNTIF($AE$32:AE649,TRUE()),\"\")","v":""},{"$f":"IFERROR(INDEX($AD:$AD,MATCH(ROWS($AD$32:AD649),$AF:$AF,0)),\"\")","v":""},null,null,false,{"$f":"IF(AJ649=TRUE,COUNTIF($AJ$32:AJ649,TRUE()),\"\")","v":""},{"$f":"IFERROR(INDEX($AD:$AD,MATCH(ROWS($AD$32:AD649),$AK:$AK,0)),\"\")","v":""},null,false,{"$f":"IF(AN649=TRUE,COUNTIF($AN$32:AN649,TRUE()),\"\")","v":""},{"$f":"IFERROR(INDEX($AD:$AD,MATCH(ROWS($AD$32:$AD649),$AO:$AO,0)),\"\")","v":""}]
[null,null,null,null,null,null,null,null,null,null,null,null,null,null,null,null,null,null,null,null,null,null,null,null,null,null,null,null,null,{"$f":"'Baza klientów'!B619","v":0},false,{"$f":"IF(AE650=TRUE,COUNTIF($AE$32:AE650,TRUE()),\"\")","v":""},{"$f":"IFERROR(INDEX($AD:$AD,MATCH(ROWS($AD$32:AD650),$AF:$AF,0)),\"\")","v":""},null,null,false,{"$f":"IF(AJ650=TRUE,COUNTIF($AJ$32:AJ650,TRUE()),\"\")","v":""},{"$f":"IFERROR(INDEX($AD:$AD,MATCH(ROWS($AD$32:AD650),$AK:$AK,0)),\"\")","v":""},null,false,{"$f":"IF(AN650=TRUE,COUNTIF($AN$32:AN650,TRUE()),\"\")","v":""},{"$f":"IFERROR(INDEX($AD:$AD,MATCH(ROWS($AD$32:$AD650),$AO:$AO,0)),\"\")","v":""}]
[null,null,null,null,null,null,null,null,null,null,null,null,null,null,null,null,null,null,null,null,null,null,null,null,null,null,null,null,null,{"$f":"'Baza klientów'!B620","v":0},false,{"$f":"IF(AE651=TRUE,COUNTIF($AE$32:AE651,TRUE()),\"\")","v":""},{"$f":"IFERROR(INDEX($AD:$AD,MATCH(ROWS($AD$32:AD651),$AF:$AF,0)),\"\")","v":""},null,null,false,{"$f":"IF(AJ651=TRUE,COUNTIF($AJ$32:AJ651,TRUE()),\"\")","v":""},{"$f":"IFERROR(INDEX($AD:$AD,MATCH(ROWS($AD$32:AD651),$AK:$AK,0)),\"\")","v":""},null,false,{"$f":"IF(AN651=TRUE,COUNTIF($AN$32:AN651,TRUE()),\"\")","v":""},{"$f":"IFERROR(INDEX($AD:$AD,MATCH(ROWS($AD$32:$AD651),$AO:$AO,0)),\"\")","v":""}]
[null,null,null,null,null,null,null,null,null,null,null,null,null,null,null,null,null,null,null,null,null,null,null,null,null,null,null,null,null,{"$f":"'Baza klientów'!B621","v":0},false,{"$f":"IF(AE652=TRUE,COUNTIF($AE$32:AE652,TRUE()),\"\")","v":""},{"$f":"IFERROR(INDEX($AD:$AD,MATCH(ROWS($AD$32:AD652),$AF:$AF,0)),\"\")","v":""},null,null,false,{"$f":"IF(AJ652=TRUE,COUNTIF($AJ$32:AJ652,TRUE()),\"\")","v":""},{"$f":"IFERROR(INDEX($AD:$AD,MATCH(ROWS($AD$32:AD652),$AK:$AK,0)),\"\")","v":""},null,false,{"$f":"IF(AN652=TRUE,COUNTIF($AN$32:AN652,TRUE()),\"\")","v":""},{"$f":"IFERROR(INDEX($AD:$AD,MATCH(ROWS($AD$32:$AD652),$AO:$AO,0)),\"\")","v":""}]
[null,null,null,null,null,null,null,null,null,null,null,null,null,null,null,null,null,null,null,null,null,null,null,null,null,null,null,null,null,{"$f":"'Baza klientów'!B622","v":0},false,{"$f":"IF(AE653=TRUE,COUNTIF($AE$32:AE653,TRUE()),\"\")","v":""},{"$f":"IFERROR(INDEX($AD:$AD,MATCH(ROWS($AD$32:AD653),$AF:$AF,0)),\"\")","v":""},null,null,false,{"$f":"IF(AJ653=TRUE,COUNTIF($AJ$32:AJ653,TRUE()),\"\")","v":""},{"$f":"IFERROR(INDEX($AD:$AD,MATCH(ROWS($AD$32:AD653),$AK:$AK,0)),\"\")","v":""},null,false,{"$f":"IF(AN653=TRUE,COUNTIF($AN$32:AN653,TRUE()),\"\")","v":""},{"$f":"IFERROR(INDEX($AD:$AD,MATCH(ROWS($AD$32:$AD653),$AO:$AO,0)),\"\")","v":""}]
[null,null,null,null,null,null,null,null,null,null,null,null,null,null,null,null,null,null,null,null,null,null,null,null,null,null,null,null,null,{"$f":"'Baza klientów'!B623","v":0},false,{"$f":"IF(AE654=TRUE,COUNTIF($AE$32:AE654,TRUE()),\"\")","v":""},{"$f":"IFERROR(INDEX($AD:$AD,MATCH(ROWS($AD$32:AD654),$AF:$AF,0)),\"\")","v":""},null,null,false,{"$f":"IF(AJ654=TRUE,COUNTIF($AJ$32:AJ654,TRUE()),\"\")","v":""},{"$f":"IFERROR(INDEX($AD:$AD,MATCH(ROWS($AD$32:AD654),$AK:$AK,0)),\"\")","v":""},null,false,{"$f":"IF(AN654=TRUE,COUNTIF($AN$32:AN654,TRUE()),\"\")","v":""},{"$f":"IFERROR(INDEX($AD:$AD,MATCH(ROWS($AD$32:$AD654),$AO:$AO,0)),\"\")","v":""}]
[null,null,null,null,null,null,null,null,null,null,null,null,null,null,null,null,null,null,null,null,null,null,null,null,null,null,null,null,null,{"$f":"'Baza klientów'!B624","v":0},false,{"$f":"IF(AE655=TRUE,COUNTIF($AE$32:AE655,TRUE()),\"\")","v":""},{"$f":"IFERROR(INDEX($AD:$AD,MATCH(ROWS($AD$32:AD655),$AF:$AF,0)),\"\")","v":""},null,null,false,{"$f":"IF(AJ655=TRUE,COUNTIF($AJ$32:AJ655,TRUE()),\"\")","v":""},{"$f":"IFERROR(INDEX($AD:$AD,MATCH(ROWS($AD$32:AD655),$AK:$AK,0)),\"\")","v":""},null,false,{"$f":"IF(AN655=TRUE,COUNTIF($AN$32:AN655,TRUE()),\"\")","v":""},{"$f":"IFERROR(INDEX($AD:$AD,MATCH(ROWS($AD$32:$AD655),$AO:$AO,0)),\"\")","v":""}]
[null,null,null,null,null,null,null,null,null,null,null,null,null,null,null,null,null,null,null,null,null,null,null,null,null,null,null,null,null,{"$f":"'Baza klientów'!B625","v":0},false,{"$f":"IF(AE656=TRUE,COUNTIF($AE$32:AE656,TRUE()),\"\")","v":""},{"$f":"IFERROR(INDEX($AD:$AD,MATCH(ROWS($AD$32:AD656),$AF:$AF,0)),\"\")","v":""},null,null,false,{"$f":"IF(AJ656=TRUE,COUNTIF($AJ$32:AJ656,TRUE()),\"\")","v":""},{"$f":"IFERROR(INDEX($AD:$AD,MATCH(ROWS($AD$32:AD656),$AK:$AK,0)),\"\")","v":""},null,false,{"$f":"IF(AN656=TRUE,COUNTIF($AN$32:AN656,TRUE()),\"\")","v":""},{"$f":"IFERROR(INDEX($AD:$AD,MATCH(ROWS($AD$32:$AD656),$AO:$AO,0)),\"\")","v":""}]
[null,null,null,null,null,null,null,null,null,null,null,null,null,null,null,null,null,null,null,null,null,null,null,null,null,null,null,null,null,{"$f":"'Baza klientów'!B626","v":0},false,{"$f":"IF(AE657=TRUE,COUNTIF($AE$32:AE657,TRUE()),\"\")","v":""},{"$f":"IFERROR(INDEX($AD:$AD,MATCH(ROWS($AD$32:AD657),$AF:$AF,0)),\"\")","v":""},null,null,false,{"$f":"IF(AJ657=TRUE,COUNTIF($AJ$32:AJ657,TRUE()),\"\")","v":""},{"$f":"IFERROR(INDEX($AD:$AD,MATCH(ROWS($AD$32:AD657),$AK:$AK,0)),\"\")","v":""},null,false,{"$f":"IF(AN657=TRUE,COUNTIF($AN$32:AN657,TRUE()),\"\")","v":""},{"$f":"IFERROR(INDEX($AD:$AD,MATCH(ROWS($AD$32:$AD657),$AO:$AO,0)),\"\")","v":""}]
[null,null,null,null,null,null,null,null,null,null,null,null,null,null,null,null,null,null,null,null,null,null,null,null,null,null,null,null,null,{"$f":"'Baza klientów'!B627","v":0},false,{"$f":"IF(AE658=TRUE,COUNTIF($AE$32:AE658,TRUE()),\"\")","v":""},{"$f":"IFERROR(INDEX($AD:$AD,MATCH(ROWS($AD$32:AD658),$AF:$AF,0)),\"\")","v":""},null,null,false,{"$f":"IF(AJ658=TRUE,COUNTIF($AJ$32:AJ658,TRUE()),\"\")","v":""},{"$f":"IFERROR(INDEX($AD:$AD,MATCH(ROWS($AD$32:AD658),$AK:$AK,0)),\"\")","v":""},null,false,{"$f":"IF(AN658=TRUE,COUNTIF($AN$32:AN658,TRUE()),\"\")","v":""},{"$f":"IFERROR(INDEX($AD:$AD,MATCH(ROWS($AD$32:$AD658),$AO:$AO,0)),\"\")","v":""}]
[null,null,null,null,null,null,null,null,null,null,null,null,null,null,null,null,null,null,null,null,null,null,null,null,null,null,null,null,null,{"$f":"'Baza klientów'!B628","v":0},false,{"$f":"IF(AE659=TRUE,COUNTIF($AE$32:AE659,TRUE()),\"\")","v":""},{"$f":"IFERROR(INDEX($AD:$AD,MATCH(ROWS($AD$32:AD659),$AF:$AF,0)),\"\")","v":""},null,null,false,{"$f":"IF(AJ659=TRUE,COUNTIF($AJ$32:AJ659,TRUE()),\"\")","v":""},{"$f":"IFERROR(INDEX($AD:$AD,MATCH(ROWS($AD$32:AD659),$AK:$AK,0)),\"\")","v":""},null,false,{"$f":"IF(AN659=TRUE,COUNTIF($AN$32:AN659,TRUE()),\"\")","v":""},{"$f":"IFERROR(INDEX($AD:$AD,MATCH(ROWS($AD$32:$AD659),$AO:$AO,0)),\"\")","v":""}]
[null,null,null,null,null,null,null,null,null,null,null,null,null,null,null,null,null,null,null,null,null,null,null,null,null,null,null,null,null,{"$f":"'Baza klientów'!B629","v":0},false,{"$f":"IF(AE660=TRUE,COUNTIF($AE$32:AE660,TRUE()),\"\")","v":""},{"$f":"IFERROR(INDEX($AD:$AD,MATCH(ROWS($AD$32:AD660),$AF:$AF,0)),\"\")","v":""},null,null,false,{"$f":"IF(AJ660=TRUE,COUNTIF($AJ$32:AJ660,TRUE()),\"\")","v":""},{"$f":"IFERROR(INDEX($AD:$AD,MATCH(ROWS($AD$32:AD660),$AK:$AK,0)),\"\")","v":""},null,false,{"$f":"IF(AN660=TRUE,COUNTIF($AN$32:AN660,TRUE()),\"\")","v":""},{"$f":"IFERROR(INDEX($AD:$AD,MATCH(ROWS($AD$32:$AD660),$AO:$AO,0)),\"\")","v":""}]
[null,null,null,null,null,null,null,null,null,null,null,null,null,null,null,null,null,null,null,null,null,null,null,null,null,null,null,null,null,{"$f":"'Baza klientów'!B630","v":0},false,{"$f":"IF(AE661=TRUE,COUNTIF($AE$32:AE661,TRUE()),\"\")","v":""},{"$f":"IFERROR(INDEX($AD:$AD,MATCH(ROWS($AD$32:AD661),$AF:$AF,0)),\"\")","v":""},null,null,false,{"$f":"IF(AJ661=TRUE,COUNTIF($AJ$32:AJ661,TRUE()),\"\")","v":""},{"$f":"IFERROR(INDEX($AD:$AD,MATCH(ROWS($AD$32:AD661),$AK:$AK,0)),\"\")","v":""},null,false,{"$f":"IF(AN661=TRUE,COUNTIF($AN$32:AN661,TRUE()),\"\")","v":""},{"$f":"IFERROR(INDEX($AD:$AD,MATCH(ROWS($AD$32:$AD661),$AO:$AO,0)),\"\")","v":""}]
[null,null,null,null,null,null,null,null,null,null,null,null,null,null,null,null,null,null,null,null,null,null,null,null,null,null,null,null,null,{"$f":"'Baza klientów'!B631","v":0},false,{"$f":"IF(AE662=TRUE,COUNTIF($AE$32:AE662,TRUE()),\"\")","v":""},{"$f":"IFERROR(INDEX($AD:$AD,MATCH(ROWS($AD$32:AD662),$AF:$AF,0)),\"\")","v":""},null,null,false,{"$f":"IF(AJ662=TRUE,COUNTIF($AJ$32:AJ662,TRUE()),\"\")","v":""},{"$f":"IFERROR(INDEX($AD:$AD,MATCH(ROWS($AD$32:AD662),$AK:$AK,0)),\"\")","v":""},null,false,{"$f":"IF(AN662=TRUE,COUNTIF($AN$32:AN662,TRUE()),\"\")","v":""},{"$f":"IFERROR(INDEX($AD:$AD,MATCH(ROWS($AD$32:$AD662),$AO:$AO,0)),\"\")","v":""}]
[null,null,null,null,null,null,null,null,null,null,null,null,null,null,null,null,null,null,null,null,null,null,null,null,null,null,null,null,null,{"$f":"'Baza klientów'!B632","v":0},false,{"$f":"IF(AE663=TRUE,COUNTIF($AE$32:AE663,TRUE()),\"\")","v":""},{"$f":"IFERROR(INDEX($AD:$AD,MATCH(ROWS($AD$32:AD663),$AF:$AF,0)),\"\")","v":""},null,null,false,{"$f":"IF(AJ663=TRUE,COUNTIF($AJ$32:AJ663,TRUE()),\"\")","v":""},{"$f":"IFERROR(INDEX($AD:$AD,MATCH(ROWS($AD$32:AD663),$AK:$AK,0)),\"\")","v":""},null,false,{"$f":"IF(AN663=TRUE,COUNTIF($AN$32:AN663,TRUE()),\"\")","v":""},{"$f":"IFERROR(INDEX($AD:$AD,MATCH(ROWS($AD$32:$AD663),$AO:$AO,0)),\"\")","v":""}]
[null,null,null,null,null,null,null,null,null,null,null,null,null,null,null,null,null,null,null,null,null,null,null,null,null,null,null,null,null,{"$f":"'Baza klientów'!B633","v":0},false,{"$f":"IF(AE664=TRUE,COUNTIF($AE$32:AE664,TRUE()),\"\")","v":""},{"$f":"IFERROR(INDEX($AD:$AD,MATCH(ROWS($AD$32:AD664),$AF:$AF,0)),\"\")","v":""},null,null,false,{"$f":"IF(AJ664=TRUE,COUNTIF($AJ$32:AJ664,TRUE()),\"\")","v":""},{"$f":"IFERROR(INDEX($AD:$AD,MATCH(ROWS($AD$32:AD664),$AK:$AK,0)),\"\")","v":""},null,false,{"$f":"IF(AN664=TRUE,COUNTIF($AN$32:AN664,TRUE()),\"\")","v":""},{"$f":"IFERROR(INDEX($AD:$AD,MATCH(ROWS($AD$32:$AD664),$AO:$AO,0)),\"\")","v":""}]
[null,null,null,null,null,null,null,null,null,null,null,null,null,null,null,null,null,null,null,null,null,null,null,null,null,null,null,null,null,{"$f":"'Baza klientów'!B634","v":0},false,{"$f":"IF(AE665=TRUE,COUNTIF($AE$32:AE665,TRUE()),\"\")","v":""},{"$f":"IFERROR(INDEX($AD:$AD,MATCH(ROWS($AD$32:AD665),$AF:$AF,0)),\"\")","v":""},null,null,false,{"$f":"IF(AJ665=TRUE,COUNTIF($AJ$32:AJ665,TRUE()),\"\")","v":""},{"$f":"IFERROR(INDEX($AD:$AD,MATCH(ROWS($AD$32:AD665),$AK:$AK,0)),\"\")","v":""},null,false,{"$f":"IF(AN665=TRUE,COUNTIF($AN$32:AN665,TRUE()),\"\")","v":""},{"$f":"IFERROR(INDEX($AD:$AD,MATCH(ROWS($AD$32:$AD665),$AO:$AO,0)),\"\")","v":""}]
[null,null,null,null,null,null,null,null,null,null,null,null,null,null,null,null,null,null,null,null,null,null,null,null,null,null,null,null,null,{"$f":"'Baza klientów'!B635","v":0},false,{"$f":"IF(AE666=TRUE,COUNTIF($AE$32:AE666,TRUE()),\"\")","v":""},{"$f":"IFERROR(INDEX($AD:$AD,MATCH(ROWS($AD$32:AD666),$AF:$AF,0)),\"\")","v":""},null,null,false,{"$f":"IF(AJ666=TRUE,COUNTIF($AJ$32:AJ666,TRUE()),\"\")","v":""},{"$f":"IFERROR(INDEX($AD:$AD,MATCH(ROWS($AD$32:AD666),$AK:$AK,0)),\"\")","v":""},null,false,{"$f":"IF(AN666=TRUE,COUNTIF($AN$32:AN666,TRUE()),\"\")","v":""},{"$f":"IFERROR(INDEX($AD:$AD,MATCH(ROWS($AD$32:$AD666),$AO:$AO,0)),\"\")","v":""}]
[null,null,null,null,null,null,null,null,null,null,null,null,null,null,null,null,null,null,null,null,null,null,null,null,null,null,null,null,null,{"$f":"'Baza klientów'!B636","v":0},false,{"$f":"IF(AE667=TRUE,COUNTIF($AE$32:AE667,TRUE()),\"\")","v":""},{"$f":"IFERROR(INDEX($AD:$AD,MATCH(ROWS($AD$32:AD667),$AF:$AF,0)),\"\")","v":""},null,null,false,{"$f":"IF(AJ667=TRUE,COUNTIF($AJ$32:AJ667,TRUE()),\"\")","v":""},{"$f":"IFERROR(INDEX($AD:$AD,MATCH(ROWS($AD$32:AD667),$AK:$AK,0)),\"\")","v":""},null,false,{"$f":"IF(AN667=TRUE,COUNTIF($AN$32:AN667,TRUE()),\"\")","v":""},{"$f":"IFERROR(INDEX($AD:$AD,MATCH(ROWS($AD$32:$AD667),$AO:$AO,0)),\"\")","v":""}]
[null,null,null,null,null,null,null,null,null,null,null,null,null,null,null,null,null,null,null,null,null,null,null,null,null,null,null,null,null,{"$f":"'Baza klientów'!B637","v":0},false,{"$f":"IF(AE668=TRUE,COUNTIF($AE$32:AE668,TRUE()),\"\")","v":""},{"$f":"IFERROR(INDEX($AD:$AD,MATCH(ROWS($AD$32:AD668),$AF:$AF,0)),\"\")","v":""},null,null,false,{"$f":"IF(AJ668=TRUE,COUNTIF($AJ$32:AJ668,TRUE()),\"\")","v":""},{"$f":"IFERROR(INDEX($AD:$AD,MATCH(ROWS($AD$32:AD668),$AK:$AK,0)),\"\")","v":""},null,false,{"$f":"IF(AN668=TRUE,COUNTIF($AN$32:AN668,TRUE()),\"\")","v":""},{"$f":"IFERROR(INDEX($AD:$AD,MATCH(ROWS($AD$32:$AD668),$AO:$AO,0)),\"\")","v":""}]
[null,null,null,null,null,null,null,null,null,null,null,null,null,null,null,null,null,null,null,null,null,null,null,null,null,null,null,null,null,{"$f":"'Baza klientów'!B638","v":0},false,{"$f":"IF(AE669=TRUE,COUNTIF($AE$32:AE669,TRUE()),\"\")","v":""},{"$f":"IFERROR(INDEX($AD:$AD,MATCH(ROWS($AD$32:AD669),$AF:$AF,0)),\"\")","v":""},null,null,false,{"$f":"IF(AJ669=TRUE,COUNTIF($AJ$32:AJ669,TRUE()),\"\")","v":""},{"$f":"IFERROR(INDEX($AD:$AD,MATCH(ROWS($AD$32:AD669),$AK:$AK,0)),\"\")","v":""},null,false,{"$f":"IF(AN669=TRUE,COUNTIF($AN$32:AN669,TRUE()),\"\")","v":""},{"$f":"IFERROR(INDEX($AD:$AD,MATCH(ROWS($AD$32:$AD669),$AO:$AO,0)),\"\")","v":""}]
[null,null,null,null,null,null,null,null,null,null,null,null,null,null,null,null,null,null,null,null,null,null,null,null,null,null,null,null,null,{"$f":"'Baza klientów'!B639","v":0},false,{"$f":"IF(AE670=TRUE,COUNTIF($AE$32:AE670,TRUE()),\"\")","v":""},{"$f":"IFERROR(INDEX($AD:$AD,MATCH(ROWS($AD$32:AD670),$AF:$AF,0)),\"\")","v":""},null,null,false,{"$f":"IF(AJ670=TRUE,COUNTIF($AJ$32:AJ670,TRUE()),\"\")","v":""},{"$f":"IFERROR(INDEX($AD:$AD,MATCH(ROWS($AD$32:AD670),$AK:$AK,0)),\"\")","v":""},null,false,{"$f":"IF(AN670=TRUE,COUNTIF($AN$32:AN670,TRUE()),\"\")","v":""},{"$f":"IFERROR(INDEX($AD:$AD,MATCH(ROWS($AD$32:$AD670),$AO:$AO,0)),\"\")","v":""}]
[null,null,null,null,null,null,null,null,null,null,null,null,null,null,null,null,null,null,null,null,null,null,null,null,null,null,null,null,null,{"$f":"'Baza klientów'!B640","v":0},false,{"$f":"IF(AE671=TRUE,COUNTIF($AE$32:AE671,TRUE()),\"\")","v":""},{"$f":"IFERROR(INDEX($AD:$AD,MATCH(ROWS($AD$32:AD671),$AF:$AF,0)),\"\")","v":""},null,null,false,{"$f":"IF(AJ671=TRUE,COUNTIF($AJ$32:AJ671,TRUE()),\"\")","v":""},{"$f":"IFERROR(INDEX($AD:$AD,MATCH(ROWS($AD$32:AD671),$AK:$AK,0)),\"\")","v":""},null,false,{"$f":"IF(AN671=TRUE,COUNTIF($AN$32:AN671,TRUE()),\"\")","v":""},{"$f":"IFERROR(INDEX($AD:$AD,MATCH(ROWS($AD$32:$AD671),$AO:$AO,0)),\"\")","v":""}]
[null,null,null,null,null,null,null,null,null,null,null,null,null,null,null,null,null,null,null,null,null,null,null,null,null,null,null,null,null,{"$f":"'Baza klientów'!B641","v":0},false,{"$f":"IF(AE672=TRUE,COUNTIF($AE$32:AE672,TRUE()),\"\")","v":""},{"$f":"IFERROR(INDEX($AD:$AD,MATCH(ROWS($AD$32:AD672),$AF:$AF,0)),\"\")","v":""},null,null,false,{"$f":"IF(AJ672=TRUE,COUNTIF($AJ$32:AJ672,TRUE()),\"\")","v":""},{"$f":"IFERROR(INDEX($AD:$AD,MATCH(ROWS($AD$32:AD672),$AK:$AK,0)),\"\")","v":""},null,false,{"$f":"IF(AN672=TRUE,COUNTIF($AN$32:AN672,TRUE()),\"\")","v":""},{"$f":"IFERROR(INDEX($AD:$AD,MATCH(ROWS($AD$32:$AD672),$AO:$AO,0)),\"\")","v":""}]
[null,null,null,null,null,null,null,null,null,null,null,null,null,null,null,null,null,null,null,null,null,null,null,null,null,null,null,null,null,{"$f":"'Baza klientów'!B642","v":0},{"$f":"ISNUMBER(SEARCH($AH$32,AD673))","v":false},{"$f":"IF(AE673=TRUE,COUNTIF($AE$32:AE673,TRUE()),\"\")","v":""},{"$f":"IFERROR(INDEX($AD:$AD,MATCH(ROWS($AD$32:AD673),$AF:$AF,0)),\"\")","v":""},null,null,{"$f":"ISNUMBER(SEARCH($AM$31,AD673))","v":false},{"$f":"IF(AJ673=TRUE,COUNTIF($AJ$32:AJ673,TRUE()),\"\")","v":""},{"$f":"IFERROR(INDEX($AD:$AD,MATCH(ROWS($AD$32:AD673),$AK:$AK,0)),\"\")","v":""},null,{"$f":"ISNUMBER(SEARCH($AQ$31,$AD673))","v":false},{"$f":"IF(AN673=TRUE,COUNTIF($AN$32:AN673,TRUE()),\"\")","v":""},{"$f":"IFERROR(INDEX($AD:$AD,MATCH(ROWS($AD$32:$AD673),$AO:$AO,0)),\"\")","v":""}]
[null,null,null,null,null,null,null,null,null,null,null,null,null,null,null,null,null,null,null,null,null,null,null,null,null,null,null,null,null,{"$f":"'Baza klientów'!B643","v":0},false,{"$f":"IF(AE674=TRUE,COUNTIF($AE$32:AE674,TRUE()),\"\")","v":""},{"$f":"IFERROR(INDEX($AD:$AD,MATCH(ROWS($AD$32:AD674),$AF:$AF,0)),\"\")","v":""},null,null,false,{"$f":"IF(AJ674=TRUE,COUNTIF($AJ$32:AJ674,TRUE()),\"\")","v":""},{"$f":"IFERROR(INDEX($AD:$AD,MATCH(ROWS($AD$32:AD674),$AK:$AK,0)),\"\")","v":""},null,false,{"$f":"IF(AN674=TRUE,COUNTIF($AN$32:AN674,TRUE()),\"\")","v":""},{"$f":"IFERROR(INDEX($AD:$AD,MATCH(ROWS($AD$32:$AD674),$AO:$AO,0)),\"\")","v":""}]
[null,null,null,null,null,null,null,null,null,null,null,null,null,null,null,null,null,null,null,null,null,null,null,null,null,null,null,null,null,{"$f":"'Baza klientów'!B644","v":0},false,{"$f":"IF(AE675=TRUE,COUNTIF($AE$32:AE675,TRUE()),\"\")","v":""},{"$f":"IFERROR(INDEX($AD:$AD,MATCH(ROWS($AD$32:AD675),$AF:$AF,0)),\"\")","v":""},null,null,false,{"$f":"IF(AJ675=TRUE,COUNTIF($AJ$32:AJ675,TRUE()),\"\")","v":""},{"$f":"IFERROR(INDEX($AD:$AD,MATCH(ROWS($AD$32:AD675),$AK:$AK,0)),\"\")","v":""},null,false,{"$f":"IF(AN675=TRUE,COUNTIF($AN$32:AN675,TRUE()),\"\")","v":""},{"$f":"IFERROR(INDEX($AD:$AD,MATCH(ROWS($AD$32:$AD675),$AO:$AO,0)),\"\")","v":""}]
[null,null,null,null,null,null,null,null,null,null,null,null,null,null,null,null,null,null,null,null,null,null,null,null,null,null,null,null,null,{"$f":"'Baza klientów'!B645","v":0},false,{"$f":"IF(AE676=TRUE,COUNTIF($AE$32:AE676,TRUE()),\"\")","v":""},{"$f":"IFERROR(INDEX($AD:$AD,MATCH(ROWS($AD$32:AD676),$AF:$AF,0)),\"\")","v":""},null,null,false,{"$f":"IF(AJ676=TRUE,COUNTIF($AJ$32:AJ676,TRUE()),\"\")","v":""},{"$f":"IFERROR(INDEX($AD:$AD,MATCH(ROWS($AD$32:AD676),$AK:$AK,0)),\"\")","v":""},null,false,{"$f":"IF(AN676=TRUE,COUNTIF($AN$32:AN676,TRUE()),\"\")","v":""},{"$f":"IFERROR(INDEX($AD:$AD,MATCH(ROWS($AD$32:$AD676),$AO:$AO,0)),\"\")","v":""}]
[null,null,null,null,null,null,null,null,null,null,null,null,null,null,null,null,null,null,null,null,null,null,null,null,null,null,null,null,null,{"$f":"'Baza klientów'!B646","v":0},false,{"$f":"IF(AE677=TRUE,COUNTIF($AE$32:AE677,TRUE()),\"\")","v":""},{"$f":"IFERROR(INDEX($AD:$AD,MATCH(ROWS($AD$32:AD677),$AF:$AF,0)),\"\")","v":""},null,null,false,{"$f":"IF(AJ677=TRUE,COUNTIF($AJ$32:AJ677,TRUE()),\"\")","v":""},{"$f":"IFERROR(INDEX($AD:$AD,MATCH(ROWS($AD$32:AD677),$AK:$AK,0)),\"\")","v":""},null,false,{"$f":"IF(AN677=TRUE,COUNTIF($AN$32:AN677,TRUE()),\"\")","v":""},{"$f":"IFERROR(INDEX($AD:$AD,MATCH(ROWS($AD$32:$AD677),$AO:$AO,0)),\"\")","v":""}]
[null,null,null,null,null,null,null,null,null,null,null,null,null,null,null,null,null,null,null,null,null,null,null,null,null,null,null,null,null,{"$f":"'Baza klientów'!B647","v":0},false,{"$f":"IF(AE678=TRUE,COUNTIF($AE$32:AE678,TRUE()),\"\")","v":""},{"$f":"IFERROR(INDEX($AD:$AD,MATCH(ROWS($AD$32:AD678),$AF:$AF,0)),\"\")","v":""},null,null,false,{"$f":"IF(AJ678=TRUE,COUNTIF($AJ$32:AJ678,TRUE()),\"\")","v":""},{"$f":"IFERROR(INDEX($AD:$AD,MATCH(ROWS($AD$32:AD678),$AK:$AK,0)),\"\")","v":""},null,false,{"$f":"IF(AN678=TRUE,COUNTIF($AN$32:AN678,TRUE()),\"\")","v":""},{"$f":"IFERROR(INDEX($AD:$AD,MATCH(ROWS($AD$32:$AD678),$AO:$AO,0)),\"\")","v":""}]
[null,null,null,null,null,null,null,null,null,null,null,null,null,null,null,null,null,null,null,null,null,null,null,null,null,null,null,null,null,{"$f":"'Baza klientów'!B648","v":0},false,{"$f":"IF(AE679=TRUE,COUNTIF($AE$32:AE679,TRUE()),\"\")","v":""},{"$f":"IFERROR(INDEX($AD:$AD,MATCH(ROWS($AD$32:AD679),$AF:$AF,0)),\"\")","v":""},null,null,false,{"$f":"IF(AJ679=TRUE,COUNTIF($AJ$32:AJ679,TRUE()),\"\")","v":""},{"$f":"IFERROR(INDEX($AD:$AD,MATCH(ROWS($AD$32:AD679),$AK:$AK,0)),\"\")","v":""},null,false,{"$f":"IF(AN679=TRUE,COUNTIF($AN$32:AN679,TRUE()),\"\")","v":""},{"$f":"IFERROR(INDEX($AD:$AD,MATCH(ROWS($AD$32:$AD679),$AO:$AO,0)),\"\")","v":""}]
[null,null,null,null,null,null,null,null,null,null,null,null,null,null,null,null,null,null,null,null,null,null,null,null,null,null,null,null,null,{"$f":"'Baza klientów'!B649","v":0},false,{"$f":"IF(AE680=TRUE,COUNTIF($AE$32:AE680,TRUE()),\"\")","v":""},{"$f":"IFERROR(INDEX($AD:$AD,MATCH(ROWS($AD$32:AD680),$AF:$AF,0)),\"\")","v":""},null,null,false,{"$f":"IF(AJ680=TRUE,COUNTIF($AJ$32:AJ680,TRUE()),\"\")","v":""},{"$f":"IFERROR(INDEX($AD:$AD,MATCH(ROWS($AD$32:AD680),$AK:$AK,0)),\"\")","v":""},null,false,{"$f":"IF(AN680=TRUE,COUNTIF($AN$32:AN680,TRUE()),\"\")","v":""},{"$f":"IFERROR(INDEX($AD:$AD,MATCH(ROWS($AD$32:$AD680),$AO:$AO,0)),\"\")","v":""}]
[null,null,null,null,null,null,null,null,null,null,null,null,null,null,null,null,null,null,null,null,null,null,null,null,null,null,null,null,null,{"$f":"'Baza klientów'!B650","v":0},false,{"$f":"IF(AE681=TRUE,COUNTIF($AE$32:AE681,TRUE()),\"\")","v":""},{"$f":"IFERROR(INDEX($AD:$AD,MATCH(ROWS($AD$32:AD681),$AF:$AF,0)),\"\")","v":""},null,null,false,{"$f":"IF(AJ681=TRUE,COUNTIF($AJ$32:AJ681,TRUE()),\"\")","v":""},{"$f":"IFERROR(INDEX($AD:$AD,MATCH(ROWS($AD$32:AD681),$AK:$AK,0)),\"\")","v":""},null,false,{"$f":"IF(AN681=TRUE,COUNTIF($AN$32:AN681,TRUE()),\"\")","v":""},{"$f":"IFERROR(INDEX($AD:$AD,MATCH(ROWS($AD$32:$AD681),$AO:$AO,0)),\"\")","v":""}]
[null,null,null,null,null,null,null,null,null,null,null,null,null,null,null,null,null,null,null,null,null,null,null,null,null,null,null,null,null,{"$f":"'Baza klientów'!B651","v":0},false,{"$f":"IF(AE682=TRUE,COUNTIF($AE$32:AE682,TRUE()),\"\")","v":""},{"$f":"IFERROR(INDEX($AD:$AD,MATCH(ROWS($AD$32:AD682),$AF:$AF,0)),\"\")","v":""},null,null,false,{"$f":"IF(AJ682=TRUE,COUNTIF($AJ$32:AJ682,TRUE()),\"\")","v":""},{"$f":"IFERROR(INDEX($AD:$AD,MATCH(ROWS($AD$32:AD682),$AK:$AK,0)),\"\")","v":""},null,false,{"$f":"IF(AN682=TRUE,COUNTIF($AN$32:AN682,TRUE()),\"\")","v":""},{"$f":"IFERROR(INDEX($AD:$AD,MATCH(ROWS($AD$32:$AD682),$AO:$AO,0)),\"\")","v":""}]
[null,null,null,null,null,null,null,null,null,null,null,null,null,null,null,null,null,null,null,null,null,null,null,null,null,null,null,null,null,{"$f":"'Baza klientów'!B652","v":0},false,{"$f":"IF(AE683=TRUE,COUNTIF($AE$32:AE683,TRUE()),\"\")","v":""},{"$f":"IFERROR(INDEX($AD:$AD,MATCH(ROWS($AD$32:AD683),$AF:$AF,0)),\"\")","v":""},null,null,false,{"$f":"IF(AJ683=TRUE,COUNTIF($AJ$32:AJ683,TRUE()),\"\")","v":""},{"$f":"IFERROR(INDEX($AD:$AD,MATCH(ROWS($AD$32:AD683),$AK:$AK,0)),\"\")","v":""},null,false,{"$f":"IF(AN683=TRUE,COUNTIF($AN$32:AN683,TRUE()),\"\")","v":""},{"$f":"IFERROR(INDEX($AD:$AD,MATCH(ROWS($AD$32:$AD683),$AO:$AO,0)),\"\")","v":""}]
[null,null,null,null,null,null,null,null,null,null,null,null,null,null,null,null,null,null,null,null,null,null,null,null,null,null,null,null,null,{"$f":"'Baza klientów'!B653","v":0},false,{"$f":"IF(AE684=TRUE,COUNTIF($AE$32:AE684,TRUE()),\"\")","v":""},{"$f":"IFERROR(INDEX($AD:$AD,MATCH(ROWS($AD$32:AD684),$AF:$AF,0)),\"\")","v":""},null,null,false,{"$f":"IF(AJ684=TRUE,COUNTIF($AJ$32:AJ684,TRUE()),\"\")","v":""},{"$f":"IFERROR(INDEX($AD:$AD,MATCH(ROWS($AD$32:AD684),$AK:$AK,0)),\"\")","v":""},null,false,{"$f":"IF(AN684=TRUE,COUNTIF($AN$32:AN684,TRUE()),\"\")","v":""},{"$f":"IFERROR(INDEX($AD:$AD,MATCH(ROWS($AD$32:$AD684),$AO:$AO,0)),\"\")","v":""}]
[null,null,null,null,null,null,null,null,null,null,null,null,null,null,null,null,null,null,null,null,null,null,null,null,null,null,null,null,null,{"$f":"'Baza klientów'!B654","v":0},false,{"$f":"IF(AE685=TRUE,COUNTIF($AE$32:AE685,TRUE()),\"\")","v":""},{"$f":"IFERROR(INDEX($AD:$AD,MATCH(ROWS($AD$32:AD685),$AF:$AF,0)),\"\")","v":""},null,null,false,{"$f":"IF(AJ685=TRUE,COUNTIF($AJ$32:AJ685,TRUE()),\"\")","v":""},{"$f":"IFERROR(INDEX($AD:$AD,MATCH(ROWS($AD$32:AD685),$AK:$AK,0)),\"\")","v":""},null,false,{"$f":"IF(AN685=TRUE,COUNTIF($AN$32:AN685,TRUE()),\"\")","v":""},{"$f":"IFERROR(INDEX($AD:$AD,MATCH(ROWS($AD$32:$AD685),$AO:$AO,0)),\"\")","v":""}]
[null,null,null,null,null,null,null,null,null,null,null,null,null,null,null,null,null,null,null,null,null,null,null,null,null,null,null,null,null,{"$f":"'Baza klientów'!B655","v":0},false,{"$f":"IF(AE686=TRUE,COUNTIF($AE$32:AE686,TRUE()),\"\")","v":""},{"$f":"IFERROR(INDEX($AD:$AD,MATCH(ROWS($AD$32:AD686),$AF:$AF,0)),\"\")","v":""},null,null,false,{"$f":"IF(AJ686=TRUE,COUNTIF($AJ$32:AJ686,TRUE()),\"\")","v":""},{"$f":"IFERROR(INDEX($AD:$AD,MATCH(ROWS($AD$32:AD686),$AK:$AK,0)),\"\")","v":""},null,false,{"$f":"IF(AN686=TRUE,COUNTIF($AN$32:AN686,TRUE()),\"\")","v":""},{"$f":"IFERROR(INDEX($AD:$AD,MATCH(ROWS($AD$32:$AD686),$AO:$AO,0)),\"\")","v":""}]
[null,null,null,null,null,null,null,null,null,null,null,null,null,null,null,null,null,null,null,null,null,null,null,null,null,null,null,null,null,{"$f":"'Baza klientów'!B656","v":0},false,{"$f":"IF(AE687=TRUE,COUNTIF($AE$32:AE687,TRUE()),\"\")","v":""},{"$f":"IFERROR(INDEX($AD:$AD,MATCH(ROWS($AD$32:AD687),$AF:$AF,0)),\"\")","v":""},null,null,false,{"$f":"IF(AJ687=TRUE,COUNTIF($AJ$32:AJ687,TRUE()),\"\")","v":""},{"$f":"IFERROR(INDEX($AD:$AD,MATCH(ROWS($AD$32:AD687),$AK:$AK,0)),\"\")","v":""},null,false,{"$f":"IF(AN687=TRUE,COUNTIF($AN$32:AN687,TRUE()),\"\")","v":""},{"$f":"IFERROR(INDEX($AD:$AD,MATCH(ROWS($AD$32:$AD687),$AO:$AO,0)),\"\")","v":""}]
[null,null,null,null,null,null,null,null,null,null,null,null,null,null,null,null,null,null,null,null,null,null,null,null,null,null,null,null,null,{"$f":"'Baza klientów'!B657","v":0},false,{"$f":"IF(AE688=TRUE,COUNTIF($AE$32:AE688,TRUE()),\"\")","v":""},{"$f":"IFERROR(INDEX($AD:$AD,MATCH(ROWS($AD$32:AD688),$AF:$AF,0)),\"\")","v":""},null,null,false,{"$f":"IF(AJ688=TRUE,COUNTIF($AJ$32:AJ688,TRUE()),\"\")","v":""},{"$f":"IFERROR(INDEX($AD:$AD,MATCH(ROWS($AD$32:AD688),$AK:$AK,0)),\"\")","v":""},null,false,{"$f":"IF(AN688=TRUE,COUNTIF($AN$32:AN688,TRUE()),\"\")","v":""},{"$f":"IFERROR(INDEX($AD:$AD,MATCH(ROWS($AD$32:$AD688),$AO:$AO,0)),\"\")","v":""}]
[null,null,null,null,null,null,null,null,null,null,null,null,null,null,null,null,null,null,null,null,null,null,null,null,null,null,null,null,null,{"$f":"'Baza klientów'!B658","v":0},false,{"$f":"IF(AE689=TRUE,COUNTIF($AE$32:AE689,TRUE()),\"\")","v":""},{"$f":"IFERROR(INDEX($AD:$AD,MATCH(ROWS($AD$32:AD689),$AF:$AF,0)),\"\")","v":""},null,null,false,{"$f":"IF(AJ689=TRUE,COUNTIF($AJ$32:AJ689,TRUE()),\"\")","v":""},{"$f":"IFERROR(INDEX($AD:$AD,MATCH(ROWS($AD$32:AD689),$AK:$AK,0)),\"\")","v":""},null,false,{"$f":"IF(AN689=TRUE,COUNTIF($AN$32:AN689,TRUE()),\"\")","v":""},{"$f":"IFERROR(INDEX($AD:$AD,MATCH(ROWS($AD$32:$AD689),$AO:$AO,0)),\"\")","v":""}]
[null,null,null,null,null,null,null,null,null,null,null,null,null,null,null,null,null,null,null,null,null,null,null,null,null,null,null,null,null,{"$f":"'Baza klientów'!B659","v":0},false,{"$f":"IF(AE690=TRUE,COUNTIF($AE$32:AE690,TRUE()),\"\")","v":""},{"$f":"IFERROR(INDEX($AD:$AD,MATCH(ROWS($AD$32:AD690),$AF:$AF,0)),\"\")","v":""},null,null,false,{"$f":"IF(AJ690=TRUE,COUNTIF($AJ$32:AJ690,TRUE()),\"\")","v":""},{"$f":"IFERROR(INDEX($AD:$AD,MATCH(ROWS($AD$32:AD690),$AK:$AK,0)),\"\")","v":""},null,false,{"$f":"IF(AN690=TRUE,COUNTIF($AN$32:AN690,TRUE()),\"\")","v":""},{"$f":"IFERROR(INDEX($AD:$AD,MATCH(ROWS($AD$32:$AD690),$AO:$AO,0)),\"\")","v":""}]
[null,null,null,null,null,null,null,null,null,null,null,null,null,null,null,null,null,null,null,null,null,null,null,null,null,null,null,null,null,{"$f":"'Baza klientów'!B660","v":0},false,{"$f":"IF(AE691=TRUE,COUNTIF($AE$32:AE691,TRUE()),\"\")","v":""},{"$f":"IFERROR(INDEX($AD:$AD,MATCH(ROWS($AD$32:AD691),$AF:$AF,0)),\"\")","v":""},null,null,false,{"$f":"IF(AJ691=TRUE,COUNTIF($AJ$32:AJ691,TRUE()),\"\")","v":""},{"$f":"IFERROR(INDEX($AD:$AD,MATCH(ROWS($AD$32:AD691),$AK:$AK,0)),\"\")","v":""},null,false,{"$f":"IF(AN691=TRUE,COUNTIF($AN$32:AN691,TRUE()),\"\")","v":""},{"$f":"IFERROR(INDEX($AD:$AD,MATCH(ROWS($AD$32:$AD691),$AO:$AO,0)),\"\")","v":""}]
[null,null,null,null,null,null,null,null,null,null,null,null,null,null,null,null,null,null,null,null,null,null,null,null,null,null,null,null,null,{"$f":"'Baza klientów'!B661","v":0},false,{"$f":"IF(AE692=TRUE,COUNTIF($AE$32:AE692,TRUE()),\"\")","v":""},{"$f":"IFERROR(INDEX($AD:$AD,MATCH(ROWS($AD$32:AD692),$AF:$AF,0)),\"\")","v":""},null,null,false,{"$f":"IF(AJ692=TRUE,COUNTIF($AJ$32:AJ692,TRUE()),\"\")","v":""},{"$f":"IFERROR(INDEX($AD:$AD,MATCH(ROWS($AD$32:AD692),$AK:$AK,0)),\"\")","v":""},null,false,{"$f":"IF(AN692=TRUE,COUNTIF($AN$32:AN692,TRUE()),\"\")","v":""},{"$f":"IFERROR(INDEX($AD:$AD,MATCH(ROWS($AD$32:$AD692),$AO:$AO,0)),\"\")","v":""}]
[null,null,null,null,null,null,null,null,null,null,null,null,null,null,null,null,null,null,null,null,null,null,null,null,null,null,null,null,null,{"$f":"'Baza klientów'!B662","v":0},false,{"$f":"IF(AE693=TRUE,COUNTIF($AE$32:AE693,TRUE()),\"\")","v":""},{"$f":"IFERROR(INDEX($AD:$AD,MATCH(ROWS($AD$32:AD693),$AF:$AF,0)),\"\")","v":""},null,null,false,{"$f":"IF(AJ693=TRUE,COUNTIF($AJ$32:AJ693,TRUE()),\"\")","v":""},{"$f":"IFERROR(INDEX($AD:$AD,MATCH(ROWS($AD$32:AD693),$AK:$AK,0)),\"\")","v":""},null,false,{"$f":"IF(AN693=TRUE,COUNTIF($AN$32:AN693,TRUE()),\"\")","v":""},{"$f":"IFERROR(INDEX($AD:$AD,MATCH(ROWS($AD$32:$AD693),$AO:$AO,0)),\"\")","v":""}]
[null,null,null,null,null,null,null,null,null,null,null,null,null,null,null,null,null,null,null,null,null,null,null,null,null,null,null,null,null,{"$f":"'Baza klientów'!B663","v":0},false,{"$f":"IF(AE694=TRUE,COUNTIF($AE$32:AE694,TRUE()),\"\")","v":""},{"$f":"IFERROR(INDEX($AD:$AD,MATCH(ROWS($AD$32:AD694),$AF:$AF,0)),\"\")","v":""},null,null,false,{"$f":"IF(AJ694=TRUE,COUNTIF($AJ$32:AJ694,TRUE()),\"\")","v":""},{"$f":"IFERROR(INDEX($AD:$AD,MATCH(ROWS($AD$32:AD694),$AK:$AK,0)),\"\")","v":""},null,false,{"$f":"IF(AN694=TRUE,COUNTIF($AN$32:AN694,TRUE()),\"\")","v":""},{"$f":"IFERROR(INDEX($AD:$AD,MATCH(ROWS($AD$32:$AD694),$AO:$AO,0)),\"\")","v":""}]
[null,null,null,null,null,null,null,null,null,null,null,null,null,null,null,null,null,null,null,null,null,null,null,null,null,null,null,null,null,{"$f":"'Baza klientów'!B664","v":0},false,{"$f":"IF(AE695=TRUE,COUNTIF($AE$32:AE695,TRUE()),\"\")","v":""},{"$f":"IFERROR(INDEX($AD:$AD,MATCH(ROWS($AD$32:AD695),$AF:$AF,0)),\"\")","v":""},null,null,false,{"$f":"IF(AJ695=TRUE,COUNTIF($AJ$32:AJ695,TRUE()),\"\")","v":""},{"$f":"IFERROR(INDEX($AD:$AD,MATCH(ROWS($AD$32:AD695),$AK:$AK,0)),\"\")","v":""},null,false,{"$f":"IF(AN695=TRUE,COUNTIF($AN$32:AN695,TRUE()),\"\")","v":""},{"$f":"IFERROR(INDEX($AD:$AD,MATCH(ROWS($AD$32:$AD695),$AO:$AO,0)),\"\")","v":""}]
[null,null,null,null,null,null,null,null,null,null,null,null,null,null,null,null,null,null,null,null,null,null,null,null,null,null,null,null,null,{"$f":"'Baza klientów'!B665","v":0},false,{"$f":"IF(AE696=TRUE,COUNTIF($AE$32:AE696,TRUE()),\"\")","v":""},{"$f":"IFERROR(INDEX($AD:$AD,MATCH(ROWS($AD$32:AD696),$AF:$AF,0)),\"\")","v":""},null,null,false,{"$f":"IF(AJ696=TRUE,COUNTIF($AJ$32:AJ696,TRUE()),\"\")","v":""},{"$f":"IFERROR(INDEX($AD:$AD,MATCH(ROWS($AD$32:AD696),$AK:$AK,0)),\"\")","v":""},null,false,{"$f":"IF(AN696=TRUE,COUNTIF($AN$32:AN696,TRUE()),\"\")","v":""},{"$f":"IFERROR(INDEX($AD:$AD,MATCH(ROWS($AD$32:$AD696),$AO:$AO,0)),\"\")","v":""}]
[null,null,null,null,null,null,null,null,null,null,null,null,null,null,null,null,null,null,null,null,null,null,null,null,null,null,null,null,null,{"$f":"'Baza klientów'!B666","v":0},false,{"$f":"IF(AE697=TRUE,COUNTIF($AE$32:AE697,TRUE()),\"\")","v":""},{"$f":"IFERROR(INDEX($AD:$AD,MATCH(ROWS($AD$32:AD697),$AF:$AF,0)),\"\")","v":""},null,null,false,{"$f":"IF(AJ697=TRUE,COUNTIF($AJ$32:AJ697,TRUE()),\"\")","v":""},{"$f":"IFERROR(INDEX($AD:$AD,MATCH(ROWS($AD$32:AD697),$AK:$AK,0)),\"\")","v":""},null,false,{"$f":"IF(AN697=TRUE,COUNTIF($AN$32:AN697,TRUE()),\"\")","v":""},{"$f":"IFERROR(INDEX($AD:$AD,MATCH(ROWS($AD$32:$AD697),$AO:$AO,0)),\"\")","v":""}]
[null,null,null,null,null,null,null,null,null,null,null,null,null,null,null,null,null,null,null,null,null,null,null,null,null,null,null,null,null,{"$f":"'Baza klientów'!B667","v":0},false,{"$f":"IF(AE698=TRUE,COUNTIF($AE$32:AE698,TRUE()),\"\")","v":""},{"$f":"IFERROR(INDEX($AD:$AD,MATCH(ROWS($AD$32:AD698),$AF:$AF,0)),\"\")","v":""},null,null,false,{"$f":"IF(AJ698=TRUE,COUNTIF($AJ$32:AJ698,TRUE()),\"\")","v":""},{"$f":"IFERROR(INDEX($AD:$AD,MATCH(ROWS($AD$32:AD698),$AK:$AK,0)),\"\")","v":""},null,false,{"$f":"IF(AN698=TRUE,COUNTIF($AN$32:AN698,TRUE()),\"\")","v":""},{"$f":"IFERROR(INDEX($AD:$AD,MATCH(ROWS($AD$32:$AD698),$AO:$AO,0)),\"\")","v":""}]
[null,null,null,null,null,null,null,null,null,null,null,null,null,null,null,null,null,null,null,null,null,null,null,null,null,null,null,null,null,{"$f":"'Baza klientów'!B668","v":0},false,{"$f":"IF(AE699=TRUE,COUNTIF($AE$32:AE699,TRUE()),\"\")","v":""},{"$f":"IFERROR(INDEX($AD:$AD,MATCH(ROWS($AD$32:AD699),$AF:$AF,0)),\"\")","v":""},null,null,false,{"$f":"IF(AJ699=TRUE,COUNTIF($AJ$32:AJ699,TRUE()),\"\")","v":""},{"$f":"IFERROR(INDEX($AD:$AD,MATCH(ROWS($AD$32:AD699),$AK:$AK,0)),\"\")","v":""},null,false,{"$f":"IF(AN699=TRUE,COUNTIF($AN$32:AN699,TRUE()),\"\")","v":""},{"$f":"IFERROR(INDEX($AD:$AD,MATCH(ROWS($AD$32:$AD699),$AO:$AO,0)),\"\")","v":""}]
[null,null,null,null,null,null,null,null,null,null,null,null,null,null,null,null,null,null,null,null,null,null,null,null,null,null,null,null,null,{"$f":"'Baza klientów'!B669","v":0},false,{"$f":"IF(AE700=TRUE,COUNTIF($AE$32:AE700,TRUE()),\"\")","v":""},{"$f":"IFERROR(INDEX($AD:$AD,MATCH(ROWS($AD$32:AD700),$AF:$AF,0)),\"\")","v":""},null,null,false,{"$f":"IF(AJ700=TRUE,COUNTIF($AJ$32:AJ700,TRUE()),\"\")","v":""},{"$f":"IFERROR(INDEX($AD:$AD,MATCH(ROWS($AD$32:AD700),$AK:$AK,0)),\"\")","v":""},null,false,{"$f":"IF(AN700=TRUE,COUNTIF($AN$32:AN700,TRUE()),\"\")","v":""},{"$f":"IFERROR(INDEX($AD:$AD,MATCH(ROWS($AD$32:$AD700),$AO:$AO,0)),\"\")","v":""}]
[null,null,null,null,null,null,null,null,null,null,null,null,null,null,null,null,null,null,null,null,null,null,null,null,null,null,null,null,null,{"$f":"'Baza klientów'!B670","v":0},false,{"$f":"IF(AE701=TRUE,COUNTIF($AE$32:AE701,TRUE()),\"\")","v":""},{"$f":"IFERROR(INDEX($AD:$AD,MATCH(ROWS($AD$32:AD701),$AF:$AF,0)),\"\")","v":""},null,null,false,{"$f":"IF(AJ701=TRUE,COUNTIF($AJ$32:AJ701,TRUE()),\"\")","v":""},{"$f":"IFERROR(INDEX($AD:$AD,MATCH(ROWS($AD$32:AD701),$AK:$AK,0)),\"\")","v":""},null,false,{"$f":"IF(AN701=TRUE,COUNTIF($AN$32:AN701,TRUE()),\"\")","v":""},{"$f":"IFERROR(INDEX($AD:$AD,MATCH(ROWS($AD$32:$AD701),$AO:$AO,0)),\"\")","v":""}]
[null,null,null,null,null,null,null,null,null,null,null,null,null,null,null,null,null,null,null,null,null,null,null,null,null,null,null,null,null,{"$f":"'Baza klientów'!B671","v":0},false,{"$f":"IF(AE702=TRUE,COUNTIF($AE$32:AE702,TRUE()),\"\")","v":""},{"$f":"IFERROR(INDEX($AD:$AD,MATCH(ROWS($AD$32:AD702),$AF:$AF,0)),\"\")","v":""},null,null,false,{"$f":"IF(AJ702=TRUE,COUNTIF($AJ$32:AJ702,TRUE()),\"\")","v":""},{"$f":"IFERROR(INDEX($AD:$AD,MATCH(ROWS($AD$32:AD702),$AK:$AK,0)),\"\")","v":""},null,false,{"$f":"IF(AN702=TRUE,COUNTIF($AN$32:AN702,TRUE()),\"\")","v":""},{"$f":"IFERROR(INDEX($AD:$AD,MATCH(ROWS($AD$32:$AD702),$AO:$AO,0)),\"\")","v":""}]
[null,null,null,null,null,null,null,null,null,null,null,null,null,null,null,null,null,null,null,null,null,null,null,null,null,null,null,null,null,{"$f":"'Baza klientów'!B672","v":0},false,{"$f":"IF(AE703=TRUE,COUNTIF($AE$32:AE703,TRUE()),\"\")","v":""},{"$f":"IFERROR(INDEX($AD:$AD,MATCH(ROWS($AD$32:AD703),$AF:$AF,0)),\"\")","v":""},null,null,false,{"$f":"IF(AJ703=TRUE,COUNTIF($AJ$32:AJ703,TRUE()),\"\")","v":""},{"$f":"IFERROR(INDEX($AD:$AD,MATCH(ROWS($AD$32:AD703),$AK:$AK,0)),\"\")","v":""},null,false,{"$f":"IF(AN703=TRUE,COUNTIF($AN$32:AN703,TRUE()),\"\")","v":""},{"$f":"IFERROR(INDEX($AD:$AD,MATCH(ROWS($AD$32:$AD703),$AO:$AO,0)),\"\")","v":""}]
[null,null,null,null,null,null,null,null,null,null,null,null,null,null,null,null,null,null,null,null,null,null,null,null,null,null,null,null,null,{"$f":"'Baza klientów'!B673","v":0},false,{"$f":"IF(AE704=TRUE,COUNTIF($AE$32:AE704,TRUE()),\"\")","v":""},{"$f":"IFERROR(INDEX($AD:$AD,MATCH(ROWS($AD$32:AD704),$AF:$AF,0)),\"\")","v":""},null,null,false,{"$f":"IF(AJ704=TRUE,COUNTIF($AJ$32:AJ704,TRUE()),\"\")","v":""},{"$f":"IFERROR(INDEX($AD:$AD,MATCH(ROWS($AD$32:AD704),$AK:$AK,0)),\"\")","v":""},null,false,{"$f":"IF(AN704=TRUE,COUNTIF($AN$32:AN704,TRUE()),\"\")","v":""},{"$f":"IFERROR(INDEX($AD:$AD,MATCH(ROWS($AD$32:$AD704),$AO:$AO,0)),\"\")","v":""}]
[null,null,null,null,null,null,null,null,null,null,null,null,null,null,null,null,null,null,null,null,null,null,null,null,null,null,null,null,null,{"$f":"'Baza klientów'!B674","v":0},false,{"$f":"IF(AE705=TRUE,COUNTIF($AE$32:AE705,TRUE()),\"\")","v":""},{"$f":"IFERROR(INDEX($AD:$AD,MATCH(ROWS($AD$32:AD705),$AF:$AF,0)),\"\")","v":""},null,null,false,{"$f":"IF(AJ705=TRUE,COUNTIF($AJ$32:AJ705,TRUE()),\"\")","v":""},{"$f":"IFERROR(INDEX($AD:$AD,MATCH(ROWS($AD$32:AD705),$AK:$AK,0)),\"\")","v":""},null,false,{"$f":"IF(AN705=TRUE,COUNTIF($AN$32:AN705,TRUE()),\"\")","v":""},{"$f":"IFERROR(INDEX($AD:$AD,MATCH(ROWS($AD$32:$AD705),$AO:$AO,0)),\"\")","v":""}]
[null,null,null,null,null,null,null,null,null,null,null,null,null,null,null,null,null,null,null,null,null,null,null,null,null,null,null,null,null,{"$f":"'Baza klientów'!B675","v":0},false,{"$f":"IF(AE706=TRUE,COUNTIF($AE$32:AE706,TRUE()),\"\")","v":""},{"$f":"IFERROR(INDEX($AD:$AD,MATCH(ROWS($AD$32:AD706),$AF:$AF,0)),\"\")","v":""},null,null,false,{"$f":"IF(AJ706=TRUE,COUNTIF($AJ$32:AJ706,TRUE()),\"\")","v":""},{"$f":"IFERROR(INDEX($AD:$AD,MATCH(ROWS($AD$32:AD706),$AK:$AK,0)),\"\")","v":""},null,false,{"$f":"IF(AN706=TRUE,COUNTIF($AN$32:AN706,TRUE()),\"\")","v":""},{"$f":"IFERROR(INDEX($AD:$AD,MATCH(ROWS($AD$32:$AD706),$AO:$AO,0)),\"\")","v":""}]
[null,null,null,null,null,null,null,null,null,null,null,null,null,null,null,null,null,null,null,null,null,null,null,null,null,null,null,null,null,{"$f":"'Baza klientów'!B676","v":0},false,{"$f":"IF(AE707=TRUE,COUNTIF($AE$32:AE707,TRUE()),\"\")","v":""},{"$f":"IFERROR(INDEX($AD:$AD,MATCH(ROWS($AD$32:AD707),$AF:$AF,0)),\"\")","v":""},null,null,false,{"$f":"IF(AJ707=TRUE,COUNTIF($AJ$32:AJ707,TRUE()),\"\")","v":""},{"$f":"IFERROR(INDEX($AD:$AD,MATCH(ROWS($AD$32:AD707),$AK:$AK,0)),\"\")","v":""},null,false,{"$f":"IF(AN707=TRUE,COUNTIF($AN$32:AN707,TRUE()),\"\")","v":""},{"$f":"IFERROR(INDEX($AD:$AD,MATCH(ROWS($AD$32:$AD707),$AO:$AO,0)),\"\")","v":""}]
[null,null,null,null,null,null,null,null,null,null,null,null,null,null,null,null,null,null,null,null,null,null,null,null,null,null,null,null,null,{"$f":"'Baza klientów'!B677","v":0},false,{"$f":"IF(AE708=TRUE,COUNTIF($AE$32:AE708,TRUE()),\"\")","v":""},{"$f":"IFERROR(INDEX($AD:$AD,MATCH(ROWS($AD$32:AD708),$AF:$AF,0)),\"\")","v":""},null,null,false,{"$f":"IF(AJ708=TRUE,COUNTIF($AJ$32:AJ708,TRUE()),\"\")","v":""},{"$f":"IFERROR(INDEX($AD:$AD,MATCH(ROWS($AD$32:AD708),$AK:$AK,0)),\"\")","v":""},null,false,{"$f":"IF(AN708=TRUE,COUNTIF($AN$32:AN708,TRUE()),\"\")","v":""},{"$f":"IFERROR(INDEX($AD:$AD,MATCH(ROWS($AD$32:$AD708),$AO:$AO,0)),\"\")","v":""}]
[null,null,null,null,null,null,null,null,null,null,null,null,null,null,null,null,null,null,null,null,null,null,null,null,null,null,null,null,null,{"$f":"'Baza klientów'!B678","v":0},false,{"$f":"IF(AE709=TRUE,COUNTIF($AE$32:AE709,TRUE()),\"\")","v":""},{"$f":"IFERROR(INDEX($AD:$AD,MATCH(ROWS($AD$32:AD709),$AF:$AF,0)),\"\")","v":""},null,null,false,{"$f":"IF(AJ709=TRUE,COUNTIF($AJ$32:AJ709,TRUE()),\"\")","v":""},{"$f":"IFERROR(INDEX($AD:$AD,MATCH(ROWS($AD$32:AD709),$AK:$AK,0)),\"\")","v":""},null,false,{"$f":"IF(AN709=TRUE,COUNTIF($AN$32:AN709,TRUE()),\"\")","v":""},{"$f":"IFERROR(INDEX($AD:$AD,MATCH(ROWS($AD$32:$AD709),$AO:$AO,0)),\"\")","v":""}]
[null,null,null,null,null,null,null,null,null,null,null,null,null,null,null,null,null,null,null,null,null,null,null,null,null,null,null,null,null,{"$f":"'Baza klientów'!B679","v":0},false,{"$f":"IF(AE710=TRUE,COUNTIF($AE$32:AE710,TRUE()),\"\")","v":""},{"$f":"IFERROR(INDEX($AD:$AD,MATCH(ROWS($AD$32:AD710),$AF:$AF,0)),\"\")","v":""},null,null,false,{"$f":"IF(AJ710=TRUE,COUNTIF($AJ$32:AJ710,TRUE()),\"\")","v":""},{"$f":"IFERROR(INDEX($AD:$AD,MATCH(ROWS($AD$32:AD710),$AK:$AK,0)),\"\")","v":""},null,false,{"$f":"IF(AN710=TRUE,COUNTIF($AN$32:AN710,TRUE()),\"\")","v":""},{"$f":"IFERROR(INDEX($AD:$AD,MATCH(ROWS($AD$32:$AD710),$AO:$AO,0)),\"\")","v":""}]
[null,null,null,null,null,null,null,null,null,null,null,null,null,null,null,null,null,null,null,null,null,null,null,null,null,null,null,null,null,{"$f":"'Baza klientów'!B680","v":0},false,{"$f":"IF(AE711=TRUE,COUNTIF($AE$32:AE711,TRUE()),\"\")","v":""},{"$f":"IFERROR(INDEX($AD:$AD,MATCH(ROWS($AD$32:AD711),$AF:$AF,0)),\"\")","v":""},null,null,false,{"$f":"IF(AJ711=TRUE,COUNTIF($AJ$32:AJ711,TRUE()),\"\")","v":""},{"$f":"IFERROR(INDEX($AD:$AD,MATCH(ROWS($AD$32:AD711),$AK:$AK,0)),\"\")","v":""},null,false,{"$f":"IF(AN711=TRUE,COUNTIF($AN$32:AN711,TRUE()),\"\")","v":""},{"$f":"IFERROR(INDEX($AD:$AD,MATCH(ROWS($AD$32:$AD711),$AO:$AO,0)),\"\")","v":""}]
[null,null,null,null,null,null,null,null,null,null,null,null,null,null,null,null,null,null,null,null,null,null,null,null,null,null,null,null,null,{"$f":"'Baza klientów'!B681","v":0},false,{"$f":"IF(AE712=TRUE,COUNTIF($AE$32:AE712,TRUE()),\"\")","v":""},{"$f":"IFERROR(INDEX($AD:$AD,MATCH(ROWS($AD$32:AD712),$AF:$AF,0)),\"\")","v":""},null,null,false,{"$f":"IF(AJ712=TRUE,COUNTIF($AJ$32:AJ712,TRUE()),\"\")","v":""},{"$f":"IFERROR(INDEX($AD:$AD,MATCH(ROWS($AD$32:AD712),$AK:$AK,0)),\"\")","v":""},null,false,{"$f":"IF(AN712=TRUE,COUNTIF($AN$32:AN712,TRUE()),\"\")","v":""},{"$f":"IFERROR(INDEX($AD:$AD,MATCH(ROWS($AD$32:$AD712),$AO:$AO,0)),\"\")","v":""}]
[null,null,null,null,null,null,null,null,null,null,null,null,null,null,null,null,null,null,null,null,null,null,null,null,null,null,null,null,null,{"$f":"'Baza klientów'!B682","v":0},false,{"$f":"IF(AE713=TRUE,COUNTIF($AE$32:AE713,TRUE()),\"\")","v":""},{"$f":"IFERROR(INDEX($AD:$AD,MATCH(ROWS($AD$32:AD713),$AF:$AF,0)),\"\")","v":""},null,null,false,{"$f":"IF(AJ713=TRUE,COUNTIF($AJ$32:AJ713,TRUE()),\"\")","v":""},{"$f":"IFERROR(INDEX($AD:$AD,MATCH(ROWS($AD$32:AD713),$AK:$AK,0)),\"\")","v":""},null,false,{"$f":"IF(AN713=TRUE,COUNTIF($AN$32:AN713,TRUE()),\"\")","v":""},{"$f":"IFERROR(INDEX($AD:$AD,MATCH(ROWS($AD$32:$AD713),$AO:$AO,0)),\"\")","v":""}]
[null,null,null,null,null,null,null,null,null,null,null,null,null,null,null,null,null,null,null,null,null,null,null,null,null,null,null,null,null,{"$f":"'Baza klientów'!B683","v":0},false,{"$f":"IF(AE714=TRUE,COUNTIF($AE$32:AE714,TRUE()),\"\")","v":""},{"$f":"IFERROR(INDEX($AD:$AD,MATCH(ROWS($AD$32:AD714),$AF:$AF,0)),\"\")","v":""},null,null,false,{"$f":"IF(AJ714=TRUE,COUNTIF($AJ$32:AJ714,TRUE()),\"\")","v":""},{"$f":"IFERROR(INDEX($AD:$AD,MATCH(ROWS($AD$32:AD714),$AK:$AK,0)),\"\")","v":""},null,false,{"$f":"IF(AN714=TRUE,COUNTIF($AN$32:AN714,TRUE()),\"\")","v":""},{"$f":"IFERROR(INDEX($AD:$AD,MATCH(ROWS($AD$32:$AD714),$AO:$AO,0)),\"\")","v":""}]
[null,null,null,null,null,null,null,null,null,null,null,null,null,null,null,null,null,null,null,null,null,null,null,null,null,null,null,null,null,{"$f":"'Baza klientów'!B684","v":0},false,{"$f":"IF(AE715=TRUE,COUNTIF($AE$32:AE715,TRUE()),\"\")","v":""},{"$f":"IFERROR(INDEX($AD:$AD,MATCH(ROWS($AD$32:AD715),$AF:$AF,0)),\"\")","v":""},null,null,false,{"$f":"IF(AJ715=TRUE,COUNTIF($AJ$32:AJ715,TRUE()),\"\")","v":""},{"$f":"IFERROR(INDEX($AD:$AD,MATCH(ROWS($AD$32:AD715),$AK:$AK,0)),\"\")","v":""},null,false,{"$f":"IF(AN715=TRUE,COUNTIF($AN$32:AN715,TRUE()),\"\")","v":""},{"$f":"IFERROR(INDEX($AD:$AD,MATCH(ROWS($AD$32:$AD715),$AO:$AO,0)),\"\")","v":""}]
[null,null,null,null,null,null,null,null,null,null,null,null,null,null,null,null,null,null,null,null,null,null,null,null,null,null,null,null,null,{"$f":"'Baza klientów'!B685","v":0},false,{"$f":"IF(AE716=TRUE,COUNTIF($AE$32:AE716,TRUE()),\"\")","v":""},{"$f":"IFERROR(INDEX($AD:$AD,MATCH(ROWS($AD$32:AD716),$AF:$AF,0)),\"\")","v":""},null,null,false,{"$f":"IF(AJ716=TRUE,COUNTIF($AJ$32:AJ716,TRUE()),\"\")","v":""},{"$f":"IFERROR(INDEX($AD:$AD,MATCH(ROWS($AD$32:AD716),$AK:$AK,0)),\"\")","v":""},null,false,{"$f":"IF(AN716=TRUE,COUNTIF($AN$32:AN716,TRUE()),\"\")","v":""},{"$f":"IFERROR(INDEX($AD:$AD,MATCH(ROWS($AD$32:$AD716),$AO:$AO,0)),\"\")","v":""}]
[null,null,null,null,null,null,null,null,null,null,null,null,null,null,null,null,null,null,null,null,null,null,null,null,null,null,null,null,null,{"$f":"'Baza klientów'!B686","v":0},false,{"$f":"IF(AE717=TRUE,COUNTIF($AE$32:AE717,TRUE()),\"\")","v":""},{"$f":"IFERROR(INDEX($AD:$AD,MATCH(ROWS($AD$32:AD717),$AF:$AF,0)),\"\")","v":""},null,null,false,{"$f":"IF(AJ717=TRUE,COUNTIF($AJ$32:AJ717,TRUE()),\"\")","v":""},{"$f":"IFERROR(INDEX($AD:$AD,MATCH(ROWS($AD$32:AD717),$AK:$AK,0)),\"\")","v":""},null,false,{"$f":"IF(AN717=TRUE,COUNTIF($AN$32:AN717,TRUE()),\"\")","v":""},{"$f":"IFERROR(INDEX($AD:$AD,MATCH(ROWS($AD$32:$AD717),$AO:$AO,0)),\"\")","v":""}]
[null,null,null,null,null,null,null,null,null,null,null,null,null,null,null,null,null,null,null,null,null,null,null,null,null,null,null,null,null,{"$f":"'Baza klientów'!B687","v":0},false,{"$f":"IF(AE718=TRUE,COUNTIF($AE$32:AE718,TRUE()),\"\")","v":""},{"$f":"IFERROR(INDEX($AD:$AD,MATCH(ROWS($AD$32:AD718),$AF:$AF,0)),\"\")","v":""},null,null,false,{"$f":"IF(AJ718=TRUE,COUNTIF($AJ$32:AJ718,TRUE()),\"\")","v":""},{"$f":"IFERROR(INDEX($AD:$AD,MATCH(ROWS($AD$32:AD718),$AK:$AK,0)),\"\")","v":""},null,false,{"$f":"IF(AN718=TRUE,COUNTIF($AN$32:AN718,TRUE()),\"\")","v":""},{"$f":"IFERROR(INDEX($AD:$AD,MATCH(ROWS($AD$32:$AD718),$AO:$AO,0)),\"\")","v":""}]
[null,null,null,null,null,null,null,null,null,null,null,null,null,null,null,null,null,null,null,null,null,null,null,null,null,null,null,null,null,{"$f":"'Baza klientów'!B688","v":0},false,{"$f":"IF(AE719=TRUE,COUNTIF($AE$32:AE719,TRUE()),\"\")","v":""},{"$f":"IFERROR(INDEX($AD:$AD,MATCH(ROWS($AD$32:AD719),$AF:$AF,0)),\"\")","v":""},null,null,false,{"$f":"IF(AJ719=TRUE,COUNTIF($AJ$32:AJ719,TRUE()),\"\")","v":""},{"$f":"IFERROR(INDEX($AD:$AD,MATCH(ROWS($AD$32:AD719),$AK:$AK,0)),\"\")","v":""},null,false,{"$f":"IF(AN719=TRUE,COUNTIF($AN$32:AN719,TRUE()),\"\")","v":""},{"$f":"IFERROR(INDEX($AD:$AD,MATCH(ROWS($AD$32:$AD719),$AO:$AO,0)),\"\")","v":""}]
[null,null,null,null,null,null,null,null,null,null,null,null,null,null,null,null,null,null,null,null,null,null,null,null,null,null,null,null,null,{"$f":"'Baza klientów'!B689","v":0},false,{"$f":"IF(AE720=TRUE,COUNTIF($AE$32:AE720,TRUE()),\"\")","v":""},{"$f":"IFERROR(INDEX($AD:$AD,MATCH(ROWS($AD$32:AD720),$AF:$AF,0)),\"\")","v":""},null,null,false,{"$f":"IF(AJ720=TRUE,COUNTIF($AJ$32:AJ720,TRUE()),\"\")","v":""},{"$f":"IFERROR(INDEX($AD:$AD,MATCH(ROWS($AD$32:AD720),$AK:$AK,0)),\"\")","v":""},null,false,{"$f":"IF(AN720=TRUE,COUNTIF($AN$32:AN720,TRUE()),\"\")","v":""},{"$f":"IFERROR(INDEX($AD:$AD,MATCH(ROWS($AD$32:$AD720),$AO:$AO,0)),\"\")","v":""}]
[null,null,null,null,null,null,null,null,null,null,null,null,null,null,null,null,null,null,null,null,null,null,null,null,null,null,null,null,null,{"$f":"'Baza klientów'!B690","v":0},false,{"$f":"IF(AE721=TRUE,COUNTIF($AE$32:AE721,TRUE()),\"\")","v":""},{"$f":"IFERROR(INDEX($AD:$AD,MATCH(ROWS($AD$32:AD721),$AF:$AF,0)),\"\")","v":""},null,null,false,{"$f":"IF(AJ721=TRUE,COUNTIF($AJ$32:AJ721,TRUE()),\"\")","v":""},{"$f":"IFERROR(INDEX($AD:$AD,MATCH(ROWS($AD$32:AD721),$AK:$AK,0)),\"\")","v":""},null,false,{"$f":"IF(AN721=TRUE,COUNTIF($AN$32:AN721,TRUE()),\"\")","v":""},{"$f":"IFERROR(INDEX($AD:$AD,MATCH(ROWS($AD$32:$AD721),$AO:$AO,0)),\"\")","v":""}]
[null,null,null,null,null,null,null,null,null,null,null,null,null,null,null,null,null,null,null,null,null,null,null,null,null,null,null,null,null,{"$f":"'Baza klientów'!B691","v":0},false,{"$f":"IF(AE722=TRUE,COUNTIF($AE$32:AE722,TRUE()),\"\")","v":""},{"$f":"IFERROR(INDEX($AD:$AD,MATCH(ROWS($AD$32:AD722),$AF:$AF,0)),\"\")","v":""},null,null,false,{"$f":"IF(AJ722=TRUE,COUNTIF($AJ$32:AJ722,TRUE()),\"\")","v":""},{"$f":"IFERROR(INDEX($AD:$AD,MATCH(ROWS($AD$32:AD722),$AK:$AK,0)),\"\")","v":""},null,false,{"$f":"IF(AN722=TRUE,COUNTIF($AN$32:AN722,TRUE()),\"\")","v":""},{"$f":"IFERROR(INDEX($AD:$AD,MATCH(ROWS($AD$32:$AD722),$AO:$AO,0)),\"\")","v":""}]
[null,null,null,null,null,null,null,null,null,null,null,null,null,null,null,null,null,null,null,null,null,null,null,null,null,null,null,null,null,{"$f":"'Baza klientów'!B692","v":0},false,{"$f":"IF(AE723=TRUE,COUNTIF($AE$32:AE723,TRUE()),\"\")","v":""},{"$f":"IFERROR(INDEX($AD:$AD,MATCH(ROWS($AD$32:AD723),$AF:$AF,0)),\"\")","v":""},null,null,false,{"$f":"IF(AJ723=TRUE,COUNTIF($AJ$32:AJ723,TRUE()),\"\")","v":""},{"$f":"IFERROR(INDEX($AD:$AD,MATCH(ROWS($AD$32:AD723),$AK:$AK,0)),\"\")","v":""},null,false,{"$f":"IF(AN723=TRUE,COUNTIF($AN$32:AN723,TRUE()),\"\")","v":""},{"$f":"IFERROR(INDEX($AD:$AD,MATCH(ROWS($AD$32:$AD723),$AO:$AO,0)),\"\")","v":""}]
[null,null,null,null,null,null,null,null,null,null,null,null,null,null,null,null,null,null,null,null,null,null,null,null,null,null,null,null,null,{"$f":"'Baza klientów'!B693","v":0},false,{"$f":"IF(AE724=TRUE,COUNTIF($AE$32:AE724,TRUE()),\"\")","v":""},{"$f":"IFERROR(INDEX($AD:$AD,MATCH(ROWS($AD$32:AD724),$AF:$AF,0)),\"\")","v":""},null,null,false,{"$f":"IF(AJ724=TRUE,COUNTIF($AJ$32:AJ724,TRUE()),\"\")","v":""},{"$f":"IFERROR(INDEX($AD:$AD,MATCH(ROWS($AD$32:AD724),$AK:$AK,0)),\"\")","v":""},null,false,{"$f":"IF(AN724=TRUE,COUNTIF($AN$32:AN724,TRUE()),\"\")","v":""},{"$f":"IFERROR(INDEX($AD:$AD,MATCH(ROWS($AD$32:$AD724),$AO:$AO,0)),\"\")","v":""}]
[null,null,null,null,null,null,null,null,null,null,null,null,null,null,null,null,null,null,null,null,null,null,null,null,null,null,null,null,null,{"$f":"'Baza klientów'!B694","v":0},false,{"$f":"IF(AE725=TRUE,COUNTIF($AE$32:AE725,TRUE()),\"\")","v":""},{"$f":"IFERROR(INDEX($AD:$AD,MATCH(ROWS($AD$32:AD725),$AF:$AF,0)),\"\")","v":""},null,null,false,{"$f":"IF(AJ725=TRUE,COUNTIF($AJ$32:AJ725,TRUE()),\"\")","v":""},{"$f":"IFERROR(INDEX($AD:$AD,MATCH(ROWS($AD$32:AD725),$AK:$AK,0)),\"\")","v":""},null,false,{"$f":"IF(AN725=TRUE,COUNTIF($AN$32:AN725,TRUE()),\"\")","v":""},{"$f":"IFERROR(INDEX($AD:$AD,MATCH(ROWS($AD$32:$AD725),$AO:$AO,0)),\"\")","v":""}]
[null,null,null,null,null,null,null,null,null,null,null,null,null,null,null,null,null,null,null,null,null,null,null,null,null,null,null,null,null,{"$f":"'Baza klientów'!B695","v":0},false,{"$f":"IF(AE726=TRUE,COUNTIF($AE$32:AE726,TRUE()),\"\")","v":""},{"$f":"IFERROR(INDEX($AD:$AD,MATCH(ROWS($AD$32:AD726),$AF:$AF,0)),\"\")","v":""},null,null,false,{"$f":"IF(AJ726=TRUE,COUNTIF($AJ$32:AJ726,TRUE()),\"\")","v":""},{"$f":"IFERROR(INDEX($AD:$AD,MATCH(ROWS($AD$32:AD726),$AK:$AK,0)),\"\")","v":""},null,false,{"$f":"IF(AN726=TRUE,COUNTIF($AN$32:AN726,TRUE()),\"\")","v":""},{"$f":"IFERROR(INDEX($AD:$AD,MATCH(ROWS($AD$32:$AD726),$AO:$AO,0)),\"\")","v":""}]
[null,null,null,null,null,null,null,null,null,null,null,null,null,null,null,null,null,null,null,null,null,null,null,null,null,null,null,null,null,{"$f":"'Baza klientów'!B696","v":0},false,{"$f":"IF(AE727=TRUE,COUNTIF($AE$32:AE727,TRUE()),\"\")","v":""},{"$f":"IFERROR(INDEX($AD:$AD,MATCH(ROWS($AD$32:AD727),$AF:$AF,0)),\"\")","v":""},null,null,false,{"$f":"IF(AJ727=TRUE,COUNTIF($AJ$32:AJ727,TRUE()),\"\")","v":""},{"$f":"IFERROR(INDEX($AD:$AD,MATCH(ROWS($AD$32:AD727),$AK:$AK,0)),\"\")","v":""},null,false,{"$f":"IF(AN727=TRUE,COUNTIF($AN$32:AN727,TRUE()),\"\")","v":""},{"$f":"IFERROR(INDEX($AD:$AD,MATCH(ROWS($AD$32:$AD727),$AO:$AO,0)),\"\")","v":""}]
[null,null,null,null,null,null,null,null,null,null,null,null,null,null,null,null,null,null,null,null,null,null,null,null,null,null,null,null,null,{"$f":"'Baza klientów'!B697","v":0},false,{"$f":"IF(AE728=TRUE,COUNTIF($AE$32:AE728,TRUE()),\"\")","v":""},{"$f":"IFERROR(INDEX($AD:$AD,MATCH(ROWS($AD$32:AD728),$AF:$AF,0)),\"\")","v":""},null,null,false,{"$f":"IF(AJ728=TRUE,COUNTIF($AJ$32:AJ728,TRUE()),\"\")","v":""},{"$f":"IFERROR(INDEX($AD:$AD,MATCH(ROWS($AD$32:AD728),$AK:$AK,0)),\"\")","v":""},null,false,{"$f":"IF(AN728=TRUE,COUNTIF($AN$32:AN728,TRUE()),\"\")","v":""},{"$f":"IFERROR(INDEX($AD:$AD,MATCH(ROWS($AD$32:$AD728),$AO:$AO,0)),\"\")","v":""}]
[null,null,null,null,null,null,null,null,null,null,null,null,null,null,null,null,null,null,null,null,null,null,null,null,null,null,null,null,null,{"$f":"'Baza klientów'!B698","v":0},false,{"$f":"IF(AE729=TRUE,COUNTIF($AE$32:AE729,TRUE()),\"\")","v":""},{"$f":"IFERROR(INDEX($AD:$AD,MATCH(ROWS($AD$32:AD729),$AF:$AF,0)),\"\")","v":""},null,null,false,{"$f":"IF(AJ729=TRUE,COUNTIF($AJ$32:AJ729,TRUE()),\"\")","v":""},{"$f":"IFERROR(INDEX($AD:$AD,MATCH(ROWS($AD$32:AD729),$AK:$AK,0)),\"\")","v":""},null,false,{"$f":"IF(AN729=TRUE,COUNTIF($AN$32:AN729,TRUE()),\"\")","v":""},{"$f":"IFERROR(INDEX($AD:$AD,MATCH(ROWS($AD$32:$AD729),$AO:$AO,0)),\"\")","v":""}]
[null,null,null,null,null,null,null,null,null,null,null,null,null,null,null,null,null,null,null,null,null,null,null,null,null,null,null,null,null,{"$f":"'Baza klientów'!B699","v":0},false,{"$f":"IF(AE730=TRUE,COUNTIF($AE$32:AE730,TRUE()),\"\")","v":""},{"$f":"IFERROR(INDEX($AD:$AD,MATCH(ROWS($AD$32:AD730),$AF:$AF,0)),\"\")","v":""},null,null,false,{"$f":"IF(AJ730=TRUE,COUNTIF($AJ$32:AJ730,TRUE()),\"\")","v":""},{"$f":"IFERROR(INDEX($AD:$AD,MATCH(ROWS($AD$32:AD730),$AK:$AK,0)),\"\")","v":""},null,false,{"$f":"IF(AN730=TRUE,COUNTIF($AN$32:AN730,TRUE()),\"\")","v":""},{"$f":"IFERROR(INDEX($AD:$AD,MATCH(ROWS($AD$32:$AD730),$AO:$AO,0)),\"\")","v":""}]
[null,null,null,null,null,null,null,null,null,null,null,null,null,null,null,null,null,null,null,null,null,null,null,null,null,null,null,null,null,{"$f":"'Baza klientów'!B700","v":0},false,{"$f":"IF(AE731=TRUE,COUNTIF($AE$32:AE731,TRUE()),\"\")","v":""},{"$f":"IFERROR(INDEX($AD:$AD,MATCH(ROWS($AD$32:AD731),$AF:$AF,0)),\"\")","v":""},null,null,false,{"$f":"IF(AJ731=TRUE,COUNTIF($AJ$32:AJ731,TRUE()),\"\")","v":""},{"$f":"IFERROR(INDEX($AD:$AD,MATCH(ROWS($AD$32:AD731),$AK:$AK,0)),\"\")","v":""},null,false,{"$f":"IF(AN731=TRUE,COUNTIF($AN$32:AN731,TRUE()),\"\")","v":""},{"$f":"IFERROR(INDEX($AD:$AD,MATCH(ROWS($AD$32:$AD731),$AO:$AO,0)),\"\")","v":""}]
[null,null,null,null,null,null,null,null,null,null,null,null,null,null,null,null,null,null,null,null,null,null,null,null,null,null,null,null,null,{"$f":"'Baza klientów'!B701","v":0},false,{"$f":"IF(AE732=TRUE,COUNTIF($AE$32:AE732,TRUE()),\"\")","v":""},{"$f":"IFERROR(INDEX($AD:$AD,MATCH(ROWS($AD$32:AD732),$AF:$AF,0)),\"\")","v":""},null,null,false,{"$f":"IF(AJ732=TRUE,COUNTIF($AJ$32:AJ732,TRUE()),\"\")","v":""},{"$f":"IFERROR(INDEX($AD:$AD,MATCH(ROWS($AD$32:AD732),$AK:$AK,0)),\"\")","v":""},null,false,{"$f":"IF(AN732=TRUE,COUNTIF($AN$32:AN732,TRUE()),\"\")","v":""},{"$f":"IFERROR(INDEX($AD:$AD,MATCH(ROWS($AD$32:$AD732),$AO:$AO,0)),\"\")","v":""}]
[null,null,null,null,null,null,null,null,null,null,null,null,null,null,null,null,null,null,null,null,null,null,null,null,null,null,null,null,null,{"$f":"'Baza klientów'!B702","v":0},false,{"$f":"IF(AE733=TRUE,COUNTIF($AE$32:AE733,TRUE()),\"\")","v":""},{"$f":"IFERROR(INDEX($AD:$AD,MATCH(ROWS($AD$32:AD733),$AF:$AF,0)),\"\")","v":""},null,null,false,{"$f":"IF(AJ733=TRUE,COUNTIF($AJ$32:AJ733,TRUE()),\"\")","v":""},{"$f":"IFERROR(INDEX($AD:$AD,MATCH(ROWS($AD$32:AD733),$AK:$AK,0)),\"\")","v":""},null,false,{"$f":"IF(AN733=TRUE,COUNTIF($AN$32:AN733,TRUE()),\"\")","v":""},{"$f":"IFERROR(INDEX($AD:$AD,MATCH(ROWS($AD$32:$AD733),$AO:$AO,0)),\"\")","v":""}]
[null,null,null,null,null,null,null,null,null,null,null,null,null,null,null,null,null,null,null,null,null,null,null,null,null,null,null,null,null,{"$f":"'Baza klientów'!B703","v":0},false,{"$f":"IF(AE734=TRUE,COUNTIF($AE$32:AE734,TRUE()),\"\")","v":""},{"$f":"IFERROR(INDEX($AD:$AD,MATCH(ROWS($AD$32:AD734),$AF:$AF,0)),\"\")","v":""},null,null,false,{"$f":"IF(AJ734=TRUE,COUNTIF($AJ$32:AJ734,TRUE()),\"\")","v":""},{"$f":"IFERROR(INDEX($AD:$AD,MATCH(ROWS($AD$32:AD734),$AK:$AK,0)),\"\")","v":""},null,false,{"$f":"IF(AN734=TRUE,COUNTIF($AN$32:AN734,TRUE()),\"\")","v":""},{"$f":"IFERROR(INDEX($AD:$AD,MATCH(ROWS($AD$32:$AD734),$AO:$AO,0)),\"\")","v":""}]
[null,null,null,null,null,null,null,null,null,null,null,null,null,null,null,null,null,null,null,null,null,null,null,null,null,null,null,null,null,{"$f":"'Baza klientów'!B704","v":0},false,{"$f":"IF(AE735=TRUE,COUNTIF($AE$32:AE735,TRUE()),\"\")","v":""},{"$f":"IFERROR(INDEX($AD:$AD,MATCH(ROWS($AD$32:AD735),$AF:$AF,0)),\"\")","v":""},null,null,false,{"$f":"IF(AJ735=TRUE,COUNTIF($AJ$32:AJ735,TRUE()),\"\")","v":""},{"$f":"IFERROR(INDEX($AD:$AD,MATCH(ROWS($AD$32:AD735),$AK:$AK,0)),\"\")","v":""},null,false,{"$f":"IF(AN735=TRUE,COUNTIF($AN$32:AN735,TRUE()),\"\")","v":""},{"$f":"IFERROR(INDEX($AD:$AD,MATCH(ROWS($AD$32:$AD735),$AO:$AO,0)),\"\")","v":""}]
[null,null,null,null,null,null,null,null,null,null,null,null,null,null,null,null,null,null,null,null,null,null,null,null,null,null,null,null,null,{"$f":"'Baza klientów'!B705","v":0},false,{"$f":"IF(AE736=TRUE,COUNTIF($AE$32:AE736,TRUE()),\"\")","v":""},{"$f":"IFERROR(INDEX($AD:$AD,MATCH(ROWS($AD$32:AD736),$AF:$AF,0)),\"\")","v":""},null,null,false,{"$f":"IF(AJ736=TRUE,COUNTIF($AJ$32:AJ736,TRUE()),\"\")","v":""},{"$f":"IFERROR(INDEX($AD:$AD,MATCH(ROWS($AD$32:AD736),$AK:$AK,0)),\"\")","v":""},null,false,{"$f":"IF(AN736=TRUE,COUNTIF($AN$32:AN736,TRUE()),\"\")","v":""},{"$f":"IFERROR(INDEX($AD:$AD,MATCH(ROWS($AD$32:$AD736),$AO:$AO,0)),\"\")","v":""}]
[null,null,null,null,null,null,null,null,null,null,null,null,null,null,null,null,null,null,null,null,null,null,null,null,null,null,null,null,null,{"$f":"'Baza klientów'!B706","v":0},{"$f":"ISNUMBER(SEARCH($AH$32,AD737))","v":false},{"$f":"IF(AE737=TRUE,COUNTIF($AE$32:AE737,TRUE()),\"\")","v":""},{"$f":"IFERROR(INDEX($AD:$AD,MATCH(ROWS($AD$32:AD737),$AF:$AF,0)),\"\")","v":""},null,null,{"$f":"ISNUMBER(SEARCH($AM$31,AD737))","v":false},{"$f":"IF(AJ737=TRUE,COUNTIF($AJ$32:AJ737,TRUE()),\"\")","v":""},{"$f":"IFERROR(INDEX($AD:$AD,MATCH(ROWS($AD$32:AD737),$AK:$AK,0)),\"\")","v":""},null,{"$f":"ISNUMBER(SEARCH($AQ$31,$AD737))","v":false},{"$f":"IF(AN737=TRUE,COUNTIF($AN$32:AN737,TRUE()),\"\")","v":""},{"$f":"IFERROR(INDEX($AD:$AD,MATCH(ROWS($AD$32:$AD737),$AO:$AO,0)),\"\")","v":""}]
[null,null,null,null,null,null,null,null,null,null,null,null,null,null,null,null,null,null,null,null,null,null,null,null,null,null,null,null,null,{"$f":"'Baza klientów'!B707","v":0},false,{"$f":"IF(AE738=TRUE,COUNTIF($AE$32:AE738,TRUE()),\"\")","v":""},{"$f":"IFERROR(INDEX($AD:$AD,MATCH(ROWS($AD$32:AD738),$AF:$AF,0)),\"\")","v":""},null,null,false,{"$f":"IF(AJ738=TRUE,COUNTIF($AJ$32:AJ738,TRUE()),\"\")","v":""},{"$f":"IFERROR(INDEX($AD:$AD,MATCH(ROWS($AD$32:AD738),$AK:$AK,0)),\"\")","v":""},null,false,{"$f":"IF(AN738=TRUE,COUNTIF($AN$32:AN738,TRUE()),\"\")","v":""},{"$f":"IFERROR(INDEX($AD:$AD,MATCH(ROWS($AD$32:$AD738),$AO:$AO,0)),\"\")","v":""}]
[null,null,null,null,null,null,null,null,null,null,null,null,null,null,null,null,null,null,null,null,null,null,null,null,null,null,null,null,null,{"$f":"'Baza klientów'!B708","v":0},false,{"$f":"IF(AE739=TRUE,COUNTIF($AE$32:AE739,TRUE()),\"\")","v":""},{"$f":"IFERROR(INDEX($AD:$AD,MATCH(ROWS($AD$32:AD739),$AF:$AF,0)),\"\")","v":""},null,null,false,{"$f":"IF(AJ739=TRUE,COUNTIF($AJ$32:AJ739,TRUE()),\"\")","v":""},{"$f":"IFERROR(INDEX($AD:$AD,MATCH(ROWS($AD$32:AD739),$AK:$AK,0)),\"\")","v":""},null,false,{"$f":"IF(AN739=TRUE,COUNTIF($AN$32:AN739,TRUE()),\"\")","v":""},{"$f":"IFERROR(INDEX($AD:$AD,MATCH(ROWS($AD$32:$AD739),$AO:$AO,0)),\"\")","v":""}]
[null,null,null,null,null,null,null,null,null,null,null,null,null,null,null,null,null,null,null,null,null,null,null,null,null,null,null,null,null,{"$f":"'Baza klientów'!B709","v":0},false,{"$f":"IF(AE740=TRUE,COUNTIF($AE$32:AE740,TRUE()),\"\")","v":""},{"$f":"IFERROR(INDEX($AD:$AD,MATCH(ROWS($AD$32:AD740),$AF:$AF,0)),\"\")","v":""},null,null,false,{"$f":"IF(AJ740=TRUE,COUNTIF($AJ$32:AJ740,TRUE()),\"\")","v":""},{"$f":"IFERROR(INDEX($AD:$AD,MATCH(ROWS($AD$32:AD740),$AK:$AK,0)),\"\")","v":""},null,false,{"$f":"IF(AN740=TRUE,COUNTIF($AN$32:AN740,TRUE()),\"\")","v":""},{"$f":"IFERROR(INDEX($AD:$AD,MATCH(ROWS($AD$32:$AD740),$AO:$AO,0)),\"\")","v":""}]
[null,null,null,null,null,null,null,null,null,null,null,null,null,null,null,null,null,null,null,null,null,null,null,null,null,null,null,null,null,{"$f":"'Baza klientów'!B710","v":0},false,{"$f":"IF(AE741=TRUE,COUNTIF($AE$32:AE741,TRUE()),\"\")","v":""},{"$f":"IFERROR(INDEX($AD:$AD,MATCH(ROWS($AD$32:AD741),$AF:$AF,0)),\"\")","v":""},null,null,false,{"$f":"IF(AJ741=TRUE,COUNTIF($AJ$32:AJ741,TRUE()),\"\")","v":""},{"$f":"IFERROR(INDEX($AD:$AD,MATCH(ROWS($AD$32:AD741),$AK:$AK,0)),\"\")","v":""},null,false,{"$f":"IF(AN741=TRUE,COUNTIF($AN$32:AN741,TRUE()),\"\")","v":""},{"$f":"IFERROR(INDEX($AD:$AD,MATCH(ROWS($AD$32:$AD741),$AO:$AO,0)),\"\")","v":""}]
[null,null,null,null,null,null,null,null,null,null,null,null,null,null,null,null,null,null,null,null,null,null,null,null,null,null,null,null,null,{"$f":"'Baza klientów'!B711","v":0},false,{"$f":"IF(AE742=TRUE,COUNTIF($AE$32:AE742,TRUE()),\"\")","v":""},{"$f":"IFERROR(INDEX($AD:$AD,MATCH(ROWS($AD$32:AD742),$AF:$AF,0)),\"\")","v":""},null,null,false,{"$f":"IF(AJ742=TRUE,COUNTIF($AJ$32:AJ742,TRUE()),\"\")","v":""},{"$f":"IFERROR(INDEX($AD:$AD,MATCH(ROWS($AD$32:AD742),$AK:$AK,0)),\"\")","v":""},null,false,{"$f":"IF(AN742=TRUE,COUNTIF($AN$32:AN742,TRUE()),\"\")","v":""},{"$f":"IFERROR(INDEX($AD:$AD,MATCH(ROWS($AD$32:$AD742),$AO:$AO,0)),\"\")","v":""}]
[null,null,null,null,null,null,null,null,null,null,null,null,null,null,null,null,null,null,null,null,null,null,null,null,null,null,null,null,null,{"$f":"'Baza klientów'!B712","v":0},false,{"$f":"IF(AE743=TRUE,COUNTIF($AE$32:AE743,TRUE()),\"\")","v":""},{"$f":"IFERROR(INDEX($AD:$AD,MATCH(ROWS($AD$32:AD743),$AF:$AF,0)),\"\")","v":""},null,null,false,{"$f":"IF(AJ743=TRUE,COUNTIF($AJ$32:AJ743,TRUE()),\"\")","v":""},{"$f":"IFERROR(INDEX($AD:$AD,MATCH(ROWS($AD$32:AD743),$AK:$AK,0)),\"\")","v":""},null,false,{"$f":"IF(AN743=TRUE,COUNTIF($AN$32:AN743,TRUE()),\"\")","v":""},{"$f":"IFERROR(INDEX($AD:$AD,MATCH(ROWS($AD$32:$AD743),$AO:$AO,0)),\"\")","v":""}]
[null,null,null,null,null,null,null,null,null,null,null,null,null,null,null,null,null,null,null,null,null,null,null,null,null,null,null,null,null,{"$f":"'Baza klientów'!B713","v":0},false,{"$f":"IF(AE744=TRUE,COUNTIF($AE$32:AE744,TRUE()),\"\")","v":""},{"$f":"IFERROR(INDEX($AD:$AD,MATCH(ROWS($AD$32:AD744),$AF:$AF,0)),\"\")","v":""},null,null,false,{"$f":"IF(AJ744=TRUE,COUNTIF($AJ$32:AJ744,TRUE()),\"\")","v":""},{"$f":"IFERROR(INDEX($AD:$AD,MATCH(ROWS($AD$32:AD744),$AK:$AK,0)),\"\")","v":""},null,false,{"$f":"IF(AN744=TRUE,COUNTIF($AN$32:AN744,TRUE()),\"\")","v":""},{"$f":"IFERROR(INDEX($AD:$AD,MATCH(ROWS($AD$32:$AD744),$AO:$AO,0)),\"\")","v":""}]
[null,null,null,null,null,null,null,null,null,null,null,null,null,null,null,null,null,null,null,null,null,null,null,null,null,null,null,null,null,{"$f":"'Baza klientów'!B714","v":0},false,{"$f":"IF(AE745=TRUE,COUNTIF($AE$32:AE745,TRUE()),\"\")","v":""},{"$f":"IFERROR(INDEX($AD:$AD,MATCH(ROWS($AD$32:AD745),$AF:$AF,0)),\"\")","v":""},null,null,false,{"$f":"IF(AJ745=TRUE,COUNTIF($AJ$32:AJ745,TRUE()),\"\")","v":""},{"$f":"IFERROR(INDEX($AD:$AD,MATCH(ROWS($AD$32:AD745),$AK:$AK,0)),\"\")","v":""},null,false,{"$f":"IF(AN745=TRUE,COUNTIF($AN$32:AN745,TRUE()),\"\")","v":""},{"$f":"IFERROR(INDEX($AD:$AD,MATCH(ROWS($AD$32:$AD745),$AO:$AO,0)),\"\")","v":""}]
[null,null,null,null,null,null,null,null,null,null,null,null,null,null,null,null,null,null,null,null,null,null,null,null,null,null,null,null,null,{"$f":"'Baza klientów'!B715","v":0},false,{"$f":"IF(AE746=TRUE,COUNTIF($AE$32:AE746,TRUE()),\"\")","v":""},{"$f":"IFERROR(INDEX($AD:$AD,MATCH(ROWS($AD$32:AD746),$AF:$AF,0)),\"\")","v":""},null,null,false,{"$f":"IF(AJ746=TRUE,COUNTIF($AJ$32:AJ746,TRUE()),\"\")","v":""},{"$f":"IFERROR(INDEX($AD:$AD,MATCH(ROWS($AD$32:AD746),$AK:$AK,0)),\"\")","v":""},null,false,{"$f":"IF(AN746=TRUE,COUNTIF($AN$32:AN746,TRUE()),\"\")","v":""},{"$f":"IFERROR(INDEX($AD:$AD,MATCH(ROWS($AD$32:$AD746),$AO:$AO,0)),\"\")","v":""}]
[null,null,null,null,null,null,null,null,null,null,null,null,null,null,null,null,null,null,null,null,null,null,null,null,null,null,null,null,null,{"$f":"'Baza klientów'!B716","v":0},false,{"$f":"IF(AE747=TRUE,COUNTIF($AE$32:AE747,TRUE()),\"\")","v":""},{"$f":"IFERROR(INDEX($AD:$AD,MATCH(ROWS($AD$32:AD747),$AF:$AF,0)),\"\")","v":""},null,null,false,{"$f":"IF(AJ747=TRUE,COUNTIF($AJ$32:AJ747,TRUE()),\"\")","v":""},{"$f":"IFERROR(INDEX($AD:$AD,MATCH(ROWS($AD$32:AD747),$AK:$AK,0)),\"\")","v":""},null,false,{"$f":"IF(AN747=TRUE,COUNTIF($AN$32:AN747,TRUE()),\"\")","v":""},{"$f":"IFERROR(INDEX($AD:$AD,MATCH(ROWS($AD$32:$AD747),$AO:$AO,0)),\"\")","v":""}]
[null,null,null,null,null,null,null,null,null,null,null,null,null,null,null,null,null,null,null,null,null,null,null,null,null,null,null,null,null,{"$f":"'Baza klientów'!B717","v":0},false,{"$f":"IF(AE748=TRUE,COUNTIF($AE$32:AE748,TRUE()),\"\")","v":""},{"$f":"IFERROR(INDEX($AD:$AD,MATCH(ROWS($AD$32:AD748),$AF:$AF,0)),\"\")","v":""},null,null,false,{"$f":"IF(AJ748=TRUE,COUNTIF($AJ$32:AJ748,TRUE()),\"\")","v":""},{"$f":"IFERROR(INDEX($AD:$AD,MATCH(ROWS($AD$32:AD748),$AK:$AK,0)),\"\")","v":""},null,false,{"$f":"IF(AN748=TRUE,COUNTIF($AN$32:AN748,TRUE()),\"\")","v":""},{"$f":"IFERROR(INDEX($AD:$AD,MATCH(ROWS($AD$32:$AD748),$AO:$AO,0)),\"\")","v":""}]
[null,null,null,null,null,null,null,null,null,null,null,null,null,null,null,null,null,null,null,null,null,null,null,null,null,null,null,null,null,{"$f":"'Baza klientów'!B718","v":0},false,{"$f":"IF(AE749=TRUE,COUNTIF($AE$32:AE749,TRUE()),\"\")","v":""},{"$f":"IFERROR(INDEX($AD:$AD,MATCH(ROWS($AD$32:AD749),$AF:$AF,0)),\"\")","v":""},null,null,false,{"$f":"IF(AJ749=TRUE,COUNTIF($AJ$32:AJ749,TRUE()),\"\")","v":""},{"$f":"IFERROR(INDEX($AD:$AD,MATCH(ROWS($AD$32:AD749),$AK:$AK,0)),\"\")","v":""},null,false,{"$f":"IF(AN749=TRUE,COUNTIF($AN$32:AN749,TRUE()),\"\")","v":""},{"$f":"IFERROR(INDEX($AD:$AD,MATCH(ROWS($AD$32:$AD749),$AO:$AO,0)),\"\")","v":""}]
[null,null,null,null,null,null,null,null,null,null,null,null,null,null,null,null,null,null,null,null,null,null,null,null,null,null,null,null,null,{"$f":"'Baza klientów'!B719","v":0},false,{"$f":"IF(AE750=TRUE,COUNTIF($AE$32:AE750,TRUE()),\"\")","v":""},{"$f":"IFERROR(INDEX($AD:$AD,MATCH(ROWS($AD$32:AD750),$AF:$AF,0)),\"\")","v":""},null,null,false,{"$f":"IF(AJ750=TRUE,COUNTIF($AJ$32:AJ750,TRUE()),\"\")","v":""},{"$f":"IFERROR(INDEX($AD:$AD,MATCH(ROWS($AD$32:AD750),$AK:$AK,0)),\"\")","v":""},null,false,{"$f":"IF(AN750=TRUE,COUNTIF($AN$32:AN750,TRUE()),\"\")","v":""},{"$f":"IFERROR(INDEX($AD:$AD,MATCH(ROWS($AD$32:$AD750),$AO:$AO,0)),\"\")","v":""}]
[null,null,null,null,null,null,null,null,null,null,null,null,null,null,null,null,null,null,null,null,null,null,null,null,null,null,null,null,null,{"$f":"'Baza klientów'!B720","v":0},false,{"$f":"IF(AE751=TRUE,COUNTIF($AE$32:AE751,TRUE()),\"\")","v":""},{"$f":"IFERROR(INDEX($AD:$AD,MATCH(ROWS($AD$32:AD751),$AF:$AF,0)),\"\")","v":""},null,null,false,{"$f":"IF(AJ751=TRUE,COUNTIF($AJ$32:AJ751,TRUE()),\"\")","v":""},{"$f":"IFERROR(INDEX($AD:$AD,MATCH(ROWS($AD$32:AD751),$AK:$AK,0)),\"\")","v":""},null,false,{"$f":"IF(AN751=TRUE,COUNTIF($AN$32:AN751,TRUE()),\"\")","v":""},{"$f":"IFERROR(INDEX($AD:$AD,MATCH(ROWS($AD$32:$AD751),$AO:$AO,0)),\"\")","v":""}]
[null,null,null,null,null,null,null,null,null,null,null,null,null,null,null,null,null,null,null,null,null,null,null,null,null,null,null,null,null,{"$f":"'Baza klientów'!B721","v":0},false,{"$f":"IF(AE752=TRUE,COUNTIF($AE$32:AE752,TRUE()),\"\")","v":""},{"$f":"IFERROR(INDEX($AD:$AD,MATCH(ROWS($AD$32:AD752),$AF:$AF,0)),\"\")","v":""},null,null,false,{"$f":"IF(AJ752=TRUE,COUNTIF($AJ$32:AJ752,TRUE()),\"\")","v":""},{"$f":"IFERROR(INDEX($AD:$AD,MATCH(ROWS($AD$32:AD752),$AK:$AK,0)),\"\")","v":""},null,false,{"$f":"IF(AN752=TRUE,COUNTIF($AN$32:AN752,TRUE()),\"\")","v":""},{"$f":"IFERROR(INDEX($AD:$AD,MATCH(ROWS($AD$32:$AD752),$AO:$AO,0)),\"\")","v":""}]
[null,null,null,null,null,null,null,null,null,null,null,null,null,null,null,null,null,null,null,null,null,null,null,null,null,null,null,null,null,{"$f":"'Baza klientów'!B722","v":0},false,{"$f":"IF(AE753=TRUE,COUNTIF($AE$32:AE753,TRUE()),\"\")","v":""},{"$f":"IFERROR(INDEX($AD:$AD,MATCH(ROWS($AD$32:AD753),$AF:$AF,0)),\"\")","v":""},null,null,false,{"$f":"IF(AJ753=TRUE,COUNTIF($AJ$32:AJ753,TRUE()),\"\")","v":""},{"$f":"IFERROR(INDEX($AD:$AD,MATCH(ROWS($AD$32:AD753),$AK:$AK,0)),\"\")","v":""},null,false,{"$f":"IF(AN753=TRUE,COUNTIF($AN$32:AN753,TRUE()),\"\")","v":""},{"$f":"IFERROR(INDEX($AD:$AD,MATCH(ROWS($AD$32:$AD753),$AO:$AO,0)),\"\")","v":""}]
[null,null,null,null,null,null,null,null,null,null,null,null,null,null,null,null,null,null,null,null,null,null,null,null,null,null,null,null,null,{"$f":"'Baza klientów'!B723","v":0},false,{"$f":"IF(AE754=TRUE,COUNTIF($AE$32:AE754,TRUE()),\"\")","v":""},{"$f":"IFERROR(INDEX($AD:$AD,MATCH(ROWS($AD$32:AD754),$AF:$AF,0)),\"\")","v":""},null,null,false,{"$f":"IF(AJ754=TRUE,COUNTIF($AJ$32:AJ754,TRUE()),\"\")","v":""},{"$f":"IFERROR(INDEX($AD:$AD,MATCH(ROWS($AD$32:AD754),$AK:$AK,0)),\"\")","v":""},null,false,{"$f":"IF(AN754=TRUE,COUNTIF($AN$32:AN754,TRUE()),\"\")","v":""},{"$f":"IFERROR(INDEX($AD:$AD,MATCH(ROWS($AD$32:$AD754),$AO:$AO,0)),\"\")","v":""}]
[null,null,null,null,null,null,null,null,null,null,null,null,null,null,null,null,null,null,null,null,null,null,null,null,null,null,null,null,null,{"$f":"'Baza klientów'!B724","v":0},false,{"$f":"IF(AE755=TRUE,COUNTIF($AE$32:AE755,TRUE()),\"\")","v":""},{"$f":"IFERROR(INDEX($AD:$AD,MATCH(ROWS($AD$32:AD755),$AF:$AF,0)),\"\")","v":""},null,null,false,{"$f":"IF(AJ755=TRUE,COUNTIF($AJ$32:AJ755,TRUE()),\"\")","v":""},{"$f":"IFERROR(INDEX($AD:$AD,MATCH(ROWS($AD$32:AD755),$AK:$AK,0)),\"\")","v":""},null,false,{"$f":"IF(AN755=TRUE,COUNTIF($AN$32:AN755,TRUE()),\"\")","v":""},{"$f":"IFERROR(INDEX($AD:$AD,MATCH(ROWS($AD$32:$AD755),$AO:$AO,0)),\"\")","v":""}]
[null,null,null,null,null,null,null,null,null,null,null,null,null,null,null,null,null,null,null,null,null,null,null,null,null,null,null,null,null,{"$f":"'Baza klientów'!B725","v":0},false,{"$f":"IF(AE756=TRUE,COUNTIF($AE$32:AE756,TRUE()),\"\")","v":""},{"$f":"IFERROR(INDEX($AD:$AD,MATCH(ROWS($AD$32:AD756),$AF:$AF,0)),\"\")","v":""},null,null,false,{"$f":"IF(AJ756=TRUE,COUNTIF($AJ$32:AJ756,TRUE()),\"\")","v":""},{"$f":"IFERROR(INDEX($AD:$AD,MATCH(ROWS($AD$32:AD756),$AK:$AK,0)),\"\")","v":""},null,false,{"$f":"IF(AN756=TRUE,COUNTIF($AN$32:AN756,TRUE()),\"\")","v":""},{"$f":"IFERROR(INDEX($AD:$AD,MATCH(ROWS($AD$32:$AD756),$AO:$AO,0)),\"\")","v":""}]
[null,null,null,null,null,null,null,null,null,null,null,null,null,null,null,null,null,null,null,null,null,null,null,null,null,null,null,null,null,{"$f":"'Baza klientów'!B726","v":0},false,{"$f":"IF(AE757=TRUE,COUNTIF($AE$32:AE757,TRUE()),\"\")","v":""},{"$f":"IFERROR(INDEX($AD:$AD,MATCH(ROWS($AD$32:AD757),$AF:$AF,0)),\"\")","v":""},null,null,false,{"$f":"IF(AJ757=TRUE,COUNTIF($AJ$32:AJ757,TRUE()),\"\")","v":""},{"$f":"IFERROR(INDEX($AD:$AD,MATCH(ROWS($AD$32:AD757),$AK:$AK,0)),\"\")","v":""},null,false,{"$f":"IF(AN757=TRUE,COUNTIF($AN$32:AN757,TRUE()),\"\")","v":""},{"$f":"IFERROR(INDEX($AD:$AD,MATCH(ROWS($AD$32:$AD757),$AO:$AO,0)),\"\")","v":""}]
[null,null,null,null,null,null,null,null,null,null,null,null,null,null,null,null,null,null,null,null,null,null,null,null,null,null,null,null,null,{"$f":"'Baza klientów'!B727","v":0},false,{"$f":"IF(AE758=TRUE,COUNTIF($AE$32:AE758,TRUE()),\"\")","v":""},{"$f":"IFERROR(INDEX($AD:$AD,MATCH(ROWS($AD$32:AD758),$AF:$AF,0)),\"\")","v":""},null,null,false,{"$f":"IF(AJ758=TRUE,COUNTIF($AJ$32:AJ758,TRUE()),\"\")","v":""},{"$f":"IFERROR(INDEX($AD:$AD,MATCH(ROWS($AD$32:AD758),$AK:$AK,0)),\"\")","v":""},null,false,{"$f":"IF(AN758=TRUE,COUNTIF($AN$32:AN758,TRUE()),\"\")","v":""},{"$f":"IFERROR(INDEX($AD:$AD,MATCH(ROWS($AD$32:$AD758),$AO:$AO,0)),\"\")","v":""}]
[null,null,null,null,null,null,null,null,null,null,null,null,null,null,null,null,null,null,null,null,null,null,null,null,null,null,null,null,null,{"$f":"'Baza klientów'!B728","v":0},false,{"$f":"IF(AE759=TRUE,COUNTIF($AE$32:AE759,TRUE()),\"\")","v":""},{"$f":"IFERROR(INDEX($AD:$AD,MATCH(ROWS($AD$32:AD759),$AF:$AF,0)),\"\")","v":""},null,null,false,{"$f":"IF(AJ759=TRUE,COUNTIF($AJ$32:AJ759,TRUE()),\"\")","v":""},{"$f":"IFERROR(INDEX($AD:$AD,MATCH(ROWS($AD$32:AD759),$AK:$AK,0)),\"\")","v":""},null,false,{"$f":"IF(AN759=TRUE,COUNTIF($AN$32:AN759,TRUE()),\"\")","v":""},{"$f":"IFERROR(INDEX($AD:$AD,MATCH(ROWS($AD$32:$AD759),$AO:$AO,0)),\"\")","v":""}]
[null,null,null,null,null,null,null,null,null,null,null,null,null,null,null,null,null,null,null,null,null,null,null,null,null,null,null,null,null,{"$f":"'Baza klientów'!B729","v":0},false,{"$f":"IF(AE760=TRUE,COUNTIF($AE$32:AE760,TRUE()),\"\")","v":""},{"$f":"IFERROR(INDEX($AD:$AD,MATCH(ROWS($AD$32:AD760),$AF:$AF,0)),\"\")","v":""},null,null,false,{"$f":"IF(AJ760=TRUE,COUNTIF($AJ$32:AJ760,TRUE()),\"\")","v":""},{"$f":"IFERROR(INDEX($AD:$AD,MATCH(ROWS($AD$32:AD760),$AK:$AK,0)),\"\")","v":""},null,false,{"$f":"IF(AN760=TRUE,COUNTIF($AN$32:AN760,TRUE()),\"\")","v":""},{"$f":"IFERROR(INDEX($AD:$AD,MATCH(ROWS($AD$32:$AD760),$AO:$AO,0)),\"\")","v":""}]
[null,null,null,null,null,null,null,null,null,null,null,null,null,null,null,null,null,null,null,null,null,null,null,null,null,null,null,null,null,{"$f":"'Baza klientów'!B730","v":0},false,{"$f":"IF(AE761=TRUE,COUNTIF($AE$32:AE761,TRUE()),\"\")","v":""},{"$f":"IFERROR(INDEX($AD:$AD,MATCH(ROWS($AD$32:AD761),$AF:$AF,0)),\"\")","v":""},null,null,false,{"$f":"IF(AJ761=TRUE,COUNTIF($AJ$32:AJ761,TRUE()),\"\")","v":""},{"$f":"IFERROR(INDEX($AD:$AD,MATCH(ROWS($AD$32:AD761),$AK:$AK,0)),\"\")","v":""},null,false,{"$f":"IF(AN761=TRUE,COUNTIF($AN$32:AN761,TRUE()),\"\")","v":""},{"$f":"IFERROR(INDEX($AD:$AD,MATCH(ROWS($AD$32:$AD761),$AO:$AO,0)),\"\")","v":""}]
[null,null,null,null,null,null,null,null,null,null,null,null,null,null,null,null,null,null,null,null,null,null,null,null,null,null,null,null,null,{"$f":"'Baza klientów'!B731","v":0},false,{"$f":"IF(AE762=TRUE,COUNTIF($AE$32:AE762,TRUE()),\"\")","v":""},{"$f":"IFERROR(INDEX($AD:$AD,MATCH(ROWS($AD$32:AD762),$AF:$AF,0)),\"\")","v":""},null,null,false,{"$f":"IF(AJ762=TRUE,COUNTIF($AJ$32:AJ762,TRUE()),\"\")","v":""},{"$f":"IFERROR(INDEX($AD:$AD,MATCH(ROWS($AD$32:AD762),$AK:$AK,0)),\"\")","v":""},null,false,{"$f":"IF(AN762=TRUE,COUNTIF($AN$32:AN762,TRUE()),\"\")","v":""},{"$f":"IFERROR(INDEX($AD:$AD,MATCH(ROWS($AD$32:$AD762),$AO:$AO,0)),\"\")","v":""}]
[null,null,null,null,null,null,null,null,null,null,null,null,null,null,null,null,null,null,null,null,null,null,null,null,null,null,null,null,null,{"$f":"'Baza klientów'!B732","v":0},false,{"$f":"IF(AE763=TRUE,COUNTIF($AE$32:AE763,TRUE()),\"\")","v":""},{"$f":"IFERROR(INDEX($AD:$AD,MATCH(ROWS($AD$32:AD763),$AF:$AF,0)),\"\")","v":""},null,null,false,{"$f":"IF(AJ763=TRUE,COUNTIF($AJ$32:AJ763,TRUE()),\"\")","v":""},{"$f":"IFERROR(INDEX($AD:$AD,MATCH(ROWS($AD$32:AD763),$AK:$AK,0)),\"\")","v":""},null,false,{"$f":"IF(AN763=TRUE,COUNTIF($AN$32:AN763,TRUE()),\"\")","v":""},{"$f":"IFERROR(INDEX($AD:$AD,MATCH(ROWS($AD$32:$AD763),$AO:$AO,0)),\"\")","v":""}]
[null,null,null,null,null,null,null,null,null,null,null,null,null,null,null,null,null,null,null,null,null,null,null,null,null,null,null,null,null,{"$f":"'Baza klientów'!B733","v":0},false,{"$f":"IF(AE764=TRUE,COUNTIF($AE$32:AE764,TRUE()),\"\")","v":""},{"$f":"IFERROR(INDEX($AD:$AD,MATCH(ROWS($AD$32:AD764),$AF:$AF,0)),\"\")","v":""},null,null,false,{"$f":"IF(AJ764=TRUE,COUNTIF($AJ$32:AJ764,TRUE()),\"\")","v":""},{"$f":"IFERROR(INDEX($AD:$AD,MATCH(ROWS($AD$32:AD764),$AK:$AK,0)),\"\")","v":""},null,false,{"$f":"IF(AN764=TRUE,COUNTIF($AN$32:AN764,TRUE()),\"\")","v":""},{"$f":"IFERROR(INDEX($AD:$AD,MATCH(ROWS($AD$32:$AD764),$AO:$AO,0)),\"\")","v":""}]
[null,null,null,null,null,null,null,null,null,null,null,null,null,null,null,null,null,null,null,null,null,null,null,null,null,null,null,null,null,{"$f":"'Baza klientów'!B734","v":0},false,{"$f":"IF(AE765=TRUE,COUNTIF($AE$32:AE765,TRUE()),\"\")","v":""},{"$f":"IFERROR(INDEX($AD:$AD,MATCH(ROWS($AD$32:AD765),$AF:$AF,0)),\"\")","v":""},null,null,false,{"$f":"IF(AJ765=TRUE,COUNTIF($AJ$32:AJ765,TRUE()),\"\")","v":""},{"$f":"IFERROR(INDEX($AD:$AD,MATCH(ROWS($AD$32:AD765),$AK:$AK,0)),\"\")","v":""},null,false,{"$f":"IF(AN765=TRUE,COUNTIF($AN$32:AN765,TRUE()),\"\")","v":""},{"$f":"IFERROR(INDEX($AD:$AD,MATCH(ROWS($AD$32:$AD765),$AO:$AO,0)),\"\")","v":""}]
[null,null,null,null,null,null,null,null,null,null,null,null,null,null,null,null,null,null,null,null,null,null,null,null,null,null,null,null,null,{"$f":"'Baza klientów'!B735","v":0},false,{"$f":"IF(AE766=TRUE,COUNTIF($AE$32:AE766,TRUE()),\"\")","v":""},{"$f":"IFERROR(INDEX($AD:$AD,MATCH(ROWS($AD$32:AD766),$AF:$AF,0)),\"\")","v":""},null,null,false,{"$f":"IF(AJ766=TRUE,COUNTIF($AJ$32:AJ766,TRUE()),\"\")","v":""},{"$f":"IFERROR(INDEX($AD:$AD,MATCH(ROWS($AD$32:AD766),$AK:$AK,0)),\"\")","v":""},null,false,{"$f":"IF(AN766=TRUE,COUNTIF($AN$32:AN766,TRUE()),\"\")","v":""},{"$f":"IFERROR(INDEX($AD:$AD,MATCH(ROWS($AD$32:$AD766),$AO:$AO,0)),\"\")","v":""}]
[null,null,null,null,null,null,null,null,null,null,null,null,null,null,null,null,null,null,null,null,null,null,null,null,null,null,null,null,null,{"$f":"'Baza klientów'!B736","v":0},false,{"$f":"IF(AE767=TRUE,COUNTIF($AE$32:AE767,TRUE()),\"\")","v":""},{"$f":"IFERROR(INDEX($AD:$AD,MATCH(ROWS($AD$32:AD767),$AF:$AF,0)),\"\")","v":""},null,null,false,{"$f":"IF(AJ767=TRUE,COUNTIF($AJ$32:AJ767,TRUE()),\"\")","v":""},{"$f":"IFERROR(INDEX($AD:$AD,MATCH(ROWS($AD$32:AD767),$AK:$AK,0)),\"\")","v":""},null,false,{"$f":"IF(AN767=TRUE,COUNTIF($AN$32:AN767,TRUE()),\"\")","v":""},{"$f":"IFERROR(INDEX($AD:$AD,MATCH(ROWS($AD$32:$AD767),$AO:$AO,0)),\"\")","v":""}]
[null,null,null,null,null,null,null,null,null,null,null,null,null,null,null,null,null,null,null,null,null,null,null,null,null,null,null,null,null,{"$f":"'Baza klientów'!B737","v":0},false,{"$f":"IF(AE768=TRUE,COUNTIF($AE$32:AE768,TRUE()),\"\")","v":""},{"$f":"IFERROR(INDEX($AD:$AD,MATCH(ROWS($AD$32:AD768),$AF:$AF,0)),\"\")","v":""},null,null,false,{"$f":"IF(AJ768=TRUE,COUNTIF($AJ$32:AJ768,TRUE()),\"\")","v":""},{"$f":"IFERROR(INDEX($AD:$AD,MATCH(ROWS($AD$32:AD768),$AK:$AK,0)),\"\")","v":""},null,false,{"$f":"IF(AN768=TRUE,COUNTIF($AN$32:AN768,TRUE()),\"\")","v":""},{"$f":"IFERROR(INDEX($AD:$AD,MATCH(ROWS($AD$32:$AD768),$AO:$AO,0)),\"\")","v":""}]
[null,null,null,null,null,null,null,null,null,null,null,null,null,null,null,null,null,null,null,null,null,null,null,null,null,null,null,null,null,{"$f":"'Baza klientów'!B738","v":0},false,{"$f":"IF(AE769=TRUE,COUNTIF($AE$32:AE769,TRUE()),\"\")","v":""},{"$f":"IFERROR(INDEX($AD:$AD,MATCH(ROWS($AD$32:AD769),$AF:$AF,0)),\"\")","v":""},null,null,false,{"$f":"IF(AJ769=TRUE,COUNTIF($AJ$32:AJ769,TRUE()),\"\")","v":""},{"$f":"IFERROR(INDEX($AD:$AD,MATCH(ROWS($AD$32:AD769),$AK:$AK,0)),\"\")","v":""},null,false,{"$f":"IF(AN769=TRUE,COUNTIF($AN$32:AN769,TRUE()),\"\")","v":""},{"$f":"IFERROR(INDEX($AD:$AD,MATCH(ROWS($AD$32:$AD769),$AO:$AO,0)),\"\")","v":""}]
[null,null,null,null,null,null,null,null,null,null,null,null,null,null,null,null,null,null,null,null,null,null,null,null,null,null,null,null,null,{"$f":"'Baza klientów'!B739","v":0},false,{"$f":"IF(AE770=TRUE,COUNTIF($AE$32:AE770,TRUE()),\"\")","v":""},{"$f":"IFERROR(INDEX($AD:$AD,MATCH(ROWS($AD$32:AD770),$AF:$AF,0)),\"\")","v":""},null,null,false,{"$f":"IF(AJ770=TRUE,COUNTIF($AJ$32:AJ770,TRUE()),\"\")","v":""},{"$f":"IFERROR(INDEX($AD:$AD,MATCH(ROWS($AD$32:AD770),$AK:$AK,0)),\"\")","v":""},null,false,{"$f":"IF(AN770=TRUE,COUNTIF($AN$32:AN770,TRUE()),\"\")","v":""},{"$f":"IFERROR(INDEX($AD:$AD,MATCH(ROWS($AD$32:$AD770),$AO:$AO,0)),\"\")","v":""}]
[null,null,null,null,null,null,null,null,null,null,null,null,null,null,null,null,null,null,null,null,null,null,null,null,null,null,null,null,null,{"$f":"'Baza klientów'!B740","v":0},false,{"$f":"IF(AE771=TRUE,COUNTIF($AE$32:AE771,TRUE()),\"\")","v":""},{"$f":"IFERROR(INDEX($AD:$AD,MATCH(ROWS($AD$32:AD771),$AF:$AF,0)),\"\")","v":""},null,null,false,{"$f":"IF(AJ771=TRUE,COUNTIF($AJ$32:AJ771,TRUE()),\"\")","v":""},{"$f":"IFERROR(INDEX($AD:$AD,MATCH(ROWS($AD$32:AD771),$AK:$AK,0)),\"\")","v":""},null,false,{"$f":"IF(AN771=TRUE,COUNTIF($AN$32:AN771,TRUE()),\"\")","v":""},{"$f":"IFERROR(INDEX($AD:$AD,MATCH(ROWS($AD$32:$AD771),$AO:$AO,0)),\"\")","v":""}]
[null,null,null,null,null,null,null,null,null,null,null,null,null,null,null,null,null,null,null,null,null,null,null,null,null,null,null,null,null,{"$f":"'Baza klientów'!B741","v":0},false,{"$f":"IF(AE772=TRUE,COUNTIF($AE$32:AE772,TRUE()),\"\")","v":""},{"$f":"IFERROR(INDEX($AD:$AD,MATCH(ROWS($AD$32:AD772),$AF:$AF,0)),\"\")","v":""},null,null,false,{"$f":"IF(AJ772=TRUE,COUNTIF($AJ$32:AJ772,TRUE()),\"\")","v":""},{"$f":"IFERROR(INDEX($AD:$AD,MATCH(ROWS($AD$32:AD772),$AK:$AK,0)),\"\")","v":""},null,false,{"$f":"IF(AN772=TRUE,COUNTIF($AN$32:AN772,TRUE()),\"\")","v":""},{"$f":"IFERROR(INDEX($AD:$AD,MATCH(ROWS($AD$32:$AD772),$AO:$AO,0)),\"\")","v":""}]
[null,null,null,null,null,null,null,null,null,null,null,null,null,null,null,null,null,null,null,null,null,null,null,null,null,null,null,null,null,{"$f":"'Baza klientów'!B742","v":0},false,{"$f":"IF(AE773=TRUE,COUNTIF($AE$32:AE773,TRUE()),\"\")","v":""},{"$f":"IFERROR(INDEX($AD:$AD,MATCH(ROWS($AD$32:AD773),$AF:$AF,0)),\"\")","v":""},null,null,false,{"$f":"IF(AJ773=TRUE,COUNTIF($AJ$32:AJ773,TRUE()),\"\")","v":""},{"$f":"IFERROR(INDEX($AD:$AD,MATCH(ROWS($AD$32:AD773),$AK:$AK,0)),\"\")","v":""},null,false,{"$f":"IF(AN773=TRUE,COUNTIF($AN$32:AN773,TRUE()),\"\")","v":""},{"$f":"IFERROR(INDEX($AD:$AD,MATCH(ROWS($AD$32:$AD773),$AO:$AO,0)),\"\")","v":""}]
[null,null,null,null,null,null,null,null,null,null,null,null,null,null,null,null,null,null,null,null,null,null,null,null,null,null,null,null,null,{"$f":"'Baza klientów'!B743","v":0},false,{"$f":"IF(AE774=TRUE,COUNTIF($AE$32:AE774,TRUE()),\"\")","v":""},{"$f":"IFERROR(INDEX($AD:$AD,MATCH(ROWS($AD$32:AD774),$AF:$AF,0)),\"\")","v":""},null,null,false,{"$f":"IF(AJ774=TRUE,COUNTIF($AJ$32:AJ774,TRUE()),\"\")","v":""},{"$f":"IFERROR(INDEX($AD:$AD,MATCH(ROWS($AD$32:AD774),$AK:$AK,0)),\"\")","v":""},null,false,{"$f":"IF(AN774=TRUE,COUNTIF($AN$32:AN774,TRUE()),\"\")","v":""},{"$f":"IFERROR(INDEX($AD:$AD,MATCH(ROWS($AD$32:$AD774),$AO:$AO,0)),\"\")","v":""}]
[null,null,null,null,null,null,null,null,null,null,null,null,null,null,null,null,null,null,null,null,null,null,null,null,null,null,null,null,null,{"$f":"'Baza klientów'!B744","v":0},false,{"$f":"IF(AE775=TRUE,COUNTIF($AE$32:AE775,TRUE()),\"\")","v":""},{"$f":"IFERROR(INDEX($AD:$AD,MATCH(ROWS($AD$32:AD775),$AF:$AF,0)),\"\")","v":""},null,null,false,{"$f":"IF(AJ775=TRUE,COUNTIF($AJ$32:AJ775,TRUE()),\"\")","v":""},{"$f":"IFERROR(INDEX($AD:$AD,MATCH(ROWS($AD$32:AD775),$AK:$AK,0)),\"\")","v":""},null,false,{"$f":"IF(AN775=TRUE,COUNTIF($AN$32:AN775,TRUE()),\"\")","v":""},{"$f":"IFERROR(INDEX($AD:$AD,MATCH(ROWS($AD$32:$AD775),$AO:$AO,0)),\"\")","v":""}]
[null,null,null,null,null,null,null,null,null,null,null,null,null,null,null,null,null,null,null,null,null,null,null,null,null,null,null,null,null,{"$f":"'Baza klientów'!B745","v":0},false,{"$f":"IF(AE776=TRUE,COUNTIF($AE$32:AE776,TRUE()),\"\")","v":""},{"$f":"IFERROR(INDEX($AD:$AD,MATCH(ROWS($AD$32:AD776),$AF:$AF,0)),\"\")","v":""},null,null,false,{"$f":"IF(AJ776=TRUE,COUNTIF($AJ$32:AJ776,TRUE()),\"\")","v":""},{"$f":"IFERROR(INDEX($AD:$AD,MATCH(ROWS($AD$32:AD776),$AK:$AK,0)),\"\")","v":""},null,false,{"$f":"IF(AN776=TRUE,COUNTIF($AN$32:AN776,TRUE()),\"\")","v":""},{"$f":"IFERROR(INDEX($AD:$AD,MATCH(ROWS($AD$32:$AD776),$AO:$AO,0)),\"\")","v":""}]
[null,null,null,null,null,null,null,null,null,null,null,null,null,null,null,null,null,null,null,null,null,null,null,null,null,null,null,null,null,{"$f":"'Baza klientów'!B746","v":0},false,{"$f":"IF(AE777=TRUE,COUNTIF($AE$32:AE777,TRUE()),\"\")","v":""},{"$f":"IFERROR(INDEX($AD:$AD,MATCH(ROWS($AD$32:AD777),$AF:$AF,0)),\"\")","v":""},null,null,false,{"$f":"IF(AJ777=TRUE,COUNTIF($AJ$32:AJ777,TRUE()),\"\")","v":""},{"$f":"IFERROR(INDEX($AD:$AD,MATCH(ROWS($AD$32:AD777),$AK:$AK,0)),\"\")","v":""},null,false,{"$f":"IF(AN777=TRUE,COUNTIF($AN$32:AN777,TRUE()),\"\")","v":""},{"$f":"IFERROR(INDEX($AD:$AD,MATCH(ROWS($AD$32:$AD777),$AO:$AO,0)),\"\")","v":""}]
[null,null,null,null,null,null,null,null,null,null,null,null,null,null,null,null,null,null,null,null,null,null,null,null,null,null,null,null,null,{"$f":"'Baza klientów'!B747","v":0},false,{"$f":"IF(AE778=TRUE,COUNTIF($AE$32:AE778,TRUE()),\"\")","v":""},{"$f":"IFERROR(INDEX($AD:$AD,MATCH(ROWS($AD$32:AD778),$AF:$AF,0)),\"\")","v":""},null,null,false,{"$f":"IF(AJ778=TRUE,COUNTIF($AJ$32:AJ778,TRUE()),\"\")","v":""},{"$f":"IFERROR(INDEX($AD:$AD,MATCH(ROWS($AD$32:AD778),$AK:$AK,0)),\"\")","v":""},null,false,{"$f":"IF(AN778=TRUE,COUNTIF($AN$32:AN778,TRUE()),\"\")","v":""},{"$f":"IFERROR(INDEX($AD:$AD,MATCH(ROWS($AD$32:$AD778),$AO:$AO,0)),\"\")","v":""}]
[null,null,null,null,null,null,null,null,null,null,null,null,null,null,null,null,null,null,null,null,null,null,null,null,null,null,null,null,null,{"$f":"'Baza klientów'!B748","v":0},false,{"$f":"IF(AE779=TRUE,COUNTIF($AE$32:AE779,TRUE()),\"\")","v":""},{"$f":"IFERROR(INDEX($AD:$AD,MATCH(ROWS($AD$32:AD779),$AF:$AF,0)),\"\")","v":""},null,null,false,{"$f":"IF(AJ779=TRUE,COUNTIF($AJ$32:AJ779,TRUE()),\"\")","v":""},{"$f":"IFERROR(INDEX($AD:$AD,MATCH(ROWS($AD$32:AD779),$AK:$AK,0)),\"\")","v":""},null,false,{"$f":"IF(AN779=TRUE,COUNTIF($AN$32:AN779,TRUE()),\"\")","v":""},{"$f":"IFERROR(INDEX($AD:$AD,MATCH(ROWS($AD$32:$AD779),$AO:$AO,0)),\"\")","v":""}]
[null,null,null,null,null,null,null,null,null,null,null,null,null,null,null,null,null,null,null,null,null,null,null,null,null,null,null,null,null,{"$f":"'Baza klientów'!B749","v":0},false,{"$f":"IF(AE780=TRUE,COUNTIF($AE$32:AE780,TRUE()),\"\")","v":""},{"$f":"IFERROR(INDEX($AD:$AD,MATCH(ROWS($AD$32:AD780),$AF:$AF,0)),\"\")","v":""},null,null,false,{"$f":"IF(AJ780=TRUE,COUNTIF($AJ$32:AJ780,TRUE()),\"\")","v":""},{"$f":"IFERROR(INDEX($AD:$AD,MATCH(ROWS($AD$32:AD780),$AK:$AK,0)),\"\")","v":""},null,false,{"$f":"IF(AN780=TRUE,COUNTIF($AN$32:AN780,TRUE()),\"\")","v":""},{"$f":"IFERROR(INDEX($AD:$AD,MATCH(ROWS($AD$32:$AD780),$AO:$AO,0)),\"\")","v":""}]
[null,null,null,null,null,null,null,null,null,null,null,null,null,null,null,null,null,null,null,null,null,null,null,null,null,null,null,null,null,{"$f":"'Baza klientów'!B750","v":0},false,{"$f":"IF(AE781=TRUE,COUNTIF($AE$32:AE781,TRUE()),\"\")","v":""},{"$f":"IFERROR(INDEX($AD:$AD,MATCH(ROWS($AD$32:AD781),$AF:$AF,0)),\"\")","v":""},null,null,false,{"$f":"IF(AJ781=TRUE,COUNTIF($AJ$32:AJ781,TRUE()),\"\")","v":""},{"$f":"IFERROR(INDEX($AD:$AD,MATCH(ROWS($AD$32:AD781),$AK:$AK,0)),\"\")","v":""},null,false,{"$f":"IF(AN781=TRUE,COUNTIF($AN$32:AN781,TRUE()),\"\")","v":""},{"$f":"IFERROR(INDEX($AD:$AD,MATCH(ROWS($AD$32:$AD781),$AO:$AO,0)),\"\")","v":""}]
[null,null,null,null,null,null,null,null,null,null,null,null,null,null,null,null,null,null,null,null,null,null,null,null,null,null,null,null,null,{"$f":"'Baza klientów'!B751","v":0},false,{"$f":"IF(AE782=TRUE,COUNTIF($AE$32:AE782,TRUE()),\"\")","v":""},{"$f":"IFERROR(INDEX($AD:$AD,MATCH(ROWS($AD$32:AD782),$AF:$AF,0)),\"\")","v":""},null,null,false,{"$f":"IF(AJ782=TRUE,COUNTIF($AJ$32:AJ782,TRUE()),\"\")","v":""},{"$f":"IFERROR(INDEX($AD:$AD,MATCH(ROWS($AD$32:AD782),$AK:$AK,0)),\"\")","v":""},null,false,{"$f":"IF(AN782=TRUE,COUNTIF($AN$32:AN782,TRUE()),\"\")","v":""},{"$f":"IFERROR(INDEX($AD:$AD,MATCH(ROWS($AD$32:$AD782),$AO:$AO,0)),\"\")","v":""}]
[null,null,null,null,null,null,null,null,null,null,null,null,null,null,null,null,null,null,null,null,null,null,null,null,null,null,null,null,null,{"$f":"'Baza klientów'!B752","v":0},false,{"$f":"IF(AE783=TRUE,COUNTIF($AE$32:AE783,TRUE()),\"\")","v":""},{"$f":"IFERROR(INDEX($AD:$AD,MATCH(ROWS($AD$32:AD783),$AF:$AF,0)),\"\")","v":""},null,null,false,{"$f":"IF(AJ783=TRUE,COUNTIF($AJ$32:AJ783,TRUE()),\"\")","v":""},{"$f":"IFERROR(INDEX($AD:$AD,MATCH(ROWS($AD$32:AD783),$AK:$AK,0)),\"\")","v":""},null,false,{"$f":"IF(AN783=TRUE,COUNTIF($AN$32:AN783,TRUE()),\"\")","v":""},{"$f":"IFERROR(INDEX($AD:$AD,MATCH(ROWS($AD$32:$AD783),$AO:$AO,0)),\"\")","v":""}]
[null,null,null,null,null,null,null,null,null,null,null,null,null,null,null,null,null,null,null,null,null,null,null,null,null,null,null,null,null,{"$f":"'Baza klientów'!B753","v":0},false,{"$f":"IF(AE784=TRUE,COUNTIF($AE$32:AE784,TRUE()),\"\")","v":""},{"$f":"IFERROR(INDEX($AD:$AD,MATCH(ROWS($AD$32:AD784),$AF:$AF,0)),\"\")","v":""},null,null,false,{"$f":"IF(AJ784=TRUE,COUNTIF($AJ$32:AJ784,TRUE()),\"\")","v":""},{"$f":"IFERROR(INDEX($AD:$AD,MATCH(ROWS($AD$32:AD784),$AK:$AK,0)),\"\")","v":""},null,false,{"$f":"IF(AN784=TRUE,COUNTIF($AN$32:AN784,TRUE()),\"\")","v":""},{"$f":"IFERROR(INDEX($AD:$AD,MATCH(ROWS($AD$32:$AD784),$AO:$AO,0)),\"\")","v":""}]
[null,null,null,null,null,null,null,null,null,null,null,null,null,null,null,null,null,null,null,null,null,null,null,null,null,null,null,null,null,{"$f":"'Baza klientów'!B754","v":0},false,{"$f":"IF(AE785=TRUE,COUNTIF($AE$32:AE785,TRUE()),\"\")","v":""},{"$f":"IFERROR(INDEX($AD:$AD,MATCH(ROWS($AD$32:AD785),$AF:$AF,0)),\"\")","v":""},null,null,false,{"$f":"IF(AJ785=TRUE,COUNTIF($AJ$32:AJ785,TRUE()),\"\")","v":""},{"$f":"IFERROR(INDEX($AD:$AD,MATCH(ROWS($AD$32:AD785),$AK:$AK,0)),\"\")","v":""},null,false,{"$f":"IF(AN785=TRUE,COUNTIF($AN$32:AN785,TRUE()),\"\")","v":""},{"$f":"IFERROR(INDEX($AD:$AD,MATCH(ROWS($AD$32:$AD785),$AO:$AO,0)),\"\")","v":""}]
[null,null,null,null,null,null,null,null,null,null,null,null,null,null,null,null,null,null,null,null,null,null,null,null,null,null,null,null,null,{"$f":"'Baza klientów'!B755","v":0},false,{"$f":"IF(AE786=TRUE,COUNTIF($AE$32:AE786,TRUE()),\"\")","v":""},{"$f":"IFERROR(INDEX($AD:$AD,MATCH(ROWS($AD$32:AD786),$AF:$AF,0)),\"\")","v":""},null,null,false,{"$f":"IF(AJ786=TRUE,COUNTIF($AJ$32:AJ786,TRUE()),\"\")","v":""},{"$f":"IFERROR(INDEX($AD:$AD,MATCH(ROWS($AD$32:AD786),$AK:$AK,0)),\"\")","v":""},null,false,{"$f":"IF(AN786=TRUE,COUNTIF($AN$32:AN786,TRUE()),\"\")","v":""},{"$f":"IFERROR(INDEX($AD:$AD,MATCH(ROWS($AD$32:$AD786),$AO:$AO,0)),\"\")","v":""}]
[null,null,null,null,null,null,null,null,null,null,null,null,null,null,null,null,null,null,null,null,null,null,null,null,null,null,null,null,null,{"$f":"'Baza klientów'!B756","v":0},false,{"$f":"IF(AE787=TRUE,COUNTIF($AE$32:AE787,TRUE()),\"\")","v":""},{"$f":"IFERROR(INDEX($AD:$AD,MATCH(ROWS($AD$32:AD787),$AF:$AF,0)),\"\")","v":""},null,null,false,{"$f":"IF(AJ787=TRUE,COUNTIF($AJ$32:AJ787,TRUE()),\"\")","v":""},{"$f":"IFERROR(INDEX($AD:$AD,MATCH(ROWS($AD$32:AD787),$AK:$AK,0)),\"\")","v":""},null,false,{"$f":"IF(AN787=TRUE,COUNTIF($AN$32:AN787,TRUE()),\"\")","v":""},{"$f":"IFERROR(INDEX($AD:$AD,MATCH(ROWS($AD$32:$AD787),$AO:$AO,0)),\"\")","v":""}]
[null,null,null,null,null,null,null,null,null,null,null,null,null,null,null,null,null,null,null,null,null,null,null,null,null,null,null,null,null,{"$f":"'Baza klientów'!B757","v":0},false,{"$f":"IF(AE788=TRUE,COUNTIF($AE$32:AE788,TRUE()),\"\")","v":""},{"$f":"IFERROR(INDEX($AD:$AD,MATCH(ROWS($AD$32:AD788),$AF:$AF,0)),\"\")","v":""},null,null,false,{"$f":"IF(AJ788=TRUE,COUNTIF($AJ$32:AJ788,TRUE()),\"\")","v":""},{"$f":"IFERROR(INDEX($AD:$AD,MATCH(ROWS($AD$32:AD788),$AK:$AK,0)),\"\")","v":""},null,false,{"$f":"IF(AN788=TRUE,COUNTIF($AN$32:AN788,TRUE()),\"\")","v":""},{"$f":"IFERROR(INDEX($AD:$AD,MATCH(ROWS($AD$32:$AD788),$AO:$AO,0)),\"\")","v":""}]
[null,null,null,null,null,null,null,null,null,null,null,null,null,null,null,null,null,null,null,null,null,null,null,null,null,null,null,null,null,{"$f":"'Baza klientów'!B758","v":0},false,{"$f":"IF(AE789=TRUE,COUNTIF($AE$32:AE789,TRUE()),\"\")","v":""},{"$f":"IFERROR(INDEX($AD:$AD,MATCH(ROWS($AD$32:AD789),$AF:$AF,0)),\"\")","v":""},null,null,false,{"$f":"IF(AJ789=TRUE,COUNTIF($AJ$32:AJ789,TRUE()),\"\")","v":""},{"$f":"IFERROR(INDEX($AD:$AD,MATCH(ROWS($AD$32:AD789),$AK:$AK,0)),\"\")","v":""},null,false,{"$f":"IF(AN789=TRUE,COUNTIF($AN$32:AN789,TRUE()),\"\")","v":""},{"$f":"IFERROR(INDEX($AD:$AD,MATCH(ROWS($AD$32:$AD789),$AO:$AO,0)),\"\")","v":""}]
[null,null,null,null,null,null,null,null,null,null,null,null,null,null,null,null,null,null,null,null,null,null,null,null,null,null,null,null,null,{"$f":"'Baza klientów'!B759","v":0},false,{"$f":"IF(AE790=TRUE,COUNTIF($AE$32:AE790,TRUE()),\"\")","v":""},{"$f":"IFERROR(INDEX($AD:$AD,MATCH(ROWS($AD$32:AD790),$AF:$AF,0)),\"\")","v":""},null,null,false,{"$f":"IF(AJ790=TRUE,COUNTIF($AJ$32:AJ790,TRUE()),\"\")","v":""},{"$f":"IFERROR(INDEX($AD:$AD,MATCH(ROWS($AD$32:AD790),$AK:$AK,0)),\"\")","v":""},null,false,{"$f":"IF(AN790=TRUE,COUNTIF($AN$32:AN790,TRUE()),\"\")","v":""},{"$f":"IFERROR(INDEX($AD:$AD,MATCH(ROWS($AD$32:$AD790),$AO:$AO,0)),\"\")","v":""}]
[null,null,null,null,null,null,null,null,null,null,null,null,null,null,null,null,null,null,null,null,null,null,null,null,null,null,null,null,null,{"$f":"'Baza klientów'!B760","v":0},false,{"$f":"IF(AE791=TRUE,COUNTIF($AE$32:AE791,TRUE()),\"\")","v":""},{"$f":"IFERROR(INDEX($AD:$AD,MATCH(ROWS($AD$32:AD791),$AF:$AF,0)),\"\")","v":""},null,null,false,{"$f":"IF(AJ791=TRUE,COUNTIF($AJ$32:AJ791,TRUE()),\"\")","v":""},{"$f":"IFERROR(INDEX($AD:$AD,MATCH(ROWS($AD$32:AD791),$AK:$AK,0)),\"\")","v":""},null,false,{"$f":"IF(AN791=TRUE,COUNTIF($AN$32:AN791,TRUE()),\"\")","v":""},{"$f":"IFERROR(INDEX($AD:$AD,MATCH(ROWS($AD$32:$AD791),$AO:$AO,0)),\"\")","v":""}]
[null,null,null,null,null,null,null,null,null,null,null,null,null,null,null,null,null,null,null,null,null,null,null,null,null,null,null,null,null,{"$f":"'Baza klientów'!B761","v":0},false,{"$f":"IF(AE792=TRUE,COUNTIF($AE$32:AE792,TRUE()),\"\")","v":""},{"$f":"IFERROR(INDEX($AD:$AD,MATCH(ROWS($AD$32:AD792),$AF:$AF,0)),\"\")","v":""},null,null,false,{"$f":"IF(AJ792=TRUE,COUNTIF($AJ$32:AJ792,TRUE()),\"\")","v":""},{"$f":"IFERROR(INDEX($AD:$AD,MATCH(ROWS($AD$32:AD792),$AK:$AK,0)),\"\")","v":""},null,false,{"$f":"IF(AN792=TRUE,COUNTIF($AN$32:AN792,TRUE()),\"\")","v":""},{"$f":"IFERROR(INDEX($AD:$AD,MATCH(ROWS($AD$32:$AD792),$AO:$AO,0)),\"\")","v":""}]
[null,null,null,null,null,null,null,null,null,null,null,null,null,null,null,null,null,null,null,null,null,null,null,null,null,null,null,null,null,{"$f":"'Baza klientów'!B762","v":0},false,{"$f":"IF(AE793=TRUE,COUNTIF($AE$32:AE793,TRUE()),\"\")","v":""},{"$f":"IFERROR(INDEX($AD:$AD,MATCH(ROWS($AD$32:AD793),$AF:$AF,0)),\"\")","v":""},null,null,false,{"$f":"IF(AJ793=TRUE,COUNTIF($AJ$32:AJ793,TRUE()),\"\")","v":""},{"$f":"IFERROR(INDEX($AD:$AD,MATCH(ROWS($AD$32:AD793),$AK:$AK,0)),\"\")","v":""},null,false,{"$f":"IF(AN793=TRUE,COUNTIF($AN$32:AN793,TRUE()),\"\")","v":""},{"$f":"IFERROR(INDEX($AD:$AD,MATCH(ROWS($AD$32:$AD793),$AO:$AO,0)),\"\")","v":""}]
[null,null,null,null,null,null,null,null,null,null,null,null,null,null,null,null,null,null,null,null,null,null,null,null,null,null,null,null,null,{"$f":"'Baza klientów'!B763","v":0},false,{"$f":"IF(AE794=TRUE,COUNTIF($AE$32:AE794,TRUE()),\"\")","v":""},{"$f":"IFERROR(INDEX($AD:$AD,MATCH(ROWS($AD$32:AD794),$AF:$AF,0)),\"\")","v":""},null,null,false,{"$f":"IF(AJ794=TRUE,COUNTIF($AJ$32:AJ794,TRUE()),\"\")","v":""},{"$f":"IFERROR(INDEX($AD:$AD,MATCH(ROWS($AD$32:AD794),$AK:$AK,0)),\"\")","v":""},null,false,{"$f":"IF(AN794=TRUE,COUNTIF($AN$32:AN794,TRUE()),\"\")","v":""},{"$f":"IFERROR(INDEX($AD:$AD,MATCH(ROWS($AD$32:$AD794),$AO:$AO,0)),\"\")","v":""}]
[null,null,null,null,null,null,null,null,null,null,null,null,null,null,null,null,null,null,null,null,null,null,null,null,null,null,null,null,null,{"$f":"'Baza klientów'!B764","v":0},false,{"$f":"IF(AE795=TRUE,COUNTIF($AE$32:AE795,TRUE()),\"\")","v":""},{"$f":"IFERROR(INDEX($AD:$AD,MATCH(ROWS($AD$32:AD795),$AF:$AF,0)),\"\")","v":""},null,null,false,{"$f":"IF(AJ795=TRUE,COUNTIF($AJ$32:AJ795,TRUE()),\"\")","v":""},{"$f":"IFERROR(INDEX($AD:$AD,MATCH(ROWS($AD$32:AD795),$AK:$AK,0)),\"\")","v":""},null,false,{"$f":"IF(AN795=TRUE,COUNTIF($AN$32:AN795,TRUE()),\"\")","v":""},{"$f":"IFERROR(INDEX($AD:$AD,MATCH(ROWS($AD$32:$AD795),$AO:$AO,0)),\"\")","v":""}]
[null,null,null,null,null,null,null,null,null,null,null,null,null,null,null,null,null,null,null,null,null,null,null,null,null,null,null,null,null,{"$f":"'Baza klientów'!B765","v":0},false,{"$f":"IF(AE796=TRUE,COUNTIF($AE$32:AE796,TRUE()),\"\")","v":""},{"$f":"IFERROR(INDEX($AD:$AD,MATCH(ROWS($AD$32:AD796),$AF:$AF,0)),\"\")","v":""},null,null,false,{"$f":"IF(AJ796=TRUE,COUNTIF($AJ$32:AJ796,TRUE()),\"\")","v":""},{"$f":"IFERROR(INDEX($AD:$AD,MATCH(ROWS($AD$32:AD796),$AK:$AK,0)),\"\")","v":""},null,false,{"$f":"IF(AN796=TRUE,COUNTIF($AN$32:AN796,TRUE()),\"\")","v":""},{"$f":"IFERROR(INDEX($AD:$AD,MATCH(ROWS($AD$32:$AD796),$AO:$AO,0)),\"\")","v":""}]
[null,null,null,null,null,null,null,null,null,null,null,null,null,null,null,null,null,null,null,null,null,null,null,null,null,null,null,null,null,{"$f":"'Baza klientów'!B766","v":0},false,{"$f":"IF(AE797=TRUE,COUNTIF($AE$32:AE797,TRUE()),\"\")","v":""},{"$f":"IFERROR(INDEX($AD:$AD,MATCH(ROWS($AD$32:AD797),$AF:$AF,0)),\"\")","v":""},null,null,false,{"$f":"IF(AJ797=TRUE,COUNTIF($AJ$32:AJ797,TRUE()),\"\")","v":""},{"$f":"IFERROR(INDEX($AD:$AD,MATCH(ROWS($AD$32:AD797),$AK:$AK,0)),\"\")","v":""},null,false,{"$f":"IF(AN797=TRUE,COUNTIF($AN$32:AN797,TRUE()),\"\")","v":""},{"$f":"IFERROR(INDEX($AD:$AD,MATCH(ROWS($AD$32:$AD797),$AO:$AO,0)),\"\")","v":""}]
[null,null,null,null,null,null,null,null,null,null,null,null,null,null,null,null,null,null,null,null,null,null,null,null,null,null,null,null,null,{"$f":"'Baza klientów'!B767","v":0},false,{"$f":"IF(AE798=TRUE,COUNTIF($AE$32:AE798,TRUE()),\"\")","v":""},{"$f":"IFERROR(INDEX($AD:$AD,MATCH(ROWS($AD$32:AD798),$AF:$AF,0)),\"\")","v":""},null,null,false,{"$f":"IF(AJ798=TRUE,COUNTIF($AJ$32:AJ798,TRUE()),\"\")","v":""},{"$f":"IFERROR(INDEX($AD:$AD,MATCH(ROWS($AD$32:AD798),$AK:$AK,0)),\"\")","v":""},null,false,{"$f":"IF(AN798=TRUE,COUNTIF($AN$32:AN798,TRUE()),\"\")","v":""},{"$f":"IFERROR(INDEX($AD:$AD,MATCH(ROWS($AD$32:$AD798),$AO:$AO,0)),\"\")","v":""}]
[null,null,null,null,null,null,null,null,null,null,null,null,null,null,null,null,null,null,null,null,null,null,null,null,null,null,null,null,null,{"$f":"'Baza klientów'!B768","v":0},false,{"$f":"IF(AE799=TRUE,COUNTIF($AE$32:AE799,TRUE()),\"\")","v":""},{"$f":"IFERROR(INDEX($AD:$AD,MATCH(ROWS($AD$32:AD799),$AF:$AF,0)),\"\")","v":""},null,null,false,{"$f":"IF(AJ799=TRUE,COUNTIF($AJ$32:AJ799,TRUE()),\"\")","v":""},{"$f":"IFERROR(INDEX($AD:$AD,MATCH(ROWS($AD$32:AD799),$AK:$AK,0)),\"\")","v":""},null,false,{"$f":"IF(AN799=TRUE,COUNTIF($AN$32:AN799,TRUE()),\"\")","v":""},{"$f":"IFERROR(INDEX($AD:$AD,MATCH(ROWS($AD$32:$AD799),$AO:$AO,0)),\"\")","v":""}]
[null,null,null,null,null,null,null,null,null,null,null,null,null,null,null,null,null,null,null,null,null,null,null,null,null,null,null,null,null,{"$f":"'Baza klientów'!B769","v":0},false,{"$f":"IF(AE800=TRUE,COUNTIF($AE$32:AE800,TRUE()),\"\")","v":""},{"$f":"IFERROR(INDEX($AD:$AD,MATCH(ROWS($AD$32:AD800),$AF:$AF,0)),\"\")","v":""},null,null,false,{"$f":"IF(AJ800=TRUE,COUNTIF($AJ$32:AJ800,TRUE()),\"\")","v":""},{"$f":"IFERROR(INDEX($AD:$AD,MATCH(ROWS($AD$32:AD800),$AK:$AK,0)),\"\")","v":""},null,false,{"$f":"IF(AN800=TRUE,COUNTIF($AN$32:AN800,TRUE()),\"\")","v":""},{"$f":"IFERROR(INDEX($AD:$AD,MATCH(ROWS($AD$32:$AD800),$AO:$AO,0)),\"\")","v":""}]
[null,null,null,null,null,null,null,null,null,null,null,null,null,null,null,null,null,null,null,null,null,null,null,null,null,null,null,null,null,{"$f":"'Baza klientów'!B770","v":0},{"$f":"ISNUMBER(SEARCH($AH$32,AD801))","v":false},{"$f":"IF(AE801=TRUE,COUNTIF($AE$32:AE801,TRUE()),\"\")","v":""},{"$f":"IFERROR(INDEX($AD:$AD,MATCH(ROWS($AD$32:AD801),$AF:$AF,0)),\"\")","v":""},null,null,{"$f":"ISNUMBER(SEARCH($AM$31,AD801))","v":false},{"$f":"IF(AJ801=TRUE,COUNTIF($AJ$32:AJ801,TRUE()),\"\")","v":""},{"$f":"IFERROR(INDEX($AD:$AD,MATCH(ROWS($AD$32:AD801),$AK:$AK,0)),\"\")","v":""},null,{"$f":"ISNUMBER(SEARCH($AQ$31,$AD801))","v":false},{"$f":"IF(AN801=TRUE,COUNTIF($AN$32:AN801,TRUE()),\"\")","v":""},{"$f":"IFERROR(INDEX($AD:$AD,MATCH(ROWS($AD$32:$AD801),$AO:$AO,0)),\"\")","v":""}]
[null,null,null,null,null,null,null,null,null,null,null,null,null,null,null,null,null,null,null,null,null,null,null,null,null,null,null,null,null,{"$f":"'Baza klientów'!B771","v":0},false,{"$f":"IF(AE802=TRUE,COUNTIF($AE$32:AE802,TRUE()),\"\")","v":""},{"$f":"IFERROR(INDEX($AD:$AD,MATCH(ROWS($AD$32:AD802),$AF:$AF,0)),\"\")","v":""},null,null,false,{"$f":"IF(AJ802=TRUE,COUNTIF($AJ$32:AJ802,TRUE()),\"\")","v":""},{"$f":"IFERROR(INDEX($AD:$AD,MATCH(ROWS($AD$32:AD802),$AK:$AK,0)),\"\")","v":""},null,false,{"$f":"IF(AN802=TRUE,COUNTIF($AN$32:AN802,TRUE()),\"\")","v":""},{"$f":"IFERROR(INDEX($AD:$AD,MATCH(ROWS($AD$32:$AD802),$AO:$AO,0)),\"\")","v":""}]
[null,null,null,null,null,null,null,null,null,null,null,null,null,null,null,null,null,null,null,null,null,null,null,null,null,null,null,null,null,{"$f":"'Baza klientów'!B772","v":0},false,{"$f":"IF(AE803=TRUE,COUNTIF($AE$32:AE803,TRUE()),\"\")","v":""},{"$f":"IFERROR(INDEX($AD:$AD,MATCH(ROWS($AD$32:AD803),$AF:$AF,0)),\"\")","v":""},null,null,false,{"$f":"IF(AJ803=TRUE,COUNTIF($AJ$32:AJ803,TRUE()),\"\")","v":""},{"$f":"IFERROR(INDEX($AD:$AD,MATCH(ROWS($AD$32:AD803),$AK:$AK,0)),\"\")","v":""},null,false,{"$f":"IF(AN803=TRUE,COUNTIF($AN$32:AN803,TRUE()),\"\")","v":""},{"$f":"IFERROR(INDEX($AD:$AD,MATCH(ROWS($AD$32:$AD803),$AO:$AO,0)),\"\")","v":""}]
[null,null,null,null,null,null,null,null,null,null,null,null,null,null,null,null,null,null,null,null,null,null,null,null,null,null,null,null,null,{"$f":"'Baza klientów'!B773","v":0},false,{"$f":"IF(AE804=TRUE,COUNTIF($AE$32:AE804,TRUE()),\"\")","v":""},{"$f":"IFERROR(INDEX($AD:$AD,MATCH(ROWS($AD$32:AD804),$AF:$AF,0)),\"\")","v":""},null,null,false,{"$f":"IF(AJ804=TRUE,COUNTIF($AJ$32:AJ804,TRUE()),\"\")","v":""},{"$f":"IFERROR(INDEX($AD:$AD,MATCH(ROWS($AD$32:AD804),$AK:$AK,0)),\"\")","v":""},null,false,{"$f":"IF(AN804=TRUE,COUNTIF($AN$32:AN804,TRUE()),\"\")","v":""},{"$f":"IFERROR(INDEX($AD:$AD,MATCH(ROWS($AD$32:$AD804),$AO:$AO,0)),\"\")","v":""}]
[null,null,null,null,null,null,null,null,null,null,null,null,null,null,null,null,null,null,null,null,null,null,null,null,null,null,null,null,null,{"$f":"'Baza klientów'!B774","v":0},false,{"$f":"IF(AE805=TRUE,COUNTIF($AE$32:AE805,TRUE()),\"\")","v":""},{"$f":"IFERROR(INDEX($AD:$AD,MATCH(ROWS($AD$32:AD805),$AF:$AF,0)),\"\")","v":""},null,null,false,{"$f":"IF(AJ805=TRUE,COUNTIF($AJ$32:AJ805,TRUE()),\"\")","v":""},{"$f":"IFERROR(INDEX($AD:$AD,MATCH(ROWS($AD$32:AD805),$AK:$AK,0)),\"\")","v":""},null,false,{"$f":"IF(AN805=TRUE,COUNTIF($AN$32:AN805,TRUE()),\"\")","v":""},{"$f":"IFERROR(INDEX($AD:$AD,MATCH(ROWS($AD$32:$AD805),$AO:$AO,0)),\"\")","v":""}]
[null,null,null,null,null,null,null,null,null,null,null,null,null,null,null,null,null,null,null,null,null,null,null,null,null,null,null,null,null,{"$f":"'Baza klientów'!B775","v":0},false,{"$f":"IF(AE806=TRUE,COUNTIF($AE$32:AE806,TRUE()),\"\")","v":""},{"$f":"IFERROR(INDEX($AD:$AD,MATCH(ROWS($AD$32:AD806),$AF:$AF,0)),\"\")","v":""},null,null,false,{"$f":"IF(AJ806=TRUE,COUNTIF($AJ$32:AJ806,TRUE()),\"\")","v":""},{"$f":"IFERROR(INDEX($AD:$AD,MATCH(ROWS($AD$32:AD806),$AK:$AK,0)),\"\")","v":""},null,false,{"$f":"IF(AN806=TRUE,COUNTIF($AN$32:AN806,TRUE()),\"\")","v":""},{"$f":"IFERROR(INDEX($AD:$AD,MATCH(ROWS($AD$32:$AD806),$AO:$AO,0)),\"\")","v":""}]
[null,null,null,null,null,null,null,null,null,null,null,null,null,null,null,null,null,null,null,null,null,null,null,null,null,null,null,null,null,{"$f":"'Baza klientów'!B776","v":0},false,{"$f":"IF(AE807=TRUE,COUNTIF($AE$32:AE807,TRUE()),\"\")","v":""},{"$f":"IFERROR(INDEX($AD:$AD,MATCH(ROWS($AD$32:AD807),$AF:$AF,0)),\"\")","v":""},null,null,false,{"$f":"IF(AJ807=TRUE,COUNTIF($AJ$32:AJ807,TRUE()),\"\")","v":""},{"$f":"IFERROR(INDEX($AD:$AD,MATCH(ROWS($AD$32:AD807),$AK:$AK,0)),\"\")","v":""},null,false,{"$f":"IF(AN807=TRUE,COUNTIF($AN$32:AN807,TRUE()),\"\")","v":""},{"$f":"IFERROR(INDEX($AD:$AD,MATCH(ROWS($AD$32:$AD807),$AO:$AO,0)),\"\")","v":""}]
[null,null,null,null,null,null,null,null,null,null,null,null,null,null,null,null,null,null,null,null,null,null,null,null,null,null,null,null,null,{"$f":"'Baza klientów'!B777","v":0},false,{"$f":"IF(AE808=TRUE,COUNTIF($AE$32:AE808,TRUE()),\"\")","v":""},{"$f":"IFERROR(INDEX($AD:$AD,MATCH(ROWS($AD$32:AD808),$AF:$AF,0)),\"\")","v":""},null,null,false,{"$f":"IF(AJ808=TRUE,COUNTIF($AJ$32:AJ808,TRUE()),\"\")","v":""},{"$f":"IFERROR(INDEX($AD:$AD,MATCH(ROWS($AD$32:AD808),$AK:$AK,0)),\"\")","v":""},null,false,{"$f":"IF(AN808=TRUE,COUNTIF($AN$32:AN808,TRUE()),\"\")","v":""},{"$f":"IFERROR(INDEX($AD:$AD,MATCH(ROWS($AD$32:$AD808),$AO:$AO,0)),\"\")","v":""}]
[null,null,null,null,null,null,null,null,null,null,null,null,null,null,null,null,null,null,null,null,null,null,null,null,null,null,null,null,null,{"$f":"'Baza klientów'!B778","v":0},false,{"$f":"IF(AE809=TRUE,COUNTIF($AE$32:AE809,TRUE()),\"\")","v":""},{"$f":"IFERROR(INDEX($AD:$AD,MATCH(ROWS($AD$32:AD809),$AF:$AF,0)),\"\")","v":""},null,null,false,{"$f":"IF(AJ809=TRUE,COUNTIF($AJ$32:AJ809,TRUE()),\"\")","v":""},{"$f":"IFERROR(INDEX($AD:$AD,MATCH(ROWS($AD$32:AD809),$AK:$AK,0)),\"\")","v":""},null,false,{"$f":"IF(AN809=TRUE,COUNTIF($AN$32:AN809,TRUE()),\"\")","v":""},{"$f":"IFERROR(INDEX($AD:$AD,MATCH(ROWS($AD$32:$AD809),$AO:$AO,0)),\"\")","v":""}]
[null,null,null,null,null,null,null,null,null,null,null,null,null,null,null,null,null,null,null,null,null,null,null,null,null,null,null,null,null,{"$f":"'Baza klientów'!B779","v":0},false,{"$f":"IF(AE810=TRUE,COUNTIF($AE$32:AE810,TRUE()),\"\")","v":""},{"$f":"IFERROR(INDEX($AD:$AD,MATCH(ROWS($AD$32:AD810),$AF:$AF,0)),\"\")","v":""},null,null,false,{"$f":"IF(AJ810=TRUE,COUNTIF($AJ$32:AJ810,TRUE()),\"\")","v":""},{"$f":"IFERROR(INDEX($AD:$AD,MATCH(ROWS($AD$32:AD810),$AK:$AK,0)),\"\")","v":""},null,false,{"$f":"IF(AN810=TRUE,COUNTIF($AN$32:AN810,TRUE()),\"\")","v":""},{"$f":"IFERROR(INDEX($AD:$AD,MATCH(ROWS($AD$32:$AD810),$AO:$AO,0)),\"\")","v":""}]
[null,null,null,null,null,null,null,null,null,null,null,null,null,null,null,null,null,null,null,null,null,null,null,null,null,null,null,null,null,{"$f":"'Baza klientów'!B780","v":0},false,{"$f":"IF(AE811=TRUE,COUNTIF($AE$32:AE811,TRUE()),\"\")","v":""},{"$f":"IFERROR(INDEX($AD:$AD,MATCH(ROWS($AD$32:AD811),$AF:$AF,0)),\"\")","v":""},null,null,false,{"$f":"IF(AJ811=TRUE,COUNTIF($AJ$32:AJ811,TRUE()),\"\")","v":""},{"$f":"IFERROR(INDEX($AD:$AD,MATCH(ROWS($AD$32:AD811),$AK:$AK,0)),\"\")","v":""},null,false,{"$f":"IF(AN811=TRUE,COUNTIF($AN$32:AN811,TRUE()),\"\")","v":""},{"$f":"IFERROR(INDEX($AD:$AD,MATCH(ROWS($AD$32:$AD811),$AO:$AO,0)),\"\")","v":""}]
[null,null,null,null,null,null,null,null,null,null,null,null,null,null,null,null,null,null,null,null,null,null,null,null,null,null,null,null,null,{"$f":"'Baza klientów'!B781","v":0},false,{"$f":"IF(AE812=TRUE,COUNTIF($AE$32:AE812,TRUE()),\"\")","v":""},{"$f":"IFERROR(INDEX($AD:$AD,MATCH(ROWS($AD$32:AD812),$AF:$AF,0)),\"\")","v":""},null,null,false,{"$f":"IF(AJ812=TRUE,COUNTIF($AJ$32:AJ812,TRUE()),\"\")","v":""},{"$f":"IFERROR(INDEX($AD:$AD,MATCH(ROWS($AD$32:AD812),$AK:$AK,0)),\"\")","v":""},null,false,{"$f":"IF(AN812=TRUE,COUNTIF($AN$32:AN812,TRUE()),\"\")","v":""},{"$f":"IFERROR(INDEX($AD:$AD,MATCH(ROWS($AD$32:$AD812),$AO:$AO,0)),\"\")","v":""}]
[null,null,null,null,null,null,null,null,null,null,null,null,null,null,null,null,null,null,null,null,null,null,null,null,null,null,null,null,null,{"$f":"'Baza klientów'!B782","v":0},false,{"$f":"IF(AE813=TRUE,COUNTIF($AE$32:AE813,TRUE()),\"\")","v":""},{"$f":"IFERROR(INDEX($AD:$AD,MATCH(ROWS($AD$32:AD813),$AF:$AF,0)),\"\")","v":""},null,null,false,{"$f":"IF(AJ813=TRUE,COUNTIF($AJ$32:AJ813,TRUE()),\"\")","v":""},{"$f":"IFERROR(INDEX($AD:$AD,MATCH(ROWS($AD$32:AD813),$AK:$AK,0)),\"\")","v":""},null,false,{"$f":"IF(AN813=TRUE,COUNTIF($AN$32:AN813,TRUE()),\"\")","v":""},{"$f":"IFERROR(INDEX($AD:$AD,MATCH(ROWS($AD$32:$AD813),$AO:$AO,0)),\"\")","v":""}]
[null,null,null,null,null,null,null,null,null,null,null,null,null,null,null,null,null,null,null,null,null,null,null,null,null,null,null,null,null,{"$f":"'Baza klientów'!B783","v":0},false,{"$f":"IF(AE814=TRUE,COUNTIF($AE$32:AE814,TRUE()),\"\")","v":""},{"$f":"IFERROR(INDEX($AD:$AD,MATCH(ROWS($AD$32:AD814),$AF:$AF,0)),\"\")","v":""},null,null,false,{"$f":"IF(AJ814=TRUE,COUNTIF($AJ$32:AJ814,TRUE()),\"\")","v":""},{"$f":"IFERROR(INDEX($AD:$AD,MATCH(ROWS($AD$32:AD814),$AK:$AK,0)),\"\")","v":""},null,false,{"$f":"IF(AN814=TRUE,COUNTIF($AN$32:AN814,TRUE()),\"\")","v":""},{"$f":"IFERROR(INDEX($AD:$AD,MATCH(ROWS($AD$32:$AD814),$AO:$AO,0)),\"\")","v":""}]
[null,null,null,null,null,null,null,null,null,null,null,null,null,null,null,null,null,null,null,null,null,null,null,null,null,null,null,null,null,{"$f":"'Baza klientów'!B784","v":0},false,{"$f":"IF(AE815=TRUE,COUNTIF($AE$32:AE815,TRUE()),\"\")","v":""},{"$f":"IFERROR(INDEX($AD:$AD,MATCH(ROWS($AD$32:AD815),$AF:$AF,0)),\"\")","v":""},null,null,false,{"$f":"IF(AJ815=TRUE,COUNTIF($AJ$32:AJ815,TRUE()),\"\")","v":""},{"$f":"IFERROR(INDEX($AD:$AD,MATCH(ROWS($AD$32:AD815),$AK:$AK,0)),\"\")","v":""},null,false,{"$f":"IF(AN815=TRUE,COUNTIF($AN$32:AN815,TRUE()),\"\")","v":""},{"$f":"IFERROR(INDEX($AD:$AD,MATCH(ROWS($AD$32:$AD815),$AO:$AO,0)),\"\")","v":""}]
[null,null,null,null,null,null,null,null,null,null,null,null,null,null,null,null,null,null,null,null,null,null,null,null,null,null,null,null,null,{"$f":"'Baza klientów'!B785","v":0},false,{"$f":"IF(AE816=TRUE,COUNTIF($AE$32:AE816,TRUE()),\"\")","v":""},{"$f":"IFERROR(INDEX($AD:$AD,MATCH(ROWS($AD$32:AD816),$AF:$AF,0)),\"\")","v":""},null,null,false,{"$f":"IF(AJ816=TRUE,COUNTIF($AJ$32:AJ816,TRUE()),\"\")","v":""},{"$f":"IFERROR(INDEX($AD:$AD,MATCH(ROWS($AD$32:AD816),$AK:$AK,0)),\"\")","v":""},null,false,{"$f":"IF(AN816=TRUE,COUNTIF($AN$32:AN816,TRUE()),\"\")","v":""},{"$f":"IFERROR(INDEX($AD:$AD,MATCH(ROWS($AD$32:$AD816),$AO:$AO,0)),\"\")","v":""}]
[null,null,null,null,null,null,null,null,null,null,null,null,null,null,null,null,null,null,null,null,null,null,null,null,null,null,null,null,null,{"$f":"'Baza klientów'!B786","v":0},false,{"$f":"IF(AE817=TRUE,COUNTIF($AE$32:AE817,TRUE()),\"\")","v":""},{"$f":"IFERROR(INDEX($AD:$AD,MATCH(ROWS($AD$32:AD817),$AF:$AF,0)),\"\")","v":""},null,null,false,{"$f":"IF(AJ817=TRUE,COUNTIF($AJ$32:AJ817,TRUE()),\"\")","v":""},{"$f":"IFERROR(INDEX($AD:$AD,MATCH(ROWS($AD$32:AD817),$AK:$AK,0)),\"\")","v":""},null,false,{"$f":"IF(AN817=TRUE,COUNTIF($AN$32:AN817,TRUE()),\"\")","v":""},{"$f":"IFERROR(INDEX($AD:$AD,MATCH(ROWS($AD$32:$AD817),$AO:$AO,0)),\"\")","v":""}]
[null,null,null,null,null,null,null,null,null,null,null,null,null,null,null,null,null,null,null,null,null,null,null,null,null,null,null,null,null,{"$f":"'Baza klientów'!B787","v":0},false,{"$f":"IF(AE818=TRUE,COUNTIF($AE$32:AE818,TRUE()),\"\")","v":""},{"$f":"IFERROR(INDEX($AD:$AD,MATCH(ROWS($AD$32:AD818),$AF:$AF,0)),\"\")","v":""},null,null,false,{"$f":"IF(AJ818=TRUE,COUNTIF($AJ$32:AJ818,TRUE()),\"\")","v":""},{"$f":"IFERROR(INDEX($AD:$AD,MATCH(ROWS($AD$32:AD818),$AK:$AK,0)),\"\")","v":""},null,false,{"$f":"IF(AN818=TRUE,COUNTIF($AN$32:AN818,TRUE()),\"\")","v":""},{"$f":"IFERROR(INDEX($AD:$AD,MATCH(ROWS($AD$32:$AD818),$AO:$AO,0)),\"\")","v":""}]
[null,null,null,null,null,null,null,null,null,null,null,null,null,null,null,null,null,null,null,null,null,null,null,null,null,null,null,null,null,{"$f":"'Baza klientów'!B788","v":0},false,{"$f":"IF(AE819=TRUE,COUNTIF($AE$32:AE819,TRUE()),\"\")","v":""},{"$f":"IFERROR(INDEX($AD:$AD,MATCH(ROWS($AD$32:AD819),$AF:$AF,0)),\"\")","v":""},null,null,false,{"$f":"IF(AJ819=TRUE,COUNTIF($AJ$32:AJ819,TRUE()),\"\")","v":""},{"$f":"IFERROR(INDEX($AD:$AD,MATCH(ROWS($AD$32:AD819),$AK:$AK,0)),\"\")","v":""},null,false,{"$f":"IF(AN819=TRUE,COUNTIF($AN$32:AN819,TRUE()),\"\")","v":""},{"$f":"IFERROR(INDEX($AD:$AD,MATCH(ROWS($AD$32:$AD819),$AO:$AO,0)),\"\")","v":""}]
[null,null,null,null,null,null,null,null,null,null,null,null,null,null,null,null,null,null,null,null,null,null,null,null,null,null,null,null,null,{"$f":"'Baza klientów'!B789","v":0},false,{"$f":"IF(AE820=TRUE,COUNTIF($AE$32:AE820,TRUE()),\"\")","v":""},{"$f":"IFERROR(INDEX($AD:$AD,MATCH(ROWS($AD$32:AD820),$AF:$AF,0)),\"\")","v":""},null,null,false,{"$f":"IF(AJ820=TRUE,COUNTIF($AJ$32:AJ820,TRUE()),\"\")","v":""},{"$f":"IFERROR(INDEX($AD:$AD,MATCH(ROWS($AD$32:AD820),$AK:$AK,0)),\"\")","v":""},null,false,{"$f":"IF(AN820=TRUE,COUNTIF($AN$32:AN820,TRUE()),\"\")","v":""},{"$f":"IFERROR(INDEX($AD:$AD,MATCH(ROWS($AD$32:$AD820),$AO:$AO,0)),\"\")","v":""}]
[null,null,null,null,null,null,null,null,null,null,null,null,null,null,null,null,null,null,null,null,null,null,null,null,null,null,null,null,null,{"$f":"'Baza klientów'!B790","v":0},false,{"$f":"IF(AE821=TRUE,COUNTIF($AE$32:AE821,TRUE()),\"\")","v":""},{"$f":"IFERROR(INDEX($AD:$AD,MATCH(ROWS($AD$32:AD821),$AF:$AF,0)),\"\")","v":""},null,null,false,{"$f":"IF(AJ821=TRUE,COUNTIF($AJ$32:AJ821,TRUE()),\"\")","v":""},{"$f":"IFERROR(INDEX($AD:$AD,MATCH(ROWS($AD$32:AD821),$AK:$AK,0)),\"\")","v":""},null,false,{"$f":"IF(AN821=TRUE,COUNTIF($AN$32:AN821,TRUE()),\"\")","v":""},{"$f":"IFERROR(INDEX($AD:$AD,MATCH(ROWS($AD$32:$AD821),$AO:$AO,0)),\"\")","v":""}]
[null,null,null,null,null,null,null,null,null,null,null,null,null,null,null,null,null,null,null,null,null,null,null,null,null,null,null,null,null,{"$f":"'Baza klientów'!B791","v":0},false,{"$f":"IF(AE822=TRUE,COUNTIF($AE$32:AE822,TRUE()),\"\")","v":""},{"$f":"IFERROR(INDEX($AD:$AD,MATCH(ROWS($AD$32:AD822),$AF:$AF,0)),\"\")","v":""},null,null,false,{"$f":"IF(AJ822=TRUE,COUNTIF($AJ$32:AJ822,TRUE()),\"\")","v":""},{"$f":"IFERROR(INDEX($AD:$AD,MATCH(ROWS($AD$32:AD822),$AK:$AK,0)),\"\")","v":""},null,false,{"$f":"IF(AN822=TRUE,COUNTIF($AN$32:AN822,TRUE()),\"\")","v":""},{"$f":"IFERROR(INDEX($AD:$AD,MATCH(ROWS($AD$32:$AD822),$AO:$AO,0)),\"\")","v":""}]
[null,null,null,null,null,null,null,null,null,null,null,null,null,null,null,null,null,null,null,null,null,null,null,null,null,null,null,null,null,{"$f":"'Baza klientów'!B792","v":0},false,{"$f":"IF(AE823=TRUE,COUNTIF($AE$32:AE823,TRUE()),\"\")","v":""},{"$f":"IFERROR(INDEX($AD:$AD,MATCH(ROWS($AD$32:AD823),$AF:$AF,0)),\"\")","v":""},null,null,false,{"$f":"IF(AJ823=TRUE,COUNTIF($AJ$32:AJ823,TRUE()),\"\")","v":""},{"$f":"IFERROR(INDEX($AD:$AD,MATCH(ROWS($AD$32:AD823),$AK:$AK,0)),\"\")","v":""},null,false,{"$f":"IF(AN823=TRUE,COUNTIF($AN$32:AN823,TRUE()),\"\")","v":""},{"$f":"IFERROR(INDEX($AD:$AD,MATCH(ROWS($AD$32:$AD823),$AO:$AO,0)),\"\")","v":""}]
[null,null,null,null,null,null,null,null,null,null,null,null,null,null,null,null,null,null,null,null,null,null,null,null,null,null,null,null,null,{"$f":"'Baza klientów'!B793","v":0},false,{"$f":"IF(AE824=TRUE,COUNTIF($AE$32:AE824,TRUE()),\"\")","v":""},{"$f":"IFERROR(INDEX($AD:$AD,MATCH(ROWS($AD$32:AD824),$AF:$AF,0)),\"\")","v":""},null,null,false,{"$f":"IF(AJ824=TRUE,COUNTIF($AJ$32:AJ824,TRUE()),\"\")","v":""},{"$f":"IFERROR(INDEX($AD:$AD,MATCH(ROWS($AD$32:AD824),$AK:$AK,0)),\"\")","v":""},null,false,{"$f":"IF(AN824=TRUE,COUNTIF($AN$32:AN824,TRUE()),\"\")","v":""},{"$f":"IFERROR(INDEX($AD:$AD,MATCH(ROWS($AD$32:$AD824),$AO:$AO,0)),\"\")","v":""}]
[null,null,null,null,null,null,null,null,null,null,null,null,null,null,null,null,null,null,null,null,null,null,null,null,null,null,null,null,null,{"$f":"'Baza klientów'!B794","v":0},false,{"$f":"IF(AE825=TRUE,COUNTIF($AE$32:AE825,TRUE()),\"\")","v":""},{"$f":"IFERROR(INDEX($AD:$AD,MATCH(ROWS($AD$32:AD825),$AF:$AF,0)),\"\")","v":""},null,null,false,{"$f":"IF(AJ825=TRUE,COUNTIF($AJ$32:AJ825,TRUE()),\"\")","v":""},{"$f":"IFERROR(INDEX($AD:$AD,MATCH(ROWS($AD$32:AD825),$AK:$AK,0)),\"\")","v":""},null,false,{"$f":"IF(AN825=TRUE,COUNTIF($AN$32:AN825,TRUE()),\"\")","v":""},{"$f":"IFERROR(INDEX($AD:$AD,MATCH(ROWS($AD$32:$AD825),$AO:$AO,0)),\"\")","v":""}]
[null,null,null,null,null,null,null,null,null,null,null,null,null,null,null,null,null,null,null,null,null,null,null,null,null,null,null,null,null,{"$f":"'Baza klientów'!B795","v":0},false,{"$f":"IF(AE826=TRUE,COUNTIF($AE$32:AE826,TRUE()),\"\")","v":""},{"$f":"IFERROR(INDEX($AD:$AD,MATCH(ROWS($AD$32:AD826),$AF:$AF,0)),\"\")","v":""},null,null,false,{"$f":"IF(AJ826=TRUE,COUNTIF($AJ$32:AJ826,TRUE()),\"\")","v":""},{"$f":"IFERROR(INDEX($AD:$AD,MATCH(ROWS($AD$32:AD826),$AK:$AK,0)),\"\")","v":""},null,false,{"$f":"IF(AN826=TRUE,COUNTIF($AN$32:AN826,TRUE()),\"\")","v":""},{"$f":"IFERROR(INDEX($AD:$AD,MATCH(ROWS($AD$32:$AD826),$AO:$AO,0)),\"\")","v":""}]
[null,null,null,null,null,null,null,null,null,null,null,null,null,null,null,null,null,null,null,null,null,null,null,null,null,null,null,null,null,{"$f":"'Baza klientów'!B796","v":0},false,{"$f":"IF(AE827=TRUE,COUNTIF($AE$32:AE827,TRUE()),\"\")","v":""},{"$f":"IFERROR(INDEX($AD:$AD,MATCH(ROWS($AD$32:AD827),$AF:$AF,0)),\"\")","v":""},null,null,false,{"$f":"IF(AJ827=TRUE,COUNTIF($AJ$32:AJ827,TRUE()),\"\")","v":""},{"$f":"IFERROR(INDEX($AD:$AD,MATCH(ROWS($AD$32:AD827),$AK:$AK,0)),\"\")","v":""},null,false,{"$f":"IF(AN827=TRUE,COUNTIF($AN$32:AN827,TRUE()),\"\")","v":""},{"$f":"IFERROR(INDEX($AD:$AD,MATCH(ROWS($AD$32:$AD827),$AO:$AO,0)),\"\")","v":""}]
[null,null,null,null,null,null,null,null,null,null,null,null,null,null,null,null,null,null,null,null,null,null,null,null,null,null,null,null,null,{"$f":"'Baza klientów'!B797","v":0},false,{"$f":"IF(AE828=TRUE,COUNTIF($AE$32:AE828,TRUE()),\"\")","v":""},{"$f":"IFERROR(INDEX($AD:$AD,MATCH(ROWS($AD$32:AD828),$AF:$AF,0)),\"\")","v":""},null,null,false,{"$f":"IF(AJ828=TRUE,COUNTIF($AJ$32:AJ828,TRUE()),\"\")","v":""},{"$f":"IFERROR(INDEX($AD:$AD,MATCH(ROWS($AD$32:AD828),$AK:$AK,0)),\"\")","v":""},null,false,{"$f":"IF(AN828=TRUE,COUNTIF($AN$32:AN828,TRUE()),\"\")","v":""},{"$f":"IFERROR(INDEX($AD:$AD,MATCH(ROWS($AD$32:$AD828),$AO:$AO,0)),\"\")","v":""}]
[null,null,null,null,null,null,null,null,null,null,null,null,null,null,null,null,null,null,null,null,null,null,null,null,null,null,null,null,null,{"$f":"'Baza klientów'!B798","v":0},false,{"$f":"IF(AE829=TRUE,COUNTIF($AE$32:AE829,TRUE()),\"\")","v":""},{"$f":"IFERROR(INDEX($AD:$AD,MATCH(ROWS($AD$32:AD829),$AF:$AF,0)),\"\")","v":""},null,null,false,{"$f":"IF(AJ829=TRUE,COUNTIF($AJ$32:AJ829,TRUE()),\"\")","v":""},{"$f":"IFERROR(INDEX($AD:$AD,MATCH(ROWS($AD$32:AD829),$AK:$AK,0)),\"\")","v":""},null,false,{"$f":"IF(AN829=TRUE,COUNTIF($AN$32:AN829,TRUE()),\"\")","v":""},{"$f":"IFERROR(INDEX($AD:$AD,MATCH(ROWS($AD$32:$AD829),$AO:$AO,0)),\"\")","v":""}]
[null,null,null,null,null,null,null,null,null,null,null,null,null,null,null,null,null,null,null,null,null,null,null,null,null,null,null,null,null,{"$f":"'Baza klientów'!B799","v":0},false,{"$f":"IF(AE830=TRUE,COUNTIF($AE$32:AE830,TRUE()),\"\")","v":""},{"$f":"IFERROR(INDEX($AD:$AD,MATCH(ROWS($AD$32:AD830),$AF:$AF,0)),\"\")","v":""},null,null,false,{"$f":"IF(AJ830=TRUE,COUNTIF($AJ$32:AJ830,TRUE()),\"\")","v":""},{"$f":"IFERROR(INDEX($AD:$AD,MATCH(ROWS($AD$32:AD830),$AK:$AK,0)),\"\")","v":""},null,false,{"$f":"IF(AN830=TRUE,COUNTIF($AN$32:AN830,TRUE()),\"\")","v":""},{"$f":"IFERROR(INDEX($AD:$AD,MATCH(ROWS($AD$32:$AD830),$AO:$AO,0)),\"\")","v":""}]
[null,null,null,null,null,null,null,null,null,null,null,null,null,null,null,null,null,null,null,null,null,null,null,null,null,null,null,null,null,{"$f":"'Baza klientów'!B800","v":0},false,{"$f":"IF(AE831=TRUE,COUNTIF($AE$32:AE831,TRUE()),\"\")","v":""},{"$f":"IFERROR(INDEX($AD:$AD,MATCH(ROWS($AD$32:AD831),$AF:$AF,0)),\"\")","v":""},null,null,false,{"$f":"IF(AJ831=TRUE,COUNTIF($AJ$32:AJ831,TRUE()),\"\")","v":""},{"$f":"IFERROR(INDEX($AD:$AD,MATCH(ROWS($AD$32:AD831),$AK:$AK,0)),\"\")","v":""},null,false,{"$f":"IF(AN831=TRUE,COUNTIF($AN$32:AN831,TRUE()),\"\")","v":""},{"$f":"IFERROR(INDEX($AD:$AD,MATCH(ROWS($AD$32:$AD831),$AO:$AO,0)),\"\")","v":""}]
[null,null,null,null,null,null,null,null,null,null,null,null,null,null,null,null,null,null,null,null,null,null,null,null,null,null,null,null,null,{"$f":"'Baza klientów'!B801","v":0},false,{"$f":"IF(AE832=TRUE,COUNTIF($AE$32:AE832,TRUE()),\"\")","v":""},{"$f":"IFERROR(INDEX($AD:$AD,MATCH(ROWS($AD$32:AD832),$AF:$AF,0)),\"\")","v":""},null,null,false,{"$f":"IF(AJ832=TRUE,COUNTIF($AJ$32:AJ832,TRUE()),\"\")","v":""},{"$f":"IFERROR(INDEX($AD:$AD,MATCH(ROWS($AD$32:AD832),$AK:$AK,0)),\"\")","v":""},null,false,{"$f":"IF(AN832=TRUE,COUNTIF($AN$32:AN832,TRUE()),\"\")","v":""},{"$f":"IFERROR(INDEX($AD:$AD,MATCH(ROWS($AD$32:$AD832),$AO:$AO,0)),\"\")","v":""}]
[null,null,null,null,null,null,null,null,null,null,null,null,null,null,null,null,null,null,null,null,null,null,null,null,null,null,null,null,null,{"$f":"'Baza klientów'!B802","v":0},false,{"$f":"IF(AE833=TRUE,COUNTIF($AE$32:AE833,TRUE()),\"\")","v":""},{"$f":"IFERROR(INDEX($AD:$AD,MATCH(ROWS($AD$32:AD833),$AF:$AF,0)),\"\")","v":""},null,null,false,{"$f":"IF(AJ833=TRUE,COUNTIF($AJ$32:AJ833,TRUE()),\"\")","v":""},{"$f":"IFERROR(INDEX($AD:$AD,MATCH(ROWS($AD$32:AD833),$AK:$AK,0)),\"\")","v":""},null,false,{"$f":"IF(AN833=TRUE,COUNTIF($AN$32:AN833,TRUE()),\"\")","v":""},{"$f":"IFERROR(INDEX($AD:$AD,MATCH(ROWS($AD$32:$AD833),$AO:$AO,0)),\"\")","v":""}]
[null,null,null,null,null,null,null,null,null,null,null,null,null,null,null,null,null,null,null,null,null,null,null,null,null,null,null,null,null,{"$f":"'Baza klientów'!B803","v":0},false,{"$f":"IF(AE834=TRUE,COUNTIF($AE$32:AE834,TRUE()),\"\")","v":""},{"$f":"IFERROR(INDEX($AD:$AD,MATCH(ROWS($AD$32:AD834),$AF:$AF,0)),\"\")","v":""},null,null,false,{"$f":"IF(AJ834=TRUE,COUNTIF($AJ$32:AJ834,TRUE()),\"\")","v":""},{"$f":"IFERROR(INDEX($AD:$AD,MATCH(ROWS($AD$32:AD834),$AK:$AK,0)),\"\")","v":""},null,false,{"$f":"IF(AN834=TRUE,COUNTIF($AN$32:AN834,TRUE()),\"\")","v":""},{"$f":"IFERROR(INDEX($AD:$AD,MATCH(ROWS($AD$32:$AD834),$AO:$AO,0)),\"\")","v":""}]
[null,null,null,null,null,null,null,null,null,null,null,null,null,null,null,null,null,null,null,null,null,null,null,null,null,null,null,null,null,{"$f":"'Baza klientów'!B804","v":0},false,{"$f":"IF(AE835=TRUE,COUNTIF($AE$32:AE835,TRUE()),\"\")","v":""},{"$f":"IFERROR(INDEX($AD:$AD,MATCH(ROWS($AD$32:AD835),$AF:$AF,0)),\"\")","v":""},null,null,false,{"$f":"IF(AJ835=TRUE,COUNTIF($AJ$32:AJ835,TRUE()),\"\")","v":""},{"$f":"IFERROR(INDEX($AD:$AD,MATCH(ROWS($AD$32:AD835),$AK:$AK,0)),\"\")","v":""},null,false,{"$f":"IF(AN835=TRUE,COUNTIF($AN$32:AN835,TRUE()),\"\")","v":""},{"$f":"IFERROR(INDEX($AD:$AD,MATCH(ROWS($AD$32:$AD835),$AO:$AO,0)),\"\")","v":""}]
[null,null,null,null,null,null,null,null,null,null,null,null,null,null,null,null,null,null,null,null,null,null,null,null,null,null,null,null,null,{"$f":"'Baza klientów'!B805","v":0},false,{"$f":"IF(AE836=TRUE,COUNTIF($AE$32:AE836,TRUE()),\"\")","v":""},{"$f":"IFERROR(INDEX($AD:$AD,MATCH(ROWS($AD$32:AD836),$AF:$AF,0)),\"\")","v":""},null,null,false,{"$f":"IF(AJ836=TRUE,COUNTIF($AJ$32:AJ836,TRUE()),\"\")","v":""},{"$f":"IFERROR(INDEX($AD:$AD,MATCH(ROWS($AD$32:AD836),$AK:$AK,0)),\"\")","v":""},null,false,{"$f":"IF(AN836=TRUE,COUNTIF($AN$32:AN836,TRUE()),\"\")","v":""},{"$f":"IFERROR(INDEX($AD:$AD,MATCH(ROWS($AD$32:$AD836),$AO:$AO,0)),\"\")","v":""}]
[null,null,null,null,null,null,null,null,null,null,null,null,null,null,null,null,null,null,null,null,null,null,null,null,null,null,null,null,null,{"$f":"'Baza klientów'!B806","v":0},false,{"$f":"IF(AE837=TRUE,COUNTIF($AE$32:AE837,TRUE()),\"\")","v":""},{"$f":"IFERROR(INDEX($AD:$AD,MATCH(ROWS($AD$32:AD837),$AF:$AF,0)),\"\")","v":""},null,null,false,{"$f":"IF(AJ837=TRUE,COUNTIF($AJ$32:AJ837,TRUE()),\"\")","v":""},{"$f":"IFERROR(INDEX($AD:$AD,MATCH(ROWS($AD$32:AD837),$AK:$AK,0)),\"\")","v":""},null,false,{"$f":"IF(AN837=TRUE,COUNTIF($AN$32:AN837,TRUE()),\"\")","v":""},{"$f":"IFERROR(INDEX($AD:$AD,MATCH(ROWS($AD$32:$AD837),$AO:$AO,0)),\"\")","v":""}]
[null,null,null,null,null,null,null,null,null,null,null,null,null,null,null,null,null,null,null,null,null,null,null,null,null,null,null,null,null,{"$f":"'Baza klientów'!B807","v":0},false,{"$f":"IF(AE838=TRUE,COUNTIF($AE$32:AE838,TRUE()),\"\")","v":""},{"$f":"IFERROR(INDEX($AD:$AD,MATCH(ROWS($AD$32:AD838),$AF:$AF,0)),\"\")","v":""},null,null,false,{"$f":"IF(AJ838=TRUE,COUNTIF($AJ$32:AJ838,TRUE()),\"\")","v":""},{"$f":"IFERROR(INDEX($AD:$AD,MATCH(ROWS($AD$32:AD838),$AK:$AK,0)),\"\")","v":""},null,false,{"$f":"IF(AN838=TRUE,COUNTIF($AN$32:AN838,TRUE()),\"\")","v":""},{"$f":"IFERROR(INDEX($AD:$AD,MATCH(ROWS($AD$32:$AD838),$AO:$AO,0)),\"\")","v":""}]
[null,null,null,null,null,null,null,null,null,null,null,null,null,null,null,null,null,null,null,null,null,null,null,null,null,null,null,null,null,{"$f":"'Baza klientów'!B808","v":0},false,{"$f":"IF(AE839=TRUE,COUNTIF($AE$32:AE839,TRUE()),\"\")","v":""},{"$f":"IFERROR(INDEX($AD:$AD,MATCH(ROWS($AD$32:AD839),$AF:$AF,0)),\"\")","v":""},null,null,false,{"$f":"IF(AJ839=TRUE,COUNTIF($AJ$32:AJ839,TRUE()),\"\")","v":""},{"$f":"IFERROR(INDEX($AD:$AD,MATCH(ROWS($AD$32:AD839),$AK:$AK,0)),\"\")","v":""},null,false,{"$f":"IF(AN839=TRUE,COUNTIF($AN$32:AN839,TRUE()),\"\")","v":""},{"$f":"IFERROR(INDEX($AD:$AD,MATCH(ROWS($AD$32:$AD839),$AO:$AO,0)),\"\")","v":""}]
[null,null,null,null,null,null,null,null,null,null,null,null,null,null,null,null,null,null,null,null,null,null,null,null,null,null,null,null,null,{"$f":"'Baza klientów'!B809","v":0},false,{"$f":"IF(AE840=TRUE,COUNTIF($AE$32:AE840,TRUE()),\"\")","v":""},{"$f":"IFERROR(INDEX($AD:$AD,MATCH(ROWS($AD$32:AD840),$AF:$AF,0)),\"\")","v":""},null,null,false,{"$f":"IF(AJ840=TRUE,COUNTIF($AJ$32:AJ840,TRUE()),\"\")","v":""},{"$f":"IFERROR(INDEX($AD:$AD,MATCH(ROWS($AD$32:AD840),$AK:$AK,0)),\"\")","v":""},null,false,{"$f":"IF(AN840=TRUE,COUNTIF($AN$32:AN840,TRUE()),\"\")","v":""},{"$f":"IFERROR(INDEX($AD:$AD,MATCH(ROWS($AD$32:$AD840),$AO:$AO,0)),\"\")","v":""}]
[null,null,null,null,null,null,null,null,null,null,null,null,null,null,null,null,null,null,null,null,null,null,null,null,null,null,null,null,null,{"$f":"'Baza klientów'!B810","v":0},false,{"$f":"IF(AE841=TRUE,COUNTIF($AE$32:AE841,TRUE()),\"\")","v":""},{"$f":"IFERROR(INDEX($AD:$AD,MATCH(ROWS($AD$32:AD841),$AF:$AF,0)),\"\")","v":""},null,null,false,{"$f":"IF(AJ841=TRUE,COUNTIF($AJ$32:AJ841,TRUE()),\"\")","v":""},{"$f":"IFERROR(INDEX($AD:$AD,MATCH(ROWS($AD$32:AD841),$AK:$AK,0)),\"\")","v":""},null,false,{"$f":"IF(AN841=TRUE,COUNTIF($AN$32:AN841,TRUE()),\"\")","v":""},{"$f":"IFERROR(INDEX($AD:$AD,MATCH(ROWS($AD$32:$AD841),$AO:$AO,0)),\"\")","v":""}]
[null,null,null,null,null,null,null,null,null,null,null,null,null,null,null,null,null,null,null,null,null,null,null,null,null,null,null,null,null,{"$f":"'Baza klientów'!B811","v":0},false,{"$f":"IF(AE842=TRUE,COUNTIF($AE$32:AE842,TRUE()),\"\")","v":""},{"$f":"IFERROR(INDEX($AD:$AD,MATCH(ROWS($AD$32:AD842),$AF:$AF,0)),\"\")","v":""},null,null,false,{"$f":"IF(AJ842=TRUE,COUNTIF($AJ$32:AJ842,TRUE()),\"\")","v":""},{"$f":"IFERROR(INDEX($AD:$AD,MATCH(ROWS($AD$32:AD842),$AK:$AK,0)),\"\")","v":""},null,false,{"$f":"IF(AN842=TRUE,COUNTIF($AN$32:AN842,TRUE()),\"\")","v":""},{"$f":"IFERROR(INDEX($AD:$AD,MATCH(ROWS($AD$32:$AD842),$AO:$AO,0)),\"\")","v":""}]
[null,null,null,null,null,null,null,null,null,null,null,null,null,null,null,null,null,null,null,null,null,null,null,null,null,null,null,null,null,{"$f":"'Baza klientów'!B812","v":0},false,{"$f":"IF(AE843=TRUE,COUNTIF($AE$32:AE843,TRUE()),\"\")","v":""},{"$f":"IFERROR(INDEX($AD:$AD,MATCH(ROWS($AD$32:AD843),$AF:$AF,0)),\"\")","v":""},null,null,false,{"$f":"IF(AJ843=TRUE,COUNTIF($AJ$32:AJ843,TRUE()),\"\")","v":""},{"$f":"IFERROR(INDEX($AD:$AD,MATCH(ROWS($AD$32:AD843),$AK:$AK,0)),\"\")","v":""},null,false,{"$f":"IF(AN843=TRUE,COUNTIF($AN$32:AN843,TRUE()),\"\")","v":""},{"$f":"IFERROR(INDEX($AD:$AD,MATCH(ROWS($AD$32:$AD843),$AO:$AO,0)),\"\")","v":""}]
[null,null,null,null,null,null,null,null,null,null,null,null,null,null,null,null,null,null,null,null,null,null,null,null,null,null,null,null,null,{"$f":"'Baza klientów'!B813","v":0},false,{"$f":"IF(AE844=TRUE,COUNTIF($AE$32:AE844,TRUE()),\"\")","v":""},{"$f":"IFERROR(INDEX($AD:$AD,MATCH(ROWS($AD$32:AD844),$AF:$AF,0)),\"\")","v":""},null,null,false,{"$f":"IF(AJ844=TRUE,COUNTIF($AJ$32:AJ844,TRUE()),\"\")","v":""},{"$f":"IFERROR(INDEX($AD:$AD,MATCH(ROWS($AD$32:AD844),$AK:$AK,0)),\"\")","v":""},null,false,{"$f":"IF(AN844=TRUE,COUNTIF($AN$32:AN844,TRUE()),\"\")","v":""},{"$f":"IFERROR(INDEX($AD:$AD,MATCH(ROWS($AD$32:$AD844),$AO:$AO,0)),\"\")","v":""}]
[null,null,null,null,null,null,null,null,null,null,null,null,null,null,null,null,null,null,null,null,null,null,null,null,null,null,null,null,null,{"$f":"'Baza klientów'!B814","v":0},false,{"$f":"IF(AE845=TRUE,COUNTIF($AE$32:AE845,TRUE()),\"\")","v":""},{"$f":"IFERROR(INDEX($AD:$AD,MATCH(ROWS($AD$32:AD845),$AF:$AF,0)),\"\")","v":""},null,null,false,{"$f":"IF(AJ845=TRUE,COUNTIF($AJ$32:AJ845,TRUE()),\"\")","v":""},{"$f":"IFERROR(INDEX($AD:$AD,MATCH(ROWS($AD$32:AD845),$AK:$AK,0)),\"\")","v":""},null,false,{"$f":"IF(AN845=TRUE,COUNTIF($AN$32:AN845,TRUE()),\"\")","v":""},{"$f":"IFERROR(INDEX($AD:$AD,MATCH(ROWS($AD$32:$AD845),$AO:$AO,0)),\"\")","v":""}]
[null,null,null,null,null,null,null,null,null,null,null,null,null,null,null,null,null,null,null,null,null,null,null,null,null,null,null,null,null,{"$f":"'Baza klientów'!B815","v":0},false,{"$f":"IF(AE846=TRUE,COUNTIF($AE$32:AE846,TRUE()),\"\")","v":""},{"$f":"IFERROR(INDEX($AD:$AD,MATCH(ROWS($AD$32:AD846),$AF:$AF,0)),\"\")","v":""},null,null,false,{"$f":"IF(AJ846=TRUE,COUNTIF($AJ$32:AJ846,TRUE()),\"\")","v":""},{"$f":"IFERROR(INDEX($AD:$AD,MATCH(ROWS($AD$32:AD846),$AK:$AK,0)),\"\")","v":""},null,false,{"$f":"IF(AN846=TRUE,COUNTIF($AN$32:AN846,TRUE()),\"\")","v":""},{"$f":"IFERROR(INDEX($AD:$AD,MATCH(ROWS($AD$32:$AD846),$AO:$AO,0)),\"\")","v":""}]
[null,null,null,null,null,null,null,null,null,null,null,null,null,null,null,null,null,null,null,null,null,null,null,null,null,null,null,null,null,{"$f":"'Baza klientów'!B816","v":0},false,{"$f":"IF(AE847=TRUE,COUNTIF($AE$32:AE847,TRUE()),\"\")","v":""},{"$f":"IFERROR(INDEX($AD:$AD,MATCH(ROWS($AD$32:AD847),$AF:$AF,0)),\"\")","v":""},null,null,false,{"$f":"IF(AJ847=TRUE,COUNTIF($AJ$32:AJ847,TRUE()),\"\")","v":""},{"$f":"IFERROR(INDEX($AD:$AD,MATCH(ROWS($AD$32:AD847),$AK:$AK,0)),\"\")","v":""},null,false,{"$f":"IF(AN847=TRUE,COUNTIF($AN$32:AN847,TRUE()),\"\")","v":""},{"$f":"IFERROR(INDEX($AD:$AD,MATCH(ROWS($AD$32:$AD847),$AO:$AO,0)),\"\")","v":""}]
[null,null,null,null,null,null,null,null,null,null,null,null,null,null,null,null,null,null,null,null,null,null,null,null,null,null,null,null,null,{"$f":"'Baza klientów'!B817","v":0},false,{"$f":"IF(AE848=TRUE,COUNTIF($AE$32:AE848,TRUE()),\"\")","v":""},{"$f":"IFERROR(INDEX($AD:$AD,MATCH(ROWS($AD$32:AD848),$AF:$AF,0)),\"\")","v":""},null,null,false,{"$f":"IF(AJ848=TRUE,COUNTIF($AJ$32:AJ848,TRUE()),\"\")","v":""},{"$f":"IFERROR(INDEX($AD:$AD,MATCH(ROWS($AD$32:AD848),$AK:$AK,0)),\"\")","v":""},null,false,{"$f":"IF(AN848=TRUE,COUNTIF($AN$32:AN848,TRUE()),\"\")","v":""},{"$f":"IFERROR(INDEX($AD:$AD,MATCH(ROWS($AD$32:$AD848),$AO:$AO,0)),\"\")","v":""}]
[null,null,null,null,null,null,null,null,null,null,null,null,null,null,null,null,null,null,null,null,null,null,null,null,null,null,null,null,null,{"$f":"'Baza klientów'!B818","v":0},false,{"$f":"IF(AE849=TRUE,COUNTIF($AE$32:AE849,TRUE()),\"\")","v":""},{"$f":"IFERROR(INDEX($AD:$AD,MATCH(ROWS($AD$32:AD849),$AF:$AF,0)),\"\")","v":""},null,null,false,{"$f":"IF(AJ849=TRUE,COUNTIF($AJ$32:AJ849,TRUE()),\"\")","v":""},{"$f":"IFERROR(INDEX($AD:$AD,MATCH(ROWS($AD$32:AD849),$AK:$AK,0)),\"\")","v":""},null,false,{"$f":"IF(AN849=TRUE,COUNTIF($AN$32:AN849,TRUE()),\"\")","v":""},{"$f":"IFERROR(INDEX($AD:$AD,MATCH(ROWS($AD$32:$AD849),$AO:$AO,0)),\"\")","v":""}]
[null,null,null,null,null,null,null,null,null,null,null,null,null,null,null,null,null,null,null,null,null,null,null,null,null,null,null,null,null,{"$f":"'Baza klientów'!B819","v":0},false,{"$f":"IF(AE850=TRUE,COUNTIF($AE$32:AE850,TRUE()),\"\")","v":""},{"$f":"IFERROR(INDEX($AD:$AD,MATCH(ROWS($AD$32:AD850),$AF:$AF,0)),\"\")","v":""},null,null,false,{"$f":"IF(AJ850=TRUE,COUNTIF($AJ$32:AJ850,TRUE()),\"\")","v":""},{"$f":"IFERROR(INDEX($AD:$AD,MATCH(ROWS($AD$32:AD850),$AK:$AK,0)),\"\")","v":""},null,false,{"$f":"IF(AN850=TRUE,COUNTIF($AN$32:AN850,TRUE()),\"\")","v":""},{"$f":"IFERROR(INDEX($AD:$AD,MATCH(ROWS($AD$32:$AD850),$AO:$AO,0)),\"\")","v":""}]
[null,null,null,null,null,null,null,null,null,null,null,null,null,null,null,null,null,null,null,null,null,null,null,null,null,null,null,null,null,{"$f":"'Baza klientów'!B820","v":0},false,{"$f":"IF(AE851=TRUE,COUNTIF($AE$32:AE851,TRUE()),\"\")","v":""},{"$f":"IFERROR(INDEX($AD:$AD,MATCH(ROWS($AD$32:AD851),$AF:$AF,0)),\"\")","v":""},null,null,false,{"$f":"IF(AJ851=TRUE,COUNTIF($AJ$32:AJ851,TRUE()),\"\")","v":""},{"$f":"IFERROR(INDEX($AD:$AD,MATCH(ROWS($AD$32:AD851),$AK:$AK,0)),\"\")","v":""},null,false,{"$f":"IF(AN851=TRUE,COUNTIF($AN$32:AN851,TRUE()),\"\")","v":""},{"$f":"IFERROR(INDEX($AD:$AD,MATCH(ROWS($AD$32:$AD851),$AO:$AO,0)),\"\")","v":""}]
[null,null,null,null,null,null,null,null,null,null,null,null,null,null,null,null,null,null,null,null,null,null,null,null,null,null,null,null,null,{"$f":"'Baza klientów'!B821","v":0},false,{"$f":"IF(AE852=TRUE,COUNTIF($AE$32:AE852,TRUE()),\"\")","v":""},{"$f":"IFERROR(INDEX($AD:$AD,MATCH(ROWS($AD$32:AD852),$AF:$AF,0)),\"\")","v":""},null,null,false,{"$f":"IF(AJ852=TRUE,COUNTIF($AJ$32:AJ852,TRUE()),\"\")","v":""},{"$f":"IFERROR(INDEX($AD:$AD,MATCH(ROWS($AD$32:AD852),$AK:$AK,0)),\"\")","v":""},null,false,{"$f":"IF(AN852=TRUE,COUNTIF($AN$32:AN852,TRUE()),\"\")","v":""},{"$f":"IFERROR(INDEX($AD:$AD,MATCH(ROWS($AD$32:$AD852),$AO:$AO,0)),\"\")","v":""}]
[null,null,null,null,null,null,null,null,null,null,null,null,null,null,null,null,null,null,null,null,null,null,null,null,null,null,null,null,null,{"$f":"'Baza klientów'!B822","v":0},false,{"$f":"IF(AE853=TRUE,COUNTIF($AE$32:AE853,TRUE()),\"\")","v":""},{"$f":"IFERROR(INDEX($AD:$AD,MATCH(ROWS($AD$32:AD853),$AF:$AF,0)),\"\")","v":""},null,null,false,{"$f":"IF(AJ853=TRUE,COUNTIF($AJ$32:AJ853,TRUE()),\"\")","v":""},{"$f":"IFERROR(INDEX($AD:$AD,MATCH(ROWS($AD$32:AD853),$AK:$AK,0)),\"\")","v":""},null,false,{"$f":"IF(AN853=TRUE,COUNTIF($AN$32:AN853,TRUE()),\"\")","v":""},{"$f":"IFERROR(INDEX($AD:$AD,MATCH(ROWS($AD$32:$AD853),$AO:$AO,0)),\"\")","v":""}]
[null,null,null,null,null,null,null,null,null,null,null,null,null,null,null,null,null,null,null,null,null,null,null,null,null,null,null,null,null,{"$f":"'Baza klientów'!B823","v":0},false,{"$f":"IF(AE854=TRUE,COUNTIF($AE$32:AE854,TRUE()),\"\")","v":""},{"$f":"IFERROR(INDEX($AD:$AD,MATCH(ROWS($AD$32:AD854),$AF:$AF,0)),\"\")","v":""},null,null,false,{"$f":"IF(AJ854=TRUE,COUNTIF($AJ$32:AJ854,TRUE()),\"\")","v":""},{"$f":"IFERROR(INDEX($AD:$AD,MATCH(ROWS($AD$32:AD854),$AK:$AK,0)),\"\")","v":""},null,false,{"$f":"IF(AN854=TRUE,COUNTIF($AN$32:AN854,TRUE()),\"\")","v":""},{"$f":"IFERROR(INDEX($AD:$AD,MATCH(ROWS($AD$32:$AD854),$AO:$AO,0)),\"\")","v":""}]
[null,null,null,null,null,null,null,null,null,null,null,null,null,null,null,null,null,null,null,null,null,null,null,null,null,null,null,null,null,{"$f":"'Baza klientów'!B824","v":0},false,{"$f":"IF(AE855=TRUE,COUNTIF($AE$32:AE855,TRUE()),\"\")","v":""},{"$f":"IFERROR(INDEX($AD:$AD,MATCH(ROWS($AD$32:AD855),$AF:$AF,0)),\"\")","v":""},null,null,false,{"$f":"IF(AJ855=TRUE,COUNTIF($AJ$32:AJ855,TRUE()),\"\")","v":""},{"$f":"IFERROR(INDEX($AD:$AD,MATCH(ROWS($AD$32:AD855),$AK:$AK,0)),\"\")","v":""},null,false,{"$f":"IF(AN855=TRUE,COUNTIF($AN$32:AN855,TRUE()),\"\")","v":""},{"$f":"IFERROR(INDEX($AD:$AD,MATCH(ROWS($AD$32:$AD855),$AO:$AO,0)),\"\")","v":""}]
[null,null,null,null,null,null,null,null,null,null,null,null,null,null,null,null,null,null,null,null,null,null,null,null,null,null,null,null,null,{"$f":"'Baza klientów'!B825","v":0},false,{"$f":"IF(AE856=TRUE,COUNTIF($AE$32:AE856,TRUE()),\"\")","v":""},{"$f":"IFERROR(INDEX($AD:$AD,MATCH(ROWS($AD$32:AD856),$AF:$AF,0)),\"\")","v":""},null,null,false,{"$f":"IF(AJ856=TRUE,COUNTIF($AJ$32:AJ856,TRUE()),\"\")","v":""},{"$f":"IFERROR(INDEX($AD:$AD,MATCH(ROWS($AD$32:AD856),$AK:$AK,0)),\"\")","v":""},null,false,{"$f":"IF(AN856=TRUE,COUNTIF($AN$32:AN856,TRUE()),\"\")","v":""},{"$f":"IFERROR(INDEX($AD:$AD,MATCH(ROWS($AD$32:$AD856),$AO:$AO,0)),\"\")","v":""}]
[null,null,null,null,null,null,null,null,null,null,null,null,null,null,null,null,null,null,null,null,null,null,null,null,null,null,null,null,null,{"$f":"'Baza klientów'!B826","v":0},false,{"$f":"IF(AE857=TRUE,COUNTIF($AE$32:AE857,TRUE()),\"\")","v":""},{"$f":"IFERROR(INDEX($AD:$AD,MATCH(ROWS($AD$32:AD857),$AF:$AF,0)),\"\")","v":""},null,null,false,{"$f":"IF(AJ857=TRUE,COUNTIF($AJ$32:AJ857,TRUE()),\"\")","v":""},{"$f":"IFERROR(INDEX($AD:$AD,MATCH(ROWS($AD$32:AD857),$AK:$AK,0)),\"\")","v":""},null,false,{"$f":"IF(AN857=TRUE,COUNTIF($AN$32:AN857,TRUE()),\"\")","v":""},{"$f":"IFERROR(INDEX($AD:$AD,MATCH(ROWS($AD$32:$AD857),$AO:$AO,0)),\"\")","v":""}]
[null,null,null,null,null,null,null,null,null,null,null,null,null,null,null,null,null,null,null,null,null,null,null,null,null,null,null,null,null,{"$f":"'Baza klientów'!B827","v":0},false,{"$f":"IF(AE858=TRUE,COUNTIF($AE$32:AE858,TRUE()),\"\")","v":""},{"$f":"IFERROR(INDEX($AD:$AD,MATCH(ROWS($AD$32:AD858),$AF:$AF,0)),\"\")","v":""},null,null,false,{"$f":"IF(AJ858=TRUE,COUNTIF($AJ$32:AJ858,TRUE()),\"\")","v":""},{"$f":"IFERROR(INDEX($AD:$AD,MATCH(ROWS($AD$32:AD858),$AK:$AK,0)),\"\")","v":""},null,false,{"$f":"IF(AN858=TRUE,COUNTIF($AN$32:AN858,TRUE()),\"\")","v":""},{"$f":"IFERROR(INDEX($AD:$AD,MATCH(ROWS($AD$32:$AD858),$AO:$AO,0)),\"\")","v":""}]
[null,null,null,null,null,null,null,null,null,null,null,null,null,null,null,null,null,null,null,null,null,null,null,null,null,null,null,null,null,{"$f":"'Baza klientów'!B828","v":0},false,{"$f":"IF(AE859=TRUE,COUNTIF($AE$32:AE859,TRUE()),\"\")","v":""},{"$f":"IFERROR(INDEX($AD:$AD,MATCH(ROWS($AD$32:AD859),$AF:$AF,0)),\"\")","v":""},null,null,false,{"$f":"IF(AJ859=TRUE,COUNTIF($AJ$32:AJ859,TRUE()),\"\")","v":""},{"$f":"IFERROR(INDEX($AD:$AD,MATCH(ROWS($AD$32:AD859),$AK:$AK,0)),\"\")","v":""},null,false,{"$f":"IF(AN859=TRUE,COUNTIF($AN$32:AN859,TRUE()),\"\")","v":""},{"$f":"IFERROR(INDEX($AD:$AD,MATCH(ROWS($AD$32:$AD859),$AO:$AO,0)),\"\")","v":""}]
[null,null,null,null,null,null,null,null,null,null,null,null,null,null,null,null,null,null,null,null,null,null,null,null,null,null,null,null,null,{"$f":"'Baza klientów'!B829","v":0},false,{"$f":"IF(AE860=TRUE,COUNTIF($AE$32:AE860,TRUE()),\"\")","v":""},{"$f":"IFERROR(INDEX($AD:$AD,MATCH(ROWS($AD$32:AD860),$AF:$AF,0)),\"\")","v":""},null,null,false,{"$f":"IF(AJ860=TRUE,COUNTIF($AJ$32:AJ860,TRUE()),\"\")","v":""},{"$f":"IFERROR(INDEX($AD:$AD,MATCH(ROWS($AD$32:AD860),$AK:$AK,0)),\"\")","v":""},null,false,{"$f":"IF(AN860=TRUE,COUNTIF($AN$32:AN860,TRUE()),\"\")","v":""},{"$f":"IFERROR(INDEX($AD:$AD,MATCH(ROWS($AD$32:$AD860),$AO:$AO,0)),\"\")","v":""}]
[null,null,null,null,null,null,null,null,null,null,null,null,null,null,null,null,null,null,null,null,null,null,null,null,null,null,null,null,null,{"$f":"'Baza klientów'!B830","v":0},false,{"$f":"IF(AE861=TRUE,COUNTIF($AE$32:AE861,TRUE()),\"\")","v":""},{"$f":"IFERROR(INDEX($AD:$AD,MATCH(ROWS($AD$32:AD861),$AF:$AF,0)),\"\")","v":""},null,null,false,{"$f":"IF(AJ861=TRUE,COUNTIF($AJ$32:AJ861,TRUE()),\"\")","v":""},{"$f":"IFERROR(INDEX($AD:$AD,MATCH(ROWS($AD$32:AD861),$AK:$AK,0)),\"\")","v":""},null,false,{"$f":"IF(AN861=TRUE,COUNTIF($AN$32:AN861,TRUE()),\"\")","v":""},{"$f":"IFERROR(INDEX($AD:$AD,MATCH(ROWS($AD$32:$AD861),$AO:$AO,0)),\"\")","v":""}]
[null,null,null,null,null,null,null,null,null,null,null,null,null,null,null,null,null,null,null,null,null,null,null,null,null,null,null,null,null,{"$f":"'Baza klientów'!B831","v":0},false,{"$f":"IF(AE862=TRUE,COUNTIF($AE$32:AE862,TRUE()),\"\")","v":""},{"$f":"IFERROR(INDEX($AD:$AD,MATCH(ROWS($AD$32:AD862),$AF:$AF,0)),\"\")","v":""},null,null,false,{"$f":"IF(AJ862=TRUE,COUNTIF($AJ$32:AJ862,TRUE()),\"\")","v":""},{"$f":"IFERROR(INDEX($AD:$AD,MATCH(ROWS($AD$32:AD862),$AK:$AK,0)),\"\")","v":""},null,false,{"$f":"IF(AN862=TRUE,COUNTIF($AN$32:AN862,TRUE()),\"\")","v":""},{"$f":"IFERROR(INDEX($AD:$AD,MATCH(ROWS($AD$32:$AD862),$AO:$AO,0)),\"\")","v":""}]
[null,null,null,null,null,null,null,null,null,null,null,null,null,null,null,null,null,null,null,null,null,null,null,null,null,null,null,null,null,{"$f":"'Baza klientów'!B832","v":0},false,{"$f":"IF(AE863=TRUE,COUNTIF($AE$32:AE863,TRUE()),\"\")","v":""},{"$f":"IFERROR(INDEX($AD:$AD,MATCH(ROWS($AD$32:AD863),$AF:$AF,0)),\"\")","v":""},null,null,false,{"$f":"IF(AJ863=TRUE,COUNTIF($AJ$32:AJ863,TRUE()),\"\")","v":""},{"$f":"IFERROR(INDEX($AD:$AD,MATCH(ROWS($AD$32:AD863),$AK:$AK,0)),\"\")","v":""},null,false,{"$f":"IF(AN863=TRUE,COUNTIF($AN$32:AN863,TRUE()),\"\")","v":""},{"$f":"IFERROR(INDEX($AD:$AD,MATCH(ROWS($AD$32:$AD863),$AO:$AO,0)),\"\")","v":""}]
[null,null,null,null,null,null,null,null,null,null,null,null,null,null,null,null,null,null,null,null,null,null,null,null,null,null,null,null,null,{"$f":"'Baza klientów'!B833","v":0},false,{"$f":"IF(AE864=TRUE,COUNTIF($AE$32:AE864,TRUE()),\"\")","v":""},{"$f":"IFERROR(INDEX($AD:$AD,MATCH(ROWS($AD$32:AD864),$AF:$AF,0)),\"\")","v":""},null,null,false,{"$f":"IF(AJ864=TRUE,COUNTIF($AJ$32:AJ864,TRUE()),\"\")","v":""},{"$f":"IFERROR(INDEX($AD:$AD,MATCH(ROWS($AD$32:AD864),$AK:$AK,0)),\"\")","v":""},null,false,{"$f":"IF(AN864=TRUE,COUNTIF($AN$32:AN864,TRUE()),\"\")","v":""},{"$f":"IFERROR(INDEX($AD:$AD,MATCH(ROWS($AD$32:$AD864),$AO:$AO,0)),\"\")","v":""}]
[null,null,null,null,null,null,null,null,null,null,null,null,null,null,null,null,null,null,null,null,null,null,null,null,null,null,null,null,null,{"$f":"'Baza klientów'!B834","v":0},{"$f":"ISNUMBER(SEARCH($AH$32,AD865))","v":false},{"$f":"IF(AE865=TRUE,COUNTIF($AE$32:AE865,TRUE()),\"\")","v":""},{"$f":"IFERROR(INDEX($AD:$AD,MATCH(ROWS($AD$32:AD865),$AF:$AF,0)),\"\")","v":""},null,null,{"$f":"ISNUMBER(SEARCH($AM$31,AD865))","v":false},{"$f":"IF(AJ865=TRUE,COUNTIF($AJ$32:AJ865,TRUE()),\"\")","v":""},{"$f":"IFERROR(INDEX($AD:$AD,MATCH(ROWS($AD$32:AD865),$AK:$AK,0)),\"\")","v":""},null,{"$f":"ISNUMBER(SEARCH($AQ$31,$AD865))","v":false},{"$f":"IF(AN865=TRUE,COUNTIF($AN$32:AN865,TRUE()),\"\")","v":""},{"$f":"IFERROR(INDEX($AD:$AD,MATCH(ROWS($AD$32:$AD865),$AO:$AO,0)),\"\")","v":""}]
[null,null,null,null,null,null,null,null,null,null,null,null,null,null,null,null,null,null,null,null,null,null,null,null,null,null,null,null,null,{"$f":"'Baza klientów'!B835","v":0},false,{"$f":"IF(AE866=TRUE,COUNTIF($AE$32:AE866,TRUE()),\"\")","v":""},{"$f":"IFERROR(INDEX($AD:$AD,MATCH(ROWS($AD$32:AD866),$AF:$AF,0)),\"\")","v":""},null,null,false,{"$f":"IF(AJ866=TRUE,COUNTIF($AJ$32:AJ866,TRUE()),\"\")","v":""},{"$f":"IFERROR(INDEX($AD:$AD,MATCH(ROWS($AD$32:AD866),$AK:$AK,0)),\"\")","v":""},null,false,{"$f":"IF(AN866=TRUE,COUNTIF($AN$32:AN866,TRUE()),\"\")","v":""},{"$f":"IFERROR(INDEX($AD:$AD,MATCH(ROWS($AD$32:$AD866),$AO:$AO,0)),\"\")","v":""}]
[null,null,null,null,null,null,null,null,null,null,null,null,null,null,null,null,null,null,null,null,null,null,null,null,null,null,null,null,null,{"$f":"'Baza klientów'!B836","v":0},false,{"$f":"IF(AE867=TRUE,COUNTIF($AE$32:AE867,TRUE()),\"\")","v":""},{"$f":"IFERROR(INDEX($AD:$AD,MATCH(ROWS($AD$32:AD867),$AF:$AF,0)),\"\")","v":""},null,null,false,{"$f":"IF(AJ867=TRUE,COUNTIF($AJ$32:AJ867,TRUE()),\"\")","v":""},{"$f":"IFERROR(INDEX($AD:$AD,MATCH(ROWS($AD$32:AD867),$AK:$AK,0)),\"\")","v":""},null,false,{"$f":"IF(AN867=TRUE,COUNTIF($AN$32:AN867,TRUE()),\"\")","v":""},{"$f":"IFERROR(INDEX($AD:$AD,MATCH(ROWS($AD$32:$AD867),$AO:$AO,0)),\"\")","v":""}]
[null,null,null,null,null,null,null,null,null,null,null,null,null,null,null,null,null,null,null,null,null,null,null,null,null,null,null,null,null,{"$f":"'Baza klientów'!B837","v":0},false,{"$f":"IF(AE868=TRUE,COUNTIF($AE$32:AE868,TRUE()),\"\")","v":""},{"$f":"IFERROR(INDEX($AD:$AD,MATCH(ROWS($AD$32:AD868),$AF:$AF,0)),\"\")","v":""},null,null,false,{"$f":"IF(AJ868=TRUE,COUNTIF($AJ$32:AJ868,TRUE()),\"\")","v":""},{"$f":"IFERROR(INDEX($AD:$AD,MATCH(ROWS($AD$32:AD868),$AK:$AK,0)),\"\")","v":""},null,false,{"$f":"IF(AN868=TRUE,COUNTIF($AN$32:AN868,TRUE()),\"\")","v":""},{"$f":"IFERROR(INDEX($AD:$AD,MATCH(ROWS($AD$32:$AD868),$AO:$AO,0)),\"\")","v":""}]
[null,null,null,null,null,null,null,null,null,null,null,null,null,null,null,null,null,null,null,null,null,null,null,null,null,null,null,null,null,{"$f":"'Baza klientów'!B838","v":0},false,{"$f":"IF(AE869=TRUE,COUNTIF($AE$32:AE869,TRUE()),\"\")","v":""},{"$f":"IFERROR(INDEX($AD:$AD,MATCH(ROWS($AD$32:AD869),$AF:$AF,0)),\"\")","v":""},null,null,false,{"$f":"IF(AJ869=TRUE,COUNTIF($AJ$32:AJ869,TRUE()),\"\")","v":""},{"$f":"IFERROR(INDEX($AD:$AD,MATCH(ROWS($AD$32:AD869),$AK:$AK,0)),\"\")","v":""},null,false,{"$f":"IF(AN869=TRUE,COUNTIF($AN$32:AN869,TRUE()),\"\")","v":""},{"$f":"IFERROR(INDEX($AD:$AD,MATCH(ROWS($AD$32:$AD869),$AO:$AO,0)),\"\")","v":""}]
[null,null,null,null,null,null,null,null,null,null,null,null,null,null,null,null,null,null,null,null,null,null,null,null,null,null,null,null,null,{"$f":"'Baza klientów'!B839","v":0},false,{"$f":"IF(AE870=TRUE,COUNTIF($AE$32:AE870,TRUE()),\"\")","v":""},{"$f":"IFERROR(INDEX($AD:$AD,MATCH(ROWS($AD$32:AD870),$AF:$AF,0)),\"\")","v":""},null,null,false,{"$f":"IF(AJ870=TRUE,COUNTIF($AJ$32:AJ870,TRUE()),\"\")","v":""},{"$f":"IFERROR(INDEX($AD:$AD,MATCH(ROWS($AD$32:AD870),$AK:$AK,0)),\"\")","v":""},null,false,{"$f":"IF(AN870=TRUE,COUNTIF($AN$32:AN870,TRUE()),\"\")","v":""},{"$f":"IFERROR(INDEX($AD:$AD,MATCH(ROWS($AD$32:$AD870),$AO:$AO,0)),\"\")","v":""}]
[null,null,null,null,null,null,null,null,null,null,null,null,null,null,null,null,null,null,null,null,null,null,null,null,null,null,null,null,null,{"$f":"'Baza klientów'!B840","v":0},false,{"$f":"IF(AE871=TRUE,COUNTIF($AE$32:AE871,TRUE()),\"\")","v":""},{"$f":"IFERROR(INDEX($AD:$AD,MATCH(ROWS($AD$32:AD871),$AF:$AF,0)),\"\")","v":""},null,null,false,{"$f":"IF(AJ871=TRUE,COUNTIF($AJ$32:AJ871,TRUE()),\"\")","v":""},{"$f":"IFERROR(INDEX($AD:$AD,MATCH(ROWS($AD$32:AD871),$AK:$AK,0)),\"\")","v":""},null,false,{"$f":"IF(AN871=TRUE,COUNTIF($AN$32:AN871,TRUE()),\"\")","v":""},{"$f":"IFERROR(INDEX($AD:$AD,MATCH(ROWS($AD$32:$AD871),$AO:$AO,0)),\"\")","v":""}]
[null,null,null,null,null,null,null,null,null,null,null,null,null,null,null,null,null,null,null,null,null,null,null,null,null,null,null,null,null,{"$f":"'Baza klientów'!B841","v":0},false,{"$f":"IF(AE872=TRUE,COUNTIF($AE$32:AE872,TRUE()),\"\")","v":""},{"$f":"IFERROR(INDEX($AD:$AD,MATCH(ROWS($AD$32:AD872),$AF:$AF,0)),\"\")","v":""},null,null,false,{"$f":"IF(AJ872=TRUE,COUNTIF($AJ$32:AJ872,TRUE()),\"\")","v":""},{"$f":"IFERROR(INDEX($AD:$AD,MATCH(ROWS($AD$32:AD872),$AK:$AK,0)),\"\")","v":""},null,false,{"$f":"IF(AN872=TRUE,COUNTIF($AN$32:AN872,TRUE()),\"\")","v":""},{"$f":"IFERROR(INDEX($AD:$AD,MATCH(ROWS($AD$32:$AD872),$AO:$AO,0)),\"\")","v":""}]
[null,null,null,null,null,null,null,null,null,null,null,null,null,null,null,null,null,null,null,null,null,null,null,null,null,null,null,null,null,{"$f":"'Baza klientów'!B842","v":0},false,{"$f":"IF(AE873=TRUE,COUNTIF($AE$32:AE873,TRUE()),\"\")","v":""},{"$f":"IFERROR(INDEX($AD:$AD,MATCH(ROWS($AD$32:AD873),$AF:$AF,0)),\"\")","v":""},null,null,false,{"$f":"IF(AJ873=TRUE,COUNTIF($AJ$32:AJ873,TRUE()),\"\")","v":""},{"$f":"IFERROR(INDEX($AD:$AD,MATCH(ROWS($AD$32:AD873),$AK:$AK,0)),\"\")","v":""},null,false,{"$f":"IF(AN873=TRUE,COUNTIF($AN$32:AN873,TRUE()),\"\")","v":""},{"$f":"IFERROR(INDEX($AD:$AD,MATCH(ROWS($AD$32:$AD873),$AO:$AO,0)),\"\")","v":""}]
[null,null,null,null,null,null,null,null,null,null,null,null,null,null,null,null,null,null,null,null,null,null,null,null,null,null,null,null,null,{"$f":"'Baza klientów'!B843","v":0},false,{"$f":"IF(AE874=TRUE,COUNTIF($AE$32:AE874,TRUE()),\"\")","v":""},{"$f":"IFERROR(INDEX($AD:$AD,MATCH(ROWS($AD$32:AD874),$AF:$AF,0)),\"\")","v":""},null,null,false,{"$f":"IF(AJ874=TRUE,COUNTIF($AJ$32:AJ874,TRUE()),\"\")","v":""},{"$f":"IFERROR(INDEX($AD:$AD,MATCH(ROWS($AD$32:AD874),$AK:$AK,0)),\"\")","v":""},null,false,{"$f":"IF(AN874=TRUE,COUNTIF($AN$32:AN874,TRUE()),\"\")","v":""},{"$f":"IFERROR(INDEX($AD:$AD,MATCH(ROWS($AD$32:$AD874),$AO:$AO,0)),\"\")","v":""}]
[null,null,null,null,null,null,null,null,null,null,null,null,null,null,null,null,null,null,null,null,null,null,null,null,null,null,null,null,null,{"$f":"'Baza klientów'!B844","v":0},false,{"$f":"IF(AE875=TRUE,COUNTIF($AE$32:AE875,TRUE()),\"\")","v":""},{"$f":"IFERROR(INDEX($AD:$AD,MATCH(ROWS($AD$32:AD875),$AF:$AF,0)),\"\")","v":""},null,null,false,{"$f":"IF(AJ875=TRUE,COUNTIF($AJ$32:AJ875,TRUE()),\"\")","v":""},{"$f":"IFERROR(INDEX($AD:$AD,MATCH(ROWS($AD$32:AD875),$AK:$AK,0)),\"\")","v":""},null,false,{"$f":"IF(AN875=TRUE,COUNTIF($AN$32:AN875,TRUE()),\"\")","v":""},{"$f":"IFERROR(INDEX($AD:$AD,MATCH(ROWS($AD$32:$AD875),$AO:$AO,0)),\"\")","v":""}]
[null,null,null,null,null,null,null,null,null,null,null,null,null,null,null,null,null,null,null,null,null,null,null,null,null,null,null,null,null,{"$f":"'Baza klientów'!B845","v":0},false,{"$f":"IF(AE876=TRUE,COUNTIF($AE$32:AE876,TRUE()),\"\")","v":""},{"$f":"IFERROR(INDEX($AD:$AD,MATCH(ROWS($AD$32:AD876),$AF:$AF,0)),\"\")","v":""},null,null,false,{"$f":"IF(AJ876=TRUE,COUNTIF($AJ$32:AJ876,TRUE()),\"\")","v":""},{"$f":"IFERROR(INDEX($AD:$AD,MATCH(ROWS($AD$32:AD876),$AK:$AK,0)),\"\")","v":""},null,false,{"$f":"IF(AN876=TRUE,COUNTIF($AN$32:AN876,TRUE()),\"\")","v":""},{"$f":"IFERROR(INDEX($AD:$AD,MATCH(ROWS($AD$32:$AD876),$AO:$AO,0)),\"\")","v":""}]
[null,null,null,null,null,null,null,null,null,null,null,null,null,null,null,null,null,null,null,null,null,null,null,null,null,null,null,null,null,{"$f":"'Baza klientów'!B846","v":0},false,{"$f":"IF(AE877=TRUE,COUNTIF($AE$32:AE877,TRUE()),\"\")","v":""},{"$f":"IFERROR(INDEX($AD:$AD,MATCH(ROWS($AD$32:AD877),$AF:$AF,0)),\"\")","v":""},null,null,false,{"$f":"IF(AJ877=TRUE,COUNTIF($AJ$32:AJ877,TRUE()),\"\")","v":""},{"$f":"IFERROR(INDEX($AD:$AD,MATCH(ROWS($AD$32:AD877),$AK:$AK,0)),\"\")","v":""},null,false,{"$f":"IF(AN877=TRUE,COUNTIF($AN$32:AN877,TRUE()),\"\")","v":""},{"$f":"IFERROR(INDEX($AD:$AD,MATCH(ROWS($AD$32:$AD877),$AO:$AO,0)),\"\")","v":""}]
[null,null,null,null,null,null,null,null,null,null,null,null,null,null,null,null,null,null,null,null,null,null,null,null,null,null,null,null,null,{"$f":"'Baza klientów'!B847","v":0},false,{"$f":"IF(AE878=TRUE,COUNTIF($AE$32:AE878,TRUE()),\"\")","v":""},{"$f":"IFERROR(INDEX($AD:$AD,MATCH(ROWS($AD$32:AD878),$AF:$AF,0)),\"\")","v":""},null,null,false,{"$f":"IF(AJ878=TRUE,COUNTIF($AJ$32:AJ878,TRUE()),\"\")","v":""},{"$f":"IFERROR(INDEX($AD:$AD,MATCH(ROWS($AD$32:AD878),$AK:$AK,0)),\"\")","v":""},null,false,{"$f":"IF(AN878=TRUE,COUNTIF($AN$32:AN878,TRUE()),\"\")","v":""},{"$f":"IFERROR(INDEX($AD:$AD,MATCH(ROWS($AD$32:$AD878),$AO:$AO,0)),\"\")","v":""}]
[null,null,null,null,null,null,null,null,null,null,null,null,null,null,null,null,null,null,null,null,null,null,null,null,null,null,null,null,null,{"$f":"'Baza klientów'!B848","v":0},false,{"$f":"IF(AE879=TRUE,COUNTIF($AE$32:AE879,TRUE()),\"\")","v":""},{"$f":"IFERROR(INDEX($AD:$AD,MATCH(ROWS($AD$32:AD879),$AF:$AF,0)),\"\")","v":""},null,null,false,{"$f":"IF(AJ879=TRUE,COUNTIF($AJ$32:AJ879,TRUE()),\"\")","v":""},{"$f":"IFERROR(INDEX($AD:$AD,MATCH(ROWS($AD$32:AD879),$AK:$AK,0)),\"\")","v":""},null,false,{"$f":"IF(AN879=TRUE,COUNTIF($AN$32:AN879,TRUE()),\"\")","v":""},{"$f":"IFERROR(INDEX($AD:$AD,MATCH(ROWS($AD$32:$AD879),$AO:$AO,0)),\"\")","v":""}]
[null,null,null,null,null,null,null,null,null,null,null,null,null,null,null,null,null,null,null,null,null,null,null,null,null,null,null,null,null,{"$f":"'Baza klientów'!B849","v":0},false,{"$f":"IF(AE880=TRUE,COUNTIF($AE$32:AE880,TRUE()),\"\")","v":""},{"$f":"IFERROR(INDEX($AD:$AD,MATCH(ROWS($AD$32:AD880),$AF:$AF,0)),\"\")","v":""},null,null,false,{"$f":"IF(AJ880=TRUE,COUNTIF($AJ$32:AJ880,TRUE()),\"\")","v":""},{"$f":"IFERROR(INDEX($AD:$AD,MATCH(ROWS($AD$32:AD880),$AK:$AK,0)),\"\")","v":""},null,false,{"$f":"IF(AN880=TRUE,COUNTIF($AN$32:AN880,TRUE()),\"\")","v":""},{"$f":"IFERROR(INDEX($AD:$AD,MATCH(ROWS($AD$32:$AD880),$AO:$AO,0)),\"\")","v":""}]
[null,null,null,null,null,null,null,null,null,null,null,null,null,null,null,null,null,null,null,null,null,null,null,null,null,null,null,null,null,{"$f":"'Baza klientów'!B850","v":0},false,{"$f":"IF(AE881=TRUE,COUNTIF($AE$32:AE881,TRUE()),\"\")","v":""},{"$f":"IFERROR(INDEX($AD:$AD,MATCH(ROWS($AD$32:AD881),$AF:$AF,0)),\"\")","v":""},null,null,false,{"$f":"IF(AJ881=TRUE,COUNTIF($AJ$32:AJ881,TRUE()),\"\")","v":""},{"$f":"IFERROR(INDEX($AD:$AD,MATCH(ROWS($AD$32:AD881),$AK:$AK,0)),\"\")","v":""},null,false,{"$f":"IF(AN881=TRUE,COUNTIF($AN$32:AN881,TRUE()),\"\")","v":""},{"$f":"IFERROR(INDEX($AD:$AD,MATCH(ROWS($AD$32:$AD881),$AO:$AO,0)),\"\")","v":""}]
[null,null,null,null,null,null,null,null,null,null,null,null,null,null,null,null,null,null,null,null,null,null,null,null,null,null,null,null,null,{"$f":"'Baza klientów'!B851","v":0},false,{"$f":"IF(AE882=TRUE,COUNTIF($AE$32:AE882,TRUE()),\"\")","v":""},{"$f":"IFERROR(INDEX($AD:$AD,MATCH(ROWS($AD$32:AD882),$AF:$AF,0)),\"\")","v":""},null,null,false,{"$f":"IF(AJ882=TRUE,COUNTIF($AJ$32:AJ882,TRUE()),\"\")","v":""},{"$f":"IFERROR(INDEX($AD:$AD,MATCH(ROWS($AD$32:AD882),$AK:$AK,0)),\"\")","v":""},null,false,{"$f":"IF(AN882=TRUE,COUNTIF($AN$32:AN882,TRUE()),\"\")","v":""},{"$f":"IFERROR(INDEX($AD:$AD,MATCH(ROWS($AD$32:$AD882),$AO:$AO,0)),\"\")","v":""}]
[null,null,null,null,null,null,null,null,null,null,null,null,null,null,null,null,null,null,null,null,null,null,null,null,null,null,null,null,null,{"$f":"'Baza klientów'!B852","v":0},false,{"$f":"IF(AE883=TRUE,COUNTIF($AE$32:AE883,TRUE()),\"\")","v":""},{"$f":"IFERROR(INDEX($AD:$AD,MATCH(ROWS($AD$32:AD883),$AF:$AF,0)),\"\")","v":""},null,null,false,{"$f":"IF(AJ883=TRUE,COUNTIF($AJ$32:AJ883,TRUE()),\"\")","v":""},{"$f":"IFERROR(INDEX($AD:$AD,MATCH(ROWS($AD$32:AD883),$AK:$AK,0)),\"\")","v":""},null,false,{"$f":"IF(AN883=TRUE,COUNTIF($AN$32:AN883,TRUE()),\"\")","v":""},{"$f":"IFERROR(INDEX($AD:$AD,MATCH(ROWS($AD$32:$AD883),$AO:$AO,0)),\"\")","v":""}]
[null,null,null,null,null,null,null,null,null,null,null,null,null,null,null,null,null,null,null,null,null,null,null,null,null,null,null,null,null,{"$f":"'Baza klientów'!B853","v":0},false,{"$f":"IF(AE884=TRUE,COUNTIF($AE$32:AE884,TRUE()),\"\")","v":""},{"$f":"IFERROR(INDEX($AD:$AD,MATCH(ROWS($AD$32:AD884),$AF:$AF,0)),\"\")","v":""},null,null,false,{"$f":"IF(AJ884=TRUE,COUNTIF($AJ$32:AJ884,TRUE()),\"\")","v":""},{"$f":"IFERROR(INDEX($AD:$AD,MATCH(ROWS($AD$32:AD884),$AK:$AK,0)),\"\")","v":""},null,false,{"$f":"IF(AN884=TRUE,COUNTIF($AN$32:AN884,TRUE()),\"\")","v":""},{"$f":"IFERROR(INDEX($AD:$AD,MATCH(ROWS($AD$32:$AD884),$AO:$AO,0)),\"\")","v":""}]
[null,null,null,null,null,null,null,null,null,null,null,null,null,null,null,null,null,null,null,null,null,null,null,null,null,null,null,null,null,{"$f":"'Baza klientów'!B854","v":0},false,{"$f":"IF(AE885=TRUE,COUNTIF($AE$32:AE885,TRUE()),\"\")","v":""},{"$f":"IFERROR(INDEX($AD:$AD,MATCH(ROWS($AD$32:AD885),$AF:$AF,0)),\"\")","v":""},null,null,false,{"$f":"IF(AJ885=TRUE,COUNTIF($AJ$32:AJ885,TRUE()),\"\")","v":""},{"$f":"IFERROR(INDEX($AD:$AD,MATCH(ROWS($AD$32:AD885),$AK:$AK,0)),\"\")","v":""},null,false,{"$f":"IF(AN885=TRUE,COUNTIF($AN$32:AN885,TRUE()),\"\")","v":""},{"$f":"IFERROR(INDEX($AD:$AD,MATCH(ROWS($AD$32:$AD885),$AO:$AO,0)),\"\")","v":""}]
[null,null,null,null,null,null,null,null,null,null,null,null,null,null,null,null,null,null,null,null,null,null,null,null,null,null,null,null,null,{"$f":"'Baza klientów'!B855","v":0},false,{"$f":"IF(AE886=TRUE,COUNTIF($AE$32:AE886,TRUE()),\"\")","v":""},{"$f":"IFERROR(INDEX($AD:$AD,MATCH(ROWS($AD$32:AD886),$AF:$AF,0)),\"\")","v":""},null,null,false,{"$f":"IF(AJ886=TRUE,COUNTIF($AJ$32:AJ886,TRUE()),\"\")","v":""},{"$f":"IFERROR(INDEX($AD:$AD,MATCH(ROWS($AD$32:AD886),$AK:$AK,0)),\"\")","v":""},null,false,{"$f":"IF(AN886=TRUE,COUNTIF($AN$32:AN886,TRUE()),\"\")","v":""},{"$f":"IFERROR(INDEX($AD:$AD,MATCH(ROWS($AD$32:$AD886),$AO:$AO,0)),\"\")","v":""}]
[null,null,null,null,null,null,null,null,null,null,null,null,null,null,null,null,null,null,null,null,null,null,null,null,null,null,null,null,null,{"$f":"'Baza klientów'!B856","v":0},false,{"$f":"IF(AE887=TRUE,COUNTIF($AE$32:AE887,TRUE()),\"\")","v":""},{"$f":"IFERROR(INDEX($AD:$AD,MATCH(ROWS($AD$32:AD887),$AF:$AF,0)),\"\")","v":""},null,null,false,{"$f":"IF(AJ887=TRUE,COUNTIF($AJ$32:AJ887,TRUE()),\"\")","v":""},{"$f":"IFERROR(INDEX($AD:$AD,MATCH(ROWS($AD$32:AD887),$AK:$AK,0)),\"\")","v":""},null,false,{"$f":"IF(AN887=TRUE,COUNTIF($AN$32:AN887,TRUE()),\"\")","v":""},{"$f":"IFERROR(INDEX($AD:$AD,MATCH(ROWS($AD$32:$AD887),$AO:$AO,0)),\"\")","v":""}]
[null,null,null,null,null,null,null,null,null,null,null,null,null,null,null,null,null,null,null,null,null,null,null,null,null,null,null,null,null,{"$f":"'Baza klientów'!B857","v":0},false,{"$f":"IF(AE888=TRUE,COUNTIF($AE$32:AE888,TRUE()),\"\")","v":""},{"$f":"IFERROR(INDEX($AD:$AD,MATCH(ROWS($AD$32:AD888),$AF:$AF,0)),\"\")","v":""},null,null,false,{"$f":"IF(AJ888=TRUE,COUNTIF($AJ$32:AJ888,TRUE()),\"\")","v":""},{"$f":"IFERROR(INDEX($AD:$AD,MATCH(ROWS($AD$32:AD888),$AK:$AK,0)),\"\")","v":""},null,false,{"$f":"IF(AN888=TRUE,COUNTIF($AN$32:AN888,TRUE()),\"\")","v":""},{"$f":"IFERROR(INDEX($AD:$AD,MATCH(ROWS($AD$32:$AD888),$AO:$AO,0)),\"\")","v":""}]
[null,null,null,null,null,null,null,null,null,null,null,null,null,null,null,null,null,null,null,null,null,null,null,null,null,null,null,null,null,{"$f":"'Baza klientów'!B858","v":0},false,{"$f":"IF(AE889=TRUE,COUNTIF($AE$32:AE889,TRUE()),\"\")","v":""},{"$f":"IFERROR(INDEX($AD:$AD,MATCH(ROWS($AD$32:AD889),$AF:$AF,0)),\"\")","v":""},null,null,false,{"$f":"IF(AJ889=TRUE,COUNTIF($AJ$32:AJ889,TRUE()),\"\")","v":""},{"$f":"IFERROR(INDEX($AD:$AD,MATCH(ROWS($AD$32:AD889),$AK:$AK,0)),\"\")","v":""},null,false,{"$f":"IF(AN889=TRUE,COUNTIF($AN$32:AN889,TRUE()),\"\")","v":""},{"$f":"IFERROR(INDEX($AD:$AD,MATCH(ROWS($AD$32:$AD889),$AO:$AO,0)),\"\")","v":""}]
[null,null,null,null,null,null,null,null,null,null,null,null,null,null,null,null,null,null,null,null,null,null,null,null,null,null,null,null,null,{"$f":"'Baza klientów'!B859","v":0},false,{"$f":"IF(AE890=TRUE,COUNTIF($AE$32:AE890,TRUE()),\"\")","v":""},{"$f":"IFERROR(INDEX($AD:$AD,MATCH(ROWS($AD$32:AD890),$AF:$AF,0)),\"\")","v":""},null,null,false,{"$f":"IF(AJ890=TRUE,COUNTIF($AJ$32:AJ890,TRUE()),\"\")","v":""},{"$f":"IFERROR(INDEX($AD:$AD,MATCH(ROWS($AD$32:AD890),$AK:$AK,0)),\"\")","v":""},null,false,{"$f":"IF(AN890=TRUE,COUNTIF($AN$32:AN890,TRUE()),\"\")","v":""},{"$f":"IFERROR(INDEX($AD:$AD,MATCH(ROWS($AD$32:$AD890),$AO:$AO,0)),\"\")","v":""}]
[null,null,null,null,null,null,null,null,null,null,null,null,null,null,null,null,null,null,null,null,null,null,null,null,null,null,null,null,null,{"$f":"'Baza klientów'!B860","v":0},false,{"$f":"IF(AE891=TRUE,COUNTIF($AE$32:AE891,TRUE()),\"\")","v":""},{"$f":"IFERROR(INDEX($AD:$AD,MATCH(ROWS($AD$32:AD891),$AF:$AF,0)),\"\")","v":""},null,null,false,{"$f":"IF(AJ891=TRUE,COUNTIF($AJ$32:AJ891,TRUE()),\"\")","v":""},{"$f":"IFERROR(INDEX($AD:$AD,MATCH(ROWS($AD$32:AD891),$AK:$AK,0)),\"\")","v":""},null,false,{"$f":"IF(AN891=TRUE,COUNTIF($AN$32:AN891,TRUE()),\"\")","v":""},{"$f":"IFERROR(INDEX($AD:$AD,MATCH(ROWS($AD$32:$AD891),$AO:$AO,0)),\"\")","v":""}]
[null,null,null,null,null,null,null,null,null,null,null,null,null,null,null,null,null,null,null,null,null,null,null,null,null,null,null,null,null,{"$f":"'Baza klientów'!B861","v":0},false,{"$f":"IF(AE892=TRUE,COUNTIF($AE$32:AE892,TRUE()),\"\")","v":""},{"$f":"IFERROR(INDEX($AD:$AD,MATCH(ROWS($AD$32:AD892),$AF:$AF,0)),\"\")","v":""},null,null,false,{"$f":"IF(AJ892=TRUE,COUNTIF($AJ$32:AJ892,TRUE()),\"\")","v":""},{"$f":"IFERROR(INDEX($AD:$AD,MATCH(ROWS($AD$32:AD892),$AK:$AK,0)),\"\")","v":""},null,false,{"$f":"IF(AN892=TRUE,COUNTIF($AN$32:AN892,TRUE()),\"\")","v":""},{"$f":"IFERROR(INDEX($AD:$AD,MATCH(ROWS($AD$32:$AD892),$AO:$AO,0)),\"\")","v":""}]
[null,null,null,null,null,null,null,null,null,null,null,null,null,null,null,null,null,null,null,null,null,null,null,null,null,null,null,null,null,{"$f":"'Baza klientów'!B862","v":0},false,{"$f":"IF(AE893=TRUE,COUNTIF($AE$32:AE893,TRUE()),\"\")","v":""},{"$f":"IFERROR(INDEX($AD:$AD,MATCH(ROWS($AD$32:AD893),$AF:$AF,0)),\"\")","v":""},null,null,false,{"$f":"IF(AJ893=TRUE,COUNTIF($AJ$32:AJ893,TRUE()),\"\")","v":""},{"$f":"IFERROR(INDEX($AD:$AD,MATCH(ROWS($AD$32:AD893),$AK:$AK,0)),\"\")","v":""},null,false,{"$f":"IF(AN893=TRUE,COUNTIF($AN$32:AN893,TRUE()),\"\")","v":""},{"$f":"IFERROR(INDEX($AD:$AD,MATCH(ROWS($AD$32:$AD893),$AO:$AO,0)),\"\")","v":""}]
[null,null,null,null,null,null,null,null,null,null,null,null,null,null,null,null,null,null,null,null,null,null,null,null,null,null,null,null,null,{"$f":"'Baza klientów'!B863","v":0},false,{"$f":"IF(AE894=TRUE,COUNTIF($AE$32:AE894,TRUE()),\"\")","v":""},{"$f":"IFERROR(INDEX($AD:$AD,MATCH(ROWS($AD$32:AD894),$AF:$AF,0)),\"\")","v":""},null,null,false,{"$f":"IF(AJ894=TRUE,COUNTIF($AJ$32:AJ894,TRUE()),\"\")","v":""},{"$f":"IFERROR(INDEX($AD:$AD,MATCH(ROWS($AD$32:AD894),$AK:$AK,0)),\"\")","v":""},null,false,{"$f":"IF(AN894=TRUE,COUNTIF($AN$32:AN894,TRUE()),\"\")","v":""},{"$f":"IFERROR(INDEX($AD:$AD,MATCH(ROWS($AD$32:$AD894),$AO:$AO,0)),\"\")","v":""}]
[null,null,null,null,null,null,null,null,null,null,null,null,null,null,null,null,null,null,null,null,null,null,null,null,null,null,null,null,null,{"$f":"'Baza klientów'!B864","v":0},false,{"$f":"IF(AE895=TRUE,COUNTIF($AE$32:AE895,TRUE()),\"\")","v":""},{"$f":"IFERROR(INDEX($AD:$AD,MATCH(ROWS($AD$32:AD895),$AF:$AF,0)),\"\")","v":""},null,null,false,{"$f":"IF(AJ895=TRUE,COUNTIF($AJ$32:AJ895,TRUE()),\"\")","v":""},{"$f":"IFERROR(INDEX($AD:$AD,MATCH(ROWS($AD$32:AD895),$AK:$AK,0)),\"\")","v":""},null,false,{"$f":"IF(AN895=TRUE,COUNTIF($AN$32:AN895,TRUE()),\"\")","v":""},{"$f":"IFERROR(INDEX($AD:$AD,MATCH(ROWS($AD$32:$AD895),$AO:$AO,0)),\"\")","v":""}]
[null,null,null,null,null,null,null,null,null,null,null,null,null,null,null,null,null,null,null,null,null,null,null,null,null,null,null,null,null,{"$f":"'Baza klientów'!B865","v":0},false,{"$f":"IF(AE896=TRUE,COUNTIF($AE$32:AE896,TRUE()),\"\")","v":""},{"$f":"IFERROR(INDEX($AD:$AD,MATCH(ROWS($AD$32:AD896),$AF:$AF,0)),\"\")","v":""},null,null,false,{"$f":"IF(AJ896=TRUE,COUNTIF($AJ$32:AJ896,TRUE()),\"\")","v":""},{"$f":"IFERROR(INDEX($AD:$AD,MATCH(ROWS($AD$32:AD896),$AK:$AK,0)),\"\")","v":""},null,false,{"$f":"IF(AN896=TRUE,COUNTIF($AN$32:AN896,TRUE()),\"\")","v":""},{"$f":"IFERROR(INDEX($AD:$AD,MATCH(ROWS($AD$32:$AD896),$AO:$AO,0)),\"\")","v":""}]
[null,null,null,null,null,null,null,null,null,null,null,null,null,null,null,null,null,null,null,null,null,null,null,null,null,null,null,null,null,{"$f":"'Baza klientów'!B866","v":0},false,{"$f":"IF(AE897=TRUE,COUNTIF($AE$32:AE897,TRUE()),\"\")","v":""},{"$f":"IFERROR(INDEX($AD:$AD,MATCH(ROWS($AD$32:AD897),$AF:$AF,0)),\"\")","v":""},null,null,false,{"$f":"IF(AJ897=TRUE,COUNTIF($AJ$32:AJ897,TRUE()),\"\")","v":""},{"$f":"IFERROR(INDEX($AD:$AD,MATCH(ROWS($AD$32:AD897),$AK:$AK,0)),\"\")","v":""},null,false,{"$f":"IF(AN897=TRUE,COUNTIF($AN$32:AN897,TRUE()),\"\")","v":""},{"$f":"IFERROR(INDEX($AD:$AD,MATCH(ROWS($AD$32:$AD897),$AO:$AO,0)),\"\")","v":""}]
[null,null,null,null,null,null,null,null,null,null,null,null,null,null,null,null,null,null,null,null,null,null,null,null,null,null,null,null,null,{"$f":"'Baza klientów'!B867","v":0},false,{"$f":"IF(AE898=TRUE,COUNTIF($AE$32:AE898,TRUE()),\"\")","v":""},{"$f":"IFERROR(INDEX($AD:$AD,MATCH(ROWS($AD$32:AD898),$AF:$AF,0)),\"\")","v":""},null,null,false,{"$f":"IF(AJ898=TRUE,COUNTIF($AJ$32:AJ898,TRUE()),\"\")","v":""},{"$f":"IFERROR(INDEX($AD:$AD,MATCH(ROWS($AD$32:AD898),$AK:$AK,0)),\"\")","v":""},null,false,{"$f":"IF(AN898=TRUE,COUNTIF($AN$32:AN898,TRUE()),\"\")","v":""},{"$f":"IFERROR(INDEX($AD:$AD,MATCH(ROWS($AD$32:$AD898),$AO:$AO,0)),\"\")","v":""}]
[null,null,null,null,null,null,null,null,null,null,null,null,null,null,null,null,null,null,null,null,null,null,null,null,null,null,null,null,null,{"$f":"'Baza klientów'!B868","v":0},false,{"$f":"IF(AE899=TRUE,COUNTIF($AE$32:AE899,TRUE()),\"\")","v":""},{"$f":"IFERROR(INDEX($AD:$AD,MATCH(ROWS($AD$32:AD899),$AF:$AF,0)),\"\")","v":""},null,null,false,{"$f":"IF(AJ899=TRUE,COUNTIF($AJ$32:AJ899,TRUE()),\"\")","v":""},{"$f":"IFERROR(INDEX($AD:$AD,MATCH(ROWS($AD$32:AD899),$AK:$AK,0)),\"\")","v":""},null,false,{"$f":"IF(AN899=TRUE,COUNTIF($AN$32:AN899,TRUE()),\"\")","v":""},{"$f":"IFERROR(INDEX($AD:$AD,MATCH(ROWS($AD$32:$AD899),$AO:$AO,0)),\"\")","v":""}]
[null,null,null,null,null,null,null,null,null,null,null,null,null,null,null,null,null,null,null,null,null,null,null,null,null,null,null,null,null,{"$f":"'Baza klientów'!B869","v":0},false,{"$f":"IF(AE900=TRUE,COUNTIF($AE$32:AE900,TRUE()),\"\")","v":""},{"$f":"IFERROR(INDEX($AD:$AD,MATCH(ROWS($AD$32:AD900),$AF:$AF,0)),\"\")","v":""},null,null,false,{"$f":"IF(AJ900=TRUE,COUNTIF($AJ$32:AJ900,TRUE()),\"\")","v":""},{"$f":"IFERROR(INDEX($AD:$AD,MATCH(ROWS($AD$32:AD900),$AK:$AK,0)),\"\")","v":""},null,false,{"$f":"IF(AN900=TRUE,COUNTIF($AN$32:AN900,TRUE()),\"\")","v":""},{"$f":"IFERROR(INDEX($AD:$AD,MATCH(ROWS($AD$32:$AD900),$AO:$AO,0)),\"\")","v":""}]
[null,null,null,null,null,null,null,null,null,null,null,null,null,null,null,null,null,null,null,null,null,null,null,null,null,null,null,null,null,{"$f":"'Baza klientów'!B870","v":0},false,{"$f":"IF(AE901=TRUE,COUNTIF($AE$32:AE901,TRUE()),\"\")","v":""},{"$f":"IFERROR(INDEX($AD:$AD,MATCH(ROWS($AD$32:AD901),$AF:$AF,0)),\"\")","v":""},null,null,false,{"$f":"IF(AJ901=TRUE,COUNTIF($AJ$32:AJ901,TRUE()),\"\")","v":""},{"$f":"IFERROR(INDEX($AD:$AD,MATCH(ROWS($AD$32:AD901),$AK:$AK,0)),\"\")","v":""},null,false,{"$f":"IF(AN901=TRUE,COUNTIF($AN$32:AN901,TRUE()),\"\")","v":""},{"$f":"IFERROR(INDEX($AD:$AD,MATCH(ROWS($AD$32:$AD901),$AO:$AO,0)),\"\")","v":""}]
[null,null,null,null,null,null,null,null,null,null,null,null,null,null,null,null,null,null,null,null,null,null,null,null,null,null,null,null,null,{"$f":"'Baza klientów'!B871","v":0},false,{"$f":"IF(AE902=TRUE,COUNTIF($AE$32:AE902,TRUE()),\"\")","v":""},{"$f":"IFERROR(INDEX($AD:$AD,MATCH(ROWS($AD$32:AD902),$AF:$AF,0)),\"\")","v":""},null,null,false,{"$f":"IF(AJ902=TRUE,COUNTIF($AJ$32:AJ902,TRUE()),\"\")","v":""},{"$f":"IFERROR(INDEX($AD:$AD,MATCH(ROWS($AD$32:AD902),$AK:$AK,0)),\"\")","v":""},null,false,{"$f":"IF(AN902=TRUE,COUNTIF($AN$32:AN902,TRUE()),\"\")","v":""},{"$f":"IFERROR(INDEX($AD:$AD,MATCH(ROWS($AD$32:$AD902),$AO:$AO,0)),\"\")","v":""}]
[null,null,null,null,null,null,null,null,null,null,null,null,null,null,null,null,null,null,null,null,null,null,null,null,null,null,null,null,null,{"$f":"'Baza klientów'!B872","v":0},false,{"$f":"IF(AE903=TRUE,COUNTIF($AE$32:AE903,TRUE()),\"\")","v":""},{"$f":"IFERROR(INDEX($AD:$AD,MATCH(ROWS($AD$32:AD903),$AF:$AF,0)),\"\")","v":""},null,null,false,{"$f":"IF(AJ903=TRUE,COUNTIF($AJ$32:AJ903,TRUE()),\"\")","v":""},{"$f":"IFERROR(INDEX($AD:$AD,MATCH(ROWS($AD$32:AD903),$AK:$AK,0)),\"\")","v":""},null,false,{"$f":"IF(AN903=TRUE,COUNTIF($AN$32:AN903,TRUE()),\"\")","v":""},{"$f":"IFERROR(INDEX($AD:$AD,MATCH(ROWS($AD$32:$AD903),$AO:$AO,0)),\"\")","v":""}]
[null,null,null,null,null,null,null,null,null,null,null,null,null,null,null,null,null,null,null,null,null,null,null,null,null,null,null,null,null,{"$f":"'Baza klientów'!B873","v":0},false,{"$f":"IF(AE904=TRUE,COUNTIF($AE$32:AE904,TRUE()),\"\")","v":""},{"$f":"IFERROR(INDEX($AD:$AD,MATCH(ROWS($AD$32:AD904),$AF:$AF,0)),\"\")","v":""},null,null,false,{"$f":"IF(AJ904=TRUE,COUNTIF($AJ$32:AJ904,TRUE()),\"\")","v":""},{"$f":"IFERROR(INDEX($AD:$AD,MATCH(ROWS($AD$32:AD904),$AK:$AK,0)),\"\")","v":""},null,false,{"$f":"IF(AN904=TRUE,COUNTIF($AN$32:AN904,TRUE()),\"\")","v":""},{"$f":"IFERROR(INDEX($AD:$AD,MATCH(ROWS($AD$32:$AD904),$AO:$AO,0)),\"\")","v":""}]
[null,null,null,null,null,null,null,null,null,null,null,null,null,null,null,null,null,null,null,null,null,null,null,null,null,null,null,null,null,{"$f":"'Baza klientów'!B874","v":0},false,{"$f":"IF(AE905=TRUE,COUNTIF($AE$32:AE905,TRUE()),\"\")","v":""},{"$f":"IFERROR(INDEX($AD:$AD,MATCH(ROWS($AD$32:AD905),$AF:$AF,0)),\"\")","v":""},null,null,false,{"$f":"IF(AJ905=TRUE,COUNTIF($AJ$32:AJ905,TRUE()),\"\")","v":""},{"$f":"IFERROR(INDEX($AD:$AD,MATCH(ROWS($AD$32:AD905),$AK:$AK,0)),\"\")","v":""},null,false,{"$f":"IF(AN905=TRUE,COUNTIF($AN$32:AN905,TRUE()),\"\")","v":""},{"$f":"IFERROR(INDEX($AD:$AD,MATCH(ROWS($AD$32:$AD905),$AO:$AO,0)),\"\")","v":""}]
[null,null,null,null,null,null,null,null,null,null,null,null,null,null,null,null,null,null,null,null,null,null,null,null,null,null,null,null,null,{"$f":"'Baza klientów'!B875","v":0},false,{"$f":"IF(AE906=TRUE,COUNTIF($AE$32:AE906,TRUE()),\"\")","v":""},{"$f":"IFERROR(INDEX($AD:$AD,MATCH(ROWS($AD$32:AD906),$AF:$AF,0)),\"\")","v":""},null,null,false,{"$f":"IF(AJ906=TRUE,COUNTIF($AJ$32:AJ906,TRUE()),\"\")","v":""},{"$f":"IFERROR(INDEX($AD:$AD,MATCH(ROWS($AD$32:AD906),$AK:$AK,0)),\"\")","v":""},null,false,{"$f":"IF(AN906=TRUE,COUNTIF($AN$32:AN906,TRUE()),\"\")","v":""},{"$f":"IFERROR(INDEX($AD:$AD,MATCH(ROWS($AD$32:$AD906),$AO:$AO,0)),\"\")","v":""}]
[null,null,null,null,null,null,null,null,null,null,null,null,null,null,null,null,null,null,null,null,null,null,null,null,null,null,null,null,null,{"$f":"'Baza klientów'!B876","v":0},false,{"$f":"IF(AE907=TRUE,COUNTIF($AE$32:AE907,TRUE()),\"\")","v":""},{"$f":"IFERROR(INDEX($AD:$AD,MATCH(ROWS($AD$32:AD907),$AF:$AF,0)),\"\")","v":""},null,null,false,{"$f":"IF(AJ907=TRUE,COUNTIF($AJ$32:AJ907,TRUE()),\"\")","v":""},{"$f":"IFERROR(INDEX($AD:$AD,MATCH(ROWS($AD$32:AD907),$AK:$AK,0)),\"\")","v":""},null,false,{"$f":"IF(AN907=TRUE,COUNTIF($AN$32:AN907,TRUE()),\"\")","v":""},{"$f":"IFERROR(INDEX($AD:$AD,MATCH(ROWS($AD$32:$AD907),$AO:$AO,0)),\"\")","v":""}]
[null,null,null,null,null,null,null,null,null,null,null,null,null,null,null,null,null,null,null,null,null,null,null,null,null,null,null,null,null,{"$f":"'Baza klientów'!B877","v":0},false,{"$f":"IF(AE908=TRUE,COUNTIF($AE$32:AE908,TRUE()),\"\")","v":""},{"$f":"IFERROR(INDEX($AD:$AD,MATCH(ROWS($AD$32:AD908),$AF:$AF,0)),\"\")","v":""},null,null,false,{"$f":"IF(AJ908=TRUE,COUNTIF($AJ$32:AJ908,TRUE()),\"\")","v":""},{"$f":"IFERROR(INDEX($AD:$AD,MATCH(ROWS($AD$32:AD908),$AK:$AK,0)),\"\")","v":""},null,false,{"$f":"IF(AN908=TRUE,COUNTIF($AN$32:AN908,TRUE()),\"\")","v":""},{"$f":"IFERROR(INDEX($AD:$AD,MATCH(ROWS($AD$32:$AD908),$AO:$AO,0)),\"\")","v":""}]
[null,null,null,null,null,null,null,null,null,null,null,null,null,null,null,null,null,null,null,null,null,null,null,null,null,null,null,null,null,{"$f":"'Baza klientów'!B878","v":0},false,{"$f":"IF(AE909=TRUE,COUNTIF($AE$32:AE909,TRUE()),\"\")","v":""},{"$f":"IFERROR(INDEX($AD:$AD,MATCH(ROWS($AD$32:AD909),$AF:$AF,0)),\"\")","v":""},null,null,false,{"$f":"IF(AJ909=TRUE,COUNTIF($AJ$32:AJ909,TRUE()),\"\")","v":""},{"$f":"IFERROR(INDEX($AD:$AD,MATCH(ROWS($AD$32:AD909),$AK:$AK,0)),\"\")","v":""},null,false,{"$f":"IF(AN909=TRUE,COUNTIF($AN$32:AN909,TRUE()),\"\")","v":""},{"$f":"IFERROR(INDEX($AD:$AD,MATCH(ROWS($AD$32:$AD909),$AO:$AO,0)),\"\")","v":""}]
[null,null,null,null,null,null,null,null,null,null,null,null,null,null,null,null,null,null,null,null,null,null,null,null,null,null,null,null,null,{"$f":"'Baza klientów'!B879","v":0},false,{"$f":"IF(AE910=TRUE,COUNTIF($AE$32:AE910,TRUE()),\"\")","v":""},{"$f":"IFERROR(INDEX($AD:$AD,MATCH(ROWS($AD$32:AD910),$AF:$AF,0)),\"\")","v":""},null,null,false,{"$f":"IF(AJ910=TRUE,COUNTIF($AJ$32:AJ910,TRUE()),\"\")","v":""},{"$f":"IFERROR(INDEX($AD:$AD,MATCH(ROWS($AD$32:AD910),$AK:$AK,0)),\"\")","v":""},null,false,{"$f":"IF(AN910=TRUE,COUNTIF($AN$32:AN910,TRUE()),\"\")","v":""},{"$f":"IFERROR(INDEX($AD:$AD,MATCH(ROWS($AD$32:$AD910),$AO:$AO,0)),\"\")","v":""}]
[null,null,null,null,null,null,null,null,null,null,null,null,null,null,null,null,null,null,null,null,null,null,null,null,null,null,null,null,null,{"$f":"'Baza klientów'!B880","v":0},false,{"$f":"IF(AE911=TRUE,COUNTIF($AE$32:AE911,TRUE()),\"\")","v":""},{"$f":"IFERROR(INDEX($AD:$AD,MATCH(ROWS($AD$32:AD911),$AF:$AF,0)),\"\")","v":""},null,null,false,{"$f":"IF(AJ911=TRUE,COUNTIF($AJ$32:AJ911,TRUE()),\"\")","v":""},{"$f":"IFERROR(INDEX($AD:$AD,MATCH(ROWS($AD$32:AD911),$AK:$AK,0)),\"\")","v":""},null,false,{"$f":"IF(AN911=TRUE,COUNTIF($AN$32:AN911,TRUE()),\"\")","v":""},{"$f":"IFERROR(INDEX($AD:$AD,MATCH(ROWS($AD$32:$AD911),$AO:$AO,0)),\"\")","v":""}]
[null,null,null,null,null,null,null,null,null,null,null,null,null,null,null,null,null,null,null,null,null,null,null,null,null,null,null,null,null,{"$f":"'Baza klientów'!B881","v":0},false,{"$f":"IF(AE912=TRUE,COUNTIF($AE$32:AE912,TRUE()),\"\")","v":""},{"$f":"IFERROR(INDEX($AD:$AD,MATCH(ROWS($AD$32:AD912),$AF:$AF,0)),\"\")","v":""},null,null,false,{"$f":"IF(AJ912=TRUE,COUNTIF($AJ$32:AJ912,TRUE()),\"\")","v":""},{"$f":"IFERROR(INDEX($AD:$AD,MATCH(ROWS($AD$32:AD912),$AK:$AK,0)),\"\")","v":""},null,false,{"$f":"IF(AN912=TRUE,COUNTIF($AN$32:AN912,TRUE()),\"\")","v":""},{"$f":"IFERROR(INDEX($AD:$AD,MATCH(ROWS($AD$32:$AD912),$AO:$AO,0)),\"\")","v":""}]
[null,null,null,null,null,null,null,null,null,null,null,null,null,null,null,null,null,null,null,null,null,null,null,null,null,null,null,null,null,{"$f":"'Baza klientów'!B882","v":0},false,{"$f":"IF(AE913=TRUE,COUNTIF($AE$32:AE913,TRUE()),\"\")","v":""},{"$f":"IFERROR(INDEX($AD:$AD,MATCH(ROWS($AD$32:AD913),$AF:$AF,0)),\"\")","v":""},null,null,false,{"$f":"IF(AJ913=TRUE,COUNTIF($AJ$32:AJ913,TRUE()),\"\")","v":""},{"$f":"IFERROR(INDEX($AD:$AD,MATCH(ROWS($AD$32:AD913),$AK:$AK,0)),\"\")","v":""},null,false,{"$f":"IF(AN913=TRUE,COUNTIF($AN$32:AN913,TRUE()),\"\")","v":""},{"$f":"IFERROR(INDEX($AD:$AD,MATCH(ROWS($AD$32:$AD913),$AO:$AO,0)),\"\")","v":""}]
[null,null,null,null,null,null,null,null,null,null,null,null,null,null,null,null,null,null,null,null,null,null,null,null,null,null,null,null,null,{"$f":"'Baza klientów'!B883","v":0},false,{"$f":"IF(AE914=TRUE,COUNTIF($AE$32:AE914,TRUE()),\"\")","v":""},{"$f":"IFERROR(INDEX($AD:$AD,MATCH(ROWS($AD$32:AD914),$AF:$AF,0)),\"\")","v":""},null,null,false,{"$f":"IF(AJ914=TRUE,COUNTIF($AJ$32:AJ914,TRUE()),\"\")","v":""},{"$f":"IFERROR(INDEX($AD:$AD,MATCH(ROWS($AD$32:AD914),$AK:$AK,0)),\"\")","v":""},null,false,{"$f":"IF(AN914=TRUE,COUNTIF($AN$32:AN914,TRUE()),\"\")","v":""},{"$f":"IFERROR(INDEX($AD:$AD,MATCH(ROWS($AD$32:$AD914),$AO:$AO,0)),\"\")","v":""}]
[null,null,null,null,null,null,null,null,null,null,null,null,null,null,null,null,null,null,null,null,null,null,null,null,null,null,null,null,null,{"$f":"'Baza klientów'!B884","v":0},false,{"$f":"IF(AE915=TRUE,COUNTIF($AE$32:AE915,TRUE()),\"\")","v":""},{"$f":"IFERROR(INDEX($AD:$AD,MATCH(ROWS($AD$32:AD915),$AF:$AF,0)),\"\")","v":""},null,null,false,{"$f":"IF(AJ915=TRUE,COUNTIF($AJ$32:AJ915,TRUE()),\"\")","v":""},{"$f":"IFERROR(INDEX($AD:$AD,MATCH(ROWS($AD$32:AD915),$AK:$AK,0)),\"\")","v":""},null,false,{"$f":"IF(AN915=TRUE,COUNTIF($AN$32:AN915,TRUE()),\"\")","v":""},{"$f":"IFERROR(INDEX($AD:$AD,MATCH(ROWS($AD$32:$AD915),$AO:$AO,0)),\"\")","v":""}]
[null,null,null,null,null,null,null,null,null,null,null,null,null,null,null,null,null,null,null,null,null,null,null,null,null,null,null,null,null,{"$f":"'Baza klientów'!B885","v":0},false,{"$f":"IF(AE916=TRUE,COUNTIF($AE$32:AE916,TRUE()),\"\")","v":""},{"$f":"IFERROR(INDEX($AD:$AD,MATCH(ROWS($AD$32:AD916),$AF:$AF,0)),\"\")","v":""},null,null,false,{"$f":"IF(AJ916=TRUE,COUNTIF($AJ$32:AJ916,TRUE()),\"\")","v":""},{"$f":"IFERROR(INDEX($AD:$AD,MATCH(ROWS($AD$32:AD916),$AK:$AK,0)),\"\")","v":""},null,false,{"$f":"IF(AN916=TRUE,COUNTIF($AN$32:AN916,TRUE()),\"\")","v":""},{"$f":"IFERROR(INDEX($AD:$AD,MATCH(ROWS($AD$32:$AD916),$AO:$AO,0)),\"\")","v":""}]
[null,null,null,null,null,null,null,null,null,null,null,null,null,null,null,null,null,null,null,null,null,null,null,null,null,null,null,null,null,{"$f":"'Baza klientów'!B886","v":0},false,{"$f":"IF(AE917=TRUE,COUNTIF($AE$32:AE917,TRUE()),\"\")","v":""},{"$f":"IFERROR(INDEX($AD:$AD,MATCH(ROWS($AD$32:AD917),$AF:$AF,0)),\"\")","v":""},null,null,false,{"$f":"IF(AJ917=TRUE,COUNTIF($AJ$32:AJ917,TRUE()),\"\")","v":""},{"$f":"IFERROR(INDEX($AD:$AD,MATCH(ROWS($AD$32:AD917),$AK:$AK,0)),\"\")","v":""},null,false,{"$f":"IF(AN917=TRUE,COUNTIF($AN$32:AN917,TRUE()),\"\")","v":""},{"$f":"IFERROR(INDEX($AD:$AD,MATCH(ROWS($AD$32:$AD917),$AO:$AO,0)),\"\")","v":""}]
[null,null,null,null,null,null,null,null,null,null,null,null,null,null,null,null,null,null,null,null,null,null,null,null,null,null,null,null,null,{"$f":"'Baza klientów'!B887","v":0},false,{"$f":"IF(AE918=TRUE,COUNTIF($AE$32:AE918,TRUE()),\"\")","v":""},{"$f":"IFERROR(INDEX($AD:$AD,MATCH(ROWS($AD$32:AD918),$AF:$AF,0)),\"\")","v":""},null,null,false,{"$f":"IF(AJ918=TRUE,COUNTIF($AJ$32:AJ918,TRUE()),\"\")","v":""},{"$f":"IFERROR(INDEX($AD:$AD,MATCH(ROWS($AD$32:AD918),$AK:$AK,0)),\"\")","v":""},null,false,{"$f":"IF(AN918=TRUE,COUNTIF($AN$32:AN918,TRUE()),\"\")","v":""},{"$f":"IFERROR(INDEX($AD:$AD,MATCH(ROWS($AD$32:$AD918),$AO:$AO,0)),\"\")","v":""}]
[null,null,null,null,null,null,null,null,null,null,null,null,null,null,null,null,null,null,null,null,null,null,null,null,null,null,null,null,null,{"$f":"'Baza klientów'!B888","v":0},false,{"$f":"IF(AE919=TRUE,COUNTIF($AE$32:AE919,TRUE()),\"\")","v":""},{"$f":"IFERROR(INDEX($AD:$AD,MATCH(ROWS($AD$32:AD919),$AF:$AF,0)),\"\")","v":""},null,null,false,{"$f":"IF(AJ919=TRUE,COUNTIF($AJ$32:AJ919,TRUE()),\"\")","v":""},{"$f":"IFERROR(INDEX($AD:$AD,MATCH(ROWS($AD$32:AD919),$AK:$AK,0)),\"\")","v":""},null,false,{"$f":"IF(AN919=TRUE,COUNTIF($AN$32:AN919,TRUE()),\"\")","v":""},{"$f":"IFERROR(INDEX($AD:$AD,MATCH(ROWS($AD$32:$AD919),$AO:$AO,0)),\"\")","v":""}]
[null,null,null,null,null,null,null,null,null,null,null,null,null,null,null,null,null,null,null,null,null,null,null,null,null,null,null,null,null,{"$f":"'Baza klientów'!B889","v":0},false,{"$f":"IF(AE920=TRUE,COUNTIF($AE$32:AE920,TRUE()),\"\")","v":""},{"$f":"IFERROR(INDEX($AD:$AD,MATCH(ROWS($AD$32:AD920),$AF:$AF,0)),\"\")","v":""},null,null,false,{"$f":"IF(AJ920=TRUE,COUNTIF($AJ$32:AJ920,TRUE()),\"\")","v":""},{"$f":"IFERROR(INDEX($AD:$AD,MATCH(ROWS($AD$32:AD920),$AK:$AK,0)),\"\")","v":""},null,false,{"$f":"IF(AN920=TRUE,COUNTIF($AN$32:AN920,TRUE()),\"\")","v":""},{"$f":"IFERROR(INDEX($AD:$AD,MATCH(ROWS($AD$32:$AD920),$AO:$AO,0)),\"\")","v":""}]
[null,null,null,null,null,null,null,null,null,null,null,null,null,null,null,null,null,null,null,null,null,null,null,null,null,null,null,null,null,{"$f":"'Baza klientów'!B890","v":0},false,{"$f":"IF(AE921=TRUE,COUNTIF($AE$32:AE921,TRUE()),\"\")","v":""},{"$f":"IFERROR(INDEX($AD:$AD,MATCH(ROWS($AD$32:AD921),$AF:$AF,0)),\"\")","v":""},null,null,false,{"$f":"IF(AJ921=TRUE,COUNTIF($AJ$32:AJ921,TRUE()),\"\")","v":""},{"$f":"IFERROR(INDEX($AD:$AD,MATCH(ROWS($AD$32:AD921),$AK:$AK,0)),\"\")","v":""},null,false,{"$f":"IF(AN921=TRUE,COUNTIF($AN$32:AN921,TRUE()),\"\")","v":""},{"$f":"IFERROR(INDEX($AD:$AD,MATCH(ROWS($AD$32:$AD921),$AO:$AO,0)),\"\")","v":""}]
[null,null,null,null,null,null,null,null,null,null,null,null,null,null,null,null,null,null,null,null,null,null,null,null,null,null,null,null,null,{"$f":"'Baza klientów'!B891","v":0},false,{"$f":"IF(AE922=TRUE,COUNTIF($AE$32:AE922,TRUE()),\"\")","v":""},{"$f":"IFERROR(INDEX($AD:$AD,MATCH(ROWS($AD$32:AD922),$AF:$AF,0)),\"\")","v":""},null,null,false,{"$f":"IF(AJ922=TRUE,COUNTIF($AJ$32:AJ922,TRUE()),\"\")","v":""},{"$f":"IFERROR(INDEX($AD:$AD,MATCH(ROWS($AD$32:AD922),$AK:$AK,0)),\"\")","v":""},null,false,{"$f":"IF(AN922=TRUE,COUNTIF($AN$32:AN922,TRUE()),\"\")","v":""},{"$f":"IFERROR(INDEX($AD:$AD,MATCH(ROWS($AD$32:$AD922),$AO:$AO,0)),\"\")","v":""}]
[null,null,null,null,null,null,null,null,null,null,null,null,null,null,null,null,null,null,null,null,null,null,null,null,null,null,null,null,null,{"$f":"'Baza klientów'!B892","v":0},false,{"$f":"IF(AE923=TRUE,COUNTIF($AE$32:AE923,TRUE()),\"\")","v":""},{"$f":"IFERROR(INDEX($AD:$AD,MATCH(ROWS($AD$32:AD923),$AF:$AF,0)),\"\")","v":""},null,null,false,{"$f":"IF(AJ923=TRUE,COUNTIF($AJ$32:AJ923,TRUE()),\"\")","v":""},{"$f":"IFERROR(INDEX($AD:$AD,MATCH(ROWS($AD$32:AD923),$AK:$AK,0)),\"\")","v":""},null,false,{"$f":"IF(AN923=TRUE,COUNTIF($AN$32:AN923,TRUE()),\"\")","v":""},{"$f":"IFERROR(INDEX($AD:$AD,MATCH(ROWS($AD$32:$AD923),$AO:$AO,0)),\"\")","v":""}]
[null,null,null,null,null,null,null,null,null,null,null,null,null,null,null,null,null,null,null,null,null,null,null,null,null,null,null,null,null,{"$f":"'Baza klientów'!B893","v":0},false,{"$f":"IF(AE924=TRUE,COUNTIF($AE$32:AE924,TRUE()),\"\")","v":""},{"$f":"IFERROR(INDEX($AD:$AD,MATCH(ROWS($AD$32:AD924),$AF:$AF,0)),\"\")","v":""},null,null,false,{"$f":"IF(AJ924=TRUE,COUNTIF($AJ$32:AJ924,TRUE()),\"\")","v":""},{"$f":"IFERROR(INDEX($AD:$AD,MATCH(ROWS($AD$32:AD924),$AK:$AK,0)),\"\")","v":""},null,false,{"$f":"IF(AN924=TRUE,COUNTIF($AN$32:AN924,TRUE()),\"\")","v":""},{"$f":"IFERROR(INDEX($AD:$AD,MATCH(ROWS($AD$32:$AD924),$AO:$AO,0)),\"\")","v":""}]
[null,null,null,null,null,null,null,null,null,null,null,null,null,null,null,null,null,null,null,null,null,null,null,null,null,null,null,null,null,{"$f":"'Baza klientów'!B894","v":0},false,{"$f":"IF(AE925=TRUE,COUNTIF($AE$32:AE925,TRUE()),\"\")","v":""},{"$f":"IFERROR(INDEX($AD:$AD,MATCH(ROWS($AD$32:AD925),$AF:$AF,0)),\"\")","v":""},null,null,false,{"$f":"IF(AJ925=TRUE,COUNTIF($AJ$32:AJ925,TRUE()),\"\")","v":""},{"$f":"IFERROR(INDEX($AD:$AD,MATCH(ROWS($AD$32:AD925),$AK:$AK,0)),\"\")","v":""},null,false,{"$f":"IF(AN925=TRUE,COUNTIF($AN$32:AN925,TRUE()),\"\")","v":""},{"$f":"IFERROR(INDEX($AD:$AD,MATCH(ROWS($AD$32:$AD925),$AO:$AO,0)),\"\")","v":""}]
[null,null,null,null,null,null,null,null,null,null,null,null,null,null,null,null,null,null,null,null,null,null,null,null,null,null,null,null,null,{"$f":"'Baza klientów'!B895","v":0},false,{"$f":"IF(AE926=TRUE,COUNTIF($AE$32:AE926,TRUE()),\"\")","v":""},{"$f":"IFERROR(INDEX($AD:$AD,MATCH(ROWS($AD$32:AD926),$AF:$AF,0)),\"\")","v":""},null,null,false,{"$f":"IF(AJ926=TRUE,COUNTIF($AJ$32:AJ926,TRUE()),\"\")","v":""},{"$f":"IFERROR(INDEX($AD:$AD,MATCH(ROWS($AD$32:AD926),$AK:$AK,0)),\"\")","v":""},null,false,{"$f":"IF(AN926=TRUE,COUNTIF($AN$32:AN926,TRUE()),\"\")","v":""},{"$f":"IFERROR(INDEX($AD:$AD,MATCH(ROWS($AD$32:$AD926),$AO:$AO,0)),\"\")","v":""}]
[null,null,null,null,null,null,null,null,null,null,null,null,null,null,null,null,null,null,null,null,null,null,null,null,null,null,null,null,null,{"$f":"'Baza klientów'!B896","v":0},false,{"$f":"IF(AE927=TRUE,COUNTIF($AE$32:AE927,TRUE()),\"\")","v":""},{"$f":"IFERROR(INDEX($AD:$AD,MATCH(ROWS($AD$32:AD927),$AF:$AF,0)),\"\")","v":""},null,null,false,{"$f":"IF(AJ927=TRUE,COUNTIF($AJ$32:AJ927,TRUE()),\"\")","v":""},{"$f":"IFERROR(INDEX($AD:$AD,MATCH(ROWS($AD$32:AD927),$AK:$AK,0)),\"\")","v":""},null,false,{"$f":"IF(AN927=TRUE,COUNTIF($AN$32:AN927,TRUE()),\"\")","v":""},{"$f":"IFERROR(INDEX($AD:$AD,MATCH(ROWS($AD$32:$AD927),$AO:$AO,0)),\"\")","v":""}]
[null,null,null,null,null,null,null,null,null,null,null,null,null,null,null,null,null,null,null,null,null,null,null,null,null,null,null,null,null,{"$f":"'Baza klientów'!B897","v":0},false,{"$f":"IF(AE928=TRUE,COUNTIF($AE$32:AE928,TRUE()),\"\")","v":""},{"$f":"IFERROR(INDEX($AD:$AD,MATCH(ROWS($AD$32:AD928),$AF:$AF,0)),\"\")","v":""},null,null,false,{"$f":"IF(AJ928=TRUE,COUNTIF($AJ$32:AJ928,TRUE()),\"\")","v":""},{"$f":"IFERROR(INDEX($AD:$AD,MATCH(ROWS($AD$32:AD928),$AK:$AK,0)),\"\")","v":""},null,false,{"$f":"IF(AN928=TRUE,COUNTIF($AN$32:AN928,TRUE()),\"\")","v":""},{"$f":"IFERROR(INDEX($AD:$AD,MATCH(ROWS($AD$32:$AD928),$AO:$AO,0)),\"\")","v":""}]
[null,null,null,null,null,null,null,null,null,null,null,null,null,null,null,null,null,null,null,null,null,null,null,null,null,null,null,null,null,{"$f":"'Baza klientów'!B898","v":0},{"$f":"ISNUMBER(SEARCH($AH$32,AD929))","v":false},{"$f":"IF(AE929=TRUE,COUNTIF($AE$32:AE929,TRUE()),\"\")","v":""},{"$f":"IFERROR(INDEX($AD:$AD,MATCH(ROWS($AD$32:AD929),$AF:$AF,0)),\"\")","v":""},null,null,{"$f":"ISNUMBER(SEARCH($AM$31,AD929))","v":false},{"$f":"IF(AJ929=TRUE,COUNTIF($AJ$32:AJ929,TRUE()),\"\")","v":""},{"$f":"IFERROR(INDEX($AD:$AD,MATCH(ROWS($AD$32:AD929),$AK:$AK,0)),\"\")","v":""},null,{"$f":"ISNUMBER(SEARCH($AQ$31,$AD929))","v":false},{"$f":"IF(AN929=TRUE,COUNTIF($AN$32:AN929,TRUE()),\"\")","v":""},{"$f":"IFERROR(INDEX($AD:$AD,MATCH(ROWS($AD$32:$AD929),$AO:$AO,0)),\"\")","v":""}]
[null,null,null,null,null,null,null,null,null,null,null,null,null,null,null,null,null,null,null,null,null,null,null,null,null,null,null,null,null,{"$f":"'Baza klientów'!B899","v":0},false,{"$f":"IF(AE930=TRUE,COUNTIF($AE$32:AE930,TRUE()),\"\")","v":""},{"$f":"IFERROR(INDEX($AD:$AD,MATCH(ROWS($AD$32:AD930),$AF:$AF,0)),\"\")","v":""},null,null,false,{"$f":"IF(AJ930=TRUE,COUNTIF($AJ$32:AJ930,TRUE()),\"\")","v":""},{"$f":"IFERROR(INDEX($AD:$AD,MATCH(ROWS($AD$32:AD930),$AK:$AK,0)),\"\")","v":""},null,false,{"$f":"IF(AN930=TRUE,COUNTIF($AN$32:AN930,TRUE()),\"\")","v":""},{"$f":"IFERROR(INDEX($AD:$AD,MATCH(ROWS($AD$32:$AD930),$AO:$AO,0)),\"\")","v":""}]
[null,null,null,null,null,null,null,null,null,null,null,null,null,null,null,null,null,null,null,null,null,null,null,null,null,null,null,null,null,{"$f":"'Baza klientów'!B900","v":0},false,{"$f":"IF(AE931=TRUE,COUNTIF($AE$32:AE931,TRUE()),\"\")","v":""},{"$f":"IFERROR(INDEX($AD:$AD,MATCH(ROWS($AD$32:AD931),$AF:$AF,0)),\"\")","v":""},null,null,false,{"$f":"IF(AJ931=TRUE,COUNTIF($AJ$32:AJ931,TRUE()),\"\")","v":""},{"$f":"IFERROR(INDEX($AD:$AD,MATCH(ROWS($AD$32:AD931),$AK:$AK,0)),\"\")","v":""},null,false,{"$f":"IF(AN931=TRUE,COUNTIF($AN$32:AN931,TRUE()),\"\")","v":""},{"$f":"IFERROR(INDEX($AD:$AD,MATCH(ROWS($AD$32:$AD931),$AO:$AO,0)),\"\")","v":""}]
[null,null,null,null,null,null,null,null,null,null,null,null,null,null,null,null,null,null,null,null,null,null,null,null,null,null,null,null,null,{"$f":"'Baza klientów'!B901","v":0},false,{"$f":"IF(AE932=TRUE,COUNTIF($AE$32:AE932,TRUE()),\"\")","v":""},{"$f":"IFERROR(INDEX($AD:$AD,MATCH(ROWS($AD$32:AD932),$AF:$AF,0)),\"\")","v":""},null,null,false,{"$f":"IF(AJ932=TRUE,COUNTIF($AJ$32:AJ932,TRUE()),\"\")","v":""},{"$f":"IFERROR(INDEX($AD:$AD,MATCH(ROWS($AD$32:AD932),$AK:$AK,0)),\"\")","v":""},null,false,{"$f":"IF(AN932=TRUE,COUNTIF($AN$32:AN932,TRUE()),\"\")","v":""},{"$f":"IFERROR(INDEX($AD:$AD,MATCH(ROWS($AD$32:$AD932),$AO:$AO,0)),\"\")","v":""}]
[null,null,null,null,null,null,null,null,null,null,null,null,null,null,null,null,null,null,null,null,null,null,null,null,null,null,null,null,null,{"$f":"'Baza klientów'!B902","v":0},false,{"$f":"IF(AE933=TRUE,COUNTIF($AE$32:AE933,TRUE()),\"\")","v":""},{"$f":"IFERROR(INDEX($AD:$AD,MATCH(ROWS($AD$32:AD933),$AF:$AF,0)),\"\")","v":""},null,null,false,{"$f":"IF(AJ933=TRUE,COUNTIF($AJ$32:AJ933,TRUE()),\"\")","v":""},{"$f":"IFERROR(INDEX($AD:$AD,MATCH(ROWS($AD$32:AD933),$AK:$AK,0)),\"\")","v":""},null,false,{"$f":"IF(AN933=TRUE,COUNTIF($AN$32:AN933,TRUE()),\"\")","v":""},{"$f":"IFERROR(INDEX($AD:$AD,MATCH(ROWS($AD$32:$AD933),$AO:$AO,0)),\"\")","v":""}]
[null,null,null,null,null,null,null,null,null,null,null,null,null,null,null,null,null,null,null,null,null,null,null,null,null,null,null,null,null,{"$f":"'Baza klientów'!B903","v":0},false,{"$f":"IF(AE934=TRUE,COUNTIF($AE$32:AE934,TRUE()),\"\")","v":""},{"$f":"IFERROR(INDEX($AD:$AD,MATCH(ROWS($AD$32:AD934),$AF:$AF,0)),\"\")","v":""},null,null,false,{"$f":"IF(AJ934=TRUE,COUNTIF($AJ$32:AJ934,TRUE()),\"\")","v":""},{"$f":"IFERROR(INDEX($AD:$AD,MATCH(ROWS($AD$32:AD934),$AK:$AK,0)),\"\")","v":""},null,false,{"$f":"IF(AN934=TRUE,COUNTIF($AN$32:AN934,TRUE()),\"\")","v":""},{"$f":"IFERROR(INDEX($AD:$AD,MATCH(ROWS($AD$32:$AD934),$AO:$AO,0)),\"\")","v":""}]
[null,null,null,null,null,null,null,null,null,null,null,null,null,null,null,null,null,null,null,null,null,null,null,null,null,null,null,null,null,{"$f":"'Baza klientów'!B904","v":0},false,{"$f":"IF(AE935=TRUE,COUNTIF($AE$32:AE935,TRUE()),\"\")","v":""},{"$f":"IFERROR(INDEX($AD:$AD,MATCH(ROWS($AD$32:AD935),$AF:$AF,0)),\"\")","v":""},null,null,false,{"$f":"IF(AJ935=TRUE,COUNTIF($AJ$32:AJ935,TRUE()),\"\")","v":""},{"$f":"IFERROR(INDEX($AD:$AD,MATCH(ROWS($AD$32:AD935),$AK:$AK,0)),\"\")","v":""},null,false,{"$f":"IF(AN935=TRUE,COUNTIF($AN$32:AN935,TRUE()),\"\")","v":""},{"$f":"IFERROR(INDEX($AD:$AD,MATCH(ROWS($AD$32:$AD935),$AO:$AO,0)),\"\")","v":""}]
[null,null,null,null,null,null,null,null,null,null,null,null,null,null,null,null,null,null,null,null,null,null,null,null,null,null,null,null,null,{"$f":"'Baza klientów'!B905","v":0},false,{"$f":"IF(AE936=TRUE,COUNTIF($AE$32:AE936,TRUE()),\"\")","v":""},{"$f":"IFERROR(INDEX($AD:$AD,MATCH(ROWS($AD$32:AD936),$AF:$AF,0)),\"\")","v":""},null,null,false,{"$f":"IF(AJ936=TRUE,COUNTIF($AJ$32:AJ936,TRUE()),\"\")","v":""},{"$f":"IFERROR(INDEX($AD:$AD,MATCH(ROWS($AD$32:AD936),$AK:$AK,0)),\"\")","v":""},null,false,{"$f":"IF(AN936=TRUE,COUNTIF($AN$32:AN936,TRUE()),\"\")","v":""},{"$f":"IFERROR(INDEX($AD:$AD,MATCH(ROWS($AD$32:$AD936),$AO:$AO,0)),\"\")","v":""}]
[null,null,null,null,null,null,null,null,null,null,null,null,null,null,null,null,null,null,null,null,null,null,null,null,null,null,null,null,null,{"$f":"'Baza klientów'!B906","v":0},false,{"$f":"IF(AE937=TRUE,COUNTIF($AE$32:AE937,TRUE()),\"\")","v":""},{"$f":"IFERROR(INDEX($AD:$AD,MATCH(ROWS($AD$32:AD937),$AF:$AF,0)),\"\")","v":""},null,null,false,{"$f":"IF(AJ937=TRUE,COUNTIF($AJ$32:AJ937,TRUE()),\"\")","v":""},{"$f":"IFERROR(INDEX($AD:$AD,MATCH(ROWS($AD$32:AD937),$AK:$AK,0)),\"\")","v":""},null,false,{"$f":"IF(AN937=TRUE,COUNTIF($AN$32:AN937,TRUE()),\"\")","v":""},{"$f":"IFERROR(INDEX($AD:$AD,MATCH(ROWS($AD$32:$AD937),$AO:$AO,0)),\"\")","v":""}]
[null,null,null,null,null,null,null,null,null,null,null,null,null,null,null,null,null,null,null,null,null,null,null,null,null,null,null,null,null,{"$f":"'Baza klientów'!B907","v":0},false,{"$f":"IF(AE938=TRUE,COUNTIF($AE$32:AE938,TRUE()),\"\")","v":""},{"$f":"IFERROR(INDEX($AD:$AD,MATCH(ROWS($AD$32:AD938),$AF:$AF,0)),\"\")","v":""},null,null,false,{"$f":"IF(AJ938=TRUE,COUNTIF($AJ$32:AJ938,TRUE()),\"\")","v":""},{"$f":"IFERROR(INDEX($AD:$AD,MATCH(ROWS($AD$32:AD938),$AK:$AK,0)),\"\")","v":""},null,false,{"$f":"IF(AN938=TRUE,COUNTIF($AN$32:AN938,TRUE()),\"\")","v":""},{"$f":"IFERROR(INDEX($AD:$AD,MATCH(ROWS($AD$32:$AD938),$AO:$AO,0)),\"\")","v":""}]
[null,null,null,null,null,null,null,null,null,null,null,null,null,null,null,null,null,null,null,null,null,null,null,null,null,null,null,null,null,{"$f":"'Baza klientów'!B908","v":0},false,{"$f":"IF(AE939=TRUE,COUNTIF($AE$32:AE939,TRUE()),\"\")","v":""},{"$f":"IFERROR(INDEX($AD:$AD,MATCH(ROWS($AD$32:AD939),$AF:$AF,0)),\"\")","v":""},null,null,false,{"$f":"IF(AJ939=TRUE,COUNTIF($AJ$32:AJ939,TRUE()),\"\")","v":""},{"$f":"IFERROR(INDEX($AD:$AD,MATCH(ROWS($AD$32:AD939),$AK:$AK,0)),\"\")","v":""},null,false,{"$f":"IF(AN939=TRUE,COUNTIF($AN$32:AN939,TRUE()),\"\")","v":""},{"$f":"IFERROR(INDEX($AD:$AD,MATCH(ROWS($AD$32:$AD939),$AO:$AO,0)),\"\")","v":""}]
[null,null,null,null,null,null,null,null,null,null,null,null,null,null,null,null,null,null,null,null,null,null,null,null,null,null,null,null,null,{"$f":"'Baza klientów'!B909","v":0},false,{"$f":"IF(AE940=TRUE,COUNTIF($AE$32:AE940,TRUE()),\"\")","v":""},{"$f":"IFERROR(INDEX($AD:$AD,MATCH(ROWS($AD$32:AD940),$AF:$AF,0)),\"\")","v":""},null,null,false,{"$f":"IF(AJ940=TRUE,COUNTIF($AJ$32:AJ940,TRUE()),\"\")","v":""},{"$f":"IFERROR(INDEX($AD:$AD,MATCH(ROWS($AD$32:AD940),$AK:$AK,0)),\"\")","v":""},null,false,{"$f":"IF(AN940=TRUE,COUNTIF($AN$32:AN940,TRUE()),\"\")","v":""},{"$f":"IFERROR(INDEX($AD:$AD,MATCH(ROWS($AD$32:$AD940),$AO:$AO,0)),\"\")","v":""}]
[null,null,null,null,null,null,null,null,null,null,null,null,null,null,null,null,null,null,null,null,null,null,null,null,null,null,null,null,null,{"$f":"'Baza klientów'!B910","v":0},false,{"$f":"IF(AE941=TRUE,COUNTIF($AE$32:AE941,TRUE()),\"\")","v":""},{"$f":"IFERROR(INDEX($AD:$AD,MATCH(ROWS($AD$32:AD941),$AF:$AF,0)),\"\")","v":""},null,null,false,{"$f":"IF(AJ941=TRUE,COUNTIF($AJ$32:AJ941,TRUE()),\"\")","v":""},{"$f":"IFERROR(INDEX($AD:$AD,MATCH(ROWS($AD$32:AD941),$AK:$AK,0)),\"\")","v":""},null,false,{"$f":"IF(AN941=TRUE,COUNTIF($AN$32:AN941,TRUE()),\"\")","v":""},{"$f":"IFERROR(INDEX($AD:$AD,MATCH(ROWS($AD$32:$AD941),$AO:$AO,0)),\"\")","v":""}]
[null,null,null,null,null,null,null,null,null,null,null,null,null,null,null,null,null,null,null,null,null,null,null,null,null,null,null,null,null,{"$f":"'Baza klientów'!B911","v":0},false,{"$f":"IF(AE942=TRUE,COUNTIF($AE$32:AE942,TRUE()),\"\")","v":""},{"$f":"IFERROR(INDEX($AD:$AD,MATCH(ROWS($AD$32:AD942),$AF:$AF,0)),\"\")","v":""},null,null,false,{"$f":"IF(AJ942=TRUE,COUNTIF($AJ$32:AJ942,TRUE()),\"\")","v":""},{"$f":"IFERROR(INDEX($AD:$AD,MATCH(ROWS($AD$32:AD942),$AK:$AK,0)),\"\")","v":""},null,false,{"$f":"IF(AN942=TRUE,COUNTIF($AN$32:AN942,TRUE()),\"\")","v":""},{"$f":"IFERROR(INDEX($AD:$AD,MATCH(ROWS($AD$32:$AD942),$AO:$AO,0)),\"\")","v":""}]
[null,null,null,null,null,null,null,null,null,null,null,null,null,null,null,null,null,null,null,null,null,null,null,null,null,null,null,null,null,{"$f":"'Baza klientów'!B912","v":0},false,{"$f":"IF(AE943=TRUE,COUNTIF($AE$32:AE943,TRUE()),\"\")","v":""},{"$f":"IFERROR(INDEX($AD:$AD,MATCH(ROWS($AD$32:AD943),$AF:$AF,0)),\"\")","v":""},null,null,false,{"$f":"IF(AJ943=TRUE,COUNTIF($AJ$32:AJ943,TRUE()),\"\")","v":""},{"$f":"IFERROR(INDEX($AD:$AD,MATCH(ROWS($AD$32:AD943),$AK:$AK,0)),\"\")","v":""},null,false,{"$f":"IF(AN943=TRUE,COUNTIF($AN$32:AN943,TRUE()),\"\")","v":""},{"$f":"IFERROR(INDEX($AD:$AD,MATCH(ROWS($AD$32:$AD943),$AO:$AO,0)),\"\")","v":""}]
[null,null,null,null,null,null,null,null,null,null,null,null,null,null,null,null,null,null,null,null,null,null,null,null,null,null,null,null,null,{"$f":"'Baza klientów'!B913","v":0},false,{"$f":"IF(AE944=TRUE,COUNTIF($AE$32:AE944,TRUE()),\"\")","v":""},{"$f":"IFERROR(INDEX($AD:$AD,MATCH(ROWS($AD$32:AD944),$AF:$AF,0)),\"\")","v":""},null,null,false,{"$f":"IF(AJ944=TRUE,COUNTIF($AJ$32:AJ944,TRUE()),\"\")","v":""},{"$f":"IFERROR(INDEX($AD:$AD,MATCH(ROWS($AD$32:AD944),$AK:$AK,0)),\"\")","v":""},null,false,{"$f":"IF(AN944=TRUE,COUNTIF($AN$32:AN944,TRUE()),\"\")","v":""},{"$f":"IFERROR(INDEX($AD:$AD,MATCH(ROWS($AD$32:$AD944),$AO:$AO,0)),\"\")","v":""}]
[null,null,null,null,null,null,null,null,null,null,null,null,null,null,null,null,null,null,null,null,null,null,null,null,null,null,null,null,null,{"$f":"'Baza klientów'!B914","v":0},false,{"$f":"IF(AE945=TRUE,COUNTIF($AE$32:AE945,TRUE()),\"\")","v":""},{"$f":"IFERROR(INDEX($AD:$AD,MATCH(ROWS($AD$32:AD945),$AF:$AF,0)),\"\")","v":""},null,null,false,{"$f":"IF(AJ945=TRUE,COUNTIF($AJ$32:AJ945,TRUE()),\"\")","v":""},{"$f":"IFERROR(INDEX($AD:$AD,MATCH(ROWS($AD$32:AD945),$AK:$AK,0)),\"\")","v":""},null,false,{"$f":"IF(AN945=TRUE,COUNTIF($AN$32:AN945,TRUE()),\"\")","v":""},{"$f":"IFERROR(INDEX($AD:$AD,MATCH(ROWS($AD$32:$AD945),$AO:$AO,0)),\"\")","v":""}]
[null,null,null,null,null,null,null,null,null,null,null,null,null,null,null,null,null,null,null,null,null,null,null,null,null,null,null,null,null,{"$f":"'Baza klientów'!B915","v":0},false,{"$f":"IF(AE946=TRUE,COUNTIF($AE$32:AE946,TRUE()),\"\")","v":""},{"$f":"IFERROR(INDEX($AD:$AD,MATCH(ROWS($AD$32:AD946),$AF:$AF,0)),\"\")","v":""},null,null,false,{"$f":"IF(AJ946=TRUE,COUNTIF($AJ$32:AJ946,TRUE()),\"\")","v":""},{"$f":"IFERROR(INDEX($AD:$AD,MATCH(ROWS($AD$32:AD946),$AK:$AK,0)),\"\")","v":""},null,false,{"$f":"IF(AN946=TRUE,COUNTIF($AN$32:AN946,TRUE()),\"\")","v":""},{"$f":"IFERROR(INDEX($AD:$AD,MATCH(ROWS($AD$32:$AD946),$AO:$AO,0)),\"\")","v":""}]
[null,null,null,null,null,null,null,null,null,null,null,null,null,null,null,null,null,null,null,null,null,null,null,null,null,null,null,null,null,{"$f":"'Baza klientów'!B916","v":0},false,{"$f":"IF(AE947=TRUE,COUNTIF($AE$32:AE947,TRUE()),\"\")","v":""},{"$f":"IFERROR(INDEX($AD:$AD,MATCH(ROWS($AD$32:AD947),$AF:$AF,0)),\"\")","v":""},null,null,false,{"$f":"IF(AJ947=TRUE,COUNTIF($AJ$32:AJ947,TRUE()),\"\")","v":""},{"$f":"IFERROR(INDEX($AD:$AD,MATCH(ROWS($AD$32:AD947),$AK:$AK,0)),\"\")","v":""},null,false,{"$f":"IF(AN947=TRUE,COUNTIF($AN$32:AN947,TRUE()),\"\")","v":""},{"$f":"IFERROR(INDEX($AD:$AD,MATCH(ROWS($AD$32:$AD947),$AO:$AO,0)),\"\")","v":""}]
[null,null,null,null,null,null,null,null,null,null,null,null,null,null,null,null,null,null,null,null,null,null,null,null,null,null,null,null,null,{"$f":"'Baza klientów'!B917","v":0},false,{"$f":"IF(AE948=TRUE,COUNTIF($AE$32:AE948,TRUE()),\"\")","v":""},{"$f":"IFERROR(INDEX($AD:$AD,MATCH(ROWS($AD$32:AD948),$AF:$AF,0)),\"\")","v":""},null,null,false,{"$f":"IF(AJ948=TRUE,COUNTIF($AJ$32:AJ948,TRUE()),\"\")","v":""},{"$f":"IFERROR(INDEX($AD:$AD,MATCH(ROWS($AD$32:AD948),$AK:$AK,0)),\"\")","v":""},null,false,{"$f":"IF(AN948=TRUE,COUNTIF($AN$32:AN948,TRUE()),\"\")","v":""},{"$f":"IFERROR(INDEX($AD:$AD,MATCH(ROWS($AD$32:$AD948),$AO:$AO,0)),\"\")","v":""}]
[null,null,null,null,null,null,null,null,null,null,null,null,null,null,null,null,null,null,null,null,null,null,null,null,null,null,null,null,null,{"$f":"'Baza klientów'!B918","v":0},false,{"$f":"IF(AE949=TRUE,COUNTIF($AE$32:AE949,TRUE()),\"\")","v":""},{"$f":"IFERROR(INDEX($AD:$AD,MATCH(ROWS($AD$32:AD949),$AF:$AF,0)),\"\")","v":""},null,null,false,{"$f":"IF(AJ949=TRUE,COUNTIF($AJ$32:AJ949,TRUE()),\"\")","v":""},{"$f":"IFERROR(INDEX($AD:$AD,MATCH(ROWS($AD$32:AD949),$AK:$AK,0)),\"\")","v":""},null,false,{"$f":"IF(AN949=TRUE,COUNTIF($AN$32:AN949,TRUE()),\"\")","v":""},{"$f":"IFERROR(INDEX($AD:$AD,MATCH(ROWS($AD$32:$AD949),$AO:$AO,0)),\"\")","v":""}]
[null,null,null,null,null,null,null,null,null,null,null,null,null,null,null,null,null,null,null,null,null,null,null,null,null,null,null,null,null,{"$f":"'Baza klientów'!B919","v":0},false,{"$f":"IF(AE950=TRUE,COUNTIF($AE$32:AE950,TRUE()),\"\")","v":""},{"$f":"IFERROR(INDEX($AD:$AD,MATCH(ROWS($AD$32:AD950),$AF:$AF,0)),\"\")","v":""},null,null,false,{"$f":"IF(AJ950=TRUE,COUNTIF($AJ$32:AJ950,TRUE()),\"\")","v":""},{"$f":"IFERROR(INDEX($AD:$AD,MATCH(ROWS($AD$32:AD950),$AK:$AK,0)),\"\")","v":""},null,false,{"$f":"IF(AN950=TRUE,COUNTIF($AN$32:AN950,TRUE()),\"\")","v":""},{"$f":"IFERROR(INDEX($AD:$AD,MATCH(ROWS($AD$32:$AD950),$AO:$AO,0)),\"\")","v":""}]
[null,null,null,null,null,null,null,null,null,null,null,null,null,null,null,null,null,null,null,null,null,null,null,null,null,null,null,null,null,{"$f":"'Baza klientów'!B920","v":0},false,{"$f":"IF(AE951=TRUE,COUNTIF($AE$32:AE951,TRUE()),\"\")","v":""},{"$f":"IFERROR(INDEX($AD:$AD,MATCH(ROWS($AD$32:AD951),$AF:$AF,0)),\"\")","v":""},null,null,false,{"$f":"IF(AJ951=TRUE,COUNTIF($AJ$32:AJ951,TRUE()),\"\")","v":""},{"$f":"IFERROR(INDEX($AD:$AD,MATCH(ROWS($AD$32:AD951),$AK:$AK,0)),\"\")","v":""},null,false,{"$f":"IF(AN951=TRUE,COUNTIF($AN$32:AN951,TRUE()),\"\")","v":""},{"$f":"IFERROR(INDEX($AD:$AD,MATCH(ROWS($AD$32:$AD951),$AO:$AO,0)),\"\")","v":""}]
[null,null,null,null,null,null,null,null,null,null,null,null,null,null,null,null,null,null,null,null,null,null,null,null,null,null,null,null,null,{"$f":"'Baza klientów'!B921","v":0},false,{"$f":"IF(AE952=TRUE,COUNTIF($AE$32:AE952,TRUE()),\"\")","v":""},{"$f":"IFERROR(INDEX($AD:$AD,MATCH(ROWS($AD$32:AD952),$AF:$AF,0)),\"\")","v":""},null,null,false,{"$f":"IF(AJ952=TRUE,COUNTIF($AJ$32:AJ952,TRUE()),\"\")","v":""},{"$f":"IFERROR(INDEX($AD:$AD,MATCH(ROWS($AD$32:AD952),$AK:$AK,0)),\"\")","v":""},null,false,{"$f":"IF(AN952=TRUE,COUNTIF($AN$32:AN952,TRUE()),\"\")","v":""},{"$f":"IFERROR(INDEX($AD:$AD,MATCH(ROWS($AD$32:$AD952),$AO:$AO,0)),\"\")","v":""}]
[null,null,null,null,null,null,null,null,null,null,null,null,null,null,null,null,null,null,null,null,null,null,null,null,null,null,null,null,null,{"$f":"'Baza klientów'!B922","v":0},false,{"$f":"IF(AE953=TRUE,COUNTIF($AE$32:AE953,TRUE()),\"\")","v":""},{"$f":"IFERROR(INDEX($AD:$AD,MATCH(ROWS($AD$32:AD953),$AF:$AF,0)),\"\")","v":""},null,null,false,{"$f":"IF(AJ953=TRUE,COUNTIF($AJ$32:AJ953,TRUE()),\"\")","v":""},{"$f":"IFERROR(INDEX($AD:$AD,MATCH(ROWS($AD$32:AD953),$AK:$AK,0)),\"\")","v":""},null,false,{"$f":"IF(AN953=TRUE,COUNTIF($AN$32:AN953,TRUE()),\"\")","v":""},{"$f":"IFERROR(INDEX($AD:$AD,MATCH(ROWS($AD$32:$AD953),$AO:$AO,0)),\"\")","v":""}]
[null,null,null,null,null,null,null,null,null,null,null,null,null,null,null,null,null,null,null,null,null,null,null,null,null,null,null,null,null,{"$f":"'Baza klientów'!B923","v":0},false,{"$f":"IF(AE954=TRUE,COUNTIF($AE$32:AE954,TRUE()),\"\")","v":""},{"$f":"IFERROR(INDEX($AD:$AD,MATCH(ROWS($AD$32:AD954),$AF:$AF,0)),\"\")","v":""},null,null,false,{"$f":"IF(AJ954=TRUE,COUNTIF($AJ$32:AJ954,TRUE()),\"\")","v":""},{"$f":"IFERROR(INDEX($AD:$AD,MATCH(ROWS($AD$32:AD954),$AK:$AK,0)),\"\")","v":""},null,false,{"$f":"IF(AN954=TRUE,COUNTIF($AN$32:AN954,TRUE()),\"\")","v":""},{"$f":"IFERROR(INDEX($AD:$AD,MATCH(ROWS($AD$32:$AD954),$AO:$AO,0)),\"\")","v":""}]
[null,null,null,null,null,null,null,null,null,null,null,null,null,null,null,null,null,null,null,null,null,null,null,null,null,null,null,null,null,{"$f":"'Baza klientów'!B924","v":0},false,{"$f":"IF(AE955=TRUE,COUNTIF($AE$32:AE955,TRUE()),\"\")","v":""},{"$f":"IFERROR(INDEX($AD:$AD,MATCH(ROWS($AD$32:AD955),$AF:$AF,0)),\"\")","v":""},null,null,false,{"$f":"IF(AJ955=TRUE,COUNTIF($AJ$32:AJ955,TRUE()),\"\")","v":""},{"$f":"IFERROR(INDEX($AD:$AD,MATCH(ROWS($AD$32:AD955),$AK:$AK,0)),\"\")","v":""},null,false,{"$f":"IF(AN955=TRUE,COUNTIF($AN$32:AN955,TRUE()),\"\")","v":""},{"$f":"IFERROR(INDEX($AD:$AD,MATCH(ROWS($AD$32:$AD955),$AO:$AO,0)),\"\")","v":""}]
[null,null,null,null,null,null,null,null,null,null,null,null,null,null,null,null,null,null,null,null,null,null,null,null,null,null,null,null,null,{"$f":"'Baza klientów'!B925","v":0},false,{"$f":"IF(AE956=TRUE,COUNTIF($AE$32:AE956,TRUE()),\"\")","v":""},{"$f":"IFERROR(INDEX($AD:$AD,MATCH(ROWS($AD$32:AD956),$AF:$AF,0)),\"\")","v":""},null,null,false,{"$f":"IF(AJ956=TRUE,COUNTIF($AJ$32:AJ956,TRUE()),\"\")","v":""},{"$f":"IFERROR(INDEX($AD:$AD,MATCH(ROWS($AD$32:AD956),$AK:$AK,0)),\"\")","v":""},null,false,{"$f":"IF(AN956=TRUE,COUNTIF($AN$32:AN956,TRUE()),\"\")","v":""},{"$f":"IFERROR(INDEX($AD:$AD,MATCH(ROWS($AD$32:$AD956),$AO:$AO,0)),\"\")","v":""}]
[null,null,null,null,null,null,null,null,null,null,null,null,null,null,null,null,null,null,null,null,null,null,null,null,null,null,null,null,null,{"$f":"'Baza klientów'!B926","v":0},false,{"$f":"IF(AE957=TRUE,COUNTIF($AE$32:AE957,TRUE()),\"\")","v":""},{"$f":"IFERROR(INDEX($AD:$AD,MATCH(ROWS($AD$32:AD957),$AF:$AF,0)),\"\")","v":""},null,null,false,{"$f":"IF(AJ957=TRUE,COUNTIF($AJ$32:AJ957,TRUE()),\"\")","v":""},{"$f":"IFERROR(INDEX($AD:$AD,MATCH(ROWS($AD$32:AD957),$AK:$AK,0)),\"\")","v":""},null,false,{"$f":"IF(AN957=TRUE,COUNTIF($AN$32:AN957,TRUE()),\"\")","v":""},{"$f":"IFERROR(INDEX($AD:$AD,MATCH(ROWS($AD$32:$AD957),$AO:$AO,0)),\"\")","v":""}]
[null,null,null,null,null,null,null,null,null,null,null,null,null,null,null,null,null,null,null,null,null,null,null,null,null,null,null,null,null,{"$f":"'Baza klientów'!B927","v":0},false,{"$f":"IF(AE958=TRUE,COUNTIF($AE$32:AE958,TRUE()),\"\")","v":""},{"$f":"IFERROR(INDEX($AD:$AD,MATCH(ROWS($AD$32:AD958),$AF:$AF,0)),\"\")","v":""},null,null,false,{"$f":"IF(AJ958=TRUE,COUNTIF($AJ$32:AJ958,TRUE()),\"\")","v":""},{"$f":"IFERROR(INDEX($AD:$AD,MATCH(ROWS($AD$32:AD958),$AK:$AK,0)),\"\")","v":""},null,false,{"$f":"IF(AN958=TRUE,COUNTIF($AN$32:AN958,TRUE()),\"\")","v":""},{"$f":"IFERROR(INDEX($AD:$AD,MATCH(ROWS($AD$32:$AD958),$AO:$AO,0)),\"\")","v":""}]
[null,null,null,null,null,null,null,null,null,null,null,null,null,null,null,null,null,null,null,null,null,null,null,null,null,null,null,null,null,{"$f":"'Baza klientów'!B928","v":0},false,{"$f":"IF(AE959=TRUE,COUNTIF($AE$32:AE959,TRUE()),\"\")","v":""},{"$f":"IFERROR(INDEX($AD:$AD,MATCH(ROWS($AD$32:AD959),$AF:$AF,0)),\"\")","v":""},null,null,false,{"$f":"IF(AJ959=TRUE,COUNTIF($AJ$32:AJ959,TRUE()),\"\")","v":""},{"$f":"IFERROR(INDEX($AD:$AD,MATCH(ROWS($AD$32:AD959),$AK:$AK,0)),\"\")","v":""},null,false,{"$f":"IF(AN959=TRUE,COUNTIF($AN$32:AN959,TRUE()),\"\")","v":""},{"$f":"IFERROR(INDEX($AD:$AD,MATCH(ROWS($AD$32:$AD959),$AO:$AO,0)),\"\")","v":""}]
[null,null,null,null,null,null,null,null,null,null,null,null,null,null,null,null,null,null,null,null,null,null,null,null,null,null,null,null,null,{"$f":"'Baza klientów'!B929","v":0},false,{"$f":"IF(AE960=TRUE,COUNTIF($AE$32:AE960,TRUE()),\"\")","v":""},{"$f":"IFERROR(INDEX($AD:$AD,MATCH(ROWS($AD$32:AD960),$AF:$AF,0)),\"\")","v":""},null,null,false,{"$f":"IF(AJ960=TRUE,COUNTIF($AJ$32:AJ960,TRUE()),\"\")","v":""},{"$f":"IFERROR(INDEX($AD:$AD,MATCH(ROWS($AD$32:AD960),$AK:$AK,0)),\"\")","v":""},null,false,{"$f":"IF(AN960=TRUE,COUNTIF($AN$32:AN960,TRUE()),\"\")","v":""},{"$f":"IFERROR(INDEX($AD:$AD,MATCH(ROWS($AD$32:$AD960),$AO:$AO,0)),\"\")","v":""}]
[null,null,null,null,null,null,null,null,null,null,null,null,null,null,null,null,null,null,null,null,null,null,null,null,null,null,null,null,null,{"$f":"'Baza klientów'!B930","v":0},false,{"$f":"IF(AE961=TRUE,COUNTIF($AE$32:AE961,TRUE()),\"\")","v":""},{"$f":"IFERROR(INDEX($AD:$AD,MATCH(ROWS($AD$32:AD961),$AF:$AF,0)),\"\")","v":""},null,null,false,{"$f":"IF(AJ961=TRUE,COUNTIF($AJ$32:AJ961,TRUE()),\"\")","v":""},{"$f":"IFERROR(INDEX($AD:$AD,MATCH(ROWS($AD$32:AD961),$AK:$AK,0)),\"\")","v":""},null,false,{"$f":"IF(AN961=TRUE,COUNTIF($AN$32:AN961,TRUE()),\"\")","v":""},{"$f":"IFERROR(INDEX($AD:$AD,MATCH(ROWS($AD$32:$AD961),$AO:$AO,0)),\"\")","v":""}]
[null,null,null,null,null,null,null,null,null,null,null,null,null,null,null,null,null,null,null,null,null,null,null,null,null,null,null,null,null,{"$f":"'Baza klientów'!B931","v":0},false,{"$f":"IF(AE962=TRUE,COUNTIF($AE$32:AE962,TRUE()),\"\")","v":""},{"$f":"IFERROR(INDEX($AD:$AD,MATCH(ROWS($AD$32:AD962),$AF:$AF,0)),\"\")","v":""},null,null,false,{"$f":"IF(AJ962=TRUE,COUNTIF($AJ$32:AJ962,TRUE()),\"\")","v":""},{"$f":"IFERROR(INDEX($AD:$AD,MATCH(ROWS($AD$32:AD962),$AK:$AK,0)),\"\")","v":""},null,false,{"$f":"IF(AN962=TRUE,COUNTIF($AN$32:AN962,TRUE()),\"\")","v":""},{"$f":"IFERROR(INDEX($AD:$AD,MATCH(ROWS($AD$32:$AD962),$AO:$AO,0)),\"\")","v":""}]
[null,null,null,null,null,null,null,null,null,null,null,null,null,null,null,null,null,null,null,null,null,null,null,null,null,null,null,null,null,{"$f":"'Baza klientów'!B932","v":0},false,{"$f":"IF(AE963=TRUE,COUNTIF($AE$32:AE963,TRUE()),\"\")","v":""},{"$f":"IFERROR(INDEX($AD:$AD,MATCH(ROWS($AD$32:AD963),$AF:$AF,0)),\"\")","v":""},null,null,false,{"$f":"IF(AJ963=TRUE,COUNTIF($AJ$32:AJ963,TRUE()),\"\")","v":""},{"$f":"IFERROR(INDEX($AD:$AD,MATCH(ROWS($AD$32:AD963),$AK:$AK,0)),\"\")","v":""},null,false,{"$f":"IF(AN963=TRUE,COUNTIF($AN$32:AN963,TRUE()),\"\")","v":""},{"$f":"IFERROR(INDEX($AD:$AD,MATCH(ROWS($AD$32:$AD963),$AO:$AO,0)),\"\")","v":""}]
[null,null,null,null,null,null,null,null,null,null,null,null,null,null,null,null,null,null,null,null,null,null,null,null,null,null,null,null,null,{"$f":"'Baza klientów'!B933","v":0},false,{"$f":"IF(AE964=TRUE,COUNTIF($AE$32:AE964,TRUE()),\"\")","v":""},{"$f":"IFERROR(INDEX($AD:$AD,MATCH(ROWS($AD$32:AD964),$AF:$AF,0)),\"\")","v":""},null,null,false,{"$f":"IF(AJ964=TRUE,COUNTIF($AJ$32:AJ964,TRUE()),\"\")","v":""},{"$f":"IFERROR(INDEX($AD:$AD,MATCH(ROWS($AD$32:AD964),$AK:$AK,0)),\"\")","v":""},null,false,{"$f":"IF(AN964=TRUE,COUNTIF($AN$32:AN964,TRUE()),\"\")","v":""},{"$f":"IFERROR(INDEX($AD:$AD,MATCH(ROWS($AD$32:$AD964),$AO:$AO,0)),\"\")","v":""}]
[null,null,null,null,null,null,null,null,null,null,null,null,null,null,null,null,null,null,null,null,null,null,null,null,null,null,null,null,null,{"$f":"'Baza klientów'!B934","v":0},false,{"$f":"IF(AE965=TRUE,COUNTIF($AE$32:AE965,TRUE()),\"\")","v":""},{"$f":"IFERROR(INDEX($AD:$AD,MATCH(ROWS($AD$32:AD965),$AF:$AF,0)),\"\")","v":""},null,null,false,{"$f":"IF(AJ965=TRUE,COUNTIF($AJ$32:AJ965,TRUE()),\"\")","v":""},{"$f":"IFERROR(INDEX($AD:$AD,MATCH(ROWS($AD$32:AD965),$AK:$AK,0)),\"\")","v":""},null,false,{"$f":"IF(AN965=TRUE,COUNTIF($AN$32:AN965,TRUE()),\"\")","v":""},{"$f":"IFERROR(INDEX($AD:$AD,MATCH(ROWS($AD$32:$AD965),$AO:$AO,0)),\"\")","v":""}]
[null,null,null,null,null,null,null,null,null,null,null,null,null,null,null,null,null,null,null,null,null,null,null,null,null,null,null,null,null,{"$f":"'Baza klientów'!B935","v":0},false,{"$f":"IF(AE966=TRUE,COUNTIF($AE$32:AE966,TRUE()),\"\")","v":""},{"$f":"IFERROR(INDEX($AD:$AD,MATCH(ROWS($AD$32:AD966),$AF:$AF,0)),\"\")","v":""},null,null,false,{"$f":"IF(AJ966=TRUE,COUNTIF($AJ$32:AJ966,TRUE()),\"\")","v":""},{"$f":"IFERROR(INDEX($AD:$AD,MATCH(ROWS($AD$32:AD966),$AK:$AK,0)),\"\")","v":""},null,false,{"$f":"IF(AN966=TRUE,COUNTIF($AN$32:AN966,TRUE()),\"\")","v":""},{"$f":"IFERROR(INDEX($AD:$AD,MATCH(ROWS($AD$32:$AD966),$AO:$AO,0)),\"\")","v":""}]
[null,null,null,null,null,null,null,null,null,null,null,null,null,null,null,null,null,null,null,null,null,null,null,null,null,null,null,null,null,{"$f":"'Baza klientów'!B936","v":0},false,{"$f":"IF(AE967=TRUE,COUNTIF($AE$32:AE967,TRUE()),\"\")","v":""},{"$f":"IFERROR(INDEX($AD:$AD,MATCH(ROWS($AD$32:AD967),$AF:$AF,0)),\"\")","v":""},null,null,false,{"$f":"IF(AJ967=TRUE,COUNTIF($AJ$32:AJ967,TRUE()),\"\")","v":""},{"$f":"IFERROR(INDEX($AD:$AD,MATCH(ROWS($AD$32:AD967),$AK:$AK,0)),\"\")","v":""},null,false,{"$f":"IF(AN967=TRUE,COUNTIF($AN$32:AN967,TRUE()),\"\")","v":""},{"$f":"IFERROR(INDEX($AD:$AD,MATCH(ROWS($AD$32:$AD967),$AO:$AO,0)),\"\")","v":""}]
[null,null,null,null,null,null,null,null,null,null,null,null,null,null,null,null,null,null,null,null,null,null,null,null,null,null,null,null,null,{"$f":"'Baza klientów'!B937","v":0},false,{"$f":"IF(AE968=TRUE,COUNTIF($AE$32:AE968,TRUE()),\"\")","v":""},{"$f":"IFERROR(INDEX($AD:$AD,MATCH(ROWS($AD$32:AD968),$AF:$AF,0)),\"\")","v":""},null,null,false,{"$f":"IF(AJ968=TRUE,COUNTIF($AJ$32:AJ968,TRUE()),\"\")","v":""},{"$f":"IFERROR(INDEX($AD:$AD,MATCH(ROWS($AD$32:AD968),$AK:$AK,0)),\"\")","v":""},null,false,{"$f":"IF(AN968=TRUE,COUNTIF($AN$32:AN968,TRUE()),\"\")","v":""},{"$f":"IFERROR(INDEX($AD:$AD,MATCH(ROWS($AD$32:$AD968),$AO:$AO,0)),\"\")","v":""}]
[null,null,null,null,null,null,null,null,null,null,null,null,null,null,null,null,null,null,null,null,null,null,null,null,null,null,null,null,null,{"$f":"'Baza klientów'!B938","v":0},false,{"$f":"IF(AE969=TRUE,COUNTIF($AE$32:AE969,TRUE()),\"\")","v":""},{"$f":"IFERROR(INDEX($AD:$AD,MATCH(ROWS($AD$32:AD969),$AF:$AF,0)),\"\")","v":""},null,null,false,{"$f":"IF(AJ969=TRUE,COUNTIF($AJ$32:AJ969,TRUE()),\"\")","v":""},{"$f":"IFERROR(INDEX($AD:$AD,MATCH(ROWS($AD$32:AD969),$AK:$AK,0)),\"\")","v":""},null,false,{"$f":"IF(AN969=TRUE,COUNTIF($AN$32:AN969,TRUE()),\"\")","v":""},{"$f":"IFERROR(INDEX($AD:$AD,MATCH(ROWS($AD$32:$AD969),$AO:$AO,0)),\"\")","v":""}]
[null,null,null,null,null,null,null,null,null,null,null,null,null,null,null,null,null,null,null,null,null,null,null,null,null,null,null,null,null,{"$f":"'Baza klientów'!B939","v":0},false,{"$f":"IF(AE970=TRUE,COUNTIF($AE$32:AE970,TRUE()),\"\")","v":""},{"$f":"IFERROR(INDEX($AD:$AD,MATCH(ROWS($AD$32:AD970),$AF:$AF,0)),\"\")","v":""},null,null,false,{"$f":"IF(AJ970=TRUE,COUNTIF($AJ$32:AJ970,TRUE()),\"\")","v":""},{"$f":"IFERROR(INDEX($AD:$AD,MATCH(ROWS($AD$32:AD970),$AK:$AK,0)),\"\")","v":""},null,false,{"$f":"IF(AN970=TRUE,COUNTIF($AN$32:AN970,TRUE()),\"\")","v":""},{"$f":"IFERROR(INDEX($AD:$AD,MATCH(ROWS($AD$32:$AD970),$AO:$AO,0)),\"\")","v":""}]
[null,null,null,null,null,null,null,null,null,null,null,null,null,null,null,null,null,null,null,null,null,null,null,null,null,null,null,null,null,{"$f":"'Baza klientów'!B940","v":0},false,{"$f":"IF(AE971=TRUE,COUNTIF($AE$32:AE971,TRUE()),\"\")","v":""},{"$f":"IFERROR(INDEX($AD:$AD,MATCH(ROWS($AD$32:AD971),$AF:$AF,0)),\"\")","v":""},null,null,false,{"$f":"IF(AJ971=TRUE,COUNTIF($AJ$32:AJ971,TRUE()),\"\")","v":""},{"$f":"IFERROR(INDEX($AD:$AD,MATCH(ROWS($AD$32:AD971),$AK:$AK,0)),\"\")","v":""},null,false,{"$f":"IF(AN971=TRUE,COUNTIF($AN$32:AN971,TRUE()),\"\")","v":""},{"$f":"IFERROR(INDEX($AD:$AD,MATCH(ROWS($AD$32:$AD971),$AO:$AO,0)),\"\")","v":""}]
[null,null,null,null,null,null,null,null,null,null,null,null,null,null,null,null,null,null,null,null,null,null,null,null,null,null,null,null,null,{"$f":"'Baza klientów'!B941","v":0},false,{"$f":"IF(AE972=TRUE,COUNTIF($AE$32:AE972,TRUE()),\"\")","v":""},{"$f":"IFERROR(INDEX($AD:$AD,MATCH(ROWS($AD$32:AD972),$AF:$AF,0)),\"\")","v":""},null,null,false,{"$f":"IF(AJ972=TRUE,COUNTIF($AJ$32:AJ972,TRUE()),\"\")","v":""},{"$f":"IFERROR(INDEX($AD:$AD,MATCH(ROWS($AD$32:AD972),$AK:$AK,0)),\"\")","v":""},null,false,{"$f":"IF(AN972=TRUE,COUNTIF($AN$32:AN972,TRUE()),\"\")","v":""},{"$f":"IFERROR(INDEX($AD:$AD,MATCH(ROWS($AD$32:$AD972),$AO:$AO,0)),\"\")","v":""}]
[null,null,null,null,null,null,null,null,null,null,null,null,null,null,null,null,null,null,null,null,null,null,null,null,null,null,null,null,null,{"$f":"'Baza klientów'!B942","v":0},false,{"$f":"IF(AE973=TRUE,COUNTIF($AE$32:AE973,TRUE()),\"\")","v":""},{"$f":"IFERROR(INDEX($AD:$AD,MATCH(ROWS($AD$32:AD973),$AF:$AF,0)),\"\")","v":""},null,null,false,{"$f":"IF(AJ973=TRUE,COUNTIF($AJ$32:AJ973,TRUE()),\"\")","v":""},{"$f":"IFERROR(INDEX($AD:$AD,MATCH(ROWS($AD$32:AD973),$AK:$AK,0)),\"\")","v":""},null,false,{"$f":"IF(AN973=TRUE,COUNTIF($AN$32:AN973,TRUE()),\"\")","v":""},{"$f":"IFERROR(INDEX($AD:$AD,MATCH(ROWS($AD$32:$AD973),$AO:$AO,0)),\"\")","v":""}]
[null,null,null,null,null,null,null,null,null,null,null,null,null,null,null,null,null,null,null,null,null,null,null,null,null,null,null,null,null,{"$f":"'Baza klientów'!B943","v":0},false,{"$f":"IF(AE974=TRUE,COUNTIF($AE$32:AE974,TRUE()),\"\")","v":""},{"$f":"IFERROR(INDEX($AD:$AD,MATCH(ROWS($AD$32:AD974),$AF:$AF,0)),\"\")","v":""},null,null,false,{"$f":"IF(AJ974=TRUE,COUNTIF($AJ$32:AJ974,TRUE()),\"\")","v":""},{"$f":"IFERROR(INDEX($AD:$AD,MATCH(ROWS($AD$32:AD974),$AK:$AK,0)),\"\")","v":""},null,false,{"$f":"IF(AN974=TRUE,COUNTIF($AN$32:AN974,TRUE()),\"\")","v":""},{"$f":"IFERROR(INDEX($AD:$AD,MATCH(ROWS($AD$32:$AD974),$AO:$AO,0)),\"\")","v":""}]
[null,null,null,null,null,null,null,null,null,null,null,null,null,null,null,null,null,null,null,null,null,null,null,null,null,null,null,null,null,{"$f":"'Baza klientów'!B944","v":0},false,{"$f":"IF(AE975=TRUE,COUNTIF($AE$32:AE975,TRUE()),\"\")","v":""},{"$f":"IFERROR(INDEX($AD:$AD,MATCH(ROWS($AD$32:AD975),$AF:$AF,0)),\"\")","v":""},null,null,false,{"$f":"IF(AJ975=TRUE,COUNTIF($AJ$32:AJ975,TRUE()),\"\")","v":""},{"$f":"IFERROR(INDEX($AD:$AD,MATCH(ROWS($AD$32:AD975),$AK:$AK,0)),\"\")","v":""},null,false,{"$f":"IF(AN975=TRUE,COUNTIF($AN$32:AN975,TRUE()),\"\")","v":""},{"$f":"IFERROR(INDEX($AD:$AD,MATCH(ROWS($AD$32:$AD975),$AO:$AO,0)),\"\")","v":""}]
[null,null,null,null,null,null,null,null,null,null,null,null,null,null,null,null,null,null,null,null,null,null,null,null,null,null,null,null,null,{"$f":"'Baza klientów'!B945","v":0},false,{"$f":"IF(AE976=TRUE,COUNTIF($AE$32:AE976,TRUE()),\"\")","v":""},{"$f":"IFERROR(INDEX($AD:$AD,MATCH(ROWS($AD$32:AD976),$AF:$AF,0)),\"\")","v":""},null,null,false,{"$f":"IF(AJ976=TRUE,COUNTIF($AJ$32:AJ976,TRUE()),\"\")","v":""},{"$f":"IFERROR(INDEX($AD:$AD,MATCH(ROWS($AD$32:AD976),$AK:$AK,0)),\"\")","v":""},null,false,{"$f":"IF(AN976=TRUE,COUNTIF($AN$32:AN976,TRUE()),\"\")","v":""},{"$f":"IFERROR(INDEX($AD:$AD,MATCH(ROWS($AD$32:$AD976),$AO:$AO,0)),\"\")","v":""}]
[null,null,null,null,null,null,null,null,null,null,null,null,null,null,null,null,null,null,null,null,null,null,null,null,null,null,null,null,null,{"$f":"'Baza klientów'!B946","v":0},false,{"$f":"IF(AE977=TRUE,COUNTIF($AE$32:AE977,TRUE()),\"\")","v":""},{"$f":"IFERROR(INDEX($AD:$AD,MATCH(ROWS($AD$32:AD977),$AF:$AF,0)),\"\")","v":""},null,null,false,{"$f":"IF(AJ977=TRUE,COUNTIF($AJ$32:AJ977,TRUE()),\"\")","v":""},{"$f":"IFERROR(INDEX($AD:$AD,MATCH(ROWS($AD$32:AD977),$AK:$AK,0)),\"\")","v":""},null,false,{"$f":"IF(AN977=TRUE,COUNTIF($AN$32:AN977,TRUE()),\"\")","v":""},{"$f":"IFERROR(INDEX($AD:$AD,MATCH(ROWS($AD$32:$AD977),$AO:$AO,0)),\"\")","v":""}]
[null,null,null,null,null,null,null,null,null,null,null,null,null,null,null,null,null,null,null,null,null,null,null,null,null,null,null,null,null,{"$f":"'Baza klientów'!B947","v":0},false,{"$f":"IF(AE978=TRUE,COUNTIF($AE$32:AE978,TRUE()),\"\")","v":""},{"$f":"IFERROR(INDEX($AD:$AD,MATCH(ROWS($AD$32:AD978),$AF:$AF,0)),\"\")","v":""},null,null,false,{"$f":"IF(AJ978=TRUE,COUNTIF($AJ$32:AJ978,TRUE()),\"\")","v":""},{"$f":"IFERROR(INDEX($AD:$AD,MATCH(ROWS($AD$32:AD978),$AK:$AK,0)),\"\")","v":""},null,false,{"$f":"IF(AN978=TRUE,COUNTIF($AN$32:AN978,TRUE()),\"\")","v":""},{"$f":"IFERROR(INDEX($AD:$AD,MATCH(ROWS($AD$32:$AD978),$AO:$AO,0)),\"\")","v":""}]
[null,null,null,null,null,null,null,null,null,null,null,null,null,null,null,null,null,null,null,null,null,null,null,null,null,null,null,null,null,{"$f":"'Baza klientów'!B948","v":0},false,{"$f":"IF(AE979=TRUE,COUNTIF($AE$32:AE979,TRUE()),\"\")","v":""},{"$f":"IFERROR(INDEX($AD:$AD,MATCH(ROWS($AD$32:AD979),$AF:$AF,0)),\"\")","v":""},null,null,false,{"$f":"IF(AJ979=TRUE,COUNTIF($AJ$32:AJ979,TRUE()),\"\")","v":""},{"$f":"IFERROR(INDEX($AD:$AD,MATCH(ROWS($AD$32:AD979),$AK:$AK,0)),\"\")","v":""},null,false,{"$f":"IF(AN979=TRUE,COUNTIF($AN$32:AN979,TRUE()),\"\")","v":""},{"$f":"IFERROR(INDEX($AD:$AD,MATCH(ROWS($AD$32:$AD979),$AO:$AO,0)),\"\")","v":""}]
[null,null,null,null,null,null,null,null,null,null,null,null,null,null,null,null,null,null,null,null,null,null,null,null,null,null,null,null,null,{"$f":"'Baza klientów'!B949","v":0},false,{"$f":"IF(AE980=TRUE,COUNTIF($AE$32:AE980,TRUE()),\"\")","v":""},{"$f":"IFERROR(INDEX($AD:$AD,MATCH(ROWS($AD$32:AD980),$AF:$AF,0)),\"\")","v":""},null,null,false,{"$f":"IF(AJ980=TRUE,COUNTIF($AJ$32:AJ980,TRUE()),\"\")","v":""},{"$f":"IFERROR(INDEX($AD:$AD,MATCH(ROWS($AD$32:AD980),$AK:$AK,0)),\"\")","v":""},null,false,{"$f":"IF(AN980=TRUE,COUNTIF($AN$32:AN980,TRUE()),\"\")","v":""},{"$f":"IFERROR(INDEX($AD:$AD,MATCH(ROWS($AD$32:$AD980),$AO:$AO,0)),\"\")","v":""}]
[null,null,null,null,null,null,null,null,null,null,null,null,null,null,null,null,null,null,null,null,null,null,null,null,null,null,null,null,null,{"$f":"'Baza klientów'!B950","v":0},false,{"$f":"IF(AE981=TRUE,COUNTIF($AE$32:AE981,TRUE()),\"\")","v":""},{"$f":"IFERROR(INDEX($AD:$AD,MATCH(ROWS($AD$32:AD981),$AF:$AF,0)),\"\")","v":""},null,null,false,{"$f":"IF(AJ981=TRUE,COUNTIF($AJ$32:AJ981,TRUE()),\"\")","v":""},{"$f":"IFERROR(INDEX($AD:$AD,MATCH(ROWS($AD$32:AD981),$AK:$AK,0)),\"\")","v":""},null,false,{"$f":"IF(AN981=TRUE,COUNTIF($AN$32:AN981,TRUE()),\"\")","v":""},{"$f":"IFERROR(INDEX($AD:$AD,MATCH(ROWS($AD$32:$AD981),$AO:$AO,0)),\"\")","v":""}]
[null,null,null,null,null,null,null,null,null,null,null,null,null,null,null,null,null,null,null,null,null,null,null,null,null,null,null,null,null,{"$f":"'Baza klientów'!B951","v":0},false,{"$f":"IF(AE982=TRUE,COUNTIF($AE$32:AE982,TRUE()),\"\")","v":""},{"$f":"IFERROR(INDEX($AD:$AD,MATCH(ROWS($AD$32:AD982),$AF:$AF,0)),\"\")","v":""},null,null,false,{"$f":"IF(AJ982=TRUE,COUNTIF($AJ$32:AJ982,TRUE()),\"\")","v":""},{"$f":"IFERROR(INDEX($AD:$AD,MATCH(ROWS($AD$32:AD982),$AK:$AK,0)),\"\")","v":""},null,false,{"$f":"IF(AN982=TRUE,COUNTIF($AN$32:AN982,TRUE()),\"\")","v":""},{"$f":"IFERROR(INDEX($AD:$AD,MATCH(ROWS($AD$32:$AD982),$AO:$AO,0)),\"\")","v":""}]
[null,null,null,null,null,null,null,null,null,null,null,null,null,null,null,null,null,null,null,null,null,null,null,null,null,null,null,null,null,{"$f":"'Baza klientów'!B952","v":0},false,{"$f":"IF(AE983=TRUE,COUNTIF($AE$32:AE983,TRUE()),\"\")","v":""},{"$f":"IFERROR(INDEX($AD:$AD,MATCH(ROWS($AD$32:AD983),$AF:$AF,0)),\"\")","v":""},null,null,false,{"$f":"IF(AJ983=TRUE,COUNTIF($AJ$32:AJ983,TRUE()),\"\")","v":""},{"$f":"IFERROR(INDEX($AD:$AD,MATCH(ROWS($AD$32:AD983),$AK:$AK,0)),\"\")","v":""},null,false,{"$f":"IF(AN983=TRUE,COUNTIF($AN$32:AN983,TRUE()),\"\")","v":""},{"$f":"IFERROR(INDEX($AD:$AD,MATCH(ROWS($AD$32:$AD983),$AO:$AO,0)),\"\")","v":""}]
[null,null,null,null,null,null,null,null,null,null,null,null,null,null,null,null,null,null,null,null,null,null,null,null,null,null,null,null,null,{"$f":"'Baza klientów'!B953","v":0},false,{"$f":"IF(AE984=TRUE,COUNTIF($AE$32:AE984,TRUE()),\"\")","v":""},{"$f":"IFERROR(INDEX($AD:$AD,MATCH(ROWS($AD$32:AD984),$AF:$AF,0)),\"\")","v":""},null,null,false,{"$f":"IF(AJ984=TRUE,COUNTIF($AJ$32:AJ984,TRUE()),\"\")","v":""},{"$f":"IFERROR(INDEX($AD:$AD,MATCH(ROWS($AD$32:AD984),$AK:$AK,0)),\"\")","v":""},null,false,{"$f":"IF(AN984=TRUE,COUNTIF($AN$32:AN984,TRUE()),\"\")","v":""},{"$f":"IFERROR(INDEX($AD:$AD,MATCH(ROWS($AD$32:$AD984),$AO:$AO,0)),\"\")","v":""}]
[null,null,null,null,null,null,null,null,null,null,null,null,null,null,null,null,null,null,null,null,null,null,null,null,null,null,null,null,null,{"$f":"'Baza klientów'!B954","v":0},false,{"$f":"IF(AE985=TRUE,COUNTIF($AE$32:AE985,TRUE()),\"\")","v":""},{"$f":"IFERROR(INDEX($AD:$AD,MATCH(ROWS($AD$32:AD985),$AF:$AF,0)),\"\")","v":""},null,null,false,{"$f":"IF(AJ985=TRUE,COUNTIF($AJ$32:AJ985,TRUE()),\"\")","v":""},{"$f":"IFERROR(INDEX($AD:$AD,MATCH(ROWS($AD$32:AD985),$AK:$AK,0)),\"\")","v":""},null,false,{"$f":"IF(AN985=TRUE,COUNTIF($AN$32:AN985,TRUE()),\"\")","v":""},{"$f":"IFERROR(INDEX($AD:$AD,MATCH(ROWS($AD$32:$AD985),$AO:$AO,0)),\"\")","v":""}]
[null,null,null,null,null,null,null,null,null,null,null,null,null,null,null,null,null,null,null,null,null,null,null,null,null,null,null,null,null,{"$f":"'Baza klientów'!B955","v":0},false,{"$f":"IF(AE986=TRUE,COUNTIF($AE$32:AE986,TRUE()),\"\")","v":""},{"$f":"IFERROR(INDEX($AD:$AD,MATCH(ROWS($AD$32:AD986),$AF:$AF,0)),\"\")","v":""},null,null,false,{"$f":"IF(AJ986=TRUE,COUNTIF($AJ$32:AJ986,TRUE()),\"\")","v":""},{"$f":"IFERROR(INDEX($AD:$AD,MATCH(ROWS($AD$32:AD986),$AK:$AK,0)),\"\")","v":""},null,false,{"$f":"IF(AN986=TRUE,COUNTIF($AN$32:AN986,TRUE()),\"\")","v":""},{"$f":"IFERROR(INDEX($AD:$AD,MATCH(ROWS($AD$32:$AD986),$AO:$AO,0)),\"\")","v":""}]
[null,null,null,null,null,null,null,null,null,null,null,null,null,null,null,null,null,null,null,null,null,null,null,null,null,null,null,null,null,{"$f":"'Baza klientów'!B956","v":0},false,{"$f":"IF(AE987=TRUE,COUNTIF($AE$32:AE987,TRUE()),\"\")","v":""},{"$f":"IFERROR(INDEX($AD:$AD,MATCH(ROWS($AD$32:AD987),$AF:$AF,0)),\"\")","v":""},null,null,false,{"$f":"IF(AJ987=TRUE,COUNTIF($AJ$32:AJ987,TRUE()),\"\")","v":""},{"$f":"IFERROR(INDEX($AD:$AD,MATCH(ROWS($AD$32:AD987),$AK:$AK,0)),\"\")","v":""},null,false,{"$f":"IF(AN987=TRUE,COUNTIF($AN$32:AN987,TRUE()),\"\")","v":""},{"$f":"IFERROR(INDEX($AD:$AD,MATCH(ROWS($AD$32:$AD987),$AO:$AO,0)),\"\")","v":""}]
[null,null,null,null,null,null,null,null,null,null,null,null,null,null,null,null,null,null,null,null,null,null,null,null,null,null,null,null,null,{"$f":"'Baza klientów'!B957","v":0},false,{"$f":"IF(AE988=TRUE,COUNTIF($AE$32:AE988,TRUE()),\"\")","v":""},{"$f":"IFERROR(INDEX($AD:$AD,MATCH(ROWS($AD$32:AD988),$AF:$AF,0)),\"\")","v":""},null,null,false,{"$f":"IF(AJ988=TRUE,COUNTIF($AJ$32:AJ988,TRUE()),\"\")","v":""},{"$f":"IFERROR(INDEX($AD:$AD,MATCH(ROWS($AD$32:AD988),$AK:$AK,0)),\"\")","v":""},null,false,{"$f":"IF(AN988=TRUE,COUNTIF($AN$32:AN988,TRUE()),\"\")","v":""},{"$f":"IFERROR(INDEX($AD:$AD,MATCH(ROWS($AD$32:$AD988),$AO:$AO,0)),\"\")","v":""}]
[null,null,null,null,null,null,null,null,null,null,null,null,null,null,null,null,null,null,null,null,null,null,null,null,null,null,null,null,null,{"$f":"'Baza klientów'!B958","v":0},false,{"$f":"IF(AE989=TRUE,COUNTIF($AE$32:AE989,TRUE()),\"\")","v":""},{"$f":"IFERROR(INDEX($AD:$AD,MATCH(ROWS($AD$32:AD989),$AF:$AF,0)),\"\")","v":""},null,null,false,{"$f":"IF(AJ989=TRUE,COUNTIF($AJ$32:AJ989,TRUE()),\"\")","v":""},{"$f":"IFERROR(INDEX($AD:$AD,MATCH(ROWS($AD$32:AD989),$AK:$AK,0)),\"\")","v":""},null,false,{"$f":"IF(AN989=TRUE,COUNTIF($AN$32:AN989,TRUE()),\"\")","v":""},{"$f":"IFERROR(INDEX($AD:$AD,MATCH(ROWS($AD$32:$AD989),$AO:$AO,0)),\"\")","v":""}]
[null,null,null,null,null,null,null,null,null,null,null,null,null,null,null,null,null,null,null,null,null,null,null,null,null,null,null,null,null,{"$f":"'Baza klientów'!B959","v":0},false,{"$f":"IF(AE990=TRUE,COUNTIF($AE$32:AE990,TRUE()),\"\")","v":""},{"$f":"IFERROR(INDEX($AD:$AD,MATCH(ROWS($AD$32:AD990),$AF:$AF,0)),\"\")","v":""},null,null,false,{"$f":"IF(AJ990=TRUE,COUNTIF($AJ$32:AJ990,TRUE()),\"\")","v":""},{"$f":"IFERROR(INDEX($AD:$AD,MATCH(ROWS($AD$32:AD990),$AK:$AK,0)),\"\")","v":""},null,false,{"$f":"IF(AN990=TRUE,COUNTIF($AN$32:AN990,TRUE()),\"\")","v":""},{"$f":"IFERROR(INDEX($AD:$AD,MATCH(ROWS($AD$32:$AD990),$AO:$AO,0)),\"\")","v":""}]
[null,null,null,null,null,null,null,null,null,null,null,null,null,null,null,null,null,null,null,null,null,null,null,null,null,null,null,null,null,{"$f":"'Baza klientów'!B960","v":0},false,{"$f":"IF(AE991=TRUE,COUNTIF($AE$32:AE991,TRUE()),\"\")","v":""},{"$f":"IFERROR(INDEX($AD:$AD,MATCH(ROWS($AD$32:AD991),$AF:$AF,0)),\"\")","v":""},null,null,false,{"$f":"IF(AJ991=TRUE,COUNTIF($AJ$32:AJ991,TRUE()),\"\")","v":""},{"$f":"IFERROR(INDEX($AD:$AD,MATCH(ROWS($AD$32:AD991),$AK:$AK,0)),\"\")","v":""},null,false,{"$f":"IF(AN991=TRUE,COUNTIF($AN$32:AN991,TRUE()),\"\")","v":""},{"$f":"IFERROR(INDEX($AD:$AD,MATCH(ROWS($AD$32:$AD991),$AO:$AO,0)),\"\")","v":""}]
[null,null,null,null,null,null,null,null,null,null,null,null,null,null,null,null,null,null,null,null,null,null,null,null,null,null,null,null,null,{"$f":"'Baza klientów'!B961","v":0},false,{"$f":"IF(AE992=TRUE,COUNTIF($AE$32:AE992,TRUE()),\"\")","v":""},{"$f":"IFERROR(INDEX($AD:$AD,MATCH(ROWS($AD$32:AD992),$AF:$AF,0)),\"\")","v":""},null,null,false,{"$f":"IF(AJ992=TRUE,COUNTIF($AJ$32:AJ992,TRUE()),\"\")","v":""},{"$f":"IFERROR(INDEX($AD:$AD,MATCH(ROWS($AD$32:AD992),$AK:$AK,0)),\"\")","v":""},null,false,{"$f":"IF(AN992=TRUE,COUNTIF($AN$32:AN992,TRUE()),\"\")","v":""},{"$f":"IFERROR(INDEX($AD:$AD,MATCH(ROWS($AD$32:$AD992),$AO:$AO,0)),\"\")","v":""}]
[null,null,null,null,null,null,null,null,null,null,null,null,null,null,null,null,null,null,null,null,null,null,null,null,null,null,null,null,null,{"$f":"'Baza klientów'!B962","v":0},{"$f":"ISNUMBER(SEARCH($AH$32,AD993))","v":false},{"$f":"IF(AE993=TRUE,COUNTIF($AE$32:AE993,TRUE()),\"\")","v":""},{"$f":"IFERROR(INDEX($AD:$AD,MATCH(ROWS($AD$32:AD993),$AF:$AF,0)),\"\")","v":""},null,null,{"$f":"ISNUMBER(SEARCH($AM$31,AD993))","v":false},{"$f":"IF(AJ993=TRUE,COUNTIF($AJ$32:AJ993,TRUE()),\"\")","v":""},{"$f":"IFERROR(INDEX($AD:$AD,MATCH(ROWS($AD$32:AD993),$AK:$AK,0)),\"\")","v":""},null,{"$f":"ISNUMBER(SEARCH($AQ$31,$AD993))","v":false},{"$f":"IF(AN993=TRUE,COUNTIF($AN$32:AN993,TRUE()),\"\")","v":""},{"$f":"IFERROR(INDEX($AD:$AD,MATCH(ROWS($AD$32:$AD993),$AO:$AO,0)),\"\")","v":""}]
[null,null,null,null,null,null,null,null,null,null,null,null,null,null,null,null,null,null,null,null,null,null,null,null,null,null,null,null,null,{"$f":"'Baza klientów'!B963","v":0},false,{"$f":"IF(AE994=TRUE,COUNTIF($AE$32:AE994,TRUE()),\"\")","v":""},{"$f":"IFERROR(INDEX($AD:$AD,MATCH(ROWS($AD$32:AD994),$AF:$AF,0)),\"\")","v":""},null,null,false,{"$f":"IF(AJ994=TRUE,COUNTIF($AJ$32:AJ994,TRUE()),\"\")","v":""},{"$f":"IFERROR(INDEX($AD:$AD,MATCH(ROWS($AD$32:AD994),$AK:$AK,0)),\"\")","v":""},null,false,{"$f":"IF(AN994=TRUE,COUNTIF($AN$32:AN994,TRUE()),\"\")","v":""},{"$f":"IFERROR(INDEX($AD:$AD,MATCH(ROWS($AD$32:$AD994),$AO:$AO,0)),\"\")","v":""}]
[null,null,null,null,null,null,null,null,null,null,null,null,null,null,null,null,null,null,null,null,null,null,null,null,null,null,null,null,null,{"$f":"'Baza klientów'!B964","v":0},false,{"$f":"IF(AE995=TRUE,COUNTIF($AE$32:AE995,TRUE()),\"\")","v":""},{"$f":"IFERROR(INDEX($AD:$AD,MATCH(ROWS($AD$32:AD995),$AF:$AF,0)),\"\")","v":""},null,null,false,{"$f":"IF(AJ995=TRUE,COUNTIF($AJ$32:AJ995,TRUE()),\"\")","v":""},{"$f":"IFERROR(INDEX($AD:$AD,MATCH(ROWS($AD$32:AD995),$AK:$AK,0)),\"\")","v":""},null,false,{"$f":"IF(AN995=TRUE,COUNTIF($AN$32:AN995,TRUE()),\"\")","v":""},{"$f":"IFERROR(INDEX($AD:$AD,MATCH(ROWS($AD$32:$AD995),$AO:$AO,0)),\"\")","v":""}]
[null,null,null,null,null,null,null,null,null,null,null,null,null,null,null,null,null,null,null,null,null,null,null,null,null,null,null,null,null,{"$f":"'Baza klientów'!B965","v":0},false,{"$f":"IF(AE996=TRUE,COUNTIF($AE$32:AE996,TRUE()),\"\")","v":""},{"$f":"IFERROR(INDEX($AD:$AD,MATCH(ROWS($AD$32:AD996),$AF:$AF,0)),\"\")","v":""},null,null,false,{"$f":"IF(AJ996=TRUE,COUNTIF($AJ$32:AJ996,TRUE()),\"\")","v":""},{"$f":"IFERROR(INDEX($AD:$AD,MATCH(ROWS($AD$32:AD996),$AK:$AK,0)),\"\")","v":""},null,false,{"$f":"IF(AN996=TRUE,COUNTIF($AN$32:AN996,TRUE()),\"\")","v":""},{"$f":"IFERROR(INDEX($AD:$AD,MATCH(ROWS($AD$32:$AD996),$AO:$AO,0)),\"\")","v":""}]
[null,null,null,null,null,null,null,null,null,null,null,null,null,null,null,null,null,null,null,null,null,null,null,null,null,null,null,null,null,{"$f":"'Baza klientów'!B966","v":0},false,{"$f":"IF(AE997=TRUE,COUNTIF($AE$32:AE997,TRUE()),\"\")","v":""},{"$f":"IFERROR(INDEX($AD:$AD,MATCH(ROWS($AD$32:AD997),$AF:$AF,0)),\"\")","v":""},null,null,false,{"$f":"IF(AJ997=TRUE,COUNTIF($AJ$32:AJ997,TRUE()),\"\")","v":""},{"$f":"IFERROR(INDEX($AD:$AD,MATCH(ROWS($AD$32:AD997),$AK:$AK,0)),\"\")","v":""},null,false,{"$f":"IF(AN997=TRUE,COUNTIF($AN$32:AN997,TRUE()),\"\")","v":""},{"$f":"IFERROR(INDEX($AD:$AD,MATCH(ROWS($AD$32:$AD997),$AO:$AO,0)),\"\")","v":""}]
[null,null,null,null,null,null,null,null,null,null,null,null,null,null,null,null,null,null,null,null,null,null,null,null,null,null,null,null,null,{"$f":"'Baza klientów'!B967","v":0},false,{"$f":"IF(AE998=TRUE,COUNTIF($AE$32:AE998,TRUE()),\"\")","v":""},{"$f":"IFERROR(INDEX($AD:$AD,MATCH(ROWS($AD$32:AD998),$AF:$AF,0)),\"\")","v":""},null,null,false,{"$f":"IF(AJ998=TRUE,COUNTIF($AJ$32:AJ998,TRUE()),\"\")","v":""},{"$f":"IFERROR(INDEX($AD:$AD,MATCH(ROWS($AD$32:AD998),$AK:$AK,0)),\"\")","v":""},null,false,{"$f":"IF(AN998=TRUE,COUNTIF($AN$32:AN998,TRUE()),\"\")","v":""},{"$f":"IFERROR(INDEX($AD:$AD,MATCH(ROWS($AD$32:$AD998),$AO:$AO,0)),\"\")","v":""}]
[null,null,null,null,null,null,null,null,null,null,null,null,null,null,null,null,null,null,null,null,null,null,null,null,null,null,null,null,null,{"$f":"'Baza klientów'!B968","v":0},false,{"$f":"IF(AE999=TRUE,COUNTIF($AE$32:AE999,TRUE()),\"\")","v":""},{"$f":"IFERROR(INDEX($AD:$AD,MATCH(ROWS($AD$32:AD999),$AF:$AF,0)),\"\")","v":""},null,null,false,{"$f":"IF(AJ999=TRUE,COUNTIF($AJ$32:AJ999,TRUE()),\"\")","v":""},{"$f":"IFERROR(INDEX($AD:$AD,MATCH(ROWS($AD$32:AD999),$AK:$AK,0)),\"\")","v":""},null,false,{"$f":"IF(AN999=TRUE,COUNTIF($AN$32:AN999,TRUE()),\"\")","v":""},{"$f":"IFERROR(INDEX($AD:$AD,MATCH(ROWS($AD$32:$AD999),$AO:$AO,0)),\"\")","v":""}]
[null,null,null,null,null,null,null,null,null,null,null,null,null,null,null,null,null,null,null,null,null,null,null,null,null,null,null,null,null,{"$f":"'Baza klientów'!B969","v":0},false,{"$f":"IF(AE1000=TRUE,COUNTIF($AE$32:AE1000,TRUE()),\"\")","v":""},{"$f":"IFERROR(INDEX($AD:$AD,MATCH(ROWS($AD$32:AD1000),$AF:$AF,0)),\"\")","v":""},null,null,false,{"$f":"IF(AJ1000=TRUE,COUNTIF($AJ$32:AJ1000,TRUE()),\"\")","v":""},{"$f":"IFERROR(INDEX($AD:$AD,MATCH(ROWS($AD$32:AD1000),$AK:$AK,0)),\"\")","v":""},null,false,{"$f":"IF(AN1000=TRUE,COUNTIF($AN$32:AN1000,TRUE()),\"\")","v":""},{"$f":"IFERROR(INDEX($AD:$AD,MATCH(ROWS($AD$32:$AD1000),$AO:$AO,0)),\"\")","v":""}]
[null,null,null,null,null,null,null,null,null,null,null,null,null,null,null,null,null,null,null,null,null,null,null,null,null,null,null,null,null,{"$f":"'Baza klientów'!B970","v":0},false,{"$f":"IF(AE1001=TRUE,COUNTIF($AE$32:AE1001,TRUE()),\"\")","v":""},{"$f":"IFERROR(INDEX($AD:$AD,MATCH(ROWS($AD$32:AD1001),$AF:$AF,0)),\"\")","v":""},null,null,false,{"$f":"IF(AJ1001=TRUE,COUNTIF($AJ$32:AJ1001,TRUE()),\"\")","v":""},{"$f":"IFERROR(INDEX($AD:$AD,MATCH(ROWS($AD$32:AD1001),$AK:$AK,0)),\"\")","v":""},null,false,{"$f":"IF(AN1001=TRUE,COUNTIF($AN$32:AN1001,TRUE()),\"\")","v":""},{"$f":"IFERROR(INDEX($AD:$AD,MATCH(ROWS($AD$32:$AD1001),$AO:$AO,0)),\"\")","v":""}]
[null,null,null,null,null,null,null,null,null,null,null,null,null,null,null,null,null,null,null,null,null,null,null,null,null,null,null,null,null,{"$f":"'Baza klientów'!B975","v":0},false,{"$f":"IF(AE1006=TRUE,COUNTIF($AE$32:AE1006,TRUE()),\"\")","v":""},{"$f":"IFERROR(INDEX($AD:$AD,MATCH(ROWS($AD$32:AD1006),$AF:$AF,0)),\"\")","v":""},null,null,false,{"$f":"IF(AJ1006=TRUE,COUNTIF($AJ$32:AJ1006,TRUE()),\"\")","v":""},{"$f":"IFERROR(INDEX($AD:$AD,MATCH(ROWS($AD$32:AD1006),$AK:$AK,0)),\"\")","v":""},null,false,{"$f":"IF(AN1006=TRUE,COUNTIF($AN$32:AN1006,TRUE()),\"\")","v":""},{"$f":"IFERROR(INDEX($AD:$AD,MATCH(ROWS($AD$32:$AD1006),$AO:$AO,0)),\"\")","v":""}]
[null,null,null,null,null,null,null,null,null,null,null,null,null,null,null,null,null,null,null,null,null,null,null,null,null,null,null,null,null,{"$f":"'Baza klientów'!B980","v":0},false,{"$f":"IF(AE1011=TRUE,COUNTIF($AE$32:AE1011,TRUE()),\"\")","v":""},{"$f":"IFERROR(INDEX($AD:$AD,MATCH(ROWS($AD$32:AD1011),$AF:$AF,0)),\"\")","v":""},null,null,false,{"$f":"IF(AJ1011=TRUE,COUNTIF($AJ$32:AJ1011,TRUE()),\"\")","v":""},{"$f":"IFERROR(INDEX($AD:$AD,MATCH(ROWS($AD$32:AD1011),$AK:$AK,0)),\"\")","v":""},null,false,{"$f":"IF(AN1011=TRUE,COUNTIF($AN$32:AN1011,TRUE()),\"\")","v":""},{"$f":"IFERROR(INDEX($AD:$AD,MATCH(ROWS($AD$32:$AD1011),$AO:$AO,0)),\"\")","v":""}]
[null,null,null,null,null,null,null,null,null,null,null,null,null,null,null,null,null,null,null,null,null,null,null,null,null,null,null,null,null,{"$f":"'Baza klientów'!B981","v":0},false,{"$f":"IF(AE1012=TRUE,COUNTIF($AE$32:AE1012,TRUE()),\"\")","v":""},{"$f":"IFERROR(INDEX($AD:$AD,MATCH(ROWS($AD$32:AD1012),$AF:$AF,0)),\"\")","v":""},null,null,false,{"$f":"IF(AJ1012=TRUE,COUNTIF($AJ$32:AJ1012,TRUE()),\"\")","v":""},{"$f":"IFERROR(INDEX($AD:$AD,MATCH(ROWS($AD$32:AD1012),$AK:$AK,0)),\"\")","v":""},null,false,{"$f":"IF(AN1012=TRUE,COUNTIF($AN$32:AN1012,TRUE()),\"\")","v":""},{"$f":"IFERROR(INDEX($AD:$AD,MATCH(ROWS($AD$32:$AD1012),$AO:$AO,0)),\"\")","v":""}]
[null,null,null,null,null,null,null,null,null,null,null,null,null,null,null,null,null,null,null,null,null,null,null,null,null,null,null,null,null,{"$f":"'Baza klientów'!B987","v":0},false,{"$f":"IF(AE1018=TRUE,COUNTIF($AE$32:AE1018,TRUE()),\"\")","v":""},{"$f":"IFERROR(INDEX($AD:$AD,MATCH(ROWS($AD$32:AD1018),$AF:$AF,0)),\"\")","v":""},null,null,false,{"$f":"IF(AJ1018=TRUE,COUNTIF($AJ$32:AJ1018,TRUE()),\"\")","v":""},{"$f":"IFERROR(INDEX($AD:$AD,MATCH(ROWS($AD$32:AD1018),$AK:$AK,0)),\"\")","v":""},null,false,{"$f":"IF(AN1018=TRUE,COUNTIF($AN$32:AN1018,TRUE()),\"\")","v":""},{"$f":"IFERROR(INDEX($AD:$AD,MATCH(ROWS($AD$32:$AD1018),$AO:$AO,0)),\"\")","v":""}]
[null,null,null,null,null,null,null,null,null,null,null,null,null,null,null,null,null,null,null,null,null,null,null,null,null,null,null,null,null,{"$f":"'Baza klientów'!B990","v":0},false,{"$f":"IF(AE1021=TRUE,COUNTIF($AE$32:AE1021,TRUE()),\"\")","v":""},{"$f":"IFERROR(INDEX($AD:$AD,MATCH(ROWS($AD$32:AD1021),$AF:$AF,0)),\"\")","v":""},null,null,false,{"$f":"IF(AJ1021=TRUE,COUNTIF($AJ$32:AJ1021,TRUE()),\"\")","v":""},{"$f":"IFERROR(INDEX($AD:$AD,MATCH(ROWS($AD$32:AD1021),$AK:$AK,0)),\"\")","v":""},null,false,{"$f":"IF(AN1021=TRUE,COUNTIF($AN$32:AN1021,TRUE()),\"\")","v":""},{"$f":"IFERROR(INDEX($AD:$AD,MATCH(ROWS($AD$32:$AD1021),$AO:$AO,0)),\"\")","v":""}]
[null,null,null,null,null,null,null,null,null,null,null,null,null,null,null,null,null,null,null,null,null,null,null,null,null,null,null,null,null,{"$f":"'Baza klientów'!B995","v":0},false,{"$f":"IF(AE1026=TRUE,COUNTIF($AE$32:AE1026,TRUE()),\"\")","v":""},{"$f":"IFERROR(INDEX($AD:$AD,MATCH(ROWS($AD$32:AD1026),$AF:$AF,0)),\"\")","v":""},null,null,false,{"$f":"IF(AJ1026=TRUE,COUNTIF($AJ$32:AJ1026,TRUE()),\"\")","v":""},{"$f":"IFERROR(INDEX($AD:$AD,MATCH(ROWS($AD$32:AD1026),$AK:$AK,0)),\"\")","v":""},null,false,{"$f":"IF(AN1026=TRUE,COUNTIF($AN$32:AN1026,TRUE()),\"\")","v":""},{"$f":"IFERROR(INDEX($AD:$AD,MATCH(ROWS($AD$32:$AD1026),$AO:$AO,0)),\"\")","v":""}]
[null,null,null,null,null,null,null,null,null,null,null,null,null,null,null,null,null,null,null,null,null,null,null,null,null,null,null,null,null,{"$f":"'Baza klientów'!B996","v":0},false,{"$f":"IF(AE1027=TRUE,COUNTIF($AE$32:AE1027,TRUE()),\"\")","v":""},{"$f":"IFERROR(INDEX($AD:$AD,MATCH(ROWS($AD$32:AD1027),$AF:$AF,0)),\"\")","v":""},null,null,false,{"$f":"IF(AJ1027=TRUE,COUNTIF($AJ$32:AJ1027,TRUE()),\"\")","v":""},{"$f":"IFERROR(INDEX($AD:$AD,MATCH(ROWS($AD$32:AD1027),$AK:$AK,0)),\"\")","v":""},null,false,{"$f":"IF(AN1027=TRUE,COUNTIF($AN$32:AN1027,TRUE()),\"\")","v":""},{"$f":"IFERROR(INDEX($AD:$AD,MATCH(ROWS($AD$32:$AD1027),$AO:$AO,0)),\"\")","v":""}]
[null,null,null,null,null,null,null,null,null,null,null,null,null,null,null,null,null,null,null,null,null,null,null,null,null,null,null,null,null,{"$f":"'Baza klientów'!B1001","v":0},false,{"$f":"IF(AE1032=TRUE,COUNTIF($AE$32:AE1032,TRUE()),\"\")","v":""},{"$f":"IFERROR(INDEX($AD:$AD,MATCH(ROWS($AD$32:AD1032),$AF:$AF,0)),\"\")","v":""},null,null,false,{"$f":"IF(AJ1032=TRUE,COUNTIF($AJ$32:AJ1032,TRUE()),\"\")","v":""},{"$f":"IFERROR(INDEX($AD:$AD,MATCH(ROWS($AD$32:AD1032),$AK:$AK,0)),\"\")","v":""},null,false,{"$f":"IF(AN1032=TRUE,COUNTIF($AN$32:AN1032,TRUE()),\"\")","v":""},{"$f":"IFERROR(INDEX($AD:$AD,MATCH(ROWS($AD$32:$AD1032),$AO:$AO,0)),\"\")","v":""}]
[null,null,null,null,null,null,null,null,null,null,null,null,null,null,null,null,null,null,null,null,null,null,null,null,null,null,null,null,null,{"$f":"'Baza klientów'!B1005","v":0},false,{"$f":"IF(AE1036=TRUE,COUNTIF($AE$32:AE1036,TRUE()),\"\")","v":""},{"$f":"IFERROR(INDEX($AD:$AD,MATCH(ROWS($AD$32:AD1036),$AF:$AF,0)),\"\")","v":""},null,null,false,{"$f":"IF(AJ1036=TRUE,COUNTIF($AJ$32:AJ1036,TRUE()),\"\")","v":""},{"$f":"IFERROR(INDEX($AD:$AD,MATCH(ROWS($AD$32:AD1036),$AK:$AK,0)),\"\")","v":""},null,false,{"$f":"IF(AN1036=TRUE,COUNTIF($AN$32:AN1036,TRUE()),\"\")","v":""},{"$f":"IFERROR(INDEX($AD:$AD,MATCH(ROWS($AD$32:$AD1036),$AO:$AO,0)),\"\")","v":""}]
[null,null,null,null,null,null,null,null,null,null,null,null,null,null,null,null,null,null,null,null,null,null,null,null,null,null,null,null,null,{"$f":"'Baza klientów'!B1010","v":0},false,{"$f":"IF(AE1041=TRUE,COUNTIF($AE$32:AE1041,TRUE()),\"\")","v":""},{"$f":"IFERROR(INDEX($AD:$AD,MATCH(ROWS($AD$32:AD1041),$AF:$AF,0)),\"\")","v":""},null,null,false,{"$f":"IF(AJ1041=TRUE,COUNTIF($AJ$32:AJ1041,TRUE()),\"\")","v":""},{"$f":"IFERROR(INDEX($AD:$AD,MATCH(ROWS($AD$32:AD1041),$AK:$AK,0)),\"\")","v":""},null,false,{"$f":"IF(AN1041=TRUE,COUNTIF($AN$32:AN1041,TRUE()),\"\")","v":""},{"$f":"IFERROR(INDEX($AD:$AD,MATCH(ROWS($AD$32:$AD1041),$AO:$AO,0)),\"\")","v":""}]
[null,null,null,null,null,null,null,null,null,null,null,null,null,null,null,null,null,null,null,null,null,null,null,null,null,null,null,null,null,{"$f":"'Baza klientów'!B1011","v":0},false,{"$f":"IF(AE1042=TRUE,COUNTIF($AE$32:AE1042,TRUE()),\"\")","v":""},{"$f":"IFERROR(INDEX($AD:$AD,MATCH(ROWS($AD$32:AD1042),$AF:$AF,0)),\"\")","v":""},null,null,false,{"$f":"IF(AJ1042=TRUE,COUNTIF($AJ$32:AJ1042,TRUE()),\"\")","v":""},{"$f":"IFERROR(INDEX($AD:$AD,MATCH(ROWS($AD$32:AD1042),$AK:$AK,0)),\"\")","v":""},null,false,{"$f":"IF(AN1042=TRUE,COUNTIF($AN$32:AN1042,TRUE()),\"\")","v":""},{"$f":"IFERROR(INDEX($AD:$AD,MATCH(ROWS($AD$32:$AD1042),$AO:$AO,0)),\"\")","v":""}]
[null,null,null,null,null,null,null,null,null,null,null,null,null,null,null,null,null,null,null,null,null,null,null,null,null,null,null,null,null,{"$f":"'Baza klientów'!B1016","v":0},false,{"$f":"IF(AE1047=TRUE,COUNTIF($AE$32:AE1047,TRUE()),\"\")","v":""},{"$f":"IFERROR(INDEX($AD:$AD,MATCH(ROWS($AD$32:AD1047),$AF:$AF,0)),\"\")","v":""},null,null,false,{"$f":"IF(AJ1047=TRUE,COUNTIF($AJ$32:AJ1047,TRUE()),\"\")","v":""},{"$f":"IFERROR(INDEX($AD:$AD,MATCH(ROWS($AD$32:AD1047),$AK:$AK,0)),\"\")","v":""},null,false,{"$f":"IF(AN1047=TRUE,COUNTIF($AN$32:AN1047,TRUE()),\"\")","v":""},{"$f":"IFERROR(INDEX($AD:$AD,MATCH(ROWS($AD$32:$AD1047),$AO:$AO,0)),\"\")","v":""}]
[null,null,null,null,null,null,null,null,null,null,null,null,null,null,null,null,null,null,null,null,null,null,null,null,null,null,null,null,null,{"$f":"'Baza klientów'!B1021","v":0},false,{"$f":"IF(AE1052=TRUE,COUNTIF($AE$32:AE1052,TRUE()),\"\")","v":""},{"$f":"IFERROR(INDEX($AD:$AD,MATCH(ROWS($AD$32:AD1052),$AF:$AF,0)),\"\")","v":""},null,null,false,{"$f":"IF(AJ1052=TRUE,COUNTIF($AJ$32:AJ1052,TRUE()),\"\")","v":""},{"$f":"IFERROR(INDEX($AD:$AD,MATCH(ROWS($AD$32:AD1052),$AK:$AK,0)),\"\")","v":""},null,false,{"$f":"IF(AN1052=TRUE,COUNTIF($AN$32:AN1052,TRUE()),\"\")","v":""},{"$f":"IFERROR(INDEX($AD:$AD,MATCH(ROWS($AD$32:$AD1052),$AO:$AO,0)),\"\")","v":""}]
[null,null,null,null,null,null,null,null,null,null,null,null,null,null,null,null,null,null,null,null,null,null,null,null,null,null,null,null,null,{"$f":"'Baza klientów'!B1025","v":0},false,{"$f":"IF(AE1056=TRUE,COUNTIF($AE$32:AE1056,TRUE()),\"\")","v":""},{"$f":"IFERROR(INDEX($AD:$AD,MATCH(ROWS($AD$32:AD1056),$AF:$AF,0)),\"\")","v":""},null,null,false,{"$f":"IF(AJ1056=TRUE,COUNTIF($AJ$32:AJ1056,TRUE()),\"\")","v":""},{"$f":"IFERROR(INDEX($AD:$AD,MATCH(ROWS($AD$32:AD1056),$AK:$AK,0)),\"\")","v":""},null,false,{"$f":"IF(AN1056=TRUE,COUNTIF($AN$32:AN1056,TRUE()),\"\")","v":""},{"$f":"IFERROR(INDEX($AD:$AD,MATCH(ROWS($AD$32:$AD1056),$AO:$AO,0)),\"\")","v":""}]
[null,null,null,null,null,null,null,null,null,null,null,null,null,null,null,null,null,null,null,null,null,null,null,null,null,null,null,null,null,{"$f":"'Baza klientów'!B1026","v":0},{"$f":"ISNUMBER(SEARCH($AH$32,AD1057))","v":false},{"$f":"IF(AE1057=TRUE,COUNTIF($AE$32:AE1057,TRUE()),\"\")","v":""},{"$f":"IFERROR(INDEX($AD:$AD,MATCH(ROWS($AD$32:AD1057),$AF:$AF,0)),\"\")","v":""},null,null,{"$f":"ISNUMBER(SEARCH($AM$31,AD1057))","v":false},{"$f":"IF(AJ1057=TRUE,COUNTIF($AJ$32:AJ1057,TRUE()),\"\")","v":""},{"$f":"IFERROR(INDEX($AD:$AD,MATCH(ROWS($AD$32:AD1057),$AK:$AK,0)),\"\")","v":""},null,{"$f":"ISNUMBER(SEARCH($AQ$31,$AD1057))","v":false},{"$f":"IF(AN1057=TRUE,COUNTIF($AN$32:AN1057,TRUE()),\"\")","v":""},{"$f":"IFERROR(INDEX($AD:$AD,MATCH(ROWS($AD$32:$AD1057),$AO:$AO,0)),\"\")","v":""}]
[null,null,null,null,null,null,null,null,null,null,null,null,null,null,null,null,null,null,null,null,null,null,null,null,null,null,null,null,null,{"$f":"'Baza klientów'!B1031","v":0},false,{"$f":"IF(AE1062=TRUE,COUNTIF($AE$32:AE1062,TRUE()),\"\")","v":""},{"$f":"IFERROR(INDEX($AD:$AD,MATCH(ROWS($AD$32:AD1062),$AF:$AF,0)),\"\")","v":""},null,null,false,{"$f":"IF(AJ1062=TRUE,COUNTIF($AJ$32:AJ1062,TRUE()),\"\")","v":""},{"$f":"IFERROR(INDEX($AD:$AD,MATCH(ROWS($AD$32:AD1062),$AK:$AK,0)),\"\")","v":""},null,false,{"$f":"IF(AN1062=TRUE,COUNTIF($AN$32:AN1062,TRUE()),\"\")","v":""},{"$f":"IFERROR(INDEX($AD:$AD,MATCH(ROWS($AD$32:$AD1062),$AO:$AO,0)),\"\")","v":""}]
[null,null,null,null,null,null,null,null,null,null,null,null,null,null,null,null,null,null,null,null,null,null,null,null,null,null,null,null,null,{"$f":"'Baza klientów'!B1036","v":0},false,{"$f":"IF(AE1067=TRUE,COUNTIF($AE$32:AE1067,TRUE()),\"\")","v":""},{"$f":"IFERROR(INDEX($AD:$AD,MATCH(ROWS($AD$32:AD1067),$AF:$AF,0)),\"\")","v":""},null,null,false,{"$f":"IF(AJ1067=TRUE,COUNTIF($AJ$32:AJ1067,TRUE()),\"\")","v":""},{"$f":"IFERROR(INDEX($AD:$AD,MATCH(ROWS($AD$32:AD1067),$AK:$AK,0)),\"\")","v":""},null,false,{"$f":"IF(AN1067=TRUE,COUNTIF($AN$32:AN1067,TRUE()),\"\")","v":""},{"$f":"IFERROR(INDEX($AD:$AD,MATCH(ROWS($AD$32:$AD1067),$AO:$AO,0)),\"\")","v":""}]
[null,null,null,null,null,null,null,null,null,null,null,null,null,null,null,null,null,null,null,null,null,null,null,null,null,null,null,null,null,{"$f":"'Baza klientów'!B1039","v":0},false,{"$f":"IF(AE1070=TRUE,COUNTIF($AE$32:AE1070,TRUE()),\"\")","v":""},{"$f":"IFERROR(INDEX($AD:$AD,MATCH(ROWS($AD$32:AD1070),$AF:$AF,0)),\"\")","v":""},null,null,false,{"$f":"IF(AJ1070=TRUE,COUNTIF($AJ$32:AJ1070,TRUE()),\"\")","v":""},{"$f":"IFERROR(INDEX($AD:$AD,MATCH(ROWS($AD$32:AD1070),$AK:$AK,0)),\"\")","v":""},null,false,{"$f":"IF(AN1070=TRUE,COUNTIF($AN$32:AN1070,TRUE()),\"\")","v":""},{"$f":"IFERROR(INDEX($AD:$AD,MATCH(ROWS($AD$32:$AD1070),$AO:$AO,0)),\"\")","v":""}]
[null,null,null,null,null,null,null,null,null,null,null,null,null,null,null,null,null,null,null,null,null,null,null,null,null,null,null,null,null,{"$f":"'Baza klientów'!B1041","v":0},false,{"$f":"IF(AE1072=TRUE,COUNTIF($AE$32:AE1072,TRUE()),\"\")","v":""},{"$f":"IFERROR(INDEX($AD:$AD,MATCH(ROWS($AD$32:AD1072),$AF:$AF,0)),\"\")","v":""},null,null,false,{"$f":"IF(AJ1072=TRUE,COUNTIF($AJ$32:AJ1072,TRUE()),\"\")","v":""},{"$f":"IFERROR(INDEX($AD:$AD,MATCH(ROWS($AD$32:AD1072),$AK:$AK,0)),\"\")","v":""},null,false,{"$f":"IF(AN1072=TRUE,COUNTIF($AN$32:AN1072,TRUE()),\"\")","v":""},{"$f":"IFERROR(INDEX($AD:$AD,MATCH(ROWS($AD$32:$AD1072),$AO:$AO,0)),\"\")","v":""}]
[null,null,null,null,null,null,null,null,null,null,null,null,null,null,null,null,null,null,null,null,null,null,null,null,null,null,null,null,null,{"$f":"'Baza klientów'!B1046","v":0},false,{"$f":"IF(AE1077=TRUE,COUNTIF($AE$32:AE1077,TRUE()),\"\")","v":""},{"$f":"IFERROR(INDEX($AD:$AD,MATCH(ROWS($AD$32:AD1077),$AF:$AF,0)),\"\")","v":""},null,null,false,{"$f":"IF(AJ1077=TRUE,COUNTIF($AJ$32:AJ1077,TRUE()),\"\")","v":""},{"$f":"IFERROR(INDEX($AD:$AD,MATCH(ROWS($AD$32:AD1077),$AK:$AK,0)),\"\")","v":""},null,false,{"$f":"IF(AN1077=TRUE,COUNTIF($AN$32:AN1077,TRUE()),\"\")","v":""},{"$f":"IFERROR(INDEX($AD:$AD,MATCH(ROWS($AD$32:$AD1077),$AO:$AO,0)),\"\")","v":""}]
[null,null,null,null,null,null,null,null,null,null,null,null,null,null,null,null,null,null,null,null,null,null,null,null,null,null,null,null,null,{"$f":"'Baza klientów'!B1051","v":0},false,{"$f":"IF(AE1082=TRUE,COUNTIF($AE$32:AE1082,TRUE()),\"\")","v":""},{"$f":"IFERROR(INDEX($AD:$AD,MATCH(ROWS($AD$32:AD1082),$AF:$AF,0)),\"\")","v":""},null,null,false,{"$f":"IF(AJ1082=TRUE,COUNTIF($AJ$32:AJ1082,TRUE()),\"\")","v":""},{"$f":"IFERROR(INDEX($AD:$AD,MATCH(ROWS($AD$32:AD1082),$AK:$AK,0)),\"\")","v":""},null,false,{"$f":"IF(AN1082=TRUE,COUNTIF($AN$32:AN1082,TRUE()),\"\")","v":""},{"$f":"IFERROR(INDEX($AD:$AD,MATCH(ROWS($AD$32:$AD1082),$AO:$AO,0)),\"\")","v":""}]
[null,null,null,null,null,null,null,null,null,null,null,null,null,null,null,null,null,null,null,null,null,null,null,null,null,null,null,null,null,{"$f":"'Baza klientów'!B1053","v":0},false,{"$f":"IF(AE1084=TRUE,COUNTIF($AE$32:AE1084,TRUE()),\"\")","v":""},{"$f":"IFERROR(INDEX($AD:$AD,MATCH(ROWS($AD$32:AD1084),$AF:$AF,0)),\"\")","v":""},null,null,false,{"$f":"IF(AJ1084=TRUE,COUNTIF($AJ$32:AJ1084,TRUE()),\"\")","v":""},{"$f":"IFERROR(INDEX($AD:$AD,MATCH(ROWS($AD$32:AD1084),$AK:$AK,0)),\"\")","v":""},null,false,{"$f":"IF(AN1084=TRUE,COUNTIF($AN$32:AN1084,TRUE()),\"\")","v":""},{"$f":"IFERROR(INDEX($AD:$AD,MATCH(ROWS($AD$32:$AD1084),$AO:$AO,0)),\"\")","v":""}]
[null,null,null,null,null,null,null,null,null,null,null,null,null,null,null,null,null,null,null,null,null,null,null,null,null,null,null,null,null,{"$f":"'Baza klientów'!B1056","v":0},false,{"$f":"IF(AE1087=TRUE,COUNTIF($AE$32:AE1087,TRUE()),\"\")","v":""},{"$f":"IFERROR(INDEX($AD:$AD,MATCH(ROWS($AD$32:AD1087),$AF:$AF,0)),\"\")","v":""},null,null,false,{"$f":"IF(AJ1087=TRUE,COUNTIF($AJ$32:AJ1087,TRUE()),\"\")","v":""},{"$f":"IFERROR(INDEX($AD:$AD,MATCH(ROWS($AD$32:AD1087),$AK:$AK,0)),\"\")","v":""},null,false,{"$f":"IF(AN1087=TRUE,COUNTIF($AN$32:AN1087,TRUE()),\"\")","v":""},{"$f":"IFERROR(INDEX($AD:$AD,MATCH(ROWS($AD$32:$AD1087),$AO:$AO,0)),\"\")","v":""}]
[null,null,null,null,null,null,null,null,null,null,null,null,null,null,null,null,null,null,null,null,null,null,null,null,null,null,null,null,null,{"$f":"'Baza klientów'!B1061","v":0},false,{"$f":"IF(AE1092=TRUE,COUNTIF($AE$32:AE1092,TRUE()),\"\")","v":""},{"$f":"IFERROR(INDEX($AD:$AD,MATCH(ROWS($AD$32:AD1092),$AF:$AF,0)),\"\")","v":""},null,null,false,{"$f":"IF(AJ1092=TRUE,COUNTIF($AJ$32:AJ1092,TRUE()),\"\")","v":""},{"$f":"IFERROR(INDEX($AD:$AD,MATCH(ROWS($AD$32:AD1092),$AK:$AK,0)),\"\")","v":""},null,false,{"$f":"IF(AN1092=TRUE,COUNTIF($AN$32:AN1092,TRUE()),\"\")","v":""},{"$f":"IFERROR(INDEX($AD:$AD,MATCH(ROWS($AD$32:$AD1092),$AO:$AO,0)),\"\")","v":""}]
[null,null,null,null,null,null,null,null,null,null,null,null,null,null,null,null,null,null,null,null,null,null,null,null,null,null,null,null,null,{"$f":"'Baza klientów'!B1066","v":0},false,{"$f":"IF(AE1097=TRUE,COUNTIF($AE$32:AE1097,TRUE()),\"\")","v":""},{"$f":"IFERROR(INDEX($AD:$AD,MATCH(ROWS($AD$32:AD1097),$AF:$AF,0)),\"\")","v":""},null,null,false,{"$f":"IF(AJ1097=TRUE,COUNTIF($AJ$32:AJ1097,TRUE()),\"\")","v":""},{"$f":"IFERROR(INDEX($AD:$AD,MATCH(ROWS($AD$32:AD1097),$AK:$AK,0)),\"\")","v":""},null,false,{"$f":"IF(AN1097=TRUE,COUNTIF($AN$32:AN1097,TRUE()),\"\")","v":""},{"$f":"IFERROR(INDEX($AD:$AD,MATCH(ROWS($AD$32:$AD1097),$AO:$AO,0)),\"\")","v":""}]
[null,null,null,null,null,null,null,null,null,null,null,null,null,null,null,null,null,null,null,null,null,null,null,null,null,null,null,null,null,{"$f":"'Baza klientów'!B1071","v":0},false,{"$f":"IF(AE1102=TRUE,COUNTIF($AE$32:AE1102,TRUE()),\"\")","v":""},{"$f":"IFERROR(INDEX($AD:$AD,MATCH(ROWS($AD$32:AD1102),$AF:$AF,0)),\"\")","v":""},null,null,false,{"$f":"IF(AJ1102=TRUE,COUNTIF($AJ$32:AJ1102,TRUE()),\"\")","v":""},{"$f":"IFERROR(INDEX($AD:$AD,MATCH(ROWS($AD$32:AD1102),$AK:$AK,0)),\"\")","v":""},null,false,{"$f":"IF(AN1102=TRUE,COUNTIF($AN$32:AN1102,TRUE()),\"\")","v":""},{"$f":"IFERROR(INDEX($AD:$AD,MATCH(ROWS($AD$32:$AD1102),$AO:$AO,0)),\"\")","v":""}]
[null,null,null,null,null,null,null,null,null,null,null,null,null,null,null,null,null,null,null,null,null,null,null,null,null,null,null,null,null,{"$f":"'Baza klientów'!B1074","v":0},false,{"$f":"IF(AE1105=TRUE,COUNTIF($AE$32:AE1105,TRUE()),\"\")","v":""},{"$f":"IFERROR(INDEX($AD:$AD,MATCH(ROWS($AD$32:AD1105),$AF:$AF,0)),\"\")","v":""},null,null,false,{"$f":"IF(AJ1105=TRUE,COUNTIF($AJ$32:AJ1105,TRUE()),\"\")","v":""},{"$f":"IFERROR(INDEX($AD:$AD,MATCH(ROWS($AD$32:AD1105),$AK:$AK,0)),\"\")","v":""},null,false,{"$f":"IF(AN1105=TRUE,COUNTIF($AN$32:AN1105,TRUE()),\"\")","v":""},{"$f":"IFERROR(INDEX($AD:$AD,MATCH(ROWS($AD$32:$AD1105),$AO:$AO,0)),\"\")","v":""}]
[null,null,null,null,null,null,null,null,null,null,null,null,null,null,null,null,null,null,null,null,null,null,null,null,null,null,null,null,null,{"$f":"'Baza klientów'!B1076","v":0},false,{"$f":"IF(AE1107=TRUE,COUNTIF($AE$32:AE1107,TRUE()),\"\")","v":""},{"$f":"IFERROR(INDEX($AD:$AD,MATCH(ROWS($AD$32:AD1107),$AF:$AF,0)),\"\")","v":""},null,null,false,{"$f":"IF(AJ1107=TRUE,COUNTIF($AJ$32:AJ1107,TRUE()),\"\")","v":""},{"$f":"IFERROR(INDEX($AD:$AD,MATCH(ROWS($AD$32:AD1107),$AK:$AK,0)),\"\")","v":""},null,false,{"$f":"IF(AN1107=TRUE,COUNTIF($AN$32:AN1107,TRUE()),\"\")","v":""},{"$f":"IFERROR(INDEX($AD:$AD,MATCH(ROWS($AD$32:$AD1107),$AO:$AO,0)),\"\")","v":""}]
[null,null,null,null,null,null,null,null,null,null,null,null,null,null,null,null,null,null,null,null,null,null,null,null,null,null,null,null,null,{"$f":"'Baza klientów'!B1081","v":0},false,{"$f":"IF(AE1112=TRUE,COUNTIF($AE$32:AE1112,TRUE()),\"\")","v":""},{"$f":"IFERROR(INDEX($AD:$AD,MATCH(ROWS($AD$32:AD1112),$AF:$AF,0)),\"\")","v":""},null,null,false,{"$f":"IF(AJ1112=TRUE,COUNTIF($AJ$32:AJ1112,TRUE()),\"\")","v":""},{"$f":"IFERROR(INDEX($AD:$AD,MATCH(ROWS($AD$32:AD1112),$AK:$AK,0)),\"\")","v":""},null,false,{"$f":"IF(AN1112=TRUE,COUNTIF($AN$32:AN1112,TRUE()),\"\")","v":""},{"$f":"IFERROR(INDEX($AD:$AD,MATCH(ROWS($AD$32:$AD1112),$AO:$AO,0)),\"\")","v":""}]
[null,null,null,null,null,null,null,null,null,null,null,null,null,null,null,null,null,null,null,null,null,null,null,null,null,null,null,null,null,{"$f":"'Baza klientów'!B1086","v":0},false,{"$f":"IF(AE1117=TRUE,COUNTIF($AE$32:AE1117,TRUE()),\"\")","v":""},{"$f":"IFERROR(INDEX($AD:$AD,MATCH(ROWS($AD$32:AD1117),$AF:$AF,0)),\"\")","v":""},null,null,false,{"$f":"IF(AJ1117=TRUE,COUNTIF($AJ$32:AJ1117,TRUE()),\"\")","v":""},{"$f":"IFERROR(INDEX($AD:$AD,MATCH(ROWS($AD$32:AD1117),$AK:$AK,0)),\"\")","v":""},null,false,{"$f":"IF(AN1117=TRUE,COUNTIF($AN$32:AN1117,TRUE()),\"\")","v":""},{"$f":"IFERROR(INDEX($AD:$AD,MATCH(ROWS($AD$32:$AD1117),$AO:$AO,0)),\"\")","v":""}]
[null,null,null,null,null,null,null,null,null,null,null,null,null,null,null,null,null,null,null,null,null,null,null,null,null,null,null,null,null,{"$f":"'Baza klientów'!B1087","v":0},false,{"$f":"IF(AE1118=TRUE,COUNTIF($AE$32:AE1118,TRUE()),\"\")","v":""},{"$f":"IFERROR(INDEX($AD:$AD,MATCH(ROWS($AD$32:AD1118),$AF:$AF,0)),\"\")","v":""},null,null,false,{"$f":"IF(AJ1118=TRUE,COUNTIF($AJ$32:AJ1118,TRUE()),\"\")","v":""},{"$f":"IFERROR(INDEX($AD:$AD,MATCH(ROWS($AD$32:AD1118),$AK:$AK,0)),\"\")","v":""},null,false,{"$f":"IF(AN1118=TRUE,COUNTIF($AN$32:AN1118,TRUE()),\"\")","v":""},{"$f":"IFERROR(INDEX($AD:$AD,MATCH(ROWS($AD$32:$AD1118),$AO:$AO,0)),\"\")","v":""}]
[null,null,null,null,null,null,null,null,null,null,null,null,null,null,null,null,null,null,null,null,null,null,null,null,null,null,null,null,null,{"$f":"'Baza klientów'!B1092","v":0},false,{"$f":"IF(AE1123=TRUE,COUNTIF($AE$32:AE1123,TRUE()),\"\")","v":""},{"$f":"IFERROR(INDEX($AD:$AD,MATCH(ROWS($AD$32:AD1123),$AF:$AF,0)),\"\")","v":""},null,null,false,{"$f":"IF(AJ1123=TRUE,COUNTIF($AJ$32:AJ1123,TRUE()),\"\")","v":""},{"$f":"IFERROR(INDEX($AD:$AD,MATCH(ROWS($AD$32:AD1123),$AK:$AK,0)),\"\")","v":""},null,false,{"$f":"IF(AN1123=TRUE,COUNTIF($AN$32:AN1123,TRUE()),\"\")","v":""},{"$f":"IFERROR(INDEX($AD:$AD,MATCH(ROWS($AD$32:$AD1123),$AO:$AO,0)),\"\")","v":""}]
[null,null,null,null,null,null,null,null,null,null,null,null,null,null,null,null,null,null,null,null,null,null,null,null,null,null,null,null,null,{"$f":"'Baza klientów'!B1096","v":0},false,{"$f":"IF(AE1127=TRUE,COUNTIF($AE$32:AE1127,TRUE()),\"\")","v":""},{"$f":"IFERROR(INDEX($AD:$AD,MATCH(ROWS($AD$32:AD1127),$AF:$AF,0)),\"\")","v":""},null,null,false,{"$f":"IF(AJ1127=TRUE,COUNTIF($AJ$32:AJ1127,TRUE()),\"\")","v":""},{"$f":"IFERROR(INDEX($AD:$AD,MATCH(ROWS($AD$32:AD1127),$AK:$AK,0)),\"\")","v":""},null,false,{"$f":"IF(AN1127=TRUE,COUNTIF($AN$32:AN1127,TRUE()),\"\")","v":""},{"$f":"IFERROR(INDEX($AD:$AD,MATCH(ROWS($AD$32:$AD1127),$AO:$AO,0)),\"\")","v":""}]
[null,null,null,null,null,null,null,null,null,null,null,null,null,null,null,null,null,null,null,null,null,null,null,null,null,null,null,null,null,{"$f":"'Baza klientów'!B1101","v":0},false,{"$f":"IF(AE1132=TRUE,COUNTIF($AE$32:AE1132,TRUE()),\"\")","v":""},{"$f":"IFERROR(INDEX($AD:$AD,MATCH(ROWS($AD$32:AD1132),$AF:$AF,0)),\"\")","v":""},null,null,false,{"$f":"IF(AJ1132=TRUE,COUNTIF($AJ$32:AJ1132,TRUE()),\"\")","v":""},{"$f":"IFERROR(INDEX($AD:$AD,MATCH(ROWS($AD$32:AD1132),$AK:$AK,0)),\"\")","v":""},null,false,{"$f":"IF(AN1132=TRUE,COUNTIF($AN$32:AN1132,TRUE()),\"\")","v":""},{"$f":"IFERROR(INDEX($AD:$AD,MATCH(ROWS($AD$32:$AD1132),$AO:$AO,0)),\"\")","v":""}]
[null,null,null,null,null,null,null,null,null,null,null,null,null,null,null,null,null,null,null,null,null,null,null,null,null,null,null,null,null,{"$f":"'Baza klientów'!B1102","v":0},false,{"$f":"IF(AE1133=TRUE,COUNTIF($AE$32:AE1133,TRUE()),\"\")","v":""},{"$f":"IFERROR(INDEX($AD:$AD,MATCH(ROWS($AD$32:AD1133),$AF:$AF,0)),\"\")","v":""},null,null,false,{"$f":"IF(AJ1133=TRUE,COUNTIF($AJ$32:AJ1133,TRUE()),\"\")","v":""},{"$f":"IFERROR(INDEX($AD:$AD,MATCH(ROWS($AD$32:AD1133),$AK:$AK,0)),\"\")","v":""},null,false,{"$f":"IF(AN1133=TRUE,COUNTIF($AN$32:AN1133,TRUE()),\"\")","v":""},{"$f":"IFERROR(INDEX($AD:$AD,MATCH(ROWS($AD$32:$AD1133),$AO:$AO,0)),\"\")","v":""}]
[null,null,null,null,null,null,null,null,null,null,null,null,null,null,null,null,null,null,null,null,null,null,null,null,null,null,null,null,null,{"$f":"'Baza klientów'!B1108","v":0},false,{"$f":"IF(AE1139=TRUE,COUNTIF($AE$32:AE1139,TRUE()),\"\")","v":""},{"$f":"IFERROR(INDEX($AD:$AD,MATCH(ROWS($AD$32:AD1139),$AF:$AF,0)),\"\")","v":""},null,null,false,{"$f":"IF(AJ1139=TRUE,COUNTIF($AJ$32:AJ1139,TRUE()),\"\")","v":""},{"$f":"IFERROR(INDEX($AD:$AD,MATCH(ROWS($AD$32:AD1139),$AK:$AK,0)),\"\")","v":""},null,false,{"$f":"IF(AN1139=TRUE,COUNTIF($AN$32:AN1139,TRUE()),\"\")","v":""},{"$f":"IFERROR(INDEX($AD:$AD,MATCH(ROWS($AD$32:$AD1139),$AO:$AO,0)),\"\")","v":""}]
[null,null,null,null,null,null,null,null,null,null,null,null,null,null,null,null,null,null,null,null,null,null,null,null,null,null,null,null,null,{"$f":"'Baza klientów'!B1111","v":0},false,{"$f":"IF(AE1142=TRUE,COUNTIF($AE$32:AE1142,TRUE()),\"\")","v":""},{"$f":"IFERROR(INDEX($AD:$AD,MATCH(ROWS($AD$32:AD1142),$AF:$AF,0)),\"\")","v":""},null,null,false,{"$f":"IF(AJ1142=TRUE,COUNTIF($AJ$32:AJ1142,TRUE()),\"\")","v":""},{"$f":"IFERROR(INDEX($AD:$AD,MATCH(ROWS($AD$32:AD1142),$AK:$AK,0)),\"\")","v":""},null,false,{"$f":"IF(AN1142=TRUE,COUNTIF($AN$32:AN1142,TRUE()),\"\")","v":""},{"$f":"IFERROR(INDEX($AD:$AD,MATCH(ROWS($AD$32:$AD1142),$AO:$AO,0)),\"\")","v":""}]
[null,null,null,null,null,null,null,null,null,null,null,null,null,null,null,null,null,null,null,null,null,null,null,null,null,null,null,null,null,{"$f":"'Baza klientów'!B1116","v":0},false,{"$f":"IF(AE1147=TRUE,COUNTIF($AE$32:AE1147,TRUE()),\"\")","v":""},{"$f":"IFERROR(INDEX($AD:$AD,MATCH(ROWS($AD$32:AD1147),$AF:$AF,0)),\"\")","v":""},null,null,false,{"$f":"IF(AJ1147=TRUE,COUNTIF($AJ$32:AJ1147,TRUE()),\"\")","v":""},{"$f":"IFERROR(INDEX($AD:$AD,MATCH(ROWS($AD$32:AD1147),$AK:$AK,0)),\"\")","v":""},null,false,{"$f":"IF(AN1147=TRUE,COUNTIF($AN$32:AN1147,TRUE()),\"\")","v":""},{"$f":"IFERROR(INDEX($AD:$AD,MATCH(ROWS($AD$32:$AD1147),$AO:$AO,0)),\"\")","v":""}]
[null,null,null,null,null,null,null,null,null,null,null,null,null,null,null,null,null,null,null,null,null,null,null,null,null,null,null,null,null,{"$f":"'Baza klientów'!B1117","v":0},false,{"$f":"IF(AE1148=TRUE,COUNTIF($AE$32:AE1148,TRUE()),\"\")","v":""},{"$f":"IFERROR(INDEX($AD:$AD,MATCH(ROWS($AD$32:AD1148),$AF:$AF,0)),\"\")","v":""},null,null,false,{"$f":"IF(AJ1148=TRUE,COUNTIF($AJ$32:AJ1148,TRUE()),\"\")","v":""},{"$f":"IFERROR(INDEX($AD:$AD,MATCH(ROWS($AD$32:AD1148),$AK:$AK,0)),\"\")","v":""},null,false,{"$f":"IF(AN1148=TRUE,COUNTIF($AN$32:AN1148,TRUE()),\"\")","v":""},{"$f":"IFERROR(INDEX($AD:$AD,MATCH(ROWS($AD$32:$AD1148),$AO:$AO,0)),\"\")","v":""}]
[null,null,null,null,null,null,null,null,null,null,null,null,null,null,null,null,null,null,null,null,null,null,null,null,null,null,null,null,null,{"$f":"'Baza klientów'!B1122","v":0},false,{"$f":"IF(AE1153=TRUE,COUNTIF($AE$32:AE1153,TRUE()),\"\")","v":""},{"$f":"IFERROR(INDEX($AD:$AD,MATCH(ROWS($AD$32:AD1153),$AF:$AF,0)),\"\")","v":""},null,null,false,{"$f":"IF(AJ1153=TRUE,COUNTIF($AJ$32:AJ1153,TRUE()),\"\")","v":""},{"$f":"IFERROR(INDEX($AD:$AD,MATCH(ROWS($AD$32:AD1153),$AK:$AK,0)),\"\")","v":""},null,false,{"$f":"IF(AN1153=TRUE,COUNTIF($AN$32:AN1153,TRUE()),\"\")","v":""},{"$f":"IFERROR(INDEX($AD:$AD,MATCH(ROWS($AD$32:$AD1153),$AO:$AO,0)),\"\")","v":""}]
[null,null,null,null,null,null,null,null,null,null,null,null,null,null,null,null,null,null,null,null,null,null,null,null,null,null,null,null,null,{"$f":"'Baza klientów'!B1126","v":0},false,{"$f":"IF(AE1157=TRUE,COUNTIF($AE$32:AE1157,TRUE()),\"\")","v":""},{"$f":"IFERROR(INDEX($AD:$AD,MATCH(ROWS($AD$32:AD1157),$AF:$AF,0)),\"\")","v":""},null,null,false,{"$f":"IF(AJ1157=TRUE,COUNTIF($AJ$32:AJ1157,TRUE()),\"\")","v":""},{"$f":"IFERROR(INDEX($AD:$AD,MATCH(ROWS($AD$32:AD1157),$AK:$AK,0)),\"\")","v":""},null,false,{"$f":"IF(AN1157=TRUE,COUNTIF($AN$32:AN1157,TRUE()),\"\")","v":""},{"$f":"IFERROR(INDEX($AD:$AD,MATCH(ROWS($AD$32:$AD1157),$AO:$AO,0)),\"\")","v":""}]
[null,null,null,null,null,null,null,null,null,null,null,null,null,null,null,null,null,null,null,null,null,null,null,null,null,null,null,null,null,{"$f":"'Baza klientów'!B1131","v":0},false,{"$f":"IF(AE1162=TRUE,COUNTIF($AE$32:AE1162,TRUE()),\"\")","v":""},{"$f":"IFERROR(INDEX($AD:$AD,MATCH(ROWS($AD$32:AD1162),$AF:$AF,0)),\"\")","v":""},null,null,false,{"$f":"IF(AJ1162=TRUE,COUNTIF($AJ$32:AJ1162,TRUE()),\"\")","v":""},{"$f":"IFERROR(INDEX($AD:$AD,MATCH(ROWS($AD$32:AD1162),$AK:$AK,0)),\"\")","v":""},null,false,{"$f":"IF(AN1162=TRUE,COUNTIF($AN$32:AN1162,TRUE()),\"\")","v":""},{"$f":"IFERROR(INDEX($AD:$AD,MATCH(ROWS($AD$32:$AD1162),$AO:$AO,0)),\"\")","v":""}]
[null,null,null,null,null,null,null,null,null,null,null,null,null,null,null,null,null,null,null,null,null,null,null,null,null,null,null,null,null,{"$f":"'Baza klientów'!B1132","v":0},false,{"$f":"IF(AE1163=TRUE,COUNTIF($AE$32:AE1163,TRUE()),\"\")","v":""},{"$f":"IFERROR(INDEX($AD:$AD,MATCH(ROWS($AD$32:AD1163),$AF:$AF,0)),\"\")","v":""},null,null,false,{"$f":"IF(AJ1163=TRUE,COUNTIF($AJ$32:AJ1163,TRUE()),\"\")","v":""},{"$f":"IFERROR(INDEX($AD:$AD,MATCH(ROWS($AD$32:AD1163),$AK:$AK,0)),\"\")","v":""},null,false,{"$f":"IF(AN1163=TRUE,COUNTIF($AN$32:AN1163,TRUE()),\"\")","v":""},{"$f":"IFERROR(INDEX($AD:$AD,MATCH(ROWS($AD$32:$AD1163),$AO:$AO,0)),\"\")","v":""}]
[null,null,null,null,null,null,null,null,null,null,null,null,null,null,null,null,null,null,null,null,null,null,null,null,null,null,null,null,null,{"$f":"'Baza klientów'!B1137","v":0},false,{"$f":"IF(AE1168=TRUE,COUNTIF($AE$32:AE1168,TRUE()),\"\")","v":""},{"$f":"IFERROR(INDEX($AD:$AD,MATCH(ROWS($AD$32:AD1168),$AF:$AF,0)),\"\")","v":""},null,null,false,{"$f":"IF(AJ1168=TRUE,COUNTIF($AJ$32:AJ1168,TRUE()),\"\")","v":""},{"$f":"IFERROR(INDEX($AD:$AD,MATCH(ROWS($AD$32:AD1168),$AK:$AK,0)),\"\")","v":""},null,false,{"$f":"IF(AN1168=TRUE,COUNTIF($AN$32:AN1168,TRUE()),\"\")","v":""},{"$f":"IFERROR(INDEX($AD:$AD,MATCH(ROWS($AD$32:$AD1168),$AO:$AO,0)),\"\")","v":""}]
[null,null,null,null,null,null,null,null,null,null,null,null,null,null,null,null,null,null,null,null,null,null,null,null,null,null,null,null,null,{"$f":"'Baza klientów'!B1140","v":0},false,{"$f":"IF(AE1171=TRUE,COUNTIF($AE$32:AE1171,TRUE()),\"\")","v":""},{"$f":"IFERROR(INDEX($AD:$AD,MATCH(ROWS($AD$32:AD1171),$AF:$AF,0)),\"\")","v":""},null,null,false,{"$f":"IF(AJ1171=TRUE,COUNTIF($AJ$32:AJ1171,TRUE()),\"\")","v":""},{"$f":"IFERROR(INDEX($AD:$AD,MATCH(ROWS($AD$32:AD1171),$AK:$AK,0)),\"\")","v":""},null,false,{"$f":"IF(AN1171=TRUE,COUNTIF($AN$32:AN1171,TRUE()),\"\")","v":""},{"$f":"IFERROR(INDEX($AD:$AD,MATCH(ROWS($AD$32:$AD1171),$AO:$AO,0)),\"\")","v":""}]
[null,null,null,null,null,null,null,null,null,null,null,null,null,null,null,null,null,null,null,null,null,null,null,null,null,null,null,null,null,{"$f":"'Baza klientów'!B1146","v":0},false,{"$f":"IF(AE1177=TRUE,COUNTIF($AE$32:AE1177,TRUE()),\"\")","v":""},{"$f":"IFERROR(INDEX($AD:$AD,MATCH(ROWS($AD$32:AD1177),$AF:$AF,0)),\"\")","v":""},null,null,false,{"$f":"IF(AJ1177=TRUE,COUNTIF($AJ$32:AJ1177,TRUE()),\"\")","v":""},{"$f":"IFERROR(INDEX($AD:$AD,MATCH(ROWS($AD$32:AD1177),$AK:$AK,0)),\"\")","v":""},null,false,{"$f":"IF(AN1177=TRUE,COUNTIF($AN$32:AN1177,TRUE()),\"\")","v":""},{"$f":"IFERROR(INDEX($AD:$AD,MATCH(ROWS($AD$32:$AD1177),$AO:$AO,0)),\"\")","v":""}]
[null,null,null,null,null,null,null,null,null,null,null,null,null,null,null,null,null,null,null,null,null,null,null,null,null,null,null,null,null,{"$f":"'Baza klientów'!B1147","v":0},false,{"$f":"IF(AE1178=TRUE,COUNTIF($AE$32:AE1178,TRUE()),\"\")","v":""},{"$f":"IFERROR(INDEX($AD:$AD,MATCH(ROWS($AD$32:AD1178),$AF:$AF,0)),\"\")","v":""},null,null,false,{"$f":"IF(AJ1178=TRUE,COUNTIF($AJ$32:AJ1178,TRUE()),\"\")","v":""},{"$f":"IFERROR(INDEX($AD:$AD,MATCH(ROWS($AD$32:AD1178),$AK:$AK,0)),\"\")","v":""},null,false,{"$f":"IF(AN1178=TRUE,COUNTIF($AN$32:AN1178,TRUE()),\"\")","v":""},{"$f":"IFERROR(INDEX($AD:$AD,MATCH(ROWS($AD$32:$AD1178),$AO:$AO,0)),\"\")","v":""}]
[null,null,null,null,null,null,null,null,null,null,null,null,null,null,null,null,null,null,null,null,null,null,null,null,null,null,null,null,null,{"$f":"'Baza klientów'!B1152","v":0},false,{"$f":"IF(AE1183=TRUE,COUNTIF($AE$32:AE1183,TRUE()),\"\")","v":""},{"$f":"IFERROR(INDEX($AD:$AD,MATCH(ROWS($AD$32:AD1183),$AF:$AF,0)),\"\")","v":""},null,null,false,{"$f":"IF(AJ1183=TRUE,COUNTIF($AJ$32:AJ1183,TRUE()),\"\")","v":""},{"$f":"IFERROR(INDEX($AD:$AD,MATCH(ROWS($AD$32:AD1183),$AK:$AK,0)),\"\")","v":""},null,false,{"$f":"IF(AN1183=TRUE,COUNTIF($AN$32:AN1183,TRUE()),\"\")","v":""},{"$f":"IFERROR(INDEX($AD:$AD,MATCH(ROWS($AD$32:$AD1183),$AO:$AO,0)),\"\")","v":""}]
[null,null,null,null,null,null,null,null,null,null,null,null,null,null,null,null,null,null,null,null,null,null,null,null,null,null,null,null,null,{"$f":"'Baza klientów'!B1157","v":0},false,{"$f":"IF(AE1188=TRUE,COUNTIF($AE$32:AE1188,TRUE()),\"\")","v":""},{"$f":"IFERROR(INDEX($AD:$AD,MATCH(ROWS($AD$32:AD1188),$AF:$AF,0)),\"\")","v":""},null,null,false,{"$f":"IF(AJ1188=TRUE,COUNTIF($AJ$32:AJ1188,TRUE()),\"\")","v":""},{"$f":"IFERROR(INDEX($AD:$AD,MATCH(ROWS($AD$32:AD1188),$AK:$AK,0)),\"\")","v":""},null,false,{"$f":"IF(AN1188=TRUE,COUNTIF($AN$32:AN1188,TRUE()),\"\")","v":""},{"$f":"IFERROR(INDEX($AD:$AD,MATCH(ROWS($AD$32:$AD1188),$AO:$AO,0)),\"\")","v":""}]
[null,null,null,null,null,null,null,null,null,null,null,null,null,null,null,null,null,null,null,null,null,null,null,null,null,null,null,null,null,{"$f":"'Baza klientów'!B1161","v":0},false,{"$f":"IF(AE1192=TRUE,COUNTIF($AE$32:AE1192,TRUE()),\"\")","v":""},{"$f":"IFERROR(INDEX($AD:$AD,MATCH(ROWS($AD$32:AD1192),$AF:$AF,0)),\"\")","v":""},null,null,false,{"$f":"IF(AJ1192=TRUE,COUNTIF($AJ$32:AJ1192,TRUE()),\"\")","v":""},{"$f":"IFERROR(INDEX($AD:$AD,MATCH(ROWS($AD$32:AD1192),$AK:$AK,0)),\"\")","v":""},null,false,{"$f":"IF(AN1192=TRUE,COUNTIF($AN$32:AN1192,TRUE()),\"\")","v":""},{"$f":"IFERROR(INDEX($AD:$AD,MATCH(ROWS($AD$32:$AD1192),$AO:$AO,0)),\"\")","v":""}]
[null,null,null,null,null,null,null,null,null,null,null,null,null,null,null,null,null,null,null,null,null,null,null,null,null,null,null,null,null,{"$f":"'Baza klientów'!B1162","v":0},false,{"$f":"IF(AE1193=TRUE,COUNTIF($AE$32:AE1193,TRUE()),\"\")","v":""},{"$f":"IFERROR(INDEX($AD:$AD,MATCH(ROWS($AD$32:AD1193),$AF:$AF,0)),\"\")","v":""},null,null,false,{"$f":"IF(AJ1193=TRUE,COUNTIF($AJ$32:AJ1193,TRUE()),\"\")","v":""},{"$f":"IFERROR(INDEX($AD:$AD,MATCH(ROWS($AD$32:AD1193),$AK:$AK,0)),\"\")","v":""},null,false,{"$f":"IF(AN1193=TRUE,COUNTIF($AN$32:AN1193,TRUE()),\"\")","v":""},{"$f":"IFERROR(INDEX($AD:$AD,MATCH(ROWS($AD$32:$AD1193),$AO:$AO,0)),\"\")","v":""}]
[null,null,null,null,null,null,null,null,null,null,null,null,null,null,null,null,null,null,null,null,null,null,null,null,null,null,null,null,null,{"$f":"'Baza klientów'!B1167","v":0},false,{"$f":"IF(AE1198=TRUE,COUNTIF($AE$32:AE1198,TRUE()),\"\")","v":""},{"$f":"IFERROR(INDEX($AD:$AD,MATCH(ROWS($AD$32:AD1198),$AF:$AF,0)),\"\")","v":""},null,null,false,{"$f":"IF(AJ1198=TRUE,COUNTIF($AJ$32:AJ1198,TRUE()),\"\")","v":""},{"$f":"IFERROR(INDEX($AD:$AD,MATCH(ROWS($AD$32:AD1198),$AK:$AK,0)),\"\")","v":""},null,false,{"$f":"IF(AN1198=TRUE,COUNTIF($AN$32:AN1198,TRUE()),\"\")","v":""},{"$f":"IFERROR(INDEX($AD:$AD,MATCH(ROWS($AD$32:$AD1198),$AO:$AO,0)),\"\")","v":""}]
[null,null,null,null,null,null,null,null,null,null,null,null,null,null,null,null,null,null,null,null,null,null,null,null,null,null,null,null,null,{"$f":"'Baza klientów'!B1172","v":0},false,{"$f":"IF(AE1203=TRUE,COUNTIF($AE$32:AE1203,TRUE()),\"\")","v":""},{"$f":"IFERROR(INDEX($AD:$AD,MATCH(ROWS($AD$32:AD1203),$AF:$AF,0)),\"\")","v":""},null,null,false,{"$f":"IF(AJ1203=TRUE,COUNTIF($AJ$32:AJ1203,TRUE()),\"\")","v":""},{"$f":"IFERROR(INDEX($AD:$AD,MATCH(ROWS($AD$32:AD1203),$AK:$AK,0)),\"\")","v":""},null,false,{"$f":"IF(AN1203=TRUE,COUNTIF($AN$32:AN1203,TRUE()),\"\")","v":""},{"$f":"IFERROR(INDEX($AD:$AD,MATCH(ROWS($AD$32:$AD1203),$AO:$AO,0)),\"\")","v":""}]
[null,null,null,null,null,null,null,null,null,null,null,null,null,null,null,null,null,null,null,null,null,null,null,null,null,null,null,null,null,{"$f":"'Baza klientów'!B1177","v":0},false,{"$f":"IF(AE1208=TRUE,COUNTIF($AE$32:AE1208,TRUE()),\"\")","v":""},{"$f":"IFERROR(INDEX($AD:$AD,MATCH(ROWS($AD$32:AD1208),$AF:$AF,0)),\"\")","v":""},null,null,false,{"$f":"IF(AJ1208=TRUE,COUNTIF($AJ$32:AJ1208,TRUE()),\"\")","v":""},{"$f":"IFERROR(INDEX($AD:$AD,MATCH(ROWS($AD$32:AD1208),$AK:$AK,0)),\"\")","v":""},null,false,{"$f":"IF(AN1208=TRUE,COUNTIF($AN$32:AN1208,TRUE()),\"\")","v":""},{"$f":"IFERROR(INDEX($AD:$AD,MATCH(ROWS($AD$32:$AD1208),$AO:$AO,0)),\"\")","v":""}]
[null,null,null,null,null,null,null,null,null,null,null,null,null,null,null,null,null,null,null,null,null,null,null,null,null,null,null,null,null,{"$f":"'Baza klientów'!B1179","v":0},false,{"$f":"IF(AE1210=TRUE,COUNTIF($AE$32:AE1210,TRUE()),\"\")","v":""},{"$f":"IFERROR(INDEX($AD:$AD,MATCH(ROWS($AD$32:AD1210),$AF:$AF,0)),\"\")","v":""},null,null,false,{"$f":"IF(AJ1210=TRUE,COUNTIF($AJ$32:AJ1210,TRUE()),\"\")","v":""},{"$f":"IFERROR(INDEX($AD:$AD,MATCH(ROWS($AD$32:AD1210),$AK:$AK,0)),\"\")","v":""},null,false,{"$f":"IF(AN1210=TRUE,COUNTIF($AN$32:AN1210,TRUE()),\"\")","v":""},{"$f":"IFERROR(INDEX($AD:$AD,MATCH(ROWS($AD$32:$AD1210),$AO:$AO,0)),\"\")","v":""}]
[null,null,null,null,null,null,null,null,null,null,null,null,null,null,null,null,null,null,null,null,null,null,null,null,null,null,null,null,null,{"$f":"'Baza klientów'!B1182","v":0},false,{"$f":"IF(AE1213=TRUE,COUNTIF($AE$32:AE1213,TRUE()),\"\")","v":""},{"$f":"IFERROR(INDEX($AD:$AD,MATCH(ROWS($AD$32:AD1213),$AF:$AF,0)),\"\")","v":""},null,null,false,{"$f":"IF(AJ1213=TRUE,COUNTIF($AJ$32:AJ1213,TRUE()),\"\")","v":""},{"$f":"IFERROR(INDEX($AD:$AD,MATCH(ROWS($AD$32:AD1213),$AK:$AK,0)),\"\")","v":""},null,false,{"$f":"IF(AN1213=TRUE,COUNTIF($AN$32:AN1213,TRUE()),\"\")","v":""},{"$f":"IFERROR(INDEX($AD:$AD,MATCH(ROWS($AD$32:$AD1213),$AO:$AO,0)),\"\")","v":""}]
[null,null,null,null,null,null,null,null,null,null,null,null,null,null,null,null,null,null,null,null,null,null,null,null,null,null,null,null,null,{"$f":"'Baza klientów'!B1187","v":0},false,{"$f":"IF(AE1218=TRUE,COUNTIF($AE$32:AE1218,TRUE()),\"\")","v":""},{"$f":"IFERROR(INDEX($AD:$AD,MATCH(ROWS($AD$32:AD1218),$AF:$AF,0)),\"\")","v":""},null,null,false,{"$f":"IF(AJ1218=TRUE,COUNTIF($AJ$32:AJ1218,TRUE()),\"\")","v":""},{"$f":"IFERROR(INDEX($AD:$AD,MATCH(ROWS($AD$32:AD1218),$AK:$AK,0)),\"\")","v":""},null,false,{"$f":"IF(AN1218=TRUE,COUNTIF($AN$32:AN1218,TRUE()),\"\")","v":""},{"$f":"IFERROR(INDEX($AD:$AD,MATCH(ROWS($AD$32:$AD1218),$AO:$AO,0)),\"\")","v":""}]
[null,null,null,null,null,null,null,null,null,null,null,null,null,null,null,null,null,null,null,null,null,null,null,null,null,null,null,null,null,{"$f":"'Baza klientów'!B1192","v":0},false,{"$f":"IF(AE1223=TRUE,COUNTIF($AE$32:AE1223,TRUE()),\"\")","v":""},{"$f":"IFERROR(INDEX($AD:$AD,MATCH(ROWS($AD$32:AD1223),$AF:$AF,0)),\"\")","v":""},null,null,false,{"$f":"IF(AJ1223=TRUE,COUNTIF($AJ$32:AJ1223,TRUE()),\"\")","v":""},{"$f":"IFERROR(INDEX($AD:$AD,MATCH(ROWS($AD$32:AD1223),$AK:$AK,0)),\"\")","v":""},null,false,{"$f":"IF(AN1223=TRUE,COUNTIF($AN$32:AN1223,TRUE()),\"\")","v":""},{"$f":"IFERROR(INDEX($AD:$AD,MATCH(ROWS($AD$32:$AD1223),$AO:$AO,0)),\"\")","v":""}]
[null,null,null,null,null,null,null,null,null,null,null,null,null,null,null,null,null,null,null,null,null,null,null,null,null,null,null,null,null,{"$f":"'Baza klientów'!B1195","v":0},false,{"$f":"IF(AE1226=TRUE,COUNTIF($AE$32:AE1226,TRUE()),\"\")","v":""},{"$f":"IFERROR(INDEX($AD:$AD,MATCH(ROWS($AD$32:AD1226),$AF:$AF,0)),\"\")","v":""},null,null,false,{"$f":"IF(AJ1226=TRUE,COUNTIF($AJ$32:AJ1226,TRUE()),\"\")","v":""},{"$f":"IFERROR(INDEX($AD:$AD,MATCH(ROWS($AD$32:AD1226),$AK:$AK,0)),\"\")","v":""},null,false,{"$f":"IF(AN1226=TRUE,COUNTIF($AN$32:AN1226,TRUE()),\"\")","v":""},{"$f":"IFERROR(INDEX($AD:$AD,MATCH(ROWS($AD$32:$AD1226),$AO:$AO,0)),\"\")","v":""}]
[null,null,null,null,null,null,null,null,null,null,null,null,null,null,null,null,null,null,null,null,null,null,null,null,null,null,null,null,null,{"$f":"'Baza klientów'!B1197","v":0},false,{"$f":"IF(AE1228=TRUE,COUNTIF($AE$32:AE1228,TRUE()),\"\")","v":""},{"$f":"IFERROR(INDEX($AD:$AD,MATCH(ROWS($AD$32:AD1228),$AF:$AF,0)),\"\")","v":""},null,null,false,{"$f":"IF(AJ1228=TRUE,COUNTIF($AJ$32:AJ1228,TRUE()),\"\")","v":""},{"$f":"IFERROR(INDEX($AD:$AD,MATCH(ROWS($AD$32:AD1228),$AK:$AK,0)),\"\")","v":""},null,false,{"$f":"IF(AN1228=TRUE,COUNTIF($AN$32:AN1228,TRUE()),\"\")","v":""},{"$f":"IFERROR(INDEX($AD:$AD,MATCH(ROWS($AD$32:$AD1228),$AO:$AO,0)),\"\")","v":""}]
[null,null,null,null,null,null,null,null,null,null,null,null,null,null,null,null,null,null,null,null,null,null,null,null,null,null,null,null,null,{"$f":"'Baza klientów'!B1202","v":0},false,{"$f":"IF(AE1233=TRUE,COUNTIF($AE$32:AE1233,TRUE()),\"\")","v":""},{"$f":"IFERROR(INDEX($AD:$AD,MATCH(ROWS($AD$32:AD1233),$AF:$AF,0)),\"\")","v":""},null,null,false,{"$f":"IF(AJ1233=TRUE,COUNTIF($AJ$32:AJ1233,TRUE()),\"\")","v":""},{"$f":"IFERROR(INDEX($AD:$AD,MATCH(ROWS($AD$32:AD1233),$AK:$AK,0)),\"\")","v":""},null,false,{"$f":"IF(AN1233=TRUE,COUNTIF($AN$32:AN1233,TRUE()),\"\")","v":""},{"$f":"IFERROR(INDEX($AD:$AD,MATCH(ROWS($AD$32:$AD1233),$AO:$AO,0)),\"\")","v":""}]
[null,null,null,null,null,null,null,null,null,null,null,null,null,null,null,null,null,null,null,null,null,null,null,null,null,null,null,null,null,{"$f":"'Baza klientów'!B1207","v":0},false,{"$f":"IF(AE1238=TRUE,COUNTIF($AE$32:AE1238,TRUE()),\"\")","v":""},{"$f":"IFERROR(INDEX($AD:$AD,MATCH(ROWS($AD$32:AD1238),$AF:$AF,0)),\"\")","v":""},null,null,false,{"$f":"IF(AJ1238=TRUE,COUNTIF($AJ$32:AJ1238,TRUE()),\"\")","v":""},{"$f":"IFERROR(INDEX($AD:$AD,MATCH(ROWS($AD$32:AD1238),$AK:$AK,0)),\"\")","v":""},null,false,{"$f":"IF(AN1238=TRUE,COUNTIF($AN$32:AN1238,TRUE()),\"\")","v":""},{"$f":"IFERROR(INDEX($AD:$AD,MATCH(ROWS($AD$32:$AD1238),$AO:$AO,0)),\"\")","v":""}]
[null,null,null,null,null,null,null,null,null,null,null,null,null,null,null,null,null,null,null,null,null,null,null,null,null,null,null,null,null,{"$f":"'Baza klientów'!B1208","v":0},false,{"$f":"IF(AE1239=TRUE,COUNTIF($AE$32:AE1239,TRUE()),\"\")","v":""},{"$f":"IFERROR(INDEX($AD:$AD,MATCH(ROWS($AD$32:AD1239),$AF:$AF,0)),\"\")","v":""},null,null,false,{"$f":"IF(AJ1239=TRUE,COUNTIF($AJ$32:AJ1239,TRUE()),\"\")","v":""},{"$f":"IFERROR(INDEX($AD:$AD,MATCH(ROWS($AD$32:AD1239),$AK:$AK,0)),\"\")","v":""},null,false,{"$f":"IF(AN1239=TRUE,COUNTIF($AN$32:AN1239,TRUE()),\"\")","v":""},{"$f":"IFERROR(INDEX($AD:$AD,MATCH(ROWS($AD$32:$AD1239),$AO:$AO,0)),\"\")","v":""}]
[null,null,null,null,null,null,null,null,null,null,null,null,null,null,null,null,null,null,null,null,null,null,null,null,null,null,null,null,null,{"$f":"'Baza klientów'!B1213","v":0},false,{"$f":"IF(AE1244=TRUE,COUNTIF($AE$32:AE1244,TRUE()),\"\")","v":""},{"$f":"IFERROR(INDEX($AD:$AD,MATCH(ROWS($AD$32:AD1244),$AF:$AF,0)),\"\")","v":""},null,null,false,{"$f":"IF(AJ1244=TRUE,COUNTIF($AJ$32:AJ1244,TRUE()),\"\")","v":""},{"$f":"IFERROR(INDEX($AD:$AD,MATCH(ROWS($AD$32:AD1244),$AK:$AK,0)),\"\")","v":""},null,false,{"$f":"IF(AN1244=TRUE,COUNTIF($AN$32:AN1244,TRUE()),\"\")","v":""},{"$f":"IFERROR(INDEX($AD:$AD,MATCH(ROWS($AD$32:$AD1244),$AO:$AO,0)),\"\")","v":""}]
[null,null,null,null,null,null,null,null,null,null,null,null,null,null,null,null,null,null,null,null,null,null,null,null,null,null,null,null,null,{"$f":"'Baza klientów'!B1217","v":0},false,{"$f":"IF(AE1248=TRUE,COUNTIF($AE$32:AE1248,TRUE()),\"\")","v":""},{"$f":"IFERROR(INDEX($AD:$AD,MATCH(ROWS($AD$32:AD1248),$AF:$AF,0)),\"\")","v":""},null,null,false,{"$f":"IF(AJ1248=TRUE,COUNTIF($AJ$32:AJ1248,TRUE()),\"\")","v":""},{"$f":"IFERROR(INDEX($AD:$AD,MATCH(ROWS($AD$32:AD1248),$AK:$AK,0)),\"\")","v":""},null,false,{"$f":"IF(AN1248=TRUE,COUNTIF($AN$32:AN1248,TRUE()),\"\")","v":""},{"$f":"IFERROR(INDEX($AD:$AD,MATCH(ROWS($AD$32:$AD1248),$AO:$AO,0)),\"\")","v":""}]
[null,null,null,null,null,null,null,null,null,null,null,null,null,null,null,null,null,null,null,null,null,null,null,null,null,null,null,null,null,{"$f":"'Baza klientów'!B1222","v":0},false,{"$f":"IF(AE1253=TRUE,COUNTIF($AE$32:AE1253,TRUE()),\"\")","v":""},{"$f":"IFERROR(INDEX($AD:$AD,MATCH(ROWS($AD$32:AD1253),$AF:$AF,0)),\"\")","v":""},null,null,false,{"$f":"IF(AJ1253=TRUE,COUNTIF($AJ$32:AJ1253,TRUE()),\"\")","v":""},{"$f":"IFERROR(INDEX($AD:$AD,MATCH(ROWS($AD$32:AD1253),$AK:$AK,0)),\"\")","v":""},null,false,{"$f":"IF(AN1253=TRUE,COUNTIF($AN$32:AN1253,TRUE()),\"\")","v":""},{"$f":"IFERROR(INDEX($AD:$AD,MATCH(ROWS($AD$32:$AD1253),$AO:$AO,0)),\"\")","v":""}]
[null,null,null,null,null,null,null,null,null,null,null,null,null,null,null,null,null,null,null,null,null,null,null,null,null,null,null,null,null,{"$f":"'Baza klientów'!B1223","v":0},false,{"$f":"IF(AE1254=TRUE,COUNTIF($AE$32:AE1254,TRUE()),\"\")","v":""},{"$f":"IFERROR(INDEX($AD:$AD,MATCH(ROWS($AD$32:AD1254),$AF:$AF,0)),\"\")","v":""},null,null,false,{"$f":"IF(AJ1254=TRUE,COUNTIF($AJ$32:AJ1254,TRUE()),\"\")","v":""},{"$f":"IFERROR(INDEX($AD:$AD,MATCH(ROWS($AD$32:AD1254),$AK:$AK,0)),\"\")","v":""},null,false,{"$f":"IF(AN1254=TRUE,COUNTIF($AN$32:AN1254,TRUE()),\"\")","v":""},{"$f":"IFERROR(INDEX($AD:$AD,MATCH(ROWS($AD$32:$AD1254),$AO:$AO,0)),\"\")","v":""}]
[null,null,null,null,null,null,null,null,null,null,null,null,null,null,null,null,null,null,null,null,null,null,null,null,null,null,null,null,null,{"$f":"'Baza klientów'!B1229","v":0},false,{"$f":"IF(AE1260=TRUE,COUNTIF($AE$32:AE1260,TRUE()),\"\")","v":""},{"$f":"IFERROR(INDEX($AD:$AD,MATCH(ROWS($AD$32:AD1260),$AF:$AF,0)),\"\")","v":""},null,null,false,{"$f":"IF(AJ1260=TRUE,COUNTIF($AJ$32:AJ1260,TRUE()),\"\")","v":""},{"$f":"IFERROR(INDEX($AD:$AD,MATCH(ROWS($AD$32:AD1260),$AK:$AK,0)),\"\")","v":""},null,false,{"$f":"IF(AN1260=TRUE,COUNTIF($AN$32:AN1260,TRUE()),\"\")","v":""},{"$f":"IFERROR(INDEX($AD:$AD,MATCH(ROWS($AD$32:$AD1260),$AO:$AO,0)),\"\")","v":""}]
[null,null,null,null,null,null,null,null,null,null,null,null,null,null,null,null,null,null,null,null,null,null,null,null,null,null,null,null,null,{"$f":"'Baza klientów'!B1232","v":0},false,{"$f":"IF(AE1263=TRUE,COUNTIF($AE$32:AE1263,TRUE()),\"\")","v":""},{"$f":"IFERROR(INDEX($AD:$AD,MATCH(ROWS($AD$32:AD1263),$AF:$AF,0)),\"\")","v":""},null,null,false,{"$f":"IF(AJ1263=TRUE,COUNTIF($AJ$32:AJ1263,TRUE()),\"\")","v":""},{"$f":"IFERROR(INDEX($AD:$AD,MATCH(ROWS($AD$32:AD1263),$AK:$AK,0)),\"\")","v":""},null,false,{"$f":"IF(AN1263=TRUE,COUNTIF($AN$32:AN1263,TRUE()),\"\")","v":""},{"$f":"IFERROR(INDEX($AD:$AD,MATCH(ROWS($AD$32:$AD1263),$AO:$AO,0)),\"\")","v":""}]
[null,null,null,null,null,null,null,null,null,null,null,null,null,null,null,null,null,null,null,null,null,null,null,null,null,null,null,null,null,{"$f":"'Baza klientów'!B1237","v":0},false,{"$f":"IF(AE1268=TRUE,COUNTIF($AE$32:AE1268,TRUE()),\"\")","v":""},{"$f":"IFERROR(INDEX($AD:$AD,MATCH(ROWS($AD$32:AD1268),$AF:$AF,0)),\"\")","v":""},null,null,false,{"$f":"IF(AJ1268=TRUE,COUNTIF($AJ$32:AJ1268,TRUE()),\"\")","v":""},{"$f":"IFERROR(INDEX($AD:$AD,MATCH(ROWS($AD$32:AD1268),$AK:$AK,0)),\"\")","v":""},null,false,{"$f":"IF(AN1268=TRUE,COUNTIF($AN$32:AN1268,TRUE()),\"\")","v":""},{"$f":"IFERROR(INDEX($AD:$AD,MATCH(ROWS($AD$32:$AD1268),$AO:$AO,0)),\"\")","v":""}]
[null,null,null,null,null,null,null,null,null,null,null,null,null,null,null,null,null,null,null,null,null,null,null,null,null,null,null,null,null,{"$f":"'Baza klientów'!B1238","v":0},false,{"$f":"IF(AE1269=TRUE,COUNTIF($AE$32:AE1269,TRUE()),\"\")","v":""},{"$f":"IFERROR(INDEX($AD:$AD,MATCH(ROWS($AD$32:AD1269),$AF:$AF,0)),\"\")","v":""},null,null,false,{"$f":"IF(AJ1269=TRUE,COUNTIF($AJ$32:AJ1269,TRUE()),\"\")","v":""},{"$f":"IFERROR(INDEX($AD:$AD,MATCH(ROWS($AD$32:AD1269),$AK:$AK,0)),\"\")","v":""},null,false,{"$f":"IF(AN1269=TRUE,COUNTIF($AN$32:AN1269,TRUE()),\"\")","v":""},{"$f":"IFERROR(INDEX($AD:$AD,MATCH(ROWS($AD$32:$AD1269),$AO:$AO,0)),\"\")","v":""}]
[null,null,null,null,null,null,null,null,null,null,null,null,null,null,null,null,null,null,null,null,null,null,null,null,null,null,null,null,null,{"$f":"'Baza klientów'!B1243","v":0},false,{"$f":"IF(AE1274=TRUE,COUNTIF($AE$32:AE1274,TRUE()),\"\")","v":""},{"$f":"IFERROR(INDEX($AD:$AD,MATCH(ROWS($AD$32:AD1274),$AF:$AF,0)),\"\")","v":""},null,null,false,{"$f":"IF(AJ1274=TRUE,COUNTIF($AJ$32:AJ1274,TRUE()),\"\")","v":""},{"$f":"IFERROR(INDEX($AD:$AD,MATCH(ROWS($AD$32:AD1274),$AK:$AK,0)),\"\")","v":""},null,false,{"$f":"IF(AN1274=TRUE,COUNTIF($AN$32:AN1274,TRUE()),\"\")","v":""},{"$f":"IFERROR(INDEX($AD:$AD,MATCH(ROWS($AD$32:$AD1274),$AO:$AO,0)),\"\")","v":""}]
[null,null,null,null,null,null,null,null,null,null,null,null,null,null,null,null,null,null,null,null,null,null,null,null,null,null,null,null,null,{"$f":"'Baza klientów'!B1247","v":0},false,{"$f":"IF(AE1278=TRUE,COUNTIF($AE$32:AE1278,TRUE()),\"\")","v":""},{"$f":"IFERROR(INDEX($AD:$AD,MATCH(ROWS($AD$32:AD1278),$AF:$AF,0)),\"\")","v":""},null,null,false,{"$f":"IF(AJ1278=TRUE,COUNTIF($AJ$32:AJ1278,TRUE()),\"\")","v":""},{"$f":"IFERROR(INDEX($AD:$AD,MATCH(ROWS($AD$32:AD1278),$AK:$AK,0)),\"\")","v":""},null,false,{"$f":"IF(AN1278=TRUE,COUNTIF($AN$32:AN1278,TRUE()),\"\")","v":""},{"$f":"IFERROR(INDEX($AD:$AD,MATCH(ROWS($AD$32:$AD1278),$AO:$AO,0)),\"\")","v":""}]
[null,null,null,null,null,null,null,null,null,null,null,null,null,null,null,null,null,null,null,null,null,null,null,null,null,null,null,null,null,{"$f":"'Baza klientów'!B1252","v":0},false,{"$f":"IF(AE1283=TRUE,COUNTIF($AE$32:AE1283,TRUE()),\"\")","v":""},{"$f":"IFERROR(INDEX($AD:$AD,MATCH(ROWS($AD$32:AD1283),$AF:$AF,0)),\"\")","v":""},null,null,false,{"$f":"IF(AJ1283=TRUE,COUNTIF($AJ$32:AJ1283,TRUE()),\"\")","v":""},{"$f":"IFERROR(INDEX($AD:$AD,MATCH(ROWS($AD$32:AD1283),$AK:$AK,0)),\"\")","v":""},null,false,{"$f":"IF(AN1283=TRUE,COUNTIF($AN$32:AN1283,TRUE()),\"\")","v":""},{"$f":"IFERROR(INDEX($AD:$AD,MATCH(ROWS($AD$32:$AD1283),$AO:$AO,0)),\"\")","v":""}]
[null,null,null,null,null,null,null,null,null,null,null,null,null,null,null,null,null,null,null,null,null,null,null,null,null,null,null,null,null,{"$f":"'Baza klientów'!B1253","v":0},false,{"$f":"IF(AE1284=TRUE,COUNTIF($AE$32:AE1284,TRUE()),\"\")","v":""},{"$f":"IFERROR(INDEX($AD:$AD,MATCH(ROWS($AD$32:AD1284),$AF:$AF,0)),\"\")","v":""},null,null,false,{"$f":"IF(AJ1284=TRUE,COUNTIF($AJ$32:AJ1284,TRUE()),\"\")","v":""},{"$f":"IFERROR(INDEX($AD:$AD,MATCH(ROWS($AD$32:AD1284),$AK:$AK,0)),\"\")","v":""},null,false,{"$f":"IF(AN1284=TRUE,COUNTIF($AN$32:AN1284,TRUE()),\"\")","v":""},{"$f":"IFERROR(INDEX($AD:$AD,MATCH(ROWS($AD$32:$AD1284),$AO:$AO,0)),\"\")","v":""}]
[null,null,null,null,null,null,null,null,null,null,null,null,null,null,null,null,null,null,null,null,null,null,null,null,null,null,null,null,null,{"$f":"'Baza klientów'!B1258","v":0},false,{"$f":"IF(AE1289=TRUE,COUNTIF($AE$32:AE1289,TRUE()),\"\")","v":""},{"$f":"IFERROR(INDEX($AD:$AD,MATCH(ROWS($AD$32:AD1289),$AF:$AF,0)),\"\")","v":""},null,null,false,{"$f":"IF(AJ1289=TRUE,COUNTIF($AJ$32:AJ1289,TRUE()),\"\")","v":""},{"$f":"IFERROR(INDEX($AD:$AD,MATCH(ROWS($AD$32:AD1289),$AK:$AK,0)),\"\")","v":""},null,false,{"$f":"IF(AN1289=TRUE,COUNTIF($AN$32:AN1289,TRUE()),\"\")","v":""},{"$f":"IFERROR(INDEX($AD:$AD,MATCH(ROWS($AD$32:$AD1289),$AO:$AO,0)),\"\")","v":""}]
[null,null,null,null,null,null,null,null,null,null,null,null,null,null,null,null,null,null,null,null,null,null,null,null,null,null,null,null,null,{"$f":"'Baza klientów'!B1261","v":0},false,{"$f":"IF(AE1292=TRUE,COUNTIF($AE$32:AE1292,TRUE()),\"\")","v":""},{"$f":"IFERROR(INDEX($AD:$AD,MATCH(ROWS($AD$32:AD1292),$AF:$AF,0)),\"\")","v":""},null,null,false,{"$f":"IF(AJ1292=TRUE,COUNTIF($AJ$32:AJ1292,TRUE()),\"\")","v":""},{"$f":"IFERROR(INDEX($AD:$AD,MATCH(ROWS($AD$32:AD1292),$AK:$AK,0)),\"\")","v":""},null,false,{"$f":"IF(AN1292=TRUE,COUNTIF($AN$32:AN1292,TRUE()),\"\")","v":""},{"$f":"IFERROR(INDEX($AD:$AD,MATCH(ROWS($AD$32:$AD1292),$AO:$AO,0)),\"\")","v":""}]
[null,null,null,null,null,null,null,null,null,null,null,null,null,null,null,null,null,null,null,null,null,null,null,null,null,null,null,null,null,{"$f":"'Baza klientów'!B1267","v":0},false,{"$f":"IF(AE1298=TRUE,COUNTIF($AE$32:AE1298,TRUE()),\"\")","v":""},{"$f":"IFERROR(INDEX($AD:$AD,MATCH(ROWS($AD$32:AD1298),$AF:$AF,0)),\"\")","v":""},null,null,false,{"$f":"IF(AJ1298=TRUE,COUNTIF($AJ$32:AJ1298,TRUE()),\"\")","v":""},{"$f":"IFERROR(INDEX($AD:$AD,MATCH(ROWS($AD$32:AD1298),$AK:$AK,0)),\"\")","v":""},null,false,{"$f":"IF(AN1298=TRUE,COUNTIF($AN$32:AN1298,TRUE()),\"\")","v":""},{"$f":"IFERROR(INDEX($AD:$AD,MATCH(ROWS($AD$32:$AD1298),$AO:$AO,0)),\"\")","v":""}]
[null,null,null,null,null,null,null,null,null,null,null,null,null,null,null,null,null,null,null,null,null,null,null,null,null,null,null,null,null,{"$f":"'Baza klientów'!B1268","v":0},false,{"$f":"IF(AE1299=TRUE,COUNTIF($AE$32:AE1299,TRUE()),\"\")","v":""},{"$f":"IFERROR(INDEX($AD:$AD,MATCH(ROWS($AD$32:AD1299),$AF:$AF,0)),\"\")","v":""},null,null,false,{"$f":"IF(AJ1299=TRUE,COUNTIF($AJ$32:AJ1299,TRUE()),\"\")","v":""},{"$f":"IFERROR(INDEX($AD:$AD,MATCH(ROWS($AD$32:AD1299),$AK:$AK,0)),\"\")","v":""},null,false,{"$f":"IF(AN1299=TRUE,COUNTIF($AN$32:AN1299,TRUE()),\"\")","v":""},{"$f":"IFERROR(INDEX($AD:$AD,MATCH(ROWS($AD$32:$AD1299),$AO:$AO,0)),\"\")","v":""}]
[null,null,null,null,null,null,null,null,null,null,null,null,null,null,null,null,null,null,null,null,null,null,null,null,null,null,null,null,null,{"$f":"'Baza klientów'!B1273","v":0},false,{"$f":"IF(AE1304=TRUE,COUNTIF($AE$32:AE1304,TRUE()),\"\")","v":""},{"$f":"IFERROR(INDEX($AD:$AD,MATCH(ROWS($AD$32:AD1304),$AF:$AF,0)),\"\")","v":""},null,null,false,{"$f":"IF(AJ1304=TRUE,COUNTIF($AJ$32:AJ1304,TRUE()),\"\")","v":""},{"$f":"IFERROR(INDEX($AD:$AD,MATCH(ROWS($AD$32:AD1304),$AK:$AK,0)),\"\")","v":""},null,false,{"$f":"IF(AN1304=TRUE,COUNTIF($AN$32:AN1304,TRUE()),\"\")","v":""},{"$f":"IFERROR(INDEX($AD:$AD,MATCH(ROWS($AD$32:$AD1304),$AO:$AO,0)),\"\")","v":""}]
[null,null,null,null,null,null,null,null,null,null,null,null,null,null,null,null,null,null,null,null,null,null,null,null,null,null,null,null,null,{"$f":"'Baza klientów'!B1278","v":0},false,{"$f":"IF(AE1309=TRUE,COUNTIF($AE$32:AE1309,TRUE()),\"\")","v":""},{"$f":"IFERROR(INDEX($AD:$AD,MATCH(ROWS($AD$32:AD1309),$AF:$AF,0)),\"\")","v":""},null,null,false,{"$f":"IF(AJ1309=TRUE,COUNTIF($AJ$32:AJ1309,TRUE()),\"\")","v":""},{"$f":"IFERROR(INDEX($AD:$AD,MATCH(ROWS($AD$32:AD1309),$AK:$AK,0)),\"\")","v":""},null,false,{"$f":"IF(AN1309=TRUE,COUNTIF($AN$32:AN1309,TRUE()),\"\")","v":""},{"$f":"IFERROR(INDEX($AD:$AD,MATCH(ROWS($AD$32:$AD1309),$AO:$AO,0)),\"\")","v":""}]
[null,null,null,null,null,null,null,null,null,null,null,null,null,null,null,null,null,null,null,null,null,null,null,null,null,null,null,null,null,{"$f":"'Baza klientów'!B1282","v":0},{"$f":"ISNUMBER(SEARCH($AH$32,AD1313))","v":false},{"$f":"IF(AE1313=TRUE,COUNTIF($AE$32:AE1313,TRUE()),\"\")","v":""},{"$f":"IFERROR(INDEX($AD:$AD,MATCH(ROWS($AD$32:AD1313),$AF:$AF,0)),\"\")","v":""},null,null,{"$f":"ISNUMBER(SEARCH($AM$31,AD1313))","v":false},{"$f":"IF(AJ1313=TRUE,COUNTIF($AJ$32:AJ1313,TRUE()),\"\")","v":""},{"$f":"IFERROR(INDEX($AD:$AD,MATCH(ROWS($AD$32:AD1313),$AK:$AK,0)),\"\")","v":""},null,{"$f":"ISNUMBER(SEARCH($AQ$31,$AD1313))","v":false},{"$f":"IF(AN1313=TRUE,COUNTIF($AN$32:AN1313,TRUE()),\"\")","v":""},{"$f":"IFERROR(INDEX($AD:$AD,MATCH(ROWS($AD$32:$AD1313),$AO:$AO,0)),\"\")","v":""}]
[null,null,null,null,null,null,null,null,null,null,null,null,null,null,null,null,null,null,null,null,null,null,null,null,null,null,null,null,null,{"$f":"'Baza klientów'!B1283","v":0},false,{"$f":"IF(AE1314=TRUE,COUNTIF($AE$32:AE1314,TRUE()),\"\")","v":""},{"$f":"IFERROR(INDEX($AD:$AD,MATCH(ROWS($AD$32:AD1314),$AF:$AF,0)),\"\")","v":""},null,null,false,{"$f":"IF(AJ1314=TRUE,COUNTIF($AJ$32:AJ1314,TRUE()),\"\")","v":""},{"$f":"IFERROR(INDEX($AD:$AD,MATCH(ROWS($AD$32:AD1314),$AK:$AK,0)),\"\")","v":""},null,false,{"$f":"IF(AN1314=TRUE,COUNTIF($AN$32:AN1314,TRUE()),\"\")","v":""},{"$f":"IFERROR(INDEX($AD:$AD,MATCH(ROWS($AD$32:$AD1314),$AO:$AO,0)),\"\")","v":""}]
[null,null,null,null,null,null,null,null,null,null,null,null,null,null,null,null,null,null,null,null,null,null,null,null,null,null,null,null,null,{"$f":"'Baza klientów'!B1288","v":0},false,{"$f":"IF(AE1319=TRUE,COUNTIF($AE$32:AE1319,TRUE()),\"\")","v":""},{"$f":"IFERROR(INDEX($AD:$AD,MATCH(ROWS($AD$32:AD1319),$AF:$AF,0)),\"\")","v":""},null,null,false,{"$f":"IF(AJ1319=TRUE,COUNTIF($AJ$32:AJ1319,TRUE()),\"\")","v":""},{"$f":"IFERROR(INDEX($AD:$AD,MATCH(ROWS($AD$32:AD1319),$AK:$AK,0)),\"\")","v":""},null,false,{"$f":"IF(AN1319=TRUE,COUNTIF($AN$32:AN1319,TRUE()),\"\")","v":""},{"$f":"IFERROR(INDEX($AD:$AD,MATCH(ROWS($AD$32:$AD1319),$AO:$AO,0)),\"\")","v":""}]
[null,null,null,null,null,null,null,null,null,null,null,null,null,null,null,null,null,null,null,null,null,null,null,null,null,null,null,null,null,{"$f":"'Baza klientów'!B1293","v":0},false,{"$f":"IF(AE1324=TRUE,COUNTIF($AE$32:AE1324,TRUE()),\"\")","v":""},{"$f":"IFERROR(INDEX($AD:$AD,MATCH(ROWS($AD$32:AD1324),$AF:$AF,0)),\"\")","v":""},null,null,false,{"$f":"IF(AJ1324=TRUE,COUNTIF($AJ$32:AJ1324,TRUE()),\"\")","v":""},{"$f":"IFERROR(INDEX($AD:$AD,MATCH(ROWS($AD$32:AD1324),$AK:$AK,0)),\"\")","v":""},null,false,{"$f":"IF(AN1324=TRUE,COUNTIF($AN$32:AN1324,TRUE()),\"\")","v":""},{"$f":"IFERROR(INDEX($AD:$AD,MATCH(ROWS($AD$32:$AD1324),$AO:$AO,0)),\"\")","v":""}]
[null,null,null,null,null,null,null,null,null,null,null,null,null,null,null,null,null,null,null,null,null,null,null,null,null,null,null,null,null,{"$f":"'Baza klientów'!B1298","v":0},false,{"$f":"IF(AE1329=TRUE,COUNTIF($AE$32:AE1329,TRUE()),\"\")","v":""},{"$f":"IFERROR(INDEX($AD:$AD,MATCH(ROWS($AD$32:AD1329),$AF:$AF,0)),\"\")","v":""},null,null,false,{"$f":"IF(AJ1329=TRUE,COUNTIF($AJ$32:AJ1329,TRUE()),\"\")","v":""},{"$f":"IFERROR(INDEX($AD:$AD,MATCH(ROWS($AD$32:AD1329),$AK:$AK,0)),\"\")","v":""},null,false,{"$f":"IF(AN1329=TRUE,COUNTIF($AN$32:AN1329,TRUE()),\"\")","v":""},{"$f":"IFERROR(INDEX($AD:$AD,MATCH(ROWS($AD$32:$AD1329),$AO:$AO,0)),\"\")","v":""}]
[null,null,null,null,null,null,null,null,null,null,null,null,null,null,null,null,null,null,null,null,null,null,null,null,null,null,null,null,null,{"$f":"'Baza klientów'!B1300","v":0},false,{"$f":"IF(AE1331=TRUE,COUNTIF($AE$32:AE1331,TRUE()),\"\")","v":""},{"$f":"IFERROR(INDEX($AD:$AD,MATCH(ROWS($AD$32:AD1331),$AF:$AF,0)),\"\")","v":""},null,null,false,{"$f":"IF(AJ1331=TRUE,COUNTIF($AJ$32:AJ1331,TRUE()),\"\")","v":""},{"$f":"IFERROR(INDEX($AD:$AD,MATCH(ROWS($AD$32:AD1331),$AK:$AK,0)),\"\")","v":""},null,false,{"$f":"IF(AN1331=TRUE,COUNTIF($AN$32:AN1331,TRUE()),\"\")","v":""},{"$f":"IFERROR(INDEX($AD:$AD,MATCH(ROWS($AD$32:$AD1331),$AO:$AO,0)),\"\")","v":""}]
[null,null,null,null,null,null,null,null,null,null,null,null,null,null,null,null,null,null,null,null,null,null,null,null,null,null,null,null,null,{"$f":"'Baza klientów'!B1303","v":0},false,{"$f":"IF(AE1334=TRUE,COUNTIF($AE$32:AE1334,TRUE()),\"\")","v":""},{"$f":"IFERROR(INDEX($AD:$AD,MATCH(ROWS($AD$32:AD1334),$AF:$AF,0)),\"\")","v":""},null,null,false,{"$f":"IF(AJ1334=TRUE,COUNTIF($AJ$32:AJ1334,TRUE()),\"\")","v":""},{"$f":"IFERROR(INDEX($AD:$AD,MATCH(ROWS($AD$32:AD1334),$AK:$AK,0)),\"\")","v":""},null,false,{"$f":"IF(AN1334=TRUE,COUNTIF($AN$32:AN1334,TRUE()),\"\")","v":""},{"$f":"IFERROR(INDEX($AD:$AD,MATCH(ROWS($AD$32:$AD1334),$AO:$AO,0)),\"\")","v":""}]
[null,null,null,null,null,null,null,null,null,null,null,null,null,null,null,null,null,null,null,null,null,null,null,null,null,null,null,null,null,{"$f":"'Baza klientów'!B1308","v":0},false,{"$f":"IF(AE1339=TRUE,COUNTIF($AE$32:AE1339,TRUE()),\"\")","v":""},{"$f":"IFERROR(INDEX($AD:$AD,MATCH(ROWS($AD$32:AD1339),$AF:$AF,0)),\"\")","v":""},null,null,false,{"$f":"IF(AJ1339=TRUE,COUNTIF($AJ$32:AJ1339,TRUE()),\"\")","v":""},{"$f":"IFERROR(INDEX($AD:$AD,MATCH(ROWS($AD$32:AD1339),$AK:$AK,0)),\"\")","v":""},null,false,{"$f":"IF(AN1339=TRUE,COUNTIF($AN$32:AN1339,TRUE()),\"\")","v":""},{"$f":"IFERROR(INDEX($AD:$AD,MATCH(ROWS($AD$32:$AD1339),$AO:$AO,0)),\"\")","v":""}]
[null,null,null,null,null,null,null,null,null,null,null,null,null,null,null,null,null,null,null,null,null,null,null,null,null,null,null,null,null,{"$f":"'Baza klientów'!B1313","v":0},false,{"$f":"IF(AE1344=TRUE,COUNTIF($AE$32:AE1344,TRUE()),\"\")","v":""},{"$f":"IFERROR(INDEX($AD:$AD,MATCH(ROWS($AD$32:AD1344),$AF:$AF,0)),\"\")","v":""},null,null,false,{"$f":"IF(AJ1344=TRUE,COUNTIF($AJ$32:AJ1344,TRUE()),\"\")","v":""},{"$f":"IFERROR(INDEX($AD:$AD,MATCH(ROWS($AD$32:AD1344),$AK:$AK,0)),\"\")","v":""},null,false,{"$f":"IF(AN1344=TRUE,COUNTIF($AN$32:AN1344,TRUE()),\"\")","v":""},{"$f":"IFERROR(INDEX($AD:$AD,MATCH(ROWS($AD$32:$AD1344),$AO:$AO,0)),\"\")","v":""}]
[null,null,null,null,null,null,null,null,null,null,null,null,null,null,null,null,null,null,null,null,null,null,null,null,null,null,null,null,null,{"$f":"'Baza klientów'!B1316","v":0},false,{"$f":"IF(AE1347=TRUE,COUNTIF($AE$32:AE1347,TRUE()),\"\")","v":""},{"$f":"IFERROR(INDEX($AD:$AD,MATCH(ROWS($AD$32:AD1347),$AF:$AF,0)),\"\")","v":""},null,null,false,{"$f":"IF(AJ1347=TRUE,COUNTIF($AJ$32:AJ1347,TRUE()),\"\")","v":""},{"$f":"IFERROR(INDEX($AD:$AD,MATCH(ROWS($AD$32:AD1347),$AK:$AK,0)),\"\")","v":""},null,false,{"$f":"IF(AN1347=TRUE,COUNTIF($AN$32:AN1347,TRUE()),\"\")","v":""},{"$f":"IFERROR(INDEX($AD:$AD,MATCH(ROWS($AD$32:$AD1347),$AO:$AO,0)),\"\")","v":""}]
[null,null,null,null,null,null,null,null,null,null,null,null,null,null,null,null,null,null,null,null,null,null,null,null,null,null,null,null,null,{"$f":"'Baza klientów'!B1318","v":0},false,{"$f":"IF(AE1349=TRUE,COUNTIF($AE$32:AE1349,TRUE()),\"\")","v":""},{"$f":"IFERROR(INDEX($AD:$AD,MATCH(ROWS($AD$32:AD1349),$AF:$AF,0)),\"\")","v":""},null,null,false,{"$f":"IF(AJ1349=TRUE,COUNTIF($AJ$32:AJ1349,TRUE()),\"\")","v":""},{"$f":"IFERROR(INDEX($AD:$AD,MATCH(ROWS($AD$32:AD1349),$AK:$AK,0)),\"\")","v":""},null,false,{"$f":"IF(AN1349=TRUE,COUNTIF($AN$32:AN1349,TRUE()),\"\")","v":""},{"$f":"IFERROR(INDEX($AD:$AD,MATCH(ROWS($AD$32:$AD1349),$AO:$AO,0)),\"\")","v":""}]
[null,null,null,null,null,null,null,null,null,null,null,null,null,null,null,null,null,null,null,null,null,null,null,null,null,null,null,null,null,{"$f":"'Baza klientów'!B1323","v":0},false,{"$f":"IF(AE1354=TRUE,COUNTIF($AE$32:AE1354,TRUE()),\"\")","v":""},{"$f":"IFERROR(INDEX($AD:$AD,MATCH(ROWS($AD$32:AD1354),$AF:$AF,0)),\"\")","v":""},null,null,false,{"$f":"IF(AJ1354=TRUE,COUNTIF($AJ$32:AJ1354,TRUE()),\"\")","v":""},{"$f":"IFERROR(INDEX($AD:$AD,MATCH(ROWS($AD$32:AD1354),$AK:$AK,0)),\"\")","v":""},null,false,{"$f":"IF(AN1354=TRUE,COUNTIF($AN$32:AN1354,TRUE()),\"\")","v":""},{"$f":"IFERROR(INDEX($AD:$AD,MATCH(ROWS($AD$32:$AD1354),$AO:$AO,0)),\"\")","v":""}]
[null,null,null,null,null,null,null,null,null,null,null,null,null,null,null,null,null,null,null,null,null,null,null,null,null,null,null,null,null,{"$f":"'Baza klientów'!B1328","v":0},false,{"$f":"IF(AE1359=TRUE,COUNTIF($AE$32:AE1359,TRUE()),\"\")","v":""},{"$f":"IFERROR(INDEX($AD:$AD,MATCH(ROWS($AD$32:AD1359),$AF:$AF,0)),\"\")","v":""},null,null,false,{"$f":"IF(AJ1359=TRUE,COUNTIF($AJ$32:AJ1359,TRUE()),\"\")","v":""},{"$f":"IFERROR(INDEX($AD:$AD,MATCH(ROWS($AD$32:AD1359),$AK:$AK,0)),\"\")","v":""},null,false,{"$f":"IF(AN1359=TRUE,COUNTIF($AN$32:AN1359,TRUE()),\"\")","v":""},{"$f":"IFERROR(INDEX($AD:$AD,MATCH(ROWS($AD$32:$AD1359),$AO:$AO,0)),\"\")","v":""}]
[null,null,null,null,null,null,null,null,null,null,null,null,null,null,null,null,null,null,null,null,null,null,null,null,null,null,null,null,null,{"$f":"'Baza klientów'!B1329","v":0},false,{"$f":"IF(AE1360=TRUE,COUNTIF($AE$32:AE1360,TRUE()),\"\")","v":""},{"$f":"IFERROR(INDEX($AD:$AD,MATCH(ROWS($AD$32:AD1360),$AF:$AF,0)),\"\")","v":""},null,null,false,{"$f":"IF(AJ1360=TRUE,COUNTIF($AJ$32:AJ1360,TRUE()),\"\")","v":""},{"$f":"IFERROR(INDEX($AD:$AD,MATCH(ROWS($AD$32:AD1360),$AK:$AK,0)),\"\")","v":""},null,false,{"$f":"IF(AN1360=TRUE,COUNTIF($AN$32:AN1360,TRUE()),\"\")","v":""},{"$f":"IFERROR(INDEX($AD:$AD,MATCH(ROWS($AD$32:$AD1360),$AO:$AO,0)),\"\")","v":""}]
[null,null,null,null,null,null,null,null,null,null,null,null,null,null,null,null,null,null,null,null,null,null,null,null,null,null,null,null,null,{"$f":"'Baza klientów'!B1334","v":0},false,{"$f":"IF(AE1365=TRUE,COUNTIF($AE$32:AE1365,TRUE()),\"\")","v":""},{"$f":"IFERROR(INDEX($AD:$AD,MATCH(ROWS($AD$32:AD1365),$AF:$AF,0)),\"\")","v":""},null,null,false,{"$f":"IF(AJ1365=TRUE,COUNTIF($AJ$32:AJ1365,TRUE()),\"\")","v":""},{"$f":"IFERROR(INDEX($AD:$AD,MATCH(ROWS($AD$32:AD1365),$AK:$AK,0)),\"\")","v":""},null,false,{"$f":"IF(AN1365=TRUE,COUNTIF($AN$32:AN1365,TRUE()),\"\")","v":""},{"$f":"IFERROR(INDEX($AD:$AD,MATCH(ROWS($AD$32:$AD1365),$AO:$AO,0)),\"\")","v":""}]
[null,null,null,null,null,null,null,null,null,null,null,null,null,null,null,null,null,null,null,null,null,null,null,null,null,null,null,null,null,{"$f":"'Baza klientów'!B1338","v":0},false,{"$f":"IF(AE1369=TRUE,COUNTIF($AE$32:AE1369,TRUE()),\"\")","v":""},{"$f":"IFERROR(INDEX($AD:$AD,MATCH(ROWS($AD$32:AD1369),$AF:$AF,0)),\"\")","v":""},null,null,false,{"$f":"IF(AJ1369=TRUE,COUNTIF($AJ$32:AJ1369,TRUE()),\"\")","v":""},{"$f":"IFERROR(INDEX($AD:$AD,MATCH(ROWS($AD$32:AD1369),$AK:$AK,0)),\"\")","v":""},null,false,{"$f":"IF(AN1369=TRUE,COUNTIF($AN$32:AN1369,TRUE()),\"\")","v":""},{"$f":"IFERROR(INDEX($AD:$AD,MATCH(ROWS($AD$32:$AD1369),$AO:$AO,0)),\"\")","v":""}]
[null,null,null,null,null,null,null,null,null,null,null,null,null,null,null,null,null,null,null,null,null,null,null,null,null,null,null,null,null,{"$f":"'Baza klientów'!B1343","v":0},false,{"$f":"IF(AE1374=TRUE,COUNTIF($AE$32:AE1374,TRUE()),\"\")","v":""},{"$f":"IFERROR(INDEX($AD:$AD,MATCH(ROWS($AD$32:AD1374),$AF:$AF,0)),\"\")","v":""},null,null,false,{"$f":"IF(AJ1374=TRUE,COUNTIF($AJ$32:AJ1374,TRUE()),\"\")","v":""},{"$f":"IFERROR(INDEX($AD:$AD,MATCH(ROWS($AD$32:AD1374),$AK:$AK,0)),\"\")","v":""},null,false,{"$f":"IF(AN1374=TRUE,COUNTIF($AN$32:AN1374,TRUE()),\"\")","v":""},{"$f":"IFERROR(INDEX($AD:$AD,MATCH(ROWS($AD$32:$AD1374),$AO:$AO,0)),\"\")","v":""}]
[null,null,null,null,null,null,null,null,null,null,null,null,null,null,null,null,null,null,null,null,null,null,null,null,null,null,null,null,null,{"$f":"'Baza klientów'!B1344","v":0},false,{"$f":"IF(AE1375=TRUE,COUNTIF($AE$32:AE1375,TRUE()),\"\")","v":""},{"$f":"IFERROR(INDEX($AD:$AD,MATCH(ROWS($AD$32:AD1375),$AF:$AF,0)),\"\")","v":""},null,null,false,{"$f":"IF(AJ1375=TRUE,COUNTIF($AJ$32:AJ1375,TRUE()),\"\")","v":""},{"$f":"IFERROR(INDEX($AD:$AD,MATCH(ROWS($AD$32:AD1375),$AK:$AK,0)),\"\")","v":""},null,false,{"$f":"IF(AN1375=TRUE,COUNTIF($AN$32:AN1375,TRUE()),\"\")","v":""},{"$f":"IFERROR(INDEX($AD:$AD,MATCH(ROWS($AD$32:$AD1375),$AO:$AO,0)),\"\")","v":""}]
[null,null,null,null,null,null,null,null,null,null,null,null,null,null,null,null,null,null,null,null,null,null,null,null,null,null,null,null,null,{"$f":"'Baza klientów'!B1348","v":0},false,{"$f":"IF(AE1379=TRUE,COUNTIF($AE$32:AE1379,TRUE()),\"\")","v":""},{"$f":"IFERROR(INDEX($AD:$AD,MATCH(ROWS($AD$32:AD1379),$AF:$AF,0)),\"\")","v":""},null,null,false,{"$f":"IF(AJ1379=TRUE,COUNTIF($AJ$32:AJ1379,TRUE()),\"\")","v":""},{"$f":"IFERROR(INDEX($AD:$AD,MATCH(ROWS($AD$32:AD1379),$AK:$AK,0)),\"\")","v":""},null,false,{"$f":"IF(AN1379=TRUE,COUNTIF($AN$32:AN1379,TRUE()),\"\")","v":""},{"$f":"IFERROR(INDEX($AD:$AD,MATCH(ROWS($AD$32:$AD1379),$AO:$AO,0)),\"\")","v":""}]
[null,null,null,null,null,null,null,null,null,null,null,null,null,null,null,null,null,null,null,null,null,null,null,null,null,null,null,null,null,{"$f":"'Baza klientów'!B1353","v":0},false,{"$f":"IF(AE1384=TRUE,COUNTIF($AE$32:AE1384,TRUE()),\"\")","v":""},{"$f":"IFERROR(INDEX($AD:$AD,MATCH(ROWS($AD$32:AD1384),$AF:$AF,0)),\"\")","v":""},null,null,false,{"$f":"IF(AJ1384=TRUE,COUNTIF($AJ$32:AJ1384,TRUE()),\"\")","v":""},{"$f":"IFERROR(INDEX($AD:$AD,MATCH(ROWS($AD$32:AD1384),$AK:$AK,0)),\"\")","v":""},null,false,{"$f":"IF(AN1384=TRUE,COUNTIF($AN$32:AN1384,TRUE()),\"\")","v":""},{"$f":"IFERROR(INDEX($AD:$AD,MATCH(ROWS($AD$32:$AD1384),$AO:$AO,0)),\"\")","v":""}]
[null,null,null,null,null,null,null,null,null,null,null,null,null,null,null,null,null,null,null,null,null,null,null,null,null,null,null,null,null,{"$f":"'Baza klientów'!B1358","v":0},false,{"$f":"IF(AE1389=TRUE,COUNTIF($AE$32:AE1389,TRUE()),\"\")","v":""},{"$f":"IFERROR(INDEX($AD:$AD,MATCH(ROWS($AD$32:AD1389),$AF:$AF,0)),\"\")","v":""},null,null,false,{"$f":"IF(AJ1389=TRUE,COUNTIF($AJ$32:AJ1389,TRUE()),\"\")","v":""},{"$f":"IFERROR(INDEX($AD:$AD,MATCH(ROWS($AD$32:AD1389),$AK:$AK,0)),\"\")","v":""},null,false,{"$f":"IF(AN1389=TRUE,COUNTIF($AN$32:AN1389,TRUE()),\"\")","v":""},{"$f":"IFERROR(INDEX($AD:$AD,MATCH(ROWS($AD$32:$AD1389),$AO:$AO,0)),\"\")","v":""}]
[null,null,null,null,null,null,null,null,null,null,null,null,null,null,null,null,null,null,null,null,null,null,null,null,null,null,null,null,null,{"$f":"'Baza klientów'!B1359","v":0},false,{"$f":"IF(AE1390=TRUE,COUNTIF($AE$32:AE1390,TRUE()),\"\")","v":""},{"$f":"IFERROR(INDEX($AD:$AD,MATCH(ROWS($AD$32:AD1390),$AF:$AF,0)),\"\")","v":""},null,null,false,{"$f":"IF(AJ1390=TRUE,COUNTIF($AJ$32:AJ1390,TRUE()),\"\")","v":""},{"$f":"IFERROR(INDEX($AD:$AD,MATCH(ROWS($AD$32:AD1390),$AK:$AK,0)),\"\")","v":""},null,false,{"$f":"IF(AN1390=TRUE,COUNTIF($AN$32:AN1390,TRUE()),\"\")","v":""},{"$f":"IFERROR(INDEX($AD:$AD,MATCH(ROWS($AD$32:$AD1390),$AO:$AO,0)),\"\")","v":""}]
[null,null,null,null,null,null,null,null,null,null,null,null,null,null,null,null,null,null,null,null,null,null,null,null,null,null,null,null,null,{"$f":"'Baza klientów'!B1364","v":0},false,{"$f":"IF(AE1395=TRUE,COUNTIF($AE$32:AE1395,TRUE()),\"\")","v":""},{"$f":"IFERROR(INDEX($AD:$AD,MATCH(ROWS($AD$32:AD1395),$AF:$AF,0)),\"\")","v":""},null,null,false,{"$f":"IF(AJ1395=TRUE,COUNTIF($AJ$32:AJ1395,TRUE()),\"\")","v":""},{"$f":"IFERROR(INDEX($AD:$AD,MATCH(ROWS($AD$32:AD1395),$AK:$AK,0)),\"\")","v":""},null,false,{"$f":"IF(AN1395=TRUE,COUNTIF($AN$32:AN1395,TRUE()),\"\")","v":""},{"$f":"IFERROR(INDEX($AD:$AD,MATCH(ROWS($AD$32:$AD1395),$AO:$AO,0)),\"\")","v":""}]
[null,null,null,null,null,null,null,null,null,null,null,null,null,null,null,null,null,null,null,null,null,null,null,null,null,null,null,null,null,{"$f":"'Baza klientów'!B1369","v":0},false,{"$f":"IF(AE1400=TRUE,COUNTIF($AE$32:AE1400,TRUE()),\"\")","v":""},{"$f":"IFERROR(INDEX($AD:$AD,MATCH(ROWS($AD$32:AD1400),$AF:$AF,0)),\"\")","v":""},null,null,false,{"$f":"IF(AJ1400=TRUE,COUNTIF($AJ$32:AJ1400,TRUE()),\"\")","v":""},{"$f":"IFERROR(INDEX($AD:$AD,MATCH(ROWS($AD$32:AD1400),$AK:$AK,0)),\"\")","v":""},null,false,{"$f":"IF(AN1400=TRUE,COUNTIF($AN$32:AN1400,TRUE()),\"\")","v":""},{"$f":"IFERROR(INDEX($AD:$AD,MATCH(ROWS($AD$32:$AD1400),$AO:$AO,0)),\"\")","v":""}]
[null,null,null,null,null,null,null,null,null,null,null,null,null,null,null,null,null,null,null,null,null,null,null,null,null,null,null,null,null,{"$f":"'Baza klientów'!B1373","v":0},false,{"$f":"IF(AE1404=TRUE,COUNTIF($AE$32:AE1404,TRUE()),\"\")","v":""},{"$f":"IFERROR(INDEX($AD:$AD,MATCH(ROWS($AD$32:AD1404),$AF:$AF,0)),\"\")","v":""},null,null,false,{"$f":"IF(AJ1404=TRUE,COUNTIF($AJ$32:AJ1404,TRUE()),\"\")","v":""},{"$f":"IFERROR(INDEX($AD:$AD,MATCH(ROWS($AD$32:AD1404),$AK:$AK,0)),\"\")","v":""},null,false,{"$f":"IF(AN1404=TRUE,COUNTIF($AN$32:AN1404,TRUE()),\"\")","v":""},{"$f":"IFERROR(INDEX($AD:$AD,MATCH(ROWS($AD$32:$AD1404),$AO:$AO,0)),\"\")","v":""}]
[null,null,null,null,null,null,null,null,null,null,null,null,null,null,null,null,null,null,null,null,null,null,null,null,null,null,null,null,null,{"$f":"'Baza klientów'!B1374","v":0},false,{"$f":"IF(AE1405=TRUE,COUNTIF($AE$32:AE1405,TRUE()),\"\")","v":""},{"$f":"IFERROR(INDEX($AD:$AD,MATCH(ROWS($AD$32:AD1405),$AF:$AF,0)),\"\")","v":""},null,null,false,{"$f":"IF(AJ1405=TRUE,COUNTIF($AJ$32:AJ1405,TRUE()),\"\")","v":""},{"$f":"IFERROR(INDEX($AD:$AD,MATCH(ROWS($AD$32:AD1405),$AK:$AK,0)),\"\")","v":""},null,false,{"$f":"IF(AN1405=TRUE,COUNTIF($AN$32:AN1405,TRUE()),\"\")","v":""},{"$f":"IFERROR(INDEX($AD:$AD,MATCH(ROWS($AD$32:$AD1405),$AO:$AO,0)),\"\")","v":""}]
[null,null,null,null,null,null,null,null,null,null,null,null,null,null,null,null,null,null,null,null,null,null,null,null,null,null,null,null,null,{"$f":"'Baza klientów'!B1379","v":0},false,{"$f":"IF(AE1410=TRUE,COUNTIF($AE$32:AE1410,TRUE()),\"\")","v":""},{"$f":"IFERROR(INDEX($AD:$AD,MATCH(ROWS($AD$32:AD1410),$AF:$AF,0)),\"\")","v":""},null,null,false,{"$f":"IF(AJ1410=TRUE,COUNTIF($AJ$32:AJ1410,TRUE()),\"\")","v":""},{"$f":"IFERROR(INDEX($AD:$AD,MATCH(ROWS($AD$32:AD1410),$AK:$AK,0)),\"\")","v":""},null,false,{"$f":"IF(AN1410=TRUE,COUNTIF($AN$32:AN1410,TRUE()),\"\")","v":""},{"$f":"IFERROR(INDEX($AD:$AD,MATCH(ROWS($AD$32:$AD1410),$AO:$AO,0)),\"\")","v":""}]
[null,null,null,null,null,null,null,null,null,null,null,null,null,null,null,null,null,null,null,null,null,null,null,null,null,null,null,null,null,{"$f":"'Baza klientów'!B1384","v":0},false,{"$f":"IF(AE1415=TRUE,COUNTIF($AE$32:AE1415,TRUE()),\"\")","v":""},{"$f":"IFERROR(INDEX($AD:$AD,MATCH(ROWS($AD$32:AD1415),$AF:$AF,0)),\"\")","v":""},null,null,false,{"$f":"IF(AJ1415=TRUE,COUNTIF($AJ$32:AJ1415,TRUE()),\"\")","v":""},{"$f":"IFERROR(INDEX($AD:$AD,MATCH(ROWS($AD$32:AD1415),$AK:$AK,0)),\"\")","v":""},null,false,{"$f":"IF(AN1415=TRUE,COUNTIF($AN$32:AN1415,TRUE()),\"\")","v":""},{"$f":"IFERROR(INDEX($AD:$AD,MATCH(ROWS($AD$32:$AD1415),$AO:$AO,0)),\"\")","v":""}]
[null,null,null,null,null,null,null,null,null,null,null,null,null,null,null,null,null,null,null,null,null,null,null,null,null,null,null,null,null,{"$f":"'Baza klientów'!B1387","v":0},false,{"$f":"IF(AE1418=TRUE,COUNTIF($AE$32:AE1418,TRUE()),\"\")","v":""},{"$f":"IFERROR(INDEX($AD:$AD,MATCH(ROWS($AD$32:AD1418),$AF:$AF,0)),\"\")","v":""},null,null,false,{"$f":"IF(AJ1418=TRUE,COUNTIF($AJ$32:AJ1418,TRUE()),\"\")","v":""},{"$f":"IFERROR(INDEX($AD:$AD,MATCH(ROWS($AD$32:AD1418),$AK:$AK,0)),\"\")","v":""},null,false,{"$f":"IF(AN1418=TRUE,COUNTIF($AN$32:AN1418,TRUE()),\"\")","v":""},{"$f":"IFERROR(INDEX($AD:$AD,MATCH(ROWS($AD$32:$AD1418),$AO:$AO,0)),\"\")","v":""}]
[null,null,null,null,null,null,null,null,null,null,null,null,null,null,null,null,null,null,null,null,null,null,null,null,null,null,null,null,null,{"$f":"'Baza klientów'!B1389","v":0},false,{"$f":"IF(AE1420=TRUE,COUNTIF($AE$32:AE1420,TRUE()),\"\")","v":""},{"$f":"IFERROR(INDEX($AD:$AD,MATCH(ROWS($AD$32:AD1420),$AF:$AF,0)),\"\")","v":""},null,null,false,{"$f":"IF(AJ1420=TRUE,COUNTIF($AJ$32:AJ1420,TRUE()),\"\")","v":""},{"$f":"IFERROR(INDEX($AD:$AD,MATCH(ROWS($AD$32:AD1420),$AK:$AK,0)),\"\")","v":""},null,false,{"$f":"IF(AN1420=TRUE,COUNTIF($AN$32:AN1420,TRUE()),\"\")","v":""},{"$f":"IFERROR(INDEX($AD:$AD,MATCH(ROWS($AD$32:$AD1420),$AO:$AO,0)),\"\")","v":""}]
[null,null,null,null,null,null,null,null,null,null,null,null,null,null,null,null,null,null,null,null,null,null,null,null,null,null,null,null,null,{"$f":"'Baza klientów'!B1394","v":0},false,{"$f":"IF(AE1425=TRUE,COUNTIF($AE$32:AE1425,TRUE()),\"\")","v":""},{"$f":"IFERROR(INDEX($AD:$AD,MATCH(ROWS($AD$32:AD1425),$AF:$AF,0)),\"\")","v":""},null,null,false,{"$f":"IF(AJ1425=TRUE,COUNTIF($AJ$32:AJ1425,TRUE()),\"\")","v":""},{"$f":"IFERROR(INDEX($AD:$AD,MATCH(ROWS($AD$32:AD1425),$AK:$AK,0)),\"\")","v":""},null,false,{"$f":"IF(AN1425=TRUE,COUNTIF($AN$32:AN1425,TRUE()),\"\")","v":""},{"$f":"IFERROR(INDEX($AD:$AD,MATCH(ROWS($AD$32:$AD1425),$AO:$AO,0)),\"\")","v":""}]
[null,null,null,null,null,null,null,null,null,null,null,null,null,null,null,null,null,null,null,null,null,null,null,null,null,null,null,null,null,{"$f":"'Baza klientów'!B1399","v":0},false,{"$f":"IF(AE1430=TRUE,COUNTIF($AE$32:AE1430,TRUE()),\"\")","v":""},{"$f":"IFERROR(INDEX($AD:$AD,MATCH(ROWS($AD$32:AD1430),$AF:$AF,0)),\"\")","v":""},null,null,false,{"$f":"IF(AJ1430=TRUE,COUNTIF($AJ$32:AJ1430,TRUE()),\"\")","v":""},{"$f":"IFERROR(INDEX($AD:$AD,MATCH(ROWS($AD$32:AD1430),$AK:$AK,0)),\"\")","v":""},null,false,{"$f":"IF(AN1430=TRUE,COUNTIF($AN$32:AN1430,TRUE()),\"\")","v":""},{"$f":"IFERROR(INDEX($AD:$AD,MATCH(ROWS($AD$32:$AD1430),$AO:$AO,0)),\"\")","v":""}]
[null,null,null,null,null,null,null,null,null,null,null,null,null,null,null,null,null,null,null,null,null,null,null,null,null,null,null,null,null,{"$f":"'Baza klientów'!B1403","v":0},false,{"$f":"IF(AE1434=TRUE,COUNTIF($AE$32:AE1434,TRUE()),\"\")","v":""},{"$f":"IFERROR(INDEX($AD:$AD,MATCH(ROWS($AD$32:AD1434),$AF:$AF,0)),\"\")","v":""},null,null,false,{"$f":"IF(AJ1434=TRUE,COUNTIF($AJ$32:AJ1434,TRUE()),\"\")","v":""},{"$f":"IFERROR(INDEX($AD:$AD,MATCH(ROWS($AD$32:AD1434),$AK:$AK,0)),\"\")","v":""},null,false,{"$f":"IF(AN1434=TRUE,COUNTIF($AN$32:AN1434,TRUE()),\"\")","v":""},{"$f":"IFERROR(INDEX($AD:$AD,MATCH(ROWS($AD$32:$AD1434),$AO:$AO,0)),\"\")","v":""}]
[null,null,null,null,null,null,null,null,null,null,null,null,null,null,null,null,null,null,null,null,null,null,null,null,null,null,null,null,null,{"$f":"'Baza klientów'!B1404","v":0},false,{"$f":"IF(AE1435=TRUE,COUNTIF($AE$32:AE1435,TRUE()),\"\")","v":""},{"$f":"IFERROR(INDEX($AD:$AD,MATCH(ROWS($AD$32:AD1435),$AF:$AF,0)),\"\")","v":""},null,null,false,{"$f":"IF(AJ1435=TRUE,COUNTIF($AJ$32:AJ1435,TRUE()),\"\")","v":""},{"$f":"IFERROR(INDEX($AD:$AD,MATCH(ROWS($AD$32:AD1435),$AK:$AK,0)),\"\")","v":""},null,false,{"$f":"IF(AN1435=TRUE,COUNTIF($AN$32:AN1435,TRUE()),\"\")","v":""},{"$f":"IFERROR(INDEX($AD:$AD,MATCH(ROWS($AD$32:$AD1435),$AO:$AO,0)),\"\")","v":""}]
[null,null,null,null,null,null,null,null,null,null,null,null,null,null,null,null,null,null,null,null,null,null,null,null,null,null,null,null,null,{"$f":"'Baza klientów'!B1409","v":0},false,{"$f":"IF(AE1440=TRUE,COUNTIF($AE$32:AE1440,TRUE()),\"\")","v":""},{"$f":"IFERROR(INDEX($AD:$AD,MATCH(ROWS($AD$32:AD1440),$AF:$AF,0)),\"\")","v":""},null,null,false,{"$f":"IF(AJ1440=TRUE,COUNTIF($AJ$32:AJ1440,TRUE()),\"\")","v":""},{"$f":"IFERROR(INDEX($AD:$AD,MATCH(ROWS($AD$32:AD1440),$AK:$AK,0)),\"\")","v":""},null,false,{"$f":"IF(AN1440=TRUE,COUNTIF($AN$32:AN1440,TRUE()),\"\")","v":""},{"$f":"IFERROR(INDEX($AD:$AD,MATCH(ROWS($AD$32:$AD1440),$AO:$AO,0)),\"\")","v":""}]
[null,null,null,null,null,null,null,null,null,null,null,null,null,null,null,null,null,null,null,null,null,null,null,null,null,null,null,null,null,{"$f":"'Baza klientów'!B1414","v":0},false,{"$f":"IF(AE1445=TRUE,COUNTIF($AE$32:AE1445,TRUE()),\"\")","v":""},{"$f":"IFERROR(INDEX($AD:$AD,MATCH(ROWS($AD$32:AD1445),$AF:$AF,0)),\"\")","v":""},null,null,false,{"$f":"IF(AJ1445=TRUE,COUNTIF($AJ$32:AJ1445,TRUE()),\"\")","v":""},{"$f":"IFERROR(INDEX($AD:$AD,MATCH(ROWS($AD$32:AD1445),$AK:$AK,0)),\"\")","v":""},null,false,{"$f":"IF(AN1445=TRUE,COUNTIF($AN$32:AN1445,TRUE()),\"\")","v":""},{"$f":"IFERROR(INDEX($AD:$AD,MATCH(ROWS($AD$32:$AD1445),$AO:$AO,0)),\"\")","v":""}]
[null,null,null,null,null,null,null,null,null,null,null,null,null,null,null,null,null,null,null,null,null,null,null,null,null,null,null,null,null,{"$f":"'Baza klientów'!B1419","v":0},false,{"$f":"IF(AE1450=TRUE,COUNTIF($AE$32:AE1450,TRUE()),\"\")","v":""},{"$f":"IFERROR(INDEX($AD:$AD,MATCH(ROWS($AD$32:AD1450),$AF:$AF,0)),\"\")","v":""},null,null,false,{"$f":"IF(AJ1450=TRUE,COUNTIF($AJ$32:AJ1450,TRUE()),\"\")","v":""},{"$f":"IFERROR(INDEX($AD:$AD,MATCH(ROWS($AD$32:AD1450),$AK:$AK,0)),\"\")","v":""},null,false,{"$f":"IF(AN1450=TRUE,COUNTIF($AN$32:AN1450,TRUE()),\"\")","v":""},{"$f":"IFERROR(INDEX($AD:$AD,MATCH(ROWS($AD$32:$AD1450),$AO:$AO,0)),\"\")","v":""}]
[null,null,null,null,null,null,null,null,null,null,null,null,null,null,null,null,null,null,null,null,null,null,null,null,null,null,null,null,null,{"$f":"'Baza klientów'!B1421","v":0},false,{"$f":"IF(AE1452=TRUE,COUNTIF($AE$32:AE1452,TRUE()),\"\")","v":""},{"$f":"IFERROR(INDEX($AD:$AD,MATCH(ROWS($AD$32:AD1452),$AF:$AF,0)),\"\")","v":""},null,null,false,{"$f":"IF(AJ1452=TRUE,COUNTIF($AJ$32:AJ1452,TRUE()),\"\")","v":""},{"$f":"IFERROR(INDEX($AD:$AD,MATCH(ROWS($AD$32:AD1452),$AK:$AK,0)),\"\")","v":""},null,false,{"$f":"IF(AN1452=TRUE,COUNTIF($AN$32:AN1452,TRUE()),\"\")","v":""},{"$f":"IFERROR(INDEX($AD:$AD,MATCH(ROWS($AD$32:$AD1452),$AO:$AO,0)),\"\")","v":""}]
[null,null,null,null,null,null,null,null,null,null,null,null,null,null,null,null,null,null,null,null,null,null,null,null,null,null,null,null,null,{"$f":"'Baza klientów'!B1424","v":0},false,{"$f":"IF(AE1455=TRUE,COUNTIF($AE$32:AE1455,TRUE()),\"\")","v":""},{"$f":"IFERROR(INDEX($AD:$AD,MATCH(ROWS($AD$32:AD1455),$AF:$AF,0)),\"\")","v":""},null,null,false,{"$f":"IF(AJ1455=TRUE,COUNTIF($AJ$32:AJ1455,TRUE()),\"\")","v":""},{"$f":"IFERROR(INDEX($AD:$AD,MATCH(ROWS($AD$32:AD1455),$AK:$AK,0)),\"\")","v":""},null,false,{"$f":"IF(AN1455=TRUE,COUNTIF($AN$32:AN1455,TRUE()),\"\")","v":""},{"$f":"IFERROR(INDEX($AD:$AD,MATCH(ROWS($AD$32:$AD1455),$AO:$AO,0)),\"\")","v":""}]
[null,null,null,null,null,null,null,null,null,null,null,null,null,null,null,null,null,null,null,null,null,null,null,null,null,null,null,null,null,{"$f":"'Baza klientów'!B1429","v":0},false,{"$f":"IF(AE1460=TRUE,COUNTIF($AE$32:AE1460,TRUE()),\"\")","v":""},{"$f":"IFERROR(INDEX($AD:$AD,MATCH(ROWS($AD$32:AD1460),$AF:$AF,0)),\"\")","v":""},null,null,false,{"$f":"IF(AJ1460=TRUE,COUNTIF($AJ$32:AJ1460,TRUE()),\"\")","v":""},{"$f":"IFERROR(INDEX($AD:$AD,MATCH(ROWS($AD$32:AD1460),$AK:$AK,0)),\"\")","v":""},null,false,{"$f":"IF(AN1460=TRUE,COUNTIF($AN$32:AN1460,TRUE()),\"\")","v":""},{"$f":"IFERROR(INDEX($AD:$AD,MATCH(ROWS($AD$32:$AD1460),$AO:$AO,0)),\"\")","v":""}]
[null,null,null,null,null,null,null,null,null,null,null,null,null,null,null,null,null,null,null,null,null,null,null,null,null,null,null,null,null,{"$f":"'Baza klientów'!B1434","v":0},false,{"$f":"IF(AE1465=TRUE,COUNTIF($AE$32:AE1465,TRUE()),\"\")","v":""},{"$f":"IFERROR(INDEX($AD:$AD,MATCH(ROWS($AD$32:AD1465),$AF:$AF,0)),\"\")","v":""},null,null,false,{"$f":"IF(AJ1465=TRUE,COUNTIF($AJ$32:AJ1465,TRUE()),\"\")","v":""},{"$f":"IFERROR(INDEX($AD:$AD,MATCH(ROWS($AD$32:AD1465),$AK:$AK,0)),\"\")","v":""},null,false,{"$f":"IF(AN1465=TRUE,COUNTIF($AN$32:AN1465,TRUE()),\"\")","v":""},{"$f":"IFERROR(INDEX($AD:$AD,MATCH(ROWS($AD$32:$AD1465),$AO:$AO,0)),\"\")","v":""}]
[null,null,null,null,null,null,null,null,null,null,null,null,null,null,null,null,null,null,null,null,null,null,null,null,null,null,null,null,null,{"$f":"'Baza klientów'!B1437","v":0},false,{"$f":"IF(AE1468=TRUE,COUNTIF($AE$32:AE1468,TRUE()),\"\")","v":""},{"$f":"IFERROR(INDEX($AD:$AD,MATCH(ROWS($AD$32:AD1468),$AF:$AF,0)),\"\")","v":""},null,null,false,{"$f":"IF(AJ1468=TRUE,COUNTIF($AJ$32:AJ1468,TRUE()),\"\")","v":""},{"$f":"IFERROR(INDEX($AD:$AD,MATCH(ROWS($AD$32:AD1468),$AK:$AK,0)),\"\")","v":""},null,false,{"$f":"IF(AN1468=TRUE,COUNTIF($AN$32:AN1468,TRUE()),\"\")","v":""},{"$f":"IFERROR(INDEX($AD:$AD,MATCH(ROWS($AD$32:$AD1468),$AO:$AO,0)),\"\")","v":""}]
[null,null,null,null,null,null,null,null,null,null,null,null,null,null,null,null,null,null,null,null,null,null,null,null,null,null,null,null,null,{"$f":"'Baza klientów'!B1439","v":0},false,{"$f":"IF(AE1470=TRUE,COUNTIF($AE$32:AE1470,TRUE()),\"\")","v":""},{"$f":"IFERROR(INDEX($AD:$AD,MATCH(ROWS($AD$32:AD1470),$AF:$AF,0)),\"\")","v":""},null,null,false,{"$f":"IF(AJ1470=TRUE,COUNTIF($AJ$32:AJ1470,TRUE()),\"\")","v":""},{"$f":"IFERROR(INDEX($AD:$AD,MATCH(ROWS($AD$32:AD1470),$AK:$AK,0)),\"\")","v":""},null,false,{"$f":"IF(AN1470=TRUE,COUNTIF($AN$32:AN1470,TRUE()),\"\")","v":""},{"$f":"IFERROR(INDEX($AD:$AD,MATCH(ROWS($AD$32:$AD1470),$AO:$AO,0)),\"\")","v":""}]
[null,null,null,null,null,null,null,null,null,null,null,null,null,null,null,null,null,null,null,null,null,null,null,null,null,null,null,null,null,{"$f":"'Baza klientów'!B1444","v":0},false,{"$f":"IF(AE1475=TRUE,COUNTIF($AE$32:AE1475,TRUE()),\"\")","v":""},{"$f":"IFERROR(INDEX($AD:$AD,MATCH(ROWS($AD$32:AD1475),$AF:$AF,0)),\"\")","v":""},null,null,false,{"$f":"IF(AJ1475=TRUE,COUNTIF($AJ$32:AJ1475,TRUE()),\"\")","v":""},{"$f":"IFERROR(INDEX($AD:$AD,MATCH(ROWS($AD$32:AD1475),$AK:$AK,0)),\"\")","v":""},null,false,{"$f":"IF(AN1475=TRUE,COUNTIF($AN$32:AN1475,TRUE()),\"\")","v":""},{"$f":"IFERROR(INDEX($AD:$AD,MATCH(ROWS($AD$32:$AD1475),$AO:$AO,0)),\"\")","v":""}]
[null,null,null,null,null,null,null,null,null,null,null,null,null,null,null,null,null,null,null,null,null,null,null,null,null,null,null,null,null,{"$f":"'Baza klientów'!B1449","v":0},false,{"$f":"IF(AE1480=TRUE,COUNTIF($AE$32:AE1480,TRUE()),\"\")","v":""},{"$f":"IFERROR(INDEX($AD:$AD,MATCH(ROWS($AD$32:AD1480),$AF:$AF,0)),\"\")","v":""},null,null,false,{"$f":"IF(AJ1480=TRUE,COUNTIF($AJ$32:AJ1480,TRUE()),\"\")","v":""},{"$f":"IFERROR(INDEX($AD:$AD,MATCH(ROWS($AD$32:AD1480),$AK:$AK,0)),\"\")","v":""},null,false,{"$f":"IF(AN1480=TRUE,COUNTIF($AN$32:AN1480,TRUE()),\"\")","v":""},{"$f":"IFERROR(INDEX($AD:$AD,MATCH(ROWS($AD$32:$AD1480),$AO:$AO,0)),\"\")","v":""}]
[null,null,null,null,null,null,null,null,null,null,null,null,null,null,null,null,null,null,null,null,null,null,null,null,null,null,null,null,null,{"$f":"'Baza klientów'!B1450","v":0},false,{"$f":"IF(AE1481=TRUE,COUNTIF($AE$32:AE1481,TRUE()),\"\")","v":""},{"$f":"IFERROR(INDEX($AD:$AD,MATCH(ROWS($AD$32:AD1481),$AF:$AF,0)),\"\")","v":""},null,null,false,{"$f":"IF(AJ1481=TRUE,COUNTIF($AJ$32:AJ1481,TRUE()),\"\")","v":""},{"$f":"IFERROR(INDEX($AD:$AD,MATCH(ROWS($AD$32:AD1481),$AK:$AK,0)),\"\")","v":""},null,false,{"$f":"IF(AN1481=TRUE,COUNTIF($AN$32:AN1481,TRUE()),\"\")","v":""},{"$f":"IFERROR(INDEX($AD:$AD,MATCH(ROWS($AD$32:$AD1481),$AO:$AO,0)),\"\")","v":""}]
[null,null,null,null,null,null,null,null,null,null,null,null,null,null,null,null,null,null,null,null,null,null,null,null,null,null,null,null,null,{"$f":"'Baza klientów'!B1455","v":0},false,{"$f":"IF(AE1486=TRUE,COUNTIF($AE$32:AE1486,TRUE()),\"\")","v":""},{"$f":"IFERROR(INDEX($AD:$AD,MATCH(ROWS($AD$32:AD1486),$AF:$AF,0)),\"\")","v":""},null,null,false,{"$f":"IF(AJ1486=TRUE,COUNTIF($AJ$32:AJ1486,TRUE()),\"\")","v":""},{"$f":"IFERROR(INDEX($AD:$AD,MATCH(ROWS($AD$32:AD1486),$AK:$AK,0)),\"\")","v":""},null,false,{"$f":"IF(AN1486=TRUE,COUNTIF($AN$32:AN1486,TRUE()),\"\")","v":""},{"$f":"IFERROR(INDEX($AD:$AD,MATCH(ROWS($AD$32:$AD1486),$AO:$AO,0)),\"\")","v":""}]
[null,null,null,null,null,null,null,null,null,null,null,null,null,null,null,null,null,null,null,null,null,null,null,null,null,null,null,null,null,{"$f":"'Baza klientów'!B1459","v":0},false,{"$f":"IF(AE1490=TRUE,COUNTIF($AE$32:AE1490,TRUE()),\"\")","v":""},{"$f":"IFERROR(INDEX($AD:$AD,MATCH(ROWS($AD$32:AD1490),$AF:$AF,0)),\"\")","v":""},null,null,false,{"$f":"IF(AJ1490=TRUE,COUNTIF($AJ$32:AJ1490,TRUE()),\"\")","v":""},{"$f":"IFERROR(INDEX($AD:$AD,MATCH(ROWS($AD$32:AD1490),$AK:$AK,0)),\"\")","v":""},null,false,{"$f":"IF(AN1490=TRUE,COUNTIF($AN$32:AN1490,TRUE()),\"\")","v":""},{"$f":"IFERROR(INDEX($AD:$AD,MATCH(ROWS($AD$32:$AD1490),$AO:$AO,0)),\"\")","v":""}]
[null,null,null,null,null,null,null,null,null,null,null,null,null,null,null,null,null,null,null,null,null,null,null,null,null,null,null,null,null,{"$f":"'Baza klientów'!B1464","v":0},false,{"$f":"IF(AE1495=TRUE,COUNTIF($AE$32:AE1495,TRUE()),\"\")","v":""},{"$f":"IFERROR(INDEX($AD:$AD,MATCH(ROWS($AD$32:AD1495),$AF:$AF,0)),\"\")","v":""},null,null,false,{"$f":"IF(AJ1495=TRUE,COUNTIF($AJ$32:AJ1495,TRUE()),\"\")","v":""},{"$f":"IFERROR(INDEX($AD:$AD,MATCH(ROWS($AD$32:AD1495),$AK:$AK,0)),\"\")","v":""},null,false,{"$f":"IF(AN1495=TRUE,COUNTIF($AN$32:AN1495,TRUE()),\"\")","v":""},{"$f":"IFERROR(INDEX($AD:$AD,MATCH(ROWS($AD$32:$AD1495),$AO:$AO,0)),\"\")","v":""}]
[null,null,null,null,null,null,null,null,null,null,null,null,null,null,null,null,null,null,null,null,null,null,null,null,null,null,null,null,null,{"$f":"'Baza klientów'!B1465","v":0},false,{"$f":"IF(AE1496=TRUE,COUNTIF($AE$32:AE1496,TRUE()),\"\")","v":""},{"$f":"IFERROR(INDEX($AD:$AD,MATCH(ROWS($AD$32:AD1496),$AF:$AF,0)),\"\")","v":""},null,null,false,{"$f":"IF(AJ1496=TRUE,COUNTIF($AJ$32:AJ1496,TRUE()),\"\")","v":""},{"$f":"IFERROR(INDEX($AD:$AD,MATCH(ROWS($AD$32:AD1496),$AK:$AK,0)),\"\")","v":""},null,false,{"$f":"IF(AN1496=TRUE,COUNTIF($AN$32:AN1496,TRUE()),\"\")","v":""},{"$f":"IFERROR(INDEX($AD:$AD,MATCH(ROWS($AD$32:$AD1496),$AO:$AO,0)),\"\")","v":""}]
[null,null,null,null,null,null,null,null,null,null,null,null,null,null,null,null,null,null,null,null,null,null,null,null,null,null,null,null,null,{"$f":"'Baza klientów'!B1470","v":0},false,{"$f":"IF(AE1501=TRUE,COUNTIF($AE$32:AE1501,TRUE()),\"\")","v":""},{"$f":"IFERROR(INDEX($AD:$AD,MATCH(ROWS($AD$32:AD1501),$AF:$AF,0)),\"\")","v":""},null,null,false,{"$f":"IF(AJ1501=TRUE,COUNTIF($AJ$32:AJ1501,TRUE()),\"\")","v":""},{"$f":"IFERROR(INDEX($AD:$AD,MATCH(ROWS($AD$32:AD1501),$AK:$AK,0)),\"\")","v":""},null,false,{"$f":"IF(AN1501=TRUE,COUNTIF($AN$32:AN1501,TRUE()),\"\")","v":""},{"$f":"IFERROR(INDEX($AD:$AD,MATCH(ROWS($AD$32:$AD1501),$AO:$AO,0)),\"\")","v":""}]
[null,null,null,null,null,null,null,null,null,null,null,null,null,null,null,null,null,null,null,null,null,null,null,null,null,null,null,null,null,{"$f":"'Baza klientów'!B1473","v":0},false,{"$f":"IF(AE1504=TRUE,COUNTIF($AE$32:AE1504,TRUE()),\"\")","v":""},{"$f":"IFERROR(INDEX($AD:$AD,MATCH(ROWS($AD$32:AD1504),$AF:$AF,0)),\"\")","v":""},null,null,false,{"$f":"IF(AJ1504=TRUE,COUNTIF($AJ$32:AJ1504,TRUE()),\"\")","v":""},{"$f":"IFERROR(INDEX($AD:$AD,MATCH(ROWS($AD$32:AD1504),$AK:$AK,0)),\"\")","v":""},null,false,{"$f":"IF(AN1504=TRUE,COUNTIF($AN$32:AN1504,TRUE()),\"\")","v":""},{"$f":"IFERROR(INDEX($AD:$AD,MATCH(ROWS($AD$32:$AD1504),$AO:$AO,0)),\"\")","v":""}]
[null,null,null,null,null,null,null,null,null,null,null,null,null,null,null,null,null,null,null,null,null,null,null,null,null,null,null,null,null,{"$f":"'Baza klientów'!B1479","v":0},false,{"$f":"IF(AE1510=TRUE,COUNTIF($AE$32:AE1510,TRUE()),\"\")","v":""},{"$f":"IFERROR(INDEX($AD:$AD,MATCH(ROWS($AD$32:AD1510),$AF:$AF,0)),\"\")","v":""},null,null,false,{"$f":"IF(AJ1510=TRUE,COUNTIF($AJ$32:AJ1510,TRUE()),\"\")","v":""},{"$f":"IFERROR(INDEX($AD:$AD,MATCH(ROWS($AD$32:AD1510),$AK:$AK,0)),\"\")","v":""},null,false,{"$f":"IF(AN1510=TRUE,COUNTIF($AN$32:AN1510,TRUE()),\"\")","v":""},{"$f":"IFERROR(INDEX($AD:$AD,MATCH(ROWS($AD$32:$AD1510),$AO:$AO,0)),\"\")","v":""}]
[null,null,null,null,null,null,null,null,null,null,null,null,null,null,null,null,null,null,null,null,null,null,null,null,null,null,null,null,null,{"$f":"'Baza klientów'!B1480","v":0},false,{"$f":"IF(AE1511=TRUE,COUNTIF($AE$32:AE1511,TRUE()),\"\")","v":""},{"$f":"IFERROR(INDEX($AD:$AD,MATCH(ROWS($AD$32:AD1511),$AF:$AF,0)),\"\")","v":""},null,null,false,{"$f":"IF(AJ1511=TRUE,COUNTIF($AJ$32:AJ1511,TRUE()),\"\")","v":""},{"$f":"IFERROR(INDEX($AD:$AD,MATCH(ROWS($AD$32:AD1511),$AK:$AK,0)),\"\")","v":""},null,false,{"$f":"IF(AN1511=TRUE,COUNTIF($AN$32:AN1511,TRUE()),\"\")","v":""},{"$f":"IFERROR(INDEX($AD:$AD,MATCH(ROWS($AD$32:$AD1511),$AO:$AO,0)),\"\")","v":""}]
[null,null,null,null,null,null,null,null,null,null,null,null,null,null,null,null,null,null,null,null,null,null,null,null,null,null,null,null,null,{"$f":"'Baza klientów'!B1485","v":0},false,{"$f":"IF(AE1516=TRUE,COUNTIF($AE$32:AE1516,TRUE()),\"\")","v":""},{"$f":"IFERROR(INDEX($AD:$AD,MATCH(ROWS($AD$32:AD1516),$AF:$AF,0)),\"\")","v":""},null,null,false,{"$f":"IF(AJ1516=TRUE,COUNTIF($AJ$32:AJ1516,TRUE()),\"\")","v":""},{"$f":"IFERROR(INDEX($AD:$AD,MATCH(ROWS($AD$32:AD1516),$AK:$AK,0)),\"\")","v":""},null,false,{"$f":"IF(AN1516=TRUE,COUNTIF($AN$32:AN1516,TRUE()),\"\")","v":""},{"$f":"IFERROR(INDEX($AD:$AD,MATCH(ROWS($AD$32:$AD1516),$AO:$AO,0)),\"\")","v":""}]
[null,null,null,null,null,null,null,null,null,null,null,null,null,null,null,null,null,null,null,null,null,null,null,null,null,null,null,null,null,{"$f":"'Baza klientów'!B1490","v":0},false,{"$f":"IF(AE1521=TRUE,COUNTIF($AE$32:AE1521,TRUE()),\"\")","v":""},{"$f":"IFERROR(INDEX($AD:$AD,MATCH(ROWS($AD$32:AD1521),$AF:$AF,0)),\"\")","v":""},null,null,false,{"$f":"IF(AJ1521=TRUE,COUNTIF($AJ$32:AJ1521,TRUE()),\"\")","v":""},{"$f":"IFERROR(INDEX($AD:$AD,MATCH(ROWS($AD$32:AD1521),$AK:$AK,0)),\"\")","v":""},null,false,{"$f":"IF(AN1521=TRUE,COUNTIF($AN$32:AN1521,TRUE()),\"\")","v":""},{"$f":"IFERROR(INDEX($AD:$AD,MATCH(ROWS($AD$32:$AD1521),$AO:$AO,0)),\"\")","v":""}]
[null,null,null,null,null,null,null,null,null,null,null,null,null,null,null,null,null,null,null,null,null,null,null,null,null,null,null,null,null,{"$f":"'Baza klientów'!B1494","v":0},false,{"$f":"IF(AE1525=TRUE,COUNTIF($AE$32:AE1525,TRUE()),\"\")","v":""},{"$f":"IFERROR(INDEX($AD:$AD,MATCH(ROWS($AD$32:AD1525),$AF:$AF,0)),\"\")","v":""},null,null,false,{"$f":"IF(AJ1525=TRUE,COUNTIF($AJ$32:AJ1525,TRUE()),\"\")","v":""},{"$f":"IFERROR(INDEX($AD:$AD,MATCH(ROWS($AD$32:AD1525),$AK:$AK,0)),\"\")","v":""},null,false,{"$f":"IF(AN1525=TRUE,COUNTIF($AN$32:AN1525,TRUE()),\"\")","v":""},{"$f":"IFERROR(INDEX($AD:$AD,MATCH(ROWS($AD$32:$AD1525),$AO:$AO,0)),\"\")","v":""}]
[null,null,null,null,null,null,null,null,null,null,null,null,null,null,null,null,null,null,null,null,null,null,null,null,null,null,null,null,null,{"$f":"'Baza klientów'!B1495","v":0},false,{"$f":"IF(AE1526=TRUE,COUNTIF($AE$32:AE1526,TRUE()),\"\")","v":""},{"$f":"IFERROR(INDEX($AD:$AD,MATCH(ROWS($AD$32:AD1526),$AF:$AF,0)),\"\")","v":""},null,null,false,{"$f":"IF(AJ1526=TRUE,COUNTIF($AJ$32:AJ1526,TRUE()),\"\")","v":""},{"$f":"IFERROR(INDEX($AD:$AD,MATCH(ROWS($AD$32:AD1526),$AK:$AK,0)),\"\")","v":""},null,false,{"$f":"IF(AN1526=TRUE,COUNTIF($AN$32:AN1526,TRUE()),\"\")","v":""},{"$f":"IFERROR(INDEX($AD:$AD,MATCH(ROWS($AD$32:$AD1526),$AO:$AO,0)),\"\")","v":""}]
[null,null,null,null,null,null,null,null,null,null,null,null,null,null,null,null,null,null,null,null,null,null,null,null,null,null,null,null,null,{"$f":"'Baza klientów'!B1500","v":0},false,{"$f":"IF(AE1531=TRUE,COUNTIF($AE$32:AE1531,TRUE()),\"\")","v":""},{"$f":"IFERROR(INDEX($AD:$AD,MATCH(ROWS($AD$32:AD1531),$AF:$AF,0)),\"\")","v":""},null,null,false,{"$f":"IF(AJ1531=TRUE,COUNTIF($AJ$32:AJ1531,TRUE()),\"\")","v":""},{"$f":"IFERROR(INDEX($AD:$AD,MATCH(ROWS($AD$32:AD1531),$AK:$AK,0)),\"\")","v":""},null,false,{"$f":"IF(AN1531=TRUE,COUNTIF($AN$32:AN1531,TRUE()),\"\")","v":""},{"$f":"IFERROR(INDEX($AD:$AD,MATCH(ROWS($AD$32:$AD1531),$AO:$AO,0)),\"\")","v":""}]
[null,null,null,null,null,null,null,null,null,null,null,null,null,null,null,null,null,null,null,null,null,null,null,null,null,null,null,null,null,{"$f":"'Baza klientów'!B1505","v":0},false,{"$f":"IF(AE1536=TRUE,COUNTIF($AE$32:AE1536,TRUE()),\"\")","v":""},{"$f":"IFERROR(INDEX($AD:$AD,MATCH(ROWS($AD$32:AD1536),$AF:$AF,0)),\"\")","v":""},null,null,false,{"$f":"IF(AJ1536=TRUE,COUNTIF($AJ$32:AJ1536,TRUE()),\"\")","v":""},{"$f":"IFERROR(INDEX($AD:$AD,MATCH(ROWS($AD$32:AD1536),$AK:$AK,0)),\"\")","v":""},null,false,{"$f":"IF(AN1536=TRUE,COUNTIF($AN$32:AN1536,TRUE()),\"\")","v":""},{"$f":"IFERROR(INDEX($AD:$AD,MATCH(ROWS($AD$32:$AD1536),$AO:$AO,0)),\"\")","v":""}]
[null,null,null,null,null,null,null,null,null,null,null,null,null,null,null,null,null,null,null,null,null,null,null,null,null,null,null,null,null,{"$f":"'Baza klientów'!B1508","v":0},false,{"$f":"IF(AE1539=TRUE,COUNTIF($AE$32:AE1539,TRUE()),\"\")","v":""},{"$f":"IFERROR(INDEX($AD:$AD,MATCH(ROWS($AD$32:AD1539),$AF:$AF,0)),\"\")","v":""},null,null,false,{"$f":"IF(AJ1539=TRUE,COUNTIF($AJ$32:AJ1539,TRUE()),\"\")","v":""},{"$f":"IFERROR(INDEX($AD:$AD,MATCH(ROWS($AD$32:AD1539),$AK:$AK,0)),\"\")","v":""},null,false,{"$f":"IF(AN1539=TRUE,COUNTIF($AN$32:AN1539,TRUE()),\"\")","v":""},{"$f":"IFERROR(INDEX($AD:$AD,MATCH(ROWS($AD$32:$AD1539),$AO:$AO,0)),\"\")","v":""}]
[null,null,null,null,null,null,null,null,null,null,null,null,null,null,null,null,null,null,null,null,null,null,null,null,null,null,null,null,null,{"$f":"'Baza klientów'!B1510","v":0},false,{"$f":"IF(AE1541=TRUE,COUNTIF($AE$32:AE1541,TRUE()),\"\")","v":""},{"$f":"IFERROR(INDEX($AD:$AD,MATCH(ROWS($AD$32:AD1541),$AF:$AF,0)),\"\")","v":""},null,null,false,{"$f":"IF(AJ1541=TRUE,COUNTIF($AJ$32:AJ1541,TRUE()),\"\")","v":""},{"$f":"IFERROR(INDEX($AD:$AD,MATCH(ROWS($AD$32:AD1541),$AK:$AK,0)),\"\")","v":""},null,false,{"$f":"IF(AN1541=TRUE,COUNTIF($AN$32:AN1541,TRUE()),\"\")","v":""},{"$f":"IFERROR(INDEX($AD:$AD,MATCH(ROWS($AD$32:$AD1541),$AO:$AO,0)),\"\")","v":""}]
[null,null,null,null,null,null,null,null,null,null,null,null,null,null,null,null,null,null,null,null,null,null,null,null,null,null,null,null,null,{"$f":"'Baza klientów'!B1515","v":0},false,{"$f":"IF(AE1546=TRUE,COUNTIF($AE$32:AE1546,TRUE()),\"\")","v":""},{"$f":"IFERROR(INDEX($AD:$AD,MATCH(ROWS($AD$32:AD1546),$AF:$AF,0)),\"\")","v":""},null,null,false,{"$f":"IF(AJ1546=TRUE,COUNTIF($AJ$32:AJ1546,TRUE()),\"\")","v":""},{"$f":"IFERROR(INDEX($AD:$AD,MATCH(ROWS($AD$32:AD1546),$AK:$AK,0)),\"\")","v":""},null,false,{"$f":"IF(AN1546=TRUE,COUNTIF($AN$32:AN1546,TRUE()),\"\")","v":""},{"$f":"IFERROR(INDEX($AD:$AD,MATCH(ROWS($AD$32:$AD1546),$AO:$AO,0)),\"\")","v":""}]
[null,null,null,null,null,null,null,null,null,null,null,null,null,null,null,null,null,null,null,null,null,null,null,null,null,null,null,null,null,{"$f":"'Baza klientów'!B1520","v":0},false,{"$f":"IF(AE1551=TRUE,COUNTIF($AE$32:AE1551,TRUE()),\"\")","v":""},{"$f":"IFERROR(INDEX($AD:$AD,MATCH(ROWS($AD$32:AD1551),$AF:$AF,0)),\"\")","v":""},null,null,false,{"$f":"IF(AJ1551=TRUE,COUNTIF($AJ$32:AJ1551,TRUE()),\"\")","v":""},{"$f":"IFERROR(INDEX($AD:$AD,MATCH(ROWS($AD$32:AD1551),$AK:$AK,0)),\"\")","v":""},null,false,{"$f":"IF(AN1551=TRUE,COUNTIF($AN$32:AN1551,TRUE()),\"\")","v":""},{"$f":"IFERROR(INDEX($AD:$AD,MATCH(ROWS($AD$32:$AD1551),$AO:$AO,0)),\"\")","v":""}]
[null,null,null,null,null,null,null,null,null,null,null,null,null,null,null,null,null,null,null,null,null,null,null,null,null,null,null,null,null,{"$f":"'Baza klientów'!B1524","v":0},false,{"$f":"IF(AE1555=TRUE,COUNTIF($AE$32:AE1555,TRUE()),\"\")","v":""},{"$f":"IFERROR(INDEX($AD:$AD,MATCH(ROWS($AD$32:AD1555),$AF:$AF,0)),\"\")","v":""},null,null,false,{"$f":"IF(AJ1555=TRUE,COUNTIF($AJ$32:AJ1555,TRUE()),\"\")","v":""},{"$f":"IFERROR(INDEX($AD:$AD,MATCH(ROWS($AD$32:AD1555),$AK:$AK,0)),\"\")","v":""},null,false,{"$f":"IF(AN1555=TRUE,COUNTIF($AN$32:AN1555,TRUE()),\"\")","v":""},{"$f":"IFERROR(INDEX($AD:$AD,MATCH(ROWS($AD$32:$AD1555),$AO:$AO,0)),\"\")","v":""}]
[null,null,null,null,null,null,null,null,null,null,null,null,null,null,null,null,null,null,null,null,null,null,null,null,null,null,null,null,null,{"$f":"'Baza klientów'!B1525","v":0},false,{"$f":"IF(AE1556=TRUE,COUNTIF($AE$32:AE1556,TRUE()),\"\")","v":""},{"$f":"IFERROR(INDEX($AD:$AD,MATCH(ROWS($AD$32:AD1556),$AF:$AF,0)),\"\")","v":""},null,null,false,{"$f":"IF(AJ1556=TRUE,COUNTIF($AJ$32:AJ1556,TRUE()),\"\")","v":""},{"$f":"IFERROR(INDEX($AD:$AD,MATCH(ROWS($AD$32:AD1556),$AK:$AK,0)),\"\")","v":""},null,false,{"$f":"IF(AN1556=TRUE,COUNTIF($AN$32:AN1556,TRUE()),\"\")","v":""},{"$f":"IFERROR(INDEX($AD:$AD,MATCH(ROWS($AD$32:$AD1556),$AO:$AO,0)),\"\")","v":""}]
[null,null,null,null,null,null,null,null,null,null,null,null,null,null,null,null,null,null,null,null,null,null,null,null,null,null,null,null,null,{"$f":"'Baza klientów'!B1530","v":0},false,{"$f":"IF(AE1561=TRUE,COUNTIF($AE$32:AE1561,TRUE()),\"\")","v":""},{"$f":"IFERROR(INDEX($AD:$AD,MATCH(ROWS($AD$32:AD1561),$AF:$AF,0)),\"\")","v":""},null,null,false,{"$f":"IF(AJ1561=TRUE,COUNTIF($AJ$32:AJ1561,TRUE()),\"\")","v":""},{"$f":"IFERROR(INDEX($AD:$AD,MATCH(ROWS($AD$32:AD1561),$AK:$AK,0)),\"\")","v":""},null,false,{"$f":"IF(AN1561=TRUE,COUNTIF($AN$32:AN1561,TRUE()),\"\")","v":""},{"$f":"IFERROR(INDEX($AD:$AD,MATCH(ROWS($AD$32:$AD1561),$AO:$AO,0)),\"\")","v":""}]
[null,null,null,null,null,null,null,null,null,null,null,null,null,null,null,null,null,null,null,null,null,null,null,null,null,null,null,null,null,{"$f":"'Baza klientów'!B1535","v":0},false,{"$f":"IF(AE1566=TRUE,COUNTIF($AE$32:AE1566,TRUE()),\"\")","v":""},{"$f":"IFERROR(INDEX($AD:$AD,MATCH(ROWS($AD$32:AD1566),$AF:$AF,0)),\"\")","v":""},null,null,false,{"$f":"IF(AJ1566=TRUE,COUNTIF($AJ$32:AJ1566,TRUE()),\"\")","v":""},{"$f":"IFERROR(INDEX($AD:$AD,MATCH(ROWS($AD$32:AD1566),$AK:$AK,0)),\"\")","v":""},null,false,{"$f":"IF(AN1566=TRUE,COUNTIF($AN$32:AN1566,TRUE()),\"\")","v":""},{"$f":"IFERROR(INDEX($AD:$AD,MATCH(ROWS($AD$32:$AD1566),$AO:$AO,0)),\"\")","v":""}]
[null,null,null,null,null,null,null,null,null,null,null,null,null,null,null,null,null,null,null,null,null,null,null,null,null,null,null,null,null,{"$f":"'Baza klientów'!B1540","v":0},false,{"$f":"IF(AE1571=TRUE,COUNTIF($AE$32:AE1571,TRUE()),\"\")","v":""},{"$f":"IFERROR(INDEX($AD:$AD,MATCH(ROWS($AD$32:AD1571),$AF:$AF,0)),\"\")","v":""},null,null,false,{"$f":"IF(AJ1571=TRUE,COUNTIF($AJ$32:AJ1571,TRUE()),\"\")","v":""},{"$f":"IFERROR(INDEX($AD:$AD,MATCH(ROWS($AD$32:AD1571),$AK:$AK,0)),\"\")","v":""},null,false,{"$f":"IF(AN1571=TRUE,COUNTIF($AN$32:AN1571,TRUE()),\"\")","v":""},{"$f":"IFERROR(INDEX($AD:$AD,MATCH(ROWS($AD$32:$AD1571),$AO:$AO,0)),\"\")","v":""}]
[null,null,null,null,null,null,null,null,null,null,null,null,null,null,null,null,null,null,null,null,null,null,null,null,null,null,null,null,null,{"$f":"'Baza klientów'!B1542","v":0},false,{"$f":"IF(AE1573=TRUE,COUNTIF($AE$32:AE1573,TRUE()),\"\")","v":""},{"$f":"IFERROR(INDEX($AD:$AD,MATCH(ROWS($AD$32:AD1573),$AF:$AF,0)),\"\")","v":""},null,null,false,{"$f":"IF(AJ1573=TRUE,COUNTIF($AJ$32:AJ1573,TRUE()),\"\")","v":""},{"$f":"IFERROR(INDEX($AD:$AD,MATCH(ROWS($AD$32:AD1573),$AK:$AK,0)),\"\")","v":""},null,false,{"$f":"IF(AN1573=TRUE,COUNTIF($AN$32:AN1573,TRUE()),\"\")","v":""},{"$f":"IFERROR(INDEX($AD:$AD,MATCH(ROWS($AD$32:$AD1573),$AO:$AO,0)),\"\")","v":""}]
[null,null,null,null,null,null,null,null,null,null,null,null,null,null,null,null,null,null,null,null,null,null,null,null,null,null,null,null,null,{"$f":"'Baza klientów'!B1545","v":0},false,{"$f":"IF(AE1576=TRUE,COUNTIF($AE$32:AE1576,TRUE()),\"\")","v":""},{"$f":"IFERROR(INDEX($AD:$AD,MATCH(ROWS($AD$32:AD1576),$AF:$AF,0)),\"\")","v":""},null,null,false,{"$f":"IF(AJ1576=TRUE,COUNTIF($AJ$32:AJ1576,TRUE()),\"\")","v":""},{"$f":"IFERROR(INDEX($AD:$AD,MATCH(ROWS($AD$32:AD1576),$AK:$AK,0)),\"\")","v":""},null,false,{"$f":"IF(AN1576=TRUE,COUNTIF($AN$32:AN1576,TRUE()),\"\")","v":""},{"$f":"IFERROR(INDEX($AD:$AD,MATCH(ROWS($AD$32:$AD1576),$AO:$AO,0)),\"\")","v":""}]
[null,null,null,null,null,null,null,null,null,null,null,null,null,null,null,null,null,null,null,null,null,null,null,null,null,null,null,null,null,{"$f":"'Baza klientów'!B1550","v":0},false,{"$f":"IF(AE1581=TRUE,COUNTIF($AE$32:AE1581,TRUE()),\"\")","v":""},{"$f":"IFERROR(INDEX($AD:$AD,MATCH(ROWS($AD$32:AD1581),$AF:$AF,0)),\"\")","v":""},null,null,false,{"$f":"IF(AJ1581=TRUE,COUNTIF($AJ$32:AJ1581,TRUE()),\"\")","v":""},{"$f":"IFERROR(INDEX($AD:$AD,MATCH(ROWS($AD$32:AD1581),$AK:$AK,0)),\"\")","v":""},null,false,{"$f":"IF(AN1581=TRUE,COUNTIF($AN$32:AN1581,TRUE()),\"\")","v":""},{"$f":"IFERROR(INDEX($AD:$AD,MATCH(ROWS($AD$32:$AD1581),$AO:$AO,0)),\"\")","v":""}]
[null,null,null,null,null,null,null,null,null,null,null,null,null,null,null,null,null,null,null,null,null,null,null,null,null,null,null,null,null,{"$f":"'Baza klientów'!B1555","v":0},false,{"$f":"IF(AE1586=TRUE,COUNTIF($AE$32:AE1586,TRUE()),\"\")","v":""},{"$f":"IFERROR(INDEX($AD:$AD,MATCH(ROWS($AD$32:AD1586),$AF:$AF,0)),\"\")","v":""},null,null,false,{"$f":"IF(AJ1586=TRUE,COUNTIF($AJ$32:AJ1586,TRUE()),\"\")","v":""},{"$f":"IFERROR(INDEX($AD:$AD,MATCH(ROWS($AD$32:AD1586),$AK:$AK,0)),\"\")","v":""},null,false,{"$f":"IF(AN1586=TRUE,COUNTIF($AN$32:AN1586,TRUE()),\"\")","v":""},{"$f":"IFERROR(INDEX($AD:$AD,MATCH(ROWS($AD$32:$AD1586),$AO:$AO,0)),\"\")","v":""}]
[null,null,null,null,null,null,null,null,null,null,null,null,null,null,null,null,null,null,null,null,null,null,null,null,null,null,null,null,null,{"$f":"'Baza klientów'!B1556","v":0},false,{"$f":"IF(AE1587=TRUE,COUNTIF($AE$32:AE1587,TRUE()),\"\")","v":""},{"$f":"IFERROR(INDEX($AD:$AD,MATCH(ROWS($AD$32:AD1587),$AF:$AF,0)),\"\")","v":""},null,null,false,{"$f":"IF(AJ1587=TRUE,COUNTIF($AJ$32:AJ1587,TRUE()),\"\")","v":""},{"$f":"IFERROR(INDEX($AD:$AD,MATCH(ROWS($AD$32:AD1587),$AK:$AK,0)),\"\")","v":""},null,false,{"$f":"IF(AN1587=TRUE,COUNTIF($AN$32:AN1587,TRUE()),\"\")","v":""},{"$f":"IFERROR(INDEX($AD:$AD,MATCH(ROWS($AD$32:$AD1587),$AO:$AO,0)),\"\")","v":""}]
[null,null,null,null,null,null,null,null,null,null,null,null,null,null,null,null,null,null,null,null,null,null,null,null,null,null,null,null,null,{"$f":"'Baza klientów'!B1560","v":0},false,{"$f":"IF(AE1591=TRUE,COUNTIF($AE$32:AE1591,TRUE()),\"\")","v":""},{"$f":"IFERROR(INDEX($AD:$AD,MATCH(ROWS($AD$32:AD1591),$AF:$AF,0)),\"\")","v":""},null,null,false,{"$f":"IF(AJ1591=TRUE,COUNTIF($AJ$32:AJ1591,TRUE()),\"\")","v":""},{"$f":"IFERROR(INDEX($AD:$AD,MATCH(ROWS($AD$32:AD1591),$AK:$AK,0)),\"\")","v":""},null,false,{"$f":"IF(AN1591=TRUE,COUNTIF($AN$32:AN1591,TRUE()),\"\")","v":""},{"$f":"IFERROR(INDEX($AD:$AD,MATCH(ROWS($AD$32:$AD1591),$AO:$AO,0)),\"\")","v":""}]
[null,null,null,null,null,null,null,null,null,null,null,null,null,null,null,null,null,null,null,null,null,null,null,null,null,null,null,null,null,{"$f":"'Baza klientów'!B1565","v":0},false,{"$f":"IF(AE1596=TRUE,COUNTIF($AE$32:AE1596,TRUE()),\"\")","v":""},{"$f":"IFERROR(INDEX($AD:$AD,MATCH(ROWS($AD$32:AD1596),$AF:$AF,0)),\"\")","v":""},null,null,false,{"$f":"IF(AJ1596=TRUE,COUNTIF($AJ$32:AJ1596,TRUE()),\"\")","v":""},{"$f":"IFERROR(INDEX($AD:$AD,MATCH(ROWS($AD$32:AD1596),$AK:$AK,0)),\"\")","v":""},null,false,{"$f":"IF(AN1596=TRUE,COUNTIF($AN$32:AN1596,TRUE()),\"\")","v":""},{"$f":"IFERROR(INDEX($AD:$AD,MATCH(ROWS($AD$32:$AD1596),$AO:$AO,0)),\"\")","v":""}]
[null,null,null,null,null,null,null,null,null,null,null,null,null,null,null,null,null,null,null,null,null,null,null,null,null,null,null,null,null,{"$f":"'Baza klientów'!B1570","v":0},false,{"$f":"IF(AE1601=TRUE,COUNTIF($AE$32:AE1601,TRUE()),\"\")","v":""},{"$f":"IFERROR(INDEX($AD:$AD,MATCH(ROWS($AD$32:AD1601),$AF:$AF,0)),\"\")","v":""},null,null,false,{"$f":"IF(AJ1601=TRUE,COUNTIF($AJ$32:AJ1601,TRUE()),\"\")","v":""},{"$f":"IFERROR(INDEX($AD:$AD,MATCH(ROWS($AD$32:AD1601),$AK:$AK,0)),\"\")","v":""},null,false,{"$f":"IF(AN1601=TRUE,COUNTIF($AN$32:AN1601,TRUE()),\"\")","v":""},{"$f":"IFERROR(INDEX($AD:$AD,MATCH(ROWS($AD$32:$AD1601),$AO:$AO,0)),\"\")","v":""}]
[null,null,null,null,null,null,null,null,null,null,null,null,null,null,null,null,null,null,null,null,null,null,null,null,null,null,null,null,null,{"$f":"'Baza klientów'!B1571","v":0},false,{"$f":"IF(AE1602=TRUE,COUNTIF($AE$32:AE1602,TRUE()),\"\")","v":""},{"$f":"IFERROR(INDEX($AD:$AD,MATCH(ROWS($AD$32:AD1602),$AF:$AF,0)),\"\")","v":""},null,null,false,{"$f":"IF(AJ1602=TRUE,COUNTIF($AJ$32:AJ1602,TRUE()),\"\")","v":""},{"$f":"IFERROR(INDEX($AD:$AD,MATCH(ROWS($AD$32:AD1602),$AK:$AK,0)),\"\")","v":""},null,false,{"$f":"IF(AN1602=TRUE,COUNTIF($AN$32:AN1602,TRUE()),\"\")","v":""},{"$f":"IFERROR(INDEX($AD:$AD,MATCH(ROWS($AD$32:$AD1602),$AO:$AO,0)),\"\")","v":""}]
[null,null,null,null,null,null,null,null,null,null,null,null,null,null,null,null,null,null,null,null,null,null,null,null,null,null,null,null,null,{"$f":"'Baza klientów'!B1577","v":0},false,{"$f":"IF(AE1608=TRUE,COUNTIF($AE$32:AE1608,TRUE()),\"\")","v":""},{"$f":"IFERROR(INDEX($AD:$AD,MATCH(ROWS($AD$32:AD1608),$AF:$AF,0)),\"\")","v":""},null,null,false,{"$f":"IF(AJ1608=TRUE,COUNTIF($AJ$32:AJ1608,TRUE()),\"\")","v":""},{"$f":"IFERROR(INDEX($AD:$AD,MATCH(ROWS($AD$32:AD1608),$AK:$AK,0)),\"\")","v":""},null,false,{"$f":"IF(AN1608=TRUE,COUNTIF($AN$32:AN1608,TRUE()),\"\")","v":""},{"$f":"IFERROR(INDEX($AD:$AD,MATCH(ROWS($AD$32:$AD1608),$AO:$AO,0)),\"\")","v":""}]
[null,null,null,null,null,null,null,null,null,null,null,null,null,null,null,null,null,null,null,null,null,null,null,null,null,null,null,null,null,{"$f":"'Baza klientów'!B1580","v":0},false,{"$f":"IF(AE1611=TRUE,COUNTIF($AE$32:AE1611,TRUE()),\"\")","v":""},{"$f":"IFERROR(INDEX($AD:$AD,MATCH(ROWS($AD$32:AD1611),$AF:$AF,0)),\"\")","v":""},null,null,false,{"$f":"IF(AJ1611=TRUE,COUNTIF($AJ$32:AJ1611,TRUE()),\"\")","v":""},{"$f":"IFERROR(INDEX($AD:$AD,MATCH(ROWS($AD$32:AD1611),$AK:$AK,0)),\"\")","v":""},null,false,{"$f":"IF(AN1611=TRUE,COUNTIF($AN$32:AN1611,TRUE()),\"\")","v":""},{"$f":"IFERROR(INDEX($AD:$AD,MATCH(ROWS($AD$32:$AD1611),$AO:$AO,0)),\"\")","v":""}]
[null,null,null,null,null,null,null,null,null,null,null,null,null,null,null,null,null,null,null,null,null,null,null,null,null,null,null,null,null,{"$f":"'Baza klientów'!B1585","v":0},false,{"$f":"IF(AE1616=TRUE,COUNTIF($AE$32:AE1616,TRUE()),\"\")","v":""},{"$f":"IFERROR(INDEX($AD:$AD,MATCH(ROWS($AD$32:AD1616),$AF:$AF,0)),\"\")","v":""},null,null,false,{"$f":"IF(AJ1616=TRUE,COUNTIF($AJ$32:AJ1616,TRUE()),\"\")","v":""},{"$f":"IFERROR(INDEX($AD:$AD,MATCH(ROWS($AD$32:AD1616),$AK:$AK,0)),\"\")","v":""},null,false,{"$f":"IF(AN1616=TRUE,COUNTIF($AN$32:AN1616,TRUE()),\"\")","v":""},{"$f":"IFERROR(INDEX($AD:$AD,MATCH(ROWS($AD$32:$AD1616),$AO:$AO,0)),\"\")","v":""}]
[null,null,null,null,null,null,null,null,null,null,null,null,null,null,null,null,null,null,null,null,null,null,null,null,null,null,null,null,null,{"$f":"'Baza klientów'!B1586","v":0},false,{"$f":"IF(AE1617=TRUE,COUNTIF($AE$32:AE1617,TRUE()),\"\")","v":""},{"$f":"IFERROR(INDEX($AD:$AD,MATCH(ROWS($AD$32:AD1617),$AF:$AF,0)),\"\")","v":""},null,null,false,{"$f":"IF(AJ1617=TRUE,COUNTIF($AJ$32:AJ1617,TRUE()),\"\")","v":""},{"$f":"IFERROR(INDEX($AD:$AD,MATCH(ROWS($AD$32:AD1617),$AK:$AK,0)),\"\")","v":""},null,false,{"$f":"IF(AN1617=TRUE,COUNTIF($AN$32:AN1617,TRUE()),\"\")","v":""},{"$f":"IFERROR(INDEX($AD:$AD,MATCH(ROWS($AD$32:$AD1617),$AO:$AO,0)),\"\")","v":""}]
[null,null,null,null,null,null,null,null,null,null,null,null,null,null,null,null,null,null,null,null,null,null,null,null,null,null,null,null,null,{"$f":"'Baza klientów'!B1591","v":0},false,{"$f":"IF(AE1622=TRUE,COUNTIF($AE$32:AE1622,TRUE()),\"\")","v":""},{"$f":"IFERROR(INDEX($AD:$AD,MATCH(ROWS($AD$32:AD1622),$AF:$AF,0)),\"\")","v":""},null,null,false,{"$f":"IF(AJ1622=TRUE,COUNTIF($AJ$32:AJ1622,TRUE()),\"\")","v":""},{"$f":"IFERROR(INDEX($AD:$AD,MATCH(ROWS($AD$32:AD1622),$AK:$AK,0)),\"\")","v":""},null,false,{"$f":"IF(AN1622=TRUE,COUNTIF($AN$32:AN1622,TRUE()),\"\")","v":""},{"$f":"IFERROR(INDEX($AD:$AD,MATCH(ROWS($AD$32:$AD1622),$AO:$AO,0)),\"\")","v":""}]
[null,null,null,null,null,null,null,null,null,null,null,null,null,null,null,null,null,null,null,null,null,null,null,null,null,null,null,null,null,{"$f":"'Baza klientów'!B1595","v":0},false,{"$f":"IF(AE1626=TRUE,COUNTIF($AE$32:AE1626,TRUE()),\"\")","v":""},{"$f":"IFERROR(INDEX($AD:$AD,MATCH(ROWS($AD$32:AD1626),$AF:$AF,0)),\"\")","v":""},null,null,false,{"$f":"IF(AJ1626=TRUE,COUNTIF($AJ$32:AJ1626,TRUE()),\"\")","v":""},{"$f":"IFERROR(INDEX($AD:$AD,MATCH(ROWS($AD$32:AD1626),$AK:$AK,0)),\"\")","v":""},null,false,{"$f":"IF(AN1626=TRUE,COUNTIF($AN$32:AN1626,TRUE()),\"\")","v":""},{"$f":"IFERROR(INDEX($AD:$AD,MATCH(ROWS($AD$32:$AD1626),$AO:$AO,0)),\"\")","v":""}]
[null,null,null,null,null,null,null,null,null,null,null,null,null,null,null,null,null,null,null,null,null,null,null,null,null,null,null,null,null,{"$f":"'Baza klientów'!B1600","v":0},false,{"$f":"IF(AE1631=TRUE,COUNTIF($AE$32:AE1631,TRUE()),\"\")","v":""},{"$f":"IFERROR(INDEX($AD:$AD,MATCH(ROWS($AD$32:AD1631),$AF:$AF,0)),\"\")","v":""},null,null,false,{"$f":"IF(AJ1631=TRUE,COUNTIF($AJ$32:AJ1631,TRUE()),\"\")","v":""},{"$f":"IFERROR(INDEX($AD:$AD,MATCH(ROWS($AD$32:AD1631),$AK:$AK,0)),\"\")","v":""},null,false,{"$f":"IF(AN1631=TRUE,COUNTIF($AN$32:AN1631,TRUE()),\"\")","v":""},{"$f":"IFERROR(INDEX($AD:$AD,MATCH(ROWS($AD$32:$AD1631),$AO:$AO,0)),\"\")","v":""}]
[null,null,null,null,null,null,null,null,null,null,null,null,null,null,null,null,null,null,null,null,null,null,null,null,null,null,null,null,null,{"$f":"'Baza klientów'!B1601","v":0},false,{"$f":"IF(AE1632=TRUE,COUNTIF($AE$32:AE1632,TRUE()),\"\")","v":""},{"$f":"IFERROR(INDEX($AD:$AD,MATCH(ROWS($AD$32:AD1632),$AF:$AF,0)),\"\")","v":""},null,null,false,{"$f":"IF(AJ1632=TRUE,COUNTIF($AJ$32:AJ1632,TRUE()),\"\")","v":""},{"$f":"IFERROR(INDEX($AD:$AD,MATCH(ROWS($AD$32:AD1632),$AK:$AK,0)),\"\")","v":""},null,false,{"$f":"IF(AN1632=TRUE,COUNTIF($AN$32:AN1632,TRUE()),\"\")","v":""},{"$f":"IFERROR(INDEX($AD:$AD,MATCH(ROWS($AD$32:$AD1632),$AO:$AO,0)),\"\")","v":""}]
[null,null,null,null,null,null,null,null,null,null,null,null,null,null,null,null,null,null,null,null,null,null,null,null,null,null,null,null,null,{"$f":"'Baza klientów'!B1606","v":0},false,{"$f":"IF(AE1637=TRUE,COUNTIF($AE$32:AE1637,TRUE()),\"\")","v":""},{"$f":"IFERROR(INDEX($AD:$AD,MATCH(ROWS($AD$32:AD1637),$AF:$AF,0)),\"\")","v":""},null,null,false,{"$f":"IF(AJ1637=TRUE,COUNTIF($AJ$32:AJ1637,TRUE()),\"\")","v":""},{"$f":"IFERROR(INDEX($AD:$AD,MATCH(ROWS($AD$32:AD1637),$AK:$AK,0)),\"\")","v":""},null,false,{"$f":"IF(AN1637=TRUE,COUNTIF($AN$32:AN1637,TRUE()),\"\")","v":""},{"$f":"IFERROR(INDEX($AD:$AD,MATCH(ROWS($AD$32:$AD1637),$AO:$AO,0)),\"\")","v":""}]
[null,null,null,null,null,null,null,null,null,null,null,null,null,null,null,null,null,null,null,null,null,null,null,null,null,null,null,null,null,{"$f":"'Baza klientów'!B1611","v":0},false,{"$f":"IF(AE1642=TRUE,COUNTIF($AE$32:AE1642,TRUE()),\"\")","v":""},{"$f":"IFERROR(INDEX($AD:$AD,MATCH(ROWS($AD$32:AD1642),$AF:$AF,0)),\"\")","v":""},null,null,false,{"$f":"IF(AJ1642=TRUE,COUNTIF($AJ$32:AJ1642,TRUE()),\"\")","v":""},{"$f":"IFERROR(INDEX($AD:$AD,MATCH(ROWS($AD$32:AD1642),$AK:$AK,0)),\"\")","v":""},null,false,{"$f":"IF(AN1642=TRUE,COUNTIF($AN$32:AN1642,TRUE()),\"\")","v":""},{"$f":"IFERROR(INDEX($AD:$AD,MATCH(ROWS($AD$32:$AD1642),$AO:$AO,0)),\"\")","v":""}]
[null,null,null,null,null,null,null,null,null,null,null,null,null,null,null,null,null,null,null,null,null,null,null,null,null,null,null,null,null,{"$f":"'Baza klientów'!B1615","v":0},false,{"$f":"IF(AE1646=TRUE,COUNTIF($AE$32:AE1646,TRUE()),\"\")","v":""},{"$f":"IFERROR(INDEX($AD:$AD,MATCH(ROWS($AD$32:AD1646),$AF:$AF,0)),\"\")","v":""},null,null,false,{"$f":"IF(AJ1646=TRUE,COUNTIF($AJ$32:AJ1646,TRUE()),\"\")","v":""},{"$f":"IFERROR(INDEX($AD:$AD,MATCH(ROWS($AD$32:AD1646),$AK:$AK,0)),\"\")","v":""},null,false,{"$f":"IF(AN1646=TRUE,COUNTIF($AN$32:AN1646,TRUE()),\"\")","v":""},{"$f":"IFERROR(INDEX($AD:$AD,MATCH(ROWS($AD$32:$AD1646),$AO:$AO,0)),\"\")","v":""}]
[null,null,null,null,null,null,null,null,null,null,null,null,null,null,null,null,null,null,null,null,null,null,null,null,null,null,null,null,null,{"$f":"'Baza klientów'!B1616","v":0},false,{"$f":"IF(AE1647=TRUE,COUNTIF($AE$32:AE1647,TRUE()),\"\")","v":""},{"$f":"IFERROR(INDEX($AD:$AD,MATCH(ROWS($AD$32:AD1647),$AF:$AF,0)),\"\")","v":""},null,null,false,{"$f":"IF(AJ1647=TRUE,COUNTIF($AJ$32:AJ1647,TRUE()),\"\")","v":""},{"$f":"IFERROR(INDEX($AD:$AD,MATCH(ROWS($AD$32:AD1647),$AK:$AK,0)),\"\")","v":""},null,false,{"$f":"IF(AN1647=TRUE,COUNTIF($AN$32:AN1647,TRUE()),\"\")","v":""},{"$f":"IFERROR(INDEX($AD:$AD,MATCH(ROWS($AD$32:$AD1647),$AO:$AO,0)),\"\")","v":""}]
[null,null,null,null,null,null,null,null,null,null,null,null,null,null,null,null,null,null,null,null,null,null,null,null,null,null,null,null,null,{"$f":"'Baza klientów'!B1621","v":0},false,{"$f":"IF(AE1652=TRUE,COUNTIF($AE$32:AE1652,TRUE()),\"\")","v":""},{"$f":"IFERROR(INDEX($AD:$AD,MATCH(ROWS($AD$32:AD1652),$AF:$AF,0)),\"\")","v":""},null,null,false,{"$f":"IF(AJ1652=TRUE,COUNTIF($AJ$32:AJ1652,TRUE()),\"\")","v":""},{"$f":"IFERROR(INDEX($AD:$AD,MATCH(ROWS($AD$32:AD1652),$AK:$AK,0)),\"\")","v":""},null,false,{"$f":"IF(AN1652=TRUE,COUNTIF($AN$32:AN1652,TRUE()),\"\")","v":""},{"$f":"IFERROR(INDEX($AD:$AD,MATCH(ROWS($AD$32:$AD1652),$AO:$AO,0)),\"\")","v":""}]
[null,null,null,null,null,null,null,null,null,null,null,null,null,null,null,null,null,null,null,null,null,null,null,null,null,null,null,null,null,{"$f":"'Baza klientów'!B1626","v":0},false,{"$f":"IF(AE1657=TRUE,COUNTIF($AE$32:AE1657,TRUE()),\"\")","v":""},{"$f":"IFERROR(INDEX($AD:$AD,MATCH(ROWS($AD$32:AD1657),$AF:$AF,0)),\"\")","v":""},null,null,false,{"$f":"IF(AJ1657=TRUE,COUNTIF($AJ$32:AJ1657,TRUE()),\"\")","v":""},{"$f":"IFERROR(INDEX($AD:$AD,MATCH(ROWS($AD$32:AD1657),$AK:$AK,0)),\"\")","v":""},null,false,{"$f":"IF(AN1657=TRUE,COUNTIF($AN$32:AN1657,TRUE()),\"\")","v":""},{"$f":"IFERROR(INDEX($AD:$AD,MATCH(ROWS($AD$32:$AD1657),$AO:$AO,0)),\"\")","v":""}]
[null,null,null,null,null,null,null,null,null,null,null,null,null,null,null,null,null,null,null,null,null,null,null,null,null,null,null,null,null,{"$f":"'Baza klientów'!B1629","v":0},false,{"$f":"IF(AE1660=TRUE,COUNTIF($AE$32:AE1660,TRUE()),\"\")","v":""},{"$f":"IFERROR(INDEX($AD:$AD,MATCH(ROWS($AD$32:AD1660),$AF:$AF,0)),\"\")","v":""},null,null,false,{"$f":"IF(AJ1660=TRUE,COUNTIF($AJ$32:AJ1660,TRUE()),\"\")","v":""},{"$f":"IFERROR(INDEX($AD:$AD,MATCH(ROWS($AD$32:AD1660),$AK:$AK,0)),\"\")","v":""},null,false,{"$f":"IF(AN1660=TRUE,COUNTIF($AN$32:AN1660,TRUE()),\"\")","v":""},{"$f":"IFERROR(INDEX($AD:$AD,MATCH(ROWS($AD$32:$AD1660),$AO:$AO,0)),\"\")","v":""}]
[null,null,null,null,null,null,null,null,null,null,null,null,null,null,null,null,null,null,null,null,null,null,null,null,null,null,null,null,null,{"$f":"'Baza klientów'!B1631","v":0},false,{"$f":"IF(AE1662=TRUE,COUNTIF($AE$32:AE1662,TRUE()),\"\")","v":""},{"$f":"IFERROR(INDEX($AD:$AD,MATCH(ROWS($AD$32:AD1662),$AF:$AF,0)),\"\")","v":""},null,null,false,{"$f":"IF(AJ1662=TRUE,COUNTIF($AJ$32:AJ1662,TRUE()),\"\")","v":""},{"$f":"IFERROR(INDEX($AD:$AD,MATCH(ROWS($AD$32:AD1662),$AK:$AK,0)),\"\")","v":""},null,false,{"$f":"IF(AN1662=TRUE,COUNTIF($AN$32:AN1662,TRUE()),\"\")","v":""},{"$f":"IFERROR(INDEX($AD:$AD,MATCH(ROWS($AD$32:$AD1662),$AO:$AO,0)),\"\")","v":""}]
[null,null,null,null,null,null,null,null,null,null,null,null,null,null,null,null,null,null,null,null,null,null,null,null,null,null,null,null,null,{"$f":"'Baza klientów'!B1636","v":0},false,{"$f":"IF(AE1667=TRUE,COUNTIF($AE$32:AE1667,TRUE()),\"\")","v":""},{"$f":"IFERROR(INDEX($AD:$AD,MATCH(ROWS($AD$32:AD1667),$AF:$AF,0)),\"\")","v":""},null,null,false,{"$f":"IF(AJ1667=TRUE,COUNTIF($AJ$32:AJ1667,TRUE()),\"\")","v":""},{"$f":"IFERROR(INDEX($AD:$AD,MATCH(ROWS($AD$32:AD1667),$AK:$AK,0)),\"\")","v":""},null,false,{"$f":"IF(AN1667=TRUE,COUNTIF($AN$32:AN1667,TRUE()),\"\")","v":""},{"$f":"IFERROR(INDEX($AD:$AD,MATCH(ROWS($AD$32:$AD1667),$AO:$AO,0)),\"\")","v":""}]
[null,null,null,null,null,null,null,null,null,null,null,null,null,null,null,null,null,null,null,null,null,null,null,null,null,null,null,null,null,{"$f":"'Baza klientów'!B1641","v":0},false,{"$f":"IF(AE1672=TRUE,COUNTIF($AE$32:AE1672,TRUE()),\"\")","v":""},{"$f":"IFERROR(INDEX($AD:$AD,MATCH(ROWS($AD$32:AD1672),$AF:$AF,0)),\"\")","v":""},null,null,false,{"$f":"IF(AJ1672=TRUE,COUNTIF($AJ$32:AJ1672,TRUE()),\"\")","v":""},{"$f":"IFERROR(INDEX($AD:$AD,MATCH(ROWS($AD$32:AD1672),$AK:$AK,0)),\"\")","v":""},null,false,{"$f":"IF(AN1672=TRUE,COUNTIF($AN$32:AN1672,TRUE()),\"\")","v":""},{"$f":"IFERROR(INDEX($AD:$AD,MATCH(ROWS($AD$32:$AD1672),$AO:$AO,0)),\"\")","v":""}]
[null,null,null,null,null,null,null,null,null,null,null,null,null,null,null,null,null,null,null,null,null,null,null,null,null,null,null,null,null,{"$f":"'Baza klientów'!B1645","v":0},false,{"$f":"IF(AE1676=TRUE,COUNTIF($AE$32:AE1676,TRUE()),\"\")","v":""},{"$f":"IFERROR(INDEX($AD:$AD,MATCH(ROWS($AD$32:AD1676),$AF:$AF,0)),\"\")","v":""},null,null,false,{"$f":"IF(AJ1676=TRUE,COUNTIF($AJ$32:AJ1676,TRUE()),\"\")","v":""},{"$f":"IFERROR(INDEX($AD:$AD,MATCH(ROWS($AD$32:AD1676),$AK:$AK,0)),\"\")","v":""},null,false,{"$f":"IF(AN1676=TRUE,COUNTIF($AN$32:AN1676,TRUE()),\"\")","v":""},{"$f":"IFERROR(INDEX($AD:$AD,MATCH(ROWS($AD$32:$AD1676),$AO:$AO,0)),\"\")","v":""}]
[null,null,null,null,null,null,null,null,null,null,null,null,null,null,null,null,null,null,null,null,null,null,null,null,null,null,null,null,null,{"$f":"'Baza klientów'!B1646","v":0},false,{"$f":"IF(AE1677=TRUE,COUNTIF($AE$32:AE1677,TRUE()),\"\")","v":""},{"$f":"IFERROR(INDEX($AD:$AD,MATCH(ROWS($AD$32:AD1677),$AF:$AF,0)),\"\")","v":""},null,null,false,{"$f":"IF(AJ1677=TRUE,COUNTIF($AJ$32:AJ1677,TRUE()),\"\")","v":""},{"$f":"IFERROR(INDEX($AD:$AD,MATCH(ROWS($AD$32:AD1677),$AK:$AK,0)),\"\")","v":""},null,false,{"$f":"IF(AN1677=TRUE,COUNTIF($AN$32:AN1677,TRUE()),\"\")","v":""},{"$f":"IFERROR(INDEX($AD:$AD,MATCH(ROWS($AD$32:$AD1677),$AO:$AO,0)),\"\")","v":""}]
[null,null,null,null,null,null,null,null,null,null,null,null,null,null,null,null,null,null,null,null,null,null,null,null,null,null,null,null,null,{"$f":"'Baza klientów'!B1651","v":0},false,{"$f":"IF(AE1682=TRUE,COUNTIF($AE$32:AE1682,TRUE()),\"\")","v":""},{"$f":"IFERROR(INDEX($AD:$AD,MATCH(ROWS($AD$32:AD1682),$AF:$AF,0)),\"\")","v":""},null,null,false,{"$f":"IF(AJ1682=TRUE,COUNTIF($AJ$32:AJ1682,TRUE()),\"\")","v":""},{"$f":"IFERROR(INDEX($AD:$AD,MATCH(ROWS($AD$32:AD1682),$AK:$AK,0)),\"\")","v":""},null,false,{"$f":"IF(AN1682=TRUE,COUNTIF($AN$32:AN1682,TRUE()),\"\")","v":""},{"$f":"IFERROR(INDEX($AD:$AD,MATCH(ROWS($AD$32:$AD1682),$AO:$AO,0)),\"\")","v":""}]
[null,null,null,null,null,null,null,null,null,null,null,null,null,null,null,null,null,null,null,null,null,null,null,null,null,null,null,null,null,{"$f":"'Baza klientów'!B1656","v":0},false,{"$f":"IF(AE1687=TRUE,COUNTIF($AE$32:AE1687,TRUE()),\"\")","v":""},{"$f":"IFERROR(INDEX($AD:$AD,MATCH(ROWS($AD$32:AD1687),$AF:$AF,0)),\"\")","v":""},null,null,false,{"$f":"IF(AJ1687=TRUE,COUNTIF($AJ$32:AJ1687,TRUE()),\"\")","v":""},{"$f":"IFERROR(INDEX($AD:$AD,MATCH(ROWS($AD$32:AD1687),$AK:$AK,0)),\"\")","v":""},null,false,{"$f":"IF(AN1687=TRUE,COUNTIF($AN$32:AN1687,TRUE()),\"\")","v":""},{"$f":"IFERROR(INDEX($AD:$AD,MATCH(ROWS($AD$32:$AD1687),$AO:$AO,0)),\"\")","v":""}]
[null,null,null,null,null,null,null,null,null,null,null,null,null,null,null,null,null,null,null,null,null,null,null,null,null,null,null,null,null,{"$f":"'Baza klientów'!B1661","v":0},false,{"$f":"IF(AE1692=TRUE,COUNTIF($AE$32:AE1692,TRUE()),\"\")","v":""},{"$f":"IFERROR(INDEX($AD:$AD,MATCH(ROWS($AD$32:AD1692),$AF:$AF,0)),\"\")","v":""},null,null,false,{"$f":"IF(AJ1692=TRUE,COUNTIF($AJ$32:AJ1692,TRUE()),\"\")","v":""},{"$f":"IFERROR(INDEX($AD:$AD,MATCH(ROWS($AD$32:AD1692),$AK:$AK,0)),\"\")","v":""},null,false,{"$f":"IF(AN1692=TRUE,COUNTIF($AN$32:AN1692,TRUE()),\"\")","v":""},{"$f":"IFERROR(INDEX($AD:$AD,MATCH(ROWS($AD$32:$AD1692),$AO:$AO,0)),\"\")","v":""}]
[null,null,null,null,null,null,null,null,null,null,null,null,null,null,null,null,null,null,null,null,null,null,null,null,null,null,null,null,null,{"$f":"'Baza klientów'!B1663","v":0},false,{"$f":"IF(AE1694=TRUE,COUNTIF($AE$32:AE1694,TRUE()),\"\")","v":""},{"$f":"IFERROR(INDEX($AD:$AD,MATCH(ROWS($AD$32:AD1694),$AF:$AF,0)),\"\")","v":""},null,null,false,{"$f":"IF(AJ1694=TRUE,COUNTIF($AJ$32:AJ1694,TRUE()),\"\")","v":""},{"$f":"IFERROR(INDEX($AD:$AD,MATCH(ROWS($AD$32:AD1694),$AK:$AK,0)),\"\")","v":""},null,false,{"$f":"IF(AN1694=TRUE,COUNTIF($AN$32:AN1694,TRUE()),\"\")","v":""},{"$f":"IFERROR(INDEX($AD:$AD,MATCH(ROWS($AD$32:$AD1694),$AO:$AO,0)),\"\")","v":""}]
[null,null,null,null,null,null,null,null,null,null,null,null,null,null,null,null,null,null,null,null,null,null,null,null,null,null,null,null,null,{"$f":"'Baza klientów'!B1666","v":0},{"$f":"ISNUMBER(SEARCH($AH$32,AD1697))","v":false},{"$f":"IF(AE1697=TRUE,COUNTIF($AE$32:AE1697,TRUE()),\"\")","v":""},{"$f":"IFERROR(INDEX($AD:$AD,MATCH(ROWS($AD$32:AD1697),$AF:$AF,0)),\"\")","v":""},null,null,{"$f":"ISNUMBER(SEARCH($AM$31,AD1697))","v":false},{"$f":"IF(AJ1697=TRUE,COUNTIF($AJ$32:AJ1697,TRUE()),\"\")","v":""},{"$f":"IFERROR(INDEX($AD:$AD,MATCH(ROWS($AD$32:AD1697),$AK:$AK,0)),\"\")","v":""},null,{"$f":"ISNUMBER(SEARCH($AQ$31,$AD1697))","v":false},{"$f":"IF(AN1697=TRUE,COUNTIF($AN$32:AN1697,TRUE()),\"\")","v":""},{"$f":"IFERROR(INDEX($AD:$AD,MATCH(ROWS($AD$32:$AD1697),$AO:$AO,0)),\"\")","v":""}]
[null,null,null,null,null,null,null,null,null,null,null,null,null,null,null,null,null,null,null,null,null,null,null,null,null,null,null,null,null,{"$f":"'Baza klientów'!B1671","v":0},false,{"$f":"IF(AE1702=TRUE,COUNTIF($AE$32:AE1702,TRUE()),\"\")","v":""},{"$f":"IFERROR(INDEX($AD:$AD,MATCH(ROWS($AD$32:AD1702),$AF:$AF,0)),\"\")","v":""},null,null,false,{"$f":"IF(AJ1702=TRUE,COUNTIF($AJ$32:AJ1702,TRUE()),\"\")","v":""},{"$f":"IFERROR(INDEX($AD:$AD,MATCH(ROWS($AD$32:AD1702),$AK:$AK,0)),\"\")","v":""},null,false,{"$f":"IF(AN1702=TRUE,COUNTIF($AN$32:AN1702,TRUE()),\"\")","v":""},{"$f":"IFERROR(INDEX($AD:$AD,MATCH(ROWS($AD$32:$AD1702),$AO:$AO,0)),\"\")","v":""}]
[null,null,null,null,null,null,null,null,null,null,null,null,null,null,null,null,null,null,null,null,null,null,null,null,null,null,null,null,null,{"$f":"'Baza klientów'!B1676","v":0},false,{"$f":"IF(AE1707=TRUE,COUNTIF($AE$32:AE1707,TRUE()),\"\")","v":""},{"$f":"IFERROR(INDEX($AD:$AD,MATCH(ROWS($AD$32:AD1707),$AF:$AF,0)),\"\")","v":""},null,null,false,{"$f":"IF(AJ1707=TRUE,COUNTIF($AJ$32:AJ1707,TRUE()),\"\")","v":""},{"$f":"IFERROR(INDEX($AD:$AD,MATCH(ROWS($AD$32:AD1707),$AK:$AK,0)),\"\")","v":""},null,false,{"$f":"IF(AN1707=TRUE,COUNTIF($AN$32:AN1707,TRUE()),\"\")","v":""},{"$f":"IFERROR(INDEX($AD:$AD,MATCH(ROWS($AD$32:$AD1707),$AO:$AO,0)),\"\")","v":""}]
[null,null,null,null,null,null,null,null,null,null,null,null,null,null,null,null,null,null,null,null,null,null,null,null,null,null,null,null,null,{"$f":"'Baza klientów'!B1677","v":0},false,{"$f":"IF(AE1708=TRUE,COUNTIF($AE$32:AE1708,TRUE()),\"\")","v":""},{"$f":"IFERROR(INDEX($AD:$AD,MATCH(ROWS($AD$32:AD1708),$AF:$AF,0)),\"\")","v":""},null,null,false,{"$f":"IF(AJ1708=TRUE,COUNTIF($AJ$32:AJ1708,TRUE()),\"\")","v":""},{"$f":"IFERROR(INDEX($AD:$AD,MATCH(ROWS($AD$32:AD1708),$AK:$AK,0)),\"\")","v":""},null,false,{"$f":"IF(AN1708=TRUE,COUNTIF($AN$32:AN1708,TRUE()),\"\")","v":""},{"$f":"IFERROR(INDEX($AD:$AD,MATCH(ROWS($AD$32:$AD1708),$AO:$AO,0)),\"\")","v":""}]
[null,null,null,null,null,null,null,null,null,null,null,null,null,null,null,null,null,null,null,null,null,null,null,null,null,null,null,null,null,{"$f":"'Baza klientów'!B1681","v":0},false,{"$f":"IF(AE1712=TRUE,COUNTIF($AE$32:AE1712,TRUE()),\"\")","v":""},{"$f":"IFERROR(INDEX($AD:$AD,MATCH(ROWS($AD$32:AD1712),$AF:$AF,0)),\"\")","v":""},null,null,false,{"$f":"IF(AJ1712=TRUE,COUNTIF($AJ$32:AJ1712,TRUE()),\"\")","v":""},{"$f":"IFERROR(INDEX($AD:$AD,MATCH(ROWS($AD$32:AD1712),$AK:$AK,0)),\"\")","v":""},null,false,{"$f":"IF(AN1712=TRUE,COUNTIF($AN$32:AN1712,TRUE()),\"\")","v":""},{"$f":"IFERROR(INDEX($AD:$AD,MATCH(ROWS($AD$32:$AD1712),$AO:$AO,0)),\"\")","v":""}]
[null,null,null,null,null,null,null,null,null,null,null,null,null,null,null,null,null,null,null,null,null,null,null,null,null,null,null,null,null,{"$f":"'Baza klientów'!B1686","v":0},false,{"$f":"IF(AE1717=TRUE,COUNTIF($AE$32:AE1717,TRUE()),\"\")","v":""},{"$f":"IFERROR(INDEX($AD:$AD,MATCH(ROWS($AD$32:AD1717),$AF:$AF,0)),\"\")","v":""},null,null,false,{"$f":"IF(AJ1717=TRUE,COUNTIF($AJ$32:AJ1717,TRUE()),\"\")","v":""},{"$f":"IFERROR(INDEX($AD:$AD,MATCH(ROWS($AD$32:AD1717),$AK:$AK,0)),\"\")","v":""},null,false,{"$f":"IF(AN1717=TRUE,COUNTIF($AN$32:AN1717,TRUE()),\"\")","v":""},{"$f":"IFERROR(INDEX($AD:$AD,MATCH(ROWS($AD$32:$AD1717),$AO:$AO,0)),\"\")","v":""}]
[null,null,null,null,null,null,null,null,null,null,null,null,null,null,null,null,null,null,null,null,null,null,null,null,null,null,null,null,null,{"$f":"'Baza klientów'!B1691","v":0},false,{"$f":"IF(AE1722=TRUE,COUNTIF($AE$32:AE1722,TRUE()),\"\")","v":""},{"$f":"IFERROR(INDEX($AD:$AD,MATCH(ROWS($AD$32:AD1722),$AF:$AF,0)),\"\")","v":""},null,null,false,{"$f":"IF(AJ1722=TRUE,COUNTIF($AJ$32:AJ1722,TRUE()),\"\")","v":""},{"$f":"IFERROR(INDEX($AD:$AD,MATCH(ROWS($AD$32:AD1722),$AK:$AK,0)),\"\")","v":""},null,false,{"$f":"IF(AN1722=TRUE,COUNTIF($AN$32:AN1722,TRUE()),\"\")","v":""},{"$f":"IFERROR(INDEX($AD:$AD,MATCH(ROWS($AD$32:$AD1722),$AO:$AO,0)),\"\")","v":""}]
[null,null,null,null,null,null,null,null,null,null,null,null,null,null,null,null,null,null,null,null,null,null,null,null,null,null,null,null,null,{"$f":"'Baza klientów'!B1692","v":0},false,{"$f":"IF(AE1723=TRUE,COUNTIF($AE$32:AE1723,TRUE()),\"\")","v":""},{"$f":"IFERROR(INDEX($AD:$AD,MATCH(ROWS($AD$32:AD1723),$AF:$AF,0)),\"\")","v":""},null,null,false,{"$f":"IF(AJ1723=TRUE,COUNTIF($AJ$32:AJ1723,TRUE()),\"\")","v":""},{"$f":"IFERROR(INDEX($AD:$AD,MATCH(ROWS($AD$32:AD1723),$AK:$AK,0)),\"\")","v":""},null,false,{"$f":"IF(AN1723=TRUE,COUNTIF($AN$32:AN1723,TRUE()),\"\")","v":""},{"$f":"IFERROR(INDEX($AD:$AD,MATCH(ROWS($AD$32:$AD1723),$AO:$AO,0)),\"\")","v":""}]
[null,null,null,null,null,null,null,null,null,null,null,null,null,null,null,null,null,null,null,null,null,null,null,null,null,null,null,null,null,{"$f":"'Baza klientów'!B1698","v":0},false,{"$f":"IF(AE1729=TRUE,COUNTIF($AE$32:AE1729,TRUE()),\"\")","v":""},{"$f":"IFERROR(INDEX($AD:$AD,MATCH(ROWS($AD$32:AD1729),$AF:$AF,0)),\"\")","v":""},null,null,false,{"$f":"IF(AJ1729=TRUE,COUNTIF($AJ$32:AJ1729,TRUE()),\"\")","v":""},{"$f":"IFERROR(INDEX($AD:$AD,MATCH(ROWS($AD$32:AD1729),$AK:$AK,0)),\"\")","v":""},null,false,{"$f":"IF(AN1729=TRUE,COUNTIF($AN$32:AN1729,TRUE()),\"\")","v":""},{"$f":"IFERROR(INDEX($AD:$AD,MATCH(ROWS($AD$32:$AD1729),$AO:$AO,0)),\"\")","v":""}]
[null,null,null,null,null,null,null,null,null,null,null,null,null,null,null,null,null,null,null,null,null,null,null,null,null,null,null,null,null,{"$f":"'Baza klientów'!B1701","v":0},false,{"$f":"IF(AE1732=TRUE,COUNTIF($AE$32:AE1732,TRUE()),\"\")","v":""},{"$f":"IFERROR(INDEX($AD:$AD,MATCH(ROWS($AD$32:AD1732),$AF:$AF,0)),\"\")","v":""},null,null,false,{"$f":"IF(AJ1732=TRUE,COUNTIF($AJ$32:AJ1732,TRUE()),\"\")","v":""},{"$f":"IFERROR(INDEX($AD:$AD,MATCH(ROWS($AD$32:AD1732),$AK:$AK,0)),\"\")","v":""},null,false,{"$f":"IF(AN1732=TRUE,COUNTIF($AN$32:AN1732,TRUE()),\"\")","v":""},{"$f":"IFERROR(INDEX($AD:$AD,MATCH(ROWS($AD$32:$AD1732),$AO:$AO,0)),\"\")","v":""}]
[null,null,null,null,null,null,null,null,null,null,null,null,null,null,null,null,null,null,null,null,null,null,null,null,null,null,null,null,null,{"$f":"'Baza klientów'!B1706","v":0},false,{"$f":"IF(AE1737=TRUE,COUNTIF($AE$32:AE1737,TRUE()),\"\")","v":""},{"$f":"IFERROR(INDEX($AD:$AD,MATCH(ROWS($AD$32:AD1737),$AF:$AF,0)),\"\")","v":""},null,null,false,{"$f":"IF(AJ1737=TRUE,COUNTIF($AJ$32:AJ1737,TRUE()),\"\")","v":""},{"$f":"IFERROR(INDEX($AD:$AD,MATCH(ROWS($AD$32:AD1737),$AK:$AK,0)),\"\")","v":""},null,false,{"$f":"IF(AN1737=TRUE,COUNTIF($AN$32:AN1737,TRUE()),\"\")","v":""},{"$f":"IFERROR(INDEX($AD:$AD,MATCH(ROWS($AD$32:$AD1737),$AO:$AO,0)),\"\")","v":""}]
[null,null,null,null,null,null,null,null,null,null,null,null,null,null,null,null,null,null,null,null,null,null,null,null,null,null,null,null,null,{"$f":"'Baza klientów'!B1707","v":0},false,{"$f":"IF(AE1738=TRUE,COUNTIF($AE$32:AE1738,TRUE()),\"\")","v":""},{"$f":"IFERROR(INDEX($AD:$AD,MATCH(ROWS($AD$32:AD1738),$AF:$AF,0)),\"\")","v":""},null,null,false,{"$f":"IF(AJ1738=TRUE,COUNTIF($AJ$32:AJ1738,TRUE()),\"\")","v":""},{"$f":"IFERROR(INDEX($AD:$AD,MATCH(ROWS($AD$32:AD1738),$AK:$AK,0)),\"\")","v":""},null,false,{"$f":"IF(AN1738=TRUE,COUNTIF($AN$32:AN1738,TRUE()),\"\")","v":""},{"$f":"IFERROR(INDEX($AD:$AD,MATCH(ROWS($AD$32:$AD1738),$AO:$AO,0)),\"\")","v":""}]
[null,null,null,null,null,null,null,null,null,null,null,null,null,null,null,null,null,null,null,null,null,null,null,null,null,null,null,null,null,{"$f":"'Baza klientów'!B1712","v":0},false,{"$f":"IF(AE1743=TRUE,COUNTIF($AE$32:AE1743,TRUE()),\"\")","v":""},{"$f":"IFERROR(INDEX($AD:$AD,MATCH(ROWS($AD$32:AD1743),$AF:$AF,0)),\"\")","v":""},null,null,false,{"$f":"IF(AJ1743=TRUE,COUNTIF($AJ$32:AJ1743,TRUE()),\"\")","v":""},{"$f":"IFERROR(INDEX($AD:$AD,MATCH(ROWS($AD$32:AD1743),$AK:$AK,0)),\"\")","v":""},null,false,{"$f":"IF(AN1743=TRUE,COUNTIF($AN$32:AN1743,TRUE()),\"\")","v":""},{"$f":"IFERROR(INDEX($AD:$AD,MATCH(ROWS($AD$32:$AD1743),$AO:$AO,0)),\"\")","v":""}]
[null,null,null,null,null,null,null,null,null,null,null,null,null,null,null,null,null,null,null,null,null,null,null,null,null,null,null,null,null,{"$f":"'Baza klientów'!B1716","v":0},false,{"$f":"IF(AE1747=TRUE,COUNTIF($AE$32:AE1747,TRUE()),\"\")","v":""},{"$f":"IFERROR(INDEX($AD:$AD,MATCH(ROWS($AD$32:AD1747),$AF:$AF,0)),\"\")","v":""},null,null,false,{"$f":"IF(AJ1747=TRUE,COUNTIF($AJ$32:AJ1747,TRUE()),\"\")","v":""},{"$f":"IFERROR(INDEX($AD:$AD,MATCH(ROWS($AD$32:AD1747),$AK:$AK,0)),\"\")","v":""},null,false,{"$f":"IF(AN1747=TRUE,COUNTIF($AN$32:AN1747,TRUE()),\"\")","v":""},{"$f":"IFERROR(INDEX($AD:$AD,MATCH(ROWS($AD$32:$AD1747),$AO:$AO,0)),\"\")","v":""}]
[null,null,null,null,null,null,null,null,null,null,null,null,null,null,null,null,null,null,null,null,null,null,null,null,null,null,null,null,null,{"$f":"'Baza klientów'!B1721","v":0},false,{"$f":"IF(AE1752=TRUE,COUNTIF($AE$32:AE1752,TRUE()),\"\")","v":""},{"$f":"IFERROR(INDEX($AD:$AD,MATCH(ROWS($AD$32:AD1752),$AF:$AF,0)),\"\")","v":""},null,null,false,{"$f":"IF(AJ1752=TRUE,COUNTIF($AJ$32:AJ1752,TRUE()),\"\")","v":""},{"$f":"IFERROR(INDEX($AD:$AD,MATCH(ROWS($AD$32:AD1752),$AK:$AK,0)),\"\")","v":""},null,false,{"$f":"IF(AN1752=TRUE,COUNTIF($AN$32:AN1752,TRUE()),\"\")","v":""},{"$f":"IFERROR(INDEX($AD:$AD,MATCH(ROWS($AD$32:$AD1752),$AO:$AO,0)),\"\")","v":""}]
[null,null,null,null,null,null,null,null,null,null,null,null,null,null,null,null,null,null,null,null,null,null,null,null,null,null,null,null,null,{"$f":"'Baza klientów'!B1722","v":0},false,{"$f":"IF(AE1753=TRUE,COUNTIF($AE$32:AE1753,TRUE()),\"\")","v":""},{"$f":"IFERROR(INDEX($AD:$AD,MATCH(ROWS($AD$32:AD1753),$AF:$AF,0)),\"\")","v":""},null,null,false,{"$f":"IF(AJ1753=TRUE,COUNTIF($AJ$32:AJ1753,TRUE()),\"\")","v":""},{"$f":"IFERROR(INDEX($AD:$AD,MATCH(ROWS($AD$32:AD1753),$AK:$AK,0)),\"\")","v":""},null,false,{"$f":"IF(AN1753=TRUE,COUNTIF($AN$32:AN1753,TRUE()),\"\")","v":""},{"$f":"IFERROR(INDEX($AD:$AD,MATCH(ROWS($AD$32:$AD1753),$AO:$AO,0)),\"\")","v":""}]
[null,null,null,null,null,null,null,null,null,null,null,null,null,null,null,null,null,null,null,null,null,null,null,null,null,null,null,null,null,{"$f":"'Baza klientów'!B1727","v":0},false,{"$f":"IF(AE1758=TRUE,COUNTIF($AE$32:AE1758,TRUE()),\"\")","v":""},{"$f":"IFERROR(INDEX($AD:$AD,MATCH(ROWS($AD$32:AD1758),$AF:$AF,0)),\"\")","v":""},null,null,false,{"$f":"IF(AJ1758=TRUE,COUNTIF($AJ$32:AJ1758,TRUE()),\"\")","v":""},{"$f":"IFERROR(INDEX($AD:$AD,MATCH(ROWS($AD$32:AD1758),$AK:$AK,0)),\"\")","v":""},null,false,{"$f":"IF(AN1758=TRUE,COUNTIF($AN$32:AN1758,TRUE()),\"\")","v":""},{"$f":"IFERROR(INDEX($AD:$AD,MATCH(ROWS($AD$32:$AD1758),$AO:$AO,0)),\"\")","v":""}]
[null,null,null,null,null,null,null,null,null,null,null,null,null,null,null,null,null,null,null,null,null,null,null,null,null,null,null,null,null,{"$f":"'Baza klientów'!B1732","v":0},false,{"$f":"IF(AE1763=TRUE,COUNTIF($AE$32:AE1763,TRUE()),\"\")","v":""},{"$f":"IFERROR(INDEX($AD:$AD,MATCH(ROWS($AD$32:AD1763),$AF:$AF,0)),\"\")","v":""},null,null,false,{"$f":"IF(AJ1763=TRUE,COUNTIF($AJ$32:AJ1763,TRUE()),\"\")","v":""},{"$f":"IFERROR(INDEX($AD:$AD,MATCH(ROWS($AD$32:AD1763),$AK:$AK,0)),\"\")","v":""},null,false,{"$f":"IF(AN1763=TRUE,COUNTIF($AN$32:AN1763,TRUE()),\"\")","v":""},{"$f":"IFERROR(INDEX($AD:$AD,MATCH(ROWS($AD$32:$AD1763),$AO:$AO,0)),\"\")","v":""}]
[null,null,null,null,null,null,null,null,null,null,null,null,null,null,null,null,null,null,null,null,null,null,null,null,null,null,null,null,null,{"$f":"'Baza klientów'!B1736","v":0},false,{"$f":"IF(AE1767=TRUE,COUNTIF($AE$32:AE1767,TRUE()),\"\")","v":""},{"$f":"IFERROR(INDEX($AD:$AD,MATCH(ROWS($AD$32:AD1767),$AF:$AF,0)),\"\")","v":""},null,null,false,{"$f":"IF(AJ1767=TRUE,COUNTIF($AJ$32:AJ1767,TRUE()),\"\")","v":""},{"$f":"IFERROR(INDEX($AD:$AD,MATCH(ROWS($AD$32:AD1767),$AK:$AK,0)),\"\")","v":""},null,false,{"$f":"IF(AN1767=TRUE,COUNTIF($AN$32:AN1767,TRUE()),\"\")","v":""},{"$f":"IFERROR(INDEX($AD:$AD,MATCH(ROWS($AD$32:$AD1767),$AO:$AO,0)),\"\")","v":""}]
[null,null,null,null,null,null,null,null,null,null,null,null,null,null,null,null,null,null,null,null,null,null,null,null,null,null,null,null,null,{"$f":"'Baza klientów'!B1737","v":0},false,{"$f":"IF(AE1768=TRUE,COUNTIF($AE$32:AE1768,TRUE()),\"\")","v":""},{"$f":"IFERROR(INDEX($AD:$AD,MATCH(ROWS($AD$32:AD1768),$AF:$AF,0)),\"\")","v":""},null,null,false,{"$f":"IF(AJ1768=TRUE,COUNTIF($AJ$32:AJ1768,TRUE()),\"\")","v":""},{"$f":"IFERROR(INDEX($AD:$AD,MATCH(ROWS($AD$32:AD1768),$AK:$AK,0)),\"\")","v":""},null,false,{"$f":"IF(AN1768=TRUE,COUNTIF($AN$32:AN1768,TRUE()),\"\")","v":""},{"$f":"IFERROR(INDEX($AD:$AD,MATCH(ROWS($AD$32:$AD1768),$AO:$AO,0)),\"\")","v":""}]
[null,null,null,null,null,null,null,null,null,null,null,null,null,null,null,null,null,null,null,null,null,null,null,null,null,null,null,null,null,{"$f":"'Baza klientów'!B1742","v":0},false,{"$f":"IF(AE1773=TRUE,COUNTIF($AE$32:AE1773,TRUE()),\"\")","v":""},{"$f":"IFERROR(INDEX($AD:$AD,MATCH(ROWS($AD$32:AD1773),$AF:$AF,0)),\"\")","v":""},null,null,false,{"$f":"IF(AJ1773=TRUE,COUNTIF($AJ$32:AJ1773,TRUE()),\"\")","v":""},{"$f":"IFERROR(INDEX($AD:$AD,MATCH(ROWS($AD$32:AD1773),$AK:$AK,0)),\"\")","v":""},null,false,{"$f":"IF(AN1773=TRUE,COUNTIF($AN$32:AN1773,TRUE()),\"\")","v":""},{"$f":"IFERROR(INDEX($AD:$AD,MATCH(ROWS($AD$32:$AD1773),$AO:$AO,0)),\"\")","v":""}]
[null,null,null,null,null,null,null,null,null,null,null,null,null,null,null,null,null,null,null,null,null,null,null,null,null,null,null,null,null,{"$f":"'Baza klientów'!B1747","v":0},false,{"$f":"IF(AE1778=TRUE,COUNTIF($AE$32:AE1778,TRUE()),\"\")","v":""},{"$f":"IFERROR(INDEX($AD:$AD,MATCH(ROWS($AD$32:AD1778),$AF:$AF,0)),\"\")","v":""},null,null,false,{"$f":"IF(AJ1778=TRUE,COUNTIF($AJ$32:AJ1778,TRUE()),\"\")","v":""},{"$f":"IFERROR(INDEX($AD:$AD,MATCH(ROWS($AD$32:AD1778),$AK:$AK,0)),\"\")","v":""},null,false,{"$f":"IF(AN1778=TRUE,COUNTIF($AN$32:AN1778,TRUE()),\"\")","v":""},{"$f":"IFERROR(INDEX($AD:$AD,MATCH(ROWS($AD$32:$AD1778),$AO:$AO,0)),\"\")","v":""}]
[null,null,null,null,null,null,null,null,null,null,null,null,null,null,null,null,null,null,null,null,null,null,null,null,null,null,null,null,null,{"$f":"'Baza klientów'!B1750","v":0},false,{"$f":"IF(AE1781=TRUE,COUNTIF($AE$32:AE1781,TRUE()),\"\")","v":""},{"$f":"IFERROR(INDEX($AD:$AD,MATCH(ROWS($AD$32:AD1781),$AF:$AF,0)),\"\")","v":""},null,null,false,{"$f":"IF(AJ1781=TRUE,COUNTIF($AJ$32:AJ1781,TRUE()),\"\")","v":""},{"$f":"IFERROR(INDEX($AD:$AD,MATCH(ROWS($AD$32:AD1781),$AK:$AK,0)),\"\")","v":""},null,false,{"$f":"IF(AN1781=TRUE,COUNTIF($AN$32:AN1781,TRUE()),\"\")","v":""},{"$f":"IFERROR(INDEX($AD:$AD,MATCH(ROWS($AD$32:$AD1781),$AO:$AO,0)),\"\")","v":""}]
[null,null,null,null,null,null,null,null,null,null,null,null,null,null,null,null,null,null,null,null,null,null,null,null,null,null,null,null,null,{"$f":"'Baza klientów'!B1752","v":0},false,{"$f":"IF(AE1783=TRUE,COUNTIF($AE$32:AE1783,TRUE()),\"\")","v":""},{"$f":"IFERROR(INDEX($AD:$AD,MATCH(ROWS($AD$32:AD1783),$AF:$AF,0)),\"\")","v":""},null,null,false,{"$f":"IF(AJ1783=TRUE,COUNTIF($AJ$32:AJ1783,TRUE()),\"\")","v":""},{"$f":"IFERROR(INDEX($AD:$AD,MATCH(ROWS($AD$32:AD1783),$AK:$AK,0)),\"\")","v":""},null,false,{"$f":"IF(AN1783=TRUE,COUNTIF($AN$32:AN1783,TRUE()),\"\")","v":""},{"$f":"IFERROR(INDEX($AD:$AD,MATCH(ROWS($AD$32:$AD1783),$AO:$AO,0)),\"\")","v":""}]
[null,null,null,null,null,null,null,null,null,null,null,null,null,null,null,null,null,null,null,null,null,null,null,null,null,null,null,null,null,{"$f":"'Baza klientów'!B1757","v":0},false,{"$f":"IF(AE1788=TRUE,COUNTIF($AE$32:AE1788,TRUE()),\"\")","v":""},{"$f":"IFERROR(INDEX($AD:$AD,MATCH(ROWS($AD$32:AD1788),$AF:$AF,0)),\"\")","v":""},null,null,false,{"$f":"IF(AJ1788=TRUE,COUNTIF($AJ$32:AJ1788,TRUE()),\"\")","v":""},{"$f":"IFERROR(INDEX($AD:$AD,MATCH(ROWS($AD$32:AD1788),$AK:$AK,0)),\"\")","v":""},null,false,{"$f":"IF(AN1788=TRUE,COUNTIF($AN$32:AN1788,TRUE()),\"\")","v":""},{"$f":"IFERROR(INDEX($AD:$AD,MATCH(ROWS($AD$32:$AD1788),$AO:$AO,0)),\"\")","v":""}]
[null,null,null,null,null,null,null,null,null,null,null,null,null,null,null,null,null,null,null,null,null,null,null,null,null,null,null,null,null,{"$f":"'Baza klientów'!B1762","v":0},false,{"$f":"IF(AE1793=TRUE,COUNTIF($AE$32:AE1793,TRUE()),\"\")","v":""},{"$f":"IFERROR(INDEX($AD:$AD,MATCH(ROWS($AD$32:AD1793),$AF:$AF,0)),\"\")","v":""},null,null,false,{"$f":"IF(AJ1793=TRUE,COUNTIF($AJ$32:AJ1793,TRUE()),\"\")","v":""},{"$f":"IFERROR(INDEX($AD:$AD,MATCH(ROWS($AD$32:AD1793),$AK:$AK,0)),\"\")","v":""},null,false,{"$f":"IF(AN1793=TRUE,COUNTIF($AN$32:AN1793,TRUE()),\"\")","v":""},{"$f":"IFERROR(INDEX($AD:$AD,MATCH(ROWS($AD$32:$AD1793),$AO:$AO,0)),\"\")","v":""}]
[null,null,null,null,null,null,null,null,null,null,null,null,null,null,null,null,null,null,null,null,null,null,null,null,null,null,null,null,null,{"$f":"'Baza klientów'!B1767","v":0},false,{"$f":"IF(AE1798=TRUE,COUNTIF($AE$32:AE1798,TRUE()),\"\")","v":""},{"$f":"IFERROR(INDEX($AD:$AD,MATCH(ROWS($AD$32:AD1798),$AF:$AF,0)),\"\")","v":""},null,null,false,{"$f":"IF(AJ1798=TRUE,COUNTIF($AJ$32:AJ1798,TRUE()),\"\")","v":""},{"$f":"IFERROR(INDEX($AD:$AD,MATCH(ROWS($AD$32:AD1798),$AK:$AK,0)),\"\")","v":""},null,false,{"$f":"IF(AN1798=TRUE,COUNTIF($AN$32:AN1798,TRUE()),\"\")","v":""},{"$f":"IFERROR(INDEX($AD:$AD,MATCH(ROWS($AD$32:$AD1798),$AO:$AO,0)),\"\")","v":""}]
[null,null,null,null,null,null,null,null,null,null,null,null,null,null,null,null,null,null,null,null,null,null,null,null,null,null,null,null,null,{"$f":"'Baza klientów'!B1768","v":0},false,{"$f":"IF(AE1799=TRUE,COUNTIF($AE$32:AE1799,TRUE()),\"\")","v":""},{"$f":"IFERROR(INDEX($AD:$AD,MATCH(ROWS($AD$32:AD1799),$AF:$AF,0)),\"\")","v":""},null,null,false,{"$f":"IF(AJ1799=TRUE,COUNTIF($AJ$32:AJ1799,TRUE()),\"\")","v":""},{"$f":"IFERROR(INDEX($AD:$AD,MATCH(ROWS($AD$32:AD1799),$AK:$AK,0)),\"\")","v":""},null,false,{"$f":"IF(AN1799=TRUE,COUNTIF($AN$32:AN1799,TRUE()),\"\")","v":""},{"$f":"IFERROR(INDEX($AD:$AD,MATCH(ROWS($AD$32:$AD1799),$AO:$AO,0)),\"\")","v":""}]
[null,null,null,null,null,null,null,null,null,null,null,null,null,null,null,null,null,null,null,null,null,null,null,null,null,null,null,null,null,{"$f":"'Baza klientów'!B1772","v":0},false,{"$f":"IF(AE1803=TRUE,COUNTIF($AE$32:AE1803,TRUE()),\"\")","v":""},{"$f":"IFERROR(INDEX($AD:$AD,MATCH(ROWS($AD$32:AD1803),$AF:$AF,0)),\"\")","v":""},null,null,false,{"$f":"IF(AJ1803=TRUE,COUNTIF($AJ$32:AJ1803,TRUE()),\"\")","v":""},{"$f":"IFERROR(INDEX($AD:$AD,MATCH(ROWS($AD$32:AD1803),$AK:$AK,0)),\"\")","v":""},null,false,{"$f":"IF(AN1803=TRUE,COUNTIF($AN$32:AN1803,TRUE()),\"\")","v":""},{"$f":"IFERROR(INDEX($AD:$AD,MATCH(ROWS($AD$32:$AD1803),$AO:$AO,0)),\"\")","v":""}]
[null,null,null,null,null,null,null,null,null,null,null,null,null,null,null,null,null,null,null,null,null,null,null,null,null,null,null,null,null,{"$f":"'Baza klientów'!B1777","v":0},false,{"$f":"IF(AE1808=TRUE,COUNTIF($AE$32:AE1808,TRUE()),\"\")","v":""},{"$f":"IFERROR(INDEX($AD:$AD,MATCH(ROWS($AD$32:AD1808),$AF:$AF,0)),\"\")","v":""},null,null,false,{"$f":"IF(AJ1808=TRUE,COUNTIF($AJ$32:AJ1808,TRUE()),\"\")","v":""},{"$f":"IFERROR(INDEX($AD:$AD,MATCH(ROWS($AD$32:AD1808),$AK:$AK,0)),\"\")","v":""},null,false,{"$f":"IF(AN1808=TRUE,COUNTIF($AN$32:AN1808,TRUE()),\"\")","v":""},{"$f":"IFERROR(INDEX($AD:$AD,MATCH(ROWS($AD$32:$AD1808),$AO:$AO,0)),\"\")","v":""}]
[null,null,null,null,null,null,null,null,null,null,null,null,null,null,null,null,null,null,null,null,null,null,null,null,null,null,null,null,null,{"$f":"'Baza klientów'!B1782","v":0},false,{"$f":"IF(AE1813=TRUE,COUNTIF($AE$32:AE1813,TRUE()),\"\")","v":""},{"$f":"IFERROR(INDEX($AD:$AD,MATCH(ROWS($AD$32:AD1813),$AF:$AF,0)),\"\")","v":""},null,null,false,{"$f":"IF(AJ1813=TRUE,COUNTIF($AJ$32:AJ1813,TRUE()),\"\")","v":""},{"$f":"IFERROR(INDEX($AD:$AD,MATCH(ROWS($AD$32:AD1813),$AK:$AK,0)),\"\")","v":""},null,false,{"$f":"IF(AN1813=TRUE,COUNTIF($AN$32:AN1813,TRUE()),\"\")","v":""},{"$f":"IFERROR(INDEX($AD:$AD,MATCH(ROWS($AD$32:$AD1813),$AO:$AO,0)),\"\")","v":""}]
[null,null,null,null,null,null,null,null,null,null,null,null,null,null,null,null,null,null,null,null,null,null,null,null,null,null,null,null,null,{"$f":"'Baza klientów'!B1785","v":0},false,{"$f":"IF(AE1816=TRUE,COUNTIF($AE$32:AE1816,TRUE()),\"\")","v":""},{"$f":"IFERROR(INDEX($AD:$AD,MATCH(ROWS($AD$32:AD1816),$AF:$AF,0)),\"\")","v":""},null,null,false,{"$f":"IF(AJ1816=TRUE,COUNTIF($AJ$32:AJ1816,TRUE()),\"\")","v":""},{"$f":"IFERROR(INDEX($AD:$AD,MATCH(ROWS($AD$32:AD1816),$AK:$AK,0)),\"\")","v":""},null,false,{"$f":"IF(AN1816=TRUE,COUNTIF($AN$32:AN1816,TRUE()),\"\")","v":""},{"$f":"IFERROR(INDEX($AD:$AD,MATCH(ROWS($AD$32:$AD1816),$AO:$AO,0)),\"\")","v":""}]
[null,null,null,null,null,null,null,null,null,null,null,null,null,null,null,null,null,null,null,null,null,null,null,null,null,null,null,null,null,{"$f":"'Baza klientów'!B1787","v":0},false,{"$f":"IF(AE1818=TRUE,COUNTIF($AE$32:AE1818,TRUE()),\"\")","v":""},{"$f":"IFERROR(INDEX($AD:$AD,MATCH(ROWS($AD$32:AD1818),$AF:$AF,0)),\"\")","v":""},null,null,false,{"$f":"IF(AJ1818=TRUE,COUNTIF($AJ$32:AJ1818,TRUE()),\"\")","v":""},{"$f":"IFERROR(INDEX($AD:$AD,MATCH(ROWS($AD$32:AD1818),$AK:$AK,0)),\"\")","v":""},null,false,{"$f":"IF(AN1818=TRUE,COUNTIF($AN$32:AN1818,TRUE()),\"\")","v":""},{"$f":"IFERROR(INDEX($AD:$AD,MATCH(ROWS($AD$32:$AD1818),$AO:$AO,0)),\"\")","v":""}]
[null,null,null,null,null,null,null,null,null,null,null,null,null,null,null,null,null,null,null,null,null,null,null,null,null,null,null,null,null,{"$f":"'Baza klientów'!B1792","v":0},false,{"$f":"IF(AE1823=TRUE,COUNTIF($AE$32:AE1823,TRUE()),\"\")","v":""},{"$f":"IFERROR(INDEX($AD:$AD,MATCH(ROWS($AD$32:AD1823),$AF:$AF,0)),\"\")","v":""},null,null,false,{"$f":"IF(AJ1823=TRUE,COUNTIF($AJ$32:AJ1823,TRUE()),\"\")","v":""},{"$f":"IFERROR(INDEX($AD:$AD,MATCH(ROWS($AD$32:AD1823),$AK:$AK,0)),\"\")","v":""},null,false,{"$f":"IF(AN1823=TRUE,COUNTIF($AN$32:AN1823,TRUE()),\"\")","v":""},{"$f":"IFERROR(INDEX($AD:$AD,MATCH(ROWS($AD$32:$AD1823),$AO:$AO,0)),\"\")","v":""}]
[null,null,null,null,null,null,null,null,null,null,null,null,null,null,null,null,null,null,null,null,null,null,null,null,null,null,null,null,null,{"$f":"'Baza klientów'!B1797","v":0},false,{"$f":"IF(AE1828=TRUE,COUNTIF($AE$32:AE1828,TRUE()),\"\")","v":""},{"$f":"IFERROR(INDEX($AD:$AD,MATCH(ROWS($AD$32:AD1828),$AF:$AF,0)),\"\")","v":""},null,null,false,{"$f":"IF(AJ1828=TRUE,COUNTIF($AJ$32:AJ1828,TRUE()),\"\")","v":""},{"$f":"IFERROR(INDEX($AD:$AD,MATCH(ROWS($AD$32:AD1828),$AK:$AK,0)),\"\")","v":""},null,false,{"$f":"IF(AN1828=TRUE,COUNTIF($AN$32:AN1828,TRUE()),\"\")","v":""},{"$f":"IFERROR(INDEX($AD:$AD,MATCH(ROWS($AD$32:$AD1828),$AO:$AO,0)),\"\")","v":""}]
[null,null,null,null,null,null,null,null,null,null,null,null,null,null,null,null,null,null,null,null,null,null,null,null,null,null,null,null,null,{"$f":"'Baza klientów'!B1798","v":0},false,{"$f":"IF(AE1829=TRUE,COUNTIF($AE$32:AE1829,TRUE()),\"\")","v":""},{"$f":"IFERROR(INDEX($AD:$AD,MATCH(ROWS($AD$32:AD1829),$AF:$AF,0)),\"\")","v":""},null,null,false,{"$f":"IF(AJ1829=TRUE,COUNTIF($AJ$32:AJ1829,TRUE()),\"\")","v":""},{"$f":"IFERROR(INDEX($AD:$AD,MATCH(ROWS($AD$32:AD1829),$AK:$AK,0)),\"\")","v":""},null,false,{"$f":"IF(AN1829=TRUE,COUNTIF($AN$32:AN1829,TRUE()),\"\")","v":""},{"$f":"IFERROR(INDEX($AD:$AD,MATCH(ROWS($AD$32:$AD1829),$AO:$AO,0)),\"\")","v":""}]
[null,null,null,null,null,null,null,null,null,null,null,null,null,null,null,null,null,null,null,null,null,null,null,null,null,null,null,null,null,{"$f":"'Baza klientów'!B1803","v":0},false,{"$f":"IF(AE1834=TRUE,COUNTIF($AE$32:AE1834,TRUE()),\"\")","v":""},{"$f":"IFERROR(INDEX($AD:$AD,MATCH(ROWS($AD$32:AD1834),$AF:$AF,0)),\"\")","v":""},null,null,false,{"$f":"IF(AJ1834=TRUE,COUNTIF($AJ$32:AJ1834,TRUE()),\"\")","v":""},{"$f":"IFERROR(INDEX($AD:$AD,MATCH(ROWS($AD$32:AD1834),$AK:$AK,0)),\"\")","v":""},null,false,{"$f":"IF(AN1834=TRUE,COUNTIF($AN$32:AN1834,TRUE()),\"\")","v":""},{"$f":"IFERROR(INDEX($AD:$AD,MATCH(ROWS($AD$32:$AD1834),$AO:$AO,0)),\"\")","v":""}]
[null,null,null,null,null,null,null,null,null,null,null,null,null,null,null,null,null,null,null,null,null,null,null,null,null,null,null,null,null,{"$f":"'Baza klientów'!B1807","v":0},false,{"$f":"IF(AE1838=TRUE,COUNTIF($AE$32:AE1838,TRUE()),\"\")","v":""},{"$f":"IFERROR(INDEX($AD:$AD,MATCH(ROWS($AD$32:AD1838),$AF:$AF,0)),\"\")","v":""},null,null,false,{"$f":"IF(AJ1838=TRUE,COUNTIF($AJ$32:AJ1838,TRUE()),\"\")","v":""},{"$f":"IFERROR(INDEX($AD:$AD,MATCH(ROWS($AD$32:AD1838),$AK:$AK,0)),\"\")","v":""},null,false,{"$f":"IF(AN1838=TRUE,COUNTIF($AN$32:AN1838,TRUE()),\"\")","v":""},{"$f":"IFERROR(INDEX($AD:$AD,MATCH(ROWS($AD$32:$AD1838),$AO:$AO,0)),\"\")","v":""}]
[null,null,null,null,null,null,null,null,null,null,null,null,null,null,null,null,null,null,null,null,null,null,null,null,null,null,null,null,null,{"$f":"'Baza klientów'!B1812","v":0},false,{"$f":"IF(AE1843=TRUE,COUNTIF($AE$32:AE1843,TRUE()),\"\")","v":""},{"$f":"IFERROR(INDEX($AD:$AD,MATCH(ROWS($AD$32:AD1843),$AF:$AF,0)),\"\")","v":""},null,null,false,{"$f":"IF(AJ1843=TRUE,COUNTIF($AJ$32:AJ1843,TRUE()),\"\")","v":""},{"$f":"IFERROR(INDEX($AD:$AD,MATCH(ROWS($AD$32:AD1843),$AK:$AK,0)),\"\")","v":""},null,false,{"$f":"IF(AN1843=TRUE,COUNTIF($AN$32:AN1843,TRUE()),\"\")","v":""},{"$f":"IFERROR(INDEX($AD:$AD,MATCH(ROWS($AD$32:$AD1843),$AO:$AO,0)),\"\")","v":""}]
[null,null,null,null,null,null,null,null,null,null,null,null,null,null,null,null,null,null,null,null,null,null,null,null,null,null,null,null,null,{"$f":"'Baza klientów'!B1813","v":0},false,{"$f":"IF(AE1844=TRUE,COUNTIF($AE$32:AE1844,TRUE()),\"\")","v":""},{"$f":"IFERROR(INDEX($AD:$AD,MATCH(ROWS($AD$32:AD1844),$AF:$AF,0)),\"\")","v":""},null,null,false,{"$f":"IF(AJ1844=TRUE,COUNTIF($AJ$32:AJ1844,TRUE()),\"\")","v":""},{"$f":"IFERROR(INDEX($AD:$AD,MATCH(ROWS($AD$32:AD1844),$AK:$AK,0)),\"\")","v":""},null,false,{"$f":"IF(AN1844=TRUE,COUNTIF($AN$32:AN1844,TRUE()),\"\")","v":""},{"$f":"IFERROR(INDEX($AD:$AD,MATCH(ROWS($AD$32:$AD1844),$AO:$AO,0)),\"\")","v":""}]
[null,null,null,null,null,null,null,null,null,null,null,null,null,null,null,null,null,null,null,null,null,null,null,null,null,null,null,null,null,{"$f":"'Baza klientów'!B1819","v":0},false,{"$f":"IF(AE1850=TRUE,COUNTIF($AE$32:AE1850,TRUE()),\"\")","v":""},{"$f":"IFERROR(INDEX($AD:$AD,MATCH(ROWS($AD$32:AD1850),$AF:$AF,0)),\"\")","v":""},null,null,false,{"$f":"IF(AJ1850=TRUE,COUNTIF($AJ$32:AJ1850,TRUE()),\"\")","v":""},{"$f":"IFERROR(INDEX($AD:$AD,MATCH(ROWS($AD$32:AD1850),$AK:$AK,0)),\"\")","v":""},null,false,{"$f":"IF(AN1850=TRUE,COUNTIF($AN$32:AN1850,TRUE()),\"\")","v":""},{"$f":"IFERROR(INDEX($AD:$AD,MATCH(ROWS($AD$32:$AD1850),$AO:$AO,0)),\"\")","v":""}]
[null,null,null,null,null,null,null,null,null,null,null,null,null,null,null,null,null,null,null,null,null,null,null,null,null,null,null,null,null,{"$f":"'Baza klientów'!B1822","v":0},false,{"$f":"IF(AE1853=TRUE,COUNTIF($AE$32:AE1853,TRUE()),\"\")","v":""},{"$f":"IFERROR(INDEX($AD:$AD,MATCH(ROWS($AD$32:AD1853),$AF:$AF,0)),\"\")","v":""},null,null,false,{"$f":"IF(AJ1853=TRUE,COUNTIF($AJ$32:AJ1853,TRUE()),\"\")","v":""},{"$f":"IFERROR(INDEX($AD:$AD,MATCH(ROWS($AD$32:AD1853),$AK:$AK,0)),\"\")","v":""},null,false,{"$f":"IF(AN1853=TRUE,COUNTIF($AN$32:AN1853,TRUE()),\"\")","v":""},{"$f":"IFERROR(INDEX($AD:$AD,MATCH(ROWS($AD$32:$AD1853),$AO:$AO,0)),\"\")","v":""}]
[null,null,null,null,null,null,null,null,null,null,null,null,null,null,null,null,null,null,null,null,null,null,null,null,null,null,null,null,null,{"$f":"'Baza klientów'!B1827","v":0},false,{"$f":"IF(AE1858=TRUE,COUNTIF($AE$32:AE1858,TRUE()),\"\")","v":""},{"$f":"IFERROR(INDEX($AD:$AD,MATCH(ROWS($AD$32:AD1858),$AF:$AF,0)),\"\")","v":""},null,null,false,{"$f":"IF(AJ1858=TRUE,COUNTIF($AJ$32:AJ1858,TRUE()),\"\")","v":""},{"$f":"IFERROR(INDEX($AD:$AD,MATCH(ROWS($AD$32:AD1858),$AK:$AK,0)),\"\")","v":""},null,false,{"$f":"IF(AN1858=TRUE,COUNTIF($AN$32:AN1858,TRUE()),\"\")","v":""},{"$f":"IFERROR(INDEX($AD:$AD,MATCH(ROWS($AD$32:$AD1858),$AO:$AO,0)),\"\")","v":""}]
[null,null,null,null,null,null,null,null,null,null,null,null,null,null,null,null,null,null,null,null,null,null,null,null,null,null,null,null,null,{"$f":"'Baza klientów'!B1828","v":0},false,{"$f":"IF(AE1859=TRUE,COUNTIF($AE$32:AE1859,TRUE()),\"\")","v":""},{"$f":"IFERROR(INDEX($AD:$AD,MATCH(ROWS($AD$32:AD1859),$AF:$AF,0)),\"\")","v":""},null,null,false,{"$f":"IF(AJ1859=TRUE,COUNTIF($AJ$32:AJ1859,TRUE()),\"\")","v":""},{"$f":"IFERROR(INDEX($AD:$AD,MATCH(ROWS($AD$32:AD1859),$AK:$AK,0)),\"\")","v":""},null,false,{"$f":"IF(AN1859=TRUE,COUNTIF($AN$32:AN1859,TRUE()),\"\")","v":""},{"$f":"IFERROR(INDEX($AD:$AD,MATCH(ROWS($AD$32:$AD1859),$AO:$AO,0)),\"\")","v":""}]
[null,null,null,null,null,null,null,null,null,null,null,null,null,null,null,null,null,null,null,null,null,null,null,null,null,null,null,null,null,{"$f":"'Baza klientów'!B1833","v":0},false,{"$f":"IF(AE1864=TRUE,COUNTIF($AE$32:AE1864,TRUE()),\"\")","v":""},{"$f":"IFERROR(INDEX($AD:$AD,MATCH(ROWS($AD$32:AD1864),$AF:$AF,0)),\"\")","v":""},null,null,false,{"$f":"IF(AJ1864=TRUE,COUNTIF($AJ$32:AJ1864,TRUE()),\"\")","v":""},{"$f":"IFERROR(INDEX($AD:$AD,MATCH(ROWS($AD$32:AD1864),$AK:$AK,0)),\"\")","v":""},null,false,{"$f":"IF(AN1864=TRUE,COUNTIF($AN$32:AN1864,TRUE()),\"\")","v":""},{"$f":"IFERROR(INDEX($AD:$AD,MATCH(ROWS($AD$32:$AD1864),$AO:$AO,0)),\"\")","v":""}]
[null,null,null,null,null,null,null,null,null,null,null,null,null,null,null,null,null,null,null,null,null,null,null,null,null,null,null,null,null,{"$f":"'Baza klientów'!B1837","v":0},false,{"$f":"IF(AE1868=TRUE,COUNTIF($AE$32:AE1868,TRUE()),\"\")","v":""},{"$f":"IFERROR(INDEX($AD:$AD,MATCH(ROWS($AD$32:AD1868),$AF:$AF,0)),\"\")","v":""},null,null,false,{"$f":"IF(AJ1868=TRUE,COUNTIF($AJ$32:AJ1868,TRUE()),\"\")","v":""},{"$f":"IFERROR(INDEX($AD:$AD,MATCH(ROWS($AD$32:AD1868),$AK:$AK,0)),\"\")","v":""},null,false,{"$f":"IF(AN1868=TRUE,COUNTIF($AN$32:AN1868,TRUE()),\"\")","v":""},{"$f":"IFERROR(INDEX($AD:$AD,MATCH(ROWS($AD$32:$AD1868),$AO:$AO,0)),\"\")","v":""}]
[null,null,null,null,null,null,null,null,null,null,null,null,null,null,null,null,null,null,null,null,null,null,null,null,null,null,null,null,null,{"$f":"'Baza klientów'!B1842","v":0},false,{"$f":"IF(AE1873=TRUE,COUNTIF($AE$32:AE1873,TRUE()),\"\")","v":""},{"$f":"IFERROR(INDEX($AD:$AD,MATCH(ROWS($AD$32:AD1873),$AF:$AF,0)),\"\")","v":""},null,null,false,{"$f":"IF(AJ1873=TRUE,COUNTIF($AJ$32:AJ1873,TRUE()),\"\")","v":""},{"$f":"IFERROR(INDEX($AD:$AD,MATCH(ROWS($AD$32:AD1873),$AK:$AK,0)),\"\")","v":""},null,false,{"$f":"IF(AN1873=TRUE,COUNTIF($AN$32:AN1873,TRUE()),\"\")","v":""},{"$f":"IFERROR(INDEX($AD:$AD,MATCH(ROWS($AD$32:$AD1873),$AO:$AO,0)),\"\")","v":""}]
[null,null,null,null,null,null,null,null,null,null,null,null,null,null,null,null,null,null,null,null,null,null,null,null,null,null,null,null,null,{"$f":"'Baza klientów'!B1843","v":0},false,{"$f":"IF(AE1874=TRUE,COUNTIF($AE$32:AE1874,TRUE()),\"\")","v":""},{"$f":"IFERROR(INDEX($AD:$AD,MATCH(ROWS($AD$32:AD1874),$AF:$AF,0)),\"\")","v":""},null,null,false,{"$f":"IF(AJ1874=TRUE,COUNTIF($AJ$32:AJ1874,TRUE()),\"\")","v":""},{"$f":"IFERROR(INDEX($AD:$AD,MATCH(ROWS($AD$32:AD1874),$AK:$AK,0)),\"\")","v":""},null,false,{"$f":"IF(AN1874=TRUE,COUNTIF($AN$32:AN1874,TRUE()),\"\")","v":""},{"$f":"IFERROR(INDEX($AD:$AD,MATCH(ROWS($AD$32:$AD1874),$AO:$AO,0)),\"\")","v":""}]
[null,null,null,null,null,null,null,null,null,null,null,null,null,null,null,null,null,null,null,null,null,null,null,null,null,null,null,null,null,{"$f":"'Baza klientów'!B1848","v":0},false,{"$f":"IF(AE1879=TRUE,COUNTIF($AE$32:AE1879,TRUE()),\"\")","v":""},{"$f":"IFERROR(INDEX($AD:$AD,MATCH(ROWS($AD$32:AD1879),$AF:$AF,0)),\"\")","v":""},null,null,false,{"$f":"IF(AJ1879=TRUE,COUNTIF($AJ$32:AJ1879,TRUE()),\"\")","v":""},{"$f":"IFERROR(INDEX($AD:$AD,MATCH(ROWS($AD$32:AD1879),$AK:$AK,0)),\"\")","v":""},null,false,{"$f":"IF(AN1879=TRUE,COUNTIF($AN$32:AN1879,TRUE()),\"\")","v":""},{"$f":"IFERROR(INDEX($AD:$AD,MATCH(ROWS($AD$32:$AD1879),$AO:$AO,0)),\"\")","v":""}]
[null,null,null,null,null,null,null,null,null,null,null,null,null,null,null,null,null,null,null,null,null,null,null,null,null,null,null,null,null,{"$f":"'Baza klientów'!B1853","v":0},false,{"$f":"IF(AE1884=TRUE,COUNTIF($AE$32:AE1884,TRUE()),\"\")","v":""},{"$f":"IFERROR(INDEX($AD:$AD,MATCH(ROWS($AD$32:AD1884),$AF:$AF,0)),\"\")","v":""},null,null,false,{"$f":"IF(AJ1884=TRUE,COUNTIF($AJ$32:AJ1884,TRUE()),\"\")","v":""},{"$f":"IFERROR(INDEX($AD:$AD,MATCH(ROWS($AD$32:AD1884),$AK:$AK,0)),\"\")","v":""},null,false,{"$f":"IF(AN1884=TRUE,COUNTIF($AN$32:AN1884,TRUE()),\"\")","v":""},{"$f":"IFERROR(INDEX($AD:$AD,MATCH(ROWS($AD$32:$AD1884),$AO:$AO,0)),\"\")","v":""}]
[null,null,null,null,null,null,null,null,null,null,null,null,null,null,null,null,null,null,null,null,null,null,null,null,null,null,null,null,null,{"$f":"'Baza klientów'!B1857","v":0},false,{"$f":"IF(AE1888=TRUE,COUNTIF($AE$32:AE1888,TRUE()),\"\")","v":""},{"$f":"IFERROR(INDEX($AD:$AD,MATCH(ROWS($AD$32:AD1888),$AF:$AF,0)),\"\")","v":""},null,null,false,{"$f":"IF(AJ1888=TRUE,COUNTIF($AJ$32:AJ1888,TRUE()),\"\")","v":""},{"$f":"IFERROR(INDEX($AD:$AD,MATCH(ROWS($AD$32:AD1888),$AK:$AK,0)),\"\")","v":""},null,false,{"$f":"IF(AN1888=TRUE,COUNTIF($AN$32:AN1888,TRUE()),\"\")","v":""},{"$f":"IFERROR(INDEX($AD:$AD,MATCH(ROWS($AD$32:$AD1888),$AO:$AO,0)),\"\")","v":""}]
[null,null,null,null,null,null,null,null,null,null,null,null,null,null,null,null,null,null,null,null,null,null,null,null,null,null,null,null,null,{"$f":"'Baza klientów'!B1858","v":0},{"$f":"ISNUMBER(SEARCH($AH$32,AD1889))","v":false},{"$f":"IF(AE1889=TRUE,COUNTIF($AE$32:AE1889,TRUE()),\"\")","v":""},{"$f":"IFERROR(INDEX($AD:$AD,MATCH(ROWS($AD$32:AD1889),$AF:$AF,0)),\"\")","v":""},null,null,{"$f":"ISNUMBER(SEARCH($AM$31,AD1889))","v":false},{"$f":"IF(AJ1889=TRUE,COUNTIF($AJ$32:AJ1889,TRUE()),\"\")","v":""},{"$f":"IFERROR(INDEX($AD:$AD,MATCH(ROWS($AD$32:AD1889),$AK:$AK,0)),\"\")","v":""},null,{"$f":"ISNUMBER(SEARCH($AQ$31,$AD1889))","v":false},{"$f":"IF(AN1889=TRUE,COUNTIF($AN$32:AN1889,TRUE()),\"\")","v":""},{"$f":"IFERROR(INDEX($AD:$AD,MATCH(ROWS($AD$32:$AD1889),$AO:$AO,0)),\"\")","v":""}]
[null,null,null,null,null,null,null,null,null,null,null,null,null,null,null,null,null,null,null,null,null,null,null,null,null,null,null,null,null,{"$f":"'Baza klientów'!B1863","v":0},false,{"$f":"IF(AE1894=TRUE,COUNTIF($AE$32:AE1894,TRUE()),\"\")","v":""},{"$f":"IFERROR(INDEX($AD:$AD,MATCH(ROWS($AD$32:AD1894),$AF:$AF,0)),\"\")","v":""},null,null,false,{"$f":"IF(AJ1894=TRUE,COUNTIF($AJ$32:AJ1894,TRUE()),\"\")","v":""},{"$f":"IFERROR(INDEX($AD:$AD,MATCH(ROWS($AD$32:AD1894),$AK:$AK,0)),\"\")","v":""},null,false,{"$f":"IF(AN1894=TRUE,COUNTIF($AN$32:AN1894,TRUE()),\"\")","v":""},{"$f":"IFERROR(INDEX($AD:$AD,MATCH(ROWS($AD$32:$AD1894),$AO:$AO,0)),\"\")","v":""}]
[null,null,null,null,null,null,null,null,null,null,null,null,null,null,null,null,null,null,null,null,null,null,null,null,null,null,null,null,null,{"$f":"'Baza klientów'!B1868","v":0},false,{"$f":"IF(AE1899=TRUE,COUNTIF($AE$32:AE1899,TRUE()),\"\")","v":""},{"$f":"IFERROR(INDEX($AD:$AD,MATCH(ROWS($AD$32:AD1899),$AF:$AF,0)),\"\")","v":""},null,null,false,{"$f":"IF(AJ1899=TRUE,COUNTIF($AJ$32:AJ1899,TRUE()),\"\")","v":""},{"$f":"IFERROR(INDEX($AD:$AD,MATCH(ROWS($AD$32:AD1899),$AK:$AK,0)),\"\")","v":""},null,false,{"$f":"IF(AN1899=TRUE,COUNTIF($AN$32:AN1899,TRUE()),\"\")","v":""},{"$f":"IFERROR(INDEX($AD:$AD,MATCH(ROWS($AD$32:$AD1899),$AO:$AO,0)),\"\")","v":""}]
[null,null,null,null,null,null,null,null,null,null,null,null,null,null,null,null,null,null,null,null,null,null,null,null,null,null,null,null,null,{"$f":"'Baza klientów'!B1871","v":0},false,{"$f":"IF(AE1902=TRUE,COUNTIF($AE$32:AE1902,TRUE()),\"\")","v":""},{"$f":"IFERROR(INDEX($AD:$AD,MATCH(ROWS($AD$32:AD1902),$AF:$AF,0)),\"\")","v":""},null,null,false,{"$f":"IF(AJ1902=TRUE,COUNTIF($AJ$32:AJ1902,TRUE()),\"\")","v":""},{"$f":"IFERROR(INDEX($AD:$AD,MATCH(ROWS($AD$32:AD1902),$AK:$AK,0)),\"\")","v":""},null,false,{"$f":"IF(AN1902=TRUE,COUNTIF($AN$32:AN1902,TRUE()),\"\")","v":""},{"$f":"IFERROR(INDEX($AD:$AD,MATCH(ROWS($AD$32:$AD1902),$AO:$AO,0)),\"\")","v":""}]
[null,null,null,null,null,null,null,null,null,null,null,null,null,null,null,null,null,null,null,null,null,null,null,null,null,null,null,null,null,{"$f":"'Baza klientów'!B1873","v":0},false,{"$f":"IF(AE1904=TRUE,COUNTIF($AE$32:AE1904,TRUE()),\"\")","v":""},{"$f":"IFERROR(INDEX($AD:$AD,MATCH(ROWS($AD$32:AD1904),$AF:$AF,0)),\"\")","v":""},null,null,false,{"$f":"IF(AJ1904=TRUE,COUNTIF($AJ$32:AJ1904,TRUE()),\"\")","v":""},{"$f":"IFERROR(INDEX($AD:$AD,MATCH(ROWS($AD$32:AD1904),$AK:$AK,0)),\"\")","v":""},null,false,{"$f":"IF(AN1904=TRUE,COUNTIF($AN$32:AN1904,TRUE()),\"\")","v":""},{"$f":"IFERROR(INDEX($AD:$AD,MATCH(ROWS($AD$32:$AD1904),$AO:$AO,0)),\"\")","v":""}]
[null,null,null,null,null,null,null,null,null,null,null,null,null,null,null,null,null,null,null,null,null,null,null,null,null,null,null,null,null,{"$f":"'Baza klientów'!B1878","v":0},false,{"$f":"IF(AE1909=TRUE,COUNTIF($AE$32:AE1909,TRUE()),\"\")","v":""},{"$f":"IFERROR(INDEX($AD:$AD,MATCH(ROWS($AD$32:AD1909),$AF:$AF,0)),\"\")","v":""},null,null,false,{"$f":"IF(AJ1909=TRUE,COUNTIF($AJ$32:AJ1909,TRUE()),\"\")","v":""},{"$f":"IFERROR(INDEX($AD:$AD,MATCH(ROWS($AD$32:AD1909),$AK:$AK,0)),\"\")","v":""},null,false,{"$f":"IF(AN1909=TRUE,COUNTIF($AN$32:AN1909,TRUE()),\"\")","v":""},{"$f":"IFERROR(INDEX($AD:$AD,MATCH(ROWS($AD$32:$AD1909),$AO:$AO,0)),\"\")","v":""}]
[null,null,null,null,null,null,null,null,null,null,null,null,null,null,null,null,null,null,null,null,null,null,null,null,null,null,null,null,null,{"$f":"'Baza klientów'!B1883","v":0},false,{"$f":"IF(AE1914=TRUE,COUNTIF($AE$32:AE1914,TRUE()),\"\")","v":""},{"$f":"IFERROR(INDEX($AD:$AD,MATCH(ROWS($AD$32:AD1914),$AF:$AF,0)),\"\")","v":""},null,null,false,{"$f":"IF(AJ1914=TRUE,COUNTIF($AJ$32:AJ1914,TRUE()),\"\")","v":""},{"$f":"IFERROR(INDEX($AD:$AD,MATCH(ROWS($AD$32:AD1914),$AK:$AK,0)),\"\")","v":""},null,false,{"$f":"IF(AN1914=TRUE,COUNTIF($AN$32:AN1914,TRUE()),\"\")","v":""},{"$f":"IFERROR(INDEX($AD:$AD,MATCH(ROWS($AD$32:$AD1914),$AO:$AO,0)),\"\")","v":""}]
[null,null,null,null,null,null,null,null,null,null,null,null,null,null,null,null,null,null,null,null,null,null,null,null,null,null,null,null,null,{"$f":"'Baza klientów'!B1888","v":0},false,{"$f":"IF(AE1919=TRUE,COUNTIF($AE$32:AE1919,TRUE()),\"\")","v":""},{"$f":"IFERROR(INDEX($AD:$AD,MATCH(ROWS($AD$32:AD1919),$AF:$AF,0)),\"\")","v":""},null,null,false,{"$f":"IF(AJ1919=TRUE,COUNTIF($AJ$32:AJ1919,TRUE()),\"\")","v":""},{"$f":"IFERROR(INDEX($AD:$AD,MATCH(ROWS($AD$32:AD1919),$AK:$AK,0)),\"\")","v":""},null,false,{"$f":"IF(AN1919=TRUE,COUNTIF($AN$32:AN1919,TRUE()),\"\")","v":""},{"$f":"IFERROR(INDEX($AD:$AD,MATCH(ROWS($AD$32:$AD1919),$AO:$AO,0)),\"\")","v":""}]
[null,null,null,null,null,null,null,null,null,null,null,null,null,null,null,null,null,null,null,null,null,null,null,null,null,null,null,null,null,{"$f":"'Baza klientów'!B1889","v":0},false,{"$f":"IF(AE1920=TRUE,COUNTIF($AE$32:AE1920,TRUE()),\"\")","v":""},{"$f":"IFERROR(INDEX($AD:$AD,MATCH(ROWS($AD$32:AD1920),$AF:$AF,0)),\"\")","v":""},null,null,false,{"$f":"IF(AJ1920=TRUE,COUNTIF($AJ$32:AJ1920,TRUE()),\"\")","v":""},{"$f":"IFERROR(INDEX($AD:$AD,MATCH(ROWS($AD$32:AD1920),$AK:$AK,0)),\"\")","v":""},null,false,{"$f":"IF(AN1920=TRUE,COUNTIF($AN$32:AN1920,TRUE()),\"\")","v":""},{"$f":"IFERROR(INDEX($AD:$AD,MATCH(ROWS($AD$32:$AD1920),$AO:$AO,0)),\"\")","v":""}]
[null,null,null,null,null,null,null,null,null,null,null,null,null,null,null,null,null,null,null,null,null,null,null,null,null,null,null,null,null,{"$f":"'Baza klientów'!B1893","v":0},false,{"$f":"IF(AE1924=TRUE,COUNTIF($AE$32:AE1924,TRUE()),\"\")","v":""},{"$f":"IFERROR(INDEX($AD:$AD,MATCH(ROWS($AD$32:AD1924),$AF:$AF,0)),\"\")","v":""},null,null,false,{"$f":"IF(AJ1924=TRUE,COUNTIF($AJ$32:AJ1924,TRUE()),\"\")","v":""},{"$f":"IFERROR(INDEX($AD:$AD,MATCH(ROWS($AD$32:AD1924),$AK:$AK,0)),\"\")","v":""},null,false,{"$f":"IF(AN1924=TRUE,COUNTIF($AN$32:AN1924,TRUE()),\"\")","v":""},{"$f":"IFERROR(INDEX($AD:$AD,MATCH(ROWS($AD$32:$AD1924),$AO:$AO,0)),\"\")","v":""}]
[null,null,null,null,null,null,null,null,null,null,null,null,null,null,null,null,null,null,null,null,null,null,null,null,null,null,null,null,null,{"$f":"'Baza klientów'!B1898","v":0},false,{"$f":"IF(AE1929=TRUE,COUNTIF($AE$32:AE1929,TRUE()),\"\")","v":""},{"$f":"IFERROR(INDEX($AD:$AD,MATCH(ROWS($AD$32:AD1929),$AF:$AF,0)),\"\")","v":""},null,null,false,{"$f":"IF(AJ1929=TRUE,COUNTIF($AJ$32:AJ1929,TRUE()),\"\")","v":""},{"$f":"IFERROR(INDEX($AD:$AD,MATCH(ROWS($AD$32:AD1929),$AK:$AK,0)),\"\")","v":""},null,false,{"$f":"IF(AN1929=TRUE,COUNTIF($AN$32:AN1929,TRUE()),\"\")","v":""},{"$f":"IFERROR(INDEX($AD:$AD,MATCH(ROWS($AD$32:$AD1929),$AO:$AO,0)),\"\")","v":""}]
[null,null,null,null,null,null,null,null,null,null,null,null,null,null,null,null,null,null,null,null,null,null,null,null,null,null,null,null,null,{"$f":"'Baza klientów'!B1903","v":0},false,{"$f":"IF(AE1934=TRUE,COUNTIF($AE$32:AE1934,TRUE()),\"\")","v":""},{"$f":"IFERROR(INDEX($AD:$AD,MATCH(ROWS($AD$32:AD1934),$AF:$AF,0)),\"\")","v":""},null,null,false,{"$f":"IF(AJ1934=TRUE,COUNTIF($AJ$32:AJ1934,TRUE()),\"\")","v":""},{"$f":"IFERROR(INDEX($AD:$AD,MATCH(ROWS($AD$32:AD1934),$AK:$AK,0)),\"\")","v":""},null,false,{"$f":"IF(AN1934=TRUE,COUNTIF($AN$32:AN1934,TRUE()),\"\")","v":""},{"$f":"IFERROR(INDEX($AD:$AD,MATCH(ROWS($AD$32:$AD1934),$AO:$AO,0)),\"\")","v":""}]
[null,null,null,null,null,null,null,null,null,null,null,null,null,null,null,null,null,null,null,null,null,null,null,null,null,null,null,null,null,{"$f":"'Baza klientów'!B1906","v":0},false,{"$f":"IF(AE1937=TRUE,COUNTIF($AE$32:AE1937,TRUE()),\"\")","v":""},{"$f":"IFERROR(INDEX($AD:$AD,MATCH(ROWS($AD$32:AD1937),$AF:$AF,0)),\"\")","v":""},null,null,false,{"$f":"IF(AJ1937=TRUE,COUNTIF($AJ$32:AJ1937,TRUE()),\"\")","v":""},{"$f":"IFERROR(INDEX($AD:$AD,MATCH(ROWS($AD$32:AD1937),$AK:$AK,0)),\"\")","v":""},null,false,{"$f":"IF(AN1937=TRUE,COUNTIF($AN$32:AN1937,TRUE()),\"\")","v":""},{"$f":"IFERROR(INDEX($AD:$AD,MATCH(ROWS($AD$32:$AD1937),$AO:$AO,0)),\"\")","v":""}]
[null,null,null,null,null,null,null,null,null,null,null,null,null,null,null,null,null,null,null,null,null,null,null,null,null,null,null,null,null,{"$f":"'Baza klientów'!B1908","v":0},false,{"$f":"IF(AE1939=TRUE,COUNTIF($AE$32:AE1939,TRUE()),\"\")","v":""},{"$f":"IFERROR(INDEX($AD:$AD,MATCH(ROWS($AD$32:AD1939),$AF:$AF,0)),\"\")","v":""},null,null,false,{"$f":"IF(AJ1939=TRUE,COUNTIF($AJ$32:AJ1939,TRUE()),\"\")","v":""},{"$f":"IFERROR(INDEX($AD:$AD,MATCH(ROWS($AD$32:AD1939),$AK:$AK,0)),\"\")","v":""},null,false,{"$f":"IF(AN1939=TRUE,COUNTIF($AN$32:AN1939,TRUE()),\"\")","v":""},{"$f":"IFERROR(INDEX($AD:$AD,MATCH(ROWS($AD$32:$AD1939),$AO:$AO,0)),\"\")","v":""}]
[null,null,null,null,null,null,null,null,null,null,null,null,null,null,null,null,null,null,null,null,null,null,null,null,null,null,null,null,null,{"$f":"'Baza klientów'!B1913","v":0},false,{"$f":"IF(AE1944=TRUE,COUNTIF($AE$32:AE1944,TRUE()),\"\")","v":""},{"$f":"IFERROR(INDEX($AD:$AD,MATCH(ROWS($AD$32:AD1944),$AF:$AF,0)),\"\")","v":""},null,null,false,{"$f":"IF(AJ1944=TRUE,COUNTIF($AJ$32:AJ1944,TRUE()),\"\")","v":""},{"$f":"IFERROR(INDEX($AD:$AD,MATCH(ROWS($AD$32:AD1944),$AK:$AK,0)),\"\")","v":""},null,false,{"$f":"IF(AN1944=TRUE,COUNTIF($AN$32:AN1944,TRUE()),\"\")","v":""},{"$f":"IFERROR(INDEX($AD:$AD,MATCH(ROWS($AD$32:$AD1944),$AO:$AO,0)),\"\")","v":""}]
[null,null,null,null,null,null,null,null,null,null,null,null,null,null,null,null,null,null,null,null,null,null,null,null,null,null,null,null,null,{"$f":"'Baza klientów'!B1918","v":0},false,{"$f":"IF(AE1949=TRUE,COUNTIF($AE$32:AE1949,TRUE()),\"\")","v":""},{"$f":"IFERROR(INDEX($AD:$AD,MATCH(ROWS($AD$32:AD1949),$AF:$AF,0)),\"\")","v":""},null,null,false,{"$f":"IF(AJ1949=TRUE,COUNTIF($AJ$32:AJ1949,TRUE()),\"\")","v":""},{"$f":"IFERROR(INDEX($AD:$AD,MATCH(ROWS($AD$32:AD1949),$AK:$AK,0)),\"\")","v":""},null,false,{"$f":"IF(AN1949=TRUE,COUNTIF($AN$32:AN1949,TRUE()),\"\")","v":""},{"$f":"IFERROR(INDEX($AD:$AD,MATCH(ROWS($AD$32:$AD1949),$AO:$AO,0)),\"\")","v":""}]
[null,null,null,null,null,null,null,null,null,null,null,null,null,null,null,null,null,null,null,null,null,null,null,null,null,null,null,null,null,{"$f":"'Baza klientów'!B1919","v":0},false,{"$f":"IF(AE1950=TRUE,COUNTIF($AE$32:AE1950,TRUE()),\"\")","v":""},{"$f":"IFERROR(INDEX($AD:$AD,MATCH(ROWS($AD$32:AD1950),$AF:$AF,0)),\"\")","v":""},null,null,false,{"$f":"IF(AJ1950=TRUE,COUNTIF($AJ$32:AJ1950,TRUE()),\"\")","v":""},{"$f":"IFERROR(INDEX($AD:$AD,MATCH(ROWS($AD$32:AD1950),$AK:$AK,0)),\"\")","v":""},null,false,{"$f":"IF(AN1950=TRUE,COUNTIF($AN$32:AN1950,TRUE()),\"\")","v":""},{"$f":"IFERROR(INDEX($AD:$AD,MATCH(ROWS($AD$32:$AD1950),$AO:$AO,0)),\"\")","v":""}]
[null,null,null,null,null,null,null,null,null,null,null,null,null,null,null,null,null,null,null,null,null,null,null,null,null,null,null,null,null,{"$f":"'Baza klientów'!B1924","v":0},false,{"$f":"IF(AE1955=TRUE,COUNTIF($AE$32:AE1955,TRUE()),\"\")","v":""},{"$f":"IFERROR(INDEX($AD:$AD,MATCH(ROWS($AD$32:AD1955),$AF:$AF,0)),\"\")","v":""},null,null,false,{"$f":"IF(AJ1955=TRUE,COUNTIF($AJ$32:AJ1955,TRUE()),\"\")","v":""},{"$f":"IFERROR(INDEX($AD:$AD,MATCH(ROWS($AD$32:AD1955),$AK:$AK,0)),\"\")","v":""},null,false,{"$f":"IF(AN1955=TRUE,COUNTIF($AN$32:AN1955,TRUE()),\"\")","v":""},{"$f":"IFERROR(INDEX($AD:$AD,MATCH(ROWS($AD$32:$AD1955),$AO:$AO,0)),\"\")","v":""}]
[null,null,null,null,null,null,null,null,null,null,null,null,null,null,null,null,null,null,null,null,null,null,null,null,null,null,null,null,null,{"$f":"'Baza klientów'!B1928","v":0},false,{"$f":"IF(AE1959=TRUE,COUNTIF($AE$32:AE1959,TRUE()),\"\")","v":""},{"$f":"IFERROR(INDEX($AD:$AD,MATCH(ROWS($AD$32:AD1959),$AF:$AF,0)),\"\")","v":""},null,null,false,{"$f":"IF(AJ1959=TRUE,COUNTIF($AJ$32:AJ1959,TRUE()),\"\")","v":""},{"$f":"IFERROR(INDEX($AD:$AD,MATCH(ROWS($AD$32:AD1959),$AK:$AK,0)),\"\")","v":""},null,false,{"$f":"IF(AN1959=TRUE,COUNTIF($AN$32:AN1959,TRUE()),\"\")","v":""},{"$f":"IFERROR(INDEX($AD:$AD,MATCH(ROWS($AD$32:$AD1959),$AO:$AO,0)),\"\")","v":""}]
[null,null,null,null,null,null,null,null,null,null,null,null,null,null,null,null,null,null,null,null,null,null,null,null,null,null,null,null,null,{"$f":"'Baza klientów'!B1933","v":0},false,{"$f":"IF(AE1964=TRUE,COUNTIF($AE$32:AE1964,TRUE()),\"\")","v":""},{"$f":"IFERROR(INDEX($AD:$AD,MATCH(ROWS($AD$32:AD1964),$AF:$AF,0)),\"\")","v":""},null,null,false,{"$f":"IF(AJ1964=TRUE,COUNTIF($AJ$32:AJ1964,TRUE()),\"\")","v":""},{"$f":"IFERROR(INDEX($AD:$AD,MATCH(ROWS($AD$32:AD1964),$AK:$AK,0)),\"\")","v":""},null,false,{"$f":"IF(AN1964=TRUE,COUNTIF($AN$32:AN1964,TRUE()),\"\")","v":""},{"$f":"IFERROR(INDEX($AD:$AD,MATCH(ROWS($AD$32:$AD1964),$AO:$AO,0)),\"\")","v":""}]
[null,null,null,null,null,null,null,null,null,null,null,null,null,null,null,null,null,null,null,null,null,null,null,null,null,null,null,null,null,{"$f":"'Baza klientów'!B1934","v":0},false,{"$f":"IF(AE1965=TRUE,COUNTIF($AE$32:AE1965,TRUE()),\"\")","v":""},{"$f":"IFERROR(INDEX($AD:$AD,MATCH(ROWS($AD$32:AD1965),$AF:$AF,0)),\"\")","v":""},null,null,false,{"$f":"IF(AJ1965=TRUE,COUNTIF($AJ$32:AJ1965,TRUE()),\"\")","v":""},{"$f":"IFERROR(INDEX($AD:$AD,MATCH(ROWS($AD$32:AD1965),$AK:$AK,0)),\"\")","v":""},null,false,{"$f":"IF(AN1965=TRUE,COUNTIF($AN$32:AN1965,TRUE()),\"\")","v":""},{"$f":"IFERROR(INDEX($AD:$AD,MATCH(ROWS($AD$32:$AD1965),$AO:$AO,0)),\"\")","v":""}]
[null,null,null,null,null,null,null,null,null,null,null,null,null,null,null,null,null,null,null,null,null,null,null,null,null,null,null,null,null,{"$f":"'Baza klientów'!B1940","v":0},false,{"$f":"IF(AE1971=TRUE,COUNTIF($AE$32:AE1971,TRUE()),\"\")","v":""},{"$f":"IFERROR(INDEX($AD:$AD,MATCH(ROWS($AD$32:AD1971),$AF:$AF,0)),\"\")","v":""},null,null,false,{"$f":"IF(AJ1971=TRUE,COUNTIF($AJ$32:AJ1971,TRUE()),\"\")","v":""},{"$f":"IFERROR(INDEX($AD:$AD,MATCH(ROWS($AD$32:AD1971),$AK:$AK,0)),\"\")","v":""},null,false,{"$f":"IF(AN1971=TRUE,COUNTIF($AN$32:AN1971,TRUE()),\"\")","v":""},{"$f":"IFERROR(INDEX($AD:$AD,MATCH(ROWS($AD$32:$AD1971),$AO:$AO,0)),\"\")","v":""}]
[null,null,null,null,null,null,null,null,null,null,null,null,null,null,null,null,null,null,null,null,null,null,null,null,null,null,null,null,null,{"$f":"'Baza klientów'!B1943","v":0},false,{"$f":"IF(AE1974=TRUE,COUNTIF($AE$32:AE1974,TRUE()),\"\")","v":""},{"$f":"IFERROR(INDEX($AD:$AD,MATCH(ROWS($AD$32:AD1974),$AF:$AF,0)),\"\")","v":""},null,null,false,{"$f":"IF(AJ1974=TRUE,COUNTIF($AJ$32:AJ1974,TRUE()),\"\")","v":""},{"$f":"IFERROR(INDEX($AD:$AD,MATCH(ROWS($AD$32:AD1974),$AK:$AK,0)),\"\")","v":""},null,false,{"$f":"IF(AN1974=TRUE,COUNTIF($AN$32:AN1974,TRUE()),\"\")","v":""},{"$f":"IFERROR(INDEX($AD:$AD,MATCH(ROWS($AD$32:$AD1974),$AO:$AO,0)),\"\")","v":""}]
[null,null,null,null,null,null,null,null,null,null,null,null,null,null,null,null,null,null,null,null,null,null,null,null,null,null,null,null,null,{"$f":"'Baza klientów'!B1948","v":0},false,{"$f":"IF(AE1979=TRUE,COUNTIF($AE$32:AE1979,TRUE()),\"\")","v":""},{"$f":"IFERROR(INDEX($AD:$AD,MATCH(ROWS($AD$32:AD1979),$AF:$AF,0)),\"\")","v":""},null,null,false,{"$f":"IF(AJ1979=TRUE,COUNTIF($AJ$32:AJ1979,TRUE()),\"\")","v":""},{"$f":"IFERROR(INDEX($AD:$AD,MATCH(ROWS($AD$32:AD1979),$AK:$AK,0)),\"\")","v":""},null,false,{"$f":"IF(AN1979=TRUE,COUNTIF($AN$32:AN1979,TRUE()),\"\")","v":""},{"$f":"IFERROR(INDEX($AD:$AD,MATCH(ROWS($AD$32:$AD1979),$AO:$AO,0)),\"\")","v":""}]
[null,null,null,null,null,null,null,null,null,null,null,null,null,null,null,null,null,null,null,null,null,null,null,null,null,null,null,null,null,{"$f":"'Baza klientów'!B1949","v":0},false,{"$f":"IF(AE1980=TRUE,COUNTIF($AE$32:AE1980,TRUE()),\"\")","v":""},{"$f":"IFERROR(INDEX($AD:$AD,MATCH(ROWS($AD$32:AD1980),$AF:$AF,0)),\"\")","v":""},null,null,false,{"$f":"IF(AJ1980=TRUE,COUNTIF($AJ$32:AJ1980,TRUE()),\"\")","v":""},{"$f":"IFERROR(INDEX($AD:$AD,MATCH(ROWS($AD$32:AD1980),$AK:$AK,0)),\"\")","v":""},null,false,{"$f":"IF(AN1980=TRUE,COUNTIF($AN$32:AN1980,TRUE()),\"\")","v":""},{"$f":"IFERROR(INDEX($AD:$AD,MATCH(ROWS($AD$32:$AD1980),$AO:$AO,0)),\"\")","v":""}]
[null,null,null,null,null,null,null,null,null,null,null,null,null,null,null,null,null,null,null,null,null,null,null,null,null,null,null,null,null,{"$f":"'Baza klientów'!B1954","v":0},false,{"$f":"IF(AE1985=TRUE,COUNTIF($AE$32:AE1985,TRUE()),\"\")","v":""},{"$f":"IFERROR(INDEX($AD:$AD,MATCH(ROWS($AD$32:AD1985),$AF:$AF,0)),\"\")","v":""},null,null,false,{"$f":"IF(AJ1985=TRUE,COUNTIF($AJ$32:AJ1985,TRUE()),\"\")","v":""},{"$f":"IFERROR(INDEX($AD:$AD,MATCH(ROWS($AD$32:AD1985),$AK:$AK,0)),\"\")","v":""},null,false,{"$f":"IF(AN1985=TRUE,COUNTIF($AN$32:AN1985,TRUE()),\"\")","v":""},{"$f":"IFERROR(INDEX($AD:$AD,MATCH(ROWS($AD$32:$AD1985),$AO:$AO,0)),\"\")","v":""}]
[null,null,null,null,null,null,null,null,null,null,null,null,null,null,null,null,null,null,null,null,null,null,null,null,null,null,null,null,null,{"$f":"'Baza klientów'!B1958","v":0},false,{"$f":"IF(AE1989=TRUE,COUNTIF($AE$32:AE1989,TRUE()),\"\")","v":""},{"$f":"IFERROR(INDEX($AD:$AD,MATCH(ROWS($AD$32:AD1989),$AF:$AF,0)),\"\")","v":""},null,null,false,{"$f":"IF(AJ1989=TRUE,COUNTIF($AJ$32:AJ1989,TRUE()),\"\")","v":""},{"$f":"IFERROR(INDEX($AD:$AD,MATCH(ROWS($AD$32:AD1989),$AK:$AK,0)),\"\")","v":""},null,false,{"$f":"IF(AN1989=TRUE,COUNTIF($AN$32:AN1989,TRUE()),\"\")","v":""},{"$f":"IFERROR(INDEX($AD:$AD,MATCH(ROWS($AD$32:$AD1989),$AO:$AO,0)),\"\")","v":""}]
[null,null,null,null,null,null,null,null,null,null,null,null,null,null,null,null,null,null,null,null,null,null,null,null,null,null,null,null,null,{"$f":"'Baza klientów'!B1963","v":0},false,{"$f":"IF(AE1994=TRUE,COUNTIF($AE$32:AE1994,TRUE()),\"\")","v":""},{"$f":"IFERROR(INDEX($AD:$AD,MATCH(ROWS($AD$32:AD1994),$AF:$AF,0)),\"\")","v":""},null,null,false,{"$f":"IF(AJ1994=TRUE,COUNTIF($AJ$32:AJ1994,TRUE()),\"\")","v":""},{"$f":"IFERROR(INDEX($AD:$AD,MATCH(ROWS($AD$32:AD1994),$AK:$AK,0)),\"\")","v":""},null,false,{"$f":"IF(AN1994=TRUE,COUNTIF($AN$32:AN1994,TRUE()),\"\")","v":""},{"$f":"IFERROR(INDEX($AD:$AD,MATCH(ROWS($AD$32:$AD1994),$AO:$AO,0)),\"\")","v":""}]
[null,null,null,null,null,null,null,null,null,null,null,null,null,null,null,null,null,null,null,null,null,null,null,null,null,null,null,null,null,{"$f":"'Baza klientów'!B1964","v":0},false,{"$f":"IF(AE1995=TRUE,COUNTIF($AE$32:AE1995,TRUE()),\"\")","v":""},{"$f":"IFERROR(INDEX($AD:$AD,MATCH(ROWS($AD$32:AD1995),$AF:$AF,0)),\"\")","v":""},null,null,false,{"$f":"IF(AJ1995=TRUE,COUNTIF($AJ$32:AJ1995,TRUE()),\"\")","v":""},{"$f":"IFERROR(INDEX($AD:$AD,MATCH(ROWS($AD$32:AD1995),$AK:$AK,0)),\"\")","v":""},null,false,{"$f":"IF(AN1995=TRUE,COUNTIF($AN$32:AN1995,TRUE()),\"\")","v":""},{"$f":"IFERROR(INDEX($AD:$AD,MATCH(ROWS($AD$32:$AD1995),$AO:$AO,0)),\"\")","v":""}]
[null,null,null,null,null,null,null,null,null,null,null,null,null,null,null,null,null,null,null,null,null,null,null,null,null,null,null,null,null,{"$f":"'Baza klientów'!B1969","v":0},false,{"$f":"IF(AE2000=TRUE,COUNTIF($AE$32:AE2000,TRUE()),\"\")","v":""},{"$f":"IFERROR(INDEX($AD:$AD,MATCH(ROWS($AD$32:AD2000),$AF:$AF,0)),\"\")","v":""},null,null,false,{"$f":"IF(AJ2000=TRUE,COUNTIF($AJ$32:AJ2000,TRUE()),\"\")","v":""},{"$f":"IFERROR(INDEX($AD:$AD,MATCH(ROWS($AD$32:AD2000),$AK:$AK,0)),\"\")","v":""},null,false,{"$f":"IF(AN2000=TRUE,COUNTIF($AN$32:AN2000,TRUE()),\"\")","v":""},{"$f":"IFERROR(INDEX($AD:$AD,MATCH(ROWS($AD$32:$AD2000),$AO:$AO,0)),\"\")","v":""}]
[null,null,null,null,null,null,null,null,null,null,null,null,null,null,null,null,null,null,null,null,null,null,null,null,null,null,null,null,null,{"$f":"'Baza klientów'!B1974","v":0},false,{"$f":"IF(AE2005=TRUE,COUNTIF($AE$32:AE2005,TRUE()),\"\")","v":""},{"$f":"IFERROR(INDEX($AD:$AD,MATCH(ROWS($AD$32:AD2005),$AF:$AF,0)),\"\")","v":""},null,null,false,{"$f":"IF(AJ2005=TRUE,COUNTIF($AJ$32:AJ2005,TRUE()),\"\")","v":""},{"$f":"IFERROR(INDEX($AD:$AD,MATCH(ROWS($AD$32:AD2005),$AK:$AK,0)),\"\")","v":""},null,false,{"$f":"IF(AN2005=TRUE,COUNTIF($AN$32:AN2005,TRUE()),\"\")","v":""},{"$f":"IFERROR(INDEX($AD:$AD,MATCH(ROWS($AD$32:$AD2005),$AO:$AO,0)),\"\")","v":""}]
[null,null,null,null,null,null,null,null,null,null,null,null,null,null,null,null,null,null,null,null,null,null,null,null,null,null,null,null,null,{"$f":"'Baza klientów'!B1976","v":0},false,{"$f":"IF(AE2007=TRUE,COUNTIF($AE$32:AE2007,TRUE()),\"\")","v":""},{"$f":"IFERROR(INDEX($AD:$AD,MATCH(ROWS($AD$32:AD2007),$AF:$AF,0)),\"\")","v":""},null,null,false,{"$f":"IF(AJ2007=TRUE,COUNTIF($AJ$32:AJ2007,TRUE()),\"\")","v":""},{"$f":"IFERROR(INDEX($AD:$AD,MATCH(ROWS($AD$32:AD2007),$AK:$AK,0)),\"\")","v":""},null,false,{"$f":"IF(AN2007=TRUE,COUNTIF($AN$32:AN2007,TRUE()),\"\")","v":""},{"$f":"IFERROR(INDEX($AD:$AD,MATCH(ROWS($AD$32:$AD2007),$AO:$AO,0)),\"\")","v":""}]
[null,null,null,null,null,null,null,null,null,null,null,null,null,null,null,null,null,null,null,null,null,null,null,null,null,null,null,null,null,{"$f":"'Baza klientów'!B1979","v":0},false,{"$f":"IF(AE2010=TRUE,COUNTIF($AE$32:AE2010,TRUE()),\"\")","v":""},{"$f":"IFERROR(INDEX($AD:$AD,MATCH(ROWS($AD$32:AD2010),$AF:$AF,0)),\"\")","v":""},null,null,false,{"$f":"IF(AJ2010=TRUE,COUNTIF($AJ$32:AJ2010,TRUE()),\"\")","v":""},{"$f":"IFERROR(INDEX($AD:$AD,MATCH(ROWS($AD$32:AD2010),$AK:$AK,0)),\"\")","v":""},null,false,{"$f":"IF(AN2010=TRUE,COUNTIF($AN$32:AN2010,TRUE()),\"\")","v":""},{"$f":"IFERROR(INDEX($AD:$AD,MATCH(ROWS($AD$32:$AD2010),$AO:$AO,0)),\"\")","v":""}]
[null,null,null,null,null,null,null,null,null,null,null,null,null,null,null,null,null,null,null,null,null,null,null,null,null,null,null,null,null,{"$f":"'Baza klientów'!B1984","v":0},false,{"$f":"IF(AE2015=TRUE,COUNTIF($AE$32:AE2015,TRUE()),\"\")","v":""},{"$f":"IFERROR(INDEX($AD:$AD,MATCH(ROWS($AD$32:AD2015),$AF:$AF,0)),\"\")","v":""},null,null,false,{"$f":"IF(AJ2015=TRUE,COUNTIF($AJ$32:AJ2015,TRUE()),\"\")","v":""},{"$f":"IFERROR(INDEX($AD:$AD,MATCH(ROWS($AD$32:AD2015),$AK:$AK,0)),\"\")","v":""},null,false,{"$f":"IF(AN2015=TRUE,COUNTIF($AN$32:AN2015,TRUE()),\"\")","v":""},{"$f":"IFERROR(INDEX($AD:$AD,MATCH(ROWS($AD$32:$AD2015),$AO:$AO,0)),\"\")","v":""}]
[null,null,null,null,null,null,null,null,null,null,null,null,null,null,null,null,null,null,null,null,null,null,null,null,null,null,null,null,null,{"$f":"'Baza klientów'!B1989","v":0},false,{"$f":"IF(AE2020=TRUE,COUNTIF($AE$32:AE2020,TRUE()),\"\")","v":""},{"$f":"IFERROR(INDEX($AD:$AD,MATCH(ROWS($AD$32:AD2020),$AF:$AF,0)),\"\")","v":""},null,null,false,{"$f":"IF(AJ2020=TRUE,COUNTIF($AJ$32:AJ2020,TRUE()),\"\")","v":""},{"$f":"IFERROR(INDEX($AD:$AD,MATCH(ROWS($AD$32:AD2020),$AK:$AK,0)),\"\")","v":""},null,false,{"$f":"IF(AN2020=TRUE,COUNTIF($AN$32:AN2020,TRUE()),\"\")","v":""},{"$f":"IFERROR(INDEX($AD:$AD,MATCH(ROWS($AD$32:$AD2020),$AO:$AO,0)),\"\")","v":""}]
[null,null,null,null,null,null,null,null,null,null,null,null,null,null,null,null,null,null,null,null,null,null,null,null,null,null,null,null,null,{"$f":"'Baza klientów'!B1993","v":0},false,{"$f":"IF(AE2024=TRUE,COUNTIF($AE$32:AE2024,TRUE()),\"\")","v":""},{"$f":"IFERROR(INDEX($AD:$AD,MATCH(ROWS($AD$32:AD2024),$AF:$AF,0)),\"\")","v":""},null,null,false,{"$f":"IF(AJ2024=TRUE,COUNTIF($AJ$32:AJ2024,TRUE()),\"\")","v":""},{"$f":"IFERROR(INDEX($AD:$AD,MATCH(ROWS($AD$32:AD2024),$AK:$AK,0)),\"\")","v":""},null,false,{"$f":"IF(AN2024=TRUE,COUNTIF($AN$32:AN2024,TRUE()),\"\")","v":""},{"$f":"IFERROR(INDEX($AD:$AD,MATCH(ROWS($AD$32:$AD2024),$AO:$AO,0)),\"\")","v":""}]
[null,null,null,null,null,null,null,null,null,null,null,null,null,null,null,null,null,null,null,null,null,null,null,null,null,null,null,null,null,{"$f":"'Baza klientów'!B1994","v":0},false,{"$f":"IF(AE2025=TRUE,COUNTIF($AE$32:AE2025,TRUE()),\"\")","v":""},{"$f":"IFERROR(INDEX($AD:$AD,MATCH(ROWS($AD$32:AD2025),$AF:$AF,0)),\"\")","v":""},null,null,false,{"$f":"IF(AJ2025=TRUE,COUNTIF($AJ$32:AJ2025,TRUE()),\"\")","v":""},{"$f":"IFERROR(INDEX($AD:$AD,MATCH(ROWS($AD$32:AD2025),$AK:$AK,0)),\"\")","v":""},null,false,{"$f":"IF(AN2025=TRUE,COUNTIF($AN$32:AN2025,TRUE()),\"\")","v":""},{"$f":"IFERROR(INDEX($AD:$AD,MATCH(ROWS($AD$32:$AD2025),$AO:$AO,0)),\"\")","v":""}]
[null,null,null,null,null,null,null,null,null,null,null,null,null,null,null,null,null,null,null,null,null,null,null,null,null,null,null,null,null,{"$f":"'Baza klientów'!B1999","v":0},false,{"$f":"IF(AE2030=TRUE,COUNTIF($AE$32:AE2030,TRUE()),\"\")","v":""},{"$f":"IFERROR(INDEX($AD:$AD,MATCH(ROWS($AD$32:AD2030),$AF:$AF,0)),\"\")","v":""},null,null,false,{"$f":"IF(AJ2030=TRUE,COUNTIF($AJ$32:AJ2030,TRUE()),\"\")","v":""},{"$f":"IFERROR(INDEX($AD:$AD,MATCH(ROWS($AD$32:AD2030),$AK:$AK,0)),\"\")","v":""},null,false,{"$f":"IF(AN2030=TRUE,COUNTIF($AN$32:AN2030,TRUE()),\"\")","v":""},{"$f":"IFERROR(INDEX($AD:$AD,MATCH(ROWS($AD$32:$AD2030),$AO:$AO,0)),\"\")","v":""}]
[null,null,null,null,null,null,null,null,null,null,null,null,null,null,null,null,null,null,null,null,null,null,null,null,null,null,null,null,null,{"$f":"'Baza klientów'!B2004","v":0},false,{"$f":"IF(AE2035=TRUE,COUNTIF($AE$32:AE2035,TRUE()),\"\")","v":""},{"$f":"IFERROR(INDEX($AD:$AD,MATCH(ROWS($AD$32:AD2035),$AF:$AF,0)),\"\")","v":""},null,null,false,{"$f":"IF(AJ2035=TRUE,COUNTIF($AJ$32:AJ2035,TRUE()),\"\")","v":""},{"$f":"IFERROR(INDEX($AD:$AD,MATCH(ROWS($AD$32:AD2035),$AK:$AK,0)),\"\")","v":""},null,false,{"$f":"IF(AN2035=TRUE,COUNTIF($AN$32:AN2035,TRUE()),\"\")","v":""},{"$f":"IFERROR(INDEX($AD:$AD,MATCH(ROWS($AD$32:$AD2035),$AO:$AO,0)),\"\")","v":""}]
[null,null,null,null,null,null,null,null,null,null,null,null,null,null,null,null,null,null,null,null,null,null,null,null,null,null,null,null,null,{"$f":"'Baza klientów'!B2009","v":0},false,{"$f":"IF(AE2040=TRUE,COUNTIF($AE$32:AE2040,TRUE()),\"\")","v":""},{"$f":"IFERROR(INDEX($AD:$AD,MATCH(ROWS($AD$32:AD2040),$AF:$AF,0)),\"\")","v":""},null,null,false,{"$f":"IF(AJ2040=TRUE,COUNTIF($AJ$32:AJ2040,TRUE()),\"\")","v":""},{"$f":"IFERROR(INDEX($AD:$AD,MATCH(ROWS($AD$32:AD2040),$AK:$AK,0)),\"\")","v":""},null,false,{"$f":"IF(AN2040=TRUE,COUNTIF($AN$32:AN2040,TRUE()),\"\")","v":""},{"$f":"IFERROR(INDEX($AD:$AD,MATCH(ROWS($AD$32:$AD2040),$AO:$AO,0)),\"\")","v":""}]
[null,null,null,null,null,null,null,null,null,null,null,null,null,null,null,null,null,null,null,null,null,null,null,null,null,null,null,null,null,{"$f":"'Baza klientów'!B2011","v":0},false,{"$f":"IF(AE2042=TRUE,COUNTIF($AE$32:AE2042,TRUE()),\"\")","v":""},{"$f":"IFERROR(INDEX($AD:$AD,MATCH(ROWS($AD$32:AD2042),$AF:$AF,0)),\"\")","v":""},null,null,false,{"$f":"IF(AJ2042=TRUE,COUNTIF($AJ$32:AJ2042,TRUE()),\"\")","v":""},{"$f":"IFERROR(INDEX($AD:$AD,MATCH(ROWS($AD$32:AD2042),$AK:$AK,0)),\"\")","v":""},null,false,{"$f":"IF(AN2042=TRUE,COUNTIF($AN$32:AN2042,TRUE()),\"\")","v":""},{"$f":"IFERROR(INDEX($AD:$AD,MATCH(ROWS($AD$32:$AD2042),$AO:$AO,0)),\"\")","v":""}]
[null,null,null,null,null,null,null,null,null,null,null,null,null,null,null,null,null,null,null,null,null,null,null,null,null,null,null,null,null,{"$f":"'Baza klientów'!B2014","v":0},false,{"$f":"IF(AE2045=TRUE,COUNTIF($AE$32:AE2045,TRUE()),\"\")","v":""},{"$f":"IFERROR(INDEX($AD:$AD,MATCH(ROWS($AD$32:AD2045),$AF:$AF,0)),\"\")","v":""},null,null,false,{"$f":"IF(AJ2045=TRUE,COUNTIF($AJ$32:AJ2045,TRUE()),\"\")","v":""},{"$f":"IFERROR(INDEX($AD:$AD,MATCH(ROWS($AD$32:AD2045),$AK:$AK,0)),\"\")","v":""},null,false,{"$f":"IF(AN2045=TRUE,COUNTIF($AN$32:AN2045,TRUE()),\"\")","v":""},{"$f":"IFERROR(INDEX($AD:$AD,MATCH(ROWS($AD$32:$AD2045),$AO:$AO,0)),\"\")","v":""}]
[null,null,null,null,null,null,null,null,null,null,null,null,null,null,null,null,null,null,null,null,null,null,null,null,null,null,null,null,null,{"$f":"'Baza klientów'!B2019","v":0},false,{"$f":"IF(AE2050=TRUE,COUNTIF($AE$32:AE2050,TRUE()),\"\")","v":""},{"$f":"IFERROR(INDEX($AD:$AD,MATCH(ROWS($AD$32:AD2050),$AF:$AF,0)),\"\")","v":""},null,null,false,{"$f":"IF(AJ2050=TRUE,COUNTIF($AJ$32:AJ2050,TRUE()),\"\")","v":""},{"$f":"IFERROR(INDEX($AD:$AD,MATCH(ROWS($AD$32:AD2050),$AK:$AK,0)),\"\")","v":""},null,false,{"$f":"IF(AN2050=TRUE,COUNTIF($AN$32:AN2050,TRUE()),\"\")","v":""},{"$f":"IFERROR(INDEX($AD:$AD,MATCH(ROWS($AD$32:$AD2050),$AO:$AO,0)),\"\")","v":""}]
[null,null,null,null,null,null,null,null,null,null,null,null,null,null,null,null,null,null,null,null,null,null,null,null,null,null,null,null,null,{"$f":"'Baza klientów'!B2024","v":0},false,{"$f":"IF(AE2055=TRUE,COUNTIF($AE$32:AE2055,TRUE()),\"\")","v":""},{"$f":"IFERROR(INDEX($AD:$AD,MATCH(ROWS($AD$32:AD2055),$AF:$AF,0)),\"\")","v":""},null,null,false,{"$f":"IF(AJ2055=TRUE,COUNTIF($AJ$32:AJ2055,TRUE()),\"\")","v":""},{"$f":"IFERROR(INDEX($AD:$AD,MATCH(ROWS($AD$32:AD2055),$AK:$AK,0)),\"\")","v":""},null,false,{"$f":"IF(AN2055=TRUE,COUNTIF($AN$32:AN2055,TRUE()),\"\")","v":""},{"$f":"IFERROR(INDEX($AD:$AD,MATCH(ROWS($AD$32:$AD2055),$AO:$AO,0)),\"\")","v":""}]
[null,null,null,null,null,null,null,null,null,null,null,null,null,null,null,null,null,null,null,null,null,null,null,null,null,null,null,null,null,{"$f":"'Baza klientów'!B2027","v":0},false,{"$f":"IF(AE2058=TRUE,COUNTIF($AE$32:AE2058,TRUE()),\"\")","v":""},{"$f":"IFERROR(INDEX($AD:$AD,MATCH(ROWS($AD$32:AD2058),$AF:$AF,0)),\"\")","v":""},null,null,false,{"$f":"IF(AJ2058=TRUE,COUNTIF($AJ$32:AJ2058,TRUE()),\"\")","v":""},{"$f":"IFERROR(INDEX($AD:$AD,MATCH(ROWS($AD$32:AD2058),$AK:$AK,0)),\"\")","v":""},null,false,{"$f":"IF(AN2058=TRUE,COUNTIF($AN$32:AN2058,TRUE()),\"\")","v":""},{"$f":"IFERROR(INDEX($AD:$AD,MATCH(ROWS($AD$32:$AD2058),$AO:$AO,0)),\"\")","v":""}]
[null,null,null,null,null,null,null,null,null,null,null,null,null,null,null,null,null,null,null,null,null,null,null,null,null,null,null,null,null,{"$f":"'Baza klientów'!B2029","v":0},false,{"$f":"IF(AE2060=TRUE,COUNTIF($AE$32:AE2060,TRUE()),\"\")","v":""},{"$f":"IFERROR(INDEX($AD:$AD,MATCH(ROWS($AD$32:AD2060),$AF:$AF,0)),\"\")","v":""},null,null,false,{"$f":"IF(AJ2060=TRUE,COUNTIF($AJ$32:AJ2060,TRUE()),\"\")","v":""},{"$f":"IFERROR(INDEX($AD:$AD,MATCH(ROWS($AD$32:AD2060),$AK:$AK,0)),\"\")","v":""},null,false,{"$f":"IF(AN2060=TRUE,COUNTIF($AN$32:AN2060,TRUE()),\"\")","v":""},{"$f":"IFERROR(INDEX($AD:$AD,MATCH(ROWS($AD$32:$AD2060),$AO:$AO,0)),\"\")","v":""}]
[null,null,null,null,null,null,null,null,null,null,null,null,null,null,null,null,null,null,null,null,null,null,null,null,null,null,null,null,null,{"$f":"'Baza klientów'!B2034","v":0},false,{"$f":"IF(AE2065=TRUE,COUNTIF($AE$32:AE2065,TRUE()),\"\")","v":""},{"$f":"IFERROR(INDEX($AD:$AD,MATCH(ROWS($AD$32:AD2065),$AF:$AF,0)),\"\")","v":""},null,null,false,{"$f":"IF(AJ2065=TRUE,COUNTIF($AJ$32:AJ2065,TRUE()),\"\")","v":""},{"$f":"IFERROR(INDEX($AD:$AD,MATCH(ROWS($AD$32:AD2065),$AK:$AK,0)),\"\")","v":""},null,false,{"$f":"IF(AN2065=TRUE,COUNTIF($AN$32:AN2065,TRUE()),\"\")","v":""},{"$f":"IFERROR(INDEX($AD:$AD,MATCH(ROWS($AD$32:$AD2065),$AO:$AO,0)),\"\")","v":""}]
[null,null,null,null,null,null,null,null,null,null,null,null,null,null,null,null,null,null,null,null,null,null,null,null,null,null,null,null,null,{"$f":"'Baza klientów'!B2039","v":0},false,{"$f":"IF(AE2070=TRUE,COUNTIF($AE$32:AE2070,TRUE()),\"\")","v":""},{"$f":"IFERROR(INDEX($AD:$AD,MATCH(ROWS($AD$32:AD2070),$AF:$AF,0)),\"\")","v":""},null,null,false,{"$f":"IF(AJ2070=TRUE,COUNTIF($AJ$32:AJ2070,TRUE()),\"\")","v":""},{"$f":"IFERROR(INDEX($AD:$AD,MATCH(ROWS($AD$32:AD2070),$AK:$AK,0)),\"\")","v":""},null,false,{"$f":"IF(AN2070=TRUE,COUNTIF($AN$32:AN2070,TRUE()),\"\")","v":""},{"$f":"IFERROR(INDEX($AD:$AD,MATCH(ROWS($AD$32:$AD2070),$AO:$AO,0)),\"\")","v":""}]
[null,null,null,null,null,null,null,null,null,null,null,null,null,null,null,null,null,null,null,null,null,null,null,null,null,null,null,null,null,{"$f":"'Baza klientów'!B2040","v":0},false,{"$f":"IF(AE2071=TRUE,COUNTIF($AE$32:AE2071,TRUE()),\"\")","v":""},{"$f":"IFERROR(INDEX($AD:$AD,MATCH(ROWS($AD$32:AD2071),$AF:$AF,0)),\"\")","v":""},null,null,false,{"$f":"IF(AJ2071=TRUE,COUNTIF($AJ$32:AJ2071,TRUE()),\"\")","v":""},{"$f":"IFERROR(INDEX($AD:$AD,MATCH(ROWS($AD$32:AD2071),$AK:$AK,0)),\"\")","v":""},null,false,{"$f":"IF(AN2071=TRUE,COUNTIF($AN$32:AN2071,TRUE()),\"\")","v":""},{"$f":"IFERROR(INDEX($AD:$AD,MATCH(ROWS($AD$32:$AD2071),$AO:$AO,0)),\"\")","v":""}]
[null,null,null,null,null,null,null,null,null,null,null,null,null,null,null,null,null,null,null,null,null,null,null,null,null,null,null,null,null,{"$f":"'Baza klientów'!B2045","v":0},false,{"$f":"IF(AE2076=TRUE,COUNTIF($AE$32:AE2076,TRUE()),\"\")","v":""},{"$f":"IFERROR(INDEX($AD:$AD,MATCH(ROWS($AD$32:AD2076),$AF:$AF,0)),\"\")","v":""},null,null,false,{"$f":"IF(AJ2076=TRUE,COUNTIF($AJ$32:AJ2076,TRUE()),\"\")","v":""},{"$f":"IFERROR(INDEX($AD:$AD,MATCH(ROWS($AD$32:AD2076),$AK:$AK,0)),\"\")","v":""},null,false,{"$f":"IF(AN2076=TRUE,COUNTIF($AN$32:AN2076,TRUE()),\"\")","v":""},{"$f":"IFERROR(INDEX($AD:$AD,MATCH(ROWS($AD$32:$AD2076),$AO:$AO,0)),\"\")","v":""}]
[null,null,null,null,null,null,null,null,null,null,null,null,null,null,null,null,null,null,null,null,null,null,null,null,null,null,null,null,null,{"$f":"'Baza klientów'!B2049","v":0},false,{"$f":"IF(AE2080=TRUE,COUNTIF($AE$32:AE2080,TRUE()),\"\")","v":""},{"$f":"IFERROR(INDEX($AD:$AD,MATCH(ROWS($AD$32:AD2080),$AF:$AF,0)),\"\")","v":""},null,null,false,{"$f":"IF(AJ2080=TRUE,COUNTIF($AJ$32:AJ2080,TRUE()),\"\")","v":""},{"$f":"IFERROR(INDEX($AD:$AD,MATCH(ROWS($AD$32:AD2080),$AK:$AK,0)),\"\")","v":""},null,false,{"$f":"IF(AN2080=TRUE,COUNTIF($AN$32:AN2080,TRUE()),\"\")","v":""},{"$f":"IFERROR(INDEX($AD:$AD,MATCH(ROWS($AD$32:$AD2080),$AO:$AO,0)),\"\")","v":""}]
[null,null,null,null,null,null,null,null,null,null,null,null,null,null,null,null,null,null,null,null,null,null,null,null,null,null,null,null,null,{"$f":"'Baza klientów'!B2054","v":0},false,{"$f":"IF(AE2085=TRUE,COUNTIF($AE$32:AE2085,TRUE()),\"\")","v":""},{"$f":"IFERROR(INDEX($AD:$AD,MATCH(ROWS($AD$32:AD2085),$AF:$AF,0)),\"\")","v":""},null,null,false,{"$f":"IF(AJ2085=TRUE,COUNTIF($AJ$32:AJ2085,TRUE()),\"\")","v":""},{"$f":"IFERROR(INDEX($AD:$AD,MATCH(ROWS($AD$32:AD2085),$AK:$AK,0)),\"\")","v":""},null,false,{"$f":"IF(AN2085=TRUE,COUNTIF($AN$32:AN2085,TRUE()),\"\")","v":""},{"$f":"IFERROR(INDEX($AD:$AD,MATCH(ROWS($AD$32:$AD2085),$AO:$AO,0)),\"\")","v":""}]
[null,null,null,null,null,null,null,null,null,null,null,null,null,null,null,null,null,null,null,null,null,null,null,null,null,null,null,null,null,{"$f":"'Baza klientów'!B2055","v":0},false,{"$f":"IF(AE2086=TRUE,COUNTIF($AE$32:AE2086,TRUE()),\"\")","v":""},{"$f":"IFERROR(INDEX($AD:$AD,MATCH(ROWS($AD$32:AD2086),$AF:$AF,0)),\"\")","v":""},null,null,false,{"$f":"IF(AJ2086=TRUE,COUNTIF($AJ$32:AJ2086,TRUE()),\"\")","v":""},{"$f":"IFERROR(INDEX($AD:$AD,MATCH(ROWS($AD$32:AD2086),$AK:$AK,0)),\"\")","v":""},null,false,{"$f":"IF(AN2086=TRUE,COUNTIF($AN$32:AN2086,TRUE()),\"\")","v":""},{"$f":"IFERROR(INDEX($AD:$AD,MATCH(ROWS($AD$32:$AD2086),$AO:$AO,0)),\"\")","v":""}]
[null,null,null,null,null,null,null,null,null,null,null,null,null,null,null,null,null,null,null,null,null,null,null,null,null,null,null,null,null,{"$f":"'Baza klientów'!B2059","v":0},false,{"$f":"IF(AE2090=TRUE,COUNTIF($AE$32:AE2090,TRUE()),\"\")","v":""},{"$f":"IFERROR(INDEX($AD:$AD,MATCH(ROWS($AD$32:AD2090),$AF:$AF,0)),\"\")","v":""},null,null,false,{"$f":"IF(AJ2090=TRUE,COUNTIF($AJ$32:AJ2090,TRUE()),\"\")","v":""},{"$f":"IFERROR(INDEX($AD:$AD,MATCH(ROWS($AD$32:AD2090),$AK:$AK,0)),\"\")","v":""},null,false,{"$f":"IF(AN2090=TRUE,COUNTIF($AN$32:AN2090,TRUE()),\"\")","v":""},{"$f":"IFERROR(INDEX($AD:$AD,MATCH(ROWS($AD$32:$AD2090),$AO:$AO,0)),\"\")","v":""}]
[null,null,null,null,null,null,null,null,null,null,null,null,null,null,null,null,null,null,null,null,null,null,null,null,null,null,null,null,null,{"$f":"'Baza klientów'!B2064","v":0},false,{"$f":"IF(AE2095=TRUE,COUNTIF($AE$32:AE2095,TRUE()),\"\")","v":""},{"$f":"IFERROR(INDEX($AD:$AD,MATCH(ROWS($AD$32:AD2095),$AF:$AF,0)),\"\")","v":""},null,null,false,{"$f":"IF(AJ2095=TRUE,COUNTIF($AJ$32:AJ2095,TRUE()),\"\")","v":""},{"$f":"IFERROR(INDEX($AD:$AD,MATCH(ROWS($AD$32:AD2095),$AK:$AK,0)),\"\")","v":""},null,false,{"$f":"IF(AN2095=TRUE,COUNTIF($AN$32:AN2095,TRUE()),\"\")","v":""},{"$f":"IFERROR(INDEX($AD:$AD,MATCH(ROWS($AD$32:$AD2095),$AO:$AO,0)),\"\")","v":""}]
[null,null,null,null,null,null,null,null,null,null,null,null,null,null,null,null,null,null,null,null,null,null,null,null,null,null,null,null,null,{"$f":"'Baza klientów'!B2069","v":0},false,{"$f":"IF(AE2100=TRUE,COUNTIF($AE$32:AE2100,TRUE()),\"\")","v":""},{"$f":"IFERROR(INDEX($AD:$AD,MATCH(ROWS($AD$32:AD2100),$AF:$AF,0)),\"\")","v":""},null,null,false,{"$f":"IF(AJ2100=TRUE,COUNTIF($AJ$32:AJ2100,TRUE()),\"\")","v":""},{"$f":"IFERROR(INDEX($AD:$AD,MATCH(ROWS($AD$32:AD2100),$AK:$AK,0)),\"\")","v":""},null,false,{"$f":"IF(AN2100=TRUE,COUNTIF($AN$32:AN2100,TRUE()),\"\")","v":""},{"$f":"IFERROR(INDEX($AD:$AD,MATCH(ROWS($AD$32:$AD2100),$AO:$AO,0)),\"\")","v":""}]
[null,null,null,null,null,null,null,null,null,null,null,null,null,null,null,null,null,null,null,null,null,null,null,null,null,null,null,null,null,{"$f":"'Baza klientów'!B2070","v":0},false,{"$f":"IF(AE2101=TRUE,COUNTIF($AE$32:AE2101,TRUE()),\"\")","v":""},{"$f":"IFERROR(INDEX($AD:$AD,MATCH(ROWS($AD$32:AD2101),$AF:$AF,0)),\"\")","v":""},null,null,false,{"$f":"IF(AJ2101=TRUE,COUNTIF($AJ$32:AJ2101,TRUE()),\"\")","v":""},{"$f":"IFERROR(INDEX($AD:$AD,MATCH(ROWS($AD$32:AD2101),$AK:$AK,0)),\"\")","v":""},null,false,{"$f":"IF(AN2101=TRUE,COUNTIF($AN$32:AN2101,TRUE()),\"\")","v":""},{"$f":"IFERROR(INDEX($AD:$AD,MATCH(ROWS($AD$32:$AD2101),$AO:$AO,0)),\"\")","v":""}]
[null,null,null,null,null,null,null,null,null,null,null,null,null,null,null,null,null,null,null,null,null,null,null,null,null,null,null,null,null,{"$f":"'Baza klientów'!B2075","v":0},false,{"$f":"IF(AE2106=TRUE,COUNTIF($AE$32:AE2106,TRUE()),\"\")","v":""},{"$f":"IFERROR(INDEX($AD:$AD,MATCH(ROWS($AD$32:AD2106),$AF:$AF,0)),\"\")","v":""},null,null,false,{"$f":"IF(AJ2106=TRUE,COUNTIF($AJ$32:AJ2106,TRUE()),\"\")","v":""},{"$f":"IFERROR(INDEX($AD:$AD,MATCH(ROWS($AD$32:AD2106),$AK:$AK,0)),\"\")","v":""},null,false,{"$f":"IF(AN2106=TRUE,COUNTIF($AN$32:AN2106,TRUE()),\"\")","v":""},{"$f":"IFERROR(INDEX($AD:$AD,MATCH(ROWS($AD$32:$AD2106),$AO:$AO,0)),\"\")","v":""}]
[null,null,null,null,null,null,null,null,null,null,null,null,null,null,null,null,null,null,null,null,null,null,null,null,null,null,null,null,null,{"$f":"'Baza klientów'!B2079","v":0},false,{"$f":"IF(AE2110=TRUE,COUNTIF($AE$32:AE2110,TRUE()),\"\")","v":""},{"$f":"IFERROR(INDEX($AD:$AD,MATCH(ROWS($AD$32:AD2110),$AF:$AF,0)),\"\")","v":""},null,null,false,{"$f":"IF(AJ2110=TRUE,COUNTIF($AJ$32:AJ2110,TRUE()),\"\")","v":""},{"$f":"IFERROR(INDEX($AD:$AD,MATCH(ROWS($AD$32:AD2110),$AK:$AK,0)),\"\")","v":""},null,false,{"$f":"IF(AN2110=TRUE,COUNTIF($AN$32:AN2110,TRUE()),\"\")","v":""},{"$f":"IFERROR(INDEX($AD:$AD,MATCH(ROWS($AD$32:$AD2110),$AO:$AO,0)),\"\")","v":""}]
[null,null,null,null,null,null,null,null,null,null,null,null,null,null,null,null,null,null,null,null,null,null,null,null,null,null,null,null,null,{"$f":"'Baza klientów'!B2084","v":0},false,{"$f":"IF(AE2115=TRUE,COUNTIF($AE$32:AE2115,TRUE()),\"\")","v":""},{"$f":"IFERROR(INDEX($AD:$AD,MATCH(ROWS($AD$32:AD2115),$AF:$AF,0)),\"\")","v":""},null,null,false,{"$f":"IF(AJ2115=TRUE,COUNTIF($AJ$32:AJ2115,TRUE()),\"\")","v":""},{"$f":"IFERROR(INDEX($AD:$AD,MATCH(ROWS($AD$32:AD2115),$AK:$AK,0)),\"\")","v":""},null,false,{"$f":"IF(AN2115=TRUE,COUNTIF($AN$32:AN2115,TRUE()),\"\")","v":""},{"$f":"IFERROR(INDEX($AD:$AD,MATCH(ROWS($AD$32:$AD2115),$AO:$AO,0)),\"\")","v":""}]
[null,null,null,null,null,null,null,null,null,null,null,null,null,null,null,null,null,null,null,null,null,null,null,null,null,null,null,null,null,{"$f":"'Baza klientów'!B2085","v":0},false,{"$f":"IF(AE2116=TRUE,COUNTIF($AE$32:AE2116,TRUE()),\"\")","v":""},{"$f":"IFERROR(INDEX($AD:$AD,MATCH(ROWS($AD$32:AD2116),$AF:$AF,0)),\"\")","v":""},null,null,false,{"$f":"IF(AJ2116=TRUE,COUNTIF($AJ$32:AJ2116,TRUE()),\"\")","v":""},{"$f":"IFERROR(INDEX($AD:$AD,MATCH(ROWS($AD$32:AD2116),$AK:$AK,0)),\"\")","v":""},null,false,{"$f":"IF(AN2116=TRUE,COUNTIF($AN$32:AN2116,TRUE()),\"\")","v":""},{"$f":"IFERROR(INDEX($AD:$AD,MATCH(ROWS($AD$32:$AD2116),$AO:$AO,0)),\"\")","v":""}]
[null,null,null,null,null,null,null,null,null,null,null,null,null,null,null,null,null,null,null,null,null,null,null,null,null,null,null,null,null,{"$f":"'Baza klientów'!B2090","v":0},false,{"$f":"IF(AE2121=TRUE,COUNTIF($AE$32:AE2121,TRUE()),\"\")","v":""},{"$f":"IFERROR(INDEX($AD:$AD,MATCH(ROWS($AD$32:AD2121),$AF:$AF,0)),\"\")","v":""},null,null,false,{"$f":"IF(AJ2121=TRUE,COUNTIF($AJ$32:AJ2121,TRUE()),\"\")","v":""},{"$f":"IFERROR(INDEX($AD:$AD,MATCH(ROWS($AD$32:AD2121),$AK:$AK,0)),\"\")","v":""},null,false,{"$f":"IF(AN2121=TRUE,COUNTIF($AN$32:AN2121,TRUE()),\"\")","v":""},{"$f":"IFERROR(INDEX($AD:$AD,MATCH(ROWS($AD$32:$AD2121),$AO:$AO,0)),\"\")","v":""}]
[null,null,null,null,null,null,null,null,null,null,null,null,null,null,null,null,null,null,null,null,null,null,null,null,null,null,null,null,null,{"$f":"'Baza klientów'!B2095","v":0},false,{"$f":"IF(AE2126=TRUE,COUNTIF($AE$32:AE2126,TRUE()),\"\")","v":""},{"$f":"IFERROR(INDEX($AD:$AD,MATCH(ROWS($AD$32:AD2126),$AF:$AF,0)),\"\")","v":""},null,null,false,{"$f":"IF(AJ2126=TRUE,COUNTIF($AJ$32:AJ2126,TRUE()),\"\")","v":""},{"$f":"IFERROR(INDEX($AD:$AD,MATCH(ROWS($AD$32:AD2126),$AK:$AK,0)),\"\")","v":""},null,false,{"$f":"IF(AN2126=TRUE,COUNTIF($AN$32:AN2126,TRUE()),\"\")","v":""},{"$f":"IFERROR(INDEX($AD:$AD,MATCH(ROWS($AD$32:$AD2126),$AO:$AO,0)),\"\")","v":""}]
[null,null,null,null,null,null,null,null,null,null,null,null,null,null,null,null,null,null,null,null,null,null,null,null,null,null,null,null,null,{"$f":"'Baza klientów'!B2097","v":0},false,{"$f":"IF(AE2128=TRUE,COUNTIF($AE$32:AE2128,TRUE()),\"\")","v":""},{"$f":"IFERROR(INDEX($AD:$AD,MATCH(ROWS($AD$32:AD2128),$AF:$AF,0)),\"\")","v":""},null,null,false,{"$f":"IF(AJ2128=TRUE,COUNTIF($AJ$32:AJ2128,TRUE()),\"\")","v":""},{"$f":"IFERROR(INDEX($AD:$AD,MATCH(ROWS($AD$32:AD2128),$AK:$AK,0)),\"\")","v":""},null,false,{"$f":"IF(AN2128=TRUE,COUNTIF($AN$32:AN2128,TRUE()),\"\")","v":""},{"$f":"IFERROR(INDEX($AD:$AD,MATCH(ROWS($AD$32:$AD2128),$AO:$AO,0)),\"\")","v":""}]
[null,null,null,null,null,null,null,null,null,null,null,null,null,null,null,null,null,null,null,null,null,null,null,null,null,null,null,null,null,{"$f":"'Baza klientów'!B2100","v":0},false,{"$f":"IF(AE2131=TRUE,COUNTIF($AE$32:AE2131,TRUE()),\"\")","v":""},{"$f":"IFERROR(INDEX($AD:$AD,MATCH(ROWS($AD$32:AD2131),$AF:$AF,0)),\"\")","v":""},null,null,false,{"$f":"IF(AJ2131=TRUE,COUNTIF($AJ$32:AJ2131,TRUE()),\"\")","v":""},{"$f":"IFERROR(INDEX($AD:$AD,MATCH(ROWS($AD$32:AD2131),$AK:$AK,0)),\"\")","v":""},null,false,{"$f":"IF(AN2131=TRUE,COUNTIF($AN$32:AN2131,TRUE()),\"\")","v":""},{"$f":"IFERROR(INDEX($AD:$AD,MATCH(ROWS($AD$32:$AD2131),$AO:$AO,0)),\"\")","v":""}]
[null,null,null,null,null,null,null,null,null,null,null,null,null,null,null,null,null,null,null,null,null,null,null,null,null,null,null,null,null,{"$f":"'Baza klientów'!B2105","v":0},false,{"$f":"IF(AE2136=TRUE,COUNTIF($AE$32:AE2136,TRUE()),\"\")","v":""},{"$f":"IFERROR(INDEX($AD:$AD,MATCH(ROWS($AD$32:AD2136),$AF:$AF,0)),\"\")","v":""},null,null,false,{"$f":"IF(AJ2136=TRUE,COUNTIF($AJ$32:AJ2136,TRUE()),\"\")","v":""},{"$f":"IFERROR(INDEX($AD:$AD,MATCH(ROWS($AD$32:AD2136),$AK:$AK,0)),\"\")","v":""},null,false,{"$f":"IF(AN2136=TRUE,COUNTIF($AN$32:AN2136,TRUE()),\"\")","v":""},{"$f":"IFERROR(INDEX($AD:$AD,MATCH(ROWS($AD$32:$AD2136),$AO:$AO,0)),\"\")","v":""}]
[null,null,null,null,null,null,null,null,null,null,null,null,null,null,null,null,null,null,null,null,null,null,null,null,null,null,null,null,null,{"$f":"'Baza klientów'!B2110","v":0},false,{"$f":"IF(AE2141=TRUE,COUNTIF($AE$32:AE2141,TRUE()),\"\")","v":""},{"$f":"IFERROR(INDEX($AD:$AD,MATCH(ROWS($AD$32:AD2141),$AF:$AF,0)),\"\")","v":""},null,null,false,{"$f":"IF(AJ2141=TRUE,COUNTIF($AJ$32:AJ2141,TRUE()),\"\")","v":""},{"$f":"IFERROR(INDEX($AD:$AD,MATCH(ROWS($AD$32:AD2141),$AK:$AK,0)),\"\")","v":""},null,false,{"$f":"IF(AN2141=TRUE,COUNTIF($AN$32:AN2141,TRUE()),\"\")","v":""},{"$f":"IFERROR(INDEX($AD:$AD,MATCH(ROWS($AD$32:$AD2141),$AO:$AO,0)),\"\")","v":""}]
[null,null,null,null,null,null,null,null,null,null,null,null,null,null,null,null,null,null,null,null,null,null,null,null,null,null,null,null,null,{"$f":"'Baza klientów'!B2114","v":0},{"$f":"ISNUMBER(SEARCH($AH$32,AD2145))","v":false},{"$f":"IF(AE2145=TRUE,COUNTIF($AE$32:AE2145,TRUE()),\"\")","v":""},{"$f":"IFERROR(INDEX($AD:$AD,MATCH(ROWS($AD$32:AD2145),$AF:$AF,0)),\"\")","v":""},null,null,{"$f":"ISNUMBER(SEARCH($AM$31,AD2145))","v":false},{"$f":"IF(AJ2145=TRUE,COUNTIF($AJ$32:AJ2145,TRUE()),\"\")","v":""},{"$f":"IFERROR(INDEX($AD:$AD,MATCH(ROWS($AD$32:AD2145),$AK:$AK,0)),\"\")","v":""},null,{"$f":"ISNUMBER(SEARCH($AQ$31,$AD2145))","v":false},{"$f":"IF(AN2145=TRUE,COUNTIF($AN$32:AN2145,TRUE()),\"\")","v":""},{"$f":"IFERROR(INDEX($AD:$AD,MATCH(ROWS($AD$32:$AD2145),$AO:$AO,0)),\"\")","v":""}]
[null,null,null,null,null,null,null,null,null,null,null,null,null,null,null,null,null,null,null,null,null,null,null,null,null,null,null,null,null,{"$f":"'Baza klientów'!B2115","v":0},false,{"$f":"IF(AE2146=TRUE,COUNTIF($AE$32:AE2146,TRUE()),\"\")","v":""},{"$f":"IFERROR(INDEX($AD:$AD,MATCH(ROWS($AD$32:AD2146),$AF:$AF,0)),\"\")","v":""},null,null,false,{"$f":"IF(AJ2146=TRUE,COUNTIF($AJ$32:AJ2146,TRUE()),\"\")","v":""},{"$f":"IFERROR(INDEX($AD:$AD,MATCH(ROWS($AD$32:AD2146),$AK:$AK,0)),\"\")","v":""},null,false,{"$f":"IF(AN2146=TRUE,COUNTIF($AN$32:AN2146,TRUE()),\"\")","v":""},{"$f":"IFERROR(INDEX($AD:$AD,MATCH(ROWS($AD$32:$AD2146),$AO:$AO,0)),\"\")","v":""}]
[null,null,null,null,null,null,null,null,null,null,null,null,null,null,null,null,null,null,null,null,null,null,null,null,null,null,null,null,null,{"$f":"'Baza klientów'!B2120","v":0},false,{"$f":"IF(AE2151=TRUE,COUNTIF($AE$32:AE2151,TRUE()),\"\")","v":""},{"$f":"IFERROR(INDEX($AD:$AD,MATCH(ROWS($AD$32:AD2151),$AF:$AF,0)),\"\")","v":""},null,null,false,{"$f":"IF(AJ2151=TRUE,COUNTIF($AJ$32:AJ2151,TRUE()),\"\")","v":""},{"$f":"IFERROR(INDEX($AD:$AD,MATCH(ROWS($AD$32:AD2151),$AK:$AK,0)),\"\")","v":""},null,false,{"$f":"IF(AN2151=TRUE,COUNTIF($AN$32:AN2151,TRUE()),\"\")","v":""},{"$f":"IFERROR(INDEX($AD:$AD,MATCH(ROWS($AD$32:$AD2151),$AO:$AO,0)),\"\")","v":""}]
[null,null,null,null,null,null,null,null,null,null,null,null,null,null,null,null,null,null,null,null,null,null,null,null,null,null,null,null,null,{"$f":"'Baza klientów'!B2125","v":0},false,{"$f":"IF(AE2156=TRUE,COUNTIF($AE$32:AE2156,TRUE()),\"\")","v":""},{"$f":"IFERROR(INDEX($AD:$AD,MATCH(ROWS($AD$32:AD2156),$AF:$AF,0)),\"\")","v":""},null,null,false,{"$f":"IF(AJ2156=TRUE,COUNTIF($AJ$32:AJ2156,TRUE()),\"\")","v":""},{"$f":"IFERROR(INDEX($AD:$AD,MATCH(ROWS($AD$32:AD2156),$AK:$AK,0)),\"\")","v":""},null,false,{"$f":"IF(AN2156=TRUE,COUNTIF($AN$32:AN2156,TRUE()),\"\")","v":""},{"$f":"IFERROR(INDEX($AD:$AD,MATCH(ROWS($AD$32:$AD2156),$AO:$AO,0)),\"\")","v":""}]
[null,null,null,null,null,null,null,null,null,null,null,null,null,null,null,null,null,null,null,null,null,null,null,null,null,null,null,null,null,{"$f":"'Baza klientów'!B2130","v":0},false,{"$f":"IF(AE2161=TRUE,COUNTIF($AE$32:AE2161,TRUE()),\"\")","v":""},{"$f":"IFERROR(INDEX($AD:$AD,MATCH(ROWS($AD$32:AD2161),$AF:$AF,0)),\"\")","v":""},null,null,false,{"$f":"IF(AJ2161=TRUE,COUNTIF($AJ$32:AJ2161,TRUE()),\"\")","v":""},{"$f":"IFERROR(INDEX($AD:$AD,MATCH(ROWS($AD$32:AD2161),$AK:$AK,0)),\"\")","v":""},null,false,{"$f":"IF(AN2161=TRUE,COUNTIF($AN$32:AN2161,TRUE()),\"\")","v":""},{"$f":"IFERROR(INDEX($AD:$AD,MATCH(ROWS($AD$32:$AD2161),$AO:$AO,0)),\"\")","v":""}]
[null,null,null,null,null,null,null,null,null,null,null,null,null,null,null,null,null,null,null,null,null,null,null,null,null,null,null,null,null,{"$f":"'Baza klientów'!B2132","v":0},false,{"$f":"IF(AE2163=TRUE,COUNTIF($AE$32:AE2163,TRUE()),\"\")","v":""},{"$f":"IFERROR(INDEX($AD:$AD,MATCH(ROWS($AD$32:AD2163),$AF:$AF,0)),\"\")","v":""},null,null,false,{"$f":"IF(AJ2163=TRUE,COUNTIF($AJ$32:AJ2163,TRUE()),\"\")","v":""},{"$f":"IFERROR(INDEX($AD:$AD,MATCH(ROWS($AD$32:AD2163),$AK:$AK,0)),\"\")","v":""},null,false,{"$f":"IF(AN2163=TRUE,COUNTIF($AN$32:AN2163,TRUE()),\"\")","v":""},{"$f":"IFERROR(INDEX($AD:$AD,MATCH(ROWS($AD$32:$AD2163),$AO:$AO,0)),\"\")","v":""}]
[null,null,null,null,null,null,null,null,null,null,null,null,null,null,null,null,null,null,null,null,null,null,null,null,null,null,null,null,null,{"$f":"'Baza klientów'!B2135","v":0},false,{"$f":"IF(AE2166=TRUE,COUNTIF($AE$32:AE2166,TRUE()),\"\")","v":""},{"$f":"IFERROR(INDEX($AD:$AD,MATCH(ROWS($AD$32:AD2166),$AF:$AF,0)),\"\")","v":""},null,null,false,{"$f":"IF(AJ2166=TRUE,COUNTIF($AJ$32:AJ2166,TRUE()),\"\")","v":""},{"$f":"IFERROR(INDEX($AD:$AD,MATCH(ROWS($AD$32:AD2166),$AK:$AK,0)),\"\")","v":""},null,false,{"$f":"IF(AN2166=TRUE,COUNTIF($AN$32:AN2166,TRUE()),\"\")","v":""},{"$f":"IFERROR(INDEX($AD:$AD,MATCH(ROWS($AD$32:$AD2166),$AO:$AO,0)),\"\")","v":""}]
[null,null,null,null,null,null,null,null,null,null,null,null,null,null,null,null,null,null,null,null,null,null,null,null,null,null,null,null,null,{"$f":"'Baza klientów'!B2140","v":0},false,{"$f":"IF(AE2171=TRUE,COUNTIF($AE$32:AE2171,TRUE()),\"\")","v":""},{"$f":"IFERROR(INDEX($AD:$AD,MATCH(ROWS($AD$32:AD2171),$AF:$AF,0)),\"\")","v":""},null,null,false,{"$f":"IF(AJ2171=TRUE,COUNTIF($AJ$32:AJ2171,TRUE()),\"\")","v":""},{"$f":"IFERROR(INDEX($AD:$AD,MATCH(ROWS($AD$32:AD2171),$AK:$AK,0)),\"\")","v":""},null,false,{"$f":"IF(AN2171=TRUE,COUNTIF($AN$32:AN2171,TRUE()),\"\")","v":""},{"$f":"IFERROR(INDEX($AD:$AD,MATCH(ROWS($AD$32:$AD2171),$AO:$AO,0)),\"\")","v":""}]
[null,null,null,null,null,null,null,null,null,null,null,null,null,null,null,null,null,null,null,null,null,null,null,null,null,null,null,null,null,{"$f":"'Baza klientów'!B2145","v":0},false,{"$f":"IF(AE2176=TRUE,COUNTIF($AE$32:AE2176,TRUE()),\"\")","v":""},{"$f":"IFERROR(INDEX($AD:$AD,MATCH(ROWS($AD$32:AD2176),$AF:$AF,0)),\"\")","v":""},null,null,false,{"$f":"IF(AJ2176=TRUE,COUNTIF($AJ$32:AJ2176,TRUE()),\"\")","v":""},{"$f":"IFERROR(INDEX($AD:$AD,MATCH(ROWS($AD$32:AD2176),$AK:$AK,0)),\"\")","v":""},null,false,{"$f":"IF(AN2176=TRUE,COUNTIF($AN$32:AN2176,TRUE()),\"\")","v":""},{"$f":"IFERROR(INDEX($AD:$AD,MATCH(ROWS($AD$32:$AD2176),$AO:$AO,0)),\"\")","v":""}]
[null,null,null,null,null,null,null,null,null,null,null,null,null,null,null,null,null,null,null,null,null,null,null,null,null,null,null,null,null,{"$f":"'Baza klientów'!B2148","v":0},false,{"$f":"IF(AE2179=TRUE,COUNTIF($AE$32:AE2179,TRUE()),\"\")","v":""},{"$f":"IFERROR(INDEX($AD:$AD,MATCH(ROWS($AD$32:AD2179),$AF:$AF,0)),\"\")","v":""},null,null,false,{"$f":"IF(AJ2179=TRUE,COUNTIF($AJ$32:AJ2179,TRUE()),\"\")","v":""},{"$f":"IFERROR(INDEX($AD:$AD,MATCH(ROWS($AD$32:AD2179),$AK:$AK,0)),\"\")","v":""},null,false,{"$f":"IF(AN2179=TRUE,COUNTIF($AN$32:AN2179,TRUE()),\"\")","v":""},{"$f":"IFERROR(INDEX($AD:$AD,MATCH(ROWS($AD$32:$AD2179),$AO:$AO,0)),\"\")","v":""}]
[null,null,null,null,null,null,null,null,null,null,null,null,null,null,null,null,null,null,null,null,null,null,null,null,null,null,null,null,null,{"$f":"'Baza klientów'!B2150","v":0},false,{"$f":"IF(AE2181=TRUE,COUNTIF($AE$32:AE2181,TRUE()),\"\")","v":""},{"$f":"IFERROR(INDEX($AD:$AD,MATCH(ROWS($AD$32:AD2181),$AF:$AF,0)),\"\")","v":""},null,null,false,{"$f":"IF(AJ2181=TRUE,COUNTIF($AJ$32:AJ2181,TRUE()),\"\")","v":""},{"$f":"IFERROR(INDEX($AD:$AD,MATCH(ROWS($AD$32:AD2181),$AK:$AK,0)),\"\")","v":""},null,false,{"$f":"IF(AN2181=TRUE,COUNTIF($AN$32:AN2181,TRUE()),\"\")","v":""},{"$f":"IFERROR(INDEX($AD:$AD,MATCH(ROWS($AD$32:$AD2181),$AO:$AO,0)),\"\")","v":""}]
[null,null,null,null,null,null,null,null,null,null,null,null,null,null,null,null,null,null,null,null,null,null,null,null,null,null,null,null,null,{"$f":"'Baza klientów'!B2155","v":0},false,{"$f":"IF(AE2186=TRUE,COUNTIF($AE$32:AE2186,TRUE()),\"\")","v":""},{"$f":"IFERROR(INDEX($AD:$AD,MATCH(ROWS($AD$32:AD2186),$AF:$AF,0)),\"\")","v":""},null,null,false,{"$f":"IF(AJ2186=TRUE,COUNTIF($AJ$32:AJ2186,TRUE()),\"\")","v":""},{"$f":"IFERROR(INDEX($AD:$AD,MATCH(ROWS($AD$32:AD2186),$AK:$AK,0)),\"\")","v":""},null,false,{"$f":"IF(AN2186=TRUE,COUNTIF($AN$32:AN2186,TRUE()),\"\")","v":""},{"$f":"IFERROR(INDEX($AD:$AD,MATCH(ROWS($AD$32:$AD2186),$AO:$AO,0)),\"\")","v":""}]
[null,null,null,null,null,null,null,null,null,null,null,null,null,null,null,null,null,null,null,null,null,null,null,null,null,null,null,null,null,{"$f":"'Baza klientów'!B2160","v":0},false,{"$f":"IF(AE2191=TRUE,COUNTIF($AE$32:AE2191,TRUE()),\"\")","v":""},{"$f":"IFERROR(INDEX($AD:$AD,MATCH(ROWS($AD$32:AD2191),$AF:$AF,0)),\"\")","v":""},null,null,false,{"$f":"IF(AJ2191=TRUE,COUNTIF($AJ$32:AJ2191,TRUE()),\"\")","v":""},{"$f":"IFERROR(INDEX($AD:$AD,MATCH(ROWS($AD$32:AD2191),$AK:$AK,0)),\"\")","v":""},null,false,{"$f":"IF(AN2191=TRUE,COUNTIF($AN$32:AN2191,TRUE()),\"\")","v":""},{"$f":"IFERROR(INDEX($AD:$AD,MATCH(ROWS($AD$32:$AD2191),$AO:$AO,0)),\"\")","v":""}]
[null,null,null,null,null,null,null,null,null,null,null,null,null,null,null,null,null,null,null,null,null,null,null,null,null,null,null,null,null,{"$f":"'Baza klientów'!B2161","v":0},false,{"$f":"IF(AE2192=TRUE,COUNTIF($AE$32:AE2192,TRUE()),\"\")","v":""},{"$f":"IFERROR(INDEX($AD:$AD,MATCH(ROWS($AD$32:AD2192),$AF:$AF,0)),\"\")","v":""},null,null,false,{"$f":"IF(AJ2192=TRUE,COUNTIF($AJ$32:AJ2192,TRUE()),\"\")","v":""},{"$f":"IFERROR(INDEX($AD:$AD,MATCH(ROWS($AD$32:AD2192),$AK:$AK,0)),\"\")","v":""},null,false,{"$f":"IF(AN2192=TRUE,COUNTIF($AN$32:AN2192,TRUE()),\"\")","v":""},{"$f":"IFERROR(INDEX($AD:$AD,MATCH(ROWS($AD$32:$AD2192),$AO:$AO,0)),\"\")","v":""}]
[null,null,null,null,null,null,null,null,null,null,null,null,null,null,null,null,null,null,null,null,null,null,null,null,null,null,null,null,null,{"$f":"'Baza klientów'!B2166","v":0},false,{"$f":"IF(AE2197=TRUE,COUNTIF($AE$32:AE2197,TRUE()),\"\")","v":""},{"$f":"IFERROR(INDEX($AD:$AD,MATCH(ROWS($AD$32:AD2197),$AF:$AF,0)),\"\")","v":""},null,null,false,{"$f":"IF(AJ2197=TRUE,COUNTIF($AJ$32:AJ2197,TRUE()),\"\")","v":""},{"$f":"IFERROR(INDEX($AD:$AD,MATCH(ROWS($AD$32:AD2197),$AK:$AK,0)),\"\")","v":""},null,false,{"$f":"IF(AN2197=TRUE,COUNTIF($AN$32:AN2197,TRUE()),\"\")","v":""},{"$f":"IFERROR(INDEX($AD:$AD,MATCH(ROWS($AD$32:$AD2197),$AO:$AO,0)),\"\")","v":""}]
[null,null,null,null,null,null,null,null,null,null,null,null,null,null,null,null,null,null,null,null,null,null,null,null,null,null,null,null,null,{"$f":"'Baza klientów'!B2170","v":0},false,{"$f":"IF(AE2201=TRUE,COUNTIF($AE$32:AE2201,TRUE()),\"\")","v":""},{"$f":"IFERROR(INDEX($AD:$AD,MATCH(ROWS($AD$32:AD2201),$AF:$AF,0)),\"\")","v":""},null,null,false,{"$f":"IF(AJ2201=TRUE,COUNTIF($AJ$32:AJ2201,TRUE()),\"\")","v":""},{"$f":"IFERROR(INDEX($AD:$AD,MATCH(ROWS($AD$32:AD2201),$AK:$AK,0)),\"\")","v":""},null,false,{"$f":"IF(AN2201=TRUE,COUNTIF($AN$32:AN2201,TRUE()),\"\")","v":""},{"$f":"IFERROR(INDEX($AD:$AD,MATCH(ROWS($AD$32:$AD2201),$AO:$AO,0)),\"\")","v":""}]
[null,null,null,null,null,null,null,null,null,null,null,null,null,null,null,null,null,null,null,null,null,null,null,null,null,null,null,null,null,{"$f":"'Baza klientów'!B2175","v":0},false,{"$f":"IF(AE2206=TRUE,COUNTIF($AE$32:AE2206,TRUE()),\"\")","v":""},{"$f":"IFERROR(INDEX($AD:$AD,MATCH(ROWS($AD$32:AD2206),$AF:$AF,0)),\"\")","v":""},null,null,false,{"$f":"IF(AJ2206=TRUE,COUNTIF($AJ$32:AJ2206,TRUE()),\"\")","v":""},{"$f":"IFERROR(INDEX($AD:$AD,MATCH(ROWS($AD$32:AD2206),$AK:$AK,0)),\"\")","v":""},null,false,{"$f":"IF(AN2206=TRUE,COUNTIF($AN$32:AN2206,TRUE()),\"\")","v":""},{"$f":"IFERROR(INDEX($AD:$AD,MATCH(ROWS($AD$32:$AD2206),$AO:$AO,0)),\"\")","v":""}]
[null,null,null,null,null,null,null,null,null,null,null,null,null,null,null,null,null,null,null,null,null,null,null,null,null,null,null,null,null,{"$f":"'Baza klientów'!B2176","v":0},false,{"$f":"IF(AE2207=TRUE,COUNTIF($AE$32:AE2207,TRUE()),\"\")","v":""},{"$f":"IFERROR(INDEX($AD:$AD,MATCH(ROWS($AD$32:AD2207),$AF:$AF,0)),\"\")","v":""},null,null,false,{"$f":"IF(AJ2207=TRUE,COUNTIF($AJ$32:AJ2207,TRUE()),\"\")","v":""},{"$f":"IFERROR(INDEX($AD:$AD,MATCH(ROWS($AD$32:AD2207),$AK:$AK,0)),\"\")","v":""},null,false,{"$f":"IF(AN2207=TRUE,COUNTIF($AN$32:AN2207,TRUE()),\"\")","v":""},{"$f":"IFERROR(INDEX($AD:$AD,MATCH(ROWS($AD$32:$AD2207),$AO:$AO,0)),\"\")","v":""}]
[null,null,null,null,null,null,null,null,null,null,null,null,null,null,null,null,null,null,null,null,null,null,null,null,null,null,null,null,null,{"$f":"'Baza klientów'!B2181","v":0},false,{"$f":"IF(AE2212=TRUE,COUNTIF($AE$32:AE2212,TRUE()),\"\")","v":""},{"$f":"IFERROR(INDEX($AD:$AD,MATCH(ROWS($AD$32:AD2212),$AF:$AF,0)),\"\")","v":""},null,null,false,{"$f":"IF(AJ2212=TRUE,COUNTIF($AJ$32:AJ2212,TRUE()),\"\")","v":""},{"$f":"IFERROR(INDEX($AD:$AD,MATCH(ROWS($AD$32:AD2212),$AK:$AK,0)),\"\")","v":""},null,false,{"$f":"IF(AN2212=TRUE,COUNTIF($AN$32:AN2212,TRUE()),\"\")","v":""},{"$f":"IFERROR(INDEX($AD:$AD,MATCH(ROWS($AD$32:$AD2212),$AO:$AO,0)),\"\")","v":""}]
[null,null,null,null,null,null,null,null,null,null,null,null,null,null,null,null,null,null,null,null,null,null,null,null,null,null,null,null,null,{"$f":"'Baza klientów'!B2184","v":0},false,{"$f":"IF(AE2215=TRUE,COUNTIF($AE$32:AE2215,TRUE()),\"\")","v":""},{"$f":"IFERROR(INDEX($AD:$AD,MATCH(ROWS($AD$32:AD2215),$AF:$AF,0)),\"\")","v":""},null,null,false,{"$f":"IF(AJ2215=TRUE,COUNTIF($AJ$32:AJ2215,TRUE()),\"\")","v":""},{"$f":"IFERROR(INDEX($AD:$AD,MATCH(ROWS($AD$32:AD2215),$AK:$AK,0)),\"\")","v":""},null,false,{"$f":"IF(AN2215=TRUE,COUNTIF($AN$32:AN2215,TRUE()),\"\")","v":""},{"$f":"IFERROR(INDEX($AD:$AD,MATCH(ROWS($AD$32:$AD2215),$AO:$AO,0)),\"\")","v":""}]
[null,null,null,null,null,null,null,null,null,null,null,null,null,null,null,null,null,null,null,null,null,null,null,null,null,null,null,null,null,{"$f":"'Baza klientów'!B2190","v":0},false,{"$f":"IF(AE2221=TRUE,COUNTIF($AE$32:AE2221,TRUE()),\"\")","v":""},{"$f":"IFERROR(INDEX($AD:$AD,MATCH(ROWS($AD$32:AD2221),$AF:$AF,0)),\"\")","v":""},null,null,false,{"$f":"IF(AJ2221=TRUE,COUNTIF($AJ$32:AJ2221,TRUE()),\"\")","v":""},{"$f":"IFERROR(INDEX($AD:$AD,MATCH(ROWS($AD$32:AD2221),$AK:$AK,0)),\"\")","v":""},null,false,{"$f":"IF(AN2221=TRUE,COUNTIF($AN$32:AN2221,TRUE()),\"\")","v":""},{"$f":"IFERROR(INDEX($AD:$AD,MATCH(ROWS($AD$32:$AD2221),$AO:$AO,0)),\"\")","v":""}]
[null,null,null,null,null,null,null,null,null,null,null,null,null,null,null,null,null,null,null,null,null,null,null,null,null,null,null,null,null,{"$f":"'Baza klientów'!B2191","v":0},false,{"$f":"IF(AE2222=TRUE,COUNTIF($AE$32:AE2222,TRUE()),\"\")","v":""},{"$f":"IFERROR(INDEX($AD:$AD,MATCH(ROWS($AD$32:AD2222),$AF:$AF,0)),\"\")","v":""},null,null,false,{"$f":"IF(AJ2222=TRUE,COUNTIF($AJ$32:AJ2222,TRUE()),\"\")","v":""},{"$f":"IFERROR(INDEX($AD:$AD,MATCH(ROWS($AD$32:AD2222),$AK:$AK,0)),\"\")","v":""},null,false,{"$f":"IF(AN2222=TRUE,COUNTIF($AN$32:AN2222,TRUE()),\"\")","v":""},{"$f":"IFERROR(INDEX($AD:$AD,MATCH(ROWS($AD$32:$AD2222),$AO:$AO,0)),\"\")","v":""}]
[null,null,null,null,null,null,null,null,null,null,null,null,null,null,null,null,null,null,null,null,null,null,null,null,null,null,null,null,null,{"$f":"'Baza klientów'!B2196","v":0},false,{"$f":"IF(AE2227=TRUE,COUNTIF($AE$32:AE2227,TRUE()),\"\")","v":""},{"$f":"IFERROR(INDEX($AD:$AD,MATCH(ROWS($AD$32:AD2227),$AF:$AF,0)),\"\")","v":""},null,null,false,{"$f":"IF(AJ2227=TRUE,COUNTIF($AJ$32:AJ2227,TRUE()),\"\")","v":""},{"$f":"IFERROR(INDEX($AD:$AD,MATCH(ROWS($AD$32:AD2227),$AK:$AK,0)),\"\")","v":""},null,false,{"$f":"IF(AN2227=TRUE,COUNTIF($AN$32:AN2227,TRUE()),\"\")","v":""},{"$f":"IFERROR(INDEX($AD:$AD,MATCH(ROWS($AD$32:$AD2227),$AO:$AO,0)),\"\")","v":""}]
[null,null,null,null,null,null,null,null,null,null,null,null,null,null,null,null,null,null,null,null,null,null,null,null,null,null,null,null,null,{"$f":"'Baza klientów'!B2201","v":0},false,{"$f":"IF(AE2232=TRUE,COUNTIF($AE$32:AE2232,TRUE()),\"\")","v":""},{"$f":"IFERROR(INDEX($AD:$AD,MATCH(ROWS($AD$32:AD2232),$AF:$AF,0)),\"\")","v":""},null,null,false,{"$f":"IF(AJ2232=TRUE,COUNTIF($AJ$32:AJ2232,TRUE()),\"\")","v":""},{"$f":"IFERROR(INDEX($AD:$AD,MATCH(ROWS($AD$32:AD2232),$AK:$AK,0)),\"\")","v":""},null,false,{"$f":"IF(AN2232=TRUE,COUNTIF($AN$32:AN2232,TRUE()),\"\")","v":""},{"$f":"IFERROR(INDEX($AD:$AD,MATCH(ROWS($AD$32:$AD2232),$AO:$AO,0)),\"\")","v":""}]
[null,null,null,null,null,null,null,null,null,null,null,null,null,null,null,null,null,null,null,null,null,null,null,null,null,null,null,null,null,{"$f":"'Baza klientów'!B2205","v":0},false,{"$f":"IF(AE2236=TRUE,COUNTIF($AE$32:AE2236,TRUE()),\"\")","v":""},{"$f":"IFERROR(INDEX($AD:$AD,MATCH(ROWS($AD$32:AD2236),$AF:$AF,0)),\"\")","v":""},null,null,false,{"$f":"IF(AJ2236=TRUE,COUNTIF($AJ$32:AJ2236,TRUE()),\"\")","v":""},{"$f":"IFERROR(INDEX($AD:$AD,MATCH(ROWS($AD$32:AD2236),$AK:$AK,0)),\"\")","v":""},null,false,{"$f":"IF(AN2236=TRUE,COUNTIF($AN$32:AN2236,TRUE()),\"\")","v":""},{"$f":"IFERROR(INDEX($AD:$AD,MATCH(ROWS($AD$32:$AD2236),$AO:$AO,0)),\"\")","v":""}]
[null,null,null,null,null,null,null,null,null,null,null,null,null,null,null,null,null,null,null,null,null,null,null,null,null,null,null,null,null,{"$f":"'Baza klientów'!B2206","v":0},false,{"$f":"IF(AE2237=TRUE,COUNTIF($AE$32:AE2237,TRUE()),\"\")","v":""},{"$f":"IFERROR(INDEX($AD:$AD,MATCH(ROWS($AD$32:AD2237),$AF:$AF,0)),\"\")","v":""},null,null,false,{"$f":"IF(AJ2237=TRUE,COUNTIF($AJ$32:AJ2237,TRUE()),\"\")","v":""},{"$f":"IFERROR(INDEX($AD:$AD,MATCH(ROWS($AD$32:AD2237),$AK:$AK,0)),\"\")","v":""},null,false,{"$f":"IF(AN2237=TRUE,COUNTIF($AN$32:AN2237,TRUE()),\"\")","v":""},{"$f":"IFERROR(INDEX($AD:$AD,MATCH(ROWS($AD$32:$AD2237),$AO:$AO,0)),\"\")","v":""}]
[null,null,null,null,null,null,null,null,null,null,null,null,null,null,null,null,null,null,null,null,null,null,null,null,null,null,null,null,null,{"$f":"'Baza klientów'!B2211","v":0},false,{"$f":"IF(AE2242=TRUE,COUNTIF($AE$32:AE2242,TRUE()),\"\")","v":""},{"$f":"IFERROR(INDEX($AD:$AD,MATCH(ROWS($AD$32:AD2242),$AF:$AF,0)),\"\")","v":""},null,null,false,{"$f":"IF(AJ2242=TRUE,COUNTIF($AJ$32:AJ2242,TRUE()),\"\")","v":""},{"$f":"IFERROR(INDEX($AD:$AD,MATCH(ROWS($AD$32:AD2242),$AK:$AK,0)),\"\")","v":""},null,false,{"$f":"IF(AN2242=TRUE,COUNTIF($AN$32:AN2242,TRUE()),\"\")","v":""},{"$f":"IFERROR(INDEX($AD:$AD,MATCH(ROWS($AD$32:$AD2242),$AO:$AO,0)),\"\")","v":""}]
[null,null,null,null,null,null,null,null,null,null,null,null,null,null,null,null,null,null,null,null,null,null,null,null,null,null,null,null,null,{"$f":"'Baza klientów'!B2216","v":0},false,{"$f":"IF(AE2247=TRUE,COUNTIF($AE$32:AE2247,TRUE()),\"\")","v":""},{"$f":"IFERROR(INDEX($AD:$AD,MATCH(ROWS($AD$32:AD2247),$AF:$AF,0)),\"\")","v":""},null,null,false,{"$f":"IF(AJ2247=TRUE,COUNTIF($AJ$32:AJ2247,TRUE()),\"\")","v":""},{"$f":"IFERROR(INDEX($AD:$AD,MATCH(ROWS($AD$32:AD2247),$AK:$AK,0)),\"\")","v":""},null,false,{"$f":"IF(AN2247=TRUE,COUNTIF($AN$32:AN2247,TRUE()),\"\")","v":""},{"$f":"IFERROR(INDEX($AD:$AD,MATCH(ROWS($AD$32:$AD2247),$AO:$AO,0)),\"\")","v":""}]
[null,null,null,null,null,null,null,null,null,null,null,null,null,null,null,null,null,null,null,null,null,null,null,null,null,null,null,null,null,{"$f":"'Baza klientów'!B2219","v":0},false,{"$f":"IF(AE2250=TRUE,COUNTIF($AE$32:AE2250,TRUE()),\"\")","v":""},{"$f":"IFERROR(INDEX($AD:$AD,MATCH(ROWS($AD$32:AD2250),$AF:$AF,0)),\"\")","v":""},null,null,false,{"$f":"IF(AJ2250=TRUE,COUNTIF($AJ$32:AJ2250,TRUE()),\"\")","v":""},{"$f":"IFERROR(INDEX($AD:$AD,MATCH(ROWS($AD$32:AD2250),$AK:$AK,0)),\"\")","v":""},null,false,{"$f":"IF(AN2250=TRUE,COUNTIF($AN$32:AN2250,TRUE()),\"\")","v":""},{"$f":"IFERROR(INDEX($AD:$AD,MATCH(ROWS($AD$32:$AD2250),$AO:$AO,0)),\"\")","v":""}]
[null,null,null,null,null,null,null,null,null,null,null,null,null,null,null,null,null,null,null,null,null,null,null,null,null,null,null,null,null,{"$f":"'Baza klientów'!B2221","v":0},false,{"$f":"IF(AE2252=TRUE,COUNTIF($AE$32:AE2252,TRUE()),\"\")","v":""},{"$f":"IFERROR(INDEX($AD:$AD,MATCH(ROWS($AD$32:AD2252),$AF:$AF,0)),\"\")","v":""},null,null,false,{"$f":"IF(AJ2252=TRUE,COUNTIF($AJ$32:AJ2252,TRUE()),\"\")","v":""},{"$f":"IFERROR(INDEX($AD:$AD,MATCH(ROWS($AD$32:AD2252),$AK:$AK,0)),\"\")","v":""},null,false,{"$f":"IF(AN2252=TRUE,COUNTIF($AN$32:AN2252,TRUE()),\"\")","v":""},{"$f":"IFERROR(INDEX($AD:$AD,MATCH(ROWS($AD$32:$AD2252),$AO:$AO,0)),\"\")","v":""}]
[null,null,null,null,null,null,null,null,null,null,null,null,null,null,null,null,null,null,null,null,null,null,null,null,null,null,null,null,null,{"$f":"'Baza klientów'!B2226","v":0},false,{"$f":"IF(AE2257=TRUE,COUNTIF($AE$32:AE2257,TRUE()),\"\")","v":""},{"$f":"IFERROR(INDEX($AD:$AD,MATCH(ROWS($AD$32:AD2257),$AF:$AF,0)),\"\")","v":""},null,null,false,{"$f":"IF(AJ2257=TRUE,COUNTIF($AJ$32:AJ2257,TRUE()),\"\")","v":""},{"$f":"IFERROR(INDEX($AD:$AD,MATCH(ROWS($AD$32:AD2257),$AK:$AK,0)),\"\")","v":""},null,false,{"$f":"IF(AN2257=TRUE,COUNTIF($AN$32:AN2257,TRUE()),\"\")","v":""},{"$f":"IFERROR(INDEX($AD:$AD,MATCH(ROWS($AD$32:$AD2257),$AO:$AO,0)),\"\")","v":""}]
[null,null,null,null,null,null,null,null,null,null,null,null,null,null,null,null,null,null,null,null,null,null,null,null,null,null,null,null,null,{"$f":"'Baza klientów'!B2231","v":0},false,{"$f":"IF(AE2262=TRUE,COUNTIF($AE$32:AE2262,TRUE()),\"\")","v":""},{"$f":"IFERROR(INDEX($AD:$AD,MATCH(ROWS($AD$32:AD2262),$AF:$AF,0)),\"\")","v":""},null,null,false,{"$f":"IF(AJ2262=TRUE,COUNTIF($AJ$32:AJ2262,TRUE()),\"\")","v":""},{"$f":"IFERROR(INDEX($AD:$AD,MATCH(ROWS($AD$32:AD2262),$AK:$AK,0)),\"\")","v":""},null,false,{"$f":"IF(AN2262=TRUE,COUNTIF($AN$32:AN2262,TRUE()),\"\")","v":""},{"$f":"IFERROR(INDEX($AD:$AD,MATCH(ROWS($AD$32:$AD2262),$AO:$AO,0)),\"\")","v":""}]
[null,null,null,null,null,null,null,null,null,null,null,null,null,null,null,null,null,null,null,null,null,null,null,null,null,null,null,null,null,{"$f":"'Baza klientów'!B2235","v":0},false,{"$f":"IF(AE2266=TRUE,COUNTIF($AE$32:AE2266,TRUE()),\"\")","v":""},{"$f":"IFERROR(INDEX($AD:$AD,MATCH(ROWS($AD$32:AD2266),$AF:$AF,0)),\"\")","v":""},null,null,false,{"$f":"IF(AJ2266=TRUE,COUNTIF($AJ$32:AJ2266,TRUE()),\"\")","v":""},{"$f":"IFERROR(INDEX($AD:$AD,MATCH(ROWS($AD$32:AD2266),$AK:$AK,0)),\"\")","v":""},null,false,{"$f":"IF(AN2266=TRUE,COUNTIF($AN$32:AN2266,TRUE()),\"\")","v":""},{"$f":"IFERROR(INDEX($AD:$AD,MATCH(ROWS($AD$32:$AD2266),$AO:$AO,0)),\"\")","v":""}]
[null,null,null,null,null,null,null,null,null,null,null,null,null,null,null,null,null,null,null,null,null,null,null,null,null,null,null,null,null,{"$f":"'Baza klientów'!B2236","v":0},false,{"$f":"IF(AE2267=TRUE,COUNTIF($AE$32:AE2267,TRUE()),\"\")","v":""},{"$f":"IFERROR(INDEX($AD:$AD,MATCH(ROWS($AD$32:AD2267),$AF:$AF,0)),\"\")","v":""},null,null,false,{"$f":"IF(AJ2267=TRUE,COUNTIF($AJ$32:AJ2267,TRUE()),\"\")","v":""},{"$f":"IFERROR(INDEX($AD:$AD,MATCH(ROWS($AD$32:AD2267),$AK:$AK,0)),\"\")","v":""},null,false,{"$f":"IF(AN2267=TRUE,COUNTIF($AN$32:AN2267,TRUE()),\"\")","v":""},{"$f":"IFERROR(INDEX($AD:$AD,MATCH(ROWS($AD$32:$AD2267),$AO:$AO,0)),\"\")","v":""}]
[null,null,null,null,null,null,null,null,null,null,null,null,null,null,null,null,null,null,null,null,null,null,null,null,null,null,null,null,null,{"$f":"'Baza klientów'!B2241","v":0},false,{"$f":"IF(AE2272=TRUE,COUNTIF($AE$32:AE2272,TRUE()),\"\")","v":""},{"$f":"IFERROR(INDEX($AD:$AD,MATCH(ROWS($AD$32:AD2272),$AF:$AF,0)),\"\")","v":""},null,null,false,{"$f":"IF(AJ2272=TRUE,COUNTIF($AJ$32:AJ2272,TRUE()),\"\")","v":""},{"$f":"IFERROR(INDEX($AD:$AD,MATCH(ROWS($AD$32:AD2272),$AK:$AK,0)),\"\")","v":""},null,false,{"$f":"IF(AN2272=TRUE,COUNTIF($AN$32:AN2272,TRUE()),\"\")","v":""},{"$f":"IFERROR(INDEX($AD:$AD,MATCH(ROWS($AD$32:$AD2272),$AO:$AO,0)),\"\")","v":""}]
[null,null,null,null,null,null,null,null,null,null,null,null,null,null,null,null,null,null,null,null,null,null,null,null,null,null,null,null,null,{"$f":"'Baza klientów'!B2246","v":0},false,{"$f":"IF(AE2277=TRUE,COUNTIF($AE$32:AE2277,TRUE()),\"\")","v":""},{"$f":"IFERROR(INDEX($AD:$AD,MATCH(ROWS($AD$32:AD2277),$AF:$AF,0)),\"\")","v":""},null,null,false,{"$f":"IF(AJ2277=TRUE,COUNTIF($AJ$32:AJ2277,TRUE()),\"\")","v":""},{"$f":"IFERROR(INDEX($AD:$AD,MATCH(ROWS($AD$32:AD2277),$AK:$AK,0)),\"\")","v":""},null,false,{"$f":"IF(AN2277=TRUE,COUNTIF($AN$32:AN2277,TRUE()),\"\")","v":""},{"$f":"IFERROR(INDEX($AD:$AD,MATCH(ROWS($AD$32:$AD2277),$AO:$AO,0)),\"\")","v":""}]
[null,null,null,null,null,null,null,null,null,null,null,null,null,null,null,null,null,null,null,null,null,null,null,null,null,null,null,null,null,{"$f":"'Baza klientów'!B2251","v":0},false,{"$f":"IF(AE2282=TRUE,COUNTIF($AE$32:AE2282,TRUE()),\"\")","v":""},{"$f":"IFERROR(INDEX($AD:$AD,MATCH(ROWS($AD$32:AD2282),$AF:$AF,0)),\"\")","v":""},null,null,false,{"$f":"IF(AJ2282=TRUE,COUNTIF($AJ$32:AJ2282,TRUE()),\"\")","v":""},{"$f":"IFERROR(INDEX($AD:$AD,MATCH(ROWS($AD$32:AD2282),$AK:$AK,0)),\"\")","v":""},null,false,{"$f":"IF(AN2282=TRUE,COUNTIF($AN$32:AN2282,TRUE()),\"\")","v":""},{"$f":"IFERROR(INDEX($AD:$AD,MATCH(ROWS($AD$32:$AD2282),$AO:$AO,0)),\"\")","v":""}]
[null,null,null,null,null,null,null,null,null,null,null,null,null,null,null,null,null,null,null,null,null,null,null,null,null,null,null,null,null,{"$f":"'Baza klientów'!B2253","v":0},false,{"$f":"IF(AE2284=TRUE,COUNTIF($AE$32:AE2284,TRUE()),\"\")","v":""},{"$f":"IFERROR(INDEX($AD:$AD,MATCH(ROWS($AD$32:AD2284),$AF:$AF,0)),\"\")","v":""},null,null,false,{"$f":"IF(AJ2284=TRUE,COUNTIF($AJ$32:AJ2284,TRUE()),\"\")","v":""},{"$f":"IFERROR(INDEX($AD:$AD,MATCH(ROWS($AD$32:AD2284),$AK:$AK,0)),\"\")","v":""},null,false,{"$f":"IF(AN2284=TRUE,COUNTIF($AN$32:AN2284,TRUE()),\"\")","v":""},{"$f":"IFERROR(INDEX($AD:$AD,MATCH(ROWS($AD$32:$AD2284),$AO:$AO,0)),\"\")","v":""}]
[null,null,null,null,null,null,null,null,null,null,null,null,null,null,null,null,null,null,null,null,null,null,null,null,null,null,null,null,null,{"$f":"'Baza klientów'!B2256","v":0},false,{"$f":"IF(AE2287=TRUE,COUNTIF($AE$32:AE2287,TRUE()),\"\")","v":""},{"$f":"IFERROR(INDEX($AD:$AD,MATCH(ROWS($AD$32:AD2287),$AF:$AF,0)),\"\")","v":""},null,null,false,{"$f":"IF(AJ2287=TRUE,COUNTIF($AJ$32:AJ2287,TRUE()),\"\")","v":""},{"$f":"IFERROR(INDEX($AD:$AD,MATCH(ROWS($AD$32:AD2287),$AK:$AK,0)),\"\")","v":""},null,false,{"$f":"IF(AN2287=TRUE,COUNTIF($AN$32:AN2287,TRUE()),\"\")","v":""},{"$f":"IFERROR(INDEX($AD:$AD,MATCH(ROWS($AD$32:$AD2287),$AO:$AO,0)),\"\")","v":""}]
[null,null,null,null,null,null,null,null,null,null,null,null,null,null,null,null,null,null,null,null,null,null,null,null,null,null,null,null,null,{"$f":"'Baza klientów'!B2261","v":0},false,{"$f":"IF(AE2292=TRUE,COUNTIF($AE$32:AE2292,TRUE()),\"\")","v":""},{"$f":"IFERROR(INDEX($AD:$AD,MATCH(ROWS($AD$32:AD2292),$AF:$AF,0)),\"\")","v":""},null,null,false,{"$f":"IF(AJ2292=TRUE,COUNTIF($AJ$32:AJ2292,TRUE()),\"\")","v":""},{"$f":"IFERROR(INDEX($AD:$AD,MATCH(ROWS($AD$32:AD2292),$AK:$AK,0)),\"\")","v":""},null,false,{"$f":"IF(AN2292=TRUE,COUNTIF($AN$32:AN2292,TRUE()),\"\")","v":""},{"$f":"IFERROR(INDEX($AD:$AD,MATCH(ROWS($AD$32:$AD2292),$AO:$AO,0)),\"\")","v":""}]
[null,null,null,null,null,null,null,null,null,null,null,null,null,null,null,null,null,null,null,null,null,null,null,null,null,null,null,null,null,{"$f":"'Baza klientów'!B2266","v":0},false,{"$f":"IF(AE2297=TRUE,COUNTIF($AE$32:AE2297,TRUE()),\"\")","v":""},{"$f":"IFERROR(INDEX($AD:$AD,MATCH(ROWS($AD$32:AD2297),$AF:$AF,0)),\"\")","v":""},null,null,false,{"$f":"IF(AJ2297=TRUE,COUNTIF($AJ$32:AJ2297,TRUE()),\"\")","v":""},{"$f":"IFERROR(INDEX($AD:$AD,MATCH(ROWS($AD$32:AD2297),$AK:$AK,0)),\"\")","v":""},null,false,{"$f":"IF(AN2297=TRUE,COUNTIF($AN$32:AN2297,TRUE()),\"\")","v":""},{"$f":"IFERROR(INDEX($AD:$AD,MATCH(ROWS($AD$32:$AD2297),$AO:$AO,0)),\"\")","v":""}]
[null,null,null,null,null,null,null,null,null,null,null,null,null,null,null,null,null,null,null,null,null,null,null,null,null,null,null,null,null,{"$f":"'Baza klientów'!B2267","v":0},false,{"$f":"IF(AE2298=TRUE,COUNTIF($AE$32:AE2298,TRUE()),\"\")","v":""},{"$f":"IFERROR(INDEX($AD:$AD,MATCH(ROWS($AD$32:AD2298),$AF:$AF,0)),\"\")","v":""},null,null,false,{"$f":"IF(AJ2298=TRUE,COUNTIF($AJ$32:AJ2298,TRUE()),\"\")","v":""},{"$f":"IFERROR(INDEX($AD:$AD,MATCH(ROWS($AD$32:AD2298),$AK:$AK,0)),\"\")","v":""},null,false,{"$f":"IF(AN2298=TRUE,COUNTIF($AN$32:AN2298,TRUE()),\"\")","v":""},{"$f":"IFERROR(INDEX($AD:$AD,MATCH(ROWS($AD$32:$AD2298),$AO:$AO,0)),\"\")","v":""}]
[null,null,null,null,null,null,null,null,null,null,null,null,null,null,null,null,null,null,null,null,null,null,null,null,null,null,null,null,null,{"$f":"'Baza klientów'!B2271","v":0},false,{"$f":"IF(AE2302=TRUE,COUNTIF($AE$32:AE2302,TRUE()),\"\")","v":""},{"$f":"IFERROR(INDEX($AD:$AD,MATCH(ROWS($AD$32:AD2302),$AF:$AF,0)),\"\")","v":""},null,null,false,{"$f":"IF(AJ2302=TRUE,COUNTIF($AJ$32:AJ2302,TRUE()),\"\")","v":""},{"$f":"IFERROR(INDEX($AD:$AD,MATCH(ROWS($AD$32:AD2302),$AK:$AK,0)),\"\")","v":""},null,false,{"$f":"IF(AN2302=TRUE,COUNTIF($AN$32:AN2302,TRUE()),\"\")","v":""},{"$f":"IFERROR(INDEX($AD:$AD,MATCH(ROWS($AD$32:$AD2302),$AO:$AO,0)),\"\")","v":""}]
[null,null,null,null,null,null,null,null,null,null,null,null,null,null,null,null,null,null,null,null,null,null,null,null,null,null,null,null,null,{"$f":"'Baza klientów'!B2276","v":0},false,{"$f":"IF(AE2307=TRUE,COUNTIF($AE$32:AE2307,TRUE()),\"\")","v":""},{"$f":"IFERROR(INDEX($AD:$AD,MATCH(ROWS($AD$32:AD2307),$AF:$AF,0)),\"\")","v":""},null,null,false,{"$f":"IF(AJ2307=TRUE,COUNTIF($AJ$32:AJ2307,TRUE()),\"\")","v":""},{"$f":"IFERROR(INDEX($AD:$AD,MATCH(ROWS($AD$32:AD2307),$AK:$AK,0)),\"\")","v":""},null,false,{"$f":"IF(AN2307=TRUE,COUNTIF($AN$32:AN2307,TRUE()),\"\")","v":""},{"$f":"IFERROR(INDEX($AD:$AD,MATCH(ROWS($AD$32:$AD2307),$AO:$AO,0)),\"\")","v":""}]
[null,null,null,null,null,null,null,null,null,null,null,null,null,null,null,null,null,null,null,null,null,null,null,null,null,null,null,null,null,{"$f":"'Baza klientów'!B2281","v":0},false,{"$f":"IF(AE2312=TRUE,COUNTIF($AE$32:AE2312,TRUE()),\"\")","v":""},{"$f":"IFERROR(INDEX($AD:$AD,MATCH(ROWS($AD$32:AD2312),$AF:$AF,0)),\"\")","v":""},null,null,false,{"$f":"IF(AJ2312=TRUE,COUNTIF($AJ$32:AJ2312,TRUE()),\"\")","v":""},{"$f":"IFERROR(INDEX($AD:$AD,MATCH(ROWS($AD$32:AD2312),$AK:$AK,0)),\"\")","v":""},null,false,{"$f":"IF(AN2312=TRUE,COUNTIF($AN$32:AN2312,TRUE()),\"\")","v":""},{"$f":"IFERROR(INDEX($AD:$AD,MATCH(ROWS($AD$32:$AD2312),$AO:$AO,0)),\"\")","v":""}]
[null,null,null,null,null,null,null,null,null,null,null,null,null,null,null,null,null,null,null,null,null,null,null,null,null,null,null,null,null,{"$f":"'Baza klientów'!B2282","v":0},false,{"$f":"IF(AE2313=TRUE,COUNTIF($AE$32:AE2313,TRUE()),\"\")","v":""},{"$f":"IFERROR(INDEX($AD:$AD,MATCH(ROWS($AD$32:AD2313),$AF:$AF,0)),\"\")","v":""},null,null,false,{"$f":"IF(AJ2313=TRUE,COUNTIF($AJ$32:AJ2313,TRUE()),\"\")","v":""},{"$f":"IFERROR(INDEX($AD:$AD,MATCH(ROWS($AD$32:AD2313),$AK:$AK,0)),\"\")","v":""},null,false,{"$f":"IF(AN2313=TRUE,COUNTIF($AN$32:AN2313,TRUE()),\"\")","v":""},{"$f":"IFERROR(INDEX($AD:$AD,MATCH(ROWS($AD$32:$AD2313),$AO:$AO,0)),\"\")","v":""}]
[null,null,null,null,null,null,null,null,null,null,null,null,null,null,null,null,null,null,null,null,null,null,null,null,null,null,null,null,null,{"$f":"'Baza klientów'!B2287","v":0},false,{"$f":"IF(AE2318=TRUE,COUNTIF($AE$32:AE2318,TRUE()),\"\")","v":""},{"$f":"IFERROR(INDEX($AD:$AD,MATCH(ROWS($AD$32:AD2318),$AF:$AF,0)),\"\")","v":""},null,null,false,{"$f":"IF(AJ2318=TRUE,COUNTIF($AJ$32:AJ2318,TRUE()),\"\")","v":""},{"$f":"IFERROR(INDEX($AD:$AD,MATCH(ROWS($AD$32:AD2318),$AK:$AK,0)),\"\")","v":""},null,false,{"$f":"IF(AN2318=TRUE,COUNTIF($AN$32:AN2318,TRUE()),\"\")","v":""},{"$f":"IFERROR(INDEX($AD:$AD,MATCH(ROWS($AD$32:$AD2318),$AO:$AO,0)),\"\")","v":""}]
[null,null,null,null,null,null,null,null,null,null,null,null,null,null,null,null,null,null,null,null,null,null,null,null,null,null,null,null,null,{"$f":"'Baza klientów'!B2291","v":0},false,{"$f":"IF(AE2322=TRUE,COUNTIF($AE$32:AE2322,TRUE()),\"\")","v":""},{"$f":"IFERROR(INDEX($AD:$AD,MATCH(ROWS($AD$32:AD2322),$AF:$AF,0)),\"\")","v":""},null,null,false,{"$f":"IF(AJ2322=TRUE,COUNTIF($AJ$32:AJ2322,TRUE()),\"\")","v":""},{"$f":"IFERROR(INDEX($AD:$AD,MATCH(ROWS($AD$32:AD2322),$AK:$AK,0)),\"\")","v":""},null,false,{"$f":"IF(AN2322=TRUE,COUNTIF($AN$32:AN2322,TRUE()),\"\")","v":""},{"$f":"IFERROR(INDEX($AD:$AD,MATCH(ROWS($AD$32:$AD2322),$AO:$AO,0)),\"\")","v":""}]
[null,null,null,null,null,null,null,null,null,null,null,null,null,null,null,null,null,null,null,null,null,null,null,null,null,null,null,null,null,{"$f":"'Baza klientów'!B2296","v":0},false,{"$f":"IF(AE2327=TRUE,COUNTIF($AE$32:AE2327,TRUE()),\"\")","v":""},{"$f":"IFERROR(INDEX($AD:$AD,MATCH(ROWS($AD$32:AD2327),$AF:$AF,0)),\"\")","v":""},null,null,false,{"$f":"IF(AJ2327=TRUE,COUNTIF($AJ$32:AJ2327,TRUE()),\"\")","v":""},{"$f":"IFERROR(INDEX($AD:$AD,MATCH(ROWS($AD$32:AD2327),$AK:$AK,0)),\"\")","v":""},null,false,{"$f":"IF(AN2327=TRUE,COUNTIF($AN$32:AN2327,TRUE()),\"\")","v":""},{"$f":"IFERROR(INDEX($AD:$AD,MATCH(ROWS($AD$32:$AD2327),$AO:$AO,0)),\"\")","v":""}]
[null,null,null,null,null,null,null,null,null,null,null,null,null,null,null,null,null,null,null,null,null,null,null,null,null,null,null,null,null,{"$f":"'Baza klientów'!B2297","v":0},false,{"$f":"IF(AE2328=TRUE,COUNTIF($AE$32:AE2328,TRUE()),\"\")","v":""},{"$f":"IFERROR(INDEX($AD:$AD,MATCH(ROWS($AD$32:AD2328),$AF:$AF,0)),\"\")","v":""},null,null,false,{"$f":"IF(AJ2328=TRUE,COUNTIF($AJ$32:AJ2328,TRUE()),\"\")","v":""},{"$f":"IFERROR(INDEX($AD:$AD,MATCH(ROWS($AD$32:AD2328),$AK:$AK,0)),\"\")","v":""},null,false,{"$f":"IF(AN2328=TRUE,COUNTIF($AN$32:AN2328,TRUE()),\"\")","v":""},{"$f":"IFERROR(INDEX($AD:$AD,MATCH(ROWS($AD$32:$AD2328),$AO:$AO,0)),\"\")","v":""}]
[null,null,null,null,null,null,null,null,null,null,null,null,null,null,null,null,null,null,null,null,null,null,null,null,null,null,null,null,null,{"$f":"'Baza klientów'!B2302","v":0},false,{"$f":"IF(AE2333=TRUE,COUNTIF($AE$32:AE2333,TRUE()),\"\")","v":""},{"$f":"IFERROR(INDEX($AD:$AD,MATCH(ROWS($AD$32:AD2333),$AF:$AF,0)),\"\")","v":""},null,null,false,{"$f":"IF(AJ2333=TRUE,COUNTIF($AJ$32:AJ2333,TRUE()),\"\")","v":""},{"$f":"IFERROR(INDEX($AD:$AD,MATCH(ROWS($AD$32:AD2333),$AK:$AK,0)),\"\")","v":""},null,false,{"$f":"IF(AN2333=TRUE,COUNTIF($AN$32:AN2333,TRUE()),\"\")","v":""},{"$f":"IFERROR(INDEX($AD:$AD,MATCH(ROWS($AD$32:$AD2333),$AO:$AO,0)),\"\")","v":""}]
[null,null,null,null,null,null,null,null,null,null,null,null,null,null,null,null,null,null,null,null,null,null,null,null,null,null,null,null,null,{"$f":"'Baza klientów'!B2305","v":0},false,{"$f":"IF(AE2336=TRUE,COUNTIF($AE$32:AE2336,TRUE()),\"\")","v":""},{"$f":"IFERROR(INDEX($AD:$AD,MATCH(ROWS($AD$32:AD2336),$AF:$AF,0)),\"\")","v":""},null,null,false,{"$f":"IF(AJ2336=TRUE,COUNTIF($AJ$32:AJ2336,TRUE()),\"\")","v":""},{"$f":"IFERROR(INDEX($AD:$AD,MATCH(ROWS($AD$32:AD2336),$AK:$AK,0)),\"\")","v":""},null,false,{"$f":"IF(AN2336=TRUE,COUNTIF($AN$32:AN2336,TRUE()),\"\")","v":""},{"$f":"IFERROR(INDEX($AD:$AD,MATCH(ROWS($AD$32:$AD2336),$AO:$AO,0)),\"\")","v":""}]
[null,null,null,null,null,null,null,null,null,null,null,null,null,null,null,null,null,null,null,null,null,null,null,null,null,null,null,null,null,{"$f":"'Baza klientów'!B2311","v":0},false,{"$f":"IF(AE2342=TRUE,COUNTIF($AE$32:AE2342,TRUE()),\"\")","v":""},{"$f":"IFERROR(INDEX($AD:$AD,MATCH(ROWS($AD$32:AD2342),$AF:$AF,0)),\"\")","v":""},null,null,false,{"$f":"IF(AJ2342=TRUE,COUNTIF($AJ$32:AJ2342,TRUE()),\"\")","v":""},{"$f":"IFERROR(INDEX($AD:$AD,MATCH(ROWS($AD$32:AD2342),$AK:$AK,0)),\"\")","v":""},null,false,{"$f":"IF(AN2342=TRUE,COUNTIF($AN$32:AN2342,TRUE()),\"\")","v":""},{"$f":"IFERROR(INDEX($AD:$AD,MATCH(ROWS($AD$32:$AD2342),$AO:$AO,0)),\"\")","v":""}]
[null,null,null,null,null,null,null,null,null,null,null,null,null,null,null,null,null,null,null,null,null,null,null,null,null,null,null,null,null,{"$f":"'Baza klientów'!B2312","v":0},false,{"$f":"IF(AE2343=TRUE,COUNTIF($AE$32:AE2343,TRUE()),\"\")","v":""},{"$f":"IFERROR(INDEX($AD:$AD,MATCH(ROWS($AD$32:AD2343),$AF:$AF,0)),\"\")","v":""},null,null,false,{"$f":"IF(AJ2343=TRUE,COUNTIF($AJ$32:AJ2343,TRUE()),\"\")","v":""},{"$f":"IFERROR(INDEX($AD:$AD,MATCH(ROWS($AD$32:AD2343),$AK:$AK,0)),\"\")","v":""},null,false,{"$f":"IF(AN2343=TRUE,COUNTIF($AN$32:AN2343,TRUE()),\"\")","v":""},{"$f":"IFERROR(INDEX($AD:$AD,MATCH(ROWS($AD$32:$AD2343),$AO:$AO,0)),\"\")","v":""}]
[null,null,null,null,null,null,null,null,null,null,null,null,null,null,null,null,null,null,null,null,null,null,null,null,null,null,null,null,null,{"$f":"'Baza klientów'!B2317","v":0},false,{"$f":"IF(AE2348=TRUE,COUNTIF($AE$32:AE2348,TRUE()),\"\")","v":""},{"$f":"IFERROR(INDEX($AD:$AD,MATCH(ROWS($AD$32:AD2348),$AF:$AF,0)),\"\")","v":""},null,null,false,{"$f":"IF(AJ2348=TRUE,COUNTIF($AJ$32:AJ2348,TRUE()),\"\")","v":""},{"$f":"IFERROR(INDEX($AD:$AD,MATCH(ROWS($AD$32:AD2348),$AK:$AK,0)),\"\")","v":""},null,false,{"$f":"IF(AN2348=TRUE,COUNTIF($AN$32:AN2348,TRUE()),\"\")","v":""},{"$f":"IFERROR(INDEX($AD:$AD,MATCH(ROWS($AD$32:$AD2348),$AO:$AO,0)),\"\")","v":""}]
[null,null,null,null,null,null,null,null,null,null,null,null,null,null,null,null,null,null,null,null,null,null,null,null,null,null,null,null,null,{"$f":"'Baza klientów'!B2322","v":0},false,{"$f":"IF(AE2353=TRUE,COUNTIF($AE$32:AE2353,TRUE()),\"\")","v":""},{"$f":"IFERROR(INDEX($AD:$AD,MATCH(ROWS($AD$32:AD2353),$AF:$AF,0)),\"\")","v":""},null,null,false,{"$f":"IF(AJ2353=TRUE,COUNTIF($AJ$32:AJ2353,TRUE()),\"\")","v":""},{"$f":"IFERROR(INDEX($AD:$AD,MATCH(ROWS($AD$32:AD2353),$AK:$AK,0)),\"\")","v":""},null,false,{"$f":"IF(AN2353=TRUE,COUNTIF($AN$32:AN2353,TRUE()),\"\")","v":""},{"$f":"IFERROR(INDEX($AD:$AD,MATCH(ROWS($AD$32:$AD2353),$AO:$AO,0)),\"\")","v":""}]
[null,null,null,null,null,null,null,null,null,null,null,null,null,null,null,null,null,null,null,null,null,null,null,null,null,null,null,null,null,{"$f":"'Baza klientów'!B2326","v":0},false,{"$f":"IF(AE2357=TRUE,COUNTIF($AE$32:AE2357,TRUE()),\"\")","v":""},{"$f":"IFERROR(INDEX($AD:$AD,MATCH(ROWS($AD$32:AD2357),$AF:$AF,0)),\"\")","v":""},null,null,false,{"$f":"IF(AJ2357=TRUE,COUNTIF($AJ$32:AJ2357,TRUE()),\"\")","v":""},{"$f":"IFERROR(INDEX($AD:$AD,MATCH(ROWS($AD$32:AD2357),$AK:$AK,0)),\"\")","v":""},null,false,{"$f":"IF(AN2357=TRUE,COUNTIF($AN$32:AN2357,TRUE()),\"\")","v":""},{"$f":"IFERROR(INDEX($AD:$AD,MATCH(ROWS($AD$32:$AD2357),$AO:$AO,0)),\"\")","v":""}]
[null,null,null,null,null,null,null,null,null,null,null,null,null,null,null,null,null,null,null,null,null,null,null,null,null,null,null,null,null,{"$f":"'Baza klientów'!B2327","v":0},false,{"$f":"IF(AE2358=TRUE,COUNTIF($AE$32:AE2358,TRUE()),\"\")","v":""},{"$f":"IFERROR(INDEX($AD:$AD,MATCH(ROWS($AD$32:AD2358),$AF:$AF,0)),\"\")","v":""},null,null,false,{"$f":"IF(AJ2358=TRUE,COUNTIF($AJ$32:AJ2358,TRUE()),\"\")","v":""},{"$f":"IFERROR(INDEX($AD:$AD,MATCH(ROWS($AD$32:AD2358),$AK:$AK,0)),\"\")","v":""},null,false,{"$f":"IF(AN2358=TRUE,COUNTIF($AN$32:AN2358,TRUE()),\"\")","v":""},{"$f":"IFERROR(INDEX($AD:$AD,MATCH(ROWS($AD$32:$AD2358),$AO:$AO,0)),\"\")","v":""}]
[null,null,null,null,null,null,null,null,null,null,null,null,null,null,null,null,null,null,null,null,null,null,null,null,null,null,null,null,null,{"$f":"'Baza klientów'!B2332","v":0},false,{"$f":"IF(AE2363=TRUE,COUNTIF($AE$32:AE2363,TRUE()),\"\")","v":""},{"$f":"IFERROR(INDEX($AD:$AD,MATCH(ROWS($AD$32:AD2363),$AF:$AF,0)),\"\")","v":""},null,null,false,{"$f":"IF(AJ2363=TRUE,COUNTIF($AJ$32:AJ2363,TRUE()),\"\")","v":""},{"$f":"IFERROR(INDEX($AD:$AD,MATCH(ROWS($AD$32:AD2363),$AK:$AK,0)),\"\")","v":""},null,false,{"$f":"IF(AN2363=TRUE,COUNTIF($AN$32:AN2363,TRUE()),\"\")","v":""},{"$f":"IFERROR(INDEX($AD:$AD,MATCH(ROWS($AD$32:$AD2363),$AO:$AO,0)),\"\")","v":""}]
[null,null,null,null,null,null,null,null,null,null,null,null,null,null,null,null,null,null,null,null,null,null,null,null,null,null,null,null,null,{"$f":"'Baza klientów'!B2337","v":0},false,{"$f":"IF(AE2368=TRUE,COUNTIF($AE$32:AE2368,TRUE()),\"\")","v":""},{"$f":"IFERROR(INDEX($AD:$AD,MATCH(ROWS($AD$32:AD2368),$AF:$AF,0)),\"\")","v":""},null,null,false,{"$f":"IF(AJ2368=TRUE,COUNTIF($AJ$32:AJ2368,TRUE()),\"\")","v":""},{"$f":"IFERROR(INDEX($AD:$AD,MATCH(ROWS($AD$32:AD2368),$AK:$AK,0)),\"\")","v":""},null,false,{"$f":"IF(AN2368=TRUE,COUNTIF($AN$32:AN2368,TRUE()),\"\")","v":""},{"$f":"IFERROR(INDEX($AD:$AD,MATCH(ROWS($AD$32:$AD2368),$AO:$AO,0)),\"\")","v":""}]
[null,null,null,null,null,null,null,null,null,null,null,null,null,null,null,null,null,null,null,null,null,null,null,null,null,null,null,null,null,{"$f":"'Baza klientów'!B2340","v":0},false,{"$f":"IF(AE2371=TRUE,COUNTIF($AE$32:AE2371,TRUE()),\"\")","v":""},{"$f":"IFERROR(INDEX($AD:$AD,MATCH(ROWS($AD$32:AD2371),$AF:$AF,0)),\"\")","v":""},null,null,false,{"$f":"IF(AJ2371=TRUE,COUNTIF($AJ$32:AJ2371,TRUE()),\"\")","v":""},{"$f":"IFERROR(INDEX($AD:$AD,MATCH(ROWS($AD$32:AD2371),$AK:$AK,0)),\"\")","v":""},null,false,{"$f":"IF(AN2371=TRUE,COUNTIF($AN$32:AN2371,TRUE()),\"\")","v":""},{"$f":"IFERROR(INDEX($AD:$AD,MATCH(ROWS($AD$32:$AD2371),$AO:$AO,0)),\"\")","v":""}]
[null,null,null,null,null,null,null,null,null,null,null,null,null,null,null,null,null,null,null,null,null,null,null,null,null,null,null,null,null,{"$f":"'Baza klientów'!B2342","v":0},false,{"$f":"IF(AE2373=TRUE,COUNTIF($AE$32:AE2373,TRUE()),\"\")","v":""},{"$f":"IFERROR(INDEX($AD:$AD,MATCH(ROWS($AD$32:AD2373),$AF:$AF,0)),\"\")","v":""},null,null,false,{"$f":"IF(AJ2373=TRUE,COUNTIF($AJ$32:AJ2373,TRUE()),\"\")","v":""},{"$f":"IFERROR(INDEX($AD:$AD,MATCH(ROWS($AD$32:AD2373),$AK:$AK,0)),\"\")","v":""},null,false,{"$f":"IF(AN2373=TRUE,COUNTIF($AN$32:AN2373,TRUE()),\"\")","v":""},{"$f":"IFERROR(INDEX($AD:$AD,MATCH(ROWS($AD$32:$AD2373),$AO:$AO,0)),\"\")","v":""}]
[null,null,null,null,null,null,null,null,null,null,null,null,null,null,null,null,null,null,null,null,null,null,null,null,null,null,null,null,null,{"$f":"'Baza klientów'!B2347","v":0},false,{"$f":"IF(AE2378=TRUE,COUNTIF($AE$32:AE2378,TRUE()),\"\")","v":""},{"$f":"IFERROR(INDEX($AD:$AD,MATCH(ROWS($AD$32:AD2378),$AF:$AF,0)),\"\")","v":""},null,null,false,{"$f":"IF(AJ2378=TRUE,COUNTIF($AJ$32:AJ2378,TRUE()),\"\")","v":""},{"$f":"IFERROR(INDEX($AD:$AD,MATCH(ROWS($AD$32:AD2378),$AK:$AK,0)),\"\")","v":""},null,false,{"$f":"IF(AN2378=TRUE,COUNTIF($AN$32:AN2378,TRUE()),\"\")","v":""},{"$f":"IFERROR(INDEX($AD:$AD,MATCH(ROWS($AD$32:$AD2378),$AO:$AO,0)),\"\")","v":""}]
[null,null,null,null,null,null,null,null,null,null,null,null,null,null,null,null,null,null,null,null,null,null,null,null,null,null,null,null,null,{"$f":"'Baza klientów'!B2352","v":0},false,{"$f":"IF(AE2383=TRUE,COUNTIF($AE$32:AE2383,TRUE()),\"\")","v":""},{"$f":"IFERROR(INDEX($AD:$AD,MATCH(ROWS($AD$32:AD2383),$AF:$AF,0)),\"\")","v":""},null,null,false,{"$f":"IF(AJ2383=TRUE,COUNTIF($AJ$32:AJ2383,TRUE()),\"\")","v":""},{"$f":"IFERROR(INDEX($AD:$AD,MATCH(ROWS($AD$32:AD2383),$AK:$AK,0)),\"\")","v":""},null,false,{"$f":"IF(AN2383=TRUE,COUNTIF($AN$32:AN2383,TRUE()),\"\")","v":""},{"$f":"IFERROR(INDEX($AD:$AD,MATCH(ROWS($AD$32:$AD2383),$AO:$AO,0)),\"\")","v":""}]
[null,null,null,null,null,null,null,null,null,null,null,null,null,null,null,null,null,null,null,null,null,null,null,null,null,null,null,null,null,{"$f":"'Baza klientów'!B2356","v":0},false,{"$f":"IF(AE2387=TRUE,COUNTIF($AE$32:AE2387,TRUE()),\"\")","v":""},{"$f":"IFERROR(INDEX($AD:$AD,MATCH(ROWS($AD$32:AD2387),$AF:$AF,0)),\"\")","v":""},null,null,false,{"$f":"IF(AJ2387=TRUE,COUNTIF($AJ$32:AJ2387,TRUE()),\"\")","v":""},{"$f":"IFERROR(INDEX($AD:$AD,MATCH(ROWS($AD$32:AD2387),$AK:$AK,0)),\"\")","v":""},null,false,{"$f":"IF(AN2387=TRUE,COUNTIF($AN$32:AN2387,TRUE()),\"\")","v":""},{"$f":"IFERROR(INDEX($AD:$AD,MATCH(ROWS($AD$32:$AD2387),$AO:$AO,0)),\"\")","v":""}]
[null,null,null,null,null,null,null,null,null,null,null,null,null,null,null,null,null,null,null,null,null,null,null,null,null,null,null,null,null,{"$f":"'Baza klientów'!B2357","v":0},false,{"$f":"IF(AE2388=TRUE,COUNTIF($AE$32:AE2388,TRUE()),\"\")","v":""},{"$f":"IFERROR(INDEX($AD:$AD,MATCH(ROWS($AD$32:AD2388),$AF:$AF,0)),\"\")","v":""},null,null,false,{"$f":"IF(AJ2388=TRUE,COUNTIF($AJ$32:AJ2388,TRUE()),\"\")","v":""},{"$f":"IFERROR(INDEX($AD:$AD,MATCH(ROWS($AD$32:AD2388),$AK:$AK,0)),\"\")","v":""},null,false,{"$f":"IF(AN2388=TRUE,COUNTIF($AN$32:AN2388,TRUE()),\"\")","v":""},{"$f":"IFERROR(INDEX($AD:$AD,MATCH(ROWS($AD$32:$AD2388),$AO:$AO,0)),\"\")","v":""}]
[null,null,null,null,null,null,null,null,null,null,null,null,null,null,null,null,null,null,null,null,null,null,null,null,null,null,null,null,null,{"$f":"'Baza klientów'!B2362","v":0},false,{"$f":"IF(AE2393=TRUE,COUNTIF($AE$32:AE2393,TRUE()),\"\")","v":""},{"$f":"IFERROR(INDEX($AD:$AD,MATCH(ROWS($AD$32:AD2393),$AF:$AF,0)),\"\")","v":""},null,null,false,{"$f":"IF(AJ2393=TRUE,COUNTIF($AJ$32:AJ2393,TRUE()),\"\")","v":""},{"$f":"IFERROR(INDEX($AD:$AD,MATCH(ROWS($AD$32:AD2393),$AK:$AK,0)),\"\")","v":""},null,false,{"$f":"IF(AN2393=TRUE,COUNTIF($AN$32:AN2393,TRUE()),\"\")","v":""},{"$f":"IFERROR(INDEX($AD:$AD,MATCH(ROWS($AD$32:$AD2393),$AO:$AO,0)),\"\")","v":""}]
[null,null,null,null,null,null,null,null,null,null,null,null,null,null,null,null,null,null,null,null,null,null,null,null,null,null,null,null,null,{"$f":"'Baza klientów'!B2367","v":0},false,{"$f":"IF(AE2398=TRUE,COUNTIF($AE$32:AE2398,TRUE()),\"\")","v":""},{"$f":"IFERROR(INDEX($AD:$AD,MATCH(ROWS($AD$32:AD2398),$AF:$AF,0)),\"\")","v":""},null,null,false,{"$f":"IF(AJ2398=TRUE,COUNTIF($AJ$32:AJ2398,TRUE()),\"\")","v":""},{"$f":"IFERROR(INDEX($AD:$AD,MATCH(ROWS($AD$32:AD2398),$AK:$AK,0)),\"\")","v":""},null,false,{"$f":"IF(AN2398=TRUE,COUNTIF($AN$32:AN2398,TRUE()),\"\")","v":""},{"$f":"IFERROR(INDEX($AD:$AD,MATCH(ROWS($AD$32:$AD2398),$AO:$AO,0)),\"\")","v":""}]
[null,null,null,null,null,null,null,null,null,null,null,null,null,null,null,null,null,null,null,null,null,null,null,null,null,null,null,null,null,{"$f":"'Baza klientów'!B2372","v":0},false,{"$f":"IF(AE2403=TRUE,COUNTIF($AE$32:AE2403,TRUE()),\"\")","v":""},{"$f":"IFERROR(INDEX($AD:$AD,MATCH(ROWS($AD$32:AD2403),$AF:$AF,0)),\"\")","v":""},null,null,false,{"$f":"IF(AJ2403=TRUE,COUNTIF($AJ$32:AJ2403,TRUE()),\"\")","v":""},{"$f":"IFERROR(INDEX($AD:$AD,MATCH(ROWS($AD$32:AD2403),$AK:$AK,0)),\"\")","v":""},null,false,{"$f":"IF(AN2403=TRUE,COUNTIF($AN$32:AN2403,TRUE()),\"\")","v":""},{"$f":"IFERROR(INDEX($AD:$AD,MATCH(ROWS($AD$32:$AD2403),$AO:$AO,0)),\"\")","v":""}]
[null,null,null,null,null,null,null,null,null,null,null,null,null,null,null,null,null,null,null,null,null,null,null,null,null,null,null,null,null,{"$f":"'Baza klientów'!B2374","v":0},false,{"$f":"IF(AE2405=TRUE,COUNTIF($AE$32:AE2405,TRUE()),\"\")","v":""},{"$f":"IFERROR(INDEX($AD:$AD,MATCH(ROWS($AD$32:AD2405),$AF:$AF,0)),\"\")","v":""},null,null,false,{"$f":"IF(AJ2405=TRUE,COUNTIF($AJ$32:AJ2405,TRUE()),\"\")","v":""},{"$f":"IFERROR(INDEX($AD:$AD,MATCH(ROWS($AD$32:AD2405),$AK:$AK,0)),\"\")","v":""},null,false,{"$f":"IF(AN2405=TRUE,COUNTIF($AN$32:AN2405,TRUE()),\"\")","v":""},{"$f":"IFERROR(INDEX($AD:$AD,MATCH(ROWS($AD$32:$AD2405),$AO:$AO,0)),\"\")","v":""}]
[null,null,null,null,null,null,null,null,null,null,null,null,null,null,null,null,null,null,null,null,null,null,null,null,null,null,null,null,null,{"$f":"'Baza klientów'!B2377","v":0},false,{"$f":"IF(AE2408=TRUE,COUNTIF($AE$32:AE2408,TRUE()),\"\")","v":""},{"$f":"IFERROR(INDEX($AD:$AD,MATCH(ROWS($AD$32:AD2408),$AF:$AF,0)),\"\")","v":""},null,null,false,{"$f":"IF(AJ2408=TRUE,COUNTIF($AJ$32:AJ2408,TRUE()),\"\")","v":""},{"$f":"IFERROR(INDEX($AD:$AD,MATCH(ROWS($AD$32:AD2408),$AK:$AK,0)),\"\")","v":""},null,false,{"$f":"IF(AN2408=TRUE,COUNTIF($AN$32:AN2408,TRUE()),\"\")","v":""},{"$f":"IFERROR(INDEX($AD:$AD,MATCH(ROWS($AD$32:$AD2408),$AO:$AO,0)),\"\")","v":""}]
[null,null,null,null,null,null,null,null,null,null,null,null,null,null,null,null,null,null,null,null,null,null,null,null,null,null,null,null,null,{"$f":"'Baza klientów'!B2382","v":0},false,{"$f":"IF(AE2413=TRUE,COUNTIF($AE$32:AE2413,TRUE()),\"\")","v":""},{"$f":"IFERROR(INDEX($AD:$AD,MATCH(ROWS($AD$32:AD2413),$AF:$AF,0)),\"\")","v":""},null,null,false,{"$f":"IF(AJ2413=TRUE,COUNTIF($AJ$32:AJ2413,TRUE()),\"\")","v":""},{"$f":"IFERROR(INDEX($AD:$AD,MATCH(ROWS($AD$32:AD2413),$AK:$AK,0)),\"\")","v":""},null,false,{"$f":"IF(AN2413=TRUE,COUNTIF($AN$32:AN2413,TRUE()),\"\")","v":""},{"$f":"IFERROR(INDEX($AD:$AD,MATCH(ROWS($AD$32:$AD2413),$AO:$AO,0)),\"\")","v":""}]
[null,null,null,null,null,null,null,null,null,null,null,null,null,null,null,null,null,null,null,null,null,null,null,null,null,null,null,null,null,{"$f":"'Baza klientów'!B2387","v":0},false,{"$f":"IF(AE2418=TRUE,COUNTIF($AE$32:AE2418,TRUE()),\"\")","v":""},{"$f":"IFERROR(INDEX($AD:$AD,MATCH(ROWS($AD$32:AD2418),$AF:$AF,0)),\"\")","v":""},null,null,false,{"$f":"IF(AJ2418=TRUE,COUNTIF($AJ$32:AJ2418,TRUE()),\"\")","v":""},{"$f":"IFERROR(INDEX($AD:$AD,MATCH(ROWS($AD$32:AD2418),$AK:$AK,0)),\"\")","v":""},null,false,{"$f":"IF(AN2418=TRUE,COUNTIF($AN$32:AN2418,TRUE()),\"\")","v":""},{"$f":"IFERROR(INDEX($AD:$AD,MATCH(ROWS($AD$32:$AD2418),$AO:$AO,0)),\"\")","v":""}]
[null,null,null,null,null,null,null,null,null,null,null,null,null,null,null,null,null,null,null,null,null,null,null,null,null,null,null,null,null,{"$f":"'Baza klientów'!B2388","v":0},false,{"$f":"IF(AE2419=TRUE,COUNTIF($AE$32:AE2419,TRUE()),\"\")","v":""},{"$f":"IFERROR(INDEX($AD:$AD,MATCH(ROWS($AD$32:AD2419),$AF:$AF,0)),\"\")","v":""},null,null,false,{"$f":"IF(AJ2419=TRUE,COUNTIF($AJ$32:AJ2419,TRUE()),\"\")","v":""},{"$f":"IFERROR(INDEX($AD:$AD,MATCH(ROWS($AD$32:AD2419),$AK:$AK,0)),\"\")","v":""},null,false,{"$f":"IF(AN2419=TRUE,COUNTIF($AN$32:AN2419,TRUE()),\"\")","v":""},{"$f":"IFERROR(INDEX($AD:$AD,MATCH(ROWS($AD$32:$AD2419),$AO:$AO,0)),\"\")","v":""}]
[null,null,null,null,null,null,null,null,null,null,null,null,null,null,null,null,null,null,null,null,null,null,null,null,null,null,null,null,null,{"$f":"'Baza klientów'!B2392","v":0},false,{"$f":"IF(AE2423=TRUE,COUNTIF($AE$32:AE2423,TRUE()),\"\")","v":""},{"$f":"IFERROR(INDEX($AD:$AD,MATCH(ROWS($AD$32:AD2423),$AF:$AF,0)),\"\")","v":""},null,null,false,{"$f":"IF(AJ2423=TRUE,COUNTIF($AJ$32:AJ2423,TRUE()),\"\")","v":""},{"$f":"IFERROR(INDEX($AD:$AD,MATCH(ROWS($AD$32:AD2423),$AK:$AK,0)),\"\")","v":""},null,false,{"$f":"IF(AN2423=TRUE,COUNTIF($AN$32:AN2423,TRUE()),\"\")","v":""},{"$f":"IFERROR(INDEX($AD:$AD,MATCH(ROWS($AD$32:$AD2423),$AO:$AO,0)),\"\")","v":""}]
[null,null,null,null,null,null,null,null,null,null,null,null,null,null,null,null,null,null,null,null,null,null,null,null,null,null,null,null,null,{"$f":"'Baza klientów'!B2397","v":0},false,{"$f":"IF(AE2428=TRUE,COUNTIF($AE$32:AE2428,TRUE()),\"\")","v":""},{"$f":"IFERROR(INDEX($AD:$AD,MATCH(ROWS($AD$32:AD2428),$AF:$AF,0)),\"\")","v":""},null,null,false,{"$f":"IF(AJ2428=TRUE,COUNTIF($AJ$32:AJ2428,TRUE()),\"\")","v":""},{"$f":"IFERROR(INDEX($AD:$AD,MATCH(ROWS($AD$32:AD2428),$AK:$AK,0)),\"\")","v":""},null,false,{"$f":"IF(AN2428=TRUE,COUNTIF($AN$32:AN2428,TRUE()),\"\")","v":""},{"$f":"IFERROR(INDEX($AD:$AD,MATCH(ROWS($AD$32:$AD2428),$AO:$AO,0)),\"\")","v":""}]
[null,null,null,null,null,null,null,null,null,null,null,null,null,null,null,null,null,null,null,null,null,null,null,null,null,null,null,null,null,{"$f":"'Baza klientów'!B2402","v":0},false,{"$f":"IF(AE2433=TRUE,COUNTIF($AE$32:AE2433,TRUE()),\"\")","v":""},{"$f":"IFERROR(INDEX($AD:$AD,MATCH(ROWS($AD$32:AD2433),$AF:$AF,0)),\"\")","v":""},null,null,false,{"$f":"IF(AJ2433=TRUE,COUNTIF($AJ$32:AJ2433,TRUE()),\"\")","v":""},{"$f":"IFERROR(INDEX($AD:$AD,MATCH(ROWS($AD$32:AD2433),$AK:$AK,0)),\"\")","v":""},null,false,{"$f":"IF(AN2433=TRUE,COUNTIF($AN$32:AN2433,TRUE()),\"\")","v":""},{"$f":"IFERROR(INDEX($AD:$AD,MATCH(ROWS($AD$32:$AD2433),$AO:$AO,0)),\"\")","v":""}]
[null,null,null,null,null,null,null,null,null,null,null,null,null,null,null,null,null,null,null,null,null,null,null,null,null,null,null,null,null,{"$f":"'Baza klientów'!B2403","v":0},false,{"$f":"IF(AE2434=TRUE,COUNTIF($AE$32:AE2434,TRUE()),\"\")","v":""},{"$f":"IFERROR(INDEX($AD:$AD,MATCH(ROWS($AD$32:AD2434),$AF:$AF,0)),\"\")","v":""},null,null,false,{"$f":"IF(AJ2434=TRUE,COUNTIF($AJ$32:AJ2434,TRUE()),\"\")","v":""},{"$f":"IFERROR(INDEX($AD:$AD,MATCH(ROWS($AD$32:AD2434),$AK:$AK,0)),\"\")","v":""},null,false,{"$f":"IF(AN2434=TRUE,COUNTIF($AN$32:AN2434,TRUE()),\"\")","v":""},{"$f":"IFERROR(INDEX($AD:$AD,MATCH(ROWS($AD$32:$AD2434),$AO:$AO,0)),\"\")","v":""}]
[null,null,null,null,null,null,null,null,null,null,null,null,null,null,null,null,null,null,null,null,null,null,null,null,null,null,null,null,null,{"$f":"'Baza klientów'!B2409","v":0},false,{"$f":"IF(AE2440=TRUE,COUNTIF($AE$32:AE2440,TRUE()),\"\")","v":""},{"$f":"IFERROR(INDEX($AD:$AD,MATCH(ROWS($AD$32:AD2440),$AF:$AF,0)),\"\")","v":""},null,null,false,{"$f":"IF(AJ2440=TRUE,COUNTIF($AJ$32:AJ2440,TRUE()),\"\")","v":""},{"$f":"IFERROR(INDEX($AD:$AD,MATCH(ROWS($AD$32:AD2440),$AK:$AK,0)),\"\")","v":""},null,false,{"$f":"IF(AN2440=TRUE,COUNTIF($AN$32:AN2440,TRUE()),\"\")","v":""},{"$f":"IFERROR(INDEX($AD:$AD,MATCH(ROWS($AD$32:$AD2440),$AO:$AO,0)),\"\")","v":""}]
[null,null,null,null,null,null,null,null,null,null,null,null,null,null,null,null,null,null,null,null,null,null,null,null,null,null,null,null,null,{"$f":"'Baza klientów'!B2412","v":0},false,{"$f":"IF(AE2443=TRUE,COUNTIF($AE$32:AE2443,TRUE()),\"\")","v":""},{"$f":"IFERROR(INDEX($AD:$AD,MATCH(ROWS($AD$32:AD2443),$AF:$AF,0)),\"\")","v":""},null,null,false,{"$f":"IF(AJ2443=TRUE,COUNTIF($AJ$32:AJ2443,TRUE()),\"\")","v":""},{"$f":"IFERROR(INDEX($AD:$AD,MATCH(ROWS($AD$32:AD2443),$AK:$AK,0)),\"\")","v":""},null,false,{"$f":"IF(AN2443=TRUE,COUNTIF($AN$32:AN2443,TRUE()),\"\")","v":""},{"$f":"IFERROR(INDEX($AD:$AD,MATCH(ROWS($AD$32:$AD2443),$AO:$AO,0)),\"\")","v":""}]
[null,null,null,null,null,null,null,null,null,null,null,null,null,null,null,null,null,null,null,null,null,null,null,null,null,null,null,null,null,{"$f":"'Baza klientów'!B2417","v":0},false,{"$f":"IF(AE2448=TRUE,COUNTIF($AE$32:AE2448,TRUE()),\"\")","v":""},{"$f":"IFERROR(INDEX($AD:$AD,MATCH(ROWS($AD$32:AD2448),$AF:$AF,0)),\"\")","v":""},null,null,false,{"$f":"IF(AJ2448=TRUE,COUNTIF($AJ$32:AJ2448,TRUE()),\"\")","v":""},{"$f":"IFERROR(INDEX($AD:$AD,MATCH(ROWS($AD$32:AD2448),$AK:$AK,0)),\"\")","v":""},null,false,{"$f":"IF(AN2448=TRUE,COUNTIF($AN$32:AN2448,TRUE()),\"\")","v":""},{"$f":"IFERROR(INDEX($AD:$AD,MATCH(ROWS($AD$32:$AD2448),$AO:$AO,0)),\"\")","v":""}]
[null,null,null,null,null,null,null,null,null,null,null,null,null,null,null,null,null,null,null,null,null,null,null,null,null,null,null,null,null,{"$f":"'Baza klientów'!B2418","v":0},false,{"$f":"IF(AE2449=TRUE,COUNTIF($AE$32:AE2449,TRUE()),\"\")","v":""},{"$f":"IFERROR(INDEX($AD:$AD,MATCH(ROWS($AD$32:AD2449),$AF:$AF,0)),\"\")","v":""},null,null,false,{"$f":"IF(AJ2449=TRUE,COUNTIF($AJ$32:AJ2449,TRUE()),\"\")","v":""},{"$f":"IFERROR(INDEX($AD:$AD,MATCH(ROWS($AD$32:AD2449),$AK:$AK,0)),\"\")","v":""},null,false,{"$f":"IF(AN2449=TRUE,COUNTIF($AN$32:AN2449,TRUE()),\"\")","v":""},{"$f":"IFERROR(INDEX($AD:$AD,MATCH(ROWS($AD$32:$AD2449),$AO:$AO,0)),\"\")","v":""}]
[null,null,null,null,null,null,null,null,null,null,null,null,null,null,null,null,null,null,null,null,null,null,null,null,null,null,null,null,null,{"$f":"'Baza klientów'!B2423","v":0},false,{"$f":"IF(AE2454=TRUE,COUNTIF($AE$32:AE2454,TRUE()),\"\")","v":""},{"$f":"IFERROR(INDEX($AD:$AD,MATCH(ROWS($AD$32:AD2454),$AF:$AF,0)),\"\")","v":""},null,null,false,{"$f":"IF(AJ2454=TRUE,COUNTIF($AJ$32:AJ2454,TRUE()),\"\")","v":""},{"$f":"IFERROR(INDEX($AD:$AD,MATCH(ROWS($AD$32:AD2454),$AK:$AK,0)),\"\")","v":""},null,false,{"$f":"IF(AN2454=TRUE,COUNTIF($AN$32:AN2454,TRUE()),\"\")","v":""},{"$f":"IFERROR(INDEX($AD:$AD,MATCH(ROWS($AD$32:$AD2454),$AO:$AO,0)),\"\")","v":""}]
[null,null,null,null,null,null,null,null,null,null,null,null,null,null,null,null,null,null,null,null,null,null,null,null,null,null,null,null,null,{"$f":"'Baza klientów'!B2427","v":0},false,{"$f":"IF(AE2458=TRUE,COUNTIF($AE$32:AE2458,TRUE()),\"\")","v":""},{"$f":"IFERROR(INDEX($AD:$AD,MATCH(ROWS($AD$32:AD2458),$AF:$AF,0)),\"\")","v":""},null,null,false,{"$f":"IF(AJ2458=TRUE,COUNTIF($AJ$32:AJ2458,TRUE()),\"\")","v":""},{"$f":"IFERROR(INDEX($AD:$AD,MATCH(ROWS($AD$32:AD2458),$AK:$AK,0)),\"\")","v":""},null,false,{"$f":"IF(AN2458=TRUE,COUNTIF($AN$32:AN2458,TRUE()),\"\")","v":""},{"$f":"IFERROR(INDEX($AD:$AD,MATCH(ROWS($AD$32:$AD2458),$AO:$AO,0)),\"\")","v":""}]
[null,null,null,null,null,null,null,null,null,null,null,null,null,null,null,null,null,null,null,null,null,null,null,null,null,null,null,null,null,{"$f":"'Baza klientów'!B2432","v":0},false,{"$f":"IF(AE2463=TRUE,COUNTIF($AE$32:AE2463,TRUE()),\"\")","v":""},{"$f":"IFERROR(INDEX($AD:$AD,MATCH(ROWS($AD$32:AD2463),$AF:$AF,0)),\"\")","v":""},null,null,false,{"$f":"IF(AJ2463=TRUE,COUNTIF($AJ$32:AJ2463,TRUE()),\"\")","v":""},{"$f":"IFERROR(INDEX($AD:$AD,MATCH(ROWS($AD$32:AD2463),$AK:$AK,0)),\"\")","v":""},null,false,{"$f":"IF(AN2463=TRUE,COUNTIF($AN$32:AN2463,TRUE()),\"\")","v":""},{"$f":"IFERROR(INDEX($AD:$AD,MATCH(ROWS($AD$32:$AD2463),$AO:$AO,0)),\"\")","v":""}]
[null,null,null,null,null,null,null,null,null,null,null,null,null,null,null,null,null,null,null,null,null,null,null,null,null,null,null,null,null,{"$f":"'Baza klientów'!B2433","v":0},false,{"$f":"IF(AE2464=TRUE,COUNTIF($AE$32:AE2464,TRUE()),\"\")","v":""},{"$f":"IFERROR(INDEX($AD:$AD,MATCH(ROWS($AD$32:AD2464),$AF:$AF,0)),\"\")","v":""},null,null,false,{"$f":"IF(AJ2464=TRUE,COUNTIF($AJ$32:AJ2464,TRUE()),\"\")","v":""},{"$f":"IFERROR(INDEX($AD:$AD,MATCH(ROWS($AD$32:AD2464),$AK:$AK,0)),\"\")","v":""},null,false,{"$f":"IF(AN2464=TRUE,COUNTIF($AN$32:AN2464,TRUE()),\"\")","v":""},{"$f":"IFERROR(INDEX($AD:$AD,MATCH(ROWS($AD$32:$AD2464),$AO:$AO,0)),\"\")","v":""}]
[null,null,null,null,null,null,null,null,null,null,null,null,null,null,null,null,null,null,null,null,null,null,null,null,null,null,null,null,null,{"$f":"'Baza klientów'!B2438","v":0},false,{"$f":"IF(AE2469=TRUE,COUNTIF($AE$32:AE2469,TRUE()),\"\")","v":""},{"$f":"IFERROR(INDEX($AD:$AD,MATCH(ROWS($AD$32:AD2469),$AF:$AF,0)),\"\")","v":""},null,null,false,{"$f":"IF(AJ2469=TRUE,COUNTIF($AJ$32:AJ2469,TRUE()),\"\")","v":""},{"$f":"IFERROR(INDEX($AD:$AD,MATCH(ROWS($AD$32:AD2469),$AK:$AK,0)),\"\")","v":""},null,false,{"$f":"IF(AN2469=TRUE,COUNTIF($AN$32:AN2469,TRUE()),\"\")","v":""},{"$f":"IFERROR(INDEX($AD:$AD,MATCH(ROWS($AD$32:$AD2469),$AO:$AO,0)),\"\")","v":""}]
[null,null,null,null,null,null,null,null,null,null,null,null,null,null,null,null,null,null,null,null,null,null,null,null,null,null,null,null,null,{"$f":"'Baza klientów'!B2443","v":0},false,{"$f":"IF(AE2474=TRUE,COUNTIF($AE$32:AE2474,TRUE()),\"\")","v":""},{"$f":"IFERROR(INDEX($AD:$AD,MATCH(ROWS($AD$32:AD2474),$AF:$AF,0)),\"\")","v":""},null,null,false,{"$f":"IF(AJ2474=TRUE,COUNTIF($AJ$32:AJ2474,TRUE()),\"\")","v":""},{"$f":"IFERROR(INDEX($AD:$AD,MATCH(ROWS($AD$32:AD2474),$AK:$AK,0)),\"\")","v":""},null,false,{"$f":"IF(AN2474=TRUE,COUNTIF($AN$32:AN2474,TRUE()),\"\")","v":""},{"$f":"IFERROR(INDEX($AD:$AD,MATCH(ROWS($AD$32:$AD2474),$AO:$AO,0)),\"\")","v":""}]
[null,null,null,null,null,null,null,null,null,null,null,null,null,null,null,null,null,null,null,null,null,null,null,null,null,null,null,null,null,{"$f":"'Baza klientów'!B2447","v":0},false,{"$f":"IF(AE2478=TRUE,COUNTIF($AE$32:AE2478,TRUE()),\"\")","v":""},{"$f":"IFERROR(INDEX($AD:$AD,MATCH(ROWS($AD$32:AD2478),$AF:$AF,0)),\"\")","v":""},null,null,false,{"$f":"IF(AJ2478=TRUE,COUNTIF($AJ$32:AJ2478,TRUE()),\"\")","v":""},{"$f":"IFERROR(INDEX($AD:$AD,MATCH(ROWS($AD$32:AD2478),$AK:$AK,0)),\"\")","v":""},null,false,{"$f":"IF(AN2478=TRUE,COUNTIF($AN$32:AN2478,TRUE()),\"\")","v":""},{"$f":"IFERROR(INDEX($AD:$AD,MATCH(ROWS($AD$32:$AD2478),$AO:$AO,0)),\"\")","v":""}]
[null,null,null,null,null,null,null,null,null,null,null,null,null,null,null,null,null,null,null,null,null,null,null,null,null,null,null,null,null,{"$f":"'Baza klientów'!B2448","v":0},false,{"$f":"IF(AE2479=TRUE,COUNTIF($AE$32:AE2479,TRUE()),\"\")","v":""},{"$f":"IFERROR(INDEX($AD:$AD,MATCH(ROWS($AD$32:AD2479),$AF:$AF,0)),\"\")","v":""},null,null,false,{"$f":"IF(AJ2479=TRUE,COUNTIF($AJ$32:AJ2479,TRUE()),\"\")","v":""},{"$f":"IFERROR(INDEX($AD:$AD,MATCH(ROWS($AD$32:AD2479),$AK:$AK,0)),\"\")","v":""},null,false,{"$f":"IF(AN2479=TRUE,COUNTIF($AN$32:AN2479,TRUE()),\"\")","v":""},{"$f":"IFERROR(INDEX($AD:$AD,MATCH(ROWS($AD$32:$AD2479),$AO:$AO,0)),\"\")","v":""}]
[null,null,null,null,null,null,null,null,null,null,null,null,null,null,null,null,null,null,null,null,null,null,null,null,null,null,null,null,null,{"$f":"'Baza klientów'!B2453","v":0},false,{"$f":"IF(AE2484=TRUE,COUNTIF($AE$32:AE2484,TRUE()),\"\")","v":""},{"$f":"IFERROR(INDEX($AD:$AD,MATCH(ROWS($AD$32:AD2484),$AF:$AF,0)),\"\")","v":""},null,null,false,{"$f":"IF(AJ2484=TRUE,COUNTIF($AJ$32:AJ2484,TRUE()),\"\")","v":""},{"$f":"IFERROR(INDEX($AD:$AD,MATCH(ROWS($AD$32:AD2484),$AK:$AK,0)),\"\")","v":""},null,false,{"$f":"IF(AN2484=TRUE,COUNTIF($AN$32:AN2484,TRUE()),\"\")","v":""},{"$f":"IFERROR(INDEX($AD:$AD,MATCH(ROWS($AD$32:$AD2484),$AO:$AO,0)),\"\")","v":""}]
[null,null,null,null,null,null,null,null,null,null,null,null,null,null,null,null,null,null,null,null,null,null,null,null,null,null,null,null,null,{"$f":"'Baza klientów'!B2458","v":0},false,{"$f":"IF(AE2489=TRUE,COUNTIF($AE$32:AE2489,TRUE()),\"\")","v":""},{"$f":"IFERROR(INDEX($AD:$AD,MATCH(ROWS($AD$32:AD2489),$AF:$AF,0)),\"\")","v":""},null,null,false,{"$f":"IF(AJ2489=TRUE,COUNTIF($AJ$32:AJ2489,TRUE()),\"\")","v":""},{"$f":"IFERROR(INDEX($AD:$AD,MATCH(ROWS($AD$32:AD2489),$AK:$AK,0)),\"\")","v":""},null,false,{"$f":"IF(AN2489=TRUE,COUNTIF($AN$32:AN2489,TRUE()),\"\")","v":""},{"$f":"IFERROR(INDEX($AD:$AD,MATCH(ROWS($AD$32:$AD2489),$AO:$AO,0)),\"\")","v":""}]
[null,null,null,null,null,null,null,null,null,null,null,null,null,null,null,null,null,null,null,null,null,null,null,null,null,null,null,null,null,{"$f":"'Baza klientów'!B2461","v":0},false,{"$f":"IF(AE2492=TRUE,COUNTIF($AE$32:AE2492,TRUE()),\"\")","v":""},{"$f":"IFERROR(INDEX($AD:$AD,MATCH(ROWS($AD$32:AD2492),$AF:$AF,0)),\"\")","v":""},null,null,false,{"$f":"IF(AJ2492=TRUE,COUNTIF($AJ$32:AJ2492,TRUE()),\"\")","v":""},{"$f":"IFERROR(INDEX($AD:$AD,MATCH(ROWS($AD$32:AD2492),$AK:$AK,0)),\"\")","v":""},null,false,{"$f":"IF(AN2492=TRUE,COUNTIF($AN$32:AN2492,TRUE()),\"\")","v":""},{"$f":"IFERROR(INDEX($AD:$AD,MATCH(ROWS($AD$32:$AD2492),$AO:$AO,0)),\"\")","v":""}]
[null,null,null,null,null,null,null,null,null,null,null,null,null,null,null,null,null,null,null,null,null,null,null,null,null,null,null,null,null,{"$f":"'Baza klientów'!B2463","v":0},false,{"$f":"IF(AE2494=TRUE,COUNTIF($AE$32:AE2494,TRUE()),\"\")","v":""},{"$f":"IFERROR(INDEX($AD:$AD,MATCH(ROWS($AD$32:AD2494),$AF:$AF,0)),\"\")","v":""},null,null,false,{"$f":"IF(AJ2494=TRUE,COUNTIF($AJ$32:AJ2494,TRUE()),\"\")","v":""},{"$f":"IFERROR(INDEX($AD:$AD,MATCH(ROWS($AD$32:AD2494),$AK:$AK,0)),\"\")","v":""},null,false,{"$f":"IF(AN2494=TRUE,COUNTIF($AN$32:AN2494,TRUE()),\"\")","v":""},{"$f":"IFERROR(INDEX($AD:$AD,MATCH(ROWS($AD$32:$AD2494),$AO:$AO,0)),\"\")","v":""}]
[null,null,null,null,null,null,null,null,null,null,null,null,null,null,null,null,null,null,null,null,null,null,null,null,null,null,null,null,null,{"$f":"'Baza klientów'!B2468","v":0},false,{"$f":"IF(AE2499=TRUE,COUNTIF($AE$32:AE2499,TRUE()),\"\")","v":""},{"$f":"IFERROR(INDEX($AD:$AD,MATCH(ROWS($AD$32:AD2499),$AF:$AF,0)),\"\")","v":""},null,null,false,{"$f":"IF(AJ2499=TRUE,COUNTIF($AJ$32:AJ2499,TRUE()),\"\")","v":""},{"$f":"IFERROR(INDEX($AD:$AD,MATCH(ROWS($AD$32:AD2499),$AK:$AK,0)),\"\")","v":""},null,false,{"$f":"IF(AN2499=TRUE,COUNTIF($AN$32:AN2499,TRUE()),\"\")","v":""},{"$f":"IFERROR(INDEX($AD:$AD,MATCH(ROWS($AD$32:$AD2499),$AO:$AO,0)),\"\")","v":""}]
[null,null,null,null,null,null,null,null,null,null,null,null,null,null,null,null,null,null,null,null,null,null,null,null,null,null,null,null,null,{"$f":"'Baza klientów'!B2473","v":0},false,{"$f":"IF(AE2504=TRUE,COUNTIF($AE$32:AE2504,TRUE()),\"\")","v":""},{"$f":"IFERROR(INDEX($AD:$AD,MATCH(ROWS($AD$32:AD2504),$AF:$AF,0)),\"\")","v":""},null,null,false,{"$f":"IF(AJ2504=TRUE,COUNTIF($AJ$32:AJ2504,TRUE()),\"\")","v":""},{"$f":"IFERROR(INDEX($AD:$AD,MATCH(ROWS($AD$32:AD2504),$AK:$AK,0)),\"\")","v":""},null,false,{"$f":"IF(AN2504=TRUE,COUNTIF($AN$32:AN2504,TRUE()),\"\")","v":""},{"$f":"IFERROR(INDEX($AD:$AD,MATCH(ROWS($AD$32:$AD2504),$AO:$AO,0)),\"\")","v":""}]
[null,null,null,null,null,null,null,null,null,null,null,null,null,null,null,null,null,null,null,null,null,null,null,null,null,null,null,null,null,{"$f":"'Baza klientów'!B2478","v":0},false,{"$f":"IF(AE2509=TRUE,COUNTIF($AE$32:AE2509,TRUE()),\"\")","v":""},{"$f":"IFERROR(INDEX($AD:$AD,MATCH(ROWS($AD$32:AD2509),$AF:$AF,0)),\"\")","v":""},null,null,false,{"$f":"IF(AJ2509=TRUE,COUNTIF($AJ$32:AJ2509,TRUE()),\"\")","v":""},{"$f":"IFERROR(INDEX($AD:$AD,MATCH(ROWS($AD$32:AD2509),$AK:$AK,0)),\"\")","v":""},null,false,{"$f":"IF(AN2509=TRUE,COUNTIF($AN$32:AN2509,TRUE()),\"\")","v":""},{"$f":"IFERROR(INDEX($AD:$AD,MATCH(ROWS($AD$32:$AD2509),$AO:$AO,0)),\"\")","v":""}]
[null,null,null,null,null,null,null,null,null,null,null,null,null,null,null,null,null,null,null,null,null,null,null,null,null,null,null,null,null,{"$f":"'Baza klientów'!B2479","v":0},false,{"$f":"IF(AE2510=TRUE,COUNTIF($AE$32:AE2510,TRUE()),\"\")","v":""},{"$f":"IFERROR(INDEX($AD:$AD,MATCH(ROWS($AD$32:AD2510),$AF:$AF,0)),\"\")","v":""},null,null,false,{"$f":"IF(AJ2510=TRUE,COUNTIF($AJ$32:AJ2510,TRUE()),\"\")","v":""},{"$f":"IFERROR(INDEX($AD:$AD,MATCH(ROWS($AD$32:AD2510),$AK:$AK,0)),\"\")","v":""},null,false,{"$f":"IF(AN2510=TRUE,COUNTIF($AN$32:AN2510,TRUE()),\"\")","v":""},{"$f":"IFERROR(INDEX($AD:$AD,MATCH(ROWS($AD$32:$AD2510),$AO:$AO,0)),\"\")","v":""}]
[null,null,null,null,null,null,null,null,null,null,null,null,null,null,null,null,null,null,null,null,null,null,null,null,null,null,null,null,null,{"$f":"'Baza klientów'!B2483","v":0},false,{"$f":"IF(AE2514=TRUE,COUNTIF($AE$32:AE2514,TRUE()),\"\")","v":""},{"$f":"IFERROR(INDEX($AD:$AD,MATCH(ROWS($AD$32:AD2514),$AF:$AF,0)),\"\")","v":""},null,null,false,{"$f":"IF(AJ2514=TRUE,COUNTIF($AJ$32:AJ2514,TRUE()),\"\")","v":""},{"$f":"IFERROR(INDEX($AD:$AD,MATCH(ROWS($AD$32:AD2514),$AK:$AK,0)),\"\")","v":""},null,false,{"$f":"IF(AN2514=TRUE,COUNTIF($AN$32:AN2514,TRUE()),\"\")","v":""},{"$f":"IFERROR(INDEX($AD:$AD,MATCH(ROWS($AD$32:$AD2514),$AO:$AO,0)),\"\")","v":""}]
[null,null,null,null,null,null,null,null,null,null,null,null,null,null,null,null,null,null,null,null,null,null,null,null,null,null,null,null,null,{"$f":"'Baza klientów'!B2488","v":0},false,{"$f":"IF(AE2519=TRUE,COUNTIF($AE$32:AE2519,TRUE()),\"\")","v":""},{"$f":"IFERROR(INDEX($AD:$AD,MATCH(ROWS($AD$32:AD2519),$AF:$AF,0)),\"\")","v":""},null,null,false,{"$f":"IF(AJ2519=TRUE,COUNTIF($AJ$32:AJ2519,TRUE()),\"\")","v":""},{"$f":"IFERROR(INDEX($AD:$AD,MATCH(ROWS($AD$32:AD2519),$AK:$AK,0)),\"\")","v":""},null,false,{"$f":"IF(AN2519=TRUE,COUNTIF($AN$32:AN2519,TRUE()),\"\")","v":""},{"$f":"IFERROR(INDEX($AD:$AD,MATCH(ROWS($AD$32:$AD2519),$AO:$AO,0)),\"\")","v":""}]
[null,null,null,null,null,null,null,null,null,null,null,null,null,null,null,null,null,null,null,null,null,null,null,null,null,null,null,null,null,{"$f":"'Baza klientów'!B2493","v":0},false,{"$f":"IF(AE2524=TRUE,COUNTIF($AE$32:AE2524,TRUE()),\"\")","v":""},{"$f":"IFERROR(INDEX($AD:$AD,MATCH(ROWS($AD$32:AD2524),$AF:$AF,0)),\"\")","v":""},null,null,false,{"$f":"IF(AJ2524=TRUE,COUNTIF($AJ$32:AJ2524,TRUE()),\"\")","v":""},{"$f":"IFERROR(INDEX($AD:$AD,MATCH(ROWS($AD$32:AD2524),$AK:$AK,0)),\"\")","v":""},null,false,{"$f":"IF(AN2524=TRUE,COUNTIF($AN$32:AN2524,TRUE()),\"\")","v":""},{"$f":"IFERROR(INDEX($AD:$AD,MATCH(ROWS($AD$32:$AD2524),$AO:$AO,0)),\"\")","v":""}]
[null,null,null,null,null,null,null,null,null,null,null,null,null,null,null,null,null,null,null,null,null,null,null,null,null,null,null,null,null,{"$f":"'Baza klientów'!B2495","v":0},false,{"$f":"IF(AE2526=TRUE,COUNTIF($AE$32:AE2526,TRUE()),\"\")","v":""},{"$f":"IFERROR(INDEX($AD:$AD,MATCH(ROWS($AD$32:AD2526),$AF:$AF,0)),\"\")","v":""},null,null,false,{"$f":"IF(AJ2526=TRUE,COUNTIF($AJ$32:AJ2526,TRUE()),\"\")","v":""},{"$f":"IFERROR(INDEX($AD:$AD,MATCH(ROWS($AD$32:AD2526),$AK:$AK,0)),\"\")","v":""},null,false,{"$f":"IF(AN2526=TRUE,COUNTIF($AN$32:AN2526,TRUE()),\"\")","v":""},{"$f":"IFERROR(INDEX($AD:$AD,MATCH(ROWS($AD$32:$AD2526),$AO:$AO,0)),\"\")","v":""}]
[null,null,null,null,null,null,null,null,null,null,null,null,null,null,null,null,null,null,null,null,null,null,null,null,null,null,null,null,null,{"$f":"'Baza klientów'!B2498","v":0},{"$f":"ISNUMBER(SEARCH($AH$32,AD2529))","v":false},{"$f":"IF(AE2529=TRUE,COUNTIF($AE$32:AE2529,TRUE()),\"\")","v":""},{"$f":"IFERROR(INDEX($AD:$AD,MATCH(ROWS($AD$32:AD2529),$AF:$AF,0)),\"\")","v":""},null,null,{"$f":"ISNUMBER(SEARCH($AM$31,AD2529))","v":false},{"$f":"IF(AJ2529=TRUE,COUNTIF($AJ$32:AJ2529,TRUE()),\"\")","v":""},{"$f":"IFERROR(INDEX($AD:$AD,MATCH(ROWS($AD$32:AD2529),$AK:$AK,0)),\"\")","v":""},null,{"$f":"ISNUMBER(SEARCH($AQ$31,$AD2529))","v":false},{"$f":"IF(AN2529=TRUE,COUNTIF($AN$32:AN2529,TRUE()),\"\")","v":""},{"$f":"IFERROR(INDEX($AD:$AD,MATCH(ROWS($AD$32:$AD2529),$AO:$AO,0)),\"\")","v":""}]
[null,null,null,null,null,null,null,null,null,null,null,null,null,null,null,null,null,null,null,null,null,null,null,null,null,null,null,null,null,{"$f":"'Baza klientów'!B2503","v":0},false,{"$f":"IF(AE2534=TRUE,COUNTIF($AE$32:AE2534,TRUE()),\"\")","v":""},{"$f":"IFERROR(INDEX($AD:$AD,MATCH(ROWS($AD$32:AD2534),$AF:$AF,0)),\"\")","v":""},null,null,false,{"$f":"IF(AJ2534=TRUE,COUNTIF($AJ$32:AJ2534,TRUE()),\"\")","v":""},{"$f":"IFERROR(INDEX($AD:$AD,MATCH(ROWS($AD$32:AD2534),$AK:$AK,0)),\"\")","v":""},null,false,{"$f":"IF(AN2534=TRUE,COUNTIF($AN$32:AN2534,TRUE()),\"\")","v":""},{"$f":"IFERROR(INDEX($AD:$AD,MATCH(ROWS($AD$32:$AD2534),$AO:$AO,0)),\"\")","v":""}]
[null,null,null,null,null,null,null,null,null,null,null,null,null,null,null,null,null,null,null,null,null,null,null,null,null,null,null,null,null,{"$f":"'Baza klientów'!B2508","v":0},false,{"$f":"IF(AE2539=TRUE,COUNTIF($AE$32:AE2539,TRUE()),\"\")","v":""},{"$f":"IFERROR(INDEX($AD:$AD,MATCH(ROWS($AD$32:AD2539),$AF:$AF,0)),\"\")","v":""},null,null,false,{"$f":"IF(AJ2539=TRUE,COUNTIF($AJ$32:AJ2539,TRUE()),\"\")","v":""},{"$f":"IFERROR(INDEX($AD:$AD,MATCH(ROWS($AD$32:AD2539),$AK:$AK,0)),\"\")","v":""},null,false,{"$f":"IF(AN2539=TRUE,COUNTIF($AN$32:AN2539,TRUE()),\"\")","v":""},{"$f":"IFERROR(INDEX($AD:$AD,MATCH(ROWS($AD$32:$AD2539),$AO:$AO,0)),\"\")","v":""}]
[null,null,null,null,null,null,null,null,null,null,null,null,null,null,null,null,null,null,null,null,null,null,null,null,null,null,null,null,null,{"$f":"'Baza klientów'!B2509","v":0},false,{"$f":"IF(AE2540=TRUE,COUNTIF($AE$32:AE2540,TRUE()),\"\")","v":""},{"$f":"IFERROR(INDEX($AD:$AD,MATCH(ROWS($AD$32:AD2540),$AF:$AF,0)),\"\")","v":""},null,null,false,{"$f":"IF(AJ2540=TRUE,COUNTIF($AJ$32:AJ2540,TRUE()),\"\")","v":""},{"$f":"IFERROR(INDEX($AD:$AD,MATCH(ROWS($AD$32:AD2540),$AK:$AK,0)),\"\")","v":""},null,false,{"$f":"IF(AN2540=TRUE,COUNTIF($AN$32:AN2540,TRUE()),\"\")","v":""},{"$f":"IFERROR(INDEX($AD:$AD,MATCH(ROWS($AD$32:$AD2540),$AO:$AO,0)),\"\")","v":""}]
[null,null,null,null,null,null,null,null,null,null,null,null,null,null,null,null,null,null,null,null,null,null,null,null,null,null,null,null,null,{"$f":"'Baza klientów'!B2513","v":0},false,{"$f":"IF(AE2544=TRUE,COUNTIF($AE$32:AE2544,TRUE()),\"\")","v":""},{"$f":"IFERROR(INDEX($AD:$AD,MATCH(ROWS($AD$32:AD2544),$AF:$AF,0)),\"\")","v":""},null,null,false,{"$f":"IF(AJ2544=TRUE,COUNTIF($AJ$32:AJ2544,TRUE()),\"\")","v":""},{"$f":"IFERROR(INDEX($AD:$AD,MATCH(ROWS($AD$32:AD2544),$AK:$AK,0)),\"\")","v":""},null,false,{"$f":"IF(AN2544=TRUE,COUNTIF($AN$32:AN2544,TRUE()),\"\")","v":""},{"$f":"IFERROR(INDEX($AD:$AD,MATCH(ROWS($AD$32:$AD2544),$AO:$AO,0)),\"\")","v":""}]
[null,null,null,null,null,null,null,null,null,null,null,null,null,null,null,null,null,null,null,null,null,null,null,null,null,null,null,null,null,{"$f":"'Baza klientów'!B2518","v":0},false,{"$f":"IF(AE2549=TRUE,COUNTIF($AE$32:AE2549,TRUE()),\"\")","v":""},{"$f":"IFERROR(INDEX($AD:$AD,MATCH(ROWS($AD$32:AD2549),$AF:$AF,0)),\"\")","v":""},null,null,false,{"$f":"IF(AJ2549=TRUE,COUNTIF($AJ$32:AJ2549,TRUE()),\"\")","v":""},{"$f":"IFERROR(INDEX($AD:$AD,MATCH(ROWS($AD$32:AD2549),$AK:$AK,0)),\"\")","v":""},null,false,{"$f":"IF(AN2549=TRUE,COUNTIF($AN$32:AN2549,TRUE()),\"\")","v":""},{"$f":"IFERROR(INDEX($AD:$AD,MATCH(ROWS($AD$32:$AD2549),$AO:$AO,0)),\"\")","v":""}]
[null,null,null,null,null,null,null,null,null,null,null,null,null,null,null,null,null,null,null,null,null,null,null,null,null,null,null,null,null,{"$f":"'Baza klientów'!B2523","v":0},false,{"$f":"IF(AE2554=TRUE,COUNTIF($AE$32:AE2554,TRUE()),\"\")","v":""},{"$f":"IFERROR(INDEX($AD:$AD,MATCH(ROWS($AD$32:AD2554),$AF:$AF,0)),\"\")","v":""},null,null,false,{"$f":"IF(AJ2554=TRUE,COUNTIF($AJ$32:AJ2554,TRUE()),\"\")","v":""},{"$f":"IFERROR(INDEX($AD:$AD,MATCH(ROWS($AD$32:AD2554),$AK:$AK,0)),\"\")","v":""},null,false,{"$f":"IF(AN2554=TRUE,COUNTIF($AN$32:AN2554,TRUE()),\"\")","v":""},{"$f":"IFERROR(INDEX($AD:$AD,MATCH(ROWS($AD$32:$AD2554),$AO:$AO,0)),\"\")","v":""}]
[null,null,null,null,null,null,null,null,null,null,null,null,null,null,null,null,null,null,null,null,null,null,null,null,null,null,null,null,null,{"$f":"'Baza klientów'!B2524","v":0},false,{"$f":"IF(AE2555=TRUE,COUNTIF($AE$32:AE2555,TRUE()),\"\")","v":""},{"$f":"IFERROR(INDEX($AD:$AD,MATCH(ROWS($AD$32:AD2555),$AF:$AF,0)),\"\")","v":""},null,null,false,{"$f":"IF(AJ2555=TRUE,COUNTIF($AJ$32:AJ2555,TRUE()),\"\")","v":""},{"$f":"IFERROR(INDEX($AD:$AD,MATCH(ROWS($AD$32:AD2555),$AK:$AK,0)),\"\")","v":""},null,false,{"$f":"IF(AN2555=TRUE,COUNTIF($AN$32:AN2555,TRUE()),\"\")","v":""},{"$f":"IFERROR(INDEX($AD:$AD,MATCH(ROWS($AD$32:$AD2555),$AO:$AO,0)),\"\")","v":""}]
[null,null,null,null,null,null,null,null,null,null,null,null,null,null,null,null,null,null,null,null,null,null,null,null,null,null,null,null,null,{"$f":"'Baza klientów'!B2530","v":0},false,{"$f":"IF(AE2561=TRUE,COUNTIF($AE$32:AE2561,TRUE()),\"\")","v":""},{"$f":"IFERROR(INDEX($AD:$AD,MATCH(ROWS($AD$32:AD2561),$AF:$AF,0)),\"\")","v":""},null,null,false,{"$f":"IF(AJ2561=TRUE,COUNTIF($AJ$32:AJ2561,TRUE()),\"\")","v":""},{"$f":"IFERROR(INDEX($AD:$AD,MATCH(ROWS($AD$32:AD2561),$AK:$AK,0)),\"\")","v":""},null,false,{"$f":"IF(AN2561=TRUE,COUNTIF($AN$32:AN2561,TRUE()),\"\")","v":""},{"$f":"IFERROR(INDEX($AD:$AD,MATCH(ROWS($AD$32:$AD2561),$AO:$AO,0)),\"\")","v":""}]
[null,null,null,null,null,null,null,null,null,null,null,null,null,null,null,null,null,null,null,null,null,null,null,null,null,null,null,null,null,{"$f":"'Baza klientów'!B2533","v":0},false,{"$f":"IF(AE2564=TRUE,COUNTIF($AE$32:AE2564,TRUE()),\"\")","v":""},{"$f":"IFERROR(INDEX($AD:$AD,MATCH(ROWS($AD$32:AD2564),$AF:$AF,0)),\"\")","v":""},null,null,false,{"$f":"IF(AJ2564=TRUE,COUNTIF($AJ$32:AJ2564,TRUE()),\"\")","v":""},{"$f":"IFERROR(INDEX($AD:$AD,MATCH(ROWS($AD$32:AD2564),$AK:$AK,0)),\"\")","v":""},null,false,{"$f":"IF(AN2564=TRUE,COUNTIF($AN$32:AN2564,TRUE()),\"\")","v":""},{"$f":"IFERROR(INDEX($AD:$AD,MATCH(ROWS($AD$32:$AD2564),$AO:$AO,0)),\"\")","v":""}]
[null,null,null,null,null,null,null,null,null,null,null,null,null,null,null,null,null,null,null,null,null,null,null,null,null,null,null,null,null,{"$f":"'Baza klientów'!B2538","v":0},false,{"$f":"IF(AE2569=TRUE,COUNTIF($AE$32:AE2569,TRUE()),\"\")","v":""},{"$f":"IFERROR(INDEX($AD:$AD,MATCH(ROWS($AD$32:AD2569),$AF:$AF,0)),\"\")","v":""},null,null,false,{"$f":"IF(AJ2569=TRUE,COUNTIF($AJ$32:AJ2569,TRUE()),\"\")","v":""},{"$f":"IFERROR(INDEX($AD:$AD,MATCH(ROWS($AD$32:AD2569),$AK:$AK,0)),\"\")","v":""},null,false,{"$f":"IF(AN2569=TRUE,COUNTIF($AN$32:AN2569,TRUE()),\"\")","v":""},{"$f":"IFERROR(INDEX($AD:$AD,MATCH(ROWS($AD$32:$AD2569),$AO:$AO,0)),\"\")","v":""}]
[null,null,null,null,null,null,null,null,null,null,null,null,null,null,null,null,null,null,null,null,null,null,null,null,null,null,null,null,null,{"$f":"'Baza klientów'!B2539","v":0},false,{"$f":"IF(AE2570=TRUE,COUNTIF($AE$32:AE2570,TRUE()),\"\")","v":""},{"$f":"IFERROR(INDEX($AD:$AD,MATCH(ROWS($AD$32:AD2570),$AF:$AF,0)),\"\")","v":""},null,null,false,{"$f":"IF(AJ2570=TRUE,COUNTIF($AJ$32:AJ2570,TRUE()),\"\")","v":""},{"$f":"IFERROR(INDEX($AD:$AD,MATCH(ROWS($AD$32:AD2570),$AK:$AK,0)),\"\")","v":""},null,false,{"$f":"IF(AN2570=TRUE,COUNTIF($AN$32:AN2570,TRUE()),\"\")","v":""},{"$f":"IFERROR(INDEX($AD:$AD,MATCH(ROWS($AD$32:$AD2570),$AO:$AO,0)),\"\")","v":""}]
[null,null,null,null,null,null,null,null,null,null,null,null,null,null,null,null,null,null,null,null,null,null,null,null,null,null,null,null,null,{"$f":"'Baza klientów'!B2544","v":0},false,{"$f":"IF(AE2575=TRUE,COUNTIF($AE$32:AE2575,TRUE()),\"\")","v":""},{"$f":"IFERROR(INDEX($AD:$AD,MATCH(ROWS($AD$32:AD2575),$AF:$AF,0)),\"\")","v":""},null,null,false,{"$f":"IF(AJ2575=TRUE,COUNTIF($AJ$32:AJ2575,TRUE()),\"\")","v":""},{"$f":"IFERROR(INDEX($AD:$AD,MATCH(ROWS($AD$32:AD2575),$AK:$AK,0)),\"\")","v":""},null,false,{"$f":"IF(AN2575=TRUE,COUNTIF($AN$32:AN2575,TRUE()),\"\")","v":""},{"$f":"IFERROR(INDEX($AD:$AD,MATCH(ROWS($AD$32:$AD2575),$AO:$AO,0)),\"\")","v":""}]
[null,null,null,null,null,null,null,null,null,null,null,null,null,null,null,null,null,null,null,null,null,null,null,null,null,null,null,null,null,{"$f":"'Baza klientów'!B2548","v":0},false,{"$f":"IF(AE2579=TRUE,COUNTIF($AE$32:AE2579,TRUE()),\"\")","v":""},{"$f":"IFERROR(INDEX($AD:$AD,MATCH(ROWS($AD$32:AD2579),$AF:$AF,0)),\"\")","v":""},null,null,false,{"$f":"IF(AJ2579=TRUE,COUNTIF($AJ$32:AJ2579,TRUE()),\"\")","v":""},{"$f":"IFERROR(INDEX($AD:$AD,MATCH(ROWS($AD$32:AD2579),$AK:$AK,0)),\"\")","v":""},null,false,{"$f":"IF(AN2579=TRUE,COUNTIF($AN$32:AN2579,TRUE()),\"\")","v":""},{"$f":"IFERROR(INDEX($AD:$AD,MATCH(ROWS($AD$32:$AD2579),$AO:$AO,0)),\"\")","v":""}]
[null,null,null,null,null,null,null,null,null,null,null,null,null,null,null,null,null,null,null,null,null,null,null,null,null,null,null,null,null,{"$f":"'Baza klientów'!B2553","v":0},false,{"$f":"IF(AE2584=TRUE,COUNTIF($AE$32:AE2584,TRUE()),\"\")","v":""},{"$f":"IFERROR(INDEX($AD:$AD,MATCH(ROWS($AD$32:AD2584),$AF:$AF,0)),\"\")","v":""},null,null,false,{"$f":"IF(AJ2584=TRUE,COUNTIF($AJ$32:AJ2584,TRUE()),\"\")","v":""},{"$f":"IFERROR(INDEX($AD:$AD,MATCH(ROWS($AD$32:AD2584),$AK:$AK,0)),\"\")","v":""},null,false,{"$f":"IF(AN2584=TRUE,COUNTIF($AN$32:AN2584,TRUE()),\"\")","v":""},{"$f":"IFERROR(INDEX($AD:$AD,MATCH(ROWS($AD$32:$AD2584),$AO:$AO,0)),\"\")","v":""}]
[null,null,null,null,null,null,null,null,null,null,null,null,null,null,null,null,null,null,null,null,null,null,null,null,null,null,null,null,null,{"$f":"'Baza klientów'!B2554","v":0},false,{"$f":"IF(AE2585=TRUE,COUNTIF($AE$32:AE2585,TRUE()),\"\")","v":""},{"$f":"IFERROR(INDEX($AD:$AD,MATCH(ROWS($AD$32:AD2585),$AF:$AF,0)),\"\")","v":""},null,null,false,{"$f":"IF(AJ2585=TRUE,COUNTIF($AJ$32:AJ2585,TRUE()),\"\")","v":""},{"$f":"IFERROR(INDEX($AD:$AD,MATCH(ROWS($AD$32:AD2585),$AK:$AK,0)),\"\")","v":""},null,false,{"$f":"IF(AN2585=TRUE,COUNTIF($AN$32:AN2585,TRUE()),\"\")","v":""},{"$f":"IFERROR(INDEX($AD:$AD,MATCH(ROWS($AD$32:$AD2585),$AO:$AO,0)),\"\")","v":""}]
[null,null,null,null,null,null,null,null,null,null,null,null,null,null,null,null,null,null,null,null,null,null,null,null,null,null,null,null,null,{"$f":"'Baza klientów'!B2559","v":0},false,{"$f":"IF(AE2590=TRUE,COUNTIF($AE$32:AE2590,TRUE()),\"\")","v":""},{"$f":"IFERROR(INDEX($AD:$AD,MATCH(ROWS($AD$32:AD2590),$AF:$AF,0)),\"\")","v":""},null,null,false,{"$f":"IF(AJ2590=TRUE,COUNTIF($AJ$32:AJ2590,TRUE()),\"\")","v":""},{"$f":"IFERROR(INDEX($AD:$AD,MATCH(ROWS($AD$32:AD2590),$AK:$AK,0)),\"\")","v":""},null,false,{"$f":"IF(AN2590=TRUE,COUNTIF($AN$32:AN2590,TRUE()),\"\")","v":""},{"$f":"IFERROR(INDEX($AD:$AD,MATCH(ROWS($AD$32:$AD2590),$AO:$AO,0)),\"\")","v":""}]
[null,null,null,null,null,null,null,null,null,null,null,null,null,null,null,null,null,null,null,null,null,null,null,null,null,null,null,null,null,{"$f":"'Baza klientów'!B2564","v":0},false,{"$f":"IF(AE2595=TRUE,COUNTIF($AE$32:AE2595,TRUE()),\"\")","v":""},{"$f":"IFERROR(INDEX($AD:$AD,MATCH(ROWS($AD$32:AD2595),$AF:$AF,0)),\"\")","v":""},null,null,false,{"$f":"IF(AJ2595=TRUE,COUNTIF($AJ$32:AJ2595,TRUE()),\"\")","v":""},{"$f":"IFERROR(INDEX($AD:$AD,MATCH(ROWS($AD$32:AD2595),$AK:$AK,0)),\"\")","v":""},null,false,{"$f":"IF(AN2595=TRUE,COUNTIF($AN$32:AN2595,TRUE()),\"\")","v":""},{"$f":"IFERROR(INDEX($AD:$AD,MATCH(ROWS($AD$32:$AD2595),$AO:$AO,0)),\"\")","v":""}]
[null,null,null,null,null,null,null,null,null,null,null,null,null,null,null,null,null,null,null,null,null,null,null,null,null,null,null,null,null,{"$f":"'Baza klientów'!B2566","v":0},false,{"$f":"IF(AE2597=TRUE,COUNTIF($AE$32:AE2597,TRUE()),\"\")","v":""},{"$f":"IFERROR(INDEX($AD:$AD,MATCH(ROWS($AD$32:AD2597),$AF:$AF,0)),\"\")","v":""},null,null,false,{"$f":"IF(AJ2597=TRUE,COUNTIF($AJ$32:AJ2597,TRUE()),\"\")","v":""},{"$f":"IFERROR(INDEX($AD:$AD,MATCH(ROWS($AD$32:AD2597),$AK:$AK,0)),\"\")","v":""},null,false,{"$f":"IF(AN2597=TRUE,COUNTIF($AN$32:AN2597,TRUE()),\"\")","v":""},{"$f":"IFERROR(INDEX($AD:$AD,MATCH(ROWS($AD$32:$AD2597),$AO:$AO,0)),\"\")","v":""}]
[null,null,null,null,null,null,null,null,null,null,null,null,null,null,null,null,null,null,null,null,null,null,null,null,null,null,null,null,null,{"$f":"'Baza klientów'!B2569","v":0},false,{"$f":"IF(AE2600=TRUE,COUNTIF($AE$32:AE2600,TRUE()),\"\")","v":""},{"$f":"IFERROR(INDEX($AD:$AD,MATCH(ROWS($AD$32:AD2600),$AF:$AF,0)),\"\")","v":""},null,null,false,{"$f":"IF(AJ2600=TRUE,COUNTIF($AJ$32:AJ2600,TRUE()),\"\")","v":""},{"$f":"IFERROR(INDEX($AD:$AD,MATCH(ROWS($AD$32:AD2600),$AK:$AK,0)),\"\")","v":""},null,false,{"$f":"IF(AN2600=TRUE,COUNTIF($AN$32:AN2600,TRUE()),\"\")","v":""},{"$f":"IFERROR(INDEX($AD:$AD,MATCH(ROWS($AD$32:$AD2600),$AO:$AO,0)),\"\")","v":""}]
[null,null,null,null,null,null,null,null,null,null,null,null,null,null,null,null,null,null,null,null,null,null,null,null,null,null,null,null,null,{"$f":"'Baza klientów'!B2574","v":0},false,{"$f":"IF(AE2605=TRUE,COUNTIF($AE$32:AE2605,TRUE()),\"\")","v":""},{"$f":"IFERROR(INDEX($AD:$AD,MATCH(ROWS($AD$32:AD2605),$AF:$AF,0)),\"\")","v":""},null,null,false,{"$f":"IF(AJ2605=TRUE,COUNTIF($AJ$32:AJ2605,TRUE()),\"\")","v":""},{"$f":"IFERROR(INDEX($AD:$AD,MATCH(ROWS($AD$32:AD2605),$AK:$AK,0)),\"\")","v":""},null,false,{"$f":"IF(AN2605=TRUE,COUNTIF($AN$32:AN2605,TRUE()),\"\")","v":""},{"$f":"IFERROR(INDEX($AD:$AD,MATCH(ROWS($AD$32:$AD2605),$AO:$AO,0)),\"\")","v":""}]
[null,null,null,null,null,null,null,null,null,null,null,null,null,null,null,null,null,null,null,null,null,null,null,null,null,null,null,null,null,{"$f":"'Baza klientów'!B2579","v":0},false,{"$f":"IF(AE2610=TRUE,COUNTIF($AE$32:AE2610,TRUE()),\"\")","v":""},{"$f":"IFERROR(INDEX($AD:$AD,MATCH(ROWS($AD$32:AD2610),$AF:$AF,0)),\"\")","v":""},null,null,false,{"$f":"IF(AJ2610=TRUE,COUNTIF($AJ$32:AJ2610,TRUE()),\"\")","v":""},{"$f":"IFERROR(INDEX($AD:$AD,MATCH(ROWS($AD$32:AD2610),$AK:$AK,0)),\"\")","v":""},null,false,{"$f":"IF(AN2610=TRUE,COUNTIF($AN$32:AN2610,TRUE()),\"\")","v":""},{"$f":"IFERROR(INDEX($AD:$AD,MATCH(ROWS($AD$32:$AD2610),$AO:$AO,0)),\"\")","v":""}]
[null,null,null,null,null,null,null,null,null,null,null,null,null,null,null,null,null,null,null,null,null,null,null,null,null,null,null,null,null,{"$f":"'Baza klientów'!B2582","v":0},false,{"$f":"IF(AE2613=TRUE,COUNTIF($AE$32:AE2613,TRUE()),\"\")","v":""},{"$f":"IFERROR(INDEX($AD:$AD,MATCH(ROWS($AD$32:AD2613),$AF:$AF,0)),\"\")","v":""},null,null,false,{"$f":"IF(AJ2613=TRUE,COUNTIF($AJ$32:AJ2613,TRUE()),\"\")","v":""},{"$f":"IFERROR(INDEX($AD:$AD,MATCH(ROWS($AD$32:AD2613),$AK:$AK,0)),\"\")","v":""},null,false,{"$f":"IF(AN2613=TRUE,COUNTIF($AN$32:AN2613,TRUE()),\"\")","v":""},{"$f":"IFERROR(INDEX($AD:$AD,MATCH(ROWS($AD$32:$AD2613),$AO:$AO,0)),\"\")","v":""}]
[null,null,null,null,null,null,null,null,null,null,null,null,null,null,null,null,null,null,null,null,null,null,null,null,null,null,null,null,null,{"$f":"'Baza klientów'!B2584","v":0},false,{"$f":"IF(AE2615=TRUE,COUNTIF($AE$32:AE2615,TRUE()),\"\")","v":""},{"$f":"IFERROR(INDEX($AD:$AD,MATCH(ROWS($AD$32:AD2615),$AF:$AF,0)),\"\")","v":""},null,null,false,{"$f":"IF(AJ2615=TRUE,COUNTIF($AJ$32:AJ2615,TRUE()),\"\")","v":""},{"$f":"IFERROR(INDEX($AD:$AD,MATCH(ROWS($AD$32:AD2615),$AK:$AK,0)),\"\")","v":""},null,false,{"$f":"IF(AN2615=TRUE,COUNTIF($AN$32:AN2615,TRUE()),\"\")","v":""},{"$f":"IFERROR(INDEX($AD:$AD,MATCH(ROWS($AD$32:$AD2615),$AO:$AO,0)),\"\")","v":""}]
[null,null,null,null,null,null,null,null,null,null,null,null,null,null,null,null,null,null,null,null,null,null,null,null,null,null,null,null,null,{"$f":"'Baza klientów'!B2589","v":0},false,{"$f":"IF(AE2620=TRUE,COUNTIF($AE$32:AE2620,TRUE()),\"\")","v":""},{"$f":"IFERROR(INDEX($AD:$AD,MATCH(ROWS($AD$32:AD2620),$AF:$AF,0)),\"\")","v":""},null,null,false,{"$f":"IF(AJ2620=TRUE,COUNTIF($AJ$32:AJ2620,TRUE()),\"\")","v":""},{"$f":"IFERROR(INDEX($AD:$AD,MATCH(ROWS($AD$32:AD2620),$AK:$AK,0)),\"\")","v":""},null,false,{"$f":"IF(AN2620=TRUE,COUNTIF($AN$32:AN2620,TRUE()),\"\")","v":""},{"$f":"IFERROR(INDEX($AD:$AD,MATCH(ROWS($AD$32:$AD2620),$AO:$AO,0)),\"\")","v":""}]
[null,null,null,null,null,null,null,null,null,null,null,null,null,null,null,null,null,null,null,null,null,null,null,null,null,null,null,null,null,{"$f":"'Baza klientów'!B2594","v":0},false,{"$f":"IF(AE2625=TRUE,COUNTIF($AE$32:AE2625,TRUE()),\"\")","v":""},{"$f":"IFERROR(INDEX($AD:$AD,MATCH(ROWS($AD$32:AD2625),$AF:$AF,0)),\"\")","v":""},null,null,false,{"$f":"IF(AJ2625=TRUE,COUNTIF($AJ$32:AJ2625,TRUE()),\"\")","v":""},{"$f":"IFERROR(INDEX($AD:$AD,MATCH(ROWS($AD$32:AD2625),$AK:$AK,0)),\"\")","v":""},null,false,{"$f":"IF(AN2625=TRUE,COUNTIF($AN$32:AN2625,TRUE()),\"\")","v":""},{"$f":"IFERROR(INDEX($AD:$AD,MATCH(ROWS($AD$32:$AD2625),$AO:$AO,0)),\"\")","v":""}]
[null,null,null,null,null,null,null,null,null,null,null,null,null,null,null,null,null,null,null,null,null,null,null,null,null,null,null,null,null,{"$f":"'Baza klientów'!B2599","v":0},false,{"$f":"IF(AE2630=TRUE,COUNTIF($AE$32:AE2630,TRUE()),\"\")","v":""},{"$f":"IFERROR(INDEX($AD:$AD,MATCH(ROWS($AD$32:AD2630),$AF:$AF,0)),\"\")","v":""},null,null,false,{"$f":"IF(AJ2630=TRUE,COUNTIF($AJ$32:AJ2630,TRUE()),\"\")","v":""},{"$f":"IFERROR(INDEX($AD:$AD,MATCH(ROWS($AD$32:AD2630),$AK:$AK,0)),\"\")","v":""},null,false,{"$f":"IF(AN2630=TRUE,COUNTIF($AN$32:AN2630,TRUE()),\"\")","v":""},{"$f":"IFERROR(INDEX($AD:$AD,MATCH(ROWS($AD$32:$AD2630),$AO:$AO,0)),\"\")","v":""}]
[null,null,null,null,null,null,null,null,null,null,null,null,null,null,null,null,null,null,null,null,null,null,null,null,null,null,null,null,null,{"$f":"'Baza klientów'!B2600","v":0},false,{"$f":"IF(AE2631=TRUE,COUNTIF($AE$32:AE2631,TRUE()),\"\")","v":""},{"$f":"IFERROR(INDEX($AD:$AD,MATCH(ROWS($AD$32:AD2631),$AF:$AF,0)),\"\")","v":""},null,null,false,{"$f":"IF(AJ2631=TRUE,COUNTIF($AJ$32:AJ2631,TRUE()),\"\")","v":""},{"$f":"IFERROR(INDEX($AD:$AD,MATCH(ROWS($AD$32:AD2631),$AK:$AK,0)),\"\")","v":""},null,false,{"$f":"IF(AN2631=TRUE,COUNTIF($AN$32:AN2631,TRUE()),\"\")","v":""},{"$f":"IFERROR(INDEX($AD:$AD,MATCH(ROWS($AD$32:$AD2631),$AO:$AO,0)),\"\")","v":""}]
[null,null,null,null,null,null,null,null,null,null,null,null,null,null,null,null,null,null,null,null,null,null,null,null,null,null,null,null,null,{"$f":"'Baza klientów'!B2604","v":0},false,{"$f":"IF(AE2635=TRUE,COUNTIF($AE$32:AE2635,TRUE()),\"\")","v":""},{"$f":"IFERROR(INDEX($AD:$AD,MATCH(ROWS($AD$32:AD2635),$AF:$AF,0)),\"\")","v":""},null,null,false,{"$f":"IF(AJ2635=TRUE,COUNTIF($AJ$32:AJ2635,TRUE()),\"\")","v":""},{"$f":"IFERROR(INDEX($AD:$AD,MATCH(ROWS($AD$32:AD2635),$AK:$AK,0)),\"\")","v":""},null,false,{"$f":"IF(AN2635=TRUE,COUNTIF($AN$32:AN2635,TRUE()),\"\")","v":""},{"$f":"IFERROR(INDEX($AD:$AD,MATCH(ROWS($AD$32:$AD2635),$AO:$AO,0)),\"\")","v":""}]
[null,null,null,null,null,null,null,null,null,null,null,null,null,null,null,null,null,null,null,null,null,null,null,null,null,null,null,null,null,{"$f":"'Baza klientów'!B2609","v":0},false,{"$f":"IF(AE2640=TRUE,COUNTIF($AE$32:AE2640,TRUE()),\"\")","v":""},{"$f":"IFERROR(INDEX($AD:$AD,MATCH(ROWS($AD$32:AD2640),$AF:$AF,0)),\"\")","v":""},null,null,false,{"$f":"IF(AJ2640=TRUE,COUNTIF($AJ$32:AJ2640,TRUE()),\"\")","v":""},{"$f":"IFERROR(INDEX($AD:$AD,MATCH(ROWS($AD$32:AD2640),$AK:$AK,0)),\"\")","v":""},null,false,{"$f":"IF(AN2640=TRUE,COUNTIF($AN$32:AN2640,TRUE()),\"\")","v":""},{"$f":"IFERROR(INDEX($AD:$AD,MATCH(ROWS($AD$32:$AD2640),$AO:$AO,0)),\"\")","v":""}]
[null,null,null,null,null,null,null,null,null,null,null,null,null,null,null,null,null,null,null,null,null,null,null,null,null,null,null,null,null,{"$f":"'Baza klientów'!B2614","v":0},false,{"$f":"IF(AE2645=TRUE,COUNTIF($AE$32:AE2645,TRUE()),\"\")","v":""},{"$f":"IFERROR(INDEX($AD:$AD,MATCH(ROWS($AD$32:AD2645),$AF:$AF,0)),\"\")","v":""},null,null,false,{"$f":"IF(AJ2645=TRUE,COUNTIF($AJ$32:AJ2645,TRUE()),\"\")","v":""},{"$f":"IFERROR(INDEX($AD:$AD,MATCH(ROWS($AD$32:AD2645),$AK:$AK,0)),\"\")","v":""},null,false,{"$f":"IF(AN2645=TRUE,COUNTIF($AN$32:AN2645,TRUE()),\"\")","v":""},{"$f":"IFERROR(INDEX($AD:$AD,MATCH(ROWS($AD$32:$AD2645),$AO:$AO,0)),\"\")","v":""}]
[null,null,null,null,null,null,null,null,null,null,null,null,null,null,null,null,null,null,null,null,null,null,null,null,null,null,null,null,null,{"$f":"'Baza klientów'!B2617","v":0},false,{"$f":"IF(AE2648=TRUE,COUNTIF($AE$32:AE2648,TRUE()),\"\")","v":""},{"$f":"IFERROR(INDEX($AD:$AD,MATCH(ROWS($AD$32:AD2648),$AF:$AF,0)),\"\")","v":""},null,null,false,{"$f":"IF(AJ2648=TRUE,COUNTIF($AJ$32:AJ2648,TRUE()),\"\")","v":""},{"$f":"IFERROR(INDEX($AD:$AD,MATCH(ROWS($AD$32:AD2648),$AK:$AK,0)),\"\")","v":""},null,false,{"$f":"IF(AN2648=TRUE,COUNTIF($AN$32:AN2648,TRUE()),\"\")","v":""},{"$f":"IFERROR(INDEX($AD:$AD,MATCH(ROWS($AD$32:$AD2648),$AO:$AO,0)),\"\")","v":""}]
[null,null,null,null,null,null,null,null,null,null,null,null,null,null,null,null,null,null,null,null,null,null,null,null,null,null,null,null,null,{"$f":"'Baza klientów'!B2619","v":0},false,{"$f":"IF(AE2650=TRUE,COUNTIF($AE$32:AE2650,TRUE()),\"\")","v":""},{"$f":"IFERROR(INDEX($AD:$AD,MATCH(ROWS($AD$32:AD2650),$AF:$AF,0)),\"\")","v":""},null,null,false,{"$f":"IF(AJ2650=TRUE,COUNTIF($AJ$32:AJ2650,TRUE()),\"\")","v":""},{"$f":"IFERROR(INDEX($AD:$AD,MATCH(ROWS($AD$32:AD2650),$AK:$AK,0)),\"\")","v":""},null,false,{"$f":"IF(AN2650=TRUE,COUNTIF($AN$32:AN2650,TRUE()),\"\")","v":""},{"$f":"IFERROR(INDEX($AD:$AD,MATCH(ROWS($AD$32:$AD2650),$AO:$AO,0)),\"\")","v":""}]
[null,null,null,null,null,null,null,null,null,null,null,null,null,null,null,null,null,null,null,null,null,null,null,null,null,null,null,null,null,{"$f":"'Baza klientów'!B2624","v":0},false,{"$f":"IF(AE2655=TRUE,COUNTIF($AE$32:AE2655,TRUE()),\"\")","v":""},{"$f":"IFERROR(INDEX($AD:$AD,MATCH(ROWS($AD$32:AD2655),$AF:$AF,0)),\"\")","v":""},null,null,false,{"$f":"IF(AJ2655=TRUE,COUNTIF($AJ$32:AJ2655,TRUE()),\"\")","v":""},{"$f":"IFERROR(INDEX($AD:$AD,MATCH(ROWS($AD$32:AD2655),$AK:$AK,0)),\"\")","v":""},null,false,{"$f":"IF(AN2655=TRUE,COUNTIF($AN$32:AN2655,TRUE()),\"\")","v":""},{"$f":"IFERROR(INDEX($AD:$AD,MATCH(ROWS($AD$32:$AD2655),$AO:$AO,0)),\"\")","v":""}]
[null,null,null,null,null,null,null,null,null,null,null,null,null,null,null,null,null,null,null,null,null,null,null,null,null,null,null,null,null,{"$f":"'Baza klientów'!B2629","v":0},false,{"$f":"IF(AE2660=TRUE,COUNTIF($AE$32:AE2660,TRUE()),\"\")","v":""},{"$f":"IFERROR(INDEX($AD:$AD,MATCH(ROWS($AD$32:AD2660),$AF:$AF,0)),\"\")","v":""},null,null,false,{"$f":"IF(AJ2660=TRUE,COUNTIF($AJ$32:AJ2660,TRUE()),\"\")","v":""},{"$f":"IFERROR(INDEX($AD:$AD,MATCH(ROWS($AD$32:AD2660),$AK:$AK,0)),\"\")","v":""},null,false,{"$f":"IF(AN2660=TRUE,COUNTIF($AN$32:AN2660,TRUE()),\"\")","v":""},{"$f":"IFERROR(INDEX($AD:$AD,MATCH(ROWS($AD$32:$AD2660),$AO:$AO,0)),\"\")","v":""}]
[null,null,null,null,null,null,null,null,null,null,null,null,null,null,null,null,null,null,null,null,null,null,null,null,null,null,null,null,null,{"$f":"'Baza klientów'!B2630","v":0},false,{"$f":"IF(AE2661=TRUE,COUNTIF($AE$32:AE2661,TRUE()),\"\")","v":""},{"$f":"IFERROR(INDEX($AD:$AD,MATCH(ROWS($AD$32:AD2661),$AF:$AF,0)),\"\")","v":""},null,null,false,{"$f":"IF(AJ2661=TRUE,COUNTIF($AJ$32:AJ2661,TRUE()),\"\")","v":""},{"$f":"IFERROR(INDEX($AD:$AD,MATCH(ROWS($AD$32:AD2661),$AK:$AK,0)),\"\")","v":""},null,false,{"$f":"IF(AN2661=TRUE,COUNTIF($AN$32:AN2661,TRUE()),\"\")","v":""},{"$f":"IFERROR(INDEX($AD:$AD,MATCH(ROWS($AD$32:$AD2661),$AO:$AO,0)),\"\")","v":""}]
[null,null,null,null,null,null,null,null,null,null,null,null,null,null,null,null,null,null,null,null,null,null,null,null,null,null,null,null,null,{"$f":"'Baza klientów'!B2635","v":0},false,{"$f":"IF(AE2666=TRUE,COUNTIF($AE$32:AE2666,TRUE()),\"\")","v":""},{"$f":"IFERROR(INDEX($AD:$AD,MATCH(ROWS($AD$32:AD2666),$AF:$AF,0)),\"\")","v":""},null,null,false,{"$f":"IF(AJ2666=TRUE,COUNTIF($AJ$32:AJ2666,TRUE()),\"\")","v":""},{"$f":"IFERROR(INDEX($AD:$AD,MATCH(ROWS($AD$32:AD2666),$AK:$AK,0)),\"\")","v":""},null,false,{"$f":"IF(AN2666=TRUE,COUNTIF($AN$32:AN2666,TRUE()),\"\")","v":""},{"$f":"IFERROR(INDEX($AD:$AD,MATCH(ROWS($AD$32:$AD2666),$AO:$AO,0)),\"\")","v":""}]
[null,null,null,null,null,null,null,null,null,null,null,null,null,null,null,null,null,null,null,null,null,null,null,null,null,null,null,null,null,{"$f":"'Baza klientów'!B2639","v":0},false,{"$f":"IF(AE2670=TRUE,COUNTIF($AE$32:AE2670,TRUE()),\"\")","v":""},{"$f":"IFERROR(INDEX($AD:$AD,MATCH(ROWS($AD$32:AD2670),$AF:$AF,0)),\"\")","v":""},null,null,false,{"$f":"IF(AJ2670=TRUE,COUNTIF($AJ$32:AJ2670,TRUE()),\"\")","v":""},{"$f":"IFERROR(INDEX($AD:$AD,MATCH(ROWS($AD$32:AD2670),$AK:$AK,0)),\"\")","v":""},null,false,{"$f":"IF(AN2670=TRUE,COUNTIF($AN$32:AN2670,TRUE()),\"\")","v":""},{"$f":"IFERROR(INDEX($AD:$AD,MATCH(ROWS($AD$32:$AD2670),$AO:$AO,0)),\"\")","v":""}]
[null,null,null,null,null,null,null,null,null,null,null,null,null,null,null,null,null,null,null,null,null,null,null,null,null,null,null,null,null,{"$f":"'Baza klientów'!B2644","v":0},false,{"$f":"IF(AE2675=TRUE,COUNTIF($AE$32:AE2675,TRUE()),\"\")","v":""},{"$f":"IFERROR(INDEX($AD:$AD,MATCH(ROWS($AD$32:AD2675),$AF:$AF,0)),\"\")","v":""},null,null,false,{"$f":"IF(AJ2675=TRUE,COUNTIF($AJ$32:AJ2675,TRUE()),\"\")","v":""},{"$f":"IFERROR(INDEX($AD:$AD,MATCH(ROWS($AD$32:AD2675),$AK:$AK,0)),\"\")","v":""},null,false,{"$f":"IF(AN2675=TRUE,COUNTIF($AN$32:AN2675,TRUE()),\"\")","v":""},{"$f":"IFERROR(INDEX($AD:$AD,MATCH(ROWS($AD$32:$AD2675),$AO:$AO,0)),\"\")","v":""}]
[null,null,null,null,null,null,null,null,null,null,null,null,null,null,null,null,null,null,null,null,null,null,null,null,null,null,null,null,null,{"$f":"'Baza klientów'!B2645","v":0},false,{"$f":"IF(AE2676=TRUE,COUNTIF($AE$32:AE2676,TRUE()),\"\")","v":""},{"$f":"IFERROR(INDEX($AD:$AD,MATCH(ROWS($AD$32:AD2676),$AF:$AF,0)),\"\")","v":""},null,null,false,{"$f":"IF(AJ2676=TRUE,COUNTIF($AJ$32:AJ2676,TRUE()),\"\")","v":""},{"$f":"IFERROR(INDEX($AD:$AD,MATCH(ROWS($AD$32:AD2676),$AK:$AK,0)),\"\")","v":""},null,false,{"$f":"IF(AN2676=TRUE,COUNTIF($AN$32:AN2676,TRUE()),\"\")","v":""},{"$f":"IFERROR(INDEX($AD:$AD,MATCH(ROWS($AD$32:$AD2676),$AO:$AO,0)),\"\")","v":""}]
[null,null,null,null,null,null,null,null,null,null,null,null,null,null,null,null,null,null,null,null,null,null,null,null,null,null,null,null,null,{"$f":"'Baza klientów'!B2651","v":0},false,{"$f":"IF(AE2682=TRUE,COUNTIF($AE$32:AE2682,TRUE()),\"\")","v":""},{"$f":"IFERROR(INDEX($AD:$AD,MATCH(ROWS($AD$32:AD2682),$AF:$AF,0)),\"\")","v":""},null,null,false,{"$f":"IF(AJ2682=TRUE,COUNTIF($AJ$32:AJ2682,TRUE()),\"\")","v":""},{"$f":"IFERROR(INDEX($AD:$AD,MATCH(ROWS($AD$32:AD2682),$AK:$AK,0)),\"\")","v":""},null,false,{"$f":"IF(AN2682=TRUE,COUNTIF($AN$32:AN2682,TRUE()),\"\")","v":""},{"$f":"IFERROR(INDEX($AD:$AD,MATCH(ROWS($AD$32:$AD2682),$AO:$AO,0)),\"\")","v":""}]
[null,null,null,null,null,null,null,null,null,null,null,null,null,null,null,null,null,null,null,null,null,null,null,null,null,null,null,null,null,{"$f":"'Baza klientów'!B2654","v":0},false,{"$f":"IF(AE2685=TRUE,COUNTIF($AE$32:AE2685,TRUE()),\"\")","v":""},{"$f":"IFERROR(INDEX($AD:$AD,MATCH(ROWS($AD$32:AD2685),$AF:$AF,0)),\"\")","v":""},null,null,false,{"$f":"IF(AJ2685=TRUE,COUNTIF($AJ$32:AJ2685,TRUE()),\"\")","v":""},{"$f":"IFERROR(INDEX($AD:$AD,MATCH(ROWS($AD$32:AD2685),$AK:$AK,0)),\"\")","v":""},null,false,{"$f":"IF(AN2685=TRUE,COUNTIF($AN$32:AN2685,TRUE()),\"\")","v":""},{"$f":"IFERROR(INDEX($AD:$AD,MATCH(ROWS($AD$32:$AD2685),$AO:$AO,0)),\"\")","v":""}]
[null,null,null,null,null,null,null,null,null,null,null,null,null,null,null,null,null,null,null,null,null,null,null,null,null,null,null,null,null,{"$f":"'Baza klientów'!B2659","v":0},false,{"$f":"IF(AE2690=TRUE,COUNTIF($AE$32:AE2690,TRUE()),\"\")","v":""},{"$f":"IFERROR(INDEX($AD:$AD,MATCH(ROWS($AD$32:AD2690),$AF:$AF,0)),\"\")","v":""},null,null,false,{"$f":"IF(AJ2690=TRUE,COUNTIF($AJ$32:AJ2690,TRUE()),\"\")","v":""},{"$f":"IFERROR(INDEX($AD:$AD,MATCH(ROWS($AD$32:AD2690),$AK:$AK,0)),\"\")","v":""},null,false,{"$f":"IF(AN2690=TRUE,COUNTIF($AN$32:AN2690,TRUE()),\"\")","v":""},{"$f":"IFERROR(INDEX($AD:$AD,MATCH(ROWS($AD$32:$AD2690),$AO:$AO,0)),\"\")","v":""}]
[null,null,null,null,null,null,null,null,null,null,null,null,null,null,null,null,null,null,null,null,null,null,null,null,null,null,null,null,null,{"$f":"'Baza klientów'!B2660","v":0},false,{"$f":"IF(AE2691=TRUE,COUNTIF($AE$32:AE2691,TRUE()),\"\")","v":""},{"$f":"IFERROR(INDEX($AD:$AD,MATCH(ROWS($AD$32:AD2691),$AF:$AF,0)),\"\")","v":""},null,null,false,{"$f":"IF(AJ2691=TRUE,COUNTIF($AJ$32:AJ2691,TRUE()),\"\")","v":""},{"$f":"IFERROR(INDEX($AD:$AD,MATCH(ROWS($AD$32:AD2691),$AK:$AK,0)),\"\")","v":""},null,false,{"$f":"IF(AN2691=TRUE,COUNTIF($AN$32:AN2691,TRUE()),\"\")","v":""},{"$f":"IFERROR(INDEX($AD:$AD,MATCH(ROWS($AD$32:$AD2691),$AO:$AO,0)),\"\")","v":""}]
[null,null,null,null,null,null,null,null,null,null,null,null,null,null,null,null,null,null,null,null,null,null,null,null,null,null,null,null,null,{"$f":"'Baza klientów'!B2665","v":0},false,{"$f":"IF(AE2696=TRUE,COUNTIF($AE$32:AE2696,TRUE()),\"\")","v":""},{"$f":"IFERROR(INDEX($AD:$AD,MATCH(ROWS($AD$32:AD2696),$AF:$AF,0)),\"\")","v":""},null,null,false,{"$f":"IF(AJ2696=TRUE,COUNTIF($AJ$32:AJ2696,TRUE()),\"\")","v":""},{"$f":"IFERROR(INDEX($AD:$AD,MATCH(ROWS($AD$32:AD2696),$AK:$AK,0)),\"\")","v":""},null,false,{"$f":"IF(AN2696=TRUE,COUNTIF($AN$32:AN2696,TRUE()),\"\")","v":""},{"$f":"IFERROR(INDEX($AD:$AD,MATCH(ROWS($AD$32:$AD2696),$AO:$AO,0)),\"\")","v":""}]
[null,null,null,null,null,null,null,null,null,null,null,null,null,null,null,null,null,null,null,null,null,null,null,null,null,null,null,null,null,{"$f":"'Baza klientów'!B2669","v":0},false,{"$f":"IF(AE2700=TRUE,COUNTIF($AE$32:AE2700,TRUE()),\"\")","v":""},{"$f":"IFERROR(INDEX($AD:$AD,MATCH(ROWS($AD$32:AD2700),$AF:$AF,0)),\"\")","v":""},null,null,false,{"$f":"IF(AJ2700=TRUE,COUNTIF($AJ$32:AJ2700,TRUE()),\"\")","v":""},{"$f":"IFERROR(INDEX($AD:$AD,MATCH(ROWS($AD$32:AD2700),$AK:$AK,0)),\"\")","v":""},null,false,{"$f":"IF(AN2700=TRUE,COUNTIF($AN$32:AN2700,TRUE()),\"\")","v":""},{"$f":"IFERROR(INDEX($AD:$AD,MATCH(ROWS($AD$32:$AD2700),$AO:$AO,0)),\"\")","v":""}]
[null,null,null,null,null,null,null,null,null,null,null,null,null,null,null,null,null,null,null,null,null,null,null,null,null,null,null,null,null,{"$f":"'Baza klientów'!B2674","v":0},false,{"$f":"IF(AE2705=TRUE,COUNTIF($AE$32:AE2705,TRUE()),\"\")","v":""},{"$f":"IFERROR(INDEX($AD:$AD,MATCH(ROWS($AD$32:AD2705),$AF:$AF,0)),\"\")","v":""},null,null,false,{"$f":"IF(AJ2705=TRUE,COUNTIF($AJ$32:AJ2705,TRUE()),\"\")","v":""},{"$f":"IFERROR(INDEX($AD:$AD,MATCH(ROWS($AD$32:AD2705),$AK:$AK,0)),\"\")","v":""},null,false,{"$f":"IF(AN2705=TRUE,COUNTIF($AN$32:AN2705,TRUE()),\"\")","v":""},{"$f":"IFERROR(INDEX($AD:$AD,MATCH(ROWS($AD$32:$AD2705),$AO:$AO,0)),\"\")","v":""}]
[null,null,null,null,null,null,null,null,null,null,null,null,null,null,null,null,null,null,null,null,null,null,null,null,null,null,null,null,null,{"$f":"'Baza klientów'!B2675","v":0},false,{"$f":"IF(AE2706=TRUE,COUNTIF($AE$32:AE2706,TRUE()),\"\")","v":""},{"$f":"IFERROR(INDEX($AD:$AD,MATCH(ROWS($AD$32:AD2706),$AF:$AF,0)),\"\")","v":""},null,null,false,{"$f":"IF(AJ2706=TRUE,COUNTIF($AJ$32:AJ2706,TRUE()),\"\")","v":""},{"$f":"IFERROR(INDEX($AD:$AD,MATCH(ROWS($AD$32:AD2706),$AK:$AK,0)),\"\")","v":""},null,false,{"$f":"IF(AN2706=TRUE,COUNTIF($AN$32:AN2706,TRUE()),\"\")","v":""},{"$f":"IFERROR(INDEX($AD:$AD,MATCH(ROWS($AD$32:$AD2706),$AO:$AO,0)),\"\")","v":""}]
[null,null,null,null,null,null,null,null,null,null,null,null,null,null,null,null,null,null,null,null,null,null,null,null,null,null,null,null,null,{"$f":"'Baza klientów'!B2680","v":0},false,{"$f":"IF(AE2711=TRUE,COUNTIF($AE$32:AE2711,TRUE()),\"\")","v":""},{"$f":"IFERROR(INDEX($AD:$AD,MATCH(ROWS($AD$32:AD2711),$AF:$AF,0)),\"\")","v":""},null,null,false,{"$f":"IF(AJ2711=TRUE,COUNTIF($AJ$32:AJ2711,TRUE()),\"\")","v":""},{"$f":"IFERROR(INDEX($AD:$AD,MATCH(ROWS($AD$32:AD2711),$AK:$AK,0)),\"\")","v":""},null,false,{"$f":"IF(AN2711=TRUE,COUNTIF($AN$32:AN2711,TRUE()),\"\")","v":""},{"$f":"IFERROR(INDEX($AD:$AD,MATCH(ROWS($AD$32:$AD2711),$AO:$AO,0)),\"\")","v":""}]
[null,null,null,null,null,null,null,null,null,null,null,null,null,null,null,null,null,null,null,null,null,null,null,null,null,null,null,null,null,{"$f":"'Baza klientów'!B2685","v":0},false,{"$f":"IF(AE2716=TRUE,COUNTIF($AE$32:AE2716,TRUE()),\"\")","v":""},{"$f":"IFERROR(INDEX($AD:$AD,MATCH(ROWS($AD$32:AD2716),$AF:$AF,0)),\"\")","v":""},null,null,false,{"$f":"IF(AJ2716=TRUE,COUNTIF($AJ$32:AJ2716,TRUE()),\"\")","v":""},{"$f":"IFERROR(INDEX($AD:$AD,MATCH(ROWS($AD$32:AD2716),$AK:$AK,0)),\"\")","v":""},null,false,{"$f":"IF(AN2716=TRUE,COUNTIF($AN$32:AN2716,TRUE()),\"\")","v":""},{"$f":"IFERROR(INDEX($AD:$AD,MATCH(ROWS($AD$32:$AD2716),$AO:$AO,0)),\"\")","v":""}]
[null,null,null,null,null,null,null,null,null,null,null,null,null,null,null,null,null,null,null,null,null,null,null,null,null,null,null,null,null,{"$f":"'Baza klientów'!B2687","v":0},false,{"$f":"IF(AE2718=TRUE,COUNTIF($AE$32:AE2718,TRUE()),\"\")","v":""},{"$f":"IFERROR(INDEX($AD:$AD,MATCH(ROWS($AD$32:AD2718),$AF:$AF,0)),\"\")","v":""},null,null,false,{"$f":"IF(AJ2718=TRUE,COUNTIF($AJ$32:AJ2718,TRUE()),\"\")","v":""},{"$f":"IFERROR(INDEX($AD:$AD,MATCH(ROWS($AD$32:AD2718),$AK:$AK,0)),\"\")","v":""},null,false,{"$f":"IF(AN2718=TRUE,COUNTIF($AN$32:AN2718,TRUE()),\"\")","v":""},{"$f":"IFERROR(INDEX($AD:$AD,MATCH(ROWS($AD$32:$AD2718),$AO:$AO,0)),\"\")","v":""}]
[null,null,null,null,null,null,null,null,null,null,null,null,null,null,null,null,null,null,null,null,null,null,null,null,null,null,null,null,null,{"$f":"'Baza klientów'!B2690","v":0},{"$f":"ISNUMBER(SEARCH($AH$32,AD2721))","v":false},{"$f":"IF(AE2721=TRUE,COUNTIF($AE$32:AE2721,TRUE()),\"\")","v":""},{"$f":"IFERROR(INDEX($AD:$AD,MATCH(ROWS($AD$32:AD2721),$AF:$AF,0)),\"\")","v":""},null,null,{"$f":"ISNUMBER(SEARCH($AM$31,AD2721))","v":false},{"$f":"IF(AJ2721=TRUE,COUNTIF($AJ$32:AJ2721,TRUE()),\"\")","v":""},{"$f":"IFERROR(INDEX($AD:$AD,MATCH(ROWS($AD$32:AD2721),$AK:$AK,0)),\"\")","v":""},null,{"$f":"ISNUMBER(SEARCH($AQ$31,$AD2721))","v":false},{"$f":"IF(AN2721=TRUE,COUNTIF($AN$32:AN2721,TRUE()),\"\")","v":""},{"$f":"IFERROR(INDEX($AD:$AD,MATCH(ROWS($AD$32:$AD2721),$AO:$AO,0)),\"\")","v":""}]
[null,null,null,null,null,null,null,null,null,null,null,null,null,null,null,null,null,null,null,null,null,null,null,null,null,null,null,null,null,{"$f":"'Baza klientów'!B2695","v":0},false,{"$f":"IF(AE2726=TRUE,COUNTIF($AE$32:AE2726,TRUE()),\"\")","v":""},{"$f":"IFERROR(INDEX($AD:$AD,MATCH(ROWS($AD$32:AD2726),$AF:$AF,0)),\"\")","v":""},null,null,false,{"$f":"IF(AJ2726=TRUE,COUNTIF($AJ$32:AJ2726,TRUE()),\"\")","v":""},{"$f":"IFERROR(INDEX($AD:$AD,MATCH(ROWS($AD$32:AD2726),$AK:$AK,0)),\"\")","v":""},null,false,{"$f":"IF(AN2726=TRUE,COUNTIF($AN$32:AN2726,TRUE()),\"\")","v":""},{"$f":"IFERROR(INDEX($AD:$AD,MATCH(ROWS($AD$32:$AD2726),$AO:$AO,0)),\"\")","v":""}]
[null,null,null,null,null,null,null,null,null,null,null,null,null,null,null,null,null,null,null,null,null,null,null,null,null,null,null,null,null,{"$f":"'Baza klientów'!B2700","v":0},false,{"$f":"IF(AE2731=TRUE,COUNTIF($AE$32:AE2731,TRUE()),\"\")","v":""},{"$f":"IFERROR(INDEX($AD:$AD,MATCH(ROWS($AD$32:AD2731),$AF:$AF,0)),\"\")","v":""},null,null,false,{"$f":"IF(AJ2731=TRUE,COUNTIF($AJ$32:AJ2731,TRUE()),\"\")","v":""},{"$f":"IFERROR(INDEX($AD:$AD,MATCH(ROWS($AD$32:AD2731),$AK:$AK,0)),\"\")","v":""},null,false,{"$f":"IF(AN2731=TRUE,COUNTIF($AN$32:AN2731,TRUE()),\"\")","v":""},{"$f":"IFERROR(INDEX($AD:$AD,MATCH(ROWS($AD$32:$AD2731),$AO:$AO,0)),\"\")","v":""}]
[null,null,null,null,null,null,null,null,null,null,null,null,null,null,null,null,null,null,null,null,null,null,null,null,null,null,null,null,null,{"$f":"'Baza klientów'!B2703","v":0},false,{"$f":"IF(AE2734=TRUE,COUNTIF($AE$32:AE2734,TRUE()),\"\")","v":""},{"$f":"IFERROR(INDEX($AD:$AD,MATCH(ROWS($AD$32:AD2734),$AF:$AF,0)),\"\")","v":""},null,null,false,{"$f":"IF(AJ2734=TRUE,COUNTIF($AJ$32:AJ2734,TRUE()),\"\")","v":""},{"$f":"IFERROR(INDEX($AD:$AD,MATCH(ROWS($AD$32:AD2734),$AK:$AK,0)),\"\")","v":""},null,false,{"$f":"IF(AN2734=TRUE,COUNTIF($AN$32:AN2734,TRUE()),\"\")","v":""},{"$f":"IFERROR(INDEX($AD:$AD,MATCH(ROWS($AD$32:$AD2734),$AO:$AO,0)),\"\")","v":""}]
[null,null,null,null,null,null,null,null,null,null,null,null,null,null,null,null,null,null,null,null,null,null,null,null,null,null,null,null,null,{"$f":"'Baza klientów'!B2705","v":0},false,{"$f":"IF(AE2736=TRUE,COUNTIF($AE$32:AE2736,TRUE()),\"\")","v":""},{"$f":"IFERROR(INDEX($AD:$AD,MATCH(ROWS($AD$32:AD2736),$AF:$AF,0)),\"\")","v":""},null,null,false,{"$f":"IF(AJ2736=TRUE,COUNTIF($AJ$32:AJ2736,TRUE()),\"\")","v":""},{"$f":"IFERROR(INDEX($AD:$AD,MATCH(ROWS($AD$32:AD2736),$AK:$AK,0)),\"\")","v":""},null,false,{"$f":"IF(AN2736=TRUE,COUNTIF($AN$32:AN2736,TRUE()),\"\")","v":""},{"$f":"IFERROR(INDEX($AD:$AD,MATCH(ROWS($AD$32:$AD2736),$AO:$AO,0)),\"\")","v":""}]
[null,null,null,null,null,null,null,null,null,null,null,null,null,null,null,null,null,null,null,null,null,null,null,null,null,null,null,null,null,{"$f":"'Baza klientów'!B2710","v":0},false,{"$f":"IF(AE2741=TRUE,COUNTIF($AE$32:AE2741,TRUE()),\"\")","v":""},{"$f":"IFERROR(INDEX($AD:$AD,MATCH(ROWS($AD$32:AD2741),$AF:$AF,0)),\"\")","v":""},null,null,false,{"$f":"IF(AJ2741=TRUE,COUNTIF($AJ$32:AJ2741,TRUE()),\"\")","v":""},{"$f":"IFERROR(INDEX($AD:$AD,MATCH(ROWS($AD$32:AD2741),$AK:$AK,0)),\"\")","v":""},null,false,{"$f":"IF(AN2741=TRUE,COUNTIF($AN$32:AN2741,TRUE()),\"\")","v":""},{"$f":"IFERROR(INDEX($AD:$AD,MATCH(ROWS($AD$32:$AD2741),$AO:$AO,0)),\"\")","v":""}]
[null,null,null,null,null,null,null,null,null,null,null,null,null,null,null,null,null,null,null,null,null,null,null,null,null,null,null,null,null,{"$f":"'Baza klientów'!B2715","v":0},false,{"$f":"IF(AE2746=TRUE,COUNTIF($AE$32:AE2746,TRUE()),\"\")","v":""},{"$f":"IFERROR(INDEX($AD:$AD,MATCH(ROWS($AD$32:AD2746),$AF:$AF,0)),\"\")","v":""},null,null,false,{"$f":"IF(AJ2746=TRUE,COUNTIF($AJ$32:AJ2746,TRUE()),\"\")","v":""},{"$f":"IFERROR(INDEX($AD:$AD,MATCH(ROWS($AD$32:AD2746),$AK:$AK,0)),\"\")","v":""},null,false,{"$f":"IF(AN2746=TRUE,COUNTIF($AN$32:AN2746,TRUE()),\"\")","v":""},{"$f":"IFERROR(INDEX($AD:$AD,MATCH(ROWS($AD$32:$AD2746),$AO:$AO,0)),\"\")","v":""}]
[null,null,null,null,null,null,null,null,null,null,null,null,null,null,null,null,null,null,null,null,null,null,null,null,null,null,null,null,null,{"$f":"'Baza klientów'!B2720","v":0},false,{"$f":"IF(AE2751=TRUE,COUNTIF($AE$32:AE2751,TRUE()),\"\")","v":""},{"$f":"IFERROR(INDEX($AD:$AD,MATCH(ROWS($AD$32:AD2751),$AF:$AF,0)),\"\")","v":""},null,null,false,{"$f":"IF(AJ2751=TRUE,COUNTIF($AJ$32:AJ2751,TRUE()),\"\")","v":""},{"$f":"IFERROR(INDEX($AD:$AD,MATCH(ROWS($AD$32:AD2751),$AK:$AK,0)),\"\")","v":""},null,false,{"$f":"IF(AN2751=TRUE,COUNTIF($AN$32:AN2751,TRUE()),\"\")","v":""},{"$f":"IFERROR(INDEX($AD:$AD,MATCH(ROWS($AD$32:$AD2751),$AO:$AO,0)),\"\")","v":""}]
[null,null,null,null,null,null,null,null,null,null,null,null,null,null,null,null,null,null,null,null,null,null,null,null,null,null,null,null,null,{"$f":"'Baza klientów'!B2721","v":0},false,{"$f":"IF(AE2752=TRUE,COUNTIF($AE$32:AE2752,TRUE()),\"\")","v":""},{"$f":"IFERROR(INDEX($AD:$AD,MATCH(ROWS($AD$32:AD2752),$AF:$AF,0)),\"\")","v":""},null,null,false,{"$f":"IF(AJ2752=TRUE,COUNTIF($AJ$32:AJ2752,TRUE()),\"\")","v":""},{"$f":"IFERROR(INDEX($AD:$AD,MATCH(ROWS($AD$32:AD2752),$AK:$AK,0)),\"\")","v":""},null,false,{"$f":"IF(AN2752=TRUE,COUNTIF($AN$32:AN2752,TRUE()),\"\")","v":""},{"$f":"IFERROR(INDEX($AD:$AD,MATCH(ROWS($AD$32:$AD2752),$AO:$AO,0)),\"\")","v":""}]
[null,null,null,null,null,null,null,null,null,null,null,null,null,null,null,null,null,null,null,null,null,null,null,null,null,null,null,null,null,{"$f":"'Baza klientów'!B2725","v":0},false,{"$f":"IF(AE2756=TRUE,COUNTIF($AE$32:AE2756,TRUE()),\"\")","v":""},{"$f":"IFERROR(INDEX($AD:$AD,MATCH(ROWS($AD$32:AD2756),$AF:$AF,0)),\"\")","v":""},null,null,false,{"$f":"IF(AJ2756=TRUE,COUNTIF($AJ$32:AJ2756,TRUE()),\"\")","v":""},{"$f":"IFERROR(INDEX($AD:$AD,MATCH(ROWS($AD$32:AD2756),$AK:$AK,0)),\"\")","v":""},null,false,{"$f":"IF(AN2756=TRUE,COUNTIF($AN$32:AN2756,TRUE()),\"\")","v":""},{"$f":"IFERROR(INDEX($AD:$AD,MATCH(ROWS($AD$32:$AD2756),$AO:$AO,0)),\"\")","v":""}]
[null,null,null,null,null,null,null,null,null,null,null,null,null,null,null,null,null,null,null,null,null,null,null,null,null,null,null,null,null,{"$f":"'Baza klientów'!B2730","v":0},false,{"$f":"IF(AE2761=TRUE,COUNTIF($AE$32:AE2761,TRUE()),\"\")","v":""},{"$f":"IFERROR(INDEX($AD:$AD,MATCH(ROWS($AD$32:AD2761),$AF:$AF,0)),\"\")","v":""},null,null,false,{"$f":"IF(AJ2761=TRUE,COUNTIF($AJ$32:AJ2761,TRUE()),\"\")","v":""},{"$f":"IFERROR(INDEX($AD:$AD,MATCH(ROWS($AD$32:AD2761),$AK:$AK,0)),\"\")","v":""},null,false,{"$f":"IF(AN2761=TRUE,COUNTIF($AN$32:AN2761,TRUE()),\"\")","v":""},{"$f":"IFERROR(INDEX($AD:$AD,MATCH(ROWS($AD$32:$AD2761),$AO:$AO,0)),\"\")","v":""}]
[null,null,null,null,null,null,null,null,null,null,null,null,null,null,null,null,null,null,null,null,null,null,null,null,null,null,null,null,null,{"$f":"'Baza klientów'!B2735","v":0},false,{"$f":"IF(AE2766=TRUE,COUNTIF($AE$32:AE2766,TRUE()),\"\")","v":""},{"$f":"IFERROR(INDEX($AD:$AD,MATCH(ROWS($AD$32:AD2766),$AF:$AF,0)),\"\")","v":""},null,null,false,{"$f":"IF(AJ2766=TRUE,COUNTIF($AJ$32:AJ2766,TRUE()),\"\")","v":""},{"$f":"IFERROR(INDEX($AD:$AD,MATCH(ROWS($AD$32:AD2766),$AK:$AK,0)),\"\")","v":""},null,false,{"$f":"IF(AN2766=TRUE,COUNTIF($AN$32:AN2766,TRUE()),\"\")","v":""},{"$f":"IFERROR(INDEX($AD:$AD,MATCH(ROWS($AD$32:$AD2766),$AO:$AO,0)),\"\")","v":""}]
[null,null,null,null,null,null,null,null,null,null,null,null,null,null,null,null,null,null,null,null,null,null,null,null,null,null,null,null,null,{"$f":"'Baza klientów'!B2738","v":0},false,{"$f":"IF(AE2769=TRUE,COUNTIF($AE$32:AE2769,TRUE()),\"\")","v":""},{"$f":"IFERROR(INDEX($AD:$AD,MATCH(ROWS($AD$32:AD2769),$AF:$AF,0)),\"\")","v":""},null,null,false,{"$f":"IF(AJ2769=TRUE,COUNTIF($AJ$32:AJ2769,TRUE()),\"\")","v":""},{"$f":"IFERROR(INDEX($AD:$AD,MATCH(ROWS($AD$32:AD2769),$AK:$AK,0)),\"\")","v":""},null,false,{"$f":"IF(AN2769=TRUE,COUNTIF($AN$32:AN2769,TRUE()),\"\")","v":""},{"$f":"IFERROR(INDEX($AD:$AD,MATCH(ROWS($AD$32:$AD2769),$AO:$AO,0)),\"\")","v":""}]
[null,null,null,null,null,null,null,null,null,null,null,null,null,null,null,null,null,null,null,null,null,null,null,null,null,null,null,null,null,{"$f":"'Baza klientów'!B2740","v":0},false,{"$f":"IF(AE2771=TRUE,COUNTIF($AE$32:AE2771,TRUE()),\"\")","v":""},{"$f":"IFERROR(INDEX($AD:$AD,MATCH(ROWS($AD$32:AD2771),$AF:$AF,0)),\"\")","v":""},null,null,false,{"$f":"IF(AJ2771=TRUE,COUNTIF($AJ$32:AJ2771,TRUE()),\"\")","v":""},{"$f":"IFERROR(INDEX($AD:$AD,MATCH(ROWS($AD$32:AD2771),$AK:$AK,0)),\"\")","v":""},null,false,{"$f":"IF(AN2771=TRUE,COUNTIF($AN$32:AN2771,TRUE()),\"\")","v":""},{"$f":"IFERROR(INDEX($AD:$AD,MATCH(ROWS($AD$32:$AD2771),$AO:$AO,0)),\"\")","v":""}]
[null,null,null,null,null,null,null,null,null,null,null,null,null,null,null,null,null,null,null,null,null,null,null,null,null,null,null,null,null,{"$f":"'Baza klientów'!B2745","v":0},false,{"$f":"IF(AE2776=TRUE,COUNTIF($AE$32:AE2776,TRUE()),\"\")","v":""},{"$f":"IFERROR(INDEX($AD:$AD,MATCH(ROWS($AD$32:AD2776),$AF:$AF,0)),\"\")","v":""},null,null,false,{"$f":"IF(AJ2776=TRUE,COUNTIF($AJ$32:AJ2776,TRUE()),\"\")","v":""},{"$f":"IFERROR(INDEX($AD:$AD,MATCH(ROWS($AD$32:AD2776),$AK:$AK,0)),\"\")","v":""},null,false,{"$f":"IF(AN2776=TRUE,COUNTIF($AN$32:AN2776,TRUE()),\"\")","v":""},{"$f":"IFERROR(INDEX($AD:$AD,MATCH(ROWS($AD$32:$AD2776),$AO:$AO,0)),\"\")","v":""}]
[null,null,null,null,null,null,null,null,null,null,null,null,null,null,null,null,null,null,null,null,null,null,null,null,null,null,null,null,null,{"$f":"'Baza klientów'!B2750","v":0},false,{"$f":"IF(AE2781=TRUE,COUNTIF($AE$32:AE2781,TRUE()),\"\")","v":""},{"$f":"IFERROR(INDEX($AD:$AD,MATCH(ROWS($AD$32:AD2781),$AF:$AF,0)),\"\")","v":""},null,null,false,{"$f":"IF(AJ2781=TRUE,COUNTIF($AJ$32:AJ2781,TRUE()),\"\")","v":""},{"$f":"IFERROR(INDEX($AD:$AD,MATCH(ROWS($AD$32:AD2781),$AK:$AK,0)),\"\")","v":""},null,false,{"$f":"IF(AN2781=TRUE,COUNTIF($AN$32:AN2781,TRUE()),\"\")","v":""},{"$f":"IFERROR(INDEX($AD:$AD,MATCH(ROWS($AD$32:$AD2781),$AO:$AO,0)),\"\")","v":""}]
[null,null,null,null,null,null,null,null,null,null,null,null,null,null,null,null,null,null,null,null,null,null,null,null,null,null,null,null,null,{"$f":"'Baza klientów'!B2751","v":0},false,{"$f":"IF(AE2782=TRUE,COUNTIF($AE$32:AE2782,TRUE()),\"\")","v":""},{"$f":"IFERROR(INDEX($AD:$AD,MATCH(ROWS($AD$32:AD2782),$AF:$AF,0)),\"\")","v":""},null,null,false,{"$f":"IF(AJ2782=TRUE,COUNTIF($AJ$32:AJ2782,TRUE()),\"\")","v":""},{"$f":"IFERROR(INDEX($AD:$AD,MATCH(ROWS($AD$32:AD2782),$AK:$AK,0)),\"\")","v":""},null,false,{"$f":"IF(AN2782=TRUE,COUNTIF($AN$32:AN2782,TRUE()),\"\")","v":""},{"$f":"IFERROR(INDEX($AD:$AD,MATCH(ROWS($AD$32:$AD2782),$AO:$AO,0)),\"\")","v":""}]
[null,null,null,null,null,null,null,null,null,null,null,null,null,null,null,null,null,null,null,null,null,null,null,null,null,null,null,null,null,{"$f":"'Baza klientów'!B2756","v":0},false,{"$f":"IF(AE2787=TRUE,COUNTIF($AE$32:AE2787,TRUE()),\"\")","v":""},{"$f":"IFERROR(INDEX($AD:$AD,MATCH(ROWS($AD$32:AD2787),$AF:$AF,0)),\"\")","v":""},null,null,false,{"$f":"IF(AJ2787=TRUE,COUNTIF($AJ$32:AJ2787,TRUE()),\"\")","v":""},{"$f":"IFERROR(INDEX($AD:$AD,MATCH(ROWS($AD$32:AD2787),$AK:$AK,0)),\"\")","v":""},null,false,{"$f":"IF(AN2787=TRUE,COUNTIF($AN$32:AN2787,TRUE()),\"\")","v":""},{"$f":"IFERROR(INDEX($AD:$AD,MATCH(ROWS($AD$32:$AD2787),$AO:$AO,0)),\"\")","v":""}]
[null,null,null,null,null,null,null,null,null,null,null,null,null,null,null,null,null,null,null,null,null,null,null,null,null,null,null,null,null,{"$f":"'Baza klientów'!B2760","v":0},false,{"$f":"IF(AE2791=TRUE,COUNTIF($AE$32:AE2791,TRUE()),\"\")","v":""},{"$f":"IFERROR(INDEX($AD:$AD,MATCH(ROWS($AD$32:AD2791),$AF:$AF,0)),\"\")","v":""},null,null,false,{"$f":"IF(AJ2791=TRUE,COUNTIF($AJ$32:AJ2791,TRUE()),\"\")","v":""},{"$f":"IFERROR(INDEX($AD:$AD,MATCH(ROWS($AD$32:AD2791),$AK:$AK,0)),\"\")","v":""},null,false,{"$f":"IF(AN2791=TRUE,COUNTIF($AN$32:AN2791,TRUE()),\"\")","v":""},{"$f":"IFERROR(INDEX($AD:$AD,MATCH(ROWS($AD$32:$AD2791),$AO:$AO,0)),\"\")","v":""}]
[null,null,null,null,null,null,null,null,null,null,null,null,null,null,null,null,null,null,null,null,null,null,null,null,null,null,null,null,null,{"$f":"'Baza klientów'!B2765","v":0},false,{"$f":"IF(AE2796=TRUE,COUNTIF($AE$32:AE2796,TRUE()),\"\")","v":""},{"$f":"IFERROR(INDEX($AD:$AD,MATCH(ROWS($AD$32:AD2796),$AF:$AF,0)),\"\")","v":""},null,null,false,{"$f":"IF(AJ2796=TRUE,COUNTIF($AJ$32:AJ2796,TRUE()),\"\")","v":""},{"$f":"IFERROR(INDEX($AD:$AD,MATCH(ROWS($AD$32:AD2796),$AK:$AK,0)),\"\")","v":""},null,false,{"$f":"IF(AN2796=TRUE,COUNTIF($AN$32:AN2796,TRUE()),\"\")","v":""},{"$f":"IFERROR(INDEX($AD:$AD,MATCH(ROWS($AD$32:$AD2796),$AO:$AO,0)),\"\")","v":""}]
[null,null,null,null,null,null,null,null,null,null,null,null,null,null,null,null,null,null,null,null,null,null,null,null,null,null,null,null,null,{"$f":"'Baza klientów'!B2766","v":0},false,{"$f":"IF(AE2797=TRUE,COUNTIF($AE$32:AE2797,TRUE()),\"\")","v":""},{"$f":"IFERROR(INDEX($AD:$AD,MATCH(ROWS($AD$32:AD2797),$AF:$AF,0)),\"\")","v":""},null,null,false,{"$f":"IF(AJ2797=TRUE,COUNTIF($AJ$32:AJ2797,TRUE()),\"\")","v":""},{"$f":"IFERROR(INDEX($AD:$AD,MATCH(ROWS($AD$32:AD2797),$AK:$AK,0)),\"\")","v":""},null,false,{"$f":"IF(AN2797=TRUE,COUNTIF($AN$32:AN2797,TRUE()),\"\")","v":""},{"$f":"IFERROR(INDEX($AD:$AD,MATCH(ROWS($AD$32:$AD2797),$AO:$AO,0)),\"\")","v":""}]
[null,null,null,null,null,null,null,null,null,null,null,null,null,null,null,null,null,null,null,null,null,null,null,null,null,null,null,null,null,{"$f":"'Baza klientów'!B2771","v":0},false,{"$f":"IF(AE2802=TRUE,COUNTIF($AE$32:AE2802,TRUE()),\"\")","v":""},{"$f":"IFERROR(INDEX($AD:$AD,MATCH(ROWS($AD$32:AD2802),$AF:$AF,0)),\"\")","v":""},null,null,false,{"$f":"IF(AJ2802=TRUE,COUNTIF($AJ$32:AJ2802,TRUE()),\"\")","v":""},{"$f":"IFERROR(INDEX($AD:$AD,MATCH(ROWS($AD$32:AD2802),$AK:$AK,0)),\"\")","v":""},null,false,{"$f":"IF(AN2802=TRUE,COUNTIF($AN$32:AN2802,TRUE()),\"\")","v":""},{"$f":"IFERROR(INDEX($AD:$AD,MATCH(ROWS($AD$32:$AD2802),$AO:$AO,0)),\"\")","v":""}]
[null,null,null,null,null,null,null,null,null,null,null,null,null,null,null,null,null,null,null,null,null,null,null,null,null,null,null,null,null,{"$f":"'Baza klientów'!B2774","v":0},false,{"$f":"IF(AE2805=TRUE,COUNTIF($AE$32:AE2805,TRUE()),\"\")","v":""},{"$f":"IFERROR(INDEX($AD:$AD,MATCH(ROWS($AD$32:AD2805),$AF:$AF,0)),\"\")","v":""},null,null,false,{"$f":"IF(AJ2805=TRUE,COUNTIF($AJ$32:AJ2805,TRUE()),\"\")","v":""},{"$f":"IFERROR(INDEX($AD:$AD,MATCH(ROWS($AD$32:AD2805),$AK:$AK,0)),\"\")","v":""},null,false,{"$f":"IF(AN2805=TRUE,COUNTIF($AN$32:AN2805,TRUE()),\"\")","v":""},{"$f":"IFERROR(INDEX($AD:$AD,MATCH(ROWS($AD$32:$AD2805),$AO:$AO,0)),\"\")","v":""}]
[null,null,null,null,null,null,null,null,null,null,null,null,null,null,null,null,null,null,null,null,null,null,null,null,null,null,null,null,null,{"$f":"'Baza klientów'!B2780","v":0},false,{"$f":"IF(AE2811=TRUE,COUNTIF($AE$32:AE2811,TRUE()),\"\")","v":""},{"$f":"IFERROR(INDEX($AD:$AD,MATCH(ROWS($AD$32:AD2811),$AF:$AF,0)),\"\")","v":""},null,null,false,{"$f":"IF(AJ2811=TRUE,COUNTIF($AJ$32:AJ2811,TRUE()),\"\")","v":""},{"$f":"IFERROR(INDEX($AD:$AD,MATCH(ROWS($AD$32:AD2811),$AK:$AK,0)),\"\")","v":""},null,false,{"$f":"IF(AN2811=TRUE,COUNTIF($AN$32:AN2811,TRUE()),\"\")","v":""},{"$f":"IFERROR(INDEX($AD:$AD,MATCH(ROWS($AD$32:$AD2811),$AO:$AO,0)),\"\")","v":""}]
[null,null,null,null,null,null,null,null,null,null,null,null,null,null,null,null,null,null,null,null,null,null,null,null,null,null,null,null,null,{"$f":"'Baza klientów'!B2781","v":0},false,{"$f":"IF(AE2812=TRUE,COUNTIF($AE$32:AE2812,TRUE()),\"\")","v":""},{"$f":"IFERROR(INDEX($AD:$AD,MATCH(ROWS($AD$32:AD2812),$AF:$AF,0)),\"\")","v":""},null,null,false,{"$f":"IF(AJ2812=TRUE,COUNTIF($AJ$32:AJ2812,TRUE()),\"\")","v":""},{"$f":"IFERROR(INDEX($AD:$AD,MATCH(ROWS($AD$32:AD2812),$AK:$AK,0)),\"\")","v":""},null,false,{"$f":"IF(AN2812=TRUE,COUNTIF($AN$32:AN2812,TRUE()),\"\")","v":""},{"$f":"IFERROR(INDEX($AD:$AD,MATCH(ROWS($AD$32:$AD2812),$AO:$AO,0)),\"\")","v":""}]
[null,null,null,null,null,null,null,null,null,null,null,null,null,null,null,null,null,null,null,null,null,null,null,null,null,null,null,null,null,{"$f":"'Baza klientów'!B2786","v":0},false,{"$f":"IF(AE2817=TRUE,COUNTIF($AE$32:AE2817,TRUE()),\"\")","v":""},{"$f":"IFERROR(INDEX($AD:$AD,MATCH(ROWS($AD$32:AD2817),$AF:$AF,0)),\"\")","v":""},null,null,false,{"$f":"IF(AJ2817=TRUE,COUNTIF($AJ$32:AJ2817,TRUE()),\"\")","v":""},{"$f":"IFERROR(INDEX($AD:$AD,MATCH(ROWS($AD$32:AD2817),$AK:$AK,0)),\"\")","v":""},null,false,{"$f":"IF(AN2817=TRUE,COUNTIF($AN$32:AN2817,TRUE()),\"\")","v":""},{"$f":"IFERROR(INDEX($AD:$AD,MATCH(ROWS($AD$32:$AD2817),$AO:$AO,0)),\"\")","v":""}]
[null,null,null,null,null,null,null,null,null,null,null,null,null,null,null,null,null,null,null,null,null,null,null,null,null,null,null,null,null,{"$f":"'Baza klientów'!B2790","v":0},false,{"$f":"IF(AE2821=TRUE,COUNTIF($AE$32:AE2821,TRUE()),\"\")","v":""},{"$f":"IFERROR(INDEX($AD:$AD,MATCH(ROWS($AD$32:AD2821),$AF:$AF,0)),\"\")","v":""},null,null,false,{"$f":"IF(AJ2821=TRUE,COUNTIF($AJ$32:AJ2821,TRUE()),\"\")","v":""},{"$f":"IFERROR(INDEX($AD:$AD,MATCH(ROWS($AD$32:AD2821),$AK:$AK,0)),\"\")","v":""},null,false,{"$f":"IF(AN2821=TRUE,COUNTIF($AN$32:AN2821,TRUE()),\"\")","v":""},{"$f":"IFERROR(INDEX($AD:$AD,MATCH(ROWS($AD$32:$AD2821),$AO:$AO,0)),\"\")","v":""}]
[null,null,null,null,null,null,null,null,null,null,null,null,null,null,null,null,null,null,null,null,null,null,null,null,null,null,null,null,null,{"$f":"'Baza klientów'!B2795","v":0},false,{"$f":"IF(AE2826=TRUE,COUNTIF($AE$32:AE2826,TRUE()),\"\")","v":""},{"$f":"IFERROR(INDEX($AD:$AD,MATCH(ROWS($AD$32:AD2826),$AF:$AF,0)),\"\")","v":""},null,null,false,{"$f":"IF(AJ2826=TRUE,COUNTIF($AJ$32:AJ2826,TRUE()),\"\")","v":""},{"$f":"IFERROR(INDEX($AD:$AD,MATCH(ROWS($AD$32:AD2826),$AK:$AK,0)),\"\")","v":""},null,false,{"$f":"IF(AN2826=TRUE,COUNTIF($AN$32:AN2826,TRUE()),\"\")","v":""},{"$f":"IFERROR(INDEX($AD:$AD,MATCH(ROWS($AD$32:$AD2826),$AO:$AO,0)),\"\")","v":""}]
[null,null,null,null,null,null,null,null,null,null,null,null,null,null,null,null,null,null,null,null,null,null,null,null,null,null,null,null,null,{"$f":"'Baza klientów'!B2796","v":0},false,{"$f":"IF(AE2827=TRUE,COUNTIF($AE$32:AE2827,TRUE()),\"\")","v":""},{"$f":"IFERROR(INDEX($AD:$AD,MATCH(ROWS($AD$32:AD2827),$AF:$AF,0)),\"\")","v":""},null,null,false,{"$f":"IF(AJ2827=TRUE,COUNTIF($AJ$32:AJ2827,TRUE()),\"\")","v":""},{"$f":"IFERROR(INDEX($AD:$AD,MATCH(ROWS($AD$32:AD2827),$AK:$AK,0)),\"\")","v":""},null,false,{"$f":"IF(AN2827=TRUE,COUNTIF($AN$32:AN2827,TRUE()),\"\")","v":""},{"$f":"IFERROR(INDEX($AD:$AD,MATCH(ROWS($AD$32:$AD2827),$AO:$AO,0)),\"\")","v":""}]
[null,null,null,null,null,null,null,null,null,null,null,null,null,null,null,null,null,null,null,null,null,null,null,null,null,null,null,null,null,{"$f":"'Baza klientów'!B2801","v":0},false,{"$f":"IF(AE2832=TRUE,COUNTIF($AE$32:AE2832,TRUE()),\"\")","v":""},{"$f":"IFERROR(INDEX($AD:$AD,MATCH(ROWS($AD$32:AD2832),$AF:$AF,0)),\"\")","v":""},null,null,false,{"$f":"IF(AJ2832=TRUE,COUNTIF($AJ$32:AJ2832,TRUE()),\"\")","v":""},{"$f":"IFERROR(INDEX($AD:$AD,MATCH(ROWS($AD$32:AD2832),$AK:$AK,0)),\"\")","v":""},null,false,{"$f":"IF(AN2832=TRUE,COUNTIF($AN$32:AN2832,TRUE()),\"\")","v":""},{"$f":"IFERROR(INDEX($AD:$AD,MATCH(ROWS($AD$32:$AD2832),$AO:$AO,0)),\"\")","v":""}]
[null,null,null,null,null,null,null,null,null,null,null,null,null,null,null,null,null,null,null,null,null,null,null,null,null,null,null,null,null,{"$f":"'Baza klientów'!B2806","v":0},false,{"$f":"IF(AE2837=TRUE,COUNTIF($AE$32:AE2837,TRUE()),\"\")","v":""},{"$f":"IFERROR(INDEX($AD:$AD,MATCH(ROWS($AD$32:AD2837),$AF:$AF,0)),\"\")","v":""},null,null,false,{"$f":"IF(AJ2837=TRUE,COUNTIF($AJ$32:AJ2837,TRUE()),\"\")","v":""},{"$f":"IFERROR(INDEX($AD:$AD,MATCH(ROWS($AD$32:AD2837),$AK:$AK,0)),\"\")","v":""},null,false,{"$f":"IF(AN2837=TRUE,COUNTIF($AN$32:AN2837,TRUE()),\"\")","v":""},{"$f":"IFERROR(INDEX($AD:$AD,MATCH(ROWS($AD$32:$AD2837),$AO:$AO,0)),\"\")","v":""}]
[null,null,null,null,null,null,null,null,null,null,null,null,null,null,null,null,null,null,null,null,null,null,null,null,null,null,null,null,null,{"$f":"'Baza klientów'!B2808","v":0},false,{"$f":"IF(AE2839=TRUE,COUNTIF($AE$32:AE2839,TRUE()),\"\")","v":""},{"$f":"IFERROR(INDEX($AD:$AD,MATCH(ROWS($AD$32:AD2839),$AF:$AF,0)),\"\")","v":""},null,null,false,{"$f":"IF(AJ2839=TRUE,COUNTIF($AJ$32:AJ2839,TRUE()),\"\")","v":""},{"$f":"IFERROR(INDEX($AD:$AD,MATCH(ROWS($AD$32:AD2839),$AK:$AK,0)),\"\")","v":""},null,false,{"$f":"IF(AN2839=TRUE,COUNTIF($AN$32:AN2839,TRUE()),\"\")","v":""},{"$f":"IFERROR(INDEX($AD:$AD,MATCH(ROWS($AD$32:$AD2839),$AO:$AO,0)),\"\")","v":""}]
[null,null,null,null,null,null,null,null,null,null,null,null,null,null,null,null,null,null,null,null,null,null,null,null,null,null,null,null,null,{"$f":"'Baza klientów'!B2811","v":0},false,{"$f":"IF(AE2842=TRUE,COUNTIF($AE$32:AE2842,TRUE()),\"\")","v":""},{"$f":"IFERROR(INDEX($AD:$AD,MATCH(ROWS($AD$32:AD2842),$AF:$AF,0)),\"\")","v":""},null,null,false,{"$f":"IF(AJ2842=TRUE,COUNTIF($AJ$32:AJ2842,TRUE()),\"\")","v":""},{"$f":"IFERROR(INDEX($AD:$AD,MATCH(ROWS($AD$32:AD2842),$AK:$AK,0)),\"\")","v":""},null,false,{"$f":"IF(AN2842=TRUE,COUNTIF($AN$32:AN2842,TRUE()),\"\")","v":""},{"$f":"IFERROR(INDEX($AD:$AD,MATCH(ROWS($AD$32:$AD2842),$AO:$AO,0)),\"\")","v":""}]
[null,null,null,null,null,null,null,null,null,null,null,null,null,null,null,null,null,null,null,null,null,null,null,null,null,null,null,null,null,{"$f":"'Baza klientów'!B2816","v":0},false,{"$f":"IF(AE2847=TRUE,COUNTIF($AE$32:AE2847,TRUE()),\"\")","v":""},{"$f":"IFERROR(INDEX($AD:$AD,MATCH(ROWS($AD$32:AD2847),$AF:$AF,0)),\"\")","v":""},null,null,false,{"$f":"IF(AJ2847=TRUE,COUNTIF($AJ$32:AJ2847,TRUE()),\"\")","v":""},{"$f":"IFERROR(INDEX($AD:$AD,MATCH(ROWS($AD$32:AD2847),$AK:$AK,0)),\"\")","v":""},null,false,{"$f":"IF(AN2847=TRUE,COUNTIF($AN$32:AN2847,TRUE()),\"\")","v":""},{"$f":"IFERROR(INDEX($AD:$AD,MATCH(ROWS($AD$32:$AD2847),$AO:$AO,0)),\"\")","v":""}]
[null,null,null,null,null,null,null,null,null,null,null,null,null,null,null,null,null,null,null,null,null,null,null,null,null,null,null,null,null,{"$f":"'Baza klientów'!B2821","v":0},false,{"$f":"IF(AE2852=TRUE,COUNTIF($AE$32:AE2852,TRUE()),\"\")","v":""},{"$f":"IFERROR(INDEX($AD:$AD,MATCH(ROWS($AD$32:AD2852),$AF:$AF,0)),\"\")","v":""},null,null,false,{"$f":"IF(AJ2852=TRUE,COUNTIF($AJ$32:AJ2852,TRUE()),\"\")","v":""},{"$f":"IFERROR(INDEX($AD:$AD,MATCH(ROWS($AD$32:AD2852),$AK:$AK,0)),\"\")","v":""},null,false,{"$f":"IF(AN2852=TRUE,COUNTIF($AN$32:AN2852,TRUE()),\"\")","v":""},{"$f":"IFERROR(INDEX($AD:$AD,MATCH(ROWS($AD$32:$AD2852),$AO:$AO,0)),\"\")","v":""}]
[null,null,null,null,null,null,null,null,null,null,null,null,null,null,null,null,null,null,null,null,null,null,null,null,null,null,null,null,null,{"$f":"'Baza klientów'!B2825","v":0},false,{"$f":"IF(AE2856=TRUE,COUNTIF($AE$32:AE2856,TRUE()),\"\")","v":""},{"$f":"IFERROR(INDEX($AD:$AD,MATCH(ROWS($AD$32:AD2856),$AF:$AF,0)),\"\")","v":""},null,null,false,{"$f":"IF(AJ2856=TRUE,COUNTIF($AJ$32:AJ2856,TRUE()),\"\")","v":""},{"$f":"IFERROR(INDEX($AD:$AD,MATCH(ROWS($AD$32:AD2856),$AK:$AK,0)),\"\")","v":""},null,false,{"$f":"IF(AN2856=TRUE,COUNTIF($AN$32:AN2856,TRUE()),\"\")","v":""},{"$f":"IFERROR(INDEX($AD:$AD,MATCH(ROWS($AD$32:$AD2856),$AO:$AO,0)),\"\")","v":""}]
[null,null,null,null,null,null,null,null,null,null,null,null,null,null,null,null,null,null,null,null,null,null,null,null,null,null,null,null,null,{"$f":"'Baza klientów'!B2826","v":0},false,{"$f":"IF(AE2857=TRUE,COUNTIF($AE$32:AE2857,TRUE()),\"\")","v":""},{"$f":"IFERROR(INDEX($AD:$AD,MATCH(ROWS($AD$32:AD2857),$AF:$AF,0)),\"\")","v":""},null,null,false,{"$f":"IF(AJ2857=TRUE,COUNTIF($AJ$32:AJ2857,TRUE()),\"\")","v":""},{"$f":"IFERROR(INDEX($AD:$AD,MATCH(ROWS($AD$32:AD2857),$AK:$AK,0)),\"\")","v":""},null,false,{"$f":"IF(AN2857=TRUE,COUNTIF($AN$32:AN2857,TRUE()),\"\")","v":""},{"$f":"IFERROR(INDEX($AD:$AD,MATCH(ROWS($AD$32:$AD2857),$AO:$AO,0)),\"\")","v":""}]
[null,null,null,null,null,null,null,null,null,null,null,null,null,null,null,null,null,null,null,null,null,null,null,null,null,null,null,null,null,{"$f":"'Baza klientów'!B2831","v":0},false,{"$f":"IF(AE2862=TRUE,COUNTIF($AE$32:AE2862,TRUE()),\"\")","v":""},{"$f":"IFERROR(INDEX($AD:$AD,MATCH(ROWS($AD$32:AD2862),$AF:$AF,0)),\"\")","v":""},null,null,false,{"$f":"IF(AJ2862=TRUE,COUNTIF($AJ$32:AJ2862,TRUE()),\"\")","v":""},{"$f":"IFERROR(INDEX($AD:$AD,MATCH(ROWS($AD$32:AD2862),$AK:$AK,0)),\"\")","v":""},null,false,{"$f":"IF(AN2862=TRUE,COUNTIF($AN$32:AN2862,TRUE()),\"\")","v":""},{"$f":"IFERROR(INDEX($AD:$AD,MATCH(ROWS($AD$32:$AD2862),$AO:$AO,0)),\"\")","v":""}]
[null,null,null,null,null,null,null,null,null,null,null,null,null,null,null,null,null,null,null,null,null,null,null,null,null,null,null,null,null,{"$f":"'Baza klientów'!B2836","v":0},false,{"$f":"IF(AE2867=TRUE,COUNTIF($AE$32:AE2867,TRUE()),\"\")","v":""},{"$f":"IFERROR(INDEX($AD:$AD,MATCH(ROWS($AD$32:AD2867),$AF:$AF,0)),\"\")","v":""},null,null,false,{"$f":"IF(AJ2867=TRUE,COUNTIF($AJ$32:AJ2867,TRUE()),\"\")","v":""},{"$f":"IFERROR(INDEX($AD:$AD,MATCH(ROWS($AD$32:AD2867),$AK:$AK,0)),\"\")","v":""},null,false,{"$f":"IF(AN2867=TRUE,COUNTIF($AN$32:AN2867,TRUE()),\"\")","v":""},{"$f":"IFERROR(INDEX($AD:$AD,MATCH(ROWS($AD$32:$AD2867),$AO:$AO,0)),\"\")","v":""}]
[null,null,null,null,null,null,null,null,null,null,null,null,null,null,null,null,null,null,null,null,null,null,null,null,null,null,null,null,null,{"$f":"'Baza klientów'!B2841","v":0},false,{"$f":"IF(AE2872=TRUE,COUNTIF($AE$32:AE2872,TRUE()),\"\")","v":""},{"$f":"IFERROR(INDEX($AD:$AD,MATCH(ROWS($AD$32:AD2872),$AF:$AF,0)),\"\")","v":""},null,null,false,{"$f":"IF(AJ2872=TRUE,COUNTIF($AJ$32:AJ2872,TRUE()),\"\")","v":""},{"$f":"IFERROR(INDEX($AD:$AD,MATCH(ROWS($AD$32:AD2872),$AK:$AK,0)),\"\")","v":""},null,false,{"$f":"IF(AN2872=TRUE,COUNTIF($AN$32:AN2872,TRUE()),\"\")","v":""},{"$f":"IFERROR(INDEX($AD:$AD,MATCH(ROWS($AD$32:$AD2872),$AO:$AO,0)),\"\")","v":""}]
[null,null,null,null,null,null,null,null,null,null,null,null,null,null,null,null,null,null,null,null,null,null,null,null,null,null,null,null,null,{"$f":"'Baza klientów'!B2843","v":0},false,{"$f":"IF(AE2874=TRUE,COUNTIF($AE$32:AE2874,TRUE()),\"\")","v":""},{"$f":"IFERROR(INDEX($AD:$AD,MATCH(ROWS($AD$32:AD2874),$AF:$AF,0)),\"\")","v":""},null,null,false,{"$f":"IF(AJ2874=TRUE,COUNTIF($AJ$32:AJ2874,TRUE()),\"\")","v":""},{"$f":"IFERROR(INDEX($AD:$AD,MATCH(ROWS($AD$32:AD2874),$AK:$AK,0)),\"\")","v":""},null,false,{"$f":"IF(AN2874=TRUE,COUNTIF($AN$32:AN2874,TRUE()),\"\")","v":""},{"$f":"IFERROR(INDEX($AD:$AD,MATCH(ROWS($AD$32:$AD2874),$AO:$AO,0)),\"\")","v":""}]
[null,null,null,null,null,null,null,null,null,null,null,null,null,null,null,null,null,null,null,null,null,null,null,null,null,null,null,null,null,{"$f":"'Baza klientów'!B2846","v":0},false,{"$f":"IF(AE2877=TRUE,COUNTIF($AE$32:AE2877,TRUE()),\"\")","v":""},{"$f":"IFERROR(INDEX($AD:$AD,MATCH(ROWS($AD$32:AD2877),$AF:$AF,0)),\"\")","v":""},null,null,false,{"$f":"IF(AJ2877=TRUE,COUNTIF($AJ$32:AJ2877,TRUE()),\"\")","v":""},{"$f":"IFERROR(INDEX($AD:$AD,MATCH(ROWS($AD$32:AD2877),$AK:$AK,0)),\"\")","v":""},null,false,{"$f":"IF(AN2877=TRUE,COUNTIF($AN$32:AN2877,TRUE()),\"\")","v":""},{"$f":"IFERROR(INDEX($AD:$AD,MATCH(ROWS($AD$32:$AD2877),$AO:$AO,0)),\"\")","v":""}]
[null,null,null,null,null,null,null,null,null,null,null,null,null,null,null,null,null,null,null,null,null,null,null,null,null,null,null,null,null,{"$f":"'Baza klientów'!B2851","v":0},false,{"$f":"IF(AE2882=TRUE,COUNTIF($AE$32:AE2882,TRUE()),\"\")","v":""},{"$f":"IFERROR(INDEX($AD:$AD,MATCH(ROWS($AD$32:AD2882),$AF:$AF,0)),\"\")","v":""},null,null,false,{"$f":"IF(AJ2882=TRUE,COUNTIF($AJ$32:AJ2882,TRUE()),\"\")","v":""},{"$f":"IFERROR(INDEX($AD:$AD,MATCH(ROWS($AD$32:AD2882),$AK:$AK,0)),\"\")","v":""},null,false,{"$f":"IF(AN2882=TRUE,COUNTIF($AN$32:AN2882,TRUE()),\"\")","v":""},{"$f":"IFERROR(INDEX($AD:$AD,MATCH(ROWS($AD$32:$AD2882),$AO:$AO,0)),\"\")","v":""}]
[null,null,null,null,null,null,null,null,null,null,null,null,null,null,null,null,null,null,null,null,null,null,null,null,null,null,null,null,null,{"$f":"'Baza klientów'!B2856","v":0},false,{"$f":"IF(AE2887=TRUE,COUNTIF($AE$32:AE2887,TRUE()),\"\")","v":""},{"$f":"IFERROR(INDEX($AD:$AD,MATCH(ROWS($AD$32:AD2887),$AF:$AF,0)),\"\")","v":""},null,null,false,{"$f":"IF(AJ2887=TRUE,COUNTIF($AJ$32:AJ2887,TRUE()),\"\")","v":""},{"$f":"IFERROR(INDEX($AD:$AD,MATCH(ROWS($AD$32:AD2887),$AK:$AK,0)),\"\")","v":""},null,false,{"$f":"IF(AN2887=TRUE,COUNTIF($AN$32:AN2887,TRUE()),\"\")","v":""},{"$f":"IFERROR(INDEX($AD:$AD,MATCH(ROWS($AD$32:$AD2887),$AO:$AO,0)),\"\")","v":""}]
[null,null,null,null,null,null,null,null,null,null,null,null,null,null,null,null,null,null,null,null,null,null,null,null,null,null,null,null,null,{"$f":"'Baza klientów'!B2857","v":0},false,{"$f":"IF(AE2888=TRUE,COUNTIF($AE$32:AE2888,TRUE()),\"\")","v":""},{"$f":"IFERROR(INDEX($AD:$AD,MATCH(ROWS($AD$32:AD2888),$AF:$AF,0)),\"\")","v":""},null,null,false,{"$f":"IF(AJ2888=TRUE,COUNTIF($AJ$32:AJ2888,TRUE()),\"\")","v":""},{"$f":"IFERROR(INDEX($AD:$AD,MATCH(ROWS($AD$32:AD2888),$AK:$AK,0)),\"\")","v":""},null,false,{"$f":"IF(AN2888=TRUE,COUNTIF($AN$32:AN2888,TRUE()),\"\")","v":""},{"$f":"IFERROR(INDEX($AD:$AD,MATCH(ROWS($AD$32:$AD2888),$AO:$AO,0)),\"\")","v":""}]
[null,null,null,null,null,null,null,null,null,null,null,null,null,null,null,null,null,null,null,null,null,null,null,null,null,null,null,null,null,{"$f":"'Baza klientów'!B2863","v":0},false,{"$f":"IF(AE2894=TRUE,COUNTIF($AE$32:AE2894,TRUE()),\"\")","v":""},{"$f":"IFERROR(INDEX($AD:$AD,MATCH(ROWS($AD$32:AD2894),$AF:$AF,0)),\"\")","v":""},null,null,false,{"$f":"IF(AJ2894=TRUE,COUNTIF($AJ$32:AJ2894,TRUE()),\"\")","v":""},{"$f":"IFERROR(INDEX($AD:$AD,MATCH(ROWS($AD$32:AD2894),$AK:$AK,0)),\"\")","v":""},null,false,{"$f":"IF(AN2894=TRUE,COUNTIF($AN$32:AN2894,TRUE()),\"\")","v":""},{"$f":"IFERROR(INDEX($AD:$AD,MATCH(ROWS($AD$32:$AD2894),$AO:$AO,0)),\"\")","v":""}]
[null,null,null,null,null,null,null,null,null,null,null,null,null,null,null,null,null,null,null,null,null,null,null,null,null,null,null,null,null,{"$f":"'Baza klientów'!B2866","v":0},false,{"$f":"IF(AE2897=TRUE,COUNTIF($AE$32:AE2897,TRUE()),\"\")","v":""},{"$f":"IFERROR(INDEX($AD:$AD,MATCH(ROWS($AD$32:AD2897),$AF:$AF,0)),\"\")","v":""},null,null,false,{"$f":"IF(AJ2897=TRUE,COUNTIF($AJ$32:AJ2897,TRUE()),\"\")","v":""},{"$f":"IFERROR(INDEX($AD:$AD,MATCH(ROWS($AD$32:AD2897),$AK:$AK,0)),\"\")","v":""},null,false,{"$f":"IF(AN2897=TRUE,COUNTIF($AN$32:AN2897,TRUE()),\"\")","v":""},{"$f":"IFERROR(INDEX($AD:$AD,MATCH(ROWS($AD$32:$AD2897),$AO:$AO,0)),\"\")","v":""}]
[null,null,null,null,null,null,null,null,null,null,null,null,null,null,null,null,null,null,null,null,null,null,null,null,null,null,null,null,null,{"$f":"'Baza klientów'!B2871","v":0},false,{"$f":"IF(AE2902=TRUE,COUNTIF($AE$32:AE2902,TRUE()),\"\")","v":""},{"$f":"IFERROR(INDEX($AD:$AD,MATCH(ROWS($AD$32:AD2902),$AF:$AF,0)),\"\")","v":""},null,null,false,{"$f":"IF(AJ2902=TRUE,COUNTIF($AJ$32:AJ2902,TRUE()),\"\")","v":""},{"$f":"IFERROR(INDEX($AD:$AD,MATCH(ROWS($AD$32:AD2902),$AK:$AK,0)),\"\")","v":""},null,false,{"$f":"IF(AN2902=TRUE,COUNTIF($AN$32:AN2902,TRUE()),\"\")","v":""},{"$f":"IFERROR(INDEX($AD:$AD,MATCH(ROWS($AD$32:$AD2902),$AO:$AO,0)),\"\")","v":""}]
[null,null,null,null,null,null,null,null,null,null,null,null,null,null,null,null,null,null,null,null,null,null,null,null,null,null,null,null,null,{"$f":"'Baza klientów'!B2872","v":0},false,{"$f":"IF(AE2903=TRUE,COUNTIF($AE$32:AE2903,TRUE()),\"\")","v":""},{"$f":"IFERROR(INDEX($AD:$AD,MATCH(ROWS($AD$32:AD2903),$AF:$AF,0)),\"\")","v":""},null,null,false,{"$f":"IF(AJ2903=TRUE,COUNTIF($AJ$32:AJ2903,TRUE()),\"\")","v":""},{"$f":"IFERROR(INDEX($AD:$AD,MATCH(ROWS($AD$32:AD2903),$AK:$AK,0)),\"\")","v":""},null,false,{"$f":"IF(AN2903=TRUE,COUNTIF($AN$32:AN2903,TRUE()),\"\")","v":""},{"$f":"IFERROR(INDEX($AD:$AD,MATCH(ROWS($AD$32:$AD2903),$AO:$AO,0)),\"\")","v":""}]
[null,null,null,null,null,null,null,null,null,null,null,null,null,null,null,null,null,null,null,null,null,null,null,null,null,null,null,null,null,{"$f":"'Baza klientów'!B2877","v":0},false,{"$f":"IF(AE2908=TRUE,COUNTIF($AE$32:AE2908,TRUE()),\"\")","v":""},{"$f":"IFERROR(INDEX($AD:$AD,MATCH(ROWS($AD$32:AD2908),$AF:$AF,0)),\"\")","v":""},null,null,false,{"$f":"IF(AJ2908=TRUE,COUNTIF($AJ$32:AJ2908,TRUE()),\"\")","v":""},{"$f":"IFERROR(INDEX($AD:$AD,MATCH(ROWS($AD$32:AD2908),$AK:$AK,0)),\"\")","v":""},null,false,{"$f":"IF(AN2908=TRUE,COUNTIF($AN$32:AN2908,TRUE()),\"\")","v":""},{"$f":"IFERROR(INDEX($AD:$AD,MATCH(ROWS($AD$32:$AD2908),$AO:$AO,0)),\"\")","v":""}]
[null,null,null,null,null,null,null,null,null,null,null,null,null,null,null,null,null,null,null,null,null,null,null,null,null,null,null,null,null,{"$f":"'Baza klientów'!B2881","v":0},false,{"$f":"IF(AE2912=TRUE,COUNTIF($AE$32:AE2912,TRUE()),\"\")","v":""},{"$f":"IFERROR(INDEX($AD:$AD,MATCH(ROWS($AD$32:AD2912),$AF:$AF,0)),\"\")","v":""},null,null,false,{"$f":"IF(AJ2912=TRUE,COUNTIF($AJ$32:AJ2912,TRUE()),\"\")","v":""},{"$f":"IFERROR(INDEX($AD:$AD,MATCH(ROWS($AD$32:AD2912),$AK:$AK,0)),\"\")","v":""},null,false,{"$f":"IF(AN2912=TRUE,COUNTIF($AN$32:AN2912,TRUE()),\"\")","v":""},{"$f":"IFERROR(INDEX($AD:$AD,MATCH(ROWS($AD$32:$AD2912),$AO:$AO,0)),\"\")","v":""}]
[null,null,null,null,null,null,null,null,null,null,null,null,null,null,null,null,null,null,null,null,null,null,null,null,null,null,null,null,null,{"$f":"'Baza klientów'!B2886","v":0},false,{"$f":"IF(AE2917=TRUE,COUNTIF($AE$32:AE2917,TRUE()),\"\")","v":""},{"$f":"IFERROR(INDEX($AD:$AD,MATCH(ROWS($AD$32:AD2917),$AF:$AF,0)),\"\")","v":""},null,null,false,{"$f":"IF(AJ2917=TRUE,COUNTIF($AJ$32:AJ2917,TRUE()),\"\")","v":""},{"$f":"IFERROR(INDEX($AD:$AD,MATCH(ROWS($AD$32:AD2917),$AK:$AK,0)),\"\")","v":""},null,false,{"$f":"IF(AN2917=TRUE,COUNTIF($AN$32:AN2917,TRUE()),\"\")","v":""},{"$f":"IFERROR(INDEX($AD:$AD,MATCH(ROWS($AD$32:$AD2917),$AO:$AO,0)),\"\")","v":""}]
[null,null,null,null,null,null,null,null,null,null,null,null,null,null,null,null,null,null,null,null,null,null,null,null,null,null,null,null,null,{"$f":"'Baza klientów'!B2887","v":0},false,{"$f":"IF(AE2918=TRUE,COUNTIF($AE$32:AE2918,TRUE()),\"\")","v":""},{"$f":"IFERROR(INDEX($AD:$AD,MATCH(ROWS($AD$32:AD2918),$AF:$AF,0)),\"\")","v":""},null,null,false,{"$f":"IF(AJ2918=TRUE,COUNTIF($AJ$32:AJ2918,TRUE()),\"\")","v":""},{"$f":"IFERROR(INDEX($AD:$AD,MATCH(ROWS($AD$32:AD2918),$AK:$AK,0)),\"\")","v":""},null,false,{"$f":"IF(AN2918=TRUE,COUNTIF($AN$32:AN2918,TRUE()),\"\")","v":""},{"$f":"IFERROR(INDEX($AD:$AD,MATCH(ROWS($AD$32:$AD2918),$AO:$AO,0)),\"\")","v":""}]
[null,null,null,null,null,null,null,null,null,null,null,null,null,null,null,null,null,null,null,null,null,null,null,null,null,null,null,null,null,{"$f":"'Baza klientów'!B2892","v":0},false,{"$f":"IF(AE2923=TRUE,COUNTIF($AE$32:AE2923,TRUE()),\"\")","v":""},{"$f":"IFERROR(INDEX($AD:$AD,MATCH(ROWS($AD$32:AD2923),$AF:$AF,0)),\"\")","v":""},null,null,false,{"$f":"IF(AJ2923=TRUE,COUNTIF($AJ$32:AJ2923,TRUE()),\"\")","v":""},{"$f":"IFERROR(INDEX($AD:$AD,MATCH(ROWS($AD$32:AD2923),$AK:$AK,0)),\"\")","v":""},null,false,{"$f":"IF(AN2923=TRUE,COUNTIF($AN$32:AN2923,TRUE()),\"\")","v":""},{"$f":"IFERROR(INDEX($AD:$AD,MATCH(ROWS($AD$32:$AD2923),$AO:$AO,0)),\"\")","v":""}]
[null,null,null,null,null,null,null,null,null,null,null,null,null,null,null,null,null,null,null,null,null,null,null,null,null,null,null,null,null,{"$f":"'Baza klientów'!B2895","v":0},false,{"$f":"IF(AE2926=TRUE,COUNTIF($AE$32:AE2926,TRUE()),\"\")","v":""},{"$f":"IFERROR(INDEX($AD:$AD,MATCH(ROWS($AD$32:AD2926),$AF:$AF,0)),\"\")","v":""},null,null,false,{"$f":"IF(AJ2926=TRUE,COUNTIF($AJ$32:AJ2926,TRUE()),\"\")","v":""},{"$f":"IFERROR(INDEX($AD:$AD,MATCH(ROWS($AD$32:AD2926),$AK:$AK,0)),\"\")","v":""},null,false,{"$f":"IF(AN2926=TRUE,COUNTIF($AN$32:AN2926,TRUE()),\"\")","v":""},{"$f":"IFERROR(INDEX($AD:$AD,MATCH(ROWS($AD$32:$AD2926),$AO:$AO,0)),\"\")","v":""}]
[null,null,null,null,null,null,null,null,null,null,null,null,null,null,null,null,null,null,null,null,null,null,null,null,null,null,null,null,null,{"$f":"'Baza klientów'!B2901","v":0},false,{"$f":"IF(AE2932=TRUE,COUNTIF($AE$32:AE2932,TRUE()),\"\")","v":""},{"$f":"IFERROR(INDEX($AD:$AD,MATCH(ROWS($AD$32:AD2932),$AF:$AF,0)),\"\")","v":""},null,null,false,{"$f":"IF(AJ2932=TRUE,COUNTIF($AJ$32:AJ2932,TRUE()),\"\")","v":""},{"$f":"IFERROR(INDEX($AD:$AD,MATCH(ROWS($AD$32:AD2932),$AK:$AK,0)),\"\")","v":""},null,false,{"$f":"IF(AN2932=TRUE,COUNTIF($AN$32:AN2932,TRUE()),\"\")","v":""},{"$f":"IFERROR(INDEX($AD:$AD,MATCH(ROWS($AD$32:$AD2932),$AO:$AO,0)),\"\")","v":""}]
[null,null,null,null,null,null,null,null,null,null,null,null,null,null,null,null,null,null,null,null,null,null,null,null,null,null,null,null,null,{"$f":"'Baza klientów'!B2902","v":0},false,{"$f":"IF(AE2933=TRUE,COUNTIF($AE$32:AE2933,TRUE()),\"\")","v":""},{"$f":"IFERROR(INDEX($AD:$AD,MATCH(ROWS($AD$32:AD2933),$AF:$AF,0)),\"\")","v":""},null,null,false,{"$f":"IF(AJ2933=TRUE,COUNTIF($AJ$32:AJ2933,TRUE()),\"\")","v":""},{"$f":"IFERROR(INDEX($AD:$AD,MATCH(ROWS($AD$32:AD2933),$AK:$AK,0)),\"\")","v":""},null,false,{"$f":"IF(AN2933=TRUE,COUNTIF($AN$32:AN2933,TRUE()),\"\")","v":""},{"$f":"IFERROR(INDEX($AD:$AD,MATCH(ROWS($AD$32:$AD2933),$AO:$AO,0)),\"\")","v":""}]
[null,null,null,null,null,null,null,null,null,null,null,null,null,null,null,null,null,null,null,null,null,null,null,null,null,null,null,null,null,{"$f":"'Baza klientów'!B2907","v":0},false,{"$f":"IF(AE2938=TRUE,COUNTIF($AE$32:AE2938,TRUE()),\"\")","v":""},{"$f":"IFERROR(INDEX($AD:$AD,MATCH(ROWS($AD$32:AD2938),$AF:$AF,0)),\"\")","v":""},null,null,false,{"$f":"IF(AJ2938=TRUE,COUNTIF($AJ$32:AJ2938,TRUE()),\"\")","v":""},{"$f":"IFERROR(INDEX($AD:$AD,MATCH(ROWS($AD$32:AD2938),$AK:$AK,0)),\"\")","v":""},null,false,{"$f":"IF(AN2938=TRUE,COUNTIF($AN$32:AN2938,TRUE()),\"\")","v":""},{"$f":"IFERROR(INDEX($AD:$AD,MATCH(ROWS($AD$32:$AD2938),$AO:$AO,0)),\"\")","v":""}]
[null,null,null,null,null,null,null,null,null,null,null,null,null,null,null,null,null,null,null,null,null,null,null,null,null,null,null,null,null,{"$f":"'Baza klientów'!B2911","v":0},false,{"$f":"IF(AE2942=TRUE,COUNTIF($AE$32:AE2942,TRUE()),\"\")","v":""},{"$f":"IFERROR(INDEX($AD:$AD,MATCH(ROWS($AD$32:AD2942),$AF:$AF,0)),\"\")","v":""},null,null,false,{"$f":"IF(AJ2942=TRUE,COUNTIF($AJ$32:AJ2942,TRUE()),\"\")","v":""},{"$f":"IFERROR(INDEX($AD:$AD,MATCH(ROWS($AD$32:AD2942),$AK:$AK,0)),\"\")","v":""},null,false,{"$f":"IF(AN2942=TRUE,COUNTIF($AN$32:AN2942,TRUE()),\"\")","v":""},{"$f":"IFERROR(INDEX($AD:$AD,MATCH(ROWS($AD$32:$AD2942),$AO:$AO,0)),\"\")","v":""}]
[null,null,null,null,null,null,null,null,null,null,null,null,null,null,null,null,null,null,null,null,null,null,null,null,null,null,null,null,null,{"$f":"'Baza klientów'!B2916","v":0},false,{"$f":"IF(AE2947=TRUE,COUNTIF($AE$32:AE2947,TRUE()),\"\")","v":""},{"$f":"IFERROR(INDEX($AD:$AD,MATCH(ROWS($AD$32:AD2947),$AF:$AF,0)),\"\")","v":""},null,null,false,{"$f":"IF(AJ2947=TRUE,COUNTIF($AJ$32:AJ2947,TRUE()),\"\")","v":""},{"$f":"IFERROR(INDEX($AD:$AD,MATCH(ROWS($AD$32:AD2947),$AK:$AK,0)),\"\")","v":""},null,false,{"$f":"IF(AN2947=TRUE,COUNTIF($AN$32:AN2947,TRUE()),\"\")","v":""},{"$f":"IFERROR(INDEX($AD:$AD,MATCH(ROWS($AD$32:$AD2947),$AO:$AO,0)),\"\")","v":""}]
[null,null,null,null,null,null,null,null,null,null,null,null,null,null,null,null,null,null,null,null,null,null,null,null,null,null,null,null,null,{"$f":"'Baza klientów'!B2917","v":0},false,{"$f":"IF(AE2948=TRUE,COUNTIF($AE$32:AE2948,TRUE()),\"\")","v":""},{"$f":"IFERROR(INDEX($AD:$AD,MATCH(ROWS($AD$32:AD2948),$AF:$AF,0)),\"\")","v":""},null,null,false,{"$f":"IF(AJ2948=TRUE,COUNTIF($AJ$32:AJ2948,TRUE()),\"\")","v":""},{"$f":"IFERROR(INDEX($AD:$AD,MATCH(ROWS($AD$32:AD2948),$AK:$AK,0)),\"\")","v":""},null,false,{"$f":"IF(AN2948=TRUE,COUNTIF($AN$32:AN2948,TRUE()),\"\")","v":""},{"$f":"IFERROR(INDEX($AD:$AD,MATCH(ROWS($AD$32:$AD2948),$AO:$AO,0)),\"\")","v":""}]
[null,null,null,null,null,null,null,null,null,null,null,null,null,null,null,null,null,null,null,null,null,null,null,null,null,null,null,null,null,{"$f":"'Baza klientów'!B2922","v":0},false,{"$f":"IF(AE2953=TRUE,COUNTIF($AE$32:AE2953,TRUE()),\"\")","v":""},{"$f":"IFERROR(INDEX($AD:$AD,MATCH(ROWS($AD$32:AD2953),$AF:$AF,0)),\"\")","v":""},null,null,false,{"$f":"IF(AJ2953=TRUE,COUNTIF($AJ$32:AJ2953,TRUE()),\"\")","v":""},{"$f":"IFERROR(INDEX($AD:$AD,MATCH(ROWS($AD$32:AD2953),$AK:$AK,0)),\"\")","v":""},null,false,{"$f":"IF(AN2953=TRUE,COUNTIF($AN$32:AN2953,TRUE()),\"\")","v":""},{"$f":"IFERROR(INDEX($AD:$AD,MATCH(ROWS($AD$32:$AD2953),$AO:$AO,0)),\"\")","v":""}]
[null,null,null,null,null,null,null,null,null,null,null,null,null,null,null,null,null,null,null,null,null,null,null,null,null,null,null,null,null,{"$f":"'Baza klientów'!B2927","v":0},false,{"$f":"IF(AE2958=TRUE,COUNTIF($AE$32:AE2958,TRUE()),\"\")","v":""},{"$f":"IFERROR(INDEX($AD:$AD,MATCH(ROWS($AD$32:AD2958),$AF:$AF,0)),\"\")","v":""},null,null,false,{"$f":"IF(AJ2958=TRUE,COUNTIF($AJ$32:AJ2958,TRUE()),\"\")","v":""},{"$f":"IFERROR(INDEX($AD:$AD,MATCH(ROWS($AD$32:AD2958),$AK:$AK,0)),\"\")","v":""},null,false,{"$f":"IF(AN2958=TRUE,COUNTIF($AN$32:AN2958,TRUE()),\"\")","v":""},{"$f":"IFERROR(INDEX($AD:$AD,MATCH(ROWS($AD$32:$AD2958),$AO:$AO,0)),\"\")","v":""}]
[null,null,null,null,null,null,null,null,null,null,null,null,null,null,null,null,null,null,null,null,null,null,null,null,null,null,null,null,null,{"$f":"'Baza klientów'!B2929","v":0},false,{"$f":"IF(AE2960=TRUE,COUNTIF($AE$32:AE2960,TRUE()),\"\")","v":""},{"$f":"IFERROR(INDEX($AD:$AD,MATCH(ROWS($AD$32:AD2960),$AF:$AF,0)),\"\")","v":""},null,null,false,{"$f":"IF(AJ2960=TRUE,COUNTIF($AJ$32:AJ2960,TRUE()),\"\")","v":""},{"$f":"IFERROR(INDEX($AD:$AD,MATCH(ROWS($AD$32:AD2960),$AK:$AK,0)),\"\")","v":""},null,false,{"$f":"IF(AN2960=TRUE,COUNTIF($AN$32:AN2960,TRUE()),\"\")","v":""},{"$f":"IFERROR(INDEX($AD:$AD,MATCH(ROWS($AD$32:$AD2960),$AO:$AO,0)),\"\")","v":""}]
[null,null,null,null,null,null,null,null,null,null,null,null,null,null,null,null,null,null,null,null,null,null,null,null,null,null,null,null,null,{"$f":"'Baza klientów'!B2932","v":0},false,{"$f":"IF(AE2963=TRUE,COUNTIF($AE$32:AE2963,TRUE()),\"\")","v":""},{"$f":"IFERROR(INDEX($AD:$AD,MATCH(ROWS($AD$32:AD2963),$AF:$AF,0)),\"\")","v":""},null,null,false,{"$f":"IF(AJ2963=TRUE,COUNTIF($AJ$32:AJ2963,TRUE()),\"\")","v":""},{"$f":"IFERROR(INDEX($AD:$AD,MATCH(ROWS($AD$32:AD2963),$AK:$AK,0)),\"\")","v":""},null,false,{"$f":"IF(AN2963=TRUE,COUNTIF($AN$32:AN2963,TRUE()),\"\")","v":""},{"$f":"IFERROR(INDEX($AD:$AD,MATCH(ROWS($AD$32:$AD2963),$AO:$AO,0)),\"\")","v":""}]
[null,null,null,null,null,null,null,null,null,null,null,null,null,null,null,null,null,null,null,null,null,null,null,null,null,null,null,null,null,{"$f":"'Baza klientów'!B2937","v":0},false,{"$f":"IF(AE2968=TRUE,COUNTIF($AE$32:AE2968,TRUE()),\"\")","v":""},{"$f":"IFERROR(INDEX($AD:$AD,MATCH(ROWS($AD$32:AD2968),$AF:$AF,0)),\"\")","v":""},null,null,false,{"$f":"IF(AJ2968=TRUE,COUNTIF($AJ$32:AJ2968,TRUE()),\"\")","v":""},{"$f":"IFERROR(INDEX($AD:$AD,MATCH(ROWS($AD$32:AD2968),$AK:$AK,0)),\"\")","v":""},null,false,{"$f":"IF(AN2968=TRUE,COUNTIF($AN$32:AN2968,TRUE()),\"\")","v":""},{"$f":"IFERROR(INDEX($AD:$AD,MATCH(ROWS($AD$32:$AD2968),$AO:$AO,0)),\"\")","v":""}]
[null,null,null,null,null,null,null,null,null,null,null,null,null,null,null,null,null,null,null,null,null,null,null,null,null,null,null,null,null,{"$f":"'Baza klientów'!B2942","v":0},false,{"$f":"IF(AE2973=TRUE,COUNTIF($AE$32:AE2973,TRUE()),\"\")","v":""},{"$f":"IFERROR(INDEX($AD:$AD,MATCH(ROWS($AD$32:AD2973),$AF:$AF,0)),\"\")","v":""},null,null,false,{"$f":"IF(AJ2973=TRUE,COUNTIF($AJ$32:AJ2973,TRUE()),\"\")","v":""},{"$f":"IFERROR(INDEX($AD:$AD,MATCH(ROWS($AD$32:AD2973),$AK:$AK,0)),\"\")","v":""},null,false,{"$f":"IF(AN2973=TRUE,COUNTIF($AN$32:AN2973,TRUE()),\"\")","v":""},{"$f":"IFERROR(INDEX($AD:$AD,MATCH(ROWS($AD$32:$AD2973),$AO:$AO,0)),\"\")","v":""}]
[null,null,null,null,null,null,null,null,null,null,null,null,null,null,null,null,null,null,null,null,null,null,null,null,null,null,null,null,null,{"$f":"'Baza klientów'!B2946","v":0},{"$f":"ISNUMBER(SEARCH($AH$32,AD2977))","v":false},{"$f":"IF(AE2977=TRUE,COUNTIF($AE$32:AE2977,TRUE()),\"\")","v":""},{"$f":"IFERROR(INDEX($AD:$AD,MATCH(ROWS($AD$32:AD2977),$AF:$AF,0)),\"\")","v":""},null,null,{"$f":"ISNUMBER(SEARCH($AM$31,AD2977))","v":false},{"$f":"IF(AJ2977=TRUE,COUNTIF($AJ$32:AJ2977,TRUE()),\"\")","v":""},{"$f":"IFERROR(INDEX($AD:$AD,MATCH(ROWS($AD$32:AD2977),$AK:$AK,0)),\"\")","v":""},null,{"$f":"ISNUMBER(SEARCH($AQ$31,$AD2977))","v":false},{"$f":"IF(AN2977=TRUE,COUNTIF($AN$32:AN2977,TRUE()),\"\")","v":""},{"$f":"IFERROR(INDEX($AD:$AD,MATCH(ROWS($AD$32:$AD2977),$AO:$AO,0)),\"\")","v":""}]
[null,null,null,null,null,null,null,null,null,null,null,null,null,null,null,null,null,null,null,null,null,null,null,null,null,null,null,null,null,{"$f":"'Baza klientów'!B2947","v":0},false,{"$f":"IF(AE2978=TRUE,COUNTIF($AE$32:AE2978,TRUE()),\"\")","v":""},{"$f":"IFERROR(INDEX($AD:$AD,MATCH(ROWS($AD$32:AD2978),$AF:$AF,0)),\"\")","v":""},null,null,false,{"$f":"IF(AJ2978=TRUE,COUNTIF($AJ$32:AJ2978,TRUE()),\"\")","v":""},{"$f":"IFERROR(INDEX($AD:$AD,MATCH(ROWS($AD$32:AD2978),$AK:$AK,0)),\"\")","v":""},null,false,{"$f":"IF(AN2978=TRUE,COUNTIF($AN$32:AN2978,TRUE()),\"\")","v":""},{"$f":"IFERROR(INDEX($AD:$AD,MATCH(ROWS($AD$32:$AD2978),$AO:$AO,0)),\"\")","v":""}]
[null,null,null,null,null,null,null,null,null,null,null,null,null,null,null,null,null,null,null,null,null,null,null,null,null,null,null,null,null,{"$f":"'Baza klientów'!B2952","v":0},false,{"$f":"IF(AE2983=TRUE,COUNTIF($AE$32:AE2983,TRUE()),\"\")","v":""},{"$f":"IFERROR(INDEX($AD:$AD,MATCH(ROWS($AD$32:AD2983),$AF:$AF,0)),\"\")","v":""},null,null,false,{"$f":"IF(AJ2983=TRUE,COUNTIF($AJ$32:AJ2983,TRUE()),\"\")","v":""},{"$f":"IFERROR(INDEX($AD:$AD,MATCH(ROWS($AD$32:AD2983),$AK:$AK,0)),\"\")","v":""},null,false,{"$f":"IF(AN2983=TRUE,COUNTIF($AN$32:AN2983,TRUE()),\"\")","v":""},{"$f":"IFERROR(INDEX($AD:$AD,MATCH(ROWS($AD$32:$AD2983),$AO:$AO,0)),\"\")","v":""}]
[null,null,null,null,null,null,null,null,null,null,null,null,null,null,null,null,null,null,null,null,null,null,null,null,null,null,null,null,null,{"$f":"'Baza klientów'!B2957","v":0},false,{"$f":"IF(AE2988=TRUE,COUNTIF($AE$32:AE2988,TRUE()),\"\")","v":""},{"$f":"IFERROR(INDEX($AD:$AD,MATCH(ROWS($AD$32:AD2988),$AF:$AF,0)),\"\")","v":""},null,null,false,{"$f":"IF(AJ2988=TRUE,COUNTIF($AJ$32:AJ2988,TRUE()),\"\")","v":""},{"$f":"IFERROR(INDEX($AD:$AD,MATCH(ROWS($AD$32:AD2988),$AK:$AK,0)),\"\")","v":""},null,false,{"$f":"IF(AN2988=TRUE,COUNTIF($AN$32:AN2988,TRUE()),\"\")","v":""},{"$f":"IFERROR(INDEX($AD:$AD,MATCH(ROWS($AD$32:$AD2988),$AO:$AO,0)),\"\")","v":""}]
[null,null,null,null,null,null,null,null,null,null,null,null,null,null,null,null,null,null,null,null,null,null,null,null,null,null,null,null,null,{"$f":"'Baza klientów'!B2962","v":0},false,{"$f":"IF(AE2993=TRUE,COUNTIF($AE$32:AE2993,TRUE()),\"\")","v":""},{"$f":"IFERROR(INDEX($AD:$AD,MATCH(ROWS($AD$32:AD2993),$AF:$AF,0)),\"\")","v":""},null,null,false,{"$f":"IF(AJ2993=TRUE,COUNTIF($AJ$32:AJ2993,TRUE()),\"\")","v":""},{"$f":"IFERROR(INDEX($AD:$AD,MATCH(ROWS($AD$32:AD2993),$AK:$AK,0)),\"\")","v":""},null,false,{"$f":"IF(AN2993=TRUE,COUNTIF($AN$32:AN2993,TRUE()),\"\")","v":""},{"$f":"IFERROR(INDEX($AD:$AD,MATCH(ROWS($AD$32:$AD2993),$AO:$AO,0)),\"\")","v":""}]
[null,null,null,null,null,null,null,null,null,null,null,null,null,null,null,null,null,null,null,null,null,null,null,null,null,null,null,null,null,{"$f":"'Baza klientów'!B2964","v":0},false,{"$f":"IF(AE2995=TRUE,COUNTIF($AE$32:AE2995,TRUE()),\"\")","v":""},{"$f":"IFERROR(INDEX($AD:$AD,MATCH(ROWS($AD$32:AD2995),$AF:$AF,0)),\"\")","v":""},null,null,false,{"$f":"IF(AJ2995=TRUE,COUNTIF($AJ$32:AJ2995,TRUE()),\"\")","v":""},{"$f":"IFERROR(INDEX($AD:$AD,MATCH(ROWS($AD$32:AD2995),$AK:$AK,0)),\"\")","v":""},null,false,{"$f":"IF(AN2995=TRUE,COUNTIF($AN$32:AN2995,TRUE()),\"\")","v":""},{"$f":"IFERROR(INDEX($AD:$AD,MATCH(ROWS($AD$32:$AD2995),$AO:$AO,0)),\"\")","v":""}]
[null,null,null,null,null,null,null,null,null,null,null,null,null,null,null,null,null,null,null,null,null,null,null,null,null,null,null,null,null,{"$f":"'Baza klientów'!B2967","v":0},false,{"$f":"IF(AE2998=TRUE,COUNTIF($AE$32:AE2998,TRUE()),\"\")","v":""},{"$f":"IFERROR(INDEX($AD:$AD,MATCH(ROWS($AD$32:AD2998),$AF:$AF,0)),\"\")","v":""},null,null,false,{"$f":"IF(AJ2998=TRUE,COUNTIF($AJ$32:AJ2998,TRUE()),\"\")","v":""},{"$f":"IFERROR(INDEX($AD:$AD,MATCH(ROWS($AD$32:AD2998),$AK:$AK,0)),\"\")","v":""},null,false,{"$f":"IF(AN2998=TRUE,COUNTIF($AN$32:AN2998,TRUE()),\"\")","v":""},{"$f":"IFERROR(INDEX($AD:$AD,MATCH(ROWS($AD$32:$AD2998),$AO:$AO,0)),\"\")","v":""}]
[null,null,null,null,null,null,null,null,null,null,null,null,null,null,null,null,null,null,null,null,null,null,null,null,null,null,null,null,null,{"$f":"'Baza klientów'!B2972","v":0},false,{"$f":"IF(AE3003=TRUE,COUNTIF($AE$32:AE3003,TRUE()),\"\")","v":""},{"$f":"IFERROR(INDEX($AD:$AD,MATCH(ROWS($AD$32:AD3003),$AF:$AF,0)),\"\")","v":""},null,null,false,{"$f":"IF(AJ3003=TRUE,COUNTIF($AJ$32:AJ3003,TRUE()),\"\")","v":""},{"$f":"IFERROR(INDEX($AD:$AD,MATCH(ROWS($AD$32:AD3003),$AK:$AK,0)),\"\")","v":""},null,false,{"$f":"IF(AN3003=TRUE,COUNTIF($AN$32:AN3003,TRUE()),\"\")","v":""},{"$f":"IFERROR(INDEX($AD:$AD,MATCH(ROWS($AD$32:$AD3003),$AO:$AO,0)),\"\")","v":""}]
[null,null,null,null,null,null,null,null,null,null,null,null,null,null,null,null,null,null,null,null,null,null,null,null,null,null,null,null,null,{"$f":"'Baza klientów'!B2977","v":0},false,{"$f":"IF(AE3008=TRUE,COUNTIF($AE$32:AE3008,TRUE()),\"\")","v":""},{"$f":"IFERROR(INDEX($AD:$AD,MATCH(ROWS($AD$32:AD3008),$AF:$AF,0)),\"\")","v":""},null,null,false,{"$f":"IF(AJ3008=TRUE,COUNTIF($AJ$32:AJ3008,TRUE()),\"\")","v":""},{"$f":"IFERROR(INDEX($AD:$AD,MATCH(ROWS($AD$32:AD3008),$AK:$AK,0)),\"\")","v":""},null,false,{"$f":"IF(AN3008=TRUE,COUNTIF($AN$32:AN3008,TRUE()),\"\")","v":""},{"$f":"IFERROR(INDEX($AD:$AD,MATCH(ROWS($AD$32:$AD3008),$AO:$AO,0)),\"\")","v":""}]
[null,null,null,null,null,null,null,null,null,null,null,null,null,null,null,null,null,null,null,null,null,null,null,null,null,null,null,null,null,{"$f":"'Baza klientów'!B2978","v":0},false,{"$f":"IF(AE3009=TRUE,COUNTIF($AE$32:AE3009,TRUE()),\"\")","v":""},{"$f":"IFERROR(INDEX($AD:$AD,MATCH(ROWS($AD$32:AD3009),$AF:$AF,0)),\"\")","v":""},null,null,false,{"$f":"IF(AJ3009=TRUE,COUNTIF($AJ$32:AJ3009,TRUE()),\"\")","v":""},{"$f":"IFERROR(INDEX($AD:$AD,MATCH(ROWS($AD$32:AD3009),$AK:$AK,0)),\"\")","v":""},null,false,{"$f":"IF(AN3009=TRUE,COUNTIF($AN$32:AN3009,TRUE()),\"\")","v":""},{"$f":"IFERROR(INDEX($AD:$AD,MATCH(ROWS($AD$32:$AD3009),$AO:$AO,0)),\"\")","v":""}]
[null,null,null,null,null,null,null,null,null,null,null,null,null,null,null,null,null,null,null,null,null,null,null,null,null,null,null,null,null,{"$f":"'Baza klientów'!B2982","v":0},false,{"$f":"IF(AE3013=TRUE,COUNTIF($AE$32:AE3013,TRUE()),\"\")","v":""},{"$f":"IFERROR(INDEX($AD:$AD,MATCH(ROWS($AD$32:AD3013),$AF:$AF,0)),\"\")","v":""},null,null,false,{"$f":"IF(AJ3013=TRUE,COUNTIF($AJ$32:AJ3013,TRUE()),\"\")","v":""},{"$f":"IFERROR(INDEX($AD:$AD,MATCH(ROWS($AD$32:AD3013),$AK:$AK,0)),\"\")","v":""},null,false,{"$f":"IF(AN3013=TRUE,COUNTIF($AN$32:AN3013,TRUE()),\"\")","v":""},{"$f":"IFERROR(INDEX($AD:$AD,MATCH(ROWS($AD$32:$AD3013),$AO:$AO,0)),\"\")","v":""}]
[null,null,null,null,null,null,null,null,null,null,null,null,null,null,null,null,null,null,null,null,null,null,null,null,null,null,null,null,null,{"$f":"'Baza klientów'!B2987","v":0},false,{"$f":"IF(AE3018=TRUE,COUNTIF($AE$32:AE3018,TRUE()),\"\")","v":""},{"$f":"IFERROR(INDEX($AD:$AD,MATCH(ROWS($AD$32:AD3018),$AF:$AF,0)),\"\")","v":""},null,null,false,{"$f":"IF(AJ3018=TRUE,COUNTIF($AJ$32:AJ3018,TRUE()),\"\")","v":""},{"$f":"IFERROR(INDEX($AD:$AD,MATCH(ROWS($AD$32:AD3018),$AK:$AK,0)),\"\")","v":""},null,false,{"$f":"IF(AN3018=TRUE,COUNTIF($AN$32:AN3018,TRUE()),\"\")","v":""},{"$f":"IFERROR(INDEX($AD:$AD,MATCH(ROWS($AD$32:$AD3018),$AO:$AO,0)),\"\")","v":""}]
[null,null,null,null,null,null,null,null,null,null,null,null,null,null,null,null,null,null,null,null,null,null,null,null,null,null,null,null,null,{"$f":"'Baza klientów'!B2992","v":0},false,{"$f":"IF(AE3023=TRUE,COUNTIF($AE$32:AE3023,TRUE()),\"\")","v":""},{"$f":"IFERROR(INDEX($AD:$AD,MATCH(ROWS($AD$32:AD3023),$AF:$AF,0)),\"\")","v":""},null,null,false,{"$f":"IF(AJ3023=TRUE,COUNTIF($AJ$32:AJ3023,TRUE()),\"\")","v":""},{"$f":"IFERROR(INDEX($AD:$AD,MATCH(ROWS($AD$32:AD3023),$AK:$AK,0)),\"\")","v":""},null,false,{"$f":"IF(AN3023=TRUE,COUNTIF($AN$32:AN3023,TRUE()),\"\")","v":""},{"$f":"IFERROR(INDEX($AD:$AD,MATCH(ROWS($AD$32:$AD3023),$AO:$AO,0)),\"\")","v":""}]
[null,null,null,null,null,null,null,null,null,null,null,null,null,null,null,null,null,null,null,null,null,null,null,null,null,null,null,null,null,{"$f":"'Baza klientów'!B2993","v":0},false,{"$f":"IF(AE3024=TRUE,COUNTIF($AE$32:AE3024,TRUE()),\"\")","v":""},{"$f":"IFERROR(INDEX($AD:$AD,MATCH(ROWS($AD$32:AD3024),$AF:$AF,0)),\"\")","v":""},null,null,false,{"$f":"IF(AJ3024=TRUE,COUNTIF($AJ$32:AJ3024,TRUE()),\"\")","v":""},{"$f":"IFERROR(INDEX($AD:$AD,MATCH(ROWS($AD$32:AD3024),$AK:$AK,0)),\"\")","v":""},null,false,{"$f":"IF(AN3024=TRUE,COUNTIF($AN$32:AN3024,TRUE()),\"\")","v":""},{"$f":"IFERROR(INDEX($AD:$AD,MATCH(ROWS($AD$32:$AD3024),$AO:$AO,0)),\"\")","v":""}]
[null,null,null,null,null,null,null,null,null,null,null,null,null,null,null,null,null,null,null,null,null,null,null,null,null,null,null,null,null,{"$f":"'Baza klientów'!B2998","v":0},false,{"$f":"IF(AE3029=TRUE,COUNTIF($AE$32:AE3029,TRUE()),\"\")","v":""},{"$f":"IFERROR(INDEX($AD:$AD,MATCH(ROWS($AD$32:AD3029),$AF:$AF,0)),\"\")","v":""},null,null,false,{"$f":"IF(AJ3029=TRUE,COUNTIF($AJ$32:AJ3029,TRUE()),\"\")","v":""},{"$f":"IFERROR(INDEX($AD:$AD,MATCH(ROWS($AD$32:AD3029),$AK:$AK,0)),\"\")","v":""},null,false,{"$f":"IF(AN3029=TRUE,COUNTIF($AN$32:AN3029,TRUE()),\"\")","v":""},{"$f":"IFERROR(INDEX($AD:$AD,MATCH(ROWS($AD$32:$AD3029),$AO:$AO,0)),\"\")","v":""}]
[null,null,null,null,null,null,null,null,null,null,null,null,null,null,null,null,null,null,null,null,null,null,null,null,null,null,null,null,null,{"$f":"'Baza klientów'!B3002","v":0},false,{"$f":"IF(AE3033=TRUE,COUNTIF($AE$32:AE3033,TRUE()),\"\")","v":""},{"$f":"IFERROR(INDEX($AD:$AD,MATCH(ROWS($AD$32:AD3033),$AF:$AF,0)),\"\")","v":""},null,null,false,{"$f":"IF(AJ3033=TRUE,COUNTIF($AJ$32:AJ3033,TRUE()),\"\")","v":""},{"$f":"IFERROR(INDEX($AD:$AD,MATCH(ROWS($AD$32:AD3033),$AK:$AK,0)),\"\")","v":""},null,false,{"$f":"IF(AN3033=TRUE,COUNTIF($AN$32:AN3033,TRUE()),\"\")","v":""},{"$f":"IFERROR(INDEX($AD:$AD,MATCH(ROWS($AD$32:$AD3033),$AO:$AO,0)),\"\")","v":""}]
[null,null,null,null,null,null,null,null,null,null,null,null,null,null,null,null,null,null,null,null,null,null,null,null,null,null,null,null,null,{"$f":"'Baza klientów'!B3007","v":0},false,{"$f":"IF(AE3038=TRUE,COUNTIF($AE$32:AE3038,TRUE()),\"\")","v":""},{"$f":"IFERROR(INDEX($AD:$AD,MATCH(ROWS($AD$32:AD3038),$AF:$AF,0)),\"\")","v":""},null,null,false,{"$f":"IF(AJ3038=TRUE,COUNTIF($AJ$32:AJ3038,TRUE()),\"\")","v":""},{"$f":"IFERROR(INDEX($AD:$AD,MATCH(ROWS($AD$32:AD3038),$AK:$AK,0)),\"\")","v":""},null,false,{"$f":"IF(AN3038=TRUE,COUNTIF($AN$32:AN3038,TRUE()),\"\")","v":""},{"$f":"IFERROR(INDEX($AD:$AD,MATCH(ROWS($AD$32:$AD3038),$AO:$AO,0)),\"\")","v":""}]
[null,null,null,null,null,null,null,null,null,null,null,null,null,null,null,null,null,null,null,null,null,null,null,null,null,null,null,null,null,{"$f":"'Baza klientów'!B3008","v":0},false,{"$f":"IF(AE3039=TRUE,COUNTIF($AE$32:AE3039,TRUE()),\"\")","v":""},{"$f":"IFERROR(INDEX($AD:$AD,MATCH(ROWS($AD$32:AD3039),$AF:$AF,0)),\"\")","v":""},null,null,false,{"$f":"IF(AJ3039=TRUE,COUNTIF($AJ$32:AJ3039,TRUE()),\"\")","v":""},{"$f":"IFERROR(INDEX($AD:$AD,MATCH(ROWS($AD$32:AD3039),$AK:$AK,0)),\"\")","v":""},null,false,{"$f":"IF(AN3039=TRUE,COUNTIF($AN$32:AN3039,TRUE()),\"\")","v":""},{"$f":"IFERROR(INDEX($AD:$AD,MATCH(ROWS($AD$32:$AD3039),$AO:$AO,0)),\"\")","v":""}]
[null,null,null,null,null,null,null,null,null,null,null,null,null,null,null,null,null,null,null,null,null,null,null,null,null,null,null,null,null,{"$f":"'Baza klientów'!B3013","v":0},false,{"$f":"IF(AE3044=TRUE,COUNTIF($AE$32:AE3044,TRUE()),\"\")","v":""},{"$f":"IFERROR(INDEX($AD:$AD,MATCH(ROWS($AD$32:AD3044),$AF:$AF,0)),\"\")","v":""},null,null,false,{"$f":"IF(AJ3044=TRUE,COUNTIF($AJ$32:AJ3044,TRUE()),\"\")","v":""},{"$f":"IFERROR(INDEX($AD:$AD,MATCH(ROWS($AD$32:AD3044),$AK:$AK,0)),\"\")","v":""},null,false,{"$f":"IF(AN3044=TRUE,COUNTIF($AN$32:AN3044,TRUE()),\"\")","v":""},{"$f":"IFERROR(INDEX($AD:$AD,MATCH(ROWS($AD$32:$AD3044),$AO:$AO,0)),\"\")","v":""}]
[null,null,null,null,null,null,null,null,null,null,null,null,null,null,null,null,null,null,null,null,null,null,null,null,null,null,null,null,null,{"$f":"'Baza klientów'!B3016","v":0},false,{"$f":"IF(AE3047=TRUE,COUNTIF($AE$32:AE3047,TRUE()),\"\")","v":""},{"$f":"IFERROR(INDEX($AD:$AD,MATCH(ROWS($AD$32:AD3047),$AF:$AF,0)),\"\")","v":""},null,null,false,{"$f":"IF(AJ3047=TRUE,COUNTIF($AJ$32:AJ3047,TRUE()),\"\")","v":""},{"$f":"IFERROR(INDEX($AD:$AD,MATCH(ROWS($AD$32:AD3047),$AK:$AK,0)),\"\")","v":""},null,false,{"$f":"IF(AN3047=TRUE,COUNTIF($AN$32:AN3047,TRUE()),\"\")","v":""},{"$f":"IFERROR(INDEX($AD:$AD,MATCH(ROWS($AD$32:$AD3047),$AO:$AO,0)),\"\")","v":""}]
[null,null,null,null,null,null,null,null,null,null,null,null,null,null,null,null,null,null,null,null,null,null,null,null,null,null,null,null,null,{"$f":"'Baza klientów'!B3022","v":0},false,{"$f":"IF(AE3053=TRUE,COUNTIF($AE$32:AE3053,TRUE()),\"\")","v":""},{"$f":"IFERROR(INDEX($AD:$AD,MATCH(ROWS($AD$32:AD3053),$AF:$AF,0)),\"\")","v":""},null,null,false,{"$f":"IF(AJ3053=TRUE,COUNTIF($AJ$32:AJ3053,TRUE()),\"\")","v":""},{"$f":"IFERROR(INDEX($AD:$AD,MATCH(ROWS($AD$32:AD3053),$AK:$AK,0)),\"\")","v":""},null,false,{"$f":"IF(AN3053=TRUE,COUNTIF($AN$32:AN3053,TRUE()),\"\")","v":""},{"$f":"IFERROR(INDEX($AD:$AD,MATCH(ROWS($AD$32:$AD3053),$AO:$AO,0)),\"\")","v":""}]
[null,null,null,null,null,null,null,null,null,null,null,null,null,null,null,null,null,null,null,null,null,null,null,null,null,null,null,null,null,{"$f":"'Baza klientów'!B3023","v":0},false,{"$f":"IF(AE3054=TRUE,COUNTIF($AE$32:AE3054,TRUE()),\"\")","v":""},{"$f":"IFERROR(INDEX($AD:$AD,MATCH(ROWS($AD$32:AD3054),$AF:$AF,0)),\"\")","v":""},null,null,false,{"$f":"IF(AJ3054=TRUE,COUNTIF($AJ$32:AJ3054,TRUE()),\"\")","v":""},{"$f":"IFERROR(INDEX($AD:$AD,MATCH(ROWS($AD$32:AD3054),$AK:$AK,0)),\"\")","v":""},null,false,{"$f":"IF(AN3054=TRUE,COUNTIF($AN$32:AN3054,TRUE()),\"\")","v":""},{"$f":"IFERROR(INDEX($AD:$AD,MATCH(ROWS($AD$32:$AD3054),$AO:$AO,0)),\"\")","v":""}]
[null,null,null,null,null,null,null,null,null,null,null,null,null,null,null,null,null,null,null,null,null,null,null,null,null,null,null,null,null,{"$f":"'Baza klientów'!B3028","v":0},false,{"$f":"IF(AE3059=TRUE,COUNTIF($AE$32:AE3059,TRUE()),\"\")","v":""},{"$f":"IFERROR(INDEX($AD:$AD,MATCH(ROWS($AD$32:AD3059),$AF:$AF,0)),\"\")","v":""},null,null,false,{"$f":"IF(AJ3059=TRUE,COUNTIF($AJ$32:AJ3059,TRUE()),\"\")","v":""},{"$f":"IFERROR(INDEX($AD:$AD,MATCH(ROWS($AD$32:AD3059),$AK:$AK,0)),\"\")","v":""},null,false,{"$f":"IF(AN3059=TRUE,COUNTIF($AN$32:AN3059,TRUE()),\"\")","v":""},{"$f":"IFERROR(INDEX($AD:$AD,MATCH(ROWS($AD$32:$AD3059),$AO:$AO,0)),\"\")","v":""}]
[null,null,null,null,null,null,null,null,null,null,null,null,null,null,null,null,null,null,null,null,null,null,null,null,null,null,null,null,null,{"$f":"'Baza klientów'!B3033","v":0},false,{"$f":"IF(AE3064=TRUE,COUNTIF($AE$32:AE3064,TRUE()),\"\")","v":""},{"$f":"IFERROR(INDEX($AD:$AD,MATCH(ROWS($AD$32:AD3064),$AF:$AF,0)),\"\")","v":""},null,null,false,{"$f":"IF(AJ3064=TRUE,COUNTIF($AJ$32:AJ3064,TRUE()),\"\")","v":""},{"$f":"IFERROR(INDEX($AD:$AD,MATCH(ROWS($AD$32:AD3064),$AK:$AK,0)),\"\")","v":""},null,false,{"$f":"IF(AN3064=TRUE,COUNTIF($AN$32:AN3064,TRUE()),\"\")","v":""},{"$f":"IFERROR(INDEX($AD:$AD,MATCH(ROWS($AD$32:$AD3064),$AO:$AO,0)),\"\")","v":""}]
[null,null,null,null,null,null,null,null,null,null,null,null,null,null,null,null,null,null,null,null,null,null,null,null,null,null,null,null,null,{"$f":"'Baza klientów'!B3037","v":0},false,{"$f":"IF(AE3068=TRUE,COUNTIF($AE$32:AE3068,TRUE()),\"\")","v":""},{"$f":"IFERROR(INDEX($AD:$AD,MATCH(ROWS($AD$32:AD3068),$AF:$AF,0)),\"\")","v":""},null,null,false,{"$f":"IF(AJ3068=TRUE,COUNTIF($AJ$32:AJ3068,TRUE()),\"\")","v":""},{"$f":"IFERROR(INDEX($AD:$AD,MATCH(ROWS($AD$32:AD3068),$AK:$AK,0)),\"\")","v":""},null,false,{"$f":"IF(AN3068=TRUE,COUNTIF($AN$32:AN3068,TRUE()),\"\")","v":""},{"$f":"IFERROR(INDEX($AD:$AD,MATCH(ROWS($AD$32:$AD3068),$AO:$AO,0)),\"\")","v":""}]
[null,null,null,null,null,null,null,null,null,null,null,null,null,null,null,null,null,null,null,null,null,null,null,null,null,null,null,null,null,{"$f":"'Baza klientów'!B3038","v":0},false,{"$f":"IF(AE3069=TRUE,COUNTIF($AE$32:AE3069,TRUE()),\"\")","v":""},{"$f":"IFERROR(INDEX($AD:$AD,MATCH(ROWS($AD$32:AD3069),$AF:$AF,0)),\"\")","v":""},null,null,false,{"$f":"IF(AJ3069=TRUE,COUNTIF($AJ$32:AJ3069,TRUE()),\"\")","v":""},{"$f":"IFERROR(INDEX($AD:$AD,MATCH(ROWS($AD$32:AD3069),$AK:$AK,0)),\"\")","v":""},null,false,{"$f":"IF(AN3069=TRUE,COUNTIF($AN$32:AN3069,TRUE()),\"\")","v":""},{"$f":"IFERROR(INDEX($AD:$AD,MATCH(ROWS($AD$32:$AD3069),$AO:$AO,0)),\"\")","v":""}]
[null,null,null,null,null,null,null,null,null,null,null,null,null,null,null,null,null,null,null,null,null,null,null,null,null,null,null,null,null,{"$f":"'Baza klientów'!B3043","v":0},false,{"$f":"IF(AE3074=TRUE,COUNTIF($AE$32:AE3074,TRUE()),\"\")","v":""},{"$f":"IFERROR(INDEX($AD:$AD,MATCH(ROWS($AD$32:AD3074),$AF:$AF,0)),\"\")","v":""},null,null,false,{"$f":"IF(AJ3074=TRUE,COUNTIF($AJ$32:AJ3074,TRUE()),\"\")","v":""},{"$f":"IFERROR(INDEX($AD:$AD,MATCH(ROWS($AD$32:AD3074),$AK:$AK,0)),\"\")","v":""},null,false,{"$f":"IF(AN3074=TRUE,COUNTIF($AN$32:AN3074,TRUE()),\"\")","v":""},{"$f":"IFERROR(INDEX($AD:$AD,MATCH(ROWS($AD$32:$AD3074),$AO:$AO,0)),\"\")","v":""}]
[null,null,null,null,null,null,null,null,null,null,null,null,null,null,null,null,null,null,null,null,null,null,null,null,null,null,null,null,null,{"$f":"'Baza klientów'!B3048","v":0},false,{"$f":"IF(AE3079=TRUE,COUNTIF($AE$32:AE3079,TRUE()),\"\")","v":""},{"$f":"IFERROR(INDEX($AD:$AD,MATCH(ROWS($AD$32:AD3079),$AF:$AF,0)),\"\")","v":""},null,null,false,{"$f":"IF(AJ3079=TRUE,COUNTIF($AJ$32:AJ3079,TRUE()),\"\")","v":""},{"$f":"IFERROR(INDEX($AD:$AD,MATCH(ROWS($AD$32:AD3079),$AK:$AK,0)),\"\")","v":""},null,false,{"$f":"IF(AN3079=TRUE,COUNTIF($AN$32:AN3079,TRUE()),\"\")","v":""},{"$f":"IFERROR(INDEX($AD:$AD,MATCH(ROWS($AD$32:$AD3079),$AO:$AO,0)),\"\")","v":""}]
[null,null,null,null,null,null,null,null,null,null,null,null,null,null,null,null,null,null,null,null,null,null,null,null,null,null,null,null,null,{"$f":"'Baza klientów'!B3051","v":0},false,{"$f":"IF(AE3082=TRUE,COUNTIF($AE$32:AE3082,TRUE()),\"\")","v":""},{"$f":"IFERROR(INDEX($AD:$AD,MATCH(ROWS($AD$32:AD3082),$AF:$AF,0)),\"\")","v":""},null,null,false,{"$f":"IF(AJ3082=TRUE,COUNTIF($AJ$32:AJ3082,TRUE()),\"\")","v":""},{"$f":"IFERROR(INDEX($AD:$AD,MATCH(ROWS($AD$32:AD3082),$AK:$AK,0)),\"\")","v":""},null,false,{"$f":"IF(AN3082=TRUE,COUNTIF($AN$32:AN3082,TRUE()),\"\")","v":""},{"$f":"IFERROR(INDEX($AD:$AD,MATCH(ROWS($AD$32:$AD3082),$AO:$AO,0)),\"\")","v":""}]
[null,null,null,null,null,null,null,null,null,null,null,null,null,null,null,null,null,null,null,null,null,null,null,null,null,null,null,null,null,{"$f":"'Baza klientów'!B3053","v":0},false,{"$f":"IF(AE3084=TRUE,COUNTIF($AE$32:AE3084,TRUE()),\"\")","v":""},{"$f":"IFERROR(INDEX($AD:$AD,MATCH(ROWS($AD$32:AD3084),$AF:$AF,0)),\"\")","v":""},null,null,false,{"$f":"IF(AJ3084=TRUE,COUNTIF($AJ$32:AJ3084,TRUE()),\"\")","v":""},{"$f":"IFERROR(INDEX($AD:$AD,MATCH(ROWS($AD$32:AD3084),$AK:$AK,0)),\"\")","v":""},null,false,{"$f":"IF(AN3084=TRUE,COUNTIF($AN$32:AN3084,TRUE()),\"\")","v":""},{"$f":"IFERROR(INDEX($AD:$AD,MATCH(ROWS($AD$32:$AD3084),$AO:$AO,0)),\"\")","v":""}]
[null,null,null,null,null,null,null,null,null,null,null,null,null,null,null,null,null,null,null,null,null,null,null,null,null,null,null,null,null,{"$f":"'Baza klientów'!B3058","v":0},false,{"$f":"IF(AE3089=TRUE,COUNTIF($AE$32:AE3089,TRUE()),\"\")","v":""},{"$f":"IFERROR(INDEX($AD:$AD,MATCH(ROWS($AD$32:AD3089),$AF:$AF,0)),\"\")","v":""},null,null,false,{"$f":"IF(AJ3089=TRUE,COUNTIF($AJ$32:AJ3089,TRUE()),\"\")","v":""},{"$f":"IFERROR(INDEX($AD:$AD,MATCH(ROWS($AD$32:AD3089),$AK:$AK,0)),\"\")","v":""},null,false,{"$f":"IF(AN3089=TRUE,COUNTIF($AN$32:AN3089,TRUE()),\"\")","v":""},{"$f":"IFERROR(INDEX($AD:$AD,MATCH(ROWS($AD$32:$AD3089),$AO:$AO,0)),\"\")","v":""}]
[null,null,null,null,null,null,null,null,null,null,null,null,null,null,null,null,null,null,null,null,null,null,null,null,null,null,null,null,null,{"$f":"'Baza klientów'!B3063","v":0},false,{"$f":"IF(AE3094=TRUE,COUNTIF($AE$32:AE3094,TRUE()),\"\")","v":""},{"$f":"IFERROR(INDEX($AD:$AD,MATCH(ROWS($AD$32:AD3094),$AF:$AF,0)),\"\")","v":""},null,null,false,{"$f":"IF(AJ3094=TRUE,COUNTIF($AJ$32:AJ3094,TRUE()),\"\")","v":""},{"$f":"IFERROR(INDEX($AD:$AD,MATCH(ROWS($AD$32:AD3094),$AK:$AK,0)),\"\")","v":""},null,false,{"$f":"IF(AN3094=TRUE,COUNTIF($AN$32:AN3094,TRUE()),\"\")","v":""},{"$f":"IFERROR(INDEX($AD:$AD,MATCH(ROWS($AD$32:$AD3094),$AO:$AO,0)),\"\")","v":""}]
[null,null,null,null,null,null,null,null,null,null,null,null,null,null,null,null,null,null,null,null,null,null,null,null,null,null,null,null,null,{"$f":"'Baza klientów'!B3068","v":0},false,{"$f":"IF(AE3099=TRUE,COUNTIF($AE$32:AE3099,TRUE()),\"\")","v":""},{"$f":"IFERROR(INDEX($AD:$AD,MATCH(ROWS($AD$32:AD3099),$AF:$AF,0)),\"\")","v":""},null,null,false,{"$f":"IF(AJ3099=TRUE,COUNTIF($AJ$32:AJ3099,TRUE()),\"\")","v":""},{"$f":"IFERROR(INDEX($AD:$AD,MATCH(ROWS($AD$32:AD3099),$AK:$AK,0)),\"\")","v":""},null,false,{"$f":"IF(AN3099=TRUE,COUNTIF($AN$32:AN3099,TRUE()),\"\")","v":""},{"$f":"IFERROR(INDEX($AD:$AD,MATCH(ROWS($AD$32:$AD3099),$AO:$AO,0)),\"\")","v":""}]
[null,null,null,null,null,null,null,null,null,null,null,null,null,null,null,null,null,null,null,null,null,null,null,null,null,null,null,null,null,{"$f":"'Baza klientów'!B3071","v":0},false,{"$f":"IF(AE3102=TRUE,COUNTIF($AE$32:AE3102,TRUE()),\"\")","v":""},{"$f":"IFERROR(INDEX($AD:$AD,MATCH(ROWS($AD$32:AD3102),$AF:$AF,0)),\"\")","v":""},null,null,false,{"$f":"IF(AJ3102=TRUE,COUNTIF($AJ$32:AJ3102,TRUE()),\"\")","v":""},{"$f":"IFERROR(INDEX($AD:$AD,MATCH(ROWS($AD$32:AD3102),$AK:$AK,0)),\"\")","v":""},null,false,{"$f":"IF(AN3102=TRUE,COUNTIF($AN$32:AN3102,TRUE()),\"\")","v":""},{"$f":"IFERROR(INDEX($AD:$AD,MATCH(ROWS($AD$32:$AD3102),$AO:$AO,0)),\"\")","v":""}]
[null,null,null,null,null,null,null,null,null,null,null,null,null,null,null,null,null,null,null,null,null,null,null,null,null,null,null,null,null,{"$f":"'Baza klientów'!B3073","v":0},false,{"$f":"IF(AE3104=TRUE,COUNTIF($AE$32:AE3104,TRUE()),\"\")","v":""},{"$f":"IFERROR(INDEX($AD:$AD,MATCH(ROWS($AD$32:AD3104),$AF:$AF,0)),\"\")","v":""},null,null,false,{"$f":"IF(AJ3104=TRUE,COUNTIF($AJ$32:AJ3104,TRUE()),\"\")","v":""},{"$f":"IFERROR(INDEX($AD:$AD,MATCH(ROWS($AD$32:AD3104),$AK:$AK,0)),\"\")","v":""},null,false,{"$f":"IF(AN3104=TRUE,COUNTIF($AN$32:AN3104,TRUE()),\"\")","v":""},{"$f":"IFERROR(INDEX($AD:$AD,MATCH(ROWS($AD$32:$AD3104),$AO:$AO,0)),\"\")","v":""}]
[null,null,null,null,null,null,null,null,null,null,null,null,null,null,null,null,null,null,null,null,null,null,null,null,null,null,null,null,null,{"$f":"'Baza klientów'!B3078","v":0},false,{"$f":"IF(AE3109=TRUE,COUNTIF($AE$32:AE3109,TRUE()),\"\")","v":""},{"$f":"IFERROR(INDEX($AD:$AD,MATCH(ROWS($AD$32:AD3109),$AF:$AF,0)),\"\")","v":""},null,null,false,{"$f":"IF(AJ3109=TRUE,COUNTIF($AJ$32:AJ3109,TRUE()),\"\")","v":""},{"$f":"IFERROR(INDEX($AD:$AD,MATCH(ROWS($AD$32:AD3109),$AK:$AK,0)),\"\")","v":""},null,false,{"$f":"IF(AN3109=TRUE,COUNTIF($AN$32:AN3109,TRUE()),\"\")","v":""},{"$f":"IFERROR(INDEX($AD:$AD,MATCH(ROWS($AD$32:$AD3109),$AO:$AO,0)),\"\")","v":""}]
[null,null,null,null,null,null,null,null,null,null,null,null,null,null,null,null,null,null,null,null,null,null,null,null,null,null,null,null,null,{"$f":"'Baza klientów'!B3083","v":0},false,{"$f":"IF(AE3114=TRUE,COUNTIF($AE$32:AE3114,TRUE()),\"\")","v":""},{"$f":"IFERROR(INDEX($AD:$AD,MATCH(ROWS($AD$32:AD3114),$AF:$AF,0)),\"\")","v":""},null,null,false,{"$f":"IF(AJ3114=TRUE,COUNTIF($AJ$32:AJ3114,TRUE()),\"\")","v":""},{"$f":"IFERROR(INDEX($AD:$AD,MATCH(ROWS($AD$32:AD3114),$AK:$AK,0)),\"\")","v":""},null,false,{"$f":"IF(AN3114=TRUE,COUNTIF($AN$32:AN3114,TRUE()),\"\")","v":""},{"$f":"IFERROR(INDEX($AD:$AD,MATCH(ROWS($AD$32:$AD3114),$AO:$AO,0)),\"\")","v":""}]
[null,null,null,null,null,null,null,null,null,null,null,null,null,null,null,null,null,null,null,null,null,null,null,null,null,null,null,null,null,{"$f":"'Baza klientów'!B3085","v":0},false,{"$f":"IF(AE3116=TRUE,COUNTIF($AE$32:AE3116,TRUE()),\"\")","v":""},{"$f":"IFERROR(INDEX($AD:$AD,MATCH(ROWS($AD$32:AD3116),$AF:$AF,0)),\"\")","v":""},null,null,false,{"$f":"IF(AJ3116=TRUE,COUNTIF($AJ$32:AJ3116,TRUE()),\"\")","v":""},{"$f":"IFERROR(INDEX($AD:$AD,MATCH(ROWS($AD$32:AD3116),$AK:$AK,0)),\"\")","v":""},null,false,{"$f":"IF(AN3116=TRUE,COUNTIF($AN$32:AN3116,TRUE()),\"\")","v":""},{"$f":"IFERROR(INDEX($AD:$AD,MATCH(ROWS($AD$32:$AD3116),$AO:$AO,0)),\"\")","v":""}]
[null,null,null,null,null,null,null,null,null,null,null,null,null,null,null,null,null,null,null,null,null,null,null,null,null,null,null,null,null,{"$f":"'Baza klientów'!B3088","v":0},false,{"$f":"IF(AE3119=TRUE,COUNTIF($AE$32:AE3119,TRUE()),\"\")","v":""},{"$f":"IFERROR(INDEX($AD:$AD,MATCH(ROWS($AD$32:AD3119),$AF:$AF,0)),\"\")","v":""},null,null,false,{"$f":"IF(AJ3119=TRUE,COUNTIF($AJ$32:AJ3119,TRUE()),\"\")","v":""},{"$f":"IFERROR(INDEX($AD:$AD,MATCH(ROWS($AD$32:AD3119),$AK:$AK,0)),\"\")","v":""},null,false,{"$f":"IF(AN3119=TRUE,COUNTIF($AN$32:AN3119,TRUE()),\"\")","v":""},{"$f":"IFERROR(INDEX($AD:$AD,MATCH(ROWS($AD$32:$AD3119),$AO:$AO,0)),\"\")","v":""}]
[null,null,null,null,null,null,null,null,null,null,null,null,null,null,null,null,null,null,null,null,null,null,null,null,null,null,null,null,null,{"$f":"'Baza klientów'!B3093","v":0},false,{"$f":"IF(AE3124=TRUE,COUNTIF($AE$32:AE3124,TRUE()),\"\")","v":""},{"$f":"IFERROR(INDEX($AD:$AD,MATCH(ROWS($AD$32:AD3124),$AF:$AF,0)),\"\")","v":""},null,null,false,{"$f":"IF(AJ3124=TRUE,COUNTIF($AJ$32:AJ3124,TRUE()),\"\")","v":""},{"$f":"IFERROR(INDEX($AD:$AD,MATCH(ROWS($AD$32:AD3124),$AK:$AK,0)),\"\")","v":""},null,false,{"$f":"IF(AN3124=TRUE,COUNTIF($AN$32:AN3124,TRUE()),\"\")","v":""},{"$f":"IFERROR(INDEX($AD:$AD,MATCH(ROWS($AD$32:$AD3124),$AO:$AO,0)),\"\")","v":""}]
[null,null,null,null,null,null,null,null,null,null,null,null,null,null,null,null,null,null,null,null,null,null,null,null,null,null,null,null,null,{"$f":"'Baza klientów'!B3098","v":0},false,{"$f":"IF(AE3129=TRUE,COUNTIF($AE$32:AE3129,TRUE()),\"\")","v":""},{"$f":"IFERROR(INDEX($AD:$AD,MATCH(ROWS($AD$32:AD3129),$AF:$AF,0)),\"\")","v":""},null,null,false,{"$f":"IF(AJ3129=TRUE,COUNTIF($AJ$32:AJ3129,TRUE()),\"\")","v":""},{"$f":"IFERROR(INDEX($AD:$AD,MATCH(ROWS($AD$32:AD3129),$AK:$AK,0)),\"\")","v":""},null,false,{"$f":"IF(AN3129=TRUE,COUNTIF($AN$32:AN3129,TRUE()),\"\")","v":""},{"$f":"IFERROR(INDEX($AD:$AD,MATCH(ROWS($AD$32:$AD3129),$AO:$AO,0)),\"\")","v":""}]
[null,null,null,null,null,null,null,null,null,null,null,null,null,null,null,null,null,null,null,null,null,null,null,null,null,null,null,null,null,{"$f":"'Baza klientów'!B3099","v":0},false,{"$f":"IF(AE3130=TRUE,COUNTIF($AE$32:AE3130,TRUE()),\"\")","v":""},{"$f":"IFERROR(INDEX($AD:$AD,MATCH(ROWS($AD$32:AD3130),$AF:$AF,0)),\"\")","v":""},null,null,false,{"$f":"IF(AJ3130=TRUE,COUNTIF($AJ$32:AJ3130,TRUE()),\"\")","v":""},{"$f":"IFERROR(INDEX($AD:$AD,MATCH(ROWS($AD$32:AD3130),$AK:$AK,0)),\"\")","v":""},null,false,{"$f":"IF(AN3130=TRUE,COUNTIF($AN$32:AN3130,TRUE()),\"\")","v":""},{"$f":"IFERROR(INDEX($AD:$AD,MATCH(ROWS($AD$32:$AD3130),$AO:$AO,0)),\"\")","v":""}]
[null,null,null,null,null,null,null,null,null,null,null,null,null,null,null,null,null,null,null,null,null,null,null,null,null,null,null,null,null,{"$f":"'Baza klientów'!B3103","v":0},false,{"$f":"IF(AE3134=TRUE,COUNTIF($AE$32:AE3134,TRUE()),\"\")","v":""},{"$f":"IFERROR(INDEX($AD:$AD,MATCH(ROWS($AD$32:AD3134),$AF:$AF,0)),\"\")","v":""},null,null,false,{"$f":"IF(AJ3134=TRUE,COUNTIF($AJ$32:AJ3134,TRUE()),\"\")","v":""},{"$f":"IFERROR(INDEX($AD:$AD,MATCH(ROWS($AD$32:AD3134),$AK:$AK,0)),\"\")","v":""},null,false,{"$f":"IF(AN3134=TRUE,COUNTIF($AN$32:AN3134,TRUE()),\"\")","v":""},{"$f":"IFERROR(INDEX($AD:$AD,MATCH(ROWS($AD$32:$AD3134),$AO:$AO,0)),\"\")","v":""}]
[null,null,null,null,null,null,null,null,null,null,null,null,null,null,null,null,null,null,null,null,null,null,null,null,null,null,null,null,null,{"$f":"'Baza klientów'!B3108","v":0},false,{"$f":"IF(AE3139=TRUE,COUNTIF($AE$32:AE3139,TRUE()),\"\")","v":""},{"$f":"IFERROR(INDEX($AD:$AD,MATCH(ROWS($AD$32:AD3139),$AF:$AF,0)),\"\")","v":""},null,null,false,{"$f":"IF(AJ3139=TRUE,COUNTIF($AJ$32:AJ3139,TRUE()),\"\")","v":""},{"$f":"IFERROR(INDEX($AD:$AD,MATCH(ROWS($AD$32:AD3139),$AK:$AK,0)),\"\")","v":""},null,false,{"$f":"IF(AN3139=TRUE,COUNTIF($AN$32:AN3139,TRUE()),\"\")","v":""},{"$f":"IFERROR(INDEX($AD:$AD,MATCH(ROWS($AD$32:$AD3139),$AO:$AO,0)),\"\")","v":""}]
[null,null,null,null,null,null,null,null,null,null,null,null,null,null,null,null,null,null,null,null,null,null,null,null,null,null,null,null,null,{"$f":"'Baza klientów'!B3113","v":0},false,{"$f":"IF(AE3144=TRUE,COUNTIF($AE$32:AE3144,TRUE()),\"\")","v":""},{"$f":"IFERROR(INDEX($AD:$AD,MATCH(ROWS($AD$32:AD3144),$AF:$AF,0)),\"\")","v":""},null,null,false,{"$f":"IF(AJ3144=TRUE,COUNTIF($AJ$32:AJ3144,TRUE()),\"\")","v":""},{"$f":"IFERROR(INDEX($AD:$AD,MATCH(ROWS($AD$32:AD3144),$AK:$AK,0)),\"\")","v":""},null,false,{"$f":"IF(AN3144=TRUE,COUNTIF($AN$32:AN3144,TRUE()),\"\")","v":""},{"$f":"IFERROR(INDEX($AD:$AD,MATCH(ROWS($AD$32:$AD3144),$AO:$AO,0)),\"\")","v":""}]
[null,null,null,null,null,null,null,null,null,null,null,null,null,null,null,null,null,null,null,null,null,null,null,null,null,null,null,null,null,{"$f":"'Baza klientów'!B3114","v":0},false,{"$f":"IF(AE3145=TRUE,COUNTIF($AE$32:AE3145,TRUE()),\"\")","v":""},{"$f":"IFERROR(INDEX($AD:$AD,MATCH(ROWS($AD$32:AD3145),$AF:$AF,0)),\"\")","v":""},null,null,false,{"$f":"IF(AJ3145=TRUE,COUNTIF($AJ$32:AJ3145,TRUE()),\"\")","v":""},{"$f":"IFERROR(INDEX($AD:$AD,MATCH(ROWS($AD$32:AD3145),$AK:$AK,0)),\"\")","v":""},null,false,{"$f":"IF(AN3145=TRUE,COUNTIF($AN$32:AN3145,TRUE()),\"\")","v":""},{"$f":"IFERROR(INDEX($AD:$AD,MATCH(ROWS($AD$32:$AD3145),$AO:$AO,0)),\"\")","v":""}]
[null,null,null,null,null,null,null,null,null,null,null,null,null,null,null,null,null,null,null,null,null,null,null,null,null,null,null,null,null,{"$f":"'Baza klientów'!B3119","v":0},false,{"$f":"IF(AE3150=TRUE,COUNTIF($AE$32:AE3150,TRUE()),\"\")","v":""},{"$f":"IFERROR(INDEX($AD:$AD,MATCH(ROWS($AD$32:AD3150),$AF:$AF,0)),\"\")","v":""},null,null,false,{"$f":"IF(AJ3150=TRUE,COUNTIF($AJ$32:AJ3150,TRUE()),\"\")","v":""},{"$f":"IFERROR(INDEX($AD:$AD,MATCH(ROWS($AD$32:AD3150),$AK:$AK,0)),\"\")","v":""},null,false,{"$f":"IF(AN3150=TRUE,COUNTIF($AN$32:AN3150,TRUE()),\"\")","v":""},{"$f":"IFERROR(INDEX($AD:$AD,MATCH(ROWS($AD$32:$AD3150),$AO:$AO,0)),\"\")","v":""}]
[null,null,null,null,null,null,null,null,null,null,null,null,null,null,null,null,null,null,null,null,null,null,null,null,null,null,null,null,null,{"$f":"'Baza klientów'!B3123","v":0},false,{"$f":"IF(AE3154=TRUE,COUNTIF($AE$32:AE3154,TRUE()),\"\")","v":""},{"$f":"IFERROR(INDEX($AD:$AD,MATCH(ROWS($AD$32:AD3154),$AF:$AF,0)),\"\")","v":""},null,null,false,{"$f":"IF(AJ3154=TRUE,COUNTIF($AJ$32:AJ3154,TRUE()),\"\")","v":""},{"$f":"IFERROR(INDEX($AD:$AD,MATCH(ROWS($AD$32:AD3154),$AK:$AK,0)),\"\")","v":""},null,false,{"$f":"IF(AN3154=TRUE,COUNTIF($AN$32:AN3154,TRUE()),\"\")","v":""},{"$f":"IFERROR(INDEX($AD:$AD,MATCH(ROWS($AD$32:$AD3154),$AO:$AO,0)),\"\")","v":""}]
[null,null,null,null,null,null,null,null,null,null,null,null,null,null,null,null,null,null,null,null,null,null,null,null,null,null,null,null,null,{"$f":"'Baza klientów'!B3128","v":0},false,{"$f":"IF(AE3159=TRUE,COUNTIF($AE$32:AE3159,TRUE()),\"\")","v":""},{"$f":"IFERROR(INDEX($AD:$AD,MATCH(ROWS($AD$32:AD3159),$AF:$AF,0)),\"\")","v":""},null,null,false,{"$f":"IF(AJ3159=TRUE,COUNTIF($AJ$32:AJ3159,TRUE()),\"\")","v":""},{"$f":"IFERROR(INDEX($AD:$AD,MATCH(ROWS($AD$32:AD3159),$AK:$AK,0)),\"\")","v":""},null,false,{"$f":"IF(AN3159=TRUE,COUNTIF($AN$32:AN3159,TRUE()),\"\")","v":""},{"$f":"IFERROR(INDEX($AD:$AD,MATCH(ROWS($AD$32:$AD3159),$AO:$AO,0)),\"\")","v":""}]
[null,null,null,null,null,null,null,null,null,null,null,null,null,null,null,null,null,null,null,null,null,null,null,null,null,null,null,null,null,{"$f":"'Baza klientów'!B3129","v":0},false,{"$f":"IF(AE3160=TRUE,COUNTIF($AE$32:AE3160,TRUE()),\"\")","v":""},{"$f":"IFERROR(INDEX($AD:$AD,MATCH(ROWS($AD$32:AD3160),$AF:$AF,0)),\"\")","v":""},null,null,false,{"$f":"IF(AJ3160=TRUE,COUNTIF($AJ$32:AJ3160,TRUE()),\"\")","v":""},{"$f":"IFERROR(INDEX($AD:$AD,MATCH(ROWS($AD$32:AD3160),$AK:$AK,0)),\"\")","v":""},null,false,{"$f":"IF(AN3160=TRUE,COUNTIF($AN$32:AN3160,TRUE()),\"\")","v":""},{"$f":"IFERROR(INDEX($AD:$AD,MATCH(ROWS($AD$32:$AD3160),$AO:$AO,0)),\"\")","v":""}]
[null,null,null,null,null,null,null,null,null,null,null,null,null,null,null,null,null,null,null,null,null,null,null,null,null,null,null,null,null,{"$f":"'Baza klientów'!B3134","v":0},false,{"$f":"IF(AE3165=TRUE,COUNTIF($AE$32:AE3165,TRUE()),\"\")","v":""},{"$f":"IFERROR(INDEX($AD:$AD,MATCH(ROWS($AD$32:AD3165),$AF:$AF,0)),\"\")","v":""},null,null,false,{"$f":"IF(AJ3165=TRUE,COUNTIF($AJ$32:AJ3165,TRUE()),\"\")","v":""},{"$f":"IFERROR(INDEX($AD:$AD,MATCH(ROWS($AD$32:AD3165),$AK:$AK,0)),\"\")","v":""},null,false,{"$f":"IF(AN3165=TRUE,COUNTIF($AN$32:AN3165,TRUE()),\"\")","v":""},{"$f":"IFERROR(INDEX($AD:$AD,MATCH(ROWS($AD$32:$AD3165),$AO:$AO,0)),\"\")","v":""}]
[null,null,null,null,null,null,null,null,null,null,null,null,null,null,null,null,null,null,null,null,null,null,null,null,null,null,null,null,null,{"$f":"'Baza klientów'!B3137","v":0},false,{"$f":"IF(AE3168=TRUE,COUNTIF($AE$32:AE3168,TRUE()),\"\")","v":""},{"$f":"IFERROR(INDEX($AD:$AD,MATCH(ROWS($AD$32:AD3168),$AF:$AF,0)),\"\")","v":""},null,null,false,{"$f":"IF(AJ3168=TRUE,COUNTIF($AJ$32:AJ3168,TRUE()),\"\")","v":""},{"$f":"IFERROR(INDEX($AD:$AD,MATCH(ROWS($AD$32:AD3168),$AK:$AK,0)),\"\")","v":""},null,false,{"$f":"IF(AN3168=TRUE,COUNTIF($AN$32:AN3168,TRUE()),\"\")","v":""},{"$f":"IFERROR(INDEX($AD:$AD,MATCH(ROWS($AD$32:$AD3168),$AO:$AO,0)),\"\")","v":""}]
[null,null,null,null,null,null,null,null,null,null,null,null,null,null,null,null,null,null,null,null,null,null,null,null,null,null,null,null,null,{"$f":"'Baza klientów'!B3143","v":0},false,{"$f":"IF(AE3174=TRUE,COUNTIF($AE$32:AE3174,TRUE()),\"\")","v":""},{"$f":"IFERROR(INDEX($AD:$AD,MATCH(ROWS($AD$32:AD3174),$AF:$AF,0)),\"\")","v":""},null,null,false,{"$f":"IF(AJ3174=TRUE,COUNTIF($AJ$32:AJ3174,TRUE()),\"\")","v":""},{"$f":"IFERROR(INDEX($AD:$AD,MATCH(ROWS($AD$32:AD3174),$AK:$AK,0)),\"\")","v":""},null,false,{"$f":"IF(AN3174=TRUE,COUNTIF($AN$32:AN3174,TRUE()),\"\")","v":""},{"$f":"IFERROR(INDEX($AD:$AD,MATCH(ROWS($AD$32:$AD3174),$AO:$AO,0)),\"\")","v":""}]
[null,null,null,null,null,null,null,null,null,null,null,null,null,null,null,null,null,null,null,null,null,null,null,null,null,null,null,null,null,{"$f":"'Baza klientów'!B3144","v":0},false,{"$f":"IF(AE3175=TRUE,COUNTIF($AE$32:AE3175,TRUE()),\"\")","v":""},{"$f":"IFERROR(INDEX($AD:$AD,MATCH(ROWS($AD$32:AD3175),$AF:$AF,0)),\"\")","v":""},null,null,false,{"$f":"IF(AJ3175=TRUE,COUNTIF($AJ$32:AJ3175,TRUE()),\"\")","v":""},{"$f":"IFERROR(INDEX($AD:$AD,MATCH(ROWS($AD$32:AD3175),$AK:$AK,0)),\"\")","v":""},null,false,{"$f":"IF(AN3175=TRUE,COUNTIF($AN$32:AN3175,TRUE()),\"\")","v":""},{"$f":"IFERROR(INDEX($AD:$AD,MATCH(ROWS($AD$32:$AD3175),$AO:$AO,0)),\"\")","v":""}]
[null,null,null,null,null,null,null,null,null,null,null,null,null,null,null,null,null,null,null,null,null,null,null,null,null,null,null,null,null,{"$f":"'Baza klientów'!B3149","v":0},false,{"$f":"IF(AE3180=TRUE,COUNTIF($AE$32:AE3180,TRUE()),\"\")","v":""},{"$f":"IFERROR(INDEX($AD:$AD,MATCH(ROWS($AD$32:AD3180),$AF:$AF,0)),\"\")","v":""},null,null,false,{"$f":"IF(AJ3180=TRUE,COUNTIF($AJ$32:AJ3180,TRUE()),\"\")","v":""},{"$f":"IFERROR(INDEX($AD:$AD,MATCH(ROWS($AD$32:AD3180),$AK:$AK,0)),\"\")","v":""},null,false,{"$f":"IF(AN3180=TRUE,COUNTIF($AN$32:AN3180,TRUE()),\"\")","v":""},{"$f":"IFERROR(INDEX($AD:$AD,MATCH(ROWS($AD$32:$AD3180),$AO:$AO,0)),\"\")","v":""}]
[null,null,null,null,null,null,null,null,null,null,null,null,null,null,null,null,null,null,null,null,null,null,null,null,null,null,null,null,null,{"$f":"'Baza klientów'!B3154","v":0},false,{"$f":"IF(AE3185=TRUE,COUNTIF($AE$32:AE3185,TRUE()),\"\")","v":""},{"$f":"IFERROR(INDEX($AD:$AD,MATCH(ROWS($AD$32:AD3185),$AF:$AF,0)),\"\")","v":""},null,null,false,{"$f":"IF(AJ3185=TRUE,COUNTIF($AJ$32:AJ3185,TRUE()),\"\")","v":""},{"$f":"IFERROR(INDEX($AD:$AD,MATCH(ROWS($AD$32:AD3185),$AK:$AK,0)),\"\")","v":""},null,false,{"$f":"IF(AN3185=TRUE,COUNTIF($AN$32:AN3185,TRUE()),\"\")","v":""},{"$f":"IFERROR(INDEX($AD:$AD,MATCH(ROWS($AD$32:$AD3185),$AO:$AO,0)),\"\")","v":""}]
[null,null,null,null,null,null,null,null,null,null,null,null,null,null,null,null,null,null,null,null,null,null,null,null,null,null,null,null,null,{"$f":"'Baza klientów'!B3158","v":0},false,{"$f":"IF(AE3189=TRUE,COUNTIF($AE$32:AE3189,TRUE()),\"\")","v":""},{"$f":"IFERROR(INDEX($AD:$AD,MATCH(ROWS($AD$32:AD3189),$AF:$AF,0)),\"\")","v":""},null,null,false,{"$f":"IF(AJ3189=TRUE,COUNTIF($AJ$32:AJ3189,TRUE()),\"\")","v":""},{"$f":"IFERROR(INDEX($AD:$AD,MATCH(ROWS($AD$32:AD3189),$AK:$AK,0)),\"\")","v":""},null,false,{"$f":"IF(AN3189=TRUE,COUNTIF($AN$32:AN3189,TRUE()),\"\")","v":""},{"$f":"IFERROR(INDEX($AD:$AD,MATCH(ROWS($AD$32:$AD3189),$AO:$AO,0)),\"\")","v":""}]
[null,null,null,null,null,null,null,null,null,null,null,null,null,null,null,null,null,null,null,null,null,null,null,null,null,null,null,null,null,{"$f":"'Baza klientów'!B3159","v":0},false,{"$f":"IF(AE3190=TRUE,COUNTIF($AE$32:AE3190,TRUE()),\"\")","v":""},{"$f":"IFERROR(INDEX($AD:$AD,MATCH(ROWS($AD$32:AD3190),$AF:$AF,0)),\"\")","v":""},null,null,false,{"$f":"IF(AJ3190=TRUE,COUNTIF($AJ$32:AJ3190,TRUE()),\"\")","v":""},{"$f":"IFERROR(INDEX($AD:$AD,MATCH(ROWS($AD$32:AD3190),$AK:$AK,0)),\"\")","v":""},null,false,{"$f":"IF(AN3190=TRUE,COUNTIF($AN$32:AN3190,TRUE()),\"\")","v":""},{"$f":"IFERROR(INDEX($AD:$AD,MATCH(ROWS($AD$32:$AD3190),$AO:$AO,0)),\"\")","v":""}]
[null,null,null,null,null,null,null,null,null,null,null,null,null,null,null,null,null,null,null,null,null,null,null,null,null,null,null,null,null,{"$f":"'Baza klientów'!B3164","v":0},false,{"$f":"IF(AE3195=TRUE,COUNTIF($AE$32:AE3195,TRUE()),\"\")","v":""},{"$f":"IFERROR(INDEX($AD:$AD,MATCH(ROWS($AD$32:AD3195),$AF:$AF,0)),\"\")","v":""},null,null,false,{"$f":"IF(AJ3195=TRUE,COUNTIF($AJ$32:AJ3195,TRUE()),\"\")","v":""},{"$f":"IFERROR(INDEX($AD:$AD,MATCH(ROWS($AD$32:AD3195),$AK:$AK,0)),\"\")","v":""},null,false,{"$f":"IF(AN3195=TRUE,COUNTIF($AN$32:AN3195,TRUE()),\"\")","v":""},{"$f":"IFERROR(INDEX($AD:$AD,MATCH(ROWS($AD$32:$AD3195),$AO:$AO,0)),\"\")","v":""}]
[null,null,null,null,null,null,null,null,null,null,null,null,null,null,null,null,null,null,null,null,null,null,null,null,null,null,null,null,null,{"$f":"'Baza klientów'!B3169","v":0},false,{"$f":"IF(AE3200=TRUE,COUNTIF($AE$32:AE3200,TRUE()),\"\")","v":""},{"$f":"IFERROR(INDEX($AD:$AD,MATCH(ROWS($AD$32:AD3200),$AF:$AF,0)),\"\")","v":""},null,null,false,{"$f":"IF(AJ3200=TRUE,COUNTIF($AJ$32:AJ3200,TRUE()),\"\")","v":""},{"$f":"IFERROR(INDEX($AD:$AD,MATCH(ROWS($AD$32:AD3200),$AK:$AK,0)),\"\")","v":""},null,false,{"$f":"IF(AN3200=TRUE,COUNTIF($AN$32:AN3200,TRUE()),\"\")","v":""},{"$f":"IFERROR(INDEX($AD:$AD,MATCH(ROWS($AD$32:$AD3200),$AO:$AO,0)),\"\")","v":""}]
[null,null,null,null,null,null,null,null,null,null,null,null,null,null,null,null,null,null,null,null,null,null,null,null,null,null,null,null,null,{"$f":"'Baza klientów'!B3172","v":0},false,{"$f":"IF(AE3203=TRUE,COUNTIF($AE$32:AE3203,TRUE()),\"\")","v":""},{"$f":"IFERROR(INDEX($AD:$AD,MATCH(ROWS($AD$32:AD3203),$AF:$AF,0)),\"\")","v":""},null,null,false,{"$f":"IF(AJ3203=TRUE,COUNTIF($AJ$32:AJ3203,TRUE()),\"\")","v":""},{"$f":"IFERROR(INDEX($AD:$AD,MATCH(ROWS($AD$32:AD3203),$AK:$AK,0)),\"\")","v":""},null,false,{"$f":"IF(AN3203=TRUE,COUNTIF($AN$32:AN3203,TRUE()),\"\")","v":""},{"$f":"IFERROR(INDEX($AD:$AD,MATCH(ROWS($AD$32:$AD3203),$AO:$AO,0)),\"\")","v":""}]
[null,null,null,null,null,null,null,null,null,null,null,null,null,null,null,null,null,null,null,null,null,null,null,null,null,null,null,null,null,{"$f":"'Baza klientów'!B3174","v":0},false,{"$f":"IF(AE3205=TRUE,COUNTIF($AE$32:AE3205,TRUE()),\"\")","v":""},{"$f":"IFERROR(INDEX($AD:$AD,MATCH(ROWS($AD$32:AD3205),$AF:$AF,0)),\"\")","v":""},null,null,false,{"$f":"IF(AJ3205=TRUE,COUNTIF($AJ$32:AJ3205,TRUE()),\"\")","v":""},{"$f":"IFERROR(INDEX($AD:$AD,MATCH(ROWS($AD$32:AD3205),$AK:$AK,0)),\"\")","v":""},null,false,{"$f":"IF(AN3205=TRUE,COUNTIF($AN$32:AN3205,TRUE()),\"\")","v":""},{"$f":"IFERROR(INDEX($AD:$AD,MATCH(ROWS($AD$32:$AD3205),$AO:$AO,0)),\"\")","v":""}]
[null,null,null,null,null,null,null,null,null,null,null,null,null,null,null,null,null,null,null,null,null,null,null,null,null,null,null,null,null,{"$f":"'Baza klientów'!B3179","v":0},false,{"$f":"IF(AE3210=TRUE,COUNTIF($AE$32:AE3210,TRUE()),\"\")","v":""},{"$f":"IFERROR(INDEX($AD:$AD,MATCH(ROWS($AD$32:AD3210),$AF:$AF,0)),\"\")","v":""},null,null,false,{"$f":"IF(AJ3210=TRUE,COUNTIF($AJ$32:AJ3210,TRUE()),\"\")","v":""},{"$f":"IFERROR(INDEX($AD:$AD,MATCH(ROWS($AD$32:AD3210),$AK:$AK,0)),\"\")","v":""},null,false,{"$f":"IF(AN3210=TRUE,COUNTIF($AN$32:AN3210,TRUE()),\"\")","v":""},{"$f":"IFERROR(INDEX($AD:$AD,MATCH(ROWS($AD$32:$AD3210),$AO:$AO,0)),\"\")","v":""}]
[null,null,null,null,null,null,null,null,null,null,null,null,null,null,null,null,null,null,null,null,null,null,null,null,null,null,null,null,null,{"$f":"'Baza klientów'!B3184","v":0},false,{"$f":"IF(AE3215=TRUE,COUNTIF($AE$32:AE3215,TRUE()),\"\")","v":""},{"$f":"IFERROR(INDEX($AD:$AD,MATCH(ROWS($AD$32:AD3215),$AF:$AF,0)),\"\")","v":""},null,null,false,{"$f":"IF(AJ3215=TRUE,COUNTIF($AJ$32:AJ3215,TRUE()),\"\")","v":""},{"$f":"IFERROR(INDEX($AD:$AD,MATCH(ROWS($AD$32:AD3215),$AK:$AK,0)),\"\")","v":""},null,false,{"$f":"IF(AN3215=TRUE,COUNTIF($AN$32:AN3215,TRUE()),\"\")","v":""},{"$f":"IFERROR(INDEX($AD:$AD,MATCH(ROWS($AD$32:$AD3215),$AO:$AO,0)),\"\")","v":""}]
[null,null,null,null,null,null,null,null,null,null,null,null,null,null,null,null,null,null,null,null,null,null,null,null,null,null,null,null,null,{"$f":"'Baza klientów'!B3189","v":0},false,{"$f":"IF(AE3220=TRUE,COUNTIF($AE$32:AE3220,TRUE()),\"\")","v":""},{"$f":"IFERROR(INDEX($AD:$AD,MATCH(ROWS($AD$32:AD3220),$AF:$AF,0)),\"\")","v":""},null,null,false,{"$f":"IF(AJ3220=TRUE,COUNTIF($AJ$32:AJ3220,TRUE()),\"\")","v":""},{"$f":"IFERROR(INDEX($AD:$AD,MATCH(ROWS($AD$32:AD3220),$AK:$AK,0)),\"\")","v":""},null,false,{"$f":"IF(AN3220=TRUE,COUNTIF($AN$32:AN3220,TRUE()),\"\")","v":""},{"$f":"IFERROR(INDEX($AD:$AD,MATCH(ROWS($AD$32:$AD3220),$AO:$AO,0)),\"\")","v":""}]
[null,null,null,null,null,null,null,null,null,null,null,null,null,null,null,null,null,null,null,null,null,null,null,null,null,null,null,null,null,{"$f":"'Baza klientów'!B3190","v":0},false,{"$f":"IF(AE3221=TRUE,COUNTIF($AE$32:AE3221,TRUE()),\"\")","v":""},{"$f":"IFERROR(INDEX($AD:$AD,MATCH(ROWS($AD$32:AD3221),$AF:$AF,0)),\"\")","v":""},null,null,false,{"$f":"IF(AJ3221=TRUE,COUNTIF($AJ$32:AJ3221,TRUE()),\"\")","v":""},{"$f":"IFERROR(INDEX($AD:$AD,MATCH(ROWS($AD$32:AD3221),$AK:$AK,0)),\"\")","v":""},null,false,{"$f":"IF(AN3221=TRUE,COUNTIF($AN$32:AN3221,TRUE()),\"\")","v":""},{"$f":"IFERROR(INDEX($AD:$AD,MATCH(ROWS($AD$32:$AD3221),$AO:$AO,0)),\"\")","v":""}]
[null,null,null,null,null,null,null,null,null,null,null,null,null,null,null,null,null,null,null,null,null,null,null,null,null,null,null,null,null,{"$f":"'Baza klientów'!B3194","v":0},false,{"$f":"IF(AE3225=TRUE,COUNTIF($AE$32:AE3225,TRUE()),\"\")","v":""},{"$f":"IFERROR(INDEX($AD:$AD,MATCH(ROWS($AD$32:AD3225),$AF:$AF,0)),\"\")","v":""},null,null,false,{"$f":"IF(AJ3225=TRUE,COUNTIF($AJ$32:AJ3225,TRUE()),\"\")","v":""},{"$f":"IFERROR(INDEX($AD:$AD,MATCH(ROWS($AD$32:AD3225),$AK:$AK,0)),\"\")","v":""},null,false,{"$f":"IF(AN3225=TRUE,COUNTIF($AN$32:AN3225,TRUE()),\"\")","v":""},{"$f":"IFERROR(INDEX($AD:$AD,MATCH(ROWS($AD$32:$AD3225),$AO:$AO,0)),\"\")","v":""}]
[null,null,null,null,null,null,null,null,null,null,null,null,null,null,null,null,null,null,null,null,null,null,null,null,null,null,null,null,null,{"$f":"'Baza klientów'!B3199","v":0},false,{"$f":"IF(AE3230=TRUE,COUNTIF($AE$32:AE3230,TRUE()),\"\")","v":""},{"$f":"IFERROR(INDEX($AD:$AD,MATCH(ROWS($AD$32:AD3230),$AF:$AF,0)),\"\")","v":""},null,null,false,{"$f":"IF(AJ3230=TRUE,COUNTIF($AJ$32:AJ3230,TRUE()),\"\")","v":""},{"$f":"IFERROR(INDEX($AD:$AD,MATCH(ROWS($AD$32:AD3230),$AK:$AK,0)),\"\")","v":""},null,false,{"$f":"IF(AN3230=TRUE,COUNTIF($AN$32:AN3230,TRUE()),\"\")","v":""},{"$f":"IFERROR(INDEX($AD:$AD,MATCH(ROWS($AD$32:$AD3230),$AO:$AO,0)),\"\")","v":""}]
[null,null,null,null,null,null,null,null,null,null,null,null,null,null,null,null,null,null,null,null,null,null,null,null,null,null,null,null,null,{"$f":"'Baza klientów'!B3204","v":0},false,{"$f":"IF(AE3235=TRUE,COUNTIF($AE$32:AE3235,TRUE()),\"\")","v":""},{"$f":"IFERROR(INDEX($AD:$AD,MATCH(ROWS($AD$32:AD3235),$AF:$AF,0)),\"\")","v":""},null,null,false,{"$f":"IF(AJ3235=TRUE,COUNTIF($AJ$32:AJ3235,TRUE()),\"\")","v":""},{"$f":"IFERROR(INDEX($AD:$AD,MATCH(ROWS($AD$32:AD3235),$AK:$AK,0)),\"\")","v":""},null,false,{"$f":"IF(AN3235=TRUE,COUNTIF($AN$32:AN3235,TRUE()),\"\")","v":""},{"$f":"IFERROR(INDEX($AD:$AD,MATCH(ROWS($AD$32:$AD3235),$AO:$AO,0)),\"\")","v":""}]
[null,null,null,null,null,null,null,null,null,null,null,null,null,null,null,null,null,null,null,null,null,null,null,null,null,null,null,null,null,{"$f":"'Baza klientów'!B3206","v":0},false,{"$f":"IF(AE3237=TRUE,COUNTIF($AE$32:AE3237,TRUE()),\"\")","v":""},{"$f":"IFERROR(INDEX($AD:$AD,MATCH(ROWS($AD$32:AD3237),$AF:$AF,0)),\"\")","v":""},null,null,false,{"$f":"IF(AJ3237=TRUE,COUNTIF($AJ$32:AJ3237,TRUE()),\"\")","v":""},{"$f":"IFERROR(INDEX($AD:$AD,MATCH(ROWS($AD$32:AD3237),$AK:$AK,0)),\"\")","v":""},null,false,{"$f":"IF(AN3237=TRUE,COUNTIF($AN$32:AN3237,TRUE()),\"\")","v":""},{"$f":"IFERROR(INDEX($AD:$AD,MATCH(ROWS($AD$32:$AD3237),$AO:$AO,0)),\"\")","v":""}]
[null,null,null,null,null,null,null,null,null,null,null,null,null,null,null,null,null,null,null,null,null,null,null,null,null,null,null,null,null,{"$f":"'Baza klientów'!B3209","v":0},false,{"$f":"IF(AE3240=TRUE,COUNTIF($AE$32:AE3240,TRUE()),\"\")","v":""},{"$f":"IFERROR(INDEX($AD:$AD,MATCH(ROWS($AD$32:AD3240),$AF:$AF,0)),\"\")","v":""},null,null,false,{"$f":"IF(AJ3240=TRUE,COUNTIF($AJ$32:AJ3240,TRUE()),\"\")","v":""},{"$f":"IFERROR(INDEX($AD:$AD,MATCH(ROWS($AD$32:AD3240),$AK:$AK,0)),\"\")","v":""},null,false,{"$f":"IF(AN3240=TRUE,COUNTIF($AN$32:AN3240,TRUE()),\"\")","v":""},{"$f":"IFERROR(INDEX($AD:$AD,MATCH(ROWS($AD$32:$AD3240),$AO:$AO,0)),\"\")","v":""}]
[null,null,null,null,null,null,null,null,null,null,null,null,null,null,null,null,null,null,null,null,null,null,null,null,null,null,null,null,null,{"$f":"'Baza klientów'!B3214","v":0},false,{"$f":"IF(AE3245=TRUE,COUNTIF($AE$32:AE3245,TRUE()),\"\")","v":""},{"$f":"IFERROR(INDEX($AD:$AD,MATCH(ROWS($AD$32:AD3245),$AF:$AF,0)),\"\")","v":""},null,null,false,{"$f":"IF(AJ3245=TRUE,COUNTIF($AJ$32:AJ3245,TRUE()),\"\")","v":""},{"$f":"IFERROR(INDEX($AD:$AD,MATCH(ROWS($AD$32:AD3245),$AK:$AK,0)),\"\")","v":""},null,false,{"$f":"IF(AN3245=TRUE,COUNTIF($AN$32:AN3245,TRUE()),\"\")","v":""},{"$f":"IFERROR(INDEX($AD:$AD,MATCH(ROWS($AD$32:$AD3245),$AO:$AO,0)),\"\")","v":""}]
[null,null,null,null,null,null,null,null,null,null,null,null,null,null,null,null,null,null,null,null,null,null,null,null,null,null,null,null,null,{"$f":"'Baza klientów'!B3219","v":0},false,{"$f":"IF(AE3250=TRUE,COUNTIF($AE$32:AE3250,TRUE()),\"\")","v":""},{"$f":"IFERROR(INDEX($AD:$AD,MATCH(ROWS($AD$32:AD3250),$AF:$AF,0)),\"\")","v":""},null,null,false,{"$f":"IF(AJ3250=TRUE,COUNTIF($AJ$32:AJ3250,TRUE()),\"\")","v":""},{"$f":"IFERROR(INDEX($AD:$AD,MATCH(ROWS($AD$32:AD3250),$AK:$AK,0)),\"\")","v":""},null,false,{"$f":"IF(AN3250=TRUE,COUNTIF($AN$32:AN3250,TRUE()),\"\")","v":""},{"$f":"IFERROR(INDEX($AD:$AD,MATCH(ROWS($AD$32:$AD3250),$AO:$AO,0)),\"\")","v":""}]
[null,null,null,null,null,null,null,null,null,null,null,null,null,null,null,null,null,null,null,null,null,null,null,null,null,null,null,null,null,{"$f":"'Baza klientów'!B3220","v":0},false,{"$f":"IF(AE3251=TRUE,COUNTIF($AE$32:AE3251,TRUE()),\"\")","v":""},{"$f":"IFERROR(INDEX($AD:$AD,MATCH(ROWS($AD$32:AD3251),$AF:$AF,0)),\"\")","v":""},null,null,false,{"$f":"IF(AJ3251=TRUE,COUNTIF($AJ$32:AJ3251,TRUE()),\"\")","v":""},{"$f":"IFERROR(INDEX($AD:$AD,MATCH(ROWS($AD$32:AD3251),$AK:$AK,0)),\"\")","v":""},null,false,{"$f":"IF(AN3251=TRUE,COUNTIF($AN$32:AN3251,TRUE()),\"\")","v":""},{"$f":"IFERROR(INDEX($AD:$AD,MATCH(ROWS($AD$32:$AD3251),$AO:$AO,0)),\"\")","v":""}]
[null,null,null,null,null,null,null,null,null,null,null,null,null,null,null,null,null,null,null,null,null,null,null,null,null,null,null,null,null,{"$f":"'Baza klientów'!B3224","v":0},false,{"$f":"IF(AE3255=TRUE,COUNTIF($AE$32:AE3255,TRUE()),\"\")","v":""},{"$f":"IFERROR(INDEX($AD:$AD,MATCH(ROWS($AD$32:AD3255),$AF:$AF,0)),\"\")","v":""},null,null,false,{"$f":"IF(AJ3255=TRUE,COUNTIF($AJ$32:AJ3255,TRUE()),\"\")","v":""},{"$f":"IFERROR(INDEX($AD:$AD,MATCH(ROWS($AD$32:AD3255),$AK:$AK,0)),\"\")","v":""},null,false,{"$f":"IF(AN3255=TRUE,COUNTIF($AN$32:AN3255,TRUE()),\"\")","v":""},{"$f":"IFERROR(INDEX($AD:$AD,MATCH(ROWS($AD$32:$AD3255),$AO:$AO,0)),\"\")","v":""}]
[null,null,null,null,null,null,null,null,null,null,null,null,null,null,null,null,null,null,null,null,null,null,null,null,null,null,null,null,null,{"$f":"'Baza klientów'!B3229","v":0},false,{"$f":"IF(AE3260=TRUE,COUNTIF($AE$32:AE3260,TRUE()),\"\")","v":""},{"$f":"IFERROR(INDEX($AD:$AD,MATCH(ROWS($AD$32:AD3260),$AF:$AF,0)),\"\")","v":""},null,null,false,{"$f":"IF(AJ3260=TRUE,COUNTIF($AJ$32:AJ3260,TRUE()),\"\")","v":""},{"$f":"IFERROR(INDEX($AD:$AD,MATCH(ROWS($AD$32:AD3260),$AK:$AK,0)),\"\")","v":""},null,false,{"$f":"IF(AN3260=TRUE,COUNTIF($AN$32:AN3260,TRUE()),\"\")","v":""},{"$f":"IFERROR(INDEX($AD:$AD,MATCH(ROWS($AD$32:$AD3260),$AO:$AO,0)),\"\")","v":""}]
[null,null,null,null,null,null,null,null,null,null,null,null,null,null,null,null,null,null,null,null,null,null,null,null,null,null,null,null,null,{"$f":"'Baza klientów'!B3234","v":0},false,{"$f":"IF(AE3265=TRUE,COUNTIF($AE$32:AE3265,TRUE()),\"\")","v":""},{"$f":"IFERROR(INDEX($AD:$AD,MATCH(ROWS($AD$32:AD3265),$AF:$AF,0)),\"\")","v":""},null,null,false,{"$f":"IF(AJ3265=TRUE,COUNTIF($AJ$32:AJ3265,TRUE()),\"\")","v":""},{"$f":"IFERROR(INDEX($AD:$AD,MATCH(ROWS($AD$32:AD3265),$AK:$AK,0)),\"\")","v":""},null,false,{"$f":"IF(AN3265=TRUE,COUNTIF($AN$32:AN3265,TRUE()),\"\")","v":""},{"$f":"IFERROR(INDEX($AD:$AD,MATCH(ROWS($AD$32:$AD3265),$AO:$AO,0)),\"\")","v":""}]
[null,null,null,null,null,null,null,null,null,null,null,null,null,null,null,null,null,null,null,null,null,null,null,null,null,null,null,null,null,{"$f":"'Baza klientów'!B3235","v":0},false,{"$f":"IF(AE3266=TRUE,COUNTIF($AE$32:AE3266,TRUE()),\"\")","v":""},{"$f":"IFERROR(INDEX($AD:$AD,MATCH(ROWS($AD$32:AD3266),$AF:$AF,0)),\"\")","v":""},null,null,false,{"$f":"IF(AJ3266=TRUE,COUNTIF($AJ$32:AJ3266,TRUE()),\"\")","v":""},{"$f":"IFERROR(INDEX($AD:$AD,MATCH(ROWS($AD$32:AD3266),$AK:$AK,0)),\"\")","v":""},null,false,{"$f":"IF(AN3266=TRUE,COUNTIF($AN$32:AN3266,TRUE()),\"\")","v":""},{"$f":"IFERROR(INDEX($AD:$AD,MATCH(ROWS($AD$32:$AD3266),$AO:$AO,0)),\"\")","v":""}]
[null,null,null,null,null,null,null,null,null,null,null,null,null,null,null,null,null,null,null,null,null,null,null,null,null,null,null,null,null,{"$f":"'Baza klientów'!B3241","v":0},false,{"$f":"IF(AE3272=TRUE,COUNTIF($AE$32:AE3272,TRUE()),\"\")","v":""},{"$f":"IFERROR(INDEX($AD:$AD,MATCH(ROWS($AD$32:AD3272),$AF:$AF,0)),\"\")","v":""},null,null,false,{"$f":"IF(AJ3272=TRUE,COUNTIF($AJ$32:AJ3272,TRUE()),\"\")","v":""},{"$f":"IFERROR(INDEX($AD:$AD,MATCH(ROWS($AD$32:AD3272),$AK:$AK,0)),\"\")","v":""},null,false,{"$f":"IF(AN3272=TRUE,COUNTIF($AN$32:AN3272,TRUE()),\"\")","v":""},{"$f":"IFERROR(INDEX($AD:$AD,MATCH(ROWS($AD$32:$AD3272),$AO:$AO,0)),\"\")","v":""}]
[null,null,null,null,null,null,null,null,null,null,null,null,null,null,null,null,null,null,null,null,null,null,null,null,null,null,null,null,null,{"$f":"'Baza klientów'!B3244","v":0},false,{"$f":"IF(AE3275=TRUE,COUNTIF($AE$32:AE3275,TRUE()),\"\")","v":""},{"$f":"IFERROR(INDEX($AD:$AD,MATCH(ROWS($AD$32:AD3275),$AF:$AF,0)),\"\")","v":""},null,null,false,{"$f":"IF(AJ3275=TRUE,COUNTIF($AJ$32:AJ3275,TRUE()),\"\")","v":""},{"$f":"IFERROR(INDEX($AD:$AD,MATCH(ROWS($AD$32:AD3275),$AK:$AK,0)),\"\")","v":""},null,false,{"$f":"IF(AN3275=TRUE,COUNTIF($AN$32:AN3275,TRUE()),\"\")","v":""},{"$f":"IFERROR(INDEX($AD:$AD,MATCH(ROWS($AD$32:$AD3275),$AO:$AO,0)),\"\")","v":""}]
[null,null,null,null,null,null,null,null,null,null,null,null,null,null,null,null,null,null,null,null,null,null,null,null,null,null,null,null,null,{"$f":"'Baza klientów'!B3249","v":0},false,{"$f":"IF(AE3280=TRUE,COUNTIF($AE$32:AE3280,TRUE()),\"\")","v":""},{"$f":"IFERROR(INDEX($AD:$AD,MATCH(ROWS($AD$32:AD3280),$AF:$AF,0)),\"\")","v":""},null,null,false,{"$f":"IF(AJ3280=TRUE,COUNTIF($AJ$32:AJ3280,TRUE()),\"\")","v":""},{"$f":"IFERROR(INDEX($AD:$AD,MATCH(ROWS($AD$32:AD3280),$AK:$AK,0)),\"\")","v":""},null,false,{"$f":"IF(AN3280=TRUE,COUNTIF($AN$32:AN3280,TRUE()),\"\")","v":""},{"$f":"IFERROR(INDEX($AD:$AD,MATCH(ROWS($AD$32:$AD3280),$AO:$AO,0)),\"\")","v":""}]
[null,null,null,null,null,null,null,null,null,null,null,null,null,null,null,null,null,null,null,null,null,null,null,null,null,null,null,null,null,{"$f":"'Baza klientów'!B3250","v":0},false,{"$f":"IF(AE3281=TRUE,COUNTIF($AE$32:AE3281,TRUE()),\"\")","v":""},{"$f":"IFERROR(INDEX($AD:$AD,MATCH(ROWS($AD$32:AD3281),$AF:$AF,0)),\"\")","v":""},null,null,false,{"$f":"IF(AJ3281=TRUE,COUNTIF($AJ$32:AJ3281,TRUE()),\"\")","v":""},{"$f":"IFERROR(INDEX($AD:$AD,MATCH(ROWS($AD$32:AD3281),$AK:$AK,0)),\"\")","v":""},null,false,{"$f":"IF(AN3281=TRUE,COUNTIF($AN$32:AN3281,TRUE()),\"\")","v":""},{"$f":"IFERROR(INDEX($AD:$AD,MATCH(ROWS($AD$32:$AD3281),$AO:$AO,0)),\"\")","v":""}]
[null,null,null,null,null,null,null,null,null,null,null,null,null,null,null,null,null,null,null,null,null,null,null,null,null,null,null,null,null,{"$f":"'Baza klientów'!B3255","v":0},false,{"$f":"IF(AE3286=TRUE,COUNTIF($AE$32:AE3286,TRUE()),\"\")","v":""},{"$f":"IFERROR(INDEX($AD:$AD,MATCH(ROWS($AD$32:AD3286),$AF:$AF,0)),\"\")","v":""},null,null,false,{"$f":"IF(AJ3286=TRUE,COUNTIF($AJ$32:AJ3286,TRUE()),\"\")","v":""},{"$f":"IFERROR(INDEX($AD:$AD,MATCH(ROWS($AD$32:AD3286),$AK:$AK,0)),\"\")","v":""},null,false,{"$f":"IF(AN3286=TRUE,COUNTIF($AN$32:AN3286,TRUE()),\"\")","v":""},{"$f":"IFERROR(INDEX($AD:$AD,MATCH(ROWS($AD$32:$AD3286),$AO:$AO,0)),\"\")","v":""}]
[null,null,null,null,null,null,null,null,null,null,null,null,null,null,null,null,null,null,null,null,null,null,null,null,null,null,null,null,null,{"$f":"'Baza klientów'!B3259","v":0},false,{"$f":"IF(AE3290=TRUE,COUNTIF($AE$32:AE3290,TRUE()),\"\")","v":""},{"$f":"IFERROR(INDEX($AD:$AD,MATCH(ROWS($AD$32:AD3290),$AF:$AF,0)),\"\")","v":""},null,null,false,{"$f":"IF(AJ3290=TRUE,COUNTIF($AJ$32:AJ3290,TRUE()),\"\")","v":""},{"$f":"IFERROR(INDEX($AD:$AD,MATCH(ROWS($AD$32:AD3290),$AK:$AK,0)),\"\")","v":""},null,false,{"$f":"IF(AN3290=TRUE,COUNTIF($AN$32:AN3290,TRUE()),\"\")","v":""},{"$f":"IFERROR(INDEX($AD:$AD,MATCH(ROWS($AD$32:$AD3290),$AO:$AO,0)),\"\")","v":""}]
[null,null,null,null,null,null,null,null,null,null,null,null,null,null,null,null,null,null,null,null,null,null,null,null,null,null,null,null,null,{"$f":"'Baza klientów'!B3264","v":0},false,{"$f":"IF(AE3295=TRUE,COUNTIF($AE$32:AE3295,TRUE()),\"\")","v":""},{"$f":"IFERROR(INDEX($AD:$AD,MATCH(ROWS($AD$32:AD3295),$AF:$AF,0)),\"\")","v":""},null,null,false,{"$f":"IF(AJ3295=TRUE,COUNTIF($AJ$32:AJ3295,TRUE()),\"\")","v":""},{"$f":"IFERROR(INDEX($AD:$AD,MATCH(ROWS($AD$32:AD3295),$AK:$AK,0)),\"\")","v":""},null,false,{"$f":"IF(AN3295=TRUE,COUNTIF($AN$32:AN3295,TRUE()),\"\")","v":""},{"$f":"IFERROR(INDEX($AD:$AD,MATCH(ROWS($AD$32:$AD3295),$AO:$AO,0)),\"\")","v":""}]
[null,null,null,null,null,null,null,null,null,null,null,null,null,null,null,null,null,null,null,null,null,null,null,null,null,null,null,null,null,{"$f":"'Baza klientów'!B3265","v":0},false,{"$f":"IF(AE3296=TRUE,COUNTIF($AE$32:AE3296,TRUE()),\"\")","v":""},{"$f":"IFERROR(INDEX($AD:$AD,MATCH(ROWS($AD$32:AD3296),$AF:$AF,0)),\"\")","v":""},null,null,false,{"$f":"IF(AJ3296=TRUE,COUNTIF($AJ$32:AJ3296,TRUE()),\"\")","v":""},{"$f":"IFERROR(INDEX($AD:$AD,MATCH(ROWS($AD$32:AD3296),$AK:$AK,0)),\"\")","v":""},null,false,{"$f":"IF(AN3296=TRUE,COUNTIF($AN$32:AN3296,TRUE()),\"\")","v":""},{"$f":"IFERROR(INDEX($AD:$AD,MATCH(ROWS($AD$32:$AD3296),$AO:$AO,0)),\"\")","v":""}]
[null,null,null,null,null,null,null,null,null,null,null,null,null,null,null,null,null,null,null,null,null,null,null,null,null,null,null,null,null,{"$f":"'Baza klientów'!B3270","v":0},false,{"$f":"IF(AE3301=TRUE,COUNTIF($AE$32:AE3301,TRUE()),\"\")","v":""},{"$f":"IFERROR(INDEX($AD:$AD,MATCH(ROWS($AD$32:AD3301),$AF:$AF,0)),\"\")","v":""},null,null,false,{"$f":"IF(AJ3301=TRUE,COUNTIF($AJ$32:AJ3301,TRUE()),\"\")","v":""},{"$f":"IFERROR(INDEX($AD:$AD,MATCH(ROWS($AD$32:AD3301),$AK:$AK,0)),\"\")","v":""},null,false,{"$f":"IF(AN3301=TRUE,COUNTIF($AN$32:AN3301,TRUE()),\"\")","v":""},{"$f":"IFERROR(INDEX($AD:$AD,MATCH(ROWS($AD$32:$AD3301),$AO:$AO,0)),\"\")","v":""}]
[null,null,null,null,null,null,null,null,null,null,null,null,null,null,null,null,null,null,null,null,null,null,null,null,null,null,null,null,null,{"$f":"'Baza klientów'!B3275","v":0},false,{"$f":"IF(AE3306=TRUE,COUNTIF($AE$32:AE3306,TRUE()),\"\")","v":""},{"$f":"IFERROR(INDEX($AD:$AD,MATCH(ROWS($AD$32:AD3306),$AF:$AF,0)),\"\")","v":""},null,null,false,{"$f":"IF(AJ3306=TRUE,COUNTIF($AJ$32:AJ3306,TRUE()),\"\")","v":""},{"$f":"IFERROR(INDEX($AD:$AD,MATCH(ROWS($AD$32:AD3306),$AK:$AK,0)),\"\")","v":""},null,false,{"$f":"IF(AN3306=TRUE,COUNTIF($AN$32:AN3306,TRUE()),\"\")","v":""},{"$f":"IFERROR(INDEX($AD:$AD,MATCH(ROWS($AD$32:$AD3306),$AO:$AO,0)),\"\")","v":""}]
[null,null,null,null,null,null,null,null,null,null,null,null,null,null,null,null,null,null,null,null,null,null,null,null,null,null,null,null,null,{"$f":"'Baza klientów'!B3279","v":0},false,{"$f":"IF(AE3310=TRUE,COUNTIF($AE$32:AE3310,TRUE()),\"\")","v":""},{"$f":"IFERROR(INDEX($AD:$AD,MATCH(ROWS($AD$32:AD3310),$AF:$AF,0)),\"\")","v":""},null,null,false,{"$f":"IF(AJ3310=TRUE,COUNTIF($AJ$32:AJ3310,TRUE()),\"\")","v":""},{"$f":"IFERROR(INDEX($AD:$AD,MATCH(ROWS($AD$32:AD3310),$AK:$AK,0)),\"\")","v":""},null,false,{"$f":"IF(AN3310=TRUE,COUNTIF($AN$32:AN3310,TRUE()),\"\")","v":""},{"$f":"IFERROR(INDEX($AD:$AD,MATCH(ROWS($AD$32:$AD3310),$AO:$AO,0)),\"\")","v":""}]
[null,null,null,null,null,null,null,null,null,null,null,null,null,null,null,null,null,null,null,null,null,null,null,null,null,null,null,null,null,{"$f":"'Baza klientów'!B3280","v":0},false,{"$f":"IF(AE3311=TRUE,COUNTIF($AE$32:AE3311,TRUE()),\"\")","v":""},{"$f":"IFERROR(INDEX($AD:$AD,MATCH(ROWS($AD$32:AD3311),$AF:$AF,0)),\"\")","v":""},null,null,false,{"$f":"IF(AJ3311=TRUE,COUNTIF($AJ$32:AJ3311,TRUE()),\"\")","v":""},{"$f":"IFERROR(INDEX($AD:$AD,MATCH(ROWS($AD$32:AD3311),$AK:$AK,0)),\"\")","v":""},null,false,{"$f":"IF(AN3311=TRUE,COUNTIF($AN$32:AN3311,TRUE()),\"\")","v":""},{"$f":"IFERROR(INDEX($AD:$AD,MATCH(ROWS($AD$32:$AD3311),$AO:$AO,0)),\"\")","v":""}]
[null,null,null,null,null,null,null,null,null,null,null,null,null,null,null,null,null,null,null,null,null,null,null,null,null,null,null,null,null,{"$f":"'Baza klientów'!B3285","v":0},false,{"$f":"IF(AE3316=TRUE,COUNTIF($AE$32:AE3316,TRUE()),\"\")","v":""},{"$f":"IFERROR(INDEX($AD:$AD,MATCH(ROWS($AD$32:AD3316),$AF:$AF,0)),\"\")","v":""},null,null,false,{"$f":"IF(AJ3316=TRUE,COUNTIF($AJ$32:AJ3316,TRUE()),\"\")","v":""},{"$f":"IFERROR(INDEX($AD:$AD,MATCH(ROWS($AD$32:AD3316),$AK:$AK,0)),\"\")","v":""},null,false,{"$f":"IF(AN3316=TRUE,COUNTIF($AN$32:AN3316,TRUE()),\"\")","v":""},{"$f":"IFERROR(INDEX($AD:$AD,MATCH(ROWS($AD$32:$AD3316),$AO:$AO,0)),\"\")","v":""}]
[null,null,null,null,null,null,null,null,null,null,null,null,null,null,null,null,null,null,null,null,null,null,null,null,null,null,null,null,null,{"$f":"'Baza klientów'!B3290","v":0},false,{"$f":"IF(AE3321=TRUE,COUNTIF($AE$32:AE3321,TRUE()),\"\")","v":""},{"$f":"IFERROR(INDEX($AD:$AD,MATCH(ROWS($AD$32:AD3321),$AF:$AF,0)),\"\")","v":""},null,null,false,{"$f":"IF(AJ3321=TRUE,COUNTIF($AJ$32:AJ3321,TRUE()),\"\")","v":""},{"$f":"IFERROR(INDEX($AD:$AD,MATCH(ROWS($AD$32:AD3321),$AK:$AK,0)),\"\")","v":""},null,false,{"$f":"IF(AN3321=TRUE,COUNTIF($AN$32:AN3321,TRUE()),\"\")","v":""},{"$f":"IFERROR(INDEX($AD:$AD,MATCH(ROWS($AD$32:$AD3321),$AO:$AO,0)),\"\")","v":""}]
[null,null,null,null,null,null,null,null,null,null,null,null,null,null,null,null,null,null,null,null,null,null,null,null,null,null,null,null,null,{"$f":"'Baza klientów'!B3293","v":0},false,{"$f":"IF(AE3324=TRUE,COUNTIF($AE$32:AE3324,TRUE()),\"\")","v":""},{"$f":"IFERROR(INDEX($AD:$AD,MATCH(ROWS($AD$32:AD3324),$AF:$AF,0)),\"\")","v":""},null,null,false,{"$f":"IF(AJ3324=TRUE,COUNTIF($AJ$32:AJ3324,TRUE()),\"\")","v":""},{"$f":"IFERROR(INDEX($AD:$AD,MATCH(ROWS($AD$32:AD3324),$AK:$AK,0)),\"\")","v":""},null,false,{"$f":"IF(AN3324=TRUE,COUNTIF($AN$32:AN3324,TRUE()),\"\")","v":""},{"$f":"IFERROR(INDEX($AD:$AD,MATCH(ROWS($AD$32:$AD3324),$AO:$AO,0)),\"\")","v":""}]
[null,null,null,null,null,null,null,null,null,null,null,null,null,null,null,null,null,null,null,null,null,null,null,null,null,null,null,null,null,{"$f":"'Baza klientów'!B3295","v":0},false,{"$f":"IF(AE3326=TRUE,COUNTIF($AE$32:AE3326,TRUE()),\"\")","v":""},{"$f":"IFERROR(INDEX($AD:$AD,MATCH(ROWS($AD$32:AD3326),$AF:$AF,0)),\"\")","v":""},null,null,false,{"$f":"IF(AJ3326=TRUE,COUNTIF($AJ$32:AJ3326,TRUE()),\"\")","v":""},{"$f":"IFERROR(INDEX($AD:$AD,MATCH(ROWS($AD$32:AD3326),$AK:$AK,0)),\"\")","v":""},null,false,{"$f":"IF(AN3326=TRUE,COUNTIF($AN$32:AN3326,TRUE()),\"\")","v":""},{"$f":"IFERROR(INDEX($AD:$AD,MATCH(ROWS($AD$32:$AD3326),$AO:$AO,0)),\"\")","v":""}]
[null,null,null,null,null,null,null,null,null,null,null,null,null,null,null,null,null,null,null,null,null,null,null,null,null,null,null,null,null,{"$f":"'Baza klientów'!B3300","v":0},false,{"$f":"IF(AE3331=TRUE,COUNTIF($AE$32:AE3331,TRUE()),\"\")","v":""},{"$f":"IFERROR(INDEX($AD:$AD,MATCH(ROWS($AD$32:AD3331),$AF:$AF,0)),\"\")","v":""},null,null,false,{"$f":"IF(AJ3331=TRUE,COUNTIF($AJ$32:AJ3331,TRUE()),\"\")","v":""},{"$f":"IFERROR(INDEX($AD:$AD,MATCH(ROWS($AD$32:AD3331),$AK:$AK,0)),\"\")","v":""},null,false,{"$f":"IF(AN3331=TRUE,COUNTIF($AN$32:AN3331,TRUE()),\"\")","v":""},{"$f":"IFERROR(INDEX($AD:$AD,MATCH(ROWS($AD$32:$AD3331),$AO:$AO,0)),\"\")","v":""}]
[null,null,null,null,null,null,null,null,null,null,null,null,null,null,null,null,null,null,null,null,null,null,null,null,null,null,null,null,null,{"$f":"'Baza klientów'!B3305","v":0},false,{"$f":"IF(AE3336=TRUE,COUNTIF($AE$32:AE3336,TRUE()),\"\")","v":""},{"$f":"IFERROR(INDEX($AD:$AD,MATCH(ROWS($AD$32:AD3336),$AF:$AF,0)),\"\")","v":""},null,null,false,{"$f":"IF(AJ3336=TRUE,COUNTIF($AJ$32:AJ3336,TRUE()),\"\")","v":""},{"$f":"IFERROR(INDEX($AD:$AD,MATCH(ROWS($AD$32:AD3336),$AK:$AK,0)),\"\")","v":""},null,false,{"$f":"IF(AN3336=TRUE,COUNTIF($AN$32:AN3336,TRUE()),\"\")","v":""},{"$f":"IFERROR(INDEX($AD:$AD,MATCH(ROWS($AD$32:$AD3336),$AO:$AO,0)),\"\")","v":""}]
[null,null,null,null,null,null,null,null,null,null,null,null,null,null,null,null,null,null,null,null,null,null,null,null,null,null,null,null,null,{"$f":"'Baza klientów'!B3310","v":0},false,{"$f":"IF(AE3341=TRUE,COUNTIF($AE$32:AE3341,TRUE()),\"\")","v":""},{"$f":"IFERROR(INDEX($AD:$AD,MATCH(ROWS($AD$32:AD3341),$AF:$AF,0)),\"\")","v":""},null,null,false,{"$f":"IF(AJ3341=TRUE,COUNTIF($AJ$32:AJ3341,TRUE()),\"\")","v":""},{"$f":"IFERROR(INDEX($AD:$AD,MATCH(ROWS($AD$32:AD3341),$AK:$AK,0)),\"\")","v":""},null,false,{"$f":"IF(AN3341=TRUE,COUNTIF($AN$32:AN3341,TRUE()),\"\")","v":""},{"$f":"IFERROR(INDEX($AD:$AD,MATCH(ROWS($AD$32:$AD3341),$AO:$AO,0)),\"\")","v":""}]
[null,null,null,null,null,null,null,null,null,null,null,null,null,null,null,null,null,null,null,null,null,null,null,null,null,null,null,null,null,{"$f":"'Baza klientów'!B3311","v":0},false,{"$f":"IF(AE3342=TRUE,COUNTIF($AE$32:AE3342,TRUE()),\"\")","v":""},{"$f":"IFERROR(INDEX($AD:$AD,MATCH(ROWS($AD$32:AD3342),$AF:$AF,0)),\"\")","v":""},null,null,false,{"$f":"IF(AJ3342=TRUE,COUNTIF($AJ$32:AJ3342,TRUE()),\"\")","v":""},{"$f":"IFERROR(INDEX($AD:$AD,MATCH(ROWS($AD$32:AD3342),$AK:$AK,0)),\"\")","v":""},null,false,{"$f":"IF(AN3342=TRUE,COUNTIF($AN$32:AN3342,TRUE()),\"\")","v":""},{"$f":"IFERROR(INDEX($AD:$AD,MATCH(ROWS($AD$32:$AD3342),$AO:$AO,0)),\"\")","v":""}]
[null,null,null,null,null,null,null,null,null,null,null,null,null,null,null,null,null,null,null,null,null,null,null,null,null,null,null,null,null,{"$f":"'Baza klientów'!B3315","v":0},false,{"$f":"IF(AE3346=TRUE,COUNTIF($AE$32:AE3346,TRUE()),\"\")","v":""},{"$f":"IFERROR(INDEX($AD:$AD,MATCH(ROWS($AD$32:AD3346),$AF:$AF,0)),\"\")","v":""},null,null,false,{"$f":"IF(AJ3346=TRUE,COUNTIF($AJ$32:AJ3346,TRUE()),\"\")","v":""},{"$f":"IFERROR(INDEX($AD:$AD,MATCH(ROWS($AD$32:AD3346),$AK:$AK,0)),\"\")","v":""},null,false,{"$f":"IF(AN3346=TRUE,COUNTIF($AN$32:AN3346,TRUE()),\"\")","v":""},{"$f":"IFERROR(INDEX($AD:$AD,MATCH(ROWS($AD$32:$AD3346),$AO:$AO,0)),\"\")","v":""}]
[null,null,null,null,null,null,null,null,null,null,null,null,null,null,null,null,null,null,null,null,null,null,null,null,null,null,null,null,null,{"$f":"'Baza klientów'!B3320","v":0},false,{"$f":"IF(AE3351=TRUE,COUNTIF($AE$32:AE3351,TRUE()),\"\")","v":""},{"$f":"IFERROR(INDEX($AD:$AD,MATCH(ROWS($AD$32:AD3351),$AF:$AF,0)),\"\")","v":""},null,null,false,{"$f":"IF(AJ3351=TRUE,COUNTIF($AJ$32:AJ3351,TRUE()),\"\")","v":""},{"$f":"IFERROR(INDEX($AD:$AD,MATCH(ROWS($AD$32:AD3351),$AK:$AK,0)),\"\")","v":""},null,false,{"$f":"IF(AN3351=TRUE,COUNTIF($AN$32:AN3351,TRUE()),\"\")","v":""},{"$f":"IFERROR(INDEX($AD:$AD,MATCH(ROWS($AD$32:$AD3351),$AO:$AO,0)),\"\")","v":""}]
[null,null,null,null,null,null,null,null,null,null,null,null,null,null,null,null,null,null,null,null,null,null,null,null,null,null,null,null,null,{"$f":"'Baza klientów'!B3325","v":0},false,{"$f":"IF(AE3356=TRUE,COUNTIF($AE$32:AE3356,TRUE()),\"\")","v":""},{"$f":"IFERROR(INDEX($AD:$AD,MATCH(ROWS($AD$32:AD3356),$AF:$AF,0)),\"\")","v":""},null,null,false,{"$f":"IF(AJ3356=TRUE,COUNTIF($AJ$32:AJ3356,TRUE()),\"\")","v":""},{"$f":"IFERROR(INDEX($AD:$AD,MATCH(ROWS($AD$32:AD3356),$AK:$AK,0)),\"\")","v":""},null,false,{"$f":"IF(AN3356=TRUE,COUNTIF($AN$32:AN3356,TRUE()),\"\")","v":""},{"$f":"IFERROR(INDEX($AD:$AD,MATCH(ROWS($AD$32:$AD3356),$AO:$AO,0)),\"\")","v":""}]
[null,null,null,null,null,null,null,null,null,null,null,null,null,null,null,null,null,null,null,null,null,null,null,null,null,null,null,null,null,{"$f":"'Baza klientów'!B3327","v":0},false,{"$f":"IF(AE3358=TRUE,COUNTIF($AE$32:AE3358,TRUE()),\"\")","v":""},{"$f":"IFERROR(INDEX($AD:$AD,MATCH(ROWS($AD$32:AD3358),$AF:$AF,0)),\"\")","v":""},null,null,false,{"$f":"IF(AJ3358=TRUE,COUNTIF($AJ$32:AJ3358,TRUE()),\"\")","v":""},{"$f":"IFERROR(INDEX($AD:$AD,MATCH(ROWS($AD$32:AD3358),$AK:$AK,0)),\"\")","v":""},null,false,{"$f":"IF(AN3358=TRUE,COUNTIF($AN$32:AN3358,TRUE()),\"\")","v":""},{"$f":"IFERROR(INDEX($AD:$AD,MATCH(ROWS($AD$32:$AD3358),$AO:$AO,0)),\"\")","v":""}]
[null,null,null,null,null,null,null,null,null,null,null,null,null,null,null,null,null,null,null,null,null,null,null,null,null,null,null,null,null,{"$f":"'Baza klientów'!B3330","v":0},{"$f":"ISNUMBER(SEARCH($AH$32,AD3361))","v":false},{"$f":"IF(AE3361=TRUE,COUNTIF($AE$32:AE3361,TRUE()),\"\")","v":""},{"$f":"IFERROR(INDEX($AD:$AD,MATCH(ROWS($AD$32:AD3361),$AF:$AF,0)),\"\")","v":""},null,null,{"$f":"ISNUMBER(SEARCH($AM$31,AD3361))","v":false},{"$f":"IF(AJ3361=TRUE,COUNTIF($AJ$32:AJ3361,TRUE()),\"\")","v":""},{"$f":"IFERROR(INDEX($AD:$AD,MATCH(ROWS($AD$32:AD3361),$AK:$AK,0)),\"\")","v":""},null,{"$f":"ISNUMBER(SEARCH($AQ$31,$AD3361))","v":false},{"$f":"IF(AN3361=TRUE,COUNTIF($AN$32:AN3361,TRUE()),\"\")","v":""},{"$f":"IFERROR(INDEX($AD:$AD,MATCH(ROWS($AD$32:$AD3361),$AO:$AO,0)),\"\")","v":""}]
[null,null,null,null,null,null,null,null,null,null,null,null,null,null,null,null,null,null,null,null,null,null,null,null,null,null,null,null,null,{"$f":"'Baza klientów'!B3335","v":0},false,{"$f":"IF(AE3366=TRUE,COUNTIF($AE$32:AE3366,TRUE()),\"\")","v":""},{"$f":"IFERROR(INDEX($AD:$AD,MATCH(ROWS($AD$32:AD3366),$AF:$AF,0)),\"\")","v":""},null,null,false,{"$f":"IF(AJ3366=TRUE,COUNTIF($AJ$32:AJ3366,TRUE()),\"\")","v":""},{"$f":"IFERROR(INDEX($AD:$AD,MATCH(ROWS($AD$32:AD3366),$AK:$AK,0)),\"\")","v":""},null,false,{"$f":"IF(AN3366=TRUE,COUNTIF($AN$32:AN3366,TRUE()),\"\")","v":""},{"$f":"IFERROR(INDEX($AD:$AD,MATCH(ROWS($AD$32:$AD3366),$AO:$AO,0)),\"\")","v":""}]
[null,null,null,null,null,null,null,null,null,null,null,null,null,null,null,null,null,null,null,null,null,null,null,null,null,null,null,null,null,{"$f":"'Baza klientów'!B3340","v":0},false,{"$f":"IF(AE3371=TRUE,COUNTIF($AE$32:AE3371,TRUE()),\"\")","v":""},{"$f":"IFERROR(INDEX($AD:$AD,MATCH(ROWS($AD$32:AD3371),$AF:$AF,0)),\"\")","v":""},null,null,false,{"$f":"IF(AJ3371=TRUE,COUNTIF($AJ$32:AJ3371,TRUE()),\"\")","v":""},{"$f":"IFERROR(INDEX($AD:$AD,MATCH(ROWS($AD$32:AD3371),$AK:$AK,0)),\"\")","v":""},null,false,{"$f":"IF(AN3371=TRUE,COUNTIF($AN$32:AN3371,TRUE()),\"\")","v":""},{"$f":"IFERROR(INDEX($AD:$AD,MATCH(ROWS($AD$32:$AD3371),$AO:$AO,0)),\"\")","v":""}]
[null,null,null,null,null,null,null,null,null,null,null,null,null,null,null,null,null,null,null,null,null,null,null,null,null,null,null,null,null,{"$f":"'Baza klientów'!B3341","v":0},false,{"$f":"IF(AE3372=TRUE,COUNTIF($AE$32:AE3372,TRUE()),\"\")","v":""},{"$f":"IFERROR(INDEX($AD:$AD,MATCH(ROWS($AD$32:AD3372),$AF:$AF,0)),\"\")","v":""},null,null,false,{"$f":"IF(AJ3372=TRUE,COUNTIF($AJ$32:AJ3372,TRUE()),\"\")","v":""},{"$f":"IFERROR(INDEX($AD:$AD,MATCH(ROWS($AD$32:AD3372),$AK:$AK,0)),\"\")","v":""},null,false,{"$f":"IF(AN3372=TRUE,COUNTIF($AN$32:AN3372,TRUE()),\"\")","v":""},{"$f":"IFERROR(INDEX($AD:$AD,MATCH(ROWS($AD$32:$AD3372),$AO:$AO,0)),\"\")","v":""}]
[null,null,null,null,null,null,null,null,null,null,null,null,null,null,null,null,null,null,null,null,null,null,null,null,null,null,null,null,null,{"$f":"'Baza klientów'!B3345","v":0},false,{"$f":"IF(AE3376=TRUE,COUNTIF($AE$32:AE3376,TRUE()),\"\")","v":""},{"$f":"IFERROR(INDEX($AD:$AD,MATCH(ROWS($AD$32:AD3376),$AF:$AF,0)),\"\")","v":""},null,null,false,{"$f":"IF(AJ3376=TRUE,COUNTIF($AJ$32:AJ3376,TRUE()),\"\")","v":""},{"$f":"IFERROR(INDEX($AD:$AD,MATCH(ROWS($AD$32:AD3376),$AK:$AK,0)),\"\")","v":""},null,false,{"$f":"IF(AN3376=TRUE,COUNTIF($AN$32:AN3376,TRUE()),\"\")","v":""},{"$f":"IFERROR(INDEX($AD:$AD,MATCH(ROWS($AD$32:$AD3376),$AO:$AO,0)),\"\")","v":""}]
[null,null,null,null,null,null,null,null,null,null,null,null,null,null,null,null,null,null,null,null,null,null,null,null,null,null,null,null,null,{"$f":"'Baza klientów'!B3350","v":0},false,{"$f":"IF(AE3381=TRUE,COUNTIF($AE$32:AE3381,TRUE()),\"\")","v":""},{"$f":"IFERROR(INDEX($AD:$AD,MATCH(ROWS($AD$32:AD3381),$AF:$AF,0)),\"\")","v":""},null,null,false,{"$f":"IF(AJ3381=TRUE,COUNTIF($AJ$32:AJ3381,TRUE()),\"\")","v":""},{"$f":"IFERROR(INDEX($AD:$AD,MATCH(ROWS($AD$32:AD3381),$AK:$AK,0)),\"\")","v":""},null,false,{"$f":"IF(AN3381=TRUE,COUNTIF($AN$32:AN3381,TRUE()),\"\")","v":""},{"$f":"IFERROR(INDEX($AD:$AD,MATCH(ROWS($AD$32:$AD3381),$AO:$AO,0)),\"\")","v":""}]
[null,null,null,null,null,null,null,null,null,null,null,null,null,null,null,null,null,null,null,null,null,null,null,null,null,null,null,null,null,{"$f":"'Baza klientów'!B3355","v":0},false,{"$f":"IF(AE3386=TRUE,COUNTIF($AE$32:AE3386,TRUE()),\"\")","v":""},{"$f":"IFERROR(INDEX($AD:$AD,MATCH(ROWS($AD$32:AD3386),$AF:$AF,0)),\"\")","v":""},null,null,false,{"$f":"IF(AJ3386=TRUE,COUNTIF($AJ$32:AJ3386,TRUE()),\"\")","v":""},{"$f":"IFERROR(INDEX($AD:$AD,MATCH(ROWS($AD$32:AD3386),$AK:$AK,0)),\"\")","v":""},null,false,{"$f":"IF(AN3386=TRUE,COUNTIF($AN$32:AN3386,TRUE()),\"\")","v":""},{"$f":"IFERROR(INDEX($AD:$AD,MATCH(ROWS($AD$32:$AD3386),$AO:$AO,0)),\"\")","v":""}]
[null,null,null,null,null,null,null,null,null,null,null,null,null,null,null,null,null,null,null,null,null,null,null,null,null,null,null,null,null,{"$f":"'Baza klientów'!B3356","v":0},false,{"$f":"IF(AE3387=TRUE,COUNTIF($AE$32:AE3387,TRUE()),\"\")","v":""},{"$f":"IFERROR(INDEX($AD:$AD,MATCH(ROWS($AD$32:AD3387),$AF:$AF,0)),\"\")","v":""},null,null,false,{"$f":"IF(AJ3387=TRUE,COUNTIF($AJ$32:AJ3387,TRUE()),\"\")","v":""},{"$f":"IFERROR(INDEX($AD:$AD,MATCH(ROWS($AD$32:AD3387),$AK:$AK,0)),\"\")","v":""},null,false,{"$f":"IF(AN3387=TRUE,COUNTIF($AN$32:AN3387,TRUE()),\"\")","v":""},{"$f":"IFERROR(INDEX($AD:$AD,MATCH(ROWS($AD$32:$AD3387),$AO:$AO,0)),\"\")","v":""}]
[null,null,null,null,null,null,null,null,null,null,null,null,null,null,null,null,null,null,null,null,null,null,null,null,null,null,null,null,null,{"$f":"'Baza klientów'!B3361","v":0},false,{"$f":"IF(AE3392=TRUE,COUNTIF($AE$32:AE3392,TRUE()),\"\")","v":""},{"$f":"IFERROR(INDEX($AD:$AD,MATCH(ROWS($AD$32:AD3392),$AF:$AF,0)),\"\")","v":""},null,null,false,{"$f":"IF(AJ3392=TRUE,COUNTIF($AJ$32:AJ3392,TRUE()),\"\")","v":""},{"$f":"IFERROR(INDEX($AD:$AD,MATCH(ROWS($AD$32:AD3392),$AK:$AK,0)),\"\")","v":""},null,false,{"$f":"IF(AN3392=TRUE,COUNTIF($AN$32:AN3392,TRUE()),\"\")","v":""},{"$f":"IFERROR(INDEX($AD:$AD,MATCH(ROWS($AD$32:$AD3392),$AO:$AO,0)),\"\")","v":""}]
[null,null,null,null,null,null,null,null,null,null,null,null,null,null,null,null,null,null,null,null,null,null,null,null,null,null,null,null,null,{"$f":"'Baza klientów'!B3366","v":0},false,{"$f":"IF(AE3397=TRUE,COUNTIF($AE$32:AE3397,TRUE()),\"\")","v":""},{"$f":"IFERROR(INDEX($AD:$AD,MATCH(ROWS($AD$32:AD3397),$AF:$AF,0)),\"\")","v":""},null,null,false,{"$f":"IF(AJ3397=TRUE,COUNTIF($AJ$32:AJ3397,TRUE()),\"\")","v":""},{"$f":"IFERROR(INDEX($AD:$AD,MATCH(ROWS($AD$32:AD3397),$AK:$AK,0)),\"\")","v":""},null,false,{"$f":"IF(AN3397=TRUE,COUNTIF($AN$32:AN3397,TRUE()),\"\")","v":""},{"$f":"IFERROR(INDEX($AD:$AD,MATCH(ROWS($AD$32:$AD3397),$AO:$AO,0)),\"\")","v":""}]
[null,null,null,null,null,null,null,null,null,null,null,null,null,null,null,null,null,null,null,null,null,null,null,null,null,null,null,null,null,{"$f":"'Baza klientów'!B3370","v":0},false,{"$f":"IF(AE3401=TRUE,COUNTIF($AE$32:AE3401,TRUE()),\"\")","v":""},{"$f":"IFERROR(INDEX($AD:$AD,MATCH(ROWS($AD$32:AD3401),$AF:$AF,0)),\"\")","v":""},null,null,false,{"$f":"IF(AJ3401=TRUE,COUNTIF($AJ$32:AJ3401,TRUE()),\"\")","v":""},{"$f":"IFERROR(INDEX($AD:$AD,MATCH(ROWS($AD$32:AD3401),$AK:$AK,0)),\"\")","v":""},null,false,{"$f":"IF(AN3401=TRUE,COUNTIF($AN$32:AN3401,TRUE()),\"\")","v":""},{"$f":"IFERROR(INDEX($AD:$AD,MATCH(ROWS($AD$32:$AD3401),$AO:$AO,0)),\"\")","v":""}]
[null,null,null,null,null,null,null,null,null,null,null,null,null,null,null,null,null,null,null,null,null,null,null,null,null,null,null,null,null,{"$f":"'Baza klientów'!B3371","v":0},false,{"$f":"IF(AE3402=TRUE,COUNTIF($AE$32:AE3402,TRUE()),\"\")","v":""},{"$f":"IFERROR(INDEX($AD:$AD,MATCH(ROWS($AD$32:AD3402),$AF:$AF,0)),\"\")","v":""},null,null,false,{"$f":"IF(AJ3402=TRUE,COUNTIF($AJ$32:AJ3402,TRUE()),\"\")","v":""},{"$f":"IFERROR(INDEX($AD:$AD,MATCH(ROWS($AD$32:AD3402),$AK:$AK,0)),\"\")","v":""},null,false,{"$f":"IF(AN3402=TRUE,COUNTIF($AN$32:AN3402,TRUE()),\"\")","v":""},{"$f":"IFERROR(INDEX($AD:$AD,MATCH(ROWS($AD$32:$AD3402),$AO:$AO,0)),\"\")","v":""}]
[null,null,null,null,null,null,null,null,null,null,null,null,null,null,null,null,null,null,null,null,null,null,null,null,null,null,null,null,null,{"$f":"'Baza klientów'!B3376","v":0},false,{"$f":"IF(AE3407=TRUE,COUNTIF($AE$32:AE3407,TRUE()),\"\")","v":""},{"$f":"IFERROR(INDEX($AD:$AD,MATCH(ROWS($AD$32:AD3407),$AF:$AF,0)),\"\")","v":""},null,null,false,{"$f":"IF(AJ3407=TRUE,COUNTIF($AJ$32:AJ3407,TRUE()),\"\")","v":""},{"$f":"IFERROR(INDEX($AD:$AD,MATCH(ROWS($AD$32:AD3407),$AK:$AK,0)),\"\")","v":""},null,false,{"$f":"IF(AN3407=TRUE,COUNTIF($AN$32:AN3407,TRUE()),\"\")","v":""},{"$f":"IFERROR(INDEX($AD:$AD,MATCH(ROWS($AD$32:$AD3407),$AO:$AO,0)),\"\")","v":""}]
[null,null,null,null,null,null,null,null,null,null,null,null,null,null,null,null,null,null,null,null,null,null,null,null,null,null,null,null,null,{"$f":"'Baza klientów'!B3380","v":0},false,{"$f":"IF(AE3411=TRUE,COUNTIF($AE$32:AE3411,TRUE()),\"\")","v":""},{"$f":"IFERROR(INDEX($AD:$AD,MATCH(ROWS($AD$32:AD3411),$AF:$AF,0)),\"\")","v":""},null,null,false,{"$f":"IF(AJ3411=TRUE,COUNTIF($AJ$32:AJ3411,TRUE()),\"\")","v":""},{"$f":"IFERROR(INDEX($AD:$AD,MATCH(ROWS($AD$32:AD3411),$AK:$AK,0)),\"\")","v":""},null,false,{"$f":"IF(AN3411=TRUE,COUNTIF($AN$32:AN3411,TRUE()),\"\")","v":""},{"$f":"IFERROR(INDEX($AD:$AD,MATCH(ROWS($AD$32:$AD3411),$AO:$AO,0)),\"\")","v":""}]
[null,null,null,null,null,null,null,null,null,null,null,null,null,null,null,null,null,null,null,null,null,null,null,null,null,null,null,null,null,{"$f":"'Baza klientów'!B3385","v":0},false,{"$f":"IF(AE3416=TRUE,COUNTIF($AE$32:AE3416,TRUE()),\"\")","v":""},{"$f":"IFERROR(INDEX($AD:$AD,MATCH(ROWS($AD$32:AD3416),$AF:$AF,0)),\"\")","v":""},null,null,false,{"$f":"IF(AJ3416=TRUE,COUNTIF($AJ$32:AJ3416,TRUE()),\"\")","v":""},{"$f":"IFERROR(INDEX($AD:$AD,MATCH(ROWS($AD$32:AD3416),$AK:$AK,0)),\"\")","v":""},null,false,{"$f":"IF(AN3416=TRUE,COUNTIF($AN$32:AN3416,TRUE()),\"\")","v":""},{"$f":"IFERROR(INDEX($AD:$AD,MATCH(ROWS($AD$32:$AD3416),$AO:$AO,0)),\"\")","v":""}]
[null,null,null,null,null,null,null,null,null,null,null,null,null,null,null,null,null,null,null,null,null,null,null,null,null,null,null,null,null,{"$f":"'Baza klientów'!B3386","v":0},false,{"$f":"IF(AE3417=TRUE,COUNTIF($AE$32:AE3417,TRUE()),\"\")","v":""},{"$f":"IFERROR(INDEX($AD:$AD,MATCH(ROWS($AD$32:AD3417),$AF:$AF,0)),\"\")","v":""},null,null,false,{"$f":"IF(AJ3417=TRUE,COUNTIF($AJ$32:AJ3417,TRUE()),\"\")","v":""},{"$f":"IFERROR(INDEX($AD:$AD,MATCH(ROWS($AD$32:AD3417),$AK:$AK,0)),\"\")","v":""},null,false,{"$f":"IF(AN3417=TRUE,COUNTIF($AN$32:AN3417,TRUE()),\"\")","v":""},{"$f":"IFERROR(INDEX($AD:$AD,MATCH(ROWS($AD$32:$AD3417),$AO:$AO,0)),\"\")","v":""}]
[null,null,null,null,null,null,null,null,null,null,null,null,null,null,null,null,null,null,null,null,null,null,null,null,null,null,null,null,null,{"$f":"'Baza klientów'!B3391","v":0},false,{"$f":"IF(AE3422=TRUE,COUNTIF($AE$32:AE3422,TRUE()),\"\")","v":""},{"$f":"IFERROR(INDEX($AD:$AD,MATCH(ROWS($AD$32:AD3422),$AF:$AF,0)),\"\")","v":""},null,null,false,{"$f":"IF(AJ3422=TRUE,COUNTIF($AJ$32:AJ3422,TRUE()),\"\")","v":""},{"$f":"IFERROR(INDEX($AD:$AD,MATCH(ROWS($AD$32:AD3422),$AK:$AK,0)),\"\")","v":""},null,false,{"$f":"IF(AN3422=TRUE,COUNTIF($AN$32:AN3422,TRUE()),\"\")","v":""},{"$f":"IFERROR(INDEX($AD:$AD,MATCH(ROWS($AD$32:$AD3422),$AO:$AO,0)),\"\")","v":""}]
[null,null,null,null,null,null,null,null,null,null,null,null,null,null,null,null,null,null,null,null,null,null,null,null,null,null,null,null,null,{"$f":"'Baza klientów'!B3396","v":0},false,{"$f":"IF(AE3427=TRUE,COUNTIF($AE$32:AE3427,TRUE()),\"\")","v":""},{"$f":"IFERROR(INDEX($AD:$AD,MATCH(ROWS($AD$32:AD3427),$AF:$AF,0)),\"\")","v":""},null,null,false,{"$f":"IF(AJ3427=TRUE,COUNTIF($AJ$32:AJ3427,TRUE()),\"\")","v":""},{"$f":"IFERROR(INDEX($AD:$AD,MATCH(ROWS($AD$32:AD3427),$AK:$AK,0)),\"\")","v":""},null,false,{"$f":"IF(AN3427=TRUE,COUNTIF($AN$32:AN3427,TRUE()),\"\")","v":""},{"$f":"IFERROR(INDEX($AD:$AD,MATCH(ROWS($AD$32:$AD3427),$AO:$AO,0)),\"\")","v":""}]
[null,null,null,null,null,null,null,null,null,null,null,null,null,null,null,null,null,null,null,null,null,null,null,null,null,null,null,null,null,{"$f":"'Baza klientów'!B3398","v":0},false,{"$f":"IF(AE3429=TRUE,COUNTIF($AE$32:AE3429,TRUE()),\"\")","v":""},{"$f":"IFERROR(INDEX($AD:$AD,MATCH(ROWS($AD$32:AD3429),$AF:$AF,0)),\"\")","v":""},null,null,false,{"$f":"IF(AJ3429=TRUE,COUNTIF($AJ$32:AJ3429,TRUE()),\"\")","v":""},{"$f":"IFERROR(INDEX($AD:$AD,MATCH(ROWS($AD$32:AD3429),$AK:$AK,0)),\"\")","v":""},null,false,{"$f":"IF(AN3429=TRUE,COUNTIF($AN$32:AN3429,TRUE()),\"\")","v":""},{"$f":"IFERROR(INDEX($AD:$AD,MATCH(ROWS($AD$32:$AD3429),$AO:$AO,0)),\"\")","v":""}]
[null,null,null,null,null,null,null,null,null,null,null,null,null,null,null,null,null,null,null,null,null,null,null,null,null,null,null,null,null,{"$f":"'Baza klientów'!B3401","v":0},false,{"$f":"IF(AE3432=TRUE,COUNTIF($AE$32:AE3432,TRUE()),\"\")","v":""},{"$f":"IFERROR(INDEX($AD:$AD,MATCH(ROWS($AD$32:AD3432),$AF:$AF,0)),\"\")","v":""},null,null,false,{"$f":"IF(AJ3432=TRUE,COUNTIF($AJ$32:AJ3432,TRUE()),\"\")","v":""},{"$f":"IFERROR(INDEX($AD:$AD,MATCH(ROWS($AD$32:AD3432),$AK:$AK,0)),\"\")","v":""},null,false,{"$f":"IF(AN3432=TRUE,COUNTIF($AN$32:AN3432,TRUE()),\"\")","v":""},{"$f":"IFERROR(INDEX($AD:$AD,MATCH(ROWS($AD$32:$AD3432),$AO:$AO,0)),\"\")","v":""}]
[null,null,null,null,null,null,null,null,null,null,null,null,null,null,null,null,null,null,null,null,null,null,null,null,null,null,null,null,null,{"$f":"'Baza klientów'!B3406","v":0},false,{"$f":"IF(AE3437=TRUE,COUNTIF($AE$32:AE3437,TRUE()),\"\")","v":""},{"$f":"IFERROR(INDEX($AD:$AD,MATCH(ROWS($AD$32:AD3437),$AF:$AF,0)),\"\")","v":""},null,null,false,{"$f":"IF(AJ3437=TRUE,COUNTIF($AJ$32:AJ3437,TRUE()),\"\")","v":""},{"$f":"IFERROR(INDEX($AD:$AD,MATCH(ROWS($AD$32:AD3437),$AK:$AK,0)),\"\")","v":""},null,false,{"$f":"IF(AN3437=TRUE,COUNTIF($AN$32:AN3437,TRUE()),\"\")","v":""},{"$f":"IFERROR(INDEX($AD:$AD,MATCH(ROWS($AD$32:$AD3437),$AO:$AO,0)),\"\")","v":""}]
[null,null,null,null,null,null,null,null,null,null,null,null,null,null,null,null,null,null,null,null,null,null,null,null,null,null,null,null,null,{"$f":"'Baza klientów'!B3411","v":0},false,{"$f":"IF(AE3442=TRUE,COUNTIF($AE$32:AE3442,TRUE()),\"\")","v":""},{"$f":"IFERROR(INDEX($AD:$AD,MATCH(ROWS($AD$32:AD3442),$AF:$AF,0)),\"\")","v":""},null,null,false,{"$f":"IF(AJ3442=TRUE,COUNTIF($AJ$32:AJ3442,TRUE()),\"\")","v":""},{"$f":"IFERROR(INDEX($AD:$AD,MATCH(ROWS($AD$32:AD3442),$AK:$AK,0)),\"\")","v":""},null,false,{"$f":"IF(AN3442=TRUE,COUNTIF($AN$32:AN3442,TRUE()),\"\")","v":""},{"$f":"IFERROR(INDEX($AD:$AD,MATCH(ROWS($AD$32:$AD3442),$AO:$AO,0)),\"\")","v":""}]
[null,null,null,null,null,null,null,null,null,null,null,null,null,null,null,null,null,null,null,null,null,null,null,null,null,null,null,null,null,{"$f":"'Baza klientów'!B3414","v":0},false,{"$f":"IF(AE3445=TRUE,COUNTIF($AE$32:AE3445,TRUE()),\"\")","v":""},{"$f":"IFERROR(INDEX($AD:$AD,MATCH(ROWS($AD$32:AD3445),$AF:$AF,0)),\"\")","v":""},null,null,false,{"$f":"IF(AJ3445=TRUE,COUNTIF($AJ$32:AJ3445,TRUE()),\"\")","v":""},{"$f":"IFERROR(INDEX($AD:$AD,MATCH(ROWS($AD$32:AD3445),$AK:$AK,0)),\"\")","v":""},null,false,{"$f":"IF(AN3445=TRUE,COUNTIF($AN$32:AN3445,TRUE()),\"\")","v":""},{"$f":"IFERROR(INDEX($AD:$AD,MATCH(ROWS($AD$32:$AD3445),$AO:$AO,0)),\"\")","v":""}]
[null,null,null,null,null,null,null,null,null,null,null,null,null,null,null,null,null,null,null,null,null,null,null,null,null,null,null,null,null,{"$f":"'Baza klientów'!B3416","v":0},false,{"$f":"IF(AE3447=TRUE,COUNTIF($AE$32:AE3447,TRUE()),\"\")","v":""},{"$f":"IFERROR(INDEX($AD:$AD,MATCH(ROWS($AD$32:AD3447),$AF:$AF,0)),\"\")","v":""},null,null,false,{"$f":"IF(AJ3447=TRUE,COUNTIF($AJ$32:AJ3447,TRUE()),\"\")","v":""},{"$f":"IFERROR(INDEX($AD:$AD,MATCH(ROWS($AD$32:AD3447),$AK:$AK,0)),\"\")","v":""},null,false,{"$f":"IF(AN3447=TRUE,COUNTIF($AN$32:AN3447,TRUE()),\"\")","v":""},{"$f":"IFERROR(INDEX($AD:$AD,MATCH(ROWS($AD$32:$AD3447),$AO:$AO,0)),\"\")","v":""}]
[null,null,null,null,null,null,null,null,null,null,null,null,null,null,null,null,null,null,null,null,null,null,null,null,null,null,null,null,null,{"$f":"'Baza klientów'!B3421","v":0},false,{"$f":"IF(AE3452=TRUE,COUNTIF($AE$32:AE3452,TRUE()),\"\")","v":""},{"$f":"IFERROR(INDEX($AD:$AD,MATCH(ROWS($AD$32:AD3452),$AF:$AF,0)),\"\")","v":""},null,null,false,{"$f":"IF(AJ3452=TRUE,COUNTIF($AJ$32:AJ3452,TRUE()),\"\")","v":""},{"$f":"IFERROR(INDEX($AD:$AD,MATCH(ROWS($AD$32:AD3452),$AK:$AK,0)),\"\")","v":""},null,false,{"$f":"IF(AN3452=TRUE,COUNTIF($AN$32:AN3452,TRUE()),\"\")","v":""},{"$f":"IFERROR(INDEX($AD:$AD,MATCH(ROWS($AD$32:$AD3452),$AO:$AO,0)),\"\")","v":""}]
[null,null,null,null,null,null,null,null,null,null,null,null,null,null,null,null,null,null,null,null,null,null,null,null,null,null,null,null,null,{"$f":"'Baza klientów'!B3426","v":0},false,{"$f":"IF(AE3457=TRUE,COUNTIF($AE$32:AE3457,TRUE()),\"\")","v":""},{"$f":"IFERROR(INDEX($AD:$AD,MATCH(ROWS($AD$32:AD3457),$AF:$AF,0)),\"\")","v":""},null,null,false,{"$f":"IF(AJ3457=TRUE,COUNTIF($AJ$32:AJ3457,TRUE()),\"\")","v":""},{"$f":"IFERROR(INDEX($AD:$AD,MATCH(ROWS($AD$32:AD3457),$AK:$AK,0)),\"\")","v":""},null,false,{"$f":"IF(AN3457=TRUE,COUNTIF($AN$32:AN3457,TRUE()),\"\")","v":""},{"$f":"IFERROR(INDEX($AD:$AD,MATCH(ROWS($AD$32:$AD3457),$AO:$AO,0)),\"\")","v":""}]
[null,null,null,null,null,null,null,null,null,null,null,null,null,null,null,null,null,null,null,null,null,null,null,null,null,null,null,null,null,{"$f":"'Baza klientów'!B3431","v":0},false,{"$f":"IF(AE3462=TRUE,COUNTIF($AE$32:AE3462,TRUE()),\"\")","v":""},{"$f":"IFERROR(INDEX($AD:$AD,MATCH(ROWS($AD$32:AD3462),$AF:$AF,0)),\"\")","v":""},null,null,false,{"$f":"IF(AJ3462=TRUE,COUNTIF($AJ$32:AJ3462,TRUE()),\"\")","v":""},{"$f":"IFERROR(INDEX($AD:$AD,MATCH(ROWS($AD$32:AD3462),$AK:$AK,0)),\"\")","v":""},null,false,{"$f":"IF(AN3462=TRUE,COUNTIF($AN$32:AN3462,TRUE()),\"\")","v":""},{"$f":"IFERROR(INDEX($AD:$AD,MATCH(ROWS($AD$32:$AD3462),$AO:$AO,0)),\"\")","v":""}]
[null,null,null,null,null,null,null,null,null,null,null,null,null,null,null,null,null,null,null,null,null,null,null,null,null,null,null,null,null,{"$f":"'Baza klientów'!B3432","v":0},false,{"$f":"IF(AE3463=TRUE,COUNTIF($AE$32:AE3463,TRUE()),\"\")","v":""},{"$f":"IFERROR(INDEX($AD:$AD,MATCH(ROWS($AD$32:AD3463),$AF:$AF,0)),\"\")","v":""},null,null,false,{"$f":"IF(AJ3463=TRUE,COUNTIF($AJ$32:AJ3463,TRUE()),\"\")","v":""},{"$f":"IFERROR(INDEX($AD:$AD,MATCH(ROWS($AD$32:AD3463),$AK:$AK,0)),\"\")","v":""},null,false,{"$f":"IF(AN3463=TRUE,COUNTIF($AN$32:AN3463,TRUE()),\"\")","v":""},{"$f":"IFERROR(INDEX($AD:$AD,MATCH(ROWS($AD$32:$AD3463),$AO:$AO,0)),\"\")","v":""}]
[null,null,null,null,null,null,null,null,null,null,null,null,null,null,null,null,null,null,null,null,null,null,null,null,null,null,null,null,null,{"$f":"'Baza klientów'!B3436","v":0},false,{"$f":"IF(AE3467=TRUE,COUNTIF($AE$32:AE3467,TRUE()),\"\")","v":""},{"$f":"IFERROR(INDEX($AD:$AD,MATCH(ROWS($AD$32:AD3467),$AF:$AF,0)),\"\")","v":""},null,null,false,{"$f":"IF(AJ3467=TRUE,COUNTIF($AJ$32:AJ3467,TRUE()),\"\")","v":""},{"$f":"IFERROR(INDEX($AD:$AD,MATCH(ROWS($AD$32:AD3467),$AK:$AK,0)),\"\")","v":""},null,false,{"$f":"IF(AN3467=TRUE,COUNTIF($AN$32:AN3467,TRUE()),\"\")","v":""},{"$f":"IFERROR(INDEX($AD:$AD,MATCH(ROWS($AD$32:$AD3467),$AO:$AO,0)),\"\")","v":""}]
[null,null,null,null,null,null,null,null,null,null,null,null,null,null,null,null,null,null,null,null,null,null,null,null,null,null,null,null,null,{"$f":"'Baza klientów'!B3441","v":0},false,{"$f":"IF(AE3472=TRUE,COUNTIF($AE$32:AE3472,TRUE()),\"\")","v":""},{"$f":"IFERROR(INDEX($AD:$AD,MATCH(ROWS($AD$32:AD3472),$AF:$AF,0)),\"\")","v":""},null,null,false,{"$f":"IF(AJ3472=TRUE,COUNTIF($AJ$32:AJ3472,TRUE()),\"\")","v":""},{"$f":"IFERROR(INDEX($AD:$AD,MATCH(ROWS($AD$32:AD3472),$AK:$AK,0)),\"\")","v":""},null,false,{"$f":"IF(AN3472=TRUE,COUNTIF($AN$32:AN3472,TRUE()),\"\")","v":""},{"$f":"IFERROR(INDEX($AD:$AD,MATCH(ROWS($AD$32:$AD3472),$AO:$AO,0)),\"\")","v":""}]
[null,null,null,null,null,null,null,null,null,null,null,null,null,null,null,null,null,null,null,null,null,null,null,null,null,null,null,null,null,{"$f":"'Baza klientów'!B3446","v":0},false,{"$f":"IF(AE3477=TRUE,COUNTIF($AE$32:AE3477,TRUE()),\"\")","v":""},{"$f":"IFERROR(INDEX($AD:$AD,MATCH(ROWS($AD$32:AD3477),$AF:$AF,0)),\"\")","v":""},null,null,false,{"$f":"IF(AJ3477=TRUE,COUNTIF($AJ$32:AJ3477,TRUE()),\"\")","v":""},{"$f":"IFERROR(INDEX($AD:$AD,MATCH(ROWS($AD$32:AD3477),$AK:$AK,0)),\"\")","v":""},null,false,{"$f":"IF(AN3477=TRUE,COUNTIF($AN$32:AN3477,TRUE()),\"\")","v":""},{"$f":"IFERROR(INDEX($AD:$AD,MATCH(ROWS($AD$32:$AD3477),$AO:$AO,0)),\"\")","v":""}]
[null,null,null,null,null,null,null,null,null,null,null,null,null,null,null,null,null,null,null,null,null,null,null,null,null,null,null,null,null,{"$f":"'Baza klientów'!B3449","v":0},false,{"$f":"IF(AE3480=TRUE,COUNTIF($AE$32:AE3480,TRUE()),\"\")","v":""},{"$f":"IFERROR(INDEX($AD:$AD,MATCH(ROWS($AD$32:AD3480),$AF:$AF,0)),\"\")","v":""},null,null,false,{"$f":"IF(AJ3480=TRUE,COUNTIF($AJ$32:AJ3480,TRUE()),\"\")","v":""},{"$f":"IFERROR(INDEX($AD:$AD,MATCH(ROWS($AD$32:AD3480),$AK:$AK,0)),\"\")","v":""},null,false,{"$f":"IF(AN3480=TRUE,COUNTIF($AN$32:AN3480,TRUE()),\"\")","v":""},{"$f":"IFERROR(INDEX($AD:$AD,MATCH(ROWS($AD$32:$AD3480),$AO:$AO,0)),\"\")","v":""}]
[null,null,null,null,null,null,null,null,null,null,null,null,null,null,null,null,null,null,null,null,null,null,null,null,null,null,null,null,null,{"$f":"'Baza klientów'!B3451","v":0},false,{"$f":"IF(AE3482=TRUE,COUNTIF($AE$32:AE3482,TRUE()),\"\")","v":""},{"$f":"IFERROR(INDEX($AD:$AD,MATCH(ROWS($AD$32:AD3482),$AF:$AF,0)),\"\")","v":""},null,null,false,{"$f":"IF(AJ3482=TRUE,COUNTIF($AJ$32:AJ3482,TRUE()),\"\")","v":""},{"$f":"IFERROR(INDEX($AD:$AD,MATCH(ROWS($AD$32:AD3482),$AK:$AK,0)),\"\")","v":""},null,false,{"$f":"IF(AN3482=TRUE,COUNTIF($AN$32:AN3482,TRUE()),\"\")","v":""},{"$f":"IFERROR(INDEX($AD:$AD,MATCH(ROWS($AD$32:$AD3482),$AO:$AO,0)),\"\")","v":""}]
[null,null,null,null,null,null,null,null,null,null,null,null,null,null,null,null,null,null,null,null,null,null,null,null,null,null,null,null,null,{"$f":"'Baza klientów'!B3456","v":0},false,{"$f":"IF(AE3487=TRUE,COUNTIF($AE$32:AE3487,TRUE()),\"\")","v":""},{"$f":"IFERROR(INDEX($AD:$AD,MATCH(ROWS($AD$32:AD3487),$AF:$AF,0)),\"\")","v":""},null,null,false,{"$f":"IF(AJ3487=TRUE,COUNTIF($AJ$32:AJ3487,TRUE()),\"\")","v":""},{"$f":"IFERROR(INDEX($AD:$AD,MATCH(ROWS($AD$32:AD3487),$AK:$AK,0)),\"\")","v":""},null,false,{"$f":"IF(AN3487=TRUE,COUNTIF($AN$32:AN3487,TRUE()),\"\")","v":""},{"$f":"IFERROR(INDEX($AD:$AD,MATCH(ROWS($AD$32:$AD3487),$AO:$AO,0)),\"\")","v":""}]
[null,null,null,null,null,null,null,null,null,null,null,null,null,null,null,null,null,null,null,null,null,null,null,null,null,null,null,null,null,{"$f":"'Baza klientów'!B3461","v":0},false,{"$f":"IF(AE3492=TRUE,COUNTIF($AE$32:AE3492,TRUE()),\"\")","v":""},{"$f":"IFERROR(INDEX($AD:$AD,MATCH(ROWS($AD$32:AD3492),$AF:$AF,0)),\"\")","v":""},null,null,false,{"$f":"IF(AJ3492=TRUE,COUNTIF($AJ$32:AJ3492,TRUE()),\"\")","v":""},{"$f":"IFERROR(INDEX($AD:$AD,MATCH(ROWS($AD$32:AD3492),$AK:$AK,0)),\"\")","v":""},null,false,{"$f":"IF(AN3492=TRUE,COUNTIF($AN$32:AN3492,TRUE()),\"\")","v":""},{"$f":"IFERROR(INDEX($AD:$AD,MATCH(ROWS($AD$32:$AD3492),$AO:$AO,0)),\"\")","v":""}]
[null,null,null,null,null,null,null,null,null,null,null,null,null,null,null,null,null,null,null,null,null,null,null,null,null,null,null,null,null,{"$f":"'Baza klientów'!B3462","v":0},false,{"$f":"IF(AE3493=TRUE,COUNTIF($AE$32:AE3493,TRUE()),\"\")","v":""},{"$f":"IFERROR(INDEX($AD:$AD,MATCH(ROWS($AD$32:AD3493),$AF:$AF,0)),\"\")","v":""},null,null,false,{"$f":"IF(AJ3493=TRUE,COUNTIF($AJ$32:AJ3493,TRUE()),\"\")","v":""},{"$f":"IFERROR(INDEX($AD:$AD,MATCH(ROWS($AD$32:AD3493),$AK:$AK,0)),\"\")","v":""},null,false,{"$f":"IF(AN3493=TRUE,COUNTIF($AN$32:AN3493,TRUE()),\"\")","v":""},{"$f":"IFERROR(INDEX($AD:$AD,MATCH(ROWS($AD$32:$AD3493),$AO:$AO,0)),\"\")","v":""}]
[null,null,null,null,null,null,null,null,null,null,null,null,null,null,null,null,null,null,null,null,null,null,null,null,null,null,null,null,null,{"$f":"'Baza klientów'!B3467","v":0},false,{"$f":"IF(AE3498=TRUE,COUNTIF($AE$32:AE3498,TRUE()),\"\")","v":""},{"$f":"IFERROR(INDEX($AD:$AD,MATCH(ROWS($AD$32:AD3498),$AF:$AF,0)),\"\")","v":""},null,null,false,{"$f":"IF(AJ3498=TRUE,COUNTIF($AJ$32:AJ3498,TRUE()),\"\")","v":""},{"$f":"IFERROR(INDEX($AD:$AD,MATCH(ROWS($AD$32:AD3498),$AK:$AK,0)),\"\")","v":""},null,false,{"$f":"IF(AN3498=TRUE,COUNTIF($AN$32:AN3498,TRUE()),\"\")","v":""},{"$f":"IFERROR(INDEX($AD:$AD,MATCH(ROWS($AD$32:$AD3498),$AO:$AO,0)),\"\")","v":""}]
[null,null,null,null,null,null,null,null,null,null,null,null,null,null,null,null,null,null,null,null,null,null,null,null,null,null,null,null,null,{"$f":"'Baza klientów'!B3471","v":0},false,{"$f":"IF(AE3502=TRUE,COUNTIF($AE$32:AE3502,TRUE()),\"\")","v":""},{"$f":"IFERROR(INDEX($AD:$AD,MATCH(ROWS($AD$32:AD3502),$AF:$AF,0)),\"\")","v":""},null,null,false,{"$f":"IF(AJ3502=TRUE,COUNTIF($AJ$32:AJ3502,TRUE()),\"\")","v":""},{"$f":"IFERROR(INDEX($AD:$AD,MATCH(ROWS($AD$32:AD3502),$AK:$AK,0)),\"\")","v":""},null,false,{"$f":"IF(AN3502=TRUE,COUNTIF($AN$32:AN3502,TRUE()),\"\")","v":""},{"$f":"IFERROR(INDEX($AD:$AD,MATCH(ROWS($AD$32:$AD3502),$AO:$AO,0)),\"\")","v":""}]
[null,null,null,null,null,null,null,null,null,null,null,null,null,null,null,null,null,null,null,null,null,null,null,null,null,null,null,null,null,{"$f":"'Baza klientów'!B3476","v":0},false,{"$f":"IF(AE3507=TRUE,COUNTIF($AE$32:AE3507,TRUE()),\"\")","v":""},{"$f":"IFERROR(INDEX($AD:$AD,MATCH(ROWS($AD$32:AD3507),$AF:$AF,0)),\"\")","v":""},null,null,false,{"$f":"IF(AJ3507=TRUE,COUNTIF($AJ$32:AJ3507,TRUE()),\"\")","v":""},{"$f":"IFERROR(INDEX($AD:$AD,MATCH(ROWS($AD$32:AD3507),$AK:$AK,0)),\"\")","v":""},null,false,{"$f":"IF(AN3507=TRUE,COUNTIF($AN$32:AN3507,TRUE()),\"\")","v":""},{"$f":"IFERROR(INDEX($AD:$AD,MATCH(ROWS($AD$32:$AD3507),$AO:$AO,0)),\"\")","v":""}]
[null,null,null,null,null,null,null,null,null,null,null,null,null,null,null,null,null,null,null,null,null,null,null,null,null,null,null,null,null,{"$f":"'Baza klientów'!B3477","v":0},false,{"$f":"IF(AE3508=TRUE,COUNTIF($AE$32:AE3508,TRUE()),\"\")","v":""},{"$f":"IFERROR(INDEX($AD:$AD,MATCH(ROWS($AD$32:AD3508),$AF:$AF,0)),\"\")","v":""},null,null,false,{"$f":"IF(AJ3508=TRUE,COUNTIF($AJ$32:AJ3508,TRUE()),\"\")","v":""},{"$f":"IFERROR(INDEX($AD:$AD,MATCH(ROWS($AD$32:AD3508),$AK:$AK,0)),\"\")","v":""},null,false,{"$f":"IF(AN3508=TRUE,COUNTIF($AN$32:AN3508,TRUE()),\"\")","v":""},{"$f":"IFERROR(INDEX($AD:$AD,MATCH(ROWS($AD$32:$AD3508),$AO:$AO,0)),\"\")","v":""}]
[null,null,null,null,null,null,null,null,null,null,null,null,null,null,null,null,null,null,null,null,null,null,null,null,null,null,null,null,null,{"$f":"'Baza klientów'!B3482","v":0},false,{"$f":"IF(AE3513=TRUE,COUNTIF($AE$32:AE3513,TRUE()),\"\")","v":""},{"$f":"IFERROR(INDEX($AD:$AD,MATCH(ROWS($AD$32:AD3513),$AF:$AF,0)),\"\")","v":""},null,null,false,{"$f":"IF(AJ3513=TRUE,COUNTIF($AJ$32:AJ3513,TRUE()),\"\")","v":""},{"$f":"IFERROR(INDEX($AD:$AD,MATCH(ROWS($AD$32:AD3513),$AK:$AK,0)),\"\")","v":""},null,false,{"$f":"IF(AN3513=TRUE,COUNTIF($AN$32:AN3513,TRUE()),\"\")","v":""},{"$f":"IFERROR(INDEX($AD:$AD,MATCH(ROWS($AD$32:$AD3513),$AO:$AO,0)),\"\")","v":""}]
[null,null,null,null,null,null,null,null,null,null,null,null,null,null,null,null,null,null,null,null,null,null,null,null,null,null,null,null,null,{"$f":"'Baza klientów'!B3485","v":0},false,{"$f":"IF(AE3516=TRUE,COUNTIF($AE$32:AE3516,TRUE()),\"\")","v":""},{"$f":"IFERROR(INDEX($AD:$AD,MATCH(ROWS($AD$32:AD3516),$AF:$AF,0)),\"\")","v":""},null,null,false,{"$f":"IF(AJ3516=TRUE,COUNTIF($AJ$32:AJ3516,TRUE()),\"\")","v":""},{"$f":"IFERROR(INDEX($AD:$AD,MATCH(ROWS($AD$32:AD3516),$AK:$AK,0)),\"\")","v":""},null,false,{"$f":"IF(AN3516=TRUE,COUNTIF($AN$32:AN3516,TRUE()),\"\")","v":""},{"$f":"IFERROR(INDEX($AD:$AD,MATCH(ROWS($AD$32:$AD3516),$AO:$AO,0)),\"\")","v":""}]
[null,null,null,null,null,null,null,null,null,null,null,null,null,null,null,null,null,null,null,null,null,null,null,null,null,null,null,null,null,{"$f":"'Baza klientów'!B3491","v":0},false,{"$f":"IF(AE3522=TRUE,COUNTIF($AE$32:AE3522,TRUE()),\"\")","v":""},{"$f":"IFERROR(INDEX($AD:$AD,MATCH(ROWS($AD$32:AD3522),$AF:$AF,0)),\"\")","v":""},null,null,false,{"$f":"IF(AJ3522=TRUE,COUNTIF($AJ$32:AJ3522,TRUE()),\"\")","v":""},{"$f":"IFERROR(INDEX($AD:$AD,MATCH(ROWS($AD$32:AD3522),$AK:$AK,0)),\"\")","v":""},null,false,{"$f":"IF(AN3522=TRUE,COUNTIF($AN$32:AN3522,TRUE()),\"\")","v":""},{"$f":"IFERROR(INDEX($AD:$AD,MATCH(ROWS($AD$32:$AD3522),$AO:$AO,0)),\"\")","v":""}]
[null,null,null,null,null,null,null,null,null,null,null,null,null,null,null,null,null,null,null,null,null,null,null,null,null,null,null,null,null,{"$f":"'Baza klientów'!B3492","v":0},false,{"$f":"IF(AE3523=TRUE,COUNTIF($AE$32:AE3523,TRUE()),\"\")","v":""},{"$f":"IFERROR(INDEX($AD:$AD,MATCH(ROWS($AD$32:AD3523),$AF:$AF,0)),\"\")","v":""},null,null,false,{"$f":"IF(AJ3523=TRUE,COUNTIF($AJ$32:AJ3523,TRUE()),\"\")","v":""},{"$f":"IFERROR(INDEX($AD:$AD,MATCH(ROWS($AD$32:AD3523),$AK:$AK,0)),\"\")","v":""},null,false,{"$f":"IF(AN3523=TRUE,COUNTIF($AN$32:AN3523,TRUE()),\"\")","v":""},{"$f":"IFERROR(INDEX($AD:$AD,MATCH(ROWS($AD$32:$AD3523),$AO:$AO,0)),\"\")","v":""}]
[null,null,null,null,null,null,null,null,null,null,null,null,null,null,null,null,null,null,null,null,null,null,null,null,null,null,null,null,null,{"$f":"'Baza klientów'!B3497","v":0},false,{"$f":"IF(AE3528=TRUE,COUNTIF($AE$32:AE3528,TRUE()),\"\")","v":""},{"$f":"IFERROR(INDEX($AD:$AD,MATCH(ROWS($AD$32:AD3528),$AF:$AF,0)),\"\")","v":""},null,null,false,{"$f":"IF(AJ3528=TRUE,COUNTIF($AJ$32:AJ3528,TRUE()),\"\")","v":""},{"$f":"IFERROR(INDEX($AD:$AD,MATCH(ROWS($AD$32:AD3528),$AK:$AK,0)),\"\")","v":""},null,false,{"$f":"IF(AN3528=TRUE,COUNTIF($AN$32:AN3528,TRUE()),\"\")","v":""},{"$f":"IFERROR(INDEX($AD:$AD,MATCH(ROWS($AD$32:$AD3528),$AO:$AO,0)),\"\")","v":""}]
[null,null,null,null,null,null,null,null,null,null,null,null,null,null,null,null,null,null,null,null,null,null,null,null,null,null,null,null,null,{"$f":"'Baza klientów'!B3501","v":0},false,{"$f":"IF(AE3532=TRUE,COUNTIF($AE$32:AE3532,TRUE()),\"\")","v":""},{"$f":"IFERROR(INDEX($AD:$AD,MATCH(ROWS($AD$32:AD3532),$AF:$AF,0)),\"\")","v":""},null,null,false,{"$f":"IF(AJ3532=TRUE,COUNTIF($AJ$32:AJ3532,TRUE()),\"\")","v":""},{"$f":"IFERROR(INDEX($AD:$AD,MATCH(ROWS($AD$32:AD3532),$AK:$AK,0)),\"\")","v":""},null,false,{"$f":"IF(AN3532=TRUE,COUNTIF($AN$32:AN3532,TRUE()),\"\")","v":""},{"$f":"IFERROR(INDEX($AD:$AD,MATCH(ROWS($AD$32:$AD3532),$AO:$AO,0)),\"\")","v":""}]
[null,null,null,null,null,null,null,null,null,null,null,null,null,null,null,null,null,null,null,null,null,null,null,null,null,null,null,null,null,{"$f":"'Baza klientów'!B3506","v":0},false,{"$f":"IF(AE3537=TRUE,COUNTIF($AE$32:AE3537,TRUE()),\"\")","v":""},{"$f":"IFERROR(INDEX($AD:$AD,MATCH(ROWS($AD$32:AD3537),$AF:$AF,0)),\"\")","v":""},null,null,false,{"$f":"IF(AJ3537=TRUE,COUNTIF($AJ$32:AJ3537,TRUE()),\"\")","v":""},{"$f":"IFERROR(INDEX($AD:$AD,MATCH(ROWS($AD$32:AD3537),$AK:$AK,0)),\"\")","v":""},null,false,{"$f":"IF(AN3537=TRUE,COUNTIF($AN$32:AN3537,TRUE()),\"\")","v":""},{"$f":"IFERROR(INDEX($AD:$AD,MATCH(ROWS($AD$32:$AD3537),$AO:$AO,0)),\"\")","v":""}]
[null,null,null,null,null,null,null,null,null,null,null,null,null,null,null,null,null,null,null,null,null,null,null,null,null,null,null,null,null,{"$f":"'Baza klientów'!B3507","v":0},false,{"$f":"IF(AE3538=TRUE,COUNTIF($AE$32:AE3538,TRUE()),\"\")","v":""},{"$f":"IFERROR(INDEX($AD:$AD,MATCH(ROWS($AD$32:AD3538),$AF:$AF,0)),\"\")","v":""},null,null,false,{"$f":"IF(AJ3538=TRUE,COUNTIF($AJ$32:AJ3538,TRUE()),\"\")","v":""},{"$f":"IFERROR(INDEX($AD:$AD,MATCH(ROWS($AD$32:AD3538),$AK:$AK,0)),\"\")","v":""},null,false,{"$f":"IF(AN3538=TRUE,COUNTIF($AN$32:AN3538,TRUE()),\"\")","v":""},{"$f":"IFERROR(INDEX($AD:$AD,MATCH(ROWS($AD$32:$AD3538),$AO:$AO,0)),\"\")","v":""}]
[null,null,null,null,null,null,null,null,null,null,null,null,null,null,null,null,null,null,null,null,null,null,null,null,null,null,null,null,null,{"$f":"'Baza klientów'!B3512","v":0},false,{"$f":"IF(AE3543=TRUE,COUNTIF($AE$32:AE3543,TRUE()),\"\")","v":""},{"$f":"IFERROR(INDEX($AD:$AD,MATCH(ROWS($AD$32:AD3543),$AF:$AF,0)),\"\")","v":""},null,null,false,{"$f":"IF(AJ3543=TRUE,COUNTIF($AJ$32:AJ3543,TRUE()),\"\")","v":""},{"$f":"IFERROR(INDEX($AD:$AD,MATCH(ROWS($AD$32:AD3543),$AK:$AK,0)),\"\")","v":""},null,false,{"$f":"IF(AN3543=TRUE,COUNTIF($AN$32:AN3543,TRUE()),\"\")","v":""},{"$f":"IFERROR(INDEX($AD:$AD,MATCH(ROWS($AD$32:$AD3543),$AO:$AO,0)),\"\")","v":""}]
[null,null,null,null,null,null,null,null,null,null,null,null,null,null,null,null,null,null,null,null,null,null,null,null,null,null,null,null,null,{"$f":"'Baza klientów'!B3517","v":0},false,{"$f":"IF(AE3548=TRUE,COUNTIF($AE$32:AE3548,TRUE()),\"\")","v":""},{"$f":"IFERROR(INDEX($AD:$AD,MATCH(ROWS($AD$32:AD3548),$AF:$AF,0)),\"\")","v":""},null,null,false,{"$f":"IF(AJ3548=TRUE,COUNTIF($AJ$32:AJ3548,TRUE()),\"\")","v":""},{"$f":"IFERROR(INDEX($AD:$AD,MATCH(ROWS($AD$32:AD3548),$AK:$AK,0)),\"\")","v":""},null,false,{"$f":"IF(AN3548=TRUE,COUNTIF($AN$32:AN3548,TRUE()),\"\")","v":""},{"$f":"IFERROR(INDEX($AD:$AD,MATCH(ROWS($AD$32:$AD3548),$AO:$AO,0)),\"\")","v":""}]
[null,null,null,null,null,null,null,null,null,null,null,null,null,null,null,null,null,null,null,null,null,null,null,null,null,null,null,null,null,{"$f":"'Baza klientów'!B3519","v":0},false,{"$f":"IF(AE3550=TRUE,COUNTIF($AE$32:AE3550,TRUE()),\"\")","v":""},{"$f":"IFERROR(INDEX($AD:$AD,MATCH(ROWS($AD$32:AD3550),$AF:$AF,0)),\"\")","v":""},null,null,false,{"$f":"IF(AJ3550=TRUE,COUNTIF($AJ$32:AJ3550,TRUE()),\"\")","v":""},{"$f":"IFERROR(INDEX($AD:$AD,MATCH(ROWS($AD$32:AD3550),$AK:$AK,0)),\"\")","v":""},null,false,{"$f":"IF(AN3550=TRUE,COUNTIF($AN$32:AN3550,TRUE()),\"\")","v":""},{"$f":"IFERROR(INDEX($AD:$AD,MATCH(ROWS($AD$32:$AD3550),$AO:$AO,0)),\"\")","v":""}]
[null,null,null,null,null,null,null,null,null,null,null,null,null,null,null,null,null,null,null,null,null,null,null,null,null,null,null,null,null,{"$f":"'Baza klientów'!B3522","v":0},{"$f":"ISNUMBER(SEARCH($AH$32,AD3553))","v":false},{"$f":"IF(AE3553=TRUE,COUNTIF($AE$32:AE3553,TRUE()),\"\")","v":""},{"$f":"IFERROR(INDEX($AD:$AD,MATCH(ROWS($AD$32:AD3553),$AF:$AF,0)),\"\")","v":""},null,null,{"$f":"ISNUMBER(SEARCH($AM$31,AD3553))","v":false},{"$f":"IF(AJ3553=TRUE,COUNTIF($AJ$32:AJ3553,TRUE()),\"\")","v":""},{"$f":"IFERROR(INDEX($AD:$AD,MATCH(ROWS($AD$32:AD3553),$AK:$AK,0)),\"\")","v":""},null,{"$f":"ISNUMBER(SEARCH($AQ$31,$AD3553))","v":false},{"$f":"IF(AN3553=TRUE,COUNTIF($AN$32:AN3553,TRUE()),\"\")","v":""},{"$f":"IFERROR(INDEX($AD:$AD,MATCH(ROWS($AD$32:$AD3553),$AO:$AO,0)),\"\")","v":""}]
[null,null,null,null,null,null,null,null,null,null,null,null,null,null,null,null,null,null,null,null,null,null,null,null,null,null,null,null,null,{"$f":"'Baza klientów'!B3527","v":0},false,{"$f":"IF(AE3558=TRUE,COUNTIF($AE$32:AE3558,TRUE()),\"\")","v":""},{"$f":"IFERROR(INDEX($AD:$AD,MATCH(ROWS($AD$32:AD3558),$AF:$AF,0)),\"\")","v":""},null,null,false,{"$f":"IF(AJ3558=TRUE,COUNTIF($AJ$32:AJ3558,TRUE()),\"\")","v":""},{"$f":"IFERROR(INDEX($AD:$AD,MATCH(ROWS($AD$32:AD3558),$AK:$AK,0)),\"\")","v":""},null,false,{"$f":"IF(AN3558=TRUE,COUNTIF($AN$32:AN3558,TRUE()),\"\")","v":""},{"$f":"IFERROR(INDEX($AD:$AD,MATCH(ROWS($AD$32:$AD3558),$AO:$AO,0)),\"\")","v":""}]
[null,null,null,null,null,null,null,null,null,null,null,null,null,null,null,null,null,null,null,null,null,null,null,null,null,null,null,null,null,{"$f":"'Baza klientów'!B3532","v":0},false,{"$f":"IF(AE3563=TRUE,COUNTIF($AE$32:AE3563,TRUE()),\"\")","v":""},{"$f":"IFERROR(INDEX($AD:$AD,MATCH(ROWS($AD$32:AD3563),$AF:$AF,0)),\"\")","v":""},null,null,false,{"$f":"IF(AJ3563=TRUE,COUNTIF($AJ$32:AJ3563,TRUE()),\"\")","v":""},{"$f":"IFERROR(INDEX($AD:$AD,MATCH(ROWS($AD$32:AD3563),$AK:$AK,0)),\"\")","v":""},null,false,{"$f":"IF(AN3563=TRUE,COUNTIF($AN$32:AN3563,TRUE()),\"\")","v":""},{"$f":"IFERROR(INDEX($AD:$AD,MATCH(ROWS($AD$32:$AD3563),$AO:$AO,0)),\"\")","v":""}]
[null,null,null,null,null,null,null,null,null,null,null,null,null,null,null,null,null,null,null,null,null,null,null,null,null,null,null,null,null,{"$f":"'Baza klientów'!B3535","v":0},false,{"$f":"IF(AE3566=TRUE,COUNTIF($AE$32:AE3566,TRUE()),\"\")","v":""},{"$f":"IFERROR(INDEX($AD:$AD,MATCH(ROWS($AD$32:AD3566),$AF:$AF,0)),\"\")","v":""},null,null,false,{"$f":"IF(AJ3566=TRUE,COUNTIF($AJ$32:AJ3566,TRUE()),\"\")","v":""},{"$f":"IFERROR(INDEX($AD:$AD,MATCH(ROWS($AD$32:AD3566),$AK:$AK,0)),\"\")","v":""},null,false,{"$f":"IF(AN3566=TRUE,COUNTIF($AN$32:AN3566,TRUE()),\"\")","v":""},{"$f":"IFERROR(INDEX($AD:$AD,MATCH(ROWS($AD$32:$AD3566),$AO:$AO,0)),\"\")","v":""}]
[null,null,null,null,null,null,null,null,null,null,null,null,null,null,null,null,null,null,null,null,null,null,null,null,null,null,null,null,null,{"$f":"'Baza klientów'!B3537","v":0},false,{"$f":"IF(AE3568=TRUE,COUNTIF($AE$32:AE3568,TRUE()),\"\")","v":""},{"$f":"IFERROR(INDEX($AD:$AD,MATCH(ROWS($AD$32:AD3568),$AF:$AF,0)),\"\")","v":""},null,null,false,{"$f":"IF(AJ3568=TRUE,COUNTIF($AJ$32:AJ3568,TRUE()),\"\")","v":""},{"$f":"IFERROR(INDEX($AD:$AD,MATCH(ROWS($AD$32:AD3568),$AK:$AK,0)),\"\")","v":""},null,false,{"$f":"IF(AN3568=TRUE,COUNTIF($AN$32:AN3568,TRUE()),\"\")","v":""},{"$f":"IFERROR(INDEX($AD:$AD,MATCH(ROWS($AD$32:$AD3568),$AO:$AO,0)),\"\")","v":""}]
[null,null,null,null,null,null,null,null,null,null,null,null,null,null,null,null,null,null,null,null,null,null,null,null,null,null,null,null,null,{"$f":"'Baza klientów'!B3542","v":0},false,{"$f":"IF(AE3573=TRUE,COUNTIF($AE$32:AE3573,TRUE()),\"\")","v":""},{"$f":"IFERROR(INDEX($AD:$AD,MATCH(ROWS($AD$32:AD3573),$AF:$AF,0)),\"\")","v":""},null,null,false,{"$f":"IF(AJ3573=TRUE,COUNTIF($AJ$32:AJ3573,TRUE()),\"\")","v":""},{"$f":"IFERROR(INDEX($AD:$AD,MATCH(ROWS($AD$32:AD3573),$AK:$AK,0)),\"\")","v":""},null,false,{"$f":"IF(AN3573=TRUE,COUNTIF($AN$32:AN3573,TRUE()),\"\")","v":""},{"$f":"IFERROR(INDEX($AD:$AD,MATCH(ROWS($AD$32:$AD3573),$AO:$AO,0)),\"\")","v":""}]
[null,null,null,null,null,null,null,null,null,null,null,null,null,null,null,null,null,null,null,null,null,null,null,null,null,null,null,null,null,{"$f":"'Baza klientów'!B3547","v":0},false,{"$f":"IF(AE3578=TRUE,COUNTIF($AE$32:AE3578,TRUE()),\"\")","v":""},{"$f":"IFERROR(INDEX($AD:$AD,MATCH(ROWS($AD$32:AD3578),$AF:$AF,0)),\"\")","v":""},null,null,false,{"$f":"IF(AJ3578=TRUE,COUNTIF($AJ$32:AJ3578,TRUE()),\"\")","v":""},{"$f":"IFERROR(INDEX($AD:$AD,MATCH(ROWS($AD$32:AD3578),$AK:$AK,0)),\"\")","v":""},null,false,{"$f":"IF(AN3578=TRUE,COUNTIF($AN$32:AN3578,TRUE()),\"\")","v":""},{"$f":"IFERROR(INDEX($AD:$AD,MATCH(ROWS($AD$32:$AD3578),$AO:$AO,0)),\"\")","v":""}]
[null,null,null,null,null,null,null,null,null,null,null,null,null,null,null,null,null,null,null,null,null,null,null,null,null,null,null,null,null,{"$f":"'Baza klientów'!B3552","v":0},false,{"$f":"IF(AE3583=TRUE,COUNTIF($AE$32:AE3583,TRUE()),\"\")","v":""},{"$f":"IFERROR(INDEX($AD:$AD,MATCH(ROWS($AD$32:AD3583),$AF:$AF,0)),\"\")","v":""},null,null,false,{"$f":"IF(AJ3583=TRUE,COUNTIF($AJ$32:AJ3583,TRUE()),\"\")","v":""},{"$f":"IFERROR(INDEX($AD:$AD,MATCH(ROWS($AD$32:AD3583),$AK:$AK,0)),\"\")","v":""},null,false,{"$f":"IF(AN3583=TRUE,COUNTIF($AN$32:AN3583,TRUE()),\"\")","v":""},{"$f":"IFERROR(INDEX($AD:$AD,MATCH(ROWS($AD$32:$AD3583),$AO:$AO,0)),\"\")","v":""}]
[null,null,null,null,null,null,null,null,null,null,null,null,null,null,null,null,null,null,null,null,null,null,null,null,null,null,null,null,null,{"$f":"'Baza klientów'!B3553","v":0},false,{"$f":"IF(AE3584=TRUE,COUNTIF($AE$32:AE3584,TRUE()),\"\")","v":""},{"$f":"IFERROR(INDEX($AD:$AD,MATCH(ROWS($AD$32:AD3584),$AF:$AF,0)),\"\")","v":""},null,null,false,{"$f":"IF(AJ3584=TRUE,COUNTIF($AJ$32:AJ3584,TRUE()),\"\")","v":""},{"$f":"IFERROR(INDEX($AD:$AD,MATCH(ROWS($AD$32:AD3584),$AK:$AK,0)),\"\")","v":""},null,false,{"$f":"IF(AN3584=TRUE,COUNTIF($AN$32:AN3584,TRUE()),\"\")","v":""},{"$f":"IFERROR(INDEX($AD:$AD,MATCH(ROWS($AD$32:$AD3584),$AO:$AO,0)),\"\")","v":""}]
[null,null,null,null,null,null,null,null,null,null,null,null,null,null,null,null,null,null,null,null,null,null,null,null,null,null,null,null,null,{"$f":"'Baza klientów'!B3557","v":0},false,{"$f":"IF(AE3588=TRUE,COUNTIF($AE$32:AE3588,TRUE()),\"\")","v":""},{"$f":"IFERROR(INDEX($AD:$AD,MATCH(ROWS($AD$32:AD3588),$AF:$AF,0)),\"\")","v":""},null,null,false,{"$f":"IF(AJ3588=TRUE,COUNTIF($AJ$32:AJ3588,TRUE()),\"\")","v":""},{"$f":"IFERROR(INDEX($AD:$AD,MATCH(ROWS($AD$32:AD3588),$AK:$AK,0)),\"\")","v":""},null,false,{"$f":"IF(AN3588=TRUE,COUNTIF($AN$32:AN3588,TRUE()),\"\")","v":""},{"$f":"IFERROR(INDEX($AD:$AD,MATCH(ROWS($AD$32:$AD3588),$AO:$AO,0)),\"\")","v":""}]
[null,null,null,null,null,null,null,null,null,null,null,null,null,null,null,null,null,null,null,null,null,null,null,null,null,null,null,null,null,{"$f":"'Baza klientów'!B3562","v":0},false,{"$f":"IF(AE3593=TRUE,COUNTIF($AE$32:AE3593,TRUE()),\"\")","v":""},{"$f":"IFERROR(INDEX($AD:$AD,MATCH(ROWS($AD$32:AD3593),$AF:$AF,0)),\"\")","v":""},null,null,false,{"$f":"IF(AJ3593=TRUE,COUNTIF($AJ$32:AJ3593,TRUE()),\"\")","v":""},{"$f":"IFERROR(INDEX($AD:$AD,MATCH(ROWS($AD$32:AD3593),$AK:$AK,0)),\"\")","v":""},null,false,{"$f":"IF(AN3593=TRUE,COUNTIF($AN$32:AN3593,TRUE()),\"\")","v":""},{"$f":"IFERROR(INDEX($AD:$AD,MATCH(ROWS($AD$32:$AD3593),$AO:$AO,0)),\"\")","v":""}]
[null,null,null,null,null,null,null,null,null,null,null,null,null,null,null,null,null,null,null,null,null,null,null,null,null,null,null,null,null,{"$f":"'Baza klientów'!B3567","v":0},false,{"$f":"IF(AE3598=TRUE,COUNTIF($AE$32:AE3598,TRUE()),\"\")","v":""},{"$f":"IFERROR(INDEX($AD:$AD,MATCH(ROWS($AD$32:AD3598),$AF:$AF,0)),\"\")","v":""},null,null,false,{"$f":"IF(AJ3598=TRUE,COUNTIF($AJ$32:AJ3598,TRUE()),\"\")","v":""},{"$f":"IFERROR(INDEX($AD:$AD,MATCH(ROWS($AD$32:AD3598),$AK:$AK,0)),\"\")","v":""},null,false,{"$f":"IF(AN3598=TRUE,COUNTIF($AN$32:AN3598,TRUE()),\"\")","v":""},{"$f":"IFERROR(INDEX($AD:$AD,MATCH(ROWS($AD$32:$AD3598),$AO:$AO,0)),\"\")","v":""}]
[null,null,null,null,null,null,null,null,null,null,null,null,null,null,null,null,null,null,null,null,null,null,null,null,null,null,null,null,null,{"$f":"'Baza klientów'!B3568","v":0},false,{"$f":"IF(AE3599=TRUE,COUNTIF($AE$32:AE3599,TRUE()),\"\")","v":""},{"$f":"IFERROR(INDEX($AD:$AD,MATCH(ROWS($AD$32:AD3599),$AF:$AF,0)),\"\")","v":""},null,null,false,{"$f":"IF(AJ3599=TRUE,COUNTIF($AJ$32:AJ3599,TRUE()),\"\")","v":""},{"$f":"IFERROR(INDEX($AD:$AD,MATCH(ROWS($AD$32:AD3599),$AK:$AK,0)),\"\")","v":""},null,false,{"$f":"IF(AN3599=TRUE,COUNTIF($AN$32:AN3599,TRUE()),\"\")","v":""},{"$f":"IFERROR(INDEX($AD:$AD,MATCH(ROWS($AD$32:$AD3599),$AO:$AO,0)),\"\")","v":""}]
[null,null,null,null,null,null,null,null,null,null,null,null,null,null,null,null,null,null,null,null,null,null,null,null,null,null,null,null,null,{"$f":"'Baza klientów'!B3574","v":0},false,{"$f":"IF(AE3605=TRUE,COUNTIF($AE$32:AE3605,TRUE()),\"\")","v":""},{"$f":"IFERROR(INDEX($AD:$AD,MATCH(ROWS($AD$32:AD3605),$AF:$AF,0)),\"\")","v":""},null,null,false,{"$f":"IF(AJ3605=TRUE,COUNTIF($AJ$32:AJ3605,TRUE()),\"\")","v":""},{"$f":"IFERROR(INDEX($AD:$AD,MATCH(ROWS($AD$32:AD3605),$AK:$AK,0)),\"\")","v":""},null,false,{"$f":"IF(AN3605=TRUE,COUNTIF($AN$32:AN3605,TRUE()),\"\")","v":""},{"$f":"IFERROR(INDEX($AD:$AD,MATCH(ROWS($AD$32:$AD3605),$AO:$AO,0)),\"\")","v":""}]
[null,null,null,null,null,null,null,null,null,null,null,null,null,null,null,null,null,null,null,null,null,null,null,null,null,null,null,null,null,{"$f":"'Baza klientów'!B3577","v":0},false,{"$f":"IF(AE3608=TRUE,COUNTIF($AE$32:AE3608,TRUE()),\"\")","v":""},{"$f":"IFERROR(INDEX($AD:$AD,MATCH(ROWS($AD$32:AD3608),$AF:$AF,0)),\"\")","v":""},null,null,false,{"$f":"IF(AJ3608=TRUE,COUNTIF($AJ$32:AJ3608,TRUE()),\"\")","v":""},{"$f":"IFERROR(INDEX($AD:$AD,MATCH(ROWS($AD$32:AD3608),$AK:$AK,0)),\"\")","v":""},null,false,{"$f":"IF(AN3608=TRUE,COUNTIF($AN$32:AN3608,TRUE()),\"\")","v":""},{"$f":"IFERROR(INDEX($AD:$AD,MATCH(ROWS($AD$32:$AD3608),$AO:$AO,0)),\"\")","v":""}]
[null,null,null,null,null,null,null,null,null,null,null,null,null,null,null,null,null,null,null,null,null,null,null,null,null,null,null,null,null,{"$f":"'Baza klientów'!B3582","v":0},false,{"$f":"IF(AE3613=TRUE,COUNTIF($AE$32:AE3613,TRUE()),\"\")","v":""},{"$f":"IFERROR(INDEX($AD:$AD,MATCH(ROWS($AD$32:AD3613),$AF:$AF,0)),\"\")","v":""},null,null,false,{"$f":"IF(AJ3613=TRUE,COUNTIF($AJ$32:AJ3613,TRUE()),\"\")","v":""},{"$f":"IFERROR(INDEX($AD:$AD,MATCH(ROWS($AD$32:AD3613),$AK:$AK,0)),\"\")","v":""},null,false,{"$f":"IF(AN3613=TRUE,COUNTIF($AN$32:AN3613,TRUE()),\"\")","v":""},{"$f":"IFERROR(INDEX($AD:$AD,MATCH(ROWS($AD$32:$AD3613),$AO:$AO,0)),\"\")","v":""}]
[null,null,null,null,null,null,null,null,null,null,null,null,null,null,null,null,null,null,null,null,null,null,null,null,null,null,null,null,null,{"$f":"'Baza klientów'!B3583","v":0},false,{"$f":"IF(AE3614=TRUE,COUNTIF($AE$32:AE3614,TRUE()),\"\")","v":""},{"$f":"IFERROR(INDEX($AD:$AD,MATCH(ROWS($AD$32:AD3614),$AF:$AF,0)),\"\")","v":""},null,null,false,{"$f":"IF(AJ3614=TRUE,COUNTIF($AJ$32:AJ3614,TRUE()),\"\")","v":""},{"$f":"IFERROR(INDEX($AD:$AD,MATCH(ROWS($AD$32:AD3614),$AK:$AK,0)),\"\")","v":""},null,false,{"$f":"IF(AN3614=TRUE,COUNTIF($AN$32:AN3614,TRUE()),\"\")","v":""},{"$f":"IFERROR(INDEX($AD:$AD,MATCH(ROWS($AD$32:$AD3614),$AO:$AO,0)),\"\")","v":""}]
[null,null,null,null,null,null,null,null,null,null,null,null,null,null,null,null,null,null,null,null,null,null,null,null,null,null,null,null,null,{"$f":"'Baza klientów'!B3588","v":0},false,{"$f":"IF(AE3619=TRUE,COUNTIF($AE$32:AE3619,TRUE()),\"\")","v":""},{"$f":"IFERROR(INDEX($AD:$AD,MATCH(ROWS($AD$32:AD3619),$AF:$AF,0)),\"\")","v":""},null,null,false,{"$f":"IF(AJ3619=TRUE,COUNTIF($AJ$32:AJ3619,TRUE()),\"\")","v":""},{"$f":"IFERROR(INDEX($AD:$AD,MATCH(ROWS($AD$32:AD3619),$AK:$AK,0)),\"\")","v":""},null,false,{"$f":"IF(AN3619=TRUE,COUNTIF($AN$32:AN3619,TRUE()),\"\")","v":""},{"$f":"IFERROR(INDEX($AD:$AD,MATCH(ROWS($AD$32:$AD3619),$AO:$AO,0)),\"\")","v":""}]
[null,null,null,null,null,null,null,null,null,null,null,null,null,null,null,null,null,null,null,null,null,null,null,null,null,null,null,null,null,{"$f":"'Baza klientów'!B3592","v":0},false,{"$f":"IF(AE3623=TRUE,COUNTIF($AE$32:AE3623,TRUE()),\"\")","v":""},{"$f":"IFERROR(INDEX($AD:$AD,MATCH(ROWS($AD$32:AD3623),$AF:$AF,0)),\"\")","v":""},null,null,false,{"$f":"IF(AJ3623=TRUE,COUNTIF($AJ$32:AJ3623,TRUE()),\"\")","v":""},{"$f":"IFERROR(INDEX($AD:$AD,MATCH(ROWS($AD$32:AD3623),$AK:$AK,0)),\"\")","v":""},null,false,{"$f":"IF(AN3623=TRUE,COUNTIF($AN$32:AN3623,TRUE()),\"\")","v":""},{"$f":"IFERROR(INDEX($AD:$AD,MATCH(ROWS($AD$32:$AD3623),$AO:$AO,0)),\"\")","v":""}]
[null,null,null,null,null,null,null,null,null,null,null,null,null,null,null,null,null,null,null,null,null,null,null,null,null,null,null,null,null,{"$f":"'Baza klientów'!B3597","v":0},false,{"$f":"IF(AE3628=TRUE,COUNTIF($AE$32:AE3628,TRUE()),\"\")","v":""},{"$f":"IFERROR(INDEX($AD:$AD,MATCH(ROWS($AD$32:AD3628),$AF:$AF,0)),\"\")","v":""},null,null,false,{"$f":"IF(AJ3628=TRUE,COUNTIF($AJ$32:AJ3628,TRUE()),\"\")","v":""},{"$f":"IFERROR(INDEX($AD:$AD,MATCH(ROWS($AD$32:AD3628),$AK:$AK,0)),\"\")","v":""},null,false,{"$f":"IF(AN3628=TRUE,COUNTIF($AN$32:AN3628,TRUE()),\"\")","v":""},{"$f":"IFERROR(INDEX($AD:$AD,MATCH(ROWS($AD$32:$AD3628),$AO:$AO,0)),\"\")","v":""}]
[null,null,null,null,null,null,null,null,null,null,null,null,null,null,null,null,null,null,null,null,null,null,null,null,null,null,null,null,null,{"$f":"'Baza klientów'!B3598","v":0},false,{"$f":"IF(AE3629=TRUE,COUNTIF($AE$32:AE3629,TRUE()),\"\")","v":""},{"$f":"IFERROR(INDEX($AD:$AD,MATCH(ROWS($AD$32:AD3629),$AF:$AF,0)),\"\")","v":""},null,null,false,{"$f":"IF(AJ3629=TRUE,COUNTIF($AJ$32:AJ3629,TRUE()),\"\")","v":""},{"$f":"IFERROR(INDEX($AD:$AD,MATCH(ROWS($AD$32:AD3629),$AK:$AK,0)),\"\")","v":""},null,false,{"$f":"IF(AN3629=TRUE,COUNTIF($AN$32:AN3629,TRUE()),\"\")","v":""},{"$f":"IFERROR(INDEX($AD:$AD,MATCH(ROWS($AD$32:$AD3629),$AO:$AO,0)),\"\")","v":""}]
[null,null,null,null,null,null,null,null,null,null,null,null,null,null,null,null,null,null,null,null,null,null,null,null,null,null,null,null,null,{"$f":"'Baza klientów'!B3603","v":0},false,{"$f":"IF(AE3634=TRUE,COUNTIF($AE$32:AE3634,TRUE()),\"\")","v":""},{"$f":"IFERROR(INDEX($AD:$AD,MATCH(ROWS($AD$32:AD3634),$AF:$AF,0)),\"\")","v":""},null,null,false,{"$f":"IF(AJ3634=TRUE,COUNTIF($AJ$32:AJ3634,TRUE()),\"\")","v":""},{"$f":"IFERROR(INDEX($AD:$AD,MATCH(ROWS($AD$32:AD3634),$AK:$AK,0)),\"\")","v":""},null,false,{"$f":"IF(AN3634=TRUE,COUNTIF($AN$32:AN3634,TRUE()),\"\")","v":""},{"$f":"IFERROR(INDEX($AD:$AD,MATCH(ROWS($AD$32:$AD3634),$AO:$AO,0)),\"\")","v":""}]
[null,null,null,null,null,null,null,null,null,null,null,null,null,null,null,null,null,null,null,null,null,null,null,null,null,null,null,null,null,{"$f":"'Baza klientów'!B3606","v":0},false,{"$f":"IF(AE3637=TRUE,COUNTIF($AE$32:AE3637,TRUE()),\"\")","v":""},{"$f":"IFERROR(INDEX($AD:$AD,MATCH(ROWS($AD$32:AD3637),$AF:$AF,0)),\"\")","v":""},null,null,false,{"$f":"IF(AJ3637=TRUE,COUNTIF($AJ$32:AJ3637,TRUE()),\"\")","v":""},{"$f":"IFERROR(INDEX($AD:$AD,MATCH(ROWS($AD$32:AD3637),$AK:$AK,0)),\"\")","v":""},null,false,{"$f":"IF(AN3637=TRUE,COUNTIF($AN$32:AN3637,TRUE()),\"\")","v":""},{"$f":"IFERROR(INDEX($AD:$AD,MATCH(ROWS($AD$32:$AD3637),$AO:$AO,0)),\"\")","v":""}]
[null,null,null,null,null,null,null,null,null,null,null,null,null,null,null,null,null,null,null,null,null,null,null,null,null,null,null,null,null,{"$f":"'Baza klientów'!B3612","v":0},false,{"$f":"IF(AE3643=TRUE,COUNTIF($AE$32:AE3643,TRUE()),\"\")","v":""},{"$f":"IFERROR(INDEX($AD:$AD,MATCH(ROWS($AD$32:AD3643),$AF:$AF,0)),\"\")","v":""},null,null,false,{"$f":"IF(AJ3643=TRUE,COUNTIF($AJ$32:AJ3643,TRUE()),\"\")","v":""},{"$f":"IFERROR(INDEX($AD:$AD,MATCH(ROWS($AD$32:AD3643),$AK:$AK,0)),\"\")","v":""},null,false,{"$f":"IF(AN3643=TRUE,COUNTIF($AN$32:AN3643,TRUE()),\"\")","v":""},{"$f":"IFERROR(INDEX($AD:$AD,MATCH(ROWS($AD$32:$AD3643),$AO:$AO,0)),\"\")","v":""}]
[null,null,null,null,null,null,null,null,null,null,null,null,null,null,null,null,null,null,null,null,null,null,null,null,null,null,null,null,null,{"$f":"'Baza klientów'!B3613","v":0},false,{"$f":"IF(AE3644=TRUE,COUNTIF($AE$32:AE3644,TRUE()),\"\")","v":""},{"$f":"IFERROR(INDEX($AD:$AD,MATCH(ROWS($AD$32:AD3644),$AF:$AF,0)),\"\")","v":""},null,null,false,{"$f":"IF(AJ3644=TRUE,COUNTIF($AJ$32:AJ3644,TRUE()),\"\")","v":""},{"$f":"IFERROR(INDEX($AD:$AD,MATCH(ROWS($AD$32:AD3644),$AK:$AK,0)),\"\")","v":""},null,false,{"$f":"IF(AN3644=TRUE,COUNTIF($AN$32:AN3644,TRUE()),\"\")","v":""},{"$f":"IFERROR(INDEX($AD:$AD,MATCH(ROWS($AD$32:$AD3644),$AO:$AO,0)),\"\")","v":""}]
[null,null,null,null,null,null,null,null,null,null,null,null,null,null,null,null,null,null,null,null,null,null,null,null,null,null,null,null,null,{"$f":"'Baza klientów'!B3618","v":0},false,{"$f":"IF(AE3649=TRUE,COUNTIF($AE$32:AE3649,TRUE()),\"\")","v":""},{"$f":"IFERROR(INDEX($AD:$AD,MATCH(ROWS($AD$32:AD3649),$AF:$AF,0)),\"\")","v":""},null,null,false,{"$f":"IF(AJ3649=TRUE,COUNTIF($AJ$32:AJ3649,TRUE()),\"\")","v":""},{"$f":"IFERROR(INDEX($AD:$AD,MATCH(ROWS($AD$32:AD3649),$AK:$AK,0)),\"\")","v":""},null,false,{"$f":"IF(AN3649=TRUE,COUNTIF($AN$32:AN3649,TRUE()),\"\")","v":""},{"$f":"IFERROR(INDEX($AD:$AD,MATCH(ROWS($AD$32:$AD3649),$AO:$AO,0)),\"\")","v":""}]
[null,null,null,null,null,null,null,null,null,null,null,null,null,null,null,null,null,null,null,null,null,null,null,null,null,null,null,null,null,{"$f":"'Baza klientów'!B3622","v":0},false,{"$f":"IF(AE3653=TRUE,COUNTIF($AE$32:AE3653,TRUE()),\"\")","v":""},{"$f":"IFERROR(INDEX($AD:$AD,MATCH(ROWS($AD$32:AD3653),$AF:$AF,0)),\"\")","v":""},null,null,false,{"$f":"IF(AJ3653=TRUE,COUNTIF($AJ$32:AJ3653,TRUE()),\"\")","v":""},{"$f":"IFERROR(INDEX($AD:$AD,MATCH(ROWS($AD$32:AD3653),$AK:$AK,0)),\"\")","v":""},null,false,{"$f":"IF(AN3653=TRUE,COUNTIF($AN$32:AN3653,TRUE()),\"\")","v":""},{"$f":"IFERROR(INDEX($AD:$AD,MATCH(ROWS($AD$32:$AD3653),$AO:$AO,0)),\"\")","v":""}]
[null,null,null,null,null,null,null,null,null,null,null,null,null,null,null,null,null,null,null,null,null,null,null,null,null,null,null,null,null,{"$f":"'Baza klientów'!B3627","v":0},false,{"$f":"IF(AE3658=TRUE,COUNTIF($AE$32:AE3658,TRUE()),\"\")","v":""},{"$f":"IFERROR(INDEX($AD:$AD,MATCH(ROWS($AD$32:AD3658),$AF:$AF,0)),\"\")","v":""},null,null,false,{"$f":"IF(AJ3658=TRUE,COUNTIF($AJ$32:AJ3658,TRUE()),\"\")","v":""},{"$f":"IFERROR(INDEX($AD:$AD,MATCH(ROWS($AD$32:AD3658),$AK:$AK,0)),\"\")","v":""},null,false,{"$f":"IF(AN3658=TRUE,COUNTIF($AN$32:AN3658,TRUE()),\"\")","v":""},{"$f":"IFERROR(INDEX($AD:$AD,MATCH(ROWS($AD$32:$AD3658),$AO:$AO,0)),\"\")","v":""}]
[null,null,null,null,null,null,null,null,null,null,null,null,null,null,null,null,null,null,null,null,null,null,null,null,null,null,null,null,null,{"$f":"'Baza klientów'!B3628","v":0},false,{"$f":"IF(AE3659=TRUE,COUNTIF($AE$32:AE3659,TRUE()),\"\")","v":""},{"$f":"IFERROR(INDEX($AD:$AD,MATCH(ROWS($AD$32:AD3659),$AF:$AF,0)),\"\")","v":""},null,null,false,{"$f":"IF(AJ3659=TRUE,COUNTIF($AJ$32:AJ3659,TRUE()),\"\")","v":""},{"$f":"IFERROR(INDEX($AD:$AD,MATCH(ROWS($AD$32:AD3659),$AK:$AK,0)),\"\")","v":""},null,false,{"$f":"IF(AN3659=TRUE,COUNTIF($AN$32:AN3659,TRUE()),\"\")","v":""},{"$f":"IFERROR(INDEX($AD:$AD,MATCH(ROWS($AD$32:$AD3659),$AO:$AO,0)),\"\")","v":""}]
[null,null,null,null,null,null,null,null,null,null,null,null,null,null,null,null,null,null,null,null,null,null,null,null,null,null,null,null,null,{"$f":"'Baza klientów'!B3633","v":0},false,{"$f":"IF(AE3664=TRUE,COUNTIF($AE$32:AE3664,TRUE()),\"\")","v":""},{"$f":"IFERROR(INDEX($AD:$AD,MATCH(ROWS($AD$32:AD3664),$AF:$AF,0)),\"\")","v":""},null,null,false,{"$f":"IF(AJ3664=TRUE,COUNTIF($AJ$32:AJ3664,TRUE()),\"\")","v":""},{"$f":"IFERROR(INDEX($AD:$AD,MATCH(ROWS($AD$32:AD3664),$AK:$AK,0)),\"\")","v":""},null,false,{"$f":"IF(AN3664=TRUE,COUNTIF($AN$32:AN3664,TRUE()),\"\")","v":""},{"$f":"IFERROR(INDEX($AD:$AD,MATCH(ROWS($AD$32:$AD3664),$AO:$AO,0)),\"\")","v":""}]
[null,null,null,null,null,null,null,null,null,null,null,null,null,null,null,null,null,null,null,null,null,null,null,null,null,null,null,null,null,{"$f":"'Baza klientów'!B3638","v":0},false,{"$f":"IF(AE3669=TRUE,COUNTIF($AE$32:AE3669,TRUE()),\"\")","v":""},{"$f":"IFERROR(INDEX($AD:$AD,MATCH(ROWS($AD$32:AD3669),$AF:$AF,0)),\"\")","v":""},null,null,false,{"$f":"IF(AJ3669=TRUE,COUNTIF($AJ$32:AJ3669,TRUE()),\"\")","v":""},{"$f":"IFERROR(INDEX($AD:$AD,MATCH(ROWS($AD$32:AD3669),$AK:$AK,0)),\"\")","v":""},null,false,{"$f":"IF(AN3669=TRUE,COUNTIF($AN$32:AN3669,TRUE()),\"\")","v":""},{"$f":"IFERROR(INDEX($AD:$AD,MATCH(ROWS($AD$32:$AD3669),$AO:$AO,0)),\"\")","v":""}]
[null,null,null,null,null,null,null,null,null,null,null,null,null,null,null,null,null,null,null,null,null,null,null,null,null,null,null,null,null,{"$f":"'Baza klientów'!B3640","v":0},false,{"$f":"IF(AE3671=TRUE,COUNTIF($AE$32:AE3671,TRUE()),\"\")","v":""},{"$f":"IFERROR(INDEX($AD:$AD,MATCH(ROWS($AD$32:AD3671),$AF:$AF,0)),\"\")","v":""},null,null,false,{"$f":"IF(AJ3671=TRUE,COUNTIF($AJ$32:AJ3671,TRUE()),\"\")","v":""},{"$f":"IFERROR(INDEX($AD:$AD,MATCH(ROWS($AD$32:AD3671),$AK:$AK,0)),\"\")","v":""},null,false,{"$f":"IF(AN3671=TRUE,COUNTIF($AN$32:AN3671,TRUE()),\"\")","v":""},{"$f":"IFERROR(INDEX($AD:$AD,MATCH(ROWS($AD$32:$AD3671),$AO:$AO,0)),\"\")","v":""}]
[null,null,null,null,null,null,null,null,null,null,null,null,null,null,null,null,null,null,null,null,null,null,null,null,null,null,null,null,null,{"$f":"'Baza klientów'!B3643","v":0},false,{"$f":"IF(AE3674=TRUE,COUNTIF($AE$32:AE3674,TRUE()),\"\")","v":""},{"$f":"IFERROR(INDEX($AD:$AD,MATCH(ROWS($AD$32:AD3674),$AF:$AF,0)),\"\")","v":""},null,null,false,{"$f":"IF(AJ3674=TRUE,COUNTIF($AJ$32:AJ3674,TRUE()),\"\")","v":""},{"$f":"IFERROR(INDEX($AD:$AD,MATCH(ROWS($AD$32:AD3674),$AK:$AK,0)),\"\")","v":""},null,false,{"$f":"IF(AN3674=TRUE,COUNTIF($AN$32:AN3674,TRUE()),\"\")","v":""},{"$f":"IFERROR(INDEX($AD:$AD,MATCH(ROWS($AD$32:$AD3674),$AO:$AO,0)),\"\")","v":""}]
[null,null,null,null,null,null,null,null,null,null,null,null,null,null,null,null,null,null,null,null,null,null,null,null,null,null,null,null,null,{"$f":"'Baza klientów'!B3648","v":0},false,{"$f":"IF(AE3679=TRUE,COUNTIF($AE$32:AE3679,TRUE()),\"\")","v":""},{"$f":"IFERROR(INDEX($AD:$AD,MATCH(ROWS($AD$32:AD3679),$AF:$AF,0)),\"\")","v":""},null,null,false,{"$f":"IF(AJ3679=TRUE,COUNTIF($AJ$32:AJ3679,TRUE()),\"\")","v":""},{"$f":"IFERROR(INDEX($AD:$AD,MATCH(ROWS($AD$32:AD3679),$AK:$AK,0)),\"\")","v":""},null,false,{"$f":"IF(AN3679=TRUE,COUNTIF($AN$32:AN3679,TRUE()),\"\")","v":""},{"$f":"IFERROR(INDEX($AD:$AD,MATCH(ROWS($AD$32:$AD3679),$AO:$AO,0)),\"\")","v":""}]
[null,null,null,null,null,null,null,null,null,null,null,null,null,null,null,null,null,null,null,null,null,null,null,null,null,null,null,null,null,{"$f":"'Baza klientów'!B3653","v":0},false,{"$f":"IF(AE3684=TRUE,COUNTIF($AE$32:AE3684,TRUE()),\"\")","v":""},{"$f":"IFERROR(INDEX($AD:$AD,MATCH(ROWS($AD$32:AD3684),$AF:$AF,0)),\"\")","v":""},null,null,false,{"$f":"IF(AJ3684=TRUE,COUNTIF($AJ$32:AJ3684,TRUE()),\"\")","v":""},{"$f":"IFERROR(INDEX($AD:$AD,MATCH(ROWS($AD$32:AD3684),$AK:$AK,0)),\"\")","v":""},null,false,{"$f":"IF(AN3684=TRUE,COUNTIF($AN$32:AN3684,TRUE()),\"\")","v":""},{"$f":"IFERROR(INDEX($AD:$AD,MATCH(ROWS($AD$32:$AD3684),$AO:$AO,0)),\"\")","v":""}]
[null,null,null,null,null,null,null,null,null,null,null,null,null,null,null,null,null,null,null,null,null,null,null,null,null,null,null,null,null,{"$f":"'Baza klientów'!B3658","v":0},false,{"$f":"IF(AE3689=TRUE,COUNTIF($AE$32:AE3689,TRUE()),\"\")","v":""},{"$f":"IFERROR(INDEX($AD:$AD,MATCH(ROWS($AD$32:AD3689),$AF:$AF,0)),\"\")","v":""},null,null,false,{"$f":"IF(AJ3689=TRUE,COUNTIF($AJ$32:AJ3689,TRUE()),\"\")","v":""},{"$f":"IFERROR(INDEX($AD:$AD,MATCH(ROWS($AD$32:AD3689),$AK:$AK,0)),\"\")","v":""},null,false,{"$f":"IF(AN3689=TRUE,COUNTIF($AN$32:AN3689,TRUE()),\"\")","v":""},{"$f":"IFERROR(INDEX($AD:$AD,MATCH(ROWS($AD$32:$AD3689),$AO:$AO,0)),\"\")","v":""}]
[null,null,null,null,null,null,null,null,null,null,null,null,null,null,null,null,null,null,null,null,null,null,null,null,null,null,null,null,null,{"$f":"'Baza klientów'!B3661","v":0},false,{"$f":"IF(AE3692=TRUE,COUNTIF($AE$32:AE3692,TRUE()),\"\")","v":""},{"$f":"IFERROR(INDEX($AD:$AD,MATCH(ROWS($AD$32:AD3692),$AF:$AF,0)),\"\")","v":""},null,null,false,{"$f":"IF(AJ3692=TRUE,COUNTIF($AJ$32:AJ3692,TRUE()),\"\")","v":""},{"$f":"IFERROR(INDEX($AD:$AD,MATCH(ROWS($AD$32:AD3692),$AK:$AK,0)),\"\")","v":""},null,false,{"$f":"IF(AN3692=TRUE,COUNTIF($AN$32:AN3692,TRUE()),\"\")","v":""},{"$f":"IFERROR(INDEX($AD:$AD,MATCH(ROWS($AD$32:$AD3692),$AO:$AO,0)),\"\")","v":""}]
[null,null,null,null,null,null,null,null,null,null,null,null,null,null,null,null,null,null,null,null,null,null,null,null,null,null,null,null,null,{"$f":"'Baza klientów'!B3663","v":0},false,{"$f":"IF(AE3694=TRUE,COUNTIF($AE$32:AE3694,TRUE()),\"\")","v":""},{"$f":"IFERROR(INDEX($AD:$AD,MATCH(ROWS($AD$32:AD3694),$AF:$AF,0)),\"\")","v":""},null,null,false,{"$f":"IF(AJ3694=TRUE,COUNTIF($AJ$32:AJ3694,TRUE()),\"\")","v":""},{"$f":"IFERROR(INDEX($AD:$AD,MATCH(ROWS($AD$32:AD3694),$AK:$AK,0)),\"\")","v":""},null,false,{"$f":"IF(AN3694=TRUE,COUNTIF($AN$32:AN3694,TRUE()),\"\")","v":""},{"$f":"IFERROR(INDEX($AD:$AD,MATCH(ROWS($AD$32:$AD3694),$AO:$AO,0)),\"\")","v":""}]
[null,null,null,null,null,null,null,null,null,null,null,null,null,null,null,null,null,null,null,null,null,null,null,null,null,null,null,null,null,{"$f":"'Baza klientów'!B3668","v":0},false,{"$f":"IF(AE3699=TRUE,COUNTIF($AE$32:AE3699,TRUE()),\"\")","v":""},{"$f":"IFERROR(INDEX($AD:$AD,MATCH(ROWS($AD$32:AD3699),$AF:$AF,0)),\"\")","v":""},null,null,false,{"$f":"IF(AJ3699=TRUE,COUNTIF($AJ$32:AJ3699,TRUE()),\"\")","v":""},{"$f":"IFERROR(INDEX($AD:$AD,MATCH(ROWS($AD$32:AD3699),$AK:$AK,0)),\"\")","v":""},null,false,{"$f":"IF(AN3699=TRUE,COUNTIF($AN$32:AN3699,TRUE()),\"\")","v":""},{"$f":"IFERROR(INDEX($AD:$AD,MATCH(ROWS($AD$32:$AD3699),$AO:$AO,0)),\"\")","v":""}]
[null,null,null,null,null,null,null,null,null,null,null,null,null,null,null,null,null,null,null,null,null,null,null,null,null,null,null,null,null,{"$f":"'Baza klientów'!B3673","v":0},false,{"$f":"IF(AE3704=TRUE,COUNTIF($AE$32:AE3704,TRUE()),\"\")","v":""},{"$f":"IFERROR(INDEX($AD:$AD,MATCH(ROWS($AD$32:AD3704),$AF:$AF,0)),\"\")","v":""},null,null,false,{"$f":"IF(AJ3704=TRUE,COUNTIF($AJ$32:AJ3704,TRUE()),\"\")","v":""},{"$f":"IFERROR(INDEX($AD:$AD,MATCH(ROWS($AD$32:AD3704),$AK:$AK,0)),\"\")","v":""},null,false,{"$f":"IF(AN3704=TRUE,COUNTIF($AN$32:AN3704,TRUE()),\"\")","v":""},{"$f":"IFERROR(INDEX($AD:$AD,MATCH(ROWS($AD$32:$AD3704),$AO:$AO,0)),\"\")","v":""}]
[null,null,null,null,null,null,null,null,null,null,null,null,null,null,null,null,null,null,null,null,null,null,null,null,null,null,null,null,null,{"$f":"'Baza klientów'!B3675","v":0},false,{"$f":"IF(AE3706=TRUE,COUNTIF($AE$32:AE3706,TRUE()),\"\")","v":""},{"$f":"IFERROR(INDEX($AD:$AD,MATCH(ROWS($AD$32:AD3706),$AF:$AF,0)),\"\")","v":""},null,null,false,{"$f":"IF(AJ3706=TRUE,COUNTIF($AJ$32:AJ3706,TRUE()),\"\")","v":""},{"$f":"IFERROR(INDEX($AD:$AD,MATCH(ROWS($AD$32:AD3706),$AK:$AK,0)),\"\")","v":""},null,false,{"$f":"IF(AN3706=TRUE,COUNTIF($AN$32:AN3706,TRUE()),\"\")","v":""},{"$f":"IFERROR(INDEX($AD:$AD,MATCH(ROWS($AD$32:$AD3706),$AO:$AO,0)),\"\")","v":""}]
[null,null,null,null,null,null,null,null,null,null,null,null,null,null,null,null,null,null,null,null,null,null,null,null,null,null,null,null,null,{"$f":"'Baza klientów'!B3678","v":0},false,{"$f":"IF(AE3709=TRUE,COUNTIF($AE$32:AE3709,TRUE()),\"\")","v":""},{"$f":"IFERROR(INDEX($AD:$AD,MATCH(ROWS($AD$32:AD3709),$AF:$AF,0)),\"\")","v":""},null,null,false,{"$f":"IF(AJ3709=TRUE,COUNTIF($AJ$32:AJ3709,TRUE()),\"\")","v":""},{"$f":"IFERROR(INDEX($AD:$AD,MATCH(ROWS($AD$32:AD3709),$AK:$AK,0)),\"\")","v":""},null,false,{"$f":"IF(AN3709=TRUE,COUNTIF($AN$32:AN3709,TRUE()),\"\")","v":""},{"$f":"IFERROR(INDEX($AD:$AD,MATCH(ROWS($AD$32:$AD3709),$AO:$AO,0)),\"\")","v":""}]
[null,null,null,null,null,null,null,null,null,null,null,null,null,null,null,null,null,null,null,null,null,null,null,null,null,null,null,null,null,{"$f":"'Baza klientów'!B3683","v":0},false,{"$f":"IF(AE3714=TRUE,COUNTIF($AE$32:AE3714,TRUE()),\"\")","v":""},{"$f":"IFERROR(INDEX($AD:$AD,MATCH(ROWS($AD$32:AD3714),$AF:$AF,0)),\"\")","v":""},null,null,false,{"$f":"IF(AJ3714=TRUE,COUNTIF($AJ$32:AJ3714,TRUE()),\"\")","v":""},{"$f":"IFERROR(INDEX($AD:$AD,MATCH(ROWS($AD$32:AD3714),$AK:$AK,0)),\"\")","v":""},null,false,{"$f":"IF(AN3714=TRUE,COUNTIF($AN$32:AN3714,TRUE()),\"\")","v":""},{"$f":"IFERROR(INDEX($AD:$AD,MATCH(ROWS($AD$32:$AD3714),$AO:$AO,0)),\"\")","v":""}]
[null,null,null,null,null,null,null,null,null,null,null,null,null,null,null,null,null,null,null,null,null,null,null,null,null,null,null,null,null,{"$f":"'Baza klientów'!B3688","v":0},false,{"$f":"IF(AE3719=TRUE,COUNTIF($AE$32:AE3719,TRUE()),\"\")","v":""},{"$f":"IFERROR(INDEX($AD:$AD,MATCH(ROWS($AD$32:AD3719),$AF:$AF,0)),\"\")","v":""},null,null,false,{"$f":"IF(AJ3719=TRUE,COUNTIF($AJ$32:AJ3719,TRUE()),\"\")","v":""},{"$f":"IFERROR(INDEX($AD:$AD,MATCH(ROWS($AD$32:AD3719),$AK:$AK,0)),\"\")","v":""},null,false,{"$f":"IF(AN3719=TRUE,COUNTIF($AN$32:AN3719,TRUE()),\"\")","v":""},{"$f":"IFERROR(INDEX($AD:$AD,MATCH(ROWS($AD$32:$AD3719),$AO:$AO,0)),\"\")","v":""}]
[null,null,null,null,null,null,null,null,null,null,null,null,null,null,null,null,null,null,null,null,null,null,null,null,null,null,null,null,null,{"$f":"'Baza klientów'!B3689","v":0},false,{"$f":"IF(AE3720=TRUE,COUNTIF($AE$32:AE3720,TRUE()),\"\")","v":""},{"$f":"IFERROR(INDEX($AD:$AD,MATCH(ROWS($AD$32:AD3720),$AF:$AF,0)),\"\")","v":""},null,null,false,{"$f":"IF(AJ3720=TRUE,COUNTIF($AJ$32:AJ3720,TRUE()),\"\")","v":""},{"$f":"IFERROR(INDEX($AD:$AD,MATCH(ROWS($AD$32:AD3720),$AK:$AK,0)),\"\")","v":""},null,false,{"$f":"IF(AN3720=TRUE,COUNTIF($AN$32:AN3720,TRUE()),\"\")","v":""},{"$f":"IFERROR(INDEX($AD:$AD,MATCH(ROWS($AD$32:$AD3720),$AO:$AO,0)),\"\")","v":""}]
[null,null,null,null,null,null,null,null,null,null,null,null,null,null,null,null,null,null,null,null,null,null,null,null,null,null,null,null,null,{"$f":"'Baza klientów'!B3693","v":0},false,{"$f":"IF(AE3724=TRUE,COUNTIF($AE$32:AE3724,TRUE()),\"\")","v":""},{"$f":"IFERROR(INDEX($AD:$AD,MATCH(ROWS($AD$32:AD3724),$AF:$AF,0)),\"\")","v":""},null,null,false,{"$f":"IF(AJ3724=TRUE,COUNTIF($AJ$32:AJ3724,TRUE()),\"\")","v":""},{"$f":"IFERROR(INDEX($AD:$AD,MATCH(ROWS($AD$32:AD3724),$AK:$AK,0)),\"\")","v":""},null,false,{"$f":"IF(AN3724=TRUE,COUNTIF($AN$32:AN3724,TRUE()),\"\")","v":""},{"$f":"IFERROR(INDEX($AD:$AD,MATCH(ROWS($AD$32:$AD3724),$AO:$AO,0)),\"\")","v":""}]
[null,null,null,null,null,null,null,null,null,null,null,null,null,null,null,null,null,null,null,null,null,null,null,null,null,null,null,null,null,{"$f":"'Baza klientów'!B3698","v":0},false,{"$f":"IF(AE3729=TRUE,COUNTIF($AE$32:AE3729,TRUE()),\"\")","v":""},{"$f":"IFERROR(INDEX($AD:$AD,MATCH(ROWS($AD$32:AD3729),$AF:$AF,0)),\"\")","v":""},null,null,false,{"$f":"IF(AJ3729=TRUE,COUNTIF($AJ$32:AJ3729,TRUE()),\"\")","v":""},{"$f":"IFERROR(INDEX($AD:$AD,MATCH(ROWS($AD$32:AD3729),$AK:$AK,0)),\"\")","v":""},null,false,{"$f":"IF(AN3729=TRUE,COUNTIF($AN$32:AN3729,TRUE()),\"\")","v":""},{"$f":"IFERROR(INDEX($AD:$AD,MATCH(ROWS($AD$32:$AD3729),$AO:$AO,0)),\"\")","v":""}]
[null,null,null,null,null,null,null,null,null,null,null,null,null,null,null,null,null,null,null,null,null,null,null,null,null,null,null,null,null,{"$f":"'Baza klientów'!B3703","v":0},false,{"$f":"IF(AE3734=TRUE,COUNTIF($AE$32:AE3734,TRUE()),\"\")","v":""},{"$f":"IFERROR(INDEX($AD:$AD,MATCH(ROWS($AD$32:AD3734),$AF:$AF,0)),\"\")","v":""},null,null,false,{"$f":"IF(AJ3734=TRUE,COUNTIF($AJ$32:AJ3734,TRUE()),\"\")","v":""},{"$f":"IFERROR(INDEX($AD:$AD,MATCH(ROWS($AD$32:AD3734),$AK:$AK,0)),\"\")","v":""},null,false,{"$f":"IF(AN3734=TRUE,COUNTIF($AN$32:AN3734,TRUE()),\"\")","v":""},{"$f":"IFERROR(INDEX($AD:$AD,MATCH(ROWS($AD$32:$AD3734),$AO:$AO,0)),\"\")","v":""}]
[null,null,null,null,null,null,null,null,null,null,null,null,null,null,null,null,null,null,null,null,null,null,null,null,null,null,null,null,null,{"$f":"'Baza klientów'!B3704","v":0},false,{"$f":"IF(AE3735=TRUE,COUNTIF($AE$32:AE3735,TRUE()),\"\")","v":""},{"$f":"IFERROR(INDEX($AD:$AD,MATCH(ROWS($AD$32:AD3735),$AF:$AF,0)),\"\")","v":""},null,null,false,{"$f":"IF(AJ3735=TRUE,COUNTIF($AJ$32:AJ3735,TRUE()),\"\")","v":""},{"$f":"IFERROR(INDEX($AD:$AD,MATCH(ROWS($AD$32:AD3735),$AK:$AK,0)),\"\")","v":""},null,false,{"$f":"IF(AN3735=TRUE,COUNTIF($AN$32:AN3735,TRUE()),\"\")","v":""},{"$f":"IFERROR(INDEX($AD:$AD,MATCH(ROWS($AD$32:$AD3735),$AO:$AO,0)),\"\")","v":""}]
[null,null,null,null,null,null,null,null,null,null,null,null,null,null,null,null,null,null,null,null,null,null,null,null,null,null,null,null,null,{"$f":"'Baza klientów'!B3709","v":0},false,{"$f":"IF(AE3740=TRUE,COUNTIF($AE$32:AE3740,TRUE()),\"\")","v":""},{"$f":"IFERROR(INDEX($AD:$AD,MATCH(ROWS($AD$32:AD3740),$AF:$AF,0)),\"\")","v":""},null,null,false,{"$f":"IF(AJ3740=TRUE,COUNTIF($AJ$32:AJ3740,TRUE()),\"\")","v":""},{"$f":"IFERROR(INDEX($AD:$AD,MATCH(ROWS($AD$32:AD3740),$AK:$AK,0)),\"\")","v":""},null,false,{"$f":"IF(AN3740=TRUE,COUNTIF($AN$32:AN3740,TRUE()),\"\")","v":""},{"$f":"IFERROR(INDEX($AD:$AD,MATCH(ROWS($AD$32:$AD3740),$AO:$AO,0)),\"\")","v":""}]
[null,null,null,null,null,null,null,null,null,null,null,null,null,null,null,null,null,null,null,null,null,null,null,null,null,null,null,null,null,{"$f":"'Baza klientów'!B3713","v":0},false,{"$f":"IF(AE3744=TRUE,COUNTIF($AE$32:AE3744,TRUE()),\"\")","v":""},{"$f":"IFERROR(INDEX($AD:$AD,MATCH(ROWS($AD$32:AD3744),$AF:$AF,0)),\"\")","v":""},null,null,false,{"$f":"IF(AJ3744=TRUE,COUNTIF($AJ$32:AJ3744,TRUE()),\"\")","v":""},{"$f":"IFERROR(INDEX($AD:$AD,MATCH(ROWS($AD$32:AD3744),$AK:$AK,0)),\"\")","v":""},null,false,{"$f":"IF(AN3744=TRUE,COUNTIF($AN$32:AN3744,TRUE()),\"\")","v":""},{"$f":"IFERROR(INDEX($AD:$AD,MATCH(ROWS($AD$32:$AD3744),$AO:$AO,0)),\"\")","v":""}]
[null,null,null,null,null,null,null,null,null,null,null,null,null,null,null,null,null,null,null,null,null,null,null,null,null,null,null,null,null,{"$f":"'Baza klientów'!B3718","v":0},false,{"$f":"IF(AE3749=TRUE,COUNTIF($AE$32:AE3749,TRUE()),\"\")","v":""},{"$f":"IFERROR(INDEX($AD:$AD,MATCH(ROWS($AD$32:AD3749),$AF:$AF,0)),\"\")","v":""},null,null,false,{"$f":"IF(AJ3749=TRUE,COUNTIF($AJ$32:AJ3749,TRUE()),\"\")","v":""},{"$f":"IFERROR(INDEX($AD:$AD,MATCH(ROWS($AD$32:AD3749),$AK:$AK,0)),\"\")","v":""},null,false,{"$f":"IF(AN3749=TRUE,COUNTIF($AN$32:AN3749,TRUE()),\"\")","v":""},{"$f":"IFERROR(INDEX($AD:$AD,MATCH(ROWS($AD$32:$AD3749),$AO:$AO,0)),\"\")","v":""}]
[null,null,null,null,null,null,null,null,null,null,null,null,null,null,null,null,null,null,null,null,null,null,null,null,null,null,null,null,null,{"$f":"'Baza klientów'!B3719","v":0},false,{"$f":"IF(AE3750=TRUE,COUNTIF($AE$32:AE3750,TRUE()),\"\")","v":""},{"$f":"IFERROR(INDEX($AD:$AD,MATCH(ROWS($AD$32:AD3750),$AF:$AF,0)),\"\")","v":""},null,null,false,{"$f":"IF(AJ3750=TRUE,COUNTIF($AJ$32:AJ3750,TRUE()),\"\")","v":""},{"$f":"IFERROR(INDEX($AD:$AD,MATCH(ROWS($AD$32:AD3750),$AK:$AK,0)),\"\")","v":""},null,false,{"$f":"IF(AN3750=TRUE,COUNTIF($AN$32:AN3750,TRUE()),\"\")","v":""},{"$f":"IFERROR(INDEX($AD:$AD,MATCH(ROWS($AD$32:$AD3750),$AO:$AO,0)),\"\")","v":""}]
[null,null,null,null,null,null,null,null,null,null,null,null,null,null,null,null,null,null,null,null,null,null,null,null,null,null,null,null,null,{"$f":"'Baza klientów'!B3724","v":0},false,{"$f":"IF(AE3755=TRUE,COUNTIF($AE$32:AE3755,TRUE()),\"\")","v":""},{"$f":"IFERROR(INDEX($AD:$AD,MATCH(ROWS($AD$32:AD3755),$AF:$AF,0)),\"\")","v":""},null,null,false,{"$f":"IF(AJ3755=TRUE,COUNTIF($AJ$32:AJ3755,TRUE()),\"\")","v":""},{"$f":"IFERROR(INDEX($AD:$AD,MATCH(ROWS($AD$32:AD3755),$AK:$AK,0)),\"\")","v":""},null,false,{"$f":"IF(AN3755=TRUE,COUNTIF($AN$32:AN3755,TRUE()),\"\")","v":""},{"$f":"IFERROR(INDEX($AD:$AD,MATCH(ROWS($AD$32:$AD3755),$AO:$AO,0)),\"\")","v":""}]
[null,null,null,null,null,null,null,null,null,null,null,null,null,null,null,null,null,null,null,null,null,null,null,null,null,null,null,null,null,{"$f":"'Baza klientów'!B3727","v":0},false,{"$f":"IF(AE3758=TRUE,COUNTIF($AE$32:AE3758,TRUE()),\"\")","v":""},{"$f":"IFERROR(INDEX($AD:$AD,MATCH(ROWS($AD$32:AD3758),$AF:$AF,0)),\"\")","v":""},null,null,false,{"$f":"IF(AJ3758=TRUE,COUNTIF($AJ$32:AJ3758,TRUE()),\"\")","v":""},{"$f":"IFERROR(INDEX($AD:$AD,MATCH(ROWS($AD$32:AD3758),$AK:$AK,0)),\"\")","v":""},null,false,{"$f":"IF(AN3758=TRUE,COUNTIF($AN$32:AN3758,TRUE()),\"\")","v":""},{"$f":"IFERROR(INDEX($AD:$AD,MATCH(ROWS($AD$32:$AD3758),$AO:$AO,0)),\"\")","v":""}]
[null,null,null,null,null,null,null,null,null,null,null,null,null,null,null,null,null,null,null,null,null,null,null,null,null,null,null,null,null,{"$f":"'Baza klientów'!B3733","v":0},false,{"$f":"IF(AE3764=TRUE,COUNTIF($AE$32:AE3764,TRUE()),\"\")","v":""},{"$f":"IFERROR(INDEX($AD:$AD,MATCH(ROWS($AD$32:AD3764),$AF:$AF,0)),\"\")","v":""},null,null,false,{"$f":"IF(AJ3764=TRUE,COUNTIF($AJ$32:AJ3764,TRUE()),\"\")","v":""},{"$f":"IFERROR(INDEX($AD:$AD,MATCH(ROWS($AD$32:AD3764),$AK:$AK,0)),\"\")","v":""},null,false,{"$f":"IF(AN3764=TRUE,COUNTIF($AN$32:AN3764,TRUE()),\"\")","v":""},{"$f":"IFERROR(INDEX($AD:$AD,MATCH(ROWS($AD$32:$AD3764),$AO:$AO,0)),\"\")","v":""}]
[null,null,null,null,null,null,null,null,null,null,null,null,null,null,null,null,null,null,null,null,null,null,null,null,null,null,null,null,null,{"$f":"'Baza klientów'!B3734","v":0},false,{"$f":"IF(AE3765=TRUE,COUNTIF($AE$32:AE3765,TRUE()),\"\")","v":""},{"$f":"IFERROR(INDEX($AD:$AD,MATCH(ROWS($AD$32:AD3765),$AF:$AF,0)),\"\")","v":""},null,null,false,{"$f":"IF(AJ3765=TRUE,COUNTIF($AJ$32:AJ3765,TRUE()),\"\")","v":""},{"$f":"IFERROR(INDEX($AD:$AD,MATCH(ROWS($AD$32:AD3765),$AK:$AK,0)),\"\")","v":""},null,false,{"$f":"IF(AN3765=TRUE,COUNTIF($AN$32:AN3765,TRUE()),\"\")","v":""},{"$f":"IFERROR(INDEX($AD:$AD,MATCH(ROWS($AD$32:$AD3765),$AO:$AO,0)),\"\")","v":""}]
[null,null,null,null,null,null,null,null,null,null,null,null,null,null,null,null,null,null,null,null,null,null,null,null,null,null,null,null,null,{"$f":"'Baza klientów'!B3739","v":0},false,{"$f":"IF(AE3770=TRUE,COUNTIF($AE$32:AE3770,TRUE()),\"\")","v":""},{"$f":"IFERROR(INDEX($AD:$AD,MATCH(ROWS($AD$32:AD3770),$AF:$AF,0)),\"\")","v":""},null,null,false,{"$f":"IF(AJ3770=TRUE,COUNTIF($AJ$32:AJ3770,TRUE()),\"\")","v":""},{"$f":"IFERROR(INDEX($AD:$AD,MATCH(ROWS($AD$32:AD3770),$AK:$AK,0)),\"\")","v":""},null,false,{"$f":"IF(AN3770=TRUE,COUNTIF($AN$32:AN3770,TRUE()),\"\")","v":""},{"$f":"IFERROR(INDEX($AD:$AD,MATCH(ROWS($AD$32:$AD3770),$AO:$AO,0)),\"\")","v":""}]
[null,null,null,null,null,null,null,null,null,null,null,null,null,null,null,null,null,null,null,null,null,null,null,null,null,null,null,null,null,{"$f":"'Baza klientów'!B3743","v":0},false,{"$f":"IF(AE3774=TRUE,COUNTIF($AE$32:AE3774,TRUE()),\"\")","v":""},{"$f":"IFERROR(INDEX($AD:$AD,MATCH(ROWS($AD$32:AD3774),$AF:$AF,0)),\"\")","v":""},null,null,false,{"$f":"IF(AJ3774=TRUE,COUNTIF($AJ$32:AJ3774,TRUE()),\"\")","v":""},{"$f":"IFERROR(INDEX($AD:$AD,MATCH(ROWS($AD$32:AD3774),$AK:$AK,0)),\"\")","v":""},null,false,{"$f":"IF(AN3774=TRUE,COUNTIF($AN$32:AN3774,TRUE()),\"\")","v":""},{"$f":"IFERROR(INDEX($AD:$AD,MATCH(ROWS($AD$32:$AD3774),$AO:$AO,0)),\"\")","v":""}]
[null,null,null,null,null,null,null,null,null,null,null,null,null,null,null,null,null,null,null,null,null,null,null,null,null,null,null,null,null,{"$f":"'Baza klientów'!B3748","v":0},false,{"$f":"IF(AE3779=TRUE,COUNTIF($AE$32:AE3779,TRUE()),\"\")","v":""},{"$f":"IFERROR(INDEX($AD:$AD,MATCH(ROWS($AD$32:AD3779),$AF:$AF,0)),\"\")","v":""},null,null,false,{"$f":"IF(AJ3779=TRUE,COUNTIF($AJ$32:AJ3779,TRUE()),\"\")","v":""},{"$f":"IFERROR(INDEX($AD:$AD,MATCH(ROWS($AD$32:AD3779),$AK:$AK,0)),\"\")","v":""},null,false,{"$f":"IF(AN3779=TRUE,COUNTIF($AN$32:AN3779,TRUE()),\"\")","v":""},{"$f":"IFERROR(INDEX($AD:$AD,MATCH(ROWS($AD$32:$AD3779),$AO:$AO,0)),\"\")","v":""}]
[null,null,null,null,null,null,null,null,null,null,null,null,null,null,null,null,null,null,null,null,null,null,null,null,null,null,null,null,null,{"$f":"'Baza klientów'!B3749","v":0},false,{"$f":"IF(AE3780=TRUE,COUNTIF($AE$32:AE3780,TRUE()),\"\")","v":""},{"$f":"IFERROR(INDEX($AD:$AD,MATCH(ROWS($AD$32:AD3780),$AF:$AF,0)),\"\")","v":""},null,null,false,{"$f":"IF(AJ3780=TRUE,COUNTIF($AJ$32:AJ3780,TRUE()),\"\")","v":""},{"$f":"IFERROR(INDEX($AD:$AD,MATCH(ROWS($AD$32:AD3780),$AK:$AK,0)),\"\")","v":""},null,false,{"$f":"IF(AN3780=TRUE,COUNTIF($AN$32:AN3780,TRUE()),\"\")","v":""},{"$f":"IFERROR(INDEX($AD:$AD,MATCH(ROWS($AD$32:$AD3780),$AO:$AO,0)),\"\")","v":""}]
[null,null,null,null,null,null,null,null,null,null,null,null,null,null,null,null,null,null,null,null,null,null,null,null,null,null,null,null,null,{"$f":"'Baza klientów'!B3754","v":0},false,{"$f":"IF(AE3785=TRUE,COUNTIF($AE$32:AE3785,TRUE()),\"\")","v":""},{"$f":"IFERROR(INDEX($AD:$AD,MATCH(ROWS($AD$32:AD3785),$AF:$AF,0)),\"\")","v":""},null,null,false,{"$f":"IF(AJ3785=TRUE,COUNTIF($AJ$32:AJ3785,TRUE()),\"\")","v":""},{"$f":"IFERROR(INDEX($AD:$AD,MATCH(ROWS($AD$32:AD3785),$AK:$AK,0)),\"\")","v":""},null,false,{"$f":"IF(AN3785=TRUE,COUNTIF($AN$32:AN3785,TRUE()),\"\")","v":""},{"$f":"IFERROR(INDEX($AD:$AD,MATCH(ROWS($AD$32:$AD3785),$AO:$AO,0)),\"\")","v":""}]
[null,null,null,null,null,null,null,null,null,null,null,null,null,null,null,null,null,null,null,null,null,null,null,null,null,null,null,null,null,{"$f":"'Baza klientów'!B3759","v":0},false,{"$f":"IF(AE3790=TRUE,COUNTIF($AE$32:AE3790,TRUE()),\"\")","v":""},{"$f":"IFERROR(INDEX($AD:$AD,MATCH(ROWS($AD$32:AD3790),$AF:$AF,0)),\"\")","v":""},null,null,false,{"$f":"IF(AJ3790=TRUE,COUNTIF($AJ$32:AJ3790,TRUE()),\"\")","v":""},{"$f":"IFERROR(INDEX($AD:$AD,MATCH(ROWS($AD$32:AD3790),$AK:$AK,0)),\"\")","v":""},null,false,{"$f":"IF(AN3790=TRUE,COUNTIF($AN$32:AN3790,TRUE()),\"\")","v":""},{"$f":"IFERROR(INDEX($AD:$AD,MATCH(ROWS($AD$32:$AD3790),$AO:$AO,0)),\"\")","v":""}]
[null,null,null,null,null,null,null,null,null,null,null,null,null,null,null,null,null,null,null,null,null,null,null,null,null,null,null,null,null,{"$f":"'Baza klientów'!B3761","v":0},false,{"$f":"IF(AE3792=TRUE,COUNTIF($AE$32:AE3792,TRUE()),\"\")","v":""},{"$f":"IFERROR(INDEX($AD:$AD,MATCH(ROWS($AD$32:AD3792),$AF:$AF,0)),\"\")","v":""},null,null,false,{"$f":"IF(AJ3792=TRUE,COUNTIF($AJ$32:AJ3792,TRUE()),\"\")","v":""},{"$f":"IFERROR(INDEX($AD:$AD,MATCH(ROWS($AD$32:AD3792),$AK:$AK,0)),\"\")","v":""},null,false,{"$f":"IF(AN3792=TRUE,COUNTIF($AN$32:AN3792,TRUE()),\"\")","v":""},{"$f":"IFERROR(INDEX($AD:$AD,MATCH(ROWS($AD$32:$AD3792),$AO:$AO,0)),\"\")","v":""}]
[null,null,null,null,null,null,null,null,null,null,null,null,null,null,null,null,null,null,null,null,null,null,null,null,null,null,null,null,null,{"$f":"'Baza klientów'!B3764","v":0},false,{"$f":"IF(AE3795=TRUE,COUNTIF($AE$32:AE3795,TRUE()),\"\")","v":""},{"$f":"IFERROR(INDEX($AD:$AD,MATCH(ROWS($AD$32:AD3795),$AF:$AF,0)),\"\")","v":""},null,null,false,{"$f":"IF(AJ3795=TRUE,COUNTIF($AJ$32:AJ3795,TRUE()),\"\")","v":""},{"$f":"IFERROR(INDEX($AD:$AD,MATCH(ROWS($AD$32:AD3795),$AK:$AK,0)),\"\")","v":""},null,false,{"$f":"IF(AN3795=TRUE,COUNTIF($AN$32:AN3795,TRUE()),\"\")","v":""},{"$f":"IFERROR(INDEX($AD:$AD,MATCH(ROWS($AD$32:$AD3795),$AO:$AO,0)),\"\")","v":""}]
[null,null,null,null,null,null,null,null,null,null,null,null,null,null,null,null,null,null,null,null,null,null,null,null,null,null,null,null,null,{"$f":"'Baza klientów'!B3769","v":0},false,{"$f":"IF(AE3800=TRUE,COUNTIF($AE$32:AE3800,TRUE()),\"\")","v":""},{"$f":"IFERROR(INDEX($AD:$AD,MATCH(ROWS($AD$32:AD3800),$AF:$AF,0)),\"\")","v":""},null,null,false,{"$f":"IF(AJ3800=TRUE,COUNTIF($AJ$32:AJ3800,TRUE()),\"\")","v":""},{"$f":"IFERROR(INDEX($AD:$AD,MATCH(ROWS($AD$32:AD3800),$AK:$AK,0)),\"\")","v":""},null,false,{"$f":"IF(AN3800=TRUE,COUNTIF($AN$32:AN3800,TRUE()),\"\")","v":""},{"$f":"IFERROR(INDEX($AD:$AD,MATCH(ROWS($AD$32:$AD3800),$AO:$AO,0)),\"\")","v":""}]
[null,null,null,null,null,null,null,null,null,null,null,null,null,null,null,null,null,null,null,null,null,null,null,null,null,null,null,null,null,{"$f":"'Baza klientów'!B3774","v":0},false,{"$f":"IF(AE3805=TRUE,COUNTIF($AE$32:AE3805,TRUE()),\"\")","v":""},{"$f":"IFERROR(INDEX($AD:$AD,MATCH(ROWS($AD$32:AD3805),$AF:$AF,0)),\"\")","v":""},null,null,false,{"$f":"IF(AJ3805=TRUE,COUNTIF($AJ$32:AJ3805,TRUE()),\"\")","v":""},{"$f":"IFERROR(INDEX($AD:$AD,MATCH(ROWS($AD$32:AD3805),$AK:$AK,0)),\"\")","v":""},null,false,{"$f":"IF(AN3805=TRUE,COUNTIF($AN$32:AN3805,TRUE()),\"\")","v":""},{"$f":"IFERROR(INDEX($AD:$AD,MATCH(ROWS($AD$32:$AD3805),$AO:$AO,0)),\"\")","v":""}]
[null,null,null,null,null,null,null,null,null,null,null,null,null,null,null,null,null,null,null,null,null,null,null,null,null,null,null,null,null,{"$f":"'Baza klientów'!B3779","v":0},false,{"$f":"IF(AE3810=TRUE,COUNTIF($AE$32:AE3810,TRUE()),\"\")","v":""},{"$f":"IFERROR(INDEX($AD:$AD,MATCH(ROWS($AD$32:AD3810),$AF:$AF,0)),\"\")","v":""},null,null,false,{"$f":"IF(AJ3810=TRUE,COUNTIF($AJ$32:AJ3810,TRUE()),\"\")","v":""},{"$f":"IFERROR(INDEX($AD:$AD,MATCH(ROWS($AD$32:AD3810),$AK:$AK,0)),\"\")","v":""},null,false,{"$f":"IF(AN3810=TRUE,COUNTIF($AN$32:AN3810,TRUE()),\"\")","v":""},{"$f":"IFERROR(INDEX($AD:$AD,MATCH(ROWS($AD$32:$AD3810),$AO:$AO,0)),\"\")","v":""}]
[null,null,null,null,null,null,null,null,null,null,null,null,null,null,null,null,null,null,null,null,null,null,null,null,null,null,null,null,null,{"$f":"'Baza klientów'!B3782","v":0},false,{"$f":"IF(AE3813=TRUE,COUNTIF($AE$32:AE3813,TRUE()),\"\")","v":""},{"$f":"IFERROR(INDEX($AD:$AD,MATCH(ROWS($AD$32:AD3813),$AF:$AF,0)),\"\")","v":""},null,null,false,{"$f":"IF(AJ3813=TRUE,COUNTIF($AJ$32:AJ3813,TRUE()),\"\")","v":""},{"$f":"IFERROR(INDEX($AD:$AD,MATCH(ROWS($AD$32:AD3813),$AK:$AK,0)),\"\")","v":""},null,false,{"$f":"IF(AN3813=TRUE,COUNTIF($AN$32:AN3813,TRUE()),\"\")","v":""},{"$f":"IFERROR(INDEX($AD:$AD,MATCH(ROWS($AD$32:$AD3813),$AO:$AO,0)),\"\")","v":""}]
[null,null,null,null,null,null,null,null,null,null,null,null,null,null,null,null,null,null,null,null,null,null,null,null,null,null,null,null,null,{"$f":"'Baza klientów'!B3784","v":0},false,{"$f":"IF(AE3815=TRUE,COUNTIF($AE$32:AE3815,TRUE()),\"\")","v":""},{"$f":"IFERROR(INDEX($AD:$AD,MATCH(ROWS($AD$32:AD3815),$AF:$AF,0)),\"\")","v":""},null,null,false,{"$f":"IF(AJ3815=TRUE,COUNTIF($AJ$32:AJ3815,TRUE()),\"\")","v":""},{"$f":"IFERROR(INDEX($AD:$AD,MATCH(ROWS($AD$32:AD3815),$AK:$AK,0)),\"\")","v":""},null,false,{"$f":"IF(AN3815=TRUE,COUNTIF($AN$32:AN3815,TRUE()),\"\")","v":""},{"$f":"IFERROR(INDEX($AD:$AD,MATCH(ROWS($AD$32:$AD3815),$AO:$AO,0)),\"\")","v":""}]
[null,null,null,null,null,null,null,null,null,null,null,null,null,null,null,null,null,null,null,null,null,null,null,null,null,null,null,null,null,{"$f":"'Baza klientów'!B3789","v":0},false,{"$f":"IF(AE3820=TRUE,COUNTIF($AE$32:AE3820,TRUE()),\"\")","v":""},{"$f":"IFERROR(INDEX($AD:$AD,MATCH(ROWS($AD$32:AD3820),$AF:$AF,0)),\"\")","v":""},null,null,false,{"$f":"IF(AJ3820=TRUE,COUNTIF($AJ$32:AJ3820,TRUE()),\"\")","v":""},{"$f":"IFERROR(INDEX($AD:$AD,MATCH(ROWS($AD$32:AD3820),$AK:$AK,0)),\"\")","v":""},null,false,{"$f":"IF(AN3820=TRUE,COUNTIF($AN$32:AN3820,TRUE()),\"\")","v":""},{"$f":"IFERROR(INDEX($AD:$AD,MATCH(ROWS($AD$32:$AD3820),$AO:$AO,0)),\"\")","v":""}]
[null,null,null,null,null,null,null,null,null,null,null,null,null,null,null,null,null,null,null,null,null,null,null,null,null,null,null,null,null,{"$f":"'Baza klientów'!B3794","v":0},false,{"$f":"IF(AE3825=TRUE,COUNTIF($AE$32:AE3825,TRUE()),\"\")","v":""},{"$f":"IFERROR(INDEX($AD:$AD,MATCH(ROWS($AD$32:AD3825),$AF:$AF,0)),\"\")","v":""},null,null,false,{"$f":"IF(AJ3825=TRUE,COUNTIF($AJ$32:AJ3825,TRUE()),\"\")","v":""},{"$f":"IFERROR(INDEX($AD:$AD,MATCH(ROWS($AD$32:AD3825),$AK:$AK,0)),\"\")","v":""},null,false,{"$f":"IF(AN3825=TRUE,COUNTIF($AN$32:AN3825,TRUE()),\"\")","v":""},{"$f":"IFERROR(INDEX($AD:$AD,MATCH(ROWS($AD$32:$AD3825),$AO:$AO,0)),\"\")","v":""}]
[null,null,null,null,null,null,null,null,null,null,null,null,null,null,null,null,null,null,null,null,null,null,null,null,null,null,null,null,null,{"$f":"'Baza klientów'!B3796","v":0},false,{"$f":"IF(AE3827=TRUE,COUNTIF($AE$32:AE3827,TRUE()),\"\")","v":""},{"$f":"IFERROR(INDEX($AD:$AD,MATCH(ROWS($AD$32:AD3827),$AF:$AF,0)),\"\")","v":""},null,null,false,{"$f":"IF(AJ3827=TRUE,COUNTIF($AJ$32:AJ3827,TRUE()),\"\")","v":""},{"$f":"IFERROR(INDEX($AD:$AD,MATCH(ROWS($AD$32:AD3827),$AK:$AK,0)),\"\")","v":""},null,false,{"$f":"IF(AN3827=TRUE,COUNTIF($AN$32:AN3827,TRUE()),\"\")","v":""},{"$f":"IFERROR(INDEX($AD:$AD,MATCH(ROWS($AD$32:$AD3827),$AO:$AO,0)),\"\")","v":""}]
[null,null,null,null,null,null,null,null,null,null,null,null,null,null,null,null,null,null,null,null,null,null,null,null,null,null,null,null,null,{"$f":"'Baza klientów'!B3799","v":0},false,{"$f":"IF(AE3830=TRUE,COUNTIF($AE$32:AE3830,TRUE()),\"\")","v":""},{"$f":"IFERROR(INDEX($AD:$AD,MATCH(ROWS($AD$32:AD3830),$AF:$AF,0)),\"\")","v":""},null,null,false,{"$f":"IF(AJ3830=TRUE,COUNTIF($AJ$32:AJ3830,TRUE()),\"\")","v":""},{"$f":"IFERROR(INDEX($AD:$AD,MATCH(ROWS($AD$32:AD3830),$AK:$AK,0)),\"\")","v":""},null,false,{"$f":"IF(AN3830=TRUE,COUNTIF($AN$32:AN3830,TRUE()),\"\")","v":""},{"$f":"IFERROR(INDEX($AD:$AD,MATCH(ROWS($AD$32:$AD3830),$AO:$AO,0)),\"\")","v":""}]
[null,null,null,null,null,null,null,null,null,null,null,null,null,null,null,null,null,null,null,null,null,null,null,null,null,null,null,null,null,{"$f":"'Baza klientów'!B3804","v":0},false,{"$f":"IF(AE3835=TRUE,COUNTIF($AE$32:AE3835,TRUE()),\"\")","v":""},{"$f":"IFERROR(INDEX($AD:$AD,MATCH(ROWS($AD$32:AD3835),$AF:$AF,0)),\"\")","v":""},null,null,false,{"$f":"IF(AJ3835=TRUE,COUNTIF($AJ$32:AJ3835,TRUE()),\"\")","v":""},{"$f":"IFERROR(INDEX($AD:$AD,MATCH(ROWS($AD$32:AD3835),$AK:$AK,0)),\"\")","v":""},null,false,{"$f":"IF(AN3835=TRUE,COUNTIF($AN$32:AN3835,TRUE()),\"\")","v":""},{"$f":"IFERROR(INDEX($AD:$AD,MATCH(ROWS($AD$32:$AD3835),$AO:$AO,0)),\"\")","v":""}]
[null,null,null,null,null,null,null,null,null,null,null,null,null,null,null,null,null,null,null,null,null,null,null,null,null,null,null,null,null,{"$f":"'Baza klientów'!B3809","v":0},false,{"$f":"IF(AE3840=TRUE,COUNTIF($AE$32:AE3840,TRUE()),\"\")","v":""},{"$f":"IFERROR(INDEX($AD:$AD,MATCH(ROWS($AD$32:AD3840),$AF:$AF,0)),\"\")","v":""},null,null,false,{"$f":"IF(AJ3840=TRUE,COUNTIF($AJ$32:AJ3840,TRUE()),\"\")","v":""},{"$f":"IFERROR(INDEX($AD:$AD,MATCH(ROWS($AD$32:AD3840),$AK:$AK,0)),\"\")","v":""},null,false,{"$f":"IF(AN3840=TRUE,COUNTIF($AN$32:AN3840,TRUE()),\"\")","v":""},{"$f":"IFERROR(INDEX($AD:$AD,MATCH(ROWS($AD$32:$AD3840),$AO:$AO,0)),\"\")","v":""}]
[null,null,null,null,null,null,null,null,null,null,null,null,null,null,null,null,null,null,null,null,null,null,null,null,null,null,null,null,null,{"$f":"'Baza klientów'!B3810","v":0},false,{"$f":"IF(AE3841=TRUE,COUNTIF($AE$32:AE3841,TRUE()),\"\")","v":""},{"$f":"IFERROR(INDEX($AD:$AD,MATCH(ROWS($AD$32:AD3841),$AF:$AF,0)),\"\")","v":""},null,null,false,{"$f":"IF(AJ3841=TRUE,COUNTIF($AJ$32:AJ3841,TRUE()),\"\")","v":""},{"$f":"IFERROR(INDEX($AD:$AD,MATCH(ROWS($AD$32:AD3841),$AK:$AK,0)),\"\")","v":""},null,false,{"$f":"IF(AN3841=TRUE,COUNTIF($AN$32:AN3841,TRUE()),\"\")","v":""},{"$f":"IFERROR(INDEX($AD:$AD,MATCH(ROWS($AD$32:$AD3841),$AO:$AO,0)),\"\")","v":""}]
[null,null,null,null,null,null,null,null,null,null,null,null,null,null,null,null,null,null,null,null,null,null,null,null,null,null,null,null,null,{"$f":"'Baza klientów'!B3814","v":0},false,{"$f":"IF(AE3845=TRUE,COUNTIF($AE$32:AE3845,TRUE()),\"\")","v":""},{"$f":"IFERROR(INDEX($AD:$AD,MATCH(ROWS($AD$32:AD3845),$AF:$AF,0)),\"\")","v":""},null,null,false,{"$f":"IF(AJ3845=TRUE,COUNTIF($AJ$32:AJ3845,TRUE()),\"\")","v":""},{"$f":"IFERROR(INDEX($AD:$AD,MATCH(ROWS($AD$32:AD3845),$AK:$AK,0)),\"\")","v":""},null,false,{"$f":"IF(AN3845=TRUE,COUNTIF($AN$32:AN3845,TRUE()),\"\")","v":""},{"$f":"IFERROR(INDEX($AD:$AD,MATCH(ROWS($AD$32:$AD3845),$AO:$AO,0)),\"\")","v":""}]
[null,null,null,null,null,null,null,null,null,null,null,null,null,null,null,null,null,null,null,null,null,null,null,null,null,null,null,null,null,{"$f":"'Baza klientów'!B3819","v":0},false,{"$f":"IF(AE3850=TRUE,COUNTIF($AE$32:AE3850,TRUE()),\"\")","v":""},{"$f":"IFERROR(INDEX($AD:$AD,MATCH(ROWS($AD$32:AD3850),$AF:$AF,0)),\"\")","v":""},null,null,false,{"$f":"IF(AJ3850=TRUE,COUNTIF($AJ$32:AJ3850,TRUE()),\"\")","v":""},{"$f":"IFERROR(INDEX($AD:$AD,MATCH(ROWS($AD$32:AD3850),$AK:$AK,0)),\"\")","v":""},null,false,{"$f":"IF(AN3850=TRUE,COUNTIF($AN$32:AN3850,TRUE()),\"\")","v":""},{"$f":"IFERROR(INDEX($AD:$AD,MATCH(ROWS($AD$32:$AD3850),$AO:$AO,0)),\"\")","v":""}]
[null,null,null,null,null,null,null,null,null,null,null,null,null,null,null,null,null,null,null,null,null,null,null,null,null,null,null,null,null,{"$f":"'Baza klientów'!B3824","v":0},false,{"$f":"IF(AE3855=TRUE,COUNTIF($AE$32:AE3855,TRUE()),\"\")","v":""},{"$f":"IFERROR(INDEX($AD:$AD,MATCH(ROWS($AD$32:AD3855),$AF:$AF,0)),\"\")","v":""},null,null,false,{"$f":"IF(AJ3855=TRUE,COUNTIF($AJ$32:AJ3855,TRUE()),\"\")","v":""},{"$f":"IFERROR(INDEX($AD:$AD,MATCH(ROWS($AD$32:AD3855),$AK:$AK,0)),\"\")","v":""},null,false,{"$f":"IF(AN3855=TRUE,COUNTIF($AN$32:AN3855,TRUE()),\"\")","v":""},{"$f":"IFERROR(INDEX($AD:$AD,MATCH(ROWS($AD$32:$AD3855),$AO:$AO,0)),\"\")","v":""}]
[null,null,null,null,null,null,null,null,null,null,null,null,null,null,null,null,null,null,null,null,null,null,null,null,null,null,null,null,null,{"$f":"'Baza klientów'!B3825","v":0},false,{"$f":"IF(AE3856=TRUE,COUNTIF($AE$32:AE3856,TRUE()),\"\")","v":""},{"$f":"IFERROR(INDEX($AD:$AD,MATCH(ROWS($AD$32:AD3856),$AF:$AF,0)),\"\")","v":""},null,null,false,{"$f":"IF(AJ3856=TRUE,COUNTIF($AJ$32:AJ3856,TRUE()),\"\")","v":""},{"$f":"IFERROR(INDEX($AD:$AD,MATCH(ROWS($AD$32:AD3856),$AK:$AK,0)),\"\")","v":""},null,false,{"$f":"IF(AN3856=TRUE,COUNTIF($AN$32:AN3856,TRUE()),\"\")","v":""},{"$f":"IFERROR(INDEX($AD:$AD,MATCH(ROWS($AD$32:$AD3856),$AO:$AO,0)),\"\")","v":""}]
[null,null,null,null,null,null,null,null,null,null,null,null,null,null,null,null,null,null,null,null,null,null,null,null,null,null,null,null,null,{"$f":"'Baza klientów'!B3830","v":0},false,{"$f":"IF(AE3861=TRUE,COUNTIF($AE$32:AE3861,TRUE()),\"\")","v":""},{"$f":"IFERROR(INDEX($AD:$AD,MATCH(ROWS($AD$32:AD3861),$AF:$AF,0)),\"\")","v":""},null,null,false,{"$f":"IF(AJ3861=TRUE,COUNTIF($AJ$32:AJ3861,TRUE()),\"\")","v":""},{"$f":"IFERROR(INDEX($AD:$AD,MATCH(ROWS($AD$32:AD3861),$AK:$AK,0)),\"\")","v":""},null,false,{"$f":"IF(AN3861=TRUE,COUNTIF($AN$32:AN3861,TRUE()),\"\")","v":""},{"$f":"IFERROR(INDEX($AD:$AD,MATCH(ROWS($AD$32:$AD3861),$AO:$AO,0)),\"\")","v":""}]
[null,null,null,null,null,null,null,null,null,null,null,null,null,null,null,null,null,null,null,null,null,null,null,null,null,null,null,null,null,{"$f":"'Baza klientów'!B3834","v":0},false,{"$f":"IF(AE3865=TRUE,COUNTIF($AE$32:AE3865,TRUE()),\"\")","v":""},{"$f":"IFERROR(INDEX($AD:$AD,MATCH(ROWS($AD$32:AD3865),$AF:$AF,0)),\"\")","v":""},null,null,false,{"$f":"IF(AJ3865=TRUE,COUNTIF($AJ$32:AJ3865,TRUE()),\"\")","v":""},{"$f":"IFERROR(INDEX($AD:$AD,MATCH(ROWS($AD$32:AD3865),$AK:$AK,0)),\"\")","v":""},null,false,{"$f":"IF(AN3865=TRUE,COUNTIF($AN$32:AN3865,TRUE()),\"\")","v":""},{"$f":"IFERROR(INDEX($AD:$AD,MATCH(ROWS($AD$32:$AD3865),$AO:$AO,0)),\"\")","v":""}]
[null,null,null,null,null,null,null,null,null,null,null,null,null,null,null,null,null,null,null,null,null,null,null,null,null,null,null,null,null,{"$f":"'Baza klientów'!B3839","v":0},false,{"$f":"IF(AE3870=TRUE,COUNTIF($AE$32:AE3870,TRUE()),\"\")","v":""},{"$f":"IFERROR(INDEX($AD:$AD,MATCH(ROWS($AD$32:AD3870),$AF:$AF,0)),\"\")","v":""},null,null,false,{"$f":"IF(AJ3870=TRUE,COUNTIF($AJ$32:AJ3870,TRUE()),\"\")","v":""},{"$f":"IFERROR(INDEX($AD:$AD,MATCH(ROWS($AD$32:AD3870),$AK:$AK,0)),\"\")","v":""},null,false,{"$f":"IF(AN3870=TRUE,COUNTIF($AN$32:AN3870,TRUE()),\"\")","v":""},{"$f":"IFERROR(INDEX($AD:$AD,MATCH(ROWS($AD$32:$AD3870),$AO:$AO,0)),\"\")","v":""}]
[null,null,null,null,null,null,null,null,null,null,null,null,null,null,null,null,null,null,null,null,null,null,null,null,null,null,null,null,null,{"$f":"'Baza klientów'!B3840","v":0},false,{"$f":"IF(AE3871=TRUE,COUNTIF($AE$32:AE3871,TRUE()),\"\")","v":""},{"$f":"IFERROR(INDEX($AD:$AD,MATCH(ROWS($AD$32:AD3871),$AF:$AF,0)),\"\")","v":""},null,null,false,{"$f":"IF(AJ3871=TRUE,COUNTIF($AJ$32:AJ3871,TRUE()),\"\")","v":""},{"$f":"IFERROR(INDEX($AD:$AD,MATCH(ROWS($AD$32:AD3871),$AK:$AK,0)),\"\")","v":""},null,false,{"$f":"IF(AN3871=TRUE,COUNTIF($AN$32:AN3871,TRUE()),\"\")","v":""},{"$f":"IFERROR(INDEX($AD:$AD,MATCH(ROWS($AD$32:$AD3871),$AO:$AO,0)),\"\")","v":""}]
[null,null,null,null,null,null,null,null,null,null,null,null,null,null,null,null,null,null,null,null,null,null,null,null,null,null,null,null,null,{"$f":"'Baza klientów'!B3845","v":0},false,{"$f":"IF(AE3876=TRUE,COUNTIF($AE$32:AE3876,TRUE()),\"\")","v":""},{"$f":"IFERROR(INDEX($AD:$AD,MATCH(ROWS($AD$32:AD3876),$AF:$AF,0)),\"\")","v":""},null,null,false,{"$f":"IF(AJ3876=TRUE,COUNTIF($AJ$32:AJ3876,TRUE()),\"\")","v":""},{"$f":"IFERROR(INDEX($AD:$AD,MATCH(ROWS($AD$32:AD3876),$AK:$AK,0)),\"\")","v":""},null,false,{"$f":"IF(AN3876=TRUE,COUNTIF($AN$32:AN3876,TRUE()),\"\")","v":""},{"$f":"IFERROR(INDEX($AD:$AD,MATCH(ROWS($AD$32:$AD3876),$AO:$AO,0)),\"\")","v":""}]
[null,null,null,null,null,null,null,null,null,null,null,null,null,null,null,null,null,null,null,null,null,null,null,null,null,null,null,null,null,{"$f":"'Baza klientów'!B3848","v":0},false,{"$f":"IF(AE3879=TRUE,COUNTIF($AE$32:AE3879,TRUE()),\"\")","v":""},{"$f":"IFERROR(INDEX($AD:$AD,MATCH(ROWS($AD$32:AD3879),$AF:$AF,0)),\"\")","v":""},null,null,false,{"$f":"IF(AJ3879=TRUE,COUNTIF($AJ$32:AJ3879,TRUE()),\"\")","v":""},{"$f":"IFERROR(INDEX($AD:$AD,MATCH(ROWS($AD$32:AD3879),$AK:$AK,0)),\"\")","v":""},null,false,{"$f":"IF(AN3879=TRUE,COUNTIF($AN$32:AN3879,TRUE()),\"\")","v":""},{"$f":"IFERROR(INDEX($AD:$AD,MATCH(ROWS($AD$32:$AD3879),$AO:$AO,0)),\"\")","v":""}]
[null,null,null,null,null,null,null,null,null,null,null,null,null,null,null,null,null,null,null,null,null,null,null,null,null,null,null,null,null,{"$f":"'Baza klientów'!B3854","v":0},false,{"$f":"IF(AE3885=TRUE,COUNTIF($AE$32:AE3885,TRUE()),\"\")","v":""},{"$f":"IFERROR(INDEX($AD:$AD,MATCH(ROWS($AD$32:AD3885),$AF:$AF,0)),\"\")","v":""},null,null,false,{"$f":"IF(AJ3885=TRUE,COUNTIF($AJ$32:AJ3885,TRUE()),\"\")","v":""},{"$f":"IFERROR(INDEX($AD:$AD,MATCH(ROWS($AD$32:AD3885),$AK:$AK,0)),\"\")","v":""},null,false,{"$f":"IF(AN3885=TRUE,COUNTIF($AN$32:AN3885,TRUE()),\"\")","v":""},{"$f":"IFERROR(INDEX($AD:$AD,MATCH(ROWS($AD$32:$AD3885),$AO:$AO,0)),\"\")","v":""}]
[null,null,null,null,null,null,null,null,null,null,null,null,null,null,null,null,null,null,null,null,null,null,null,null,null,null,null,null,null,{"$f":"'Baza klientów'!B3855","v":0},false,{"$f":"IF(AE3886=TRUE,COUNTIF($AE$32:AE3886,TRUE()),\"\")","v":""},{"$f":"IFERROR(INDEX($AD:$AD,MATCH(ROWS($AD$32:AD3886),$AF:$AF,0)),\"\")","v":""},null,null,false,{"$f":"IF(AJ3886=TRUE,COUNTIF($AJ$32:AJ3886,TRUE()),\"\")","v":""},{"$f":"IFERROR(INDEX($AD:$AD,MATCH(ROWS($AD$32:AD3886),$AK:$AK,0)),\"\")","v":""},null,false,{"$f":"IF(AN3886=TRUE,COUNTIF($AN$32:AN3886,TRUE()),\"\")","v":""},{"$f":"IFERROR(INDEX($AD:$AD,MATCH(ROWS($AD$32:$AD3886),$AO:$AO,0)),\"\")","v":""}]
[null,null,null,null,null,null,null,null,null,null,null,null,null,null,null,null,null,null,null,null,null,null,null,null,null,null,null,null,null,{"$f":"'Baza klientów'!B3860","v":0},false,{"$f":"IF(AE3891=TRUE,COUNTIF($AE$32:AE3891,TRUE()),\"\")","v":""},{"$f":"IFERROR(INDEX($AD:$AD,MATCH(ROWS($AD$32:AD3891),$AF:$AF,0)),\"\")","v":""},null,null,false,{"$f":"IF(AJ3891=TRUE,COUNTIF($AJ$32:AJ3891,TRUE()),\"\")","v":""},{"$f":"IFERROR(INDEX($AD:$AD,MATCH(ROWS($AD$32:AD3891),$AK:$AK,0)),\"\")","v":""},null,false,{"$f":"IF(AN3891=TRUE,COUNTIF($AN$32:AN3891,TRUE()),\"\")","v":""},{"$f":"IFERROR(INDEX($AD:$AD,MATCH(ROWS($AD$32:$AD3891),$AO:$AO,0)),\"\")","v":""}]
[null,null,null,null,null,null,null,null,null,null,null,null,null,null,null,null,null,null,null,null,null,null,null,null,null,null,null,null,null,{"$f":"'Baza klientów'!B3865","v":0},false,{"$f":"IF(AE3896=TRUE,COUNTIF($AE$32:AE3896,TRUE()),\"\")","v":""},{"$f":"IFERROR(INDEX($AD:$AD,MATCH(ROWS($AD$32:AD3896),$AF:$AF,0)),\"\")","v":""},null,null,false,{"$f":"IF(AJ3896=TRUE,COUNTIF($AJ$32:AJ3896,TRUE()),\"\")","v":""},{"$f":"IFERROR(INDEX($AD:$AD,MATCH(ROWS($AD$32:AD3896),$AK:$AK,0)),\"\")","v":""},null,false,{"$f":"IF(AN3896=TRUE,COUNTIF($AN$32:AN3896,TRUE()),\"\")","v":""},{"$f":"IFERROR(INDEX($AD:$AD,MATCH(ROWS($AD$32:$AD3896),$AO:$AO,0)),\"\")","v":""}]
[null,null,null,null,null,null,null,null,null,null,null,null,null,null,null,null,null,null,null,null,null,null,null,null,null,null,null,null,null,{"$f":"'Baza klientów'!B3869","v":0},false,{"$f":"IF(AE3900=TRUE,COUNTIF($AE$32:AE3900,TRUE()),\"\")","v":""},{"$f":"IFERROR(INDEX($AD:$AD,MATCH(ROWS($AD$32:AD3900),$AF:$AF,0)),\"\")","v":""},null,null,false,{"$f":"IF(AJ3900=TRUE,COUNTIF($AJ$32:AJ3900,TRUE()),\"\")","v":""},{"$f":"IFERROR(INDEX($AD:$AD,MATCH(ROWS($AD$32:AD3900),$AK:$AK,0)),\"\")","v":""},null,false,{"$f":"IF(AN3900=TRUE,COUNTIF($AN$32:AN3900,TRUE()),\"\")","v":""},{"$f":"IFERROR(INDEX($AD:$AD,MATCH(ROWS($AD$32:$AD3900),$AO:$AO,0)),\"\")","v":""}]
[null,null,null,null,null,null,null,null,null,null,null,null,null,null,null,null,null,null,null,null,null,null,null,null,null,null,null,null,null,{"$f":"'Baza klientów'!B3870","v":0},false,{"$f":"IF(AE3901=TRUE,COUNTIF($AE$32:AE3901,TRUE()),\"\")","v":""},{"$f":"IFERROR(INDEX($AD:$AD,MATCH(ROWS($AD$32:AD3901),$AF:$AF,0)),\"\")","v":""},null,null,false,{"$f":"IF(AJ3901=TRUE,COUNTIF($AJ$32:AJ3901,TRUE()),\"\")","v":""},{"$f":"IFERROR(INDEX($AD:$AD,MATCH(ROWS($AD$32:AD3901),$AK:$AK,0)),\"\")","v":""},null,false,{"$f":"IF(AN3901=TRUE,COUNTIF($AN$32:AN3901,TRUE()),\"\")","v":""},{"$f":"IFERROR(INDEX($AD:$AD,MATCH(ROWS($AD$32:$AD3901),$AO:$AO,0)),\"\")","v":""}]
[null,null,null,null,null,null,null,null,null,null,null,null,null,null,null,null,null,null,null,null,null,null,null,null,null,null,null,null,null,{"$f":"'Baza klientów'!B3875","v":0},false,{"$f":"IF(AE3906=TRUE,COUNTIF($AE$32:AE3906,TRUE()),\"\")","v":""},{"$f":"IFERROR(INDEX($AD:$AD,MATCH(ROWS($AD$32:AD3906),$AF:$AF,0)),\"\")","v":""},null,null,false,{"$f":"IF(AJ3906=TRUE,COUNTIF($AJ$32:AJ3906,TRUE()),\"\")","v":""},{"$f":"IFERROR(INDEX($AD:$AD,MATCH(ROWS($AD$32:AD3906),$AK:$AK,0)),\"\")","v":""},null,false,{"$f":"IF(AN3906=TRUE,COUNTIF($AN$32:AN3906,TRUE()),\"\")","v":""},{"$f":"IFERROR(INDEX($AD:$AD,MATCH(ROWS($AD$32:$AD3906),$AO:$AO,0)),\"\")","v":""}]
[null,null,null,null,null,null,null,null,null,null,null,null,null,null,null,null,null,null,null,null,null,null,null,null,null,null,null,null,null,{"$f":"'Baza klientów'!B3880","v":0},false,{"$f":"IF(AE3911=TRUE,COUNTIF($AE$32:AE3911,TRUE()),\"\")","v":""},{"$f":"IFERROR(INDEX($AD:$AD,MATCH(ROWS($AD$32:AD3911),$AF:$AF,0)),\"\")","v":""},null,null,false,{"$f":"IF(AJ3911=TRUE,COUNTIF($AJ$32:AJ3911,TRUE()),\"\")","v":""},{"$f":"IFERROR(INDEX($AD:$AD,MATCH(ROWS($AD$32:AD3911),$AK:$AK,0)),\"\")","v":""},null,false,{"$f":"IF(AN3911=TRUE,COUNTIF($AN$32:AN3911,TRUE()),\"\")","v":""},{"$f":"IFERROR(INDEX($AD:$AD,MATCH(ROWS($AD$32:$AD3911),$AO:$AO,0)),\"\")","v":""}]
[null,null,null,null,null,null,null,null,null,null,null,null,null,null,null,null,null,null,null,null,null,null,null,null,null,null,null,null,null,{"$f":"'Baza klientów'!B3883","v":0},false,{"$f":"IF(AE3914=TRUE,COUNTIF($AE$32:AE3914,TRUE()),\"\")","v":""},{"$f":"IFERROR(INDEX($AD:$AD,MATCH(ROWS($AD$32:AD3914),$AF:$AF,0)),\"\")","v":""},null,null,false,{"$f":"IF(AJ3914=TRUE,COUNTIF($AJ$32:AJ3914,TRUE()),\"\")","v":""},{"$f":"IFERROR(INDEX($AD:$AD,MATCH(ROWS($AD$32:AD3914),$AK:$AK,0)),\"\")","v":""},null,false,{"$f":"IF(AN3914=TRUE,COUNTIF($AN$32:AN3914,TRUE()),\"\")","v":""},{"$f":"IFERROR(INDEX($AD:$AD,MATCH(ROWS($AD$32:$AD3914),$AO:$AO,0)),\"\")","v":""}]
[null,null,null,null,null,null,null,null,null,null,null,null,null,null,null,null,null,null,null,null,null,null,null,null,null,null,null,null,null,{"$f":"'Baza klientów'!B3885","v":0},false,{"$f":"IF(AE3916=TRUE,COUNTIF($AE$32:AE3916,TRUE()),\"\")","v":""},{"$f":"IFERROR(INDEX($AD:$AD,MATCH(ROWS($AD$32:AD3916),$AF:$AF,0)),\"\")","v":""},null,null,false,{"$f":"IF(AJ3916=TRUE,COUNTIF($AJ$32:AJ3916,TRUE()),\"\")","v":""},{"$f":"IFERROR(INDEX($AD:$AD,MATCH(ROWS($AD$32:AD3916),$AK:$AK,0)),\"\")","v":""},null,false,{"$f":"IF(AN3916=TRUE,COUNTIF($AN$32:AN3916,TRUE()),\"\")","v":""},{"$f":"IFERROR(INDEX($AD:$AD,MATCH(ROWS($AD$32:$AD3916),$AO:$AO,0)),\"\")","v":""}]
[null,null,null,null,null,null,null,null,null,null,null,null,null,null,null,null,null,null,null,null,null,null,null,null,null,null,null,null,null,{"$f":"'Baza klientów'!B3890","v":0},false,{"$f":"IF(AE3921=TRUE,COUNTIF($AE$32:AE3921,TRUE()),\"\")","v":""},{"$f":"IFERROR(INDEX($AD:$AD,MATCH(ROWS($AD$32:AD3921),$AF:$AF,0)),\"\")","v":""},null,null,false,{"$f":"IF(AJ3921=TRUE,COUNTIF($AJ$32:AJ3921,TRUE()),\"\")","v":""},{"$f":"IFERROR(INDEX($AD:$AD,MATCH(ROWS($AD$32:AD3921),$AK:$AK,0)),\"\")","v":""},null,false,{"$f":"IF(AN3921=TRUE,COUNTIF($AN$32:AN3921,TRUE()),\"\")","v":""},{"$f":"IFERROR(INDEX($AD:$AD,MATCH(ROWS($AD$32:$AD3921),$AO:$AO,0)),\"\")","v":""}]
[null,null,null,null,null,null,null,null,null,null,null,null,null,null,null,null,null,null,null,null,null,null,null,null,null,null,null,null,null,{"$f":"'Baza klientów'!B3895","v":0},false,{"$f":"IF(AE3926=TRUE,COUNTIF($AE$32:AE3926,TRUE()),\"\")","v":""},{"$f":"IFERROR(INDEX($AD:$AD,MATCH(ROWS($AD$32:AD3926),$AF:$AF,0)),\"\")","v":""},null,null,false,{"$f":"IF(AJ3926=TRUE,COUNTIF($AJ$32:AJ3926,TRUE()),\"\")","v":""},{"$f":"IFERROR(INDEX($AD:$AD,MATCH(ROWS($AD$32:AD3926),$AK:$AK,0)),\"\")","v":""},null,false,{"$f":"IF(AN3926=TRUE,COUNTIF($AN$32:AN3926,TRUE()),\"\")","v":""},{"$f":"IFERROR(INDEX($AD:$AD,MATCH(ROWS($AD$32:$AD3926),$AO:$AO,0)),\"\")","v":""}]
[null,null,null,null,null,null,null,null,null,null,null,null,null,null,null,null,null,null,null,null,null,null,null,null,null,null,null,null,null,{"$f":"'Baza klientów'!B3900","v":0},false,{"$f":"IF(AE3931=TRUE,COUNTIF($AE$32:AE3931,TRUE()),\"\")","v":""},{"$f":"IFERROR(INDEX($AD:$AD,MATCH(ROWS($AD$32:AD3931),$AF:$AF,0)),\"\")","v":""},null,null,false,{"$f":"IF(AJ3931=TRUE,COUNTIF($AJ$32:AJ3931,TRUE()),\"\")","v":""},{"$f":"IFERROR(INDEX($AD:$AD,MATCH(ROWS($AD$32:AD3931),$AK:$AK,0)),\"\")","v":""},null,false,{"$f":"IF(AN3931=TRUE,COUNTIF($AN$32:AN3931,TRUE()),\"\")","v":""},{"$f":"IFERROR(INDEX($AD:$AD,MATCH(ROWS($AD$32:$AD3931),$AO:$AO,0)),\"\")","v":""}]
[null,null,null,null,null,null,null,null,null,null,null,null,null,null,null,null,null,null,null,null,null,null,null,null,null,null,null,null,null,{"$f":"'Baza klientów'!B3901","v":0},false,{"$f":"IF(AE3932=TRUE,COUNTIF($AE$32:AE3932,TRUE()),\"\")","v":""},{"$f":"IFERROR(INDEX($AD:$AD,MATCH(ROWS($AD$32:AD3932),$AF:$AF,0)),\"\")","v":""},null,null,false,{"$f":"IF(AJ3932=TRUE,COUNTIF($AJ$32:AJ3932,TRUE()),\"\")","v":""},{"$f":"IFERROR(INDEX($AD:$AD,MATCH(ROWS($AD$32:AD3932),$AK:$AK,0)),\"\")","v":""},null,false,{"$f":"IF(AN3932=TRUE,COUNTIF($AN$32:AN3932,TRUE()),\"\")","v":""},{"$f":"IFERROR(INDEX($AD:$AD,MATCH(ROWS($AD$32:$AD3932),$AO:$AO,0)),\"\")","v":""}]
[null,null,null,null,null,null,null,null,null,null,null,null,null,null,null,null,null,null,null,null,null,null,null,null,null,null,null,null,null,{"$f":"'Baza klientów'!B3905","v":0},false,{"$f":"IF(AE3936=TRUE,COUNTIF($AE$32:AE3936,TRUE()),\"\")","v":""},{"$f":"IFERROR(INDEX($AD:$AD,MATCH(ROWS($AD$32:AD3936),$AF:$AF,0)),\"\")","v":""},null,null,false,{"$f":"IF(AJ3936=TRUE,COUNTIF($AJ$32:AJ3936,TRUE()),\"\")","v":""},{"$f":"IFERROR(INDEX($AD:$AD,MATCH(ROWS($AD$32:AD3936),$AK:$AK,0)),\"\")","v":""},null,false,{"$f":"IF(AN3936=TRUE,COUNTIF($AN$32:AN3936,TRUE()),\"\")","v":""},{"$f":"IFERROR(INDEX($AD:$AD,MATCH(ROWS($AD$32:$AD3936),$AO:$AO,0)),\"\")","v":""}]
[null,null,null,null,null,null,null,null,null,null,null,null,null,null,null,null,null,null,null,null,null,null,null,null,null,null,null,null,null,{"$f":"'Baza klientów'!B3910","v":0},false,{"$f":"IF(AE3941=TRUE,COUNTIF($AE$32:AE3941,TRUE()),\"\")","v":""},{"$f":"IFERROR(INDEX($AD:$AD,MATCH(ROWS($AD$32:AD3941),$AF:$AF,0)),\"\")","v":""},null,null,false,{"$f":"IF(AJ3941=TRUE,COUNTIF($AJ$32:AJ3941,TRUE()),\"\")","v":""},{"$f":"IFERROR(INDEX($AD:$AD,MATCH(ROWS($AD$32:AD3941),$AK:$AK,0)),\"\")","v":""},null,false,{"$f":"IF(AN3941=TRUE,COUNTIF($AN$32:AN3941,TRUE()),\"\")","v":""},{"$f":"IFERROR(INDEX($AD:$AD,MATCH(ROWS($AD$32:$AD3941),$AO:$AO,0)),\"\")","v":""}]
[null,null,null,null,null,null,null,null,null,null,null,null,null,null,null,null,null,null,null,null,null,null,null,null,null,null,null,null,null,{"$f":"'Baza klientów'!B3915","v":0},false,{"$f":"IF(AE3946=TRUE,COUNTIF($AE$32:AE3946,TRUE()),\"\")","v":""},{"$f":"IFERROR(INDEX($AD:$AD,MATCH(ROWS($AD$32:AD3946),$AF:$AF,0)),\"\")","v":""},null,null,false,{"$f":"IF(AJ3946=TRUE,COUNTIF($AJ$32:AJ3946,TRUE()),\"\")","v":""},{"$f":"IFERROR(INDEX($AD:$AD,MATCH(ROWS($AD$32:AD3946),$AK:$AK,0)),\"\")","v":""},null,false,{"$f":"IF(AN3946=TRUE,COUNTIF($AN$32:AN3946,TRUE()),\"\")","v":""},{"$f":"IFERROR(INDEX($AD:$AD,MATCH(ROWS($AD$32:$AD3946),$AO:$AO,0)),\"\")","v":""}]
[null,null,null,null,null,null,null,null,null,null,null,null,null,null,null,null,null,null,null,null,null,null,null,null,null,null,null,null,null,{"$f":"'Baza klientów'!B3917","v":0},false,{"$f":"IF(AE3948=TRUE,COUNTIF($AE$32:AE3948,TRUE()),\"\")","v":""},{"$f":"IFERROR(INDEX($AD:$AD,MATCH(ROWS($AD$32:AD3948),$AF:$AF,0)),\"\")","v":""},null,null,false,{"$f":"IF(AJ3948=TRUE,COUNTIF($AJ$32:AJ3948,TRUE()),\"\")","v":""},{"$f":"IFERROR(INDEX($AD:$AD,MATCH(ROWS($AD$32:AD3948),$AK:$AK,0)),\"\")","v":""},null,false,{"$f":"IF(AN3948=TRUE,COUNTIF($AN$32:AN3948,TRUE()),\"\")","v":""},{"$f":"IFERROR(INDEX($AD:$AD,MATCH(ROWS($AD$32:$AD3948),$AO:$AO,0)),\"\")","v":""}]
[null,null,null,null,null,null,null,null,null,null,null,null,null,null,null,null,null,null,null,null,null,null,null,null,null,null,null,null,null,{"$f":"'Baza klientów'!B3920","v":0},false,{"$f":"IF(AE3951=TRUE,COUNTIF($AE$32:AE3951,TRUE()),\"\")","v":""},{"$f":"IFERROR(INDEX($AD:$AD,MATCH(ROWS($AD$32:AD3951),$AF:$AF,0)),\"\")","v":""},null,null,false,{"$f":"IF(AJ3951=TRUE,COUNTIF($AJ$32:AJ3951,TRUE()),\"\")","v":""},{"$f":"IFERROR(INDEX($AD:$AD,MATCH(ROWS($AD$32:AD3951),$AK:$AK,0)),\"\")","v":""},null,false,{"$f":"IF(AN3951=TRUE,COUNTIF($AN$32:AN3951,TRUE()),\"\")","v":""},{"$f":"IFERROR(INDEX($AD:$AD,MATCH(ROWS($AD$32:$AD3951),$AO:$AO,0)),\"\")","v":""}]
[null,null,null,null,null,null,null,null,null,null,null,null,null,null,null,null,null,null,null,null,null,null,null,null,null,null,null,null,null,{"$f":"'Baza klientów'!B3925","v":0},false,{"$f":"IF(AE3956=TRUE,COUNTIF($AE$32:AE3956,TRUE()),\"\")","v":""},{"$f":"IFERROR(INDEX($AD:$AD,MATCH(ROWS($AD$32:AD3956),$AF:$AF,0)),\"\")","v":""},null,null,false,{"$f":"IF(AJ3956=TRUE,COUNTIF($AJ$32:AJ3956,TRUE()),\"\")","v":""},{"$f":"IFERROR(INDEX($AD:$AD,MATCH(ROWS($AD$32:AD3956),$AK:$AK,0)),\"\")","v":""},null,false,{"$f":"IF(AN3956=TRUE,COUNTIF($AN$32:AN3956,TRUE()),\"\")","v":""},{"$f":"IFERROR(INDEX($AD:$AD,MATCH(ROWS($AD$32:$AD3956),$AO:$AO,0)),\"\")","v":""}]
[null,null,null,null,null,null,null,null,null,null,null,null,null,null,null,null,null,null,null,null,null,null,null,null,null,null,null,null,null,{"$f":"'Baza klientów'!B3930","v":0},false,{"$f":"IF(AE3961=TRUE,COUNTIF($AE$32:AE3961,TRUE()),\"\")","v":""},{"$f":"IFERROR(INDEX($AD:$AD,MATCH(ROWS($AD$32:AD3961),$AF:$AF,0)),\"\")","v":""},null,null,false,{"$f":"IF(AJ3961=TRUE,COUNTIF($AJ$32:AJ3961,TRUE()),\"\")","v":""},{"$f":"IFERROR(INDEX($AD:$AD,MATCH(ROWS($AD$32:AD3961),$AK:$AK,0)),\"\")","v":""},null,false,{"$f":"IF(AN3961=TRUE,COUNTIF($AN$32:AN3961,TRUE()),\"\")","v":""},{"$f":"IFERROR(INDEX($AD:$AD,MATCH(ROWS($AD$32:$AD3961),$AO:$AO,0)),\"\")","v":""}]
[null,null,null,null,null,null,null,null,null,null,null,null,null,null,null,null,null,null,null,null,null,null,null,null,null,null,null,null,null,{"$f":"'Baza klientów'!B3931","v":0},false,{"$f":"IF(AE3962=TRUE,COUNTIF($AE$32:AE3962,TRUE()),\"\")","v":""},{"$f":"IFERROR(INDEX($AD:$AD,MATCH(ROWS($AD$32:AD3962),$AF:$AF,0)),\"\")","v":""},null,null,false,{"$f":"IF(AJ3962=TRUE,COUNTIF($AJ$32:AJ3962,TRUE()),\"\")","v":""},{"$f":"IFERROR(INDEX($AD:$AD,MATCH(ROWS($AD$32:AD3962),$AK:$AK,0)),\"\")","v":""},null,false,{"$f":"IF(AN3962=TRUE,COUNTIF($AN$32:AN3962,TRUE()),\"\")","v":""},{"$f":"IFERROR(INDEX($AD:$AD,MATCH(ROWS($AD$32:$AD3962),$AO:$AO,0)),\"\")","v":""}]
[null,null,null,null,null,null,null,null,null,null,null,null,null,null,null,null,null,null,null,null,null,null,null,null,null,null,null,null,null,{"$f":"'Baza klientów'!B3935","v":0},false,{"$f":"IF(AE3966=TRUE,COUNTIF($AE$32:AE3966,TRUE()),\"\")","v":""},{"$f":"IFERROR(INDEX($AD:$AD,MATCH(ROWS($AD$32:AD3966),$AF:$AF,0)),\"\")","v":""},null,null,false,{"$f":"IF(AJ3966=TRUE,COUNTIF($AJ$32:AJ3966,TRUE()),\"\")","v":""},{"$f":"IFERROR(INDEX($AD:$AD,MATCH(ROWS($AD$32:AD3966),$AK:$AK,0)),\"\")","v":""},null,false,{"$f":"IF(AN3966=TRUE,COUNTIF($AN$32:AN3966,TRUE()),\"\")","v":""},{"$f":"IFERROR(INDEX($AD:$AD,MATCH(ROWS($AD$32:$AD3966),$AO:$AO,0)),\"\")","v":""}]
[null,null,null,null,null,null,null,null,null,null,null,null,null,null,null,null,null,null,null,null,null,null,null,null,null,null,null,null,null,{"$f":"'Baza klientów'!B3940","v":0},false,{"$f":"IF(AE3971=TRUE,COUNTIF($AE$32:AE3971,TRUE()),\"\")","v":""},{"$f":"IFERROR(INDEX($AD:$AD,MATCH(ROWS($AD$32:AD3971),$AF:$AF,0)),\"\")","v":""},null,null,false,{"$f":"IF(AJ3971=TRUE,COUNTIF($AJ$32:AJ3971,TRUE()),\"\")","v":""},{"$f":"IFERROR(INDEX($AD:$AD,MATCH(ROWS($AD$32:AD3971),$AK:$AK,0)),\"\")","v":""},null,false,{"$f":"IF(AN3971=TRUE,COUNTIF($AN$32:AN3971,TRUE()),\"\")","v":""},{"$f":"IFERROR(INDEX($AD:$AD,MATCH(ROWS($AD$32:$AD3971),$AO:$AO,0)),\"\")","v":""}]
[null,null,null,null,null,null,null,null,null,null,null,null,null,null,null,null,null,null,null,null,null,null,null,null,null,null,null,null,null,{"$f":"'Baza klientów'!B3945","v":0},false,{"$f":"IF(AE3976=TRUE,COUNTIF($AE$32:AE3976,TRUE()),\"\")","v":""},{"$f":"IFERROR(INDEX($AD:$AD,MATCH(ROWS($AD$32:AD3976),$AF:$AF,0)),\"\")","v":""},null,null,false,{"$f":"IF(AJ3976=TRUE,COUNTIF($AJ$32:AJ3976,TRUE()),\"\")","v":""},{"$f":"IFERROR(INDEX($AD:$AD,MATCH(ROWS($AD$32:AD3976),$AK:$AK,0)),\"\")","v":""},null,false,{"$f":"IF(AN3976=TRUE,COUNTIF($AN$32:AN3976,TRUE()),\"\")","v":""},{"$f":"IFERROR(INDEX($AD:$AD,MATCH(ROWS($AD$32:$AD3976),$AO:$AO,0)),\"\")","v":""}]
[null,null,null,null,null,null,null,null,null,null,null,null,null,null,null,null,null,null,null,null,null,null,null,null,null,null,null,null,null,{"$f":"'Baza klientów'!B3946","v":0},false,{"$f":"IF(AE3977=TRUE,COUNTIF($AE$32:AE3977,TRUE()),\"\")","v":""},{"$f":"IFERROR(INDEX($AD:$AD,MATCH(ROWS($AD$32:AD3977),$AF:$AF,0)),\"\")","v":""},null,null,false,{"$f":"IF(AJ3977=TRUE,COUNTIF($AJ$32:AJ3977,TRUE()),\"\")","v":""},{"$f":"IFERROR(INDEX($AD:$AD,MATCH(ROWS($AD$32:AD3977),$AK:$AK,0)),\"\")","v":""},null,false,{"$f":"IF(AN3977=TRUE,COUNTIF($AN$32:AN3977,TRUE()),\"\")","v":""},{"$f":"IFERROR(INDEX($AD:$AD,MATCH(ROWS($AD$32:$AD3977),$AO:$AO,0)),\"\")","v":""}]
[null,null,null,null,null,null,null,null,null,null,null,null,null,null,null,null,null,null,null,null,null,null,null,null,null,null,null,null,null,{"$f":"'Baza klientów'!B3951","v":0},false,{"$f":"IF(AE3982=TRUE,COUNTIF($AE$32:AE3982,TRUE()),\"\")","v":""},{"$f":"IFERROR(INDEX($AD:$AD,MATCH(ROWS($AD$32:AD3982),$AF:$AF,0)),\"\")","v":""},null,null,false,{"$f":"IF(AJ3982=TRUE,COUNTIF($AJ$32:AJ3982,TRUE()),\"\")","v":""},{"$f":"IFERROR(INDEX($AD:$AD,MATCH(ROWS($AD$32:AD3982),$AK:$AK,0)),\"\")","v":""},null,false,{"$f":"IF(AN3982=TRUE,COUNTIF($AN$32:AN3982,TRUE()),\"\")","v":""},{"$f":"IFERROR(INDEX($AD:$AD,MATCH(ROWS($AD$32:$AD3982),$AO:$AO,0)),\"\")","v":""}]
[null,null,null,null,null,null,null,null,null,null,null,null,null,null,null,null,null,null,null,null,null,null,null,null,null,null,null,null,null,{"$f":"'Baza klientów'!B3955","v":0},false,{"$f":"IF(AE3986=TRUE,COUNTIF($AE$32:AE3986,TRUE()),\"\")","v":""},{"$f":"IFERROR(INDEX($AD:$AD,MATCH(ROWS($AD$32:AD3986),$AF:$AF,0)),\"\")","v":""},null,null,false,{"$f":"IF(AJ3986=TRUE,COUNTIF($AJ$32:AJ3986,TRUE()),\"\")","v":""},{"$f":"IFERROR(INDEX($AD:$AD,MATCH(ROWS($AD$32:AD3986),$AK:$AK,0)),\"\")","v":""},null,false,{"$f":"IF(AN3986=TRUE,COUNTIF($AN$32:AN3986,TRUE()),\"\")","v":""},{"$f":"IFERROR(INDEX($AD:$AD,MATCH(ROWS($AD$32:$AD3986),$AO:$AO,0)),\"\")","v":""}]
[null,null,null,null,null,null,null,null,null,null,null,null,null,null,null,null,null,null,null,null,null,null,null,null,null,null,null,null,null,{"$f":"'Baza klientów'!B3960","v":0},false,{"$f":"IF(AE3991=TRUE,COUNTIF($AE$32:AE3991,TRUE()),\"\")","v":""},{"$f":"IFERROR(INDEX($AD:$AD,MATCH(ROWS($AD$32:AD3991),$AF:$AF,0)),\"\")","v":""},null,null,false,{"$f":"IF(AJ3991=TRUE,COUNTIF($AJ$32:AJ3991,TRUE()),\"\")","v":""},{"$f":"IFERROR(INDEX($AD:$AD,MATCH(ROWS($AD$32:AD3991),$AK:$AK,0)),\"\")","v":""},null,false,{"$f":"IF(AN3991=TRUE,COUNTIF($AN$32:AN3991,TRUE()),\"\")","v":""},{"$f":"IFERROR(INDEX($AD:$AD,MATCH(ROWS($AD$32:$AD3991),$AO:$AO,0)),\"\")","v":""}]
[null,null,null,null,null,null,null,null,null,null,null,null,null,null,null,null,null,null,null,null,null,null,null,null,null,null,null,null,null,{"$f":"'Baza klientów'!B3961","v":0},false,{"$f":"IF(AE3992=TRUE,COUNTIF($AE$32:AE3992,TRUE()),\"\")","v":""},{"$f":"IFERROR(INDEX($AD:$AD,MATCH(ROWS($AD$32:AD3992),$AF:$AF,0)),\"\")","v":""},null,null,false,{"$f":"IF(AJ3992=TRUE,COUNTIF($AJ$32:AJ3992,TRUE()),\"\")","v":""},{"$f":"IFERROR(INDEX($AD:$AD,MATCH(ROWS($AD$32:AD3992),$AK:$AK,0)),\"\")","v":""},null,false,{"$f":"IF(AN3992=TRUE,COUNTIF($AN$32:AN3992,TRUE()),\"\")","v":""},{"$f":"IFERROR(INDEX($AD:$AD,MATCH(ROWS($AD$32:$AD3992),$AO:$AO,0)),\"\")","v":""}]
[null,null,null,null,null,null,null,null,null,null,null,null,null,null,null,null,null,null,null,null,null,null,null,null,null,null,null,null,null,{"$f":"'Baza klientów'!B3966","v":0},false,{"$f":"IF(AE3997=TRUE,COUNTIF($AE$32:AE3997,TRUE()),\"\")","v":""},{"$f":"IFERROR(INDEX($AD:$AD,MATCH(ROWS($AD$32:AD3997),$AF:$AF,0)),\"\")","v":""},null,null,false,{"$f":"IF(AJ3997=TRUE,COUNTIF($AJ$32:AJ3997,TRUE()),\"\")","v":""},{"$f":"IFERROR(INDEX($AD:$AD,MATCH(ROWS($AD$32:AD3997),$AK:$AK,0)),\"\")","v":""},null,false,{"$f":"IF(AN3997=TRUE,COUNTIF($AN$32:AN3997,TRUE()),\"\")","v":""},{"$f":"IFERROR(INDEX($AD:$AD,MATCH(ROWS($AD$32:$AD3997),$AO:$AO,0)),\"\")","v":""}]
[null,null,null,null,null,null,null,null,null,null,null,null,null,null,null,null,null,null,null,null,null,null,null,null,null,null,null,null,null,{"$f":"'Baza klientów'!B3969","v":0},false,{"$f":"IF(AE4000=TRUE,COUNTIF($AE$32:AE4000,TRUE()),\"\")","v":""},{"$f":"IFERROR(INDEX($AD:$AD,MATCH(ROWS($AD$32:AD4000),$AF:$AF,0)),\"\")","v":""},null,null,false,{"$f":"IF(AJ4000=TRUE,COUNTIF($AJ$32:AJ4000,TRUE()),\"\")","v":""},{"$f":"IFERROR(INDEX($AD:$AD,MATCH(ROWS($AD$32:AD4000),$AK:$AK,0)),\"\")","v":""},null,false,{"$f":"IF(AN4000=TRUE,COUNTIF($AN$32:AN4000,TRUE()),\"\")","v":""},{"$f":"IFERROR(INDEX($AD:$AD,MATCH(ROWS($AD$32:$AD4000),$AO:$AO,0)),\"\")","v":""}]
[null,null,null,null,null,null,null,null,null,null,null,null,null,null,null,null,null,null,null,null,null,null,null,null,null,null,null,null,null,{"$f":"'Baza klientów'!B3975","v":0},false,{"$f":"IF(AE4006=TRUE,COUNTIF($AE$32:AE4006,TRUE()),\"\")","v":""},{"$f":"IFERROR(INDEX($AD:$AD,MATCH(ROWS($AD$32:AD4006),$AF:$AF,0)),\"\")","v":""},null,null,false,{"$f":"IF(AJ4006=TRUE,COUNTIF($AJ$32:AJ4006,TRUE()),\"\")","v":""},{"$f":"IFERROR(INDEX($AD:$AD,MATCH(ROWS($AD$32:AD4006),$AK:$AK,0)),\"\")","v":""},null,false,{"$f":"IF(AN4006=TRUE,COUNTIF($AN$32:AN4006,TRUE()),\"\")","v":""},{"$f":"IFERROR(INDEX($AD:$AD,MATCH(ROWS($AD$32:$AD4006),$AO:$AO,0)),\"\")","v":""}]
[null,null,null,null,null,null,null,null,null,null,null,null,null,null,null,null,null,null,null,null,null,null,null,null,null,null,null,null,null,{"$f":"'Baza klientów'!B3976","v":0},false,{"$f":"IF(AE4007=TRUE,COUNTIF($AE$32:AE4007,TRUE()),\"\")","v":""},{"$f":"IFERROR(INDEX($AD:$AD,MATCH(ROWS($AD$32:AD4007),$AF:$AF,0)),\"\")","v":""},null,null,false,{"$f":"IF(AJ4007=TRUE,COUNTIF($AJ$32:AJ4007,TRUE()),\"\")","v":""},{"$f":"IFERROR(INDEX($AD:$AD,MATCH(ROWS($AD$32:AD4007),$AK:$AK,0)),\"\")","v":""},null,false,{"$f":"IF(AN4007=TRUE,COUNTIF($AN$32:AN4007,TRUE()),\"\")","v":""},{"$f":"IFERROR(INDEX($AD:$AD,MATCH(ROWS($AD$32:$AD4007),$AO:$AO,0)),\"\")","v":""}]
[null,null,null,null,null,null,null,null,null,null,null,null,null,null,null,null,null,null,null,null,null,null,null,null,null,null,null,null,null,{"$f":"'Baza klientów'!B3981","v":0},false,{"$f":"IF(AE4012=TRUE,COUNTIF($AE$32:AE4012,TRUE()),\"\")","v":""},{"$f":"IFERROR(INDEX($AD:$AD,MATCH(ROWS($AD$32:AD4012),$AF:$AF,0)),\"\")","v":""},null,null,false,{"$f":"IF(AJ4012=TRUE,COUNTIF($AJ$32:AJ4012,TRUE()),\"\")","v":""},{"$f":"IFERROR(INDEX($AD:$AD,MATCH(ROWS($AD$32:AD4012),$AK:$AK,0)),\"\")","v":""},null,false,{"$f":"IF(AN4012=TRUE,COUNTIF($AN$32:AN4012,TRUE()),\"\")","v":""},{"$f":"IFERROR(INDEX($AD:$AD,MATCH(ROWS($AD$32:$AD4012),$AO:$AO,0)),\"\")","v":""}]
[null,null,null,null,null,null,null,null,null,null,null,null,null,null,null,null,null,null,null,null,null,null,null,null,null,null,null,null,null,{"$f":"'Baza klientów'!B3986","v":0},false,{"$f":"IF(AE4017=TRUE,COUNTIF($AE$32:AE4017,TRUE()),\"\")","v":""},{"$f":"IFERROR(INDEX($AD:$AD,MATCH(ROWS($AD$32:AD4017),$AF:$AF,0)),\"\")","v":""},null,null,false,{"$f":"IF(AJ4017=TRUE,COUNTIF($AJ$32:AJ4017,TRUE()),\"\")","v":""},{"$f":"IFERROR(INDEX($AD:$AD,MATCH(ROWS($AD$32:AD4017),$AK:$AK,0)),\"\")","v":""},null,false,{"$f":"IF(AN4017=TRUE,COUNTIF($AN$32:AN4017,TRUE()),\"\")","v":""},{"$f":"IFERROR(INDEX($AD:$AD,MATCH(ROWS($AD$32:$AD4017),$AO:$AO,0)),\"\")","v":""}]
[null,null,null,null,null,null,null,null,null,null,null,null,null,null,null,null,null,null,null,null,null,null,null,null,null,null,null,null,null,{"$f":"'Baza klientów'!B3990","v":0},false,{"$f":"IF(AE4021=TRUE,COUNTIF($AE$32:AE4021,TRUE()),\"\")","v":""},{"$f":"IFERROR(INDEX($AD:$AD,MATCH(ROWS($AD$32:AD4021),$AF:$AF,0)),\"\")","v":""},null,null,false,{"$f":"IF(AJ4021=TRUE,COUNTIF($AJ$32:AJ4021,TRUE()),\"\")","v":""},{"$f":"IFERROR(INDEX($AD:$AD,MATCH(ROWS($AD$32:AD4021),$AK:$AK,0)),\"\")","v":""},null,false,{"$f":"IF(AN4021=TRUE,COUNTIF($AN$32:AN4021,TRUE()),\"\")","v":""},{"$f":"IFERROR(INDEX($AD:$AD,MATCH(ROWS($AD$32:$AD4021),$AO:$AO,0)),\"\")","v":""}]
[null,null,null,null,null,null,null,null,null,null,null,null,null,null,null,null,null,null,null,null,null,null,null,null,null,null,null,null,null,{"$f":"'Baza klientów'!B3991","v":0},false,{"$f":"IF(AE4022=TRUE,COUNTIF($AE$32:AE4022,TRUE()),\"\")","v":""},{"$f":"IFERROR(INDEX($AD:$AD,MATCH(ROWS($AD$32:AD4022),$AF:$AF,0)),\"\")","v":""},null,null,false,{"$f":"IF(AJ4022=TRUE,COUNTIF($AJ$32:AJ4022,TRUE()),\"\")","v":""},{"$f":"IFERROR(INDEX($AD:$AD,MATCH(ROWS($AD$32:AD4022),$AK:$AK,0)),\"\")","v":""},null,false,{"$f":"IF(AN4022=TRUE,COUNTIF($AN$32:AN4022,TRUE()),\"\")","v":""},{"$f":"IFERROR(INDEX($AD:$AD,MATCH(ROWS($AD$32:$AD4022),$AO:$AO,0)),\"\")","v":""}]
[null,null,null,null,null,null,null,null,null,null,null,null,null,null,null,null,null,null,null,null,null,null,null,null,null,null,null,null,null,{"$f":"'Baza klientów'!B3996","v":0},false,{"$f":"IF(AE4027=TRUE,COUNTIF($AE$32:AE4027,TRUE()),\"\")","v":""},{"$f":"IFERROR(INDEX($AD:$AD,MATCH(ROWS($AD$32:AD4027),$AF:$AF,0)),\"\")","v":""},null,null,false,{"$f":"IF(AJ4027=TRUE,COUNTIF($AJ$32:AJ4027,TRUE()),\"\")","v":""},{"$f":"IFERROR(INDEX($AD:$AD,MATCH(ROWS($AD$32:AD4027),$AK:$AK,0)),\"\")","v":""},null,false,{"$f":"IF(AN4027=TRUE,COUNTIF($AN$32:AN4027,TRUE()),\"\")","v":""},{"$f":"IFERROR(INDEX($AD:$AD,MATCH(ROWS($AD$32:$AD4027),$AO:$AO,0)),\"\")","v":""}]
[null,null,null,null,null,null,null,null,null,null,null,null,null,null,null,null,null,null,null,null,null,null,null,null,null,null,null,null,null,{"$f":"'Baza klientów'!B4001","v":0},false,{"$f":"IF(AE4032=TRUE,COUNTIF($AE$32:AE4032,TRUE()),\"\")","v":""},{"$f":"IFERROR(INDEX($AD:$AD,MATCH(ROWS($AD$32:AD4032),$AF:$AF,0)),\"\")","v":""},null,null,false,{"$f":"IF(AJ4032=TRUE,COUNTIF($AJ$32:AJ4032,TRUE()),\"\")","v":""},{"$f":"IFERROR(INDEX($AD:$AD,MATCH(ROWS($AD$32:AD4032),$AK:$AK,0)),\"\")","v":""},null,false,{"$f":"IF(AN4032=TRUE,COUNTIF($AN$32:AN4032,TRUE()),\"\")","v":""},{"$f":"IFERROR(INDEX($AD:$AD,MATCH(ROWS($AD$32:$AD4032),$AO:$AO,0)),\"\")","v":""}]
[null,null,null,null,null,null,null,null,null,null,null,null,null,null,null,null,null,null,null,null,null,null,null,null,null,null,null,null,null,{"$f":"'Baza klientów'!B4004","v":0},false,{"$f":"IF(AE4035=TRUE,COUNTIF($AE$32:AE4035,TRUE()),\"\")","v":""},{"$f":"IFERROR(INDEX($AD:$AD,MATCH(ROWS($AD$32:AD4035),$AF:$AF,0)),\"\")","v":""},null,null,false,{"$f":"IF(AJ4035=TRUE,COUNTIF($AJ$32:AJ4035,TRUE()),\"\")","v":""},{"$f":"IFERROR(INDEX($AD:$AD,MATCH(ROWS($AD$32:AD4035),$AK:$AK,0)),\"\")","v":""},null,false,{"$f":"IF(AN4035=TRUE,COUNTIF($AN$32:AN4035,TRUE()),\"\")","v":""},{"$f":"IFERROR(INDEX($AD:$AD,MATCH(ROWS($AD$32:$AD4035),$AO:$AO,0)),\"\")","v":""}]
[null,null,null,null,null,null,null,null,null,null,null,null,null,null,null,null,null,null,null,null,null,null,null,null,null,null,null,null,null,{"$f":"'Baza klientów'!B4006","v":0},false,{"$f":"IF(AE4037=TRUE,COUNTIF($AE$32:AE4037,TRUE()),\"\")","v":""},{"$f":"IFERROR(INDEX($AD:$AD,MATCH(ROWS($AD$32:AD4037),$AF:$AF,0)),\"\")","v":""},null,null,false,{"$f":"IF(AJ4037=TRUE,COUNTIF($AJ$32:AJ4037,TRUE()),\"\")","v":""},{"$f":"IFERROR(INDEX($AD:$AD,MATCH(ROWS($AD$32:AD4037),$AK:$AK,0)),\"\")","v":""},null,false,{"$f":"IF(AN4037=TRUE,COUNTIF($AN$32:AN4037,TRUE()),\"\")","v":""},{"$f":"IFERROR(INDEX($AD:$AD,MATCH(ROWS($AD$32:$AD4037),$AO:$AO,0)),\"\")","v":""}]
[null,null,null,null,null,null,null,null,null,null,null,null,null,null,null,null,null,null,null,null,null,null,null,null,null,null,null,null,null,{"$f":"'Baza klientów'!B4011","v":0},false,{"$f":"IF(AE4042=TRUE,COUNTIF($AE$32:AE4042,TRUE()),\"\")","v":""},{"$f":"IFERROR(INDEX($AD:$AD,MATCH(ROWS($AD$32:AD4042),$AF:$AF,0)),\"\")","v":""},null,null,false,{"$f":"IF(AJ4042=TRUE,COUNTIF($AJ$32:AJ4042,TRUE()),\"\")","v":""},{"$f":"IFERROR(INDEX($AD:$AD,MATCH(ROWS($AD$32:AD4042),$AK:$AK,0)),\"\")","v":""},null,false,{"$f":"IF(AN4042=TRUE,COUNTIF($AN$32:AN4042,TRUE()),\"\")","v":""},{"$f":"IFERROR(INDEX($AD:$AD,MATCH(ROWS($AD$32:$AD4042),$AO:$AO,0)),\"\")","v":""}]
[null,null,null,null,null,null,null,null,null,null,null,null,null,null,null,null,null,null,null,null,null,null,null,null,null,null,null,null,null,{"$f":"'Baza klientów'!B4016","v":0},false,{"$f":"IF(AE4047=TRUE,COUNTIF($AE$32:AE4047,TRUE()),\"\")","v":""},{"$f":"IFERROR(INDEX($AD:$AD,MATCH(ROWS($AD$32:AD4047),$AF:$AF,0)),\"\")","v":""},null,null,false,{"$f":"IF(AJ4047=TRUE,COUNTIF($AJ$32:AJ4047,TRUE()),\"\")","v":""},{"$f":"IFERROR(INDEX($AD:$AD,MATCH(ROWS($AD$32:AD4047),$AK:$AK,0)),\"\")","v":""},null,false,{"$f":"IF(AN4047=TRUE,COUNTIF($AN$32:AN4047,TRUE()),\"\")","v":""},{"$f":"IFERROR(INDEX($AD:$AD,MATCH(ROWS($AD$32:$AD4047),$AO:$AO,0)),\"\")","v":""}]
[null,null,null,null,null,null,null,null,null,null,null,null,null,null,null,null,null,null,null,null,null,null,null,null,null,null,null,null,null,{"$f":"'Baza klientów'!B4021","v":0},false,{"$f":"IF(AE4052=TRUE,COUNTIF($AE$32:AE4052,TRUE()),\"\")","v":""},{"$f":"IFERROR(INDEX($AD:$AD,MATCH(ROWS($AD$32:AD4052),$AF:$AF,0)),\"\")","v":""},null,null,false,{"$f":"IF(AJ4052=TRUE,COUNTIF($AJ$32:AJ4052,TRUE()),\"\")","v":""},{"$f":"IFERROR(INDEX($AD:$AD,MATCH(ROWS($AD$32:AD4052),$AK:$AK,0)),\"\")","v":""},null,false,{"$f":"IF(AN4052=TRUE,COUNTIF($AN$32:AN4052,TRUE()),\"\")","v":""},{"$f":"IFERROR(INDEX($AD:$AD,MATCH(ROWS($AD$32:$AD4052),$AO:$AO,0)),\"\")","v":""}]
[null,null,null,null,null,null,null,null,null,null,null,null,null,null,null,null,null,null,null,null,null,null,null,null,null,null,null,null,null,{"$f":"'Baza klientów'!B4022","v":0},false,{"$f":"IF(AE4053=TRUE,COUNTIF($AE$32:AE4053,TRUE()),\"\")","v":""},{"$f":"IFERROR(INDEX($AD:$AD,MATCH(ROWS($AD$32:AD4053),$AF:$AF,0)),\"\")","v":""},null,null,false,{"$f":"IF(AJ4053=TRUE,COUNTIF($AJ$32:AJ4053,TRUE()),\"\")","v":""},{"$f":"IFERROR(INDEX($AD:$AD,MATCH(ROWS($AD$32:AD4053),$AK:$AK,0)),\"\")","v":""},null,false,{"$f":"IF(AN4053=TRUE,COUNTIF($AN$32:AN4053,TRUE()),\"\")","v":""},{"$f":"IFERROR(INDEX($AD:$AD,MATCH(ROWS($AD$32:$AD4053),$AO:$AO,0)),\"\")","v":""}]
[null,null,null,null,null,null,null,null,null,null,null,null,null,null,null,null,null,null,null,null,null,null,null,null,null,null,null,null,null,{"$f":"'Baza klientów'!B4026","v":0},false,{"$f":"IF(AE4057=TRUE,COUNTIF($AE$32:AE4057,TRUE()),\"\")","v":""},{"$f":"IFERROR(INDEX($AD:$AD,MATCH(ROWS($AD$32:AD4057),$AF:$AF,0)),\"\")","v":""},null,null,false,{"$f":"IF(AJ4057=TRUE,COUNTIF($AJ$32:AJ4057,TRUE()),\"\")","v":""},{"$f":"IFERROR(INDEX($AD:$AD,MATCH(ROWS($AD$32:AD4057),$AK:$AK,0)),\"\")","v":""},null,false,{"$f":"IF(AN4057=TRUE,COUNTIF($AN$32:AN4057,TRUE()),\"\")","v":""},{"$f":"IFERROR(INDEX($AD:$AD,MATCH(ROWS($AD$32:$AD4057),$AO:$AO,0)),\"\")","v":""}]
[null,null,null,null,null,null,null,null,null,null,null,null,null,null,null,null,null,null,null,null,null,null,null,null,null,null,null,null,null,{"$f":"'Baza klientów'!B4031","v":0},false,{"$f":"IF(AE4062=TRUE,COUNTIF($AE$32:AE4062,TRUE()),\"\")","v":""},{"$f":"IFERROR(INDEX($AD:$AD,MATCH(ROWS($AD$32:AD4062),$AF:$AF,0)),\"\")","v":""},null,null,false,{"$f":"IF(AJ4062=TRUE,COUNTIF($AJ$32:AJ4062,TRUE()),\"\")","v":""},{"$f":"IFERROR(INDEX($AD:$AD,MATCH(ROWS($AD$32:AD4062),$AK:$AK,0)),\"\")","v":""},null,false,{"$f":"IF(AN4062=TRUE,COUNTIF($AN$32:AN4062,TRUE()),\"\")","v":""},{"$f":"IFERROR(INDEX($AD:$AD,MATCH(ROWS($AD$32:$AD4062),$AO:$AO,0)),\"\")","v":""}]
[null,null,null,null,null,null,null,null,null,null,null,null,null,null,null,null,null,null,null,null,null,null,null,null,null,null,null,null,null,{"$f":"'Baza klientów'!B4036","v":0},false,{"$f":"IF(AE4067=TRUE,COUNTIF($AE$32:AE4067,TRUE()),\"\")","v":""},{"$f":"IFERROR(INDEX($AD:$AD,MATCH(ROWS($AD$32:AD4067),$AF:$AF,0)),\"\")","v":""},null,null,false,{"$f":"IF(AJ4067=TRUE,COUNTIF($AJ$32:AJ4067,TRUE()),\"\")","v":""},{"$f":"IFERROR(INDEX($AD:$AD,MATCH(ROWS($AD$32:AD4067),$AK:$AK,0)),\"\")","v":""},null,false,{"$f":"IF(AN4067=TRUE,COUNTIF($AN$32:AN4067,TRUE()),\"\")","v":""},{"$f":"IFERROR(INDEX($AD:$AD,MATCH(ROWS($AD$32:$AD4067),$AO:$AO,0)),\"\")","v":""}]
[null,null,null,null,null,null,null,null,null,null,null,null,null,null,null,null,null,null,null,null,null,null,null,null,null,null,null,null,null,{"$f":"'Baza klientów'!B4038","v":0},false,{"$f":"IF(AE4069=TRUE,COUNTIF($AE$32:AE4069,TRUE()),\"\")","v":""},{"$f":"IFERROR(INDEX($AD:$AD,MATCH(ROWS($AD$32:AD4069),$AF:$AF,0)),\"\")","v":""},null,null,false,{"$f":"IF(AJ4069=TRUE,COUNTIF($AJ$32:AJ4069,TRUE()),\"\")","v":""},{"$f":"IFERROR(INDEX($AD:$AD,MATCH(ROWS($AD$32:AD4069),$AK:$AK,0)),\"\")","v":""},null,false,{"$f":"IF(AN4069=TRUE,COUNTIF($AN$32:AN4069,TRUE()),\"\")","v":""},{"$f":"IFERROR(INDEX($AD:$AD,MATCH(ROWS($AD$32:$AD4069),$AO:$AO,0)),\"\")","v":""}]
[null,null,null,null,null,null,null,null,null,null,null,null,null,null,null,null,null,null,null,null,null,null,null,null,null,null,null,null,null,{"$f":"'Baza klientów'!B4041","v":0},false,{"$f":"IF(AE4072=TRUE,COUNTIF($AE$32:AE4072,TRUE()),\"\")","v":""},{"$f":"IFERROR(INDEX($AD:$AD,MATCH(ROWS($AD$32:AD4072),$AF:$AF,0)),\"\")","v":""},null,null,false,{"$f":"IF(AJ4072=TRUE,COUNTIF($AJ$32:AJ4072,TRUE()),\"\")","v":""},{"$f":"IFERROR(INDEX($AD:$AD,MATCH(ROWS($AD$32:AD4072),$AK:$AK,0)),\"\")","v":""},null,false,{"$f":"IF(AN4072=TRUE,COUNTIF($AN$32:AN4072,TRUE()),\"\")","v":""},{"$f":"IFERROR(INDEX($AD:$AD,MATCH(ROWS($AD$32:$AD4072),$AO:$AO,0)),\"\")","v":""}]
[null,null,null,null,null,null,null,null,null,null,null,null,null,null,null,null,null,null,null,null,null,null,null,null,null,null,null,null,null,{"$f":"'Baza klientów'!B4046","v":0},false,{"$f":"IF(AE4077=TRUE,COUNTIF($AE$32:AE4077,TRUE()),\"\")","v":""},{"$f":"IFERROR(INDEX($AD:$AD,MATCH(ROWS($AD$32:AD4077),$AF:$AF,0)),\"\")","v":""},null,null,false,{"$f":"IF(AJ4077=TRUE,COUNTIF($AJ$32:AJ4077,TRUE()),\"\")","v":""},{"$f":"IFERROR(INDEX($AD:$AD,MATCH(ROWS($AD$32:AD4077),$AK:$AK,0)),\"\")","v":""},null,false,{"$f":"IF(AN4077=TRUE,COUNTIF($AN$32:AN4077,TRUE()),\"\")","v":""},{"$f":"IFERROR(INDEX($AD:$AD,MATCH(ROWS($AD$32:$AD4077),$AO:$AO,0)),\"\")","v":""}]
[null,null,null,null,null,null,null,null,null,null,null,null,null,null,null,null,null,null,null,null,null,null,null,null,null,null,null,null,null,{"$f":"'Baza klientów'!B4051","v":0},false,{"$f":"IF(AE4082=TRUE,COUNTIF($AE$32:AE4082,TRUE()),\"\")","v":""},{"$f":"IFERROR(INDEX($AD:$AD,MATCH(ROWS($AD$32:AD4082),$AF:$AF,0)),\"\")","v":""},null,null,false,{"$f":"IF(AJ4082=TRUE,COUNTIF($AJ$32:AJ4082,TRUE()),\"\")","v":""},{"$f":"IFERROR(INDEX($AD:$AD,MATCH(ROWS($AD$32:AD4082),$AK:$AK,0)),\"\")","v":""},null,false,{"$f":"IF(AN4082=TRUE,COUNTIF($AN$32:AN4082,TRUE()),\"\")","v":""},{"$f":"IFERROR(INDEX($AD:$AD,MATCH(ROWS($AD$32:$AD4082),$AO:$AO,0)),\"\")","v":""}]
[null,null,null,null,null,null,null,null,null,null,null,null,null,null,null,null,null,null,null,null,null,null,null,null,null,null,null,null,null,{"$f":"'Baza klientów'!B4052","v":0},false,{"$f":"IF(AE4083=TRUE,COUNTIF($AE$32:AE4083,TRUE()),\"\")","v":""},{"$f":"IFERROR(INDEX($AD:$AD,MATCH(ROWS($AD$32:AD4083),$AF:$AF,0)),\"\")","v":""},null,null,false,{"$f":"IF(AJ4083=TRUE,COUNTIF($AJ$32:AJ4083,TRUE()),\"\")","v":""},{"$f":"IFERROR(INDEX($AD:$AD,MATCH(ROWS($AD$32:AD4083),$AK:$AK,0)),\"\")","v":""},null,false,{"$f":"IF(AN4083=TRUE,COUNTIF($AN$32:AN4083,TRUE()),\"\")","v":""},{"$f":"IFERROR(INDEX($AD:$AD,MATCH(ROWS($AD$32:$AD4083),$AO:$AO,0)),\"\")","v":""}]
[null,null,null,null,null,null,null,null,null,null,null,null,null,null,null,null,null,null,null,null,null,null,null,null,null,null,null,null,null,{"$f":"'Baza klientów'!B4056","v":0},false,{"$f":"IF(AE4087=TRUE,COUNTIF($AE$32:AE4087,TRUE()),\"\")","v":""},{"$f":"IFERROR(INDEX($AD:$AD,MATCH(ROWS($AD$32:AD4087),$AF:$AF,0)),\"\")","v":""},null,null,false,{"$f":"IF(AJ4087=TRUE,COUNTIF($AJ$32:AJ4087,TRUE()),\"\")","v":""},{"$f":"IFERROR(INDEX($AD:$AD,MATCH(ROWS($AD$32:AD4087),$AK:$AK,0)),\"\")","v":""},null,false,{"$f":"IF(AN4087=TRUE,COUNTIF($AN$32:AN4087,TRUE()),\"\")","v":""},{"$f":"IFERROR(INDEX($AD:$AD,MATCH(ROWS($AD$32:$AD4087),$AO:$AO,0)),\"\")","v":""}]
[null,null,null,null,null,null,null,null,null,null,null,null,null,null,null,null,null,null,null,null,null,null,null,null,null,null,null,null,null,{"$f":"'Baza klientów'!B4061","v":0},false,{"$f":"IF(AE4092=TRUE,COUNTIF($AE$32:AE4092,TRUE()),\"\")","v":""},{"$f":"IFERROR(INDEX($AD:$AD,MATCH(ROWS($AD$32:AD4092),$AF:$AF,0)),\"\")","v":""},null,null,false,{"$f":"IF(AJ4092=TRUE,COUNTIF($AJ$32:AJ4092,TRUE()),\"\")","v":""},{"$f":"IFERROR(INDEX($AD:$AD,MATCH(ROWS($AD$32:AD4092),$AK:$AK,0)),\"\")","v":""},null,false,{"$f":"IF(AN4092=TRUE,COUNTIF($AN$32:AN4092,TRUE()),\"\")","v":""},{"$f":"IFERROR(INDEX($AD:$AD,MATCH(ROWS($AD$32:$AD4092),$AO:$AO,0)),\"\")","v":""}]
[null,null,null,null,null,null,null,null,null,null,null,null,null,null,null,null,null,null,null,null,null,null,null,null,null,null,null,null,null,{"$f":"'Baza klientów'!B4066","v":0},false,{"$f":"IF(AE4097=TRUE,COUNTIF($AE$32:AE4097,TRUE()),\"\")","v":""},{"$f":"IFERROR(INDEX($AD:$AD,MATCH(ROWS($AD$32:AD4097),$AF:$AF,0)),\"\")","v":""},null,null,false,{"$f":"IF(AJ4097=TRUE,COUNTIF($AJ$32:AJ4097,TRUE()),\"\")","v":""},{"$f":"IFERROR(INDEX($AD:$AD,MATCH(ROWS($AD$32:AD4097),$AK:$AK,0)),\"\")","v":""},null,false,{"$f":"IF(AN4097=TRUE,COUNTIF($AN$32:AN4097,TRUE()),\"\")","v":""},{"$f":"IFERROR(INDEX($AD:$AD,MATCH(ROWS($AD$32:$AD4097),$AO:$AO,0)),\"\")","v":""}]
[null,null,null,null,null,null,null,null,null,null,null,null,null,null,null,null,null,null,null,null,null,null,null,null,null,null,null,null,null,{"$f":"'Baza klientów'!B4067","v":0},false,{"$f":"IF(AE4098=TRUE,COUNTIF($AE$32:AE4098,TRUE()),\"\")","v":""},{"$f":"IFERROR(INDEX($AD:$AD,MATCH(ROWS($AD$32:AD4098),$AF:$AF,0)),\"\")","v":""},null,null,false,{"$f":"IF(AJ4098=TRUE,COUNTIF($AJ$32:AJ4098,TRUE()),\"\")","v":""},{"$f":"IFERROR(INDEX($AD:$AD,MATCH(ROWS($AD$32:AD4098),$AK:$AK,0)),\"\")","v":""},null,false,{"$f":"IF(AN4098=TRUE,COUNTIF($AN$32:AN4098,TRUE()),\"\")","v":""},{"$f":"IFERROR(INDEX($AD:$AD,MATCH(ROWS($AD$32:$AD4098),$AO:$AO,0)),\"\")","v":""}]
[null,null,null,null,null,null,null,null,null,null,null,null,null,null,null,null,null,null,null,null,null,null,null,null,null,null,null,null,null,{"$f":"'Baza klientów'!B4072","v":0},false,{"$f":"IF(AE4103=TRUE,COUNTIF($AE$32:AE4103,TRUE()),\"\")","v":""},{"$f":"IFERROR(INDEX($AD:$AD,MATCH(ROWS($AD$32:AD4103),$AF:$AF,0)),\"\")","v":""},null,null,false,{"$f":"IF(AJ4103=TRUE,COUNTIF($AJ$32:AJ4103,TRUE()),\"\")","v":""},{"$f":"IFERROR(INDEX($AD:$AD,MATCH(ROWS($AD$32:AD4103),$AK:$AK,0)),\"\")","v":""},null,false,{"$f":"IF(AN4103=TRUE,COUNTIF($AN$32:AN4103,TRUE()),\"\")","v":""},{"$f":"IFERROR(INDEX($AD:$AD,MATCH(ROWS($AD$32:$AD4103),$AO:$AO,0)),\"\")","v":""}]
[null,null,null,null,null,null,null,null,null,null,null,null,null,null,null,null,null,null,null,null,null,null,null,null,null,null,null,null,null,{"$f":"'Baza klientów'!B4077","v":0},false,{"$f":"IF(AE4108=TRUE,COUNTIF($AE$32:AE4108,TRUE()),\"\")","v":""},{"$f":"IFERROR(INDEX($AD:$AD,MATCH(ROWS($AD$32:AD4108),$AF:$AF,0)),\"\")","v":""},null,null,false,{"$f":"IF(AJ4108=TRUE,COUNTIF($AJ$32:AJ4108,TRUE()),\"\")","v":""},{"$f":"IFERROR(INDEX($AD:$AD,MATCH(ROWS($AD$32:AD4108),$AK:$AK,0)),\"\")","v":""},null,false,{"$f":"IF(AN4108=TRUE,COUNTIF($AN$32:AN4108,TRUE()),\"\")","v":""},{"$f":"IFERROR(INDEX($AD:$AD,MATCH(ROWS($AD$32:$AD4108),$AO:$AO,0)),\"\")","v":""}]
[null,null,null,null,null,null,null,null,null,null,null,null,null,null,null,null,null,null,null,null,null,null,null,null,null,null,null,null,null,{"$f":"'Baza klientów'!B4081","v":0},false,{"$f":"IF(AE4112=TRUE,COUNTIF($AE$32:AE4112,TRUE()),\"\")","v":""},{"$f":"IFERROR(INDEX($AD:$AD,MATCH(ROWS($AD$32:AD4112),$AF:$AF,0)),\"\")","v":""},null,null,false,{"$f":"IF(AJ4112=TRUE,COUNTIF($AJ$32:AJ4112,TRUE()),\"\")","v":""},{"$f":"IFERROR(INDEX($AD:$AD,MATCH(ROWS($AD$32:AD4112),$AK:$AK,0)),\"\")","v":""},null,false,{"$f":"IF(AN4112=TRUE,COUNTIF($AN$32:AN4112,TRUE()),\"\")","v":""},{"$f":"IFERROR(INDEX($AD:$AD,MATCH(ROWS($AD$32:$AD4112),$AO:$AO,0)),\"\")","v":""}]
[null,null,null,null,null,null,null,null,null,null,null,null,null,null,null,null,null,null,null,null,null,null,null,null,null,null,null,null,null,{"$f":"'Baza klientów'!B4082","v":0},false,{"$f":"IF(AE4113=TRUE,COUNTIF($AE$32:AE4113,TRUE()),\"\")","v":""},{"$f":"IFERROR(INDEX($AD:$AD,MATCH(ROWS($AD$32:AD4113),$AF:$AF,0)),\"\")","v":""},null,null,false,{"$f":"IF(AJ4113=TRUE,COUNTIF($AJ$32:AJ4113,TRUE()),\"\")","v":""},{"$f":"IFERROR(INDEX($AD:$AD,MATCH(ROWS($AD$32:AD4113),$AK:$AK,0)),\"\")","v":""},null,false,{"$f":"IF(AN4113=TRUE,COUNTIF($AN$32:AN4113,TRUE()),\"\")","v":""},{"$f":"IFERROR(INDEX($AD:$AD,MATCH(ROWS($AD$32:$AD4113),$AO:$AO,0)),\"\")","v":""}]
[null,null,null,null,null,null,null,null,null,null,null,null,null,null,null,null,null,null,null,null,null,null,null,null,null,null,null,null,null,{"$f":"'Baza klientów'!B4087","v":0},false,{"$f":"IF(AE4118=TRUE,COUNTIF($AE$32:AE4118,TRUE()),\"\")","v":""},{"$f":"IFERROR(INDEX($AD:$AD,MATCH(ROWS($AD$32:AD4118),$AF:$AF,0)),\"\")","v":""},null,null,false,{"$f":"IF(AJ4118=TRUE,COUNTIF($AJ$32:AJ4118,TRUE()),\"\")","v":""},{"$f":"IFERROR(INDEX($AD:$AD,MATCH(ROWS($AD$32:AD4118),$AK:$AK,0)),\"\")","v":""},null,false,{"$f":"IF(AN4118=TRUE,COUNTIF($AN$32:AN4118,TRUE()),\"\")","v":""},{"$f":"IFERROR(INDEX($AD:$AD,MATCH(ROWS($AD$32:$AD4118),$AO:$AO,0)),\"\")","v":""}]
[null,null,null,null,null,null,null,null,null,null,null,null,null,null,null,null,null,null,null,null,null,null,null,null,null,null,null,null,null,{"$f":"'Baza klientów'!B4091","v":0},false,{"$f":"IF(AE4122=TRUE,COUNTIF($AE$32:AE4122,TRUE()),\"\")","v":""},{"$f":"IFERROR(INDEX($AD:$AD,MATCH(ROWS($AD$32:AD4122),$AF:$AF,0)),\"\")","v":""},null,null,false,{"$f":"IF(AJ4122=TRUE,COUNTIF($AJ$32:AJ4122,TRUE()),\"\")","v":""},{"$f":"IFERROR(INDEX($AD:$AD,MATCH(ROWS($AD$32:AD4122),$AK:$AK,0)),\"\")","v":""},null,false,{"$f":"IF(AN4122=TRUE,COUNTIF($AN$32:AN4122,TRUE()),\"\")","v":""},{"$f":"IFERROR(INDEX($AD:$AD,MATCH(ROWS($AD$32:$AD4122),$AO:$AO,0)),\"\")","v":""}]
[null,null,null,null,null,null,null,null,null,null,null,null,null,null,null,null,null,null,null,null,null,null,null,null,null,null,null,null,null,{"$f":"'Baza klientów'!B4096","v":0},false,{"$f":"IF(AE4127=TRUE,COUNTIF($AE$32:AE4127,TRUE()),\"\")","v":""},{"$f":"IFERROR(INDEX($AD:$AD,MATCH(ROWS($AD$32:AD4127),$AF:$AF,0)),\"\")","v":""},null,null,false,{"$f":"IF(AJ4127=TRUE,COUNTIF($AJ$32:AJ4127,TRUE()),\"\")","v":""},{"$f":"IFERROR(INDEX($AD:$AD,MATCH(ROWS($AD$32:AD4127),$AK:$AK,0)),\"\")","v":""},null,false,{"$f":"IF(AN4127=TRUE,COUNTIF($AN$32:AN4127,TRUE()),\"\")","v":""},{"$f":"IFERROR(INDEX($AD:$AD,MATCH(ROWS($AD$32:$AD4127),$AO:$AO,0)),\"\")","v":""}]
[null,null,null,null,null,null,null,null,null,null,null,null,null,null,null,null,null,null,null,null,null,null,null,null,null,null,null,null,null,{"$f":"'Baza klientów'!B4097","v":0},false,{"$f":"IF(AE4128=TRUE,COUNTIF($AE$32:AE4128,TRUE()),\"\")","v":""},{"$f":"IFERROR(INDEX($AD:$AD,MATCH(ROWS($AD$32:AD4128),$AF:$AF,0)),\"\")","v":""},null,null,false,{"$f":"IF(AJ4128=TRUE,COUNTIF($AJ$32:AJ4128,TRUE()),\"\")","v":""},{"$f":"IFERROR(INDEX($AD:$AD,MATCH(ROWS($AD$32:AD4128),$AK:$AK,0)),\"\")","v":""},null,false,{"$f":"IF(AN4128=TRUE,COUNTIF($AN$32:AN4128,TRUE()),\"\")","v":""},{"$f":"IFERROR(INDEX($AD:$AD,MATCH(ROWS($AD$32:$AD4128),$AO:$AO,0)),\"\")","v":""}]
[null,null,null,null,null,null,null,null,null,null,null,null,null,null,null,null,null,null,null,null,null,null,null,null,null,null,null,null,null,{"$f":"'Baza klientów'!B4102","v":0},false,{"$f":"IF(AE4133=TRUE,COUNTIF($AE$32:AE4133,TRUE()),\"\")","v":""},{"$f":"IFERROR(INDEX($AD:$AD,MATCH(ROWS($AD$32:AD4133),$AF:$AF,0)),\"\")","v":""},null,null,false,{"$f":"IF(AJ4133=TRUE,COUNTIF($AJ$32:AJ4133,TRUE()),\"\")","v":""},{"$f":"IFERROR(INDEX($AD:$AD,MATCH(ROWS($AD$32:AD4133),$AK:$AK,0)),\"\")","v":""},null,false,{"$f":"IF(AN4133=TRUE,COUNTIF($AN$32:AN4133,TRUE()),\"\")","v":""},{"$f":"IFERROR(INDEX($AD:$AD,MATCH(ROWS($AD$32:$AD4133),$AO:$AO,0)),\"\")","v":""}]
[null,null,null,null,null,null,null,null,null,null,null,null,null,null,null,null,null,null,null,null,null,null,null,null,null,null,null,null,null,{"$f":"'Baza klientów'!B4107","v":0},false,{"$f":"IF(AE4138=TRUE,COUNTIF($AE$32:AE4138,TRUE()),\"\")","v":""},{"$f":"IFERROR(INDEX($AD:$AD,MATCH(ROWS($AD$32:AD4138),$AF:$AF,0)),\"\")","v":""},null,null,false,{"$f":"IF(AJ4138=TRUE,COUNTIF($AJ$32:AJ4138,TRUE()),\"\")","v":""},{"$f":"IFERROR(INDEX($AD:$AD,MATCH(ROWS($AD$32:AD4138),$AK:$AK,0)),\"\")","v":""},null,false,{"$f":"IF(AN4138=TRUE,COUNTIF($AN$32:AN4138,TRUE()),\"\")","v":""},{"$f":"IFERROR(INDEX($AD:$AD,MATCH(ROWS($AD$32:$AD4138),$AO:$AO,0)),\"\")","v":""}]
[null,null,null,null,null,null,null,null,null,null,null,null,null,null,null,null,null,null,null,null,null,null,null,null,null,null,null,null,null,{"$f":"'Baza klientów'!B4109","v":0},false,{"$f":"IF(AE4140=TRUE,COUNTIF($AE$32:AE4140,TRUE()),\"\")","v":""},{"$f":"IFERROR(INDEX($AD:$AD,MATCH(ROWS($AD$32:AD4140),$AF:$AF,0)),\"\")","v":""},null,null,false,{"$f":"IF(AJ4140=TRUE,COUNTIF($AJ$32:AJ4140,TRUE()),\"\")","v":""},{"$f":"IFERROR(INDEX($AD:$AD,MATCH(ROWS($AD$32:AD4140),$AK:$AK,0)),\"\")","v":""},null,false,{"$f":"IF(AN4140=TRUE,COUNTIF($AN$32:AN4140,TRUE()),\"\")","v":""},{"$f":"IFERROR(INDEX($AD:$AD,MATCH(ROWS($AD$32:$AD4140),$AO:$AO,0)),\"\")","v":""}]
[null,null,null,null,null,null,null,null,null,null,null,null,null,null,null,null,null,null,null,null,null,null,null,null,null,null,null,null,null,{"$f":"'Baza klientów'!B4112","v":0},false,{"$f":"IF(AE4143=TRUE,COUNTIF($AE$32:AE4143,TRUE()),\"\")","v":""},{"$f":"IFERROR(INDEX($AD:$AD,MATCH(ROWS($AD$32:AD4143),$AF:$AF,0)),\"\")","v":""},null,null,false,{"$f":"IF(AJ4143=TRUE,COUNTIF($AJ$32:AJ4143,TRUE()),\"\")","v":""},{"$f":"IFERROR(INDEX($AD:$AD,MATCH(ROWS($AD$32:AD4143),$AK:$AK,0)),\"\")","v":""},null,false,{"$f":"IF(AN4143=TRUE,COUNTIF($AN$32:AN4143,TRUE()),\"\")","v":""},{"$f":"IFERROR(INDEX($AD:$AD,MATCH(ROWS($AD$32:$AD4143),$AO:$AO,0)),\"\")","v":""}]
[null,null,null,null,null,null,null,null,null,null,null,null,null,null,null,null,null,null,null,null,null,null,null,null,null,null,null,null,null,{"$f":"'Baza klientów'!B4117","v":0},false,{"$f":"IF(AE4148=TRUE,COUNTIF($AE$32:AE4148,TRUE()),\"\")","v":""},{"$f":"IFERROR(INDEX($AD:$AD,MATCH(ROWS($AD$32:AD4148),$AF:$AF,0)),\"\")","v":""},null,null,false,{"$f":"IF(AJ4148=TRUE,COUNTIF($AJ$32:AJ4148,TRUE()),\"\")","v":""},{"$f":"IFERROR(INDEX($AD:$AD,MATCH(ROWS($AD$32:AD4148),$AK:$AK,0)),\"\")","v":""},null,false,{"$f":"IF(AN4148=TRUE,COUNTIF($AN$32:AN4148,TRUE()),\"\")","v":""},{"$f":"IFERROR(INDEX($AD:$AD,MATCH(ROWS($AD$32:$AD4148),$AO:$AO,0)),\"\")","v":""}]
[null,null,null,null,null,null,null,null,null,null,null,null,null,null,null,null,null,null,null,null,null,null,null,null,null,null,null,null,null,{"$f":"'Baza klientów'!B4122","v":0},false,{"$f":"IF(AE4153=TRUE,COUNTIF($AE$32:AE4153,TRUE()),\"\")","v":""},{"$f":"IFERROR(INDEX($AD:$AD,MATCH(ROWS($AD$32:AD4153),$AF:$AF,0)),\"\")","v":""},null,null,false,{"$f":"IF(AJ4153=TRUE,COUNTIF($AJ$32:AJ4153,TRUE()),\"\")","v":""},{"$f":"IFERROR(INDEX($AD:$AD,MATCH(ROWS($AD$32:AD4153),$AK:$AK,0)),\"\")","v":""},null,false,{"$f":"IF(AN4153=TRUE,COUNTIF($AN$32:AN4153,TRUE()),\"\")","v":""},{"$f":"IFERROR(INDEX($AD:$AD,MATCH(ROWS($AD$32:$AD4153),$AO:$AO,0)),\"\")","v":""}]
[null,null,null,null,null,null,null,null,null,null,null,null,null,null,null,null,null,null,null,null,null,null,null,null,null,null,null,null,null,{"$f":"'Baza klientów'!B4125","v":0},false,{"$f":"IF(AE4156=TRUE,COUNTIF($AE$32:AE4156,TRUE()),\"\")","v":""},{"$f":"IFERROR(INDEX($AD:$AD,MATCH(ROWS($AD$32:AD4156),$AF:$AF,0)),\"\")","v":""},null,null,false,{"$f":"IF(AJ4156=TRUE,COUNTIF($AJ$32:AJ4156,TRUE()),\"\")","v":""},{"$f":"IFERROR(INDEX($AD:$AD,MATCH(ROWS($AD$32:AD4156),$AK:$AK,0)),\"\")","v":""},null,false,{"$f":"IF(AN4156=TRUE,COUNTIF($AN$32:AN4156,TRUE()),\"\")","v":""},{"$f":"IFERROR(INDEX($AD:$AD,MATCH(ROWS($AD$32:$AD4156),$AO:$AO,0)),\"\")","v":""}]
[null,null,null,null,null,null,null,null,null,null,null,null,null,null,null,null,null,null,null,null,null,null,null,null,null,null,null,null,null,{"$f":"'Baza klientów'!B4127","v":0},false,{"$f":"IF(AE4158=TRUE,COUNTIF($AE$32:AE4158,TRUE()),\"\")","v":""},{"$f":"IFERROR(INDEX($AD:$AD,MATCH(ROWS($AD$32:AD4158),$AF:$AF,0)),\"\")","v":""},null,null,false,{"$f":"IF(AJ4158=TRUE,COUNTIF($AJ$32:AJ4158,TRUE()),\"\")","v":""},{"$f":"IFERROR(INDEX($AD:$AD,MATCH(ROWS($AD$32:AD4158),$AK:$AK,0)),\"\")","v":""},null,false,{"$f":"IF(AN4158=TRUE,COUNTIF($AN$32:AN4158,TRUE()),\"\")","v":""},{"$f":"IFERROR(INDEX($AD:$AD,MATCH(ROWS($AD$32:$AD4158),$AO:$AO,0)),\"\")","v":""}]
[null,null,null,null,null,null,null,null,null,null,null,null,null,null,null,null,null,null,null,null,null,null,null,null,null,null,null,null,null,{"$f":"'Baza klientów'!B4132","v":0},false,{"$f":"IF(AE4163=TRUE,COUNTIF($AE$32:AE4163,TRUE()),\"\")","v":""},{"$f":"IFERROR(INDEX($AD:$AD,MATCH(ROWS($AD$32:AD4163),$AF:$AF,0)),\"\")","v":""},null,null,false,{"$f":"IF(AJ4163=TRUE,COUNTIF($AJ$32:AJ4163,TRUE()),\"\")","v":""},{"$f":"IFERROR(INDEX($AD:$AD,MATCH(ROWS($AD$32:AD4163),$AK:$AK,0)),\"\")","v":""},null,false,{"$f":"IF(AN4163=TRUE,COUNTIF($AN$32:AN4163,TRUE()),\"\")","v":""},{"$f":"IFERROR(INDEX($AD:$AD,MATCH(ROWS($AD$32:$AD4163),$AO:$AO,0)),\"\")","v":""}]
[null,null,null,null,null,null,null,null,null,null,null,null,null,null,null,null,null,null,null,null,null,null,null,null,null,null,null,null,null,{"$f":"'Baza klientów'!B4137","v":0},false,{"$f":"IF(AE4168=TRUE,COUNTIF($AE$32:AE4168,TRUE()),\"\")","v":""},{"$f":"IFERROR(INDEX($AD:$AD,MATCH(ROWS($AD$32:AD4168),$AF:$AF,0)),\"\")","v":""},null,null,false,{"$f":"IF(AJ4168=TRUE,COUNTIF($AJ$32:AJ4168,TRUE()),\"\")","v":""},{"$f":"IFERROR(INDEX($AD:$AD,MATCH(ROWS($AD$32:AD4168),$AK:$AK,0)),\"\")","v":""},null,false,{"$f":"IF(AN4168=TRUE,COUNTIF($AN$32:AN4168,TRUE()),\"\")","v":""},{"$f":"IFERROR(INDEX($AD:$AD,MATCH(ROWS($AD$32:$AD4168),$AO:$AO,0)),\"\")","v":""}]
[null,null,null,null,null,null,null,null,null,null,null,null,null,null,null,null,null,null,null,null,null,null,null,null,null,null,null,null,null,{"$f":"'Baza klientów'!B4142","v":0},false,{"$f":"IF(AE4173=TRUE,COUNTIF($AE$32:AE4173,TRUE()),\"\")","v":""},{"$f":"IFERROR(INDEX($AD:$AD,MATCH(ROWS($AD$32:AD4173),$AF:$AF,0)),\"\")","v":""},null,null,false,{"$f":"IF(AJ4173=TRUE,COUNTIF($AJ$32:AJ4173,TRUE()),\"\")","v":""},{"$f":"IFERROR(INDEX($AD:$AD,MATCH(ROWS($AD$32:AD4173),$AK:$AK,0)),\"\")","v":""},null,false,{"$f":"IF(AN4173=TRUE,COUNTIF($AN$32:AN4173,TRUE()),\"\")","v":""},{"$f":"IFERROR(INDEX($AD:$AD,MATCH(ROWS($AD$32:$AD4173),$AO:$AO,0)),\"\")","v":""}]
[null,null,null,null,null,null,null,null,null,null,null,null,null,null,null,null,null,null,null,null,null,null,null,null,null,null,null,null,null,{"$f":"'Baza klientów'!B4143","v":0},false,{"$f":"IF(AE4174=TRUE,COUNTIF($AE$32:AE4174,TRUE()),\"\")","v":""},{"$f":"IFERROR(INDEX($AD:$AD,MATCH(ROWS($AD$32:AD4174),$AF:$AF,0)),\"\")","v":""},null,null,false,{"$f":"IF(AJ4174=TRUE,COUNTIF($AJ$32:AJ4174,TRUE()),\"\")","v":""},{"$f":"IFERROR(INDEX($AD:$AD,MATCH(ROWS($AD$32:AD4174),$AK:$AK,0)),\"\")","v":""},null,false,{"$f":"IF(AN4174=TRUE,COUNTIF($AN$32:AN4174,TRUE()),\"\")","v":""},{"$f":"IFERROR(INDEX($AD:$AD,MATCH(ROWS($AD$32:$AD4174),$AO:$AO,0)),\"\")","v":""}]
[null,null,null,null,null,null,null,null,null,null,null,null,null,null,null,null,null,null,null,null,null,null,null,null,null,null,null,null,null,{"$f":"'Baza klientów'!B4147","v":0},false,{"$f":"IF(AE4178=TRUE,COUNTIF($AE$32:AE4178,TRUE()),\"\")","v":""},{"$f":"IFERROR(INDEX($AD:$AD,MATCH(ROWS($AD$32:AD4178),$AF:$AF,0)),\"\")","v":""},null,null,false,{"$f":"IF(AJ4178=TRUE,COUNTIF($AJ$32:AJ4178,TRUE()),\"\")","v":""},{"$f":"IFERROR(INDEX($AD:$AD,MATCH(ROWS($AD$32:AD4178),$AK:$AK,0)),\"\")","v":""},null,false,{"$f":"IF(AN4178=TRUE,COUNTIF($AN$32:AN4178,TRUE()),\"\")","v":""},{"$f":"IFERROR(INDEX($AD:$AD,MATCH(ROWS($AD$32:$AD4178),$AO:$AO,0)),\"\")","v":""}]
[null,null,null,null,null,null,null,null,null,null,null,null,null,null,null,null,null,null,null,null,null,null,null,null,null,null,null,null,null,{"$f":"'Baza klientów'!B4152","v":0},false,{"$f":"IF(AE4183=TRUE,COUNTIF($AE$32:AE4183,TRUE()),\"\")","v":""},{"$f":"IFERROR(INDEX($AD:$AD,MATCH(ROWS($AD$32:AD4183),$AF:$AF,0)),\"\")","v":""},null,null,false,{"$f":"IF(AJ4183=TRUE,COUNTIF($AJ$32:AJ4183,TRUE()),\"\")","v":""},{"$f":"IFERROR(INDEX($AD:$AD,MATCH(ROWS($AD$32:AD4183),$AK:$AK,0)),\"\")","v":""},null,false,{"$f":"IF(AN4183=TRUE,COUNTIF($AN$32:AN4183,TRUE()),\"\")","v":""},{"$f":"IFERROR(INDEX($AD:$AD,MATCH(ROWS($AD$32:$AD4183),$AO:$AO,0)),\"\")","v":""}]
[null,null,null,null,null,null,null,null,null,null,null,null,null,null,null,null,null,null,null,null,null,null,null,null,null,null,null,null,null,{"$f":"'Baza klientów'!B4157","v":0},false,{"$f":"IF(AE4188=TRUE,COUNTIF($AE$32:AE4188,TRUE()),\"\")","v":""},{"$f":"IFERROR(INDEX($AD:$AD,MATCH(ROWS($AD$32:AD4188),$AF:$AF,0)),\"\")","v":""},null,null,false,{"$f":"IF(AJ4188=TRUE,COUNTIF($AJ$32:AJ4188,TRUE()),\"\")","v":""},{"$f":"IFERROR(INDEX($AD:$AD,MATCH(ROWS($AD$32:AD4188),$AK:$AK,0)),\"\")","v":""},null,false,{"$f":"IF(AN4188=TRUE,COUNTIF($AN$32:AN4188,TRUE()),\"\")","v":""},{"$f":"IFERROR(INDEX($AD:$AD,MATCH(ROWS($AD$32:$AD4188),$AO:$AO,0)),\"\")","v":""}]
[null,null,null,null,null,null,null,null,null,null,null,null,null,null,null,null,null,null,null,null,null,null,null,null,null,null,null,null,null,{"$f":"'Baza klientów'!B4158","v":0},false,{"$f":"IF(AE4189=TRUE,COUNTIF($AE$32:AE4189,TRUE()),\"\")","v":""},{"$f":"IFERROR(INDEX($AD:$AD,MATCH(ROWS($AD$32:AD4189),$AF:$AF,0)),\"\")","v":""},null,null,false,{"$f":"IF(AJ4189=TRUE,COUNTIF($AJ$32:AJ4189,TRUE()),\"\")","v":""},{"$f":"IFERROR(INDEX($AD:$AD,MATCH(ROWS($AD$32:AD4189),$AK:$AK,0)),\"\")","v":""},null,false,{"$f":"IF(AN4189=TRUE,COUNTIF($AN$32:AN4189,TRUE()),\"\")","v":""},{"$f":"IFERROR(INDEX($AD:$AD,MATCH(ROWS($AD$32:$AD4189),$AO:$AO,0)),\"\")","v":""}]
[null,null,null,null,null,null,null,null,null,null,null,null,null,null,null,null,null,null,null,null,null,null,null,null,null,null,null,null,null,{"$f":"'Baza klientów'!B4164","v":0},false,{"$f":"IF(AE4195=TRUE,COUNTIF($AE$32:AE4195,TRUE()),\"\")","v":""},{"$f":"IFERROR(INDEX($AD:$AD,MATCH(ROWS($AD$32:AD4195),$AF:$AF,0)),\"\")","v":""},null,null,false,{"$f":"IF(AJ4195=TRUE,COUNTIF($AJ$32:AJ4195,TRUE()),\"\")","v":""},{"$f":"IFERROR(INDEX($AD:$AD,MATCH(ROWS($AD$32:AD4195),$AK:$AK,0)),\"\")","v":""},null,false,{"$f":"IF(AN4195=TRUE,COUNTIF($AN$32:AN4195,TRUE()),\"\")","v":""},{"$f":"IFERROR(INDEX($AD:$AD,MATCH(ROWS($AD$32:$AD4195),$AO:$AO,0)),\"\")","v":""}]
[null,null,null,null,null,null,null,null,null,null,null,null,null,null,null,null,null,null,null,null,null,null,null,null,null,null,null,null,null,{"$f":"'Baza klientów'!B4167","v":0},false,{"$f":"IF(AE4198=TRUE,COUNTIF($AE$32:AE4198,TRUE()),\"\")","v":""},{"$f":"IFERROR(INDEX($AD:$AD,MATCH(ROWS($AD$32:AD4198),$AF:$AF,0)),\"\")","v":""},null,null,false,{"$f":"IF(AJ4198=TRUE,COUNTIF($AJ$32:AJ4198,TRUE()),\"\")","v":""},{"$f":"IFERROR(INDEX($AD:$AD,MATCH(ROWS($AD$32:AD4198),$AK:$AK,0)),\"\")","v":""},null,false,{"$f":"IF(AN4198=TRUE,COUNTIF($AN$32:AN4198,TRUE()),\"\")","v":""},{"$f":"IFERROR(INDEX($AD:$AD,MATCH(ROWS($AD$32:$AD4198),$AO:$AO,0)),\"\")","v":""}]
[null,null,null,null,null,null,null,null,null,null,null,null,null,null,null,null,null,null,null,null,null,null,null,null,null,null,null,null,null,{"$f":"'Baza klientów'!B4172","v":0},false,{"$f":"IF(AE4203=TRUE,COUNTIF($AE$32:AE4203,TRUE()),\"\")","v":""},{"$f":"IFERROR(INDEX($AD:$AD,MATCH(ROWS($AD$32:AD4203),$AF:$AF,0)),\"\")","v":""},null,null,false,{"$f":"IF(AJ4203=TRUE,COUNTIF($AJ$32:AJ4203,TRUE()),\"\")","v":""},{"$f":"IFERROR(INDEX($AD:$AD,MATCH(ROWS($AD$32:AD4203),$AK:$AK,0)),\"\")","v":""},null,false,{"$f":"IF(AN4203=TRUE,COUNTIF($AN$32:AN4203,TRUE()),\"\")","v":""},{"$f":"IFERROR(INDEX($AD:$AD,MATCH(ROWS($AD$32:$AD4203),$AO:$AO,0)),\"\")","v":""}]
[null,null,null,null,null,null,null,null,null,null,null,null,null,null,null,null,null,null,null,null,null,null,null,null,null,null,null,null,null,{"$f":"'Baza klientów'!B4173","v":0},false,{"$f":"IF(AE4204=TRUE,COUNTIF($AE$32:AE4204,TRUE()),\"\")","v":""},{"$f":"IFERROR(INDEX($AD:$AD,MATCH(ROWS($AD$32:AD4204),$AF:$AF,0)),\"\")","v":""},null,null,false,{"$f":"IF(AJ4204=TRUE,COUNTIF($AJ$32:AJ4204,TRUE()),\"\")","v":""},{"$f":"IFERROR(INDEX($AD:$AD,MATCH(ROWS($AD$32:AD4204),$AK:$AK,0)),\"\")","v":""},null,false,{"$f":"IF(AN4204=TRUE,COUNTIF($AN$32:AN4204,TRUE()),\"\")","v":""},{"$f":"IFERROR(INDEX($AD:$AD,MATCH(ROWS($AD$32:$AD4204),$AO:$AO,0)),\"\")","v":""}]
[null,null,null,null,null,null,null,null,null,null,null,null,null,null,null,null,null,null,null,null,null,null,null,null,null,null,null,null,null,{"$f":"'Baza klientów'!B4177","v":0},false,{"$f":"IF(AE4208=TRUE,COUNTIF($AE$32:AE4208,TRUE()),\"\")","v":""},{"$f":"IFERROR(INDEX($AD:$AD,MATCH(ROWS($AD$32:AD4208),$AF:$AF,0)),\"\")","v":""},null,null,false,{"$f":"IF(AJ4208=TRUE,COUNTIF($AJ$32:AJ4208,TRUE()),\"\")","v":""},{"$f":"IFERROR(INDEX($AD:$AD,MATCH(ROWS($AD$32:AD4208),$AK:$AK,0)),\"\")","v":""},null,false,{"$f":"IF(AN4208=TRUE,COUNTIF($AN$32:AN4208,TRUE()),\"\")","v":""},{"$f":"IFERROR(INDEX($AD:$AD,MATCH(ROWS($AD$32:$AD4208),$AO:$AO,0)),\"\")","v":""}]
[null,null,null,null,null,null,null,null,null,null,null,null,null,null,null,null,null,null,null,null,null,null,null,null,null,null,null,null,null,{"$f":"'Baza klientów'!B4182","v":0},false,{"$f":"IF(AE4213=TRUE,COUNTIF($AE$32:AE4213,TRUE()),\"\")","v":""},{"$f":"IFERROR(INDEX($AD:$AD,MATCH(ROWS($AD$32:AD4213),$AF:$AF,0)),\"\")","v":""},null,null,false,{"$f":"IF(AJ4213=TRUE,COUNTIF($AJ$32:AJ4213,TRUE()),\"\")","v":""},{"$f":"IFERROR(INDEX($AD:$AD,MATCH(ROWS($AD$32:AD4213),$AK:$AK,0)),\"\")","v":""},null,false,{"$f":"IF(AN4213=TRUE,COUNTIF($AN$32:AN4213,TRUE()),\"\")","v":""},{"$f":"IFERROR(INDEX($AD:$AD,MATCH(ROWS($AD$32:$AD4213),$AO:$AO,0)),\"\")","v":""}]
[null,null,null,null,null,null,null,null,null,null,null,null,null,null,null,null,null,null,null,null,null,null,null,null,null,null,null,null,null,{"$f":"'Baza klientów'!B4187","v":0},false,{"$f":"IF(AE4218=TRUE,COUNTIF($AE$32:AE4218,TRUE()),\"\")","v":""},{"$f":"IFERROR(INDEX($AD:$AD,MATCH(ROWS($AD$32:AD4218),$AF:$AF,0)),\"\")","v":""},null,null,false,{"$f":"IF(AJ4218=TRUE,COUNTIF($AJ$32:AJ4218,TRUE()),\"\")","v":""},{"$f":"IFERROR(INDEX($AD:$AD,MATCH(ROWS($AD$32:AD4218),$AK:$AK,0)),\"\")","v":""},null,false,{"$f":"IF(AN4218=TRUE,COUNTIF($AN$32:AN4218,TRUE()),\"\")","v":""},{"$f":"IFERROR(INDEX($AD:$AD,MATCH(ROWS($AD$32:$AD4218),$AO:$AO,0)),\"\")","v":""}]
[null,null,null,null,null,null,null,null,null,null,null,null,null,null,null,null,null,null,null,null,null,null,null,null,null,null,null,null,null,{"$f":"'Baza klientów'!B4188","v":0},false,{"$f":"IF(AE4219=TRUE,COUNTIF($AE$32:AE4219,TRUE()),\"\")","v":""},{"$f":"IFERROR(INDEX($AD:$AD,MATCH(ROWS($AD$32:AD4219),$AF:$AF,0)),\"\")","v":""},null,null,false,{"$f":"IF(AJ4219=TRUE,COUNTIF($AJ$32:AJ4219,TRUE()),\"\")","v":""},{"$f":"IFERROR(INDEX($AD:$AD,MATCH(ROWS($AD$32:AD4219),$AK:$AK,0)),\"\")","v":""},null,false,{"$f":"IF(AN4219=TRUE,COUNTIF($AN$32:AN4219,TRUE()),\"\")","v":""},{"$f":"IFERROR(INDEX($AD:$AD,MATCH(ROWS($AD$32:$AD4219),$AO:$AO,0)),\"\")","v":""}]
[null,null,null,null,null,null,null,null,null,null,null,null,null,null,null,null,null,null,null,null,null,null,null,null,null,null,null,null,null,{"$f":"'Baza klientów'!B4193","v":0},false,{"$f":"IF(AE4224=TRUE,COUNTIF($AE$32:AE4224,TRUE()),\"\")","v":""},{"$f":"IFERROR(INDEX($AD:$AD,MATCH(ROWS($AD$32:AD4224),$AF:$AF,0)),\"\")","v":""},null,null,false,{"$f":"IF(AJ4224=TRUE,COUNTIF($AJ$32:AJ4224,TRUE()),\"\")","v":""},{"$f":"IFERROR(INDEX($AD:$AD,MATCH(ROWS($AD$32:AD4224),$AK:$AK,0)),\"\")","v":""},null,false,{"$f":"IF(AN4224=TRUE,COUNTIF($AN$32:AN4224,TRUE()),\"\")","v":""},{"$f":"IFERROR(INDEX($AD:$AD,MATCH(ROWS($AD$32:$AD4224),$AO:$AO,0)),\"\")","v":""}]
[null,null,null,null,null,null,null,null,null,null,null,null,null,null,null,null,null,null,null,null,null,null,null,null,null,null,null,null,null,{"$f":"'Baza klientów'!B4198","v":0},false,{"$f":"IF(AE4229=TRUE,COUNTIF($AE$32:AE4229,TRUE()),\"\")","v":""},{"$f":"IFERROR(INDEX($AD:$AD,MATCH(ROWS($AD$32:AD4229),$AF:$AF,0)),\"\")","v":""},null,null,false,{"$f":"IF(AJ4229=TRUE,COUNTIF($AJ$32:AJ4229,TRUE()),\"\")","v":""},{"$f":"IFERROR(INDEX($AD:$AD,MATCH(ROWS($AD$32:AD4229),$AK:$AK,0)),\"\")","v":""},null,false,{"$f":"IF(AN4229=TRUE,COUNTIF($AN$32:AN4229,TRUE()),\"\")","v":""},{"$f":"IFERROR(INDEX($AD:$AD,MATCH(ROWS($AD$32:$AD4229),$AO:$AO,0)),\"\")","v":""}]
[null,null,null,null,null,null,null,null,null,null,null,null,null,null,null,null,null,null,null,null,null,null,null,null,null,null,null,null,null,{"$f":"'Baza klientów'!B4202","v":0},false,{"$f":"IF(AE4233=TRUE,COUNTIF($AE$32:AE4233,TRUE()),\"\")","v":""},{"$f":"IFERROR(INDEX($AD:$AD,MATCH(ROWS($AD$32:AD4233),$AF:$AF,0)),\"\")","v":""},null,null,false,{"$f":"IF(AJ4233=TRUE,COUNTIF($AJ$32:AJ4233,TRUE()),\"\")","v":""},{"$f":"IFERROR(INDEX($AD:$AD,MATCH(ROWS($AD$32:AD4233),$AK:$AK,0)),\"\")","v":""},null,false,{"$f":"IF(AN4233=TRUE,COUNTIF($AN$32:AN4233,TRUE()),\"\")","v":""},{"$f":"IFERROR(INDEX($AD:$AD,MATCH(ROWS($AD$32:$AD4233),$AO:$AO,0)),\"\")","v":""}]
[null,null,null,null,null,null,null,null,null,null,null,null,null,null,null,null,null,null,null,null,null,null,null,null,null,null,null,null,null,{"$f":"'Baza klientów'!B4203","v":0},false,{"$f":"IF(AE4234=TRUE,COUNTIF($AE$32:AE4234,TRUE()),\"\")","v":""},{"$f":"IFERROR(INDEX($AD:$AD,MATCH(ROWS($AD$32:AD4234),$AF:$AF,0)),\"\")","v":""},null,null,false,{"$f":"IF(AJ4234=TRUE,COUNTIF($AJ$32:AJ4234,TRUE()),\"\")","v":""},{"$f":"IFERROR(INDEX($AD:$AD,MATCH(ROWS($AD$32:AD4234),$AK:$AK,0)),\"\")","v":""},null,false,{"$f":"IF(AN4234=TRUE,COUNTIF($AN$32:AN4234,TRUE()),\"\")","v":""},{"$f":"IFERROR(INDEX($AD:$AD,MATCH(ROWS($AD$32:$AD4234),$AO:$AO,0)),\"\")","v":""}]
[null,null,null,null,null,null,null,null,null,null,null,null,null,null,null,null,null,null,null,null,null,null,null,null,null,null,null,null,null,{"$f":"'Baza klientów'!B4208","v":0},false,{"$f":"IF(AE4239=TRUE,COUNTIF($AE$32:AE4239,TRUE()),\"\")","v":""},{"$f":"IFERROR(INDEX($AD:$AD,MATCH(ROWS($AD$32:AD4239),$AF:$AF,0)),\"\")","v":""},null,null,false,{"$f":"IF(AJ4239=TRUE,COUNTIF($AJ$32:AJ4239,TRUE()),\"\")","v":""},{"$f":"IFERROR(INDEX($AD:$AD,MATCH(ROWS($AD$32:AD4239),$AK:$AK,0)),\"\")","v":""},null,false,{"$f":"IF(AN4239=TRUE,COUNTIF($AN$32:AN4239,TRUE()),\"\")","v":""},{"$f":"IFERROR(INDEX($AD:$AD,MATCH(ROWS($AD$32:$AD4239),$AO:$AO,0)),\"\")","v":""}]
[null,null,null,null,null,null,null,null,null,null,null,null,null,null,null,null,null,null,null,null,null,null,null,null,null,null,null,null,null,{"$f":"'Baza klientów'!B4212","v":0},false,{"$f":"IF(AE4243=TRUE,COUNTIF($AE$32:AE4243,TRUE()),\"\")","v":""},{"$f":"IFERROR(INDEX($AD:$AD,MATCH(ROWS($AD$32:AD4243),$AF:$AF,0)),\"\")","v":""},null,null,false,{"$f":"IF(AJ4243=TRUE,COUNTIF($AJ$32:AJ4243,TRUE()),\"\")","v":""},{"$f":"IFERROR(INDEX($AD:$AD,MATCH(ROWS($AD$32:AD4243),$AK:$AK,0)),\"\")","v":""},null,false,{"$f":"IF(AN4243=TRUE,COUNTIF($AN$32:AN4243,TRUE()),\"\")","v":""},{"$f":"IFERROR(INDEX($AD:$AD,MATCH(ROWS($AD$32:$AD4243),$AO:$AO,0)),\"\")","v":""}]
[null,null,null,null,null,null,null,null,null,null,null,null,null,null,null,null,null,null,null,null,null,null,null,null,null,null,null,null,null,{"$f":"'Baza klientów'!B4217","v":0},false,{"$f":"IF(AE4248=TRUE,COUNTIF($AE$32:AE4248,TRUE()),\"\")","v":""},{"$f":"IFERROR(INDEX($AD:$AD,MATCH(ROWS($AD$32:AD4248),$AF:$AF,0)),\"\")","v":""},null,null,false,{"$f":"IF(AJ4248=TRUE,COUNTIF($AJ$32:AJ4248,TRUE()),\"\")","v":""},{"$f":"IFERROR(INDEX($AD:$AD,MATCH(ROWS($AD$32:AD4248),$AK:$AK,0)),\"\")","v":""},null,false,{"$f":"IF(AN4248=TRUE,COUNTIF($AN$32:AN4248,TRUE()),\"\")","v":""},{"$f":"IFERROR(INDEX($AD:$AD,MATCH(ROWS($AD$32:$AD4248),$AO:$AO,0)),\"\")","v":""}]
[null,null,null,null,null,null,null,null,null,null,null,null,null,null,null,null,null,null,null,null,null,null,null,null,null,null,null,null,null,{"$f":"'Baza klientów'!B4218","v":0},false,{"$f":"IF(AE4249=TRUE,COUNTIF($AE$32:AE4249,TRUE()),\"\")","v":""},{"$f":"IFERROR(INDEX($AD:$AD,MATCH(ROWS($AD$32:AD4249),$AF:$AF,0)),\"\")","v":""},null,null,false,{"$f":"IF(AJ4249=TRUE,COUNTIF($AJ$32:AJ4249,TRUE()),\"\")","v":""},{"$f":"IFERROR(INDEX($AD:$AD,MATCH(ROWS($AD$32:AD4249),$AK:$AK,0)),\"\")","v":""},null,false,{"$f":"IF(AN4249=TRUE,COUNTIF($AN$32:AN4249,TRUE()),\"\")","v":""},{"$f":"IFERROR(INDEX($AD:$AD,MATCH(ROWS($AD$32:$AD4249),$AO:$AO,0)),\"\")","v":""}]
[null,null,null,null,null,null,null,null,null,null,null,null,null,null,null,null,null,null,null,null,null,null,null,null,null,null,null,null,null,{"$f":"'Baza klientów'!B4223","v":0},false,{"$f":"IF(AE4254=TRUE,COUNTIF($AE$32:AE4254,TRUE()),\"\")","v":""},{"$f":"IFERROR(INDEX($AD:$AD,MATCH(ROWS($AD$32:AD4254),$AF:$AF,0)),\"\")","v":""},null,null,false,{"$f":"IF(AJ4254=TRUE,COUNTIF($AJ$32:AJ4254,TRUE()),\"\")","v":""},{"$f":"IFERROR(INDEX($AD:$AD,MATCH(ROWS($AD$32:AD4254),$AK:$AK,0)),\"\")","v":""},null,false,{"$f":"IF(AN4254=TRUE,COUNTIF($AN$32:AN4254,TRUE()),\"\")","v":""},{"$f":"IFERROR(INDEX($AD:$AD,MATCH(ROWS($AD$32:$AD4254),$AO:$AO,0)),\"\")","v":""}]
[null,null,null,null,null,null,null,null,null,null,null,null,null,null,null,null,null,null,null,null,null,null,null,null,null,null,null,null,null,{"$f":"'Baza klientów'!B4228","v":0},false,{"$f":"IF(AE4259=TRUE,COUNTIF($AE$32:AE4259,TRUE()),\"\")","v":""},{"$f":"IFERROR(INDEX($AD:$AD,MATCH(ROWS($AD$32:AD4259),$AF:$AF,0)),\"\")","v":""},null,null,false,{"$f":"IF(AJ4259=TRUE,COUNTIF($AJ$32:AJ4259,TRUE()),\"\")","v":""},{"$f":"IFERROR(INDEX($AD:$AD,MATCH(ROWS($AD$32:AD4259),$AK:$AK,0)),\"\")","v":""},null,false,{"$f":"IF(AN4259=TRUE,COUNTIF($AN$32:AN4259,TRUE()),\"\")","v":""},{"$f":"IFERROR(INDEX($AD:$AD,MATCH(ROWS($AD$32:$AD4259),$AO:$AO,0)),\"\")","v":""}]
[null,null,null,null,null,null,null,null,null,null,null,null,null,null,null,null,null,null,null,null,null,null,null,null,null,null,null,null,null,{"$f":"'Baza klientów'!B4230","v":0},false,{"$f":"IF(AE4261=TRUE,COUNTIF($AE$32:AE4261,TRUE()),\"\")","v":""},{"$f":"IFERROR(INDEX($AD:$AD,MATCH(ROWS($AD$32:AD4261),$AF:$AF,0)),\"\")","v":""},null,null,false,{"$f":"IF(AJ4261=TRUE,COUNTIF($AJ$32:AJ4261,TRUE()),\"\")","v":""},{"$f":"IFERROR(INDEX($AD:$AD,MATCH(ROWS($AD$32:AD4261),$AK:$AK,0)),\"\")","v":""},null,false,{"$f":"IF(AN4261=TRUE,COUNTIF($AN$32:AN4261,TRUE()),\"\")","v":""},{"$f":"IFERROR(INDEX($AD:$AD,MATCH(ROWS($AD$32:$AD4261),$AO:$AO,0)),\"\")","v":""}]
[null,null,null,null,null,null,null,null,null,null,null,null,null,null,null,null,null,null,null,null,null,null,null,null,null,null,null,null,null,{"$f":"'Baza klientów'!B4233","v":0},false,{"$f":"IF(AE4264=TRUE,COUNTIF($AE$32:AE4264,TRUE()),\"\")","v":""},{"$f":"IFERROR(INDEX($AD:$AD,MATCH(ROWS($AD$32:AD4264),$AF:$AF,0)),\"\")","v":""},null,null,false,{"$f":"IF(AJ4264=TRUE,COUNTIF($AJ$32:AJ4264,TRUE()),\"\")","v":""},{"$f":"IFERROR(INDEX($AD:$AD,MATCH(ROWS($AD$32:AD4264),$AK:$AK,0)),\"\")","v":""},null,false,{"$f":"IF(AN4264=TRUE,COUNTIF($AN$32:AN4264,TRUE()),\"\")","v":""},{"$f":"IFERROR(INDEX($AD:$AD,MATCH(ROWS($AD$32:$AD4264),$AO:$AO,0)),\"\")","v":""}]
[null,null,null,null,null,null,null,null,null,null,null,null,null,null,null,null,null,null,null,null,null,null,null,null,null,null,null,null,null,{"$f":"'Baza klientów'!B4238","v":0},false,{"$f":"IF(AE4269=TRUE,COUNTIF($AE$32:AE4269,TRUE()),\"\")","v":""},{"$f":"IFERROR(INDEX($AD:$AD,MATCH(ROWS($AD$32:AD4269),$AF:$AF,0)),\"\")","v":""},null,null,false,{"$f":"IF(AJ4269=TRUE,COUNTIF($AJ$32:AJ4269,TRUE()),\"\")","v":""},{"$f":"IFERROR(INDEX($AD:$AD,MATCH(ROWS($AD$32:AD4269),$AK:$AK,0)),\"\")","v":""},null,false,{"$f":"IF(AN4269=TRUE,COUNTIF($AN$32:AN4269,TRUE()),\"\")","v":""},{"$f":"IFERROR(INDEX($AD:$AD,MATCH(ROWS($AD$32:$AD4269),$AO:$AO,0)),\"\")","v":""}]
[null,null,null,null,null,null,null,null,null,null,null,null,null,null,null,null,null,null,null,null,null,null,null,null,null,null,null,null,null,{"$f":"'Baza klientów'!B4243","v":0},false,{"$f":"IF(AE4274=TRUE,COUNTIF($AE$32:AE4274,TRUE()),\"\")","v":""},{"$f":"IFERROR(INDEX($AD:$AD,MATCH(ROWS($AD$32:AD4274),$AF:$AF,0)),\"\")","v":""},null,null,false,{"$f":"IF(AJ4274=TRUE,COUNTIF($AJ$32:AJ4274,TRUE()),\"\")","v":""},{"$f":"IFERROR(INDEX($AD:$AD,MATCH(ROWS($AD$32:AD4274),$AK:$AK,0)),\"\")","v":""},null,false,{"$f":"IF(AN4274=TRUE,COUNTIF($AN$32:AN4274,TRUE()),\"\")","v":""},{"$f":"IFERROR(INDEX($AD:$AD,MATCH(ROWS($AD$32:$AD4274),$AO:$AO,0)),\"\")","v":""}]
[null,null,null,null,null,null,null,null,null,null,null,null,null,null,null,null,null,null,null,null,null,null,null,null,null,null,null,null,null,{"$f":"'Baza klientów'!B4246","v":0},false,{"$f":"IF(AE4277=TRUE,COUNTIF($AE$32:AE4277,TRUE()),\"\")","v":""},{"$f":"IFERROR(INDEX($AD:$AD,MATCH(ROWS($AD$32:AD4277),$AF:$AF,0)),\"\")","v":""},null,null,false,{"$f":"IF(AJ4277=TRUE,COUNTIF($AJ$32:AJ4277,TRUE()),\"\")","v":""},{"$f":"IFERROR(INDEX($AD:$AD,MATCH(ROWS($AD$32:AD4277),$AK:$AK,0)),\"\")","v":""},null,false,{"$f":"IF(AN4277=TRUE,COUNTIF($AN$32:AN4277,TRUE()),\"\")","v":""},{"$f":"IFERROR(INDEX($AD:$AD,MATCH(ROWS($AD$32:$AD4277),$AO:$AO,0)),\"\")","v":""}]
[null,null,null,null,null,null,null,null,null,null,null,null,null,null,null,null,null,null,null,null,null,null,null,null,null,null,null,null,null,{"$f":"'Baza klientów'!B4248","v":0},false,{"$f":"IF(AE4279=TRUE,COUNTIF($AE$32:AE4279,TRUE()),\"\")","v":""},{"$f":"IFERROR(INDEX($AD:$AD,MATCH(ROWS($AD$32:AD4279),$AF:$AF,0)),\"\")","v":""},null,null,false,{"$f":"IF(AJ4279=TRUE,COUNTIF($AJ$32:AJ4279,TRUE()),\"\")","v":""},{"$f":"IFERROR(INDEX($AD:$AD,MATCH(ROWS($AD$32:AD4279),$AK:$AK,0)),\"\")","v":""},null,false,{"$f":"IF(AN4279=TRUE,COUNTIF($AN$32:AN4279,TRUE()),\"\")","v":""},{"$f":"IFERROR(INDEX($AD:$AD,MATCH(ROWS($AD$32:$AD4279),$AO:$AO,0)),\"\")","v":""}]
[null,null,null,null,null,null,null,null,null,null,null,null,null,null,null,null,null,null,null,null,null,null,null,null,null,null,null,null,null,{"$f":"'Baza klientów'!B4253","v":0},false,{"$f":"IF(AE4284=TRUE,COUNTIF($AE$32:AE4284,TRUE()),\"\")","v":""},{"$f":"IFERROR(INDEX($AD:$AD,MATCH(ROWS($AD$32:AD4284),$AF:$AF,0)),\"\")","v":""},null,null,false,{"$f":"IF(AJ4284=TRUE,COUNTIF($AJ$32:AJ4284,TRUE()),\"\")","v":""},{"$f":"IFERROR(INDEX($AD:$AD,MATCH(ROWS($AD$32:AD4284),$AK:$AK,0)),\"\")","v":""},null,false,{"$f":"IF(AN4284=TRUE,COUNTIF($AN$32:AN4284,TRUE()),\"\")","v":""},{"$f":"IFERROR(INDEX($AD:$AD,MATCH(ROWS($AD$32:$AD4284),$AO:$AO,0)),\"\")","v":""}]
[null,null,null,null,null,null,null,null,null,null,null,null,null,null,null,null,null,null,null,null,null,null,null,null,null,null,null,null,null,{"$f":"'Baza klientów'!B4258","v":0},false,{"$f":"IF(AE4289=TRUE,COUNTIF($AE$32:AE4289,TRUE()),\"\")","v":""},{"$f":"IFERROR(INDEX($AD:$AD,MATCH(ROWS($AD$32:AD4289),$AF:$AF,0)),\"\")","v":""},null,null,false,{"$f":"IF(AJ4289=TRUE,COUNTIF($AJ$32:AJ4289,TRUE()),\"\")","v":""},{"$f":"IFERROR(INDEX($AD:$AD,MATCH(ROWS($AD$32:AD4289),$AK:$AK,0)),\"\")","v":""},null,false,{"$f":"IF(AN4289=TRUE,COUNTIF($AN$32:AN4289,TRUE()),\"\")","v":""},{"$f":"IFERROR(INDEX($AD:$AD,MATCH(ROWS($AD$32:$AD4289),$AO:$AO,0)),\"\")","v":""}]
[null,null,null,null,null,null,null,null,null,null,null,null,null,null,null,null,null,null,null,null,null,null,null,null,null,null,null,null,null,{"$f":"'Baza klientów'!B4263","v":0},false,{"$f":"IF(AE4294=TRUE,COUNTIF($AE$32:AE4294,TRUE()),\"\")","v":""},{"$f":"IFERROR(INDEX($AD:$AD,MATCH(ROWS($AD$32:AD4294),$AF:$AF,0)),\"\")","v":""},null,null,false,{"$f":"IF(AJ4294=TRUE,COUNTIF($AJ$32:AJ4294,TRUE()),\"\")","v":""},{"$f":"IFERROR(INDEX($AD:$AD,MATCH(ROWS($AD$32:AD4294),$AK:$AK,0)),\"\")","v":""},null,false,{"$f":"IF(AN4294=TRUE,COUNTIF($AN$32:AN4294,TRUE()),\"\")","v":""},{"$f":"IFERROR(INDEX($AD:$AD,MATCH(ROWS($AD$32:$AD4294),$AO:$AO,0)),\"\")","v":""}]
[null,null,null,null,null,null,null,null,null,null,null,null,null,null,null,null,null,null,null,null,null,null,null,null,null,null,null,null,null,{"$f":"'Baza klientów'!B4264","v":0},false,{"$f":"IF(AE4295=TRUE,COUNTIF($AE$32:AE4295,TRUE()),\"\")","v":""},{"$f":"IFERROR(INDEX($AD:$AD,MATCH(ROWS($AD$32:AD4295),$AF:$AF,0)),\"\")","v":""},null,null,false,{"$f":"IF(AJ4295=TRUE,COUNTIF($AJ$32:AJ4295,TRUE()),\"\")","v":""},{"$f":"IFERROR(INDEX($AD:$AD,MATCH(ROWS($AD$32:AD4295),$AK:$AK,0)),\"\")","v":""},null,false,{"$f":"IF(AN4295=TRUE,COUNTIF($AN$32:AN4295,TRUE()),\"\")","v":""},{"$f":"IFERROR(INDEX($AD:$AD,MATCH(ROWS($AD$32:$AD4295),$AO:$AO,0)),\"\")","v":""}]
[null,null,null,null,null,null,null,null,null,null,null,null,null,null,null,null,null,null,null,null,null,null,null,null,null,null,null,null,null,{"$f":"'Baza klientów'!B4268","v":0},false,{"$f":"IF(AE4299=TRUE,COUNTIF($AE$32:AE4299,TRUE()),\"\")","v":""},{"$f":"IFERROR(INDEX($AD:$AD,MATCH(ROWS($AD$32:AD4299),$AF:$AF,0)),\"\")","v":""},null,null,false,{"$f":"IF(AJ4299=TRUE,COUNTIF($AJ$32:AJ4299,TRUE()),\"\")","v":""},{"$f":"IFERROR(INDEX($AD:$AD,MATCH(ROWS($AD$32:AD4299),$AK:$AK,0)),\"\")","v":""},null,false,{"$f":"IF(AN4299=TRUE,COUNTIF($AN$32:AN4299,TRUE()),\"\")","v":""},{"$f":"IFERROR(INDEX($AD:$AD,MATCH(ROWS($AD$32:$AD4299),$AO:$AO,0)),\"\")","v":""}]
[null,null,null,null,null,null,null,null,null,null,null,null,null,null,null,null,null,null,null,null,null,null,null,null,null,null,null,null,null,{"$f":"'Baza klientów'!B4273","v":0},false,{"$f":"IF(AE4304=TRUE,COUNTIF($AE$32:AE4304,TRUE()),\"\")","v":""},{"$f":"IFERROR(INDEX($AD:$AD,MATCH(ROWS($AD$32:AD4304),$AF:$AF,0)),\"\")","v":""},null,null,false,{"$f":"IF(AJ4304=TRUE,COUNTIF($AJ$32:AJ4304,TRUE()),\"\")","v":""},{"$f":"IFERROR(INDEX($AD:$AD,MATCH(ROWS($AD$32:AD4304),$AK:$AK,0)),\"\")","v":""},null,false,{"$f":"IF(AN4304=TRUE,COUNTIF($AN$32:AN4304,TRUE()),\"\")","v":""},{"$f":"IFERROR(INDEX($AD:$AD,MATCH(ROWS($AD$32:$AD4304),$AO:$AO,0)),\"\")","v":""}]
[null,null,null,null,null,null,null,null,null,null,null,null,null,null,null,null,null,null,null,null,null,null,null,null,null,null,null,null,null,{"$f":"'Baza klientów'!B4278","v":0},false,{"$f":"IF(AE4309=TRUE,COUNTIF($AE$32:AE4309,TRUE()),\"\")","v":""},{"$f":"IFERROR(INDEX($AD:$AD,MATCH(ROWS($AD$32:AD4309),$AF:$AF,0)),\"\")","v":""},null,null,false,{"$f":"IF(AJ4309=TRUE,COUNTIF($AJ$32:AJ4309,TRUE()),\"\")","v":""},{"$f":"IFERROR(INDEX($AD:$AD,MATCH(ROWS($AD$32:AD4309),$AK:$AK,0)),\"\")","v":""},null,false,{"$f":"IF(AN4309=TRUE,COUNTIF($AN$32:AN4309,TRUE()),\"\")","v":""},{"$f":"IFERROR(INDEX($AD:$AD,MATCH(ROWS($AD$32:$AD4309),$AO:$AO,0)),\"\")","v":""}]
[null,null,null,null,null,null,null,null,null,null,null,null,null,null,null,null,null,null,null,null,null,null,null,null,null,null,null,null,null,{"$f":"'Baza klientów'!B4279","v":0},false,{"$f":"IF(AE4310=TRUE,COUNTIF($AE$32:AE4310,TRUE()),\"\")","v":""},{"$f":"IFERROR(INDEX($AD:$AD,MATCH(ROWS($AD$32:AD4310),$AF:$AF,0)),\"\")","v":""},null,null,false,{"$f":"IF(AJ4310=TRUE,COUNTIF($AJ$32:AJ4310,TRUE()),\"\")","v":""},{"$f":"IFERROR(INDEX($AD:$AD,MATCH(ROWS($AD$32:AD4310),$AK:$AK,0)),\"\")","v":""},null,false,{"$f":"IF(AN4310=TRUE,COUNTIF($AN$32:AN4310,TRUE()),\"\")","v":""},{"$f":"IFERROR(INDEX($AD:$AD,MATCH(ROWS($AD$32:$AD4310),$AO:$AO,0)),\"\")","v":""}]
[null,null,null,null,null,null,null,null,null,null,null,null,null,null,null,null,null,null,null,null,null,null,null,null,null,null,null,null,null,{"$f":"'Baza klientów'!B4285","v":0},false,{"$f":"IF(AE4316=TRUE,COUNTIF($AE$32:AE4316,TRUE()),\"\")","v":""},{"$f":"IFERROR(INDEX($AD:$AD,MATCH(ROWS($AD$32:AD4316),$AF:$AF,0)),\"\")","v":""},null,null,false,{"$f":"IF(AJ4316=TRUE,COUNTIF($AJ$32:AJ4316,TRUE()),\"\")","v":""},{"$f":"IFERROR(INDEX($AD:$AD,MATCH(ROWS($AD$32:AD4316),$AK:$AK,0)),\"\")","v":""},null,false,{"$f":"IF(AN4316=TRUE,COUNTIF($AN$32:AN4316,TRUE()),\"\")","v":""},{"$f":"IFERROR(INDEX($AD:$AD,MATCH(ROWS($AD$32:$AD4316),$AO:$AO,0)),\"\")","v":""}]
[null,null,null,null,null,null,null,null,null,null,null,null,null,null,null,null,null,null,null,null,null,null,null,null,null,null,null,null,null,{"$f":"'Baza klientów'!B4288","v":0},false,{"$f":"IF(AE4319=TRUE,COUNTIF($AE$32:AE4319,TRUE()),\"\")","v":""},{"$f":"IFERROR(INDEX($AD:$AD,MATCH(ROWS($AD$32:AD4319),$AF:$AF,0)),\"\")","v":""},null,null,false,{"$f":"IF(AJ4319=TRUE,COUNTIF($AJ$32:AJ4319,TRUE()),\"\")","v":""},{"$f":"IFERROR(INDEX($AD:$AD,MATCH(ROWS($AD$32:AD4319),$AK:$AK,0)),\"\")","v":""},null,false,{"$f":"IF(AN4319=TRUE,COUNTIF($AN$32:AN4319,TRUE()),\"\")","v":""},{"$f":"IFERROR(INDEX($AD:$AD,MATCH(ROWS($AD$32:$AD4319),$AO:$AO,0)),\"\")","v":""}]
[null,null,null,null,null,null,null,null,null,null,null,null,null,null,null,null,null,null,null,null,null,null,null,null,null,null,null,null,null,{"$f":"'Baza klientów'!B4293","v":0},false,{"$f":"IF(AE4324=TRUE,COUNTIF($AE$32:AE4324,TRUE()),\"\")","v":""},{"$f":"IFERROR(INDEX($AD:$AD,MATCH(ROWS($AD$32:AD4324),$AF:$AF,0)),\"\")","v":""},null,null,false,{"$f":"IF(AJ4324=TRUE,COUNTIF($AJ$32:AJ4324,TRUE()),\"\")","v":""},{"$f":"IFERROR(INDEX($AD:$AD,MATCH(ROWS($AD$32:AD4324),$AK:$AK,0)),\"\")","v":""},null,false,{"$f":"IF(AN4324=TRUE,COUNTIF($AN$32:AN4324,TRUE()),\"\")","v":""},{"$f":"IFERROR(INDEX($AD:$AD,MATCH(ROWS($AD$32:$AD4324),$AO:$AO,0)),\"\")","v":""}]
[null,null,null,null,null,null,null,null,null,null,null,null,null,null,null,null,null,null,null,null,null,null,null,null,null,null,null,null,null,{"$f":"'Baza klientów'!B4294","v":0},false,{"$f":"IF(AE4325=TRUE,COUNTIF($AE$32:AE4325,TRUE()),\"\")","v":""},{"$f":"IFERROR(INDEX($AD:$AD,MATCH(ROWS($AD$32:AD4325),$AF:$AF,0)),\"\")","v":""},null,null,false,{"$f":"IF(AJ4325=TRUE,COUNTIF($AJ$32:AJ4325,TRUE()),\"\")","v":""},{"$f":"IFERROR(INDEX($AD:$AD,MATCH(ROWS($AD$32:AD4325),$AK:$AK,0)),\"\")","v":""},null,false,{"$f":"IF(AN4325=TRUE,COUNTIF($AN$32:AN4325,TRUE()),\"\")","v":""},{"$f":"IFERROR(INDEX($AD:$AD,MATCH(ROWS($AD$32:$AD4325),$AO:$AO,0)),\"\")","v":""}]
[null,null,null,null,null,null,null,null,null,null,null,null,null,null,null,null,null,null,null,null,null,null,null,null,null,null,null,null,null,{"$f":"'Baza klientów'!B4299","v":0},false,{"$f":"IF(AE4330=TRUE,COUNTIF($AE$32:AE4330,TRUE()),\"\")","v":""},{"$f":"IFERROR(INDEX($AD:$AD,MATCH(ROWS($AD$32:AD4330),$AF:$AF,0)),\"\")","v":""},null,null,false,{"$f":"IF(AJ4330=TRUE,COUNTIF($AJ$32:AJ4330,TRUE()),\"\")","v":""},{"$f":"IFERROR(INDEX($AD:$AD,MATCH(ROWS($AD$32:AD4330),$AK:$AK,0)),\"\")","v":""},null,false,{"$f":"IF(AN4330=TRUE,COUNTIF($AN$32:AN4330,TRUE()),\"\")","v":""},{"$f":"IFERROR(INDEX($AD:$AD,MATCH(ROWS($AD$32:$AD4330),$AO:$AO,0)),\"\")","v":""}]
[null,null,null,null,null,null,null,null,null,null,null,null,null,null,null,null,null,null,null,null,null,null,null,null,null,null,null,null,null,{"$f":"'Baza klientów'!B4303","v":0},false,{"$f":"IF(AE4334=TRUE,COUNTIF($AE$32:AE4334,TRUE()),\"\")","v":""},{"$f":"IFERROR(INDEX($AD:$AD,MATCH(ROWS($AD$32:AD4334),$AF:$AF,0)),\"\")","v":""},null,null,false,{"$f":"IF(AJ4334=TRUE,COUNTIF($AJ$32:AJ4334,TRUE()),\"\")","v":""},{"$f":"IFERROR(INDEX($AD:$AD,MATCH(ROWS($AD$32:AD4334),$AK:$AK,0)),\"\")","v":""},null,false,{"$f":"IF(AN4334=TRUE,COUNTIF($AN$32:AN4334,TRUE()),\"\")","v":""},{"$f":"IFERROR(INDEX($AD:$AD,MATCH(ROWS($AD$32:$AD4334),$AO:$AO,0)),\"\")","v":""}]
[null,null,null,null,null,null,null,null,null,null,null,null,null,null,null,null,null,null,null,null,null,null,null,null,null,null,null,null,null,{"$f":"'Baza klientów'!B4308","v":0},false,{"$f":"IF(AE4339=TRUE,COUNTIF($AE$32:AE4339,TRUE()),\"\")","v":""},{"$f":"IFERROR(INDEX($AD:$AD,MATCH(ROWS($AD$32:AD4339),$AF:$AF,0)),\"\")","v":""},null,null,false,{"$f":"IF(AJ4339=TRUE,COUNTIF($AJ$32:AJ4339,TRUE()),\"\")","v":""},{"$f":"IFERROR(INDEX($AD:$AD,MATCH(ROWS($AD$32:AD4339),$AK:$AK,0)),\"\")","v":""},null,false,{"$f":"IF(AN4339=TRUE,COUNTIF($AN$32:AN4339,TRUE()),\"\")","v":""},{"$f":"IFERROR(INDEX($AD:$AD,MATCH(ROWS($AD$32:$AD4339),$AO:$AO,0)),\"\")","v":""}]
[null,null,null,null,null,null,null,null,null,null,null,null,null,null,null,null,null,null,null,null,null,null,null,null,null,null,null,null,null,{"$f":"'Baza klientów'!B4309","v":0},false,{"$f":"IF(AE4340=TRUE,COUNTIF($AE$32:AE4340,TRUE()),\"\")","v":""},{"$f":"IFERROR(INDEX($AD:$AD,MATCH(ROWS($AD$32:AD4340),$AF:$AF,0)),\"\")","v":""},null,null,false,{"$f":"IF(AJ4340=TRUE,COUNTIF($AJ$32:AJ4340,TRUE()),\"\")","v":""},{"$f":"IFERROR(INDEX($AD:$AD,MATCH(ROWS($AD$32:AD4340),$AK:$AK,0)),\"\")","v":""},null,false,{"$f":"IF(AN4340=TRUE,COUNTIF($AN$32:AN4340,TRUE()),\"\")","v":""},{"$f":"IFERROR(INDEX($AD:$AD,MATCH(ROWS($AD$32:$AD4340),$AO:$AO,0)),\"\")","v":""}]
[null,null,null,null,null,null,null,null,null,null,null,null,null,null,null,null,null,null,null,null,null,null,null,null,null,null,null,null,null,{"$f":"'Baza klientów'!B4314","v":0},false,{"$f":"IF(AE4345=TRUE,COUNTIF($AE$32:AE4345,TRUE()),\"\")","v":""},{"$f":"IFERROR(INDEX($AD:$AD,MATCH(ROWS($AD$32:AD4345),$AF:$AF,0)),\"\")","v":""},null,null,false,{"$f":"IF(AJ4345=TRUE,COUNTIF($AJ$32:AJ4345,TRUE()),\"\")","v":""},{"$f":"IFERROR(INDEX($AD:$AD,MATCH(ROWS($AD$32:AD4345),$AK:$AK,0)),\"\")","v":""},null,false,{"$f":"IF(AN4345=TRUE,COUNTIF($AN$32:AN4345,TRUE()),\"\")","v":""},{"$f":"IFERROR(INDEX($AD:$AD,MATCH(ROWS($AD$32:$AD4345),$AO:$AO,0)),\"\")","v":""}]
[null,null,null,null,null,null,null,null,null,null,null,null,null,null,null,null,null,null,null,null,null,null,null,null,null,null,null,null,null,{"$f":"'Baza klientów'!B4317","v":0},false,{"$f":"IF(AE4348=TRUE,COUNTIF($AE$32:AE4348,TRUE()),\"\")","v":""},{"$f":"IFERROR(INDEX($AD:$AD,MATCH(ROWS($AD$32:AD4348),$AF:$AF,0)),\"\")","v":""},null,null,false,{"$f":"IF(AJ4348=TRUE,COUNTIF($AJ$32:AJ4348,TRUE()),\"\")","v":""},{"$f":"IFERROR(INDEX($AD:$AD,MATCH(ROWS($AD$32:AD4348),$AK:$AK,0)),\"\")","v":""},null,false,{"$f":"IF(AN4348=TRUE,COUNTIF($AN$32:AN4348,TRUE()),\"\")","v":""},{"$f":"IFERROR(INDEX($AD:$AD,MATCH(ROWS($AD$32:$AD4348),$AO:$AO,0)),\"\")","v":""}]
[null,null,null,null,null,null,null,null,null,null,null,null,null,null,null,null,null,null,null,null,null,null,null,null,null,null,null,null,null,{"$f":"'Baza klientów'!B4323","v":0},false,{"$f":"IF(AE4354=TRUE,COUNTIF($AE$32:AE4354,TRUE()),\"\")","v":""},{"$f":"IFERROR(INDEX($AD:$AD,MATCH(ROWS($AD$32:AD4354),$AF:$AF,0)),\"\")","v":""},null,null,false,{"$f":"IF(AJ4354=TRUE,COUNTIF($AJ$32:AJ4354,TRUE()),\"\")","v":""},{"$f":"IFERROR(INDEX($AD:$AD,MATCH(ROWS($AD$32:AD4354),$AK:$AK,0)),\"\")","v":""},null,false,{"$f":"IF(AN4354=TRUE,COUNTIF($AN$32:AN4354,TRUE()),\"\")","v":""},{"$f":"IFERROR(INDEX($AD:$AD,MATCH(ROWS($AD$32:$AD4354),$AO:$AO,0)),\"\")","v":""}]
[null,null,null,null,null,null,null,null,null,null,null,null,null,null,null,null,null,null,null,null,null,null,null,null,null,null,null,null,null,{"$f":"'Baza klientów'!B4324","v":0},false,{"$f":"IF(AE4355=TRUE,COUNTIF($AE$32:AE4355,TRUE()),\"\")","v":""},{"$f":"IFERROR(INDEX($AD:$AD,MATCH(ROWS($AD$32:AD4355),$AF:$AF,0)),\"\")","v":""},null,null,false,{"$f":"IF(AJ4355=TRUE,COUNTIF($AJ$32:AJ4355,TRUE()),\"\")","v":""},{"$f":"IFERROR(INDEX($AD:$AD,MATCH(ROWS($AD$32:AD4355),$AK:$AK,0)),\"\")","v":""},null,false,{"$f":"IF(AN4355=TRUE,COUNTIF($AN$32:AN4355,TRUE()),\"\")","v":""},{"$f":"IFERROR(INDEX($AD:$AD,MATCH(ROWS($AD$32:$AD4355),$AO:$AO,0)),\"\")","v":""}]
[null,null,null,null,null,null,null,null,null,null,null,null,null,null,null,null,null,null,null,null,null,null,null,null,null,null,null,null,null,{"$f":"'Baza klientów'!B4329","v":0},false,{"$f":"IF(AE4360=TRUE,COUNTIF($AE$32:AE4360,TRUE()),\"\")","v":""},{"$f":"IFERROR(INDEX($AD:$AD,MATCH(ROWS($AD$32:AD4360),$AF:$AF,0)),\"\")","v":""},null,null,false,{"$f":"IF(AJ4360=TRUE,COUNTIF($AJ$32:AJ4360,TRUE()),\"\")","v":""},{"$f":"IFERROR(INDEX($AD:$AD,MATCH(ROWS($AD$32:AD4360),$AK:$AK,0)),\"\")","v":""},null,false,{"$f":"IF(AN4360=TRUE,COUNTIF($AN$32:AN4360,TRUE()),\"\")","v":""},{"$f":"IFERROR(INDEX($AD:$AD,MATCH(ROWS($AD$32:$AD4360),$AO:$AO,0)),\"\")","v":""}]
[null,null,null,null,null,null,null,null,null,null,null,null,null,null,null,null,null,null,null,null,null,null,null,null,null,null,null,null,null,{"$f":"'Baza klientów'!B4333","v":0},false,{"$f":"IF(AE4364=TRUE,COUNTIF($AE$32:AE4364,TRUE()),\"\")","v":""},{"$f":"IFERROR(INDEX($AD:$AD,MATCH(ROWS($AD$32:AD4364),$AF:$AF,0)),\"\")","v":""},null,null,false,{"$f":"IF(AJ4364=TRUE,COUNTIF($AJ$32:AJ4364,TRUE()),\"\")","v":""},{"$f":"IFERROR(INDEX($AD:$AD,MATCH(ROWS($AD$32:AD4364),$AK:$AK,0)),\"\")","v":""},null,false,{"$f":"IF(AN4364=TRUE,COUNTIF($AN$32:AN4364,TRUE()),\"\")","v":""},{"$f":"IFERROR(INDEX($AD:$AD,MATCH(ROWS($AD$32:$AD4364),$AO:$AO,0)),\"\")","v":""}]
[null,null,null,null,null,null,null,null,null,null,null,null,null,null,null,null,null,null,null,null,null,null,null,null,null,null,null,null,null,{"$f":"'Baza klientów'!B4338","v":0},false,{"$f":"IF(AE4369=TRUE,COUNTIF($AE$32:AE4369,TRUE()),\"\")","v":""},{"$f":"IFERROR(INDEX($AD:$AD,MATCH(ROWS($AD$32:AD4369),$AF:$AF,0)),\"\")","v":""},null,null,false,{"$f":"IF(AJ4369=TRUE,COUNTIF($AJ$32:AJ4369,TRUE()),\"\")","v":""},{"$f":"IFERROR(INDEX($AD:$AD,MATCH(ROWS($AD$32:AD4369),$AK:$AK,0)),\"\")","v":""},null,false,{"$f":"IF(AN4369=TRUE,COUNTIF($AN$32:AN4369,TRUE()),\"\")","v":""},{"$f":"IFERROR(INDEX($AD:$AD,MATCH(ROWS($AD$32:$AD4369),$AO:$AO,0)),\"\")","v":""}]
[null,null,null,null,null,null,null,null,null,null,null,null,null,null,null,null,null,null,null,null,null,null,null,null,null,null,null,null,null,{"$f":"'Baza klientów'!B4339","v":0},false,{"$f":"IF(AE4370=TRUE,COUNTIF($AE$32:AE4370,TRUE()),\"\")","v":""},{"$f":"IFERROR(INDEX($AD:$AD,MATCH(ROWS($AD$32:AD4370),$AF:$AF,0)),\"\")","v":""},null,null,false,{"$f":"IF(AJ4370=TRUE,COUNTIF($AJ$32:AJ4370,TRUE()),\"\")","v":""},{"$f":"IFERROR(INDEX($AD:$AD,MATCH(ROWS($AD$32:AD4370),$AK:$AK,0)),\"\")","v":""},null,false,{"$f":"IF(AN4370=TRUE,COUNTIF($AN$32:AN4370,TRUE()),\"\")","v":""},{"$f":"IFERROR(INDEX($AD:$AD,MATCH(ROWS($AD$32:$AD4370),$AO:$AO,0)),\"\")","v":""}]
[null,null,null,null,null,null,null,null,null,null,null,null,null,null,null,null,null,null,null,null,null,null,null,null,null,null,null,null,null,{"$f":"'Baza klientów'!B4344","v":0},false,{"$f":"IF(AE4375=TRUE,COUNTIF($AE$32:AE4375,TRUE()),\"\")","v":""},{"$f":"IFERROR(INDEX($AD:$AD,MATCH(ROWS($AD$32:AD4375),$AF:$AF,0)),\"\")","v":""},null,null,false,{"$f":"IF(AJ4375=TRUE,COUNTIF($AJ$32:AJ4375,TRUE()),\"\")","v":""},{"$f":"IFERROR(INDEX($AD:$AD,MATCH(ROWS($AD$32:AD4375),$AK:$AK,0)),\"\")","v":""},null,false,{"$f":"IF(AN4375=TRUE,COUNTIF($AN$32:AN4375,TRUE()),\"\")","v":""},{"$f":"IFERROR(INDEX($AD:$AD,MATCH(ROWS($AD$32:$AD4375),$AO:$AO,0)),\"\")","v":""}]
[null,null,null,null,null,null,null,null,null,null,null,null,null,null,null,null,null,null,null,null,null,null,null,null,null,null,null,null,null,{"$f":"'Baza klientów'!B4349","v":0},false,{"$f":"IF(AE4380=TRUE,COUNTIF($AE$32:AE4380,TRUE()),\"\")","v":""},{"$f":"IFERROR(INDEX($AD:$AD,MATCH(ROWS($AD$32:AD4380),$AF:$AF,0)),\"\")","v":""},null,null,false,{"$f":"IF(AJ4380=TRUE,COUNTIF($AJ$32:AJ4380,TRUE()),\"\")","v":""},{"$f":"IFERROR(INDEX($AD:$AD,MATCH(ROWS($AD$32:AD4380),$AK:$AK,0)),\"\")","v":""},null,false,{"$f":"IF(AN4380=TRUE,COUNTIF($AN$32:AN4380,TRUE()),\"\")","v":""},{"$f":"IFERROR(INDEX($AD:$AD,MATCH(ROWS($AD$32:$AD4380),$AO:$AO,0)),\"\")","v":""}]
[null,null,null,null,null,null,null,null,null,null,null,null,null,null,null,null,null,null,null,null,null,null,null,null,null,null,null,null,null,{"$f":"'Baza klientów'!B4351","v":0},false,{"$f":"IF(AE4382=TRUE,COUNTIF($AE$32:AE4382,TRUE()),\"\")","v":""},{"$f":"IFERROR(INDEX($AD:$AD,MATCH(ROWS($AD$32:AD4382),$AF:$AF,0)),\"\")","v":""},null,null,false,{"$f":"IF(AJ4382=TRUE,COUNTIF($AJ$32:AJ4382,TRUE()),\"\")","v":""},{"$f":"IFERROR(INDEX($AD:$AD,MATCH(ROWS($AD$32:AD4382),$AK:$AK,0)),\"\")","v":""},null,false,{"$f":"IF(AN4382=TRUE,COUNTIF($AN$32:AN4382,TRUE()),\"\")","v":""},{"$f":"IFERROR(INDEX($AD:$AD,MATCH(ROWS($AD$32:$AD4382),$AO:$AO,0)),\"\")","v":""}]
[null,null,null,null,null,null,null,null,null,null,null,null,null,null,null,null,null,null,null,null,null,null,null,null,null,null,null,null,null,{"$f":"'Baza klientów'!B4354","v":0},{"$f":"ISNUMBER(SEARCH($AH$32,AD4385))","v":false},{"$f":"IF(AE4385=TRUE,COUNTIF($AE$32:AE4385,TRUE()),\"\")","v":""},{"$f":"IFERROR(INDEX($AD:$AD,MATCH(ROWS($AD$32:AD4385),$AF:$AF,0)),\"\")","v":""},null,null,{"$f":"ISNUMBER(SEARCH($AM$31,AD4385))","v":false},{"$f":"IF(AJ4385=TRUE,COUNTIF($AJ$32:AJ4385,TRUE()),\"\")","v":""},{"$f":"IFERROR(INDEX($AD:$AD,MATCH(ROWS($AD$32:AD4385),$AK:$AK,0)),\"\")","v":""},null,{"$f":"ISNUMBER(SEARCH($AQ$31,$AD4385))","v":false},{"$f":"IF(AN4385=TRUE,COUNTIF($AN$32:AN4385,TRUE()),\"\")","v":""},{"$f":"IFERROR(INDEX($AD:$AD,MATCH(ROWS($AD$32:$AD4385),$AO:$AO,0)),\"\")","v":""}]
[null,null,null,null,null,null,null,null,null,null,null,null,null,null,null,null,null,null,null,null,null,null,null,null,null,null,null,null,null,{"$f":"'Baza klientów'!B4359","v":0},false,{"$f":"IF(AE4390=TRUE,COUNTIF($AE$32:AE4390,TRUE()),\"\")","v":""},{"$f":"IFERROR(INDEX($AD:$AD,MATCH(ROWS($AD$32:AD4390),$AF:$AF,0)),\"\")","v":""},null,null,false,{"$f":"IF(AJ4390=TRUE,COUNTIF($AJ$32:AJ4390,TRUE()),\"\")","v":""},{"$f":"IFERROR(INDEX($AD:$AD,MATCH(ROWS($AD$32:AD4390),$AK:$AK,0)),\"\")","v":""},null,false,{"$f":"IF(AN4390=TRUE,COUNTIF($AN$32:AN4390,TRUE()),\"\")","v":""},{"$f":"IFERROR(INDEX($AD:$AD,MATCH(ROWS($AD$32:$AD4390),$AO:$AO,0)),\"\")","v":""}]
[null,null,null,null,null,null,null,null,null,null,null,null,null,null,null,null,null,null,null,null,null,null,null,null,null,null,null,null,null,{"$f":"'Baza klientów'!B4364","v":0},false,{"$f":"IF(AE4395=TRUE,COUNTIF($AE$32:AE4395,TRUE()),\"\")","v":""},{"$f":"IFERROR(INDEX($AD:$AD,MATCH(ROWS($AD$32:AD4395),$AF:$AF,0)),\"\")","v":""},null,null,false,{"$f":"IF(AJ4395=TRUE,COUNTIF($AJ$32:AJ4395,TRUE()),\"\")","v":""},{"$f":"IFERROR(INDEX($AD:$AD,MATCH(ROWS($AD$32:AD4395),$AK:$AK,0)),\"\")","v":""},null,false,{"$f":"IF(AN4395=TRUE,COUNTIF($AN$32:AN4395,TRUE()),\"\")","v":""},{"$f":"IFERROR(INDEX($AD:$AD,MATCH(ROWS($AD$32:$AD4395),$AO:$AO,0)),\"\")","v":""}]
[null,null,null,null,null,null,null,null,null,null,null,null,null,null,null,null,null,null,null,null,null,null,null,null,null,null,null,null,null,{"$f":"'Baza klientów'!B4369","v":0},false,{"$f":"IF(AE4400=TRUE,COUNTIF($AE$32:AE4400,TRUE()),\"\")","v":""},{"$f":"IFERROR(INDEX($AD:$AD,MATCH(ROWS($AD$32:AD4400),$AF:$AF,0)),\"\")","v":""},null,null,false,{"$f":"IF(AJ4400=TRUE,COUNTIF($AJ$32:AJ4400,TRUE()),\"\")","v":""},{"$f":"IFERROR(INDEX($AD:$AD,MATCH(ROWS($AD$32:AD4400),$AK:$AK,0)),\"\")","v":""},null,false,{"$f":"IF(AN4400=TRUE,COUNTIF($AN$32:AN4400,TRUE()),\"\")","v":""},{"$f":"IFERROR(INDEX($AD:$AD,MATCH(ROWS($AD$32:$AD4400),$AO:$AO,0)),\"\")","v":""}]
[null,null,null,null,null,null,null,null,null,null,null,null,null,null,null,null,null,null,null,null,null,null,null,null,null,null,null,null,null,{"$f":"'Baza klientów'!B4372","v":0},false,{"$f":"IF(AE4403=TRUE,COUNTIF($AE$32:AE4403,TRUE()),\"\")","v":""},{"$f":"IFERROR(INDEX($AD:$AD,MATCH(ROWS($AD$32:AD4403),$AF:$AF,0)),\"\")","v":""},null,null,false,{"$f":"IF(AJ4403=TRUE,COUNTIF($AJ$32:AJ4403,TRUE()),\"\")","v":""},{"$f":"IFERROR(INDEX($AD:$AD,MATCH(ROWS($AD$32:AD4403),$AK:$AK,0)),\"\")","v":""},null,false,{"$f":"IF(AN4403=TRUE,COUNTIF($AN$32:AN4403,TRUE()),\"\")","v":""},{"$f":"IFERROR(INDEX($AD:$AD,MATCH(ROWS($AD$32:$AD4403),$AO:$AO,0)),\"\")","v":""}]
[null,null,null,null,null,null,null,null,null,null,null,null,null,null,null,null,null,null,null,null,null,null,null,null,null,null,null,null,null,{"$f":"'Baza klientów'!B4374","v":0},false,{"$f":"IF(AE4405=TRUE,COUNTIF($AE$32:AE4405,TRUE()),\"\")","v":""},{"$f":"IFERROR(INDEX($AD:$AD,MATCH(ROWS($AD$32:AD4405),$AF:$AF,0)),\"\")","v":""},null,null,false,{"$f":"IF(AJ4405=TRUE,COUNTIF($AJ$32:AJ4405,TRUE()),\"\")","v":""},{"$f":"IFERROR(INDEX($AD:$AD,MATCH(ROWS($AD$32:AD4405),$AK:$AK,0)),\"\")","v":""},null,false,{"$f":"IF(AN4405=TRUE,COUNTIF($AN$32:AN4405,TRUE()),\"\")","v":""},{"$f":"IFERROR(INDEX($AD:$AD,MATCH(ROWS($AD$32:$AD4405),$AO:$AO,0)),\"\")","v":""}]
[null,null,null,null,null,null,null,null,null,null,null,null,null,null,null,null,null,null,null,null,null,null,null,null,null,null,null,null,null,{"$f":"'Baza klientów'!B4379","v":0},false,{"$f":"IF(AE4410=TRUE,COUNTIF($AE$32:AE4410,TRUE()),\"\")","v":""},{"$f":"IFERROR(INDEX($AD:$AD,MATCH(ROWS($AD$32:AD4410),$AF:$AF,0)),\"\")","v":""},null,null,false,{"$f":"IF(AJ4410=TRUE,COUNTIF($AJ$32:AJ4410,TRUE()),\"\")","v":""},{"$f":"IFERROR(INDEX($AD:$AD,MATCH(ROWS($AD$32:AD4410),$AK:$AK,0)),\"\")","v":""},null,false,{"$f":"IF(AN4410=TRUE,COUNTIF($AN$32:AN4410,TRUE()),\"\")","v":""},{"$f":"IFERROR(INDEX($AD:$AD,MATCH(ROWS($AD$32:$AD4410),$AO:$AO,0)),\"\")","v":""}]
[null,null,null,null,null,null,null,null,null,null,null,null,null,null,null,null,null,null,null,null,null,null,null,null,null,null,null,null,null,{"$f":"'Baza klientów'!B4384","v":0},false,{"$f":"IF(AE4415=TRUE,COUNTIF($AE$32:AE4415,TRUE()),\"\")","v":""},{"$f":"IFERROR(INDEX($AD:$AD,MATCH(ROWS($AD$32:AD4415),$AF:$AF,0)),\"\")","v":""},null,null,false,{"$f":"IF(AJ4415=TRUE,COUNTIF($AJ$32:AJ4415,TRUE()),\"\")","v":""},{"$f":"IFERROR(INDEX($AD:$AD,MATCH(ROWS($AD$32:AD4415),$AK:$AK,0)),\"\")","v":""},null,false,{"$f":"IF(AN4415=TRUE,COUNTIF($AN$32:AN4415,TRUE()),\"\")","v":""},{"$f":"IFERROR(INDEX($AD:$AD,MATCH(ROWS($AD$32:$AD4415),$AO:$AO,0)),\"\")","v":""}]
[null,null,null,null,null,null,null,null,null,null,null,null,null,null,null,null,null,null,null,null,null,null,null,null,null,null,null,null,null,{"$f":"'Baza klientów'!B4385","v":0},false,{"$f":"IF(AE4416=TRUE,COUNTIF($AE$32:AE4416,TRUE()),\"\")","v":""},{"$f":"IFERROR(INDEX($AD:$AD,MATCH(ROWS($AD$32:AD4416),$AF:$AF,0)),\"\")","v":""},null,null,false,{"$f":"IF(AJ4416=TRUE,COUNTIF($AJ$32:AJ4416,TRUE()),\"\")","v":""},{"$f":"IFERROR(INDEX($AD:$AD,MATCH(ROWS($AD$32:AD4416),$AK:$AK,0)),\"\")","v":""},null,false,{"$f":"IF(AN4416=TRUE,COUNTIF($AN$32:AN4416,TRUE()),\"\")","v":""},{"$f":"IFERROR(INDEX($AD:$AD,MATCH(ROWS($AD$32:$AD4416),$AO:$AO,0)),\"\")","v":""}]
[null,null,null,null,null,null,null,null,null,null,null,null,null,null,null,null,null,null,null,null,null,null,null,null,null,null,null,null,null,{"$f":"'Baza klientów'!B4389","v":0},false,{"$f":"IF(AE4420=TRUE,COUNTIF($AE$32:AE4420,TRUE()),\"\")","v":""},{"$f":"IFERROR(INDEX($AD:$AD,MATCH(ROWS($AD$32:AD4420),$AF:$AF,0)),\"\")","v":""},null,null,false,{"$f":"IF(AJ4420=TRUE,COUNTIF($AJ$32:AJ4420,TRUE()),\"\")","v":""},{"$f":"IFERROR(INDEX($AD:$AD,MATCH(ROWS($AD$32:AD4420),$AK:$AK,0)),\"\")","v":""},null,false,{"$f":"IF(AN4420=TRUE,COUNTIF($AN$32:AN4420,TRUE()),\"\")","v":""},{"$f":"IFERROR(INDEX($AD:$AD,MATCH(ROWS($AD$32:$AD4420),$AO:$AO,0)),\"\")","v":""}]
[null,null,null,null,null,null,null,null,null,null,null,null,null,null,null,null,null,null,null,null,null,null,null,null,null,null,null,null,null,{"$f":"'Baza klientów'!B4394","v":0},false,{"$f":"IF(AE4425=TRUE,COUNTIF($AE$32:AE4425,TRUE()),\"\")","v":""},{"$f":"IFERROR(INDEX($AD:$AD,MATCH(ROWS($AD$32:AD4425),$AF:$AF,0)),\"\")","v":""},null,null,false,{"$f":"IF(AJ4425=TRUE,COUNTIF($AJ$32:AJ4425,TRUE()),\"\")","v":""},{"$f":"IFERROR(INDEX($AD:$AD,MATCH(ROWS($AD$32:AD4425),$AK:$AK,0)),\"\")","v":""},null,false,{"$f":"IF(AN4425=TRUE,COUNTIF($AN$32:AN4425,TRUE()),\"\")","v":""},{"$f":"IFERROR(INDEX($AD:$AD,MATCH(ROWS($AD$32:$AD4425),$AO:$AO,0)),\"\")","v":""}]
[null,null,null,null,null,null,null,null,null,null,null,null,null,null,null,null,null,null,null,null,null,null,null,null,null,null,null,null,null,{"$f":"'Baza klientów'!B4399","v":0},false,{"$f":"IF(AE4430=TRUE,COUNTIF($AE$32:AE4430,TRUE()),\"\")","v":""},{"$f":"IFERROR(INDEX($AD:$AD,MATCH(ROWS($AD$32:AD4430),$AF:$AF,0)),\"\")","v":""},null,null,false,{"$f":"IF(AJ4430=TRUE,COUNTIF($AJ$32:AJ4430,TRUE()),\"\")","v":""},{"$f":"IFERROR(INDEX($AD:$AD,MATCH(ROWS($AD$32:AD4430),$AK:$AK,0)),\"\")","v":""},null,false,{"$f":"IF(AN4430=TRUE,COUNTIF($AN$32:AN4430,TRUE()),\"\")","v":""},{"$f":"IFERROR(INDEX($AD:$AD,MATCH(ROWS($AD$32:$AD4430),$AO:$AO,0)),\"\")","v":""}]
[null,null,null,null,null,null,null,null,null,null,null,null,null,null,null,null,null,null,null,null,null,null,null,null,null,null,null,null,null,{"$f":"'Baza klientów'!B4400","v":0},false,{"$f":"IF(AE4431=TRUE,COUNTIF($AE$32:AE4431,TRUE()),\"\")","v":""},{"$f":"IFERROR(INDEX($AD:$AD,MATCH(ROWS($AD$32:AD4431),$AF:$AF,0)),\"\")","v":""},null,null,false,{"$f":"IF(AJ4431=TRUE,COUNTIF($AJ$32:AJ4431,TRUE()),\"\")","v":""},{"$f":"IFERROR(INDEX($AD:$AD,MATCH(ROWS($AD$32:AD4431),$AK:$AK,0)),\"\")","v":""},null,false,{"$f":"IF(AN4431=TRUE,COUNTIF($AN$32:AN4431,TRUE()),\"\")","v":""},{"$f":"IFERROR(INDEX($AD:$AD,MATCH(ROWS($AD$32:$AD4431),$AO:$AO,0)),\"\")","v":""}]
[null,null,null,null,null,null,null,null,null,null,null,null,null,null,null,null,null,null,null,null,null,null,null,null,null,null,null,null,null,{"$f":"'Baza klientów'!B4406","v":0},false,{"$f":"IF(AE4437=TRUE,COUNTIF($AE$32:AE4437,TRUE()),\"\")","v":""},{"$f":"IFERROR(INDEX($AD:$AD,MATCH(ROWS($AD$32:AD4437),$AF:$AF,0)),\"\")","v":""},null,null,false,{"$f":"IF(AJ4437=TRUE,COUNTIF($AJ$32:AJ4437,TRUE()),\"\")","v":""},{"$f":"IFERROR(INDEX($AD:$AD,MATCH(ROWS($AD$32:AD4437),$AK:$AK,0)),\"\")","v":""},null,false,{"$f":"IF(AN4437=TRUE,COUNTIF($AN$32:AN4437,TRUE()),\"\")","v":""},{"$f":"IFERROR(INDEX($AD:$AD,MATCH(ROWS($AD$32:$AD4437),$AO:$AO,0)),\"\")","v":""}]
[null,null,null,null,null,null,null,null,null,null,null,null,null,null,null,null,null,null,null,null,null,null,null,null,null,null,null,null,null,{"$f":"'Baza klientów'!B4409","v":0},false,{"$f":"IF(AE4440=TRUE,COUNTIF($AE$32:AE4440,TRUE()),\"\")","v":""},{"$f":"IFERROR(INDEX($AD:$AD,MATCH(ROWS($AD$32:AD4440),$AF:$AF,0)),\"\")","v":""},null,null,false,{"$f":"IF(AJ4440=TRUE,COUNTIF($AJ$32:AJ4440,TRUE()),\"\")","v":""},{"$f":"IFERROR(INDEX($AD:$AD,MATCH(ROWS($AD$32:AD4440),$AK:$AK,0)),\"\")","v":""},null,false,{"$f":"IF(AN4440=TRUE,COUNTIF($AN$32:AN4440,TRUE()),\"\")","v":""},{"$f":"IFERROR(INDEX($AD:$AD,MATCH(ROWS($AD$32:$AD4440),$AO:$AO,0)),\"\")","v":""}]
[null,null,null,null,null,null,null,null,null,null,null,null,null,null,null,null,null,null,null,null,null,null,null,null,null,null,null,null,null,{"$f":"'Baza klientów'!B4414","v":0},false,{"$f":"IF(AE4445=TRUE,COUNTIF($AE$32:AE4445,TRUE()),\"\")","v":""},{"$f":"IFERROR(INDEX($AD:$AD,MATCH(ROWS($AD$32:AD4445),$AF:$AF,0)),\"\")","v":""},null,null,false,{"$f":"IF(AJ4445=TRUE,COUNTIF($AJ$32:AJ4445,TRUE()),\"\")","v":""},{"$f":"IFERROR(INDEX($AD:$AD,MATCH(ROWS($AD$32:AD4445),$AK:$AK,0)),\"\")","v":""},null,false,{"$f":"IF(AN4445=TRUE,COUNTIF($AN$32:AN4445,TRUE()),\"\")","v":""},{"$f":"IFERROR(INDEX($AD:$AD,MATCH(ROWS($AD$32:$AD4445),$AO:$AO,0)),\"\")","v":""}]
[null,null,null,null,null,null,null,null,null,null,null,null,null,null,null,null,null,null,null,null,null,null,null,null,null,null,null,null,null,{"$f":"'Baza klientów'!B4415","v":0},false,{"$f":"IF(AE4446=TRUE,COUNTIF($AE$32:AE4446,TRUE()),\"\")","v":""},{"$f":"IFERROR(INDEX($AD:$AD,MATCH(ROWS($AD$32:AD4446),$AF:$AF,0)),\"\")","v":""},null,null,false,{"$f":"IF(AJ4446=TRUE,COUNTIF($AJ$32:AJ4446,TRUE()),\"\")","v":""},{"$f":"IFERROR(INDEX($AD:$AD,MATCH(ROWS($AD$32:AD4446),$AK:$AK,0)),\"\")","v":""},null,false,{"$f":"IF(AN4446=TRUE,COUNTIF($AN$32:AN4446,TRUE()),\"\")","v":""},{"$f":"IFERROR(INDEX($AD:$AD,MATCH(ROWS($AD$32:$AD4446),$AO:$AO,0)),\"\")","v":""}]
[null,null,null,null,null,null,null,null,null,null,null,null,null,null,null,null,null,null,null,null,null,null,null,null,null,null,null,null,null,{"$f":"'Baza klientów'!B4420","v":0},false,{"$f":"IF(AE4451=TRUE,COUNTIF($AE$32:AE4451,TRUE()),\"\")","v":""},{"$f":"IFERROR(INDEX($AD:$AD,MATCH(ROWS($AD$32:AD4451),$AF:$AF,0)),\"\")","v":""},null,null,false,{"$f":"IF(AJ4451=TRUE,COUNTIF($AJ$32:AJ4451,TRUE()),\"\")","v":""},{"$f":"IFERROR(INDEX($AD:$AD,MATCH(ROWS($AD$32:AD4451),$AK:$AK,0)),\"\")","v":""},null,false,{"$f":"IF(AN4451=TRUE,COUNTIF($AN$32:AN4451,TRUE()),\"\")","v":""},{"$f":"IFERROR(INDEX($AD:$AD,MATCH(ROWS($AD$32:$AD4451),$AO:$AO,0)),\"\")","v":""}]
[null,null,null,null,null,null,null,null,null,null,null,null,null,null,null,null,null,null,null,null,null,null,null,null,null,null,null,null,null,{"$f":"'Baza klientów'!B4424","v":0},false,{"$f":"IF(AE4455=TRUE,COUNTIF($AE$32:AE4455,TRUE()),\"\")","v":""},{"$f":"IFERROR(INDEX($AD:$AD,MATCH(ROWS($AD$32:AD4455),$AF:$AF,0)),\"\")","v":""},null,null,false,{"$f":"IF(AJ4455=TRUE,COUNTIF($AJ$32:AJ4455,TRUE()),\"\")","v":""},{"$f":"IFERROR(INDEX($AD:$AD,MATCH(ROWS($AD$32:AD4455),$AK:$AK,0)),\"\")","v":""},null,false,{"$f":"IF(AN4455=TRUE,COUNTIF($AN$32:AN4455,TRUE()),\"\")","v":""},{"$f":"IFERROR(INDEX($AD:$AD,MATCH(ROWS($AD$32:$AD4455),$AO:$AO,0)),\"\")","v":""}]
[null,null,null,null,null,null,null,null,null,null,null,null,null,null,null,null,null,null,null,null,null,null,null,null,null,null,null,null,null,{"$f":"'Baza klientów'!B4429","v":0},false,{"$f":"IF(AE4460=TRUE,COUNTIF($AE$32:AE4460,TRUE()),\"\")","v":""},{"$f":"IFERROR(INDEX($AD:$AD,MATCH(ROWS($AD$32:AD4460),$AF:$AF,0)),\"\")","v":""},null,null,false,{"$f":"IF(AJ4460=TRUE,COUNTIF($AJ$32:AJ4460,TRUE()),\"\")","v":""},{"$f":"IFERROR(INDEX($AD:$AD,MATCH(ROWS($AD$32:AD4460),$AK:$AK,0)),\"\")","v":""},null,false,{"$f":"IF(AN4460=TRUE,COUNTIF($AN$32:AN4460,TRUE()),\"\")","v":""},{"$f":"IFERROR(INDEX($AD:$AD,MATCH(ROWS($AD$32:$AD4460),$AO:$AO,0)),\"\")","v":""}]
[null,null,null,null,null,null,null,null,null,null,null,null,null,null,null,null,null,null,null,null,null,null,null,null,null,null,null,null,null,{"$f":"'Baza klientów'!B4430","v":0},false,{"$f":"IF(AE4461=TRUE,COUNTIF($AE$32:AE4461,TRUE()),\"\")","v":""},{"$f":"IFERROR(INDEX($AD:$AD,MATCH(ROWS($AD$32:AD4461),$AF:$AF,0)),\"\")","v":""},null,null,false,{"$f":"IF(AJ4461=TRUE,COUNTIF($AJ$32:AJ4461,TRUE()),\"\")","v":""},{"$f":"IFERROR(INDEX($AD:$AD,MATCH(ROWS($AD$32:AD4461),$AK:$AK,0)),\"\")","v":""},null,false,{"$f":"IF(AN4461=TRUE,COUNTIF($AN$32:AN4461,TRUE()),\"\")","v":""},{"$f":"IFERROR(INDEX($AD:$AD,MATCH(ROWS($AD$32:$AD4461),$AO:$AO,0)),\"\")","v":""}]
[null,null,null,null,null,null,null,null,null,null,null,null,null,null,null,null,null,null,null,null,null,null,null,null,null,null,null,null,null,{"$f":"'Baza klientów'!B4435","v":0},false,{"$f":"IF(AE4466=TRUE,COUNTIF($AE$32:AE4466,TRUE()),\"\")","v":""},{"$f":"IFERROR(INDEX($AD:$AD,MATCH(ROWS($AD$32:AD4466),$AF:$AF,0)),\"\")","v":""},null,null,false,{"$f":"IF(AJ4466=TRUE,COUNTIF($AJ$32:AJ4466,TRUE()),\"\")","v":""},{"$f":"IFERROR(INDEX($AD:$AD,MATCH(ROWS($AD$32:AD4466),$AK:$AK,0)),\"\")","v":""},null,false,{"$f":"IF(AN4466=TRUE,COUNTIF($AN$32:AN4466,TRUE()),\"\")","v":""},{"$f":"IFERROR(INDEX($AD:$AD,MATCH(ROWS($AD$32:$AD4466),$AO:$AO,0)),\"\")","v":""}]
[null,null,null,null,null,null,null,null,null,null,null,null,null,null,null,null,null,null,null,null,null,null,null,null,null,null,null,null,null,{"$f":"'Baza klientów'!B4438","v":0},false,{"$f":"IF(AE4469=TRUE,COUNTIF($AE$32:AE4469,TRUE()),\"\")","v":""},{"$f":"IFERROR(INDEX($AD:$AD,MATCH(ROWS($AD$32:AD4469),$AF:$AF,0)),\"\")","v":""},null,null,false,{"$f":"IF(AJ4469=TRUE,COUNTIF($AJ$32:AJ4469,TRUE()),\"\")","v":""},{"$f":"IFERROR(INDEX($AD:$AD,MATCH(ROWS($AD$32:AD4469),$AK:$AK,0)),\"\")","v":""},null,false,{"$f":"IF(AN4469=TRUE,COUNTIF($AN$32:AN4469,TRUE()),\"\")","v":""},{"$f":"IFERROR(INDEX($AD:$AD,MATCH(ROWS($AD$32:$AD4469),$AO:$AO,0)),\"\")","v":""}]
[null,null,null,null,null,null,null,null,null,null,null,null,null,null,null,null,null,null,null,null,null,null,null,null,null,null,null,null,null,{"$f":"'Baza klientów'!B4444","v":0},false,{"$f":"IF(AE4475=TRUE,COUNTIF($AE$32:AE4475,TRUE()),\"\")","v":""},{"$f":"IFERROR(INDEX($AD:$AD,MATCH(ROWS($AD$32:AD4475),$AF:$AF,0)),\"\")","v":""},null,null,false,{"$f":"IF(AJ4475=TRUE,COUNTIF($AJ$32:AJ4475,TRUE()),\"\")","v":""},{"$f":"IFERROR(INDEX($AD:$AD,MATCH(ROWS($AD$32:AD4475),$AK:$AK,0)),\"\")","v":""},null,false,{"$f":"IF(AN4475=TRUE,COUNTIF($AN$32:AN4475,TRUE()),\"\")","v":""},{"$f":"IFERROR(INDEX($AD:$AD,MATCH(ROWS($AD$32:$AD4475),$AO:$AO,0)),\"\")","v":""}]
[null,null,null,null,null,null,null,null,null,null,null,null,null,null,null,null,null,null,null,null,null,null,null,null,null,null,null,null,null,{"$f":"'Baza klientów'!B4445","v":0},false,{"$f":"IF(AE4476=TRUE,COUNTIF($AE$32:AE4476,TRUE()),\"\")","v":""},{"$f":"IFERROR(INDEX($AD:$AD,MATCH(ROWS($AD$32:AD4476),$AF:$AF,0)),\"\")","v":""},null,null,false,{"$f":"IF(AJ4476=TRUE,COUNTIF($AJ$32:AJ4476,TRUE()),\"\")","v":""},{"$f":"IFERROR(INDEX($AD:$AD,MATCH(ROWS($AD$32:AD4476),$AK:$AK,0)),\"\")","v":""},null,false,{"$f":"IF(AN4476=TRUE,COUNTIF($AN$32:AN4476,TRUE()),\"\")","v":""},{"$f":"IFERROR(INDEX($AD:$AD,MATCH(ROWS($AD$32:$AD4476),$AO:$AO,0)),\"\")","v":""}]
[null,null,null,null,null,null,null,null,null,null,null,null,null,null,null,null,null,null,null,null,null,null,null,null,null,null,null,null,null,{"$f":"'Baza klientów'!B4450","v":0},false,{"$f":"IF(AE4481=TRUE,COUNTIF($AE$32:AE4481,TRUE()),\"\")","v":""},{"$f":"IFERROR(INDEX($AD:$AD,MATCH(ROWS($AD$32:AD4481),$AF:$AF,0)),\"\")","v":""},null,null,false,{"$f":"IF(AJ4481=TRUE,COUNTIF($AJ$32:AJ4481,TRUE()),\"\")","v":""},{"$f":"IFERROR(INDEX($AD:$AD,MATCH(ROWS($AD$32:AD4481),$AK:$AK,0)),\"\")","v":""},null,false,{"$f":"IF(AN4481=TRUE,COUNTIF($AN$32:AN4481,TRUE()),\"\")","v":""},{"$f":"IFERROR(INDEX($AD:$AD,MATCH(ROWS($AD$32:$AD4481),$AO:$AO,0)),\"\")","v":""}]
[null,null,null,null,null,null,null,null,null,null,null,null,null,null,null,null,null,null,null,null,null,null,null,null,null,null,null,null,null,{"$f":"'Baza klientów'!B4455","v":0},false,{"$f":"IF(AE4486=TRUE,COUNTIF($AE$32:AE4486,TRUE()),\"\")","v":""},{"$f":"IFERROR(INDEX($AD:$AD,MATCH(ROWS($AD$32:AD4486),$AF:$AF,0)),\"\")","v":""},null,null,false,{"$f":"IF(AJ4486=TRUE,COUNTIF($AJ$32:AJ4486,TRUE()),\"\")","v":""},{"$f":"IFERROR(INDEX($AD:$AD,MATCH(ROWS($AD$32:AD4486),$AK:$AK,0)),\"\")","v":""},null,false,{"$f":"IF(AN4486=TRUE,COUNTIF($AN$32:AN4486,TRUE()),\"\")","v":""},{"$f":"IFERROR(INDEX($AD:$AD,MATCH(ROWS($AD$32:$AD4486),$AO:$AO,0)),\"\")","v":""}]
[null,null,null,null,null,null,null,null,null,null,null,null,null,null,null,null,null,null,null,null,null,null,null,null,null,null,null,null,null,{"$f":"'Baza klientów'!B4459","v":0},false,{"$f":"IF(AE4490=TRUE,COUNTIF($AE$32:AE4490,TRUE()),\"\")","v":""},{"$f":"IFERROR(INDEX($AD:$AD,MATCH(ROWS($AD$32:AD4490),$AF:$AF,0)),\"\")","v":""},null,null,false,{"$f":"IF(AJ4490=TRUE,COUNTIF($AJ$32:AJ4490,TRUE()),\"\")","v":""},{"$f":"IFERROR(INDEX($AD:$AD,MATCH(ROWS($AD$32:AD4490),$AK:$AK,0)),\"\")","v":""},null,false,{"$f":"IF(AN4490=TRUE,COUNTIF($AN$32:AN4490,TRUE()),\"\")","v":""},{"$f":"IFERROR(INDEX($AD:$AD,MATCH(ROWS($AD$32:$AD4490),$AO:$AO,0)),\"\")","v":""}]
[null,null,null,null,null,null,null,null,null,null,null,null,null,null,null,null,null,null,null,null,null,null,null,null,null,null,null,null,null,{"$f":"'Baza klientów'!B4460","v":0},false,{"$f":"IF(AE4491=TRUE,COUNTIF($AE$32:AE4491,TRUE()),\"\")","v":""},{"$f":"IFERROR(INDEX($AD:$AD,MATCH(ROWS($AD$32:AD4491),$AF:$AF,0)),\"\")","v":""},null,null,false,{"$f":"IF(AJ4491=TRUE,COUNTIF($AJ$32:AJ4491,TRUE()),\"\")","v":""},{"$f":"IFERROR(INDEX($AD:$AD,MATCH(ROWS($AD$32:AD4491),$AK:$AK,0)),\"\")","v":""},null,false,{"$f":"IF(AN4491=TRUE,COUNTIF($AN$32:AN4491,TRUE()),\"\")","v":""},{"$f":"IFERROR(INDEX($AD:$AD,MATCH(ROWS($AD$32:$AD4491),$AO:$AO,0)),\"\")","v":""}]
[null,null,null,null,null,null,null,null,null,null,null,null,null,null,null,null,null,null,null,null,null,null,null,null,null,null,null,null,null,{"$f":"'Baza klientów'!B4465","v":0},false,{"$f":"IF(AE4496=TRUE,COUNTIF($AE$32:AE4496,TRUE()),\"\")","v":""},{"$f":"IFERROR(INDEX($AD:$AD,MATCH(ROWS($AD$32:AD4496),$AF:$AF,0)),\"\")","v":""},null,null,false,{"$f":"IF(AJ4496=TRUE,COUNTIF($AJ$32:AJ4496,TRUE()),\"\")","v":""},{"$f":"IFERROR(INDEX($AD:$AD,MATCH(ROWS($AD$32:AD4496),$AK:$AK,0)),\"\")","v":""},null,false,{"$f":"IF(AN4496=TRUE,COUNTIF($AN$32:AN4496,TRUE()),\"\")","v":""},{"$f":"IFERROR(INDEX($AD:$AD,MATCH(ROWS($AD$32:$AD4496),$AO:$AO,0)),\"\")","v":""}]
[null,null,null,null,null,null,null,null,null,null,null,null,null,null,null,null,null,null,null,null,null,null,null,null,null,null,null,null,null,{"$f":"'Baza klientów'!B4470","v":0},false,{"$f":"IF(AE4501=TRUE,COUNTIF($AE$32:AE4501,TRUE()),\"\")","v":""},{"$f":"IFERROR(INDEX($AD:$AD,MATCH(ROWS($AD$32:AD4501),$AF:$AF,0)),\"\")","v":""},null,null,false,{"$f":"IF(AJ4501=TRUE,COUNTIF($AJ$32:AJ4501,TRUE()),\"\")","v":""},{"$f":"IFERROR(INDEX($AD:$AD,MATCH(ROWS($AD$32:AD4501),$AK:$AK,0)),\"\")","v":""},null,false,{"$f":"IF(AN4501=TRUE,COUNTIF($AN$32:AN4501,TRUE()),\"\")","v":""},{"$f":"IFERROR(INDEX($AD:$AD,MATCH(ROWS($AD$32:$AD4501),$AO:$AO,0)),\"\")","v":""}]
[null,null,null,null,null,null,null,null,null,null,null,null,null,null,null,null,null,null,null,null,null,null,null,null,null,null,null,null,null,{"$f":"'Baza klientów'!B4472","v":0},false,{"$f":"IF(AE4503=TRUE,COUNTIF($AE$32:AE4503,TRUE()),\"\")","v":""},{"$f":"IFERROR(INDEX($AD:$AD,MATCH(ROWS($AD$32:AD4503),$AF:$AF,0)),\"\")","v":""},null,null,false,{"$f":"IF(AJ4503=TRUE,COUNTIF($AJ$32:AJ4503,TRUE()),\"\")","v":""},{"$f":"IFERROR(INDEX($AD:$AD,MATCH(ROWS($AD$32:AD4503),$AK:$AK,0)),\"\")","v":""},null,false,{"$f":"IF(AN4503=TRUE,COUNTIF($AN$32:AN4503,TRUE()),\"\")","v":""},{"$f":"IFERROR(INDEX($AD:$AD,MATCH(ROWS($AD$32:$AD4503),$AO:$AO,0)),\"\")","v":""}]
[null,null,null,null,null,null,null,null,null,null,null,null,null,null,null,null,null,null,null,null,null,null,null,null,null,null,null,null,null,{"$f":"'Baza klientów'!B4475","v":0},false,{"$f":"IF(AE4506=TRUE,COUNTIF($AE$32:AE4506,TRUE()),\"\")","v":""},{"$f":"IFERROR(INDEX($AD:$AD,MATCH(ROWS($AD$32:AD4506),$AF:$AF,0)),\"\")","v":""},null,null,false,{"$f":"IF(AJ4506=TRUE,COUNTIF($AJ$32:AJ4506,TRUE()),\"\")","v":""},{"$f":"IFERROR(INDEX($AD:$AD,MATCH(ROWS($AD$32:AD4506),$AK:$AK,0)),\"\")","v":""},null,false,{"$f":"IF(AN4506=TRUE,COUNTIF($AN$32:AN4506,TRUE()),\"\")","v":""},{"$f":"IFERROR(INDEX($AD:$AD,MATCH(ROWS($AD$32:$AD4506),$AO:$AO,0)),\"\")","v":""}]
[null,null,null,null,null,null,null,null,null,null,null,null,null,null,null,null,null,null,null,null,null,null,null,null,null,null,null,null,null,{"$f":"'Baza klientów'!B4480","v":0},false,{"$f":"IF(AE4511=TRUE,COUNTIF($AE$32:AE4511,TRUE()),\"\")","v":""},{"$f":"IFERROR(INDEX($AD:$AD,MATCH(ROWS($AD$32:AD4511),$AF:$AF,0)),\"\")","v":""},null,null,false,{"$f":"IF(AJ4511=TRUE,COUNTIF($AJ$32:AJ4511,TRUE()),\"\")","v":""},{"$f":"IFERROR(INDEX($AD:$AD,MATCH(ROWS($AD$32:AD4511),$AK:$AK,0)),\"\")","v":""},null,false,{"$f":"IF(AN4511=TRUE,COUNTIF($AN$32:AN4511,TRUE()),\"\")","v":""},{"$f":"IFERROR(INDEX($AD:$AD,MATCH(ROWS($AD$32:$AD4511),$AO:$AO,0)),\"\")","v":""}]
[null,null,null,null,null,null,null,null,null,null,null,null,null,null,null,null,null,null,null,null,null,null,null,null,null,null,null,null,null,{"$f":"'Baza klientów'!B4485","v":0},false,{"$f":"IF(AE4516=TRUE,COUNTIF($AE$32:AE4516,TRUE()),\"\")","v":""},{"$f":"IFERROR(INDEX($AD:$AD,MATCH(ROWS($AD$32:AD4516),$AF:$AF,0)),\"\")","v":""},null,null,false,{"$f":"IF(AJ4516=TRUE,COUNTIF($AJ$32:AJ4516,TRUE()),\"\")","v":""},{"$f":"IFERROR(INDEX($AD:$AD,MATCH(ROWS($AD$32:AD4516),$AK:$AK,0)),\"\")","v":""},null,false,{"$f":"IF(AN4516=TRUE,COUNTIF($AN$32:AN4516,TRUE()),\"\")","v":""},{"$f":"IFERROR(INDEX($AD:$AD,MATCH(ROWS($AD$32:$AD4516),$AO:$AO,0)),\"\")","v":""}]
[null,null,null,null,null,null,null,null,null,null,null,null,null,null,null,null,null,null,null,null,null,null,null,null,null,null,null,null,null,{"$f":"'Baza klientów'!B4490","v":0},false,{"$f":"IF(AE4521=TRUE,COUNTIF($AE$32:AE4521,TRUE()),\"\")","v":""},{"$f":"IFERROR(INDEX($AD:$AD,MATCH(ROWS($AD$32:AD4521),$AF:$AF,0)),\"\")","v":""},null,null,false,{"$f":"IF(AJ4521=TRUE,COUNTIF($AJ$32:AJ4521,TRUE()),\"\")","v":""},{"$f":"IFERROR(INDEX($AD:$AD,MATCH(ROWS($AD$32:AD4521),$AK:$AK,0)),\"\")","v":""},null,false,{"$f":"IF(AN4521=TRUE,COUNTIF($AN$32:AN4521,TRUE()),\"\")","v":""},{"$f":"IFERROR(INDEX($AD:$AD,MATCH(ROWS($AD$32:$AD4521),$AO:$AO,0)),\"\")","v":""}]
[null,null,null,null,null,null,null,null,null,null,null,null,null,null,null,null,null,null,null,null,null,null,null,null,null,null,null,null,null,{"$f":"'Baza klientów'!B4493","v":0},false,{"$f":"IF(AE4524=TRUE,COUNTIF($AE$32:AE4524,TRUE()),\"\")","v":""},{"$f":"IFERROR(INDEX($AD:$AD,MATCH(ROWS($AD$32:AD4524),$AF:$AF,0)),\"\")","v":""},null,null,false,{"$f":"IF(AJ4524=TRUE,COUNTIF($AJ$32:AJ4524,TRUE()),\"\")","v":""},{"$f":"IFERROR(INDEX($AD:$AD,MATCH(ROWS($AD$32:AD4524),$AK:$AK,0)),\"\")","v":""},null,false,{"$f":"IF(AN4524=TRUE,COUNTIF($AN$32:AN4524,TRUE()),\"\")","v":""},{"$f":"IFERROR(INDEX($AD:$AD,MATCH(ROWS($AD$32:$AD4524),$AO:$AO,0)),\"\")","v":""}]
[null,null,null,null,null,null,null,null,null,null,null,null,null,null,null,null,null,null,null,null,null,null,null,null,null,null,null,null,null,{"$f":"'Baza klientów'!B4495","v":0},false,{"$f":"IF(AE4526=TRUE,COUNTIF($AE$32:AE4526,TRUE()),\"\")","v":""},{"$f":"IFERROR(INDEX($AD:$AD,MATCH(ROWS($AD$32:AD4526),$AF:$AF,0)),\"\")","v":""},null,null,false,{"$f":"IF(AJ4526=TRUE,COUNTIF($AJ$32:AJ4526,TRUE()),\"\")","v":""},{"$f":"IFERROR(INDEX($AD:$AD,MATCH(ROWS($AD$32:AD4526),$AK:$AK,0)),\"\")","v":""},null,false,{"$f":"IF(AN4526=TRUE,COUNTIF($AN$32:AN4526,TRUE()),\"\")","v":""},{"$f":"IFERROR(INDEX($AD:$AD,MATCH(ROWS($AD$32:$AD4526),$AO:$AO,0)),\"\")","v":""}]
[null,null,null,null,null,null,null,null,null,null,null,null,null,null,null,null,null,null,null,null,null,null,null,null,null,null,null,null,null,{"$f":"'Baza klientów'!B4500","v":0},false,{"$f":"IF(AE4531=TRUE,COUNTIF($AE$32:AE4531,TRUE()),\"\")","v":""},{"$f":"IFERROR(INDEX($AD:$AD,MATCH(ROWS($AD$32:AD4531),$AF:$AF,0)),\"\")","v":""},null,null,false,{"$f":"IF(AJ4531=TRUE,COUNTIF($AJ$32:AJ4531,TRUE()),\"\")","v":""},{"$f":"IFERROR(INDEX($AD:$AD,MATCH(ROWS($AD$32:AD4531),$AK:$AK,0)),\"\")","v":""},null,false,{"$f":"IF(AN4531=TRUE,COUNTIF($AN$32:AN4531,TRUE()),\"\")","v":""},{"$f":"IFERROR(INDEX($AD:$AD,MATCH(ROWS($AD$32:$AD4531),$AO:$AO,0)),\"\")","v":""}]
[null,null,null,null,null,null,null,null,null,null,null,null,null,null,null,null,null,null,null,null,null,null,null,null,null,null,null,null,null,{"$f":"'Baza klientów'!B4505","v":0},false,{"$f":"IF(AE4536=TRUE,COUNTIF($AE$32:AE4536,TRUE()),\"\")","v":""},{"$f":"IFERROR(INDEX($AD:$AD,MATCH(ROWS($AD$32:AD4536),$AF:$AF,0)),\"\")","v":""},null,null,false,{"$f":"IF(AJ4536=TRUE,COUNTIF($AJ$32:AJ4536,TRUE()),\"\")","v":""},{"$f":"IFERROR(INDEX($AD:$AD,MATCH(ROWS($AD$32:AD4536),$AK:$AK,0)),\"\")","v":""},null,false,{"$f":"IF(AN4536=TRUE,COUNTIF($AN$32:AN4536,TRUE()),\"\")","v":""},{"$f":"IFERROR(INDEX($AD:$AD,MATCH(ROWS($AD$32:$AD4536),$AO:$AO,0)),\"\")","v":""}]
[null,null,null,null,null,null,null,null,null,null,null,null,null,null,null,null,null,null,null,null,null,null,null,null,null,null,null,null,null,{"$f":"'Baza klientów'!B4507","v":0},false,{"$f":"IF(AE4538=TRUE,COUNTIF($AE$32:AE4538,TRUE()),\"\")","v":""},{"$f":"IFERROR(INDEX($AD:$AD,MATCH(ROWS($AD$32:AD4538),$AF:$AF,0)),\"\")","v":""},null,null,false,{"$f":"IF(AJ4538=TRUE,COUNTIF($AJ$32:AJ4538,TRUE()),\"\")","v":""},{"$f":"IFERROR(INDEX($AD:$AD,MATCH(ROWS($AD$32:AD4538),$AK:$AK,0)),\"\")","v":""},null,false,{"$f":"IF(AN4538=TRUE,COUNTIF($AN$32:AN4538,TRUE()),\"\")","v":""},{"$f":"IFERROR(INDEX($AD:$AD,MATCH(ROWS($AD$32:$AD4538),$AO:$AO,0)),\"\")","v":""}]
[null,null,null,null,null,null,null,null,null,null,null,null,null,null,null,null,null,null,null,null,null,null,null,null,null,null,null,null,null,{"$f":"'Baza klientów'!B4510","v":0},false,{"$f":"IF(AE4541=TRUE,COUNTIF($AE$32:AE4541,TRUE()),\"\")","v":""},{"$f":"IFERROR(INDEX($AD:$AD,MATCH(ROWS($AD$32:AD4541),$AF:$AF,0)),\"\")","v":""},null,null,false,{"$f":"IF(AJ4541=TRUE,COUNTIF($AJ$32:AJ4541,TRUE()),\"\")","v":""},{"$f":"IFERROR(INDEX($AD:$AD,MATCH(ROWS($AD$32:AD4541),$AK:$AK,0)),\"\")","v":""},null,false,{"$f":"IF(AN4541=TRUE,COUNTIF($AN$32:AN4541,TRUE()),\"\")","v":""},{"$f":"IFERROR(INDEX($AD:$AD,MATCH(ROWS($AD$32:$AD4541),$AO:$AO,0)),\"\")","v":""}]
[null,null,null,null,null,null,null,null,null,null,null,null,null,null,null,null,null,null,null,null,null,null,null,null,null,null,null,null,null,{"$f":"'Baza klientów'!B4515","v":0},false,{"$f":"IF(AE4546=TRUE,COUNTIF($AE$32:AE4546,TRUE()),\"\")","v":""},{"$f":"IFERROR(INDEX($AD:$AD,MATCH(ROWS($AD$32:AD4546),$AF:$AF,0)),\"\")","v":""},null,null,false,{"$f":"IF(AJ4546=TRUE,COUNTIF($AJ$32:AJ4546,TRUE()),\"\")","v":""},{"$f":"IFERROR(INDEX($AD:$AD,MATCH(ROWS($AD$32:AD4546),$AK:$AK,0)),\"\")","v":""},null,false,{"$f":"IF(AN4546=TRUE,COUNTIF($AN$32:AN4546,TRUE()),\"\")","v":""},{"$f":"IFERROR(INDEX($AD:$AD,MATCH(ROWS($AD$32:$AD4546),$AO:$AO,0)),\"\")","v":""}]
[null,null,null,null,null,null,null,null,null,null,null,null,null,null,null,null,null,null,null,null,null,null,null,null,null,null,null,null,null,{"$f":"'Baza klientów'!B4520","v":0},false,{"$f":"IF(AE4551=TRUE,COUNTIF($AE$32:AE4551,TRUE()),\"\")","v":""},{"$f":"IFERROR(INDEX($AD:$AD,MATCH(ROWS($AD$32:AD4551),$AF:$AF,0)),\"\")","v":""},null,null,false,{"$f":"IF(AJ4551=TRUE,COUNTIF($AJ$32:AJ4551,TRUE()),\"\")","v":""},{"$f":"IFERROR(INDEX($AD:$AD,MATCH(ROWS($AD$32:AD4551),$AK:$AK,0)),\"\")","v":""},null,false,{"$f":"IF(AN4551=TRUE,COUNTIF($AN$32:AN4551,TRUE()),\"\")","v":""},{"$f":"IFERROR(INDEX($AD:$AD,MATCH(ROWS($AD$32:$AD4551),$AO:$AO,0)),\"\")","v":""}]
[null,null,null,null,null,null,null,null,null,null,null,null,null,null,null,null,null,null,null,null,null,null,null,null,null,null,null,null,null,{"$f":"'Baza klientów'!B4521","v":0},false,{"$f":"IF(AE4552=TRUE,COUNTIF($AE$32:AE4552,TRUE()),\"\")","v":""},{"$f":"IFERROR(INDEX($AD:$AD,MATCH(ROWS($AD$32:AD4552),$AF:$AF,0)),\"\")","v":""},null,null,false,{"$f":"IF(AJ4552=TRUE,COUNTIF($AJ$32:AJ4552,TRUE()),\"\")","v":""},{"$f":"IFERROR(INDEX($AD:$AD,MATCH(ROWS($AD$32:AD4552),$AK:$AK,0)),\"\")","v":""},null,false,{"$f":"IF(AN4552=TRUE,COUNTIF($AN$32:AN4552,TRUE()),\"\")","v":""},{"$f":"IFERROR(INDEX($AD:$AD,MATCH(ROWS($AD$32:$AD4552),$AO:$AO,0)),\"\")","v":""}]
[null,null,null,null,null,null,null,null,null,null,null,null,null,null,null,null,null,null,null,null,null,null,null,null,null,null,null,null,null,{"$f":"'Baza klientów'!B4525","v":0},false,{"$f":"IF(AE4556=TRUE,COUNTIF($AE$32:AE4556,TRUE()),\"\")","v":""},{"$f":"IFERROR(INDEX($AD:$AD,MATCH(ROWS($AD$32:AD4556),$AF:$AF,0)),\"\")","v":""},null,null,false,{"$f":"IF(AJ4556=TRUE,COUNTIF($AJ$32:AJ4556,TRUE()),\"\")","v":""},{"$f":"IFERROR(INDEX($AD:$AD,MATCH(ROWS($AD$32:AD4556),$AK:$AK,0)),\"\")","v":""},null,false,{"$f":"IF(AN4556=TRUE,COUNTIF($AN$32:AN4556,TRUE()),\"\")","v":""},{"$f":"IFERROR(INDEX($AD:$AD,MATCH(ROWS($AD$32:$AD4556),$AO:$AO,0)),\"\")","v":""}]
[null,null,null,null,null,null,null,null,null,null,null,null,null,null,null,null,null,null,null,null,null,null,null,null,null,null,null,null,null,{"$f":"'Baza klientów'!B4530","v":0},false,{"$f":"IF(AE4561=TRUE,COUNTIF($AE$32:AE4561,TRUE()),\"\")","v":""},{"$f":"IFERROR(INDEX($AD:$AD,MATCH(ROWS($AD$32:AD4561),$AF:$AF,0)),\"\")","v":""},null,null,false,{"$f":"IF(AJ4561=TRUE,COUNTIF($AJ$32:AJ4561,TRUE()),\"\")","v":""},{"$f":"IFERROR(INDEX($AD:$AD,MATCH(ROWS($AD$32:AD4561),$AK:$AK,0)),\"\")","v":""},null,false,{"$f":"IF(AN4561=TRUE,COUNTIF($AN$32:AN4561,TRUE()),\"\")","v":""},{"$f":"IFERROR(INDEX($AD:$AD,MATCH(ROWS($AD$32:$AD4561),$AO:$AO,0)),\"\")","v":""}]
[null,null,null,null,null,null,null,null,null,null,null,null,null,null,null,null,null,null,null,null,null,null,null,null,null,null,null,null,null,{"$f":"'Baza klientów'!B4535","v":0},false,{"$f":"IF(AE4566=TRUE,COUNTIF($AE$32:AE4566,TRUE()),\"\")","v":""},{"$f":"IFERROR(INDEX($AD:$AD,MATCH(ROWS($AD$32:AD4566),$AF:$AF,0)),\"\")","v":""},null,null,false,{"$f":"IF(AJ4566=TRUE,COUNTIF($AJ$32:AJ4566,TRUE()),\"\")","v":""},{"$f":"IFERROR(INDEX($AD:$AD,MATCH(ROWS($AD$32:AD4566),$AK:$AK,0)),\"\")","v":""},null,false,{"$f":"IF(AN4566=TRUE,COUNTIF($AN$32:AN4566,TRUE()),\"\")","v":""},{"$f":"IFERROR(INDEX($AD:$AD,MATCH(ROWS($AD$32:$AD4566),$AO:$AO,0)),\"\")","v":""}]
[null,null,null,null,null,null,null,null,null,null,null,null,null,null,null,null,null,null,null,null,null,null,null,null,null,null,null,null,null,{"$f":"'Baza klientów'!B4536","v":0},false,{"$f":"IF(AE4567=TRUE,COUNTIF($AE$32:AE4567,TRUE()),\"\")","v":""},{"$f":"IFERROR(INDEX($AD:$AD,MATCH(ROWS($AD$32:AD4567),$AF:$AF,0)),\"\")","v":""},null,null,false,{"$f":"IF(AJ4567=TRUE,COUNTIF($AJ$32:AJ4567,TRUE()),\"\")","v":""},{"$f":"IFERROR(INDEX($AD:$AD,MATCH(ROWS($AD$32:AD4567),$AK:$AK,0)),\"\")","v":""},null,false,{"$f":"IF(AN4567=TRUE,COUNTIF($AN$32:AN4567,TRUE()),\"\")","v":""},{"$f":"IFERROR(INDEX($AD:$AD,MATCH(ROWS($AD$32:$AD4567),$AO:$AO,0)),\"\")","v":""}]
[null,null,null,null,null,null,null,null,null,null,null,null,null,null,null,null,null,null,null,null,null,null,null,null,null,null,null,null,null,{"$f":"'Baza klientów'!B4541","v":0},false,{"$f":"IF(AE4572=TRUE,COUNTIF($AE$32:AE4572,TRUE()),\"\")","v":""},{"$f":"IFERROR(INDEX($AD:$AD,MATCH(ROWS($AD$32:AD4572),$AF:$AF,0)),\"\")","v":""},null,null,false,{"$f":"IF(AJ4572=TRUE,COUNTIF($AJ$32:AJ4572,TRUE()),\"\")","v":""},{"$f":"IFERROR(INDEX($AD:$AD,MATCH(ROWS($AD$32:AD4572),$AK:$AK,0)),\"\")","v":""},null,false,{"$f":"IF(AN4572=TRUE,COUNTIF($AN$32:AN4572,TRUE()),\"\")","v":""},{"$f":"IFERROR(INDEX($AD:$AD,MATCH(ROWS($AD$32:$AD4572),$AO:$AO,0)),\"\")","v":""}]
[null,null,null,null,null,null,null,null,null,null,null,null,null,null,null,null,null,null,null,null,null,null,null,null,null,null,null,null,null,{"$f":"'Baza klientów'!B4545","v":0},false,{"$f":"IF(AE4576=TRUE,COUNTIF($AE$32:AE4576,TRUE()),\"\")","v":""},{"$f":"IFERROR(INDEX($AD:$AD,MATCH(ROWS($AD$32:AD4576),$AF:$AF,0)),\"\")","v":""},null,null,false,{"$f":"IF(AJ4576=TRUE,COUNTIF($AJ$32:AJ4576,TRUE()),\"\")","v":""},{"$f":"IFERROR(INDEX($AD:$AD,MATCH(ROWS($AD$32:AD4576),$AK:$AK,0)),\"\")","v":""},null,false,{"$f":"IF(AN4576=TRUE,COUNTIF($AN$32:AN4576,TRUE()),\"\")","v":""},{"$f":"IFERROR(INDEX($AD:$AD,MATCH(ROWS($AD$32:$AD4576),$AO:$AO,0)),\"\")","v":""}]
[null,null,null,null,null,null,null,null,null,null,null,null,null,null,null,null,null,null,null,null,null,null,null,null,null,null,null,null,null,{"$f":"'Baza klientów'!B4550","v":0},false,{"$f":"IF(AE4581=TRUE,COUNTIF($AE$32:AE4581,TRUE()),\"\")","v":""},{"$f":"IFERROR(INDEX($AD:$AD,MATCH(ROWS($AD$32:AD4581),$AF:$AF,0)),\"\")","v":""},null,null,false,{"$f":"IF(AJ4581=TRUE,COUNTIF($AJ$32:AJ4581,TRUE()),\"\")","v":""},{"$f":"IFERROR(INDEX($AD:$AD,MATCH(ROWS($AD$32:AD4581),$AK:$AK,0)),\"\")","v":""},null,false,{"$f":"IF(AN4581=TRUE,COUNTIF($AN$32:AN4581,TRUE()),\"\")","v":""},{"$f":"IFERROR(INDEX($AD:$AD,MATCH(ROWS($AD$32:$AD4581),$AO:$AO,0)),\"\")","v":""}]
[null,null,null,null,null,null,null,null,null,null,null,null,null,null,null,null,null,null,null,null,null,null,null,null,null,null,null,null,null,{"$f":"'Baza klientów'!B4551","v":0},false,{"$f":"IF(AE4582=TRUE,COUNTIF($AE$32:AE4582,TRUE()),\"\")","v":""},{"$f":"IFERROR(INDEX($AD:$AD,MATCH(ROWS($AD$32:AD4582),$AF:$AF,0)),\"\")","v":""},null,null,false,{"$f":"IF(AJ4582=TRUE,COUNTIF($AJ$32:AJ4582,TRUE()),\"\")","v":""},{"$f":"IFERROR(INDEX($AD:$AD,MATCH(ROWS($AD$32:AD4582),$AK:$AK,0)),\"\")","v":""},null,false,{"$f":"IF(AN4582=TRUE,COUNTIF($AN$32:AN4582,TRUE()),\"\")","v":""},{"$f":"IFERROR(INDEX($AD:$AD,MATCH(ROWS($AD$32:$AD4582),$AO:$AO,0)),\"\")","v":""}]
[null,null,null,null,null,null,null,null,null,null,null,null,null,null,null,null,null,null,null,null,null,null,null,null,null,null,null,null,null,{"$f":"'Baza klientów'!B4556","v":0},false,{"$f":"IF(AE4587=TRUE,COUNTIF($AE$32:AE4587,TRUE()),\"\")","v":""},{"$f":"IFERROR(INDEX($AD:$AD,MATCH(ROWS($AD$32:AD4587),$AF:$AF,0)),\"\")","v":""},null,null,false,{"$f":"IF(AJ4587=TRUE,COUNTIF($AJ$32:AJ4587,TRUE()),\"\")","v":""},{"$f":"IFERROR(INDEX($AD:$AD,MATCH(ROWS($AD$32:AD4587),$AK:$AK,0)),\"\")","v":""},null,false,{"$f":"IF(AN4587=TRUE,COUNTIF($AN$32:AN4587,TRUE()),\"\")","v":""},{"$f":"IFERROR(INDEX($AD:$AD,MATCH(ROWS($AD$32:$AD4587),$AO:$AO,0)),\"\")","v":""}]
[null,null,null,null,null,null,null,null,null,null,null,null,null,null,null,null,null,null,null,null,null,null,null,null,null,null,null,null,null,{"$f":"'Baza klientów'!B4559","v":0},false,{"$f":"IF(AE4590=TRUE,COUNTIF($AE$32:AE4590,TRUE()),\"\")","v":""},{"$f":"IFERROR(INDEX($AD:$AD,MATCH(ROWS($AD$32:AD4590),$AF:$AF,0)),\"\")","v":""},null,null,false,{"$f":"IF(AJ4590=TRUE,COUNTIF($AJ$32:AJ4590,TRUE()),\"\")","v":""},{"$f":"IFERROR(INDEX($AD:$AD,MATCH(ROWS($AD$32:AD4590),$AK:$AK,0)),\"\")","v":""},null,false,{"$f":"IF(AN4590=TRUE,COUNTIF($AN$32:AN4590,TRUE()),\"\")","v":""},{"$f":"IFERROR(INDEX($AD:$AD,MATCH(ROWS($AD$32:$AD4590),$AO:$AO,0)),\"\")","v":""}]
[null,null,null,null,null,null,null,null,null,null,null,null,null,null,null,null,null,null,null,null,null,null,null,null,null,null,null,null,null,{"$f":"'Baza klientów'!B4565","v":0},false,{"$f":"IF(AE4596=TRUE,COUNTIF($AE$32:AE4596,TRUE()),\"\")","v":""},{"$f":"IFERROR(INDEX($AD:$AD,MATCH(ROWS($AD$32:AD4596),$AF:$AF,0)),\"\")","v":""},null,null,false,{"$f":"IF(AJ4596=TRUE,COUNTIF($AJ$32:AJ4596,TRUE()),\"\")","v":""},{"$f":"IFERROR(INDEX($AD:$AD,MATCH(ROWS($AD$32:AD4596),$AK:$AK,0)),\"\")","v":""},null,false,{"$f":"IF(AN4596=TRUE,COUNTIF($AN$32:AN4596,TRUE()),\"\")","v":""},{"$f":"IFERROR(INDEX($AD:$AD,MATCH(ROWS($AD$32:$AD4596),$AO:$AO,0)),\"\")","v":""}]
[null,null,null,null,null,null,null,null,null,null,null,null,null,null,null,null,null,null,null,null,null,null,null,null,null,null,null,null,null,{"$f":"'Baza klientów'!B4566","v":0},false,{"$f":"IF(AE4597=TRUE,COUNTIF($AE$32:AE4597,TRUE()),\"\")","v":""},{"$f":"IFERROR(INDEX($AD:$AD,MATCH(ROWS($AD$32:AD4597),$AF:$AF,0)),\"\")","v":""},null,null,false,{"$f":"IF(AJ4597=TRUE,COUNTIF($AJ$32:AJ4597,TRUE()),\"\")","v":""},{"$f":"IFERROR(INDEX($AD:$AD,MATCH(ROWS($AD$32:AD4597),$AK:$AK,0)),\"\")","v":""},null,false,{"$f":"IF(AN4597=TRUE,COUNTIF($AN$32:AN4597,TRUE()),\"\")","v":""},{"$f":"IFERROR(INDEX($AD:$AD,MATCH(ROWS($AD$32:$AD4597),$AO:$AO,0)),\"\")","v":""}]
[null,null,null,null,null,null,null,null,null,null,null,null,null,null,null,null,null,null,null,null,null,null,null,null,null,null,null,null,null,{"$f":"'Baza klientów'!B4571","v":0},false,{"$f":"IF(AE4602=TRUE,COUNTIF($AE$32:AE4602,TRUE()),\"\")","v":""},{"$f":"IFERROR(INDEX($AD:$AD,MATCH(ROWS($AD$32:AD4602),$AF:$AF,0)),\"\")","v":""},null,null,false,{"$f":"IF(AJ4602=TRUE,COUNTIF($AJ$32:AJ4602,TRUE()),\"\")","v":""},{"$f":"IFERROR(INDEX($AD:$AD,MATCH(ROWS($AD$32:AD4602),$AK:$AK,0)),\"\")","v":""},null,false,{"$f":"IF(AN4602=TRUE,COUNTIF($AN$32:AN4602,TRUE()),\"\")","v":""},{"$f":"IFERROR(INDEX($AD:$AD,MATCH(ROWS($AD$32:$AD4602),$AO:$AO,0)),\"\")","v":""}]
[null,null,null,null,null,null,null,null,null,null,null,null,null,null,null,null,null,null,null,null,null,null,null,null,null,null,null,null,null,{"$f":"'Baza klientów'!B4576","v":0},false,{"$f":"IF(AE4607=TRUE,COUNTIF($AE$32:AE4607,TRUE()),\"\")","v":""},{"$f":"IFERROR(INDEX($AD:$AD,MATCH(ROWS($AD$32:AD4607),$AF:$AF,0)),\"\")","v":""},null,null,false,{"$f":"IF(AJ4607=TRUE,COUNTIF($AJ$32:AJ4607,TRUE()),\"\")","v":""},{"$f":"IFERROR(INDEX($AD:$AD,MATCH(ROWS($AD$32:AD4607),$AK:$AK,0)),\"\")","v":""},null,false,{"$f":"IF(AN4607=TRUE,COUNTIF($AN$32:AN4607,TRUE()),\"\")","v":""},{"$f":"IFERROR(INDEX($AD:$AD,MATCH(ROWS($AD$32:$AD4607),$AO:$AO,0)),\"\")","v":""}]
[null,null,null,null,null,null,null,null,null,null,null,null,null,null,null,null,null,null,null,null,null,null,null,null,null,null,null,null,null,{"$f":"'Baza klientów'!B4580","v":0},false,{"$f":"IF(AE4611=TRUE,COUNTIF($AE$32:AE4611,TRUE()),\"\")","v":""},{"$f":"IFERROR(INDEX($AD:$AD,MATCH(ROWS($AD$32:AD4611),$AF:$AF,0)),\"\")","v":""},null,null,false,{"$f":"IF(AJ4611=TRUE,COUNTIF($AJ$32:AJ4611,TRUE()),\"\")","v":""},{"$f":"IFERROR(INDEX($AD:$AD,MATCH(ROWS($AD$32:AD4611),$AK:$AK,0)),\"\")","v":""},null,false,{"$f":"IF(AN4611=TRUE,COUNTIF($AN$32:AN4611,TRUE()),\"\")","v":""},{"$f":"IFERROR(INDEX($AD:$AD,MATCH(ROWS($AD$32:$AD4611),$AO:$AO,0)),\"\")","v":""}]
[null,null,null,null,null,null,null,null,null,null,null,null,null,null,null,null,null,null,null,null,null,null,null,null,null,null,null,null,null,{"$f":"'Baza klientów'!B4581","v":0},false,{"$f":"IF(AE4612=TRUE,COUNTIF($AE$32:AE4612,TRUE()),\"\")","v":""},{"$f":"IFERROR(INDEX($AD:$AD,MATCH(ROWS($AD$32:AD4612),$AF:$AF,0)),\"\")","v":""},null,null,false,{"$f":"IF(AJ4612=TRUE,COUNTIF($AJ$32:AJ4612,TRUE()),\"\")","v":""},{"$f":"IFERROR(INDEX($AD:$AD,MATCH(ROWS($AD$32:AD4612),$AK:$AK,0)),\"\")","v":""},null,false,{"$f":"IF(AN4612=TRUE,COUNTIF($AN$32:AN4612,TRUE()),\"\")","v":""},{"$f":"IFERROR(INDEX($AD:$AD,MATCH(ROWS($AD$32:$AD4612),$AO:$AO,0)),\"\")","v":""}]
[null,null,null,null,null,null,null,null,null,null,null,null,null,null,null,null,null,null,null,null,null,null,null,null,null,null,null,null,null,{"$f":"'Baza klientów'!B4586","v":0},false,{"$f":"IF(AE4617=TRUE,COUNTIF($AE$32:AE4617,TRUE()),\"\")","v":""},{"$f":"IFERROR(INDEX($AD:$AD,MATCH(ROWS($AD$32:AD4617),$AF:$AF,0)),\"\")","v":""},null,null,false,{"$f":"IF(AJ4617=TRUE,COUNTIF($AJ$32:AJ4617,TRUE()),\"\")","v":""},{"$f":"IFERROR(INDEX($AD:$AD,MATCH(ROWS($AD$32:AD4617),$AK:$AK,0)),\"\")","v":""},null,false,{"$f":"IF(AN4617=TRUE,COUNTIF($AN$32:AN4617,TRUE()),\"\")","v":""},{"$f":"IFERROR(INDEX($AD:$AD,MATCH(ROWS($AD$32:$AD4617),$AO:$AO,0)),\"\")","v":""}]
[null,null,null,null,null,null,null,null,null,null,null,null,null,null,null,null,null,null,null,null,null,null,null,null,null,null,null,null,null,{"$f":"'Baza klientów'!B4591","v":0},false,{"$f":"IF(AE4622=TRUE,COUNTIF($AE$32:AE4622,TRUE()),\"\")","v":""},{"$f":"IFERROR(INDEX($AD:$AD,MATCH(ROWS($AD$32:AD4622),$AF:$AF,0)),\"\")","v":""},null,null,false,{"$f":"IF(AJ4622=TRUE,COUNTIF($AJ$32:AJ4622,TRUE()),\"\")","v":""},{"$f":"IFERROR(INDEX($AD:$AD,MATCH(ROWS($AD$32:AD4622),$AK:$AK,0)),\"\")","v":""},null,false,{"$f":"IF(AN4622=TRUE,COUNTIF($AN$32:AN4622,TRUE()),\"\")","v":""},{"$f":"IFERROR(INDEX($AD:$AD,MATCH(ROWS($AD$32:$AD4622),$AO:$AO,0)),\"\")","v":""}]
[null,null,null,null,null,null,null,null,null,null,null,null,null,null,null,null,null,null,null,null,null,null,null,null,null,null,null,null,null,{"$f":"'Baza klientów'!B4593","v":0},false,{"$f":"IF(AE4624=TRUE,COUNTIF($AE$32:AE4624,TRUE()),\"\")","v":""},{"$f":"IFERROR(INDEX($AD:$AD,MATCH(ROWS($AD$32:AD4624),$AF:$AF,0)),\"\")","v":""},null,null,false,{"$f":"IF(AJ4624=TRUE,COUNTIF($AJ$32:AJ4624,TRUE()),\"\")","v":""},{"$f":"IFERROR(INDEX($AD:$AD,MATCH(ROWS($AD$32:AD4624),$AK:$AK,0)),\"\")","v":""},null,false,{"$f":"IF(AN4624=TRUE,COUNTIF($AN$32:AN4624,TRUE()),\"\")","v":""},{"$f":"IFERROR(INDEX($AD:$AD,MATCH(ROWS($AD$32:$AD4624),$AO:$AO,0)),\"\")","v":""}]
[null,null,null,null,null,null,null,null,null,null,null,null,null,null,null,null,null,null,null,null,null,null,null,null,null,null,null,null,null,{"$f":"'Baza klientów'!B4596","v":0},false,{"$f":"IF(AE4627=TRUE,COUNTIF($AE$32:AE4627,TRUE()),\"\")","v":""},{"$f":"IFERROR(INDEX($AD:$AD,MATCH(ROWS($AD$32:AD4627),$AF:$AF,0)),\"\")","v":""},null,null,false,{"$f":"IF(AJ4627=TRUE,COUNTIF($AJ$32:AJ4627,TRUE()),\"\")","v":""},{"$f":"IFERROR(INDEX($AD:$AD,MATCH(ROWS($AD$32:AD4627),$AK:$AK,0)),\"\")","v":""},null,false,{"$f":"IF(AN4627=TRUE,COUNTIF($AN$32:AN4627,TRUE()),\"\")","v":""},{"$f":"IFERROR(INDEX($AD:$AD,MATCH(ROWS($AD$32:$AD4627),$AO:$AO,0)),\"\")","v":""}]
[null,null,null,null,null,null,null,null,null,null,null,null,null,null,null,null,null,null,null,null,null,null,null,null,null,null,null,null,null,{"$f":"'Baza klientów'!B4601","v":0},false,{"$f":"IF(AE4632=TRUE,COUNTIF($AE$32:AE4632,TRUE()),\"\")","v":""},{"$f":"IFERROR(INDEX($AD:$AD,MATCH(ROWS($AD$32:AD4632),$AF:$AF,0)),\"\")","v":""},null,null,false,{"$f":"IF(AJ4632=TRUE,COUNTIF($AJ$32:AJ4632,TRUE()),\"\")","v":""},{"$f":"IFERROR(INDEX($AD:$AD,MATCH(ROWS($AD$32:AD4632),$AK:$AK,0)),\"\")","v":""},null,false,{"$f":"IF(AN4632=TRUE,COUNTIF($AN$32:AN4632,TRUE()),\"\")","v":""},{"$f":"IFERROR(INDEX($AD:$AD,MATCH(ROWS($AD$32:$AD4632),$AO:$AO,0)),\"\")","v":""}]
[null,null,null,null,null,null,null,null,null,null,null,null,null,null,null,null,null,null,null,null,null,null,null,null,null,null,null,null,null,{"$f":"'Baza klientów'!B4606","v":0},false,{"$f":"IF(AE4637=TRUE,COUNTIF($AE$32:AE4637,TRUE()),\"\")","v":""},{"$f":"IFERROR(INDEX($AD:$AD,MATCH(ROWS($AD$32:AD4637),$AF:$AF,0)),\"\")","v":""},null,null,false,{"$f":"IF(AJ4637=TRUE,COUNTIF($AJ$32:AJ4637,TRUE()),\"\")","v":""},{"$f":"IFERROR(INDEX($AD:$AD,MATCH(ROWS($AD$32:AD4637),$AK:$AK,0)),\"\")","v":""},null,false,{"$f":"IF(AN4637=TRUE,COUNTIF($AN$32:AN4637,TRUE()),\"\")","v":""},{"$f":"IFERROR(INDEX($AD:$AD,MATCH(ROWS($AD$32:$AD4637),$AO:$AO,0)),\"\")","v":""}]
[null,null,null,null,null,null,null,null,null,null,null,null,null,null,null,null,null,null,null,null,null,null,null,null,null,null,null,null,null,{"$f":"'Baza klientów'!B4611","v":0},false,{"$f":"IF(AE4642=TRUE,COUNTIF($AE$32:AE4642,TRUE()),\"\")","v":""},{"$f":"IFERROR(INDEX($AD:$AD,MATCH(ROWS($AD$32:AD4642),$AF:$AF,0)),\"\")","v":""},null,null,false,{"$f":"IF(AJ4642=TRUE,COUNTIF($AJ$32:AJ4642,TRUE()),\"\")","v":""},{"$f":"IFERROR(INDEX($AD:$AD,MATCH(ROWS($AD$32:AD4642),$AK:$AK,0)),\"\")","v":""},null,false,{"$f":"IF(AN4642=TRUE,COUNTIF($AN$32:AN4642,TRUE()),\"\")","v":""},{"$f":"IFERROR(INDEX($AD:$AD,MATCH(ROWS($AD$32:$AD4642),$AO:$AO,0)),\"\")","v":""}]
[null,null,null,null,null,null,null,null,null,null,null,null,null,null,null,null,null,null,null,null,null,null,null,null,null,null,null,null,null,{"$f":"'Baza klientów'!B4614","v":0},false,{"$f":"IF(AE4645=TRUE,COUNTIF($AE$32:AE4645,TRUE()),\"\")","v":""},{"$f":"IFERROR(INDEX($AD:$AD,MATCH(ROWS($AD$32:AD4645),$AF:$AF,0)),\"\")","v":""},null,null,false,{"$f":"IF(AJ4645=TRUE,COUNTIF($AJ$32:AJ4645,TRUE()),\"\")","v":""},{"$f":"IFERROR(INDEX($AD:$AD,MATCH(ROWS($AD$32:AD4645),$AK:$AK,0)),\"\")","v":""},null,false,{"$f":"IF(AN4645=TRUE,COUNTIF($AN$32:AN4645,TRUE()),\"\")","v":""},{"$f":"IFERROR(INDEX($AD:$AD,MATCH(ROWS($AD$32:$AD4645),$AO:$AO,0)),\"\")","v":""}]
[null,null,null,null,null,null,null,null,null,null,null,null,null,null,null,null,null,null,null,null,null,null,null,null,null,null,null,null,null,{"$f":"'Baza klientów'!B4616","v":0},false,{"$f":"IF(AE4647=TRUE,COUNTIF($AE$32:AE4647,TRUE()),\"\")","v":""},{"$f":"IFERROR(INDEX($AD:$AD,MATCH(ROWS($AD$32:AD4647),$AF:$AF,0)),\"\")","v":""},null,null,false,{"$f":"IF(AJ4647=TRUE,COUNTIF($AJ$32:AJ4647,TRUE()),\"\")","v":""},{"$f":"IFERROR(INDEX($AD:$AD,MATCH(ROWS($AD$32:AD4647),$AK:$AK,0)),\"\")","v":""},null,false,{"$f":"IF(AN4647=TRUE,COUNTIF($AN$32:AN4647,TRUE()),\"\")","v":""},{"$f":"IFERROR(INDEX($AD:$AD,MATCH(ROWS($AD$32:$AD4647),$AO:$AO,0)),\"\")","v":""}]
[null,null,null,null,null,null,null,null,null,null,null,null,null,null,null,null,null,null,null,null,null,null,null,null,null,null,null,null,null,{"$f":"'Baza klientów'!B4621","v":0},false,{"$f":"IF(AE4652=TRUE,COUNTIF($AE$32:AE4652,TRUE()),\"\")","v":""},{"$f":"IFERROR(INDEX($AD:$AD,MATCH(ROWS($AD$32:AD4652),$AF:$AF,0)),\"\")","v":""},null,null,false,{"$f":"IF(AJ4652=TRUE,COUNTIF($AJ$32:AJ4652,TRUE()),\"\")","v":""},{"$f":"IFERROR(INDEX($AD:$AD,MATCH(ROWS($AD$32:AD4652),$AK:$AK,0)),\"\")","v":""},null,false,{"$f":"IF(AN4652=TRUE,COUNTIF($AN$32:AN4652,TRUE()),\"\")","v":""},{"$f":"IFERROR(INDEX($AD:$AD,MATCH(ROWS($AD$32:$AD4652),$AO:$AO,0)),\"\")","v":""}]
[null,null,null,null,null,null,null,null,null,null,null,null,null,null,null,null,null,null,null,null,null,null,null,null,null,null,null,null,null,{"$f":"'Baza klientów'!B4626","v":0},false,{"$f":"IF(AE4657=TRUE,COUNTIF($AE$32:AE4657,TRUE()),\"\")","v":""},{"$f":"IFERROR(INDEX($AD:$AD,MATCH(ROWS($AD$32:AD4657),$AF:$AF,0)),\"\")","v":""},null,null,false,{"$f":"IF(AJ4657=TRUE,COUNTIF($AJ$32:AJ4657,TRUE()),\"\")","v":""},{"$f":"IFERROR(INDEX($AD:$AD,MATCH(ROWS($AD$32:AD4657),$AK:$AK,0)),\"\")","v":""},null,false,{"$f":"IF(AN4657=TRUE,COUNTIF($AN$32:AN4657,TRUE()),\"\")","v":""},{"$f":"IFERROR(INDEX($AD:$AD,MATCH(ROWS($AD$32:$AD4657),$AO:$AO,0)),\"\")","v":""}]
[null,null,null,null,null,null,null,null,null,null,null,null,null,null,null,null,null,null,null,null,null,null,null,null,null,null,null,null,null,{"$f":"'Baza klientów'!B4628","v":0},false,{"$f":"IF(AE4659=TRUE,COUNTIF($AE$32:AE4659,TRUE()),\"\")","v":""},{"$f":"IFERROR(INDEX($AD:$AD,MATCH(ROWS($AD$32:AD4659),$AF:$AF,0)),\"\")","v":""},null,null,false,{"$f":"IF(AJ4659=TRUE,COUNTIF($AJ$32:AJ4659,TRUE()),\"\")","v":""},{"$f":"IFERROR(INDEX($AD:$AD,MATCH(ROWS($AD$32:AD4659),$AK:$AK,0)),\"\")","v":""},null,false,{"$f":"IF(AN4659=TRUE,COUNTIF($AN$32:AN4659,TRUE()),\"\")","v":""},{"$f":"IFERROR(INDEX($AD:$AD,MATCH(ROWS($AD$32:$AD4659),$AO:$AO,0)),\"\")","v":""}]
[null,null,null,null,null,null,null,null,null,null,null,null,null,null,null,null,null,null,null,null,null,null,null,null,null,null,null,null,null,{"$f":"'Baza klientów'!B4631","v":0},false,{"$f":"IF(AE4662=TRUE,COUNTIF($AE$32:AE4662,TRUE()),\"\")","v":""},{"$f":"IFERROR(INDEX($AD:$AD,MATCH(ROWS($AD$32:AD4662),$AF:$AF,0)),\"\")","v":""},null,null,false,{"$f":"IF(AJ4662=TRUE,COUNTIF($AJ$32:AJ4662,TRUE()),\"\")","v":""},{"$f":"IFERROR(INDEX($AD:$AD,MATCH(ROWS($AD$32:AD4662),$AK:$AK,0)),\"\")","v":""},null,false,{"$f":"IF(AN4662=TRUE,COUNTIF($AN$32:AN4662,TRUE()),\"\")","v":""},{"$f":"IFERROR(INDEX($AD:$AD,MATCH(ROWS($AD$32:$AD4662),$AO:$AO,0)),\"\")","v":""}]
[null,null,null,null,null,null,null,null,null,null,null,null,null,null,null,null,null,null,null,null,null,null,null,null,null,null,null,null,null,{"$f":"'Baza klientów'!B4636","v":0},false,{"$f":"IF(AE4667=TRUE,COUNTIF($AE$32:AE4667,TRUE()),\"\")","v":""},{"$f":"IFERROR(INDEX($AD:$AD,MATCH(ROWS($AD$32:AD4667),$AF:$AF,0)),\"\")","v":""},null,null,false,{"$f":"IF(AJ4667=TRUE,COUNTIF($AJ$32:AJ4667,TRUE()),\"\")","v":""},{"$f":"IFERROR(INDEX($AD:$AD,MATCH(ROWS($AD$32:AD4667),$AK:$AK,0)),\"\")","v":""},null,false,{"$f":"IF(AN4667=TRUE,COUNTIF($AN$32:AN4667,TRUE()),\"\")","v":""},{"$f":"IFERROR(INDEX($AD:$AD,MATCH(ROWS($AD$32:$AD4667),$AO:$AO,0)),\"\")","v":""}]
[null,null,null,null,null,null,null,null,null,null,null,null,null,null,null,null,null,null,null,null,null,null,null,null,null,null,null,null,null,{"$f":"'Baza klientów'!B4641","v":0},false,{"$f":"IF(AE4672=TRUE,COUNTIF($AE$32:AE4672,TRUE()),\"\")","v":""},{"$f":"IFERROR(INDEX($AD:$AD,MATCH(ROWS($AD$32:AD4672),$AF:$AF,0)),\"\")","v":""},null,null,false,{"$f":"IF(AJ4672=TRUE,COUNTIF($AJ$32:AJ4672,TRUE()),\"\")","v":""},{"$f":"IFERROR(INDEX($AD:$AD,MATCH(ROWS($AD$32:AD4672),$AK:$AK,0)),\"\")","v":""},null,false,{"$f":"IF(AN4672=TRUE,COUNTIF($AN$32:AN4672,TRUE()),\"\")","v":""},{"$f":"IFERROR(INDEX($AD:$AD,MATCH(ROWS($AD$32:$AD4672),$AO:$AO,0)),\"\")","v":""}]
[null,null,null,null,null,null,null,null,null,null,null,null,null,null,null,null,null,null,null,null,null,null,null,null,null,null,null,null,null,{"$f":"'Baza klientów'!B4642","v":0},false,{"$f":"IF(AE4673=TRUE,COUNTIF($AE$32:AE4673,TRUE()),\"\")","v":""},{"$f":"IFERROR(INDEX($AD:$AD,MATCH(ROWS($AD$32:AD4673),$AF:$AF,0)),\"\")","v":""},null,null,false,{"$f":"IF(AJ4673=TRUE,COUNTIF($AJ$32:AJ4673,TRUE()),\"\")","v":""},{"$f":"IFERROR(INDEX($AD:$AD,MATCH(ROWS($AD$32:AD4673),$AK:$AK,0)),\"\")","v":""},null,false,{"$f":"IF(AN4673=TRUE,COUNTIF($AN$32:AN4673,TRUE()),\"\")","v":""},{"$f":"IFERROR(INDEX($AD:$AD,MATCH(ROWS($AD$32:$AD4673),$AO:$AO,0)),\"\")","v":""}]
[null,null,null,null,null,null,null,null,null,null,null,null,null,null,null,null,null,null,null,null,null,null,null,null,null,null,null,null,null,{"$f":"'Baza klientów'!B4646","v":0},false,{"$f":"IF(AE4677=TRUE,COUNTIF($AE$32:AE4677,TRUE()),\"\")","v":""},{"$f":"IFERROR(INDEX($AD:$AD,MATCH(ROWS($AD$32:AD4677),$AF:$AF,0)),\"\")","v":""},null,null,false,{"$f":"IF(AJ4677=TRUE,COUNTIF($AJ$32:AJ4677,TRUE()),\"\")","v":""},{"$f":"IFERROR(INDEX($AD:$AD,MATCH(ROWS($AD$32:AD4677),$AK:$AK,0)),\"\")","v":""},null,false,{"$f":"IF(AN4677=TRUE,COUNTIF($AN$32:AN4677,TRUE()),\"\")","v":""},{"$f":"IFERROR(INDEX($AD:$AD,MATCH(ROWS($AD$32:$AD4677),$AO:$AO,0)),\"\")","v":""}]
[null,null,null,null,null,null,null,null,null,null,null,null,null,null,null,null,null,null,null,null,null,null,null,null,null,null,null,null,null,{"$f":"'Baza klientów'!B4651","v":0},false,{"$f":"IF(AE4682=TRUE,COUNTIF($AE$32:AE4682,TRUE()),\"\")","v":""},{"$f":"IFERROR(INDEX($AD:$AD,MATCH(ROWS($AD$32:AD4682),$AF:$AF,0)),\"\")","v":""},null,null,false,{"$f":"IF(AJ4682=TRUE,COUNTIF($AJ$32:AJ4682,TRUE()),\"\")","v":""},{"$f":"IFERROR(INDEX($AD:$AD,MATCH(ROWS($AD$32:AD4682),$AK:$AK,0)),\"\")","v":""},null,false,{"$f":"IF(AN4682=TRUE,COUNTIF($AN$32:AN4682,TRUE()),\"\")","v":""},{"$f":"IFERROR(INDEX($AD:$AD,MATCH(ROWS($AD$32:$AD4682),$AO:$AO,0)),\"\")","v":""}]
[null,null,null,null,null,null,null,null,null,null,null,null,null,null,null,null,null,null,null,null,null,null,null,null,null,null,null,null,null,{"$f":"'Baza klientów'!B4656","v":0},false,{"$f":"IF(AE4687=TRUE,COUNTIF($AE$32:AE4687,TRUE()),\"\")","v":""},{"$f":"IFERROR(INDEX($AD:$AD,MATCH(ROWS($AD$32:AD4687),$AF:$AF,0)),\"\")","v":""},null,null,false,{"$f":"IF(AJ4687=TRUE,COUNTIF($AJ$32:AJ4687,TRUE()),\"\")","v":""},{"$f":"IFERROR(INDEX($AD:$AD,MATCH(ROWS($AD$32:AD4687),$AK:$AK,0)),\"\")","v":""},null,false,{"$f":"IF(AN4687=TRUE,COUNTIF($AN$32:AN4687,TRUE()),\"\")","v":""},{"$f":"IFERROR(INDEX($AD:$AD,MATCH(ROWS($AD$32:$AD4687),$AO:$AO,0)),\"\")","v":""}]
[null,null,null,null,null,null,null,null,null,null,null,null,null,null,null,null,null,null,null,null,null,null,null,null,null,null,null,null,null,{"$f":"'Baza klientów'!B4657","v":0},false,{"$f":"IF(AE4688=TRUE,COUNTIF($AE$32:AE4688,TRUE()),\"\")","v":""},{"$f":"IFERROR(INDEX($AD:$AD,MATCH(ROWS($AD$32:AD4688),$AF:$AF,0)),\"\")","v":""},null,null,false,{"$f":"IF(AJ4688=TRUE,COUNTIF($AJ$32:AJ4688,TRUE()),\"\")","v":""},{"$f":"IFERROR(INDEX($AD:$AD,MATCH(ROWS($AD$32:AD4688),$AK:$AK,0)),\"\")","v":""},null,false,{"$f":"IF(AN4688=TRUE,COUNTIF($AN$32:AN4688,TRUE()),\"\")","v":""},{"$f":"IFERROR(INDEX($AD:$AD,MATCH(ROWS($AD$32:$AD4688),$AO:$AO,0)),\"\")","v":""}]
[null,null,null,null,null,null,null,null,null,null,null,null,null,null,null,null,null,null,null,null,null,null,null,null,null,null,null,null,null,{"$f":"'Baza klientów'!B4662","v":0},false,{"$f":"IF(AE4693=TRUE,COUNTIF($AE$32:AE4693,TRUE()),\"\")","v":""},{"$f":"IFERROR(INDEX($AD:$AD,MATCH(ROWS($AD$32:AD4693),$AF:$AF,0)),\"\")","v":""},null,null,false,{"$f":"IF(AJ4693=TRUE,COUNTIF($AJ$32:AJ4693,TRUE()),\"\")","v":""},{"$f":"IFERROR(INDEX($AD:$AD,MATCH(ROWS($AD$32:AD4693),$AK:$AK,0)),\"\")","v":""},null,false,{"$f":"IF(AN4693=TRUE,COUNTIF($AN$32:AN4693,TRUE()),\"\")","v":""},{"$f":"IFERROR(INDEX($AD:$AD,MATCH(ROWS($AD$32:$AD4693),$AO:$AO,0)),\"\")","v":""}]
[null,null,null,null,null,null,null,null,null,null,null,null,null,null,null,null,null,null,null,null,null,null,null,null,null,null,null,null,null,{"$f":"'Baza klientów'!B4667","v":0},false,{"$f":"IF(AE4698=TRUE,COUNTIF($AE$32:AE4698,TRUE()),\"\")","v":""},{"$f":"IFERROR(INDEX($AD:$AD,MATCH(ROWS($AD$32:AD4698),$AF:$AF,0)),\"\")","v":""},null,null,false,{"$f":"IF(AJ4698=TRUE,COUNTIF($AJ$32:AJ4698,TRUE()),\"\")","v":""},{"$f":"IFERROR(INDEX($AD:$AD,MATCH(ROWS($AD$32:AD4698),$AK:$AK,0)),\"\")","v":""},null,false,{"$f":"IF(AN4698=TRUE,COUNTIF($AN$32:AN4698,TRUE()),\"\")","v":""},{"$f":"IFERROR(INDEX($AD:$AD,MATCH(ROWS($AD$32:$AD4698),$AO:$AO,0)),\"\")","v":""}]
[null,null,null,null,null,null,null,null,null,null,null,null,null,null,null,null,null,null,null,null,null,null,null,null,null,null,null,null,null,{"$f":"'Baza klientów'!B4671","v":0},false,{"$f":"IF(AE4702=TRUE,COUNTIF($AE$32:AE4702,TRUE()),\"\")","v":""},{"$f":"IFERROR(INDEX($AD:$AD,MATCH(ROWS($AD$32:AD4702),$AF:$AF,0)),\"\")","v":""},null,null,false,{"$f":"IF(AJ4702=TRUE,COUNTIF($AJ$32:AJ4702,TRUE()),\"\")","v":""},{"$f":"IFERROR(INDEX($AD:$AD,MATCH(ROWS($AD$32:AD4702),$AK:$AK,0)),\"\")","v":""},null,false,{"$f":"IF(AN4702=TRUE,COUNTIF($AN$32:AN4702,TRUE()),\"\")","v":""},{"$f":"IFERROR(INDEX($AD:$AD,MATCH(ROWS($AD$32:$AD4702),$AO:$AO,0)),\"\")","v":""}]
[null,null,null,null,null,null,null,null,null,null,null,null,null,null,null,null,null,null,null,null,null,null,null,null,null,null,null,null,null,{"$f":"'Baza klientów'!B4672","v":0},false,{"$f":"IF(AE4703=TRUE,COUNTIF($AE$32:AE4703,TRUE()),\"\")","v":""},{"$f":"IFERROR(INDEX($AD:$AD,MATCH(ROWS($AD$32:AD4703),$AF:$AF,0)),\"\")","v":""},null,null,false,{"$f":"IF(AJ4703=TRUE,COUNTIF($AJ$32:AJ4703,TRUE()),\"\")","v":""},{"$f":"IFERROR(INDEX($AD:$AD,MATCH(ROWS($AD$32:AD4703),$AK:$AK,0)),\"\")","v":""},null,false,{"$f":"IF(AN4703=TRUE,COUNTIF($AN$32:AN4703,TRUE()),\"\")","v":""},{"$f":"IFERROR(INDEX($AD:$AD,MATCH(ROWS($AD$32:$AD4703),$AO:$AO,0)),\"\")","v":""}]
[null,null,null,null,null,null,null,null,null,null,null,null,null,null,null,null,null,null,null,null,null,null,null,null,null,null,null,null,null,{"$f":"'Baza klientów'!B4677","v":0},false,{"$f":"IF(AE4708=TRUE,COUNTIF($AE$32:AE4708,TRUE()),\"\")","v":""},{"$f":"IFERROR(INDEX($AD:$AD,MATCH(ROWS($AD$32:AD4708),$AF:$AF,0)),\"\")","v":""},null,null,false,{"$f":"IF(AJ4708=TRUE,COUNTIF($AJ$32:AJ4708,TRUE()),\"\")","v":""},{"$f":"IFERROR(INDEX($AD:$AD,MATCH(ROWS($AD$32:AD4708),$AK:$AK,0)),\"\")","v":""},null,false,{"$f":"IF(AN4708=TRUE,COUNTIF($AN$32:AN4708,TRUE()),\"\")","v":""},{"$f":"IFERROR(INDEX($AD:$AD,MATCH(ROWS($AD$32:$AD4708),$AO:$AO,0)),\"\")","v":""}]
[null,null,null,null,null,null,null,null,null,null,null,null,null,null,null,null,null,null,null,null,null,null,null,null,null,null,null,null,null,{"$f":"'Baza klientów'!B4680","v":0},false,{"$f":"IF(AE4711=TRUE,COUNTIF($AE$32:AE4711,TRUE()),\"\")","v":""},{"$f":"IFERROR(INDEX($AD:$AD,MATCH(ROWS($AD$32:AD4711),$AF:$AF,0)),\"\")","v":""},null,null,false,{"$f":"IF(AJ4711=TRUE,COUNTIF($AJ$32:AJ4711,TRUE()),\"\")","v":""},{"$f":"IFERROR(INDEX($AD:$AD,MATCH(ROWS($AD$32:AD4711),$AK:$AK,0)),\"\")","v":""},null,false,{"$f":"IF(AN4711=TRUE,COUNTIF($AN$32:AN4711,TRUE()),\"\")","v":""},{"$f":"IFERROR(INDEX($AD:$AD,MATCH(ROWS($AD$32:$AD4711),$AO:$AO,0)),\"\")","v":""}]
[null,null,null,null,null,null,null,null,null,null,null,null,null,null,null,null,null,null,null,null,null,null,null,null,null,null,null,null,null,{"$f":"'Baza klientów'!B4686","v":0},false,{"$f":"IF(AE4717=TRUE,COUNTIF($AE$32:AE4717,TRUE()),\"\")","v":""},{"$f":"IFERROR(INDEX($AD:$AD,MATCH(ROWS($AD$32:AD4717),$AF:$AF,0)),\"\")","v":""},null,null,false,{"$f":"IF(AJ4717=TRUE,COUNTIF($AJ$32:AJ4717,TRUE()),\"\")","v":""},{"$f":"IFERROR(INDEX($AD:$AD,MATCH(ROWS($AD$32:AD4717),$AK:$AK,0)),\"\")","v":""},null,false,{"$f":"IF(AN4717=TRUE,COUNTIF($AN$32:AN4717,TRUE()),\"\")","v":""},{"$f":"IFERROR(INDEX($AD:$AD,MATCH(ROWS($AD$32:$AD4717),$AO:$AO,0)),\"\")","v":""}]
[null,null,null,null,null,null,null,null,null,null,null,null,null,null,null,null,null,null,null,null,null,null,null,null,null,null,null,null,null,{"$f":"'Baza klientów'!B4687","v":0},false,{"$f":"IF(AE4718=TRUE,COUNTIF($AE$32:AE4718,TRUE()),\"\")","v":""},{"$f":"IFERROR(INDEX($AD:$AD,MATCH(ROWS($AD$32:AD4718),$AF:$AF,0)),\"\")","v":""},null,null,false,{"$f":"IF(AJ4718=TRUE,COUNTIF($AJ$32:AJ4718,TRUE()),\"\")","v":""},{"$f":"IFERROR(INDEX($AD:$AD,MATCH(ROWS($AD$32:AD4718),$AK:$AK,0)),\"\")","v":""},null,false,{"$f":"IF(AN4718=TRUE,COUNTIF($AN$32:AN4718,TRUE()),\"\")","v":""},{"$f":"IFERROR(INDEX($AD:$AD,MATCH(ROWS($AD$32:$AD4718),$AO:$AO,0)),\"\")","v":""}]
[null,null,null,null,null,null,null,null,null,null,null,null,null,null,null,null,null,null,null,null,null,null,null,null,null,null,null,null,null,{"$f":"'Baza klientów'!B4692","v":0},false,{"$f":"IF(AE4723=TRUE,COUNTIF($AE$32:AE4723,TRUE()),\"\")","v":""},{"$f":"IFERROR(INDEX($AD:$AD,MATCH(ROWS($AD$32:AD4723),$AF:$AF,0)),\"\")","v":""},null,null,false,{"$f":"IF(AJ4723=TRUE,COUNTIF($AJ$32:AJ4723,TRUE()),\"\")","v":""},{"$f":"IFERROR(INDEX($AD:$AD,MATCH(ROWS($AD$32:AD4723),$AK:$AK,0)),\"\")","v":""},null,false,{"$f":"IF(AN4723=TRUE,COUNTIF($AN$32:AN4723,TRUE()),\"\")","v":""},{"$f":"IFERROR(INDEX($AD:$AD,MATCH(ROWS($AD$32:$AD4723),$AO:$AO,0)),\"\")","v":""}]
[null,null,null,null,null,null,null,null,null,null,null,null,null,null,null,null,null,null,null,null,null,null,null,null,null,null,null,null,null,{"$f":"'Baza klientów'!B4697","v":0},false,{"$f":"IF(AE4728=TRUE,COUNTIF($AE$32:AE4728,TRUE()),\"\")","v":""},{"$f":"IFERROR(INDEX($AD:$AD,MATCH(ROWS($AD$32:AD4728),$AF:$AF,0)),\"\")","v":""},null,null,false,{"$f":"IF(AJ4728=TRUE,COUNTIF($AJ$32:AJ4728,TRUE()),\"\")","v":""},{"$f":"IFERROR(INDEX($AD:$AD,MATCH(ROWS($AD$32:AD4728),$AK:$AK,0)),\"\")","v":""},null,false,{"$f":"IF(AN4728=TRUE,COUNTIF($AN$32:AN4728,TRUE()),\"\")","v":""},{"$f":"IFERROR(INDEX($AD:$AD,MATCH(ROWS($AD$32:$AD4728),$AO:$AO,0)),\"\")","v":""}]
[null,null,null,null,null,null,null,null,null,null,null,null,null,null,null,null,null,null,null,null,null,null,null,null,null,null,null,null,null,{"$f":"'Baza klientów'!B4701","v":0},false,{"$f":"IF(AE4732=TRUE,COUNTIF($AE$32:AE4732,TRUE()),\"\")","v":""},{"$f":"IFERROR(INDEX($AD:$AD,MATCH(ROWS($AD$32:AD4732),$AF:$AF,0)),\"\")","v":""},null,null,false,{"$f":"IF(AJ4732=TRUE,COUNTIF($AJ$32:AJ4732,TRUE()),\"\")","v":""},{"$f":"IFERROR(INDEX($AD:$AD,MATCH(ROWS($AD$32:AD4732),$AK:$AK,0)),\"\")","v":""},null,false,{"$f":"IF(AN4732=TRUE,COUNTIF($AN$32:AN4732,TRUE()),\"\")","v":""},{"$f":"IFERROR(INDEX($AD:$AD,MATCH(ROWS($AD$32:$AD4732),$AO:$AO,0)),\"\")","v":""}]
[null,null,null,null,null,null,null,null,null,null,null,null,null,null,null,null,null,null,null,null,null,null,null,null,null,null,null,null,null,{"$f":"'Baza klientów'!B4702","v":0},false,{"$f":"IF(AE4733=TRUE,COUNTIF($AE$32:AE4733,TRUE()),\"\")","v":""},{"$f":"IFERROR(INDEX($AD:$AD,MATCH(ROWS($AD$32:AD4733),$AF:$AF,0)),\"\")","v":""},null,null,false,{"$f":"IF(AJ4733=TRUE,COUNTIF($AJ$32:AJ4733,TRUE()),\"\")","v":""},{"$f":"IFERROR(INDEX($AD:$AD,MATCH(ROWS($AD$32:AD4733),$AK:$AK,0)),\"\")","v":""},null,false,{"$f":"IF(AN4733=TRUE,COUNTIF($AN$32:AN4733,TRUE()),\"\")","v":""},{"$f":"IFERROR(INDEX($AD:$AD,MATCH(ROWS($AD$32:$AD4733),$AO:$AO,0)),\"\")","v":""}]
[null,null,null,null,null,null,null,null,null,null,null,null,null,null,null,null,null,null,null,null,null,null,null,null,null,null,null,null,null,{"$f":"'Baza klientów'!B4707","v":0},false,{"$f":"IF(AE4738=TRUE,COUNTIF($AE$32:AE4738,TRUE()),\"\")","v":""},{"$f":"IFERROR(INDEX($AD:$AD,MATCH(ROWS($AD$32:AD4738),$AF:$AF,0)),\"\")","v":""},null,null,false,{"$f":"IF(AJ4738=TRUE,COUNTIF($AJ$32:AJ4738,TRUE()),\"\")","v":""},{"$f":"IFERROR(INDEX($AD:$AD,MATCH(ROWS($AD$32:AD4738),$AK:$AK,0)),\"\")","v":""},null,false,{"$f":"IF(AN4738=TRUE,COUNTIF($AN$32:AN4738,TRUE()),\"\")","v":""},{"$f":"IFERROR(INDEX($AD:$AD,MATCH(ROWS($AD$32:$AD4738),$AO:$AO,0)),\"\")","v":""}]
[null,null,null,null,null,null,null,null,null,null,null,null,null,null,null,null,null,null,null,null,null,null,null,null,null,null,null,null,null,{"$f":"'Baza klientów'!B4712","v":0},false,{"$f":"IF(AE4743=TRUE,COUNTIF($AE$32:AE4743,TRUE()),\"\")","v":""},{"$f":"IFERROR(INDEX($AD:$AD,MATCH(ROWS($AD$32:AD4743),$AF:$AF,0)),\"\")","v":""},null,null,false,{"$f":"IF(AJ4743=TRUE,COUNTIF($AJ$32:AJ4743,TRUE()),\"\")","v":""},{"$f":"IFERROR(INDEX($AD:$AD,MATCH(ROWS($AD$32:AD4743),$AK:$AK,0)),\"\")","v":""},null,false,{"$f":"IF(AN4743=TRUE,COUNTIF($AN$32:AN4743,TRUE()),\"\")","v":""},{"$f":"IFERROR(INDEX($AD:$AD,MATCH(ROWS($AD$32:$AD4743),$AO:$AO,0)),\"\")","v":""}]
[null,null,null,null,null,null,null,null,null,null,null,null,null,null,null,null,null,null,null,null,null,null,null,null,null,null,null,null,null,{"$f":"'Baza klientów'!B4715","v":0},false,{"$f":"IF(AE4746=TRUE,COUNTIF($AE$32:AE4746,TRUE()),\"\")","v":""},{"$f":"IFERROR(INDEX($AD:$AD,MATCH(ROWS($AD$32:AD4746),$AF:$AF,0)),\"\")","v":""},null,null,false,{"$f":"IF(AJ4746=TRUE,COUNTIF($AJ$32:AJ4746,TRUE()),\"\")","v":""},{"$f":"IFERROR(INDEX($AD:$AD,MATCH(ROWS($AD$32:AD4746),$AK:$AK,0)),\"\")","v":""},null,false,{"$f":"IF(AN4746=TRUE,COUNTIF($AN$32:AN4746,TRUE()),\"\")","v":""},{"$f":"IFERROR(INDEX($AD:$AD,MATCH(ROWS($AD$32:$AD4746),$AO:$AO,0)),\"\")","v":""}]
[null,null,null,null,null,null,null,null,null,null,null,null,null,null,null,null,null,null,null,null,null,null,null,null,null,null,null,null,null,{"$f":"'Baza klientów'!B4717","v":0},false,{"$f":"IF(AE4748=TRUE,COUNTIF($AE$32:AE4748,TRUE()),\"\")","v":""},{"$f":"IFERROR(INDEX($AD:$AD,MATCH(ROWS($AD$32:AD4748),$AF:$AF,0)),\"\")","v":""},null,null,false,{"$f":"IF(AJ4748=TRUE,COUNTIF($AJ$32:AJ4748,TRUE()),\"\")","v":""},{"$f":"IFERROR(INDEX($AD:$AD,MATCH(ROWS($AD$32:AD4748),$AK:$AK,0)),\"\")","v":""},null,false,{"$f":"IF(AN4748=TRUE,COUNTIF($AN$32:AN4748,TRUE()),\"\")","v":""},{"$f":"IFERROR(INDEX($AD:$AD,MATCH(ROWS($AD$32:$AD4748),$AO:$AO,0)),\"\")","v":""}]
[null,null,null,null,null,null,null,null,null,null,null,null,null,null,null,null,null,null,null,null,null,null,null,null,null,null,null,null,null,{"$f":"'Baza klientów'!B4722","v":0},false,{"$f":"IF(AE4753=TRUE,COUNTIF($AE$32:AE4753,TRUE()),\"\")","v":""},{"$f":"IFERROR(INDEX($AD:$AD,MATCH(ROWS($AD$32:AD4753),$AF:$AF,0)),\"\")","v":""},null,null,false,{"$f":"IF(AJ4753=TRUE,COUNTIF($AJ$32:AJ4753,TRUE()),\"\")","v":""},{"$f":"IFERROR(INDEX($AD:$AD,MATCH(ROWS($AD$32:AD4753),$AK:$AK,0)),\"\")","v":""},null,false,{"$f":"IF(AN4753=TRUE,COUNTIF($AN$32:AN4753,TRUE()),\"\")","v":""},{"$f":"IFERROR(INDEX($AD:$AD,MATCH(ROWS($AD$32:$AD4753),$AO:$AO,0)),\"\")","v":""}]
[null,null,null,null,null,null,null,null,null,null,null,null,null,null,null,null,null,null,null,null,null,null,null,null,null,null,null,null,null,{"$f":"'Baza klientów'!B4727","v":0},false,{"$f":"IF(AE4758=TRUE,COUNTIF($AE$32:AE4758,TRUE()),\"\")","v":""},{"$f":"IFERROR(INDEX($AD:$AD,MATCH(ROWS($AD$32:AD4758),$AF:$AF,0)),\"\")","v":""},null,null,false,{"$f":"IF(AJ4758=TRUE,COUNTIF($AJ$32:AJ4758,TRUE()),\"\")","v":""},{"$f":"IFERROR(INDEX($AD:$AD,MATCH(ROWS($AD$32:AD4758),$AK:$AK,0)),\"\")","v":""},null,false,{"$f":"IF(AN4758=TRUE,COUNTIF($AN$32:AN4758,TRUE()),\"\")","v":""},{"$f":"IFERROR(INDEX($AD:$AD,MATCH(ROWS($AD$32:$AD4758),$AO:$AO,0)),\"\")","v":""}]
[null,null,null,null,null,null,null,null,null,null,null,null,null,null,null,null,null,null,null,null,null,null,null,null,null,null,null,null,null,{"$f":"'Baza klientów'!B4732","v":0},false,{"$f":"IF(AE4763=TRUE,COUNTIF($AE$32:AE4763,TRUE()),\"\")","v":""},{"$f":"IFERROR(INDEX($AD:$AD,MATCH(ROWS($AD$32:AD4763),$AF:$AF,0)),\"\")","v":""},null,null,false,{"$f":"IF(AJ4763=TRUE,COUNTIF($AJ$32:AJ4763,TRUE()),\"\")","v":""},{"$f":"IFERROR(INDEX($AD:$AD,MATCH(ROWS($AD$32:AD4763),$AK:$AK,0)),\"\")","v":""},null,false,{"$f":"IF(AN4763=TRUE,COUNTIF($AN$32:AN4763,TRUE()),\"\")","v":""},{"$f":"IFERROR(INDEX($AD:$AD,MATCH(ROWS($AD$32:$AD4763),$AO:$AO,0)),\"\")","v":""}]
[null,null,null,null,null,null,null,null,null,null,null,null,null,null,null,null,null,null,null,null,null,null,null,null,null,null,null,null,null,{"$f":"'Baza klientów'!B4733","v":0},false,{"$f":"IF(AE4764=TRUE,COUNTIF($AE$32:AE4764,TRUE()),\"\")","v":""},{"$f":"IFERROR(INDEX($AD:$AD,MATCH(ROWS($AD$32:AD4764),$AF:$AF,0)),\"\")","v":""},null,null,false,{"$f":"IF(AJ4764=TRUE,COUNTIF($AJ$32:AJ4764,TRUE()),\"\")","v":""},{"$f":"IFERROR(INDEX($AD:$AD,MATCH(ROWS($AD$32:AD4764),$AK:$AK,0)),\"\")","v":""},null,false,{"$f":"IF(AN4764=TRUE,COUNTIF($AN$32:AN4764,TRUE()),\"\")","v":""},{"$f":"IFERROR(INDEX($AD:$AD,MATCH(ROWS($AD$32:$AD4764),$AO:$AO,0)),\"\")","v":""}]
[null,null,null,null,null,null,null,null,null,null,null,null,null,null,null,null,null,null,null,null,null,null,null,null,null,null,null,null,null,{"$f":"'Baza klientów'!B4737","v":0},false,{"$f":"IF(AE4768=TRUE,COUNTIF($AE$32:AE4768,TRUE()),\"\")","v":""},{"$f":"IFERROR(INDEX($AD:$AD,MATCH(ROWS($AD$32:AD4768),$AF:$AF,0)),\"\")","v":""},null,null,false,{"$f":"IF(AJ4768=TRUE,COUNTIF($AJ$32:AJ4768,TRUE()),\"\")","v":""},{"$f":"IFERROR(INDEX($AD:$AD,MATCH(ROWS($AD$32:AD4768),$AK:$AK,0)),\"\")","v":""},null,false,{"$f":"IF(AN4768=TRUE,COUNTIF($AN$32:AN4768,TRUE()),\"\")","v":""},{"$f":"IFERROR(INDEX($AD:$AD,MATCH(ROWS($AD$32:$AD4768),$AO:$AO,0)),\"\")","v":""}]
[null,null,null,null,null,null,null,null,null,null,null,null,null,null,null,null,null,null,null,null,null,null,null,null,null,null,null,null,null,{"$f":"'Baza klientów'!B4742","v":0},false,{"$f":"IF(AE4773=TRUE,COUNTIF($AE$32:AE4773,TRUE()),\"\")","v":""},{"$f":"IFERROR(INDEX($AD:$AD,MATCH(ROWS($AD$32:AD4773),$AF:$AF,0)),\"\")","v":""},null,null,false,{"$f":"IF(AJ4773=TRUE,COUNTIF($AJ$32:AJ4773,TRUE()),\"\")","v":""},{"$f":"IFERROR(INDEX($AD:$AD,MATCH(ROWS($AD$32:AD4773),$AK:$AK,0)),\"\")","v":""},null,false,{"$f":"IF(AN4773=TRUE,COUNTIF($AN$32:AN4773,TRUE()),\"\")","v":""},{"$f":"IFERROR(INDEX($AD:$AD,MATCH(ROWS($AD$32:$AD4773),$AO:$AO,0)),\"\")","v":""}]
[null,null,null,null,null,null,null,null,null,null,null,null,null,null,null,null,null,null,null,null,null,null,null,null,null,null,null,null,null,{"$f":"'Baza klientów'!B4747","v":0},false,{"$f":"IF(AE4778=TRUE,COUNTIF($AE$32:AE4778,TRUE()),\"\")","v":""},{"$f":"IFERROR(INDEX($AD:$AD,MATCH(ROWS($AD$32:AD4778),$AF:$AF,0)),\"\")","v":""},null,null,false,{"$f":"IF(AJ4778=TRUE,COUNTIF($AJ$32:AJ4778,TRUE()),\"\")","v":""},{"$f":"IFERROR(INDEX($AD:$AD,MATCH(ROWS($AD$32:AD4778),$AK:$AK,0)),\"\")","v":""},null,false,{"$f":"IF(AN4778=TRUE,COUNTIF($AN$32:AN4778,TRUE()),\"\")","v":""},{"$f":"IFERROR(INDEX($AD:$AD,MATCH(ROWS($AD$32:$AD4778),$AO:$AO,0)),\"\")","v":""}]
[null,null,null,null,null,null,null,null,null,null,null,null,null,null,null,null,null,null,null,null,null,null,null,null,null,null,null,null,null,{"$f":"'Baza klientów'!B4748","v":0},false,{"$f":"IF(AE4779=TRUE,COUNTIF($AE$32:AE4779,TRUE()),\"\")","v":""},{"$f":"IFERROR(INDEX($AD:$AD,MATCH(ROWS($AD$32:AD4779),$AF:$AF,0)),\"\")","v":""},null,null,false,{"$f":"IF(AJ4779=TRUE,COUNTIF($AJ$32:AJ4779,TRUE()),\"\")","v":""},{"$f":"IFERROR(INDEX($AD:$AD,MATCH(ROWS($AD$32:AD4779),$AK:$AK,0)),\"\")","v":""},null,false,{"$f":"IF(AN4779=TRUE,COUNTIF($AN$32:AN4779,TRUE()),\"\")","v":""},{"$f":"IFERROR(INDEX($AD:$AD,MATCH(ROWS($AD$32:$AD4779),$AO:$AO,0)),\"\")","v":""}]
[null,null,null,null,null,null,null,null,null,null,null,null,null,null,null,null,null,null,null,null,null,null,null,null,null,null,null,null,null,{"$f":"'Baza klientów'!B4752","v":0},false,{"$f":"IF(AE4783=TRUE,COUNTIF($AE$32:AE4783,TRUE()),\"\")","v":""},{"$f":"IFERROR(INDEX($AD:$AD,MATCH(ROWS($AD$32:AD4783),$AF:$AF,0)),\"\")","v":""},null,null,false,{"$f":"IF(AJ4783=TRUE,COUNTIF($AJ$32:AJ4783,TRUE()),\"\")","v":""},{"$f":"IFERROR(INDEX($AD:$AD,MATCH(ROWS($AD$32:AD4783),$AK:$AK,0)),\"\")","v":""},null,false,{"$f":"IF(AN4783=TRUE,COUNTIF($AN$32:AN4783,TRUE()),\"\")","v":""},{"$f":"IFERROR(INDEX($AD:$AD,MATCH(ROWS($AD$32:$AD4783),$AO:$AO,0)),\"\")","v":""}]
[null,null,null,null,null,null,null,null,null,null,null,null,null,null,null,null,null,null,null,null,null,null,null,null,null,null,null,null,null,{"$f":"'Baza klientów'!B4753","v":0},false,{"$f":"IF(AE4784=TRUE,COUNTIF($AE$32:AE4784,TRUE()),\"\")","v":""},{"$f":"IFERROR(INDEX($AD:$AD,MATCH(ROWS($AD$32:AD4784),$AF:$AF,0)),\"\")","v":""},null,null,false,{"$f":"IF(AJ4784=TRUE,COUNTIF($AJ$32:AJ4784,TRUE()),\"\")","v":""},{"$f":"IFERROR(INDEX($AD:$AD,MATCH(ROWS($AD$32:AD4784),$AK:$AK,0)),\"\")","v":""},null,false,{"$f":"IF(AN4784=TRUE,COUNTIF($AN$32:AN4784,TRUE()),\"\")","v":""},{"$f":"IFERROR(INDEX($AD:$AD,MATCH(ROWS($AD$32:$AD4784),$AO:$AO,0)),\"\")","v":""}]
[null,null,null,null,null,null,null,null,null,null,null,null,null,null,null,null,null,null,null,null,null,null,null,null,null,null,null,null,null,{"$f":"'Baza klientów'!B4754","v":0},false,{"$f":"IF(AE4785=TRUE,COUNTIF($AE$32:AE4785,TRUE()),\"\")","v":""},{"$f":"IFERROR(INDEX($AD:$AD,MATCH(ROWS($AD$32:AD4785),$AF:$AF,0)),\"\")","v":""},null,null,false,{"$f":"IF(AJ4785=TRUE,COUNTIF($AJ$32:AJ4785,TRUE()),\"\")","v":""},{"$f":"IFERROR(INDEX($AD:$AD,MATCH(ROWS($AD$32:AD4785),$AK:$AK,0)),\"\")","v":""},null,false,{"$f":"IF(AN4785=TRUE,COUNTIF($AN$32:AN4785,TRUE()),\"\")","v":""},{"$f":"IFERROR(INDEX($AD:$AD,MATCH(ROWS($AD$32:$AD4785),$AO:$AO,0)),\"\")","v":""}]
[null,null,null,null,null,null,null,null,null,null,null,null,null,null,null,null,null,null,null,null,null,null,null,null,null,null,null,null,null,{"$f":"'Baza klientów'!B4755","v":0},false,{"$f":"IF(AE4786=TRUE,COUNTIF($AE$32:AE4786,TRUE()),\"\")","v":""},{"$f":"IFERROR(INDEX($AD:$AD,MATCH(ROWS($AD$32:AD4786),$AF:$AF,0)),\"\")","v":""},null,null,false,{"$f":"IF(AJ4786=TRUE,COUNTIF($AJ$32:AJ4786,TRUE()),\"\")","v":""},{"$f":"IFERROR(INDEX($AD:$AD,MATCH(ROWS($AD$32:AD4786),$AK:$AK,0)),\"\")","v":""},null,false,{"$f":"IF(AN4786=TRUE,COUNTIF($AN$32:AN4786,TRUE()),\"\")","v":""},{"$f":"IFERROR(INDEX($AD:$AD,MATCH(ROWS($AD$32:$AD4786),$AO:$AO,0)),\"\")","v":""}]
[null,null,null,null,null,null,null,null,null,null,null,null,null,null,null,null,null,null,null,null,null,null,null,null,null,null,null,null,null,{"$f":"'Baza klientów'!B4756","v":0},false,{"$f":"IF(AE4787=TRUE,COUNTIF($AE$32:AE4787,TRUE()),\"\")","v":""},{"$f":"IFERROR(INDEX($AD:$AD,MATCH(ROWS($AD$32:AD4787),$AF:$AF,0)),\"\")","v":""},null,null,false,{"$f":"IF(AJ4787=TRUE,COUNTIF($AJ$32:AJ4787,TRUE()),\"\")","v":""},{"$f":"IFERROR(INDEX($AD:$AD,MATCH(ROWS($AD$32:AD4787),$AK:$AK,0)),\"\")","v":""},null,false,{"$f":"IF(AN4787=TRUE,COUNTIF($AN$32:AN4787,TRUE()),\"\")","v":""},{"$f":"IFERROR(INDEX($AD:$AD,MATCH(ROWS($AD$32:$AD4787),$AO:$AO,0)),\"\")","v":""}]
[null,null,null,null,null,null,null,null,null,null,null,null,null,null,null,null,null,null,null,null,null,null,null,null,null,null,null,null,null,{"$f":"'Baza klientów'!B4757","v":0},false,{"$f":"IF(AE4788=TRUE,COUNTIF($AE$32:AE4788,TRUE()),\"\")","v":""},{"$f":"IFERROR(INDEX($AD:$AD,MATCH(ROWS($AD$32:AD4788),$AF:$AF,0)),\"\")","v":""},null,null,false,{"$f":"IF(AJ4788=TRUE,COUNTIF($AJ$32:AJ4788,TRUE()),\"\")","v":""},{"$f":"IFERROR(INDEX($AD:$AD,MATCH(ROWS($AD$32:AD4788),$AK:$AK,0)),\"\")","v":""},null,false,{"$f":"IF(AN4788=TRUE,COUNTIF($AN$32:AN4788,TRUE()),\"\")","v":""},{"$f":"IFERROR(INDEX($AD:$AD,MATCH(ROWS($AD$32:$AD4788),$AO:$AO,0)),\"\")","v":""}]
[null,null,null,null,null,null,null,null,null,null,null,null,null,null,null,null,null,null,null,null,null,null,null,null,null,null,null,null,null,{"$f":"'Baza klientów'!B4758","v":0},false,{"$f":"IF(AE4789=TRUE,COUNTIF($AE$32:AE4789,TRUE()),\"\")","v":""},{"$f":"IFERROR(INDEX($AD:$AD,MATCH(ROWS($AD$32:AD4789),$AF:$AF,0)),\"\")","v":""},null,null,false,{"$f":"IF(AJ4789=TRUE,COUNTIF($AJ$32:AJ4789,TRUE()),\"\")","v":""},{"$f":"IFERROR(INDEX($AD:$AD,MATCH(ROWS($AD$32:AD4789),$AK:$AK,0)),\"\")","v":""},null,false,{"$f":"IF(AN4789=TRUE,COUNTIF($AN$32:AN4789,TRUE()),\"\")","v":""},{"$f":"IFERROR(INDEX($AD:$AD,MATCH(ROWS($AD$32:$AD4789),$AO:$AO,0)),\"\")","v":""}]
[null,null,null,null,null,null,null,null,null,null,null,null,null,null,null,null,null,null,null,null,null,null,null,null,null,null,null,null,null,{"$f":"'Baza klientów'!B4759","v":0},false,{"$f":"IF(AE4790=TRUE,COUNTIF($AE$32:AE4790,TRUE()),\"\")","v":""},{"$f":"IFERROR(INDEX($AD:$AD,MATCH(ROWS($AD$32:AD4790),$AF:$AF,0)),\"\")","v":""},null,null,false,{"$f":"IF(AJ4790=TRUE,COUNTIF($AJ$32:AJ4790,TRUE()),\"\")","v":""},{"$f":"IFERROR(INDEX($AD:$AD,MATCH(ROWS($AD$32:AD4790),$AK:$AK,0)),\"\")","v":""},null,false,{"$f":"IF(AN4790=TRUE,COUNTIF($AN$32:AN4790,TRUE()),\"\")","v":""},{"$f":"IFERROR(INDEX($AD:$AD,MATCH(ROWS($AD$32:$AD4790),$AO:$AO,0)),\"\")","v":""}]
[null,null,null,null,null,null,null,null,null,null,null,null,null,null,null,null,null,null,null,null,null,null,null,null,null,null,null,null,null,{"$f":"'Baza klientów'!B4760","v":0},false,{"$f":"IF(AE4791=TRUE,COUNTIF($AE$32:AE4791,TRUE()),\"\")","v":""},{"$f":"IFERROR(INDEX($AD:$AD,MATCH(ROWS($AD$32:AD4791),$AF:$AF,0)),\"\")","v":""},null,null,false,{"$f":"IF(AJ4791=TRUE,COUNTIF($AJ$32:AJ4791,TRUE()),\"\")","v":""},{"$f":"IFERROR(INDEX($AD:$AD,MATCH(ROWS($AD$32:AD4791),$AK:$AK,0)),\"\")","v":""},null,false,{"$f":"IF(AN4791=TRUE,COUNTIF($AN$32:AN4791,TRUE()),\"\")","v":""},{"$f":"IFERROR(INDEX($AD:$AD,MATCH(ROWS($AD$32:$AD4791),$AO:$AO,0)),\"\")","v":""}]
[null,null,null,null,null,null,null,null,null,null,null,null,null,null,null,null,null,null,null,null,null,null,null,null,null,null,null,null,null,{"$f":"'Baza klientów'!B4761","v":0},false,{"$f":"IF(AE4792=TRUE,COUNTIF($AE$32:AE4792,TRUE()),\"\")","v":""},{"$f":"IFERROR(INDEX($AD:$AD,MATCH(ROWS($AD$32:AD4792),$AF:$AF,0)),\"\")","v":""},null,null,false,{"$f":"IF(AJ4792=TRUE,COUNTIF($AJ$32:AJ4792,TRUE()),\"\")","v":""},{"$f":"IFERROR(INDEX($AD:$AD,MATCH(ROWS($AD$32:AD4792),$AK:$AK,0)),\"\")","v":""},null,false,{"$f":"IF(AN4792=TRUE,COUNTIF($AN$32:AN4792,TRUE()),\"\")","v":""},{"$f":"IFERROR(INDEX($AD:$AD,MATCH(ROWS($AD$32:$AD4792),$AO:$AO,0)),\"\")","v":""}]
[null,null,null,null,null,null,null,null,null,null,null,null,null,null,null,null,null,null,null,null,null,null,null,null,null,null,null,null,null,{"$f":"'Baza klientów'!B4762","v":0},false,{"$f":"IF(AE4793=TRUE,COUNTIF($AE$32:AE4793,TRUE()),\"\")","v":""},{"$f":"IFERROR(INDEX($AD:$AD,MATCH(ROWS($AD$32:AD4793),$AF:$AF,0)),\"\")","v":""},null,null,false,{"$f":"IF(AJ4793=TRUE,COUNTIF($AJ$32:AJ4793,TRUE()),\"\")","v":""},{"$f":"IFERROR(INDEX($AD:$AD,MATCH(ROWS($AD$32:AD4793),$AK:$AK,0)),\"\")","v":""},null,false,{"$f":"IF(AN4793=TRUE,COUNTIF($AN$32:AN4793,TRUE()),\"\")","v":""},{"$f":"IFERROR(INDEX($AD:$AD,MATCH(ROWS($AD$32:$AD4793),$AO:$AO,0)),\"\")","v":""}]
[null,null,null,null,null,null,null,null,null,null,null,null,null,null,null,null,null,null,null,null,null,null,null,null,null,null,null,null,null,{"$f":"'Baza klientów'!B4763","v":0},false,{"$f":"IF(AE4794=TRUE,COUNTIF($AE$32:AE4794,TRUE()),\"\")","v":""},{"$f":"IFERROR(INDEX($AD:$AD,MATCH(ROWS($AD$32:AD4794),$AF:$AF,0)),\"\")","v":""},null,null,false,{"$f":"IF(AJ4794=TRUE,COUNTIF($AJ$32:AJ4794,TRUE()),\"\")","v":""},{"$f":"IFERROR(INDEX($AD:$AD,MATCH(ROWS($AD$32:AD4794),$AK:$AK,0)),\"\")","v":""},null,false,{"$f":"IF(AN4794=TRUE,COUNTIF($AN$32:AN4794,TRUE()),\"\")","v":""},{"$f":"IFERROR(INDEX($AD:$AD,MATCH(ROWS($AD$32:$AD4794),$AO:$AO,0)),\"\")","v":""}]
[null,null,null,null,null,null,null,null,null,null,null,null,null,null,null,null,null,null,null,null,null,null,null,null,null,null,null,null,null,{"$f":"'Baza klientów'!B4764","v":0},false,{"$f":"IF(AE4795=TRUE,COUNTIF($AE$32:AE4795,TRUE()),\"\")","v":""},{"$f":"IFERROR(INDEX($AD:$AD,MATCH(ROWS($AD$32:AD4795),$AF:$AF,0)),\"\")","v":""},null,null,false,{"$f":"IF(AJ4795=TRUE,COUNTIF($AJ$32:AJ4795,TRUE()),\"\")","v":""},{"$f":"IFERROR(INDEX($AD:$AD,MATCH(ROWS($AD$32:AD4795),$AK:$AK,0)),\"\")","v":""},null,false,{"$f":"IF(AN4795=TRUE,COUNTIF($AN$32:AN4795,TRUE()),\"\")","v":""},{"$f":"IFERROR(INDEX($AD:$AD,MATCH(ROWS($AD$32:$AD4795),$AO:$AO,0)),\"\")","v":""}]
[null,null,null,null,null,null,null,null,null,null,null,null,null,null,null,null,null,null,null,null,null,null,null,null,null,null,null,null,null,{"$f":"'Baza klientów'!B4765","v":0},false,{"$f":"IF(AE4796=TRUE,COUNTIF($AE$32:AE4796,TRUE()),\"\")","v":""},{"$f":"IFERROR(INDEX($AD:$AD,MATCH(ROWS($AD$32:AD4796),$AF:$AF,0)),\"\")","v":""},null,null,false,{"$f":"IF(AJ4796=TRUE,COUNTIF($AJ$32:AJ4796,TRUE()),\"\")","v":""},{"$f":"IFERROR(INDEX($AD:$AD,MATCH(ROWS($AD$32:AD4796),$AK:$AK,0)),\"\")","v":""},null,false,{"$f":"IF(AN4796=TRUE,COUNTIF($AN$32:AN4796,TRUE()),\"\")","v":""},{"$f":"IFERROR(INDEX($AD:$AD,MATCH(ROWS($AD$32:$AD4796),$AO:$AO,0)),\"\")","v":""}]
[null,null,null,null,null,null,null,null,null,null,null,null,null,null,null,null,null,null,null,null,null,null,null,null,null,null,null,null,null,{"$f":"'Baza klientów'!B4766","v":0},false,{"$f":"IF(AE4797=TRUE,COUNTIF($AE$32:AE4797,TRUE()),\"\")","v":""},{"$f":"IFERROR(INDEX($AD:$AD,MATCH(ROWS($AD$32:AD4797),$AF:$AF,0)),\"\")","v":""},null,null,false,{"$f":"IF(AJ4797=TRUE,COUNTIF($AJ$32:AJ4797,TRUE()),\"\")","v":""},{"$f":"IFERROR(INDEX($AD:$AD,MATCH(ROWS($AD$32:AD4797),$AK:$AK,0)),\"\")","v":""},null,false,{"$f":"IF(AN4797=TRUE,COUNTIF($AN$32:AN4797,TRUE()),\"\")","v":""},{"$f":"IFERROR(INDEX($AD:$AD,MATCH(ROWS($AD$32:$AD4797),$AO:$AO,0)),\"\")","v":""}]
[null,null,null,null,null,null,null,null,null,null,null,null,null,null,null,null,null,null,null,null,null,null,null,null,null,null,null,null,null,{"$f":"'Baza klientów'!B4767","v":0},false,{"$f":"IF(AE4798=TRUE,COUNTIF($AE$32:AE4798,TRUE()),\"\")","v":""},{"$f":"IFERROR(INDEX($AD:$AD,MATCH(ROWS($AD$32:AD4798),$AF:$AF,0)),\"\")","v":""},null,null,false,{"$f":"IF(AJ4798=TRUE,COUNTIF($AJ$32:AJ4798,TRUE()),\"\")","v":""},{"$f":"IFERROR(INDEX($AD:$AD,MATCH(ROWS($AD$32:AD4798),$AK:$AK,0)),\"\")","v":""},null,false,{"$f":"IF(AN4798=TRUE,COUNTIF($AN$32:AN4798,TRUE()),\"\")","v":""},{"$f":"IFERROR(INDEX($AD:$AD,MATCH(ROWS($AD$32:$AD4798),$AO:$AO,0)),\"\")","v":""}]
[null,null,null,null,null,null,null,null,null,null,null,null,null,null,null,null,null,null,null,null,null,null,null,null,null,null,null,null,null,{"$f":"'Baza klientów'!B4768","v":0},false,{"$f":"IF(AE4799=TRUE,COUNTIF($AE$32:AE4799,TRUE()),\"\")","v":""},{"$f":"IFERROR(INDEX($AD:$AD,MATCH(ROWS($AD$32:AD4799),$AF:$AF,0)),\"\")","v":""},null,null,false,{"$f":"IF(AJ4799=TRUE,COUNTIF($AJ$32:AJ4799,TRUE()),\"\")","v":""},{"$f":"IFERROR(INDEX($AD:$AD,MATCH(ROWS($AD$32:AD4799),$AK:$AK,0)),\"\")","v":""},null,false,{"$f":"IF(AN4799=TRUE,COUNTIF($AN$32:AN4799,TRUE()),\"\")","v":""},{"$f":"IFERROR(INDEX($AD:$AD,MATCH(ROWS($AD$32:$AD4799),$AO:$AO,0)),\"\")","v":""}]
[null,null,null,null,null,null,null,null,null,null,null,null,null,null,null,null,null,null,null,null,null,null,null,null,null,null,null,null,null,{"$f":"'Baza klientów'!B4769","v":0},false,{"$f":"IF(AE4800=TRUE,COUNTIF($AE$32:AE4800,TRUE()),\"\")","v":""},{"$f":"IFERROR(INDEX($AD:$AD,MATCH(ROWS($AD$32:AD4800),$AF:$AF,0)),\"\")","v":""},null,null,false,{"$f":"IF(AJ4800=TRUE,COUNTIF($AJ$32:AJ4800,TRUE()),\"\")","v":""},{"$f":"IFERROR(INDEX($AD:$AD,MATCH(ROWS($AD$32:AD4800),$AK:$AK,0)),\"\")","v":""},null,false,{"$f":"IF(AN4800=TRUE,COUNTIF($AN$32:AN4800,TRUE()),\"\")","v":""},{"$f":"IFERROR(INDEX($AD:$AD,MATCH(ROWS($AD$32:$AD4800),$AO:$AO,0)),\"\")","v":""}]
[null,null,null,null,null,null,null,null,null,null,null,null,null,null,null,null,null,null,null,null,null,null,null,null,null,null,null,null,null,{"$f":"'Baza klientów'!B4770","v":0},false,{"$f":"IF(AE4801=TRUE,COUNTIF($AE$32:AE4801,TRUE()),\"\")","v":""},{"$f":"IFERROR(INDEX($AD:$AD,MATCH(ROWS($AD$32:AD4801),$AF:$AF,0)),\"\")","v":""},null,null,false,{"$f":"IF(AJ4801=TRUE,COUNTIF($AJ$32:AJ4801,TRUE()),\"\")","v":""},{"$f":"IFERROR(INDEX($AD:$AD,MATCH(ROWS($AD$32:AD4801),$AK:$AK,0)),\"\")","v":""},null,false,{"$f":"IF(AN4801=TRUE,COUNTIF($AN$32:AN4801,TRUE()),\"\")","v":""},{"$f":"IFERROR(INDEX($AD:$AD,MATCH(ROWS($AD$32:$AD4801),$AO:$AO,0)),\"\")","v":""}]
[null,null,null,null,null,null,null,null,null,null,null,null,null,null,null,null,null,null,null,null,null,null,null,null,null,null,null,null,null,{"$f":"'Baza klientów'!B4771","v":0},false,{"$f":"IF(AE4802=TRUE,COUNTIF($AE$32:AE4802,TRUE()),\"\")","v":""},{"$f":"IFERROR(INDEX($AD:$AD,MATCH(ROWS($AD$32:AD4802),$AF:$AF,0)),\"\")","v":""},null,null,false,{"$f":"IF(AJ4802=TRUE,COUNTIF($AJ$32:AJ4802,TRUE()),\"\")","v":""},{"$f":"IFERROR(INDEX($AD:$AD,MATCH(ROWS($AD$32:AD4802),$AK:$AK,0)),\"\")","v":""},null,false,{"$f":"IF(AN4802=TRUE,COUNTIF($AN$32:AN4802,TRUE()),\"\")","v":""},{"$f":"IFERROR(INDEX($AD:$AD,MATCH(ROWS($AD$32:$AD4802),$AO:$AO,0)),\"\")","v":""}]
[null,null,null,null,null,null,null,null,null,null,null,null,null,null,null,null,null,null,null,null,null,null,null,null,null,null,null,null,null,{"$f":"'Baza klientów'!B4772","v":0},false,{"$f":"IF(AE4803=TRUE,COUNTIF($AE$32:AE4803,TRUE()),\"\")","v":""},{"$f":"IFERROR(INDEX($AD:$AD,MATCH(ROWS($AD$32:AD4803),$AF:$AF,0)),\"\")","v":""},null,null,false,{"$f":"IF(AJ4803=TRUE,COUNTIF($AJ$32:AJ4803,TRUE()),\"\")","v":""},{"$f":"IFERROR(INDEX($AD:$AD,MATCH(ROWS($AD$32:AD4803),$AK:$AK,0)),\"\")","v":""},null,false,{"$f":"IF(AN4803=TRUE,COUNTIF($AN$32:AN4803,TRUE()),\"\")","v":""},{"$f":"IFERROR(INDEX($AD:$AD,MATCH(ROWS($AD$32:$AD4803),$AO:$AO,0)),\"\")","v":""}]
[null,null,null,null,null,null,null,null,null,null,null,null,null,null,null,null,null,null,null,null,null,null,null,null,null,null,null,null,null,{"$f":"'Baza klientów'!B4773","v":0},false,{"$f":"IF(AE4804=TRUE,COUNTIF($AE$32:AE4804,TRUE()),\"\")","v":""},{"$f":"IFERROR(INDEX($AD:$AD,MATCH(ROWS($AD$32:AD4804),$AF:$AF,0)),\"\")","v":""},null,null,false,{"$f":"IF(AJ4804=TRUE,COUNTIF($AJ$32:AJ4804,TRUE()),\"\")","v":""},{"$f":"IFERROR(INDEX($AD:$AD,MATCH(ROWS($AD$32:AD4804),$AK:$AK,0)),\"\")","v":""},null,false,{"$f":"IF(AN4804=TRUE,COUNTIF($AN$32:AN4804,TRUE()),\"\")","v":""},{"$f":"IFERROR(INDEX($AD:$AD,MATCH(ROWS($AD$32:$AD4804),$AO:$AO,0)),\"\")","v":""}]
[null,null,null,null,null,null,null,null,null,null,null,null,null,null,null,null,null,null,null,null,null,null,null,null,null,null,null,null,null,{"$f":"'Baza klientów'!B4774","v":0},false,{"$f":"IF(AE4805=TRUE,COUNTIF($AE$32:AE4805,TRUE()),\"\")","v":""},{"$f":"IFERROR(INDEX($AD:$AD,MATCH(ROWS($AD$32:AD4805),$AF:$AF,0)),\"\")","v":""},null,null,false,{"$f":"IF(AJ4805=TRUE,COUNTIF($AJ$32:AJ4805,TRUE()),\"\")","v":""},{"$f":"IFERROR(INDEX($AD:$AD,MATCH(ROWS($AD$32:AD4805),$AK:$AK,0)),\"\")","v":""},null,false,{"$f":"IF(AN4805=TRUE,COUNTIF($AN$32:AN4805,TRUE()),\"\")","v":""},{"$f":"IFERROR(INDEX($AD:$AD,MATCH(ROWS($AD$32:$AD4805),$AO:$AO,0)),\"\")","v":""}]
[null,null,null,null,null,null,null,null,null,null,null,null,null,null,null,null,null,null,null,null,null,null,null,null,null,null,null,null,null,{"$f":"'Baza klientów'!B4775","v":0},false,{"$f":"IF(AE4806=TRUE,COUNTIF($AE$32:AE4806,TRUE()),\"\")","v":""},{"$f":"IFERROR(INDEX($AD:$AD,MATCH(ROWS($AD$32:AD4806),$AF:$AF,0)),\"\")","v":""},null,null,false,{"$f":"IF(AJ4806=TRUE,COUNTIF($AJ$32:AJ4806,TRUE()),\"\")","v":""},{"$f":"IFERROR(INDEX($AD:$AD,MATCH(ROWS($AD$32:AD4806),$AK:$AK,0)),\"\")","v":""},null,false,{"$f":"IF(AN4806=TRUE,COUNTIF($AN$32:AN4806,TRUE()),\"\")","v":""},{"$f":"IFERROR(INDEX($AD:$AD,MATCH(ROWS($AD$32:$AD4806),$AO:$AO,0)),\"\")","v":""}]
[null,null,null,null,null,null,null,null,null,null,null,null,null,null,null,null,null,null,null,null,null,null,null,null,null,null,null,null,null,{"$f":"'Baza klientów'!B4776","v":0},false,{"$f":"IF(AE4807=TRUE,COUNTIF($AE$32:AE4807,TRUE()),\"\")","v":""},{"$f":"IFERROR(INDEX($AD:$AD,MATCH(ROWS($AD$32:AD4807),$AF:$AF,0)),\"\")","v":""},null,null,false,{"$f":"IF(AJ4807=TRUE,COUNTIF($AJ$32:AJ4807,TRUE()),\"\")","v":""},{"$f":"IFERROR(INDEX($AD:$AD,MATCH(ROWS($AD$32:AD4807),$AK:$AK,0)),\"\")","v":""},null,false,{"$f":"IF(AN4807=TRUE,COUNTIF($AN$32:AN4807,TRUE()),\"\")","v":""},{"$f":"IFERROR(INDEX($AD:$AD,MATCH(ROWS($AD$32:$AD4807),$AO:$AO,0)),\"\")","v":""}]
[null,null,null,null,null,null,null,null,null,null,null,null,null,null,null,null,null,null,null,null,null,null,null,null,null,null,null,null,null,{"$f":"'Baza klientów'!B4777","v":0},false,{"$f":"IF(AE4808=TRUE,COUNTIF($AE$32:AE4808,TRUE()),\"\")","v":""},{"$f":"IFERROR(INDEX($AD:$AD,MATCH(ROWS($AD$32:AD4808),$AF:$AF,0)),\"\")","v":""},null,null,false,{"$f":"IF(AJ4808=TRUE,COUNTIF($AJ$32:AJ4808,TRUE()),\"\")","v":""},{"$f":"IFERROR(INDEX($AD:$AD,MATCH(ROWS($AD$32:AD4808),$AK:$AK,0)),\"\")","v":""},null,false,{"$f":"IF(AN4808=TRUE,COUNTIF($AN$32:AN4808,TRUE()),\"\")","v":""},{"$f":"IFERROR(INDEX($AD:$AD,MATCH(ROWS($AD$32:$AD4808),$AO:$AO,0)),\"\")","v":""}]
[null,null,null,null,null,null,null,null,null,null,null,null,null,null,null,null,null,null,null,null,null,null,null,null,null,null,null,null,null,{"$f":"'Baza klientów'!B4778","v":0},false,{"$f":"IF(AE4809=TRUE,COUNTIF($AE$32:AE4809,TRUE()),\"\")","v":""},{"$f":"IFERROR(INDEX($AD:$AD,MATCH(ROWS($AD$32:AD4809),$AF:$AF,0)),\"\")","v":""},null,null,false,{"$f":"IF(AJ4809=TRUE,COUNTIF($AJ$32:AJ4809,TRUE()),\"\")","v":""},{"$f":"IFERROR(INDEX($AD:$AD,MATCH(ROWS($AD$32:AD4809),$AK:$AK,0)),\"\")","v":""},null,false,{"$f":"IF(AN4809=TRUE,COUNTIF($AN$32:AN4809,TRUE()),\"\")","v":""},{"$f":"IFERROR(INDEX($AD:$AD,MATCH(ROWS($AD$32:$AD4809),$AO:$AO,0)),\"\")","v":""}]
[null,null,null,null,null,null,null,null,null,null,null,null,null,null,null,null,null,null,null,null,null,null,null,null,null,null,null,null,null,{"$f":"'Baza klientów'!B4779","v":0},false,{"$f":"IF(AE4810=TRUE,COUNTIF($AE$32:AE4810,TRUE()),\"\")","v":""},{"$f":"IFERROR(INDEX($AD:$AD,MATCH(ROWS($AD$32:AD4810),$AF:$AF,0)),\"\")","v":""},null,null,false,{"$f":"IF(AJ4810=TRUE,COUNTIF($AJ$32:AJ4810,TRUE()),\"\")","v":""},{"$f":"IFERROR(INDEX($AD:$AD,MATCH(ROWS($AD$32:AD4810),$AK:$AK,0)),\"\")","v":""},null,false,{"$f":"IF(AN4810=TRUE,COUNTIF($AN$32:AN4810,TRUE()),\"\")","v":""},{"$f":"IFERROR(INDEX($AD:$AD,MATCH(ROWS($AD$32:$AD4810),$AO:$AO,0)),\"\")","v":""}]
[null,null,null,null,null,null,null,null,null,null,null,null,null,null,null,null,null,null,null,null,null,null,null,null,null,null,null,null,null,{"$f":"'Baza klientów'!B4780","v":0},false,{"$f":"IF(AE4811=TRUE,COUNTIF($AE$32:AE4811,TRUE()),\"\")","v":""},{"$f":"IFERROR(INDEX($AD:$AD,MATCH(ROWS($AD$32:AD4811),$AF:$AF,0)),\"\")","v":""},null,null,false,{"$f":"IF(AJ4811=TRUE,COUNTIF($AJ$32:AJ4811,TRUE()),\"\")","v":""},{"$f":"IFERROR(INDEX($AD:$AD,MATCH(ROWS($AD$32:AD4811),$AK:$AK,0)),\"\")","v":""},null,false,{"$f":"IF(AN4811=TRUE,COUNTIF($AN$32:AN4811,TRUE()),\"\")","v":""},{"$f":"IFERROR(INDEX($AD:$AD,MATCH(ROWS($AD$32:$AD4811),$AO:$AO,0)),\"\")","v":""}]
[null,null,null,null,null,null,null,null,null,null,null,null,null,null,null,null,null,null,null,null,null,null,null,null,null,null,null,null,null,{"$f":"'Baza klientów'!B4781","v":0},false,{"$f":"IF(AE4812=TRUE,COUNTIF($AE$32:AE4812,TRUE()),\"\")","v":""},{"$f":"IFERROR(INDEX($AD:$AD,MATCH(ROWS($AD$32:AD4812),$AF:$AF,0)),\"\")","v":""},null,null,false,{"$f":"IF(AJ4812=TRUE,COUNTIF($AJ$32:AJ4812,TRUE()),\"\")","v":""},{"$f":"IFERROR(INDEX($AD:$AD,MATCH(ROWS($AD$32:AD4812),$AK:$AK,0)),\"\")","v":""},null,false,{"$f":"IF(AN4812=TRUE,COUNTIF($AN$32:AN4812,TRUE()),\"\")","v":""},{"$f":"IFERROR(INDEX($AD:$AD,MATCH(ROWS($AD$32:$AD4812),$AO:$AO,0)),\"\")","v":""}]
[null,null,null,null,null,null,null,null,null,null,null,null,null,null,null,null,null,null,null,null,null,null,null,null,null,null,null,null,null,{"$f":"'Baza klientów'!B4782","v":0},false,{"$f":"IF(AE4813=TRUE,COUNTIF($AE$32:AE4813,TRUE()),\"\")","v":""},{"$f":"IFERROR(INDEX($AD:$AD,MATCH(ROWS($AD$32:AD4813),$AF:$AF,0)),\"\")","v":""},null,null,false,{"$f":"IF(AJ4813=TRUE,COUNTIF($AJ$32:AJ4813,TRUE()),\"\")","v":""},{"$f":"IFERROR(INDEX($AD:$AD,MATCH(ROWS($AD$32:AD4813),$AK:$AK,0)),\"\")","v":""},null,false,{"$f":"IF(AN4813=TRUE,COUNTIF($AN$32:AN4813,TRUE()),\"\")","v":""},{"$f":"IFERROR(INDEX($AD:$AD,MATCH(ROWS($AD$32:$AD4813),$AO:$AO,0)),\"\")","v":""}]
[null,null,null,null,null,null,null,null,null,null,null,null,null,null,null,null,null,null,null,null,null,null,null,null,null,null,null,null,null,{"$f":"'Baza klientów'!B4783","v":0},false,{"$f":"IF(AE4814=TRUE,COUNTIF($AE$32:AE4814,TRUE()),\"\")","v":""},{"$f":"IFERROR(INDEX($AD:$AD,MATCH(ROWS($AD$32:AD4814),$AF:$AF,0)),\"\")","v":""},null,null,false,{"$f":"IF(AJ4814=TRUE,COUNTIF($AJ$32:AJ4814,TRUE()),\"\")","v":""},{"$f":"IFERROR(INDEX($AD:$AD,MATCH(ROWS($AD$32:AD4814),$AK:$AK,0)),\"\")","v":""},null,false,{"$f":"IF(AN4814=TRUE,COUNTIF($AN$32:AN4814,TRUE()),\"\")","v":""},{"$f":"IFERROR(INDEX($AD:$AD,MATCH(ROWS($AD$32:$AD4814),$AO:$AO,0)),\"\")","v":""}]
[null,null,null,null,null,null,null,null,null,null,null,null,null,null,null,null,null,null,null,null,null,null,null,null,null,null,null,null,null,{"$f":"'Baza klientów'!B4784","v":0},false,{"$f":"IF(AE4815=TRUE,COUNTIF($AE$32:AE4815,TRUE()),\"\")","v":""},{"$f":"IFERROR(INDEX($AD:$AD,MATCH(ROWS($AD$32:AD4815),$AF:$AF,0)),\"\")","v":""},null,null,false,{"$f":"IF(AJ4815=TRUE,COUNTIF($AJ$32:AJ4815,TRUE()),\"\")","v":""},{"$f":"IFERROR(INDEX($AD:$AD,MATCH(ROWS($AD$32:AD4815),$AK:$AK,0)),\"\")","v":""},null,false,{"$f":"IF(AN4815=TRUE,COUNTIF($AN$32:AN4815,TRUE()),\"\")","v":""},{"$f":"IFERROR(INDEX($AD:$AD,MATCH(ROWS($AD$32:$AD4815),$AO:$AO,0)),\"\")","v":""}]
[null,null,null,null,null,null,null,null,null,null,null,null,null,null,null,null,null,null,null,null,null,null,null,null,null,null,null,null,null,{"$f":"'Baza klientów'!B4785","v":0},false,{"$f":"IF(AE4816=TRUE,COUNTIF($AE$32:AE4816,TRUE()),\"\")","v":""},{"$f":"IFERROR(INDEX($AD:$AD,MATCH(ROWS($AD$32:AD4816),$AF:$AF,0)),\"\")","v":""},null,null,false,{"$f":"IF(AJ4816=TRUE,COUNTIF($AJ$32:AJ4816,TRUE()),\"\")","v":""},{"$f":"IFERROR(INDEX($AD:$AD,MATCH(ROWS($AD$32:AD4816),$AK:$AK,0)),\"\")","v":""},null,false,{"$f":"IF(AN4816=TRUE,COUNTIF($AN$32:AN4816,TRUE()),\"\")","v":""},{"$f":"IFERROR(INDEX($AD:$AD,MATCH(ROWS($AD$32:$AD4816),$AO:$AO,0)),\"\")","v":""}]
[null,null,null,null,null,null,null,null,null,null,null,null,null,null,null,null,null,null,null,null,null,null,null,null,null,null,null,null,null,{"$f":"'Baza klientów'!B4786","v":0},false,{"$f":"IF(AE4817=TRUE,COUNTIF($AE$32:AE4817,TRUE()),\"\")","v":""},{"$f":"IFERROR(INDEX($AD:$AD,MATCH(ROWS($AD$32:AD4817),$AF:$AF,0)),\"\")","v":""},null,null,false,{"$f":"IF(AJ4817=TRUE,COUNTIF($AJ$32:AJ4817,TRUE()),\"\")","v":""},{"$f":"IFERROR(INDEX($AD:$AD,MATCH(ROWS($AD$32:AD4817),$AK:$AK,0)),\"\")","v":""},null,false,{"$f":"IF(AN4817=TRUE,COUNTIF($AN$32:AN4817,TRUE()),\"\")","v":""},{"$f":"IFERROR(INDEX($AD:$AD,MATCH(ROWS($AD$32:$AD4817),$AO:$AO,0)),\"\")","v":""}]
[null,null,null,null,null,null,null,null,null,null,null,null,null,null,null,null,null,null,null,null,null,null,null,null,null,null,null,null,null,{"$f":"'Baza klientów'!B4787","v":0},false,{"$f":"IF(AE4818=TRUE,COUNTIF($AE$32:AE4818,TRUE()),\"\")","v":""},{"$f":"IFERROR(INDEX($AD:$AD,MATCH(ROWS($AD$32:AD4818),$AF:$AF,0)),\"\")","v":""},null,null,false,{"$f":"IF(AJ4818=TRUE,COUNTIF($AJ$32:AJ4818,TRUE()),\"\")","v":""},{"$f":"IFERROR(INDEX($AD:$AD,MATCH(ROWS($AD$32:AD4818),$AK:$AK,0)),\"\")","v":""},null,false,{"$f":"IF(AN4818=TRUE,COUNTIF($AN$32:AN4818,TRUE()),\"\")","v":""},{"$f":"IFERROR(INDEX($AD:$AD,MATCH(ROWS($AD$32:$AD4818),$AO:$AO,0)),\"\")","v":""}]
[null,null,null,null,null,null,null,null,null,null,null,null,null,null,null,null,null,null,null,null,null,null,null,null,null,null,null,null,null,{"$f":"'Baza klientów'!B4788","v":0},false,{"$f":"IF(AE4819=TRUE,COUNTIF($AE$32:AE4819,TRUE()),\"\")","v":""},{"$f":"IFERROR(INDEX($AD:$AD,MATCH(ROWS($AD$32:AD4819),$AF:$AF,0)),\"\")","v":""},null,null,false,{"$f":"IF(AJ4819=TRUE,COUNTIF($AJ$32:AJ4819,TRUE()),\"\")","v":""},{"$f":"IFERROR(INDEX($AD:$AD,MATCH(ROWS($AD$32:AD4819),$AK:$AK,0)),\"\")","v":""},null,false,{"$f":"IF(AN4819=TRUE,COUNTIF($AN$32:AN4819,TRUE()),\"\")","v":""},{"$f":"IFERROR(INDEX($AD:$AD,MATCH(ROWS($AD$32:$AD4819),$AO:$AO,0)),\"\")","v":""}]
[null,null,null,null,null,null,null,null,null,null,null,null,null,null,null,null,null,null,null,null,null,null,null,null,null,null,null,null,null,{"$f":"'Baza klientów'!B4789","v":0},false,{"$f":"IF(AE4820=TRUE,COUNTIF($AE$32:AE4820,TRUE()),\"\")","v":""},{"$f":"IFERROR(INDEX($AD:$AD,MATCH(ROWS($AD$32:AD4820),$AF:$AF,0)),\"\")","v":""},null,null,false,{"$f":"IF(AJ4820=TRUE,COUNTIF($AJ$32:AJ4820,TRUE()),\"\")","v":""},{"$f":"IFERROR(INDEX($AD:$AD,MATCH(ROWS($AD$32:AD4820),$AK:$AK,0)),\"\")","v":""},null,false,{"$f":"IF(AN4820=TRUE,COUNTIF($AN$32:AN4820,TRUE()),\"\")","v":""},{"$f":"IFERROR(INDEX($AD:$AD,MATCH(ROWS($AD$32:$AD4820),$AO:$AO,0)),\"\")","v":""}]
[null,null,null,null,null,null,null,null,null,null,null,null,null,null,null,null,null,null,null,null,null,null,null,null,null,null,null,null,null,{"$f":"'Baza klientów'!B4790","v":0},false,{"$f":"IF(AE4821=TRUE,COUNTIF($AE$32:AE4821,TRUE()),\"\")","v":""},{"$f":"IFERROR(INDEX($AD:$AD,MATCH(ROWS($AD$32:AD4821),$AF:$AF,0)),\"\")","v":""},null,null,false,{"$f":"IF(AJ4821=TRUE,COUNTIF($AJ$32:AJ4821,TRUE()),\"\")","v":""},{"$f":"IFERROR(INDEX($AD:$AD,MATCH(ROWS($AD$32:AD4821),$AK:$AK,0)),\"\")","v":""},null,false,{"$f":"IF(AN4821=TRUE,COUNTIF($AN$32:AN4821,TRUE()),\"\")","v":""},{"$f":"IFERROR(INDEX($AD:$AD,MATCH(ROWS($AD$32:$AD4821),$AO:$AO,0)),\"\")","v":""}]
[null,null,null,null,null,null,null,null,null,null,null,null,null,null,null,null,null,null,null,null,null,null,null,null,null,null,null,null,null,{"$f":"'Baza klientów'!B4791","v":0},false,{"$f":"IF(AE4822=TRUE,COUNTIF($AE$32:AE4822,TRUE()),\"\")","v":""},{"$f":"IFERROR(INDEX($AD:$AD,MATCH(ROWS($AD$32:AD4822),$AF:$AF,0)),\"\")","v":""},null,null,false,{"$f":"IF(AJ4822=TRUE,COUNTIF($AJ$32:AJ4822,TRUE()),\"\")","v":""},{"$f":"IFERROR(INDEX($AD:$AD,MATCH(ROWS($AD$32:AD4822),$AK:$AK,0)),\"\")","v":""},null,false,{"$f":"IF(AN4822=TRUE,COUNTIF($AN$32:AN4822,TRUE()),\"\")","v":""},{"$f":"IFERROR(INDEX($AD:$AD,MATCH(ROWS($AD$32:$AD4822),$AO:$AO,0)),\"\")","v":""}]
[null,null,null,null,null,null,null,null,null,null,null,null,null,null,null,null,null,null,null,null,null,null,null,null,null,null,null,null,null,{"$f":"'Baza klientów'!B4792","v":0},false,{"$f":"IF(AE4823=TRUE,COUNTIF($AE$32:AE4823,TRUE()),\"\")","v":""},{"$f":"IFERROR(INDEX($AD:$AD,MATCH(ROWS($AD$32:AD4823),$AF:$AF,0)),\"\")","v":""},null,null,false,{"$f":"IF(AJ4823=TRUE,COUNTIF($AJ$32:AJ4823,TRUE()),\"\")","v":""},{"$f":"IFERROR(INDEX($AD:$AD,MATCH(ROWS($AD$32:AD4823),$AK:$AK,0)),\"\")","v":""},null,false,{"$f":"IF(AN4823=TRUE,COUNTIF($AN$32:AN4823,TRUE()),\"\")","v":""},{"$f":"IFERROR(INDEX($AD:$AD,MATCH(ROWS($AD$32:$AD4823),$AO:$AO,0)),\"\")","v":""}]
[null,null,null,null,null,null,null,null,null,null,null,null,null,null,null,null,null,null,null,null,null,null,null,null,null,null,null,null,null,{"$f":"'Baza klientów'!B4793","v":0},false,{"$f":"IF(AE4824=TRUE,COUNTIF($AE$32:AE4824,TRUE()),\"\")","v":""},{"$f":"IFERROR(INDEX($AD:$AD,MATCH(ROWS($AD$32:AD4824),$AF:$AF,0)),\"\")","v":""},null,null,false,{"$f":"IF(AJ4824=TRUE,COUNTIF($AJ$32:AJ4824,TRUE()),\"\")","v":""},{"$f":"IFERROR(INDEX($AD:$AD,MATCH(ROWS($AD$32:AD4824),$AK:$AK,0)),\"\")","v":""},null,false,{"$f":"IF(AN4824=TRUE,COUNTIF($AN$32:AN4824,TRUE()),\"\")","v":""},{"$f":"IFERROR(INDEX($AD:$AD,MATCH(ROWS($AD$32:$AD4824),$AO:$AO,0)),\"\")","v":""}]
[null,null,null,null,null,null,null,null,null,null,null,null,null,null,null,null,null,null,null,null,null,null,null,null,null,null,null,null,null,{"$f":"'Baza klientów'!B4794","v":0},false,{"$f":"IF(AE4825=TRUE,COUNTIF($AE$32:AE4825,TRUE()),\"\")","v":""},{"$f":"IFERROR(INDEX($AD:$AD,MATCH(ROWS($AD$32:AD4825),$AF:$AF,0)),\"\")","v":""},null,null,false,{"$f":"IF(AJ4825=TRUE,COUNTIF($AJ$32:AJ4825,TRUE()),\"\")","v":""},{"$f":"IFERROR(INDEX($AD:$AD,MATCH(ROWS($AD$32:AD4825),$AK:$AK,0)),\"\")","v":""},null,false,{"$f":"IF(AN4825=TRUE,COUNTIF($AN$32:AN4825,TRUE()),\"\")","v":""},{"$f":"IFERROR(INDEX($AD:$AD,MATCH(ROWS($AD$32:$AD4825),$AO:$AO,0)),\"\")","v":""}]
[null,null,null,null,null,null,null,null,null,null,null,null,null,null,null,null,null,null,null,null,null,null,null,null,null,null,null,null,null,{"$f":"'Baza klientów'!B4795","v":0},false,{"$f":"IF(AE4826=TRUE,COUNTIF($AE$32:AE4826,TRUE()),\"\")","v":""},{"$f":"IFERROR(INDEX($AD:$AD,MATCH(ROWS($AD$32:AD4826),$AF:$AF,0)),\"\")","v":""},null,null,false,{"$f":"IF(AJ4826=TRUE,COUNTIF($AJ$32:AJ4826,TRUE()),\"\")","v":""},{"$f":"IFERROR(INDEX($AD:$AD,MATCH(ROWS($AD$32:AD4826),$AK:$AK,0)),\"\")","v":""},null,false,{"$f":"IF(AN4826=TRUE,COUNTIF($AN$32:AN4826,TRUE()),\"\")","v":""},{"$f":"IFERROR(INDEX($AD:$AD,MATCH(ROWS($AD$32:$AD4826),$AO:$AO,0)),\"\")","v":""}]
[null,null,null,null,null,null,null,null,null,null,null,null,null,null,null,null,null,null,null,null,null,null,null,null,null,null,null,null,null,{"$f":"'Baza klientów'!B4796","v":0},false,{"$f":"IF(AE4827=TRUE,COUNTIF($AE$32:AE4827,TRUE()),\"\")","v":""},{"$f":"IFERROR(INDEX($AD:$AD,MATCH(ROWS($AD$32:AD4827),$AF:$AF,0)),\"\")","v":""},null,null,false,{"$f":"IF(AJ4827=TRUE,COUNTIF($AJ$32:AJ4827,TRUE()),\"\")","v":""},{"$f":"IFERROR(INDEX($AD:$AD,MATCH(ROWS($AD$32:AD4827),$AK:$AK,0)),\"\")","v":""},null,false,{"$f":"IF(AN4827=TRUE,COUNTIF($AN$32:AN4827,TRUE()),\"\")","v":""},{"$f":"IFERROR(INDEX($AD:$AD,MATCH(ROWS($AD$32:$AD4827),$AO:$AO,0)),\"\")","v":""}]
[null,null,null,null,null,null,null,null,null,null,null,null,null,null,null,null,null,null,null,null,null,null,null,null,null,null,null,null,null,{"$f":"'Baza klientów'!B4797","v":0},false,{"$f":"IF(AE4828=TRUE,COUNTIF($AE$32:AE4828,TRUE()),\"\")","v":""},{"$f":"IFERROR(INDEX($AD:$AD,MATCH(ROWS($AD$32:AD4828),$AF:$AF,0)),\"\")","v":""},null,null,false,{"$f":"IF(AJ4828=TRUE,COUNTIF($AJ$32:AJ4828,TRUE()),\"\")","v":""},{"$f":"IFERROR(INDEX($AD:$AD,MATCH(ROWS($AD$32:AD4828),$AK:$AK,0)),\"\")","v":""},null,false,{"$f":"IF(AN4828=TRUE,COUNTIF($AN$32:AN4828,TRUE()),\"\")","v":""},{"$f":"IFERROR(INDEX($AD:$AD,MATCH(ROWS($AD$32:$AD4828),$AO:$AO,0)),\"\")","v":""}]
[null,null,null,null,null,null,null,null,null,null,null,null,null,null,null,null,null,null,null,null,null,null,null,null,null,null,null,null,null,{"$f":"'Baza klientów'!B4798","v":0},false,{"$f":"IF(AE4829=TRUE,COUNTIF($AE$32:AE4829,TRUE()),\"\")","v":""},{"$f":"IFERROR(INDEX($AD:$AD,MATCH(ROWS($AD$32:AD4829),$AF:$AF,0)),\"\")","v":""},null,null,false,{"$f":"IF(AJ4829=TRUE,COUNTIF($AJ$32:AJ4829,TRUE()),\"\")","v":""},{"$f":"IFERROR(INDEX($AD:$AD,MATCH(ROWS($AD$32:AD4829),$AK:$AK,0)),\"\")","v":""},null,false,{"$f":"IF(AN4829=TRUE,COUNTIF($AN$32:AN4829,TRUE()),\"\")","v":""},{"$f":"IFERROR(INDEX($AD:$AD,MATCH(ROWS($AD$32:$AD4829),$AO:$AO,0)),\"\")","v":""}]
[null,null,null,null,null,null,null,null,null,null,null,null,null,null,null,null,null,null,null,null,null,null,null,null,null,null,null,null,null,{"$f":"'Baza klientów'!B4799","v":0},false,{"$f":"IF(AE4830=TRUE,COUNTIF($AE$32:AE4830,TRUE()),\"\")","v":""},{"$f":"IFERROR(INDEX($AD:$AD,MATCH(ROWS($AD$32:AD4830),$AF:$AF,0)),\"\")","v":""},null,null,false,{"$f":"IF(AJ4830=TRUE,COUNTIF($AJ$32:AJ4830,TRUE()),\"\")","v":""},{"$f":"IFERROR(INDEX($AD:$AD,MATCH(ROWS($AD$32:AD4830),$AK:$AK,0)),\"\")","v":""},null,false,{"$f":"IF(AN4830=TRUE,COUNTIF($AN$32:AN4830,TRUE()),\"\")","v":""},{"$f":"IFERROR(INDEX($AD:$AD,MATCH(ROWS($AD$32:$AD4830),$AO:$AO,0)),\"\")","v":""}]
[null,null,null,null,null,null,null,null,null,null,null,null,null,null,null,null,null,null,null,null,null,null,null,null,null,null,null,null,null,{"$f":"'Baza klientów'!B4800","v":0},false,{"$f":"IF(AE4831=TRUE,COUNTIF($AE$32:AE4831,TRUE()),\"\")","v":""},{"$f":"IFERROR(INDEX($AD:$AD,MATCH(ROWS($AD$32:AD4831),$AF:$AF,0)),\"\")","v":""},null,null,false,{"$f":"IF(AJ4831=TRUE,COUNTIF($AJ$32:AJ4831,TRUE()),\"\")","v":""},{"$f":"IFERROR(INDEX($AD:$AD,MATCH(ROWS($AD$32:AD4831),$AK:$AK,0)),\"\")","v":""},null,false,{"$f":"IF(AN4831=TRUE,COUNTIF($AN$32:AN4831,TRUE()),\"\")","v":""},{"$f":"IFERROR(INDEX($AD:$AD,MATCH(ROWS($AD$32:$AD4831),$AO:$AO,0)),\"\")","v":""}]
[null,null,null,null,null,null,null,null,null,null,null,null,null,null,null,null,null,null,null,null,null,null,null,null,null,null,null,null,null,{"$f":"'Baza klientów'!B4801","v":0},false,{"$f":"IF(AE4832=TRUE,COUNTIF($AE$32:AE4832,TRUE()),\"\")","v":""},{"$f":"IFERROR(INDEX($AD:$AD,MATCH(ROWS($AD$32:AD4832),$AF:$AF,0)),\"\")","v":""},null,null,false,{"$f":"IF(AJ4832=TRUE,COUNTIF($AJ$32:AJ4832,TRUE()),\"\")","v":""},{"$f":"IFERROR(INDEX($AD:$AD,MATCH(ROWS($AD$32:AD4832),$AK:$AK,0)),\"\")","v":""},null,false,{"$f":"IF(AN4832=TRUE,COUNTIF($AN$32:AN4832,TRUE()),\"\")","v":""},{"$f":"IFERROR(INDEX($AD:$AD,MATCH(ROWS($AD$32:$AD4832),$AO:$AO,0)),\"\")","v":""}]
[null,null,null,null,null,null,null,null,null,null,null,null,null,null,null,null,null,null,null,null,null,null,null,null,null,null,null,null,null,{"$f":"'Baza klientów'!B4802","v":0},{"$f":"ISNUMBER(SEARCH($AH$32,AD4833))","v":false},{"$f":"IF(AE4833=TRUE,COUNTIF($AE$32:AE4833,TRUE()),\"\")","v":""},{"$f":"IFERROR(INDEX($AD:$AD,MATCH(ROWS($AD$32:AD4833),$AF:$AF,0)),\"\")","v":""},null,null,{"$f":"ISNUMBER(SEARCH($AM$31,AD4833))","v":false},{"$f":"IF(AJ4833=TRUE,COUNTIF($AJ$32:AJ4833,TRUE()),\"\")","v":""},{"$f":"IFERROR(INDEX($AD:$AD,MATCH(ROWS($AD$32:AD4833),$AK:$AK,0)),\"\")","v":""},null,{"$f":"ISNUMBER(SEARCH($AQ$31,$AD4833))","v":false},{"$f":"IF(AN4833=TRUE,COUNTIF($AN$32:AN4833,TRUE()),\"\")","v":""},{"$f":"IFERROR(INDEX($AD:$AD,MATCH(ROWS($AD$32:$AD4833),$AO:$AO,0)),\"\")","v":""}]
[null,null,null,null,null,null,null,null,null,null,null,null,null,null,null,null,null,null,null,null,null,null,null,null,null,null,null,null,null,{"$f":"'Baza klientów'!B4803","v":0},false,{"$f":"IF(AE4834=TRUE,COUNTIF($AE$32:AE4834,TRUE()),\"\")","v":""},{"$f":"IFERROR(INDEX($AD:$AD,MATCH(ROWS($AD$32:AD4834),$AF:$AF,0)),\"\")","v":""},null,null,false,{"$f":"IF(AJ4834=TRUE,COUNTIF($AJ$32:AJ4834,TRUE()),\"\")","v":""},{"$f":"IFERROR(INDEX($AD:$AD,MATCH(ROWS($AD$32:AD4834),$AK:$AK,0)),\"\")","v":""},null,false,{"$f":"IF(AN4834=TRUE,COUNTIF($AN$32:AN4834,TRUE()),\"\")","v":""},{"$f":"IFERROR(INDEX($AD:$AD,MATCH(ROWS($AD$32:$AD4834),$AO:$AO,0)),\"\")","v":""}]
[null,null,null,null,null,null,null,null,null,null,null,null,null,null,null,null,null,null,null,null,null,null,null,null,null,null,null,null,null,{"$f":"'Baza klientów'!B4804","v":0},false,{"$f":"IF(AE4835=TRUE,COUNTIF($AE$32:AE4835,TRUE()),\"\")","v":""},{"$f":"IFERROR(INDEX($AD:$AD,MATCH(ROWS($AD$32:AD4835),$AF:$AF,0)),\"\")","v":""},null,null,false,{"$f":"IF(AJ4835=TRUE,COUNTIF($AJ$32:AJ4835,TRUE()),\"\")","v":""},{"$f":"IFERROR(INDEX($AD:$AD,MATCH(ROWS($AD$32:AD4835),$AK:$AK,0)),\"\")","v":""},null,false,{"$f":"IF(AN4835=TRUE,COUNTIF($AN$32:AN4835,TRUE()),\"\")","v":""},{"$f":"IFERROR(INDEX($AD:$AD,MATCH(ROWS($AD$32:$AD4835),$AO:$AO,0)),\"\")","v":""}]
[null,null,null,null,null,null,null,null,null,null,null,null,null,null,null,null,null,null,null,null,null,null,null,null,null,null,null,null,null,{"$f":"'Baza klientów'!B4805","v":0},false,{"$f":"IF(AE4836=TRUE,COUNTIF($AE$32:AE4836,TRUE()),\"\")","v":""},{"$f":"IFERROR(INDEX($AD:$AD,MATCH(ROWS($AD$32:AD4836),$AF:$AF,0)),\"\")","v":""},null,null,false,{"$f":"IF(AJ4836=TRUE,COUNTIF($AJ$32:AJ4836,TRUE()),\"\")","v":""},{"$f":"IFERROR(INDEX($AD:$AD,MATCH(ROWS($AD$32:AD4836),$AK:$AK,0)),\"\")","v":""},null,false,{"$f":"IF(AN4836=TRUE,COUNTIF($AN$32:AN4836,TRUE()),\"\")","v":""},{"$f":"IFERROR(INDEX($AD:$AD,MATCH(ROWS($AD$32:$AD4836),$AO:$AO,0)),\"\")","v":""}]
[null,null,null,null,null,null,null,null,null,null,null,null,null,null,null,null,null,null,null,null,null,null,null,null,null,null,null,null,null,{"$f":"'Baza klientów'!B4806","v":0},false,{"$f":"IF(AE4837=TRUE,COUNTIF($AE$32:AE4837,TRUE()),\"\")","v":""},{"$f":"IFERROR(INDEX($AD:$AD,MATCH(ROWS($AD$32:AD4837),$AF:$AF,0)),\"\")","v":""},null,null,false,{"$f":"IF(AJ4837=TRUE,COUNTIF($AJ$32:AJ4837,TRUE()),\"\")","v":""},{"$f":"IFERROR(INDEX($AD:$AD,MATCH(ROWS($AD$32:AD4837),$AK:$AK,0)),\"\")","v":""},null,false,{"$f":"IF(AN4837=TRUE,COUNTIF($AN$32:AN4837,TRUE()),\"\")","v":""},{"$f":"IFERROR(INDEX($AD:$AD,MATCH(ROWS($AD$32:$AD4837),$AO:$AO,0)),\"\")","v":""}]
[null,null,null,null,null,null,null,null,null,null,null,null,null,null,null,null,null,null,null,null,null,null,null,null,null,null,null,null,null,{"$f":"'Baza klientów'!B4807","v":0},false,{"$f":"IF(AE4838=TRUE,COUNTIF($AE$32:AE4838,TRUE()),\"\")","v":""},{"$f":"IFERROR(INDEX($AD:$AD,MATCH(ROWS($AD$32:AD4838),$AF:$AF,0)),\"\")","v":""},null,null,false,{"$f":"IF(AJ4838=TRUE,COUNTIF($AJ$32:AJ4838,TRUE()),\"\")","v":""},{"$f":"IFERROR(INDEX($AD:$AD,MATCH(ROWS($AD$32:AD4838),$AK:$AK,0)),\"\")","v":""},null,false,{"$f":"IF(AN4838=TRUE,COUNTIF($AN$32:AN4838,TRUE()),\"\")","v":""},{"$f":"IFERROR(INDEX($AD:$AD,MATCH(ROWS($AD$32:$AD4838),$AO:$AO,0)),\"\")","v":""}]
[null,null,null,null,null,null,null,null,null,null,null,null,null,null,null,null,null,null,null,null,null,null,null,null,null,null,null,null,null,{"$f":"'Baza klientów'!B4808","v":0},false,{"$f":"IF(AE4839=TRUE,COUNTIF($AE$32:AE4839,TRUE()),\"\")","v":""},{"$f":"IFERROR(INDEX($AD:$AD,MATCH(ROWS($AD$32:AD4839),$AF:$AF,0)),\"\")","v":""},null,null,false,{"$f":"IF(AJ4839=TRUE,COUNTIF($AJ$32:AJ4839,TRUE()),\"\")","v":""},{"$f":"IFERROR(INDEX($AD:$AD,MATCH(ROWS($AD$32:AD4839),$AK:$AK,0)),\"\")","v":""},null,false,{"$f":"IF(AN4839=TRUE,COUNTIF($AN$32:AN4839,TRUE()),\"\")","v":""},{"$f":"IFERROR(INDEX($AD:$AD,MATCH(ROWS($AD$32:$AD4839),$AO:$AO,0)),\"\")","v":""}]
[null,null,null,null,null,null,null,null,null,null,null,null,null,null,null,null,null,null,null,null,null,null,null,null,null,null,null,null,null,{"$f":"'Baza klientów'!B4809","v":0},false,{"$f":"IF(AE4840=TRUE,COUNTIF($AE$32:AE4840,TRUE()),\"\")","v":""},{"$f":"IFERROR(INDEX($AD:$AD,MATCH(ROWS($AD$32:AD4840),$AF:$AF,0)),\"\")","v":""},null,null,false,{"$f":"IF(AJ4840=TRUE,COUNTIF($AJ$32:AJ4840,TRUE()),\"\")","v":""},{"$f":"IFERROR(INDEX($AD:$AD,MATCH(ROWS($AD$32:AD4840),$AK:$AK,0)),\"\")","v":""},null,false,{"$f":"IF(AN4840=TRUE,COUNTIF($AN$32:AN4840,TRUE()),\"\")","v":""},{"$f":"IFERROR(INDEX($AD:$AD,MATCH(ROWS($AD$32:$AD4840),$AO:$AO,0)),\"\")","v":""}]
[null,null,null,null,null,null,null,null,null,null,null,null,null,null,null,null,null,null,null,null,null,null,null,null,null,null,null,null,null,{"$f":"'Baza klientów'!B4810","v":0},false,{"$f":"IF(AE4841=TRUE,COUNTIF($AE$32:AE4841,TRUE()),\"\")","v":""},{"$f":"IFERROR(INDEX($AD:$AD,MATCH(ROWS($AD$32:AD4841),$AF:$AF,0)),\"\")","v":""},null,null,false,{"$f":"IF(AJ4841=TRUE,COUNTIF($AJ$32:AJ4841,TRUE()),\"\")","v":""},{"$f":"IFERROR(INDEX($AD:$AD,MATCH(ROWS($AD$32:AD4841),$AK:$AK,0)),\"\")","v":""},null,false,{"$f":"IF(AN4841=TRUE,COUNTIF($AN$32:AN4841,TRUE()),\"\")","v":""},{"$f":"IFERROR(INDEX($AD:$AD,MATCH(ROWS($AD$32:$AD4841),$AO:$AO,0)),\"\")","v":""}]
[null,null,null,null,null,null,null,null,null,null,null,null,null,null,null,null,null,null,null,null,null,null,null,null,null,null,null,null,null,{"$f":"'Baza klientów'!B4811","v":0},false,{"$f":"IF(AE4842=TRUE,COUNTIF($AE$32:AE4842,TRUE()),\"\")","v":""},{"$f":"IFERROR(INDEX($AD:$AD,MATCH(ROWS($AD$32:AD4842),$AF:$AF,0)),\"\")","v":""},null,null,false,{"$f":"IF(AJ4842=TRUE,COUNTIF($AJ$32:AJ4842,TRUE()),\"\")","v":""},{"$f":"IFERROR(INDEX($AD:$AD,MATCH(ROWS($AD$32:AD4842),$AK:$AK,0)),\"\")","v":""},null,false,{"$f":"IF(AN4842=TRUE,COUNTIF($AN$32:AN4842,TRUE()),\"\")","v":""},{"$f":"IFERROR(INDEX($AD:$AD,MATCH(ROWS($AD$32:$AD4842),$AO:$AO,0)),\"\")","v":""}]
[null,null,null,null,null,null,null,null,null,null,null,null,null,null,null,null,null,null,null,null,null,null,null,null,null,null,null,null,null,{"$f":"'Baza klientów'!B4812","v":0},false,{"$f":"IF(AE4843=TRUE,COUNTIF($AE$32:AE4843,TRUE()),\"\")","v":""},{"$f":"IFERROR(INDEX($AD:$AD,MATCH(ROWS($AD$32:AD4843),$AF:$AF,0)),\"\")","v":""},null,null,false,{"$f":"IF(AJ4843=TRUE,COUNTIF($AJ$32:AJ4843,TRUE()),\"\")","v":""},{"$f":"IFERROR(INDEX($AD:$AD,MATCH(ROWS($AD$32:AD4843),$AK:$AK,0)),\"\")","v":""},null,false,{"$f":"IF(AN4843=TRUE,COUNTIF($AN$32:AN4843,TRUE()),\"\")","v":""},{"$f":"IFERROR(INDEX($AD:$AD,MATCH(ROWS($AD$32:$AD4843),$AO:$AO,0)),\"\")","v":""}]
[null,null,null,null,null,null,null,null,null,null,null,null,null,null,null,null,null,null,null,null,null,null,null,null,null,null,null,null,null,{"$f":"'Baza klientów'!B4813","v":0},false,{"$f":"IF(AE4844=TRUE,COUNTIF($AE$32:AE4844,TRUE()),\"\")","v":""},{"$f":"IFERROR(INDEX($AD:$AD,MATCH(ROWS($AD$32:AD4844),$AF:$AF,0)),\"\")","v":""},null,null,false,{"$f":"IF(AJ4844=TRUE,COUNTIF($AJ$32:AJ4844,TRUE()),\"\")","v":""},{"$f":"IFERROR(INDEX($AD:$AD,MATCH(ROWS($AD$32:AD4844),$AK:$AK,0)),\"\")","v":""},null,false,{"$f":"IF(AN4844=TRUE,COUNTIF($AN$32:AN4844,TRUE()),\"\")","v":""},{"$f":"IFERROR(INDEX($AD:$AD,MATCH(ROWS($AD$32:$AD4844),$AO:$AO,0)),\"\")","v":""}]
[null,null,null,null,null,null,null,null,null,null,null,null,null,null,null,null,null,null,null,null,null,null,null,null,null,null,null,null,null,{"$f":"'Baza klientów'!B4814","v":0},false,{"$f":"IF(AE4845=TRUE,COUNTIF($AE$32:AE4845,TRUE()),\"\")","v":""},{"$f":"IFERROR(INDEX($AD:$AD,MATCH(ROWS($AD$32:AD4845),$AF:$AF,0)),\"\")","v":""},null,null,false,{"$f":"IF(AJ4845=TRUE,COUNTIF($AJ$32:AJ4845,TRUE()),\"\")","v":""},{"$f":"IFERROR(INDEX($AD:$AD,MATCH(ROWS($AD$32:AD4845),$AK:$AK,0)),\"\")","v":""},null,false,{"$f":"IF(AN4845=TRUE,COUNTIF($AN$32:AN4845,TRUE()),\"\")","v":""},{"$f":"IFERROR(INDEX($AD:$AD,MATCH(ROWS($AD$32:$AD4845),$AO:$AO,0)),\"\")","v":""}]
[null,null,null,null,null,null,null,null,null,null,null,null,null,null,null,null,null,null,null,null,null,null,null,null,null,null,null,null,null,{"$f":"'Baza klientów'!B4815","v":0},false,{"$f":"IF(AE4846=TRUE,COUNTIF($AE$32:AE4846,TRUE()),\"\")","v":""},{"$f":"IFERROR(INDEX($AD:$AD,MATCH(ROWS($AD$32:AD4846),$AF:$AF,0)),\"\")","v":""},null,null,false,{"$f":"IF(AJ4846=TRUE,COUNTIF($AJ$32:AJ4846,TRUE()),\"\")","v":""},{"$f":"IFERROR(INDEX($AD:$AD,MATCH(ROWS($AD$32:AD4846),$AK:$AK,0)),\"\")","v":""},null,false,{"$f":"IF(AN4846=TRUE,COUNTIF($AN$32:AN4846,TRUE()),\"\")","v":""},{"$f":"IFERROR(INDEX($AD:$AD,MATCH(ROWS($AD$32:$AD4846),$AO:$AO,0)),\"\")","v":""}]
[null,null,null,null,null,null,null,null,null,null,null,null,null,null,null,null,null,null,null,null,null,null,null,null,null,null,null,null,null,{"$f":"'Baza klientów'!B4816","v":0},false,{"$f":"IF(AE4847=TRUE,COUNTIF($AE$32:AE4847,TRUE()),\"\")","v":""},{"$f":"IFERROR(INDEX($AD:$AD,MATCH(ROWS($AD$32:AD4847),$AF:$AF,0)),\"\")","v":""},null,null,false,{"$f":"IF(AJ4847=TRUE,COUNTIF($AJ$32:AJ4847,TRUE()),\"\")","v":""},{"$f":"IFERROR(INDEX($AD:$AD,MATCH(ROWS($AD$32:AD4847),$AK:$AK,0)),\"\")","v":""},null,false,{"$f":"IF(AN4847=TRUE,COUNTIF($AN$32:AN4847,TRUE()),\"\")","v":""},{"$f":"IFERROR(INDEX($AD:$AD,MATCH(ROWS($AD$32:$AD4847),$AO:$AO,0)),\"\")","v":""}]
[null,null,null,null,null,null,null,null,null,null,null,null,null,null,null,null,null,null,null,null,null,null,null,null,null,null,null,null,null,{"$f":"'Baza klientów'!B4817","v":0},false,{"$f":"IF(AE4848=TRUE,COUNTIF($AE$32:AE4848,TRUE()),\"\")","v":""},{"$f":"IFERROR(INDEX($AD:$AD,MATCH(ROWS($AD$32:AD4848),$AF:$AF,0)),\"\")","v":""},null,null,false,{"$f":"IF(AJ4848=TRUE,COUNTIF($AJ$32:AJ4848,TRUE()),\"\")","v":""},{"$f":"IFERROR(INDEX($AD:$AD,MATCH(ROWS($AD$32:AD4848),$AK:$AK,0)),\"\")","v":""},null,false,{"$f":"IF(AN4848=TRUE,COUNTIF($AN$32:AN4848,TRUE()),\"\")","v":""},{"$f":"IFERROR(INDEX($AD:$AD,MATCH(ROWS($AD$32:$AD4848),$AO:$AO,0)),\"\")","v":""}]
[null,null,null,null,null,null,null,null,null,null,null,null,null,null,null,null,null,null,null,null,null,null,null,null,null,null,null,null,null,{"$f":"'Baza klientów'!B4818","v":0},false,{"$f":"IF(AE4849=TRUE,COUNTIF($AE$32:AE4849,TRUE()),\"\")","v":""},{"$f":"IFERROR(INDEX($AD:$AD,MATCH(ROWS($AD$32:AD4849),$AF:$AF,0)),\"\")","v":""},null,null,false,{"$f":"IF(AJ4849=TRUE,COUNTIF($AJ$32:AJ4849,TRUE()),\"\")","v":""},{"$f":"IFERROR(INDEX($AD:$AD,MATCH(ROWS($AD$32:AD4849),$AK:$AK,0)),\"\")","v":""},null,false,{"$f":"IF(AN4849=TRUE,COUNTIF($AN$32:AN4849,TRUE()),\"\")","v":""},{"$f":"IFERROR(INDEX($AD:$AD,MATCH(ROWS($AD$32:$AD4849),$AO:$AO,0)),\"\")","v":""}]
[null,null,null,null,null,null,null,null,null,null,null,null,null,null,null,null,null,null,null,null,null,null,null,null,null,null,null,null,null,{"$f":"'Baza klientów'!B4819","v":0},false,{"$f":"IF(AE4850=TRUE,COUNTIF($AE$32:AE4850,TRUE()),\"\")","v":""},{"$f":"IFERROR(INDEX($AD:$AD,MATCH(ROWS($AD$32:AD4850),$AF:$AF,0)),\"\")","v":""},null,null,false,{"$f":"IF(AJ4850=TRUE,COUNTIF($AJ$32:AJ4850,TRUE()),\"\")","v":""},{"$f":"IFERROR(INDEX($AD:$AD,MATCH(ROWS($AD$32:AD4850),$AK:$AK,0)),\"\")","v":""},null,false,{"$f":"IF(AN4850=TRUE,COUNTIF($AN$32:AN4850,TRUE()),\"\")","v":""},{"$f":"IFERROR(INDEX($AD:$AD,MATCH(ROWS($AD$32:$AD4850),$AO:$AO,0)),\"\")","v":""}]
[null,null,null,null,null,null,null,null,null,null,null,null,null,null,null,null,null,null,null,null,null,null,null,null,null,null,null,null,null,{"$f":"'Baza klientów'!B4820","v":0},false,{"$f":"IF(AE4851=TRUE,COUNTIF($AE$32:AE4851,TRUE()),\"\")","v":""},{"$f":"IFERROR(INDEX($AD:$AD,MATCH(ROWS($AD$32:AD4851),$AF:$AF,0)),\"\")","v":""},null,null,false,{"$f":"IF(AJ4851=TRUE,COUNTIF($AJ$32:AJ4851,TRUE()),\"\")","v":""},{"$f":"IFERROR(INDEX($AD:$AD,MATCH(ROWS($AD$32:AD4851),$AK:$AK,0)),\"\")","v":""},null,false,{"$f":"IF(AN4851=TRUE,COUNTIF($AN$32:AN4851,TRUE()),\"\")","v":""},{"$f":"IFERROR(INDEX($AD:$AD,MATCH(ROWS($AD$32:$AD4851),$AO:$AO,0)),\"\")","v":""}]
[null,null,null,null,null,null,null,null,null,null,null,null,null,null,null,null,null,null,null,null,null,null,null,null,null,null,null,null,null,{"$f":"'Baza klientów'!B4821","v":0},false,{"$f":"IF(AE4852=TRUE,COUNTIF($AE$32:AE4852,TRUE()),\"\")","v":""},{"$f":"IFERROR(INDEX($AD:$AD,MATCH(ROWS($AD$32:AD4852),$AF:$AF,0)),\"\")","v":""},null,null,false,{"$f":"IF(AJ4852=TRUE,COUNTIF($AJ$32:AJ4852,TRUE()),\"\")","v":""},{"$f":"IFERROR(INDEX($AD:$AD,MATCH(ROWS($AD$32:AD4852),$AK:$AK,0)),\"\")","v":""},null,false,{"$f":"IF(AN4852=TRUE,COUNTIF($AN$32:AN4852,TRUE()),\"\")","v":""},{"$f":"IFERROR(INDEX($AD:$AD,MATCH(ROWS($AD$32:$AD4852),$AO:$AO,0)),\"\")","v":""}]
[null,null,null,null,null,null,null,null,null,null,null,null,null,null,null,null,null,null,null,null,null,null,null,null,null,null,null,null,null,{"$f":"'Baza klientów'!B4822","v":0},false,{"$f":"IF(AE4853=TRUE,COUNTIF($AE$32:AE4853,TRUE()),\"\")","v":""},{"$f":"IFERROR(INDEX($AD:$AD,MATCH(ROWS($AD$32:AD4853),$AF:$AF,0)),\"\")","v":""},null,null,false,{"$f":"IF(AJ4853=TRUE,COUNTIF($AJ$32:AJ4853,TRUE()),\"\")","v":""},{"$f":"IFERROR(INDEX($AD:$AD,MATCH(ROWS($AD$32:AD4853),$AK:$AK,0)),\"\")","v":""},null,false,{"$f":"IF(AN4853=TRUE,COUNTIF($AN$32:AN4853,TRUE()),\"\")","v":""},{"$f":"IFERROR(INDEX($AD:$AD,MATCH(ROWS($AD$32:$AD4853),$AO:$AO,0)),\"\")","v":""}]
[null,null,null,null,null,null,null,null,null,null,null,null,null,null,null,null,null,null,null,null,null,null,null,null,null,null,null,null,null,{"$f":"'Baza klientów'!B4823","v":0},false,{"$f":"IF(AE4854=TRUE,COUNTIF($AE$32:AE4854,TRUE()),\"\")","v":""},{"$f":"IFERROR(INDEX($AD:$AD,MATCH(ROWS($AD$32:AD4854),$AF:$AF,0)),\"\")","v":""},null,null,false,{"$f":"IF(AJ4854=TRUE,COUNTIF($AJ$32:AJ4854,TRUE()),\"\")","v":""},{"$f":"IFERROR(INDEX($AD:$AD,MATCH(ROWS($AD$32:AD4854),$AK:$AK,0)),\"\")","v":""},null,false,{"$f":"IF(AN4854=TRUE,COUNTIF($AN$32:AN4854,TRUE()),\"\")","v":""},{"$f":"IFERROR(INDEX($AD:$AD,MATCH(ROWS($AD$32:$AD4854),$AO:$AO,0)),\"\")","v":""}]
[null,null,null,null,null,null,null,null,null,null,null,null,null,null,null,null,null,null,null,null,null,null,null,null,null,null,null,null,null,{"$f":"'Baza klientów'!B4824","v":0},false,{"$f":"IF(AE4855=TRUE,COUNTIF($AE$32:AE4855,TRUE()),\"\")","v":""},{"$f":"IFERROR(INDEX($AD:$AD,MATCH(ROWS($AD$32:AD4855),$AF:$AF,0)),\"\")","v":""},null,null,false,{"$f":"IF(AJ4855=TRUE,COUNTIF($AJ$32:AJ4855,TRUE()),\"\")","v":""},{"$f":"IFERROR(INDEX($AD:$AD,MATCH(ROWS($AD$32:AD4855),$AK:$AK,0)),\"\")","v":""},null,false,{"$f":"IF(AN4855=TRUE,COUNTIF($AN$32:AN4855,TRUE()),\"\")","v":""},{"$f":"IFERROR(INDEX($AD:$AD,MATCH(ROWS($AD$32:$AD4855),$AO:$AO,0)),\"\")","v":""}]
[null,null,null,null,null,null,null,null,null,null,null,null,null,null,null,null,null,null,null,null,null,null,null,null,null,null,null,null,null,{"$f":"'Baza klientów'!B4825","v":0},false,{"$f":"IF(AE4856=TRUE,COUNTIF($AE$32:AE4856,TRUE()),\"\")","v":""},{"$f":"IFERROR(INDEX($AD:$AD,MATCH(ROWS($AD$32:AD4856),$AF:$AF,0)),\"\")","v":""},null,null,false,{"$f":"IF(AJ4856=TRUE,COUNTIF($AJ$32:AJ4856,TRUE()),\"\")","v":""},{"$f":"IFERROR(INDEX($AD:$AD,MATCH(ROWS($AD$32:AD4856),$AK:$AK,0)),\"\")","v":""},null,false,{"$f":"IF(AN4856=TRUE,COUNTIF($AN$32:AN4856,TRUE()),\"\")","v":""},{"$f":"IFERROR(INDEX($AD:$AD,MATCH(ROWS($AD$32:$AD4856),$AO:$AO,0)),\"\")","v":""}]
[null,null,null,null,null,null,null,null,null,null,null,null,null,null,null,null,null,null,null,null,null,null,null,null,null,null,null,null,null,{"$f":"'Baza klientów'!B4826","v":0},false,{"$f":"IF(AE4857=TRUE,COUNTIF($AE$32:AE4857,TRUE()),\"\")","v":""},{"$f":"IFERROR(INDEX($AD:$AD,MATCH(ROWS($AD$32:AD4857),$AF:$AF,0)),\"\")","v":""},null,null,false,{"$f":"IF(AJ4857=TRUE,COUNTIF($AJ$32:AJ4857,TRUE()),\"\")","v":""},{"$f":"IFERROR(INDEX($AD:$AD,MATCH(ROWS($AD$32:AD4857),$AK:$AK,0)),\"\")","v":""},null,false,{"$f":"IF(AN4857=TRUE,COUNTIF($AN$32:AN4857,TRUE()),\"\")","v":""},{"$f":"IFERROR(INDEX($AD:$AD,MATCH(ROWS($AD$32:$AD4857),$AO:$AO,0)),\"\")","v":""}]
[null,null,null,null,null,null,null,null,null,null,null,null,null,null,null,null,null,null,null,null,null,null,null,null,null,null,null,null,null,{"$f":"'Baza klientów'!B4827","v":0},false,{"$f":"IF(AE4858=TRUE,COUNTIF($AE$32:AE4858,TRUE()),\"\")","v":""},{"$f":"IFERROR(INDEX($AD:$AD,MATCH(ROWS($AD$32:AD4858),$AF:$AF,0)),\"\")","v":""},null,null,false,{"$f":"IF(AJ4858=TRUE,COUNTIF($AJ$32:AJ4858,TRUE()),\"\")","v":""},{"$f":"IFERROR(INDEX($AD:$AD,MATCH(ROWS($AD$32:AD4858),$AK:$AK,0)),\"\")","v":""},null,false,{"$f":"IF(AN4858=TRUE,COUNTIF($AN$32:AN4858,TRUE()),\"\")","v":""},{"$f":"IFERROR(INDEX($AD:$AD,MATCH(ROWS($AD$32:$AD4858),$AO:$AO,0)),\"\")","v":""}]
[null,null,null,null,null,null,null,null,null,null,null,null,null,null,null,null,null,null,null,null,null,null,null,null,null,null,null,null,null,{"$f":"'Baza klientów'!B4828","v":0},false,{"$f":"IF(AE4859=TRUE,COUNTIF($AE$32:AE4859,TRUE()),\"\")","v":""},{"$f":"IFERROR(INDEX($AD:$AD,MATCH(ROWS($AD$32:AD4859),$AF:$AF,0)),\"\")","v":""},null,null,false,{"$f":"IF(AJ4859=TRUE,COUNTIF($AJ$32:AJ4859,TRUE()),\"\")","v":""},{"$f":"IFERROR(INDEX($AD:$AD,MATCH(ROWS($AD$32:AD4859),$AK:$AK,0)),\"\")","v":""},null,false,{"$f":"IF(AN4859=TRUE,COUNTIF($AN$32:AN4859,TRUE()),\"\")","v":""},{"$f":"IFERROR(INDEX($AD:$AD,MATCH(ROWS($AD$32:$AD4859),$AO:$AO,0)),\"\")","v":""}]
[null,null,null,null,null,null,null,null,null,null,null,null,null,null,null,null,null,null,null,null,null,null,null,null,null,null,null,null,null,{"$f":"'Baza klientów'!B4829","v":0},false,{"$f":"IF(AE4860=TRUE,COUNTIF($AE$32:AE4860,TRUE()),\"\")","v":""},{"$f":"IFERROR(INDEX($AD:$AD,MATCH(ROWS($AD$32:AD4860),$AF:$AF,0)),\"\")","v":""},null,null,false,{"$f":"IF(AJ4860=TRUE,COUNTIF($AJ$32:AJ4860,TRUE()),\"\")","v":""},{"$f":"IFERROR(INDEX($AD:$AD,MATCH(ROWS($AD$32:AD4860),$AK:$AK,0)),\"\")","v":""},null,false,{"$f":"IF(AN4860=TRUE,COUNTIF($AN$32:AN4860,TRUE()),\"\")","v":""},{"$f":"IFERROR(INDEX($AD:$AD,MATCH(ROWS($AD$32:$AD4860),$AO:$AO,0)),\"\")","v":""}]
[null,null,null,null,null,null,null,null,null,null,null,null,null,null,null,null,null,null,null,null,null,null,null,null,null,null,null,null,null,{"$f":"'Baza klientów'!B4830","v":0},false,{"$f":"IF(AE4861=TRUE,COUNTIF($AE$32:AE4861,TRUE()),\"\")","v":""},{"$f":"IFERROR(INDEX($AD:$AD,MATCH(ROWS($AD$32:AD4861),$AF:$AF,0)),\"\")","v":""},null,null,false,{"$f":"IF(AJ4861=TRUE,COUNTIF($AJ$32:AJ4861,TRUE()),\"\")","v":""},{"$f":"IFERROR(INDEX($AD:$AD,MATCH(ROWS($AD$32:AD4861),$AK:$AK,0)),\"\")","v":""},null,false,{"$f":"IF(AN4861=TRUE,COUNTIF($AN$32:AN4861,TRUE()),\"\")","v":""},{"$f":"IFERROR(INDEX($AD:$AD,MATCH(ROWS($AD$32:$AD4861),$AO:$AO,0)),\"\")","v":""}]
[null,null,null,null,null,null,null,null,null,null,null,null,null,null,null,null,null,null,null,null,null,null,null,null,null,null,null,null,null,{"$f":"'Baza klientów'!B4831","v":0},false,{"$f":"IF(AE4862=TRUE,COUNTIF($AE$32:AE4862,TRUE()),\"\")","v":""},{"$f":"IFERROR(INDEX($AD:$AD,MATCH(ROWS($AD$32:AD4862),$AF:$AF,0)),\"\")","v":""},null,null,false,{"$f":"IF(AJ4862=TRUE,COUNTIF($AJ$32:AJ4862,TRUE()),\"\")","v":""},{"$f":"IFERROR(INDEX($AD:$AD,MATCH(ROWS($AD$32:AD4862),$AK:$AK,0)),\"\")","v":""},null,false,{"$f":"IF(AN4862=TRUE,COUNTIF($AN$32:AN4862,TRUE()),\"\")","v":""},{"$f":"IFERROR(INDEX($AD:$AD,MATCH(ROWS($AD$32:$AD4862),$AO:$AO,0)),\"\")","v":""}]
[null,null,null,null,null,null,null,null,null,null,null,null,null,null,null,null,null,null,null,null,null,null,null,null,null,null,null,null,null,{"$f":"'Baza klientów'!B4832","v":0},false,{"$f":"IF(AE4863=TRUE,COUNTIF($AE$32:AE4863,TRUE()),\"\")","v":""},{"$f":"IFERROR(INDEX($AD:$AD,MATCH(ROWS($AD$32:AD4863),$AF:$AF,0)),\"\")","v":""},null,null,false,{"$f":"IF(AJ4863=TRUE,COUNTIF($AJ$32:AJ4863,TRUE()),\"\")","v":""},{"$f":"IFERROR(INDEX($AD:$AD,MATCH(ROWS($AD$32:AD4863),$AK:$AK,0)),\"\")","v":""},null,false,{"$f":"IF(AN4863=TRUE,COUNTIF($AN$32:AN4863,TRUE()),\"\")","v":""},{"$f":"IFERROR(INDEX($AD:$AD,MATCH(ROWS($AD$32:$AD4863),$AO:$AO,0)),\"\")","v":""}]
[null,null,null,null,null,null,null,null,null,null,null,null,null,null,null,null,null,null,null,null,null,null,null,null,null,null,null,null,null,{"$f":"'Baza klientów'!B4833","v":0},false,{"$f":"IF(AE4864=TRUE,COUNTIF($AE$32:AE4864,TRUE()),\"\")","v":""},{"$f":"IFERROR(INDEX($AD:$AD,MATCH(ROWS($AD$32:AD4864),$AF:$AF,0)),\"\")","v":""},null,null,false,{"$f":"IF(AJ4864=TRUE,COUNTIF($AJ$32:AJ4864,TRUE()),\"\")","v":""},{"$f":"IFERROR(INDEX($AD:$AD,MATCH(ROWS($AD$32:AD4864),$AK:$AK,0)),\"\")","v":""},null,false,{"$f":"IF(AN4864=TRUE,COUNTIF($AN$32:AN4864,TRUE()),\"\")","v":""},{"$f":"IFERROR(INDEX($AD:$AD,MATCH(ROWS($AD$32:$AD4864),$AO:$AO,0)),\"\")","v":""}]
[null,null,null,null,null,null,null,null,null,null,null,null,null,null,null,null,null,null,null,null,null,null,null,null,null,null,null,null,null,{"$f":"'Baza klientów'!B4834","v":0},false,{"$f":"IF(AE4865=TRUE,COUNTIF($AE$32:AE4865,TRUE()),\"\")","v":""},{"$f":"IFERROR(INDEX($AD:$AD,MATCH(ROWS($AD$32:AD4865),$AF:$AF,0)),\"\")","v":""},null,null,false,{"$f":"IF(AJ4865=TRUE,COUNTIF($AJ$32:AJ4865,TRUE()),\"\")","v":""},{"$f":"IFERROR(INDEX($AD:$AD,MATCH(ROWS($AD$32:AD4865),$AK:$AK,0)),\"\")","v":""},null,false,{"$f":"IF(AN4865=TRUE,COUNTIF($AN$32:AN4865,TRUE()),\"\")","v":""},{"$f":"IFERROR(INDEX($AD:$AD,MATCH(ROWS($AD$32:$AD4865),$AO:$AO,0)),\"\")","v":""}]
[null,null,null,null,null,null,null,null,null,null,null,null,null,null,null,null,null,null,null,null,null,null,null,null,null,null,null,null,null,{"$f":"'Baza klientów'!B4835","v":0},false,{"$f":"IF(AE4866=TRUE,COUNTIF($AE$32:AE4866,TRUE()),\"\")","v":""},{"$f":"IFERROR(INDEX($AD:$AD,MATCH(ROWS($AD$32:AD4866),$AF:$AF,0)),\"\")","v":""},null,null,false,{"$f":"IF(AJ4866=TRUE,COUNTIF($AJ$32:AJ4866,TRUE()),\"\")","v":""},{"$f":"IFERROR(INDEX($AD:$AD,MATCH(ROWS($AD$32:AD4866),$AK:$AK,0)),\"\")","v":""},null,false,{"$f":"IF(AN4866=TRUE,COUNTIF($AN$32:AN4866,TRUE()),\"\")","v":""},{"$f":"IFERROR(INDEX($AD:$AD,MATCH(ROWS($AD$32:$AD4866),$AO:$AO,0)),\"\")","v":""}]
[null,null,null,null,null,null,null,null,null,null,null,null,null,null,null,null,null,null,null,null,null,null,null,null,null,null,null,null,null,{"$f":"'Baza klientów'!B4836","v":0},false,{"$f":"IF(AE4867=TRUE,COUNTIF($AE$32:AE4867,TRUE()),\"\")","v":""},{"$f":"IFERROR(INDEX($AD:$AD,MATCH(ROWS($AD$32:AD4867),$AF:$AF,0)),\"\")","v":""},null,null,false,{"$f":"IF(AJ4867=TRUE,COUNTIF($AJ$32:AJ4867,TRUE()),\"\")","v":""},{"$f":"IFERROR(INDEX($AD:$AD,MATCH(ROWS($AD$32:AD4867),$AK:$AK,0)),\"\")","v":""},null,false,{"$f":"IF(AN4867=TRUE,COUNTIF($AN$32:AN4867,TRUE()),\"\")","v":""},{"$f":"IFERROR(INDEX($AD:$AD,MATCH(ROWS($AD$32:$AD4867),$AO:$AO,0)),\"\")","v":""}]
[null,null,null,null,null,null,null,null,null,null,null,null,null,null,null,null,null,null,null,null,null,null,null,null,null,null,null,null,null,{"$f":"'Baza klientów'!B4837","v":0},false,{"$f":"IF(AE4868=TRUE,COUNTIF($AE$32:AE4868,TRUE()),\"\")","v":""},{"$f":"IFERROR(INDEX($AD:$AD,MATCH(ROWS($AD$32:AD4868),$AF:$AF,0)),\"\")","v":""},null,null,false,{"$f":"IF(AJ4868=TRUE,COUNTIF($AJ$32:AJ4868,TRUE()),\"\")","v":""},{"$f":"IFERROR(INDEX($AD:$AD,MATCH(ROWS($AD$32:AD4868),$AK:$AK,0)),\"\")","v":""},null,false,{"$f":"IF(AN4868=TRUE,COUNTIF($AN$32:AN4868,TRUE()),\"\")","v":""},{"$f":"IFERROR(INDEX($AD:$AD,MATCH(ROWS($AD$32:$AD4868),$AO:$AO,0)),\"\")","v":""}]
[null,null,null,null,null,null,null,null,null,null,null,null,null,null,null,null,null,null,null,null,null,null,null,null,null,null,null,null,null,{"$f":"'Baza klientów'!B4838","v":0},false,{"$f":"IF(AE4869=TRUE,COUNTIF($AE$32:AE4869,TRUE()),\"\")","v":""},{"$f":"IFERROR(INDEX($AD:$AD,MATCH(ROWS($AD$32:AD4869),$AF:$AF,0)),\"\")","v":""},null,null,false,{"$f":"IF(AJ4869=TRUE,COUNTIF($AJ$32:AJ4869,TRUE()),\"\")","v":""},{"$f":"IFERROR(INDEX($AD:$AD,MATCH(ROWS($AD$32:AD4869),$AK:$AK,0)),\"\")","v":""},null,false,{"$f":"IF(AN4869=TRUE,COUNTIF($AN$32:AN4869,TRUE()),\"\")","v":""},{"$f":"IFERROR(INDEX($AD:$AD,MATCH(ROWS($AD$32:$AD4869),$AO:$AO,0)),\"\")","v":""}]
[null,null,null,null,null,null,null,null,null,null,null,null,null,null,null,null,null,null,null,null,null,null,null,null,null,null,null,null,null,{"$f":"'Baza klientów'!B4839","v":0},false,{"$f":"IF(AE4870=TRUE,COUNTIF($AE$32:AE4870,TRUE()),\"\")","v":""},{"$f":"IFERROR(INDEX($AD:$AD,MATCH(ROWS($AD$32:AD4870),$AF:$AF,0)),\"\")","v":""},null,null,false,{"$f":"IF(AJ4870=TRUE,COUNTIF($AJ$32:AJ4870,TRUE()),\"\")","v":""},{"$f":"IFERROR(INDEX($AD:$AD,MATCH(ROWS($AD$32:AD4870),$AK:$AK,0)),\"\")","v":""},null,false,{"$f":"IF(AN4870=TRUE,COUNTIF($AN$32:AN4870,TRUE()),\"\")","v":""},{"$f":"IFERROR(INDEX($AD:$AD,MATCH(ROWS($AD$32:$AD4870),$AO:$AO,0)),\"\")","v":""}]
[null,null,null,null,null,null,null,null,null,null,null,null,null,null,null,null,null,null,null,null,null,null,null,null,null,null,null,null,null,{"$f":"'Baza klientów'!B4840","v":0},false,{"$f":"IF(AE4871=TRUE,COUNTIF($AE$32:AE4871,TRUE()),\"\")","v":""},{"$f":"IFERROR(INDEX($AD:$AD,MATCH(ROWS($AD$32:AD4871),$AF:$AF,0)),\"\")","v":""},null,null,false,{"$f":"IF(AJ4871=TRUE,COUNTIF($AJ$32:AJ4871,TRUE()),\"\")","v":""},{"$f":"IFERROR(INDEX($AD:$AD,MATCH(ROWS($AD$32:AD4871),$AK:$AK,0)),\"\")","v":""},null,false,{"$f":"IF(AN4871=TRUE,COUNTIF($AN$32:AN4871,TRUE()),\"\")","v":""},{"$f":"IFERROR(INDEX($AD:$AD,MATCH(ROWS($AD$32:$AD4871),$AO:$AO,0)),\"\")","v":""}]
[null,null,null,null,null,null,null,null,null,null,null,null,null,null,null,null,null,null,null,null,null,null,null,null,null,null,null,null,null,{"$f":"'Baza klientów'!B4841","v":0},false,{"$f":"IF(AE4872=TRUE,COUNTIF($AE$32:AE4872,TRUE()),\"\")","v":""},{"$f":"IFERROR(INDEX($AD:$AD,MATCH(ROWS($AD$32:AD4872),$AF:$AF,0)),\"\")","v":""},null,null,false,{"$f":"IF(AJ4872=TRUE,COUNTIF($AJ$32:AJ4872,TRUE()),\"\")","v":""},{"$f":"IFERROR(INDEX($AD:$AD,MATCH(ROWS($AD$32:AD4872),$AK:$AK,0)),\"\")","v":""},null,false,{"$f":"IF(AN4872=TRUE,COUNTIF($AN$32:AN4872,TRUE()),\"\")","v":""},{"$f":"IFERROR(INDEX($AD:$AD,MATCH(ROWS($AD$32:$AD4872),$AO:$AO,0)),\"\")","v":""}]
[null,null,null,null,null,null,null,null,null,null,null,null,null,null,null,null,null,null,null,null,null,null,null,null,null,null,null,null,null,{"$f":"'Baza klientów'!B4842","v":0},false,{"$f":"IF(AE4873=TRUE,COUNTIF($AE$32:AE4873,TRUE()),\"\")","v":""},{"$f":"IFERROR(INDEX($AD:$AD,MATCH(ROWS($AD$32:AD4873),$AF:$AF,0)),\"\")","v":""},null,null,false,{"$f":"IF(AJ4873=TRUE,COUNTIF($AJ$32:AJ4873,TRUE()),\"\")","v":""},{"$f":"IFERROR(INDEX($AD:$AD,MATCH(ROWS($AD$32:AD4873),$AK:$AK,0)),\"\")","v":""},null,false,{"$f":"IF(AN4873=TRUE,COUNTIF($AN$32:AN4873,TRUE()),\"\")","v":""},{"$f":"IFERROR(INDEX($AD:$AD,MATCH(ROWS($AD$32:$AD4873),$AO:$AO,0)),\"\")","v":""}]
[null,null,null,null,null,null,null,null,null,null,null,null,null,null,null,null,null,null,null,null,null,null,null,null,null,null,null,null,null,{"$f":"'Baza klientów'!B4843","v":0},false,{"$f":"IF(AE4874=TRUE,COUNTIF($AE$32:AE4874,TRUE()),\"\")","v":""},{"$f":"IFERROR(INDEX($AD:$AD,MATCH(ROWS($AD$32:AD4874),$AF:$AF,0)),\"\")","v":""},null,null,false,{"$f":"IF(AJ4874=TRUE,COUNTIF($AJ$32:AJ4874,TRUE()),\"\")","v":""},{"$f":"IFERROR(INDEX($AD:$AD,MATCH(ROWS($AD$32:AD4874),$AK:$AK,0)),\"\")","v":""},null,false,{"$f":"IF(AN4874=TRUE,COUNTIF($AN$32:AN4874,TRUE()),\"\")","v":""},{"$f":"IFERROR(INDEX($AD:$AD,MATCH(ROWS($AD$32:$AD4874),$AO:$AO,0)),\"\")","v":""}]
[null,null,null,null,null,null,null,null,null,null,null,null,null,null,null,null,null,null,null,null,null,null,null,null,null,null,null,null,null,{"$f":"'Baza klientów'!B4844","v":0},false,{"$f":"IF(AE4875=TRUE,COUNTIF($AE$32:AE4875,TRUE()),\"\")","v":""},{"$f":"IFERROR(INDEX($AD:$AD,MATCH(ROWS($AD$32:AD4875),$AF:$AF,0)),\"\")","v":""},null,null,false,{"$f":"IF(AJ4875=TRUE,COUNTIF($AJ$32:AJ4875,TRUE()),\"\")","v":""},{"$f":"IFERROR(INDEX($AD:$AD,MATCH(ROWS($AD$32:AD4875),$AK:$AK,0)),\"\")","v":""},null,false,{"$f":"IF(AN4875=TRUE,COUNTIF($AN$32:AN4875,TRUE()),\"\")","v":""},{"$f":"IFERROR(INDEX($AD:$AD,MATCH(ROWS($AD$32:$AD4875),$AO:$AO,0)),\"\")","v":""}]
[null,null,null,null,null,null,null,null,null,null,null,null,null,null,null,null,null,null,null,null,null,null,null,null,null,null,null,null,null,{"$f":"'Baza klientów'!B4845","v":0},false,{"$f":"IF(AE4876=TRUE,COUNTIF($AE$32:AE4876,TRUE()),\"\")","v":""},{"$f":"IFERROR(INDEX($AD:$AD,MATCH(ROWS($AD$32:AD4876),$AF:$AF,0)),\"\")","v":""},null,null,false,{"$f":"IF(AJ4876=TRUE,COUNTIF($AJ$32:AJ4876,TRUE()),\"\")","v":""},{"$f":"IFERROR(INDEX($AD:$AD,MATCH(ROWS($AD$32:AD4876),$AK:$AK,0)),\"\")","v":""},null,false,{"$f":"IF(AN4876=TRUE,COUNTIF($AN$32:AN4876,TRUE()),\"\")","v":""},{"$f":"IFERROR(INDEX($AD:$AD,MATCH(ROWS($AD$32:$AD4876),$AO:$AO,0)),\"\")","v":""}]
[null,null,null,null,null,null,null,null,null,null,null,null,null,null,null,null,null,null,null,null,null,null,null,null,null,null,null,null,null,{"$f":"'Baza klientów'!B4846","v":0},false,{"$f":"IF(AE4877=TRUE,COUNTIF($AE$32:AE4877,TRUE()),\"\")","v":""},{"$f":"IFERROR(INDEX($AD:$AD,MATCH(ROWS($AD$32:AD4877),$AF:$AF,0)),\"\")","v":""},null,null,false,{"$f":"IF(AJ4877=TRUE,COUNTIF($AJ$32:AJ4877,TRUE()),\"\")","v":""},{"$f":"IFERROR(INDEX($AD:$AD,MATCH(ROWS($AD$32:AD4877),$AK:$AK,0)),\"\")","v":""},null,false,{"$f":"IF(AN4877=TRUE,COUNTIF($AN$32:AN4877,TRUE()),\"\")","v":""},{"$f":"IFERROR(INDEX($AD:$AD,MATCH(ROWS($AD$32:$AD4877),$AO:$AO,0)),\"\")","v":""}]
[null,null,null,null,null,null,null,null,null,null,null,null,null,null,null,null,null,null,null,null,null,null,null,null,null,null,null,null,null,{"$f":"'Baza klientów'!B4847","v":0},false,{"$f":"IF(AE4878=TRUE,COUNTIF($AE$32:AE4878,TRUE()),\"\")","v":""},{"$f":"IFERROR(INDEX($AD:$AD,MATCH(ROWS($AD$32:AD4878),$AF:$AF,0)),\"\")","v":""},null,null,false,{"$f":"IF(AJ4878=TRUE,COUNTIF($AJ$32:AJ4878,TRUE()),\"\")","v":""},{"$f":"IFERROR(INDEX($AD:$AD,MATCH(ROWS($AD$32:AD4878),$AK:$AK,0)),\"\")","v":""},null,false,{"$f":"IF(AN4878=TRUE,COUNTIF($AN$32:AN4878,TRUE()),\"\")","v":""},{"$f":"IFERROR(INDEX($AD:$AD,MATCH(ROWS($AD$32:$AD4878),$AO:$AO,0)),\"\")","v":""}]
[null,null,null,null,null,null,null,null,null,null,null,null,null,null,null,null,null,null,null,null,null,null,null,null,null,null,null,null,null,{"$f":"'Baza klientów'!B4848","v":0},false,{"$f":"IF(AE4879=TRUE,COUNTIF($AE$32:AE4879,TRUE()),\"\")","v":""},{"$f":"IFERROR(INDEX($AD:$AD,MATCH(ROWS($AD$32:AD4879),$AF:$AF,0)),\"\")","v":""},null,null,false,{"$f":"IF(AJ4879=TRUE,COUNTIF($AJ$32:AJ4879,TRUE()),\"\")","v":""},{"$f":"IFERROR(INDEX($AD:$AD,MATCH(ROWS($AD$32:AD4879),$AK:$AK,0)),\"\")","v":""},null,false,{"$f":"IF(AN4879=TRUE,COUNTIF($AN$32:AN4879,TRUE()),\"\")","v":""},{"$f":"IFERROR(INDEX($AD:$AD,MATCH(ROWS($AD$32:$AD4879),$AO:$AO,0)),\"\")","v":""}]
[null,null,null,null,null,null,null,null,null,null,null,null,null,null,null,null,null,null,null,null,null,null,null,null,null,null,null,null,null,{"$f":"'Baza klientów'!B4849","v":0},false,{"$f":"IF(AE4880=TRUE,COUNTIF($AE$32:AE4880,TRUE()),\"\")","v":""},{"$f":"IFERROR(INDEX($AD:$AD,MATCH(ROWS($AD$32:AD4880),$AF:$AF,0)),\"\")","v":""},null,null,false,{"$f":"IF(AJ4880=TRUE,COUNTIF($AJ$32:AJ4880,TRUE()),\"\")","v":""},{"$f":"IFERROR(INDEX($AD:$AD,MATCH(ROWS($AD$32:AD4880),$AK:$AK,0)),\"\")","v":""},null,false,{"$f":"IF(AN4880=TRUE,COUNTIF($AN$32:AN4880,TRUE()),\"\")","v":""},{"$f":"IFERROR(INDEX($AD:$AD,MATCH(ROWS($AD$32:$AD4880),$AO:$AO,0)),\"\")","v":""}]
[null,null,null,null,null,null,null,null,null,null,null,null,null,null,null,null,null,null,null,null,null,null,null,null,null,null,null,null,null,{"$f":"'Baza klientów'!B4850","v":0},false,{"$f":"IF(AE4881=TRUE,COUNTIF($AE$32:AE4881,TRUE()),\"\")","v":""},{"$f":"IFERROR(INDEX($AD:$AD,MATCH(ROWS($AD$32:AD4881),$AF:$AF,0)),\"\")","v":""},null,null,false,{"$f":"IF(AJ4881=TRUE,COUNTIF($AJ$32:AJ4881,TRUE()),\"\")","v":""},{"$f":"IFERROR(INDEX($AD:$AD,MATCH(ROWS($AD$32:AD4881),$AK:$AK,0)),\"\")","v":""},null,false,{"$f":"IF(AN4881=TRUE,COUNTIF($AN$32:AN4881,TRUE()),\"\")","v":""},{"$f":"IFERROR(INDEX($AD:$AD,MATCH(ROWS($AD$32:$AD4881),$AO:$AO,0)),\"\")","v":""}]
[null,null,null,null,null,null,null,null,null,null,null,null,null,null,null,null,null,null,null,null,null,null,null,null,null,null,null,null,null,{"$f":"'Baza klientów'!B4851","v":0},false,{"$f":"IF(AE4882=TRUE,COUNTIF($AE$32:AE4882,TRUE()),\"\")","v":""},{"$f":"IFERROR(INDEX($AD:$AD,MATCH(ROWS($AD$32:AD4882),$AF:$AF,0)),\"\")","v":""},null,null,false,{"$f":"IF(AJ4882=TRUE,COUNTIF($AJ$32:AJ4882,TRUE()),\"\")","v":""},{"$f":"IFERROR(INDEX($AD:$AD,MATCH(ROWS($AD$32:AD4882),$AK:$AK,0)),\"\")","v":""},null,false,{"$f":"IF(AN4882=TRUE,COUNTIF($AN$32:AN4882,TRUE()),\"\")","v":""},{"$f":"IFERROR(INDEX($AD:$AD,MATCH(ROWS($AD$32:$AD4882),$AO:$AO,0)),\"\")","v":""}]
[null,null,null,null,null,null,null,null,null,null,null,null,null,null,null,null,null,null,null,null,null,null,null,null,null,null,null,null,null,{"$f":"'Baza klientów'!B4852","v":0},false,{"$f":"IF(AE4883=TRUE,COUNTIF($AE$32:AE4883,TRUE()),\"\")","v":""},{"$f":"IFERROR(INDEX($AD:$AD,MATCH(ROWS($AD$32:AD4883),$AF:$AF,0)),\"\")","v":""},null,null,false,{"$f":"IF(AJ4883=TRUE,COUNTIF($AJ$32:AJ4883,TRUE()),\"\")","v":""},{"$f":"IFERROR(INDEX($AD:$AD,MATCH(ROWS($AD$32:AD4883),$AK:$AK,0)),\"\")","v":""},null,false,{"$f":"IF(AN4883=TRUE,COUNTIF($AN$32:AN4883,TRUE()),\"\")","v":""},{"$f":"IFERROR(INDEX($AD:$AD,MATCH(ROWS($AD$32:$AD4883),$AO:$AO,0)),\"\")","v":""}]
[null,null,null,null,null,null,null,null,null,null,null,null,null,null,null,null,null,null,null,null,null,null,null,null,null,null,null,null,null,{"$f":"'Baza klientów'!B4853","v":0},false,{"$f":"IF(AE4884=TRUE,COUNTIF($AE$32:AE4884,TRUE()),\"\")","v":""},{"$f":"IFERROR(INDEX($AD:$AD,MATCH(ROWS($AD$32:AD4884),$AF:$AF,0)),\"\")","v":""},null,null,false,{"$f":"IF(AJ4884=TRUE,COUNTIF($AJ$32:AJ4884,TRUE()),\"\")","v":""},{"$f":"IFERROR(INDEX($AD:$AD,MATCH(ROWS($AD$32:AD4884),$AK:$AK,0)),\"\")","v":""},null,false,{"$f":"IF(AN4884=TRUE,COUNTIF($AN$32:AN4884,TRUE()),\"\")","v":""},{"$f":"IFERROR(INDEX($AD:$AD,MATCH(ROWS($AD$32:$AD4884),$AO:$AO,0)),\"\")","v":""}]
[null,null,null,null,null,null,null,null,null,null,null,null,null,null,null,null,null,null,null,null,null,null,null,null,null,null,null,null,null,{"$f":"'Baza klientów'!B4854","v":0},false,{"$f":"IF(AE4885=TRUE,COUNTIF($AE$32:AE4885,TRUE()),\"\")","v":""},{"$f":"IFERROR(INDEX($AD:$AD,MATCH(ROWS($AD$32:AD4885),$AF:$AF,0)),\"\")","v":""},null,null,false,{"$f":"IF(AJ4885=TRUE,COUNTIF($AJ$32:AJ4885,TRUE()),\"\")","v":""},{"$f":"IFERROR(INDEX($AD:$AD,MATCH(ROWS($AD$32:AD4885),$AK:$AK,0)),\"\")","v":""},null,false,{"$f":"IF(AN4885=TRUE,COUNTIF($AN$32:AN4885,TRUE()),\"\")","v":""},{"$f":"IFERROR(INDEX($AD:$AD,MATCH(ROWS($AD$32:$AD4885),$AO:$AO,0)),\"\")","v":""}]
[null,null,null,null,null,null,null,null,null,null,null,null,null,null,null,null,null,null,null,null,null,null,null,null,null,null,null,null,null,{"$f":"'Baza klientów'!B4855","v":0},false,{"$f":"IF(AE4886=TRUE,COUNTIF($AE$32:AE4886,TRUE()),\"\")","v":""},{"$f":"IFERROR(INDEX($AD:$AD,MATCH(ROWS($AD$32:AD4886),$AF:$AF,0)),\"\")","v":""},null,null,false,{"$f":"IF(AJ4886=TRUE,COUNTIF($AJ$32:AJ4886,TRUE()),\"\")","v":""},{"$f":"IFERROR(INDEX($AD:$AD,MATCH(ROWS($AD$32:AD4886),$AK:$AK,0)),\"\")","v":""},null,false,{"$f":"IF(AN4886=TRUE,COUNTIF($AN$32:AN4886,TRUE()),\"\")","v":""},{"$f":"IFERROR(INDEX($AD:$AD,MATCH(ROWS($AD$32:$AD4886),$AO:$AO,0)),\"\")","v":""}]
[null,null,null,null,null,null,null,null,null,null,null,null,null,null,null,null,null,null,null,null,null,null,null,null,null,null,null,null,null,{"$f":"'Baza klientów'!B4856","v":0},false,{"$f":"IF(AE4887=TRUE,COUNTIF($AE$32:AE4887,TRUE()),\"\")","v":""},{"$f":"IFERROR(INDEX($AD:$AD,MATCH(ROWS($AD$32:AD4887),$AF:$AF,0)),\"\")","v":""},null,null,false,{"$f":"IF(AJ4887=TRUE,COUNTIF($AJ$32:AJ4887,TRUE()),\"\")","v":""},{"$f":"IFERROR(INDEX($AD:$AD,MATCH(ROWS($AD$32:AD4887),$AK:$AK,0)),\"\")","v":""},null,false,{"$f":"IF(AN4887=TRUE,COUNTIF($AN$32:AN4887,TRUE()),\"\")","v":""},{"$f":"IFERROR(INDEX($AD:$AD,MATCH(ROWS($AD$32:$AD4887),$AO:$AO,0)),\"\")","v":""}]
[null,null,null,null,null,null,null,null,null,null,null,null,null,null,null,null,null,null,null,null,null,null,null,null,null,null,null,null,null,{"$f":"'Baza klientów'!B4857","v":0},false,{"$f":"IF(AE4888=TRUE,COUNTIF($AE$32:AE4888,TRUE()),\"\")","v":""},{"$f":"IFERROR(INDEX($AD:$AD,MATCH(ROWS($AD$32:AD4888),$AF:$AF,0)),\"\")","v":""},null,null,false,{"$f":"IF(AJ4888=TRUE,COUNTIF($AJ$32:AJ4888,TRUE()),\"\")","v":""},{"$f":"IFERROR(INDEX($AD:$AD,MATCH(ROWS($AD$32:AD4888),$AK:$AK,0)),\"\")","v":""},null,false,{"$f":"IF(AN4888=TRUE,COUNTIF($AN$32:AN4888,TRUE()),\"\")","v":""},{"$f":"IFERROR(INDEX($AD:$AD,MATCH(ROWS($AD$32:$AD4888),$AO:$AO,0)),\"\")","v":""}]
[null,null,null,null,null,null,null,null,null,null,null,null,null,null,null,null,null,null,null,null,null,null,null,null,null,null,null,null,null,{"$f":"'Baza klientów'!B4858","v":0},false,{"$f":"IF(AE4889=TRUE,COUNTIF($AE$32:AE4889,TRUE()),\"\")","v":""},{"$f":"IFERROR(INDEX($AD:$AD,MATCH(ROWS($AD$32:AD4889),$AF:$AF,0)),\"\")","v":""},null,null,false,{"$f":"IF(AJ4889=TRUE,COUNTIF($AJ$32:AJ4889,TRUE()),\"\")","v":""},{"$f":"IFERROR(INDEX($AD:$AD,MATCH(ROWS($AD$32:AD4889),$AK:$AK,0)),\"\")","v":""},null,false,{"$f":"IF(AN4889=TRUE,COUNTIF($AN$32:AN4889,TRUE()),\"\")","v":""},{"$f":"IFERROR(INDEX($AD:$AD,MATCH(ROWS($AD$32:$AD4889),$AO:$AO,0)),\"\")","v":""}]
[null,null,null,null,null,null,null,null,null,null,null,null,null,null,null,null,null,null,null,null,null,null,null,null,null,null,null,null,null,{"$f":"'Baza klientów'!B4859","v":0},false,{"$f":"IF(AE4890=TRUE,COUNTIF($AE$32:AE4890,TRUE()),\"\")","v":""},{"$f":"IFERROR(INDEX($AD:$AD,MATCH(ROWS($AD$32:AD4890),$AF:$AF,0)),\"\")","v":""},null,null,false,{"$f":"IF(AJ4890=TRUE,COUNTIF($AJ$32:AJ4890,TRUE()),\"\")","v":""},{"$f":"IFERROR(INDEX($AD:$AD,MATCH(ROWS($AD$32:AD4890),$AK:$AK,0)),\"\")","v":""},null,false,{"$f":"IF(AN4890=TRUE,COUNTIF($AN$32:AN4890,TRUE()),\"\")","v":""},{"$f":"IFERROR(INDEX($AD:$AD,MATCH(ROWS($AD$32:$AD4890),$AO:$AO,0)),\"\")","v":""}]
[null,null,null,null,null,null,null,null,null,null,null,null,null,null,null,null,null,null,null,null,null,null,null,null,null,null,null,null,null,{"$f":"'Baza klientów'!B4860","v":0},false,{"$f":"IF(AE4891=TRUE,COUNTIF($AE$32:AE4891,TRUE()),\"\")","v":""},{"$f":"IFERROR(INDEX($AD:$AD,MATCH(ROWS($AD$32:AD4891),$AF:$AF,0)),\"\")","v":""},null,null,false,{"$f":"IF(AJ4891=TRUE,COUNTIF($AJ$32:AJ4891,TRUE()),\"\")","v":""},{"$f":"IFERROR(INDEX($AD:$AD,MATCH(ROWS($AD$32:AD4891),$AK:$AK,0)),\"\")","v":""},null,false,{"$f":"IF(AN4891=TRUE,COUNTIF($AN$32:AN4891,TRUE()),\"\")","v":""},{"$f":"IFERROR(INDEX($AD:$AD,MATCH(ROWS($AD$32:$AD4891),$AO:$AO,0)),\"\")","v":""}]
[null,null,null,null,null,null,null,null,null,null,null,null,null,null,null,null,null,null,null,null,null,null,null,null,null,null,null,null,null,{"$f":"'Baza klientów'!B4861","v":0},false,{"$f":"IF(AE4892=TRUE,COUNTIF($AE$32:AE4892,TRUE()),\"\")","v":""},{"$f":"IFERROR(INDEX($AD:$AD,MATCH(ROWS($AD$32:AD4892),$AF:$AF,0)),\"\")","v":""},null,null,false,{"$f":"IF(AJ4892=TRUE,COUNTIF($AJ$32:AJ4892,TRUE()),\"\")","v":""},{"$f":"IFERROR(INDEX($AD:$AD,MATCH(ROWS($AD$32:AD4892),$AK:$AK,0)),\"\")","v":""},null,false,{"$f":"IF(AN4892=TRUE,COUNTIF($AN$32:AN4892,TRUE()),\"\")","v":""},{"$f":"IFERROR(INDEX($AD:$AD,MATCH(ROWS($AD$32:$AD4892),$AO:$AO,0)),\"\")","v":""}]
[null,null,null,null,null,null,null,null,null,null,null,null,null,null,null,null,null,null,null,null,null,null,null,null,null,null,null,null,null,{"$f":"'Baza klientów'!B4862","v":0},false,{"$f":"IF(AE4893=TRUE,COUNTIF($AE$32:AE4893,TRUE()),\"\")","v":""},{"$f":"IFERROR(INDEX($AD:$AD,MATCH(ROWS($AD$32:AD4893),$AF:$AF,0)),\"\")","v":""},null,null,false,{"$f":"IF(AJ4893=TRUE,COUNTIF($AJ$32:AJ4893,TRUE()),\"\")","v":""},{"$f":"IFERROR(INDEX($AD:$AD,MATCH(ROWS($AD$32:AD4893),$AK:$AK,0)),\"\")","v":""},null,false,{"$f":"IF(AN4893=TRUE,COUNTIF($AN$32:AN4893,TRUE()),\"\")","v":""},{"$f":"IFERROR(INDEX($AD:$AD,MATCH(ROWS($AD$32:$AD4893),$AO:$AO,0)),\"\")","v":""}]
[null,null,null,null,null,null,null,null,null,null,null,null,null,null,null,null,null,null,null,null,null,null,null,null,null,null,null,null,null,{"$f":"'Baza klientów'!B4863","v":0},false,{"$f":"IF(AE4894=TRUE,COUNTIF($AE$32:AE4894,TRUE()),\"\")","v":""},{"$f":"IFERROR(INDEX($AD:$AD,MATCH(ROWS($AD$32:AD4894),$AF:$AF,0)),\"\")","v":""},null,null,false,{"$f":"IF(AJ4894=TRUE,COUNTIF($AJ$32:AJ4894,TRUE()),\"\")","v":""},{"$f":"IFERROR(INDEX($AD:$AD,MATCH(ROWS($AD$32:AD4894),$AK:$AK,0)),\"\")","v":""},null,false,{"$f":"IF(AN4894=TRUE,COUNTIF($AN$32:AN4894,TRUE()),\"\")","v":""},{"$f":"IFERROR(INDEX($AD:$AD,MATCH(ROWS($AD$32:$AD4894),$AO:$AO,0)),\"\")","v":""}]
[null,null,null,null,null,null,null,null,null,null,null,null,null,null,null,null,null,null,null,null,null,null,null,null,null,null,null,null,null,{"$f":"'Baza klientów'!B4864","v":0},false,{"$f":"IF(AE4895=TRUE,COUNTIF($AE$32:AE4895,TRUE()),\"\")","v":""},{"$f":"IFERROR(INDEX($AD:$AD,MATCH(ROWS($AD$32:AD4895),$AF:$AF,0)),\"\")","v":""},null,null,false,{"$f":"IF(AJ4895=TRUE,COUNTIF($AJ$32:AJ4895,TRUE()),\"\")","v":""},{"$f":"IFERROR(INDEX($AD:$AD,MATCH(ROWS($AD$32:AD4895),$AK:$AK,0)),\"\")","v":""},null,false,{"$f":"IF(AN4895=TRUE,COUNTIF($AN$32:AN4895,TRUE()),\"\")","v":""},{"$f":"IFERROR(INDEX($AD:$AD,MATCH(ROWS($AD$32:$AD4895),$AO:$AO,0)),\"\")","v":""}]
[null,null,null,null,null,null,null,null,null,null,null,null,null,null,null,null,null,null,null,null,null,null,null,null,null,null,null,null,null,{"$f":"'Baza klientów'!B4865","v":0},false,{"$f":"IF(AE4896=TRUE,COUNTIF($AE$32:AE4896,TRUE()),\"\")","v":""},{"$f":"IFERROR(INDEX($AD:$AD,MATCH(ROWS($AD$32:AD4896),$AF:$AF,0)),\"\")","v":""},null,null,false,{"$f":"IF(AJ4896=TRUE,COUNTIF($AJ$32:AJ4896,TRUE()),\"\")","v":""},{"$f":"IFERROR(INDEX($AD:$AD,MATCH(ROWS($AD$32:AD4896),$AK:$AK,0)),\"\")","v":""},null,false,{"$f":"IF(AN4896=TRUE,COUNTIF($AN$32:AN4896,TRUE()),\"\")","v":""},{"$f":"IFERROR(INDEX($AD:$AD,MATCH(ROWS($AD$32:$AD4896),$AO:$AO,0)),\"\")","v":""}]
[null,null,null,null,null,null,null,null,null,null,null,null,null,null,null,null,null,null,null,null,null,null,null,null,null,null,null,null,null,{"$f":"'Baza klientów'!B4866","v":0},{"$f":"ISNUMBER(SEARCH($AH$32,AD4897))","v":false},{"$f":"IF(AE4897=TRUE,COUNTIF($AE$32:AE4897,TRUE()),\"\")","v":""},{"$f":"IFERROR(INDEX($AD:$AD,MATCH(ROWS($AD$32:AD4897),$AF:$AF,0)),\"\")","v":""},null,null,{"$f":"ISNUMBER(SEARCH($AM$31,AD4897))","v":false},{"$f":"IF(AJ4897=TRUE,COUNTIF($AJ$32:AJ4897,TRUE()),\"\")","v":""},{"$f":"IFERROR(INDEX($AD:$AD,MATCH(ROWS($AD$32:AD4897),$AK:$AK,0)),\"\")","v":""},null,{"$f":"ISNUMBER(SEARCH($AQ$31,$AD4897))","v":false},{"$f":"IF(AN4897=TRUE,COUNTIF($AN$32:AN4897,TRUE()),\"\")","v":""},{"$f":"IFERROR(INDEX($AD:$AD,MATCH(ROWS($AD$32:$AD4897),$AO:$AO,0)),\"\")","v":""}]
[null,null,null,null,null,null,null,null,null,null,null,null,null,null,null,null,null,null,null,null,null,null,null,null,null,null,null,null,null,{"$f":"'Baza klientów'!B4867","v":0},false,{"$f":"IF(AE4898=TRUE,COUNTIF($AE$32:AE4898,TRUE()),\"\")","v":""},{"$f":"IFERROR(INDEX($AD:$AD,MATCH(ROWS($AD$32:AD4898),$AF:$AF,0)),\"\")","v":""},null,null,false,{"$f":"IF(AJ4898=TRUE,COUNTIF($AJ$32:AJ4898,TRUE()),\"\")","v":""},{"$f":"IFERROR(INDEX($AD:$AD,MATCH(ROWS($AD$32:AD4898),$AK:$AK,0)),\"\")","v":""},null,false,{"$f":"IF(AN4898=TRUE,COUNTIF($AN$32:AN4898,TRUE()),\"\")","v":""},{"$f":"IFERROR(INDEX($AD:$AD,MATCH(ROWS($AD$32:$AD4898),$AO:$AO,0)),\"\")","v":""}]
[null,null,null,null,null,null,null,null,null,null,null,null,null,null,null,null,null,null,null,null,null,null,null,null,null,null,null,null,null,{"$f":"'Baza klientów'!B4868","v":0},false,{"$f":"IF(AE4899=TRUE,COUNTIF($AE$32:AE4899,TRUE()),\"\")","v":""},{"$f":"IFERROR(INDEX($AD:$AD,MATCH(ROWS($AD$32:AD4899),$AF:$AF,0)),\"\")","v":""},null,null,false,{"$f":"IF(AJ4899=TRUE,COUNTIF($AJ$32:AJ4899,TRUE()),\"\")","v":""},{"$f":"IFERROR(INDEX($AD:$AD,MATCH(ROWS($AD$32:AD4899),$AK:$AK,0)),\"\")","v":""},null,false,{"$f":"IF(AN4899=TRUE,COUNTIF($AN$32:AN4899,TRUE()),\"\")","v":""},{"$f":"IFERROR(INDEX($AD:$AD,MATCH(ROWS($AD$32:$AD4899),$AO:$AO,0)),\"\")","v":""}]
[null,null,null,null,null,null,null,null,null,null,null,null,null,null,null,null,null,null,null,null,null,null,null,null,null,null,null,null,null,{"$f":"'Baza klientów'!B4869","v":0},false,{"$f":"IF(AE4900=TRUE,COUNTIF($AE$32:AE4900,TRUE()),\"\")","v":""},{"$f":"IFERROR(INDEX($AD:$AD,MATCH(ROWS($AD$32:AD4900),$AF:$AF,0)),\"\")","v":""},null,null,false,{"$f":"IF(AJ4900=TRUE,COUNTIF($AJ$32:AJ4900,TRUE()),\"\")","v":""},{"$f":"IFERROR(INDEX($AD:$AD,MATCH(ROWS($AD$32:AD4900),$AK:$AK,0)),\"\")","v":""},null,false,{"$f":"IF(AN4900=TRUE,COUNTIF($AN$32:AN4900,TRUE()),\"\")","v":""},{"$f":"IFERROR(INDEX($AD:$AD,MATCH(ROWS($AD$32:$AD4900),$AO:$AO,0)),\"\")","v":""}]
[null,null,null,null,null,null,null,null,null,null,null,null,null,null,null,null,null,null,null,null,null,null,null,null,null,null,null,null,null,{"$f":"'Baza klientów'!B4870","v":0},false,{"$f":"IF(AE4901=TRUE,COUNTIF($AE$32:AE4901,TRUE()),\"\")","v":""},{"$f":"IFERROR(INDEX($AD:$AD,MATCH(ROWS($AD$32:AD4901),$AF:$AF,0)),\"\")","v":""},null,null,false,{"$f":"IF(AJ4901=TRUE,COUNTIF($AJ$32:AJ4901,TRUE()),\"\")","v":""},{"$f":"IFERROR(INDEX($AD:$AD,MATCH(ROWS($AD$32:AD4901),$AK:$AK,0)),\"\")","v":""},null,false,{"$f":"IF(AN4901=TRUE,COUNTIF($AN$32:AN4901,TRUE()),\"\")","v":""},{"$f":"IFERROR(INDEX($AD:$AD,MATCH(ROWS($AD$32:$AD4901),$AO:$AO,0)),\"\")","v":""}]
[null,null,null,null,null,null,null,null,null,null,null,null,null,null,null,null,null,null,null,null,null,null,null,null,null,null,null,null,null,{"$f":"'Baza klientów'!B4871","v":0},false,{"$f":"IF(AE4902=TRUE,COUNTIF($AE$32:AE4902,TRUE()),\"\")","v":""},{"$f":"IFERROR(INDEX($AD:$AD,MATCH(ROWS($AD$32:AD4902),$AF:$AF,0)),\"\")","v":""},null,null,false,{"$f":"IF(AJ4902=TRUE,COUNTIF($AJ$32:AJ4902,TRUE()),\"\")","v":""},{"$f":"IFERROR(INDEX($AD:$AD,MATCH(ROWS($AD$32:AD4902),$AK:$AK,0)),\"\")","v":""},null,false,{"$f":"IF(AN4902=TRUE,COUNTIF($AN$32:AN4902,TRUE()),\"\")","v":""},{"$f":"IFERROR(INDEX($AD:$AD,MATCH(ROWS($AD$32:$AD4902),$AO:$AO,0)),\"\")","v":""}]
[null,null,null,null,null,null,null,null,null,null,null,null,null,null,null,null,null,null,null,null,null,null,null,null,null,null,null,null,null,{"$f":"'Baza klientów'!B4872","v":0},false,{"$f":"IF(AE4903=TRUE,COUNTIF($AE$32:AE4903,TRUE()),\"\")","v":""},{"$f":"IFERROR(INDEX($AD:$AD,MATCH(ROWS($AD$32:AD4903),$AF:$AF,0)),\"\")","v":""},null,null,false,{"$f":"IF(AJ4903=TRUE,COUNTIF($AJ$32:AJ4903,TRUE()),\"\")","v":""},{"$f":"IFERROR(INDEX($AD:$AD,MATCH(ROWS($AD$32:AD4903),$AK:$AK,0)),\"\")","v":""},null,false,{"$f":"IF(AN4903=TRUE,COUNTIF($AN$32:AN4903,TRUE()),\"\")","v":""},{"$f":"IFERROR(INDEX($AD:$AD,MATCH(ROWS($AD$32:$AD4903),$AO:$AO,0)),\"\")","v":""}]
[null,null,null,null,null,null,null,null,null,null,null,null,null,null,null,null,null,null,null,null,null,null,null,null,null,null,null,null,null,{"$f":"'Baza klientów'!B4873","v":0},false,{"$f":"IF(AE4904=TRUE,COUNTIF($AE$32:AE4904,TRUE()),\"\")","v":""},{"$f":"IFERROR(INDEX($AD:$AD,MATCH(ROWS($AD$32:AD4904),$AF:$AF,0)),\"\")","v":""},null,null,false,{"$f":"IF(AJ4904=TRUE,COUNTIF($AJ$32:AJ4904,TRUE()),\"\")","v":""},{"$f":"IFERROR(INDEX($AD:$AD,MATCH(ROWS($AD$32:AD4904),$AK:$AK,0)),\"\")","v":""},null,false,{"$f":"IF(AN4904=TRUE,COUNTIF($AN$32:AN4904,TRUE()),\"\")","v":""},{"$f":"IFERROR(INDEX($AD:$AD,MATCH(ROWS($AD$32:$AD4904),$AO:$AO,0)),\"\")","v":""}]
[null,null,null,null,null,null,null,null,null,null,null,null,null,null,null,null,null,null,null,null,null,null,null,null,null,null,null,null,null,{"$f":"'Baza klientów'!B4874","v":0},false,{"$f":"IF(AE4905=TRUE,COUNTIF($AE$32:AE4905,TRUE()),\"\")","v":""},{"$f":"IFERROR(INDEX($AD:$AD,MATCH(ROWS($AD$32:AD4905),$AF:$AF,0)),\"\")","v":""},null,null,false,{"$f":"IF(AJ4905=TRUE,COUNTIF($AJ$32:AJ4905,TRUE()),\"\")","v":""},{"$f":"IFERROR(INDEX($AD:$AD,MATCH(ROWS($AD$32:AD4905),$AK:$AK,0)),\"\")","v":""},null,false,{"$f":"IF(AN4905=TRUE,COUNTIF($AN$32:AN4905,TRUE()),\"\")","v":""},{"$f":"IFERROR(INDEX($AD:$AD,MATCH(ROWS($AD$32:$AD4905),$AO:$AO,0)),\"\")","v":""}]
[null,null,null,null,null,null,null,null,null,null,null,null,null,null,null,null,null,null,null,null,null,null,null,null,null,null,null,null,null,{"$f":"'Baza klientów'!B4875","v":0},false,{"$f":"IF(AE4906=TRUE,COUNTIF($AE$32:AE4906,TRUE()),\"\")","v":""},{"$f":"IFERROR(INDEX($AD:$AD,MATCH(ROWS($AD$32:AD4906),$AF:$AF,0)),\"\")","v":""},null,null,false,{"$f":"IF(AJ4906=TRUE,COUNTIF($AJ$32:AJ4906,TRUE()),\"\")","v":""},{"$f":"IFERROR(INDEX($AD:$AD,MATCH(ROWS($AD$32:AD4906),$AK:$AK,0)),\"\")","v":""},null,false,{"$f":"IF(AN4906=TRUE,COUNTIF($AN$32:AN4906,TRUE()),\"\")","v":""},{"$f":"IFERROR(INDEX($AD:$AD,MATCH(ROWS($AD$32:$AD4906),$AO:$AO,0)),\"\")","v":""}]
[null,null,null,null,null,null,null,null,null,null,null,null,null,null,null,null,null,null,null,null,null,null,null,null,null,null,null,null,null,{"$f":"'Baza klientów'!B4876","v":0},false,{"$f":"IF(AE4907=TRUE,COUNTIF($AE$32:AE4907,TRUE()),\"\")","v":""},{"$f":"IFERROR(INDEX($AD:$AD,MATCH(ROWS($AD$32:AD4907),$AF:$AF,0)),\"\")","v":""},null,null,false,{"$f":"IF(AJ4907=TRUE,COUNTIF($AJ$32:AJ4907,TRUE()),\"\")","v":""},{"$f":"IFERROR(INDEX($AD:$AD,MATCH(ROWS($AD$32:AD4907),$AK:$AK,0)),\"\")","v":""},null,false,{"$f":"IF(AN4907=TRUE,COUNTIF($AN$32:AN4907,TRUE()),\"\")","v":""},{"$f":"IFERROR(INDEX($AD:$AD,MATCH(ROWS($AD$32:$AD4907),$AO:$AO,0)),\"\")","v":""}]
[null,null,null,null,null,null,null,null,null,null,null,null,null,null,null,null,null,null,null,null,null,null,null,null,null,null,null,null,null,{"$f":"'Baza klientów'!B4877","v":0},false,{"$f":"IF(AE4908=TRUE,COUNTIF($AE$32:AE4908,TRUE()),\"\")","v":""},{"$f":"IFERROR(INDEX($AD:$AD,MATCH(ROWS($AD$32:AD4908),$AF:$AF,0)),\"\")","v":""},null,null,false,{"$f":"IF(AJ4908=TRUE,COUNTIF($AJ$32:AJ4908,TRUE()),\"\")","v":""},{"$f":"IFERROR(INDEX($AD:$AD,MATCH(ROWS($AD$32:AD4908),$AK:$AK,0)),\"\")","v":""},null,false,{"$f":"IF(AN4908=TRUE,COUNTIF($AN$32:AN4908,TRUE()),\"\")","v":""},{"$f":"IFERROR(INDEX($AD:$AD,MATCH(ROWS($AD$32:$AD4908),$AO:$AO,0)),\"\")","v":""}]
[null,null,null,null,null,null,null,null,null,null,null,null,null,null,null,null,null,null,null,null,null,null,null,null,null,null,null,null,null,{"$f":"'Baza klientów'!B4878","v":0},false,{"$f":"IF(AE4909=TRUE,COUNTIF($AE$32:AE4909,TRUE()),\"\")","v":""},{"$f":"IFERROR(INDEX($AD:$AD,MATCH(ROWS($AD$32:AD4909),$AF:$AF,0)),\"\")","v":""},null,null,false,{"$f":"IF(AJ4909=TRUE,COUNTIF($AJ$32:AJ4909,TRUE()),\"\")","v":""},{"$f":"IFERROR(INDEX($AD:$AD,MATCH(ROWS($AD$32:AD4909),$AK:$AK,0)),\"\")","v":""},null,false,{"$f":"IF(AN4909=TRUE,COUNTIF($AN$32:AN4909,TRUE()),\"\")","v":""},{"$f":"IFERROR(INDEX($AD:$AD,MATCH(ROWS($AD$32:$AD4909),$AO:$AO,0)),\"\")","v":""}]
[null,null,null,null,null,null,null,null,null,null,null,null,null,null,null,null,null,null,null,null,null,null,null,null,null,null,null,null,null,{"$f":"'Baza klientów'!B4879","v":0},false,{"$f":"IF(AE4910=TRUE,COUNTIF($AE$32:AE4910,TRUE()),\"\")","v":""},{"$f":"IFERROR(INDEX($AD:$AD,MATCH(ROWS($AD$32:AD4910),$AF:$AF,0)),\"\")","v":""},null,null,false,{"$f":"IF(AJ4910=TRUE,COUNTIF($AJ$32:AJ4910,TRUE()),\"\")","v":""},{"$f":"IFERROR(INDEX($AD:$AD,MATCH(ROWS($AD$32:AD4910),$AK:$AK,0)),\"\")","v":""},null,false,{"$f":"IF(AN4910=TRUE,COUNTIF($AN$32:AN4910,TRUE()),\"\")","v":""},{"$f":"IFERROR(INDEX($AD:$AD,MATCH(ROWS($AD$32:$AD4910),$AO:$AO,0)),\"\")","v":""}]
[null,null,null,null,null,null,null,null,null,null,null,null,null,null,null,null,null,null,null,null,null,null,null,null,null,null,null,null,null,{"$f":"'Baza klientów'!B4880","v":0},false,{"$f":"IF(AE4911=TRUE,COUNTIF($AE$32:AE4911,TRUE()),\"\")","v":""},{"$f":"IFERROR(INDEX($AD:$AD,MATCH(ROWS($AD$32:AD4911),$AF:$AF,0)),\"\")","v":""},null,null,false,{"$f":"IF(AJ4911=TRUE,COUNTIF($AJ$32:AJ4911,TRUE()),\"\")","v":""},{"$f":"IFERROR(INDEX($AD:$AD,MATCH(ROWS($AD$32:AD4911),$AK:$AK,0)),\"\")","v":""},null,false,{"$f":"IF(AN4911=TRUE,COUNTIF($AN$32:AN4911,TRUE()),\"\")","v":""},{"$f":"IFERROR(INDEX($AD:$AD,MATCH(ROWS($AD$32:$AD4911),$AO:$AO,0)),\"\")","v":""}]
[null,null,null,null,null,null,null,null,null,null,null,null,null,null,null,null,null,null,null,null,null,null,null,null,null,null,null,null,null,{"$f":"'Baza klientów'!B4881","v":0},false,{"$f":"IF(AE4912=TRUE,COUNTIF($AE$32:AE4912,TRUE()),\"\")","v":""},{"$f":"IFERROR(INDEX($AD:$AD,MATCH(ROWS($AD$32:AD4912),$AF:$AF,0)),\"\")","v":""},null,null,false,{"$f":"IF(AJ4912=TRUE,COUNTIF($AJ$32:AJ4912,TRUE()),\"\")","v":""},{"$f":"IFERROR(INDEX($AD:$AD,MATCH(ROWS($AD$32:AD4912),$AK:$AK,0)),\"\")","v":""},null,false,{"$f":"IF(AN4912=TRUE,COUNTIF($AN$32:AN4912,TRUE()),\"\")","v":""},{"$f":"IFERROR(INDEX($AD:$AD,MATCH(ROWS($AD$32:$AD4912),$AO:$AO,0)),\"\")","v":""}]
[null,null,null,null,null,null,null,null,null,null,null,null,null,null,null,null,null,null,null,null,null,null,null,null,null,null,null,null,null,{"$f":"'Baza klientów'!B4882","v":0},false,{"$f":"IF(AE4913=TRUE,COUNTIF($AE$32:AE4913,TRUE()),\"\")","v":""},{"$f":"IFERROR(INDEX($AD:$AD,MATCH(ROWS($AD$32:AD4913),$AF:$AF,0)),\"\")","v":""},null,null,false,{"$f":"IF(AJ4913=TRUE,COUNTIF($AJ$32:AJ4913,TRUE()),\"\")","v":""},{"$f":"IFERROR(INDEX($AD:$AD,MATCH(ROWS($AD$32:AD4913),$AK:$AK,0)),\"\")","v":""},null,false,{"$f":"IF(AN4913=TRUE,COUNTIF($AN$32:AN4913,TRUE()),\"\")","v":""},{"$f":"IFERROR(INDEX($AD:$AD,MATCH(ROWS($AD$32:$AD4913),$AO:$AO,0)),\"\")","v":""}]
[null,null,null,null,null,null,null,null,null,null,null,null,null,null,null,null,null,null,null,null,null,null,null,null,null,null,null,null,null,{"$f":"'Baza klientów'!B4883","v":0},false,{"$f":"IF(AE4914=TRUE,COUNTIF($AE$32:AE4914,TRUE()),\"\")","v":""},{"$f":"IFERROR(INDEX($AD:$AD,MATCH(ROWS($AD$32:AD4914),$AF:$AF,0)),\"\")","v":""},null,null,false,{"$f":"IF(AJ4914=TRUE,COUNTIF($AJ$32:AJ4914,TRUE()),\"\")","v":""},{"$f":"IFERROR(INDEX($AD:$AD,MATCH(ROWS($AD$32:AD4914),$AK:$AK,0)),\"\")","v":""},null,false,{"$f":"IF(AN4914=TRUE,COUNTIF($AN$32:AN4914,TRUE()),\"\")","v":""},{"$f":"IFERROR(INDEX($AD:$AD,MATCH(ROWS($AD$32:$AD4914),$AO:$AO,0)),\"\")","v":""}]
[null,null,null,null,null,null,null,null,null,null,null,null,null,null,null,null,null,null,null,null,null,null,null,null,null,null,null,null,null,{"$f":"'Baza klientów'!B4884","v":0},false,{"$f":"IF(AE4915=TRUE,COUNTIF($AE$32:AE4915,TRUE()),\"\")","v":""},{"$f":"IFERROR(INDEX($AD:$AD,MATCH(ROWS($AD$32:AD4915),$AF:$AF,0)),\"\")","v":""},null,null,false,{"$f":"IF(AJ4915=TRUE,COUNTIF($AJ$32:AJ4915,TRUE()),\"\")","v":""},{"$f":"IFERROR(INDEX($AD:$AD,MATCH(ROWS($AD$32:AD4915),$AK:$AK,0)),\"\")","v":""},null,false,{"$f":"IF(AN4915=TRUE,COUNTIF($AN$32:AN4915,TRUE()),\"\")","v":""},{"$f":"IFERROR(INDEX($AD:$AD,MATCH(ROWS($AD$32:$AD4915),$AO:$AO,0)),\"\")","v":""}]
[null,null,null,null,null,null,null,null,null,null,null,null,null,null,null,null,null,null,null,null,null,null,null,null,null,null,null,null,null,{"$f":"'Baza klientów'!B4885","v":0},false,{"$f":"IF(AE4916=TRUE,COUNTIF($AE$32:AE4916,TRUE()),\"\")","v":""},{"$f":"IFERROR(INDEX($AD:$AD,MATCH(ROWS($AD$32:AD4916),$AF:$AF,0)),\"\")","v":""},null,null,false,{"$f":"IF(AJ4916=TRUE,COUNTIF($AJ$32:AJ4916,TRUE()),\"\")","v":""},{"$f":"IFERROR(INDEX($AD:$AD,MATCH(ROWS($AD$32:AD4916),$AK:$AK,0)),\"\")","v":""},null,false,{"$f":"IF(AN4916=TRUE,COUNTIF($AN$32:AN4916,TRUE()),\"\")","v":""},{"$f":"IFERROR(INDEX($AD:$AD,MATCH(ROWS($AD$32:$AD4916),$AO:$AO,0)),\"\")","v":""}]
[null,null,null,null,null,null,null,null,null,null,null,null,null,null,null,null,null,null,null,null,null,null,null,null,null,null,null,null,null,{"$f":"'Baza klientów'!B4886","v":0},false,{"$f":"IF(AE4917=TRUE,COUNTIF($AE$32:AE4917,TRUE()),\"\")","v":""},{"$f":"IFERROR(INDEX($AD:$AD,MATCH(ROWS($AD$32:AD4917),$AF:$AF,0)),\"\")","v":""},null,null,false,{"$f":"IF(AJ4917=TRUE,COUNTIF($AJ$32:AJ4917,TRUE()),\"\")","v":""},{"$f":"IFERROR(INDEX($AD:$AD,MATCH(ROWS($AD$32:AD4917),$AK:$AK,0)),\"\")","v":""},null,false,{"$f":"IF(AN4917=TRUE,COUNTIF($AN$32:AN4917,TRUE()),\"\")","v":""},{"$f":"IFERROR(INDEX($AD:$AD,MATCH(ROWS($AD$32:$AD4917),$AO:$AO,0)),\"\")","v":""}]
[null,null,null,null,null,null,null,null,null,null,null,null,null,null,null,null,null,null,null,null,null,null,null,null,null,null,null,null,null,{"$f":"'Baza klientów'!B4887","v":0},false,{"$f":"IF(AE4918=TRUE,COUNTIF($AE$32:AE4918,TRUE()),\"\")","v":""},{"$f":"IFERROR(INDEX($AD:$AD,MATCH(ROWS($AD$32:AD4918),$AF:$AF,0)),\"\")","v":""},null,null,false,{"$f":"IF(AJ4918=TRUE,COUNTIF($AJ$32:AJ4918,TRUE()),\"\")","v":""},{"$f":"IFERROR(INDEX($AD:$AD,MATCH(ROWS($AD$32:AD4918),$AK:$AK,0)),\"\")","v":""},null,false,{"$f":"IF(AN4918=TRUE,COUNTIF($AN$32:AN4918,TRUE()),\"\")","v":""},{"$f":"IFERROR(INDEX($AD:$AD,MATCH(ROWS($AD$32:$AD4918),$AO:$AO,0)),\"\")","v":""}]
[null,null,null,null,null,null,null,null,null,null,null,null,null,null,null,null,null,null,null,null,null,null,null,null,null,null,null,null,null,{"$f":"'Baza klientów'!B4888","v":0},false,{"$f":"IF(AE4919=TRUE,COUNTIF($AE$32:AE4919,TRUE()),\"\")","v":""},{"$f":"IFERROR(INDEX($AD:$AD,MATCH(ROWS($AD$32:AD4919),$AF:$AF,0)),\"\")","v":""},null,null,false,{"$f":"IF(AJ4919=TRUE,COUNTIF($AJ$32:AJ4919,TRUE()),\"\")","v":""},{"$f":"IFERROR(INDEX($AD:$AD,MATCH(ROWS($AD$32:AD4919),$AK:$AK,0)),\"\")","v":""},null,false,{"$f":"IF(AN4919=TRUE,COUNTIF($AN$32:AN4919,TRUE()),\"\")","v":""},{"$f":"IFERROR(INDEX($AD:$AD,MATCH(ROWS($AD$32:$AD4919),$AO:$AO,0)),\"\")","v":""}]
[null,null,null,null,null,null,null,null,null,null,null,null,null,null,null,null,null,null,null,null,null,null,null,null,null,null,null,null,null,{"$f":"'Baza klientów'!B4889","v":0},false,{"$f":"IF(AE4920=TRUE,COUNTIF($AE$32:AE4920,TRUE()),\"\")","v":""},{"$f":"IFERROR(INDEX($AD:$AD,MATCH(ROWS($AD$32:AD4920),$AF:$AF,0)),\"\")","v":""},null,null,false,{"$f":"IF(AJ4920=TRUE,COUNTIF($AJ$32:AJ4920,TRUE()),\"\")","v":""},{"$f":"IFERROR(INDEX($AD:$AD,MATCH(ROWS($AD$32:AD4920),$AK:$AK,0)),\"\")","v":""},null,false,{"$f":"IF(AN4920=TRUE,COUNTIF($AN$32:AN4920,TRUE()),\"\")","v":""},{"$f":"IFERROR(INDEX($AD:$AD,MATCH(ROWS($AD$32:$AD4920),$AO:$AO,0)),\"\")","v":""}]
[null,null,null,null,null,null,null,null,null,null,null,null,null,null,null,null,null,null,null,null,null,null,null,null,null,null,null,null,null,{"$f":"'Baza klientów'!B4890","v":0},false,{"$f":"IF(AE4921=TRUE,COUNTIF($AE$32:AE4921,TRUE()),\"\")","v":""},{"$f":"IFERROR(INDEX($AD:$AD,MATCH(ROWS($AD$32:AD4921),$AF:$AF,0)),\"\")","v":""},null,null,false,{"$f":"IF(AJ4921=TRUE,COUNTIF($AJ$32:AJ4921,TRUE()),\"\")","v":""},{"$f":"IFERROR(INDEX($AD:$AD,MATCH(ROWS($AD$32:AD4921),$AK:$AK,0)),\"\")","v":""},null,false,{"$f":"IF(AN4921=TRUE,COUNTIF($AN$32:AN4921,TRUE()),\"\")","v":""},{"$f":"IFERROR(INDEX($AD:$AD,MATCH(ROWS($AD$32:$AD4921),$AO:$AO,0)),\"\")","v":""}]
[null,null,null,null,null,null,null,null,null,null,null,null,null,null,null,null,null,null,null,null,null,null,null,null,null,null,null,null,null,{"$f":"'Baza klientów'!B4891","v":0},false,{"$f":"IF(AE4922=TRUE,COUNTIF($AE$32:AE4922,TRUE()),\"\")","v":""},{"$f":"IFERROR(INDEX($AD:$AD,MATCH(ROWS($AD$32:AD4922),$AF:$AF,0)),\"\")","v":""},null,null,false,{"$f":"IF(AJ4922=TRUE,COUNTIF($AJ$32:AJ4922,TRUE()),\"\")","v":""},{"$f":"IFERROR(INDEX($AD:$AD,MATCH(ROWS($AD$32:AD4922),$AK:$AK,0)),\"\")","v":""},null,false,{"$f":"IF(AN4922=TRUE,COUNTIF($AN$32:AN4922,TRUE()),\"\")","v":""},{"$f":"IFERROR(INDEX($AD:$AD,MATCH(ROWS($AD$32:$AD4922),$AO:$AO,0)),\"\")","v":""}]
[null,null,null,null,null,null,null,null,null,null,null,null,null,null,null,null,null,null,null,null,null,null,null,null,null,null,null,null,null,{"$f":"'Baza klientów'!B4892","v":0},false,{"$f":"IF(AE4923=TRUE,COUNTIF($AE$32:AE4923,TRUE()),\"\")","v":""},{"$f":"IFERROR(INDEX($AD:$AD,MATCH(ROWS($AD$32:AD4923),$AF:$AF,0)),\"\")","v":""},null,null,false,{"$f":"IF(AJ4923=TRUE,COUNTIF($AJ$32:AJ4923,TRUE()),\"\")","v":""},{"$f":"IFERROR(INDEX($AD:$AD,MATCH(ROWS($AD$32:AD4923),$AK:$AK,0)),\"\")","v":""},null,false,{"$f":"IF(AN4923=TRUE,COUNTIF($AN$32:AN4923,TRUE()),\"\")","v":""},{"$f":"IFERROR(INDEX($AD:$AD,MATCH(ROWS($AD$32:$AD4923),$AO:$AO,0)),\"\")","v":""}]
[null,null,null,null,null,null,null,null,null,null,null,null,null,null,null,null,null,null,null,null,null,null,null,null,null,null,null,null,null,{"$f":"'Baza klientów'!B4893","v":0},false,{"$f":"IF(AE4924=TRUE,COUNTIF($AE$32:AE4924,TRUE()),\"\")","v":""},{"$f":"IFERROR(INDEX($AD:$AD,MATCH(ROWS($AD$32:AD4924),$AF:$AF,0)),\"\")","v":""},null,null,false,{"$f":"IF(AJ4924=TRUE,COUNTIF($AJ$32:AJ4924,TRUE()),\"\")","v":""},{"$f":"IFERROR(INDEX($AD:$AD,MATCH(ROWS($AD$32:AD4924),$AK:$AK,0)),\"\")","v":""},null,false,{"$f":"IF(AN4924=TRUE,COUNTIF($AN$32:AN4924,TRUE()),\"\")","v":""},{"$f":"IFERROR(INDEX($AD:$AD,MATCH(ROWS($AD$32:$AD4924),$AO:$AO,0)),\"\")","v":""}]
[null,null,null,null,null,null,null,null,null,null,null,null,null,null,null,null,null,null,null,null,null,null,null,null,null,null,null,null,null,{"$f":"'Baza klientów'!B4894","v":0},false,{"$f":"IF(AE4925=TRUE,COUNTIF($AE$32:AE4925,TRUE()),\"\")","v":""},{"$f":"IFERROR(INDEX($AD:$AD,MATCH(ROWS($AD$32:AD4925),$AF:$AF,0)),\"\")","v":""},null,null,false,{"$f":"IF(AJ4925=TRUE,COUNTIF($AJ$32:AJ4925,TRUE()),\"\")","v":""},{"$f":"IFERROR(INDEX($AD:$AD,MATCH(ROWS($AD$32:AD4925),$AK:$AK,0)),\"\")","v":""},null,false,{"$f":"IF(AN4925=TRUE,COUNTIF($AN$32:AN4925,TRUE()),\"\")","v":""},{"$f":"IFERROR(INDEX($AD:$AD,MATCH(ROWS($AD$32:$AD4925),$AO:$AO,0)),\"\")","v":""}]
[null,null,null,null,null,null,null,null,null,null,null,null,null,null,null,null,null,null,null,null,null,null,null,null,null,null,null,null,null,{"$f":"'Baza klientów'!B4895","v":0},false,{"$f":"IF(AE4926=TRUE,COUNTIF($AE$32:AE4926,TRUE()),\"\")","v":""},{"$f":"IFERROR(INDEX($AD:$AD,MATCH(ROWS($AD$32:AD4926),$AF:$AF,0)),\"\")","v":""},null,null,false,{"$f":"IF(AJ4926=TRUE,COUNTIF($AJ$32:AJ4926,TRUE()),\"\")","v":""},{"$f":"IFERROR(INDEX($AD:$AD,MATCH(ROWS($AD$32:AD4926),$AK:$AK,0)),\"\")","v":""},null,false,{"$f":"IF(AN4926=TRUE,COUNTIF($AN$32:AN4926,TRUE()),\"\")","v":""},{"$f":"IFERROR(INDEX($AD:$AD,MATCH(ROWS($AD$32:$AD4926),$AO:$AO,0)),\"\")","v":""}]
[null,null,null,null,null,null,null,null,null,null,null,null,null,null,null,null,null,null,null,null,null,null,null,null,null,null,null,null,null,{"$f":"'Baza klientów'!B4896","v":0},false,{"$f":"IF(AE4927=TRUE,COUNTIF($AE$32:AE4927,TRUE()),\"\")","v":""},{"$f":"IFERROR(INDEX($AD:$AD,MATCH(ROWS($AD$32:AD4927),$AF:$AF,0)),\"\")","v":""},null,null,false,{"$f":"IF(AJ4927=TRUE,COUNTIF($AJ$32:AJ4927,TRUE()),\"\")","v":""},{"$f":"IFERROR(INDEX($AD:$AD,MATCH(ROWS($AD$32:AD4927),$AK:$AK,0)),\"\")","v":""},null,false,{"$f":"IF(AN4927=TRUE,COUNTIF($AN$32:AN4927,TRUE()),\"\")","v":""},{"$f":"IFERROR(INDEX($AD:$AD,MATCH(ROWS($AD$32:$AD4927),$AO:$AO,0)),\"\")","v":""}]
[null,null,null,null,null,null,null,null,null,null,null,null,null,null,null,null,null,null,null,null,null,null,null,null,null,null,null,null,null,{"$f":"'Baza klientów'!B4897","v":0},false,{"$f":"IF(AE4928=TRUE,COUNTIF($AE$32:AE4928,TRUE()),\"\")","v":""},{"$f":"IFERROR(INDEX($AD:$AD,MATCH(ROWS($AD$32:AD4928),$AF:$AF,0)),\"\")","v":""},null,null,false,{"$f":"IF(AJ4928=TRUE,COUNTIF($AJ$32:AJ4928,TRUE()),\"\")","v":""},{"$f":"IFERROR(INDEX($AD:$AD,MATCH(ROWS($AD$32:AD4928),$AK:$AK,0)),\"\")","v":""},null,false,{"$f":"IF(AN4928=TRUE,COUNTIF($AN$32:AN4928,TRUE()),\"\")","v":""},{"$f":"IFERROR(INDEX($AD:$AD,MATCH(ROWS($AD$32:$AD4928),$AO:$AO,0)),\"\")","v":""}]
[null,null,null,null,null,null,null,null,null,null,null,null,null,null,null,null,null,null,null,null,null,null,null,null,null,null,null,null,null,{"$f":"'Baza klientów'!B4898","v":0},false,{"$f":"IF(AE4929=TRUE,COUNTIF($AE$32:AE4929,TRUE()),\"\")","v":""},{"$f":"IFERROR(INDEX($AD:$AD,MATCH(ROWS($AD$32:AD4929),$AF:$AF,0)),\"\")","v":""},null,null,false,{"$f":"IF(AJ4929=TRUE,COUNTIF($AJ$32:AJ4929,TRUE()),\"\")","v":""},{"$f":"IFERROR(INDEX($AD:$AD,MATCH(ROWS($AD$32:AD4929),$AK:$AK,0)),\"\")","v":""},null,false,{"$f":"IF(AN4929=TRUE,COUNTIF($AN$32:AN4929,TRUE()),\"\")","v":""},{"$f":"IFERROR(INDEX($AD:$AD,MATCH(ROWS($AD$32:$AD4929),$AO:$AO,0)),\"\")","v":""}]
[null,null,null,null,null,null,null,null,null,null,null,null,null,null,null,null,null,null,null,null,null,null,null,null,null,null,null,null,null,{"$f":"'Baza klientów'!B4899","v":0},false,{"$f":"IF(AE4930=TRUE,COUNTIF($AE$32:AE4930,TRUE()),\"\")","v":""},{"$f":"IFERROR(INDEX($AD:$AD,MATCH(ROWS($AD$32:AD4930),$AF:$AF,0)),\"\")","v":""},null,null,false,{"$f":"IF(AJ4930=TRUE,COUNTIF($AJ$32:AJ4930,TRUE()),\"\")","v":""},{"$f":"IFERROR(INDEX($AD:$AD,MATCH(ROWS($AD$32:AD4930),$AK:$AK,0)),\"\")","v":""},null,false,{"$f":"IF(AN4930=TRUE,COUNTIF($AN$32:AN4930,TRUE()),\"\")","v":""},{"$f":"IFERROR(INDEX($AD:$AD,MATCH(ROWS($AD$32:$AD4930),$AO:$AO,0)),\"\")","v":""}]
[null,null,null,null,null,null,null,null,null,null,null,null,null,null,null,null,null,null,null,null,null,null,null,null,null,null,null,null,null,{"$f":"'Baza klientów'!B4900","v":0},false,{"$f":"IF(AE4931=TRUE,COUNTIF($AE$32:AE4931,TRUE()),\"\")","v":""},{"$f":"IFERROR(INDEX($AD:$AD,MATCH(ROWS($AD$32:AD4931),$AF:$AF,0)),\"\")","v":""},null,null,false,{"$f":"IF(AJ4931=TRUE,COUNTIF($AJ$32:AJ4931,TRUE()),\"\")","v":""},{"$f":"IFERROR(INDEX($AD:$AD,MATCH(ROWS($AD$32:AD4931),$AK:$AK,0)),\"\")","v":""},null,false,{"$f":"IF(AN4931=TRUE,COUNTIF($AN$32:AN4931,TRUE()),\"\")","v":""},{"$f":"IFERROR(INDEX($AD:$AD,MATCH(ROWS($AD$32:$AD4931),$AO:$AO,0)),\"\")","v":""}]
[null,null,null,null,null,null,null,null,null,null,null,null,null,null,null,null,null,null,null,null,null,null,null,null,null,null,null,null,null,{"$f":"'Baza klientów'!B4901","v":0},false,{"$f":"IF(AE4932=TRUE,COUNTIF($AE$32:AE4932,TRUE()),\"\")","v":""},{"$f":"IFERROR(INDEX($AD:$AD,MATCH(ROWS($AD$32:AD4932),$AF:$AF,0)),\"\")","v":""},null,null,false,{"$f":"IF(AJ4932=TRUE,COUNTIF($AJ$32:AJ4932,TRUE()),\"\")","v":""},{"$f":"IFERROR(INDEX($AD:$AD,MATCH(ROWS($AD$32:AD4932),$AK:$AK,0)),\"\")","v":""},null,false,{"$f":"IF(AN4932=TRUE,COUNTIF($AN$32:AN4932,TRUE()),\"\")","v":""},{"$f":"IFERROR(INDEX($AD:$AD,MATCH(ROWS($AD$32:$AD4932),$AO:$AO,0)),\"\")","v":""}]
[null,null,null,null,null,null,null,null,null,null,null,null,null,null,null,null,null,null,null,null,null,null,null,null,null,null,null,null,null,{"$f":"'Baza klientów'!B4902","v":0},false,{"$f":"IF(AE4933=TRUE,COUNTIF($AE$32:AE4933,TRUE()),\"\")","v":""},{"$f":"IFERROR(INDEX($AD:$AD,MATCH(ROWS($AD$32:AD4933),$AF:$AF,0)),\"\")","v":""},null,null,false,{"$f":"IF(AJ4933=TRUE,COUNTIF($AJ$32:AJ4933,TRUE()),\"\")","v":""},{"$f":"IFERROR(INDEX($AD:$AD,MATCH(ROWS($AD$32:AD4933),$AK:$AK,0)),\"\")","v":""},null,false,{"$f":"IF(AN4933=TRUE,COUNTIF($AN$32:AN4933,TRUE()),\"\")","v":""},{"$f":"IFERROR(INDEX($AD:$AD,MATCH(ROWS($AD$32:$AD4933),$AO:$AO,0)),\"\")","v":""}]
[null,null,null,null,null,null,null,null,null,null,null,null,null,null,null,null,null,null,null,null,null,null,null,null,null,null,null,null,null,{"$f":"'Baza klientów'!B4903","v":0},false,{"$f":"IF(AE4934=TRUE,COUNTIF($AE$32:AE4934,TRUE()),\"\")","v":""},{"$f":"IFERROR(INDEX($AD:$AD,MATCH(ROWS($AD$32:AD4934),$AF:$AF,0)),\"\")","v":""},null,null,false,{"$f":"IF(AJ4934=TRUE,COUNTIF($AJ$32:AJ4934,TRUE()),\"\")","v":""},{"$f":"IFERROR(INDEX($AD:$AD,MATCH(ROWS($AD$32:AD4934),$AK:$AK,0)),\"\")","v":""},null,false,{"$f":"IF(AN4934=TRUE,COUNTIF($AN$32:AN4934,TRUE()),\"\")","v":""},{"$f":"IFERROR(INDEX($AD:$AD,MATCH(ROWS($AD$32:$AD4934),$AO:$AO,0)),\"\")","v":""}]
[null,null,null,null,null,null,null,null,null,null,null,null,null,null,null,null,null,null,null,null,null,null,null,null,null,null,null,null,null,{"$f":"'Baza klientów'!B4904","v":0},false,{"$f":"IF(AE4935=TRUE,COUNTIF($AE$32:AE4935,TRUE()),\"\")","v":""},{"$f":"IFERROR(INDEX($AD:$AD,MATCH(ROWS($AD$32:AD4935),$AF:$AF,0)),\"\")","v":""},null,null,false,{"$f":"IF(AJ4935=TRUE,COUNTIF($AJ$32:AJ4935,TRUE()),\"\")","v":""},{"$f":"IFERROR(INDEX($AD:$AD,MATCH(ROWS($AD$32:AD4935),$AK:$AK,0)),\"\")","v":""},null,false,{"$f":"IF(AN4935=TRUE,COUNTIF($AN$32:AN4935,TRUE()),\"\")","v":""},{"$f":"IFERROR(INDEX($AD:$AD,MATCH(ROWS($AD$32:$AD4935),$AO:$AO,0)),\"\")","v":""}]
[null,null,null,null,null,null,null,null,null,null,null,null,null,null,null,null,null,null,null,null,null,null,null,null,null,null,null,null,null,{"$f":"'Baza klientów'!B4905","v":0},false,{"$f":"IF(AE4936=TRUE,COUNTIF($AE$32:AE4936,TRUE()),\"\")","v":""},{"$f":"IFERROR(INDEX($AD:$AD,MATCH(ROWS($AD$32:AD4936),$AF:$AF,0)),\"\")","v":""},null,null,false,{"$f":"IF(AJ4936=TRUE,COUNTIF($AJ$32:AJ4936,TRUE()),\"\")","v":""},{"$f":"IFERROR(INDEX($AD:$AD,MATCH(ROWS($AD$32:AD4936),$AK:$AK,0)),\"\")","v":""},null,false,{"$f":"IF(AN4936=TRUE,COUNTIF($AN$32:AN4936,TRUE()),\"\")","v":""},{"$f":"IFERROR(INDEX($AD:$AD,MATCH(ROWS($AD$32:$AD4936),$AO:$AO,0)),\"\")","v":""}]
[null,null,null,null,null,null,null,null,null,null,null,null,null,null,null,null,null,null,null,null,null,null,null,null,null,null,null,null,null,{"$f":"'Baza klientów'!B4906","v":0},false,{"$f":"IF(AE4937=TRUE,COUNTIF($AE$32:AE4937,TRUE()),\"\")","v":""},{"$f":"IFERROR(INDEX($AD:$AD,MATCH(ROWS($AD$32:AD4937),$AF:$AF,0)),\"\")","v":""},null,null,false,{"$f":"IF(AJ4937=TRUE,COUNTIF($AJ$32:AJ4937,TRUE()),\"\")","v":""},{"$f":"IFERROR(INDEX($AD:$AD,MATCH(ROWS($AD$32:AD4937),$AK:$AK,0)),\"\")","v":""},null,false,{"$f":"IF(AN4937=TRUE,COUNTIF($AN$32:AN4937,TRUE()),\"\")","v":""},{"$f":"IFERROR(INDEX($AD:$AD,MATCH(ROWS($AD$32:$AD4937),$AO:$AO,0)),\"\")","v":""}]
[null,null,null,null,null,null,null,null,null,null,null,null,null,null,null,null,null,null,null,null,null,null,null,null,null,null,null,null,null,{"$f":"'Baza klientów'!B4907","v":0},false,{"$f":"IF(AE4938=TRUE,COUNTIF($AE$32:AE4938,TRUE()),\"\")","v":""},{"$f":"IFERROR(INDEX($AD:$AD,MATCH(ROWS($AD$32:AD4938),$AF:$AF,0)),\"\")","v":""},null,null,false,{"$f":"IF(AJ4938=TRUE,COUNTIF($AJ$32:AJ4938,TRUE()),\"\")","v":""},{"$f":"IFERROR(INDEX($AD:$AD,MATCH(ROWS($AD$32:AD4938),$AK:$AK,0)),\"\")","v":""},null,false,{"$f":"IF(AN4938=TRUE,COUNTIF($AN$32:AN4938,TRUE()),\"\")","v":""},{"$f":"IFERROR(INDEX($AD:$AD,MATCH(ROWS($AD$32:$AD4938),$AO:$AO,0)),\"\")","v":""}]
[null,null,null,null,null,null,null,null,null,null,null,null,null,null,null,null,null,null,null,null,null,null,null,null,null,null,null,null,null,{"$f":"'Baza klientów'!B4908","v":0},false,{"$f":"IF(AE4939=TRUE,COUNTIF($AE$32:AE4939,TRUE()),\"\")","v":""},{"$f":"IFERROR(INDEX($AD:$AD,MATCH(ROWS($AD$32:AD4939),$AF:$AF,0)),\"\")","v":""},null,null,false,{"$f":"IF(AJ4939=TRUE,COUNTIF($AJ$32:AJ4939,TRUE()),\"\")","v":""},{"$f":"IFERROR(INDEX($AD:$AD,MATCH(ROWS($AD$32:AD4939),$AK:$AK,0)),\"\")","v":""},null,false,{"$f":"IF(AN4939=TRUE,COUNTIF($AN$32:AN4939,TRUE()),\"\")","v":""},{"$f":"IFERROR(INDEX($AD:$AD,MATCH(ROWS($AD$32:$AD4939),$AO:$AO,0)),\"\")","v":""}]
[null,null,null,null,null,null,null,null,null,null,null,null,null,null,null,null,null,null,null,null,null,null,null,null,null,null,null,null,null,{"$f":"'Baza klientów'!B4909","v":0},false,{"$f":"IF(AE4940=TRUE,COUNTIF($AE$32:AE4940,TRUE()),\"\")","v":""},{"$f":"IFERROR(INDEX($AD:$AD,MATCH(ROWS($AD$32:AD4940),$AF:$AF,0)),\"\")","v":""},null,null,false,{"$f":"IF(AJ4940=TRUE,COUNTIF($AJ$32:AJ4940,TRUE()),\"\")","v":""},{"$f":"IFERROR(INDEX($AD:$AD,MATCH(ROWS($AD$32:AD4940),$AK:$AK,0)),\"\")","v":""},null,false,{"$f":"IF(AN4940=TRUE,COUNTIF($AN$32:AN4940,TRUE()),\"\")","v":""},{"$f":"IFERROR(INDEX($AD:$AD,MATCH(ROWS($AD$32:$AD4940),$AO:$AO,0)),\"\")","v":""}]
[null,null,null,null,null,null,null,null,null,null,null,null,null,null,null,null,null,null,null,null,null,null,null,null,null,null,null,null,null,{"$f":"'Baza klientów'!B4910","v":0},false,{"$f":"IF(AE4941=TRUE,COUNTIF($AE$32:AE4941,TRUE()),\"\")","v":""},{"$f":"IFERROR(INDEX($AD:$AD,MATCH(ROWS($AD$32:AD4941),$AF:$AF,0)),\"\")","v":""},null,null,false,{"$f":"IF(AJ4941=TRUE,COUNTIF($AJ$32:AJ4941,TRUE()),\"\")","v":""},{"$f":"IFERROR(INDEX($AD:$AD,MATCH(ROWS($AD$32:AD4941),$AK:$AK,0)),\"\")","v":""},null,false,{"$f":"IF(AN4941=TRUE,COUNTIF($AN$32:AN4941,TRUE()),\"\")","v":""},{"$f":"IFERROR(INDEX($AD:$AD,MATCH(ROWS($AD$32:$AD4941),$AO:$AO,0)),\"\")","v":""}]
[null,null,null,null,null,null,null,null,null,null,null,null,null,null,null,null,null,null,null,null,null,null,null,null,null,null,null,null,null,{"$f":"'Baza klientów'!B4911","v":0},false,{"$f":"IF(AE4942=TRUE,COUNTIF($AE$32:AE4942,TRUE()),\"\")","v":""},{"$f":"IFERROR(INDEX($AD:$AD,MATCH(ROWS($AD$32:AD4942),$AF:$AF,0)),\"\")","v":""},null,null,false,{"$f":"IF(AJ4942=TRUE,COUNTIF($AJ$32:AJ4942,TRUE()),\"\")","v":""},{"$f":"IFERROR(INDEX($AD:$AD,MATCH(ROWS($AD$32:AD4942),$AK:$AK,0)),\"\")","v":""},null,false,{"$f":"IF(AN4942=TRUE,COUNTIF($AN$32:AN4942,TRUE()),\"\")","v":""},{"$f":"IFERROR(INDEX($AD:$AD,MATCH(ROWS($AD$32:$AD4942),$AO:$AO,0)),\"\")","v":""}]
[null,null,null,null,null,null,null,null,null,null,null,null,null,null,null,null,null,null,null,null,null,null,null,null,null,null,null,null,null,{"$f":"'Baza klientów'!B4912","v":0},false,{"$f":"IF(AE4943=TRUE,COUNTIF($AE$32:AE4943,TRUE()),\"\")","v":""},{"$f":"IFERROR(INDEX($AD:$AD,MATCH(ROWS($AD$32:AD4943),$AF:$AF,0)),\"\")","v":""},null,null,false,{"$f":"IF(AJ4943=TRUE,COUNTIF($AJ$32:AJ4943,TRUE()),\"\")","v":""},{"$f":"IFERROR(INDEX($AD:$AD,MATCH(ROWS($AD$32:AD4943),$AK:$AK,0)),\"\")","v":""},null,false,{"$f":"IF(AN4943=TRUE,COUNTIF($AN$32:AN4943,TRUE()),\"\")","v":""},{"$f":"IFERROR(INDEX($AD:$AD,MATCH(ROWS($AD$32:$AD4943),$AO:$AO,0)),\"\")","v":""}]
[null,null,null,null,null,null,null,null,null,null,null,null,null,null,null,null,null,null,null,null,null,null,null,null,null,null,null,null,null,{"$f":"'Baza klientów'!B4913","v":0},false,{"$f":"IF(AE4944=TRUE,COUNTIF($AE$32:AE4944,TRUE()),\"\")","v":""},{"$f":"IFERROR(INDEX($AD:$AD,MATCH(ROWS($AD$32:AD4944),$AF:$AF,0)),\"\")","v":""},null,null,false,{"$f":"IF(AJ4944=TRUE,COUNTIF($AJ$32:AJ4944,TRUE()),\"\")","v":""},{"$f":"IFERROR(INDEX($AD:$AD,MATCH(ROWS($AD$32:AD4944),$AK:$AK,0)),\"\")","v":""},null,false,{"$f":"IF(AN4944=TRUE,COUNTIF($AN$32:AN4944,TRUE()),\"\")","v":""},{"$f":"IFERROR(INDEX($AD:$AD,MATCH(ROWS($AD$32:$AD4944),$AO:$AO,0)),\"\")","v":""}]
[null,null,null,null,null,null,null,null,null,null,null,null,null,null,null,null,null,null,null,null,null,null,null,null,null,null,null,null,null,{"$f":"'Baza klientów'!B4914","v":0},false,{"$f":"IF(AE4945=TRUE,COUNTIF($AE$32:AE4945,TRUE()),\"\")","v":""},{"$f":"IFERROR(INDEX($AD:$AD,MATCH(ROWS($AD$32:AD4945),$AF:$AF,0)),\"\")","v":""},null,null,false,{"$f":"IF(AJ4945=TRUE,COUNTIF($AJ$32:AJ4945,TRUE()),\"\")","v":""},{"$f":"IFERROR(INDEX($AD:$AD,MATCH(ROWS($AD$32:AD4945),$AK:$AK,0)),\"\")","v":""},null,false,{"$f":"IF(AN4945=TRUE,COUNTIF($AN$32:AN4945,TRUE()),\"\")","v":""},{"$f":"IFERROR(INDEX($AD:$AD,MATCH(ROWS($AD$32:$AD4945),$AO:$AO,0)),\"\")","v":""}]
[null,null,null,null,null,null,null,null,null,null,null,null,null,null,null,null,null,null,null,null,null,null,null,null,null,null,null,null,null,{"$f":"'Baza klientów'!B4915","v":0},false,{"$f":"IF(AE4946=TRUE,COUNTIF($AE$32:AE4946,TRUE()),\"\")","v":""},{"$f":"IFERROR(INDEX($AD:$AD,MATCH(ROWS($AD$32:AD4946),$AF:$AF,0)),\"\")","v":""},null,null,false,{"$f":"IF(AJ4946=TRUE,COUNTIF($AJ$32:AJ4946,TRUE()),\"\")","v":""},{"$f":"IFERROR(INDEX($AD:$AD,MATCH(ROWS($AD$32:AD4946),$AK:$AK,0)),\"\")","v":""},null,false,{"$f":"IF(AN4946=TRUE,COUNTIF($AN$32:AN4946,TRUE()),\"\")","v":""},{"$f":"IFERROR(INDEX($AD:$AD,MATCH(ROWS($AD$32:$AD4946),$AO:$AO,0)),\"\")","v":""}]
[null,null,null,null,null,null,null,null,null,null,null,null,null,null,null,null,null,null,null,null,null,null,null,null,null,null,null,null,null,{"$f":"'Baza klientów'!B4916","v":0},false,{"$f":"IF(AE4947=TRUE,COUNTIF($AE$32:AE4947,TRUE()),\"\")","v":""},{"$f":"IFERROR(INDEX($AD:$AD,MATCH(ROWS($AD$32:AD4947),$AF:$AF,0)),\"\")","v":""},null,null,false,{"$f":"IF(AJ4947=TRUE,COUNTIF($AJ$32:AJ4947,TRUE()),\"\")","v":""},{"$f":"IFERROR(INDEX($AD:$AD,MATCH(ROWS($AD$32:AD4947),$AK:$AK,0)),\"\")","v":""},null,false,{"$f":"IF(AN4947=TRUE,COUNTIF($AN$32:AN4947,TRUE()),\"\")","v":""},{"$f":"IFERROR(INDEX($AD:$AD,MATCH(ROWS($AD$32:$AD4947),$AO:$AO,0)),\"\")","v":""}]
[null,null,null,null,null,null,null,null,null,null,null,null,null,null,null,null,null,null,null,null,null,null,null,null,null,null,null,null,null,{"$f":"'Baza klientów'!B4917","v":0},false,{"$f":"IF(AE4948=TRUE,COUNTIF($AE$32:AE4948,TRUE()),\"\")","v":""},{"$f":"IFERROR(INDEX($AD:$AD,MATCH(ROWS($AD$32:AD4948),$AF:$AF,0)),\"\")","v":""},null,null,false,{"$f":"IF(AJ4948=TRUE,COUNTIF($AJ$32:AJ4948,TRUE()),\"\")","v":""},{"$f":"IFERROR(INDEX($AD:$AD,MATCH(ROWS($AD$32:AD4948),$AK:$AK,0)),\"\")","v":""},null,false,{"$f":"IF(AN4948=TRUE,COUNTIF($AN$32:AN4948,TRUE()),\"\")","v":""},{"$f":"IFERROR(INDEX($AD:$AD,MATCH(ROWS($AD$32:$AD4948),$AO:$AO,0)),\"\")","v":""}]
[null,null,null,null,null,null,null,null,null,null,null,null,null,null,null,null,null,null,null,null,null,null,null,null,null,null,null,null,null,{"$f":"'Baza klientów'!B4918","v":0},false,{"$f":"IF(AE4949=TRUE,COUNTIF($AE$32:AE4949,TRUE()),\"\")","v":""},{"$f":"IFERROR(INDEX($AD:$AD,MATCH(ROWS($AD$32:AD4949),$AF:$AF,0)),\"\")","v":""},null,null,false,{"$f":"IF(AJ4949=TRUE,COUNTIF($AJ$32:AJ4949,TRUE()),\"\")","v":""},{"$f":"IFERROR(INDEX($AD:$AD,MATCH(ROWS($AD$32:AD4949),$AK:$AK,0)),\"\")","v":""},null,false,{"$f":"IF(AN4949=TRUE,COUNTIF($AN$32:AN4949,TRUE()),\"\")","v":""},{"$f":"IFERROR(INDEX($AD:$AD,MATCH(ROWS($AD$32:$AD4949),$AO:$AO,0)),\"\")","v":""}]
[null,null,null,null,null,null,null,null,null,null,null,null,null,null,null,null,null,null,null,null,null,null,null,null,null,null,null,null,null,{"$f":"'Baza klientów'!B4919","v":0},false,{"$f":"IF(AE4950=TRUE,COUNTIF($AE$32:AE4950,TRUE()),\"\")","v":""},{"$f":"IFERROR(INDEX($AD:$AD,MATCH(ROWS($AD$32:AD4950),$AF:$AF,0)),\"\")","v":""},null,null,false,{"$f":"IF(AJ4950=TRUE,COUNTIF($AJ$32:AJ4950,TRUE()),\"\")","v":""},{"$f":"IFERROR(INDEX($AD:$AD,MATCH(ROWS($AD$32:AD4950),$AK:$AK,0)),\"\")","v":""},null,false,{"$f":"IF(AN4950=TRUE,COUNTIF($AN$32:AN4950,TRUE()),\"\")","v":""},{"$f":"IFERROR(INDEX($AD:$AD,MATCH(ROWS($AD$32:$AD4950),$AO:$AO,0)),\"\")","v":""}]
[null,null,null,null,null,null,null,null,null,null,null,null,null,null,null,null,null,null,null,null,null,null,null,null,null,null,null,null,null,{"$f":"'Baza klientów'!B4920","v":0},false,{"$f":"IF(AE4951=TRUE,COUNTIF($AE$32:AE4951,TRUE()),\"\")","v":""},{"$f":"IFERROR(INDEX($AD:$AD,MATCH(ROWS($AD$32:AD4951),$AF:$AF,0)),\"\")","v":""},null,null,false,{"$f":"IF(AJ4951=TRUE,COUNTIF($AJ$32:AJ4951,TRUE()),\"\")","v":""},{"$f":"IFERROR(INDEX($AD:$AD,MATCH(ROWS($AD$32:AD4951),$AK:$AK,0)),\"\")","v":""},null,false,{"$f":"IF(AN4951=TRUE,COUNTIF($AN$32:AN4951,TRUE()),\"\")","v":""},{"$f":"IFERROR(INDEX($AD:$AD,MATCH(ROWS($AD$32:$AD4951),$AO:$AO,0)),\"\")","v":""}]
[null,null,null,null,null,null,null,null,null,null,null,null,null,null,null,null,null,null,null,null,null,null,null,null,null,null,null,null,null,{"$f":"'Baza klientów'!B4921","v":0},false,{"$f":"IF(AE4952=TRUE,COUNTIF($AE$32:AE4952,TRUE()),\"\")","v":""},{"$f":"IFERROR(INDEX($AD:$AD,MATCH(ROWS($AD$32:AD4952),$AF:$AF,0)),\"\")","v":""},null,null,false,{"$f":"IF(AJ4952=TRUE,COUNTIF($AJ$32:AJ4952,TRUE()),\"\")","v":""},{"$f":"IFERROR(INDEX($AD:$AD,MATCH(ROWS($AD$32:AD4952),$AK:$AK,0)),\"\")","v":""},null,false,{"$f":"IF(AN4952=TRUE,COUNTIF($AN$32:AN4952,TRUE()),\"\")","v":""},{"$f":"IFERROR(INDEX($AD:$AD,MATCH(ROWS($AD$32:$AD4952),$AO:$AO,0)),\"\")","v":""}]
[null,null,null,null,null,null,null,null,null,null,null,null,null,null,null,null,null,null,null,null,null,null,null,null,null,null,null,null,null,{"$f":"'Baza klientów'!B4922","v":0},false,{"$f":"IF(AE4953=TRUE,COUNTIF($AE$32:AE4953,TRUE()),\"\")","v":""},{"$f":"IFERROR(INDEX($AD:$AD,MATCH(ROWS($AD$32:AD4953),$AF:$AF,0)),\"\")","v":""},null,null,false,{"$f":"IF(AJ4953=TRUE,COUNTIF($AJ$32:AJ4953,TRUE()),\"\")","v":""},{"$f":"IFERROR(INDEX($AD:$AD,MATCH(ROWS($AD$32:AD4953),$AK:$AK,0)),\"\")","v":""},null,false,{"$f":"IF(AN4953=TRUE,COUNTIF($AN$32:AN4953,TRUE()),\"\")","v":""},{"$f":"IFERROR(INDEX($AD:$AD,MATCH(ROWS($AD$32:$AD4953),$AO:$AO,0)),\"\")","v":""}]
[null,null,null,null,null,null,null,null,null,null,null,null,null,null,null,null,null,null,null,null,null,null,null,null,null,null,null,null,null,{"$f":"'Baza klientów'!B4923","v":0},false,{"$f":"IF(AE4954=TRUE,COUNTIF($AE$32:AE4954,TRUE()),\"\")","v":""},{"$f":"IFERROR(INDEX($AD:$AD,MATCH(ROWS($AD$32:AD4954),$AF:$AF,0)),\"\")","v":""},null,null,false,{"$f":"IF(AJ4954=TRUE,COUNTIF($AJ$32:AJ4954,TRUE()),\"\")","v":""},{"$f":"IFERROR(INDEX($AD:$AD,MATCH(ROWS($AD$32:AD4954),$AK:$AK,0)),\"\")","v":""},null,false,{"$f":"IF(AN4954=TRUE,COUNTIF($AN$32:AN4954,TRUE()),\"\")","v":""},{"$f":"IFERROR(INDEX($AD:$AD,MATCH(ROWS($AD$32:$AD4954),$AO:$AO,0)),\"\")","v":""}]
[null,null,null,null,null,null,null,null,null,null,null,null,null,null,null,null,null,null,null,null,null,null,null,null,null,null,null,null,null,{"$f":"'Baza klientów'!B4924","v":0},false,{"$f":"IF(AE4955=TRUE,COUNTIF($AE$32:AE4955,TRUE()),\"\")","v":""},{"$f":"IFERROR(INDEX($AD:$AD,MATCH(ROWS($AD$32:AD4955),$AF:$AF,0)),\"\")","v":""},null,null,false,{"$f":"IF(AJ4955=TRUE,COUNTIF($AJ$32:AJ4955,TRUE()),\"\")","v":""},{"$f":"IFERROR(INDEX($AD:$AD,MATCH(ROWS($AD$32:AD4955),$AK:$AK,0)),\"\")","v":""},null,false,{"$f":"IF(AN4955=TRUE,COUNTIF($AN$32:AN4955,TRUE()),\"\")","v":""},{"$f":"IFERROR(INDEX($AD:$AD,MATCH(ROWS($AD$32:$AD4955),$AO:$AO,0)),\"\")","v":""}]
[null,null,null,null,null,null,null,null,null,null,null,null,null,null,null,null,null,null,null,null,null,null,null,null,null,null,null,null,null,{"$f":"'Baza klientów'!B4925","v":0},false,{"$f":"IF(AE4956=TRUE,COUNTIF($AE$32:AE4956,TRUE()),\"\")","v":""},{"$f":"IFERROR(INDEX($AD:$AD,MATCH(ROWS($AD$32:AD4956),$AF:$AF,0)),\"\")","v":""},null,null,false,{"$f":"IF(AJ4956=TRUE,COUNTIF($AJ$32:AJ4956,TRUE()),\"\")","v":""},{"$f":"IFERROR(INDEX($AD:$AD,MATCH(ROWS($AD$32:AD4956),$AK:$AK,0)),\"\")","v":""},null,false,{"$f":"IF(AN4956=TRUE,COUNTIF($AN$32:AN4956,TRUE()),\"\")","v":""},{"$f":"IFERROR(INDEX($AD:$AD,MATCH(ROWS($AD$32:$AD4956),$AO:$AO,0)),\"\")","v":""}]
[null,null,null,null,null,null,null,null,null,null,null,null,null,null,null,null,null,null,null,null,null,null,null,null,null,null,null,null,null,{"$f":"'Baza klientów'!B4926","v":0},false,{"$f":"IF(AE4957=TRUE,COUNTIF($AE$32:AE4957,TRUE()),\"\")","v":""},{"$f":"IFERROR(INDEX($AD:$AD,MATCH(ROWS($AD$32:AD4957),$AF:$AF,0)),\"\")","v":""},null,null,false,{"$f":"IF(AJ4957=TRUE,COUNTIF($AJ$32:AJ4957,TRUE()),\"\")","v":""},{"$f":"IFERROR(INDEX($AD:$AD,MATCH(ROWS($AD$32:AD4957),$AK:$AK,0)),\"\")","v":""},null,false,{"$f":"IF(AN4957=TRUE,COUNTIF($AN$32:AN4957,TRUE()),\"\")","v":""},{"$f":"IFERROR(INDEX($AD:$AD,MATCH(ROWS($AD$32:$AD4957),$AO:$AO,0)),\"\")","v":""}]
[null,null,null,null,null,null,null,null,null,null,null,null,null,null,null,null,null,null,null,null,null,null,null,null,null,null,null,null,null,{"$f":"'Baza klientów'!B4927","v":0},false,{"$f":"IF(AE4958=TRUE,COUNTIF($AE$32:AE4958,TRUE()),\"\")","v":""},{"$f":"IFERROR(INDEX($AD:$AD,MATCH(ROWS($AD$32:AD4958),$AF:$AF,0)),\"\")","v":""},null,null,false,{"$f":"IF(AJ4958=TRUE,COUNTIF($AJ$32:AJ4958,TRUE()),\"\")","v":""},{"$f":"IFERROR(INDEX($AD:$AD,MATCH(ROWS($AD$32:AD4958),$AK:$AK,0)),\"\")","v":""},null,false,{"$f":"IF(AN4958=TRUE,COUNTIF($AN$32:AN4958,TRUE()),\"\")","v":""},{"$f":"IFERROR(INDEX($AD:$AD,MATCH(ROWS($AD$32:$AD4958),$AO:$AO,0)),\"\")","v":""}]
[null,null,null,null,null,null,null,null,null,null,null,null,null,null,null,null,null,null,null,null,null,null,null,null,null,null,null,null,null,{"$f":"'Baza klientów'!B4928","v":0},false,{"$f":"IF(AE4959=TRUE,COUNTIF($AE$32:AE4959,TRUE()),\"\")","v":""},{"$f":"IFERROR(INDEX($AD:$AD,MATCH(ROWS($AD$32:AD4959),$AF:$AF,0)),\"\")","v":""},null,null,false,{"$f":"IF(AJ4959=TRUE,COUNTIF($AJ$32:AJ4959,TRUE()),\"\")","v":""},{"$f":"IFERROR(INDEX($AD:$AD,MATCH(ROWS($AD$32:AD4959),$AK:$AK,0)),\"\")","v":""},null,false,{"$f":"IF(AN4959=TRUE,COUNTIF($AN$32:AN4959,TRUE()),\"\")","v":""},{"$f":"IFERROR(INDEX($AD:$AD,MATCH(ROWS($AD$32:$AD4959),$AO:$AO,0)),\"\")","v":""}]
[null,null,null,null,null,null,null,null,null,null,null,null,null,null,null,null,null,null,null,null,null,null,null,null,null,null,null,null,null,{"$f":"'Baza klientów'!B4929","v":0},false,{"$f":"IF(AE4960=TRUE,COUNTIF($AE$32:AE4960,TRUE()),\"\")","v":""},{"$f":"IFERROR(INDEX($AD:$AD,MATCH(ROWS($AD$32:AD4960),$AF:$AF,0)),\"\")","v":""},null,null,false,{"$f":"IF(AJ4960=TRUE,COUNTIF($AJ$32:AJ4960,TRUE()),\"\")","v":""},{"$f":"IFERROR(INDEX($AD:$AD,MATCH(ROWS($AD$32:AD4960),$AK:$AK,0)),\"\")","v":""},null,false,{"$f":"IF(AN4960=TRUE,COUNTIF($AN$32:AN4960,TRUE()),\"\")","v":""},{"$f":"IFERROR(INDEX($AD:$AD,MATCH(ROWS($AD$32:$AD4960),$AO:$AO,0)),\"\")","v":""}]
[null,null,null,null,null,null,null,null,null,null,null,null,null,null,null,null,null,null,null,null,null,null,null,null,null,null,null,null,null,{"$f":"'Baza klientów'!B4930","v":0},{"$f":"ISNUMBER(SEARCH($AH$32,AD4961))","v":false},{"$f":"IF(AE4961=TRUE,COUNTIF($AE$32:AE4961,TRUE()),\"\")","v":""},{"$f":"IFERROR(INDEX($AD:$AD,MATCH(ROWS($AD$32:AD4961),$AF:$AF,0)),\"\")","v":""},null,null,{"$f":"ISNUMBER(SEARCH($AM$31,AD4961))","v":false},{"$f":"IF(AJ4961=TRUE,COUNTIF($AJ$32:AJ4961,TRUE()),\"\")","v":""},{"$f":"IFERROR(INDEX($AD:$AD,MATCH(ROWS($AD$32:AD4961),$AK:$AK,0)),\"\")","v":""},null,{"$f":"ISNUMBER(SEARCH($AQ$31,$AD4961))","v":false},{"$f":"IF(AN4961=TRUE,COUNTIF($AN$32:AN4961,TRUE()),\"\")","v":""},{"$f":"IFERROR(INDEX($AD:$AD,MATCH(ROWS($AD$32:$AD4961),$AO:$AO,0)),\"\")","v":""}]
[null,null,null,null,null,null,null,null,null,null,null,null,null,null,null,null,null,null,null,null,null,null,null,null,null,null,null,null,null,{"$f":"'Baza klientów'!B4931","v":0},false,{"$f":"IF(AE4962=TRUE,COUNTIF($AE$32:AE4962,TRUE()),\"\")","v":""},{"$f":"IFERROR(INDEX($AD:$AD,MATCH(ROWS($AD$32:AD4962),$AF:$AF,0)),\"\")","v":""},null,null,false,{"$f":"IF(AJ4962=TRUE,COUNTIF($AJ$32:AJ4962,TRUE()),\"\")","v":""},{"$f":"IFERROR(INDEX($AD:$AD,MATCH(ROWS($AD$32:AD4962),$AK:$AK,0)),\"\")","v":""},null,false,{"$f":"IF(AN4962=TRUE,COUNTIF($AN$32:AN4962,TRUE()),\"\")","v":""},{"$f":"IFERROR(INDEX($AD:$AD,MATCH(ROWS($AD$32:$AD4962),$AO:$AO,0)),\"\")","v":""}]
[null,null,null,null,null,null,null,null,null,null,null,null,null,null,null,null,null,null,null,null,null,null,null,null,null,null,null,null,null,{"$f":"'Baza klientów'!B4932","v":0},false,{"$f":"IF(AE4963=TRUE,COUNTIF($AE$32:AE4963,TRUE()),\"\")","v":""},{"$f":"IFERROR(INDEX($AD:$AD,MATCH(ROWS($AD$32:AD4963),$AF:$AF,0)),\"\")","v":""},null,null,false,{"$f":"IF(AJ4963=TRUE,COUNTIF($AJ$32:AJ4963,TRUE()),\"\")","v":""},{"$f":"IFERROR(INDEX($AD:$AD,MATCH(ROWS($AD$32:AD4963),$AK:$AK,0)),\"\")","v":""},null,false,{"$f":"IF(AN4963=TRUE,COUNTIF($AN$32:AN4963,TRUE()),\"\")","v":""},{"$f":"IFERROR(INDEX($AD:$AD,MATCH(ROWS($AD$32:$AD4963),$AO:$AO,0)),\"\")","v":""}]
[null,null,null,null,null,null,null,null,null,null,null,null,null,null,null,null,null,null,null,null,null,null,null,null,null,null,null,null,null,{"$f":"'Baza klientów'!B4933","v":0},false,{"$f":"IF(AE4964=TRUE,COUNTIF($AE$32:AE4964,TRUE()),\"\")","v":""},{"$f":"IFERROR(INDEX($AD:$AD,MATCH(ROWS($AD$32:AD4964),$AF:$AF,0)),\"\")","v":""},null,null,false,{"$f":"IF(AJ4964=TRUE,COUNTIF($AJ$32:AJ4964,TRUE()),\"\")","v":""},{"$f":"IFERROR(INDEX($AD:$AD,MATCH(ROWS($AD$32:AD4964),$AK:$AK,0)),\"\")","v":""},null,false,{"$f":"IF(AN4964=TRUE,COUNTIF($AN$32:AN4964,TRUE()),\"\")","v":""},{"$f":"IFERROR(INDEX($AD:$AD,MATCH(ROWS($AD$32:$AD4964),$AO:$AO,0)),\"\")","v":""}]
[null,null,null,null,null,null,null,null,null,null,null,null,null,null,null,null,null,null,null,null,null,null,null,null,null,null,null,null,null,{"$f":"'Baza klientów'!B4934","v":0},false,{"$f":"IF(AE4965=TRUE,COUNTIF($AE$32:AE4965,TRUE()),\"\")","v":""},{"$f":"IFERROR(INDEX($AD:$AD,MATCH(ROWS($AD$32:AD4965),$AF:$AF,0)),\"\")","v":""},null,null,false,{"$f":"IF(AJ4965=TRUE,COUNTIF($AJ$32:AJ4965,TRUE()),\"\")","v":""},{"$f":"IFERROR(INDEX($AD:$AD,MATCH(ROWS($AD$32:AD4965),$AK:$AK,0)),\"\")","v":""},null,false,{"$f":"IF(AN4965=TRUE,COUNTIF($AN$32:AN4965,TRUE()),\"\")","v":""},{"$f":"IFERROR(INDEX($AD:$AD,MATCH(ROWS($AD$32:$AD4965),$AO:$AO,0)),\"\")","v":""}]
[null,null,null,null,null,null,null,null,null,null,null,null,null,null,null,null,null,null,null,null,null,null,null,null,null,null,null,null,null,{"$f":"'Baza klientów'!B4935","v":0},false,{"$f":"IF(AE4966=TRUE,COUNTIF($AE$32:AE4966,TRUE()),\"\")","v":""},{"$f":"IFERROR(INDEX($AD:$AD,MATCH(ROWS($AD$32:AD4966),$AF:$AF,0)),\"\")","v":""},null,null,false,{"$f":"IF(AJ4966=TRUE,COUNTIF($AJ$32:AJ4966,TRUE()),\"\")","v":""},{"$f":"IFERROR(INDEX($AD:$AD,MATCH(ROWS($AD$32:AD4966),$AK:$AK,0)),\"\")","v":""},null,false,{"$f":"IF(AN4966=TRUE,COUNTIF($AN$32:AN4966,TRUE()),\"\")","v":""},{"$f":"IFERROR(INDEX($AD:$AD,MATCH(ROWS($AD$32:$AD4966),$AO:$AO,0)),\"\")","v":""}]
[null,null,null,null,null,null,null,null,null,null,null,null,null,null,null,null,null,null,null,null,null,null,null,null,null,null,null,null,null,{"$f":"'Baza klientów'!B4936","v":0},false,{"$f":"IF(AE4967=TRUE,COUNTIF($AE$32:AE4967,TRUE()),\"\")","v":""},{"$f":"IFERROR(INDEX($AD:$AD,MATCH(ROWS($AD$32:AD4967),$AF:$AF,0)),\"\")","v":""},null,null,false,{"$f":"IF(AJ4967=TRUE,COUNTIF($AJ$32:AJ4967,TRUE()),\"\")","v":""},{"$f":"IFERROR(INDEX($AD:$AD,MATCH(ROWS($AD$32:AD4967),$AK:$AK,0)),\"\")","v":""},null,false,{"$f":"IF(AN4967=TRUE,COUNTIF($AN$32:AN4967,TRUE()),\"\")","v":""},{"$f":"IFERROR(INDEX($AD:$AD,MATCH(ROWS($AD$32:$AD4967),$AO:$AO,0)),\"\")","v":""}]
[null,null,null,null,null,null,null,null,null,null,null,null,null,null,null,null,null,null,null,null,null,null,null,null,null,null,null,null,null,{"$f":"'Baza klientów'!B4937","v":0},false,{"$f":"IF(AE4968=TRUE,COUNTIF($AE$32:AE4968,TRUE()),\"\")","v":""},{"$f":"IFERROR(INDEX($AD:$AD,MATCH(ROWS($AD$32:AD4968),$AF:$AF,0)),\"\")","v":""},null,null,false,{"$f":"IF(AJ4968=TRUE,COUNTIF($AJ$32:AJ4968,TRUE()),\"\")","v":""},{"$f":"IFERROR(INDEX($AD:$AD,MATCH(ROWS($AD$32:AD4968),$AK:$AK,0)),\"\")","v":""},null,false,{"$f":"IF(AN4968=TRUE,COUNTIF($AN$32:AN4968,TRUE()),\"\")","v":""},{"$f":"IFERROR(INDEX($AD:$AD,MATCH(ROWS($AD$32:$AD4968),$AO:$AO,0)),\"\")","v":""}]
[null,null,null,null,null,null,null,null,null,null,null,null,null,null,null,null,null,null,null,null,null,null,null,null,null,null,null,null,null,{"$f":"'Baza klientów'!B4938","v":0},false,{"$f":"IF(AE4969=TRUE,COUNTIF($AE$32:AE4969,TRUE()),\"\")","v":""},{"$f":"IFERROR(INDEX($AD:$AD,MATCH(ROWS($AD$32:AD4969),$AF:$AF,0)),\"\")","v":""},null,null,false,{"$f":"IF(AJ4969=TRUE,COUNTIF($AJ$32:AJ4969,TRUE()),\"\")","v":""},{"$f":"IFERROR(INDEX($AD:$AD,MATCH(ROWS($AD$32:AD4969),$AK:$AK,0)),\"\")","v":""},null,false,{"$f":"IF(AN4969=TRUE,COUNTIF($AN$32:AN4969,TRUE()),\"\")","v":""},{"$f":"IFERROR(INDEX($AD:$AD,MATCH(ROWS($AD$32:$AD4969),$AO:$AO,0)),\"\")","v":""}]
[null,null,null,null,null,null,null,null,null,null,null,null,null,null,null,null,null,null,null,null,null,null,null,null,null,null,null,null,null,{"$f":"'Baza klientów'!B4939","v":0},false,{"$f":"IF(AE4970=TRUE,COUNTIF($AE$32:AE4970,TRUE()),\"\")","v":""},{"$f":"IFERROR(INDEX($AD:$AD,MATCH(ROWS($AD$32:AD4970),$AF:$AF,0)),\"\")","v":""},null,null,false,{"$f":"IF(AJ4970=TRUE,COUNTIF($AJ$32:AJ4970,TRUE()),\"\")","v":""},{"$f":"IFERROR(INDEX($AD:$AD,MATCH(ROWS($AD$32:AD4970),$AK:$AK,0)),\"\")","v":""},null,false,{"$f":"IF(AN4970=TRUE,COUNTIF($AN$32:AN4970,TRUE()),\"\")","v":""},{"$f":"IFERROR(INDEX($AD:$AD,MATCH(ROWS($AD$32:$AD4970),$AO:$AO,0)),\"\")","v":""}]
[null,null,null,null,null,null,null,null,null,null,null,null,null,null,null,null,null,null,null,null,null,null,null,null,null,null,null,null,null,{"$f":"'Baza klientów'!B4940","v":0},false,{"$f":"IF(AE4971=TRUE,COUNTIF($AE$32:AE4971,TRUE()),\"\")","v":""},{"$f":"IFERROR(INDEX($AD:$AD,MATCH(ROWS($AD$32:AD4971),$AF:$AF,0)),\"\")","v":""},null,null,false,{"$f":"IF(AJ4971=TRUE,COUNTIF($AJ$32:AJ4971,TRUE()),\"\")","v":""},{"$f":"IFERROR(INDEX($AD:$AD,MATCH(ROWS($AD$32:AD4971),$AK:$AK,0)),\"\")","v":""},null,false,{"$f":"IF(AN4971=TRUE,COUNTIF($AN$32:AN4971,TRUE()),\"\")","v":""},{"$f":"IFERROR(INDEX($AD:$AD,MATCH(ROWS($AD$32:$AD4971),$AO:$AO,0)),\"\")","v":""}]
[null,null,null,null,null,null,null,null,null,null,null,null,null,null,null,null,null,null,null,null,null,null,null,null,null,null,null,null,null,{"$f":"'Baza klientów'!B4941","v":0},false,{"$f":"IF(AE4972=TRUE,COUNTIF($AE$32:AE4972,TRUE()),\"\")","v":""},{"$f":"IFERROR(INDEX($AD:$AD,MATCH(ROWS($AD$32:AD4972),$AF:$AF,0)),\"\")","v":""},null,null,false,{"$f":"IF(AJ4972=TRUE,COUNTIF($AJ$32:AJ4972,TRUE()),\"\")","v":""},{"$f":"IFERROR(INDEX($AD:$AD,MATCH(ROWS($AD$32:AD4972),$AK:$AK,0)),\"\")","v":""},null,false,{"$f":"IF(AN4972=TRUE,COUNTIF($AN$32:AN4972,TRUE()),\"\")","v":""},{"$f":"IFERROR(INDEX($AD:$AD,MATCH(ROWS($AD$32:$AD4972),$AO:$AO,0)),\"\")","v":""}]
[null,null,null,null,null,null,null,null,null,null,null,null,null,null,null,null,null,null,null,null,null,null,null,null,null,null,null,null,null,{"$f":"'Baza klientów'!B4942","v":0},false,{"$f":"IF(AE4973=TRUE,COUNTIF($AE$32:AE4973,TRUE()),\"\")","v":""},{"$f":"IFERROR(INDEX($AD:$AD,MATCH(ROWS($AD$32:AD4973),$AF:$AF,0)),\"\")","v":""},null,null,false,{"$f":"IF(AJ4973=TRUE,COUNTIF($AJ$32:AJ4973,TRUE()),\"\")","v":""},{"$f":"IFERROR(INDEX($AD:$AD,MATCH(ROWS($AD$32:AD4973),$AK:$AK,0)),\"\")","v":""},null,false,{"$f":"IF(AN4973=TRUE,COUNTIF($AN$32:AN4973,TRUE()),\"\")","v":""},{"$f":"IFERROR(INDEX($AD:$AD,MATCH(ROWS($AD$32:$AD4973),$AO:$AO,0)),\"\")","v":""}]
[null,null,null,null,null,null,null,null,null,null,null,null,null,null,null,null,null,null,null,null,null,null,null,null,null,null,null,null,null,{"$f":"'Baza klientów'!B4943","v":0},false,{"$f":"IF(AE4974=TRUE,COUNTIF($AE$32:AE4974,TRUE()),\"\")","v":""},{"$f":"IFERROR(INDEX($AD:$AD,MATCH(ROWS($AD$32:AD4974),$AF:$AF,0)),\"\")","v":""},null,null,false,{"$f":"IF(AJ4974=TRUE,COUNTIF($AJ$32:AJ4974,TRUE()),\"\")","v":""},{"$f":"IFERROR(INDEX($AD:$AD,MATCH(ROWS($AD$32:AD4974),$AK:$AK,0)),\"\")","v":""},null,false,{"$f":"IF(AN4974=TRUE,COUNTIF($AN$32:AN4974,TRUE()),\"\")","v":""},{"$f":"IFERROR(INDEX($AD:$AD,MATCH(ROWS($AD$32:$AD4974),$AO:$AO,0)),\"\")","v":""}]
[null,null,null,null,null,null,null,null,null,null,null,null,null,null,null,null,null,null,null,null,null,null,null,null,null,null,null,null,null,{"$f":"'Baza klientów'!B4944","v":0},false,{"$f":"IF(AE4975=TRUE,COUNTIF($AE$32:AE4975,TRUE()),\"\")","v":""},{"$f":"IFERROR(INDEX($AD:$AD,MATCH(ROWS($AD$32:AD4975),$AF:$AF,0)),\"\")","v":""},null,null,false,{"$f":"IF(AJ4975=TRUE,COUNTIF($AJ$32:AJ4975,TRUE()),\"\")","v":""},{"$f":"IFERROR(INDEX($AD:$AD,MATCH(ROWS($AD$32:AD4975),$AK:$AK,0)),\"\")","v":""},null,false,{"$f":"IF(AN4975=TRUE,COUNTIF($AN$32:AN4975,TRUE()),\"\")","v":""},{"$f":"IFERROR(INDEX($AD:$AD,MATCH(ROWS($AD$32:$AD4975),$AO:$AO,0)),\"\")","v":""}]
[null,null,null,null,null,null,null,null,null,null,null,null,null,null,null,null,null,null,null,null,null,null,null,null,null,null,null,null,null,{"$f":"'Baza klientów'!B4945","v":0},false,{"$f":"IF(AE4976=TRUE,COUNTIF($AE$32:AE4976,TRUE()),\"\")","v":""},{"$f":"IFERROR(INDEX($AD:$AD,MATCH(ROWS($AD$32:AD4976),$AF:$AF,0)),\"\")","v":""},null,null,false,{"$f":"IF(AJ4976=TRUE,COUNTIF($AJ$32:AJ4976,TRUE()),\"\")","v":""},{"$f":"IFERROR(INDEX($AD:$AD,MATCH(ROWS($AD$32:AD4976),$AK:$AK,0)),\"\")","v":""},null,false,{"$f":"IF(AN4976=TRUE,COUNTIF($AN$32:AN4976,TRUE()),\"\")","v":""},{"$f":"IFERROR(INDEX($AD:$AD,MATCH(ROWS($AD$32:$AD4976),$AO:$AO,0)),\"\")","v":""}]
[null,null,null,null,null,null,null,null,null,null,null,null,null,null,null,null,null,null,null,null,null,null,null,null,null,null,null,null,null,{"$f":"'Baza klientów'!B4946","v":0},false,{"$f":"IF(AE4977=TRUE,COUNTIF($AE$32:AE4977,TRUE()),\"\")","v":""},{"$f":"IFERROR(INDEX($AD:$AD,MATCH(ROWS($AD$32:AD4977),$AF:$AF,0)),\"\")","v":""},null,null,false,{"$f":"IF(AJ4977=TRUE,COUNTIF($AJ$32:AJ4977,TRUE()),\"\")","v":""},{"$f":"IFERROR(INDEX($AD:$AD,MATCH(ROWS($AD$32:AD4977),$AK:$AK,0)),\"\")","v":""},null,false,{"$f":"IF(AN4977=TRUE,COUNTIF($AN$32:AN4977,TRUE()),\"\")","v":""},{"$f":"IFERROR(INDEX($AD:$AD,MATCH(ROWS($AD$32:$AD4977),$AO:$AO,0)),\"\")","v":""}]
[null,null,null,null,null,null,null,null,null,null,null,null,null,null,null,null,null,null,null,null,null,null,null,null,null,null,null,null,null,{"$f":"'Baza klientów'!B4947","v":0},false,{"$f":"IF(AE4978=TRUE,COUNTIF($AE$32:AE4978,TRUE()),\"\")","v":""},{"$f":"IFERROR(INDEX($AD:$AD,MATCH(ROWS($AD$32:AD4978),$AF:$AF,0)),\"\")","v":""},null,null,false,{"$f":"IF(AJ4978=TRUE,COUNTIF($AJ$32:AJ4978,TRUE()),\"\")","v":""},{"$f":"IFERROR(INDEX($AD:$AD,MATCH(ROWS($AD$32:AD4978),$AK:$AK,0)),\"\")","v":""},null,false,{"$f":"IF(AN4978=TRUE,COUNTIF($AN$32:AN4978,TRUE()),\"\")","v":""},{"$f":"IFERROR(INDEX($AD:$AD,MATCH(ROWS($AD$32:$AD4978),$AO:$AO,0)),\"\")","v":""}]
[null,null,null,null,null,null,null,null,null,null,null,null,null,null,null,null,null,null,null,null,null,null,null,null,null,null,null,null,null,{"$f":"'Baza klientów'!B4948","v":0},false,{"$f":"IF(AE4979=TRUE,COUNTIF($AE$32:AE4979,TRUE()),\"\")","v":""},{"$f":"IFERROR(INDEX($AD:$AD,MATCH(ROWS($AD$32:AD4979),$AF:$AF,0)),\"\")","v":""},null,null,false,{"$f":"IF(AJ4979=TRUE,COUNTIF($AJ$32:AJ4979,TRUE()),\"\")","v":""},{"$f":"IFERROR(INDEX($AD:$AD,MATCH(ROWS($AD$32:AD4979),$AK:$AK,0)),\"\")","v":""},null,false,{"$f":"IF(AN4979=TRUE,COUNTIF($AN$32:AN4979,TRUE()),\"\")","v":""},{"$f":"IFERROR(INDEX($AD:$AD,MATCH(ROWS($AD$32:$AD4979),$AO:$AO,0)),\"\")","v":""}]
[null,null,null,null,null,null,null,null,null,null,null,null,null,null,null,null,null,null,null,null,null,null,null,null,null,null,null,null,null,{"$f":"'Baza klientów'!B4949","v":0},false,{"$f":"IF(AE4980=TRUE,COUNTIF($AE$32:AE4980,TRUE()),\"\")","v":""},{"$f":"IFERROR(INDEX($AD:$AD,MATCH(ROWS($AD$32:AD4980),$AF:$AF,0)),\"\")","v":""},null,null,false,{"$f":"IF(AJ4980=TRUE,COUNTIF($AJ$32:AJ4980,TRUE()),\"\")","v":""},{"$f":"IFERROR(INDEX($AD:$AD,MATCH(ROWS($AD$32:AD4980),$AK:$AK,0)),\"\")","v":""},null,false,{"$f":"IF(AN4980=TRUE,COUNTIF($AN$32:AN4980,TRUE()),\"\")","v":""},{"$f":"IFERROR(INDEX($AD:$AD,MATCH(ROWS($AD$32:$AD4980),$AO:$AO,0)),\"\")","v":""}]
[null,null,null,null,null,null,null,null,null,null,null,null,null,null,null,null,null,null,null,null,null,null,null,null,null,null,null,null,null,{"$f":"'Baza klientów'!B4950","v":0},false,{"$f":"IF(AE4981=TRUE,COUNTIF($AE$32:AE4981,TRUE()),\"\")","v":""},{"$f":"IFERROR(INDEX($AD:$AD,MATCH(ROWS($AD$32:AD4981),$AF:$AF,0)),\"\")","v":""},null,null,false,{"$f":"IF(AJ4981=TRUE,COUNTIF($AJ$32:AJ4981,TRUE()),\"\")","v":""},{"$f":"IFERROR(INDEX($AD:$AD,MATCH(ROWS($AD$32:AD4981),$AK:$AK,0)),\"\")","v":""},null,false,{"$f":"IF(AN4981=TRUE,COUNTIF($AN$32:AN4981,TRUE()),\"\")","v":""},{"$f":"IFERROR(INDEX($AD:$AD,MATCH(ROWS($AD$32:$AD4981),$AO:$AO,0)),\"\")","v":""}]
[null,null,null,null,null,null,null,null,null,null,null,null,null,null,null,null,null,null,null,null,null,null,null,null,null,null,null,null,null,{"$f":"'Baza klientów'!B4951","v":0},false,{"$f":"IF(AE4982=TRUE,COUNTIF($AE$32:AE4982,TRUE()),\"\")","v":""},{"$f":"IFERROR(INDEX($AD:$AD,MATCH(ROWS($AD$32:AD4982),$AF:$AF,0)),\"\")","v":""},null,null,false,{"$f":"IF(AJ4982=TRUE,COUNTIF($AJ$32:AJ4982,TRUE()),\"\")","v":""},{"$f":"IFERROR(INDEX($AD:$AD,MATCH(ROWS($AD$32:AD4982),$AK:$AK,0)),\"\")","v":""},null,false,{"$f":"IF(AN4982=TRUE,COUNTIF($AN$32:AN4982,TRUE()),\"\")","v":""},{"$f":"IFERROR(INDEX($AD:$AD,MATCH(ROWS($AD$32:$AD4982),$AO:$AO,0)),\"\")","v":""}]
[null,null,null,null,null,null,null,null,null,null,null,null,null,null,null,null,null,null,null,null,null,null,null,null,null,null,null,null,null,{"$f":"'Baza klientów'!B4952","v":0},false,{"$f":"IF(AE4983=TRUE,COUNTIF($AE$32:AE4983,TRUE()),\"\")","v":""},{"$f":"IFERROR(INDEX($AD:$AD,MATCH(ROWS($AD$32:AD4983),$AF:$AF,0)),\"\")","v":""},null,null,false,{"$f":"IF(AJ4983=TRUE,COUNTIF($AJ$32:AJ4983,TRUE()),\"\")","v":""},{"$f":"IFERROR(INDEX($AD:$AD,MATCH(ROWS($AD$32:AD4983),$AK:$AK,0)),\"\")","v":""},null,false,{"$f":"IF(AN4983=TRUE,COUNTIF($AN$32:AN4983,TRUE()),\"\")","v":""},{"$f":"IFERROR(INDEX($AD:$AD,MATCH(ROWS($AD$32:$AD4983),$AO:$AO,0)),\"\")","v":""}]
[null,null,null,null,null,null,null,null,null,null,null,null,null,null,null,null,null,null,null,null,null,null,null,null,null,null,null,null,null,{"$f":"'Baza klientów'!B4953","v":0},false,{"$f":"IF(AE4984=TRUE,COUNTIF($AE$32:AE4984,TRUE()),\"\")","v":""},{"$f":"IFERROR(INDEX($AD:$AD,MATCH(ROWS($AD$32:AD4984),$AF:$AF,0)),\"\")","v":""},null,null,false,{"$f":"IF(AJ4984=TRUE,COUNTIF($AJ$32:AJ4984,TRUE()),\"\")","v":""},{"$f":"IFERROR(INDEX($AD:$AD,MATCH(ROWS($AD$32:AD4984),$AK:$AK,0)),\"\")","v":""},null,false,{"$f":"IF(AN4984=TRUE,COUNTIF($AN$32:AN4984,TRUE()),\"\")","v":""},{"$f":"IFERROR(INDEX($AD:$AD,MATCH(ROWS($AD$32:$AD4984),$AO:$AO,0)),\"\")","v":""}]
[null,null,null,null,null,null,null,null,null,null,null,null,null,null,null,null,null,null,null,null,null,null,null,null,null,null,null,null,null,{"$f":"'Baza klientów'!B4954","v":0},false,{"$f":"IF(AE4985=TRUE,COUNTIF($AE$32:AE4985,TRUE()),\"\")","v":""},{"$f":"IFERROR(INDEX($AD:$AD,MATCH(ROWS($AD$32:AD4985),$AF:$AF,0)),\"\")","v":""},null,null,false,{"$f":"IF(AJ4985=TRUE,COUNTIF($AJ$32:AJ4985,TRUE()),\"\")","v":""},{"$f":"IFERROR(INDEX($AD:$AD,MATCH(ROWS($AD$32:AD4985),$AK:$AK,0)),\"\")","v":""},null,false,{"$f":"IF(AN4985=TRUE,COUNTIF($AN$32:AN4985,TRUE()),\"\")","v":""},{"$f":"IFERROR(INDEX($AD:$AD,MATCH(ROWS($AD$32:$AD4985),$AO:$AO,0)),\"\")","v":""}]
[null,null,null,null,null,null,null,null,null,null,null,null,null,null,null,null,null,null,null,null,null,null,null,null,null,null,null,null,null,{"$f":"'Baza klientów'!B4955","v":0},false,{"$f":"IF(AE4986=TRUE,COUNTIF($AE$32:AE4986,TRUE()),\"\")","v":""},{"$f":"IFERROR(INDEX($AD:$AD,MATCH(ROWS($AD$32:AD4986),$AF:$AF,0)),\"\")","v":""},null,null,false,{"$f":"IF(AJ4986=TRUE,COUNTIF($AJ$32:AJ4986,TRUE()),\"\")","v":""},{"$f":"IFERROR(INDEX($AD:$AD,MATCH(ROWS($AD$32:AD4986),$AK:$AK,0)),\"\")","v":""},null,false,{"$f":"IF(AN4986=TRUE,COUNTIF($AN$32:AN4986,TRUE()),\"\")","v":""},{"$f":"IFERROR(INDEX($AD:$AD,MATCH(ROWS($AD$32:$AD4986),$AO:$AO,0)),\"\")","v":""}]
[null,null,null,null,null,null,null,null,null,null,null,null,null,null,null,null,null,null,null,null,null,null,null,null,null,null,null,null,null,{"$f":"'Baza klientów'!B4956","v":0},false,{"$f":"IF(AE4987=TRUE,COUNTIF($AE$32:AE4987,TRUE()),\"\")","v":""},{"$f":"IFERROR(INDEX($AD:$AD,MATCH(ROWS($AD$32:AD4987),$AF:$AF,0)),\"\")","v":""},null,null,false,{"$f":"IF(AJ4987=TRUE,COUNTIF($AJ$32:AJ4987,TRUE()),\"\")","v":""},{"$f":"IFERROR(INDEX($AD:$AD,MATCH(ROWS($AD$32:AD4987),$AK:$AK,0)),\"\")","v":""},null,false,{"$f":"IF(AN4987=TRUE,COUNTIF($AN$32:AN4987,TRUE()),\"\")","v":""},{"$f":"IFERROR(INDEX($AD:$AD,MATCH(ROWS($AD$32:$AD4987),$AO:$AO,0)),\"\")","v":""}]
[null,null,null,null,null,null,null,null,null,null,null,null,null,null,null,null,null,null,null,null,null,null,null,null,null,null,null,null,null,{"$f":"'Baza klientów'!B4957","v":0},false,{"$f":"IF(AE4988=TRUE,COUNTIF($AE$32:AE4988,TRUE()),\"\")","v":""},{"$f":"IFERROR(INDEX($AD:$AD,MATCH(ROWS($AD$32:AD4988),$AF:$AF,0)),\"\")","v":""},null,null,false,{"$f":"IF(AJ4988=TRUE,COUNTIF($AJ$32:AJ4988,TRUE()),\"\")","v":""},{"$f":"IFERROR(INDEX($AD:$AD,MATCH(ROWS($AD$32:AD4988),$AK:$AK,0)),\"\")","v":""},null,false,{"$f":"IF(AN4988=TRUE,COUNTIF($AN$32:AN4988,TRUE()),\"\")","v":""},{"$f":"IFERROR(INDEX($AD:$AD,MATCH(ROWS($AD$32:$AD4988),$AO:$AO,0)),\"\")","v":""}]
[null,null,null,null,null,null,null,null,null,null,null,null,null,null,null,null,null,null,null,null,null,null,null,null,null,null,null,null,null,{"$f":"'Baza klientów'!B4958","v":0},false,{"$f":"IF(AE4989=TRUE,COUNTIF($AE$32:AE4989,TRUE()),\"\")","v":""},{"$f":"IFERROR(INDEX($AD:$AD,MATCH(ROWS($AD$32:AD4989),$AF:$AF,0)),\"\")","v":""},null,null,false,{"$f":"IF(AJ4989=TRUE,COUNTIF($AJ$32:AJ4989,TRUE()),\"\")","v":""},{"$f":"IFERROR(INDEX($AD:$AD,MATCH(ROWS($AD$32:AD4989),$AK:$AK,0)),\"\")","v":""},null,false,{"$f":"IF(AN4989=TRUE,COUNTIF($AN$32:AN4989,TRUE()),\"\")","v":""},{"$f":"IFERROR(INDEX($AD:$AD,MATCH(ROWS($AD$32:$AD4989),$AO:$AO,0)),\"\")","v":""}]
[null,null,null,null,null,null,null,null,null,null,null,null,null,null,null,null,null,null,null,null,null,null,null,null,null,null,null,null,null,{"$f":"'Baza klientów'!B4959","v":0},false,{"$f":"IF(AE4990=TRUE,COUNTIF($AE$32:AE4990,TRUE()),\"\")","v":""},{"$f":"IFERROR(INDEX($AD:$AD,MATCH(ROWS($AD$32:AD4990),$AF:$AF,0)),\"\")","v":""},null,null,false,{"$f":"IF(AJ4990=TRUE,COUNTIF($AJ$32:AJ4990,TRUE()),\"\")","v":""},{"$f":"IFERROR(INDEX($AD:$AD,MATCH(ROWS($AD$32:AD4990),$AK:$AK,0)),\"\")","v":""},null,false,{"$f":"IF(AN4990=TRUE,COUNTIF($AN$32:AN4990,TRUE()),\"\")","v":""},{"$f":"IFERROR(INDEX($AD:$AD,MATCH(ROWS($AD$32:$AD4990),$AO:$AO,0)),\"\")","v":""}]
[null,null,null,null,null,null,null,null,null,null,null,null,null,null,null,null,null,null,null,null,null,null,null,null,null,null,null,null,null,{"$f":"'Baza klientów'!B4960","v":0},false,{"$f":"IF(AE4991=TRUE,COUNTIF($AE$32:AE4991,TRUE()),\"\")","v":""},{"$f":"IFERROR(INDEX($AD:$AD,MATCH(ROWS($AD$32:AD4991),$AF:$AF,0)),\"\")","v":""},null,null,false,{"$f":"IF(AJ4991=TRUE,COUNTIF($AJ$32:AJ4991,TRUE()),\"\")","v":""},{"$f":"IFERROR(INDEX($AD:$AD,MATCH(ROWS($AD$32:AD4991),$AK:$AK,0)),\"\")","v":""},null,false,{"$f":"IF(AN4991=TRUE,COUNTIF($AN$32:AN4991,TRUE()),\"\")","v":""},{"$f":"IFERROR(INDEX($AD:$AD,MATCH(ROWS($AD$32:$AD4991),$AO:$AO,0)),\"\")","v":""}]
[null,null,null,null,null,null,null,null,null,null,null,null,null,null,null,null,null,null,null,null,null,null,null,null,null,null,null,null,null,{"$f":"'Baza klientów'!B4961","v":0},false,{"$f":"IF(AE4992=TRUE,COUNTIF($AE$32:AE4992,TRUE()),\"\")","v":""},{"$f":"IFERROR(INDEX($AD:$AD,MATCH(ROWS($AD$32:AD4992),$AF:$AF,0)),\"\")","v":""},null,null,false,{"$f":"IF(AJ4992=TRUE,COUNTIF($AJ$32:AJ4992,TRUE()),\"\")","v":""},{"$f":"IFERROR(INDEX($AD:$AD,MATCH(ROWS($AD$32:AD4992),$AK:$AK,0)),\"\")","v":""},null,false,{"$f":"IF(AN4992=TRUE,COUNTIF($AN$32:AN4992,TRUE()),\"\")","v":""},{"$f":"IFERROR(INDEX($AD:$AD,MATCH(ROWS($AD$32:$AD4992),$AO:$AO,0)),\"\")","v":""}]
[null,null,null,null,null,null,null,null,null,null,null,null,null,null,null,null,null,null,null,null,null,null,null,null,null,null,null,null,null,{"$f":"'Baza klientów'!B4962","v":0},false,{"$f":"IF(AE4993=TRUE,COUNTIF($AE$32:AE4993,TRUE()),\"\")","v":""},{"$f":"IFERROR(INDEX($AD:$AD,MATCH(ROWS($AD$32:AD4993),$AF:$AF,0)),\"\")","v":""},null,null,false,{"$f":"IF(AJ4993=TRUE,COUNTIF($AJ$32:AJ4993,TRUE()),\"\")","v":""},{"$f":"IFERROR(INDEX($AD:$AD,MATCH(ROWS($AD$32:AD4993),$AK:$AK,0)),\"\")","v":""},null,false,{"$f":"IF(AN4993=TRUE,COUNTIF($AN$32:AN4993,TRUE()),\"\")","v":""},{"$f":"IFERROR(INDEX($AD:$AD,MATCH(ROWS($AD$32:$AD4993),$AO:$AO,0)),\"\")","v":""}]
[null,null,null,null,null,null,null,null,null,null,null,null,null,null,null,null,null,null,null,null,null,null,null,null,null,null,null,null,null,{"$f":"'Baza klientów'!B4963","v":0},false,{"$f":"IF(AE4994=TRUE,COUNTIF($AE$32:AE4994,TRUE()),\"\")","v":""},{"$f":"IFERROR(INDEX($AD:$AD,MATCH(ROWS($AD$32:AD4994),$AF:$AF,0)),\"\")","v":""},null,null,false,{"$f":"IF(AJ4994=TRUE,COUNTIF($AJ$32:AJ4994,TRUE()),\"\")","v":""},{"$f":"IFERROR(INDEX($AD:$AD,MATCH(ROWS($AD$32:AD4994),$AK:$AK,0)),\"\")","v":""},null,false,{"$f":"IF(AN4994=TRUE,COUNTIF($AN$32:AN4994,TRUE()),\"\")","v":""},{"$f":"IFERROR(INDEX($AD:$AD,MATCH(ROWS($AD$32:$AD4994),$AO:$AO,0)),\"\")","v":""}]
[null,null,null,null,null,null,null,null,null,null,null,null,null,null,null,null,null,null,null,null,null,null,null,null,null,null,null,null,null,{"$f":"'Baza klientów'!B4964","v":0},false,{"$f":"IF(AE4995=TRUE,COUNTIF($AE$32:AE4995,TRUE()),\"\")","v":""},{"$f":"IFERROR(INDEX($AD:$AD,MATCH(ROWS($AD$32:AD4995),$AF:$AF,0)),\"\")","v":""},null,null,false,{"$f":"IF(AJ4995=TRUE,COUNTIF($AJ$32:AJ4995,TRUE()),\"\")","v":""},{"$f":"IFERROR(INDEX($AD:$AD,MATCH(ROWS($AD$32:AD4995),$AK:$AK,0)),\"\")","v":""},null,false,{"$f":"IF(AN4995=TRUE,COUNTIF($AN$32:AN4995,TRUE()),\"\")","v":""},{"$f":"IFERROR(INDEX($AD:$AD,MATCH(ROWS($AD$32:$AD4995),$AO:$AO,0)),\"\")","v":""}]
[null,null,null,null,null,null,null,null,null,null,null,null,null,null,null,null,null,null,null,null,null,null,null,null,null,null,null,null,null,{"$f":"'Baza klientów'!B4965","v":0},false,{"$f":"IF(AE4996=TRUE,COUNTIF($AE$32:AE4996,TRUE()),\"\")","v":""},{"$f":"IFERROR(INDEX($AD:$AD,MATCH(ROWS($AD$32:AD4996),$AF:$AF,0)),\"\")","v":""},null,null,false,{"$f":"IF(AJ4996=TRUE,COUNTIF($AJ$32:AJ4996,TRUE()),\"\")","v":""},{"$f":"IFERROR(INDEX($AD:$AD,MATCH(ROWS($AD$32:AD4996),$AK:$AK,0)),\"\")","v":""},null,false,{"$f":"IF(AN4996=TRUE,COUNTIF($AN$32:AN4996,TRUE()),\"\")","v":""},{"$f":"IFERROR(INDEX($AD:$AD,MATCH(ROWS($AD$32:$AD4996),$AO:$AO,0)),\"\")","v":""}]
[null,null,null,null,null,null,null,null,null,null,null,null,null,null,null,null,null,null,null,null,null,null,null,null,null,null,null,null,null,{"$f":"'Baza klientów'!B4966","v":0},false,{"$f":"IF(AE4997=TRUE,COUNTIF($AE$32:AE4997,TRUE()),\"\")","v":""},{"$f":"IFERROR(INDEX($AD:$AD,MATCH(ROWS($AD$32:AD4997),$AF:$AF,0)),\"\")","v":""},null,null,false,{"$f":"IF(AJ4997=TRUE,COUNTIF($AJ$32:AJ4997,TRUE()),\"\")","v":""},{"$f":"IFERROR(INDEX($AD:$AD,MATCH(ROWS($AD$32:AD4997),$AK:$AK,0)),\"\")","v":""},null,false,{"$f":"IF(AN4997=TRUE,COUNTIF($AN$32:AN4997,TRUE()),\"\")","v":""},{"$f":"IFERROR(INDEX($AD:$AD,MATCH(ROWS($AD$32:$AD4997),$AO:$AO,0)),\"\")","v":""}]
[null,null,null,null,null,null,null,null,null,null,null,null,null,null,null,null,null,null,null,null,null,null,null,null,null,null,null,null,null,{"$f":"'Baza klientów'!B4967","v":0},false,{"$f":"IF(AE4998=TRUE,COUNTIF($AE$32:AE4998,TRUE()),\"\")","v":""},{"$f":"IFERROR(INDEX($AD:$AD,MATCH(ROWS($AD$32:AD4998),$AF:$AF,0)),\"\")","v":""},null,null,false,{"$f":"IF(AJ4998=TRUE,COUNTIF($AJ$32:AJ4998,TRUE()),\"\")","v":""},{"$f":"IFERROR(INDEX($AD:$AD,MATCH(ROWS($AD$32:AD4998),$AK:$AK,0)),\"\")","v":""},null,false,{"$f":"IF(AN4998=TRUE,COUNTIF($AN$32:AN4998,TRUE()),\"\")","v":""},{"$f":"IFERROR(INDEX($AD:$AD,MATCH(ROWS($AD$32:$AD4998),$AO:$AO,0)),\"\")","v":""}]
[null,null,null,null,null,null,null,null,null,null,null,null,null,null,null,null,null,null,null,null,null,null,null,null,null,null,null,null,null,{"$f":"'Baza klientów'!B4968","v":0},false,{"$f":"IF(AE4999=TRUE,COUNTIF($AE$32:AE4999,TRUE()),\"\")","v":""},{"$f":"IFERROR(INDEX($AD:$AD,MATCH(ROWS($AD$32:AD4999),$AF:$AF,0)),\"\")","v":""},null,null,false,{"$f":"IF(AJ4999=TRUE,COUNTIF($AJ$32:AJ4999,TRUE()),\"\")","v":""},{"$f":"IFERROR(INDEX($AD:$AD,MATCH(ROWS($AD$32:AD4999),$AK:$AK,0)),\"\")","v":""},null,false,{"$f":"IF(AN4999=TRUE,COUNTIF($AN$32:AN4999,TRUE()),\"\")","v":""},{"$f":"IFERROR(INDEX($AD:$AD,MATCH(ROWS($AD$32:$AD4999),$AO:$AO,0)),\"\")","v":""}]
[null,null,null,null,null,null,null,null,null,null,null,null,null,null,null,null,null,null,null,null,null,null,null,null,null,null,null,null,null,{"$f":"'Baza klientów'!B4969","v":0},false,{"$f":"IF(AE5000=TRUE,COUNTIF($AE$32:AE5000,TRUE()),\"\")","v":""},{"$f":"IFERROR(INDEX($AD:$AD,MATCH(ROWS($AD$32:AD5000),$AF:$AF,0)),\"\")","v":""},null,null,false,{"$f":"IF(AJ5000=TRUE,COUNTIF($AJ$32:AJ5000,TRUE()),\"\")","v":""},{"$f":"IFERROR(INDEX($AD:$AD,MATCH(ROWS($AD$32:AD5000),$AK:$AK,0)),\"\")","v":""},null,false,{"$f":"IF(AN5000=TRUE,COUNTIF($AN$32:AN5000,TRUE()),\"\")","v":""},{"$f":"IFERROR(INDEX($AD:$AD,MATCH(ROWS($AD$32:$AD5000),$AO:$AO,0)),\"\")","v":""}]
[null,null,null,null,null,null,null,null,null,null,null,null,null,null,null,null,null,null,null,null,null,null,null,null,null,null,null,null,null,{"$f":"'Baza klientów'!B4970","v":0},false,{"$f":"IF(AE5001=TRUE,COUNTIF($AE$32:AE5001,TRUE()),\"\")","v":""},{"$f":"IFERROR(INDEX($AD:$AD,MATCH(ROWS($AD$32:AD5001),$AF:$AF,0)),\"\")","v":""},null,null,false,{"$f":"IF(AJ5001=TRUE,COUNTIF($AJ$32:AJ5001,TRUE()),\"\")","v":""},{"$f":"IFERROR(INDEX($AD:$AD,MATCH(ROWS($AD$32:AD5001),$AK:$AK,0)),\"\")","v":""},null,false,{"$f":"IF(AN5001=TRUE,COUNTIF($AN$32:AN5001,TRUE()),\"\")","v":""},{"$f":"IFERROR(INDEX($AD:$AD,MATCH(ROWS($AD$32:$AD5001),$AO:$AO,0)),\"\")","v":""}]
[null,null,null,null,null,null,null,null,null,null,null,null,null,null,null,null,null,null,null,null,null,null,null,null,null,null,null,null,null,{"$f":"'Baza klientów'!B4971","v":0},false,{"$f":"IF(AE5002=TRUE,COUNTIF($AE$32:AE5002,TRUE()),\"\")","v":""},{"$f":"IFERROR(INDEX($AD:$AD,MATCH(ROWS($AD$32:AD5002),$AF:$AF,0)),\"\")","v":""},null,null,false,{"$f":"IF(AJ5002=TRUE,COUNTIF($AJ$32:AJ5002,TRUE()),\"\")","v":""},{"$f":"IFERROR(INDEX($AD:$AD,MATCH(ROWS($AD$32:AD5002),$AK:$AK,0)),\"\")","v":""},null,false,{"$f":"IF(AN5002=TRUE,COUNTIF($AN$32:AN5002,TRUE()),\"\")","v":""},{"$f":"IFERROR(INDEX($AD:$AD,MATCH(ROWS($AD$32:$AD5002),$AO:$AO,0)),\"\")","v":""}]
[null,null,null,null,null,null,null,null,null,null,null,null,null,null,null,null,null,null,null,null,null,null,null,null,null,null,null,null,null,{"$f":"'Baza klientów'!B4972","v":0},false,{"$f":"IF(AE5003=TRUE,COUNTIF($AE$32:AE5003,TRUE()),\"\")","v":""},{"$f":"IFERROR(INDEX($AD:$AD,MATCH(ROWS($AD$32:AD5003),$AF:$AF,0)),\"\")","v":""},null,null,false,{"$f":"IF(AJ5003=TRUE,COUNTIF($AJ$32:AJ5003,TRUE()),\"\")","v":""},{"$f":"IFERROR(INDEX($AD:$AD,MATCH(ROWS($AD$32:AD5003),$AK:$AK,0)),\"\")","v":""},null,false,{"$f":"IF(AN5003=TRUE,COUNTIF($AN$32:AN5003,TRUE()),\"\")","v":""},{"$f":"IFERROR(INDEX($AD:$AD,MATCH(ROWS($AD$32:$AD5003),$AO:$AO,0)),\"\")","v":""}]
[null,null,null,null,null,null,null,null,null,null,null,null,null,null,null,null,null,null,null,null,null,null,null,null,null,null,null,null,null,{"$f":"'Baza klientów'!B4973","v":0},false,{"$f":"IF(AE5004=TRUE,COUNTIF($AE$32:AE5004,TRUE()),\"\")","v":""},{"$f":"IFERROR(INDEX($AD:$AD,MATCH(ROWS($AD$32:AD5004),$AF:$AF,0)),\"\")","v":""},null,null,false,{"$f":"IF(AJ5004=TRUE,COUNTIF($AJ$32:AJ5004,TRUE()),\"\")","v":""},{"$f":"IFERROR(INDEX($AD:$AD,MATCH(ROWS($AD$32:AD5004),$AK:$AK,0)),\"\")","v":""},null,false,{"$f":"IF(AN5004=TRUE,COUNTIF($AN$32:AN5004,TRUE()),\"\")","v":""},{"$f":"IFERROR(INDEX($AD:$AD,MATCH(ROWS($AD$32:$AD5004),$AO:$AO,0)),\"\")","v":""}]
[null,null,null,null,null,null,null,null,null,null,null,null,null,null,null,null,null,null,null,null,null,null,null,null,null,null,null,null,null,{"$f":"'Baza klientów'!B4974","v":0},false,{"$f":"IF(AE5005=TRUE,COUNTIF($AE$32:AE5005,TRUE()),\"\")","v":""},{"$f":"IFERROR(INDEX($AD:$AD,MATCH(ROWS($AD$32:AD5005),$AF:$AF,0)),\"\")","v":""},null,null,false,{"$f":"IF(AJ5005=TRUE,COUNTIF($AJ$32:AJ5005,TRUE()),\"\")","v":""},{"$f":"IFERROR(INDEX($AD:$AD,MATCH(ROWS($AD$32:AD5005),$AK:$AK,0)),\"\")","v":""},null,false,{"$f":"IF(AN5005=TRUE,COUNTIF($AN$32:AN5005,TRUE()),\"\")","v":""},{"$f":"IFERROR(INDEX($AD:$AD,MATCH(ROWS($AD$32:$AD5005),$AO:$AO,0)),\"\")","v":""}]
[null,null,null,null,null,null,null,null,null,null,null,null,null,null,null,null,null,null,null,null,null,null,null,null,null,null,null,null,null,{"$f":"'Baza klientów'!B4975","v":0},false,{"$f":"IF(AE5006=TRUE,COUNTIF($AE$32:AE5006,TRUE()),\"\")","v":""},{"$f":"IFERROR(INDEX($AD:$AD,MATCH(ROWS($AD$32:AD5006),$AF:$AF,0)),\"\")","v":""},null,null,false,{"$f":"IF(AJ5006=TRUE,COUNTIF($AJ$32:AJ5006,TRUE()),\"\")","v":""},{"$f":"IFERROR(INDEX($AD:$AD,MATCH(ROWS($AD$32:AD5006),$AK:$AK,0)),\"\")","v":""},null,false,{"$f":"IF(AN5006=TRUE,COUNTIF($AN$32:AN5006,TRUE()),\"\")","v":""},{"$f":"IFERROR(INDEX($AD:$AD,MATCH(ROWS($AD$32:$AD5006),$AO:$AO,0)),\"\")","v":""}]
[null,null,null,null,null,null,null,null,null,null,null,null,null,null,null,null,null,null,null,null,null,null,null,null,null,null,null,null,null,{"$f":"'Baza klientów'!B4976","v":0},false,{"$f":"IF(AE5007=TRUE,COUNTIF($AE$32:AE5007,TRUE()),\"\")","v":""},{"$f":"IFERROR(INDEX($AD:$AD,MATCH(ROWS($AD$32:AD5007),$AF:$AF,0)),\"\")","v":""},null,null,false,{"$f":"IF(AJ5007=TRUE,COUNTIF($AJ$32:AJ5007,TRUE()),\"\")","v":""},{"$f":"IFERROR(INDEX($AD:$AD,MATCH(ROWS($AD$32:AD5007),$AK:$AK,0)),\"\")","v":""},null,false,{"$f":"IF(AN5007=TRUE,COUNTIF($AN$32:AN5007,TRUE()),\"\")","v":""},{"$f":"IFERROR(INDEX($AD:$AD,MATCH(ROWS($AD$32:$AD5007),$AO:$AO,0)),\"\")","v":""}]
[null,null,null,null,null,null,null,null,null,null,null,null,null,null,null,null,null,null,null,null,null,null,null,null,null,null,null,null,null,{"$f":"'Baza klientów'!B4977","v":0},false,{"$f":"IF(AE5008=TRUE,COUNTIF($AE$32:AE5008,TRUE()),\"\")","v":""},{"$f":"IFERROR(INDEX($AD:$AD,MATCH(ROWS($AD$32:AD5008),$AF:$AF,0)),\"\")","v":""},null,null,false,{"$f":"IF(AJ5008=TRUE,COUNTIF($AJ$32:AJ5008,TRUE()),\"\")","v":""},{"$f":"IFERROR(INDEX($AD:$AD,MATCH(ROWS($AD$32:AD5008),$AK:$AK,0)),\"\")","v":""},null,false,{"$f":"IF(AN5008=TRUE,COUNTIF($AN$32:AN5008,TRUE()),\"\")","v":""},{"$f":"IFERROR(INDEX($AD:$AD,MATCH(ROWS($AD$32:$AD5008),$AO:$AO,0)),\"\")","v":""}]
[null,null,null,null,null,null,null,null,null,null,null,null,null,null,null,null,null,null,null,null,null,null,null,null,null,null,null,null,null,{"$f":"'Baza klientów'!B4978","v":0},false,{"$f":"IF(AE5009=TRUE,COUNTIF($AE$32:AE5009,TRUE()),\"\")","v":""},{"$f":"IFERROR(INDEX($AD:$AD,MATCH(ROWS($AD$32:AD5009),$AF:$AF,0)),\"\")","v":""},null,null,false,{"$f":"IF(AJ5009=TRUE,COUNTIF($AJ$32:AJ5009,TRUE()),\"\")","v":""},{"$f":"IFERROR(INDEX($AD:$AD,MATCH(ROWS($AD$32:AD5009),$AK:$AK,0)),\"\")","v":""},null,false,{"$f":"IF(AN5009=TRUE,COUNTIF($AN$32:AN5009,TRUE()),\"\")","v":""},{"$f":"IFERROR(INDEX($AD:$AD,MATCH(ROWS($AD$32:$AD5009),$AO:$AO,0)),\"\")","v":""}]
[null,null,null,null,null,null,null,null,null,null,null,null,null,null,null,null,null,null,null,null,null,null,null,null,null,null,null,null,null,{"$f":"'Baza klientów'!B4979","v":0},false,{"$f":"IF(AE5010=TRUE,COUNTIF($AE$32:AE5010,TRUE()),\"\")","v":""},{"$f":"IFERROR(INDEX($AD:$AD,MATCH(ROWS($AD$32:AD5010),$AF:$AF,0)),\"\")","v":""},null,null,false,{"$f":"IF(AJ5010=TRUE,COUNTIF($AJ$32:AJ5010,TRUE()),\"\")","v":""},{"$f":"IFERROR(INDEX($AD:$AD,MATCH(ROWS($AD$32:AD5010),$AK:$AK,0)),\"\")","v":""},null,false,{"$f":"IF(AN5010=TRUE,COUNTIF($AN$32:AN5010,TRUE()),\"\")","v":""},{"$f":"IFERROR(INDEX($AD:$AD,MATCH(ROWS($AD$32:$AD5010),$AO:$AO,0)),\"\")","v":""}]
[null,null,null,null,null,null,null,null,null,null,null,null,null,null,null,null,null,null,null,null,null,null,null,null,null,null,null,null,null,{"$f":"'Baza klientów'!B4980","v":0},false,{"$f":"IF(AE5011=TRUE,COUNTIF($AE$32:AE5011,TRUE()),\"\")","v":""},{"$f":"IFERROR(INDEX($AD:$AD,MATCH(ROWS($AD$32:AD5011),$AF:$AF,0)),\"\")","v":""},null,null,false,{"$f":"IF(AJ5011=TRUE,COUNTIF($AJ$32:AJ5011,TRUE()),\"\")","v":""},{"$f":"IFERROR(INDEX($AD:$AD,MATCH(ROWS($AD$32:AD5011),$AK:$AK,0)),\"\")","v":""},null,false,{"$f":"IF(AN5011=TRUE,COUNTIF($AN$32:AN5011,TRUE()),\"\")","v":""},{"$f":"IFERROR(INDEX($AD:$AD,MATCH(ROWS($AD$32:$AD5011),$AO:$AO,0)),\"\")","v":""}]
[null,null,null,null,null,null,null,null,null,null,null,null,null,null,null,null,null,null,null,null,null,null,null,null,null,null,null,null,null,{"$f":"'Baza klientów'!B4981","v":0},false,{"$f":"IF(AE5012=TRUE,COUNTIF($AE$32:AE5012,TRUE()),\"\")","v":""},{"$f":"IFERROR(INDEX($AD:$AD,MATCH(ROWS($AD$32:AD5012),$AF:$AF,0)),\"\")","v":""},null,null,false,{"$f":"IF(AJ5012=TRUE,COUNTIF($AJ$32:AJ5012,TRUE()),\"\")","v":""},{"$f":"IFERROR(INDEX($AD:$AD,MATCH(ROWS($AD$32:AD5012),$AK:$AK,0)),\"\")","v":""},null,false,{"$f":"IF(AN5012=TRUE,COUNTIF($AN$32:AN5012,TRUE()),\"\")","v":""},{"$f":"IFERROR(INDEX($AD:$AD,MATCH(ROWS($AD$32:$AD5012),$AO:$AO,0)),\"\")","v":""}]
[null,null,null,null,null,null,null,null,null,null,null,null,null,null,null,null,null,null,null,null,null,null,null,null,null,null,null,null,null,{"$f":"'Baza klientów'!B4982","v":0},false,{"$f":"IF(AE5013=TRUE,COUNTIF($AE$32:AE5013,TRUE()),\"\")","v":""},{"$f":"IFERROR(INDEX($AD:$AD,MATCH(ROWS($AD$32:AD5013),$AF:$AF,0)),\"\")","v":""},null,null,false,{"$f":"IF(AJ5013=TRUE,COUNTIF($AJ$32:AJ5013,TRUE()),\"\")","v":""},{"$f":"IFERROR(INDEX($AD:$AD,MATCH(ROWS($AD$32:AD5013),$AK:$AK,0)),\"\")","v":""},null,false,{"$f":"IF(AN5013=TRUE,COUNTIF($AN$32:AN5013,TRUE()),\"\")","v":""},{"$f":"IFERROR(INDEX($AD:$AD,MATCH(ROWS($AD$32:$AD5013),$AO:$AO,0)),\"\")","v":""}]
[null,null,null,null,null,null,null,null,null,null,null,null,null,null,null,null,null,null,null,null,null,null,null,null,null,null,null,null,null,{"$f":"'Baza klientów'!B4983","v":0},false,{"$f":"IF(AE5014=TRUE,COUNTIF($AE$32:AE5014,TRUE()),\"\")","v":""},{"$f":"IFERROR(INDEX($AD:$AD,MATCH(ROWS($AD$32:AD5014),$AF:$AF,0)),\"\")","v":""},null,null,false,{"$f":"IF(AJ5014=TRUE,COUNTIF($AJ$32:AJ5014,TRUE()),\"\")","v":""},{"$f":"IFERROR(INDEX($AD:$AD,MATCH(ROWS($AD$32:AD5014),$AK:$AK,0)),\"\")","v":""},null,false,{"$f":"IF(AN5014=TRUE,COUNTIF($AN$32:AN5014,TRUE()),\"\")","v":""},{"$f":"IFERROR(INDEX($AD:$AD,MATCH(ROWS($AD$32:$AD5014),$AO:$AO,0)),\"\")","v":""}]
[null,null,null,null,null,null,null,null,null,null,null,null,null,null,null,null,null,null,null,null,null,null,null,null,null,null,null,null,null,{"$f":"'Baza klientów'!B4984","v":0},false,{"$f":"IF(AE5015=TRUE,COUNTIF($AE$32:AE5015,TRUE()),\"\")","v":""},{"$f":"IFERROR(INDEX($AD:$AD,MATCH(ROWS($AD$32:AD5015),$AF:$AF,0)),\"\")","v":""},null,null,false,{"$f":"IF(AJ5015=TRUE,COUNTIF($AJ$32:AJ5015,TRUE()),\"\")","v":""},{"$f":"IFERROR(INDEX($AD:$AD,MATCH(ROWS($AD$32:AD5015),$AK:$AK,0)),\"\")","v":""},null,false,{"$f":"IF(AN5015=TRUE,COUNTIF($AN$32:AN5015,TRUE()),\"\")","v":""},{"$f":"IFERROR(INDEX($AD:$AD,MATCH(ROWS($AD$32:$AD5015),$AO:$AO,0)),\"\")","v":""}]
[null,null,null,null,null,null,null,null,null,null,null,null,null,null,null,null,null,null,null,null,null,null,null,null,null,null,null,null,null,{"$f":"'Baza klientów'!B4985","v":0},false,{"$f":"IF(AE5016=TRUE,COUNTIF($AE$32:AE5016,TRUE()),\"\")","v":""},{"$f":"IFERROR(INDEX($AD:$AD,MATCH(ROWS($AD$32:AD5016),$AF:$AF,0)),\"\")","v":""},null,null,false,{"$f":"IF(AJ5016=TRUE,COUNTIF($AJ$32:AJ5016,TRUE()),\"\")","v":""},{"$f":"IFERROR(INDEX($AD:$AD,MATCH(ROWS($AD$32:AD5016),$AK:$AK,0)),\"\")","v":""},null,false,{"$f":"IF(AN5016=TRUE,COUNTIF($AN$32:AN5016,TRUE()),\"\")","v":""},{"$f":"IFERROR(INDEX($AD:$AD,MATCH(ROWS($AD$32:$AD5016),$AO:$AO,0)),\"\")","v":""}]
[null,null,null,null,null,null,null,null,null,null,null,null,null,null,null,null,null,null,null,null,null,null,null,null,null,null,null,null,null,{"$f":"'Baza klientów'!B4986","v":0},false,{"$f":"IF(AE5017=TRUE,COUNTIF($AE$32:AE5017,TRUE()),\"\")","v":""},{"$f":"IFERROR(INDEX($AD:$AD,MATCH(ROWS($AD$32:AD5017),$AF:$AF,0)),\"\")","v":""},null,null,false,{"$f":"IF(AJ5017=TRUE,COUNTIF($AJ$32:AJ5017,TRUE()),\"\")","v":""},{"$f":"IFERROR(INDEX($AD:$AD,MATCH(ROWS($AD$32:AD5017),$AK:$AK,0)),\"\")","v":""},null,false,{"$f":"IF(AN5017=TRUE,COUNTIF($AN$32:AN5017,TRUE()),\"\")","v":""},{"$f":"IFERROR(INDEX($AD:$AD,MATCH(ROWS($AD$32:$AD5017),$AO:$AO,0)),\"\")","v":""}]
[null,null,null,null,null,null,null,null,null,null,null,null,null,null,null,null,null,null,null,null,null,null,null,null,null,null,null,null,null,{"$f":"'Baza klientów'!B4987","v":0},false,{"$f":"IF(AE5018=TRUE,COUNTIF($AE$32:AE5018,TRUE()),\"\")","v":""},{"$f":"IFERROR(INDEX($AD:$AD,MATCH(ROWS($AD$32:AD5018),$AF:$AF,0)),\"\")","v":""},null,null,false,{"$f":"IF(AJ5018=TRUE,COUNTIF($AJ$32:AJ5018,TRUE()),\"\")","v":""},{"$f":"IFERROR(INDEX($AD:$AD,MATCH(ROWS($AD$32:AD5018),$AK:$AK,0)),\"\")","v":""},null,false,{"$f":"IF(AN5018=TRUE,COUNTIF($AN$32:AN5018,TRUE()),\"\")","v":""},{"$f":"IFERROR(INDEX($AD:$AD,MATCH(ROWS($AD$32:$AD5018),$AO:$AO,0)),\"\")","v":""}]
[null,null,null,null,null,null,null,null,null,null,null,null,null,null,null,null,null,null,null,null,null,null,null,null,null,null,null,null,null,{"$f":"'Baza klientów'!B4988","v":0},false,{"$f":"IF(AE5019=TRUE,COUNTIF($AE$32:AE5019,TRUE()),\"\")","v":""},{"$f":"IFERROR(INDEX($AD:$AD,MATCH(ROWS($AD$32:AD5019),$AF:$AF,0)),\"\")","v":""},null,null,false,{"$f":"IF(AJ5019=TRUE,COUNTIF($AJ$32:AJ5019,TRUE()),\"\")","v":""},{"$f":"IFERROR(INDEX($AD:$AD,MATCH(ROWS($AD$32:AD5019),$AK:$AK,0)),\"\")","v":""},null,false,{"$f":"IF(AN5019=TRUE,COUNTIF($AN$32:AN5019,TRUE()),\"\")","v":""},{"$f":"IFERROR(INDEX($AD:$AD,MATCH(ROWS($AD$32:$AD5019),$AO:$AO,0)),\"\")","v":""}]
[null,null,null,null,null,null,null,null,null,null,null,null,null,null,null,null,null,null,null,null,null,null,null,null,null,null,null,null,null,{"$f":"'Baza klientów'!B4989","v":0},false,{"$f":"IF(AE5020=TRUE,COUNTIF($AE$32:AE5020,TRUE()),\"\")","v":""},{"$f":"IFERROR(INDEX($AD:$AD,MATCH(ROWS($AD$32:AD5020),$AF:$AF,0)),\"\")","v":""},null,null,false,{"$f":"IF(AJ5020=TRUE,COUNTIF($AJ$32:AJ5020,TRUE()),\"\")","v":""},{"$f":"IFERROR(INDEX($AD:$AD,MATCH(ROWS($AD$32:AD5020),$AK:$AK,0)),\"\")","v":""},null,false,{"$f":"IF(AN5020=TRUE,COUNTIF($AN$32:AN5020,TRUE()),\"\")","v":""},{"$f":"IFERROR(INDEX($AD:$AD,MATCH(ROWS($AD$32:$AD5020),$AO:$AO,0)),\"\")","v":""}]
[null,null,null,null,null,null,null,null,null,null,null,null,null,null,null,null,null,null,null,null,null,null,null,null,null,null,null,null,null,{"$f":"'Baza klientów'!B4990","v":0},false,{"$f":"IF(AE5021=TRUE,COUNTIF($AE$32:AE5021,TRUE()),\"\")","v":""},{"$f":"IFERROR(INDEX($AD:$AD,MATCH(ROWS($AD$32:AD5021),$AF:$AF,0)),\"\")","v":""},null,null,false,{"$f":"IF(AJ5021=TRUE,COUNTIF($AJ$32:AJ5021,TRUE()),\"\")","v":""},{"$f":"IFERROR(INDEX($AD:$AD,MATCH(ROWS($AD$32:AD5021),$AK:$AK,0)),\"\")","v":""},null,false,{"$f":"IF(AN5021=TRUE,COUNTIF($AN$32:AN5021,TRUE()),\"\")","v":""},{"$f":"IFERROR(INDEX($AD:$AD,MATCH(ROWS($AD$32:$AD5021),$AO:$AO,0)),\"\")","v":""}]
[null,null,null,null,null,null,null,null,null,null,null,null,null,null,null,null,null,null,null,null,null,null,null,null,null,null,null,null,null,{"$f":"'Baza klientów'!B4991","v":0},false,{"$f":"IF(AE5022=TRUE,COUNTIF($AE$32:AE5022,TRUE()),\"\")","v":""},{"$f":"IFERROR(INDEX($AD:$AD,MATCH(ROWS($AD$32:AD5022),$AF:$AF,0)),\"\")","v":""},null,null,false,{"$f":"IF(AJ5022=TRUE,COUNTIF($AJ$32:AJ5022,TRUE()),\"\")","v":""},{"$f":"IFERROR(INDEX($AD:$AD,MATCH(ROWS($AD$32:AD5022),$AK:$AK,0)),\"\")","v":""},null,false,{"$f":"IF(AN5022=TRUE,COUNTIF($AN$32:AN5022,TRUE()),\"\")","v":""},{"$f":"IFERROR(INDEX($AD:$AD,MATCH(ROWS($AD$32:$AD5022),$AO:$AO,0)),\"\")","v":""}]
[null,null,null,null,null,null,null,null,null,null,null,null,null,null,null,null,null,null,null,null,null,null,null,null,null,null,null,null,null,{"$f":"'Baza klientów'!B4992","v":0},false,{"$f":"IF(AE5023=TRUE,COUNTIF($AE$32:AE5023,TRUE()),\"\")","v":""},{"$f":"IFERROR(INDEX($AD:$AD,MATCH(ROWS($AD$32:AD5023),$AF:$AF,0)),\"\")","v":""},null,null,false,{"$f":"IF(AJ5023=TRUE,COUNTIF($AJ$32:AJ5023,TRUE()),\"\")","v":""},{"$f":"IFERROR(INDEX($AD:$AD,MATCH(ROWS($AD$32:AD5023),$AK:$AK,0)),\"\")","v":""},null,false,{"$f":"IF(AN5023=TRUE,COUNTIF($AN$32:AN5023,TRUE()),\"\")","v":""},{"$f":"IFERROR(INDEX($AD:$AD,MATCH(ROWS($AD$32:$AD5023),$AO:$AO,0)),\"\")","v":""}]
[null,null,null,null,null,null,null,null,null,null,null,null,null,null,null,null,null,null,null,null,null,null,null,null,null,null,null,null,null,{"$f":"'Baza klientów'!B4993","v":0},false,{"$f":"IF(AE5024=TRUE,COUNTIF($AE$32:AE5024,TRUE()),\"\")","v":""},{"$f":"IFERROR(INDEX($AD:$AD,MATCH(ROWS($AD$32:AD5024),$AF:$AF,0)),\"\")","v":""},null,null,false,{"$f":"IF(AJ5024=TRUE,COUNTIF($AJ$32:AJ5024,TRUE()),\"\")","v":""},{"$f":"IFERROR(INDEX($AD:$AD,MATCH(ROWS($AD$32:AD5024),$AK:$AK,0)),\"\")","v":""},null,false,{"$f":"IF(AN5024=TRUE,COUNTIF($AN$32:AN5024,TRUE()),\"\")","v":""},{"$f":"IFERROR(INDEX($AD:$AD,MATCH(ROWS($AD$32:$AD5024),$AO:$AO,0)),\"\")","v":""}]
[null,null,null,null,null,null,null,null,null,null,null,null,null,null,null,null,null,null,null,null,null,null,null,null,null,null,null,null,null,{"$f":"'Baza klientów'!B4994","v":0},{"$f":"ISNUMBER(SEARCH($AH$32,AD5025))","v":false},{"$f":"IF(AE5025=TRUE,COUNTIF($AE$32:AE5025,TRUE()),\"\")","v":""},{"$f":"IFERROR(INDEX($AD:$AD,MATCH(ROWS($AD$32:AD5025),$AF:$AF,0)),\"\")","v":""},null,null,{"$f":"ISNUMBER(SEARCH($AM$31,AD5025))","v":false},{"$f":"IF(AJ5025=TRUE,COUNTIF($AJ$32:AJ5025,TRUE()),\"\")","v":""},{"$f":"IFERROR(INDEX($AD:$AD,MATCH(ROWS($AD$32:AD5025),$AK:$AK,0)),\"\")","v":""},null,{"$f":"ISNUMBER(SEARCH($AQ$31,$AD5025))","v":false},{"$f":"IF(AN5025=TRUE,COUNTIF($AN$32:AN5025,TRUE()),\"\")","v":""},{"$f":"IFERROR(INDEX($AD:$AD,MATCH(ROWS($AD$32:$AD5025),$AO:$AO,0)),\"\")","v":""}]
[null,null,null,null,null,null,null,null,null,null,null,null,null,null,null,null,null,null,null,null,null,null,null,null,null,null,null,null,null,{"$f":"'Baza klientów'!B4995","v":0},false,{"$f":"IF(AE5026=TRUE,COUNTIF($AE$32:AE5026,TRUE()),\"\")","v":""},{"$f":"IFERROR(INDEX($AD:$AD,MATCH(ROWS($AD$32:AD5026),$AF:$AF,0)),\"\")","v":""},null,null,false,{"$f":"IF(AJ5026=TRUE,COUNTIF($AJ$32:AJ5026,TRUE()),\"\")","v":""},{"$f":"IFERROR(INDEX($AD:$AD,MATCH(ROWS($AD$32:AD5026),$AK:$AK,0)),\"\")","v":""},null,false,{"$f":"IF(AN5026=TRUE,COUNTIF($AN$32:AN5026,TRUE()),\"\")","v":""},{"$f":"IFERROR(INDEX($AD:$AD,MATCH(ROWS($AD$32:$AD5026),$AO:$AO,0)),\"\")","v":""}]
[null,null,null,null,null,null,null,null,null,null,null,null,null,null,null,null,null,null,null,null,null,null,null,null,null,null,null,null,null,{"$f":"'Baza klientów'!B4996","v":0},false,{"$f":"IF(AE5027=TRUE,COUNTIF($AE$32:AE5027,TRUE()),\"\")","v":""},{"$f":"IFERROR(INDEX($AD:$AD,MATCH(ROWS($AD$32:AD5027),$AF:$AF,0)),\"\")","v":""},null,null,false,{"$f":"IF(AJ5027=TRUE,COUNTIF($AJ$32:AJ5027,TRUE()),\"\")","v":""},{"$f":"IFERROR(INDEX($AD:$AD,MATCH(ROWS($AD$32:AD5027),$AK:$AK,0)),\"\")","v":""},null,false,{"$f":"IF(AN5027=TRUE,COUNTIF($AN$32:AN5027,TRUE()),\"\")","v":""},{"$f":"IFERROR(INDEX($AD:$AD,MATCH(ROWS($AD$32:$AD5027),$AO:$AO,0)),\"\")","v":""}]
[null,null,null,null,null,null,null,null,null,null,null,null,null,null,null,null,null,null,null,null,null,null,null,null,null,null,null,null,null,{"$f":"'Baza klientów'!B4997","v":0},false,{"$f":"IF(AE5028=TRUE,COUNTIF($AE$32:AE5028,TRUE()),\"\")","v":""},{"$f":"IFERROR(INDEX($AD:$AD,MATCH(ROWS($AD$32:AD5028),$AF:$AF,0)),\"\")","v":""},null,null,false,{"$f":"IF(AJ5028=TRUE,COUNTIF($AJ$32:AJ5028,TRUE()),\"\")","v":""},{"$f":"IFERROR(INDEX($AD:$AD,MATCH(ROWS($AD$32:AD5028),$AK:$AK,0)),\"\")","v":""},null,false,{"$f":"IF(AN5028=TRUE,COUNTIF($AN$32:AN5028,TRUE()),\"\")","v":""},{"$f":"IFERROR(INDEX($AD:$AD,MATCH(ROWS($AD$32:$AD5028),$AO:$AO,0)),\"\")","v":""}]
[null,null,null,null,null,null,null,null,null,null,null,null,null,null,null,null,null,null,null,null,null,null,null,null,null,null,null,null,null,{"$f":"'Baza klientów'!B4998","v":0},false,{"$f":"IF(AE5029=TRUE,COUNTIF($AE$32:AE5029,TRUE()),\"\")","v":""},{"$f":"IFERROR(INDEX($AD:$AD,MATCH(ROWS($AD$32:AD5029),$AF:$AF,0)),\"\")","v":""},null,null,false,{"$f":"IF(AJ5029=TRUE,COUNTIF($AJ$32:AJ5029,TRUE()),\"\")","v":""},{"$f":"IFERROR(INDEX($AD:$AD,MATCH(ROWS($AD$32:AD5029),$AK:$AK,0)),\"\")","v":""},null,false,{"$f":"IF(AN5029=TRUE,COUNTIF($AN$32:AN5029,TRUE()),\"\")","v":""},{"$f":"IFERROR(INDEX($AD:$AD,MATCH(ROWS($AD$32:$AD5029),$AO:$AO,0)),\"\")","v":""}]
[null,null,null,null,null,null,null,null,null,null,null,null,null,null,null,null,null,null,null,null,null,null,null,null,null,null,null,null,null,{"$f":"'Baza klientów'!B4999","v":0},false,{"$f":"IF(AE5030=TRUE,COUNTIF($AE$32:AE5030,TRUE()),\"\")","v":""},{"$f":"IFERROR(INDEX($AD:$AD,MATCH(ROWS($AD$32:AD5030),$AF:$AF,0)),\"\")","v":""},null,null,false,{"$f":"IF(AJ5030=TRUE,COUNTIF($AJ$32:AJ5030,TRUE()),\"\")","v":""},{"$f":"IFERROR(INDEX($AD:$AD,MATCH(ROWS($AD$32:AD5030),$AK:$AK,0)),\"\")","v":""},null,false,{"$f":"IF(AN5030=TRUE,COUNTIF($AN$32:AN5030,TRUE()),\"\")","v":""},{"$f":"IFERROR(INDEX($AD:$AD,MATCH(ROWS($AD$32:$AD5030),$AO:$AO,0)),\"\")","v":""}]
[null,null,null,null,null,null,null,null,null,null,null,null,null,null,null,null,null,null,null,null,null,null,null,null,null,null,null,null,null,{"$f":"'Baza klientów'!B5000","v":0},false,{"$f":"IF(AE5031=TRUE,COUNTIF($AE$32:AE5031,TRUE()),\"\")","v":""},{"$f":"IFERROR(INDEX($AD:$AD,MATCH(ROWS($AD$32:AD5031),$AF:$AF,0)),\"\")","v":""},null,null,false,{"$f":"IF(AJ5031=TRUE,COUNTIF($AJ$32:AJ5031,TRUE()),\"\")","v":""},{"$f":"IFERROR(INDEX($AD:$AD,MATCH(ROWS($AD$32:AD5031),$AK:$AK,0)),\"\")","v":""},null,false,{"$f":"IF(AN5031=TRUE,COUNTIF($AN$32:AN5031,TRUE()),\"\")","v":""},{"$f":"IFERROR(INDEX($AD:$AD,MATCH(ROWS($AD$32:$AD5031),$AO:$AO,0)),\"\")","v":""}]
[null,null,null,null,null,null,null,null,null,null,null,null,null,null,null,null,null,null,null,null,null,null,null,null,null,null,null,null,null,{"$f":"'Baza klientów'!B5001","v":0},false,{"$f":"IF(AE5032=TRUE,COUNTIF($AE$32:AE5032,TRUE()),\"\")","v":""},{"$f":"IFERROR(INDEX($AD:$AD,MATCH(ROWS($AD$32:AD5032),$AF:$AF,0)),\"\")","v":""},null,null,false,{"$f":"IF(AJ5032=TRUE,COUNTIF($AJ$32:AJ5032,TRUE()),\"\")","v":""},{"$f":"IFERROR(INDEX($AD:$AD,MATCH(ROWS($AD$32:AD5032),$AK:$AK,0)),\"\")","v":""},null,false,{"$f":"IF(AN5032=TRUE,COUNTIF($AN$32:AN5032,TRUE()),\"\")","v":""},{"$f":"IFERROR(INDEX($AD:$AD,MATCH(ROWS($AD$32:$AD5032),$AO:$AO,0)),\"\")","v":""}]

{"sheet":"Przepływy pienieżne","index":11,"n_rows":3,"n_cols":2,"rows_kept":3,"cut":false,"hidden":false,"merged":[]}
[]
[null,"*tys. PLN (chyba, że wskazano inaczej)"]
[null,"ANALIZA PRZEPŁYWÓW PIENIĘŻNYCH"]

{"sheet":"Analiza kapitału obrotowego","index":12,"n_rows":22,"n_cols":4,"rows_kept":22,"cut":false,"hidden":false,"merged":[]}
[]
[null,"*tys. PLN (chyba, że wskazano inaczej)"]
[null,"ANALIZA KAPITAŁU OBROTOWEGO"]
[]
[null,null,"Miesiąc bieżący"]
[null,"NALEŻNOŚCI",45,"dni"]
[]
[null,"ZOBOWIĄZANIA",14.025964930710529,"dni"]
[]
[null,"ZAPASY",7,"dni"]
[]
[null,"OKG",37.974035069289471,"dni"]
[]
[null,"ANALIZA STRUKTURY ZAPASÓW"]
[]
[]
[]
[]
[]
[]
[]
[null,"ANALIZA STANÓW MAGAZYNOWYCH WEDŁUG KLIENTÓW"]

{"sheet":"Analiza stanów magazynowych","index":13,"n_rows":16,"n_cols":14,"rows_kept":16,"cut":false,"hidden":false,"merged":[]}
[]
[null,"ANALIZA STANÓW MAGAZYNOWYCH"]
[null,"Magazyn klienta 374",null,null,null,null,null,null,null,null,null,null,null,"Magazyn klienta 522"]
[]
[]
[]
[]
[]
[]
[]
[]
[]
[]
[]
[]
[null,"Magazyn klienta 102",null,null,null,null,null,null,null,null,null,null,null,"Magazyn główny"]

{"sheet":"Przeliczenia","index":14,"n_rows":154,"n_cols":566,"rows_kept":154,"cut":false,"hidden":true,"merged":[]}
[]
[]
[]
[]
[]
[]
[]
[]
["Aktualizacja "]
["Aktualny rok",2017]
["Aktualny miesiąc",11]
["Pierwszy rok analizy",2014]
["Ostatni rok"]
["Koniec miesiąca",{"$f":"EOMONTH(DATE(B10,B11-1,1),1)","v":"2017-11-30"}]
["Benchmark",6]
[]
[]
[null,"Analiza przychodów i rentowności po klientach"]
[]
[null,"Numer kolumny miesiąca bieżącego",null,{"$f":"MATCH(E139,'Analiza sprzedaży'!35:35,)-27","v":{"$error":"#N/A"}},{"$f":"MATCH(D139,'Analiza sprzedaży'!35:35,)-27","v":18},{"$f":"MATCH(C139,'Analiza sprzedaży'!35:35,)-27","v":21}]
[]
[null,"`",{"$f":"IFERROR(MATCH(C23,'Analiza sprzedaży'!$35:$35,)-27,\"\")","v":""},{"$f":"IFERROR(MATCH(D23,'Analiza sprzedaży'!$35:$35,)-27,\"\")","v":""},{"$f":"IFERROR(MATCH(E23,'Analiza sprzedaży'!$35:$35,)-27,\"\")","v":""},{"$f":"IFERROR(MATCH(F23,'Analiza sprzedaży'!$35:$35,)-27,\"\")","v":""},{"$f":"IFERROR(MATCH(G23,'Analiza sprzedaży'!$35:$35,)-27,\"\")","v":""},{"$f":"IFERROR(MATCH(H23,'Analiza sprzedaży'!$35:$35,)-27,\"\")","v":""},{"$f":"IFERROR(MATCH(I23,'Analiza sprzedaży'!$35:$35,)-27,\"\")","v":""},{"$f":"IFERROR(MATCH(J23,'Analiza sprzedaży'!$35:$35,)-27,\"\")","v":""},{"$f":"IFERROR(MATCH(K23,'Analiza sprzedaży'!$35:$35,)-27,\"\")","v":""},{"$f":"IFERROR(MATCH(L23,'Analiza sprzedaży'!$35:$35,)-27,\"\")","v":""},{"$f":"IFERROR(MATCH(M23,'Analiza sprzedaży'!$35:$35,)-27,\"\")","v":""},{"$f":"IFERROR(MATCH(N23,'Analiza sprzedaży'!$35:$35,)-27,\"\")","v":""},{"$f":"IFERROR(MATCH(O23,'Analiza sprzedaży'!$35:$35,)-27,\"\")","v":""},{"$f":"IFERROR(MATCH(P23,'Analiza sprzedaży'!$35:$35,)-27,\"\")","v":""},{"$f":"IFERROR(MATCH(Q23,'Analiza sprzedaży'!$35:$35,)-27,\"\")","v":""},{"$f":"IFERROR(MATCH(R23,'Analiza sprzedaży'!$35:$35,)-27,\"\")","v":""},{"$f":"IFERROR(MATCH(S23,'Analiza sprzedaży'!$35:$35,)-27,\"\")","v":""},{"$f":"IFERROR(MATCH(T23,'Analiza sprzedaży'!$35:$35,)-27,\"\")","v":""},{"$f":"IFERROR(MATCH(U23,'Analiza sprzedaży'!$35:$35,)-27,\"\")","v":""},{"$f":"IFERROR(MATCH(V23,'Analiza sprzedaży'!$35:$35,)-27,\"\")","v":""},{"$f":"IFERROR(MATCH(W23,'Analiza sprzedaży'!$35:$35,)-27,\"\")","v":""},{"$f":"IFERROR(MATCH(X23,'Analiza sprzedaży'!$35:$35,)-27,\"\")","v":""},{"$f":"IFERROR(MATCH(Y23,'Analiza sprzedaży'!$35:$35,)-27,\"\")","v":""},{"$f":"IFERROR(MATCH(Z23,'Analiza sprzedaży'!$35:$35,)-27,\"\")","v":""},{"$f":"IFERROR(MATCH(AA23,'Analiza sprzedaży'!$35:$35,)-27,\"\")","v":""},{"$f":"IFERROR(MATCH(AB23,'Analiza sprzedaży'!$35:$35,)-27,\"\")","v":""},{"$f":"IFERROR(MATCH(AC23,'Analiza sprzedaży'!$35:$35,)-27,\"\")","v":""},{"$f":"IFERROR(MATCH(AD23,'Analiza sprzedaży'!$35:$35,)-27,\"\")","v":""},{"$f":"IFERROR(MATCH(AE23,'Analiza sprzedaży'!$35:$35,)-27,\"\")","v":""},{"$f":"IFERROR(MATCH(AF23,'Analiza sprzedaży'!$35:$35,)-27,\"\")","v":""},{"$f":"IFERROR(MATCH(AG23,'Analiza sprzedaży'!$35:$35,)-27,\"\")","v":""},{"$f":"IFERROR(MATCH(AH23,'Analiza sprzedaży'!$35:$35,)-27,\"\")","v":""},{"$f":"IFERROR(MATCH(AI23,'Analiza sprzedaży'!$35:$35,)-27,\"\")","v":""},{"$f":"IFERROR(MATCH(AJ23,'Analiza sprzedaży'!$35:$35,)-27,\"\")","v":""},{"$f":"IFERROR(MATCH(AK23,'Analiza sprzedaży'!$35:$35,)-27,\"\")","v":""},{"$f":"IFERROR(MATCH(AL23,'Analiza sprzedaży'!$35:$35,)-27,\"\")","v":""},{"$f":"IFERROR(MATCH(AM23,'Analiza sprzedaży'!$35:$35,)-27,\"\")","v":""},{"$f":"IFERROR(MATCH(AN23,'Analiza sprzedaży'!$35:$35,)-27,\"\")","v":""},{"$f":"IFERROR(MATCH(AO23,'Analiza sprzedaży'!$35:$35,)-27,\"\")","v":""},{"$f":"IFERROR(MATCH(AP23,'Analiza sprzedaży'!$35:$35,)-27,\"\")","v":0},{"$f":"IFERROR(MATCH(AQ23,'Analiza sprzedaży'!$35:$35,)-27,\"\")","v":3},{"$f":"IFERROR(MATCH(AR23,'Analiza sprzedaży'!$35:$35,)-27,\"\")","v":6},{"$f":"IFERROR(MATCH(AS23,'Analiza sprzedaży'!$35:$35,)-27,\"\")","v":9},{"$f":"IFERROR(MATCH(AT23,'Analiza sprzedaży'!$35:$35,)-27,\"\")","v":12},{"$f":"IFERROR(MATCH(AU23,'Analiza sprzedaży'!$35:$35,)-27,\"\")","v":15},{"$f":"IFERROR(MATCH(AV23,'Analiza sprzedaży'!$35:$35,)-27,\"\")","v":18},{"$f":"IFERROR(MATCH(AW23,'Analiza sprzedaży'!$35:$35,)-27,\"\")","v":21},{"$f":"IFERROR(MATCH(AX23,'Analiza sprzedaży'!$35:$35,)-27,\"\")","v":""},{"$f":"IFERROR(MATCH(AY23,'Analiza sprzedaży'!$35:$35,)-27,\"\")","v":""},{"$f":"IFERROR(MATCH(AZ23,'Analiza sprzedaży'!$35:$35,)-27,\"\")","v":""},{"$f":"IFERROR(MATCH(BA23,'Analiza sprzedaży'!$35:$35,)-27,\"\")","v":""},{"$f":"IFERROR(MATCH(BB23,'Analiza sprzedaży'!$35:$35,)-27,\"\")","v":""},{"$f":"IFERROR(MATCH(BC23,'Analiza sprzedaży'!$35:$35,)-27,\"\")","v":""},{"$f":"IFERROR(MATCH(BD23,'Analiza sprzedaży'!$35:$35,)-27,\"\")","v":""},{"$f":"IFERROR(MATCH(BE23,'Analiza sprzedaży'!$35:$35,)-27,\"\")","v":""},{"$f":"IFERROR(MATCH(BF23,'Analiza sprzedaży'!$35:$35,)-27,\"\")","v":""},{"$f":"IFERROR(MATCH(BG23,'Analiza sprzedaży'!$35:$35,)-27,\"\")","v":""},{"$f":"IFERROR(MATCH(BH23,'Analiza sprzedaży'!$35:$35,)-27,\"\")","v":""},{"$f":"IFERROR(MATCH(BI23,'Analiza sprzedaży'!$35:$35,)-27,\"\")","v":""},{"$f":"IFERROR(MATCH(BJ23,'Analiza sprzedaży'!$35:$35,)-27,\"\")","v":""},{"$f":"IFERROR(MATCH(BK23,'Analiza sprzedaży'!$35:$35,)-27,\"\")","v":""},{"$f":"IFERROR(MATCH(BL23,'Analiza sprzedaży'!$35:$35,)-27,\"\")","v":""},{"$f":"IFERROR(MATCH(BM23,'Analiza sprzedaży'!$35:$35,)-27,\"\")","v":""},{"$f":"IFERROR(MATCH(BN23,'Analiza sprzedaży'!$35:$35,)-27,\"\")","v":""},{"$f":"IFERROR(MATCH(BO23,'Analiza sprzedaży'!$35:$35,)-27,\"\")","v":""},{"$f":"IFERROR(MATCH(BP23,'Analiza sprzedaży'!$35:$35,)-27,\"\")","v":""},{"$f":"IFERROR(MATCH(BQ23,'Analiza sprzedaży'!$35:$35,)-27,\"\")","v":""},{"$f":"IFERROR(MATCH(BR23,'Analiza sprzedaży'!$35:$35,)-27,\"\")","v":""},{"$f":"IFERROR(MATCH(BS23,'Analiza sprzedaży'!$35:$35,)-27,\"\")","v":""},{"$f":"IFERROR(MATCH(BT23,'Analiza sprzedaży'!$35:$35,)-27,\"\")","v":""},{"$f":"IFERROR(MATCH(BU23,'Analiza sprzedaży'!$35:$35,)-27,\"\")","v":""},{"$f":"IFERROR(MATCH(BV23,'Analiza sprzedaży'!$35:$35,)-27,\"\")","v":""},{"$f":"IFERROR(MATCH(BW23,'Analiza sprzedaży'!$35:$35,)-27,\"\")","v":""},{"$f":"IFERROR(MATCH(BX23,'Analiza sprzedaży'!$35:$35,)-27,\"\")","v":""},{"$f":"IFERROR(MATCH(BY23,'Analiza sprzedaży'!$35:$35,)-27,\"\")","v":""},{"$f":"IFERROR(MATCH(BZ23,'Analiza sprzedaży'!$35:$35,)-27,\"\")","v":""},{"$f":"IFERROR(MATCH(CA23,'Analiza sprzedaży'!$35:$35,)-27,\"\")","v":""},{"$f":"IFERROR(MATCH(CB23,'Analiza sprzedaży'!$35:$35,)-27,\"\")","v":""},{"$f":"IFERROR(MATCH(CC23,'Analiza sprzedaży'!$35:$35,)-27,\"\")","v":""},{"$f":"IFERROR(MATCH(CD23,'Analiza sprzedaży'!$35:$35,)-27,\"\")","v":""},{"$f":"IFERROR(MATCH(CE23,'Analiza sprzedaży'!$35:$35,)-27,\"\")","v":""},{"$f":"IFERROR(MATCH(CF23,'Analiza sprzedaży'!$35:$35,)-27,\"\")","v":""},{"$f":"IFERROR(MATCH(CG23,'Analiza sprzedaży'!$35:$35,)-27,\"\")","v":""},{"$f":"IFERROR(MATCH(CH23,'Analiza sprzedaży'!$35:$35,)-27,\"\")","v":""},{"$f":"IFERROR(MATCH(CI23,'Analiza sprzedaży'!$35:$35,)-27,\"\")","v":""},{"$f":"IFERROR(MATCH(CJ23,'Analiza sprzedaży'!$35:$35,)-27,\"\")","v":""},{"$f":"IFERROR(MATCH(CK23,'Analiza sprzedaży'!$35:$35,)-27,\"\")","v":""},{"$f":"IFERROR(MATCH(CL23,'Analiza sprzedaży'!$35:$35,)-27,\"\")","v":""},{"$f":"IFERROR(MATCH(CM23,'Analiza sprzedaży'!$35:$35,)-27,\"\")","v":""},{"$f":"IFERROR(MATCH(CN23,'Analiza sprzedaży'!$35:$35,)-27,\"\")","v":""},{"$f":"IFERROR(MATCH(CO23,'Analiza sprzedaży'!$35:$35,)-27,\"\")","v":""},{"$f":"IFERROR(MATCH(CP23,'Analiza sprzedaży'!$35:$35,)-27,\"\")","v":""},{"$f":"IFERROR(MATCH(CQ23,'Analiza sprzedaży'!$35:$35,)-27,\"\")","v":""},{"$f":"IFERROR(MATCH(CR23,'Analiza sprzedaży'!$35:$35,)-27,\"\")","v":""},{"$f":"IFERROR(MATCH(CS23,'Analiza sprzedaży'!$35:$35,)-27,\"\")","v":""},{"$f":"IFERROR(MATCH(CT23,'Analiza sprzedaży'!$35:$35,)-27,\"\")","v":""},{"$f":"IFERROR(MATCH(CU23,'Analiza sprzedaży'!$35:$35,)-27,\"\")","v":""},{"$f":"IFERROR(MATCH(CV23,'Analiza sprzedaży'!$35:$35,)-27,\"\")","v":""},{"$f":"IFERROR(MATCH(CW23,'Analiza sprzedaży'!$35:$35,)-27,\"\")","v":""},{"$f":"IFERROR(MATCH(CX23,'Analiza sprzedaży'!$35:$35,)-27,\"\")","v":""},{"$f":"IFERROR(MATCH(CY23,'Analiza sprzedaży'!$35:$35,)-27,\"\")","v":""},{"$f":"IFERROR(MATCH(CZ23,'Analiza sprzedaży'!$35:$35,)-27,\"\")","v":""},{"$f":"IFERROR(MATCH(DA23,'Analiza sprzedaży'!$35:$35,)-27,\"\")","v":""},{"$f":"IFERROR(MATCH(DB23,'Analiza sprzedaży'!$35:$35,)-27,\"\")","v":""},{"$f":"IFERROR(MATCH(DC23,'Analiza sprzedaży'!$35:$35,)-27,\"\")","v":""},{"$f":"IFERROR(MATCH(DD23,'Analiza sprzedaży'!$35:$35,)-27,\"\")","v":""},{"$f":"IFERROR(MATCH(DE23,'Analiza sprzedaży'!$35:$35,)-27,\"\")","v":""},{"$f":"IFERROR(MATCH(DF23,'Analiza sprzedaży'!$35:$35,)-27,\"\")","v":""},{"$f":"IFERROR(MATCH(DG23,'Analiza sprzedaży'!$35:$35,)-27,\"\")","v":""},{"$f":"IFERROR(MATCH(DH23,'Analiza sprzedaży'!$35:$35,)-27,\"\")","v":""},{"$f":"IFERROR(MATCH(DI23,'Analiza sprzedaży'!$35:$35,)-27,\"\")","v":""},{"$f":"IFERROR(MATCH(DJ23,'Analiza sprzedaży'!$35:$35,)-27,\"\")","v":""},{"$f":"IFERROR(MATCH(DK23,'Analiza sprzedaży'!$35:$35,)-27,\"\")","v":""},{"$f":"IFERROR(MATCH(DL23,'Analiza sprzedaży'!$35:$35,)-27,\"\")","v":""},{"$f":"IFERROR(MATCH(DM23,'Analiza sprzedaży'!$35:$35,)-27,\"\")","v":""},{"$f":"IFERROR(MATCH(DN23,'Analiza sprzedaży'!$35:$35,)-27,\"\")","v":""},{"$f":"IFERROR(MATCH(DO23,'Analiza sprzedaży'!$35:$35,)-27,\"\")","v":""},{"$f":"IFERROR(MATCH(DP23,'Analiza sprzedaży'!$35:$35,)-27,\"\")","v":""},{"$f":"IFERROR(MATCH(DQ23,'Analiza sprzedaży'!$35:$35,)-27,\"\")","v":""},{"$f":"IFERROR(MATCH(DR23,'Analiza sprzedaży'!$35:$35,)-27,\"\")","v":""},{"$f":"IFERROR(MATCH(DS23,'Analiza sprzedaży'!$35:$35,)-27,\"\")","v":""},{"$f":"IFERROR(MATCH(DT23,'Analiza sprzedaży'!$35:$35,)-27,\"\")","v":""},{"$f":"IFERROR(MATCH(DU23,'Analiza sprzedaży'!$35:$35,)-27,\"\")","v":""},{"$f":"IFERROR(MATCH(DV23,'Analiza sprzedaży'!$35:$35,)-27,\"\")","v":""},{"$f":"IFERROR(MATCH(DW23,'Analiza sprzedaży'!$35:$35,)-27,\"\")","v":""},{"$f":"IFERROR(MATCH(DX23,'Analiza sprzedaży'!$35:$35,)-27,\"\")","v":""},{"$f":"IFERROR(MATCH(DY23,'Analiza sprzedaży'!$35:$35,)-27,\"\")","v":""},{"$f":"IFERROR(MATCH(DZ23,'Analiza sprzedaży'!$35:$35,)-27,\"\")","v":""},{"$f":"IFERROR(MATCH(EA23,'Analiza sprzedaży'!$35:$35,)-27,\"\")","v":""},{"$f":"IFERROR(MATCH(EB23,'Analiza sprzedaży'!$35:$35,)-27,\"\")","v":""},{"$f":"IFERROR(MATCH(EC23,'Analiza sprzedaży'!$35:$35,)-27,\"\")","v":""},{"$f":"IFERROR(MATCH(ED23,'Analiza sprzedaży'!$35:$35,)-27,\"\")","v":""},{"$f":"IFERROR(MATCH(EE23,'Analiza sprzedaży'!$35:$35,)-27,\"\")","v":""},{"$f":"IFERROR(MATCH(EF23,'Analiza sprzedaży'!$35:$35,)-27,\"\")","v":""},{"$f":"IFERROR(MATCH(EG23,'Analiza sprzedaży'!$35:$35,)-27,\"\")","v":""},{"$f":"IFERROR(MATCH(EH23,'Analiza sprzedaży'!$35:$35,)-27,\"\")","v":""},{"$f":"IFERROR(MATCH(EI23,'Analiza sprzedaży'!$35:$35,)-27,\"\")","v":""},{"$f":"IFERROR(MATCH(EJ23,'Analiza sprzedaży'!$35:$35,)-27,\"\")","v":""},{"$f":"IFERROR(MATCH(EK23,'Analiza sprzedaży'!$35:$35,)-27,\"\")","v":""},{"$f":"IFERROR(MATCH(EL23,'Analiza sprzedaży'!$35:$35,)-27,\"\")","v":""},{"$f":"IFERROR(MATCH(EM23,'Analiza sprzedaży'!$35:$35,)-27,\"\")","v":""},{"$f":"IFERROR(MATCH(EN23,'Analiza sprzedaży'!$35:$35,)-27,\"\")","v":""},{"$f":"IFERROR(MATCH(EO23,'Analiza sprzedaży'!$35:$35,)-27,\"\")","v":""},{"$f":"IFERROR(MATCH(EP23,'Analiza sprzedaży'!$35:$35,)-27,\"\")","v":""},{"$f":"IFERROR(MATCH(EQ23,'Analiza sprzedaży'!$35:$35,)-27,\"\")","v":""},{"$f":"IFERROR(MATCH(ER23,'Analiza sprzedaży'!$35:$35,)-27,\"\")","v":""},{"$f":"IFERROR(MATCH(ES23,'Analiza sprzedaży'!$35:$35,)-27,\"\")","v":""},{"$f":"IFERROR(MATCH(ET23,'Analiza sprzedaży'!$35:$35,)-27,\"\")","v":""},{"$f":"IFERROR(MATCH(EU23,'Analiza sprzedaży'!$35:$35,)-27,\"\")","v":""},{"$f":"IFERROR(MATCH(EV23,'Analiza sprzedaży'!$35:$35,)-27,\"\")","v":""},{"$f":"IFERROR(MATCH(EW23,'Analiza sprzedaży'!$35:$35,)-27,\"\")","v":""},{"$f":"IFERROR(MATCH(EX23,'Analiza sprzedaży'!$35:$35,)-27,\"\")","v":""},{"$f":"IFERROR(MATCH(EY23,'Analiza sprzedaży'!$35:$35,)-27,\"\")","v":""},{"$f":"IFERROR(MATCH(EZ23,'Analiza sprzedaży'!$35:$35,)-27,\"\")","v":""},{"$f":"IFERROR(MATCH(FA23,'Analiza sprzedaży'!$35:$35,)-27,\"\")","v":""},{"$f":"IFERROR(MATCH(FB23,'Analiza sprzedaży'!$35:$35,)-27,\"\")","v":""},{"$f":"IFERROR(MATCH(FC23,'Analiza sprzedaży'!$35:$35,)-27,\"\")","v":""},{"$f":"IFERROR(MATCH(FD23,'Analiza sprzedaży'!$35:$35,)-27,\"\")","v":""},{"$f":"IFERROR(MATCH(FE23,'Analiza sprzedaży'!$35:$35,)-27,\"\")","v":""},{"$f":"IFERROR(MATCH(FF23,'Analiza sprzedaży'!$35:$35,)-27,\"\")","v":""},{"$f":"IFERROR(MATCH(FG23,'Analiza sprzedaży'!$35:$35,)-27,\"\")","v":""},{"$f":"IFERROR(MATCH(FH23,'Analiza sprzedaży'!$35:$35,)-27,\"\")","v":""},{"$f":"IFERROR(MATCH(FI23,'Analiza sprzedaży'!$35:$35,)-27,\"\")","v":""},{"$f":"IFERROR(MATCH(FJ23,'Analiza sprzedaży'!$35:$35,)-27,\"\")","v":""},{"$f":"IFERROR(MATCH(FK23,'Analiza sprzedaży'!$35:$35,)-27,\"\")","v":""},{"$f":"IFERROR(MATCH(FL23,'Analiza sprzedaży'!$35:$35,)-27,\"\")","v":""},{"$f":"IFERROR(MATCH(FM23,'Analiza sprzedaży'!$35:$35,)-27,\"\")","v":""},{"$f":"IFERROR(MATCH(FN23,'Analiza sprzedaży'!$35:$35,)-27,\"\")","v":""},{"$f":"IFERROR(MATCH(FO23,'Analiza sprzedaży'!$35:$35,)-27,\"\")","v":""},{"$f":"IFERROR(MATCH(FP23,'Analiza sprzedaży'!$35:$35,)-27,\"\")","v":""},{"$f":"IFERROR(MATCH(FQ23,'Analiza sprzedaży'!$35:$35,)-27,\"\")","v":""},{"$f":"IFERROR(MATCH(FR23,'Analiza sprzedaży'!$35:$35,)-27,\"\")","v":""},{"$f":"IFERROR(MATCH(FS23,'Analiza sprzedaży'!$35:$35,)-27,\"\")","v":""},{"$f":"IFERROR(MATCH(FT23,'Analiza sprzedaży'!$35:$35,)-27,\"\")","v":""},{"$f":"IFERROR(MATCH(FU23,'Analiza sprzedaży'!$35:$35,)-27,\"\")","v":""},{"$f":"IFERROR(MATCH(FV23,'Analiza sprzedaży'!$35:$35,)-27,\"\")","v":""},{"$f":"IFERROR(MATCH(FW23,'Analiza sprzedaży'!$35:$35,)-27,\"\")","v":""},{"$f":"IFERROR(MATCH(FX23,'Analiza sprzedaży'!$35:$35,)-27,\"\")","v":""},{"$f":"IFERROR(MATCH(FY23,'Analiza sprzedaży'!$35:$35,)-27,\"\")","v":""},{"$f":"IFERROR(MATCH(FZ23,'Analiza sprzedaży'!$35:$35,)-27,\"\")","v":""},{"$f":"IFERROR(MATCH(GA23,'Analiza sprzedaży'!$35:$35,)-27,\"\")","v":""},{"$f":"IFERROR(MATCH(GB23,'Analiza sprzedaży'!$35:$35,)-27,\"\")","v":""},{"$f":"IFERROR(MATCH(GC23,'Analiza sprzedaży'!$35:$35,)-27,\"\")","v":""},{"$f":"IFERROR(MATCH(GD23,'Analiza sprzedaży'!$35:$35,)-27,\"\")","v":""},{"$f":"IFERROR(MATCH(GE23,'Analiza sprzedaży'!$35:$35,)-27,\"\")","v":""},{"$f":"IFERROR(MATCH(GF23,'Analiza sprzedaży'!$35:$35,)-27,\"\")","v":""},{"$f":"IFERROR(MATCH(GG23,'Analiza sprzedaży'!$35:$35,)-27,\"\")","v":""},{"$f":"IFERROR(MATCH(GH23,'Analiza sprzedaży'!$35:$35,)-27,\"\")","v":""},{"$f":"IFERROR(MATCH(GI23,'Analiza sprzedaży'!$35:$35,)-27,\"\")","v":""},{"$f":"IFERROR(MATCH(GJ23,'Analiza sprzedaży'!$35:$35,)-27,\"\")","v":""},{"$f":"IFERROR(MATCH(GK23,'Analiza sprzedaży'!$35:$35,)-27,\"\")","v":""},{"$f":"IFERROR(MATCH(GL23,'Analiza sprzedaży'!$35:$35,)-27,\"\")","v":""},{"$f":"IFERROR(MATCH(GM23,'Analiza sprzedaży'!$35:$35,)-27,\"\")","v":""},{"$f":"IFERROR(MATCH(GN23,'Analiza sprzedaży'!$35:$35,)-27,\"\")","v":""},{"$f":"IFERROR(MATCH(GO23,'Analiza sprzedaży'!$35:$35,)-27,\"\")","v":""},{"$f":"IFERROR(MATCH(GP23,'Analiza sprzedaży'!$35:$35,)-27,\"\")","v":""},{"$f":"IFERROR(MATCH(GQ23,'Analiza sprzedaży'!$35:$35,)-27,\"\")","v":""},{"$f":"IFERROR(MATCH(GR23,'Analiza sprzedaży'!$35:$35,)-27,\"\")","v":""},{"$f":"IFERROR(MATCH(GS23,'Analiza sprzedaży'!$35:$35,)-27,\"\")","v":""},{"$f":"IFERROR(MATCH(GT23,'Analiza sprzedaży'!$35:$35,)-27,\"\")","v":""},{"$f":"IFERROR(MATCH(GU23,'Analiza sprzedaży'!$35:$35,)-27,\"\")","v":""},{"$f":"IFERROR(MATCH(GV23,'Analiza sprzedaży'!$35:$35,)-27,\"\")","v":""},{"$f":"IFERROR(MATCH(GW23,'Analiza sprzedaży'!$35:$35,)-27,\"\")","v":""},{"$f":"IFERROR(MATCH(GX23,'Analiza sprzedaży'!$35:$35,)-27,\"\")","v":""},{"$f":"IFERROR(MATCH(GY23,'Analiza sprzedaży'!$35:$35,)-27,\"\")","v":""},{"$f":"IFERROR(MATCH(GZ23,'Analiza sprzedaży'!$35:$35,)-27,\"\")","v":""},{"$f":"IFERROR(MATCH(HA23,'Analiza sprzedaży'!$35:$35,)-27,\"\")","v":""},{"$f":"IFERROR(MATCH(HB23,'Analiza sprzedaży'!$35:$35,)-27,\"\")","v":""},{"$f":"IFERROR(MATCH(HC23,'Analiza sprzedaży'!$35:$35,)-27,\"\")","v":""},{"$f":"IFERROR(MATCH(HD23,'Analiza sprzedaży'!$35:$35,)-27,\"\")","v":""},{"$f":"IFERROR(MATCH(HE23,'Analiza sprzedaży'!$35:$35,)-27,\"\")","v":""},{"$f":"IFERROR(MATCH(HF23,'Analiza sprzedaży'!$35:$35,)-27,\"\")","v":""},{"$f":"IFERROR(MATCH(HG23,'Analiza sprzedaży'!$35:$35,)-27,\"\")","v":""},{"$f":"IFERROR(MATCH(HH23,'Analiza sprzedaży'!$35:$35,)-27,\"\")","v":""},{"$f":"IFERROR(MATCH(HI23,'Analiza sprzedaży'!$35:$35,)-27,\"\")","v":""},{"$f":"IFERROR(MATCH(HJ23,'Analiza sprzedaży'!$35:$35,)-27,\"\")","v":""},{"$f":"IFERROR(MATCH(HK23,'Analiza sprzedaży'!$35:$35,)-27,\"\")","v":""},{"$f":"IFERROR(MATCH(HL23,'Analiza sprzedaży'!$35:$35,)-27,\"\")","v":""},{"$f":"IFERROR(MATCH(HM23,'Analiza sprzedaży'!$35:$35,)-27,\"\")","v":""},{"$f":"IFERROR(MATCH(HN23,'Analiza sprzedaży'!$35:$35,)-27,\"\")","v":""},{"$f":"IFERROR(MATCH(HO23,'Analiza sprzedaży'!$35:$35,)-27,\"\")","v":""},{"$f":"IFERROR(MATCH(HP23,'Analiza sprzedaży'!$35:$35,)-27,\"\")","v":""},{"$f":"IFERROR(MATCH(HQ23,'Analiza sprzedaży'!$35:$35,)-27,\"\")","v":""},{"$f":"IFERROR(MATCH(HR23,'Analiza sprzedaży'!$35:$35,)-27,\"\")","v":""},{"$f":"IFERROR(MATCH(HS23,'Analiza sprzedaży'!$35:$35,)-27,\"\")","v":""},{"$f":"IFERROR(MATCH(HT23,'Analiza sprzedaży'!$35:$35,)-27,\"\")","v":""},{"$f":"IFERROR(MATCH(HU23,'Analiza sprzedaży'!$35:$35,)-27,\"\")","v":""},{"$f":"IFERROR(MATCH(HV23,'Analiza sprzedaży'!$35:$35,)-27,\"\")","v":""},{"$f":"IFERROR(MATCH(HW23,'Analiza sprzedaży'!$35:$35,)-27,\"\")","v":""},{"$f":"IFERROR(MATCH(HX23,'Analiza sprzedaży'!$35:$35,)-27,\"\")","v":""},{"$f":"IFERROR(MATCH(HY23,'Analiza sprzedaży'!$35:$35,)-27,\"\")","v":""},{"$f":"IFERROR(MATCH(HZ23,'Analiza sprzedaży'!$35:$35,)-27,\"\")","v":""},{"$f":"IFERROR(MATCH(IA23,'Analiza sprzedaży'!$35:$35,)-27,\"\")","v":""},{"$f":"IFERROR(MATCH(IB23,'Analiza sprzedaży'!$35:$35,)-27,\"\")","v":""},{"$f":"IFERROR(MATCH(IC23,'Analiza sprzedaży'!$35:$35,)-27,\"\")","v":""},{"$f":"IFERROR(MATCH(ID23,'Analiza sprzedaży'!$35:$35,)-27,\"\")","v":""},{"$f":"IFERROR(MATCH(IE23,'Analiza sprzedaży'!$35:$35,)-27,\"\")","v":""},{"$f":"IFERROR(MATCH(IF23,'Analiza sprzedaży'!$35:$35,)-27,\"\")","v":""},{"$f":"IFERROR(MATCH(IG23,'Analiza sprzedaży'!$35:$35,)-27,\"\")","v":""},{"$f":"IFERROR(MATCH(IH23,'Analiza sprzedaży'!$35:$35,)-27,\"\")","v":""},{"$f":"IFERROR(MATCH(II23,'Analiza sprzedaży'!$35:$35,)-27,\"\")","v":""},{"$f":"IFERROR(MATCH(IJ23,'Analiza sprzedaży'!$35:$35,)-27,\"\")","v":""},{"$f":"IFERROR(MATCH(IK23,'Analiza sprzedaży'!$35:$35,)-27,\"\")","v":""},{"$f":"IFERROR(MATCH(IL23,'Analiza sprzedaży'!$35:$35,)-27,\"\")","v":""},{"$f":"IFERROR(MATCH(IM23,'Analiza sprzedaży'!$35:$35,)-27,\"\")","v":""},{"$f":"IFERROR(MATCH(IN23,'Analiza sprzedaży'!$35:$35,)-27,\"\")","v":""},{"$f":"IFERROR(MATCH(IO23,'Analiza sprzedaży'!$35:$35,)-27,\"\")","v":""},{"$f":"IFERROR(MATCH(IP23,'Analiza sprzedaży'!$35:$35,)-27,\"\")","v":""},{"$f":"IFERROR(MATCH(IQ23,'Analiza sprzedaży'!$35:$35,)-27,\"\")","v":""},{"$f":"IFERROR(MATCH(IR23,'Analiza sprzedaży'!$35:$35,)-27,\"\")","v":""},{"$f":"IFERROR(MATCH(IS23,'Analiza sprzedaży'!$35:$35,)-27,\"\")","v":""},{"$f":"IFERROR(MATCH(IT23,'Analiza sprzedaży'!$35:$35,)-27,\"\")","v":""},{"$f":"IFERROR(MATCH(IU23,'Analiza sprzedaży'!$35:$35,)-27,\"\")","v":""},{"$f":"IFERROR(MATCH(IV23,'Analiza sprzedaży'!$35:$35,)-27,\"\")","v":""},{"$f":"IFERROR(MATCH(IW23,'Analiza sprzedaży'!$35:$35,)-27,\"\")","v":""},{"$f":"IFERROR(MATCH(IX23,'Analiza sprzedaży'!$35:$35,)-27,\"\")","v":""},{"$f":"IFERROR(MATCH(IY23,'Analiza sprzedaży'!$35:$35,)-27,\"\")","v":""},{"$f":"IFERROR(MATCH(IZ23,'Analiza sprzedaży'!$35:$35,)-27,\"\")","v":""},{"$f":"IFERROR(MATCH(JA23,'Analiza sprzedaży'!$35:$35,)-27,\"\")","v":""},{"$f":"IFERROR(MATCH(JB23,'Analiza sprzedaży'!$35:$35,)-27,\"\")","v":""},{"$f":"IFERROR(MATCH(JC23,'Analiza sprzedaży'!$35:$35,)-27,\"\")","v":""},{"$f":"IFERROR(MATCH(JD23,'Analiza sprzedaży'!$35:$35,)-27,\"\")","v":""},{"$f":"IFERROR(MATCH(JE23,'Analiza sprzedaży'!$35:$35,)-27,\"\")","v":""},{"$f":"IFERROR(MATCH(JF23,'Analiza sprzedaży'!$35:$35,)-27,\"\")","v":""},{"$f":"IFERROR(MATCH(JG23,'Analiza sprzedaży'!$35:$35,)-27,\"\")","v":""},{"$f":"IFERROR(MATCH(JH23,'Analiza sprzedaży'!$35:$35,)-27,\"\")","v":""},{"$f":"IFERROR(MATCH(JI23,'Analiza sprzedaży'!$35:$35,)-27,\"\")","v":""},{"$f":"IFERROR(MATCH(JJ23,'Analiza sprzedaży'!$35:$35,)-27,\"\")","v":""},{"$f":"IFERROR(MATCH(JK23,'Analiza sprzedaży'!$35:$35,)-27,\"\")","v":""},{"$f":"IFERROR(MATCH(JL23,'Analiza sprzedaży'!$35:$35,)-27,\"\")","v":""},{"$f":"IFERROR(MATCH(JM23,'Analiza sprzedaży'!$35:$35,)-27,\"\")","v":""},{"$f":"IFERROR(MATCH(JN23,'Analiza sprzedaży'!$35:$35,)-27,\"\")","v":""},{"$f":"IFERROR(MATCH(JO23,'Analiza sprzedaży'!$35:$35,)-27,\"\")","v":""},{"$f":"IFERROR(MATCH(JP23,'Analiza sprzedaży'!$35:$35,)-27,\"\")","v":""},{"$f":"IFERROR(MATCH(JQ23,'Analiza sprzedaży'!$35:$35,)-27,\"\")","v":""},{"$f":"IFERROR(MATCH(JR23,'Analiza sprzedaży'!$35:$35,)-27,\"\")","v":""},{"$f":"IFERROR(MATCH(JS23,'Analiza sprzedaży'!$35:$35,)-27,\"\")","v":""},{"$f":"IFERROR(MATCH(JT23,'Analiza sprzedaży'!$35:$35,)-27,\"\")","v":""},{"$f":"IFERROR(MATCH(JU23,'Analiza sprzedaży'!$35:$35,)-27,\"\")","v":""},{"$f":"IFERROR(MATCH(JV23,'Analiza sprzedaży'!$35:$35,)-27,\"\")","v":""},{"$f":"IFERROR(MATCH(JW23,'Analiza sprzedaży'!$35:$35,)-27,\"\")","v":""},{"$f":"IFERROR(MATCH(JX23,'Analiza sprzedaży'!$35:$35,)-27,\"\")","v":""},{"$f":"IFERROR(MATCH(JY23,'Analiza sprzedaży'!$35:$35,)-27,\"\")","v":""},{"$f":"IFERROR(MATCH(JZ23,'Analiza sprzedaży'!$35:$35,)-27,\"\")","v":""},{"$f":"IFERROR(MATCH(KA23,'Analiza sprzedaży'!$35:$35,)-27,\"\")","v":""},{"$f":"IFERROR(MATCH(KB23,'Analiza sprzedaży'!$35:$35,)-27,\"\")","v":""},{"$f":"IFERROR(MATCH(KC23,'Analiza sprzedaży'!$35:$35,)-27,\"\")","v":""},{"$f":"IFERROR(MATCH(KD23,'Analiza sprzedaży'!$35:$35,)-27,\"\")","v":""},{"$f":"IFERROR(MATCH(KE23,'Analiza sprzedaży'!$35:$35,)-27,\"\")","v":""},{"$f":"IFERROR(MATCH(KF23,'Analiza sprzedaży'!$35:$35,)-27,\"\")","v":""},{"$f":"IFERROR(MATCH(KG23,'Analiza sprzedaży'!$35:$35,)-27,\"\")","v":""},{"$f":"IFERROR(MATCH(KH23,'Analiza sprzedaży'!$35:$35,)-27,\"\")","v":""},{"$f":"IFERROR(MATCH(KI23,'Analiza sprzedaży'!$35:$35,)-27,\"\")","v":""},{"$f":"IFERROR(MATCH(KJ23,'Analiza sprzedaży'!$35:$35,)-27,\"\")","v":""},{"$f":"IFERROR(MATCH(KK23,'Analiza sprzedaży'!$35:$35,)-27,\"\")","v":""},{"$f":"IFERROR(MATCH(KL23,'Analiza sprzedaży'!$35:$35,)-27,\"\")","v":""},{"$f":"IFERROR(MATCH(KM23,'Analiza sprzedaży'!$35:$35,)-27,\"\")","v":""},{"$f":"IFERROR(MATCH(KN23,'Analiza sprzedaży'!$35:$35,)-27,\"\")","v":""},{"$f":"IFERROR(MATCH(KO23,'Analiza sprzedaży'!$35:$35,)-27,\"\")","v":""},{"$f":"IFERROR(MATCH(KP23,'Analiza sprzedaży'!$35:$35,)-27,\"\")","v":""},{"$f":"IFERROR(MATCH(KQ23,'Analiza sprzedaży'!$35:$35,)-27,\"\")","v":""},{"$f":"IFERROR(MATCH(KR23,'Analiza sprzedaży'!$35:$35,)-27,\"\")","v":""},{"$f":"IFERROR(MATCH(KS23,'Analiza sprzedaży'!$35:$35,)-27,\"\")","v":""},{"$f":"IFERROR(MATCH(KT23,'Analiza sprzedaży'!$35:$35,)-27,\"\")","v":""},{"$f":"IFERROR(MATCH(KU23,'Analiza sprzedaży'!$35:$35,)-27,\"\")","v":""},{"$f":"IFERROR(MATCH(KV23,'Analiza sprzedaży'!$35:$35,)-27,\"\")","v":""},{"$f":"IFERROR(MATCH(KW23,'Analiza sprzedaży'!$35:$35,)-27,\"\")","v":""},{"$f":"IFERROR(MATCH(KX23,'Analiza sprzedaży'!$35:$35,)-27,\"\")","v":""},{"$f":"IFERROR(MATCH(KY23,'Analiza sprzedaży'!$35:$35,)-27,\"\")","v":""},{"$f":"IFERROR(MATCH(KZ23,'Analiza sprzedaży'!$35:$35,)-27,\"\")","v":""},{"$f":"IFERROR(MATCH(LA23,'Analiza sprzedaży'!$35:$35,)-27,\"\")","v":""},{"$f":"IFERROR(MATCH(LB23,'Analiza sprzedaży'!$35:$35,)-27,\"\")","v":""},{"$f":"IFERROR(MATCH(LC23,'Analiza sprzedaży'!$35:$35,)-27,\"\")","v":""},{"$f":"IFERROR(MATCH(LD23,'Analiza sprzedaży'!$35:$35,)-27,\"\")","v":""},{"$f":"IFERROR(MATCH(LE23,'Analiza sprzedaży'!$35:$35,)-27,\"\")","v":""},{"$f":"IFERROR(MATCH(LF23,'Analiza sprzedaży'!$35:$35,)-27,\"\")","v":""},{"$f":"IFERROR(MATCH(LG23,'Analiza sprzedaży'!$35:$35,)-27,\"\")","v":""},{"$f":"IFERROR(MATCH(LH23,'Analiza sprzedaży'!$35:$35,)-27,\"\")","v":""},{"$f":"IFERROR(MATCH(LI23,'Analiza sprzedaży'!$35:$35,)-27,\"\")","v":""},{"$f":"IFERROR(MATCH(LJ23,'Analiza sprzedaży'!$35:$35,)-27,\"\")","v":""},{"$f":"IFERROR(MATCH(LK23,'Analiza sprzedaży'!$35:$35,)-27,\"\")","v":""},{"$f":"IFERROR(MATCH(LL23,'Analiza sprzedaży'!$35:$35,)-27,\"\")","v":""},{"$f":"IFERROR(MATCH(LM23,'Analiza sprzedaży'!$35:$35,)-27,\"\")","v":""},{"$f":"IFERROR(MATCH(LN23,'Analiza sprzedaży'!$35:$35,)-27,\"\")","v":""},{"$f":"IFERROR(MATCH(LO23,'Analiza sprzedaży'!$35:$35,)-27,\"\")","v":""},{"$f":"IFERROR(MATCH(LP23,'Analiza sprzedaży'!$35:$35,)-27,\"\")","v":""},{"$f":"IFERROR(MATCH(LQ23,'Analiza sprzedaży'!$35:$35,)-27,\"\")","v":""},{"$f":"IFERROR(MATCH(LR23,'Analiza sprzedaży'!$35:$35,)-27,\"\")","v":""},{"$f":"IFERROR(MATCH(LS23,'Analiza sprzedaży'!$35:$35,)-27,\"\")","v":""},{"$f":"IFERROR(MATCH(LT23,'Analiza sprzedaży'!$35:$35,)-27,\"\")","v":""},{"$f":"IFERROR(MATCH(LU23,'Analiza sprzedaży'!$35:$35,)-27,\"\")","v":""},{"$f":"IFERROR(MATCH(LV23,'Analiza sprzedaży'!$35:$35,)-27,\"\")","v":""},{"$f":"IFERROR(MATCH(LW23,'Analiza sprzedaży'!$35:$35,)-27,\"\")","v":""},{"$f":"IFERROR(MATCH(LX23,'Analiza sprzedaży'!$35:$35,)-27,\"\")","v":""},{"$f":"IFERROR(MATCH(LY23,'Analiza sprzedaży'!$35:$35,)-27,\"\")","v":""},{"$f":"IFERROR(MATCH(LZ23,'Analiza sprzedaży'!$35:$35,)-27,\"\")","v":""},{"$f":"IFERROR(MATCH(MA23,'Analiza sprzedaży'!$35:$35,)-27,\"\")","v":""},{"$f":"IFERROR(MATCH(MB23,'Analiza sprzedaży'!$35:$35,)-27,\"\")","v":""},{"$f":"IFERROR(MATCH(MC23,'Analiza sprzedaży'!$35:$35,)-27,\"\")","v":""},{"$f":"IFERROR(MATCH(MD23,'Analiza sprzedaży'!$35:$35,)-27,\"\")","v":""},{"$f":"IFERROR(MATCH(ME23,'Analiza sprzedaży'!$35:$35,)-27,\"\")","v":""},{"$f":"IFERROR(MATCH(MF23,'Analiza sprzedaży'!$35:$35,)-27,\"\")","v":""},{"$f":"IFERROR(MATCH(MG23,'Analiza sprzedaży'!$35:$35,)-27,\"\")","v":""},{"$f":"IFERROR(MATCH(MH23,'Analiza sprzedaży'!$35:$35,)-27,\"\")","v":""},{"$f":"IFERROR(MATCH(MI23,'Analiza sprzedaży'!$35:$35,)-27,\"\")","v":""},{"$f":"IFERROR(MATCH(MJ23,'Analiza sprzedaży'!$35:$35,)-27,\"\")","v":""},{"$f":"IFERROR(MATCH(MK23,'Analiza sprzedaży'!$35:$35,)-27,\"\")","v":""},{"$f":"IFERROR(MATCH(ML23,'Analiza sprzedaży'!$35:$35,)-27,\"\")","v":""},{"$f":"IFERROR(MATCH(MM23,'Analiza sprzedaży'!$35:$35,)-27,\"\")","v":""},{"$f":"IFERROR(MATCH(MN23,'Analiza sprzedaży'!$35:$35,)-27,\"\")","v":""},{"$f":"IFERROR(MATCH(MO23,'Analiza sprzedaży'!$35:$35,)-27,\"\")","v":""},{"$f":"IFERROR(MATCH(MP23,'Analiza sprzedaży'!$35:$35,)-27,\"\")","v":""},{"$f":"IFERROR(MATCH(MQ23,'Analiza sprzedaży'!$35:$35,)-27,\"\")","v":""},{"$f":"IFERROR(MATCH(MR23,'Analiza sprzedaży'!$35:$35,)-27,\"\")","v":""},{"$f":"IFERROR(MATCH(MS23,'Analiza sprzedaży'!$35:$35,)-27,\"\")","v":""},{"$f":"IFERROR(MATCH(MT23,'Analiza sprzedaży'!$35:$35,)-27,\"\")","v":""},{"$f":"IFERROR(MATCH(MU23,'Analiza sprzedaży'!$35:$35,)-27,\"\")","v":""},{"$f":"IFERROR(MATCH(MV23,'Analiza sprzedaży'!$35:$35,)-27,\"\")","v":""},{"$f":"IFERROR(MATCH(MW23,'Analiza sprzedaży'!$35:$35,)-27,\"\")","v":""},{"$f":"IFERROR(MATCH(MX23,'Analiza sprzedaży'!$35:$35,)-27,\"\")","v":""},{"$f":"IFERROR(MATCH(MY23,'Analiza sprzedaży'!$35:$35,)-27,\"\")","v":""},{"$f":"IFERROR(MATCH(MZ23,'Analiza sprzedaży'!$35:$35,)-27,\"\")","v":""},{"$f":"IFERROR(MATCH(NA23,'Analiza sprzedaży'!$35:$35,)-27,\"\")","v":""},{"$f":"IFERROR(MATCH(NB23,'Analiza sprzedaży'!$35:$35,)-27,\"\")","v":""},{"$f":"IFERROR(MATCH(NC23,'Analiza sprzedaży'!$35:$35,)-27,\"\")","v":""},{"$f":"IFERROR(MATCH(ND23,'Analiza sprzedaży'!$35:$35,)-27,\"\")","v":""},{"$f":"IFERROR(MATCH(NE23,'Analiza sprzedaży'!$35:$35,)-27,\"\")","v":""},{"$f":"IFERROR(MATCH(NF23,'Analiza sprzedaży'!$35:$35,)-27,\"\")","v":""},{"$f":"IFERROR(MATCH(NG23,'Analiza sprzedaży'!$35:$35,)-27,\"\")","v":""},{"$f":"IFERROR(MATCH(NH23,'Analiza sprzedaży'!$35:$35,)-27,\"\")","v":""},{"$f":"IFERROR(MATCH(NI23,'Analiza sprzedaży'!$35:$35,)-27,\"\")","v":""},{"$f":"IFERROR(MATCH(NJ23,'Analiza sprzedaży'!$35:$35,)-27,\"\")","v":""},{"$f":"IFERROR(MATCH(NK23,'Analiza sprzedaży'!$35:$35,)-27,\"\")","v":""},{"$f":"IFERROR(MATCH(NL23,'Analiza sprzedaży'!$35:$35,)-27,\"\")","v":""},{"$f":"IFERROR(MATCH(NM23,'Analiza sprzedaży'!$35:$35,)-27,\"\")","v":""},{"$f":"IFERROR(MATCH(NN23,'Analiza sprzedaży'!$35:$35,)-27,\"\")","v":""},{"$f":"IFERROR(MATCH(NO23,'Analiza sprzedaży'!$35:$35,)-27,\"\")","v":""},{"$f":"IFERROR(MATCH(NP23,'Analiza sprzedaży'!$35:$35,)-27,\"\")","v":""},{"$f":"IFERROR(MATCH(NQ23,'Analiza sprzedaży'!$35:$35,)-27,\"\")","v":""},{"$f":"IFERROR(MATCH(NR23,'Analiza sprzedaży'!$35:$35,)-27,\"\")","v":""},{"$f":"IFERROR(MATCH(NS23,'Analiza sprzedaży'!$35:$35,)-27,\"\")","v":""},{"$f":"IFERROR(MATCH(NT23,'Analiza sprzedaży'!$35:$35,)-27,\"\")","v":""},{"$f":"IFERROR(MATCH(NU23,'Analiza sprzedaży'!$35:$35,)-27,\"\")","v":""},{"$f":"IFERROR(MATCH(NV23,'Analiza sprzedaży'!$35:$35,)-27,\"\")","v":""},{"$f":"IFERROR(MATCH(NW23,'Analiza sprzedaży'!$35:$35,)-27,\"\")","v":""},{"$f":"IFERROR(MATCH(NX23,'Analiza sprzedaży'!$35:$35,)-27,\"\")","v":""},{"$f":"IFERROR(MATCH(NY23,'Analiza sprzedaży'!$35:$35,)-27,\"\")","v":""},{"$f":"IFERROR(MATCH(NZ23,'Analiza sprzedaży'!$35:$35,)-27,\"\")","v":""},{"$f":"IFERROR(MATCH(OA23,'Analiza sprzedaży'!$35:$35,)-27,\"\")","v":""},{"$f":"IFERROR(MATCH(OB23,'Analiza sprzedaży'!$35:$35,)-27,\"\")","v":""},{"$f":"IFERROR(MATCH(OC23,'Analiza sprzedaży'!$35:$35,)-27,\"\")","v":""},{"$f":"IFERROR(MATCH(OD23,'Analiza sprzedaży'!$35:$35,)-27,\"\")","v":""},{"$f":"IFERROR(MATCH(OE23,'Analiza sprzedaży'!$35:$35,)-27,\"\")","v":""},{"$f":"IFERROR(MATCH(OF23,'Analiza sprzedaży'!$35:$35,)-27,\"\")","v":""},{"$f":"IFERROR(MATCH(OG23,'Analiza sprzedaży'!$35:$35,)-27,\"\")","v":""},{"$f":"IFERROR(MATCH(OH23,'Analiza sprzedaży'!$35:$35,)-27,\"\")","v":""},{"$f":"IFERROR(MATCH(OI23,'Analiza sprzedaży'!$35:$35,)-27,\"\")","v":""},{"$f":"IFERROR(MATCH(OJ23,'Analiza sprzedaży'!$35:$35,)-27,\"\")","v":""},{"$f":"IFERROR(MATCH(OK23,'Analiza sprzedaży'!$35:$35,)-27,\"\")","v":""},{"$f":"IFERROR(MATCH(OL23,'Analiza sprzedaży'!$35:$35,)-27,\"\")","v":""},{"$f":"IFERROR(MATCH(OM23,'Analiza sprzedaży'!$35:$35,)-27,\"\")","v":""},{"$f":"IFERROR(MATCH(ON23,'Analiza sprzedaży'!$35:$35,)-27,\"\")","v":""},{"$f":"IFERROR(MATCH(OO23,'Analiza sprzedaży'!$35:$35,)-27,\"\")","v":""},{"$f":"IFERROR(MATCH(OP23,'Analiza sprzedaży'!$35:$35,)-27,\"\")","v":""},{"$f":"IFERROR(MATCH(OQ23,'Analiza sprzedaży'!$35:$35,)-27,\"\")","v":""},{"$f":"IFERROR(MATCH(OR23,'Analiza sprzedaży'!$35:$35,)-27,\"\")","v":""},{"$f":"IFERROR(MATCH(OS23,'Analiza sprzedaży'!$35:$35,)-27,\"\")","v":""},{"$f":"IFERROR(MATCH(OT23,'Analiza sprzedaży'!$35:$35,)-27,\"\")","v":""},{"$f":"IFERROR(MATCH(OU23,'Analiza sprzedaży'!$35:$35,)-27,\"\")","v":""},{"$f":"IFERROR(MATCH(OV23,'Analiza sprzedaży'!$35:$35,)-27,\"\")","v":""},{"$f":"IFERROR(MATCH(OW23,'Analiza sprzedaży'!$35:$35,)-27,\"\")","v":""},{"$f":"IFERROR(MATCH(OX23,'Analiza sprzedaży'!$35:$35,)-27,\"\")","v":""},{"$f":"IFERROR(MATCH(OY23,'Analiza sprzedaży'!$35:$35,)-27,\"\")","v":""},{"$f":"IFERROR(MATCH(OZ23,'Analiza sprzedaży'!$35:$35,)-27,\"\")","v":""},{"$f":"IFERROR(MATCH(PA23,'Analiza sprzedaży'!$35:$35,)-27,\"\")","v":""},{"$f":"IFERROR(MATCH(PB23,'Analiza sprzedaży'!$35:$35,)-27,\"\")","v":""},{"$f":"IFERROR(MATCH(PC23,'Analiza sprzedaży'!$35:$35,)-27,\"\")","v":""},{"$f":"IFERROR(MATCH(PD23,'Analiza sprzedaży'!$35:$35,)-27,\"\")","v":""},{"$f":"IFERROR(MATCH(PE23,'Analiza sprzedaży'!$35:$35,)-27,\"\")","v":""},{"$f":"IFERROR(MATCH(PF23,'Analiza sprzedaży'!$35:$35,)-27,\"\")","v":""},{"$f":"IFERROR(MATCH(PG23,'Analiza sprzedaży'!$35:$35,)-27,\"\")","v":""},{"$f":"IFERROR(MATCH(PH23,'Analiza sprzedaży'!$35:$35,)-27,\"\")","v":""},{"$f":"IFERROR(MATCH(PI23,'Analiza sprzedaży'!$35:$35,)-27,\"\")","v":""},{"$f":"IFERROR(MATCH(PJ23,'Analiza sprzedaży'!$35:$35,)-27,\"\")","v":""},{"$f":"IFERROR(MATCH(PK23,'Analiza sprzedaży'!$35:$35,)-27,\"\")","v":""},{"$f":"IFERROR(MATCH(PL23,'Analiza sprzedaży'!$35:$35,)-27,\"\")","v":""},{"$f":"IFERROR(MATCH(PM23,'Analiza sprzedaży'!$35:$35,)-27,\"\")","v":""},{"$f":"IFERROR(MATCH(PN23,'Analiza sprzedaży'!$35:$35,)-27,\"\")","v":""},{"$f":"IFERROR(MATCH(PO23,'Analiza sprzedaży'!$35:$35,)-27,\"\")","v":""},{"$f":"IFERROR(MATCH(PP23,'Analiza sprzedaży'!$35:$35,)-27,\"\")","v":""},{"$f":"IFERROR(MATCH(PQ23,'Analiza sprzedaży'!$35:$35,)-27,\"\")","v":""},{"$f":"IFERROR(MATCH(PR23,'Analiza sprzedaży'!$35:$35,)-27,\"\")","v":""},{"$f":"IFERROR(MATCH(PS23,'Analiza sprzedaży'!$35:$35,)-27,\"\")","v":""},{"$f":"IFERROR(MATCH(PT23,'Analiza sprzedaży'!$35:$35,)-27,\"\")","v":""},{"$f":"IFERROR(MATCH(PU23,'Analiza sprzedaży'!$35:$35,)-27,\"\")","v":""},{"$f":"IFERROR(MATCH(PV23,'Analiza sprzedaży'!$35:$35,)-27,\"\")","v":""},{"$f":"IFERROR(MATCH(PW23,'Analiza sprzedaży'!$35:$35,)-27,\"\")","v":""},{"$f":"IFERROR(MATCH(PX23,'Analiza sprzedaży'!$35:$35,)-27,\"\")","v":""},{"$f":"IFERROR(MATCH(PY23,'Analiza sprzedaży'!$35:$35,)-27,\"\")","v":""},{"$f":"IFERROR(MATCH(PZ23,'Analiza sprzedaży'!$35:$35,)-27,\"\")","v":""},{"$f":"IFERROR(MATCH(QA23,'Analiza sprzedaży'!$35:$35,)-27,\"\")","v":""},{"$f":"IFERROR(MATCH(QB23,'Analiza sprzedaży'!$35:$35,)-27,\"\")","v":""},{"$f":"IFERROR(MATCH(QC23,'Analiza sprzedaży'!$35:$35,)-27,\"\")","v":""},{"$f":"IFERROR(MATCH(QD23,'Analiza sprzedaży'!$35:$35,)-27,\"\")","v":""},{"$f":"IFERROR(MATCH(QE23,'Analiza sprzedaży'!$35:$35,)-27,\"\")","v":""},{"$f":"IFERROR(MATCH(QF23,'Analiza sprzedaży'!$35:$35,)-27,\"\")","v":""},{"$f":"IFERROR(MATCH(QG23,'Analiza sprzedaży'!$35:$35,)-27,\"\")","v":""},{"$f":"IFERROR(MATCH(QH23,'Analiza sprzedaży'!$35:$35,)-27,\"\")","v":""},{"$f":"IFERROR(MATCH(QI23,'Analiza sprzedaży'!$35:$35,)-27,\"\")","v":""},{"$f":"IFERROR(MATCH(QJ23,'Analiza sprzedaży'!$35:$35,)-27,\"\")","v":""},{"$f":"IFERROR(MATCH(QK23,'Analiza sprzedaży'!$35:$35,)-27,\"\")","v":""},{"$f":"IFERROR(MATCH(QL23,'Analiza sprzedaży'!$35:$35,)-27,\"\")","v":""},{"$f":"IFERROR(MATCH(QM23,'Analiza sprzedaży'!$35:$35,)-27,\"\")","v":""},{"$f":"IFERROR(MATCH(QN23,'Analiza sprzedaży'!$35:$35,)-27,\"\")","v":""},{"$f":"IFERROR(MATCH(QO23,'Analiza sprzedaży'!$35:$35,)-27,\"\")","v":""},{"$f":"IFERROR(MATCH(QP23,'Analiza sprzedaży'!$35:$35,)-27,\"\")","v":""},{"$f":"IFERROR(MATCH(QQ23,'Analiza sprzedaży'!$35:$35,)-27,\"\")","v":""},{"$f":"IFERROR(MATCH(QR23,'Analiza sprzedaży'!$35:$35,)-27,\"\")","v":""},{"$f":"IFERROR(MATCH(QS23,'Analiza sprzedaży'!$35:$35,)-27,\"\")","v":""},{"$f":"IFERROR(MATCH(QT23,'Analiza sprzedaży'!$35:$35,)-27,\"\")","v":""},{"$f":"IFERROR(MATCH(QU23,'Analiza sprzedaży'!$35:$35,)-27,\"\")","v":""},{"$f":"IFERROR(MATCH(QV23,'Analiza sprzedaży'!$35:$35,)-27,\"\")","v":""},{"$f":"IFERROR(MATCH(QW23,'Analiza sprzedaży'!$35:$35,)-27,\"\")","v":""},{"$f":"IFERROR(MATCH(QX23,'Analiza sprzedaży'!$35:$35,)-27,\"\")","v":""},{"$f":"IFERROR(MATCH(QY23,'Analiza sprzedaży'!$35:$35,)-27,\"\")","v":""},{"$f":"IFERROR(MATCH(QZ23,'Analiza sprzedaży'!$35:$35,)-27,\"\")","v":""},{"$f":"IFERROR(MATCH(RA23,'Analiza sprzedaży'!$35:$35,)-27,\"\")","v":""},{"$f":"IFERROR(MATCH(RB23,'Analiza sprzedaży'!$35:$35,)-27,\"\")","v":""},{"$f":"IFERROR(MATCH(RC23,'Analiza sprzedaży'!$35:$35,)-27,\"\")","v":""},{"$f":"IFERROR(MATCH(RD23,'Analiza sprzedaży'!$35:$35,)-27,\"\")","v":""},{"$f":"IFERROR(MATCH(RE23,'Analiza sprzedaży'!$35:$35,)-27,\"\")","v":""},{"$f":"IFERROR(MATCH(RF23,'Analiza sprzedaży'!$35:$35,)-27,\"\")","v":""},{"$f":"IFERROR(MATCH(RG23,'Analiza sprzedaży'!$35:$35,)-27,\"\")","v":""},{"$f":"IFERROR(MATCH(RH23,'Analiza sprzedaży'!$35:$35,)-27,\"\")","v":""},{"$f":"IFERROR(MATCH(RI23,'Analiza sprzedaży'!$35:$35,)-27,\"\")","v":""},{"$f":"IFERROR(MATCH(RJ23,'Analiza sprzedaży'!$35:$35,)-27,\"\")","v":""},{"$f":"IFERROR(MATCH(RK23,'Analiza sprzedaży'!$35:$35,)-27,\"\")","v":""},{"$f":"IFERROR(MATCH(RL23,'Analiza sprzedaży'!$35:$35,)-27,\"\")","v":""},{"$f":"IFERROR(MATCH(RM23,'Analiza sprzedaży'!$35:$35,)-27,\"\")","v":""},{"$f":"IFERROR(MATCH(RN23,'Analiza sprzedaży'!$35:$35,)-27,\"\")","v":""},{"$f":"IFERROR(MATCH(RO23,'Analiza sprzedaży'!$35:$35,)-27,\"\")","v":""},{"$f":"IFERROR(MATCH(RP23,'Analiza sprzedaży'!$35:$35,)-27,\"\")","v":""},{"$f":"IFERROR(MATCH(RQ23,'Analiza sprzedaży'!$35:$35,)-27,\"\")","v":""},{"$f":"IFERROR(MATCH(RR23,'Analiza sprzedaży'!$35:$35,)-27,\"\")","v":""},{"$f":"IFERROR(MATCH(RS23,'Analiza sprzedaży'!$35:$35,)-27,\"\")","v":""},{"$f":"IFERROR(MATCH(RT23,'Analiza sprzedaży'!$35:$35,)-27,\"\")","v":""},{"$f":"IFERROR(MATCH(RU23,'Analiza sprzedaży'!$35:$35,)-27,\"\")","v":""},{"$f":"IFERROR(MATCH(RV23,'Analiza sprzedaży'!$35:$35,)-27,\"\")","v":""},{"$f":"IFERROR(MATCH(RW23,'Analiza sprzedaży'!$35:$35,)-27,\"\")","v":""},{"$f":"IFERROR(MATCH(RX23,'Analiza sprzedaży'!$35:$35,)-27,\"\")","v":""},{"$f":"IFERROR(MATCH(RY23,'Analiza sprzedaży'!$35:$35,)-27,\"\")","v":""},{"$f":"IFERROR(MATCH(RZ23,'Analiza sprzedaży'!$35:$35,)-27,\"\")","v":""},{"$f":"IFERROR(MATCH(SA23,'Analiza sprzedaży'!$35:$35,)-27,\"\")","v":""},{"$f":"IFERROR(MATCH(SB23,'Analiza sprzedaży'!$35:$35,)-27,\"\")","v":""},{"$f":"IFERROR(MATCH(SC23,'Analiza sprzedaży'!$35:$35,)-27,\"\")","v":""},{"$f":"IFERROR(MATCH(SD23,'Analiza sprzedaży'!$35:$35,)-27,\"\")","v":""},{"$f":"IFERROR(MATCH(SE23,'Analiza sprzedaży'!$35:$35,)-27,\"\")","v":""},{"$f":"IFERROR(MATCH(SF23,'Analiza sprzedaży'!$35:$35,)-27,\"\")","v":""},{"$f":"IFERROR(MATCH(SG23,'Analiza sprzedaży'!$35:$35,)-27,\"\")","v":""},{"$f":"IFERROR(MATCH(SH23,'Analiza sprzedaży'!$35:$35,)-27,\"\")","v":""},{"$f":"IFERROR(MATCH(SI23,'Analiza sprzedaży'!$35:$35,)-27,\"\")","v":""},{"$f":"IFERROR(MATCH(SJ23,'Analiza sprzedaży'!$35:$35,)-27,\"\")","v":""},{"$f":"IFERROR(MATCH(SK23,'Analiza sprzedaży'!$35:$35,)-27,\"\")","v":""},{"$f":"IFERROR(MATCH(SL23,'Analiza sprzedaży'!$35:$35,)-27,\"\")","v":""},{"$f":"IFERROR(MATCH(SM23,'Analiza sprzedaży'!$35:$35,)-27,\"\")","v":""},{"$f":"IFERROR(MATCH(SN23,'Analiza sprzedaży'!$35:$35,)-27,\"\")","v":""},{"$f":"IFERROR(MATCH(SO23,'Analiza sprzedaży'!$35:$35,)-27,\"\")","v":""},{"$f":"IFERROR(MATCH(SP23,'Analiza sprzedaży'!$35:$35,)-27,\"\")","v":""},{"$f":"IFERROR(MATCH(SQ23,'Analiza sprzedaży'!$35:$35,)-27,\"\")","v":""},{"$f":"IFERROR(MATCH(SR23,'Analiza sprzedaży'!$35:$35,)-27,\"\")","v":""},{"$f":"IFERROR(MATCH(SS23,'Analiza sprzedaży'!$35:$35,)-27,\"\")","v":""},{"$f":"IFERROR(MATCH(ST23,'Analiza sprzedaży'!$35:$35,)-27,\"\")","v":""},{"$f":"IFERROR(MATCH(SU23,'Analiza sprzedaży'!$35:$35,)-27,\"\")","v":""},{"$f":"IFERROR(MATCH(SV23,'Analiza sprzedaży'!$35:$35,)-27,\"\")","v":""},{"$f":"IFERROR(MATCH(SW23,'Analiza sprzedaży'!$35:$35,)-27,\"\")","v":""},{"$f":"IFERROR(MATCH(SX23,'Analiza sprzedaży'!$35:$35,)-27,\"\")","v":""},{"$f":"IFERROR(MATCH(SY23,'Analiza sprzedaży'!$35:$35,)-27,\"\")","v":""},{"$f":"IFERROR(MATCH(SZ23,'Analiza sprzedaży'!$35:$35,)-27,\"\")","v":""},{"$f":"IFERROR(MATCH(TA23,'Analiza sprzedaży'!$35:$35,)-27,\"\")","v":""},{"$f":"IFERROR(MATCH(TB23,'Analiza sprzedaży'!$35:$35,)-27,\"\")","v":""},{"$f":"IFERROR(MATCH(TC23,'Analiza sprzedaży'!$35:$35,)-27,\"\")","v":""},{"$f":"IFERROR(MATCH(TD23,'Analiza sprzedaży'!$35:$35,)-27,\"\")","v":""},{"$f":"IFERROR(MATCH(TE23,'Analiza sprzedaży'!$35:$35,)-27,\"\")","v":""},{"$f":"IFERROR(MATCH(TF23,'Analiza sprzedaży'!$35:$35,)-27,\"\")","v":""},{"$f":"IFERROR(MATCH(TG23,'Analiza sprzedaży'!$35:$35,)-27,\"\")","v":""},{"$f":"IFERROR(MATCH(TH23,'Analiza sprzedaży'!$35:$35,)-27,\"\")","v":""},{"$f":"IFERROR(MATCH(TI23,'Analiza sprzedaży'!$35:$35,)-27,\"\")","v":""},{"$f":"IFERROR(MATCH(TJ23,'Analiza sprzedaży'!$35:$35,)-27,\"\")","v":""},{"$f":"IFERROR(MATCH(TK23,'Analiza sprzedaży'!$35:$35,)-27,\"\")","v":""},{"$f":"IFERROR(MATCH(TL23,'Analiza sprzedaży'!$35:$35,)-27,\"\")","v":""},{"$f":"IFERROR(MATCH(TM23,'Analiza sprzedaży'!$35:$35,)-27,\"\")","v":""},{"$f":"IFERROR(MATCH(TN23,'Analiza sprzedaży'!$35:$35,)-27,\"\")","v":""},{"$f":"IFERROR(MATCH(TO23,'Analiza sprzedaży'!$35:$35,)-27,\"\")","v":""},{"$f":"IFERROR(MATCH(TP23,'Analiza sprzedaży'!$35:$35,)-27,\"\")","v":""},{"$f":"IFERROR(MATCH(TQ23,'Analiza sprzedaży'!$35:$35,)-27,\"\")","v":""},{"$f":"IFERROR(MATCH(TR23,'Analiza sprzedaży'!$35:$35,)-27,\"\")","v":""},{"$f":"IFERROR(MATCH(TS23,'Analiza sprzedaży'!$35:$35,)-27,\"\")","v":""},{"$f":"IFERROR(MATCH(TT23,'Analiza sprzedaży'!$35:$35,)-27,\"\")","v":""},{"$f":"IFERROR(MATCH(TU23,'Analiza sprzedaży'!$35:$35,)-27,\"\")","v":""},{"$f":"IFERROR(MATCH(TV23,'Analiza sprzedaży'!$35:$35,)-27,\"\")","v":""},{"$f":"IFERROR(MATCH(TW23,'Analiza sprzedaży'!$35:$35,)-27,\"\")","v":""},{"$f":"IFERROR(MATCH(TX23,'Analiza sprzedaży'!$35:$35,)-27,\"\")","v":""},{"$f":"IFERROR(MATCH(TY23,'Analiza sprzedaży'!$35:$35,)-27,\"\")","v":""},{"$f":"IFERROR(MATCH(TZ23,'Analiza sprzedaży'!$35:$35,)-27,\"\")","v":""},{"$f":"IFERROR(MATCH(UA23,'Analiza sprzedaży'!$35:$35,)-27,\"\")","v":""},{"$f":"IFERROR(MATCH(UB23,'Analiza sprzedaży'!$35:$35,)-27,\"\")","v":""},{"$f":"IFERROR(MATCH(UC23,'Analiza sprzedaży'!$35:$35,)-27,\"\")","v":""},{"$f":"IFERROR(MATCH(UD23,'Analiza sprzedaży'!$35:$35,)-27,\"\")","v":""},{"$f":"IFERROR(MATCH(UE23,'Analiza sprzedaży'!$35:$35,)-27,\"\")","v":""},{"$f":"IFERROR(MATCH(UF23,'Analiza sprzedaży'!$35:$35,)-27,\"\")","v":""},{"$f":"IFERROR(MATCH(UG23,'Analiza sprzedaży'!$35:$35,)-27,\"\")","v":""},{"$f":"IFERROR(MATCH(UH23,'Analiza sprzedaży'!$35:$35,)-27,\"\")","v":""},{"$f":"IFERROR(MATCH(UI23,'Analiza sprzedaży'!$35:$35,)-27,\"\")","v":""},{"$f":"IFERROR(MATCH(UJ23,'Analiza sprzedaży'!$35:$35,)-27,\"\")","v":""},{"$f":"IFERROR(MATCH(UK23,'Analiza sprzedaży'!$35:$35,)-27,\"\")","v":""},{"$f":"IFERROR(MATCH(UL23,'Analiza sprzedaży'!$35:$35,)-27,\"\")","v":""},{"$f":"IFERROR(MATCH(UM23,'Analiza sprzedaży'!$35:$35,)-27,\"\")","v":""},{"$f":"IFERROR(MATCH(UN23,'Analiza sprzedaży'!$35:$35,)-27,\"\")","v":""},{"$f":"IFERROR(MATCH(UO23,'Analiza sprzedaży'!$35:$35,)-27,\"\")","v":""},{"$f":"IFERROR(MATCH(UP23,'Analiza sprzedaży'!$35:$35,)-27,\"\")","v":""},{"$f":"IFERROR(MATCH(UQ23,'Analiza sprzedaży'!$35:$35,)-27,\"\")","v":""},{"$f":"IFERROR(MATCH(UR23,'Analiza sprzedaży'!$35:$35,)-27,\"\")","v":""},{"$f":"IFERROR(MATCH(US23,'Analiza sprzedaży'!$35:$35,)-27,\"\")","v":""},{"$f":"IFERROR(MATCH(UT23,'Analiza sprzedaży'!$35:$35,)-27,\"\")","v":""}]
[null,"Przychody ze sprzedaży według klientów","2014-01-31",{"$f":"EOMONTH(C23,1)","v":"2014-02-28"},{"$f":"EOMONTH(D23,1)","v":"2014-03-31"},"2014-04-30","2014-05-31","2014-06-30","2014-07-31","2014-08-31","2014-09-30","2014-10-31","2014-11-30","2014-12-31","2015-01-31","2015-02-28","2015-03-31","2015-04-30","2015-05-31","2015-06-30","2015-07-31","2015-08-31","2015-09-30","2015-10-31","2015-11-30","2015-12-31","2016-01-31","2016-02-29","2016-03-31","2016-04-30","2016-05-31","2016-06-30","2016-07-31","2016-08-31","2016-09-30","2016-10-31","2016-11-30","2016-12-31","2017-01-31","2017-02-28","2017-03-31","2017-04-30","2017-05-31","2017-06-30","2017-07-31","2017-08-31","2017-09-30","2017-10-31","2017-11-30","2017-12-31","2018-01-31","2018-02-28","2018-03-31","2018-04-30","2018-05-31","2018-06-30","2018-07-31","2018-08-31","2018-09-30","2018-10-31","2018-11-30","2018-12-31","2019-01-31","2019-02-28","2019-03-31","2019-04-30","2019-05-31","2019-06-30",{"$f":"EOMONTH(BP23,1)","v":"2019-07-31"},"2019-08-31","2019-09-30","2019-10-31","2019-11-30","2019-12-31","2020-01-31","2020-02-29","2020-03-31","2020-04-30","2020-05-31","2020-06-30","2020-07-31","2020-08-31","2020-09-30","2020-10-31","2020-11-30","2020-12-31","2021-01-31","2021-02-28","2021-03-31","2021-04-30","2021-05-31","2021-06-30","2021-07-31","2021-08-31","2021-09-30","2021-10-31","2021-11-30","2021-12-31","2022-01-31","2022-02-28","2022-03-31","2022-04-30","2022-05-31","2022-06-30","2022-07-31","2022-08-31","2022-09-30","2022-10-31","2022-11-30","2022-12-31","2023-01-31","2023-02-28","2023-03-31","2023-04-30","2023-05-31","2023-06-30","2023-07-31","2023-08-31","2023-09-30","2023-10-31","2023-11-30","2023-12-31","2024-01-31","2024-02-29","2024-03-31","2024-04-30","2024-05-31","2024-06-30","2024-07-31","2024-08-31","2024-09-30","2024-10-31",{"$f":"EOMONTH(EB23,1)","v":"2024-11-30"},"2024-12-31","2025-01-31","2025-02-28","2025-03-31","2025-04-30","2025-05-31","2025-06-30","2025-07-31","2025-08-31","2025-09-30","2025-10-31","2025-11-30","2025-12-31","2026-01-31","2026-02-28","2026-03-31","2026-04-30","2026-05-31","2026-06-30","2026-07-31","2026-08-31","2026-09-30","2026-10-31","2026-11-30","2026-12-31","2027-01-31","2027-02-28","2027-03-31","2027-04-30","2027-05-31","2027-06-30","2027-07-31","2027-08-31","2027-09-30","2027-10-31","2027-11-30","2027-12-31","2028-01-31","2028-02-29","2028-03-31","2028-04-30","2028-05-31","2028-06-30","2028-07-31","2028-08-31","2028-09-30","2028-10-31","2028-11-30","2028-12-31","2029-01-31","2029-02-28","2029-03-31","2029-04-30","2029-05-31","2029-06-30","2029-07-31","2029-08-31","2029-09-30","2029-10-31","2029-11-30","2029-12-31","2030-01-31","2030-02-28",{"$f":"EOMONTH(GN23,1)","v":"2030-03-31"},"2030-04-30","2030-05-31","2030-06-30","2030-07-31","2030-08-31","2030-09-30","2030-10-31","2030-11-30","2030-12-31","2031-01-31","2031-02-28","2031-03-31","2031-04-30","2031-05-31","2031-06-30","2031-07-31","2031-08-31","2031-09-30","2031-10-31","2031-11-30","2031-12-31","2032-01-31","2032-02-29","2032-03-31","2032-04-30","2032-05-31","2032-06-30","2032-07-31","2032-08-31","2032-09-30","2032-10-31","2032-11-30","2032-12-31","2033-01-31","2033-02-28","2033-03-31","2033-04-30","2033-05-31","2033-06-30","2033-07-31","2033-08-31","2033-09-30","2033-10-31","2033-11-30","2033-12-31","2034-01-31","2034-02-28","2034-03-31","2034-04-30","2034-05-31","2034-06-30","2034-07-31","2034-08-31","2034-09-30","2034-10-31","2034-11-30","2034-12-31","2035-01-31","2035-02-28","2035-03-31","2035-04-30","2035-05-31","2035-06-30",{"$f":"EOMONTH(IZ23,1)","v":"2035-07-31"},"2035-08-31","2035-09-30","2035-10-31","2035-11-30","2035-12-31","2036-01-31","2036-02-29","2036-03-31","2036-04-30","2036-05-31","2036-06-30","2036-07-31","2036-08-31","2036-09-30","2036-10-31","2036-11-30","2036-12-31","2037-01-31","2037-02-28","2037-03-31","2037-04-30","2037-05-31","2037-06-30","2037-07-31","2037-08-31","2037-09-30","2037-10-31","2037-11-30","2037-12-31","2038-01-31","2038-02-28","2038-03-31","2038-04-30","2038-05-31","2038-06-30","2038-07-31","2038-08-31","2038-09-30","2038-10-31","2038-11-30","2038-12-31","2039-01-31","2039-02-28","2039-03-31","2039-04-30","2039-05-31","2039-06-30","2039-07-31","2039-08-31","2039-09-30","2039-10-31","2039-11-30","2039-12-31","2040-01-31","2040-02-29","2040-03-31","2040-04-30","2040-05-31","2040-06-30","2040-07-31","2040-08-31","2040-09-30","2040-10-31",{"$f":"EOMONTH(LL23,1)","v":"2040-11-30"},"2040-12-31","2041-01-31","2041-02-28","2041-03-31","2041-04-30","2041-05-31","2041-06-30","2041-07-31","2041-08-31","2041-09-30","2041-10-31","2041-11-30","2041-12-31","2042-01-31","2042-02-28","2042-03-31","2042-04-30","2042-05-31","2042-06-30","2042-07-31","2042-08-31","2042-09-30","2042-10-31","2042-11-30","2042-12-31","2043-01-31","2043-02-28","2043-03-31","2043-04-30","2043-05-31","2043-06-30","2043-07-31","2043-08-31","2043-09-30","2043-10-31","2043-11-30","2043-12-31","2044-01-31","2044-02-29","2044-03-31","2044-04-30","2044-05-31","2044-06-30","2044-07-31","2044-08-31","2044-09-30","2044-10-31","2044-11-30","2044-12-31","2045-01-31","2045-02-28","2045-03-31","2045-04-30","2045-05-31","2045-06-30","2045-07-31","2045-08-31","2045-09-30","2045-10-31","2045-11-30","2045-12-31","2046-01-31","2046-02-28",{"$f":"EOMONTH(NX23,1)","v":"2046-03-31"},"2046-04-30","2046-05-31","2046-06-30","2046-07-31","2046-08-31","2046-09-30","2046-10-31","2046-11-30","2046-12-31","2047-01-31","2047-02-28","2047-03-31","2047-04-30","2047-05-31","2047-06-30","2047-07-31","2047-08-31","2047-09-30","2047-10-31","2047-11-30","2047-12-31","2048-01-31","2048-02-29","2048-03-31","2048-04-30","2048-05-31","2048-06-30","2048-07-31","2048-08-31","2048-09-30","2048-10-31","2048-11-30","2048-12-31","2049-01-31","2049-02-28","2049-03-31","2049-04-30","2049-05-31","2049-06-30","2049-07-31","2049-08-31","2049-09-30","2049-10-31","2049-11-30","2049-12-31","2050-01-31","2050-02-28","2050-03-31","2050-04-30","2050-05-31","2050-06-30","2050-07-31","2050-08-31","2050-09-30","2050-10-31","2050-11-30","2050-12-31","2051-01-31","2051-02-28","2051-03-31","2051-04-30","2051-05-31","2051-06-30",{"$f":"EOMONTH(QJ23,1)","v":"2051-07-31"},"2051-08-31","2051-09-30","2051-10-31","2051-11-30","2051-12-31","2052-01-31","2052-02-29","2052-03-31","2052-04-30","2052-05-31","2052-06-30","2052-07-31","2052-08-31","2052-09-30","2052-10-31","2052-11-30","2052-12-31","2053-01-31","2053-02-28","2053-03-31","2053-04-30","2053-05-31","2053-06-30","2053-07-31","2053-08-31","2053-09-30","2053-10-31","2053-11-30","2053-12-31","2054-01-31","2054-02-28","2054-03-31","2054-04-30","2054-05-31","2054-06-30","2054-07-31","2054-08-31","2054-09-30","2054-10-31","2054-11-30","2054-12-31","2055-01-31","2055-02-28","2055-03-31","2055-04-30","2055-05-31","2055-06-30","2055-07-31","2055-08-31","2055-09-30","2055-10-31","2055-11-30","2055-12-31","2056-01-31","2056-02-29","2056-03-31","2056-04-30","2056-05-31","2056-06-30","2056-07-31","2056-08-31","2056-09-30","2056-10-31",{"$f":"EOMONTH(SV23,1)","v":"2056-11-30"},"2056-12-31","2057-01-31","2057-02-28","2057-03-31","2057-04-30","2057-05-31","2057-06-30","2057-07-31","2057-08-31","2057-09-30","2057-10-31","2057-11-30","2057-12-31","2058-01-31","2058-02-28","2058-03-31","2058-04-30","2058-05-31","2058-06-30","2058-07-31","2058-08-31","2058-09-30","2058-10-31","2058-11-30","2058-12-31","2059-01-31","2059-02-28","2059-03-31","2059-04-30","2059-05-31","2059-06-30","2059-07-31","2059-08-31","2059-09-30","2059-10-31","2059-11-30","2059-12-31","2060-01-31","2060-02-29","2060-03-31","2060-04-30","2060-05-31","2060-06-30","2060-07-31","2060-08-31","2060-09-30","2060-10-31","2060-11-30","2060-12-31"]
[null,{"$f":"'Analiza kluczowych klientów'!B7","v":"klient 522"},{"$f":"IFERROR(VLOOKUP($B24,OFFSET('Analiza sprzedaży'!$Z$35,0,C$22,1000,2),2,),\"\")","v":""},{"$f":"IFERROR(VLOOKUP($B24,OFFSET('Analiza sprzedaży'!$Z$35,0,D$22,1000,2),2,),\"\")","v":""},{"$f":"IFERROR(VLOOKUP($B24,OFFSET('Analiza sprzedaży'!$Z$35,0,E$22,1000,2),2,),\"\")","v":""},{"$f":"IFERROR(VLOOKUP($B24,OFFSET('Analiza sprzedaży'!$Z$35,0,F$22,1000,2),2,),\"\")","v":""},{"$f":"IFERROR(VLOOKUP($B24,OFFSET('Analiza sprzedaży'!$Z$35,0,G$22,1000,2),2,),\"\")","v":""},{"$f":"IFERROR(VLOOKUP($B24,OFFSET('Analiza sprzedaży'!$Z$35,0,H$22,1000,2),2,),\"\")","v":""},{"$f":"IFERROR(VLOOKUP($B24,OFFSET('Analiza sprzedaży'!$Z$35,0,I$22,1000,2),2,),\"\")","v":""},{"$f":"IFERROR(VLOOKUP($B24,OFFSET('Analiza sprzedaży'!$Z$35,0,J$22,1000,2),2,),\"\")","v":""},{"$f":"IFERROR(VLOOKUP($B24,OFFSET('Analiza sprzedaży'!$Z$35,0,K$22,1000,2),2,),\"\")","v":""},{"$f":"IFERROR(VLOOKUP($B24,OFFSET('Analiza sprzedaży'!$Z$35,0,L$22,1000,2),2,),\"\")","v":""},{"$f":"IFERROR(VLOOKUP($B24,OFFSET('Analiza sprzedaży'!$Z$35,0,M$22,1000,2),2,),\"\")","v":""},{"$f":"IFERROR(VLOOKUP($B24,OFFSET('Analiza sprzedaży'!$Z$35,0,N$22,1000,2),2,),\"\")","v":""},{"$f":"IFERROR(VLOOKUP($B24,OFFSET('Analiza sprzedaży'!$Z$35,0,O$22,1000,2),2,),\"\")","v":""},{"$f":"IFERROR(VLOOKUP($B24,OFFSET('Analiza sprzedaży'!$Z$35,0,P$22,1000,2),2,),\"\")","v":""},{"$f":"IFERROR(VLOOKUP($B24,OFFSET('Analiza sprzedaży'!$Z$35,0,Q$22,1000,2),2,),\"\")","v":""},{"$f":"IFERROR(VLOOKUP($B24,OFFSET('Analiza sprzedaży'!$Z$35,0,R$22,1000,2),2,),\"\")","v":""},{"$f":"IFERROR(VLOOKUP($B24,OFFSET('Analiza sprzedaży'!$Z$35,0,S$22,1000,2),2,),\"\")","v":""},{"$f":"IFERROR(VLOOKUP($B24,OFFSET('Analiza sprzedaży'!$Z$35,0,T$22,1000,2),2,),\"\")","v":""},{"$f":"IFERROR(VLOOKUP($B24,OFFSET('Analiza sprzedaży'!$Z$35,0,U$22,1000,2),2,),\"\")","v":""},{"$f":"IFERROR(VLOOKUP($B24,OFFSET('Analiza sprzedaży'!$Z$35,0,V$22,1000,2),2,),\"\")","v":""},{"$f":"IFERROR(VLOOKUP($B24,OFFSET('Analiza sprzedaży'!$Z$35,0,W$22,1000,2),2,),\"\")","v":""},{"$f":"IFERROR(VLOOKUP($B24,OFFSET('Analiza sprzedaży'!$Z$35,0,X$22,1000,2),2,),\"\")","v":""},{"$f":"IFERROR(VLOOKUP($B24,OFFSET('Analiza sprzedaży'!$Z$35,0,Y$22,1000,2),2,),\"\")","v":""},{"$f":"IFERROR(VLOOKUP($B24,OFFSET('Analiza sprzedaży'!$Z$35,0,Z$22,1000,2),2,),\"\")","v":""},{"$f":"IFERROR(VLOOKUP($B24,OFFSET('Analiza sprzedaży'!$Z$35,0,AA$22,1000,2),2,),\"\")","v":""},{"$f":"IFERROR(VLOOKUP($B24,OFFSET('Analiza sprzedaży'!$Z$35,0,AB$22,1000,2),2,),\"\")","v":""},{"$f":"IFERROR(VLOOKUP($B24,OFFSET('Analiza sprzedaży'!$Z$35,0,AC$22,1000,2),2,),\"\")","v":""},{"$f":"IFERROR(VLOOKUP($B24,OFFSET('Analiza sprzedaży'!$Z$35,0,AD$22,1000,2),2,),\"\")","v":""},{"$f":"IFERROR(VLOOKUP($B24,OFFSET('Analiza sprzedaży'!$Z$35,0,AE$22,1000,2),2,),\"\")","v":""},{"$f":"IFERROR(VLOOKUP($B24,OFFSET('Analiza sprzedaży'!$Z$35,0,AF$22,1000,2),2,),\"\")","v":""},{"$f":"IFERROR(VLOOKUP($B24,OFFSET('Analiza sprzedaży'!$Z$35,0,AG$22,1000,2),2,),\"\")","v":""},{"$f":"IFERROR(VLOOKUP($B24,OFFSET('Analiza sprzedaży'!$Z$35,0,AH$22,1000,2),2,),\"\")","v":""},{"$f":"IFERROR(VLOOKUP($B24,OFFSET('Analiza sprzedaży'!$Z$35,0,AI$22,1000,2),2,),\"\")","v":""},{"$f":"IFERROR(VLOOKUP($B24,OFFSET('Analiza sprzedaży'!$Z$35,0,AJ$22,1000,2),2,),\"\")","v":""},{"$f":"IFERROR(VLOOKUP($B24,OFFSET('Analiza sprzedaży'!$Z$35,0,AK$22,1000,2),2,),\"\")","v":""},{"$f":"IFERROR(VLOOKUP($B24,OFFSET('Analiza sprzedaży'!$Z$35,0,AL$22,1000,2),2,),\"\")","v":""},{"$f":"AVERAGE(AN24:AU24)","v":263198.14402343746},260931.67135416667,{"$f":"AVERAGE(AP24:AW24)","v":264711.19416666665},{"$f":"IFERROR(VLOOKUP($B24,OFFSET('Analiza sprzedaży'!$Z$35,0,AP$22,1000,2),2,),\"\")","v":289004.26333333337},{"$f":"IFERROR(VLOOKUP($B24,OFFSET('Analiza sprzedaży'!$Z$35,0,AQ$22,1000,2),2,),\"\")","v":270589.3633333334},{"$f":"IFERROR(VLOOKUP($B24,OFFSET('Analiza sprzedaży'!$Z$35,0,AR$22,1000,2),2,),\"\")","v":247354.33999999997},{"$f":"IFERROR(VLOOKUP($B24,OFFSET('Analiza sprzedaży'!$Z$35,0,AS$22,1000,2),2,),\"\")","v":245804.38666666669},{"$f":"IFERROR(VLOOKUP($B24,OFFSET('Analiza sprzedaży'!$Z$35,0,AT$22,1000,2),2,),\"\")","v":262945.3633333334},{"$f":"IFERROR(VLOOKUP($B24,OFFSET('Analiza sprzedaży'!$Z$35,0,AU$22,1000,2),2,),\"\")","v":264244.56999999995},{"$f":"IFERROR(VLOOKUP($B24,OFFSET('Analiza sprzedaży'!$Z$35,0,AV$22,1000,2),2,),\"\")","v":242799.88999999998},{"$f":"IFERROR(VLOOKUP($B24,OFFSET('Analiza sprzedaży'!$Z$35,0,AW$22,1000,2),2,),\"\")","v":294947.37666666671},{"$f":"IFERROR(VLOOKUP($B24,OFFSET('Analiza sprzedaży'!$Z$35,0,AX$22,1000,2),2,),\"\")","v":""},{"$f":"IFERROR(VLOOKUP($B24,OFFSET('Analiza sprzedaży'!$Z$35,0,AY$22,1000,2),2,),\"\")","v":""},{"$f":"IFERROR(VLOOKUP($B24,OFFSET('Analiza sprzedaży'!$Z$35,0,AZ$22,1000,2),2,),\"\")","v":""},{"$f":"IFERROR(VLOOKUP($B24,OFFSET('Analiza sprzedaży'!$Z$35,0,BA$22,1000,2),2,),\"\")","v":""},{"$f":"IFERROR(VLOOKUP($B24,OFFSET('Analiza sprzedaży'!$Z$35,0,BB$22,1000,2),2,),\"\")","v":""},{"$f":"IFERROR(VLOOKUP($B24,OFFSET('Analiza sprzedaży'!$Z$35,0,BC$22,1000,2),2,),\"\")","v":""},{"$f":"IFERROR(VLOOKUP($B24,OFFSET('Analiza sprzedaży'!$Z$35,0,BD$22,1000,2),2,),\"\")","v":""},{"$f":"IFERROR(VLOOKUP($B24,OFFSET('Analiza sprzedaży'!$Z$35,0,BE$22,1000,2),2,),\"\")","v":""},{"$f":"IFERROR(VLOOKUP($B24,OFFSET('Analiza sprzedaży'!$Z$35,0,BF$22,1000,2),2,),\"\")","v":""},{"$f":"IFERROR(VLOOKUP($B24,OFFSET('Analiza sprzedaży'!$Z$35,0,BG$22,1000,2),2,),\"\")","v":""},{"$f":"IFERROR(VLOOKUP($B24,OFFSET('Analiza sprzedaży'!$Z$35,0,BH$22,1000,2),2,),\"\")","v":""},{"$f":"IFERROR(VLOOKUP($B24,OFFSET('Analiza sprzedaży'!$Z$35,0,BI$22,1000,2),2,),\"\")","v":""},{"$f":"IFERROR(VLOOKUP($B24,OFFSET('Analiza sprzedaży'!$Z$35,0,BJ$22,1000,2),2,),\"\")","v":""},{"$f":"IFERROR(VLOOKUP($B24,OFFSET('Analiza sprzedaży'!$Z$35,0,BK$22,1000,2),2,),\"\")","v":""},{"$f":"IFERROR(VLOOKUP($B24,OFFSET('Analiza sprzedaży'!$Z$35,0,BL$22,1000,2),2,),\"\")","v":""},{"$f":"IFERROR(VLOOKUP($B24,OFFSET('Analiza sprzedaży'!$Z$35,0,BM$22,1000,2),2,),\"\")","v":""},{"$f":"IFERROR(VLOOKUP($B24,OFFSET('Analiza sprzedaży'!$Z$35,0,BN$22,1000,2),2,),\"\")","v":""},{"$f":"IFERROR(VLOOKUP($B24,OFFSET('Analiza sprzedaży'!$Z$35,0,BO$22,1000,2),2,),\"\")","v":""},{"$f":"IFERROR(VLOOKUP($B24,OFFSET('Analiza sprzedaży'!$Z$35,0,BP$22,1000,2),2,),\"\")","v":""},{"$f":"IFERROR(VLOOKUP($B24,OFFSET('Analiza sprzedaży'!$Z$35,0,BQ$22,1000,2),2,),\"\")","v":""},{"$f":"IFERROR(VLOOKUP($B24,OFFSET('Analiza sprzedaży'!$Z$35,0,BR$22,1000,2),2,),\"\")","v":""},{"$f":"IFERROR(VLOOKUP($B24,OFFSET('Analiza sprzedaży'!$Z$35,0,BS$22,1000,2),2,),\"\")","v":""},{"$f":"IFERROR(VLOOKUP($B24,OFFSET('Analiza sprzedaży'!$Z$35,0,BT$22,1000,2),2,),\"\")","v":""},{"$f":"IFERROR(VLOOKUP($B24,OFFSET('Analiza sprzedaży'!$Z$35,0,BU$22,1000,2),2,),\"\")","v":""},{"$f":"IFERROR(VLOOKUP($B24,OFFSET('Analiza sprzedaży'!$Z$35,0,BV$22,1000,2),2,),\"\")","v":""},{"$f":"IFERROR(VLOOKUP($B24,OFFSET('Analiza sprzedaży'!$Z$35,0,BW$22,1000,2),2,),\"\")","v":""},{"$f":"IFERROR(VLOOKUP($B24,OFFSET('Analiza sprzedaży'!$Z$35,0,BX$22,1000,2),2,),\"\")","v":""},{"$f":"IFERROR(VLOOKUP($B24,OFFSET('Analiza sprzedaży'!$Z$35,0,BY$22,1000,2),2,),\"\")","v":""},{"$f":"IFERROR(VLOOKUP($B24,OFFSET('Analiza sprzedaży'!$Z$35,0,BZ$22,1000,2),2,),\"\")","v":""},{"$f":"IFERROR(VLOOKUP($B24,OFFSET('Analiza sprzedaży'!$Z$35,0,CA$22,1000,2),2,),\"\")","v":""},{"$f":"IFERROR(VLOOKUP($B24,OFFSET('Analiza sprzedaży'!$Z$35,0,CB$22,1000,2),2,),\"\")","v":""},{"$f":"IFERROR(VLOOKUP($B24,OFFSET('Analiza sprzedaży'!$Z$35,0,CC$22,1000,2),2,),\"\")","v":""},{"$f":"IFERROR(VLOOKUP($B24,OFFSET('Analiza sprzedaży'!$Z$35,0,CD$22,1000,2),2,),\"\")","v":""},{"$f":"IFERROR(VLOOKUP($B24,OFFSET('Analiza sprzedaży'!$Z$35,0,CE$22,1000,2),2,),\"\")","v":""},{"$f":"IFERROR(VLOOKUP($B24,OFFSET('Analiza sprzedaży'!$Z$35,0,CF$22,1000,2),2,),\"\")","v":""},{"$f":"IFERROR(VLOOKUP($B24,OFFSET('Analiza sprzedaży'!$Z$35,0,CG$22,1000,2),2,),\"\")","v":""},{"$f":"IFERROR(VLOOKUP($B24,OFFSET('Analiza sprzedaży'!$Z$35,0,CH$22,1000,2),2,),\"\")","v":""},{"$f":"IFERROR(VLOOKUP($B24,OFFSET('Analiza sprzedaży'!$Z$35,0,CI$22,1000,2),2,),\"\")","v":""},{"$f":"IFERROR(VLOOKUP($B24,OFFSET('Analiza sprzedaży'!$Z$35,0,CJ$22,1000,2),2,),\"\")","v":""},{"$f":"IFERROR(VLOOKUP($B24,OFFSET('Analiza sprzedaży'!$Z$35,0,CK$22,1000,2),2,),\"\")","v":""},{"$f":"IFERROR(VLOOKUP($B24,OFFSET('Analiza sprzedaży'!$Z$35,0,CL$22,1000,2),2,),\"\")","v":""},{"$f":"IFERROR(VLOOKUP($B24,OFFSET('Analiza sprzedaży'!$Z$35,0,CM$22,1000,2),2,),\"\")","v":""},{"$f":"IFERROR(VLOOKUP($B24,OFFSET('Analiza sprzedaży'!$Z$35,0,CN$22,1000,2),2,),\"\")","v":""},{"$f":"IFERROR(VLOOKUP($B24,OFFSET('Analiza sprzedaży'!$Z$35,0,CO$22,1000,2),2,),\"\")","v":""},{"$f":"IFERROR(VLOOKUP($B24,OFFSET('Analiza sprzedaży'!$Z$35,0,CP$22,1000,2),2,),\"\")","v":""},{"$f":"IFERROR(VLOOKUP($B24,OFFSET('Analiza sprzedaży'!$Z$35,0,CQ$22,1000,2),2,),\"\")","v":""},{"$f":"IFERROR(VLOOKUP($B24,OFFSET('Analiza sprzedaży'!$Z$35,0,CR$22,1000,2),2,),\"\")","v":""},{"$f":"IFERROR(VLOOKUP($B24,OFFSET('Analiza sprzedaży'!$Z$35,0,CS$22,1000,2),2,),\"\")","v":""},{"$f":"IFERROR(VLOOKUP($B24,OFFSET('Analiza sprzedaży'!$Z$35,0,CT$22,1000,2),2,),\"\")","v":""},{"$f":"IFERROR(VLOOKUP($B24,OFFSET('Analiza sprzedaży'!$Z$35,0,CU$22,1000,2),2,),\"\")","v":""},{"$f":"IFERROR(VLOOKUP($B24,OFFSET('Analiza sprzedaży'!$Z$35,0,CV$22,1000,2),2,),\"\")","v":""},{"$f":"IFERROR(VLOOKUP($B24,OFFSET('Analiza sprzedaży'!$Z$35,0,CW$22,1000,2),2,),\"\")","v":""},{"$f":"IFERROR(VLOOKUP($B24,OFFSET('Analiza sprzedaży'!$Z$35,0,CX$22,1000,2),2,),\"\")","v":""},{"$f":"IFERROR(VLOOKUP($B24,OFFSET('Analiza sprzedaży'!$Z$35,0,CY$22,1000,2),2,),\"\")","v":""},{"$f":"IFERROR(VLOOKUP($B24,OFFSET('Analiza sprzedaży'!$Z$35,0,CZ$22,1000,2),2,),\"\")","v":""},{"$f":"IFERROR(VLOOKUP($B24,OFFSET('Analiza sprzedaży'!$Z$35,0,DA$22,1000,2),2,),\"\")","v":""},{"$f":"IFERROR(VLOOKUP($B24,OFFSET('Analiza sprzedaży'!$Z$35,0,DB$22,1000,2),2,),\"\")","v":""},{"$f":"IFERROR(VLOOKUP($B24,OFFSET('Analiza sprzedaży'!$Z$35,0,DC$22,1000,2),2,),\"\")","v":""},{"$f":"IFERROR(VLOOKUP($B24,OFFSET('Analiza sprzedaży'!$Z$35,0,DD$22,1000,2),2,),\"\")","v":""},{"$f":"IFERROR(VLOOKUP($B24,OFFSET('Analiza sprzedaży'!$Z$35,0,DE$22,1000,2),2,),\"\")","v":""},{"$f":"IFERROR(VLOOKUP($B24,OFFSET('Analiza sprzedaży'!$Z$35,0,DF$22,1000,2),2,),\"\")","v":""},{"$f":"IFERROR(VLOOKUP($B24,OFFSET('Analiza sprzedaży'!$Z$35,0,DG$22,1000,2),2,),\"\")","v":""},{"$f":"IFERROR(VLOOKUP($B24,OFFSET('Analiza sprzedaży'!$Z$35,0,DH$22,1000,2),2,),\"\")","v":""},{"$f":"IFERROR(VLOOKUP($B24,OFFSET('Analiza sprzedaży'!$Z$35,0,DI$22,1000,2),2,),\"\")","v":""},{"$f":"IFERROR(VLOOKUP($B24,OFFSET('Analiza sprzedaży'!$Z$35,0,DJ$22,1000,2),2,),\"\")","v":""},{"$f":"IFERROR(VLOOKUP($B24,OFFSET('Analiza sprzedaży'!$Z$35,0,DK$22,1000,2),2,),\"\")","v":""},{"$f":"IFERROR(VLOOKUP($B24,OFFSET('Analiza sprzedaży'!$Z$35,0,DL$22,1000,2),2,),\"\")","v":""},{"$f":"IFERROR(VLOOKUP($B24,OFFSET('Analiza sprzedaży'!$Z$35,0,DM$22,1000,2),2,),\"\")","v":""},{"$f":"IFERROR(VLOOKUP($B24,OFFSET('Analiza sprzedaży'!$Z$35,0,DN$22,1000,2),2,),\"\")","v":""},{"$f":"IFERROR(VLOOKUP($B24,OFFSET('Analiza sprzedaży'!$Z$35,0,DO$22,1000,2),2,),\"\")","v":""},{"$f":"IFERROR(VLOOKUP($B24,OFFSET('Analiza sprzedaży'!$Z$35,0,DP$22,1000,2),2,),\"\")","v":""},{"$f":"IFERROR(VLOOKUP($B24,OFFSET('Analiza sprzedaży'!$Z$35,0,DQ$22,1000,2),2,),\"\")","v":""},{"$f":"IFERROR(VLOOKUP($B24,OFFSET('Analiza sprzedaży'!$Z$35,0,DR$22,1000,2),2,),\"\")","v":""},{"$f":"IFERROR(VLOOKUP($B24,OFFSET('Analiza sprzedaży'!$Z$35,0,DS$22,1000,2),2,),\"\")","v":""},{"$f":"IFERROR(VLOOKUP($B24,OFFSET('Analiza sprzedaży'!$Z$35,0,DT$22,1000,2),2,),\"\")","v":""},{"$f":"IFERROR(VLOOKUP($B24,OFFSET('Analiza sprzedaży'!$Z$35,0,DU$22,1000,2),2,),\"\")","v":""},{"$f":"IFERROR(VLOOKUP($B24,OFFSET('Analiza sprzedaży'!$Z$35,0,DV$22,1000,2),2,),\"\")","v":""},{"$f":"IFERROR(VLOOKUP($B24,OFFSET('Analiza sprzedaży'!$Z$35,0,DW$22,1000,2),2,),\"\")","v":""},{"$f":"IFERROR(VLOOKUP($B24,OFFSET('Analiza sprzedaży'!$Z$35,0,DX$22,1000,2),2,),\"\")","v":""},{"$f":"IFERROR(VLOOKUP($B24,OFFSET('Analiza sprzedaży'!$Z$35,0,DY$22,1000,2),2,),\"\")","v":""},{"$f":"IFERROR(VLOOKUP($B24,OFFSET('Analiza sprzedaży'!$Z$35,0,DZ$22,1000,2),2,),\"\")","v":""},{"$f":"IFERROR(VLOOKUP($B24,OFFSET('Analiza sprzedaży'!$Z$35,0,EA$22,1000,2),2,),\"\")","v":""},{"$f":"IFERROR(VLOOKUP($B24,OFFSET('Analiza sprzedaży'!$Z$35,0,EB$22,1000,2),2,),\"\")","v":""},{"$f":"IFERROR(VLOOKUP($B24,OFFSET('Analiza sprzedaży'!$Z$35,0,EC$22,1000,2),2,),\"\")","v":""},{"$f":"IFERROR(VLOOKUP($B24,OFFSET('Analiza sprzedaży'!$Z$35,0,ED$22,1000,2),2,),\"\")","v":""},{"$f":"IFERROR(VLOOKUP($B24,OFFSET('Analiza sprzedaży'!$Z$35,0,EE$22,1000,2),2,),\"\")","v":""},{"$f":"IFERROR(VLOOKUP($B24,OFFSET('Analiza sprzedaży'!$Z$35,0,EF$22,1000,2),2,),\"\")","v":""},{"$f":"IFERROR(VLOOKUP($B24,OFFSET('Analiza sprzedaży'!$Z$35,0,EG$22,1000,2),2,),\"\")","v":""},{"$f":"IFERROR(VLOOKUP($B24,OFFSET('Analiza sprzedaży'!$Z$35,0,EH$22,1000,2),2,),\"\")","v":""},{"$f":"IFERROR(VLOOKUP($B24,OFFSET('Analiza sprzedaży'!$Z$35,0,EI$22,1000,2),2,),\"\")","v":""},{"$f":"IFERROR(VLOOKUP($B24,OFFSET('Analiza sprzedaży'!$Z$35,0,EJ$22,1000,2),2,),\"\")","v":""},{"$f":"IFERROR(VLOOKUP($B24,OFFSET('Analiza sprzedaży'!$Z$35,0,EK$22,1000,2),2,),\"\")","v":""},{"$f":"IFERROR(VLOOKUP($B24,OFFSET('Analiza sprzedaży'!$Z$35,0,EL$22,1000,2),2,),\"\")","v":""},{"$f":"IFERROR(VLOOKUP($B24,OFFSET('Analiza sprzedaży'!$Z$35,0,EM$22,1000,2),2,),\"\")","v":""},{"$f":"IFERROR(VLOOKUP($B24,OFFSET('Analiza sprzedaży'!$Z$35,0,EN$22,1000,2),2,),\"\")","v":""},{"$f":"IFERROR(VLOOKUP($B24,OFFSET('Analiza sprzedaży'!$Z$35,0,EO$22,1000,2),2,),\"\")","v":""},{"$f":"IFERROR(VLOOKUP($B24,OFFSET('Analiza sprzedaży'!$Z$35,0,EP$22,1000,2),2,),\"\")","v":""},{"$f":"IFERROR(VLOOKUP($B24,OFFSET('Analiza sprzedaży'!$Z$35,0,EQ$22,1000,2),2,),\"\")","v":""},{"$f":"IFERROR(VLOOKUP($B24,OFFSET('Analiza sprzedaży'!$Z$35,0,ER$22,1000,2),2,),\"\")","v":""},{"$f":"IFERROR(VLOOKUP($B24,OFFSET('Analiza sprzedaży'!$Z$35,0,ES$22,1000,2),2,),\"\")","v":""},{"$f":"IFERROR(VLOOKUP($B24,OFFSET('Analiza sprzedaży'!$Z$35,0,ET$22,1000,2),2,),\"\")","v":""},{"$f":"IFERROR(VLOOKUP($B24,OFFSET('Analiza sprzedaży'!$Z$35,0,EU$22,1000,2),2,),\"\")","v":""},{"$f":"IFERROR(VLOOKUP($B24,OFFSET('Analiza sprzedaży'!$Z$35,0,EV$22,1000,2),2,),\"\")","v":""},{"$f":"IFERROR(VLOOKUP($B24,OFFSET('Analiza sprzedaży'!$Z$35,0,EW$22,1000,2),2,),\"\")","v":""},{"$f":"IFERROR(VLOOKUP($B24,OFFSET('Analiza sprzedaży'!$Z$35,0,EX$22,1000,2),2,),\"\")","v":""},{"$f":"IFERROR(VLOOKUP($B24,OFFSET('Analiza sprzedaży'!$Z$35,0,EY$22,1000,2),2,),\"\")","v":""},{"$f":"IFERROR(VLOOKUP($B24,OFFSET('Analiza sprzedaży'!$Z$35,0,EZ$22,1000,2),2,),\"\")","v":""},{"$f":"IFERROR(VLOOKUP($B24,OFFSET('Analiza sprzedaży'!$Z$35,0,FA$22,1000,2),2,),\"\")","v":""},{"$f":"IFERROR(VLOOKUP($B24,OFFSET('Analiza sprzedaży'!$Z$35,0,FB$22,1000,2),2,),\"\")","v":""},{"$f":"IFERROR(VLOOKUP($B24,OFFSET('Analiza sprzedaży'!$Z$35,0,FC$22,1000,2),2,),\"\")","v":""},{"$f":"IFERROR(VLOOKUP($B24,OFFSET('Analiza sprzedaży'!$Z$35,0,FD$22,1000,2),2,),\"\")","v":""},{"$f":"IFERROR(VLOOKUP($B24,OFFSET('Analiza sprzedaży'!$Z$35,0,FE$22,1000,2),2,),\"\")","v":""},{"$f":"IFERROR(VLOOKUP($B24,OFFSET('Analiza sprzedaży'!$Z$35,0,FF$22,1000,2),2,),\"\")","v":""},{"$f":"IFERROR(VLOOKUP($B24,OFFSET('Analiza sprzedaży'!$Z$35,0,FG$22,1000,2),2,),\"\")","v":""},{"$f":"IFERROR(VLOOKUP($B24,OFFSET('Analiza sprzedaży'!$Z$35,0,FH$22,1000,2),2,),\"\")","v":""},{"$f":"IFERROR(VLOOKUP($B24,OFFSET('Analiza sprzedaży'!$Z$35,0,FI$22,1000,2),2,),\"\")","v":""},{"$f":"IFERROR(VLOOKUP($B24,OFFSET('Analiza sprzedaży'!$Z$35,0,FJ$22,1000,2),2,),\"\")","v":""},{"$f":"IFERROR(VLOOKUP($B24,OFFSET('Analiza sprzedaży'!$Z$35,0,FK$22,1000,2),2,),\"\")","v":""},{"$f":"IFERROR(VLOOKUP($B24,OFFSET('Analiza sprzedaży'!$Z$35,0,FL$22,1000,2),2,),\"\")","v":""},{"$f":"IFERROR(VLOOKUP($B24,OFFSET('Analiza sprzedaży'!$Z$35,0,FM$22,1000,2),2,),\"\")","v":""},{"$f":"IFERROR(VLOOKUP($B24,OFFSET('Analiza sprzedaży'!$Z$35,0,FN$22,1000,2),2,),\"\")","v":""},{"$f":"IFERROR(VLOOKUP($B24,OFFSET('Analiza sprzedaży'!$Z$35,0,FO$22,1000,2),2,),\"\")","v":""},{"$f":"IFERROR(VLOOKUP($B24,OFFSET('Analiza sprzedaży'!$Z$35,0,FP$22,1000,2),2,),\"\")","v":""},{"$f":"IFERROR(VLOOKUP($B24,OFFSET('Analiza sprzedaży'!$Z$35,0,FQ$22,1000,2),2,),\"\")","v":""},{"$f":"IFERROR(VLOOKUP($B24,OFFSET('Analiza sprzedaży'!$Z$35,0,FR$22,1000,2),2,),\"\")","v":""},{"$f":"IFERROR(VLOOKUP($B24,OFFSET('Analiza sprzedaży'!$Z$35,0,FS$22,1000,2),2,),\"\")","v":""},{"$f":"IFERROR(VLOOKUP($B24,OFFSET('Analiza sprzedaży'!$Z$35,0,FT$22,1000,2),2,),\"\")","v":""},{"$f":"IFERROR(VLOOKUP($B24,OFFSET('Analiza sprzedaży'!$Z$35,0,FU$22,1000,2),2,),\"\")","v":""},{"$f":"IFERROR(VLOOKUP($B24,OFFSET('Analiza sprzedaży'!$Z$35,0,FV$22,1000,2),2,),\"\")","v":""},{"$f":"IFERROR(VLOOKUP($B24,OFFSET('Analiza sprzedaży'!$Z$35,0,FW$22,1000,2),2,),\"\")","v":""},{"$f":"IFERROR(VLOOKUP($B24,OFFSET('Analiza sprzedaży'!$Z$35,0,FX$22,1000,2),2,),\"\")","v":""},{"$f":"IFERROR(VLOOKUP($B24,OFFSET('Analiza sprzedaży'!$Z$35,0,FY$22,1000,2),2,),\"\")","v":""},{"$f":"IFERROR(VLOOKUP($B24,OFFSET('Analiza sprzedaży'!$Z$35,0,FZ$22,1000,2),2,),\"\")","v":""},{"$f":"IFERROR(VLOOKUP($B24,OFFSET('Analiza sprzedaży'!$Z$35,0,GA$22,1000,2),2,),\"\")","v":""},{"$f":"IFERROR(VLOOKUP($B24,OFFSET('Analiza sprzedaży'!$Z$35,0,GB$22,1000,2),2,),\"\")","v":""},{"$f":"IFERROR(VLOOKUP($B24,OFFSET('Analiza sprzedaży'!$Z$35,0,GC$22,1000,2),2,),\"\")","v":""},{"$f":"IFERROR(VLOOKUP($B24,OFFSET('Analiza sprzedaży'!$Z$35,0,GD$22,1000,2),2,),\"\")","v":""},{"$f":"IFERROR(VLOOKUP($B24,OFFSET('Analiza sprzedaży'!$Z$35,0,GE$22,1000,2),2,),\"\")","v":""},{"$f":"IFERROR(VLOOKUP($B24,OFFSET('Analiza sprzedaży'!$Z$35,0,GF$22,1000,2),2,),\"\")","v":""},{"$f":"IFERROR(VLOOKUP($B24,OFFSET('Analiza sprzedaży'!$Z$35,0,GG$22,1000,2),2,),\"\")","v":""},{"$f":"IFERROR(VLOOKUP($B24,OFFSET('Analiza sprzedaży'!$Z$35,0,GH$22,1000,2),2,),\"\")","v":""},{"$f":"IFERROR(VLOOKUP($B24,OFFSET('Analiza sprzedaży'!$Z$35,0,GI$22,1000,2),2,),\"\")","v":""},{"$f":"IFERROR(VLOOKUP($B24,OFFSET('Analiza sprzedaży'!$Z$35,0,GJ$22,1000,2),2,),\"\")","v":""},{"$f":"IFERROR(VLOOKUP($B24,OFFSET('Analiza sprzedaży'!$Z$35,0,GK$22,1000,2),2,),\"\")","v":""},{"$f":"IFERROR(VLOOKUP($B24,OFFSET('Analiza sprzedaży'!$Z$35,0,GL$22,1000,2),2,),\"\")","v":""},{"$f":"IFERROR(VLOOKUP($B24,OFFSET('Analiza sprzedaży'!$Z$35,0,GM$22,1000,2),2,),\"\")","v":""},{"$f":"IFERROR(VLOOKUP($B24,OFFSET('Analiza sprzedaży'!$Z$35,0,GN$22,1000,2),2,),\"\")","v":""},{"$f":"IFERROR(VLOOKUP($B24,OFFSET('Analiza sprzedaży'!$Z$35,0,GO$22,1000,2),2,),\"\")","v":""},{"$f":"IFERROR(VLOOKUP($B24,OFFSET('Analiza sprzedaży'!$Z$35,0,GP$22,1000,2),2,),\"\")","v":""},{"$f":"IFERROR(VLOOKUP($B24,OFFSET('Analiza sprzedaży'!$Z$35,0,GQ$22,1000,2),2,),\"\")","v":""},{"$f":"IFERROR(VLOOKUP($B24,OFFSET('Analiza sprzedaży'!$Z$35,0,GR$22,1000,2),2,),\"\")","v":""},{"$f":"IFERROR(VLOOKUP($B24,OFFSET('Analiza sprzedaży'!$Z$35,0,GS$22,1000,2),2,),\"\")","v":""},{"$f":"IFERROR(VLOOKUP($B24,OFFSET('Analiza sprzedaży'!$Z$35,0,GT$22,1000,2),2,),\"\")","v":""},{"$f":"IFERROR(VLOOKUP($B24,OFFSET('Analiza sprzedaży'!$Z$35,0,GU$22,1000,2),2,),\"\")","v":""},{"$f":"IFERROR(VLOOKUP($B24,OFFSET('Analiza sprzedaży'!$Z$35,0,GV$22,1000,2),2,),\"\")","v":""},{"$f":"IFERROR(VLOOKUP($B24,OFFSET('Analiza sprzedaży'!$Z$35,0,GW$22,1000,2),2,),\"\")","v":""},{"$f":"IFERROR(VLOOKUP($B24,OFFSET('Analiza sprzedaży'!$Z$35,0,GX$22,1000,2),2,),\"\")","v":""},{"$f":"IFERROR(VLOOKUP($B24,OFFSET('Analiza sprzedaży'!$Z$35,0,GY$22,1000,2),2,),\"\")","v":""},{"$f":"IFERROR(VLOOKUP($B24,OFFSET('Analiza sprzedaży'!$Z$35,0,GZ$22,1000,2),2,),\"\")","v":""},{"$f":"IFERROR(VLOOKUP($B24,OFFSET('Analiza sprzedaży'!$Z$35,0,HA$22,1000,2),2,),\"\")","v":""},{"$f":"IFERROR(VLOOKUP($B24,OFFSET('Analiza sprzedaży'!$Z$35,0,HB$22,1000,2),2,),\"\")","v":""},{"$f":"IFERROR(VLOOKUP($B24,OFFSET('Analiza sprzedaży'!$Z$35,0,HC$22,1000,2),2,),\"\")","v":""},{"$f":"IFERROR(VLOOKUP($B24,OFFSET('Analiza sprzedaży'!$Z$35,0,HD$22,1000,2),2,),\"\")","v":""},{"$f":"IFERROR(VLOOKUP($B24,OFFSET('Analiza sprzedaży'!$Z$35,0,HE$22,1000,2),2,),\"\")","v":""},{"$f":"IFERROR(VLOOKUP($B24,OFFSET('Analiza sprzedaży'!$Z$35,0,HF$22,1000,2),2,),\"\")","v":""},{"$f":"IFERROR(VLOOKUP($B24,OFFSET('Analiza sprzedaży'!$Z$35,0,HG$22,1000,2),2,),\"\")","v":""},{"$f":"IFERROR(VLOOKUP($B24,OFFSET('Analiza sprzedaży'!$Z$35,0,HH$22,1000,2),2,),\"\")","v":""},{"$f":"IFERROR(VLOOKUP($B24,OFFSET('Analiza sprzedaży'!$Z$35,0,HI$22,1000,2),2,),\"\")","v":""},{"$f":"IFERROR(VLOOKUP($B24,OFFSET('Analiza sprzedaży'!$Z$35,0,HJ$22,1000,2),2,),\"\")","v":""},{"$f":"IFERROR(VLOOKUP($B24,OFFSET('Analiza sprzedaży'!$Z$35,0,HK$22,1000,2),2,),\"\")","v":""},{"$f":"IFERROR(VLOOKUP($B24,OFFSET('Analiza sprzedaży'!$Z$35,0,HL$22,1000,2),2,),\"\")","v":""},{"$f":"IFERROR(VLOOKUP($B24,OFFSET('Analiza sprzedaży'!$Z$35,0,HM$22,1000,2),2,),\"\")","v":""},{"$f":"IFERROR(VLOOKUP($B24,OFFSET('Analiza sprzedaży'!$Z$35,0,HN$22,1000,2),2,),\"\")","v":""},{"$f":"IFERROR(VLOOKUP($B24,OFFSET('Analiza sprzedaży'!$Z$35,0,HO$22,1000,2),2,),\"\")","v":""},{"$f":"IFERROR(VLOOKUP($B24,OFFSET('Analiza sprzedaży'!$Z$35,0,HP$22,1000,2),2,),\"\")","v":""},{"$f":"IFERROR(VLOOKUP($B24,OFFSET('Analiza sprzedaży'!$Z$35,0,HQ$22,1000,2),2,),\"\")","v":""},{"$f":"IFERROR(VLOOKUP($B24,OFFSET('Analiza sprzedaży'!$Z$35,0,HR$22,1000,2),2,),\"\")","v":""},{"$f":"IFERROR(VLOOKUP($B24,OFFSET('Analiza sprzedaży'!$Z$35,0,HS$22,1000,2),2,),\"\")","v":""},{"$f":"IFERROR(VLOOKUP($B24,OFFSET('Analiza sprzedaży'!$Z$35,0,HT$22,1000,2),2,),\"\")","v":""},{"$f":"IFERROR(VLOOKUP($B24,OFFSET('Analiza sprzedaży'!$Z$35,0,HU$22,1000,2),2,),\"\")","v":""},{"$f":"IFERROR(VLOOKUP($B24,OFFSET('Analiza sprzedaży'!$Z$35,0,HV$22,1000,2),2,),\"\")","v":""},{"$f":"IFERROR(VLOOKUP($B24,OFFSET('Analiza sprzedaży'!$Z$35,0,HW$22,1000,2),2,),\"\")","v":""},{"$f":"IFERROR(VLOOKUP($B24,OFFSET('Analiza sprzedaży'!$Z$35,0,HX$22,1000,2),2,),\"\")","v":""},{"$f":"IFERROR(VLOOKUP($B24,OFFSET('Analiza sprzedaży'!$Z$35,0,HY$22,1000,2),2,),\"\")","v":""},{"$f":"IFERROR(VLOOKUP($B24,OFFSET('Analiza sprzedaży'!$Z$35,0,HZ$22,1000,2),2,),\"\")","v":""},{"$f":"IFERROR(VLOOKUP($B24,OFFSET('Analiza sprzedaży'!$Z$35,0,IA$22,1000,2),2,),\"\")","v":""},{"$f":"IFERROR(VLOOKUP($B24,OFFSET('Analiza sprzedaży'!$Z$35,0,IB$22,1000,2),2,),\"\")","v":""},{"$f":"IFERROR(VLOOKUP($B24,OFFSET('Analiza sprzedaży'!$Z$35,0,IC$22,1000,2),2,),\"\")","v":""},{"$f":"IFERROR(VLOOKUP($B24,OFFSET('Analiza sprzedaży'!$Z$35,0,ID$22,1000,2),2,),\"\")","v":""},{"$f":"IFERROR(VLOOKUP($B24,OFFSET('Analiza sprzedaży'!$Z$35,0,IE$22,1000,2),2,),\"\")","v":""},{"$f":"IFERROR(VLOOKUP($B24,OFFSET('Analiza sprzedaży'!$Z$35,0,IF$22,1000,2),2,),\"\")","v":""},{"$f":"IFERROR(VLOOKUP($B24,OFFSET('Analiza sprzedaży'!$Z$35,0,IG$22,1000,2),2,),\"\")","v":""},{"$f":"IFERROR(VLOOKUP($B24,OFFSET('Analiza sprzedaży'!$Z$35,0,IH$22,1000,2),2,),\"\")","v":""},{"$f":"IFERROR(VLOOKUP($B24,OFFSET('Analiza sprzedaży'!$Z$35,0,II$22,1000,2),2,),\"\")","v":""},{"$f":"IFERROR(VLOOKUP($B24,OFFSET('Analiza sprzedaży'!$Z$35,0,IJ$22,1000,2),2,),\"\")","v":""},{"$f":"IFERROR(VLOOKUP($B24,OFFSET('Analiza sprzedaży'!$Z$35,0,IK$22,1000,2),2,),\"\")","v":""},{"$f":"IFERROR(VLOOKUP($B24,OFFSET('Analiza sprzedaży'!$Z$35,0,IL$22,1000,2),2,),\"\")","v":""},{"$f":"IFERROR(VLOOKUP($B24,OFFSET('Analiza sprzedaży'!$Z$35,0,IM$22,1000,2),2,),\"\")","v":""},{"$f":"IFERROR(VLOOKUP($B24,OFFSET('Analiza sprzedaży'!$Z$35,0,IN$22,1000,2),2,),\"\")","v":""},{"$f":"IFERROR(VLOOKUP($B24,OFFSET('Analiza sprzedaży'!$Z$35,0,IO$22,1000,2),2,),\"\")","v":""},{"$f":"IFERROR(VLOOKUP($B24,OFFSET('Analiza sprzedaży'!$Z$35,0,IP$22,1000,2),2,),\"\")","v":""},{"$f":"IFERROR(VLOOKUP($B24,OFFSET('Analiza sprzedaży'!$Z$35,0,IQ$22,1000,2),2,),\"\")","v":""},{"$f":"IFERROR(VLOOKUP($B24,OFFSET('Analiza sprzedaży'!$Z$35,0,IR$22,1000,2),2,),\"\")","v":""},{"$f":"IFERROR(VLOOKUP($B24,OFFSET('Analiza sprzedaży'!$Z$35,0,IS$22,1000,2),2,),\"\")","v":""},{"$f":"IFERROR(VLOOKUP($B24,OFFSET('Analiza sprzedaży'!$Z$35,0,IT$22,1000,2),2,),\"\")","v":""},{"$f":"IFERROR(VLOOKUP($B24,OFFSET('Analiza sprzedaży'!$Z$35,0,IU$22,1000,2),2,),\"\")","v":""},{"$f":"IFERROR(VLOOKUP($B24,OFFSET('Analiza sprzedaży'!$Z$35,0,IV$22,1000,2),2,),\"\")","v":""},{"$f":"IFERROR(VLOOKUP($B24,OFFSET('Analiza sprzedaży'!$Z$35,0,IW$22,1000,2),2,),\"\")","v":""},{"$f":"IFERROR(VLOOKUP($B24,OFFSET('Analiza sprzedaży'!$Z$35,0,IX$22,1000,2),2,),\"\")","v":""},{"$f":"IFERROR(VLOOKUP($B24,OFFSET('Analiza sprzedaży'!$Z$35,0,IY$22,1000,2),2,),\"\")","v":""},{"$f":"IFERROR(VLOOKUP($B24,OFFSET('Analiza sprzedaży'!$Z$35,0,IZ$22,1000,2),2,),\"\")","v":""},{"$f":"IFERROR(VLOOKUP($B24,OFFSET('Analiza sprzedaży'!$Z$35,0,JA$22,1000,2),2,),\"\")","v":""},{"$f":"IFERROR(VLOOKUP($B24,OFFSET('Analiza sprzedaży'!$Z$35,0,JB$22,1000,2),2,),\"\")","v":""},{"$f":"IFERROR(VLOOKUP($B24,OFFSET('Analiza sprzedaży'!$Z$35,0,JC$22,1000,2),2,),\"\")","v":""},{"$f":"IFERROR(VLOOKUP($B24,OFFSET('Analiza sprzedaży'!$Z$35,0,JD$22,1000,2),2,),\"\")","v":""},{"$f":"IFERROR(VLOOKUP($B24,OFFSET('Analiza sprzedaży'!$Z$35,0,JE$22,1000,2),2,),\"\")","v":""},{"$f":"IFERROR(VLOOKUP($B24,OFFSET('Analiza sprzedaży'!$Z$35,0,JF$22,1000,2),2,),\"\")","v":""},{"$f":"IFERROR(VLOOKUP($B24,OFFSET('Analiza sprzedaży'!$Z$35,0,JG$22,1000,2),2,),\"\")","v":""},{"$f":"IFERROR(VLOOKUP($B24,OFFSET('Analiza sprzedaży'!$Z$35,0,JH$22,1000,2),2,),\"\")","v":""},{"$f":"IFERROR(VLOOKUP($B24,OFFSET('Analiza sprzedaży'!$Z$35,0,JI$22,1000,2),2,),\"\")","v":""},{"$f":"IFERROR(VLOOKUP($B24,OFFSET('Analiza sprzedaży'!$Z$35,0,JJ$22,1000,2),2,),\"\")","v":""},{"$f":"IFERROR(VLOOKUP($B24,OFFSET('Analiza sprzedaży'!$Z$35,0,JK$22,1000,2),2,),\"\")","v":""},{"$f":"IFERROR(VLOOKUP($B24,OFFSET('Analiza sprzedaży'!$Z$35,0,JL$22,1000,2),2,),\"\")","v":""},{"$f":"IFERROR(VLOOKUP($B24,OFFSET('Analiza sprzedaży'!$Z$35,0,JM$22,1000,2),2,),\"\")","v":""},{"$f":"IFERROR(VLOOKUP($B24,OFFSET('Analiza sprzedaży'!$Z$35,0,JN$22,1000,2),2,),\"\")","v":""},{"$f":"IFERROR(VLOOKUP($B24,OFFSET('Analiza sprzedaży'!$Z$35,0,JO$22,1000,2),2,),\"\")","v":""},{"$f":"IFERROR(VLOOKUP($B24,OFFSET('Analiza sprzedaży'!$Z$35,0,JP$22,1000,2),2,),\"\")","v":""},{"$f":"IFERROR(VLOOKUP($B24,OFFSET('Analiza sprzedaży'!$Z$35,0,JQ$22,1000,2),2,),\"\")","v":""},{"$f":"IFERROR(VLOOKUP($B24,OFFSET('Analiza sprzedaży'!$Z$35,0,JR$22,1000,2),2,),\"\")","v":""},{"$f":"IFERROR(VLOOKUP($B24,OFFSET('Analiza sprzedaży'!$Z$35,0,JS$22,1000,2),2,),\"\")","v":""},{"$f":"IFERROR(VLOOKUP($B24,OFFSET('Analiza sprzedaży'!$Z$35,0,JT$22,1000,2),2,),\"\")","v":""},{"$f":"IFERROR(VLOOKUP($B24,OFFSET('Analiza sprzedaży'!$Z$35,0,JU$22,1000,2),2,),\"\")","v":""},{"$f":"IFERROR(VLOOKUP($B24,OFFSET('Analiza sprzedaży'!$Z$35,0,JV$22,1000,2),2,),\"\")","v":""},{"$f":"IFERROR(VLOOKUP($B24,OFFSET('Analiza sprzedaży'!$Z$35,0,JW$22,1000,2),2,),\"\")","v":""},{"$f":"IFERROR(VLOOKUP($B24,OFFSET('Analiza sprzedaży'!$Z$35,0,JX$22,1000,2),2,),\"\")","v":""},{"$f":"IFERROR(VLOOKUP($B24,OFFSET('Analiza sprzedaży'!$Z$35,0,JY$22,1000,2),2,),\"\")","v":""},{"$f":"IFERROR(VLOOKUP($B24,OFFSET('Analiza sprzedaży'!$Z$35,0,JZ$22,1000,2),2,),\"\")","v":""},{"$f":"IFERROR(VLOOKUP($B24,OFFSET('Analiza sprzedaży'!$Z$35,0,KA$22,1000,2),2,),\"\")","v":""},{"$f":"IFERROR(VLOOKUP($B24,OFFSET('Analiza sprzedaży'!$Z$35,0,KB$22,1000,2),2,),\"\")","v":""},{"$f":"IFERROR(VLOOKUP($B24,OFFSET('Analiza sprzedaży'!$Z$35,0,KC$22,1000,2),2,),\"\")","v":""},{"$f":"IFERROR(VLOOKUP($B24,OFFSET('Analiza sprzedaży'!$Z$35,0,KD$22,1000,2),2,),\"\")","v":""},{"$f":"IFERROR(VLOOKUP($B24,OFFSET('Analiza sprzedaży'!$Z$35,0,KE$22,1000,2),2,),\"\")","v":""},{"$f":"IFERROR(VLOOKUP($B24,OFFSET('Analiza sprzedaży'!$Z$35,0,KF$22,1000,2),2,),\"\")","v":""},{"$f":"IFERROR(VLOOKUP($B24,OFFSET('Analiza sprzedaży'!$Z$35,0,KG$22,1000,2),2,),\"\")","v":""},{"$f":"IFERROR(VLOOKUP($B24,OFFSET('Analiza sprzedaży'!$Z$35,0,KH$22,1000,2),2,),\"\")","v":""},{"$f":"IFERROR(VLOOKUP($B24,OFFSET('Analiza sprzedaży'!$Z$35,0,KI$22,1000,2),2,),\"\")","v":""},{"$f":"IFERROR(VLOOKUP($B24,OFFSET('Analiza sprzedaży'!$Z$35,0,KJ$22,1000,2),2,),\"\")","v":""},{"$f":"IFERROR(VLOOKUP($B24,OFFSET('Analiza sprzedaży'!$Z$35,0,KK$22,1000,2),2,),\"\")","v":""},{"$f":"IFERROR(VLOOKUP($B24,OFFSET('Analiza sprzedaży'!$Z$35,0,KL$22,1000,2),2,),\"\")","v":""},{"$f":"IFERROR(VLOOKUP($B24,OFFSET('Analiza sprzedaży'!$Z$35,0,KM$22,1000,2),2,),\"\")","v":""},{"$f":"IFERROR(VLOOKUP($B24,OFFSET('Analiza sprzedaży'!$Z$35,0,KN$22,1000,2),2,),\"\")","v":""},{"$f":"IFERROR(VLOOKUP($B24,OFFSET('Analiza sprzedaży'!$Z$35,0,KO$22,1000,2),2,),\"\")","v":""},{"$f":"IFERROR(VLOOKUP($B24,OFFSET('Analiza sprzedaży'!$Z$35,0,KP$22,1000,2),2,),\"\")","v":""},{"$f":"IFERROR(VLOOKUP($B24,OFFSET('Analiza sprzedaży'!$Z$35,0,KQ$22,1000,2),2,),\"\")","v":""},{"$f":"IFERROR(VLOOKUP($B24,OFFSET('Analiza sprzedaży'!$Z$35,0,KR$22,1000,2),2,),\"\")","v":""},{"$f":"IFERROR(VLOOKUP($B24,OFFSET('Analiza sprzedaży'!$Z$35,0,KS$22,1000,2),2,),\"\")","v":""},{"$f":"IFERROR(VLOOKUP($B24,OFFSET('Analiza sprzedaży'!$Z$35,0,KT$22,1000,2),2,),\"\")","v":""},{"$f":"IFERROR(VLOOKUP($B24,OFFSET('Analiza sprzedaży'!$Z$35,0,KU$22,1000,2),2,),\"\")","v":""},{"$f":"IFERROR(VLOOKUP($B24,OFFSET('Analiza sprzedaży'!$Z$35,0,KV$22,1000,2),2,),\"\")","v":""},{"$f":"IFERROR(VLOOKUP($B24,OFFSET('Analiza sprzedaży'!$Z$35,0,KW$22,1000,2),2,),\"\")","v":""},{"$f":"IFERROR(VLOOKUP($B24,OFFSET('Analiza sprzedaży'!$Z$35,0,KX$22,1000,2),2,),\"\")","v":""},{"$f":"IFERROR(VLOOKUP($B24,OFFSET('Analiza sprzedaży'!$Z$35,0,KY$22,1000,2),2,),\"\")","v":""},{"$f":"IFERROR(VLOOKUP($B24,OFFSET('Analiza sprzedaży'!$Z$35,0,KZ$22,1000,2),2,),\"\")","v":""},{"$f":"IFERROR(VLOOKUP($B24,OFFSET('Analiza sprzedaży'!$Z$35,0,LA$22,1000,2),2,),\"\")","v":""},{"$f":"IFERROR(VLOOKUP($B24,OFFSET('Analiza sprzedaży'!$Z$35,0,LB$22,1000,2),2,),\"\")","v":""},{"$f":"IFERROR(VLOOKUP($B24,OFFSET('Analiza sprzedaży'!$Z$35,0,LC$22,1000,2),2,),\"\")","v":""},{"$f":"IFERROR(VLOOKUP($B24,OFFSET('Analiza sprzedaży'!$Z$35,0,LD$22,1000,2),2,),\"\")","v":""},{"$f":"IFERROR(VLOOKUP($B24,OFFSET('Analiza sprzedaży'!$Z$35,0,LE$22,1000,2),2,),\"\")","v":""},{"$f":"IFERROR(VLOOKUP($B24,OFFSET('Analiza sprzedaży'!$Z$35,0,LF$22,1000,2),2,),\"\")","v":""},{"$f":"IFERROR(VLOOKUP($B24,OFFSET('Analiza sprzedaży'!$Z$35,0,LG$22,1000,2),2,),\"\")","v":""},{"$f":"IFERROR(VLOOKUP($B24,OFFSET('Analiza sprzedaży'!$Z$35,0,LH$22,1000,2),2,),\"\")","v":""},{"$f":"IFERROR(VLOOKUP($B24,OFFSET('Analiza sprzedaży'!$Z$35,0,LI$22,1000,2),2,),\"\")","v":""},{"$f":"IFERROR(VLOOKUP($B24,OFFSET('Analiza sprzedaży'!$Z$35,0,LJ$22,1000,2),2,),\"\")","v":""},{"$f":"IFERROR(VLOOKUP($B24,OFFSET('Analiza sprzedaży'!$Z$35,0,LK$22,1000,2),2,),\"\")","v":""},{"$f":"IFERROR(VLOOKUP($B24,OFFSET('Analiza sprzedaży'!$Z$35,0,LL$22,1000,2),2,),\"\")","v":""},{"$f":"IFERROR(VLOOKUP($B24,OFFSET('Analiza sprzedaży'!$Z$35,0,LM$22,1000,2),2,),\"\")","v":""},{"$f":"IFERROR(VLOOKUP($B24,OFFSET('Analiza sprzedaży'!$Z$35,0,LN$22,1000,2),2,),\"\")","v":""},{"$f":"IFERROR(VLOOKUP($B24,OFFSET('Analiza sprzedaży'!$Z$35,0,LO$22,1000,2),2,),\"\")","v":""},{"$f":"IFERROR(VLOOKUP($B24,OFFSET('Analiza sprzedaży'!$Z$35,0,LP$22,1000,2),2,),\"\")","v":""},{"$f":"IFERROR(VLOOKUP($B24,OFFSET('Analiza sprzedaży'!$Z$35,0,LQ$22,1000,2),2,),\"\")","v":""},{"$f":"IFERROR(VLOOKUP($B24,OFFSET('Analiza sprzedaży'!$Z$35,0,LR$22,1000,2),2,),\"\")","v":""},{"$f":"IFERROR(VLOOKUP($B24,OFFSET('Analiza sprzedaży'!$Z$35,0,LS$22,1000,2),2,),\"\")","v":""},{"$f":"IFERROR(VLOOKUP($B24,OFFSET('Analiza sprzedaży'!$Z$35,0,LT$22,1000,2),2,),\"\")","v":""},{"$f":"IFERROR(VLOOKUP($B24,OFFSET('Analiza sprzedaży'!$Z$35,0,LU$22,1000,2),2,),\"\")","v":""},{"$f":"IFERROR(VLOOKUP($B24,OFFSET('Analiza sprzedaży'!$Z$35,0,LV$22,1000,2),2,),\"\")","v":""},{"$f":"IFERROR(VLOOKUP($B24,OFFSET('Analiza sprzedaży'!$Z$35,0,LW$22,1000,2),2,),\"\")","v":""},{"$f":"IFERROR(VLOOKUP($B24,OFFSET('Analiza sprzedaży'!$Z$35,0,LX$22,1000,2),2,),\"\")","v":""},{"$f":"IFERROR(VLOOKUP($B24,OFFSET('Analiza sprzedaży'!$Z$35,0,LY$22,1000,2),2,),\"\")","v":""},{"$f":"IFERROR(VLOOKUP($B24,OFFSET('Analiza sprzedaży'!$Z$35,0,LZ$22,1000,2),2,),\"\")","v":""},{"$f":"IFERROR(VLOOKUP($B24,OFFSET('Analiza sprzedaży'!$Z$35,0,MA$22,1000,2),2,),\"\")","v":""},{"$f":"IFERROR(VLOOKUP($B24,OFFSET('Analiza sprzedaży'!$Z$35,0,MB$22,1000,2),2,),\"\")","v":""},{"$f":"IFERROR(VLOOKUP($B24,OFFSET('Analiza sprzedaży'!$Z$35,0,MC$22,1000,2),2,),\"\")","v":""},{"$f":"IFERROR(VLOOKUP($B24,OFFSET('Analiza sprzedaży'!$Z$35,0,MD$22,1000,2),2,),\"\")","v":""},{"$f":"IFERROR(VLOOKUP($B24,OFFSET('Analiza sprzedaży'!$Z$35,0,ME$22,1000,2),2,),\"\")","v":""},{"$f":"IFERROR(VLOOKUP($B24,OFFSET('Analiza sprzedaży'!$Z$35,0,MF$22,1000,2),2,),\"\")","v":""},{"$f":"IFERROR(VLOOKUP($B24,OFFSET('Analiza sprzedaży'!$Z$35,0,MG$22,1000,2),2,),\"\")","v":""},{"$f":"IFERROR(VLOOKUP($B24,OFFSET('Analiza sprzedaży'!$Z$35,0,MH$22,1000,2),2,),\"\")","v":""},{"$f":"IFERROR(VLOOKUP($B24,OFFSET('Analiza sprzedaży'!$Z$35,0,MI$22,1000,2),2,),\"\")","v":""},{"$f":"IFERROR(VLOOKUP($B24,OFFSET('Analiza sprzedaży'!$Z$35,0,MJ$22,1000,2),2,),\"\")","v":""},{"$f":"IFERROR(VLOOKUP($B24,OFFSET('Analiza sprzedaży'!$Z$35,0,MK$22,1000,2),2,),\"\")","v":""},{"$f":"IFERROR(VLOOKUP($B24,OFFSET('Analiza sprzedaży'!$Z$35,0,ML$22,1000,2),2,),\"\")","v":""},{"$f":"IFERROR(VLOOKUP($B24,OFFSET('Analiza sprzedaży'!$Z$35,0,MM$22,1000,2),2,),\"\")","v":""},{"$f":"IFERROR(VLOOKUP($B24,OFFSET('Analiza sprzedaży'!$Z$35,0,MN$22,1000,2),2,),\"\")","v":""},{"$f":"IFERROR(VLOOKUP($B24,OFFSET('Analiza sprzedaży'!$Z$35,0,MO$22,1000,2),2,),\"\")","v":""},{"$f":"IFERROR(VLOOKUP($B24,OFFSET('Analiza sprzedaży'!$Z$35,0,MP$22,1000,2),2,),\"\")","v":""},{"$f":"IFERROR(VLOOKUP($B24,OFFSET('Analiza sprzedaży'!$Z$35,0,MQ$22,1000,2),2,),\"\")","v":""},{"$f":"IFERROR(VLOOKUP($B24,OFFSET('Analiza sprzedaży'!$Z$35,0,MR$22,1000,2),2,),\"\")","v":""},{"$f":"IFERROR(VLOOKUP($B24,OFFSET('Analiza sprzedaży'!$Z$35,0,MS$22,1000,2),2,),\"\")","v":""},{"$f":"IFERROR(VLOOKUP($B24,OFFSET('Analiza sprzedaży'!$Z$35,0,MT$22,1000,2),2,),\"\")","v":""},{"$f":"IFERROR(VLOOKUP($B24,OFFSET('Analiza sprzedaży'!$Z$35,0,MU$22,1000,2),2,),\"\")","v":""},{"$f":"IFERROR(VLOOKUP($B24,OFFSET('Analiza sprzedaży'!$Z$35,0,MV$22,1000,2),2,),\"\")","v":""},{"$f":"IFERROR(VLOOKUP($B24,OFFSET('Analiza sprzedaży'!$Z$35,0,MW$22,1000,2),2,),\"\")","v":""},{"$f":"IFERROR(VLOOKUP($B24,OFFSET('Analiza sprzedaży'!$Z$35,0,MX$22,1000,2),2,),\"\")","v":""},{"$f":"IFERROR(VLOOKUP($B24,OFFSET('Analiza sprzedaży'!$Z$35,0,MY$22,1000,2),2,),\"\")","v":""},{"$f":"IFERROR(VLOOKUP($B24,OFFSET('Analiza sprzedaży'!$Z$35,0,MZ$22,1000,2),2,),\"\")","v":""},{"$f":"IFERROR(VLOOKUP($B24,OFFSET('Analiza sprzedaży'!$Z$35,0,NA$22,1000,2),2,),\"\")","v":""},{"$f":"IFERROR(VLOOKUP($B24,OFFSET('Analiza sprzedaży'!$Z$35,0,NB$22,1000,2),2,),\"\")","v":""},{"$f":"IFERROR(VLOOKUP($B24,OFFSET('Analiza sprzedaży'!$Z$35,0,NC$22,1000,2),2,),\"\")","v":""},{"$f":"IFERROR(VLOOKUP($B24,OFFSET('Analiza sprzedaży'!$Z$35,0,ND$22,1000,2),2,),\"\")","v":""},{"$f":"IFERROR(VLOOKUP($B24,OFFSET('Analiza sprzedaży'!$Z$35,0,NE$22,1000,2),2,),\"\")","v":""},{"$f":"IFERROR(VLOOKUP($B24,OFFSET('Analiza sprzedaży'!$Z$35,0,NF$22,1000,2),2,),\"\")","v":""},{"$f":"IFERROR(VLOOKUP($B24,OFFSET('Analiza sprzedaży'!$Z$35,0,NG$22,1000,2),2,),\"\")","v":""},{"$f":"IFERROR(VLOOKUP($B24,OFFSET('Analiza sprzedaży'!$Z$35,0,NH$22,1000,2),2,),\"\")","v":""},{"$f":"IFERROR(VLOOKUP($B24,OFFSET('Analiza sprzedaży'!$Z$35,0,NI$22,1000,2),2,),\"\")","v":""},{"$f":"IFERROR(VLOOKUP($B24,OFFSET('Analiza sprzedaży'!$Z$35,0,NJ$22,1000,2),2,),\"\")","v":""},{"$f":"IFERROR(VLOOKUP($B24,OFFSET('Analiza sprzedaży'!$Z$35,0,NK$22,1000,2),2,),\"\")","v":""},{"$f":"IFERROR(VLOOKUP($B24,OFFSET('Analiza sprzedaży'!$Z$35,0,NL$22,1000,2),2,),\"\")","v":""},{"$f":"IFERROR(VLOOKUP($B24,OFFSET('Analiza sprzedaży'!$Z$35,0,NM$22,1000,2),2,),\"\")","v":""},{"$f":"IFERROR(VLOOKUP($B24,OFFSET('Analiza sprzedaży'!$Z$35,0,NN$22,1000,2),2,),\"\")","v":""},{"$f":"IFERROR(VLOOKUP($B24,OFFSET('Analiza sprzedaży'!$Z$35,0,NO$22,1000,2),2,),\"\")","v":""},{"$f":"IFERROR(VLOOKUP($B24,OFFSET('Analiza sprzedaży'!$Z$35,0,NP$22,1000,2),2,),\"\")","v":""},{"$f":"IFERROR(VLOOKUP($B24,OFFSET('Analiza sprzedaży'!$Z$35,0,NQ$22,1000,2),2,),\"\")","v":""},{"$f":"IFERROR(VLOOKUP($B24,OFFSET('Analiza sprzedaży'!$Z$35,0,NR$22,1000,2),2,),\"\")","v":""},{"$f":"IFERROR(VLOOKUP($B24,OFFSET('Analiza sprzedaży'!$Z$35,0,NS$22,1000,2),2,),\"\")","v":""},{"$f":"IFERROR(VLOOKUP($B24,OFFSET('Analiza sprzedaży'!$Z$35,0,NT$22,1000,2),2,),\"\")","v":""},{"$f":"IFERROR(VLOOKUP($B24,OFFSET('Analiza sprzedaży'!$Z$35,0,NU$22,1000,2),2,),\"\")","v":""},{"$f":"IFERROR(VLOOKUP($B24,OFFSET('Analiza sprzedaży'!$Z$35,0,NV$22,1000,2),2,),\"\")","v":""},{"$f":"IFERROR(VLOOKUP($B24,OFFSET('Analiza sprzedaży'!$Z$35,0,NW$22,1000,2),2,),\"\")","v":""},{"$f":"IFERROR(VLOOKUP($B24,OFFSET('Analiza sprzedaży'!$Z$35,0,NX$22,1000,2),2,),\"\")","v":""},{"$f":"IFERROR(VLOOKUP($B24,OFFSET('Analiza sprzedaży'!$Z$35,0,NY$22,1000,2),2,),\"\")","v":""},{"$f":"IFERROR(VLOOKUP($B24,OFFSET('Analiza sprzedaży'!$Z$35,0,NZ$22,1000,2),2,),\"\")","v":""},{"$f":"IFERROR(VLOOKUP($B24,OFFSET('Analiza sprzedaży'!$Z$35,0,OA$22,1000,2),2,),\"\")","v":""},{"$f":"IFERROR(VLOOKUP($B24,OFFSET('Analiza sprzedaży'!$Z$35,0,OB$22,1000,2),2,),\"\")","v":""},{"$f":"IFERROR(VLOOKUP($B24,OFFSET('Analiza sprzedaży'!$Z$35,0,OC$22,1000,2),2,),\"\")","v":""},{"$f":"IFERROR(VLOOKUP($B24,OFFSET('Analiza sprzedaży'!$Z$35,0,OD$22,1000,2),2,),\"\")","v":""},{"$f":"IFERROR(VLOOKUP($B24,OFFSET('Analiza sprzedaży'!$Z$35,0,OE$22,1000,2),2,),\"\")","v":""},{"$f":"IFERROR(VLOOKUP($B24,OFFSET('Analiza sprzedaży'!$Z$35,0,OF$22,1000,2),2,),\"\")","v":""},{"$f":"IFERROR(VLOOKUP($B24,OFFSET('Analiza sprzedaży'!$Z$35,0,OG$22,1000,2),2,),\"\")","v":""},{"$f":"IFERROR(VLOOKUP($B24,OFFSET('Analiza sprzedaży'!$Z$35,0,OH$22,1000,2),2,),\"\")","v":""},{"$f":"IFERROR(VLOOKUP($B24,OFFSET('Analiza sprzedaży'!$Z$35,0,OI$22,1000,2),2,),\"\")","v":""},{"$f":"IFERROR(VLOOKUP($B24,OFFSET('Analiza sprzedaży'!$Z$35,0,OJ$22,1000,2),2,),\"\")","v":""},{"$f":"IFERROR(VLOOKUP($B24,OFFSET('Analiza sprzedaży'!$Z$35,0,OK$22,1000,2),2,),\"\")","v":""},{"$f":"IFERROR(VLOOKUP($B24,OFFSET('Analiza sprzedaży'!$Z$35,0,OL$22,1000,2),2,),\"\")","v":""},{"$f":"IFERROR(VLOOKUP($B24,OFFSET('Analiza sprzedaży'!$Z$35,0,OM$22,1000,2),2,),\"\")","v":""},{"$f":"IFERROR(VLOOKUP($B24,OFFSET('Analiza sprzedaży'!$Z$35,0,ON$22,1000,2),2,),\"\")","v":""},{"$f":"IFERROR(VLOOKUP($B24,OFFSET('Analiza sprzedaży'!$Z$35,0,OO$22,1000,2),2,),\"\")","v":""},{"$f":"IFERROR(VLOOKUP($B24,OFFSET('Analiza sprzedaży'!$Z$35,0,OP$22,1000,2),2,),\"\")","v":""},{"$f":"IFERROR(VLOOKUP($B24,OFFSET('Analiza sprzedaży'!$Z$35,0,OQ$22,1000,2),2,),\"\")","v":""},{"$f":"IFERROR(VLOOKUP($B24,OFFSET('Analiza sprzedaży'!$Z$35,0,OR$22,1000,2),2,),\"\")","v":""},{"$f":"IFERROR(VLOOKUP($B24,OFFSET('Analiza sprzedaży'!$Z$35,0,OS$22,1000,2),2,),\"\")","v":""},{"$f":"IFERROR(VLOOKUP($B24,OFFSET('Analiza sprzedaży'!$Z$35,0,OT$22,1000,2),2,),\"\")","v":""},{"$f":"IFERROR(VLOOKUP($B24,OFFSET('Analiza sprzedaży'!$Z$35,0,OU$22,1000,2),2,),\"\")","v":""},{"$f":"IFERROR(VLOOKUP($B24,OFFSET('Analiza sprzedaży'!$Z$35,0,OV$22,1000,2),2,),\"\")","v":""},{"$f":"IFERROR(VLOOKUP($B24,OFFSET('Analiza sprzedaży'!$Z$35,0,OW$22,1000,2),2,),\"\")","v":""},{"$f":"IFERROR(VLOOKUP($B24,OFFSET('Analiza sprzedaży'!$Z$35,0,OX$22,1000,2),2,),\"\")","v":""},{"$f":"IFERROR(VLOOKUP($B24,OFFSET('Analiza sprzedaży'!$Z$35,0,OY$22,1000,2),2,),\"\")","v":""},{"$f":"IFERROR(VLOOKUP($B24,OFFSET('Analiza sprzedaży'!$Z$35,0,OZ$22,1000,2),2,),\"\")","v":""},{"$f":"IFERROR(VLOOKUP($B24,OFFSET('Analiza sprzedaży'!$Z$35,0,PA$22,1000,2),2,),\"\")","v":""},{"$f":"IFERROR(VLOOKUP($B24,OFFSET('Analiza sprzedaży'!$Z$35,0,PB$22,1000,2),2,),\"\")","v":""},{"$f":"IFERROR(VLOOKUP($B24,OFFSET('Analiza sprzedaży'!$Z$35,0,PC$22,1000,2),2,),\"\")","v":""},{"$f":"IFERROR(VLOOKUP($B24,OFFSET('Analiza sprzedaży'!$Z$35,0,PD$22,1000,2),2,),\"\")","v":""},{"$f":"IFERROR(VLOOKUP($B24,OFFSET('Analiza sprzedaży'!$Z$35,0,PE$22,1000,2),2,),\"\")","v":""},{"$f":"IFERROR(VLOOKUP($B24,OFFSET('Analiza sprzedaży'!$Z$35,0,PF$22,1000,2),2,),\"\")","v":""},{"$f":"IFERROR(VLOOKUP($B24,OFFSET('Analiza sprzedaży'!$Z$35,0,PG$22,1000,2),2,),\"\")","v":""},{"$f":"IFERROR(VLOOKUP($B24,OFFSET('Analiza sprzedaży'!$Z$35,0,PH$22,1000,2),2,),\"\")","v":""},{"$f":"IFERROR(VLOOKUP($B24,OFFSET('Analiza sprzedaży'!$Z$35,0,PI$22,1000,2),2,),\"\")","v":""},{"$f":"IFERROR(VLOOKUP($B24,OFFSET('Analiza sprzedaży'!$Z$35,0,PJ$22,1000,2),2,),\"\")","v":""},{"$f":"IFERROR(VLOOKUP($B24,OFFSET('Analiza sprzedaży'!$Z$35,0,PK$22,1000,2),2,),\"\")","v":""},{"$f":"IFERROR(VLOOKUP($B24,OFFSET('Analiza sprzedaży'!$Z$35,0,PL$22,1000,2),2,),\"\")","v":""},{"$f":"IFERROR(VLOOKUP($B24,OFFSET('Analiza sprzedaży'!$Z$35,0,PM$22,1000,2),2,),\"\")","v":""},{"$f":"IFERROR(VLOOKUP($B24,OFFSET('Analiza sprzedaży'!$Z$35,0,PN$22,1000,2),2,),\"\")","v":""},{"$f":"IFERROR(VLOOKUP($B24,OFFSET('Analiza sprzedaży'!$Z$35,0,PO$22,1000,2),2,),\"\")","v":""},{"$f":"IFERROR(VLOOKUP($B24,OFFSET('Analiza sprzedaży'!$Z$35,0,PP$22,1000,2),2,),\"\")","v":""},{"$f":"IFERROR(VLOOKUP($B24,OFFSET('Analiza sprzedaży'!$Z$35,0,PQ$22,1000,2),2,),\"\")","v":""},{"$f":"IFERROR(VLOOKUP($B24,OFFSET('Analiza sprzedaży'!$Z$35,0,PR$22,1000,2),2,),\"\")","v":""},{"$f":"IFERROR(VLOOKUP($B24,OFFSET('Analiza sprzedaży'!$Z$35,0,PS$22,1000,2),2,),\"\")","v":""},{"$f":"IFERROR(VLOOKUP($B24,OFFSET('Analiza sprzedaży'!$Z$35,0,PT$22,1000,2),2,),\"\")","v":""},{"$f":"IFERROR(VLOOKUP($B24,OFFSET('Analiza sprzedaży'!$Z$35,0,PU$22,1000,2),2,),\"\")","v":""},{"$f":"IFERROR(VLOOKUP($B24,OFFSET('Analiza sprzedaży'!$Z$35,0,PV$22,1000,2),2,),\"\")","v":""},{"$f":"IFERROR(VLOOKUP($B24,OFFSET('Analiza sprzedaży'!$Z$35,0,PW$22,1000,2),2,),\"\")","v":""},{"$f":"IFERROR(VLOOKUP($B24,OFFSET('Analiza sprzedaży'!$Z$35,0,PX$22,1000,2),2,),\"\")","v":""},{"$f":"IFERROR(VLOOKUP($B24,OFFSET('Analiza sprzedaży'!$Z$35,0,PY$22,1000,2),2,),\"\")","v":""},{"$f":"IFERROR(VLOOKUP($B24,OFFSET('Analiza sprzedaży'!$Z$35,0,PZ$22,1000,2),2,),\"\")","v":""},{"$f":"IFERROR(VLOOKUP($B24,OFFSET('Analiza sprzedaży'!$Z$35,0,QA$22,1000,2),2,),\"\")","v":""},{"$f":"IFERROR(VLOOKUP($B24,OFFSET('Analiza sprzedaży'!$Z$35,0,QB$22,1000,2),2,),\"\")","v":""},{"$f":"IFERROR(VLOOKUP($B24,OFFSET('Analiza sprzedaży'!$Z$35,0,QC$22,1000,2),2,),\"\")","v":""},{"$f":"IFERROR(VLOOKUP($B24,OFFSET('Analiza sprzedaży'!$Z$35,0,QD$22,1000,2),2,),\"\")","v":""},{"$f":"IFERROR(VLOOKUP($B24,OFFSET('Analiza sprzedaży'!$Z$35,0,QE$22,1000,2),2,),\"\")","v":""},{"$f":"IFERROR(VLOOKUP($B24,OFFSET('Analiza sprzedaży'!$Z$35,0,QF$22,1000,2),2,),\"\")","v":""},{"$f":"IFERROR(VLOOKUP($B24,OFFSET('Analiza sprzedaży'!$Z$35,0,QG$22,1000,2),2,),\"\")","v":""},{"$f":"IFERROR(VLOOKUP($B24,OFFSET('Analiza sprzedaży'!$Z$35,0,QH$22,1000,2),2,),\"\")","v":""},{"$f":"IFERROR(VLOOKUP($B24,OFFSET('Analiza sprzedaży'!$Z$35,0,QI$22,1000,2),2,),\"\")","v":""},{"$f":"IFERROR(VLOOKUP($B24,OFFSET('Analiza sprzedaży'!$Z$35,0,QJ$22,1000,2),2,),\"\")","v":""},{"$f":"IFERROR(VLOOKUP($B24,OFFSET('Analiza sprzedaży'!$Z$35,0,QK$22,1000,2),2,),\"\")","v":""},{"$f":"IFERROR(VLOOKUP($B24,OFFSET('Analiza sprzedaży'!$Z$35,0,QL$22,1000,2),2,),\"\")","v":""},{"$f":"IFERROR(VLOOKUP($B24,OFFSET('Analiza sprzedaży'!$Z$35,0,QM$22,1000,2),2,),\"\")","v":""},{"$f":"IFERROR(VLOOKUP($B24,OFFSET('Analiza sprzedaży'!$Z$35,0,QN$22,1000,2),2,),\"\")","v":""},{"$f":"IFERROR(VLOOKUP($B24,OFFSET('Analiza sprzedaży'!$Z$35,0,QO$22,1000,2),2,),\"\")","v":""},{"$f":"IFERROR(VLOOKUP($B24,OFFSET('Analiza sprzedaży'!$Z$35,0,QP$22,1000,2),2,),\"\")","v":""},{"$f":"IFERROR(VLOOKUP($B24,OFFSET('Analiza sprzedaży'!$Z$35,0,QQ$22,1000,2),2,),\"\")","v":""},{"$f":"IFERROR(VLOOKUP($B24,OFFSET('Analiza sprzedaży'!$Z$35,0,QR$22,1000,2),2,),\"\")","v":""},{"$f":"IFERROR(VLOOKUP($B24,OFFSET('Analiza sprzedaży'!$Z$35,0,QS$22,1000,2),2,),\"\")","v":""},{"$f":"IFERROR(VLOOKUP($B24,OFFSET('Analiza sprzedaży'!$Z$35,0,QT$22,1000,2),2,),\"\")","v":""},{"$f":"IFERROR(VLOOKUP($B24,OFFSET('Analiza sprzedaży'!$Z$35,0,QU$22,1000,2),2,),\"\")","v":""},{"$f":"IFERROR(VLOOKUP($B24,OFFSET('Analiza sprzedaży'!$Z$35,0,QV$22,1000,2),2,),\"\")","v":""},{"$f":"IFERROR(VLOOKUP($B24,OFFSET('Analiza sprzedaży'!$Z$35,0,QW$22,1000,2),2,),\"\")","v":""},{"$f":"IFERROR(VLOOKUP($B24,OFFSET('Analiza sprzedaży'!$Z$35,0,QX$22,1000,2),2,),\"\")","v":""},{"$f":"IFERROR(VLOOKUP($B24,OFFSET('Analiza sprzedaży'!$Z$35,0,QY$22,1000,2),2,),\"\")","v":""},{"$f":"IFERROR(VLOOKUP($B24,OFFSET('Analiza sprzedaży'!$Z$35,0,QZ$22,1000,2),2,),\"\")","v":""},{"$f":"IFERROR(VLOOKUP($B24,OFFSET('Analiza sprzedaży'!$Z$35,0,RA$22,1000,2),2,),\"\")","v":""},{"$f":"IFERROR(VLOOKUP($B24,OFFSET('Analiza sprzedaży'!$Z$35,0,RB$22,1000,2),2,),\"\")","v":""},{"$f":"IFERROR(VLOOKUP($B24,OFFSET('Analiza sprzedaży'!$Z$35,0,RC$22,1000,2),2,),\"\")","v":""},{"$f":"IFERROR(VLOOKUP($B24,OFFSET('Analiza sprzedaży'!$Z$35,0,RD$22,1000,2),2,),\"\")","v":""},{"$f":"IFERROR(VLOOKUP($B24,OFFSET('Analiza sprzedaży'!$Z$35,0,RE$22,1000,2),2,),\"\")","v":""},{"$f":"IFERROR(VLOOKUP($B24,OFFSET('Analiza sprzedaży'!$Z$35,0,RF$22,1000,2),2,),\"\")","v":""},{"$f":"IFERROR(VLOOKUP($B24,OFFSET('Analiza sprzedaży'!$Z$35,0,RG$22,1000,2),2,),\"\")","v":""},{"$f":"IFERROR(VLOOKUP($B24,OFFSET('Analiza sprzedaży'!$Z$35,0,RH$22,1000,2),2,),\"\")","v":""},{"$f":"IFERROR(VLOOKUP($B24,OFFSET('Analiza sprzedaży'!$Z$35,0,RI$22,1000,2),2,),\"\")","v":""},{"$f":"IFERROR(VLOOKUP($B24,OFFSET('Analiza sprzedaży'!$Z$35,0,RJ$22,1000,2),2,),\"\")","v":""},{"$f":"IFERROR(VLOOKUP($B24,OFFSET('Analiza sprzedaży'!$Z$35,0,RK$22,1000,2),2,),\"\")","v":""},{"$f":"IFERROR(VLOOKUP($B24,OFFSET('Analiza sprzedaży'!$Z$35,0,RL$22,1000,2),2,),\"\")","v":""},{"$f":"IFERROR(VLOOKUP($B24,OFFSET('Analiza sprzedaży'!$Z$35,0,RM$22,1000,2),2,),\"\")","v":""},{"$f":"IFERROR(VLOOKUP($B24,OFFSET('Analiza sprzedaży'!$Z$35,0,RN$22,1000,2),2,),\"\")","v":""},{"$f":"IFERROR(VLOOKUP($B24,OFFSET('Analiza sprzedaży'!$Z$35,0,RO$22,1000,2),2,),\"\")","v":""},{"$f":"IFERROR(VLOOKUP($B24,OFFSET('Analiza sprzedaży'!$Z$35,0,RP$22,1000,2),2,),\"\")","v":""},{"$f":"IFERROR(VLOOKUP($B24,OFFSET('Analiza sprzedaży'!$Z$35,0,RQ$22,1000,2),2,),\"\")","v":""},{"$f":"IFERROR(VLOOKUP($B24,OFFSET('Analiza sprzedaży'!$Z$35,0,RR$22,1000,2),2,),\"\")","v":""},{"$f":"IFERROR(VLOOKUP($B24,OFFSET('Analiza sprzedaży'!$Z$35,0,RS$22,1000,2),2,),\"\")","v":""},{"$f":"IFERROR(VLOOKUP($B24,OFFSET('Analiza sprzedaży'!$Z$35,0,RT$22,1000,2),2,),\"\")","v":""},{"$f":"IFERROR(VLOOKUP($B24,OFFSET('Analiza sprzedaży'!$Z$35,0,RU$22,1000,2),2,),\"\")","v":""},{"$f":"IFERROR(VLOOKUP($B24,OFFSET('Analiza sprzedaży'!$Z$35,0,RV$22,1000,2),2,),\"\")","v":""},{"$f":"IFERROR(VLOOKUP($B24,OFFSET('Analiza sprzedaży'!$Z$35,0,RW$22,1000,2),2,),\"\")","v":""},{"$f":"IFERROR(VLOOKUP($B24,OFFSET('Analiza sprzedaży'!$Z$35,0,RX$22,1000,2),2,),\"\")","v":""},{"$f":"IFERROR(VLOOKUP($B24,OFFSET('Analiza sprzedaży'!$Z$35,0,RY$22,1000,2),2,),\"\")","v":""},{"$f":"IFERROR(VLOOKUP($B24,OFFSET('Analiza sprzedaży'!$Z$35,0,RZ$22,1000,2),2,),\"\")","v":""},{"$f":"IFERROR(VLOOKUP($B24,OFFSET('Analiza sprzedaży'!$Z$35,0,SA$22,1000,2),2,),\"\")","v":""},{"$f":"IFERROR(VLOOKUP($B24,OFFSET('Analiza sprzedaży'!$Z$35,0,SB$22,1000,2),2,),\"\")","v":""},{"$f":"IFERROR(VLOOKUP($B24,OFFSET('Analiza sprzedaży'!$Z$35,0,SC$22,1000,2),2,),\"\")","v":""},{"$f":"IFERROR(VLOOKUP($B24,OFFSET('Analiza sprzedaży'!$Z$35,0,SD$22,1000,2),2,),\"\")","v":""},{"$f":"IFERROR(VLOOKUP($B24,OFFSET('Analiza sprzedaży'!$Z$35,0,SE$22,1000,2),2,),\"\")","v":""},{"$f":"IFERROR(VLOOKUP($B24,OFFSET('Analiza sprzedaży'!$Z$35,0,SF$22,1000,2),2,),\"\")","v":""},{"$f":"IFERROR(VLOOKUP($B24,OFFSET('Analiza sprzedaży'!$Z$35,0,SG$22,1000,2),2,),\"\")","v":""},{"$f":"IFERROR(VLOOKUP($B24,OFFSET('Analiza sprzedaży'!$Z$35,0,SH$22,1000,2),2,),\"\")","v":""},{"$f":"IFERROR(VLOOKUP($B24,OFFSET('Analiza sprzedaży'!$Z$35,0,SI$22,1000,2),2,),\"\")","v":""},{"$f":"IFERROR(VLOOKUP($B24,OFFSET('Analiza sprzedaży'!$Z$35,0,SJ$22,1000,2),2,),\"\")","v":""},{"$f":"IFERROR(VLOOKUP($B24,OFFSET('Analiza sprzedaży'!$Z$35,0,SK$22,1000,2),2,),\"\")","v":""},{"$f":"IFERROR(VLOOKUP($B24,OFFSET('Analiza sprzedaży'!$Z$35,0,SL$22,1000,2),2,),\"\")","v":""},{"$f":"IFERROR(VLOOKUP($B24,OFFSET('Analiza sprzedaży'!$Z$35,0,SM$22,1000,2),2,),\"\")","v":""},{"$f":"IFERROR(VLOOKUP($B24,OFFSET('Analiza sprzedaży'!$Z$35,0,SN$22,1000,2),2,),\"\")","v":""},{"$f":"IFERROR(VLOOKUP($B24,OFFSET('Analiza sprzedaży'!$Z$35,0,SO$22,1000,2),2,),\"\")","v":""},{"$f":"IFERROR(VLOOKUP($B24,OFFSET('Analiza sprzedaży'!$Z$35,0,SP$22,1000,2),2,),\"\")","v":""},{"$f":"IFERROR(VLOOKUP($B24,OFFSET('Analiza sprzedaży'!$Z$35,0,SQ$22,1000,2),2,),\"\")","v":""},{"$f":"IFERROR(VLOOKUP($B24,OFFSET('Analiza sprzedaży'!$Z$35,0,SR$22,1000,2),2,),\"\")","v":""},{"$f":"IFERROR(VLOOKUP($B24,OFFSET('Analiza sprzedaży'!$Z$35,0,SS$22,1000,2),2,),\"\")","v":""},{"$f":"IFERROR(VLOOKUP($B24,OFFSET('Analiza sprzedaży'!$Z$35,0,ST$22,1000,2),2,),\"\")","v":""},{"$f":"IFERROR(VLOOKUP($B24,OFFSET('Analiza sprzedaży'!$Z$35,0,SU$22,1000,2),2,),\"\")","v":""},{"$f":"IFERROR(VLOOKUP($B24,OFFSET('Analiza sprzedaży'!$Z$35,0,SV$22,1000,2),2,),\"\")","v":""},{"$f":"IFERROR(VLOOKUP($B24,OFFSET('Analiza sprzedaży'!$Z$35,0,SW$22,1000,2),2,),\"\")","v":""},{"$f":"IFERROR(VLOOKUP($B24,OFFSET('Analiza sprzedaży'!$Z$35,0,SX$22,1000,2),2,),\"\")","v":""},{"$f":"IFERROR(VLOOKUP($B24,OFFSET('Analiza sprzedaży'!$Z$35,0,SY$22,1000,2),2,),\"\")","v":""},{"$f":"IFERROR(VLOOKUP($B24,OFFSET('Analiza sprzedaży'!$Z$35,0,SZ$22,1000,2),2,),\"\")","v":""},{"$f":"IFERROR(VLOOKUP($B24,OFFSET('Analiza sprzedaży'!$Z$35,0,TA$22,1000,2),2,),\"\")","v":""},{"$f":"IFERROR(VLOOKUP($B24,OFFSET('Analiza sprzedaży'!$Z$35,0,TB$22,1000,2),2,),\"\")","v":""},{"$f":"IFERROR(VLOOKUP($B24,OFFSET('Analiza sprzedaży'!$Z$35,0,TC$22,1000,2),2,),\"\")","v":""},{"$f":"IFERROR(VLOOKUP($B24,OFFSET('Analiza sprzedaży'!$Z$35,0,TD$22,1000,2),2,),\"\")","v":""},{"$f":"IFERROR(VLOOKUP($B24,OFFSET('Analiza sprzedaży'!$Z$35,0,TE$22,1000,2),2,),\"\")","v":""},{"$f":"IFERROR(VLOOKUP($B24,OFFSET('Analiza sprzedaży'!$Z$35,0,TF$22,1000,2),2,),\"\")","v":""},{"$f":"IFERROR(VLOOKUP($B24,OFFSET('Analiza sprzedaży'!$Z$35,0,TG$22,1000,2),2,),\"\")","v":""},{"$f":"IFERROR(VLOOKUP($B24,OFFSET('Analiza sprzedaży'!$Z$35,0,TH$22,1000,2),2,),\"\")","v":""},{"$f":"IFERROR(VLOOKUP($B24,OFFSET('Analiza sprzedaży'!$Z$35,0,TI$22,1000,2),2,),\"\")","v":""},{"$f":"IFERROR(VLOOKUP($B24,OFFSET('Analiza sprzedaży'!$Z$35,0,TJ$22,1000,2),2,),\"\")","v":""},{"$f":"IFERROR(VLOOKUP($B24,OFFSET('Analiza sprzedaży'!$Z$35,0,TK$22,1000,2),2,),\"\")","v":""},{"$f":"IFERROR(VLOOKUP($B24,OFFSET('Analiza sprzedaży'!$Z$35,0,TL$22,1000,2),2,),\"\")","v":""},{"$f":"IFERROR(VLOOKUP($B24,OFFSET('Analiza sprzedaży'!$Z$35,0,TM$22,1000,2),2,),\"\")","v":""},{"$f":"IFERROR(VLOOKUP($B24,OFFSET('Analiza sprzedaży'!$Z$35,0,TN$22,1000,2),2,),\"\")","v":""},{"$f":"IFERROR(VLOOKUP($B24,OFFSET('Analiza sprzedaży'!$Z$35,0,TO$22,1000,2),2,),\"\")","v":""},{"$f":"IFERROR(VLOOKUP($B24,OFFSET('Analiza sprzedaży'!$Z$35,0,TP$22,1000,2),2,),\"\")","v":""},{"$f":"IFERROR(VLOOKUP($B24,OFFSET('Analiza sprzedaży'!$Z$35,0,TQ$22,1000,2),2,),\"\")","v":""},{"$f":"IFERROR(VLOOKUP($B24,OFFSET('Analiza sprzedaży'!$Z$35,0,TR$22,1000,2),2,),\"\")","v":""},{"$f":"IFERROR(VLOOKUP($B24,OFFSET('Analiza sprzedaży'!$Z$35,0,TS$22,1000,2),2,),\"\")","v":""},{"$f":"IFERROR(VLOOKUP($B24,OFFSET('Analiza sprzedaży'!$Z$35,0,TT$22,1000,2),2,),\"\")","v":""},{"$f":"IFERROR(VLOOKUP($B24,OFFSET('Analiza sprzedaży'!$Z$35,0,TU$22,1000,2),2,),\"\")","v":""},{"$f":"IFERROR(VLOOKUP($B24,OFFSET('Analiza sprzedaży'!$Z$35,0,TV$22,1000,2),2,),\"\")","v":""},{"$f":"IFERROR(VLOOKUP($B24,OFFSET('Analiza sprzedaży'!$Z$35,0,TW$22,1000,2),2,),\"\")","v":""},{"$f":"IFERROR(VLOOKUP($B24,OFFSET('Analiza sprzedaży'!$Z$35,0,TX$22,1000,2),2,),\"\")","v":""},{"$f":"IFERROR(VLOOKUP($B24,OFFSET('Analiza sprzedaży'!$Z$35,0,TY$22,1000,2),2,),\"\")","v":""},{"$f":"IFERROR(VLOOKUP($B24,OFFSET('Analiza sprzedaży'!$Z$35,0,TZ$22,1000,2),2,),\"\")","v":""},{"$f":"IFERROR(VLOOKUP($B24,OFFSET('Analiza sprzedaży'!$Z$35,0,UA$22,1000,2),2,),\"\")","v":""},{"$f":"IFERROR(VLOOKUP($B24,OFFSET('Analiza sprzedaży'!$Z$35,0,UB$22,1000,2),2,),\"\")","v":""},{"$f":"IFERROR(VLOOKUP($B24,OFFSET('Analiza sprzedaży'!$Z$35,0,UC$22,1000,2),2,),\"\")","v":""},{"$f":"IFERROR(VLOOKUP($B24,OFFSET('Analiza sprzedaży'!$Z$35,0,UD$22,1000,2),2,),\"\")","v":""},{"$f":"IFERROR(VLOOKUP($B24,OFFSET('Analiza sprzedaży'!$Z$35,0,UE$22,1000,2),2,),\"\")","v":""},{"$f":"IFERROR(VLOOKUP($B24,OFFSET('Analiza sprzedaży'!$Z$35,0,UF$22,1000,2),2,),\"\")","v":""},{"$f":"IFERROR(VLOOKUP($B24,OFFSET('Analiza sprzedaży'!$Z$35,0,UG$22,1000,2),2,),\"\")","v":""},{"$f":"IFERROR(VLOOKUP($B24,OFFSET('Analiza sprzedaży'!$Z$35,0,UH$22,1000,2),2,),\"\")","v":""},{"$f":"IFERROR(VLOOKUP($B24,OFFSET('Analiza sprzedaży'!$Z$35,0,UI$22,1000,2),2,),\"\")","v":""},{"$f":"IFERROR(VLOOKUP($B24,OFFSET('Analiza sprzedaży'!$Z$35,0,UJ$22,1000,2),2,),\"\")","v":""},{"$f":"IFERROR(VLOOKUP($B24,OFFSET('Analiza sprzedaży'!$Z$35,0,UK$22,1000,2),2,),\"\")","v":""},{"$f":"IFERROR(VLOOKUP($B24,OFFSET('Analiza sprzedaży'!$Z$35,0,UL$22,1000,2),2,),\"\")","v":""},{"$f":"IFERROR(VLOOKUP($B24,OFFSET('Analiza sprzedaży'!$Z$35,0,UM$22,1000,2),2,),\"\")","v":""},{"$f":"IFERROR(VLOOKUP($B24,OFFSET('Analiza sprzedaży'!$Z$35,0,UN$22,1000,2),2,),\"\")","v":""},{"$f":"IFERROR(VLOOKUP($B24,OFFSET('Analiza sprzedaży'!$Z$35,0,UO$22,1000,2),2,),\"\")","v":""},{"$f":"IFERROR(VLOOKUP($B24,OFFSET('Analiza sprzedaży'!$Z$35,0,UP$22,1000,2),2,),\"\")","v":""},{"$f":"IFERROR(VLOOKUP($B24,OFFSET('Analiza sprzedaży'!$Z$35,0,UQ$22,1000,2),2,),\"\")","v":""},{"$f":"IFERROR(VLOOKUP($B24,OFFSET('Analiza sprzedaży'!$Z$35,0,UR$22,1000,2),2,),\"\")","v":""},{"$f":"IFERROR(VLOOKUP($B24,OFFSET('Analiza sprzedaży'!$Z$35,0,US$22,1000,2),2,),\"\")","v":""},{"$f":"IFERROR(VLOOKUP($B24,OFFSET('Analiza sprzedaży'!$Z$35,0,UT$22,1000,2),2,),\"\")","v":""}]
[null,{"$f":"'Analiza kluczowych klientów'!B11","v":"Klient 384"},{"$f":"IFERROR(VLOOKUP($B25,OFFSET('Analiza sprzedaży'!$Z$35,0,C$22,1000,2),2,),\"\")","v":""},{"$f":"IFERROR(VLOOKUP($B25,OFFSET('Analiza sprzedaży'!$Z$35,0,D$22,1000,2),2,),\"\")","v":""},{"$f":"IFERROR(VLOOKUP($B25,OFFSET('Analiza sprzedaży'!$Z$35,0,E$22,1000,2),2,),\"\")","v":""},{"$f":"IFERROR(VLOOKUP($B25,OFFSET('Analiza sprzedaży'!$Z$35,0,F$22,1000,2),2,),\"\")","v":""},{"$f":"IFERROR(VLOOKUP($B25,OFFSET('Analiza sprzedaży'!$Z$35,0,G$22,1000,2),2,),\"\")","v":""},{"$f":"IFERROR(VLOOKUP($B25,OFFSET('Analiza sprzedaży'!$Z$35,0,H$22,1000,2),2,),\"\")","v":""},{"$f":"IFERROR(VLOOKUP($B25,OFFSET('Analiza sprzedaży'!$Z$35,0,I$22,1000,2),2,),\"\")","v":""},{"$f":"IFERROR(VLOOKUP($B25,OFFSET('Analiza sprzedaży'!$Z$35,0,J$22,1000,2),2,),\"\")","v":""},{"$f":"IFERROR(VLOOKUP($B25,OFFSET('Analiza sprzedaży'!$Z$35,0,K$22,1000,2),2,),\"\")","v":""},{"$f":"IFERROR(VLOOKUP($B25,OFFSET('Analiza sprzedaży'!$Z$35,0,L$22,1000,2),2,),\"\")","v":""},{"$f":"IFERROR(VLOOKUP($B25,OFFSET('Analiza sprzedaży'!$Z$35,0,M$22,1000,2),2,),\"\")","v":""},{"$f":"IFERROR(VLOOKUP($B25,OFFSET('Analiza sprzedaży'!$Z$35,0,N$22,1000,2),2,),\"\")","v":""},{"$f":"IFERROR(VLOOKUP($B25,OFFSET('Analiza sprzedaży'!$Z$35,0,O$22,1000,2),2,),\"\")","v":""},{"$f":"IFERROR(VLOOKUP($B25,OFFSET('Analiza sprzedaży'!$Z$35,0,P$22,1000,2),2,),\"\")","v":""},{"$f":"IFERROR(VLOOKUP($B25,OFFSET('Analiza sprzedaży'!$Z$35,0,Q$22,1000,2),2,),\"\")","v":""},{"$f":"IFERROR(VLOOKUP($B25,OFFSET('Analiza sprzedaży'!$Z$35,0,R$22,1000,2),2,),\"\")","v":""},{"$f":"IFERROR(VLOOKUP($B25,OFFSET('Analiza sprzedaży'!$Z$35,0,S$22,1000,2),2,),\"\")","v":""},{"$f":"IFERROR(VLOOKUP($B25,OFFSET('Analiza sprzedaży'!$Z$35,0,T$22,1000,2),2,),\"\")","v":""},{"$f":"IFERROR(VLOOKUP($B25,OFFSET('Analiza sprzedaży'!$Z$35,0,U$22,1000,2),2,),\"\")","v":""},{"$f":"IFERROR(VLOOKUP($B25,OFFSET('Analiza sprzedaży'!$Z$35,0,V$22,1000,2),2,),\"\")","v":""},{"$f":"IFERROR(VLOOKUP($B25,OFFSET('Analiza sprzedaży'!$Z$35,0,W$22,1000,2),2,),\"\")","v":""},{"$f":"IFERROR(VLOOKUP($B25,OFFSET('Analiza sprzedaży'!$Z$35,0,X$22,1000,2),2,),\"\")","v":""},{"$f":"IFERROR(VLOOKUP($B25,OFFSET('Analiza sprzedaży'!$Z$35,0,Y$22,1000,2),2,),\"\")","v":""},{"$f":"IFERROR(VLOOKUP($B25,OFFSET('Analiza sprzedaży'!$Z$35,0,Z$22,1000,2),2,),\"\")","v":""},{"$f":"IFERROR(VLOOKUP($B25,OFFSET('Analiza sprzedaży'!$Z$35,0,AA$22,1000,2),2,),\"\")","v":""},{"$f":"IFERROR(VLOOKUP($B25,OFFSET('Analiza sprzedaży'!$Z$35,0,AB$22,1000,2),2,),\"\")","v":""},{"$f":"IFERROR(VLOOKUP($B25,OFFSET('Analiza sprzedaży'!$Z$35,0,AC$22,1000,2),2,),\"\")","v":""},{"$f":"IFERROR(VLOOKUP($B25,OFFSET('Analiza sprzedaży'!$Z$35,0,AD$22,1000,2),2,),\"\")","v":""},{"$f":"IFERROR(VLOOKUP($B25,OFFSET('Analiza sprzedaży'!$Z$35,0,AE$22,1000,2),2,),\"\")","v":""},{"$f":"IFERROR(VLOOKUP($B25,OFFSET('Analiza sprzedaży'!$Z$35,0,AF$22,1000,2),2,),\"\")","v":""},{"$f":"IFERROR(VLOOKUP($B25,OFFSET('Analiza sprzedaży'!$Z$35,0,AG$22,1000,2),2,),\"\")","v":""},{"$f":"IFERROR(VLOOKUP($B25,OFFSET('Analiza sprzedaży'!$Z$35,0,AH$22,1000,2),2,),\"\")","v":""},{"$f":"IFERROR(VLOOKUP($B25,OFFSET('Analiza sprzedaży'!$Z$35,0,AI$22,1000,2),2,),\"\")","v":""},{"$f":"IFERROR(VLOOKUP($B25,OFFSET('Analiza sprzedaży'!$Z$35,0,AJ$22,1000,2),2,),\"\")","v":""},{"$f":"IFERROR(VLOOKUP($B25,OFFSET('Analiza sprzedaży'!$Z$35,0,AK$22,1000,2),2,),\"\")","v":""},{"$f":"IFERROR(VLOOKUP($B25,OFFSET('Analiza sprzedaży'!$Z$35,0,AL$22,1000,2),2,),\"\")","v":""},{"$f":"AVERAGE(AN25:AU25)","v":119827.49678571432},{"$f":"AVERAGE(AO25:AV25)","v":123944.94380952383},123944.94380952381,{"$f":"IFERROR(VLOOKUP($B25,OFFSET('Analiza sprzedaży'!$Z$35,0,AP$22,1000,2),2,),\"\")","v":113254.09333333332},{"$f":"IFERROR(VLOOKUP($B25,OFFSET('Analiza sprzedaży'!$Z$35,0,AQ$22,1000,2),2,),\"\")","v":211774.34999999998},{"$f":"IFERROR(VLOOKUP($B25,OFFSET('Analiza sprzedaży'!$Z$35,0,AR$22,1000,2),2,),\"\")","v":241649.87333333338},{"$f":"IFERROR(VLOOKUP($B25,OFFSET('Analiza sprzedaży'!$Z$35,0,AS$22,1000,2),2,),\"\")","v":77183.69},{"$f":"IFERROR(VLOOKUP($B25,OFFSET('Analiza sprzedaży'!$Z$35,0,AT$22,1000,2),2,),\"\")","v":43889.983333333337},{"$f":"IFERROR(VLOOKUP($B25,OFFSET('Analiza sprzedaży'!$Z$35,0,AU$22,1000,2),2,),\"\")","v":22978.096666666668},{"$f":"IFERROR(VLOOKUP($B25,OFFSET('Analiza sprzedaży'!$Z$35,0,AV$22,1000,2),2,),\"\")","v":156884.51999999999},{"$f":"IFERROR(VLOOKUP($B25,OFFSET('Analiza sprzedaży'!$Z$35,0,AW$22,1000,2),2,),\"\")","v":""},{"$f":"IFERROR(VLOOKUP($B25,OFFSET('Analiza sprzedaży'!$Z$35,0,AX$22,1000,2),2,),\"\")","v":""},{"$f":"IFERROR(VLOOKUP($B25,OFFSET('Analiza sprzedaży'!$Z$35,0,AY$22,1000,2),2,),\"\")","v":""},{"$f":"IFERROR(VLOOKUP($B25,OFFSET('Analiza sprzedaży'!$Z$35,0,AZ$22,1000,2),2,),\"\")","v":""},{"$f":"IFERROR(VLOOKUP($B25,OFFSET('Analiza sprzedaży'!$Z$35,0,BA$22,1000,2),2,),\"\")","v":""},{"$f":"IFERROR(VLOOKUP($B25,OFFSET('Analiza sprzedaży'!$Z$35,0,BB$22,1000,2),2,),\"\")","v":""},{"$f":"IFERROR(VLOOKUP($B25,OFFSET('Analiza sprzedaży'!$Z$35,0,BC$22,1000,2),2,),\"\")","v":""},{"$f":"IFERROR(VLOOKUP($B25,OFFSET('Analiza sprzedaży'!$Z$35,0,BD$22,1000,2),2,),\"\")","v":""},{"$f":"IFERROR(VLOOKUP($B25,OFFSET('Analiza sprzedaży'!$Z$35,0,BE$22,1000,2),2,),\"\")","v":""},{"$f":"IFERROR(VLOOKUP($B25,OFFSET('Analiza sprzedaży'!$Z$35,0,BF$22,1000,2),2,),\"\")","v":""},{"$f":"IFERROR(VLOOKUP($B25,OFFSET('Analiza sprzedaży'!$Z$35,0,BG$22,1000,2),2,),\"\")","v":""},{"$f":"IFERROR(VLOOKUP($B25,OFFSET('Analiza sprzedaży'!$Z$35,0,BH$22,1000,2),2,),\"\")","v":""},{"$f":"IFERROR(VLOOKUP($B25,OFFSET('Analiza sprzedaży'!$Z$35,0,BI$22,1000,2),2,),\"\")","v":""},{"$f":"IFERROR(VLOOKUP($B25,OFFSET('Analiza sprzedaży'!$Z$35,0,BJ$22,1000,2),2,),\"\")","v":""},{"$f":"IFERROR(VLOOKUP($B25,OFFSET('Analiza sprzedaży'!$Z$35,0,BK$22,1000,2),2,),\"\")","v":""},{"$f":"IFERROR(VLOOKUP($B25,OFFSET('Analiza sprzedaży'!$Z$35,0,BL$22,1000,2),2,),\"\")","v":""},{"$f":"IFERROR(VLOOKUP($B25,OFFSET('Analiza sprzedaży'!$Z$35,0,BM$22,1000,2),2,),\"\")","v":""},{"$f":"IFERROR(VLOOKUP($B25,OFFSET('Analiza sprzedaży'!$Z$35,0,BN$22,1000,2),2,),\"\")","v":""},{"$f":"IFERROR(VLOOKUP($B25,OFFSET('Analiza sprzedaży'!$Z$35,0,BO$22,1000,2),2,),\"\")","v":""},{"$f":"IFERROR(VLOOKUP($B25,OFFSET('Analiza sprzedaży'!$Z$35,0,BP$22,1000,2),2,),\"\")","v":""},{"$f":"IFERROR(VLOOKUP($B25,OFFSET('Analiza sprzedaży'!$Z$35,0,BQ$22,1000,2),2,),\"\")","v":""},{"$f":"IFERROR(VLOOKUP($B25,OFFSET('Analiza sprzedaży'!$Z$35,0,BR$22,1000,2),2,),\"\")","v":""},{"$f":"IFERROR(VLOOKUP($B25,OFFSET('Analiza sprzedaży'!$Z$35,0,BS$22,1000,2),2,),\"\")","v":""},{"$f":"IFERROR(VLOOKUP($B25,OFFSET('Analiza sprzedaży'!$Z$35,0,BT$22,1000,2),2,),\"\")","v":""},{"$f":"IFERROR(VLOOKUP($B25,OFFSET('Analiza sprzedaży'!$Z$35,0,BU$22,1000,2),2,),\"\")","v":""},{"$f":"IFERROR(VLOOKUP($B25,OFFSET('Analiza sprzedaży'!$Z$35,0,BV$22,1000,2),2,),\"\")","v":""},{"$f":"IFERROR(VLOOKUP($B25,OFFSET('Analiza sprzedaży'!$Z$35,0,BW$22,1000,2),2,),\"\")","v":""},{"$f":"IFERROR(VLOOKUP($B25,OFFSET('Analiza sprzedaży'!$Z$35,0,BX$22,1000,2),2,),\"\")","v":""},{"$f":"IFERROR(VLOOKUP($B25,OFFSET('Analiza sprzedaży'!$Z$35,0,BY$22,1000,2),2,),\"\")","v":""},{"$f":"IFERROR(VLOOKUP($B25,OFFSET('Analiza sprzedaży'!$Z$35,0,BZ$22,1000,2),2,),\"\")","v":""},{"$f":"IFERROR(VLOOKUP($B25,OFFSET('Analiza sprzedaży'!$Z$35,0,CA$22,1000,2),2,),\"\")","v":""},{"$f":"IFERROR(VLOOKUP($B25,OFFSET('Analiza sprzedaży'!$Z$35,0,CB$22,1000,2),2,),\"\")","v":""},{"$f":"IFERROR(VLOOKUP($B25,OFFSET('Analiza sprzedaży'!$Z$35,0,CC$22,1000,2),2,),\"\")","v":""},{"$f":"IFERROR(VLOOKUP($B25,OFFSET('Analiza sprzedaży'!$Z$35,0,CD$22,1000,2),2,),\"\")","v":""},{"$f":"IFERROR(VLOOKUP($B25,OFFSET('Analiza sprzedaży'!$Z$35,0,CE$22,1000,2),2,),\"\")","v":""},{"$f":"IFERROR(VLOOKUP($B25,OFFSET('Analiza sprzedaży'!$Z$35,0,CF$22,1000,2),2,),\"\")","v":""},{"$f":"IFERROR(VLOOKUP($B25,OFFSET('Analiza sprzedaży'!$Z$35,0,CG$22,1000,2),2,),\"\")","v":""},{"$f":"IFERROR(VLOOKUP($B25,OFFSET('Analiza sprzedaży'!$Z$35,0,CH$22,1000,2),2,),\"\")","v":""},{"$f":"IFERROR(VLOOKUP($B25,OFFSET('Analiza sprzedaży'!$Z$35,0,CI$22,1000,2),2,),\"\")","v":""},{"$f":"IFERROR(VLOOKUP($B25,OFFSET('Analiza sprzedaży'!$Z$35,0,CJ$22,1000,2),2,),\"\")","v":""},{"$f":"IFERROR(VLOOKUP($B25,OFFSET('Analiza sprzedaży'!$Z$35,0,CK$22,1000,2),2,),\"\")","v":""},{"$f":"IFERROR(VLOOKUP($B25,OFFSET('Analiza sprzedaży'!$Z$35,0,CL$22,1000,2),2,),\"\")","v":""},{"$f":"IFERROR(VLOOKUP($B25,OFFSET('Analiza sprzedaży'!$Z$35,0,CM$22,1000,2),2,),\"\")","v":""},{"$f":"IFERROR(VLOOKUP($B25,OFFSET('Analiza sprzedaży'!$Z$35,0,CN$22,1000,2),2,),\"\")","v":""},{"$f":"IFERROR(VLOOKUP($B25,OFFSET('Analiza sprzedaży'!$Z$35,0,CO$22,1000,2),2,),\"\")","v":""},{"$f":"IFERROR(VLOOKUP($B25,OFFSET('Analiza sprzedaży'!$Z$35,0,CP$22,1000,2),2,),\"\")","v":""},{"$f":"IFERROR(VLOOKUP($B25,OFFSET('Analiza sprzedaży'!$Z$35,0,CQ$22,1000,2),2,),\"\")","v":""},{"$f":"IFERROR(VLOOKUP($B25,OFFSET('Analiza sprzedaży'!$Z$35,0,CR$22,1000,2),2,),\"\")","v":""},{"$f":"IFERROR(VLOOKUP($B25,OFFSET('Analiza sprzedaży'!$Z$35,0,CS$22,1000,2),2,),\"\")","v":""},{"$f":"IFERROR(VLOOKUP($B25,OFFSET('Analiza sprzedaży'!$Z$35,0,CT$22,1000,2),2,),\"\")","v":""},{"$f":"IFERROR(VLOOKUP($B25,OFFSET('Analiza sprzedaży'!$Z$35,0,CU$22,1000,2),2,),\"\")","v":""},{"$f":"IFERROR(VLOOKUP($B25,OFFSET('Analiza sprzedaży'!$Z$35,0,CV$22,1000,2),2,),\"\")","v":""},{"$f":"IFERROR(VLOOKUP($B25,OFFSET('Analiza sprzedaży'!$Z$35,0,CW$22,1000,2),2,),\"\")","v":""},{"$f":"IFERROR(VLOOKUP($B25,OFFSET('Analiza sprzedaży'!$Z$35,0,CX$22,1000,2),2,),\"\")","v":""},{"$f":"IFERROR(VLOOKUP($B25,OFFSET('Analiza sprzedaży'!$Z$35,0,CY$22,1000,2),2,),\"\")","v":""},{"$f":"IFERROR(VLOOKUP($B25,OFFSET('Analiza sprzedaży'!$Z$35,0,CZ$22,1000,2),2,),\"\")","v":""},{"$f":"IFERROR(VLOOKUP($B25,OFFSET('Analiza sprzedaży'!$Z$35,0,DA$22,1000,2),2,),\"\")","v":""},{"$f":"IFERROR(VLOOKUP($B25,OFFSET('Analiza sprzedaży'!$Z$35,0,DB$22,1000,2),2,),\"\")","v":""},{"$f":"IFERROR(VLOOKUP($B25,OFFSET('Analiza sprzedaży'!$Z$35,0,DC$22,1000,2),2,),\"\")","v":""},{"$f":"IFERROR(VLOOKUP($B25,OFFSET('Analiza sprzedaży'!$Z$35,0,DD$22,1000,2),2,),\"\")","v":""},{"$f":"IFERROR(VLOOKUP($B25,OFFSET('Analiza sprzedaży'!$Z$35,0,DE$22,1000,2),2,),\"\")","v":""},{"$f":"IFERROR(VLOOKUP($B25,OFFSET('Analiza sprzedaży'!$Z$35,0,DF$22,1000,2),2,),\"\")","v":""},{"$f":"IFERROR(VLOOKUP($B25,OFFSET('Analiza sprzedaży'!$Z$35,0,DG$22,1000,2),2,),\"\")","v":""},{"$f":"IFERROR(VLOOKUP($B25,OFFSET('Analiza sprzedaży'!$Z$35,0,DH$22,1000,2),2,),\"\")","v":""},{"$f":"IFERROR(VLOOKUP($B25,OFFSET('Analiza sprzedaży'!$Z$35,0,DI$22,1000,2),2,),\"\")","v":""},{"$f":"IFERROR(VLOOKUP($B25,OFFSET('Analiza sprzedaży'!$Z$35,0,DJ$22,1000,2),2,),\"\")","v":""},{"$f":"IFERROR(VLOOKUP($B25,OFFSET('Analiza sprzedaży'!$Z$35,0,DK$22,1000,2),2,),\"\")","v":""},{"$f":"IFERROR(VLOOKUP($B25,OFFSET('Analiza sprzedaży'!$Z$35,0,DL$22,1000,2),2,),\"\")","v":""},{"$f":"IFERROR(VLOOKUP($B25,OFFSET('Analiza sprzedaży'!$Z$35,0,DM$22,1000,2),2,),\"\")","v":""},{"$f":"IFERROR(VLOOKUP($B25,OFFSET('Analiza sprzedaży'!$Z$35,0,DN$22,1000,2),2,),\"\")","v":""},{"$f":"IFERROR(VLOOKUP($B25,OFFSET('Analiza sprzedaży'!$Z$35,0,DO$22,1000,2),2,),\"\")","v":""},{"$f":"IFERROR(VLOOKUP($B25,OFFSET('Analiza sprzedaży'!$Z$35,0,DP$22,1000,2),2,),\"\")","v":""},{"$f":"IFERROR(VLOOKUP($B25,OFFSET('Analiza sprzedaży'!$Z$35,0,DQ$22,1000,2),2,),\"\")","v":""},{"$f":"IFERROR(VLOOKUP($B25,OFFSET('Analiza sprzedaży'!$Z$35,0,DR$22,1000,2),2,),\"\")","v":""},{"$f":"IFERROR(VLOOKUP($B25,OFFSET('Analiza sprzedaży'!$Z$35,0,DS$22,1000,2),2,),\"\")","v":""},{"$f":"IFERROR(VLOOKUP($B25,OFFSET('Analiza sprzedaży'!$Z$35,0,DT$22,1000,2),2,),\"\")","v":""},{"$f":"IFERROR(VLOOKUP($B25,OFFSET('Analiza sprzedaży'!$Z$35,0,DU$22,1000,2),2,),\"\")","v":""},{"$f":"IFERROR(VLOOKUP($B25,OFFSET('Analiza sprzedaży'!$Z$35,0,DV$22,1000,2),2,),\"\")","v":""},{"$f":"IFERROR(VLOOKUP($B25,OFFSET('Analiza sprzedaży'!$Z$35,0,DW$22,1000,2),2,),\"\")","v":""},{"$f":"IFERROR(VLOOKUP($B25,OFFSET('Analiza sprzedaży'!$Z$35,0,DX$22,1000,2),2,),\"\")","v":""},{"$f":"IFERROR(VLOOKUP($B25,OFFSET('Analiza sprzedaży'!$Z$35,0,DY$22,1000,2),2,),\"\")","v":""},{"$f":"IFERROR(VLOOKUP($B25,OFFSET('Analiza sprzedaży'!$Z$35,0,DZ$22,1000,2),2,),\"\")","v":""},{"$f":"IFERROR(VLOOKUP($B25,OFFSET('Analiza sprzedaży'!$Z$35,0,EA$22,1000,2),2,),\"\")","v":""},{"$f":"IFERROR(VLOOKUP($B25,OFFSET('Analiza sprzedaży'!$Z$35,0,EB$22,1000,2),2,),\"\")","v":""},{"$f":"IFERROR(VLOOKUP($B25,OFFSET('Analiza sprzedaży'!$Z$35,0,EC$22,1000,2),2,),\"\")","v":""},{"$f":"IFERROR(VLOOKUP($B25,OFFSET('Analiza sprzedaży'!$Z$35,0,ED$22,1000,2),2,),\"\")","v":""},{"$f":"IFERROR(VLOOKUP($B25,OFFSET('Analiza sprzedaży'!$Z$35,0,EE$22,1000,2),2,),\"\")","v":""},{"$f":"IFERROR(VLOOKUP($B25,OFFSET('Analiza sprzedaży'!$Z$35,0,EF$22,1000,2),2,),\"\")","v":""},{"$f":"IFERROR(VLOOKUP($B25,OFFSET('Analiza sprzedaży'!$Z$35,0,EG$22,1000,2),2,),\"\")","v":""},{"$f":"IFERROR(VLOOKUP($B25,OFFSET('Analiza sprzedaży'!$Z$35,0,EH$22,1000,2),2,),\"\")","v":""},{"$f":"IFERROR(VLOOKUP($B25,OFFSET('Analiza sprzedaży'!$Z$35,0,EI$22,1000,2),2,),\"\")","v":""},{"$f":"IFERROR(VLOOKUP($B25,OFFSET('Analiza sprzedaży'!$Z$35,0,EJ$22,1000,2),2,),\"\")","v":""},{"$f":"IFERROR(VLOOKUP($B25,OFFSET('Analiza sprzedaży'!$Z$35,0,EK$22,1000,2),2,),\"\")","v":""},{"$f":"IFERROR(VLOOKUP($B25,OFFSET('Analiza sprzedaży'!$Z$35,0,EL$22,1000,2),2,),\"\")","v":""},{"$f":"IFERROR(VLOOKUP($B25,OFFSET('Analiza sprzedaży'!$Z$35,0,EM$22,1000,2),2,),\"\")","v":""},{"$f":"IFERROR(VLOOKUP($B25,OFFSET('Analiza sprzedaży'!$Z$35,0,EN$22,1000,2),2,),\"\")","v":""},{"$f":"IFERROR(VLOOKUP($B25,OFFSET('Analiza sprzedaży'!$Z$35,0,EO$22,1000,2),2,),\"\")","v":""},{"$f":"IFERROR(VLOOKUP($B25,OFFSET('Analiza sprzedaży'!$Z$35,0,EP$22,1000,2),2,),\"\")","v":""},{"$f":"IFERROR(VLOOKUP($B25,OFFSET('Analiza sprzedaży'!$Z$35,0,EQ$22,1000,2),2,),\"\")","v":""},{"$f":"IFERROR(VLOOKUP($B25,OFFSET('Analiza sprzedaży'!$Z$35,0,ER$22,1000,2),2,),\"\")","v":""},{"$f":"IFERROR(VLOOKUP($B25,OFFSET('Analiza sprzedaży'!$Z$35,0,ES$22,1000,2),2,),\"\")","v":""},{"$f":"IFERROR(VLOOKUP($B25,OFFSET('Analiza sprzedaży'!$Z$35,0,ET$22,1000,2),2,),\"\")","v":""},{"$f":"IFERROR(VLOOKUP($B25,OFFSET('Analiza sprzedaży'!$Z$35,0,EU$22,1000,2),2,),\"\")","v":""},{"$f":"IFERROR(VLOOKUP($B25,OFFSET('Analiza sprzedaży'!$Z$35,0,EV$22,1000,2),2,),\"\")","v":""},{"$f":"IFERROR(VLOOKUP($B25,OFFSET('Analiza sprzedaży'!$Z$35,0,EW$22,1000,2),2,),\"\")","v":""},{"$f":"IFERROR(VLOOKUP($B25,OFFSET('Analiza sprzedaży'!$Z$35,0,EX$22,1000,2),2,),\"\")","v":""},{"$f":"IFERROR(VLOOKUP($B25,OFFSET('Analiza sprzedaży'!$Z$35,0,EY$22,1000,2),2,),\"\")","v":""},{"$f":"IFERROR(VLOOKUP($B25,OFFSET('Analiza sprzedaży'!$Z$35,0,EZ$22,1000,2),2,),\"\")","v":""},{"$f":"IFERROR(VLOOKUP($B25,OFFSET('Analiza sprzedaży'!$Z$35,0,FA$22,1000,2),2,),\"\")","v":""},{"$f":"IFERROR(VLOOKUP($B25,OFFSET('Analiza sprzedaży'!$Z$35,0,FB$22,1000,2),2,),\"\")","v":""},{"$f":"IFERROR(VLOOKUP($B25,OFFSET('Analiza sprzedaży'!$Z$35,0,FC$22,1000,2),2,),\"\")","v":""},{"$f":"IFERROR(VLOOKUP($B25,OFFSET('Analiza sprzedaży'!$Z$35,0,FD$22,1000,2),2,),\"\")","v":""},{"$f":"IFERROR(VLOOKUP($B25,OFFSET('Analiza sprzedaży'!$Z$35,0,FE$22,1000,2),2,),\"\")","v":""},{"$f":"IFERROR(VLOOKUP($B25,OFFSET('Analiza sprzedaży'!$Z$35,0,FF$22,1000,2),2,),\"\")","v":""},{"$f":"IFERROR(VLOOKUP($B25,OFFSET('Analiza sprzedaży'!$Z$35,0,FG$22,1000,2),2,),\"\")","v":""},{"$f":"IFERROR(VLOOKUP($B25,OFFSET('Analiza sprzedaży'!$Z$35,0,FH$22,1000,2),2,),\"\")","v":""},{"$f":"IFERROR(VLOOKUP($B25,OFFSET('Analiza sprzedaży'!$Z$35,0,FI$22,1000,2),2,),\"\")","v":""},{"$f":"IFERROR(VLOOKUP($B25,OFFSET('Analiza sprzedaży'!$Z$35,0,FJ$22,1000,2),2,),\"\")","v":""},{"$f":"IFERROR(VLOOKUP($B25,OFFSET('Analiza sprzedaży'!$Z$35,0,FK$22,1000,2),2,),\"\")","v":""},{"$f":"IFERROR(VLOOKUP($B25,OFFSET('Analiza sprzedaży'!$Z$35,0,FL$22,1000,2),2,),\"\")","v":""},{"$f":"IFERROR(VLOOKUP($B25,OFFSET('Analiza sprzedaży'!$Z$35,0,FM$22,1000,2),2,),\"\")","v":""},{"$f":"IFERROR(VLOOKUP($B25,OFFSET('Analiza sprzedaży'!$Z$35,0,FN$22,1000,2),2,),\"\")","v":""},{"$f":"IFERROR(VLOOKUP($B25,OFFSET('Analiza sprzedaży'!$Z$35,0,FO$22,1000,2),2,),\"\")","v":""},{"$f":"IFERROR(VLOOKUP($B25,OFFSET('Analiza sprzedaży'!$Z$35,0,FP$22,1000,2),2,),\"\")","v":""},{"$f":"IFERROR(VLOOKUP($B25,OFFSET('Analiza sprzedaży'!$Z$35,0,FQ$22,1000,2),2,),\"\")","v":""},{"$f":"IFERROR(VLOOKUP($B25,OFFSET('Analiza sprzedaży'!$Z$35,0,FR$22,1000,2),2,),\"\")","v":""},{"$f":"IFERROR(VLOOKUP($B25,OFFSET('Analiza sprzedaży'!$Z$35,0,FS$22,1000,2),2,),\"\")","v":""},{"$f":"IFERROR(VLOOKUP($B25,OFFSET('Analiza sprzedaży'!$Z$35,0,FT$22,1000,2),2,),\"\")","v":""},{"$f":"IFERROR(VLOOKUP($B25,OFFSET('Analiza sprzedaży'!$Z$35,0,FU$22,1000,2),2,),\"\")","v":""},{"$f":"IFERROR(VLOOKUP($B25,OFFSET('Analiza sprzedaży'!$Z$35,0,FV$22,1000,2),2,),\"\")","v":""},{"$f":"IFERROR(VLOOKUP($B25,OFFSET('Analiza sprzedaży'!$Z$35,0,FW$22,1000,2),2,),\"\")","v":""},{"$f":"IFERROR(VLOOKUP($B25,OFFSET('Analiza sprzedaży'!$Z$35,0,FX$22,1000,2),2,),\"\")","v":""},{"$f":"IFERROR(VLOOKUP($B25,OFFSET('Analiza sprzedaży'!$Z$35,0,FY$22,1000,2),2,),\"\")","v":""},{"$f":"IFERROR(VLOOKUP($B25,OFFSET('Analiza sprzedaży'!$Z$35,0,FZ$22,1000,2),2,),\"\")","v":""},{"$f":"IFERROR(VLOOKUP($B25,OFFSET('Analiza sprzedaży'!$Z$35,0,GA$22,1000,2),2,),\"\")","v":""},{"$f":"IFERROR(VLOOKUP($B25,OFFSET('Analiza sprzedaży'!$Z$35,0,GB$22,1000,2),2,),\"\")","v":""},{"$f":"IFERROR(VLOOKUP($B25,OFFSET('Analiza sprzedaży'!$Z$35,0,GC$22,1000,2),2,),\"\")","v":""},{"$f":"IFERROR(VLOOKUP($B25,OFFSET('Analiza sprzedaży'!$Z$35,0,GD$22,1000,2),2,),\"\")","v":""},{"$f":"IFERROR(VLOOKUP($B25,OFFSET('Analiza sprzedaży'!$Z$35,0,GE$22,1000,2),2,),\"\")","v":""},{"$f":"IFERROR(VLOOKUP($B25,OFFSET('Analiza sprzedaży'!$Z$35,0,GF$22,1000,2),2,),\"\")","v":""},{"$f":"IFERROR(VLOOKUP($B25,OFFSET('Analiza sprzedaży'!$Z$35,0,GG$22,1000,2),2,),\"\")","v":""},{"$f":"IFERROR(VLOOKUP($B25,OFFSET('Analiza sprzedaży'!$Z$35,0,GH$22,1000,2),2,),\"\")","v":""},{"$f":"IFERROR(VLOOKUP($B25,OFFSET('Analiza sprzedaży'!$Z$35,0,GI$22,1000,2),2,),\"\")","v":""},{"$f":"IFERROR(VLOOKUP($B25,OFFSET('Analiza sprzedaży'!$Z$35,0,GJ$22,1000,2),2,),\"\")","v":""},{"$f":"IFERROR(VLOOKUP($B25,OFFSET('Analiza sprzedaży'!$Z$35,0,GK$22,1000,2),2,),\"\")","v":""},{"$f":"IFERROR(VLOOKUP($B25,OFFSET('Analiza sprzedaży'!$Z$35,0,GL$22,1000,2),2,),\"\")","v":""},{"$f":"IFERROR(VLOOKUP($B25,OFFSET('Analiza sprzedaży'!$Z$35,0,GM$22,1000,2),2,),\"\")","v":""},{"$f":"IFERROR(VLOOKUP($B25,OFFSET('Analiza sprzedaży'!$Z$35,0,GN$22,1000,2),2,),\"\")","v":""},{"$f":"IFERROR(VLOOKUP($B25,OFFSET('Analiza sprzedaży'!$Z$35,0,GO$22,1000,2),2,),\"\")","v":""},{"$f":"IFERROR(VLOOKUP($B25,OFFSET('Analiza sprzedaży'!$Z$35,0,GP$22,1000,2),2,),\"\")","v":""},{"$f":"IFERROR(VLOOKUP($B25,OFFSET('Analiza sprzedaży'!$Z$35,0,GQ$22,1000,2),2,),\"\")","v":""},{"$f":"IFERROR(VLOOKUP($B25,OFFSET('Analiza sprzedaży'!$Z$35,0,GR$22,1000,2),2,),\"\")","v":""},{"$f":"IFERROR(VLOOKUP($B25,OFFSET('Analiza sprzedaży'!$Z$35,0,GS$22,1000,2),2,),\"\")","v":""},{"$f":"IFERROR(VLOOKUP($B25,OFFSET('Analiza sprzedaży'!$Z$35,0,GT$22,1000,2),2,),\"\")","v":""},{"$f":"IFERROR(VLOOKUP($B25,OFFSET('Analiza sprzedaży'!$Z$35,0,GU$22,1000,2),2,),\"\")","v":""},{"$f":"IFERROR(VLOOKUP($B25,OFFSET('Analiza sprzedaży'!$Z$35,0,GV$22,1000,2),2,),\"\")","v":""},{"$f":"IFERROR(VLOOKUP($B25,OFFSET('Analiza sprzedaży'!$Z$35,0,GW$22,1000,2),2,),\"\")","v":""},{"$f":"IFERROR(VLOOKUP($B25,OFFSET('Analiza sprzedaży'!$Z$35,0,GX$22,1000,2),2,),\"\")","v":""},{"$f":"IFERROR(VLOOKUP($B25,OFFSET('Analiza sprzedaży'!$Z$35,0,GY$22,1000,2),2,),\"\")","v":""},{"$f":"IFERROR(VLOOKUP($B25,OFFSET('Analiza sprzedaży'!$Z$35,0,GZ$22,1000,2),2,),\"\")","v":""},{"$f":"IFERROR(VLOOKUP($B25,OFFSET('Analiza sprzedaży'!$Z$35,0,HA$22,1000,2),2,),\"\")","v":""},{"$f":"IFERROR(VLOOKUP($B25,OFFSET('Analiza sprzedaży'!$Z$35,0,HB$22,1000,2),2,),\"\")","v":""},{"$f":"IFERROR(VLOOKUP($B25,OFFSET('Analiza sprzedaży'!$Z$35,0,HC$22,1000,2),2,),\"\")","v":""},{"$f":"IFERROR(VLOOKUP($B25,OFFSET('Analiza sprzedaży'!$Z$35,0,HD$22,1000,2),2,),\"\")","v":""},{"$f":"IFERROR(VLOOKUP($B25,OFFSET('Analiza sprzedaży'!$Z$35,0,HE$22,1000,2),2,),\"\")","v":""},{"$f":"IFERROR(VLOOKUP($B25,OFFSET('Analiza sprzedaży'!$Z$35,0,HF$22,1000,2),2,),\"\")","v":""},{"$f":"IFERROR(VLOOKUP($B25,OFFSET('Analiza sprzedaży'!$Z$35,0,HG$22,1000,2),2,),\"\")","v":""},{"$f":"IFERROR(VLOOKUP($B25,OFFSET('Analiza sprzedaży'!$Z$35,0,HH$22,1000,2),2,),\"\")","v":""},{"$f":"IFERROR(VLOOKUP($B25,OFFSET('Analiza sprzedaży'!$Z$35,0,HI$22,1000,2),2,),\"\")","v":""},{"$f":"IFERROR(VLOOKUP($B25,OFFSET('Analiza sprzedaży'!$Z$35,0,HJ$22,1000,2),2,),\"\")","v":""},{"$f":"IFERROR(VLOOKUP($B25,OFFSET('Analiza sprzedaży'!$Z$35,0,HK$22,1000,2),2,),\"\")","v":""},{"$f":"IFERROR(VLOOKUP($B25,OFFSET('Analiza sprzedaży'!$Z$35,0,HL$22,1000,2),2,),\"\")","v":""},{"$f":"IFERROR(VLOOKUP($B25,OFFSET('Analiza sprzedaży'!$Z$35,0,HM$22,1000,2),2,),\"\")","v":""},{"$f":"IFERROR(VLOOKUP($B25,OFFSET('Analiza sprzedaży'!$Z$35,0,HN$22,1000,2),2,),\"\")","v":""},{"$f":"IFERROR(VLOOKUP($B25,OFFSET('Analiza sprzedaży'!$Z$35,0,HO$22,1000,2),2,),\"\")","v":""},{"$f":"IFERROR(VLOOKUP($B25,OFFSET('Analiza sprzedaży'!$Z$35,0,HP$22,1000,2),2,),\"\")","v":""},{"$f":"IFERROR(VLOOKUP($B25,OFFSET('Analiza sprzedaży'!$Z$35,0,HQ$22,1000,2),2,),\"\")","v":""},{"$f":"IFERROR(VLOOKUP($B25,OFFSET('Analiza sprzedaży'!$Z$35,0,HR$22,1000,2),2,),\"\")","v":""},{"$f":"IFERROR(VLOOKUP($B25,OFFSET('Analiza sprzedaży'!$Z$35,0,HS$22,1000,2),2,),\"\")","v":""},{"$f":"IFERROR(VLOOKUP($B25,OFFSET('Analiza sprzedaży'!$Z$35,0,HT$22,1000,2),2,),\"\")","v":""},{"$f":"IFERROR(VLOOKUP($B25,OFFSET('Analiza sprzedaży'!$Z$35,0,HU$22,1000,2),2,),\"\")","v":""},{"$f":"IFERROR(VLOOKUP($B25,OFFSET('Analiza sprzedaży'!$Z$35,0,HV$22,1000,2),2,),\"\")","v":""},{"$f":"IFERROR(VLOOKUP($B25,OFFSET('Analiza sprzedaży'!$Z$35,0,HW$22,1000,2),2,),\"\")","v":""},{"$f":"IFERROR(VLOOKUP($B25,OFFSET('Analiza sprzedaży'!$Z$35,0,HX$22,1000,2),2,),\"\")","v":""},{"$f":"IFERROR(VLOOKUP($B25,OFFSET('Analiza sprzedaży'!$Z$35,0,HY$22,1000,2),2,),\"\")","v":""},{"$f":"IFERROR(VLOOKUP($B25,OFFSET('Analiza sprzedaży'!$Z$35,0,HZ$22,1000,2),2,),\"\")","v":""},{"$f":"IFERROR(VLOOKUP($B25,OFFSET('Analiza sprzedaży'!$Z$35,0,IA$22,1000,2),2,),\"\")","v":""},{"$f":"IFERROR(VLOOKUP($B25,OFFSET('Analiza sprzedaży'!$Z$35,0,IB$22,1000,2),2,),\"\")","v":""},{"$f":"IFERROR(VLOOKUP($B25,OFFSET('Analiza sprzedaży'!$Z$35,0,IC$22,1000,2),2,),\"\")","v":""},{"$f":"IFERROR(VLOOKUP($B25,OFFSET('Analiza sprzedaży'!$Z$35,0,ID$22,1000,2),2,),\"\")","v":""},{"$f":"IFERROR(VLOOKUP($B25,OFFSET('Analiza sprzedaży'!$Z$35,0,IE$22,1000,2),2,),\"\")","v":""},{"$f":"IFERROR(VLOOKUP($B25,OFFSET('Analiza sprzedaży'!$Z$35,0,IF$22,1000,2),2,),\"\")","v":""},{"$f":"IFERROR(VLOOKUP($B25,OFFSET('Analiza sprzedaży'!$Z$35,0,IG$22,1000,2),2,),\"\")","v":""},{"$f":"IFERROR(VLOOKUP($B25,OFFSET('Analiza sprzedaży'!$Z$35,0,IH$22,1000,2),2,),\"\")","v":""},{"$f":"IFERROR(VLOOKUP($B25,OFFSET('Analiza sprzedaży'!$Z$35,0,II$22,1000,2),2,),\"\")","v":""},{"$f":"IFERROR(VLOOKUP($B25,OFFSET('Analiza sprzedaży'!$Z$35,0,IJ$22,1000,2),2,),\"\")","v":""},{"$f":"IFERROR(VLOOKUP($B25,OFFSET('Analiza sprzedaży'!$Z$35,0,IK$22,1000,2),2,),\"\")","v":""},{"$f":"IFERROR(VLOOKUP($B25,OFFSET('Analiza sprzedaży'!$Z$35,0,IL$22,1000,2),2,),\"\")","v":""},{"$f":"IFERROR(VLOOKUP($B25,OFFSET('Analiza sprzedaży'!$Z$35,0,IM$22,1000,2),2,),\"\")","v":""},{"$f":"IFERROR(VLOOKUP($B25,OFFSET('Analiza sprzedaży'!$Z$35,0,IN$22,1000,2),2,),\"\")","v":""},{"$f":"IFERROR(VLOOKUP($B25,OFFSET('Analiza sprzedaży'!$Z$35,0,IO$22,1000,2),2,),\"\")","v":""},{"$f":"IFERROR(VLOOKUP($B25,OFFSET('Analiza sprzedaży'!$Z$35,0,IP$22,1000,2),2,),\"\")","v":""},{"$f":"IFERROR(VLOOKUP($B25,OFFSET('Analiza sprzedaży'!$Z$35,0,IQ$22,1000,2),2,),\"\")","v":""},{"$f":"IFERROR(VLOOKUP($B25,OFFSET('Analiza sprzedaży'!$Z$35,0,IR$22,1000,2),2,),\"\")","v":""},{"$f":"IFERROR(VLOOKUP($B25,OFFSET('Analiza sprzedaży'!$Z$35,0,IS$22,1000,2),2,),\"\")","v":""},{"$f":"IFERROR(VLOOKUP($B25,OFFSET('Analiza sprzedaży'!$Z$35,0,IT$22,1000,2),2,),\"\")","v":""},{"$f":"IFERROR(VLOOKUP($B25,OFFSET('Analiza sprzedaży'!$Z$35,0,IU$22,1000,2),2,),\"\")","v":""},{"$f":"IFERROR(VLOOKUP($B25,OFFSET('Analiza sprzedaży'!$Z$35,0,IV$22,1000,2),2,),\"\")","v":""},{"$f":"IFERROR(VLOOKUP($B25,OFFSET('Analiza sprzedaży'!$Z$35,0,IW$22,1000,2),2,),\"\")","v":""},{"$f":"IFERROR(VLOOKUP($B25,OFFSET('Analiza sprzedaży'!$Z$35,0,IX$22,1000,2),2,),\"\")","v":""},{"$f":"IFERROR(VLOOKUP($B25,OFFSET('Analiza sprzedaży'!$Z$35,0,IY$22,1000,2),2,),\"\")","v":""},{"$f":"IFERROR(VLOOKUP($B25,OFFSET('Analiza sprzedaży'!$Z$35,0,IZ$22,1000,2),2,),\"\")","v":""},{"$f":"IFERROR(VLOOKUP($B25,OFFSET('Analiza sprzedaży'!$Z$35,0,JA$22,1000,2),2,),\"\")","v":""},{"$f":"IFERROR(VLOOKUP($B25,OFFSET('Analiza sprzedaży'!$Z$35,0,JB$22,1000,2),2,),\"\")","v":""},{"$f":"IFERROR(VLOOKUP($B25,OFFSET('Analiza sprzedaży'!$Z$35,0,JC$22,1000,2),2,),\"\")","v":""},{"$f":"IFERROR(VLOOKUP($B25,OFFSET('Analiza sprzedaży'!$Z$35,0,JD$22,1000,2),2,),\"\")","v":""},{"$f":"IFERROR(VLOOKUP($B25,OFFSET('Analiza sprzedaży'!$Z$35,0,JE$22,1000,2),2,),\"\")","v":""},{"$f":"IFERROR(VLOOKUP($B25,OFFSET('Analiza sprzedaży'!$Z$35,0,JF$22,1000,2),2,),\"\")","v":""},{"$f":"IFERROR(VLOOKUP($B25,OFFSET('Analiza sprzedaży'!$Z$35,0,JG$22,1000,2),2,),\"\")","v":""},{"$f":"IFERROR(VLOOKUP($B25,OFFSET('Analiza sprzedaży'!$Z$35,0,JH$22,1000,2),2,),\"\")","v":""},{"$f":"IFERROR(VLOOKUP($B25,OFFSET('Analiza sprzedaży'!$Z$35,0,JI$22,1000,2),2,),\"\")","v":""},{"$f":"IFERROR(VLOOKUP($B25,OFFSET('Analiza sprzedaży'!$Z$35,0,JJ$22,1000,2),2,),\"\")","v":""},{"$f":"IFERROR(VLOOKUP($B25,OFFSET('Analiza sprzedaży'!$Z$35,0,JK$22,1000,2),2,),\"\")","v":""},{"$f":"IFERROR(VLOOKUP($B25,OFFSET('Analiza sprzedaży'!$Z$35,0,JL$22,1000,2),2,),\"\")","v":""},{"$f":"IFERROR(VLOOKUP($B25,OFFSET('Analiza sprzedaży'!$Z$35,0,JM$22,1000,2),2,),\"\")","v":""},{"$f":"IFERROR(VLOOKUP($B25,OFFSET('Analiza sprzedaży'!$Z$35,0,JN$22,1000,2),2,),\"\")","v":""},{"$f":"IFERROR(VLOOKUP($B25,OFFSET('Analiza sprzedaży'!$Z$35,0,JO$22,1000,2),2,),\"\")","v":""},{"$f":"IFERROR(VLOOKUP($B25,OFFSET('Analiza sprzedaży'!$Z$35,0,JP$22,1000,2),2,),\"\")","v":""},{"$f":"IFERROR(VLOOKUP($B25,OFFSET('Analiza sprzedaży'!$Z$35,0,JQ$22,1000,2),2,),\"\")","v":""},{"$f":"IFERROR(VLOOKUP($B25,OFFSET('Analiza sprzedaży'!$Z$35,0,JR$22,1000,2),2,),\"\")","v":""},{"$f":"IFERROR(VLOOKUP($B25,OFFSET('Analiza sprzedaży'!$Z$35,0,JS$22,1000,2),2,),\"\")","v":""},{"$f":"IFERROR(VLOOKUP($B25,OFFSET('Analiza sprzedaży'!$Z$35,0,JT$22,1000,2),2,),\"\")","v":""},{"$f":"IFERROR(VLOOKUP($B25,OFFSET('Analiza sprzedaży'!$Z$35,0,JU$22,1000,2),2,),\"\")","v":""},{"$f":"IFERROR(VLOOKUP($B25,OFFSET('Analiza sprzedaży'!$Z$35,0,JV$22,1000,2),2,),\"\")","v":""},{"$f":"IFERROR(VLOOKUP($B25,OFFSET('Analiza sprzedaży'!$Z$35,0,JW$22,1000,2),2,),\"\")","v":""},{"$f":"IFERROR(VLOOKUP($B25,OFFSET('Analiza sprzedaży'!$Z$35,0,JX$22,1000,2),2,),\"\")","v":""},{"$f":"IFERROR(VLOOKUP($B25,OFFSET('Analiza sprzedaży'!$Z$35,0,JY$22,1000,2),2,),\"\")","v":""},{"$f":"IFERROR(VLOOKUP($B25,OFFSET('Analiza sprzedaży'!$Z$35,0,JZ$22,1000,2),2,),\"\")","v":""},{"$f":"IFERROR(VLOOKUP($B25,OFFSET('Analiza sprzedaży'!$Z$35,0,KA$22,1000,2),2,),\"\")","v":""},{"$f":"IFERROR(VLOOKUP($B25,OFFSET('Analiza sprzedaży'!$Z$35,0,KB$22,1000,2),2,),\"\")","v":""},{"$f":"IFERROR(VLOOKUP($B25,OFFSET('Analiza sprzedaży'!$Z$35,0,KC$22,1000,2),2,),\"\")","v":""},{"$f":"IFERROR(VLOOKUP($B25,OFFSET('Analiza sprzedaży'!$Z$35,0,KD$22,1000,2),2,),\"\")","v":""},{"$f":"IFERROR(VLOOKUP($B25,OFFSET('Analiza sprzedaży'!$Z$35,0,KE$22,1000,2),2,),\"\")","v":""},{"$f":"IFERROR(VLOOKUP($B25,OFFSET('Analiza sprzedaży'!$Z$35,0,KF$22,1000,2),2,),\"\")","v":""},{"$f":"IFERROR(VLOOKUP($B25,OFFSET('Analiza sprzedaży'!$Z$35,0,KG$22,1000,2),2,),\"\")","v":""},{"$f":"IFERROR(VLOOKUP($B25,OFFSET('Analiza sprzedaży'!$Z$35,0,KH$22,1000,2),2,),\"\")","v":""},{"$f":"IFERROR(VLOOKUP($B25,OFFSET('Analiza sprzedaży'!$Z$35,0,KI$22,1000,2),2,),\"\")","v":""},{"$f":"IFERROR(VLOOKUP($B25,OFFSET('Analiza sprzedaży'!$Z$35,0,KJ$22,1000,2),2,),\"\")","v":""},{"$f":"IFERROR(VLOOKUP($B25,OFFSET('Analiza sprzedaży'!$Z$35,0,KK$22,1000,2),2,),\"\")","v":""},{"$f":"IFERROR(VLOOKUP($B25,OFFSET('Analiza sprzedaży'!$Z$35,0,KL$22,1000,2),2,),\"\")","v":""},{"$f":"IFERROR